{"text_format":"2","workbook":"xlsx","n_sheets":30,"sheets":["CAPA","PO TOTAL","MODULO MINIMO","CRONOGRAMA TOTAL","Mob"," Canteiro","CPU CODEVASF","DEMAIS COMPOSIÇÕES DE CUSTO","Adm Local","SINTÉTICO SICRO","Pessoal Sicro","Projeto Executivo"," CONSUMO DE MAT. B TOTAL","BDI","ENC. SOCIAIS","Transporte EAI","Transporte RR-2C","RESUMO_Transp","MOMENTO DE TRANSPORTE - PRINC","MOMENTO DE TRANSPORTE - AUX","Memória de Cálculo","ANP ESTADO","ANP REGIÃO","Material Sicro","Equipamentos","INSUMOS SINAPI","COMP Sint. Sinapi","Tabela 1","Tabelas 1 e 2","Tabelas 2 e 3 mob"],"not_rendered":{"charts":0,"images":16,"macros":1,"external_links":210,"defined_names":46816,"comments":2,"pivot_tables":0},"unopened":[],"bounds":{"document_bytes":16777216,"sheet_cells":100000,"run_cost":"one","rows_first":2000,"rows_last":500,"rows_between":2000,"halvings":0,"cell_chars":16384,"cell_head_chars":4096},"cells_cut":0,"cells_raw":0,"read":"whole","date_system":"1900"}

{"sheet":"CAPA","index":0,"n_rows":17,"n_cols":4,"rows_kept":17,"cut":false,"hidden":false,"merged":[[19,1,19,8],[11,1,11,3],[12,1,12,2],[13,1,13,2],[14,1,14,2],[18,1,18,8]]}
{"$rows_empty":11}
[null,"PROPOSTA DE PREÇOS"]
[null,"Desconto ofertado:"]
[null,"BDI serviços da licitante:",null,0.2339]
[null,"BDI materiais da licitante:",null,0.15]
[null,"Observações:"]
[null,"1. Preencher apenas a coluna em amarelo com os dados da proposta de preços da licitante."]

{"sheet":"PO TOTAL","index":1,"n_rows":61,"n_cols":34,"rows_kept":61,"cut":false,"hidden":false,"merged":[[8,12,10,12],[8,15,10,15],[4,1,5,13],[6,1,6,15],[7,13,7,15],[8,13,10,13],[8,14,10,14],[7,1,10,1],[7,2,10,2],[7,3,10,3],[7,4,10,7],[8,9,9,9],[26,4,26,7],[11,20,11,21],[12,4,12,7],[13,4,13,7],[15,4,15,7],[16,4,16,7],[18,4,18,7],[20,4,20,7],[21,4,21,7],[23,4,23,7],[24,4,24,7],[25,4,25,7],[27,4,27,7],[28,4,28,7],[30,4,30,7],[31,4,31,7],[32,4,32,7],[33,4,33,7],[35,4,35,7],[36,4,36,7],[37,4,37,7],[38,4,38,7],[40,4,40,7],[48,4,48,7],[49,4,49,7],[57,4,57,7],[58,4,58,7],[50,4,50,7],[43,4,43,7],[45,4,45,7],[47,4,47,7],[41,4,41,7],[59,1,59,12],[51,4,51,7],[52,4,52,7],[53,4,53,7],[54,4,54,7],[55,4,55,7],[56,4,56,7]]}
[null,"EXECUÇÃO DE SERVIÇOS DE PAVIMENTAÇÃO COM TRATAMENTO SUPERFICIAL DUPLO EM VIAS DE MUNICÍPIOS DIVERSOS INSERIDOS NA ÁREA DE ATUAÇÃO DA CODEVASF, NO ESTADO MARANHÃO"]
[{"$nulls":14},"SICRO:","2025-04-01"]
[{"$nulls":14},"SINAPI:","2025-05-01"]
[{"$nulls":14},"Data Base do Orçamento","2025-07-01"]
[null,"PO TOTAL",{"$nulls":12},"QT",16]
[{"$nulls":14},"R$/m²",{"$f":"(P60/I10)","v":93.590414285714289}]
[null,{"$f":"B1","v":"EXECUÇÃO DE SERVIÇOS DE PAVIMENTAÇÃO COM TRATAMENTO SUPERFICIAL DUPLO EM VIAS DE MUNICÍPIOS DIVERSOS INSERIDOS NA ÁREA DE ATUAÇÃO DA CODEVASF, NO ESTADO MARANHÃO"}]
[null,"ITEM","ORIGEM\nCOMPOSIÇÃO","CÓDIGO\nCOMPOSIÇÃO","DISCRIMINAÇÃO DOS SERVIÇOS",null,null,null,"BDI % = ",{"$f":"CAPA!D14","v":0.2339},"BDI DIFERENCIADO % = ",{"$f":"CAPA!D15","v":0.15},"R$/m²","PROPOSTA DA EMPRESA LICITANTE"]
[{"$nulls":8},"Total de m²","Encargos Sociais:","Horista %","Mensalista %","PREÇO UNITÁRIO COM BDI","DESCONTO","PREÇO UNITÁRIO COM BDI APÓS O DESCONTO","PREÇO TOTAL COM BDI APÓS O DESCONTO"]
[{"$nulls":8},{"$f":"P5*'MODULO MINIMO'!I8","v":224000},null,{"$f":"'ENC. SOCIAIS'!$E$51","v":112.73},{"$f":"'ENC. SOCIAIS'!$F$51","v":70.19}]
[{"$nulls":8},"UND","QTDE.","BDI","PREÇO UNITÁRIO",{"$nulls":16},"TOTAL"]
[{"$nulls":4},"MOBILIZAÇÃO/DESMOBILIZAÇÃO"]
[null,1,"Codevasf","Mob","Mobilização",null,null,null,"R$/km",{"$f":"$P$5*'MODULO MINIMO'!J11","v":0},{"$f":"$J$8","v":0.2339},{"$f":"Mob!B66","v":188.61891833333334},{"$f":"'MODULO MINIMO'!M11","v":232.73},{"$f":"CAPA!$D$13","v":0},{"$f":"'MODULO MINIMO'!O11","v":232.73},{"$f":"TRUNC(O13*J13,2)","v":0},{"$f":"P13/$P$60","v":0},{"$nulls":11},57163.47]
[null,2,"Codevasf","Mob","Desmobilização",null,null,null,"R$/km",{"$f":"$P$5*'MODULO MINIMO'!J12","v":0},{"$f":"$J$8","v":0.2339},{"$f":"Mob!B66","v":188.61891833333334},{"$f":"'MODULO MINIMO'!M12","v":232.73},{"$f":"CAPA!$D$13","v":0},{"$f":"'MODULO MINIMO'!O12","v":232.73},{"$f":"TRUNC(O14*J14,2)","v":0},{"$f":"P14/$P$60","v":0},{"$nulls":11},57163.47]
[{"$nulls":4},"INSTALAÇÃO DE CANTEIRO"]
[null,3,"Codevasf","Canteiro","Canteiro de Obras e Almoxarifado",null,null,null,"und",{"$f":"$P$5*'MODULO MINIMO'!J14","v":16},{"$f":"$J$8","v":0.2339},{"$f":"' Canteiro'!F11","v":20786.16},{"$f":"'MODULO MINIMO'!M14","v":25648.04},{"$f":"CAPA!$D$13","v":0},{"$f":"'MODULO MINIMO'!O14","v":25648.04},{"$f":"TRUNC(O16*J16,2)","v":410368.64},{"$nulls":12},190291.53]
[null,4,"SINAPI",103689,"Fornecimento e instalação de placa de obra com chapa galvanizada e estrutura de madeira. af_03/2022_ps",null,null,null,"m²",{"$f":"$P$5*'MODULO MINIMO'!J15","v":128},{"$f":"$J$8","v":0.2339},{"$f":"VLOOKUP(D17,'COMP Sint. Sinapi'!B11:W9734,22,0)","v":468.31},{"$f":"'MODULO MINIMO'!M15","v":577.84},{"$f":"CAPA!$D$13","v":0},{"$f":"'MODULO MINIMO'!O15","v":577.84},{"$f":"TRUNC(O17*J17,2)","v":73963.520000000004}]
[{"$nulls":4},"ADMINISTRAÇÃO LOCAL DA OBRA"]
[null,5,"Codevasf","Adm Local","Administração Local da Obra",null,null,null,"und",{"$f":"$P$5*'MODULO MINIMO'!J17","v":16},{"$f":"$J$8","v":0.2339},{"$f":"'Adm Local'!J248","v":119469.47644018347},{"$f":"'MODULO MINIMO'!M17","v":147413.38},{"$f":"CAPA!$D$13","v":0},{"$f":"'MODULO MINIMO'!O17","v":147413.38},{"$f":"TRUNC(O19*J19,2)","v":2358614.08},{"$f":"P19/P60","v":0.11250647006126543},null,null,"pav",{"$f":"(P24+P25+P26+P27+P28+P29+P31+P32+P33+P34+P49)/P60","v":0.5045683183137345}]
[{"$nulls":4},"TERRAPLANAGEM",{"$nulls":14},"incc",{"$f":"(P13+P16+P17+P14+P38+P19+P39+P36+P44+P46+P37)/P60","v":0.19023178350530098}]
[null,6,"SICRO",5502114,{"$f":"VLOOKUP(D21,'SINTÉTICO SICRO'!$A$4:$D$1048576,2,0)","v":"Escavação, carga e transporte de material de 1ª categoria - DMT de 1.000 a 1.200 m - caminho de serviço em leito natural - com escavadeira e caminhão basculante de 14 m³"},null,null,null,"m³",{"$f":"$P$5*'MODULO MINIMO'!J19","v":72800},{"$f":"$J$8","v":0.2339},{"$f":"ROUND(IF(C21=\"CODEVASF\",VLOOKUP(D21,'CPU CODEVASF'!E:I,5,FALSE),VLOOKUP(D21,'SINTÉTICO SICRO'!A:D,4,FALSE)),6)","v":8.2200000000000006},{"$f":"'MODULO MINIMO'!M19","v":10.14},{"$f":"CAPA!$D$13","v":0},{"$f":"'MODULO MINIMO'!O19","v":10.14},{"$f":"TRUNC(O21*J21,2)","v":738192},null,null,null,"dren",{"$f":"(P41+P42)/P60","v":0.26137597424888903},{"$nulls":7},366912]
[null,7,"SICRO",4413942,{"$f":"VLOOKUP(D22,'SINTÉTICO SICRO'!$A$4:$D$1048576,2,0)","v":"Espalhamento de material em bota-fora"},null,null,null,"m³",{"$f":"$P$5*'MODULO MINIMO'!J20","v":72800},{"$f":"$J$8","v":0.2339},{"$f":"ROUND(IF(C22=\"CODEVASF\",VLOOKUP(D22,'CPU CODEVASF'!E:I,5,FALSE),VLOOKUP(D22,'SINTÉTICO SICRO'!A:D,4,FALSE)),6)","v":2.0099999999999998},{"$f":"'MODULO MINIMO'!M20","v":2.48},{"$f":"CAPA!$D$13","v":0},{"$f":"'MODULO MINIMO'!O20","v":2.48},{"$f":"TRUNC(O22*J22,2)","v":180544},null,null,null,"terrap",{"$f":"(P21+P22)/P60","v":4.3823932518119606E-2},{"$nulls":7},84084,{"$nulls":4},1]
[{"$nulls":4},"PAVIMENTAÇÃO"]
[null,8,"SICRO",4915637,{"$f":"VLOOKUP(D24,'SINTÉTICO SICRO'!$A$4:$D$1048576,2,0)","v":"Capa selante - areia comercial"},null,null,null,"m²",{"$f":"$P$5*'MODULO MINIMO'!J22","v":224000},{"$f":"$J$8","v":0.2339},{"$f":"ROUND(IF(C24=\"CODEVASF\",VLOOKUP(D24,'CPU CODEVASF'!E:I,5,FALSE),VLOOKUP(D24,'SINTÉTICO SICRO'!A:D,4,FALSE)),6)","v":0.9},{"$f":"'MODULO MINIMO'!M22","v":1.1100000000000001},{"$f":"CAPA!$D$13","v":0},{"$f":"'MODULO MINIMO'!O22","v":1.1100000000000001},{"$f":"TRUNC(O24*J24,2)","v":248640},{"$nulls":12},13037300.310000001]
[null,9,"SICRO",4011370,{"$f":"VLOOKUP(D25,'SINTÉTICO SICRO'!$A$4:$D$1048576,2,0)","v":"Tratamento superficial duplo com emulsão - brita comercial"},null,null,null,"m²",{"$f":"$P$5*'MODULO MINIMO'!J23","v":224000},0.2339,{"$f":"ROUND(IF(C25=\"CODEVASF\",VLOOKUP(D25,'CPU CODEVASF'!E:I,5,FALSE),VLOOKUP(D25,'SINTÉTICO SICRO'!A:D,4,FALSE)),6)","v":6.08},{"$f":"'MODULO MINIMO'!M23","v":7.5},{"$f":"CAPA!$D$13","v":0},{"$f":"'MODULO MINIMO'!O23","v":7.5},{"$f":"TRUNC(O25*J25,2)","v":1680000},{"$nulls":12},223860]
[null,10,"SICRO",4011352,{"$f":"VLOOKUP(D26,'SINTÉTICO SICRO'!$A$4:$D$1048576,2,0)","v":"Imprimação com emulsão asfáltica"},null,null,null,"m²",{"$f":"$P$5*'MODULO MINIMO'!J24","v":224000},0.2339,{"$f":"ROUND(IF(C26=\"CODEVASF\",VLOOKUP(D26,'CPU CODEVASF'!E:I,5,FALSE),VLOOKUP(D26,'SINTÉTICO SICRO'!A:D,4,FALSE)),6)","v":0.42},{"$f":"'MODULO MINIMO'!M24","v":0.51},{"$f":"CAPA!$D$13","v":0},{"$f":"'MODULO MINIMO'!O24","v":0.51},{"$f":"TRUNC(O26*J26,2)","v":114240},{"$nulls":12},223860]
[null,11,"SICRO",4011219,{"$f":"VLOOKUP(D27,'SINTÉTICO SICRO'!$A$4:$D$1048576,2,0)","v":"Base de solo estabilizado granulometricamente sem mistura com material de jazida - 100% Proctor modificado"},null,null,null,"m³",{"$f":"$P$5*'MODULO MINIMO'!J25","v":33600},0.2339,{"$f":"ROUND(IF(C27=\"CODEVASF\",VLOOKUP(D27,'CPU CODEVASF'!E:I,5,FALSE),VLOOKUP(D27,'SINTÉTICO SICRO'!A:D,4,FALSE)),6)","v":14.79},{"$f":"'MODULO MINIMO'!M25","v":18.239999999999998},{"$f":"CAPA!$D$13","v":0},{"$f":"'MODULO MINIMO'!O25","v":18.239999999999998},612864,{"$nulls":12},15919722]
[null,12,"SICRO",4011227,{"$f":"VLOOKUP(D28,'SINTÉTICO SICRO'!$A$4:$D$1048576,2,0)","v":"Sub-base de solo estabilizado granulometricamente sem mistura com material de jazida - 100% Proctor intermediário"},null,null,null,"m³",{"$f":"$P$5*'MODULO MINIMO'!J26","v":33600},0.2339,{"$f":"ROUND(IF(C28=\"CODEVASF\",VLOOKUP(D28,'CPU CODEVASF'!E:I,5,FALSE),VLOOKUP(D28,'SINTÉTICO SICRO'!A:D,4,FALSE)),6)","v":13.6},{"$f":"'MODULO MINIMO'!M26","v":16.78},{"$f":"CAPA!$D$13","v":0},{"$f":"'MODULO MINIMO'!O26","v":16.78},563808,{"$nulls":12},2045862]
[null,13,"SICRO",4011209,{"$f":"VLOOKUP(D29,'SINTÉTICO SICRO'!$A$4:$D$1048576,2,0)","v":"Regularização do subleito - 100% Proctor intermediário"},null,null,null,"m²",{"$f":"$P$5*'MODULO MINIMO'!J27","v":224000},0.2339,{"$f":"ROUND(IF(C29=\"CODEVASF\",VLOOKUP(D29,'CPU CODEVASF'!E:I,5,FALSE),VLOOKUP(D29,'SINTÉTICO SICRO'!A:D,4,FALSE)),6)","v":1.57},{"$f":"'MODULO MINIMO'!M27","v":1.93},{"$f":"CAPA!$D$13","v":0},{"$f":"'MODULO MINIMO'!O27","v":1.93},432320,{"$nulls":12},540540]
[{"$nulls":4},"AQUISIÇÃO E TRANSPORTE DO MATERIAL BETUMINOSO"]
[null,14,"CODEVASF","CPU-14","AQUISIÇÃO DE EAI",null,null,null,"t",{"$f":"$P$5*'MODULO MINIMO'!J29","v":268.8},{"$f":"M31/L31-1","v":0.14999861977353834},{"$f":"ROUND(IF(C31=\"CODEVASF\",VLOOKUP(D31,'CPU CODEVASF'!E:I,5,FALSE),VLOOKUP(D31,'SINTÉTICO SICRO'!A:D,4,FALSE)),6)","v":3094.8906710000001},{"$f":"'MODULO MINIMO'!M29","v":3559.12},{"$f":"CAPA!$D$13","v":0},{"$f":"'MODULO MINIMO'!O29","v":3559.12},{"$f":"TRUNC(O31*J31,2)","v":956691.45},{"$nulls":12},3101079.07]
[null,15,"CODEVASF","CPU-18","TRANSPORTE DE EAI",null,null,null,"t",{"$f":"$P$5*'MODULO MINIMO'!J30","v":268.8},0.14999419485518728,{"$f":"ROUND(IF(C32=\"CODEVASF\",VLOOKUP(D32,'CPU CODEVASF'!E:I,5,FALSE),VLOOKUP(D32,'SINTÉTICO SICRO'!A:D,4,FALSE)),6)","v":1505.242381},{"$f":"'MODULO MINIMO'!M30","v":1731.02},{"$f":"CAPA!$D$13","v":0},{"$f":"'MODULO MINIMO'!O30","v":1731.02},465298.17,{"$nulls":12},1243849.1499999999]
[null,16,"CODEVASF","CPU-15","AQUISIÇÃO DE EMULSÃO ASFÁLTICA RR-2C",null,null,null,"t",{"$f":"$P$5*'MODULO MINIMO'!J31","v":672},0.14999869057519088,{"$f":"ROUND(IF(C33=\"CODEVASF\",VLOOKUP(D33,'CPU CODEVASF'!E:I,5,FALSE),VLOOKUP(D33,'SINTÉTICO SICRO'!A:D,4,FALSE)),6)","v":4036.3524219999999},{"$f":"'MODULO MINIMO'!M31","v":4641.8},{"$f":"CAPA!$D$13","v":0},{"$f":"'MODULO MINIMO'!O31","v":4641.8},3119289.6,{"$nulls":12},775269.77]
[null,17,"CODEVASF","CPU-19","TRANSPORTE RR-2C",null,null,null,"t",{"$f":"$P$5*'MODULO MINIMO'!J32","v":672},0.14999380830512687,{"$f":"ROUND(IF(C34=\"CODEVASF\",VLOOKUP(D34,'CPU CODEVASF'!E:I,5,FALSE),VLOOKUP(D34,'SINTÉTICO SICRO'!A:D,4,FALSE)),6)","v":969.04},{"$f":"'MODULO MINIMO'!M32","v":1114.3900000000001},{"$f":"CAPA!$D$13","v":0},{"$f":"'MODULO MINIMO'!O32","v":1114.3900000000001},748870.08,{"$nulls":12},310962.288]
[{"$nulls":4},"SINALIZAÇÃO"]
[null,18,"SICRO",5213440,{"$f":"VLOOKUP(D36,'SINTÉTICO SICRO'!$A$4:$D$1048576,2,0)","v":"Placa de regulamentação em aço D = 0,60 m - película retrorrefletiva tipo I + SI - fornecimento e implantação"},null,null,null,"und",{"$f":"$P$5*'MODULO MINIMO'!J34","v":96},{"$f":"$J$8","v":0.2339},{"$f":"ROUND(IF(C36=\"CODEVASF\",VLOOKUP(D36,'CPU CODEVASF'!E:I,5,FALSE),VLOOKUP(D36,'SINTÉTICO SICRO'!A:D,4,FALSE)),6)","v":282.19},{"$f":"'MODULO MINIMO'!M34","v":348.19},{"$f":"CAPA!$D$13","v":0},{"$f":"'MODULO MINIMO'!O34","v":348.19},{"$f":"TRUNC(O36*J36,2)","v":33426.239999999998},{"$nulls":12},9985.9500000000007]
[null,19,"SICRO",5213464,{"$f":"VLOOKUP(D37,'SINTÉTICO SICRO'!$A$4:$D$1048576,2,0)","v":"Placa de advertência em aço, lado de 0,60 m - película retrorrefletiva tipo I + SI - fornecimento e implantação"},null,null,null,"und",{"$f":"$P$5*'MODULO MINIMO'!J35","v":96},{"$f":"$J$8","v":0.2339},{"$f":"ROUND(IF(C37=\"CODEVASF\",VLOOKUP(D37,'CPU CODEVASF'!E:I,5,FALSE),VLOOKUP(D37,'SINTÉTICO SICRO'!A:D,4,FALSE)),6)","v":282.23},{"$f":"'MODULO MINIMO'!M35","v":348.24},{"$f":"CAPA!$D$13","v":0},{"$f":"'MODULO MINIMO'!O35","v":348.24},33431.040000000001,null,null,null,0]
[null,20,"SICRO",5213863,{"$f":"VLOOKUP(D38,'SINTÉTICO SICRO'!$A$4:$D$1048576,2,0)","v":"Suporte metálico galvanizado para placa de advertência ou regulamentação - lado ou diâmetro de 0,60 m - fornecimento e implantação"},null,null,null,"und",{"$f":"$P$5*'MODULO MINIMO'!J36","v":192},{"$f":"$J$8","v":0.2339},{"$f":"ROUND(IF(C38=\"CODEVASF\",VLOOKUP(D38,'CPU CODEVASF'!E:I,5,FALSE),VLOOKUP(D38,'SINTÉTICO SICRO'!A:D,4,FALSE)),6)","v":460.16},{"$f":"'MODULO MINIMO'!M36","v":567.79},{"$f":"CAPA!$D$13","v":0},{"$f":"'MODULO MINIMO'!O36","v":567.79},109015.67999999999,{"$nulls":12},13086.06]
[null,21,"SICRO",5213400,{"$f":"VLOOKUP(D39,'SINTÉTICO SICRO'!$A$4:$D$1048576,2,0)","v":"Pintura de faixa com tinta acrílica - espessura de 0,4 mm"},null,null,null,"m²",{"$f":"$P$5*'MODULO MINIMO'!J37","v":9600},{"$f":"$J$8","v":0.2339},{"$f":"ROUND(IF(C39=\"CODEVASF\",VLOOKUP(D39,'CPU CODEVASF'!E:I,5,FALSE),VLOOKUP(D39,'SINTÉTICO SICRO'!A:D,4,FALSE)),6)","v":21.22},{"$f":"'MODULO MINIMO'!M37","v":26.18},{"$f":"CAPA!$D$13","v":0},{"$f":"'MODULO MINIMO'!O37","v":26.18},251328]
[{"$nulls":4},"DRENAGEM"]
[null,22,"SICRO",2003373,{"$f":"VLOOKUP(D41,'SINTÉTICO SICRO'!$A$4:$D$1048576,2,0)","v":"Meio-fio de concreto - MFC 03 - areia e brita comerciais - fôrma de madeira"},null,null,null,"m",{"$f":"$P$5*'MODULO MINIMO'!J39","v":64000},{"$f":"$J$8","v":0.2339},{"$f":"ROUND(IF(C41=\"CODEVASF\",VLOOKUP(D41,'CPU CODEVASF'!E:I,5,FALSE),VLOOKUP(D41,'SINTÉTICO SICRO'!A:D,4,FALSE)),6)","v":69.16},{"$f":"'MODULO MINIMO'!M39","v":85.33},{"$f":"CAPA!$D$13","v":0},{"$f":"'MODULO MINIMO'!O39","v":85.33},{"$f":"TRUNC(O41*J41,2)","v":5461120},{"$nulls":12},4514640]
[null,23,"SICRO",4915724,{"$f":"VLOOKUP(D42,'SINTÉTICO SICRO'!$A$4:$D$1048576,2,0)","v":"Caiação mecanizada com fixador de cal"},null,null,null,"m²",{"$f":"$P$5*'MODULO MINIMO'!J40","v":7680},{"$f":"$J$8","v":0.2339},{"$f":"ROUND(IF(C42=\"CODEVASF\",VLOOKUP(D42,'CPU CODEVASF'!E:I,5,FALSE),VLOOKUP(D42,'SINTÉTICO SICRO'!A:D,4,FALSE)),6)","v":1.95},{"$f":"'MODULO MINIMO'!M40","v":2.4},{"$f":"CAPA!$D$13","v":0},{"$f":"'MODULO MINIMO'!O40","v":2.4},18432,{"$nulls":10},4514640]
[{"$nulls":4},"SERVIÇOS COMPLEMENTARES"]
[null,24,"Codevasf","CPU-12","Conserto de quebra no ramal na rua sem pavimento com fornecimento de material hidráulico",null,null,null,"m",{"$f":"$P$5*'MODULO MINIMO'!J42","v":3200},{"$f":"$J$8","v":0.2339},{"$f":"ROUND(IF(C44=\"CODEVASF\",VLOOKUP(D44,'CPU CODEVASF'!E:I,5,FALSE),VLOOKUP(D44,'SINTÉTICO SICRO'!A:D,4,FALSE)),6)","v":15.60155},{"$f":"'MODULO MINIMO'!M42","v":19.25},{"$f":"CAPA!$D$13","v":0},{"$f":"'MODULO MINIMO'!O42","v":19.25},{"$f":"TRUNC(O44*J44,2)","v":61600},{"$nulls":12},139854]
[{"$nulls":4},"PROJETO EXECUTIVO"]
[null,25,"Codevasf","Composição Própria","Projeto Executivo",null,null,null,"m²",{"$f":"$P$5*'MODULO MINIMO'!J44","v":224000},{"$f":"$J$8","v":0.2339},{"$f":"'Projeto Executivo'!G23/'MODULO MINIMO'!I8","v":2.3809319484285711},{"$f":"'MODULO MINIMO'!M44","v":2.93},{"$f":"CAPA!$D$13","v":0},{"$f":"'MODULO MINIMO'!O44","v":2.93},{"$f":"TRUNC(O46*J46,2)","v":656320},{"$f":"P46/P60","v":3.1306624961133837E-2},{"$nulls":11},763671.38]
[{"$nulls":4},"MOMENTO DE TRANSPORTE"]
[null,26,"SICRO",5914359,{"$f":"VLOOKUP(D48,'SINTÉTICO SICRO'!$A$4:$D$1048576,2,0)","v":"Transporte com caminhão basculante de 10 m³ - rodovia em leito natural"},null,null,null,"tkm",{"$f":"$P$5*'MODULO MINIMO'!J46","v":0},{"$f":"$J$8","v":0.2339},{"$f":"ROUND(IF(C48=\"CODEVASF\",VLOOKUP(D48,'CPU CODEVASF'!E:I,5,FALSE),VLOOKUP(D48,'SINTÉTICO SICRO'!A:D,4,FALSE)),6)","v":1.21},{"$f":"'MODULO MINIMO'!M46","v":1.49},{"$f":"CAPA!$D$13","v":0},{"$f":"'MODULO MINIMO'!O46","v":1.49},{"$f":"TRUNC(O48*J48,2)","v":0}]
[null,27,"SICRO",5914374,{"$f":"VLOOKUP(D49,'SINTÉTICO SICRO'!$A$4:$D$1048576,2,0)","v":"Transporte com caminhão basculante de 10 m³ - rodovia em revestimento primário"},null,null,null,"tkm",{"$f":"$P$5*'MODULO MINIMO'!J47","v":1386336},{"$f":"$J$8","v":0.2339},{"$f":"ROUND(IF(C49=\"CODEVASF\",VLOOKUP(D49,'CPU CODEVASF'!E:I,5,FALSE),VLOOKUP(D49,'SINTÉTICO SICRO'!A:D,4,FALSE)),6)","v":0.96},{"$f":"'MODULO MINIMO'!M47","v":1.18},{"$f":"CAPA!$D$13","v":0},{"$f":"'MODULO MINIMO'!O47","v":1.18},{"$f":"TRUNC(O49*J49,2)","v":1635876.48}]
[null,28,"SICRO",5914389,{"$f":"VLOOKUP(D50,'SINTÉTICO SICRO'!$A$4:$D$1048576,2,0)","v":"Transporte com caminhão basculante de 10 m³ - rodovia pavimentada"},null,null,null,"tkm",{"$f":"$P$5*'MODULO MINIMO'!J48","v":0},{"$f":"$J$8","v":0.2339},{"$f":"ROUND(IF(C50=\"CODEVASF\",VLOOKUP(D50,'CPU CODEVASF'!E:I,5,FALSE),VLOOKUP(D50,'SINTÉTICO SICRO'!A:D,4,FALSE)),6)","v":0.78},{"$f":"'MODULO MINIMO'!M48","v":0.96},{"$f":"CAPA!$D$13","v":0},{"$f":"'MODULO MINIMO'!O48","v":0.96},0]
[null,29,"SICRO",{"$f":"'SINTÉTICO SICRO'!A5864","v":5906592},{"$f":"VLOOKUP(D51,'SINTÉTICO SICRO'!$A$4:$D$1048576,2,0)","v":"Carga, manobra e descarga de blocos artificiais de concreto com 10 a 12 t para molhe em cavalo mecânico com semirreboque com capacidade de 32 t - carga e descarga com guindaste com pinça"},null,null,null,"tkm",{"$f":"$P$5*'MODULO MINIMO'!J49","v":0},{"$f":"$J$8","v":0.2339},{"$f":"ROUND(IF(C51=\"CODEVASF\",VLOOKUP(D51,'CPU CODEVASF'!E:I,5,FALSE),VLOOKUP(D51,'SINTÉTICO SICRO'!A:D,4,FALSE)),6)","v":34.85},{"$f":"'MODULO MINIMO'!M49","v":43},{"$f":"CAPA!$D$13","v":0},{"$f":"'MODULO MINIMO'!O49","v":43},0]
[null,30,"SICRO",{"$f":"'SINTÉTICO SICRO'!A5865","v":5906591},{"$f":"VLOOKUP(D52,'SINTÉTICO SICRO'!$A$4:$D$1048576,2,0)","v":"Carga, manobra e descarga de blocos artificiais de concreto com 8 a 9 t para molhe em cavalo mecânico com semirreboque com capacidade de 32 t - carga e descarga com guindaste com pinça"},null,null,null,"tkm",{"$f":"$P$5*'MODULO MINIMO'!J50","v":0},{"$f":"$J$8","v":0.2339},{"$f":"ROUND(IF(C52=\"CODEVASF\",VLOOKUP(D52,'CPU CODEVASF'!E:I,5,FALSE),VLOOKUP(D52,'SINTÉTICO SICRO'!A:D,4,FALSE)),6)","v":33.049999999999997},{"$f":"'MODULO MINIMO'!M50","v":40.78},{"$f":"CAPA!$D$13","v":0},{"$f":"'MODULO MINIMO'!O50","v":40.78},0]
[null,31,"SICRO",{"$f":"'SINTÉTICO SICRO'!A5866","v":5914653},{"$f":"VLOOKUP(D53,'SINTÉTICO SICRO'!$A$4:$D$1048576,2,0)","v":"Carga, manobra e descarga de blocos de rocha em caminhão basculante de 8 m³ - carga com carregadeira de 1,72 m³ (exclusa) e descarga livre"},null,null,null,"tkm",{"$f":"$P$5*'MODULO MINIMO'!J51","v":0},0.2339,{"$f":"ROUND(IF(C53=\"CODEVASF\",VLOOKUP(D53,'CPU CODEVASF'!E:I,5,FALSE),VLOOKUP(D53,'SINTÉTICO SICRO'!A:D,4,FALSE)),6)","v":3.42},{"$f":"'MODULO MINIMO'!M51","v":4.21},{"$f":"CAPA!$D$13","v":0},{"$f":"'MODULO MINIMO'!O51","v":4.21},0]
[null,32,"SICRO",5914449,{"$f":"VLOOKUP(D54,'SINTÉTICO SICRO'!$A$4:$D$1048576,2,0)","v":"Transporte com caminhão carroceria de 15 t - rodovia em leito natural"},null,null,null,"tkm",{"$f":"$P$5*'MODULO MINIMO'!J52","v":0},0.2339,{"$f":"ROUND(IF(C54=\"CODEVASF\",VLOOKUP(D54,'CPU CODEVASF'!E:I,5,FALSE),VLOOKUP(D54,'SINTÉTICO SICRO'!A:D,4,FALSE)),6)","v":1.07},{"$f":"'MODULO MINIMO'!M52","v":1.32},{"$f":"CAPA!$D$13","v":0},{"$f":"'MODULO MINIMO'!O52","v":1.32},0]
[null,33,"SICRO",5914464,{"$f":"VLOOKUP(D55,'SINTÉTICO SICRO'!$A$4:$D$1048576,2,0)","v":"Transporte com caminhão carroceria de 15 t - rodovia em revestimento primário"},null,null,null,"tkm",{"$f":"$P$5*'MODULO MINIMO'!J53","v":0},0.2339,{"$f":"ROUND(IF(C55=\"CODEVASF\",VLOOKUP(D55,'CPU CODEVASF'!E:I,5,FALSE),VLOOKUP(D55,'SINTÉTICO SICRO'!A:D,4,FALSE)),6)","v":0.86},{"$f":"'MODULO MINIMO'!M53","v":1.06},{"$f":"CAPA!$D$13","v":0},{"$f":"'MODULO MINIMO'!O53","v":1.06},0]
[null,34,"SICRO",5914479,{"$f":"VLOOKUP(D56,'SINTÉTICO SICRO'!$A$4:$D$1048576,2,0)","v":"Transporte com caminhão carroceria de 15 t - rodovia pavimentada"},null,null,null,"tkm",{"$f":"$P$5*'MODULO MINIMO'!J54","v":0},0.2339,{"$f":"ROUND(IF(C56=\"CODEVASF\",VLOOKUP(D56,'CPU CODEVASF'!E:I,5,FALSE),VLOOKUP(D56,'SINTÉTICO SICRO'!A:D,4,FALSE)),6)","v":0.69},{"$f":"'MODULO MINIMO'!M54","v":0.85},{"$f":"CAPA!$D$13","v":0},{"$f":"'MODULO MINIMO'!O54","v":0.85},0]
[null,35,"SICRO",5914364,{"$f":"VLOOKUP(D57,'SINTÉTICO SICRO'!$A$4:$D$1048576,2,0)","v":"Transporte de cimento ou cal hidratada a granel com caminhão silo de 30 m³ - rodovia em leito natural"},null,null,null,"tkm",{"$f":"$P$5*'MODULO MINIMO'!J55","v":0},{"$f":"$J$8","v":0.2339},{"$f":"ROUND(IF(C57=\"CODEVASF\",VLOOKUP(D57,'CPU CODEVASF'!E:I,5,FALSE),VLOOKUP(D57,'SINTÉTICO SICRO'!A:D,4,FALSE)),6)","v":0.9},{"$f":"'MODULO MINIMO'!M55","v":1.1100000000000001},{"$f":"CAPA!$D$13","v":0},{"$f":"'MODULO MINIMO'!O55","v":1.1100000000000001},0]
[null,36,"SICRO",5914365,{"$f":"VLOOKUP(D58,'SINTÉTICO SICRO'!$A$4:$D$1048576,2,0)","v":"Transporte de cimento ou cal hidratada a granel com caminhão silo de 30 m³ - rodovia em revestimento primário"},null,null,null,"tkm",{"$f":"$P$5*'MODULO MINIMO'!J56","v":0},0.2339,{"$f":"ROUND(IF(C58=\"CODEVASF\",VLOOKUP(D58,'CPU CODEVASF'!E:I,5,FALSE),VLOOKUP(D58,'SINTÉTICO SICRO'!A:D,4,FALSE)),6)","v":0.72},{"$f":"'MODULO MINIMO'!M56","v":0.88},{"$f":"CAPA!$D$13","v":0},{"$f":"'MODULO MINIMO'!O56","v":0.88},0]
[null,37,"SICRO",5914366,{"$f":"VLOOKUP(D59,'SINTÉTICO SICRO'!$A$4:$D$1048576,2,0)","v":"Transporte de cimento ou cal hidratada a granel com caminhão silo de 30 m³ - rodovia pavimentada"},null,null,null,"tkm",{"$f":"$P$5*'MODULO MINIMO'!J57","v":0},0.2339,{"$f":"ROUND(IF(C59=\"CODEVASF\",VLOOKUP(D59,'CPU CODEVASF'!E:I,5,FALSE),VLOOKUP(D59,'SINTÉTICO SICRO'!A:D,4,FALSE)),6)","v":0.62},{"$f":"'MODULO MINIMO'!M57","v":0.76},{"$f":"CAPA!$D$13","v":0},{"$f":"'MODULO MINIMO'!O57","v":0.76},0]
[null,"VALOR TOTAL DO SRP",{"$nulls":13},{"$f":"SUM(P12:P59)+R60","v":20964252.800000001},null,{"$f":"R61-SUM(P12:P59)","v":-0.17999999970197678},{"$nulls":10},{"$f":"SUM(AC20:AC46)","v":43314537.978000015}]
[{"$nulls":17},{"$f":"P5*'MODULO MINIMO'!P58","v":20964252.800000001}]

{"sheet":"MODULO MINIMO","index":2,"n_rows":58,"n_cols":34,"rows_kept":58,"cut":false,"hidden":false,"merged":[[14,4,14,7],[16,4,16,7],[9,20,9,21],[10,4,10,7],[13,4,13,7],[11,4,11,7],[57,1,57,12],[33,4,33,7],[35,4,35,7],[41,4,41,7],[43,4,43,7],[55,4,55,7],[45,4,45,7],[46,4,46,7],[47,4,47,7],[51,4,51,7],[52,4,52,7],[53,4,53,7],[54,4,54,7],[56,4,56,7],[48,4,48,7],[49,4,49,7],[4,1,4,15],[5,1,8,1],[5,2,8,2],[5,3,8,3],[5,4,8,7],[6,9,7,9],[6,12,8,12],[6,15,8,15],[5,13,5,15],[6,13,8,13],[6,14,8,14],[50,4,50,7],[38,4,38,7],[19,4,19,7],[26,4,26,7],[39,4,39,7],[34,4,34,7],[36,4,36,7],[30,4,30,7],[31,4,31,7],[18,4,18,7],[22,4,22,7],[29,4,29,7],[21,4,21,7],[23,4,23,7],[24,4,24,7],[25,4,25,7],[28,4,28,7]]}
[null,"EXECUÇÃO DE SERVIÇOS DE PAVIMENTAÇÃO COM TRATAMENTO SUPERFICIAL DUPLO EM VIAS DE MUNICÍPIOS DIVERSOS INSERIDOS NA ÁREA DE ATUAÇÃO DA CODEVASF, NO ESTADO MARANHÃO"]
[{"$nulls":14},"SICRO:","2025-04-01"]
[{"$nulls":14},"SINAPI:","2025-05-01"]
[{"$nulls":14},"Data Base do Orçamento","2025-07-01"]
[null,{"$f":"B1","v":"EXECUÇÃO DE SERVIÇOS DE PAVIMENTAÇÃO COM TRATAMENTO SUPERFICIAL DUPLO EM VIAS DE MUNICÍPIOS DIVERSOS INSERIDOS NA ÁREA DE ATUAÇÃO DA CODEVASF, NO ESTADO MARANHÃO"}]
[null,"ITEM","ORIGEM\nCOMPOSIÇÃO","CÓDIGO\nCOMPOSIÇÃO","DISCRIMINAÇÃO DOS SERVIÇOS",null,null,null,"BDI % = ",{"$f":"CAPA!D14","v":0.2339},"BDI DIFERENCIADO % = ",{"$f":"CAPA!D15","v":0.15},"R$/m²","PROPOSTA DA EMPRESA LICITANTE"]
[{"$nulls":8},"Total de m²","Encargos Sociais:","Horista %","Mensalista %","PREÇO UNITÁRIO COM BDI","DESCONTO","PREÇO UNITÁRIO COM BDI APÓS O DESCONTO","PREÇO TOTAL COM BDI APÓS O DESCONTO"]
[{"$nulls":8},{"$f":"'Memória de Cálculo'!G1*'Memória de Cálculo'!C1*'Memória de Cálculo'!C2","v":14000},null,{"$f":"'ENC. SOCIAIS'!$E$51","v":112.73},{"$f":"'ENC. SOCIAIS'!$F$51","v":70.19}]
[{"$nulls":8},"UND","QTDE.","BDI","PREÇO UNITÁRIO",{"$nulls":16},"TOTAL"]
[{"$nulls":4},"MOBILIZAÇÃO/DESMOBILIZAÇÃO"]
[null,1,"Codevasf","Mob","Mobilização",null,null,null,"R$/km",0,{"$f":"$J$6","v":0.2339},{"$f":"Mob!B66","v":188.61891833333334},{"$f":"TRUNC((L11*(1+K11)),2)","v":232.73},{"$f":"CAPA!$D$13","v":0},{"$f":"(M11-M11*N11)","v":232.73},{"$f":"TRUNC(O11*J11,2)","v":0},{"$f":"P11/$P$58","v":0},{"$nulls":11},57163.47]
[null,2,"Codevasf","Mob","Desmobilização",null,null,null,"R$/km",0,{"$f":"$J$6","v":0.2339},{"$f":"Mob!B66","v":188.61891833333334},{"$f":"TRUNC((L12*(1+K12)),2)","v":232.73},{"$f":"CAPA!$D$13","v":0},{"$f":"(M12-M12*N12)","v":232.73},{"$f":"TRUNC(O12*J12,2)","v":0},{"$f":"P12/$P$58","v":0},{"$nulls":11},57163.47]
[{"$nulls":4},"INSTALAÇÃO DE CANTEIRO"]
[null,3,"Codevasf","Canteiro","Canteiro de Obras e Almoxarifado",null,null,null,"und",1,{"$f":"$J$6","v":0.2339},{"$f":"' Canteiro'!F11","v":20786.16},{"$f":"TRUNC((L14*(1+K14)),2)","v":25648.04},{"$f":"CAPA!$D$13","v":0},25648.04,25648.04,{"$nulls":12},190291.53]
[null,4,"SINAPI",103689,"Fornecimento e instalação de placa de obra com chapa galvanizada e estrutura de madeira. af_03/2022_ps",null,null,null,"m²",{"$f":"TRUNC('Memória de Cálculo'!H25,2)","v":8},{"$f":"$J$6","v":0.2339},{"$f":"VLOOKUP(D15,'COMP Sint. Sinapi'!B11:W9734,22,0)","v":468.31},{"$f":"TRUNC((L15*(1+K15)),2)","v":577.84},{"$f":"CAPA!$D$13","v":0},577.84,4622.72]
[{"$nulls":4},"ADMINISTRAÇÃO LOCAL DA OBRA"]
[null,5,"Codevasf","Adm Local","Administração Local da Obra",null,null,null,"und",1,{"$f":"$J$6","v":0.2339},{"$f":"'Adm Local'!J248","v":119469.47644018347},{"$f":"TRUNC((L17*(1+K17)),2)","v":147413.38},{"$f":"CAPA!$D$13","v":0},147413.38,147413.38,{"$f":"P17/P58","v":0.11250647006126543}]
[{"$nulls":4},"TERRAPLANAGEM"]
[null,6,"SICRO",5502114,{"$f":"VLOOKUP(D19,'SINTÉTICO SICRO'!$A$4:$D$1048576,2,0)","v":"Escavação, carga e transporte de material de 1ª categoria - DMT de 1.000 a 1.200 m - caminho de serviço em leito natural - com escavadeira e caminhão basculante de 14 m³"},null,null,null,"m³",{"$f":"TRUNC('Memória de Cálculo'!H37,2)","v":4550},{"$f":"$J$6","v":0.2339},{"$f":"ROUND(IF(C19=\"CODEVASF\",VLOOKUP(D19,'CPU CODEVASF'!E:I,5,FALSE),VLOOKUP(D19,'SINTÉTICO SICRO'!A:D,4,FALSE)),6)","v":8.2200000000000006},{"$f":"TRUNC((L19*(1+K19)),2)","v":10.14},{"$f":"CAPA!$D$13","v":0},10.14,46137,{"$nulls":12},366912]
[null,7,"SICRO",4413942,{"$f":"VLOOKUP(D20,'SINTÉTICO SICRO'!$A$4:$D$1048576,2,0)","v":"Espalhamento de material em bota-fora"},null,null,null,"m³",{"$f":"TRUNC('Memória de Cálculo'!H44,2)","v":4550},{"$f":"$J$6","v":0.2339},{"$f":"ROUND(IF(C20=\"CODEVASF\",VLOOKUP(D20,'CPU CODEVASF'!E:I,5,FALSE),VLOOKUP(D20,'SINTÉTICO SICRO'!A:D,4,FALSE)),6)","v":2.0099999999999998},{"$f":"TRUNC((L20*(1+K20)),2)","v":2.48},{"$f":"CAPA!$D$13","v":0},2.48,11284,{"$nulls":12},84084,{"$nulls":4},1]
[{"$nulls":4},"PAVIMENTAÇÃO"]
[null,8,"SICRO",4915637,{"$f":"VLOOKUP(D22,'SINTÉTICO SICRO'!$A$4:$D$1048576,2,0)","v":"Capa selante - areia comercial"},null,null,null,"m²",{"$f":"TRUNC('Memória de Cálculo'!H51,2)","v":14000},{"$f":"$J$6","v":0.2339},{"$f":"ROUND(IF(C22=\"CODEVASF\",VLOOKUP(D22,'CPU CODEVASF'!E:I,5,FALSE),VLOOKUP(D22,'SINTÉTICO SICRO'!A:D,4,FALSE)),6)","v":0.9},{"$f":"TRUNC((L22*(1+K22)),2)","v":1.1100000000000001},{"$f":"CAPA!$D$13","v":0},1.1100000000000001,15540,{"$nulls":12},13037300.310000001]
[null,9,"SICRO",4011370,{"$f":"VLOOKUP(D23,'SINTÉTICO SICRO'!$A$4:$D$1048576,2,0)","v":"Tratamento superficial duplo com emulsão - brita comercial"},null,null,null,"m²",{"$f":"TRUNC('Memória de Cálculo'!H57,2)","v":14000},0.2339,{"$f":"ROUND(IF(C23=\"CODEVASF\",VLOOKUP(D23,'CPU CODEVASF'!E:I,5,FALSE),VLOOKUP(D23,'SINTÉTICO SICRO'!A:D,4,FALSE)),6)","v":6.08},{"$f":"TRUNC((L23*(1+K23)),2)","v":7.5},{"$f":"CAPA!$D$13","v":0},7.5,105000,{"$nulls":12},223860]
[null,10,"SICRO",4011352,{"$f":"VLOOKUP(D24,'SINTÉTICO SICRO'!$A$4:$D$1048576,2,0)","v":"Imprimação com emulsão asfáltica"},null,null,null,"m²",{"$f":"TRUNC('Memória de Cálculo'!H57,2)","v":14000},0.2339,{"$f":"ROUND(IF(C24=\"CODEVASF\",VLOOKUP(D24,'CPU CODEVASF'!E:I,5,FALSE),VLOOKUP(D24,'SINTÉTICO SICRO'!A:D,4,FALSE)),6)","v":0.42},0.51,{"$f":"CAPA!$D$13","v":0},0.51,7140,{"$nulls":12},223860]
[null,11,"SICRO",4011219,{"$f":"VLOOKUP(D25,'SINTÉTICO SICRO'!$A$4:$D$1048576,2,0)","v":"Base de solo estabilizado granulometricamente sem mistura com material de jazida - 100% Proctor modificado"},null,null,null,"m³",{"$f":"TRUNC('Memória de Cálculo'!H68,2)","v":2100},0.2339,{"$f":"ROUND(IF(C25=\"CODEVASF\",VLOOKUP(D25,'CPU CODEVASF'!E:I,5,FALSE),VLOOKUP(D25,'SINTÉTICO SICRO'!A:D,4,FALSE)),6)","v":14.79},18.239999999999998,{"$f":"CAPA!$D$13","v":0},18.239999999999998,38304,{"$nulls":12},15919722]
[null,12,"SICRO",4011227,{"$f":"VLOOKUP(D26,'SINTÉTICO SICRO'!$A$4:$D$1048576,2,0)","v":"Sub-base de solo estabilizado granulometricamente sem mistura com material de jazida - 100% Proctor intermediário"},null,null,null,"m³",{"$f":"TRUNC('Memória de Cálculo'!H74,2)","v":2100},0.2339,{"$f":"ROUND(IF(C26=\"CODEVASF\",VLOOKUP(D26,'CPU CODEVASF'!E:I,5,FALSE),VLOOKUP(D26,'SINTÉTICO SICRO'!A:D,4,FALSE)),6)","v":13.6},16.78,{"$f":"CAPA!$D$13","v":0},16.78,35238,{"$nulls":12},2045862]
[null,13,"SICRO",4011209,{"$f":"VLOOKUP(D27,'SINTÉTICO SICRO'!$A$4:$D$1048576,2,0)","v":"Regularização do subleito - 100% Proctor intermediário"},null,null,null,"m²",{"$f":"TRUNC('Memória de Cálculo'!H80,2)","v":14000},0.2339,{"$f":"ROUND(IF(C27=\"CODEVASF\",VLOOKUP(D27,'CPU CODEVASF'!E:I,5,FALSE),VLOOKUP(D27,'SINTÉTICO SICRO'!A:D,4,FALSE)),6)","v":1.57},1.93,{"$f":"CAPA!$D$13","v":0},1.93,27020,{"$nulls":12},540540]
[{"$nulls":4},"AQUISIÇÃO E TRANSPORTE DO MATERIAL BETUMINOSO"]
[null,14,"CODEVASF","CPU-14","AQUISIÇÃO DE EAI",null,null,null,"t",{"$f":"TRUNC(' CONSUMO DE MAT. B TOTAL'!P9,2)","v":16.8},{"$f":"$L$6","v":0.15},{"$f":"ROUND(IF(C29=\"CODEVASF\",VLOOKUP(D29,'CPU CODEVASF'!E:I,5,FALSE),VLOOKUP(D29,'SINTÉTICO SICRO'!A:D,4,FALSE)),6)","v":3094.8906710000001},{"$f":"TRUNC((L29*(1+K29)),2)","v":3559.12},{"$f":"CAPA!$D$13","v":0},3559.12,59793.21,{"$nulls":12},3101079.07]
[null,15,"CODEVASF","CPU-18","TRANSPORTE DE EAI",null,null,null,"t",{"$f":"TRUNC(' CONSUMO DE MAT. B TOTAL'!P9,2)","v":16.8},{"$f":"$L$6","v":0.15},{"$f":"ROUND(IF(C30=\"CODEVASF\",VLOOKUP(D30,'CPU CODEVASF'!E:I,5,FALSE),VLOOKUP(D30,'SINTÉTICO SICRO'!A:D,4,FALSE)),6)","v":1505.242381},1731.02,{"$f":"CAPA!$D$13","v":0},1731.02,29081.13,{"$nulls":12},1243849.1499999999]
[null,16,"CODEVASF","CPU-15","AQUISIÇÃO DE EMULSÃO ASFÁLTICA RR-2C",null,null,null,"t",{"$f":"TRUNC(' CONSUMO DE MAT. B TOTAL'!P11+' CONSUMO DE MAT. B TOTAL'!P13+' CONSUMO DE MAT. B TOTAL'!P15,2)","v":42},0.15,{"$f":"ROUND(IF(C31=\"CODEVASF\",VLOOKUP(D31,'CPU CODEVASF'!E:I,5,FALSE),VLOOKUP(D31,'SINTÉTICO SICRO'!A:D,4,FALSE)),6)","v":4036.3524219999999},4641.8,{"$f":"CAPA!$D$13","v":0},4641.8,194955.6,{"$nulls":12},775269.77]
[null,17,"CODEVASF","CPU-19","TRANSPORTE RR-2C",null,null,null,"t",{"$f":"J31","v":42},0.15,{"$f":"ROUND(IF(C32=\"CODEVASF\",VLOOKUP(D32,'CPU CODEVASF'!E:I,5,FALSE),VLOOKUP(D32,'SINTÉTICO SICRO'!A:D,4,FALSE)),6)","v":969.04},1114.3900000000001,{"$f":"CAPA!$D$13","v":0},1114.3900000000001,46804.38,{"$nulls":12},310962.288]
[{"$nulls":4},"SINALIZAÇÃO"]
[null,18,"SICRO",5213440,{"$f":"VLOOKUP(D34,'SINTÉTICO SICRO'!$A$4:$D$1048576,2,0)","v":"Placa de regulamentação em aço D = 0,60 m - película retrorrefletiva tipo I + SI - fornecimento e implantação"},null,null,null,"und",{"$f":"TRUNC('Memória de Cálculo'!H87,2)","v":6},{"$f":"$J$6","v":0.2339},{"$f":"ROUND(IF(C34=\"CODEVASF\",VLOOKUP(D34,'CPU CODEVASF'!E:I,5,FALSE),VLOOKUP(D34,'SINTÉTICO SICRO'!A:D,4,FALSE)),6)","v":282.19},{"$f":"TRUNC((L34*(1+K34)),2)","v":348.19},{"$f":"CAPA!$D$13","v":0},348.19,2089.14,{"$nulls":12},9985.9500000000007]
[null,19,"SICRO",5213464,{"$f":"VLOOKUP(D35,'SINTÉTICO SICRO'!$A$4:$D$1048576,2,0)","v":"Placa de advertência em aço, lado de 0,60 m - película retrorrefletiva tipo I + SI - fornecimento e implantação"},null,null,null,"und",{"$f":"TRUNC('Memória de Cálculo'!H92,2)","v":6},{"$f":"$J$6","v":0.2339},{"$f":"ROUND(IF(C35=\"CODEVASF\",VLOOKUP(D35,'CPU CODEVASF'!E:I,5,FALSE),VLOOKUP(D35,'SINTÉTICO SICRO'!A:D,4,FALSE)),6)","v":282.23},348.24,{"$f":"CAPA!$D$13","v":0},348.24,2089.44]
[null,20,"SICRO",5213863,{"$f":"VLOOKUP(D36,'SINTÉTICO SICRO'!$A$4:$D$1048576,2,0)","v":"Suporte metálico galvanizado para placa de advertência ou regulamentação - lado ou diâmetro de 0,60 m - fornecimento e implantação"},null,null,null,"und",{"$f":"TRUNC('Memória de Cálculo'!H98,2)","v":12},{"$f":"$J$6","v":0.2339},{"$f":"ROUND(IF(C36=\"CODEVASF\",VLOOKUP(D36,'CPU CODEVASF'!E:I,5,FALSE),VLOOKUP(D36,'SINTÉTICO SICRO'!A:D,4,FALSE)),6)","v":460.16},567.79,{"$f":"CAPA!$D$13","v":0},567.79,6813.48,{"$nulls":12},13086.06]
[null,21,"SICRO",5213400,{"$f":"VLOOKUP(D37,'SINTÉTICO SICRO'!$A$4:$D$1048576,2,0)","v":"Pintura de faixa com tinta acrílica - espessura de 0,4 mm"},null,null,null,"m²",{"$f":"TRUNC('Memória de Cálculo'!H103+'Memória de Cálculo'!H108,2)","v":600},{"$f":"$J$6","v":0.2339},{"$f":"ROUND(IF(C37=\"CODEVASF\",VLOOKUP(D37,'CPU CODEVASF'!E:I,5,FALSE),VLOOKUP(D37,'SINTÉTICO SICRO'!A:D,4,FALSE)),6)","v":21.22},26.18,{"$f":"CAPA!$D$13","v":0},26.18,15708]
[{"$nulls":4},"DRENAGEM"]
[null,22,"SICRO",2003373,{"$f":"VLOOKUP(D39,'SINTÉTICO SICRO'!$A$4:$D$1048576,2,0)","v":"Meio-fio de concreto - MFC 03 - areia e brita comerciais - fôrma de madeira"},null,null,null,"m",{"$f":"TRUNC('Memória de Cálculo'!H132,2)","v":4000},{"$f":"$J$6","v":0.2339},{"$f":"ROUND(IF(C39=\"CODEVASF\",VLOOKUP(D39,'CPU CODEVASF'!E:I,5,FALSE),VLOOKUP(D39,'SINTÉTICO SICRO'!A:D,4,FALSE)),6)","v":69.16},85.33,{"$f":"CAPA!$D$13","v":0},85.33,341320,{"$nulls":12},4514640]
[null,23,"SICRO",4915724,{"$f":"VLOOKUP(D40,'SINTÉTICO SICRO'!$A$4:$D$1048576,2,0)","v":"Caiação mecanizada com fixador de cal"},null,null,null,"m²",{"$f":"TRUNC('Memória de Cálculo'!H137,2)","v":480},{"$f":"$J$6","v":0.2339},{"$f":"ROUND(IF(C40=\"CODEVASF\",VLOOKUP(D40,'CPU CODEVASF'!E:I,5,FALSE),VLOOKUP(D40,'SINTÉTICO SICRO'!A:D,4,FALSE)),6)","v":1.95},2.4,{"$f":"CAPA!$D$13","v":0},2.4,1152,{"$nulls":10},4514640]
[{"$nulls":4},"SERVIÇOS COMPLEMENTARES"]
[null,24,"Codevasf","CPU-12","Conserto de quebra no ramal na rua sem pavimento com fornecimento de material hidráulico",null,null,null,"m",{"$f":"TRUNC('Memória de Cálculo'!H144,2)","v":200},{"$f":"$J$6","v":0.2339},{"$f":"ROUND(IF(C42=\"CODEVASF\",VLOOKUP(D42,'CPU CODEVASF'!E:I,5,FALSE),VLOOKUP(D42,'SINTÉTICO SICRO'!A:D,4,FALSE)),6)","v":15.60155},19.25,{"$f":"CAPA!$D$13","v":0},19.25,3850,{"$nulls":12},139854]
[{"$nulls":4},"PROJETO EXECUTIVO"]
[null,25,"Codevasf","Composição Própria","Projeto Executivo",null,null,null,"m²",{"$f":"TRUNC('Memória de Cálculo'!H151,2)","v":14000},{"$f":"$J$6","v":0.2339},{"$f":"'Projeto Executivo'!G23/'MODULO MINIMO'!I8","v":2.3809319484285711},2.93,{"$f":"CAPA!$D$13","v":0},2.93,41020,{"$f":"P44/P58","v":3.1306624961133837E-2},{"$nulls":11},763671.38]
[{"$nulls":4},"MOMENTO DE TRANSPORTE"]
[null,26,"SICRO",5914359,{"$f":"VLOOKUP(D46,'SINTÉTICO SICRO'!$A$4:$D$1048576,2,0)","v":"Transporte com caminhão basculante de 10 m³ - rodovia em leito natural"},null,null,null,"tkm",{"$f":"TRUNC(ROUND(SUMIF('MOMENTO DE TRANSPORTE - PRINC'!A:A,'MODULO MINIMO'!D46,'MOMENTO DE TRANSPORTE - PRINC'!K:K)+SUMIF('MOMENTO DE TRANSPORTE - AUX'!A:A,'MODULO MINIMO'!D46,'MOMENTO DE TRANSPORTE - AUX'!K:K),2),2)","v":0},{"$f":"$J$6","v":0.2339},{"$f":"ROUND(IF(C46=\"CODEVASF\",VLOOKUP(D46,'CPU CODEVASF'!E:I,5,FALSE),VLOOKUP(D46,'SINTÉTICO SICRO'!A:D,4,FALSE)),6)","v":1.21},1.49,{"$f":"CAPA!$D$13","v":0},1.49,0]
[null,27,"SICRO",5914374,{"$f":"VLOOKUP(D47,'SINTÉTICO SICRO'!$A$4:$D$1048576,2,0)","v":"Transporte com caminhão basculante de 10 m³ - rodovia em revestimento primário"},null,null,null,"tkm",{"$f":"TRUNC(ROUND(SUMIF('MOMENTO DE TRANSPORTE - PRINC'!A:A,'MODULO MINIMO'!D47,'MOMENTO DE TRANSPORTE - PRINC'!K:K)+SUMIF('MOMENTO DE TRANSPORTE - AUX'!A:A,'MODULO MINIMO'!D47,'MOMENTO DE TRANSPORTE - AUX'!K:K),2),2)","v":86646},{"$f":"$J$6","v":0.2339},{"$f":"ROUND(IF(C47=\"CODEVASF\",VLOOKUP(D47,'CPU CODEVASF'!E:I,5,FALSE),VLOOKUP(D47,'SINTÉTICO SICRO'!A:D,4,FALSE)),6)","v":0.96},1.18,{"$f":"CAPA!$D$13","v":0},1.18,102242.28]
[null,28,"SICRO",5914389,{"$f":"VLOOKUP(D48,'SINTÉTICO SICRO'!$A$4:$D$1048576,2,0)","v":"Transporte com caminhão basculante de 10 m³ - rodovia pavimentada"},null,null,null,"tkm",{"$f":"TRUNC(ROUND(SUMIF('MOMENTO DE TRANSPORTE - PRINC'!A:A,'MODULO MINIMO'!D48,'MOMENTO DE TRANSPORTE - PRINC'!K:K)+SUMIF('MOMENTO DE TRANSPORTE - AUX'!A:A,'MODULO MINIMO'!D48,'MOMENTO DE TRANSPORTE - AUX'!K:K),2),2)","v":0},{"$f":"$J$6","v":0.2339},{"$f":"ROUND(IF(C48=\"CODEVASF\",VLOOKUP(D48,'CPU CODEVASF'!E:I,5,FALSE),VLOOKUP(D48,'SINTÉTICO SICRO'!A:D,4,FALSE)),6)","v":0.78},0.96,{"$f":"CAPA!$D$13","v":0},0.96,0]
[null,29,"SICRO",{"$f":"'SINTÉTICO SICRO'!A5864","v":5906592},{"$f":"VLOOKUP(D49,'SINTÉTICO SICRO'!$A$4:$D$1048576,2,0)","v":"Carga, manobra e descarga de blocos artificiais de concreto com 10 a 12 t para molhe em cavalo mecânico com semirreboque com capacidade de 32 t - carga e descarga com guindaste com pinça"},null,null,null,"tkm",{"$f":"TRUNC(ROUND(SUMIF('MOMENTO DE TRANSPORTE - PRINC'!A:A,'MODULO MINIMO'!D49,'MOMENTO DE TRANSPORTE - PRINC'!K:K)+SUMIF('MOMENTO DE TRANSPORTE - AUX'!A:A,'MODULO MINIMO'!D49,'MOMENTO DE TRANSPORTE - AUX'!K:K),2),2)","v":0},{"$f":"$J$6","v":0.2339},{"$f":"ROUND(IF(C49=\"CODEVASF\",VLOOKUP(D49,'CPU CODEVASF'!E:I,5,FALSE),VLOOKUP(D49,'SINTÉTICO SICRO'!A:D,4,FALSE)),6)","v":34.85},43,{"$f":"CAPA!$D$13","v":0},43,0]
[null,30,"SICRO",{"$f":"'SINTÉTICO SICRO'!A5865","v":5906591},{"$f":"VLOOKUP(D50,'SINTÉTICO SICRO'!$A$4:$D$1048576,2,0)","v":"Carga, manobra e descarga de blocos artificiais de concreto com 8 a 9 t para molhe em cavalo mecânico com semirreboque com capacidade de 32 t - carga e descarga com guindaste com pinça"},null,null,null,"tkm",{"$f":"TRUNC(ROUND(SUMIF('MOMENTO DE TRANSPORTE - PRINC'!A:A,'MODULO MINIMO'!D50,'MOMENTO DE TRANSPORTE - PRINC'!K:K)+SUMIF('MOMENTO DE TRANSPORTE - AUX'!A:A,'MODULO MINIMO'!D50,'MOMENTO DE TRANSPORTE - AUX'!K:K),2),2)","v":0},{"$f":"$J$6","v":0.2339},{"$f":"ROUND(IF(C50=\"CODEVASF\",VLOOKUP(D50,'CPU CODEVASF'!E:I,5,FALSE),VLOOKUP(D50,'SINTÉTICO SICRO'!A:D,4,FALSE)),6)","v":33.049999999999997},40.78,{"$f":"CAPA!$D$13","v":0},40.78,0]
[null,31,"SICRO",{"$f":"'SINTÉTICO SICRO'!A5866","v":5914653},{"$f":"VLOOKUP(D51,'SINTÉTICO SICRO'!$A$4:$D$1048576,2,0)","v":"Carga, manobra e descarga de blocos de rocha em caminhão basculante de 8 m³ - carga com carregadeira de 1,72 m³ (exclusa) e descarga livre"},null,null,null,"tkm",{"$f":"TRUNC(ROUND(SUMIF('MOMENTO DE TRANSPORTE - PRINC'!A:A,'MODULO MINIMO'!D51,'MOMENTO DE TRANSPORTE - PRINC'!K:K)+SUMIF('MOMENTO DE TRANSPORTE - AUX'!A:A,'MODULO MINIMO'!D51,'MOMENTO DE TRANSPORTE - AUX'!K:K),2),2)","v":0},0.2339,{"$f":"ROUND(IF(C51=\"CODEVASF\",VLOOKUP(D51,'CPU CODEVASF'!E:I,5,FALSE),VLOOKUP(D51,'SINTÉTICO SICRO'!A:D,4,FALSE)),6)","v":3.42},4.21,{"$f":"CAPA!$D$13","v":0},4.21,0]
[null,32,"SICRO",5914449,{"$f":"VLOOKUP(D52,'SINTÉTICO SICRO'!$A$4:$D$1048576,2,0)","v":"Transporte com caminhão carroceria de 15 t - rodovia em leito natural"},null,null,null,"tkm",{"$f":"TRUNC(ROUND(SUMIF('MOMENTO DE TRANSPORTE - PRINC'!A:A,'MODULO MINIMO'!D52,'MOMENTO DE TRANSPORTE - PRINC'!K:K)+SUMIF('MOMENTO DE TRANSPORTE - AUX'!A:A,'MODULO MINIMO'!D52,'MOMENTO DE TRANSPORTE - AUX'!K:K),2),2)","v":0},0.2339,{"$f":"ROUND(IF(C52=\"CODEVASF\",VLOOKUP(D52,'CPU CODEVASF'!E:I,5,FALSE),VLOOKUP(D52,'SINTÉTICO SICRO'!A:D,4,FALSE)),6)","v":1.07},1.32,{"$f":"CAPA!$D$13","v":0},1.32,0]
[null,33,"SICRO",5914464,{"$f":"VLOOKUP(D53,'SINTÉTICO SICRO'!$A$4:$D$1048576,2,0)","v":"Transporte com caminhão carroceria de 15 t - rodovia em revestimento primário"},null,null,null,"tkm",{"$f":"TRUNC(ROUND(SUMIF('MOMENTO DE TRANSPORTE - PRINC'!A:A,'MODULO MINIMO'!D53,'MOMENTO DE TRANSPORTE - PRINC'!K:K)+SUMIF('MOMENTO DE TRANSPORTE - AUX'!A:A,'MODULO MINIMO'!D53,'MOMENTO DE TRANSPORTE - AUX'!K:K),2),2)","v":0},0.2339,{"$f":"ROUND(IF(C53=\"CODEVASF\",VLOOKUP(D53,'CPU CODEVASF'!E:I,5,FALSE),VLOOKUP(D53,'SINTÉTICO SICRO'!A:D,4,FALSE)),6)","v":0.86},1.06,{"$f":"CAPA!$D$13","v":0},1.06,0]
[null,34,"SICRO",5914479,{"$f":"VLOOKUP(D54,'SINTÉTICO SICRO'!$A$4:$D$1048576,2,0)","v":"Transporte com caminhão carroceria de 15 t - rodovia pavimentada"},null,null,null,"tkm",{"$f":"TRUNC(ROUND(SUMIF('MOMENTO DE TRANSPORTE - PRINC'!A:A,'MODULO MINIMO'!D54,'MOMENTO DE TRANSPORTE - PRINC'!K:K)+SUMIF('MOMENTO DE TRANSPORTE - AUX'!A:A,'MODULO MINIMO'!D54,'MOMENTO DE TRANSPORTE - AUX'!K:K),2),2)","v":0},0.2339,{"$f":"ROUND(IF(C54=\"CODEVASF\",VLOOKUP(D54,'CPU CODEVASF'!E:I,5,FALSE),VLOOKUP(D54,'SINTÉTICO SICRO'!A:D,4,FALSE)),6)","v":0.69},0.85,{"$f":"CAPA!$D$13","v":0},0.85,0]
[null,35,"SICRO",5914364,{"$f":"VLOOKUP(D55,'SINTÉTICO SICRO'!$A$4:$D$1048576,2,0)","v":"Transporte de cimento ou cal hidratada a granel com caminhão silo de 30 m³ - rodovia em leito natural"},null,null,null,"tkm",{"$f":"TRUNC(ROUND(SUMIF('MOMENTO DE TRANSPORTE - PRINC'!A:A,'MODULO MINIMO'!D55,'MOMENTO DE TRANSPORTE - PRINC'!K:K)+SUMIF('MOMENTO DE TRANSPORTE - AUX'!A:A,'MODULO MINIMO'!D55,'MOMENTO DE TRANSPORTE - AUX'!K:K),2),2)","v":0},{"$f":"$J$6","v":0.2339},{"$f":"ROUND(IF(C55=\"CODEVASF\",VLOOKUP(D55,'CPU CODEVASF'!E:I,5,FALSE),VLOOKUP(D55,'SINTÉTICO SICRO'!A:D,4,FALSE)),6)","v":0.9},1.1100000000000001,{"$f":"CAPA!$D$13","v":0},1.1100000000000001,0]
[null,36,"SICRO",5914365,{"$f":"VLOOKUP(D56,'SINTÉTICO SICRO'!$A$4:$D$1048576,2,0)","v":"Transporte de cimento ou cal hidratada a granel com caminhão silo de 30 m³ - rodovia em revestimento primário"},null,null,null,"tkm",{"$f":"TRUNC(ROUND(SUMIF('MOMENTO DE TRANSPORTE - PRINC'!A:A,'MODULO MINIMO'!D56,'MOMENTO DE TRANSPORTE - PRINC'!K:K)+SUMIF('MOMENTO DE TRANSPORTE - AUX'!A:A,'MODULO MINIMO'!D56,'MOMENTO DE TRANSPORTE - AUX'!K:K),2),2)","v":0},0.2339,{"$f":"ROUND(IF(C56=\"CODEVASF\",VLOOKUP(D56,'CPU CODEVASF'!E:I,5,FALSE),VLOOKUP(D56,'SINTÉTICO SICRO'!A:D,4,FALSE)),6)","v":0.72},0.88,{"$f":"CAPA!$D$13","v":0},0.88,0]
[null,37,"SICRO",5914366,{"$f":"VLOOKUP(D57,'SINTÉTICO SICRO'!$A$4:$D$1048576,2,0)","v":"Transporte de cimento ou cal hidratada a granel com caminhão silo de 30 m³ - rodovia pavimentada"},null,null,null,"tkm",{"$f":"TRUNC(ROUND(SUMIF('MOMENTO DE TRANSPORTE - PRINC'!A:A,'MODULO MINIMO'!D57,'MOMENTO DE TRANSPORTE - PRINC'!K:K)+SUMIF('MOMENTO DE TRANSPORTE - AUX'!A:A,'MODULO MINIMO'!D57,'MOMENTO DE TRANSPORTE - AUX'!K:K),2),2)","v":0},0.2339,{"$f":"ROUND(IF(C57=\"CODEVASF\",VLOOKUP(D57,'CPU CODEVASF'!E:I,5,FALSE),VLOOKUP(D57,'SINTÉTICO SICRO'!A:D,4,FALSE)),6)","v":0.62},0.76,{"$f":"CAPA!$D$13","v":0},0.76,0]
[null,"VALOR TOTAL DO MODULO",{"$nulls":13},{"$f":"SUM(P10:P57)","v":1310265.8},{"$nulls":12},{"$f":"SUM(AC18:AC44)","v":43314537.978000015}]

{"sheet":"CRONOGRAMA TOTAL","index":3,"n_rows":36,"n_cols":17,"rows_kept":36,"cut":false,"hidden":false,"merged":[[30,0,30,1],[1,0,1,14],[2,0,2,14],[27,0,27,1],[28,0,28,1],[29,0,29,1]]}
[]
[{"$f":"'MODULO MINIMO'!B1","v":"EXECUÇÃO DE SERVIÇOS DE PAVIMENTAÇÃO COM TRATAMENTO SUPERFICIAL DUPLO EM VIAS DE MUNICÍPIOS DIVERSOS INSERIDOS NA ÁREA DE ATUAÇÃO DA CODEVASF, NO ESTADO MARANHÃO"}]
["Cronograma Físico e Financeiro "]
["Item","Descrição","Total Por Etapa","30 DIAS","60 DIAS","90 DIAS","120 DIAS","150 DIAS","180 DIAS","210 DIAS","240 DIAS","270 DIAS","300 DIAS","330 DIAS","360 DIAS"]
[null,{"$f":"'MODULO MINIMO'!E10","v":"MOBILIZAÇÃO/DESMOBILIZAÇÃO"},{"$f":"SUM(D5:O5)","v":1},0.5,{"$nulls":10},0.5]
[null,null,{"$f":"SUM('MODULO MINIMO'!P11:P12)","v":0},{"$f":"$C$6*D5","v":0},{"$nulls":10},{"$f":"$C$6*O5","v":0},{"$f":"SUM(D6:O6)","v":0},{"$f":"IF(P6=C6,\"OK\",\"\")","v":"OK"}]
[null,{"$f":"'MODULO MINIMO'!E13","v":"INSTALAÇÃO DE CANTEIRO"},{"$f":"SUM(D7:O7)","v":1},0.1,0.5,0.4]
[null,null,{"$f":"SUM('MODULO MINIMO'!P14:P15)","v":30270.760000000002},{"$f":"$C$8*D7","v":3027.0760000000005},{"$f":"$C$8*E7","v":15135.380000000001},12108.304000000002,0,0,0,0,0,0,0,0,0,{"$f":"SUM(D8:O8)","v":30270.760000000002},{"$f":"IF(P8=C8,\"OK\",\"\")","v":"OK"}]
[null,{"$f":"'MODULO MINIMO'!E16","v":"ADMINISTRAÇÃO LOCAL DA OBRA"},{"$f":"SUM(D9:O9)","v":1},{"$f":"(D6+D8+D12+D14+D16+D18+D20+D22+D24+D26)/($O$33-$C$10)","v":3.7878474725107428E-2},1.3015735909119062E-2,3.1549817817810459E-2,2.1137229090515203E-2,2.2792641219252917E-2,{"$f":"(I6+I8+I12+I14+I16+I18+I20+I22+I24+I26)/($O$33-$C$10)","v":2.7188825904494396E-2},0.12894440035649582,0.12894440035649582,0.12894440035649582,{"$f":"(M6+M8+M12+M14+M16+M18+M20+M22+M24+M26)/($O$33-$C$10)","v":0.12894440035649582},0.15604751289075874,{"$f":"(O6+O8+O12+O14+O16+O18+O20+O22+O24+O26)/($O$33-$C$10)","v":0.17461216101695864}]
[null,null,{"$f":"SUM('MODULO MINIMO'!P17)","v":147413.38},{"$f":"$C$10*D9","v":5583.7939884726566},{"$f":"$C$10*E9","v":1918.6936235506139},{"$f":"$C$10*F9","v":4650.8652829076646},3115.9103840671723,3359.9402812573935,4007.9967248130761,19008.129888624255,19008.129888624255,19008.129888624255,19008.129888624255,23003.491315820316,25740.168844614112,{"$f":"SUM(D10:O10)","v":147413.38000000003},{"$f":"IF(P10=C10,\"OK\",\"\")","v":"OK"}]
[null,{"$f":"'MODULO MINIMO'!E18","v":"TERRAPLANAGEM"},{"$f":"SUM(D11:O11)","v":1},null,null,{"$f":"1/4","v":0.25},{"$f":"1/4","v":0.25},{"$f":"1/4","v":0.25},{"$f":"1/4","v":0.25}]
[null,null,{"$f":"SUM('MODULO MINIMO'!P19:P20)","v":57421},{"$f":"$C$14*D11","v":0},{"$f":"$C$12*E11","v":0},14355.25,14355.25,14355.25,14355.25,0,0,0,0,0,0,{"$f":"SUM(D12:O12)","v":57421},{"$f":"IF(P12=C12,\"OK\",\"\")","v":"OK"}]
[null,{"$f":"'MODULO MINIMO'!E21","v":"PAVIMENTAÇÃO"},{"$f":"SUM(D13:O13)","v":1},{"$nulls":6},{"$f":"1/4","v":0.25},{"$f":"1/4","v":0.25},{"$f":"1/4","v":0.25},{"$f":"1/4","v":0.25}]
[null,null,{"$f":"SUM('MODULO MINIMO'!P22:P27)","v":228242},{"$f":"$C$14*D13","v":0},{"$f":"$C$14*E13","v":0},0,0,0,null,57060.5,57060.5,57060.5,{"$f":"$C$14*M13","v":57060.5},null,0,{"$f":"SUM(D14:O14)","v":228242},{"$f":"IF(P14=C14,\"OK\",\"\")","v":"OK"}]
[null,{"$f":"'MODULO MINIMO'!E28","v":"AQUISIÇÃO E TRANSPORTE DO MATERIAL BETUMINOSO"},{"$f":"SUM(D15:O15)","v":1},{"$nulls":6},{"$f":"1/4","v":0.25},{"$f":"1/4","v":0.25},{"$f":"1/4","v":0.25},{"$f":"1/4","v":0.25}]
[null,null,{"$f":"SUM('MODULO MINIMO'!P29:P32)","v":330634.32},{"$f":"$C$16*D15","v":0},{"$f":"$C$16*E15","v":0},0,0,0,null,82658.58,82658.58,82658.58,{"$f":"$C$16*M15","v":82658.58},0,0,{"$f":"SUM(D16:O16)","v":330634.32},{"$f":"IF(P16=C16,\"OK\",\"\")","v":"OK"}]
[null,{"$f":"'MODULO MINIMO'!E33","v":"SINALIZAÇÃO"},{"$f":"SUM(D17:O17)","v":1},{"$nulls":11},1]
[null,null,{"$f":"SUM('MODULO MINIMO'!P34:P37)","v":26700.059999999998},{"$f":"$C$18*D17","v":0},{"$f":"$C$18*E17","v":0},0,0,0,0,0,0,0,0,0,26700.059999999998,{"$f":"SUM(D18:O18)","v":26700.059999999998},{"$f":"IF(P18=C18,\"OK\",\"\")","v":"OK"}]
[null,{"$f":"'MODULO MINIMO'!E38","v":"DRENAGEM"},{"$f":"SUM(D19:O19)","v":1},{"$nulls":10},0.5,0.5]
[null,null,{"$f":"SUM('MODULO MINIMO'!P39:P40)","v":342472},{"$f":"$C$20*D19","v":0},{"$f":"$C$20*E19","v":0},0,0,0,0,0,0,0,0,171236,171236,{"$f":"SUM(D20:O20)","v":342472},{"$f":"IF(P20=C20,\"OK\",\"\")","v":"OK"}]
[null,{"$f":"'MODULO MINIMO'!E41","v":"SERVIÇOS COMPLEMENTARES"},{"$f":"SUM(D21:O21)","v":1},{"$nulls":4},0.5,0.5]
[null,null,{"$f":"SUM('MODULO MINIMO'!P42)","v":3850},{"$f":"$C$22*D21","v":0},{"$f":"$C$22*E21","v":0},0,0,1925,1925,0,0,0,0,0,0,{"$f":"SUM(D22:O22)","v":3850},{"$f":"IF(P22=C22,\"OK\",\"\")","v":"OK"}]
[null,{"$f":"'MODULO MINIMO'!E43","v":"PROJETO EXECUTIVO"},{"$f":"SUM(D23:O23)","v":1},1]
[null,null,{"$f":"'MODULO MINIMO'!P44","v":41020},{"$f":"$C$24*D23","v":41020},{"$f":"$C$24*E23","v":0},0,0,0,0,0,0,0,0,0,0,{"$f":"SUM(D24:O24)","v":41020},{"$f":"IF(P24=C24,\"OK\",\"\")","v":"OK"}]
[null,{"$f":"'MODULO MINIMO'!E45","v":"MOMENTO DE TRANSPORTE"},{"$f":"SUM(D25:O25)","v":1},null,null,0.1,0.1,0.1,0.15,0.1,0.1,0.1,0.1,0.1,0.05]
[null,null,{"$f":"SUM('MODULO MINIMO'!P46:P57)","v":102242.28},{"$f":"$C$26*D25","v":0},{"$f":"$C$26*E25","v":0},10224.228000000001,10224.228000000001,10224.228000000001,15336.341999999999,10224.228000000001,10224.228000000001,10224.228000000001,10224.228000000001,10224.228000000001,5112.1140000000005,{"$f":"SUM(D26:O26)","v":102242.28000000001},{"$f":"IF(P26=C26,\"OK\",\"\")","v":"OK"}]
[]
["Porcentagem",null,null,{"$f":"SUM(D6+D8+D10+D12+D14+D16+D18+D20+D22+D24+D26)/$O$33","v":3.7878474725107421E-2},{"$f":"SUM(E6+E8+E10+E12+E14+E16+E18+E20+E22+E24+E26)/$O$33","v":1.3015735909119062E-2},3.1549817817810452E-2,2.1137229090515203E-2,2.279264121925291E-2,{"$f":"SUM(I6+I8+I10+I12+I14+I16+I18+I20+I22+I24+I26)/$O$33","v":2.7188825904494396E-2},0.12894440035649579,0.12894440035649579,0.12894440035649579,{"$f":"SUM(M6+M8+M10+M12+M14+M16+M18+M20+M22+M24+M26)/$O$33","v":0.12894440035649579},0.15604751289075874,{"$f":"SUM(O6+O8+O10+O12+O14+O16+O18+O20+O22+O24+O26)/$O$33","v":0.17461216101695862}]
["Custo",null,null,{"$f":"$O$33*D28","v":49630.869988472659},{"$f":"$O$33*E28","v":17054.073623550616},{"$f":"$O$33*F28","v":41338.647282907667},27695.388384067177,29864.418281257389,35624.588724813075,168951.43788862426,168951.43788862426,168951.43788862426,168951.43788862426,204463.71931582032,228788.34284461409]
["Porcentagem Acumulado",null,null,{"$f":"D28","v":3.7878474725107421E-2},{"$f":"D30+E28","v":5.0894210634226486E-2},{"$f":"E30+F28","v":8.2444028452036938E-2},0.10358125754255214,0.12637389876180505,0.15356272466629944,0.28250712502279524,0.41145152537929103,0.54039592573578688,0.66934032609228267,0.82538783898304136,{"$f":"N30+O28","v":1}]
["Custo Acumulado",null,null,{"$f":"D29","v":49630.869988472659},{"$f":"D31+E29","v":66684.943612023271},108023.59089493094,135718.9792789981,165583.39756025549,201207.98628506856,370159.42417369282,539110.86206231709,708062.29995094135,877013.73783956561,1081477.457155386,1310265.8]
[]
[null,null,null,"Total Geral",{"$nulls":9},"R$",{"$f":"C6+C8+C10+C12+C14+C16+C18+C20+C22+C24+C26","v":1310265.8}]
[]
[]
[{"$nulls":14},{"$f":"O31-O33","v":0}]

{"sheet":"Mob","index":4,"n_rows":70,"n_cols":9,"rows_kept":70,"cut":false,"hidden":false,"merged":[[10,6,10,7],[60,0,61,7],[63,0,63,1],[10,0,11,0],[10,1,11,1],[10,2,11,2],[10,3,11,3],[10,4,11,4],[10,5,11,5],[3,0,3,7],[4,0,8,4],[4,5,4,7],[5,5,6,6],[5,7,6,7],[7,5,8,6],[7,7,8,7]]}
[]
[]
[]
[{"$f":"'MODULO MINIMO'!B1","v":"EXECUÇÃO DE SERVIÇOS DE PAVIMENTAÇÃO COM TRATAMENTO SUPERFICIAL DUPLO EM VIAS DE MUNICÍPIOS DIVERSOS INSERIDOS NA ÁREA DE ATUAÇÃO DA CODEVASF, NO ESTADO MARANHÃO"}]
["MOBILIZAÇÃO/DESMOBILIZAÇÃO (MOB)"]
[{"$nulls":5},"Distância da Capital ao Canteiro:",null,{"$f":"'MODULO MINIMO'!J11","v":0},"Fica a cargo de cada SR colocar a distancia adequada de acordo com o historico de mobilização"]
[]
[{"$nulls":5},"Velocidade média de transporte (pavim.):",null,60]
[]
[]
["CODIGO","EQUIPAMENTO","VEÍCULO TRANSPORTADOR","QTDE","K","FU","CUSTO DO TRANSPORTE"]
[{"$nulls":6},"(R$/h)","(R$)/km"]
["E9524",{"$f":"VLOOKUP(A13,Equipamentos!$A:$K,2,FALSE)","v":"Motoniveladora - 93 kW"},{"$f":"IFERROR(INDEX('Tabelas 2 e 3 mob'!A:K,MATCH(A13,'Tabelas 2 e 3 mob'!A:A,0),9),\"ERRO\")","v":"E9665"},1,2,1,{"$f":"IF(C13=\"Veículo(s) da própria frota.\",0,INDEX(Equipamentos!B:K,MATCH(C13,Equipamentos!A:A,0),9))","v":412.78179999999998},{"$f":"((D13*E13*F13)/$H$8)*G13","v":13.759393333333332},"E9509"]
["E9526",{"$f":"VLOOKUP(A14,Equipamentos!$A:$K,2,FALSE)","v":"Retroescavadeira de pneus - capacidade da caçamba da pá-carregadeira de 0,76 m³ e da retroescavadeira de 0,29 m³ - 58 kW "},{"$f":"IFERROR(INDEX('Tabelas 2 e 3 mob'!A:K,MATCH(A14,'Tabelas 2 e 3 mob'!A:A,0),9),\"ERRO\")","v":"E9665"},1,2,1,{"$f":"IF(C14=\"Veículo(s) da própria frota.\",0,INDEX(Equipamentos!B:K,MATCH(C14,Equipamentos!A:A,0),9))","v":412.78179999999998},{"$f":"((D14*E14*F14)/$H$8)*G14","v":13.759393333333332},"E9583"]
["E9577",{"$f":"VLOOKUP(A15,Equipamentos!$A:$K,2,FALSE)","v":"Trator agrícola sobre pneus - 77 kW"},{"$f":"IFERROR(INDEX('Tabelas 2 e 3 mob'!A:K,MATCH(A15,'Tabelas 2 e 3 mob'!A:A,0),9),\"ERRO\")","v":"E9665"},1,2,0.5,{"$f":"IF(C15=\"Veículo(s) da própria frota.\",0,INDEX(Equipamentos!B:K,MATCH(C15,Equipamentos!A:A,0),9))","v":412.78179999999998},6.8796966666666659,"E9762"]
["E9518",{"$f":"VLOOKUP(A16,Equipamentos!$A:$K,2,FALSE)","v":"Grade de 24 discos rebocável de D = 60 cm (24\")"},{"$f":"IFERROR(INDEX('Tabelas 2 e 3 mob'!A:K,MATCH(A16,'Tabelas 2 e 3 mob'!A:A,0),9),\"ERRO\")","v":"Veículo(s) da própria frota."},1,2,0,{"$f":"IF(C16=\"Veículo(s) da própria frota.\",0,INDEX(Equipamentos!B:K,MATCH(C16,Equipamentos!A:A,0),9))","v":0},0,"E9558"]
["E9615",{"$f":"VLOOKUP(A17,Equipamentos!$A:$K,2,FALSE)","v":"Usina misturadora de solos com capacidade de 300 t/h - 44 kW"},{"$f":"IFERROR(INDEX('Tabelas 2 e 3 mob'!A:K,MATCH(A17,'Tabelas 2 e 3 mob'!A:A,0),9),\"ERRO\")","v":"E9018"},0,2,2,{"$f":"IF(C17=\"Veículo(s) da própria frota.\",0,INDEX(Equipamentos!B:K,MATCH(C17,Equipamentos!A:A,0),9))","v":541.97360000000003},0,"E9509"]
["E9689",{"$f":"VLOOKUP(A18,Equipamentos!$A:$K,2,FALSE)","v":"Usina de asfalto a quente gravimétrica com capacidade de 100/140 t/h - 260 kW"},{"$f":"IFERROR(INDEX('Tabelas 2 e 3 mob'!A:K,MATCH(A18,'Tabelas 2 e 3 mob'!A:A,0),9),\"ERRO\")","v":"E9666"},0,2,3,{"$f":"IF(C18=\"Veículo(s) da própria frota.\",0,INDEX(Equipamentos!B:K,MATCH(C18,Equipamentos!A:A,0),9))","v":455.85899999999998},0,"E9583"]
["E9530",{"$f":"VLOOKUP(A19,Equipamentos!$A:$K,2,FALSE)","v":"Rolo compactador liso vibratório autopropelido por pneus de 11 t - 97 kW"},{"$f":"IFERROR(INDEX('Tabelas 2 e 3 mob'!A:K,MATCH(A19,'Tabelas 2 e 3 mob'!A:A,0),9),\"ERRO\")","v":"E9666"},1,2,0.5,{"$f":"IF(C19=\"Veículo(s) da própria frota.\",0,INDEX(Equipamentos!B:K,MATCH(C19,Equipamentos!A:A,0),9))","v":455.85899999999998},7.5976499999999998,"E9762"]
["E9558",{"$f":"VLOOKUP(A20,Equipamentos!$A:$K,2,FALSE)","v":"Tanque de estocagem de asfalto com capacidade de 30.000 l"},{"$f":"IFERROR(INDEX('Tabelas 2 e 3 mob'!A:K,MATCH(A20,'Tabelas 2 e 3 mob'!A:A,0),9),\"ERRO\")","v":"E9665"},0,2,1,{"$f":"IF(C20=\"Veículo(s) da própria frota.\",0,INDEX(Equipamentos!B:K,MATCH(C20,Equipamentos!A:A,0),9))","v":412.78179999999998},0,"E9558"]
["E9758",{"$f":"VLOOKUP(A21,Equipamentos!$A:$K,2,FALSE)","v":"Vibroacabadora de asfalto sobre pneus - 97 kW"},{"$f":"IFERROR(INDEX('Tabelas 2 e 3 mob'!A:K,MATCH(A21,'Tabelas 2 e 3 mob'!A:A,0),9),\"ERRO\")","v":"E9018"},0,2,0.5,{"$f":"IF(C21=\"Veículo(s) da própria frota.\",0,INDEX(Equipamentos!B:K,MATCH(C21,Equipamentos!A:A,0),9))","v":541.97360000000003},0,"E9509"]
["E9685",{"$f":"VLOOKUP(A22,Equipamentos!$A:$K,2,FALSE)","v":"Rolo compactador pé de carneiro vibratório autopropelido por pneus de 11,6 t - 82 kW"},{"$f":"IFERROR(INDEX('Tabelas 2 e 3 mob'!A:K,MATCH(A22,'Tabelas 2 e 3 mob'!A:A,0),9),\"ERRO\")","v":"E9666"},1,2,0.5,{"$f":"IF(C22=\"Veículo(s) da própria frota.\",0,INDEX(Equipamentos!B:K,MATCH(C22,Equipamentos!A:A,0),9))","v":455.85899999999998},7.5976499999999998,"E9558"]
["E9583",{"$f":"VLOOKUP(A23,Equipamentos!$A:$K,2,FALSE)","v":"Distribuidor de agregados rebocável com capacidade de 1,9 m³"},{"$f":"IFERROR(INDEX('Tabelas 2 e 3 mob'!A:K,MATCH(A23,'Tabelas 2 e 3 mob'!A:A,0),9),\"ERRO\")","v":"Veículo(s) da própria frota."},1,2,1,{"$f":"IF(C23=\"Veículo(s) da própria frota.\",0,INDEX(Equipamentos!B:K,MATCH(C23,Equipamentos!A:A,0),9))","v":0},{"$f":"((D23*E23*F23)/$H$8)*G23","v":0},"E9571"]
["E9605",{"$f":"VLOOKUP(A24,Equipamentos!$A:$K,2,FALSE)","v":"Caminhão tanque com capacidade de 6.000 l - 136 kW"},{"$f":"IFERROR(INDEX('Tabelas 2 e 3 mob'!A:K,MATCH(A24,'Tabelas 2 e 3 mob'!A:A,0),9),\"ERRO\")","v":"E9605"},1,1,1,{"$f":"IF(C24=\"Veículo(s) da própria frota.\",0,INDEX(Equipamentos!B:K,MATCH(C24,Equipamentos!A:A,0),9))","v":250.8124},4.1802066666666668,"E9514"]
["E9579",{"$f":"VLOOKUP(A25,Equipamentos!$A:$K,2,FALSE)","v":"Caminhão basculante com capacidade de 10 m³ - 210 kW"},{"$f":"IFERROR(INDEX('Tabelas 2 e 3 mob'!A:K,MATCH(A25,'Tabelas 2 e 3 mob'!A:A,0),9),\"ERRO\")","v":"E9579"},3,1,1,{"$f":"IF(C25=\"Veículo(s) da própria frota.\",0,INDEX(Equipamentos!B:K,MATCH(C25,Equipamentos!A:A,0),9))","v":292.34280000000001},14.617140000000001,"E9762"]
["E9509",{"$f":"VLOOKUP(A26,Equipamentos!$A:$K,2,FALSE)","v":"Caminhão tanque distribuidor de asfalto com capacidade de 6.000 l - 7 kW/136 kW"},{"$f":"IFERROR(INDEX('Tabelas 2 e 3 mob'!A:K,MATCH(A26,'Tabelas 2 e 3 mob'!A:A,0),9),\"ERRO\")","v":"E9509"},1,1,1,{"$f":"IF(C26=\"Veículo(s) da própria frota.\",0,INDEX(Equipamentos!B:K,MATCH(C26,Equipamentos!A:A,0),9))","v":265.14499999999998},4.419083333333333,"E9685"]
["E9762",{"$f":"VLOOKUP(A27,Equipamentos!$A:$K,2,FALSE)","v":"Rolo compactador de pneus autopropelido de 27 t - 85 kW"},{"$f":"IFERROR(INDEX('Tabelas 2 e 3 mob'!A:K,MATCH(A27,'Tabelas 2 e 3 mob'!A:A,0),9),\"ERRO\")","v":"E9666"},1,2,0.5,{"$f":"IF(C27=\"Veículo(s) da própria frota.\",0,INDEX(Equipamentos!B:K,MATCH(C27,Equipamentos!A:A,0),9))","v":455.85899999999998},7.5976499999999998,"E9511"]
["E9681",{"$f":"VLOOKUP(A28,Equipamentos!$A:$K,2,FALSE)","v":"Rolo compactador liso tandem vibratório autopropelido de 10,4 t - 82 kW"},{"$f":"IFERROR(INDEX('Tabelas 2 e 3 mob'!A:K,MATCH(A28,'Tabelas 2 e 3 mob'!A:A,0),9),\"ERRO\")","v":"E9666"},1,2,0.5,{"$f":"IF(C28=\"Veículo(s) da própria frota.\",0,INDEX(Equipamentos!B:K,MATCH(C28,Equipamentos!A:A,0),9))","v":455.85899999999998},7.5976499999999998,"E9779"]
["E9545",{"$f":"VLOOKUP(A29,Equipamentos!$A:$K,2,FALSE)","v":"Vibroacabadora de asfalto sobre esteiras - 97 kW"},{"$f":"IFERROR(INDEX('Tabelas 2 e 3 mob'!A:K,MATCH(A29,'Tabelas 2 e 3 mob'!A:A,0),9),\"ERRO\")","v":"E9018"},0,2,0.5,{"$f":"IF(C29=\"Veículo(s) da própria frota.\",0,INDEX(Equipamentos!B:K,MATCH(C29,Equipamentos!A:A,0),9))","v":541.97360000000003},0,"E9615"]
["E9571",{"$f":"VLOOKUP(A30,Equipamentos!$A:$K,2,FALSE)","v":"Caminhão tanque com capacidade de 10.000 l - 188 kW"},{"$f":"IFERROR(INDEX('Tabelas 2 e 3 mob'!A:K,MATCH(A30,'Tabelas 2 e 3 mob'!A:A,0),9),\"ERRO\")","v":"E9571"},0,1,1,{"$f":"IF(C30=\"Veículo(s) da própria frota.\",0,INDEX(Equipamentos!B:K,MATCH(C30,Equipamentos!A:A,0),9))","v":330.45240000000001},0,"E9571"]
["E9514",{"$f":"VLOOKUP(A31,Equipamentos!$A:$K,2,FALSE)","v":"Distribuidor de agregados sobre pneus autopropelido - 130 kW"},{"$f":"IFERROR(INDEX('Tabelas 2 e 3 mob'!A:K,MATCH(A31,'Tabelas 2 e 3 mob'!A:A,0),9),\"ERRO\")","v":"E9665"},0,2,0.5,{"$f":"IF(C31=\"Veículo(s) da própria frota.\",0,INDEX(Equipamentos!B:K,MATCH(C31,Equipamentos!A:A,0),9))","v":412.78179999999998},0,"E9514"]
["E9511",{"$f":"VLOOKUP(A32,Equipamentos!$A:$K,2,FALSE)","v":"Carregadeira de pneus com capacidade de 3,40 m³ - 195 kW"},{"$f":"IFERROR(INDEX('Tabelas 2 e 3 mob'!A:K,MATCH(A32,'Tabelas 2 e 3 mob'!A:A,0),9),\"ERRO\")","v":"E9665"},1,2,1,{"$f":"IF(C32=\"Veículo(s) da própria frota.\",0,INDEX(Equipamentos!B:K,MATCH(C32,Equipamentos!A:A,0),9))","v":412.78179999999998},13.759393333333332,"E9762"]
["E9779",{"$f":"VLOOKUP(A33,Equipamentos!$A:$K,2,FALSE)","v":"Grupo gerador - 113 kVA"},{"$f":"IFERROR(INDEX('Tabelas 2 e 3 mob'!A:K,MATCH(A33,'Tabelas 2 e 3 mob'!A:A,0),9),\"ERRO\")","v":"Veículo(s) da própria frota."},1,2,0,{"$f":"IF(C33=\"Veículo(s) da própria frota.\",0,INDEX(Equipamentos!B:K,MATCH(C33,Equipamentos!A:A,0),9))","v":0},0,"E9685"]
["E9559",{"$f":"VLOOKUP(A34,Equipamentos!$A:$K,2,FALSE)","v":"Aquecedor de fluido térmico - 12 kW"},{"$f":"IFERROR(INDEX('Tabelas 2 e 3 mob'!A:K,MATCH(A34,'Tabelas 2 e 3 mob'!A:A,0),9),\"ERRO\")","v":"Veículo(s) da própria frota."},1,2,0,{"$f":"IF(C34=\"Veículo(s) da própria frota.\",0,INDEX(Equipamentos!B:K,MATCH(C34,Equipamentos!A:A,0),9))","v":0},0,"E9511"]
["E9584",{"$f":"VLOOKUP(A35,Equipamentos!$A:$K,2,FALSE)","v":"Carregadeira de pneus com capacidade de 1,72 m³ - 113 kW"},{"$f":"IFERROR(INDEX('Tabelas 2 e 3 mob'!A:K,MATCH(A35,'Tabelas 2 e 3 mob'!A:A,0),9),\"ERRO\")","v":"E9665"},3,2,1,{"$f":"IF(C35=\"Veículo(s) da própria frota.\",0,INDEX(Equipamentos!B:K,MATCH(C35,Equipamentos!A:A,0),9))","v":412.78179999999998},41.278179999999999,"E9779"]
["E9021",{"$f":"VLOOKUP(A36,Equipamentos!$A:$K,2,FALSE)","v":"Grupo gerador - 456 kVA"},{"$f":"IFERROR(INDEX('Tabelas 2 e 3 mob'!A:K,MATCH(A36,'Tabelas 2 e 3 mob'!A:A,0),9),\"ERRO\")","v":"E9508"},0,2,1,{"$f":"IF(C36=\"Veículo(s) da própria frota.\",0,INDEX(Equipamentos!B:K,MATCH(C36,Equipamentos!A:A,0),9))","v":183.1405},0,"E9615"]
["E9687",{"$f":"VLOOKUP(A37,Equipamentos!$A:$K,2,FALSE)","v":"Caminhão carroceria com capacidade de 5 t - 120 kW"},{"$f":"IFERROR(INDEX('Tabelas 2 e 3 mob'!A:K,MATCH(A37,'Tabelas 2 e 3 mob'!A:A,0),9),\"ERRO\")","v":"E9687"},0,1,1,{"$f":"IF(C37=\"Veículo(s) da própria frota.\",0,INDEX(Equipamentos!B:K,MATCH(C37,Equipamentos!A:A,0),9))","v":154.4616},0,"E9571"]
["E9667",{"$f":"VLOOKUP(A38,Equipamentos!$A:$K,2,FALSE)","v":"Caminhão basculante com capacidade de 14 m³ - 210 kW"},{"$f":"IFERROR(INDEX('Tabelas 2 e 3 mob'!A:K,MATCH(A38,'Tabelas 2 e 3 mob'!A:A,0),9),\"ERRO\")","v":"E9667"},0,1,1,{"$f":"IF(C38=\"Veículo(s) da própria frota.\",0,INDEX(Equipamentos!B:K,MATCH(C38,Equipamentos!A:A,0),9))","v":311.68099999999998},0,"E9518"]
["E9644",{"$f":"VLOOKUP(A39,Equipamentos!$A:$K,2,FALSE)","v":"Caminhão demarcador de faixas com sistema de pintura a frio - 28 kW/129 kW"},{"$f":"IFERROR(INDEX('Tabelas 2 e 3 mob'!A:K,MATCH(A39,'Tabelas 2 e 3 mob'!A:A,0),9),\"ERRO\")","v":"E9644"},1,1,1,{"$f":"IF(C39=\"Veículo(s) da própria frota.\",0,INDEX(Equipamentos!B:K,MATCH(C39,Equipamentos!A:A,0),9))","v":402.93880000000001},6.7156466666666672,"E9524"]
["E9592",{"$f":"VLOOKUP(A40,Equipamentos!$A:$K,2,FALSE)","v":"Caminhão carroceria com capacidade de 15 t - 188 kW"},{"$f":"IFERROR(INDEX('Tabelas 2 e 3 mob'!A:K,MATCH(A40,'Tabelas 2 e 3 mob'!A:A,0),9),\"ERRO\")","v":"E9592"},1,1,1,{"$f":"IF(C40=\"Veículo(s) da própria frota.\",0,INDEX(Equipamentos!B:K,MATCH(C40,Equipamentos!A:A,0),9))","v":269.8329},4.4972149999999997,"E9762"]
["E9540",{"$f":"VLOOKUP(A41,Equipamentos!$A:$K,2,FALSE)","v":"Trator sobre esteiras com lâmina - 127 kW"},{"$f":"IFERROR(INDEX('Tabelas 2 e 3 mob'!A:K,MATCH(A41,'Tabelas 2 e 3 mob'!A:A,0),9),\"ERRO\")","v":"E9018"},1,2,0.5,{"$f":"IF(C41=\"Veículo(s) da própria frota.\",0,INDEX(Equipamentos!B:K,MATCH(C41,Equipamentos!A:A,0),9))","v":541.97360000000003},9.0328933333333339,"E9685"]
["E9515",{"$f":"VLOOKUP(A42,Equipamentos!$A:$K,2,FALSE)","v":"Escavadeira hidráulica sobre esteiras com caçamba com capacidade de 1,56 m³ - 118 kW"},{"$f":"IFERROR(INDEX('Tabelas 2 e 3 mob'!A:K,MATCH(A42,'Tabelas 2 e 3 mob'!A:A,0),9),\"ERRO\")","v":"E9666"},1,2,1,{"$f":"IF(C42=\"Veículo(s) da própria frota.\",0,INDEX(Equipamentos!B:K,MATCH(C42,Equipamentos!A:A,0),9))","v":455.85899999999998},15.1953,"E9577"]
["E9506",{"$f":"VLOOKUP(A43,Equipamentos!$A:$K,2,FALSE)","v":"Caminhão basculante com capacidade de 6 m³ - 136 kW"},{"$f":"IFERROR(INDEX('Tabelas 2 e 3 mob'!A:K,MATCH(A43,'Tabelas 2 e 3 mob'!A:A,0),9),\"ERRO\")","v":"E9506"},0,1,1,{"$f":"IF(C43=\"Veículo(s) da própria frota.\",0,INDEX(Equipamentos!B:K,MATCH(C43,Equipamentos!A:A,0),9))","v":185.2131},0,"E9687"]
["E9256",{"$f":"VLOOKUP(A44,Equipamentos!$A:$K,2,FALSE)","v":"Equipamento para pintura com cal rebocável com dois bicos aplicadores e capacidade de 2.200 l"},{"$f":"IFERROR(INDEX('Tabelas 2 e 3 mob'!A:K,MATCH(A44,'Tabelas 2 e 3 mob'!A:A,0),9),\"ERRO\")","v":"Veículo(s) da própria frota."},1,2,0,{"$f":"IF(C44=\"Veículo(s) da própria frota.\",0,INDEX(Equipamentos!B:K,MATCH(C44,Equipamentos!A:A,0),9))","v":0},0,"E9010"]
["E9156",{"$f":"VLOOKUP(A45,Equipamentos!$A:$K,2,FALSE)","v":"Soprador de ar costal - 2,6 kW"},{"$f":"IFERROR(INDEX('Tabelas 2 e 3 mob'!A:K,MATCH(A45,'Tabelas 2 e 3 mob'!A:A,0),9),\"ERRO\")","v":"Veículo(s) da própria frota."},1,2,0,{"$f":"IF(C45=\"Veículo(s) da própria frota.\",0,INDEX(Equipamentos!B:K,MATCH(C45,Equipamentos!A:A,0),9))","v":0},0,"E9519"]
["E9146",{"$f":"VLOOKUP(A46,Equipamentos!$A:$K,2,FALSE)","v":"Caminhão silo com capacidade de 30 m³ - 368 kW"},{"$f":"IFERROR(INDEX('Tabelas 2 e 3 mob'!A:K,MATCH(A46,'Tabelas 2 e 3 mob'!A:A,0),9),\"ERRO\")","v":"E9146"},1,1,1,{"$f":"IF(C46=\"Veículo(s) da própria frota.\",0,INDEX(Equipamentos!B:K,MATCH(C46,Equipamentos!A:A,0),9))","v":608.08659999999998},10.134776666666665,"E9071"]
["E9010",{"$f":"VLOOKUP(A47,Equipamentos!$A:$K,2,FALSE)","v":"Balança plataforma digital à bateria, com mesa de 75 x 75 cm e capacidade de 500 kg"},{"$f":"IFERROR(INDEX('Tabelas 2 e 3 mob'!A:K,MATCH(A47,'Tabelas 2 e 3 mob'!A:A,0),9),\"ERRO\")","v":"Veículo(s) da própria frota."},1,2,0,{"$f":"IF(C47=\"Veículo(s) da própria frota.\",0,INDEX(Equipamentos!B:K,MATCH(C47,Equipamentos!A:A,0),9))","v":0},0,"E9064"]
["E9519",{"$f":"VLOOKUP(A48,Equipamentos!$A:$K,2,FALSE)","v":"Betoneira com motor a gasolina com capacidade de 600 l - 10 kW"},{"$f":"IFERROR(INDEX('Tabelas 2 e 3 mob'!A:K,MATCH(A48,'Tabelas 2 e 3 mob'!A:A,0),9),\"ERRO\")","v":"Veículo(s) da própria frota."},1,2,0,{"$f":"IF(C48=\"Veículo(s) da própria frota.\",0,INDEX(Equipamentos!B:K,MATCH(C48,Equipamentos!A:A,0),9))","v":0},0,"E9066"]
["E9071",{"$f":"VLOOKUP(A49,Equipamentos!$A:$K,2,FALSE)","v":"Transportador manual carrinho de mão com capacidade de 80 l"},{"$f":"IFERROR(INDEX('Tabelas 2 e 3 mob'!A:K,MATCH(A49,'Tabelas 2 e 3 mob'!A:A,0),9),\"ERRO\")","v":"Veículo(s) da própria frota."},1,2,0,{"$f":"IF(C49=\"Veículo(s) da própria frota.\",0,INDEX(Equipamentos!B:K,MATCH(C49,Equipamentos!A:A,0),9))","v":0},0,"E9535"]
["E9064",{"$f":"VLOOKUP(A50,Equipamentos!$A:$K,2,FALSE)","v":"Transportador manual gerica com capacidade de 180 l"},{"$f":"IFERROR(INDEX('Tabelas 2 e 3 mob'!A:K,MATCH(A50,'Tabelas 2 e 3 mob'!A:A,0),9),\"ERRO\")","v":"Veículo(s) da própria frota."},1,2,0,{"$f":"IF(C50=\"Veículo(s) da própria frota.\",0,INDEX(Equipamentos!B:K,MATCH(C50,Equipamentos!A:A,0),9))","v":0},0]
["E9066",{"$f":"VLOOKUP(A51,Equipamentos!$A:$K,2,FALSE)","v":"Grupo gerador - 14 kVA"},{"$f":"IFERROR(INDEX('Tabelas 2 e 3 mob'!A:K,MATCH(A51,'Tabelas 2 e 3 mob'!A:A,0),9),\"ERRO\")","v":"Veículo(s) da própria frota."},1,2,0,{"$f":"IF(C51=\"Veículo(s) da própria frota.\",0,INDEX(Equipamentos!B:K,MATCH(C51,Equipamentos!A:A,0),9))","v":0},0]
["E9535",{"$f":"VLOOKUP(A52,Equipamentos!$A:$K,2,FALSE)","v":"Serra circular com bancada - D = 30 cm - 4 kW"},{"$f":"IFERROR(INDEX('Tabelas 2 e 3 mob'!A:K,MATCH(A52,'Tabelas 2 e 3 mob'!A:A,0),9),\"ERRO\")","v":"Veículo(s) da própria frota."},1,2,0,{"$f":"IF(C52=\"Veículo(s) da própria frota.\",0,INDEX(Equipamentos!B:K,MATCH(C52,Equipamentos!A:A,0),9))","v":0},0]
["E9507",{"$f":"VLOOKUP(A53,Equipamentos!$A:$K,2,FALSE)","v":"Plotadora de recorte com computador e programa computacional"},{"$f":"IFERROR(INDEX('Tabelas 2 e 3 mob'!A:K,MATCH(A53,'Tabelas 2 e 3 mob'!A:A,0),9),\"ERRO\")","v":"Veículo(s) da própria frota."},1,2,0,{"$f":"IF(C53=\"Veículo(s) da própria frota.\",0,INDEX(Equipamentos!B:K,MATCH(C53,Equipamentos!A:A,0),9))","v":0},0]
["E9568",{"$f":"VLOOKUP(A54,Equipamentos!$A:$K,2,FALSE)","v":"Furadeira de impacto de 12,5 mm - 0,80 kW"},{"$f":"IFERROR(INDEX('Tabelas 2 e 3 mob'!A:K,MATCH(A54,'Tabelas 2 e 3 mob'!A:A,0),9),\"ERRO\")","v":"Veículo(s) da própria frota."},1,2,0,{"$f":"IF(C54=\"Veículo(s) da própria frota.\",0,INDEX(Equipamentos!B:K,MATCH(C54,Equipamentos!A:A,0),9))","v":0},0]
["E9753",{"$f":"VLOOKUP(A55,Equipamentos!$A:$K,2,FALSE)","v":"Grupo gerador - 23 kVA"},{"$f":"IFERROR(INDEX('Tabelas 2 e 3 mob'!A:K,MATCH(A55,'Tabelas 2 e 3 mob'!A:A,0),9),\"ERRO\")","v":"Veículo(s) da própria frota."},1,2,0,{"$f":"IF(C55=\"Veículo(s) da própria frota.\",0,INDEX(Equipamentos!B:K,MATCH(C55,Equipamentos!A:A,0),9))","v":0},0]
["E9623",{"$f":"VLOOKUP(A56,Equipamentos!$A:$K,2,FALSE)","v":"Máquina de bancada guilhotina - 4,00 kW"},{"$f":"IFERROR(INDEX('Tabelas 2 e 3 mob'!A:K,MATCH(A56,'Tabelas 2 e 3 mob'!A:A,0),9),\"ERRO\")","v":"Veículo(s) da própria frota."},1,2,0,{"$f":"IF(C56=\"Veículo(s) da própria frota.\",0,INDEX(Equipamentos!B:K,MATCH(C56,Equipamentos!A:A,0),9))","v":0},0]
["E9622",{"$f":"VLOOKUP(A57,Equipamentos!$A:$K,2,FALSE)","v":"Máquina de bancada universal para corte de chapa - 1,50 kW"},{"$f":"IFERROR(INDEX('Tabelas 2 e 3 mob'!A:K,MATCH(A57,'Tabelas 2 e 3 mob'!A:A,0),9),\"ERRO\")","v":"Veículo(s) da própria frota."},1,2,0,{"$f":"IF(C57=\"Veículo(s) da própria frota.\",0,INDEX(Equipamentos!B:K,MATCH(C57,Equipamentos!A:A,0),9))","v":0},0]
["E9678",{"$f":"VLOOKUP(A58,Equipamentos!$A:$K,2,FALSE)","v":"Fresadora a frio - 455 kW"},{"$f":"IFERROR(INDEX('Tabelas 2 e 3 mob'!A:K,MATCH(A58,'Tabelas 2 e 3 mob'!A:A,0),9),\"ERRO\")","v":"E9666"},0,2,1,{"$f":"IF(C58=\"Veículo(s) da própria frota.\",0,INDEX(Equipamentos!B:K,MATCH(C58,Equipamentos!A:A,0),9))","v":455.85899999999998},{"$f":"((D58*E58*F58)/$H$8)*G58","v":0}]
[{"$nulls":6},"TOTAL",{"$f":"SUM(H13:H58)","v":188.61891833333334}]
[]
[]
[]
[]
["CUSTO TOTAL MOBILIZAÇÃO E DESMOBILIZAÇÃO"]
["DESCRIÇÃO","VALOR"]
["Custo Transporte (R$/km)",{"$f":"H59","v":188.61891833333334}]
["BDI (%)",{"$f":"CAPA!D14","v":0.2339}]
["Custo Transporte (R$/km) com BDI",{"$f":"TRUNC(B66+(B66*B67),2)","v":232.73}]
["Desconto aplicado",{"$f":"CAPA!D13","v":0}]
["Custo Transporte (R$/km) com BDI após o desconto",{"$f":"TRUNC((B68-B68*B69),2)","v":232.73}]

{"sheet":" Canteiro","index":5,"n_rows":15,"n_cols":6,"rows_kept":15,"cut":false,"hidden":false,"merged":[[14,3,14,4],[12,3,12,4],[3,0,3,5],[3,9,4,9],[4,7,4,8],[9,3,9,4],[11,3,11,4]]}
[]
[]
[]
["CANTEIRO DE OBRAS "]
["Descrição dos serviços","Tipo de container","Unidade","Quantidade","Preço unitário (R$)","Total (R$)"]
["Escritório e seção técnica (Área = 29,72 m2)"]
[{"$f":"VLOOKUP(B7,'INSUMOS SINAPI'!A:E,2,0)","v":"LOCACAO DE CONTAINER 2,30 X 6,00 M, ALT. 2,50 M, PARA ESCRITORIO, SEM DIVISORIAS INTERNAS E SEM SANITARIO (NAO INCLUI MOBILIZACAO/DESMOBILIZACAO)"},10776,"und",1,{"$f":"VLOOKUP(B7,'INSUMOS SINAPI'!A:E,5,0)","v":706.05},{"$f":"TRUNC(D7*E7,2)","v":706.05}]
["Banheiro e vestiário (Área = 14,77m²)"]
[{"$f":"VLOOKUP(B9,'INSUMOS SINAPI'!A:E,2,0)","v":"LOCACAO DE CONTAINER 2,30 X 4,30 M, ALT. 2,50 M, PARA SANITARIO, COM 3 BACIAS, 4 CHUVEIROS, 1 LAVATORIO E 1 MICTORIO (NAO INCLUI MOBILIZACAO/DESMOBILIZACAO)"},10777,"und",1,{"$f":"VLOOKUP(B9,'INSUMOS SINAPI'!A:E,5,0)","v":1026.1300000000001},{"$f":"TRUNC(D9*E9,2)","v":1026.1300000000001}]
[null,null,null,"Subtotal de estruturas",null,{"$f":"SUM(F7:F9)","v":1732.18}]
[null,null,null,"DURAÇÃO (MESES)",12,{"$f":"F10*E11","v":20786.16}]
[null,null,null,"BDI",null,{"$f":"CAPA!D14","v":0.2339}]
[null,null,null,"TOTAL DO CANTEIRO (com BDI)",null,{"$f":"TRUNC((F11+(F11*F12)),2)","v":25648.04}]
[null,null,null,"DESCONTO",null,{"$f":"CAPA!D13","v":0}]
[null,null,null,"TOTAL DO CANTEIRO APÓS O DESCONTO (com BDI)",null,{"$f":"TRUNC((F13-F13*F14),2)","v":25648.04}]

{"sheet":"CPU CODEVASF","index":6,"n_rows":73,"n_cols":9,"rows_kept":73,"cut":false,"hidden":false,"merged":[[62,7,63,7],[68,4,68,6],[62,0,63,0],[62,1,63,1],[62,2,63,2],[62,3,63,3],[62,4,63,4],[62,5,63,5],[8,0,9,0],[8,1,9,1],[8,2,9,2],[8,3,9,3],[8,4,9,4],[7,0,7,7],[0,0,2,7],[3,0,3,7],[4,0,6,3],[4,6,4,7],[5,4,6,5],[8,7,9,7],[32,7,33,7],[35,4,35,6],[22,7,23,7],[25,4,25,6],[22,5,23,5],[22,6,23,6],[15,4,15,6],[18,5,18,6],[8,5,9,5],[8,6,9,6],[19,5,19,6],[20,3,20,6],[38,5,38,6],[28,5,28,6],[32,0,33,0],[32,1,33,1],[32,2,33,2],[32,3,33,3],[32,4,33,4],[32,5,33,5],[32,6,33,6],[29,5,29,6],[30,3,30,6],[22,0,23,0],[22,1,23,1],[22,2,23,2],[22,3,23,3],[22,4,23,4],[42,7,43,7],[42,0,43,0],[42,1,43,1],[42,2,43,2],[42,3,43,3],[42,4,43,4],[52,7,53,7],[55,4,55,6],[58,5,58,6],[45,4,45,6],[48,5,48,6],[52,5,53,5],[52,6,53,6],[52,0,53,0],[52,1,53,1],[52,2,53,2],[52,3,53,3],[52,4,53,4],[60,3,60,6],[71,5,71,6],[72,3,72,6],[39,5,39,6],[40,3,40,6],[49,5,49,6],[50,3,50,6],[59,5,59,6],[42,5,43,5],[42,6,43,6],[70,5,70,6],[62,6,63,6]]}
[]
[]
[]
[{"$f":"'MODULO MINIMO'!B1","v":"EXECUÇÃO DE SERVIÇOS DE PAVIMENTAÇÃO COM TRATAMENTO SUPERFICIAL DUPLO EM VIAS DE MUNICÍPIOS DIVERSOS INSERIDOS NA ÁREA DE ATUAÇÃO DA CODEVASF, NO ESTADO MARANHÃO"}]
[{"$nulls":5},"BDI %:",{"$f":"CAPA!D14","v":0.2339}]
[{"$nulls":4},"Encargos Sociais:",null,"Horista","Mensalista"]
[{"$nulls":6},{"$f":"'ENC. SOCIAIS'!E51/100","v":1.1273},{"$f":"'ENC. SOCIAIS'!F51/100","v":0.70189999999999997}]
["COMPOSIÇÕES DE CUSTO UNITARIO"]
["CPU-12","CODEVASF",null,"Correção de vazamentos no ramal na rua sem pavimento com fornecimento do material hidráulico","m","COEF.","PRECO UNITÁRIO (R$)","TOTAL (R$)"]
[]
["SICRO","SICRO","P9824",{"$f":"VLOOKUP(C11,'Pessoal Sicro'!$A$5:$G$1048576,2,0)","v":"Servente"},"H",0.2,{"$f":"VLOOKUP(C11,'Pessoal Sicro'!$A$5:$G$1048576,6,0)","v":21.340599999999998},{"$f":"F11*G11","v":4.2681199999999997}]
["SICRO","SICRO","P9807",{"$f":"VLOOKUP(C12,'Pessoal Sicro'!$A$5:$G$1048576,2,0)","v":"Bombeiro hidráulico"},"H",0.1,{"$f":"VLOOKUP(C12,'Pessoal Sicro'!$A$5:$G$1048576,6,0)","v":31.334299999999999},{"$f":"F12*G12","v":3.1334300000000002}]
["INS. SINAPI","SINAPI",9867,"TUBO PVC, SOLDAVEL, DN 20 MM, AGUA FRIA (NBR-5648)","m",1,{"$f":"IFERROR(VLOOKUP(C13,'INSUMOS SINAPI'!A:E,5,FALSE),VLOOKUP(C13,'COMP Sint. Sinapi'!G:K,5,FALSE))","v":3.61},3.61]
["INSUMO","ORSE",10585,"Arco de serra","un",0.1,19.899999999999999,1.99]
["INS. SINAPI","SINAPI",3859,"LUVA SOLDAVEL COM ROSCA, PVC, 20 MM X 1/2\", PARA AGUA FRIA PREDIAL","un",2,{"$f":"IFERROR(VLOOKUP(C15,'INSUMOS SINAPI'!A:E,5,FALSE),VLOOKUP(C15,'COMP Sint. Sinapi'!G:K,5,FALSE))","v":1.3},2.6]
[{"$nulls":4},"Sub total:",null,null,{"$f":"SUM(H11:H15)","v":15.60155}]
[{"$nulls":5},"BDI",{"$f":"CAPA!D14","v":0.2339},{"$f":"H16*G17","v":3.6492025449999996}]
[{"$nulls":6},"Total Serviços:",{"$f":"H16+H17","v":19.250752544999997}]
[{"$nulls":4},{"$f":"A9","v":"CPU-12"},"PREÇO UNITÁRIO TOTAL:",null,{"$f":"H18","v":19.250752544999997},{"$f":"H16","v":15.60155}]
[{"$nulls":5},"DESCONTO APLICADO:",null,{"$f":"CAPA!$D$13","v":0}]
[null,null,null,"PREÇO UNITÁRIO COM BDI APÓS O DESCONTO:",null,null,null,{"$f":"TRUNC((H19-H19*H20),2)","v":19.25}]
[]
["CPU-14","CODEVASF",null,"AQUISIÇÃO DE EAI","t","COEF.","PRECO UNITÁRIO (R$)","TOTAL (R$)"]
[]
[null,null,null,"EAI","t",1,{"$f":"RESUMO_Transp!$V$17","v":3094.8906713399842},{"$f":"F25*G25","v":3094.8906713399842}]
[{"$nulls":4},"Sub total:",null,null,{"$f":"SUM(H25)","v":3094.8906713399842}]
[{"$nulls":5},"BDI",{"$f":"CAPA!D15","v":0.15},{"$f":"H26*G27","v":464.23360070099761}]
[{"$nulls":6},"Total Serviços:",{"$f":"H26+H27","v":3559.1242720409819}]
[{"$nulls":4},{"$f":"A23","v":"CPU-14"},"PREÇO UNITÁRIO TOTAL:",null,{"$f":"H28","v":3559.1242720409819},{"$f":"H26","v":3094.8906713399842}]
[{"$nulls":5},"DESCONTO APLICADO:",null,{"$f":"CAPA!$D$13","v":0}]
[null,null,null,"PREÇO UNITÁRIO COM BDI APÓS O DESCONTO:",null,null,null,{"$f":"TRUNC((H29-H29*H30),2)","v":3559.12}]
[]
["CPU-15","CODEVASF",null,"AQUISIÇÃO DE EMULSÃO ASFÁLTICA RR-2C","t","COEF.","PRECO UNITÁRIO (R$)","TOTAL (R$)"]
[]
[null,null,null,"EMULSÃO ASFÁLTICA RR-2C","t",1,{"$f":"RESUMO_Transp!$V$24","v":4036.352422310928},{"$f":"F35*G35","v":4036.352422310928}]
[{"$nulls":4},"Sub total:",null,null,{"$f":"SUM(H35)","v":4036.352422310928}]
[{"$nulls":5},"BDI",{"$f":"CAPA!D15","v":0.15},{"$f":"H36*G37","v":605.45286334663922}]
[{"$nulls":6},"Total Serviços:",{"$f":"TRUNC(H36+H37,2)","v":4641.8}]
[{"$nulls":4},{"$f":"A33","v":"CPU-15"},"PREÇO UNITÁRIO TOTAL:",null,{"$f":"H38","v":4641.8},{"$f":"H36","v":4036.352422310928}]
[{"$nulls":5},"DESCONTO APLICADO:",null,{"$f":"CAPA!$D$13","v":0}]
[null,null,null,"PREÇO UNITÁRIO COM BDI APÓS O DESCONTO:",null,null,null,{"$f":"TRUNC((H39-H39*H40),2)","v":4641.8}]
[]
["CPU-18","CODEVASF",null,"TRANSPORTE DE EAI","t","COEF.","PRECO UNITÁRIO (R$)","TOTAL (R$)"]
[]
[null,null,null,"TRANSPORTE DE EAI","t",1,{"$f":"RESUMO_Transp!$U$17","v":1505.2423809523812},{"$f":"F45*G45","v":1505.2423809523812}]
[{"$nulls":4},"Sub total:",null,null,{"$f":"SUM(H45)","v":1505.2423809523812}]
[{"$nulls":5},"BDI",{"$f":"CAPA!D15","v":0.15},{"$f":"H46*G47","v":225.78635714285716}]
[{"$nulls":6},"Total Serviços:",{"$f":"TRUNC(H46+H47,2)","v":1731.02}]
[{"$nulls":4},{"$f":"A43","v":"CPU-18"},"PREÇO UNITÁRIO TOTAL:",null,{"$f":"H48","v":1731.02},{"$f":"H46","v":1505.2423809523812}]
[{"$nulls":5},"DESCONTO APLICADO:",null,{"$f":"CAPA!$D$13","v":0}]
[null,null,null,"PREÇO UNITÁRIO COM BDI APÓS O DESCONTO:",null,null,null,{"$f":"TRUNC((H49-H49*H50),2)","v":1731.02}]
[]
["CPU-19","CODEVASF",null,"TRANSPORTE DE EMULSÃO ASFÁLTICA RR-2C","t","COEF.","PRECO UNITÁRIO (R$)","TOTAL (R$)"]
[]
[null,null,null,"TRANSPORTE DE EMULSÃO ASFÁLTICA RR-2C","t",1,{"$f":"RESUMO_Transp!$U$24","v":969.04},{"$f":"F55*G55","v":969.04}]
[{"$nulls":4},"Sub total:",null,null,{"$f":"SUM(H55)","v":969.04}]
[{"$nulls":5},"BDI",{"$f":"CAPA!D15","v":0.15},{"$f":"H56*G57","v":145.35599999999999}]
[{"$nulls":6},"Total Serviços:",{"$f":"H56+H57","v":1114.396}]
[{"$nulls":4},{"$f":"A53","v":"CPU-19"},"PREÇO UNITÁRIO TOTAL:",null,{"$f":"H58","v":1114.396},{"$f":"H56","v":969.04}]
[{"$nulls":5},"DESCONTO APLICADO:",null,{"$f":"CAPA!$D$13","v":0}]
[null,null,null,"PREÇO UNITÁRIO COM BDI APÓS O DESCONTO:",null,null,null,{"$f":"TRUNC((H59-H59*H60),2)","v":1114.3900000000001}]
[]
["CPU-20","CODEVASF",null,"CONTROLE TECNOLÓGICO - PROJETO","m²","COEF.","PRECO UNITÁRIO (R$)","TOTAL (R$)"]
[]
["Insumo","SICRO","P9858","Laboratorista","mês",{"$f":"0.15/14000","v":1.0714285714285714E-5},{"$f":"'Pessoal Sicro'!F47","v":7399.5429999999997},{"$f":"F65*G65","v":7.9280817857142846E-2}]
["Composição","SICRO","P9833","Auxiliar de Laboratório","mês",{"$f":"0.15/14000","v":1.0714285714285714E-5},{"$f":"'Pessoal Sicro'!F29","v":5646.9454999999998},6.0502987499999994E-2]
["Composição","SICRO","*B8957","Laboratório de Solos","mês",1.0714285714285714E-5,{"$f":"'Tabelas 1 e 2'!G21","v":3520.5},{"$f":"F67*G67","v":3.7719642857142854E-2}]
["Composição","SICRO","*B8955","Laboratório de Asfalto","mês",1.0714285714285714E-5,{"$f":"'Tabelas 1 e 2'!G19","v":5952.38},{"$f":"F68*G68","v":6.3775499999999999E-2}]
[null,"*Relatório de Custos Gerais do DNIT, página 1",null,null,"Sub total:",null,null,{"$f":"SUM(H65:H68)","v":0.24127894821428569}]
[{"$nulls":5},"BDI",{"$f":"CAPA!D14","v":0.2339},{"$f":"H69*G70","v":5.6435145987321425E-2}]
[{"$nulls":4},"CPU-20","PREÇO UNITÁRIO TOTAL:",null,{"$f":"TRUNC(H70+H69,2)","v":0.28999999999999998},{"$f":"H69","v":0.24127894821428569}]
[{"$nulls":5},"DESCONTO APLICADO:",null,{"$f":"CAPA!$D$13","v":0}]
[null,null,null,"PREÇO UNITÁRIO COM BDI APÓS O DESCONTO:",null,null,null,{"$f":"TRUNC((H71-H71*H72),2)","v":0.28999999999999998}]

{"sheet":"DEMAIS COMPOSIÇÕES DE CUSTO","index":7,"n_rows":1119,"n_cols":12,"rows_kept":1119,"cut":false,"hidden":false,"merged":[[0,4,0,5],[0,6,0,7],[0,8,0,9],[0,10,0,11],[1,4,1,5],[1,6,1,7],[1,8,1,9],[1,10,1,11],[15,8,15,10],[16,8,16,10],[18,9,18,10],[20,6,20,7],[21,6,21,7],[22,2,23,2],[22,3,23,3],[22,4,23,4],[22,5,23,5],[22,6,23,6],[8,6,8,7],[9,6,9,7],[10,6,10,7],[11,6,11,7],[12,6,12,7],[14,9,14,10],[2,2,2,11],[3,2,3,11],[4,6,4,7],[5,6,5,7],[6,6,6,7],[7,6,7,7],[32,2,32,6],[32,7,32,10],[33,2,33,6],[33,7,33,10],[34,2,34,6],[34,7,34,10],[29,2,29,6],[29,7,29,10],[30,2,30,6],[30,7,30,10],[31,2,31,6],[31,7,31,10],[22,7,22,8],[22,9,22,10],[22,11,23,11],[26,2,26,6],[26,7,26,10],[27,7,27,10],[48,9,48,10],[48,11,49,11],[51,2,51,6],[51,7,51,10],[52,7,52,10],[54,2,54,6],[54,7,54,10],[46,6,46,7],[47,6,47,7],[48,2,49,2],[48,3,49,3],[48,4,49,4],[48,5,49,5],[48,6,49,6],[48,7,48,8],[35,2,35,6],[35,7,35,10],[37,9,37,10],[38,8,38,10],[39,8,39,10],[40,9,40,10],[62,9,62,10],[63,8,63,10],[64,8,64,10],[66,9,66,10],[68,6,68,7],[69,6,69,7],[58,2,58,6],[58,7,58,10],[59,2,59,6],[59,7,59,10],[60,2,60,6],[60,7,60,10],[55,2,55,6],[55,7,55,10],[56,2,56,6],[56,7,56,10],[57,2,57,6],[57,7,57,10],[83,2,83,6],[83,7,83,10],[84,2,84,6],[84,7,84,10],[85,2,85,6],[85,7,85,10],[80,2,80,6],[80,7,80,10],[81,2,81,6],[81,7,81,10],[82,2,82,6],[82,7,82,10],[70,9,70,10],[70,11,71,11],[76,2,76,6],[76,7,76,10],[77,7,77,10],[79,2,79,6],[79,7,79,10],[70,2,71,2],[70,3,71,3],[70,4,71,4],[70,5,71,5],[70,6,71,6],[70,7,70,8],[99,8,99,10],[100,8,100,10],[103,6,103,7],[104,6,104,7],[105,2,106,2],[105,3,106,3],[105,4,106,4],[105,5,106,5],[105,6,106,6],[105,7,105,8],[92,2,92,6],[92,7,92,10],[93,7,93,10],[96,2,96,6],[96,7,96,10],[98,9,98,10],[87,8,87,10],[88,8,88,10],[89,2,89,6],[89,7,89,10],[90,9,90,10],[91,9,91,10],[118,2,118,6],[118,7,118,10],[119,2,119,6],[119,7,119,10],[120,2,120,6],[120,7,120,10],[115,2,115,6],[115,7,115,10],[116,2,116,6],[116,7,116,10],[117,2,117,6],[117,7,117,10],[105,9,105,10],[105,11,106,11],[111,2,111,6],[111,7,111,10],[112,7,112,10],[114,2,114,6],[114,7,114,10],[136,9,136,10],[137,8,137,10],[138,8,138,10],[140,9,140,10],[145,6,145,7],[146,6,146,7],[127,9,127,10],[128,9,128,10],[129,2,129,6],[129,7,129,10],[130,7,130,10],[134,2,134,6],[134,7,134,10],[122,8,122,10],[123,8,123,10],[124,8,124,10],[125,2,125,6],[125,7,125,10],[126,9,126,10],[155,2,155,6],[155,7,155,10],[156,2,156,6],[156,7,156,10],[157,2,157,6],[157,7,157,10],[147,9,147,10],[147,11,148,11],[151,2,151,6],[151,7,151,10],[152,7,152,10],[154,2,154,6],[154,7,154,10],[147,2,148,2],[147,3,148,3],[147,4,148,4],[147,5,148,5],[147,6,148,6],[147,7,147,8],[169,9,169,10],[171,6,171,7],[172,6,172,7],[173,2,174,2],[173,3,174,3],[173,4,174,4],[173,5,174,5],[173,6,174,6],[173,7,173,8],[173,9,173,10],[162,8,162,10],[163,2,163,6],[163,7,163,10],[165,9,165,10],[166,8,166,10],[167,8,167,10],[158,2,158,6],[158,7,158,10],[159,2,159,6],[159,7,159,10],[160,2,160,6],[160,7,160,10],[184,2,184,6],[184,7,184,10],[185,2,185,6],[185,7,185,10],[186,2,186,6],[186,7,186,10],[181,2,181,6],[181,7,181,10],[182,2,182,6],[182,7,182,10],[183,2,183,6],[183,7,183,10],[173,11,174,11],[177,2,177,6],[177,7,177,10],[178,7,178,10],[180,2,180,6],[180,7,180,10],[199,11,200,11],[207,2,207,6],[207,7,207,10],[208,7,208,10],[210,2,210,6],[210,7,210,10],[195,9,195,10],[197,6,197,7],[198,6,198,7],[199,2,200,2],[199,3,200,3],[199,4,200,4],[199,5,200,5],[199,6,200,6],[199,7,199,8],[199,9,199,10],[188,8,188,10],[189,2,189,6],[189,7,189,10],[191,9,191,10],[192,8,192,10],[193,8,193,10],[218,8,218,10],[219,2,219,6],[219,7,219,10],[220,9,220,10],[221,9,221,10],[222,2,222,6],[222,7,222,10],[214,2,214,6],[214,7,214,10],[215,2,215,6],[215,7,215,10],[216,2,216,6],[216,7,216,10],[211,2,211,6],[211,7,211,10],[212,2,212,6],[212,7,212,10],[213,2,213,6],[213,7,213,10],[236,11,237,11],[244,2,244,6],[244,7,244,10],[245,7,245,10],[247,2,247,6],[247,7,247,10],[231,9,231,10],[234,6,234,7],[235,6,235,7],[236,2,237,2],[236,3,237,3],[236,4,237,4],[236,5,237,5],[236,6,237,6],[236,7,236,8],[236,9,236,10],[223,7,223,10],[226,2,226,6],[226,7,226,10],[228,9,228,10],[229,8,229,10],[230,8,230,10],[255,8,255,10],[256,2,256,6],[256,7,256,10],[257,9,257,10],[258,9,258,10],[259,2,259,6],[259,7,259,10],[251,2,251,6],[251,7,251,10],[252,2,252,6],[252,7,252,10],[253,2,253,6],[253,7,253,10],[248,2,248,6],[248,7,248,10],[249,2,249,6],[249,7,249,10],[250,2,250,6],[250,7,250,10],[273,11,274,11],[281,2,281,6],[281,7,281,10],[282,7,282,10],[284,2,284,6],[284,7,284,10],[269,9,269,10],[271,6,271,7],[272,6,272,7],[273,2,274,2],[273,3,274,3],[273,4,274,4],[273,5,274,5],[273,6,274,6],[273,7,273,8],[273,9,273,10],[260,7,260,10],[263,2,263,6],[263,7,263,10],[265,9,265,10],[266,8,266,10],[267,8,267,10],[292,9,292,10],[293,8,293,10],[294,8,294,10],[296,9,296,10],[298,6,298,7],[299,6,299,7],[288,2,288,6],[288,7,288,10],[289,2,289,6],[289,7,289,10],[290,2,290,6],[290,7,290,10],[285,2,285,6],[285,7,285,10],[286,2,286,6],[286,7,286,10],[287,2,287,6],[287,7,287,10],[311,2,311,6],[311,7,311,10],[312,2,312,6],[312,7,312,10],[313,2,313,6],[313,7,313,10],[308,2,308,6],[308,7,308,10],[309,2,309,6],[309,7,309,10],[310,2,310,6],[310,7,310,10],[300,9,300,10],[300,11,301,11],[303,2,303,6],[303,7,303,10],[304,7,304,10],[307,2,307,6],[307,7,307,10],[300,2,301,2],[300,3,301,3],[300,4,301,4],[300,5,301,5],[300,6,301,6],[300,7,300,8],[326,11,327,11],[329,2,329,6],[329,7,329,10],[330,7,330,10],[333,2,333,6],[333,7,333,10],[322,9,322,10],[324,6,324,7],[325,6,325,7],[326,2,327,2],[326,3,327,3],[326,4,327,4],[326,5,327,5],[326,6,327,6],[326,7,326,8],[326,9,326,10],[315,8,315,10],[316,2,316,6],[316,7,316,10],[318,9,318,10],[319,8,319,10],[320,8,320,10],[341,8,341,10],[342,2,342,6],[342,7,342,10],[344,9,344,10],[345,8,345,10],[346,8,346,10],[337,2,337,6],[337,7,337,10],[338,2,338,6],[338,7,338,10],[339,2,339,6],[339,7,339,10],[334,2,334,6],[334,7,334,10],[335,2,335,6],[335,7,335,10],[336,2,336,6],[336,7,336,10],[360,2,360,6],[360,7,360,10],[361,2,361,6],[361,7,361,10],[362,2,362,6],[362,7,362,10],[352,11,353,11],[355,2,355,6],[355,7,355,10],[356,7,356,10],[359,2,359,6],[359,7,359,10],[348,9,348,10],[350,6,350,7],[351,6,351,7],[352,2,353,2],[352,3,353,3],[352,4,353,4],[352,5,353,5],[352,6,353,6],[352,7,352,8],[352,9,352,10],[373,2,373,6],[373,7,373,10],[374,9,374,10],[375,9,375,10],[376,9,376,10],[377,2,377,6],[377,7,377,10],[367,8,367,10],[368,8,368,10],[369,2,369,6],[369,7,369,10],[371,8,371,10],[372,8,372,10],[363,2,363,6],[363,7,363,10],[364,2,364,6],[364,7,364,10],[365,2,365,6],[365,7,365,10],[392,11,393,11],[395,2,395,6],[395,7,395,10],[396,7,396,10],[399,2,399,6],[399,7,399,10],[388,9,388,10],[390,6,390,7],[391,6,391,7],[392,2,393,2],[392,3,393,3],[392,4,393,4],[392,5,393,5],[392,6,393,6],[392,7,392,8],[392,9,392,10],[378,7,378,10],[382,2,382,6],[382,7,382,10],[384,9,384,10],[385,8,385,10],[386,8,386,10],[407,8,407,10],[408,8,408,10],[409,8,409,10],[410,8,410,10],[411,8,411,10],[412,2,412,6],[412,7,412,10],[403,2,403,6],[403,7,403,10],[404,2,404,6],[404,7,404,10],[405,2,405,6],[405,7,405,10],[400,2,400,6],[400,7,400,10],[401,2,401,6],[401,7,401,10],[402,2,402,6],[402,7,402,10],[431,9,431,10],[433,6,433,7],[434,6,434,7],[435,2,435,6],[435,7,435,10],[436,2,436,6],[436,7,436,10],[419,7,419,10],[425,2,425,6],[425,7,425,10],[427,9,427,10],[428,8,428,10],[429,8,429,10],[413,9,413,10],[414,9,414,10],[415,9,415,10],[416,9,416,10],[417,9,417,10],[418,2,418,6],[418,7,418,10],[447,9,447,10],[448,8,448,10],[449,8,449,10],[451,9,451,10],[453,6,453,7],[454,6,454,7],[441,8,441,10],[442,8,442,10],[443,8,443,10],[444,8,444,10],[445,2,445,6],[445,7,445,10],[437,2,437,6],[437,7,437,10],[438,2,438,6],[438,7,438,10],[439,2,439,6],[439,7,439,10],[464,2,464,6],[464,7,464,10],[465,2,465,6],[465,7,465,10],[466,2,466,6],[466,7,466,10],[455,9,455,10],[455,11,456,11],[460,2,460,6],[460,7,460,10],[461,7,461,10],[463,2,463,6],[463,7,463,10],[455,2,456,2],[455,3,456,3],[455,4,456,4],[455,5,456,5],[455,6,456,6],[455,7,455,8],[477,8,477,10],[478,8,478,10],[480,9,480,10],[482,6,482,7],[483,6,483,7],[484,2,485,2],[484,3,485,3],[484,4,485,4],[484,5,485,5],[484,6,485,6],[471,8,471,10],[472,8,472,10],[473,8,473,10],[474,2,474,6],[474,7,474,10],[476,9,476,10],[467,2,467,6],[467,7,467,10],[468,2,468,6],[468,7,468,10],[469,2,469,6],[469,7,469,10],[492,2,492,6],[492,7,492,10],[494,9,494,10],[495,8,495,10],[496,8,496,10],[498,9,498,10],[489,2,489,6],[489,7,489,10],[490,2,490,6],[490,7,490,10],[491,2,491,6],[491,7,491,10],[484,7,484,8],[484,9,484,10],[484,11,485,11],[487,2,487,6],[487,7,487,10],[488,2,488,6],[488,7,488,10],[507,2,507,6],[507,7,507,10],[508,2,508,6],[508,7,508,10],[509,2,509,6],[509,7,509,10],[502,9,502,10],[502,11,503,11],[505,2,505,6],[505,7,505,10],[506,2,506,6],[506,7,506,10],[500,6,500,7],[501,6,501,7],[502,2,503,2],[502,3,503,3],[502,4,503,4],[502,5,503,5],[502,6,503,6],[502,7,502,8],[520,9,520,10],[520,11,521,11],[523,2,523,6],[523,7,523,10],[524,2,524,6],[524,7,524,10],[518,6,518,7],[519,6,519,7],[520,2,521,2],[520,3,521,3],[520,4,521,4],[520,5,521,5],[520,6,521,6],[520,7,520,8],[510,2,510,6],[510,7,510,10],[512,9,512,10],[513,8,513,10],[514,8,514,10],[516,9,516,10],[536,6,536,7],[537,6,537,7],[538,2,539,2],[538,3,539,3],[538,4,539,4],[538,5,539,5],[538,6,539,6],[538,7,538,8],[528,2,528,6],[528,7,528,10],[530,9,530,10],[531,8,531,10],[532,8,532,10],[534,9,534,10],[525,2,525,6],[525,7,525,10],[526,2,526,6],[526,7,526,10],[527,2,527,6],[527,7,527,10],[546,2,546,6],[546,7,546,10],[548,9,548,10],[549,8,549,10],[550,8,550,10],[552,9,552,10],[543,2,543,6],[543,7,543,10],[544,2,544,6],[544,7,544,10],[545,2,545,6],[545,7,545,10],[538,9,538,10],[538,11,539,11],[541,2,541,6],[541,7,541,10],[542,2,542,6],[542,7,542,10],[561,2,561,6],[561,7,561,10],[562,2,562,6],[562,7,562,10],[563,2,563,6],[563,7,563,10],[556,9,556,10],[556,11,557,11],[559,2,559,6],[559,7,559,10],[560,2,560,6],[560,7,560,10],[554,6,554,7],[555,6,555,7],[556,2,557,2],[556,3,557,3],[556,4,557,4],[556,5,557,5],[556,6,557,6],[556,7,556,8],[574,9,574,10],[574,11,575,11],[577,2,577,6],[577,7,577,10],[578,2,578,6],[578,7,578,10],[572,6,572,7],[573,6,573,7],[574,2,575,2],[574,3,575,3],[574,4,575,4],[574,5,575,5],[574,6,575,6],[574,7,574,8],[564,2,564,6],[564,7,564,10],[566,9,566,10],[567,8,567,10],[568,8,568,10],[570,9,570,10],[590,6,590,7],[591,6,591,7],[592,2,593,2],[592,3,593,3],[592,4,593,4],[592,5,593,5],[592,6,593,6],[592,7,592,8],[582,2,582,6],[582,7,582,10],[584,9,584,10],[585,8,585,10],[586,8,586,10],[588,9,588,10],[579,2,579,6],[579,7,579,10],[580,2,580,6],[580,7,580,10],[581,2,581,6],[581,7,581,10],[600,2,600,6],[600,7,600,10],[602,9,602,10],[603,8,603,10],[604,8,604,10],[606,9,606,10],[597,2,597,6],[597,7,597,10],[598,2,598,6],[598,7,598,10],[599,2,599,6],[599,7,599,10],[592,9,592,10],[592,11,593,11],[595,2,595,6],[595,7,595,10],[596,2,596,6],[596,7,596,10],[615,2,615,6],[615,7,615,10],[616,2,616,6],[616,7,616,10],[617,2,617,6],[617,7,617,10],[610,9,610,10],[610,11,611,11],[613,2,613,6],[613,7,613,10],[614,2,614,6],[614,7,614,10],[608,6,608,7],[609,6,609,7],[610,2,611,2],[610,3,611,3],[610,4,611,4],[610,5,611,5],[610,6,611,6],[610,7,610,8],[628,9,628,10],[628,11,629,11],[631,2,631,6],[631,7,631,10],[632,2,632,6],[632,7,632,10],[626,6,626,7],[627,6,627,7],[628,2,629,2],[628,3,629,3],[628,4,629,4],[628,5,629,5],[628,6,629,6],[628,7,628,8],[618,2,618,6],[618,7,618,10],[620,9,620,10],[621,8,621,10],[622,8,622,10],[624,9,624,10],[652,2,652,11],[653,6,653,7],[654,6,654,7],[655,2,656,2],[655,3,656,3],[655,4,656,4],[655,5,656,5],[655,6,656,6],[655,7,655,8],[655,9,655,10],[636,2,636,6],[636,7,636,10],[638,9,638,10],[639,8,639,10],[640,8,640,10],[650,9,650,10],[633,2,633,6],[633,7,633,10],[634,2,634,6],[634,7,634,10],[635,2,635,6],[635,7,635,10],[668,2,668,6],[668,7,668,10],[669,2,669,6],[669,7,669,10],[670,2,670,6],[670,7,670,10],[665,2,665,6],[665,7,665,10],[666,2,666,6],[666,7,666,10],[667,2,667,6],[667,7,667,10],[655,11,656,11],[660,2,660,6],[660,7,660,10],[661,7,661,10],[664,2,664,6],[664,7,664,10],[685,9,685,10],[687,6,687,7],[688,6,688,7],[689,6,689,7],[690,6,690,7],[691,6,691,7],[677,9,677,10],[678,2,678,6],[678,7,678,10],[679,7,679,10],[683,2,683,6],[683,7,683,10],[672,8,672,10],[673,8,673,10],[674,2,674,6],[674,7,674,10],[675,9,675,10],[676,9,676,10],[708,6,708,7],[710,9,710,10],[712,6,712,7],[713,6,713,7],[714,6,714,7],[716,9,716,10],[700,6,700,7],[701,6,701,7],[702,6,702,7],[704,9,704,10],[706,6,706,7],[707,6,707,7],[692,6,692,7],[693,6,693,7],[694,6,694,7],[695,6,695,7],[696,6,696,7],[698,9,698,10],[725,2,725,6],[725,7,725,10],[726,2,726,6],[726,7,726,10],[727,2,727,6],[727,7,727,10],[720,9,720,10],[720,11,721,11],[723,2,723,6],[723,7,723,10],[724,2,724,6],[724,7,724,10],[718,6,718,7],[719,6,719,7],[720,2,721,2],[720,3,721,3],[720,4,721,4],[720,5,721,5],[720,6,721,6],[720,7,720,8],[739,2,739,6],[739,7,739,10],[740,2,740,6],[740,7,740,10],[741,2,741,6],[741,7,741,10],[734,7,734,8],[734,9,734,10],[734,11,735,11],[737,2,737,6],[737,7,737,10],[738,2,738,6],[738,7,738,10],[728,2,728,6],[728,7,728,10],[730,9,730,10],[732,6,732,7],[733,6,733,7],[734,2,735,2],[734,3,735,3],[734,4,735,4],[734,5,735,5],[734,6,735,6],[748,7,748,8],[748,9,748,10],[748,11,749,11],[751,2,751,6],[751,7,751,10],[752,2,752,6],[752,7,752,10],[742,2,742,6],[742,7,742,10],[744,9,744,10],[746,6,746,7],[747,6,747,7],[748,2,749,2],[748,3,749,3],[748,4,749,4],[748,5,749,5],[748,6,749,6],[762,7,762,8],[762,9,762,10],[762,11,763,11],[766,2,766,6],[766,7,766,10],[767,7,767,10],[756,2,756,6],[756,7,756,10],[758,9,758,10],[760,6,760,7],[761,6,761,7],[762,2,763,2],[762,3,763,3],[762,4,763,4],[762,5,763,5],[762,6,763,6],[753,2,753,6],[753,7,753,10],[754,2,754,6],[754,7,754,10],[755,2,755,6],[755,7,755,10],[775,2,775,6],[775,7,775,10],[777,9,777,10],[779,6,779,7],[780,6,780,7],[781,2,782,2],[781,3,782,3],[781,4,782,4],[781,5,782,5],[781,6,782,6],[772,2,772,6],[772,7,772,10],[773,2,773,6],[773,7,773,10],[774,2,774,6],[774,7,774,10],[769,2,769,6],[769,7,769,10],[770,2,770,6],[770,7,770,10],[771,2,771,6],[771,7,771,10],[790,2,790,6],[790,7,790,10],[791,2,791,6],[791,7,791,10],[792,2,792,6],[792,7,792,10],[787,2,787,6],[787,7,787,10],[788,2,788,6],[788,7,788,10],[789,2,789,6],[789,7,789,10],[781,7,781,8],[781,9,781,10],[781,11,782,11],[784,2,784,6],[784,7,784,10],[785,7,785,10],[799,7,799,8],[799,9,799,10],[799,11,800,11],[802,2,802,6],[802,7,802,10],[803,2,803,6],[803,7,803,10],[793,2,793,6]],"merged_total":1391,"flags":["merged_cut"]}
[{"$nulls":4},"Composições Analíticas com Preço Unitário",null,"Bancos",null,"B.D.I.",null,"Encargos Sociais"]
[{"$nulls":4},"Pavimentação 2025 - TSD",null,"SINAPI - 05/2025 - Maranhão\nSICRO3 - 04/2025 - Maranhão\n",null,{"$f":"CAPA!D14","v":0.2339},null,"Não Desonerado: embutido nos preços unitário dos insumos de mão de obra, de acordo com as bases."]
[null,null,"Composições Analíticas com Preço Unitário"]
[null,null,"Composições Principais"]
[null,null," 1 ","Código","Banco","Descrição","Tipo",null,"Und","Quant.","Valor Unit","Total"]
[null,null,"Composição"," 103689 ","SINAPI","FORNECIMENTO E INSTALAÇÃO DE PLACA DE OBRA COM CHAPA GALVANIZADA E ESTRUTURA DE MADEIRA. AF_03/2022_PS","PAVI - PAVIMENTAÇÃO",null,"m²",1,468.31,468.31]
[null,null,"Composição Auxiliar"," 88262 ","SINAPI","CARPINTEIRO DE FORMAS COM ENCARGOS COMPLEMENTARES","SEDI - SERVIÇOS DIVERSOS",null,"H",0.37290000000000001,28.47,10.61]
[null,null,"Composição Auxiliar"," 88316 ","SINAPI","SERVENTE COM ENCARGOS COMPLEMENTARES","SEDI - SERVIÇOS DIVERSOS",null,"H",1.1186,23.32,26.08]
[null,null,"Composição Auxiliar"," 102234 ","SINAPI","PINTURA IMUNIZANTE PARA MADEIRA, 2 DEMÃOS. AF_01/2021","PINT - PINTURAS",null,"m²",0.5,24.61,12.3]
[null,null,"Insumo"," 00004509 ","SINAPI","SARRAFO *2,5 X 10* CM EM PINUS, MISTA OU EQUIVALENTE DA REGIAO - BRUTA","Material",null,"M",3.2082999999999999,5.81,18.64]
[null,null,"Insumo"," 00005065 ","SINAPI","PREGO DE ACO POLIDO COM CABECA 10 X 10 (7/8 X 17)","Material",null,"KG",1.1299999999999999E-2,37.44,0.42]
[null,null,"Insumo"," 00004813 ","SINAPI","PLACA DE OBRA (PARA CONSTRUCAO CIVIL) EM CHAPA GALVANIZADA *N. 22*, ADESIVADA, DE *2,4 X 1,2* M (SEM POSTES PARA FIXACAO)","Material",null,"M²",1,400,400]
[null,null,"Insumo"," 00005069 ","SINAPI","PREGO DE ACO POLIDO COM CABECA 17 X 27 (2 1/2 X 11)","Material",null,"KG",1.32E-2,20.059999999999999,0.26]
[{"$nulls":6},"MO sem LS =>",29.31,"LS =>",0,"MO com LS =>",29.31]
[{"$nulls":6},"Valor do BDI =>",{"$f":"TRUNC(CAPA!$D$14*L6,2)","v":109.53},null,"Valor com BDI =>",null,{"$f":"TRUNC(L6+H15,2)","v":577.84}]
[{"$nulls":8},"Desconto aplicado:",null,null,{"$f":"L15*CAPA!$D$13","v":0}]
[{"$nulls":8},"Valor unitário com BDI após o desconto:",null,null,{"$f":"(L15-L16)","v":577.84}]
[]
[]
[]
[null,null," 2 ","Código","Banco","Descrição","Tipo",null,"Und","Quant.","Valor Unit","Total"]
[null,null,"Composição"," 5502114 ","SICRO3","Escavação, carga e transporte de material de 1ª categoria - DMT de 1.000 a 1.200 m - caminho de serviço em leito natural - com escavadeira e caminhão basculante de 14 m³","",null,"m³",1,8.2200000000000006,8.2200000000000006]
[null,null,"A","Código","Banco","Equipamentos","Quantidade","Utilização",null,"Custo Horário",null,"Custo Horário Total"]
[{"$nulls":7},"Operativa","Improdutiva","Operativa","Improdutiva"]
[null,null,"Insumo"," E9667 ","SICRO3","Caminhão basculante com capacidade de 14 m³ - 210 kW",5,0.96,0.04,311.68099999999998,91.664599999999993,1514.4016999999999]
[null,null,"Insumo"," E9515 ","SICRO3","Escavadeira hidráulica sobre esteiras com caçamba com capacidade de 1,56 m³ - 118 kW",1,1,0,307.88560000000001,139.51150000000001,307.88560000000001]
[{"$nulls":7},"Custo horário total de equipamentos",null,null,null,1822.2873]
[null,null,"B","Código","Banco","Mão de Obra","Quantidade","Custo Horário",null,null,null,"Custo Horário Total"]
[null,null,"Insumo"," P9824 ","SICRO3","Servente",1,null,null,null,21.340599999999998,21.340599999999998]
[{"$nulls":7},"Adicional de Mão de obra (%)",null,null,null,0]
[{"$nulls":7},"Custo horário total de mão de obra",null,null,null,21.340599999999998]
[{"$nulls":7},"Custo horário total de execução",null,null,null,1843.6279]
[{"$nulls":7},"Produção de equipe",null,null,null,230.19]
[{"$nulls":7},"Custo unitário de execução",null,null,null,8.0091999999999999]
[{"$nulls":7},"Custo do FIC",null,null,null,0.21329999999999999]
[{"$nulls":7},"Custo do FIT",null,null,null,0]
[{"$nulls":6},"MO sem LS =>",0,"LS =>",0.09,"MO com LS =>",9.2708631999652458E-2]
[{"$nulls":6},"Valor do BDI =>",{"$f":"TRUNC(CAPA!$D$14*L22,2)","v":1.92},null,"Valor com BDI =>",null,{"$f":"TRUNC(L22+H38,2)","v":10.14}]
[{"$nulls":8},"Desconto aplicado:",null,null,{"$f":"L38*CAPA!$D$13","v":0}]
[{"$nulls":8},"Valor unitário com BDI após o desconto:",null,null,{"$f":"(L38-L39)","v":10.14}]
[]
[]
[]
[]
[]
[]
[null,null," 3 ","Código","Banco","Descrição","Tipo",null,"Und","Quant.","Valor Unit","Total"]
[null,null,"Composição"," 4413942 ","SICRO3","Espalhamento de material em bota-fora","",null,"m³",1,2.0099999999999998,2.0099999999999998]
[null,null,"A","Código","Banco","Equipamentos","Quantidade","Utilização",null,"Custo Horário",null,"Custo Horário Total"]
[{"$nulls":7},"Operativa","Improdutiva","Operativa","Improdutiva"]
[null,null,"Insumo"," E9540 ","SICRO3","Trator sobre esteiras com lâmina - 127 kW",1,1,0,324.52850000000001,130.42570000000001,324.52850000000001]
[{"$nulls":7},"Custo horário total de equipamentos",null,null,null,324.52850000000001]
[null,null,"B","Código","Banco","Mão de Obra","Quantidade","Custo Horário",null,null,null,"Custo Horário Total"]
[null,null,"Insumo"," P9824 ","SICRO3","Servente",1,null,null,null,21.340599999999998,21.340599999999998]
[{"$nulls":7},"Adicional de Mão de obra (%)",null,null,null,0]
[{"$nulls":7},"Custo horário total de mão de obra",null,null,null,21.340599999999998]
[{"$nulls":7},"Custo horário total de execução",null,null,null,345.8691]
[{"$nulls":7},"Produção de equipe",null,null,null,176.81]
[{"$nulls":7},23,null,null,null,1.9561999999999999]
[{"$nulls":7},"Custo do FIC",null,null,null,5.21E-2]
[{"$nulls":7},"Custo do FIT",null,null,null,0]
[{"$nulls":6},"MO sem LS =>",0,"LS =>",0.12,"MO com LS =>",0.1206979243255472]
[{"$nulls":6},"Valor do BDI =>",{"$f":"TRUNC(CAPA!$D$14*L48,2)","v":0.47},null,"Valor com BDI =>",null,{"$f":"TRUNC(L48+H63,2)","v":2.48}]
[{"$nulls":8},"Desconto aplicado:",null,null,{"$f":"L63*CAPA!$D$13","v":0}]
[{"$nulls":8},"Valor unitário com BDI após o desconto:",null,null,{"$f":"(L63-L64)","v":2.48}]
[]
[]
[]
[null,null,4,"Código","Banco","Descrição","Tipo",null,"Und","Quant.","Valor Unit","Total"]
[null,null,"Composição"," 4915637 ","SICRO3","Capa selante - areia comercial","",null,"m²",1,0.9,0.9]
[null,null,"A","Código","Banco","Equipamentos","Quantidade","Utilização",null,"Custo Horário",null,"Custo Horário Total"]
[{"$nulls":7},"Operativa","Improdutiva","Operativa","Improdutiva"]
[null,null,"Insumo"," E9509 ","SICRO3","Caminhão tanque distribuidor de asfalto com capacidade de 6.000 l - 7 kW/136 kW",1,1,0,265.14499999999998,74.969200000000001,265.14499999999998]
[null,null,"Insumo"," E9762 ","SICRO3","Rolo compactador de pneus autopropelido de 27 t - 85 kW",1,0.78,0.22,257.88569999999999,124.94289999999999,228.63829999999999]
[null,null,"Insumo"," E9583 ","SICRO3","Distribuidor de agregados rebocável com capacidade de 1,9 m³",1,0.26,0.74,15.818,10.1858,11.6502]
[null,null,"Insumo"," E9558 ","SICRO3","Tanque de estocagem de asfalto com capacidade de 30.000 l",2,1,0,61.474400000000003,41.991500000000002,122.94880000000001]
[{"$nulls":7},"Custo horário total de equipamentos",null,null,null,628.38229999999999]
[null,null,"B","Código","Banco","Mão de Obra","Quantidade","Custo Horário",null,null,null,"Custo Horário Total"]
[null,null,"Insumo"," P9824 ","SICRO3","Servente",8,null,null,null,"21,3406","170,7248"]
[{"$nulls":7},"Adicional de Mão de obra (%)",null,null,null,0]
[{"$nulls":7},"Custo horário total de mão de obra",null,null,null,170.72479999999999]
[{"$nulls":7},"Custo horário total de execução",null,null,null,799.10709999999995]
[{"$nulls":7},"Produção de equipe",null,null,null,1350]
[{"$nulls":7},"Custo unitário de execução",null,null,null,0.59189999999999998]
[{"$nulls":7},"Custo do FIC",null,null,null,2.5999999999999999E-3]
[{"$nulls":7},"Custo do FIT",null,null,null,0]
[null,null,"C","Código","Banco","MATERIAL","Quantidade","Unidade","Preço Unitário",null,null,"Custo Horário"]
[null,null,"Insumo"," M0028 ","SICRO3","Areia média",2.8999999999999998E-3,"m³","97,3514",null,null,"0,2823"]
[null,null,"Insumo"," M2097 ","SICRO3","Emulsão asfáltica - RR-2C",5.0000000000000001E-4,"t","0,0000",null,null,"0,0000"]
[{"$nulls":7},"Custo unitário total de material",null,null,null,0.2823]
[null,null,"E","Tempo Fixo","Banco","Descrição","Carga","Quantidade","Unidade","Preço Unitário",null,"Custo Horário"]
[null,null,"Composição"," 5914642 ","SICRO3","Carga, manobra e descarga de agregados ou solos em caminhão basculante de 6 m³ - carga com carregadeira de 1,72 m³ (exclusa) e descarga em distribuidor rebocável","M0028",4.3499999999999997E-3,"t",5.57,null,2.4199999999999999E-2]
[{"$nulls":7},"Custo Total dos Tempos Fixos",null,null,null,2.4199999999999999E-2]
[null,null,"F","Momento de Transporte","Banco","Descrição","Quantidade","Distância Média de Transporte (DMT)",null,null,null,"Custo Horário"]
[{"$nulls":7},"LN","RP","P","FE"]
[null,null,"Insumo","M0028","SICRO3","Areia média",4.3499999999999997E-3,"5914314\n0,00\n1,27\n0,0000","5914329\n0,00\n1,02\n0,0000","5914344\n0,00\n0,83\n0,0000","--",0]
[{"$nulls":7},"Custo total de transporte",null,null,null,0]
[{"$nulls":6},"MO sem LS =>",0,"LS =>",0.13,"MO com LS =>",0.12646281481481481]
[{"$nulls":6},"Valor do BDI =>",{"$f":"TRUNC(CAPA!$D$14*L70,2)","v":0.21},null,"Valor com BDI =>",null,{"$f":"TRUNC(L70+H99,2)","v":1.1100000000000001}]
[{"$nulls":8},"Desconto aplicado:",null,null,{"$f":"L99*CAPA!$D$13","v":0}]
[{"$nulls":8},"Valor unitário com BDI após o desconto:",null,null,{"$f":"(L99-L100)","v":1.1100000000000001}]
[]
[]
[null,null,5,"Código","Banco","Descrição","Tipo",null,"Und","Quant.","Valor Unit","Total"]
[null,null,"Composição"," 4011370 ","SICRO3","Tratamento superficial duplo com emulsão - brita comercial","",null,"m²",1,6.08,6.08]
[null,null,"A","Código","Banco","Equipamentos","Quantidade","Utilização",null,"Custo Horário",null,"Custo Horário Total"]
[{"$nulls":7},"Operativa","Improdutiva","Operativa","Improdutiva"]
[null,null,"Insumo"," E9762 ","SICRO3","Rolo compactador de pneus autopropelido de 27 t - 85 kW",1,0.31,0.69,257.88569999999999,124.94289999999999,166.15520000000001]
[null,null,"Insumo"," E9558 ","SICRO3","Tanque de estocagem de asfalto com capacidade de 30.000 l",2,1,0,61.474400000000003,41.991500000000002,122.94880000000001]
[null,null,"Insumo"," E9509 ","SICRO3","Caminhão tanque distribuidor de asfalto com capacidade de 6.000 l - 7 kW/136 kW",1,1,0,265.14499999999998,74.969200000000001,265.14499999999998]
[null,null,"Insumo"," E9583 ","SICRO3","Distribuidor de agregados rebocável com capacidade de 1,9 m³",1,0.28000000000000003,0.72,15.818,10.1858,11.7628]
[{"$nulls":7},"Custo horário total de equipamentos",null,null,null,566.01179999999999]
[null,null,"B","Código","Banco","Mão de Obra","Quantidade","Custo Horário",null,null,null,"Custo Horário Total"]
[null,null,"Insumo"," P9824 ","SICRO3","Servente",8,null,null,null,"21,3406","170,7248"]
[{"$nulls":7},"Adicional de Mão de obra (%)",null,null,null,0]
[{"$nulls":7},"Custo horário total de mão de obra",null,null,null,170.72479999999999]
[{"$nulls":7},"Custo horário total de execução",null,null,null,736.73659999999995]
[{"$nulls":7},"Produção de equipe",null,null,null,361.93]
[{"$nulls":7},"Custo unitário de execução",null,null,null,2.0356000000000001]
[{"$nulls":7},"Custo do FIC",null,null,null,8.9999999999999993E-3]
[{"$nulls":7},"Custo do FIT",null,null,null,0]
[null,null,"C","Código","Banco","MATERIAL","Quantidade","Unidade","Preço Unitário",null,null,"Custo Horário"]
[null,null,"Insumo"," M0191 ","SICRO3","Brita 1",1.4999999999999999E-2,"m³",164.06010000000001,null,null,2.4609000000000001]
[null,null,"Insumo"," M0005 ","SICRO3","Brita 0",7.3299999999999997E-3,"m³",180.3717,null,null,1.3221000000000001]
[null,null,"Insumo"," M2097 ","SICRO3","Emulsão asfáltica - RR-2C",3.7299999999999998E-3,"t",0,null,null,0]
[{"$nulls":7},"Custo unitário total de material",null,null,null,3.7829999999999999]
[null,null,"E","Tempo Fixo","Banco","Descrição","Carga","Quantidade","Unidade","Preço Unitário",null,"Custo Horário"]
[null,null,"Composição"," 5914648 ","SICRO3","Carga, manobra e descarga de agregados ou solos em caminhão basculante de 10 m³ - carga com carregadeira de 3,40 m³ (exclusa) e descarga em distribuidor rebocável","M0005",1.0999999999999999E-2,"t",7.51,null,8.2600000000000007E-2]
[null,null,"Composição"," 5914648 ","SICRO3","Carga, manobra e descarga de agregados ou solos em caminhão basculante de 10 m³ - carga com carregadeira de 3,40 m³ (exclusa) e descarga em distribuidor rebocável","M0191",2.2499999999999999E-2,"t",7.51,null,0.16900000000000001]
[{"$nulls":7},"Custo Total dos Tempos Fixos",null,null,null,0.25159999999999999]
[null,null,"F","Momento de Transporte","Banco","Descrição","Quantidade","Distância Média de Transporte (DMT)",null,null,null,"Custo Horário"]
[{"$nulls":7},"LN","RP","P","FE"]
[null,null,"Insumo","M0005","SICRO3","Brita 0",1.0999999999999999E-2,"5914359\n0,00\n1,21\n0,0000","5914374\n0,00\n0,96\n0,0000","5914389\n0,00\n0,78\n0,0000","--",0]
[null,null,"Insumo","M0191","SICRO3","Brita 1",2.2499999999999999E-2,"5914359\n0,00\n1,21\n0,0000","5914374\n0,00\n0,96\n0,0000","5914389\n0,00\n0,78\n0,0000","--",0]
[{"$nulls":7},"Custo total de transporte",null,null,null,0]
[{"$nulls":6},"MO sem LS =>",0,"LS =>",0.47,"MO com LS =>",0.47170668361285334]
[{"$nulls":6},"Valor do BDI =>",{"$f":"TRUNC(CAPA!$D$14*L105,2)","v":1.42},null,"Valor com BDI =>",null,{"$f":"TRUNC(L105+H137,2)","v":7.5}]
[{"$nulls":8},"Desconto aplicado:",null,null,{"$f":"L137*CAPA!$D$13","v":0}]
[{"$nulls":8},"Valor unitário com BDI após o desconto:",null,null,{"$f":"(L137-L138)","v":7.5}]
[]
[]
[]
[]
[]
[]
[null,null,6,"Código","Banco","Descrição","Tipo",null,"Und","Quant.","Valor Unit","Total"]
[null,null,"Composição"," 4011352 ","SICRO3","Imprimação com emulsão asfáltica","",null,"m²",1,0.42,0.42]
[null,null,"A","Código","Banco","Equipamentos","Quantidade","Utilização",null,"Custo Horário",null,"Custo Horário Total"]
[{"$nulls":7},"Operativa","Improdutiva","Operativa","Improdutiva"]
[null,null,"Insumo"," E9558 ","SICRO3","Tanque de estocagem de asfalto com capacidade de 30.000 l",2,1,0,61.474400000000003,41.991500000000002,122.94880000000001]
[null,null,"Insumo"," E9509 ","SICRO3","Caminhão tanque distribuidor de asfalto com capacidade de 6.000 l - 7 kW/136 kW",1,1,0,265.14499999999998,74.969200000000001,265.14499999999998]
[{"$nulls":7},"Custo horário total de equipamentos",null,null,null,388.09379999999999]
[null,null,"B","Código","Banco","Mão de Obra","Quantidade","Custo Horário",null,null,null,"Custo Horário Total"]
[null,null,"Insumo"," P9824 ","SICRO3","Servente",2,null,null,null,"21,3406","42,6812"]
[{"$nulls":7},"Adicional de Mão de obra (%)",null,null,null,0]
[{"$nulls":7},"Custo horário total de mão de obra",null,null,null,42.681199999999997]
[{"$nulls":7},"Custo horário total de execução",null,null,null,430.77499999999998]
[{"$nulls":7},"Produção de equipe",null,null,null,1038.46]
[{"$nulls":7},"Custo unitário de execução",null,null,null,0.4148]
[{"$nulls":7},"Custo do FIC",null,null,null,1.8E-3]
[{"$nulls":7},"Custo do FIT",null,null,null,0]
[null,null,"C","Código","Banco","MATERIAL","Quantidade","Unidade","Preço Unitário",null,null,"Custo Horário"]
[null,null,"Insumo"," M2092 ","SICRO3","Emulsão asfáltica para imprimação",1.2999999999999999E-3,"t","0,0000",null,null,"0,0000"]
[{"$nulls":7},"Custo unitário total de material",null,null,null,0]
[{"$nulls":6},"MO sem LS =>",0,"LS =>",0.04,"MO com LS =>",4.1100475704408453E-2]
[{"$nulls":6},"Valor do BDI =>",{"$f":"TRUNC(CAPA!$D$14*L147,2)","v":0.09},null,"Valor com BDI =>",null,{"$f":"TRUNC(L147+H166,2)","v":0.51}]
[{"$nulls":8},"Desconto aplicado:",null,null,{"$f":"L166*CAPA!$D$13","v":0}]
[{"$nulls":8},"Valor unitário com BDI após o desconto:",null,null,{"$f":"(L166-L167)","v":0.51}]
[]
[]
[]
[null,null,7,"Código","Banco","Descrição","Tipo",null,"Und","Quant.","Valor Unit","Total"]
[null,null,"Composição"," 4011353 ","SICRO3","Pintura de ligação","",null,"m²",1,0.28999999999999998,0.28999999999999998]
[null,null,"A","Código","Banco","Equipamentos","Quantidade","Utilização",null,"Custo Horário",null,"Custo Horário Total"]
[{"$nulls":7},"Operativa","Improdutiva","Operativa","Improdutiva"]
[null,null,"Insumo"," E9558 ","SICRO3","Tanque de estocagem de asfalto com capacidade de 30.000 l",2,1,0,61.474400000000003,41.991500000000002,122.94880000000001]
[null,null,"Insumo"," E9509 ","SICRO3","Caminhão tanque distribuidor de asfalto com capacidade de 6.000 l - 7 kW/136 kW",1,1,0,265.14499999999998,74.969200000000001,265.14499999999998]
[{"$nulls":7},"Custo horário total de equipamentos",null,null,null,388.09379999999999]
[null,null,"B","Código","Banco","Mão de Obra","Quantidade","Custo Horário",null,null,null,"Custo Horário Total"]
[null,null,"Insumo"," P9824 ","SICRO3","Servente",2,null,null,null,"21,3406","42,6812"]
[{"$nulls":7},"Adicional de Mão de obra (%)",null,null,null,0]
[{"$nulls":7},"Custo horário total de mão de obra",null,null,null,42.681199999999997]
[{"$nulls":7},"Custo horário total de execução",null,null,null,430.77499999999998]
[{"$nulls":7},"Produção de equipe",null,null,null,1500]
[{"$nulls":7},"Custo unitário de execução",null,null,null,0.28720000000000001]
[{"$nulls":7},"Custo do FIC",null,null,null,1.2999999999999999E-3]
[{"$nulls":7},"Custo do FIT",null,null,null,0]
[null,null,"C","Código","Banco","MATERIAL","Quantidade","Unidade","Preço Unitário",null,null,"Custo Horário"]
[null,null,"Insumo"," M1946 ","SICRO3","Emulsão asfáltica - RR-1C",4.4999999999999999E-4,"t","0,0000",null,null,"0,0000"]
[{"$nulls":7},"Custo unitário total de material",null,null,null,0]
[{"$nulls":6},"MO sem LS =>",0,"LS =>",0.03,"MO com LS =>",2.8454133333333333E-2]
[{"$nulls":6},"Valor do BDI =>",{"$f":"TRUNC(CAPA!$D$14*L173,2)","v":0.06},null,"Valor com BDI =>",null,{"$f":"TRUNC(L173+H192,2)","v":0.35}]
[{"$nulls":8},"Desconto aplicado:",null,null,{"$f":"L192*CAPA!D190","v":0}]
[{"$nulls":8},"Valor unitário com BDI após o desconto:",null,null,{"$f":"(L192-L193)","v":0.35}]
[]
[]
[]
[null,null,8,"Código","Banco","Descrição","Tipo",null,"Und","Quant.","Valor Unit","Total"]
[null,null,"Composição"," 4011219 ","SICRO3","Base de solo estabilizado granulometricamente sem mistura com material de jazida - 100% Proctor modificado","",null,"m³",1,14.79,14.79]
[null,null,"A","Código","Banco","Equipamentos","Quantidade","Utilização",null,"Custo Horário",null,"Custo Horário Total"]
[{"$nulls":7},"Operativa","Improdutiva","Operativa","Improdutiva"]
[null,null,"Insumo"," E9685 ","SICRO3","Rolo compactador pé de carneiro vibratório autopropelido por pneus de 11,6 t - 82 kW",1,1,0,225.36009999999999,100.3767,225.36009999999999]
[null,null,"Insumo"," E9762 ","SICRO3","Rolo compactador de pneus autopropelido de 27 t - 85 kW",1,0.96,0.04,257.88569999999999,124.94289999999999,252.56800000000001]
[null,null,"Insumo"," E9518 ","SICRO3","Grade de 24 discos rebocável de D = 60 cm (24\")",1,0.34,0.66,5.0871000000000004,3.5426000000000002,4.0677000000000003]
[null,null,"Insumo"," E9524 ","SICRO3","Motoniveladora - 93 kW",1,0.5,0.5,282.17180000000002,121.5518,201.86179999999999]
[null,null,"Insumo"," E9571 ","SICRO3","Caminhão tanque com capacidade de 10.000 l - 188 kW",1,0.62,0.38,330.45240000000001,84.028499999999994,236.81129999999999]
[null,null,"Insumo"," E9577 ","SICRO3","Trator agrícola sobre pneus - 77 kW",1,0.34,0.66,155.67009999999999,58.258299999999998,91.378299999999996]
[{"$nulls":7},"Custo horário total de equipamentos",null,null,null,1012.0472]
[null,null,"B","Código","Banco","Mão de Obra","Quantidade","Custo Horário",null,null,null,"Custo Horário Total"]
[null,null,"Insumo"," P9824 ","SICRO3","Servente",1,null,null,null,"21,3406","21,3406"]
[{"$nulls":7},"Adicional de Mão de obra (%)",null,null,null,0]
[{"$nulls":7},"Custo horário total de mão de obra",null,null,null,21.340599999999998]
[{"$nulls":7},"Custo horário total de execução",null,null,null,1033.3878]
[{"$nulls":7},"Produção de equipe",null,null,null,112.13]
[{"$nulls":7},"Custo unitário de execução",null,null,null,9.2159999999999993]
[{"$nulls":7},"Custo do FIC",null,null,null,0.24540000000000001]
[{"$nulls":7},"Custo do FIT",null,null,null,0]
[null,null,"D","Código","Banco","ATIVIDADES AUXILIARES","Quantidade","Unidade","Preço Unitário",null,null,"Custo Horário"]
[null,null,"Composição"," 4016096 ","SICRO3","Escavação e carga de material de jazida com escavadeira hidráulica de 1,56 m³",1.1002700000000001,"m³","1,4700",null,null,"1,6174"]
[{"$nulls":7},"Custo total de atividades auxiliares",null,null,null,1.6173999999999999]
[null,null,"E","Tempo Fixo","Banco","Descrição","Carga","Quantidade","Unidade","Preço Unitário",null,"Custo Horário"]
[null,null,"Composição"," 5914354 ","SICRO3","Carga, manobra e descarga de agregados ou solos em caminhão basculante de 10 m³ - carga com escavadeira de 1,56 m³ (exclusa) e descarga livre",4016096,2.0630099999999998,"t",1.8,null,3.7134]
[{"$nulls":7},"Custo Total dos Tempos Fixos",null,null,null,3.7134]
[null,null,"F","Momento de Transporte","Banco","Descrição","Quantidade","Distância Média de Transporte (DMT)",null,null,null,"Custo Horário"]
[{"$nulls":7},"LN","RP","P","FE"]
[null,null,"Composição",4016096,"SICRO3","Escavação e carga de material de jazida com escavadeira hidráulica de 1,56 m³",2.0630099999999998,"5914359\n0,00\n1,21\n0,0000","5914374\n0,00\n0,96\n0,0000","5914389\n0,00\n0,78\n0,0000","--",0]
[{"$nulls":7},"Custo total de transporte",null,null,null,0]
[{"$nulls":6},"MO sem LS =>",0,"LS =>",0.28999999999999998,"MO com LS =>",0.2923246906255042]
[{"$nulls":6},"Valor do BDI =>",{"$f":"TRUNC(CAPA!$D$14*L199,2)","v":3.45},null,"Valor com BDI =>",null,{"$f":"TRUNC(L199+H229,2)","v":18.239999999999998}]
[{"$nulls":8},"Desconto aplicado:",null,null,{"$f":"L229*CAPA!$D$13","v":0}]
[{"$nulls":8},"Valor unitário com BDI após o desconto:",null,null,{"$f":"(L229-L230)","v":18.239999999999998}]
[]
[]
[]
[null,null,9,"Código","Banco","Descrição","Tipo",null,"Und","Quant.","Valor Unit","Total"]
[null,null,"Composição"," 4011227 ","SICRO3","Sub-base de solo estabilizado granulometricamente sem mistura com material de jazida - 100% Proctor intermediário","",null,"m³",1,13.6,13.6]
[null,null,"A","Código","Banco","Equipamentos","Quantidade","Utilização",null,"Custo Horário",null,"Custo Horário Total"]
[{"$nulls":7},"Operativa","Improdutiva","Operativa","Improdutiva"]
[null,null,"Insumo"," E9518 ","SICRO3","Grade de 24 discos rebocável de D = 60 cm (24\")",1,0.41,0.59,5.0871000000000004,3.5426000000000002,4.1757999999999997]
[null,null,"Insumo"," E9577 ","SICRO3","Trator agrícola sobre pneus - 77 kW",1,0.41,0.59,155.67009999999999,58.258299999999998,98.197100000000006]
[null,null,"Insumo"," E9685 ","SICRO3","Rolo compactador pé de carneiro vibratório autopropelido por pneus de 11,6 t - 82 kW",1,1,0,225.36009999999999,100.3767,225.36009999999999]
[null,null,"Insumo"," E9571 ","SICRO3","Caminhão tanque com capacidade de 10.000 l - 188 kW",1,0.74,0.26,330.45240000000001,84.028499999999994,266.38220000000001]
[null,null,"Insumo"," E9762 ","SICRO3","Rolo compactador de pneus autopropelido de 27 t - 85 kW",1,0.96,0.04,257.88569999999999,124.94289999999999,252.56800000000001]
[null,null,"Insumo"," E9524 ","SICRO3","Motoniveladora - 93 kW",1,0.59,0.41,282.17180000000002,121.5518,216.3176]
[{"$nulls":7},"Custo horário total de equipamentos",null,null,null,1063.0008]
[null,null,"B","Código","Banco","Mão de Obra","Quantidade","Custo Horário",null,null,null,"Custo Horário Total"]
[null,null,"Insumo"," P9824 ","SICRO3","Servente",1,null,null,null,"21,3406","21,3406"]
[{"$nulls":7},"Adicional de Mão de obra (%)",null,null,null,0]
[{"$nulls":7},"Custo horário total de mão de obra",null,null,null,21.340599999999998]
[{"$nulls":7},"Custo horário total de execução",null,null,null,1084.3414]
[{"$nulls":7},"Produção de equipe",null,null,null,134.56]
[{"$nulls":7},"Custo unitário de execução",null,null,null,8.0584000000000007]
[{"$nulls":7},"Custo do FIC",null,null,null,0.21460000000000001]
[{"$nulls":7},"Custo do FIT",null,null,null,0]
[null,null,"D","Código","Banco","ATIVIDADES AUXILIARES","Quantidade","Unidade","Preço Unitário",null,null,"Custo Horário"]
[null,null,"Composição"," 4016096 ","SICRO3","Escavação e carga de material de jazida com escavadeira hidráulica de 1,56 m³",1.1002700000000001,"m³","1,4700",null,null,"1,6174"]
[{"$nulls":7},"Custo total de atividades auxiliares",null,null,null,1.6173999999999999]
[null,null,"E","Tempo Fixo","Banco","Descrição","Carga","Quantidade","Unidade","Preço Unitário",null,"Custo Horário"]
[null,null,"Composição"," 5914354 ","SICRO3","Carga, manobra e descarga de agregados ou solos em caminhão basculante de 10 m³ - carga com escavadeira de 1,56 m³ (exclusa) e descarga livre",4016096,2.0630099999999998,"t",1.8,null,3.7134]
[{"$nulls":7},"Custo Total dos Tempos Fixos",null,null,null,3.7134]
[null,null,"F","Momento de Transporte","Banco","Descrição","Quantidade","Distância Média de Transporte (DMT)",null,null,null,"Custo Horário"]
[{"$nulls":7},"LN","RP","P","FE"]
[null,null,"Composição",4016096,"SICRO3","Escavação e carga de material de jazida com escavadeira hidráulica de 1,56 m³",2.0630099999999998,"5914359\n0,00\n1,21\n0,0000","5914374\n0,00\n0,96\n0,0000","5914389\n0,00\n0,78\n0,0000","--",0]
[{"$nulls":7},"Custo total de transporte",null,null,null,0]
[{"$nulls":6},"MO sem LS =>",0,"LS =>",0.26,"MO com LS =>",0.26059994864678554]
[{"$nulls":6},"Valor do BDI =>",{"$f":"TRUNC(CAPA!$D$14*L236,2)","v":3.18},null,"Valor com BDI =>",null,{"$f":"TRUNC(L236+H266,2)","v":16.78}]
[{"$nulls":8},"Desconto aplicado:",null,null,{"$f":"L266*CAPA!$D$13","v":0}]
[{"$nulls":8},"Valor unitário com BDI após o desconto:",null,null,{"$f":"(L266-L267)","v":16.78}]
[]
[]
[]
[null,null,10,"Código","Banco","Descrição","Tipo",null,"Und","Quant.","Valor Unit","Total"]
[null,null,"Composição"," 4011209 ","SICRO3","Regularização do subleito - 100% Proctor intermediário","",null,"m²",1,1.57,1.57]
[null,null,"A","Código","Banco","Equipamentos","Quantidade","Utilização",null,"Custo Horário",null,"Custo Horário Total"]
[{"$nulls":7},"Operativa","Improdutiva","Operativa","Improdutiva"]
[null,null,"Insumo"," E9577 ","SICRO3","Trator agrícola sobre pneus - 77 kW",1,0.41,0.59,155.67009999999999,58.258299999999998,98.197100000000006]
[null,null,"Insumo"," E9524 ","SICRO3","Motoniveladora - 93 kW",1,0.43,0.56999999999999995,282.17180000000002,121.5518,190.61840000000001]
[null,null,"Insumo"," E9571 ","SICRO3","Caminhão tanque com capacidade de 10.000 l - 188 kW",1,0.61,0.39,330.45240000000001,84.028499999999994,234.34710000000001]
[null,null,"Insumo"," E9685 ","SICRO3","Rolo compactador pé de carneiro vibratório autopropelido por pneus de 11,6 t - 82 kW",1,1,0,225.36009999999999,100.3767,225.36009999999999]
[null,null,"Insumo"," E9762 ","SICRO3","Rolo compactador de pneus autopropelido de 27 t - 85 kW",1,0.96,0.04,257.88569999999999,124.94289999999999,252.56800000000001]
[null,null,"Insumo"," E9518 ","SICRO3","Grade de 24 discos rebocável de D = 60 cm (24\")",1,0.41,0.59,5.0871000000000004,3.5426000000000002,4.1757999999999997]
[{"$nulls":7},"Custo horário total de equipamentos",null,null,null,1005.2665]
[null,null,"B","Código","Banco","Mão de Obra","Quantidade","Custo Horário",null,null,null,"Custo Horário Total"]
[null,null,"Insumo"," P9824 ","SICRO3","Servente",1,null,null,null,"21,3406","21,3406"]
[{"$nulls":7},"Adicional de Mão de obra (%)",null,null,null,0]
[{"$nulls":7},"Custo horário total de mão de obra",null,null,null,21.340599999999998]
[{"$nulls":7},"Custo horário total de execução",null,null,null,1026.6070999999999]
[{"$nulls":7},"Produção de equipe",null,null,null,672.8]
[{"$nulls":7},"Custo unitário de execução",null,null,null,1.5259]
[{"$nulls":7},"Custo do FIC",null,null,null,4.0599999999999997E-2]
[{"$nulls":7},"Custo do FIT",null,null,null,0]
[{"$nulls":6},"MO sem LS =>",0,"LS =>",0.03,"MO com LS =>",3.1719084423305587E-2]
[{"$nulls":6},"Valor do BDI =>",{"$f":"TRUNC(CAPA!$D$14*L273,2)","v":0.36},null,"Valor com BDI =>",null,{"$f":"TRUNC(L273+H293,2)","v":1.93}]
[{"$nulls":8},"Desconto aplicado:",null,null,{"$f":"L293*CAPA!$D$13","v":0}]
[{"$nulls":8},"Valor unitário com BDI após o desconto:",null,null,{"$f":"(L293-L294)","v":1.93}]
[]
[]
[]
[null,null,11,"Código","Banco","Descrição","Tipo",null,"Und","Quant.","Valor Unit","Total"]
[null,null,"Composição"," 5213440 ","SICRO3","Placa de regulamentação em aço D = 0,60 m - película retrorrefletiva tipo I + SI - fornecimento e implantação","",null,"un",1,282.19,282.19]
[null,null,"A","Código","Banco","Equipamentos","Quantidade","Utilização",null,"Custo Horário",null,"Custo Horário Total"]
[{"$nulls":7},"Operativa","Improdutiva","Operativa","Improdutiva"]
[null,null,"Insumo"," E9687 ","SICRO3","Caminhão carroceria com capacidade de 5 t - 120 kW",1,0.3,0.7,154.4616,60.137,88.434399999999997]
[{"$nulls":7},"Custo horário total de equipamentos",null,null,null,88.434399999999997]
[null,null,"B","Código","Banco","Mão de Obra","Quantidade","Custo Horário",null,null,null,"Custo Horário Total"]
[null,null,"Insumo"," P9824 ","SICRO3","Servente",2,null,null,null,"21,3406","42,6812"]
[null,null,"Insumo"," P9830 ","SICRO3","Montador",1,null,null,null,"31,6184","31,6184"]
[{"$nulls":7},"Adicional de Mão de obra (%)",null,null,null,0]
[{"$nulls":7},"Custo horário total de mão de obra",null,null,null,74.299599999999998]
[{"$nulls":7},"Custo horário total de execução",null,null,null,162.73400000000001]
[{"$nulls":7},"Produção de equipe",null,null,null,3]
[{"$nulls":7},"Custo unitário de execução",null,null,null,54.244700000000002]
[{"$nulls":7},"Custo do FIC",null,null,null,0]
[{"$nulls":7},"Custo do FIT",null,null,null,0]
[null,null,"D","Código","Banco","ATIVIDADES AUXILIARES","Quantidade","Unidade","Preço Unitário",null,null,"Custo Horário"]
[null,null,"Composição"," 5213414 ","SICRO3","Placa em aço nº 16 galvanizado com película retrorrefletiva tipo I + SI - confecção",0.35993999999999998,"m²","633,2800",null,null,"227,9428"]
[{"$nulls":7},"Custo total de atividades auxiliares",null,null,null,227.94280000000001]
[{"$nulls":6},"MO sem LS =>",0,"LS =>",39.520000000000003,"MO com LS =>",39.521876674433344]
[{"$nulls":6},"Valor do BDI =>",{"$f":"TRUNC(CAPA!$D$14*L300,2)","v":66},null,"Valor com BDI =>",null,{"$f":"TRUNC(L300+H319,2)","v":348.19}]
[{"$nulls":8},"Desconto aplicado:",null,null,{"$f":"L319*#REF!","v":{"$error":"#REF!"}}]
[{"$nulls":8},"Valor unitário com BDI após o desconto:",null,null,{"$f":"(L319-L320)","v":{"$error":"#REF!"}}]
[]
[]
[]
[null,null,12,"Código","Banco","Descrição","Tipo",null,"Und","Quant.","Valor Unit","Total"]
[null,null,"Composição"," 5213464 ","SICRO3","Placa de advertência em aço, lado de 0,60 m - película retrorrefletiva tipo I + SI - fornecimento e implantação","",null,"un",1,282.23,282.23]
[null,null,"A","Código","Banco","Equipamentos","Quantidade","Utilização",null,"Custo Horário",null,"Custo Horário Total"]
[{"$nulls":7},"Operativa","Improdutiva","Operativa","Improdutiva"]
[null,null,"Insumo"," E9687 ","SICRO3","Caminhão carroceria com capacidade de 5 t - 120 kW",1,0.3,0.7,154.4616,60.137,88.434399999999997]
[{"$nulls":7},"Custo horário total de equipamentos",null,null,null,88.434399999999997]
[null,null,"B","Código","Banco","Mão de Obra","Quantidade","Custo Horário",null,null,null,"Custo Horário Total"]
[null,null,"Insumo"," P9824 ","SICRO3","Servente",2,null,null,null,"21,3406","42,6812"]
[null,null,"Insumo"," P9830 ","SICRO3","Montador",1,null,null,null,"31,6184","31,6184"]
[{"$nulls":7},"Adicional de Mão de obra (%)",null,null,null,0]
[{"$nulls":7},"Custo horário total de mão de obra",null,null,null,74.299599999999998]
[{"$nulls":7},"Custo horário total de execução",null,null,null,162.73400000000001]
[{"$nulls":7},"Produção de equipe",null,null,null,3]
[{"$nulls":7},"Custo unitário de execução",null,null,null,54.244700000000002]
[{"$nulls":7},"Custo do FIC",null,null,null,0]
[{"$nulls":7},"Custo do FIT",null,null,null,0]
[null,null,"D","Código","Banco","ATIVIDADES AUXILIARES","Quantidade","Unidade","Preço Unitário",null,null,"Custo Horário"]
[null,null,"Composição"," 5213414 ","SICRO3","Placa em aço nº 16 galvanizado com película retrorrefletiva tipo I + SI - confecção",0.36,"m²","633,2800",null,null,"227,9808"]
[{"$nulls":7},"Custo total de atividades auxiliares",null,null,null,227.98079999999999]
[{"$nulls":6},"MO sem LS =>",0,"LS =>",39.520000000000003,"MO com LS =>",39.524336308262498]
[{"$nulls":6},"Valor do BDI =>",{"$f":"TRUNC(CAPA!$D$14*L326,2)","v":66.010000000000005},null,"Valor com BDI =>",null,{"$f":"TRUNC(L326+H345,2)","v":348.24}]
[{"$nulls":8},"Desconto aplicado:",null,null,{"$f":"L345*#REF!","v":{"$error":"#REF!"}}]
[{"$nulls":8},"Valor unitário com BDI após o desconto:",null,null,{"$f":"(L345-L346)","v":{"$error":"#REF!"}}]
[]
[]
[]
[null,null,13,"Código","Banco","Descrição","Tipo",null,"Und","Quant.","Valor Unit","Total"]
[null,null,"Composição"," 5213863 ","SICRO3","Suporte metálico galvanizado para placa de advertência ou regulamentação - lado ou diâmetro de 0,60 m - fornecimento e implantação","",null,"un",1,460.16,460.16]
[null,null,"A","Código","Banco","Equipamentos","Quantidade","Utilização",null,"Custo Horário",null,"Custo Horário Total"]
[{"$nulls":7},"Operativa","Improdutiva","Operativa","Improdutiva"]
[null,null,"Insumo"," E9687 ","SICRO3","Caminhão carroceria com capacidade de 5 t - 120 kW",1,0.3,0.7,154.4616,60.137,88.434399999999997]
[{"$nulls":7},"Custo horário total de equipamentos",null,null,null,88.434399999999997]
[null,null,"B","Código","Banco","Mão de Obra","Quantidade","Custo Horário",null,null,null,"Custo Horário Total"]
[null,null,"Insumo"," P9830 ","SICRO3","Montador",1,null,null,null,"31,6184","31,6184"]
[null,null,"Insumo"," P9824 ","SICRO3","Servente",1,null,null,null,"21,3406","21,3406"]
[{"$nulls":7},"Adicional de Mão de obra (%)",null,null,null,0]
[{"$nulls":7},"Custo horário total de mão de obra",null,null,null,52.959000000000003]
[{"$nulls":7},"Custo horário total de execução",null,null,null,141.39340000000001]
[{"$nulls":7},"Produção de equipe",null,null,null,4.0999999999999996]
[{"$nulls":7},"Custo unitário de execução",null,null,null,34.486199999999997]
[{"$nulls":7},"Custo do FIC",null,null,null,0]
[{"$nulls":7},"Custo do FIT",null,null,null,0]
[null,null,"C","Código","Banco","MATERIAL","Quantidade","Unidade","Preço Unitário",null,null,"Custo Horário"]
[null,null,"Insumo"," M0789 ","SICRO3","Conjunto para fixação de placas em aço galvanizado composto por barra chata, abraçadeira, parafusos, porcas e arruelas",0.69699999999999995,"kg","30,9024",null,null,"21,5390"]
[null,null,"Insumo"," M0787 ","SICRO3","Suporte em aço-carbono galvanizado tipo perfil C para placa de sinalização",12.717000000000001,"kg","29,6470",null,null,"377,0209"]
[{"$nulls":7},"Custo unitário total de material",null,null,null,398.55990000000003]
[null,null,"D","Código","Banco","ATIVIDADES AUXILIARES","Quantidade","Unidade","Preço Unitário",null,null,"Custo Horário"]
[null,null,"Composição"," 1107892 ","SICRO3","Concreto fck = 20 MPa - confecção em betoneira e lançamento manual - areia e brita comerciais",5.0270000000000002E-2,"m³","486,8600",null,null,"24,4745"]
[null,null,"Composição"," 4805750 ","SICRO3","Escavação manual em material de 1ª categoria na profundidade de até 1 m",5.0270000000000002E-2,"m³","43,8200",null,null,"2,2028"]
[{"$nulls":7},"Custo total de atividades auxiliares",null,null,null,26.677299999999999]
[null,null,"E","Tempo Fixo","Banco","Descrição","Carga","Quantidade","Unidade","Preço Unitário",null,"Custo Horário"]
[null,null,"Composição"," 5914655 ","SICRO3","Carga, manobra e descarga de materiais diversos em caminhão carroceria de 15 t - carga e descarga manuais","M0789",6.9999999999999999E-4,"t",32.24,null,2.2599999999999999E-2]
[null,null,"Composição"," 5914655 ","SICRO3","Carga, manobra e descarga de materiais diversos em caminhão carroceria de 15 t - carga e descarga manuais","M0787",1.272E-2,"t",32.24,null,0.41010000000000002]
[{"$nulls":7},"Custo Total dos Tempos Fixos",null,null,null,0.43269999999999997]
[null,null,"F","Momento de Transporte","Banco","Descrição","Quantidade","Distância Média de Transporte (DMT)",null,null,null,"Custo Horário"]
[{"$nulls":7},"LN","RP","P","FE"]
[null,null,"Insumo","M0789","SICRO3","Conjunto para fixação de placas em aço galvanizado composto por barra chata, abraçadeira, parafusos, porcas e arruelas",6.9999999999999999E-4,"5914449\n0,00\n1,07\n0,0000","5914464\n0,00\n0,86\n0,0000","5914479\n0,00\n0,69\n0,0000","--",0]
[null,null,"Insumo","M0787","SICRO3","Suporte em aço-carbono galvanizado tipo perfil C para placa de sinalização",1.272E-2,"5914449\n0,00\n1,07\n0,0000","5914464\n0,00\n0,86\n0,0000","5914479\n0,00\n0,69\n0,0000","--",0]
[{"$nulls":7},"Custo total de transporte",null,null,null,0]
[{"$nulls":6},"MO sem LS =>",0,"LS =>",18.16,"MO com LS =>",18.160258630604023]
[{"$nulls":6},"Valor do BDI =>",{"$f":"TRUNC(CAPA!$D$14*L352,2)","v":107.63},null,"Valor com BDI =>",null,{"$f":"TRUNC(L352+H385,2)","v":567.79}]
[{"$nulls":8},"Desconto aplicado:",null,null,{"$f":"L385*#REF!","v":{"$error":"#REF!"}}]
[{"$nulls":8},"Valor unitário com BDI após o desconto:",null,null,{"$f":"(L385-L386)","v":{"$error":"#REF!"}}]
[]
[]
[]
[null,null,14,"Código","Banco","Descrição","Tipo",null,"Und","Quant.","Valor Unit","Total"]
[null,null,"Composição"," 5213400 ","SICRO3","Pintura de faixa com tinta acrílica - espessura de 0,4 mm","",null,"m²",1,21.22,21.22]
[null,null,"A","Código","Banco","Equipamentos","Quantidade","Utilização",null,"Custo Horário",null,"Custo Horário Total"]
[{"$nulls":7},"Operativa","Improdutiva","Operativa","Improdutiva"]
[null,null,"Insumo"," E9644 ","SICRO3","Caminhão demarcador de faixas com sistema de pintura a frio - 28 kW/129 kW",1,1,0,402.93880000000001,162.07589999999999,402.93880000000001]
[{"$nulls":7},"Custo horário total de equipamentos",null,null,null,402.93880000000001]
[null,null,"B","Código","Banco","Mão de Obra","Quantidade","Custo Horário",null,null,null,"Custo Horário Total"]
[null,null,"Insumo"," P9853 ","SICRO3","Pré-marcador",1,null,null,null,"21,5855","21,5855"]
[null,null,"Insumo"," P9824 ","SICRO3","Servente",4,null,null,null,"21,3406","85,3624"]
[{"$nulls":7},"Adicional de Mão de obra (%)",null,null,null,0]
[{"$nulls":7},"Custo horário total de mão de obra",null,null,null,106.9479]
[{"$nulls":7},"Custo horário total de execução",null,null,null,509.88670000000002]
[{"$nulls":7},"Produção de equipe",null,null,null,177.07]
[{"$nulls":7},"Custo unitário de execução",null,null,null,2.8795999999999999]
[{"$nulls":7},"Custo do FIC",null,null,null,0]
[{"$nulls":7},"Custo do FIT",null,null,null,0]
[null,null,"C","Código","Banco","MATERIAL","Quantidade","Unidade","Preço Unitário",null,null,"Custo Horário"]
[null,null,"Insumo"," M2038 ","SICRO3","Microesferas refletivas de vidro tipo II-A",0.35,"kg","10,3145",null,null,"3,6101"]
[null,null,"Insumo"," M2027 ","SICRO3","Tinta à base de resina acrílica estirenada para demarcação viária",0.4,"l","33,9787",null,null,"13,5915"]
[null,null,"Insumo"," M2034 ","SICRO3","Solvente para tinta à base de resina acrílica",0.02,"l","16,6828",null,null,"0,3337"]
[null,null,"Insumo"," M2044 ","SICRO3","Tinta à base de resina acrílica emulsionada em água para pré-marcação viária",9.7000000000000005E-4,"l","22,2843",null,null,"0,0216"]
[null,null,"Insumo"," M2037 ","SICRO3","Microesferas refletivas de vidro tipo I-B",0.08,"kg","9,3608",null,null,"0,7489"]
[{"$nulls":7},"Custo unitário total de material",null,null,null,18.305800000000001]
[null,null,"E","Tempo Fixo","Banco","Descrição","Carga","Quantidade","Unidade","Preço Unitário",null,"Custo Horário"]
[null,null,"Composição"," 5914655 ","SICRO3","Carga, manobra e descarga de materiais diversos em caminhão carroceria de 15 t - carga e descarga manuais","M2027",5.5000000000000003E-4,"t",32.24,null,1.77E-2]
[null,null,"Composição"," 5914655 ","SICRO3","Carga, manobra e descarga de materiais diversos em caminhão carroceria de 15 t - carga e descarga manuais","M2037",8.0000000000000007E-5,"t",32.24,null,2.5999999999999999E-3]
[null,null,"Composição"," 5914655 ","SICRO3","Carga, manobra e descarga de materiais diversos em caminhão carroceria de 15 t - carga e descarga manuais","M2034",2.0000000000000002E-5,"t",32.24,null,5.9999999999999995E-4]
[null,null,"Composição"," 5914655 ","SICRO3","Carga, manobra e descarga de materiais diversos em caminhão carroceria de 15 t - carga e descarga manuais","M2038",3.5E-4,"t",32.24,null,1.1299999999999999E-2]
[{"$nulls":7},"Custo Total dos Tempos Fixos",null,null,null,3.2199999999999999E-2]
[null,null,"F","Momento de Transporte","Banco","Descrição","Quantidade","Distância Média de Transporte (DMT)",null,null,null,"Custo Horário"]
[{"$nulls":7},"LN","RP","P","FE"]
[null,null,"Insumo","M2037","SICRO3","Microesferas refletivas de vidro tipo I-B",8.0000000000000007E-5,"5914449\n0,00\n1,07\n0,0000","5914464\n0,00\n0,86\n0,0000","5914479\n0,00\n0,69\n0,0000","--",0]
[null,null,"Insumo","M2034","SICRO3","Solvente para tinta à base de resina acrílica",2.0000000000000002E-5,"5914449\n0,00\n1,07\n0,0000","5914464\n0,00\n0,86\n0,0000","5914479\n0,00\n0,69\n0,0000","--",0]
[null,null,"Insumo","M2038","SICRO3","Microesferas refletivas de vidro tipo II-A",3.5E-4,"5914449\n0,00\n1,07\n0,0000","5914464\n0,00\n0,86\n0,0000","5914479\n0,00\n0,69\n0,0000","--",0]
[null,null,"Insumo","M2027","SICRO3","Tinta à base de resina acrílica estirenada para demarcação viária",5.5000000000000003E-4,"5914449\n0,00\n1,07\n0,0000","5914464\n0,00\n0,86\n0,0000","5914479\n0,00\n0,69\n0,0000","--",0]
[{"$nulls":7},"Custo total de transporte",null,null,null,0]
[{"$nulls":6},"MO sem LS =>",0,"LS =>",0.61,"MO com LS =>",0.61436286368813298]
[{"$nulls":6},"Valor do BDI =>",{"$f":"TRUNC(L392*CAPA!$D$14,2)","v":4.96},null,"Valor com BDI =>",null,{"$f":"TRUNC(L392+H428,2)","v":26.18}]
[{"$nulls":8},"Desconto aplicado:",null,null,{"$f":"L428*#REF!","v":{"$error":"#REF!"}}]
[{"$nulls":8},"Valor unitário com BDI após o desconto:",null,null,{"$f":"(L428-L429)","v":{"$error":"#REF!"}}]
[]
[]
[]
[null,null,15,"Código","Banco","Descrição","Tipo",null,"Und","Quant.","Valor Unit","Total"]
[null,null,"Composição"," 2003373 ","SICRO3","Meio-fio de concreto - MFC 03 - areia e brita comerciais - fôrma de madeira","",null,"m",1,69.16,69.16]
[{"$nulls":7},"Custo horário total de execução",null,null,null,0]
[{"$nulls":7},"Produção de equipe",null,null,null,1]
[{"$nulls":7},"Custo unitário de execução",null,null,null,0]
[{"$nulls":7},"Custo do FIC",null,null,null,0]
[{"$nulls":7},"Custo do FIT",null,null,null,0]
[null,null,"D","Código","Banco","ATIVIDADES AUXILIARES","Quantidade","Unidade","Preço Unitário",null,null,"Custo Horário"]
[null,null,"Composição"," 1109669 ","SICRO3","Argamassa de cimento e areia 1:3 - confecção em betoneira e lançamento manual - areia comercial",1E-4,"m³",525.85,null,null,5.2600000000000001E-2]
[null,null,"Composição"," 4805750 ","SICRO3","Escavação manual em material de 1ª categoria na profundidade de até 1 m",0.03,"m³",43.82,null,null,1.3146]
[null,null,"Composição"," 3103302 ","SICRO3","Fôrmas de tábuas de pinho para dispositivos de drenagem - utilização de 3 vezes - confecção, instalação e retirada",0.5615,"m²",84.32,null,null,47.345700000000001]
[null,null,"Composição"," 1107892 ","SICRO3","Concreto fck = 20 MPa - confecção em betoneira e lançamento manual - areia e brita comerciais",4.2000000000000003E-2,"m³",486.86,null,null,20.4481]
[{"$nulls":7},"Custo total de atividades auxiliares",null,null,null,69.161000000000001]
[{"$nulls":6},"MO sem LS =>",0,"LS =>",28.96,"MO com LS =>",28.957807452764584]
[{"$nulls":6},"Valor do BDI =>",{"$f":"TRUNC(CAPA!$D$14*L435,2)","v":16.170000000000002},null,"Valor com BDI =>",null,{"$f":"TRUNC(L435+H448,2)","v":85.33}]
[{"$nulls":8},"Desconto aplicado:",null,null,{"$f":"L448*CAPA!D13","v":0}]
[{"$nulls":8},"Valor unitário com BDI após o desconto:",null,null,{"$f":"(L448-L449)","v":85.33}]
[]
[]
[]
[null,null,16,"Código","Banco","Descrição","Tipo",null,"Und","Quant.","Valor Unit","Total"]
[null,null,"Composição"," 4915724 ","SICRO3","Caiação mecanizada com fixador de cal","",null,"m²",1,1.95,1.95]
[null,null,"A","Código","Banco","Equipamentos","Quantidade","Utilização",null,"Custo Horário",null,"Custo Horário Total"]
[{"$nulls":7},"Operativa","Improdutiva","Operativa","Improdutiva"]
[null,null,"Insumo"," E9156 ","SICRO3","Soprador de ar costal - 2,6 kW",1,1,0,5.7750000000000004,0.53100000000000003,5.7750000000000004]
[null,null,"Insumo"," E9577 ","SICRO3","Trator agrícola sobre pneus - 77 kW",1,1,0,155.67009999999999,58.258299999999998,155.67009999999999]
[null,null,"Insumo"," E9256 ","SICRO3","Equipamento para pintura com cal rebocável com dois bicos aplicadores e capacidade de 2.200 l",1,1,0,36.352800000000002,32.524799999999999,36.352800000000002]
[{"$nulls":7},"Custo horário total de equipamentos",null,null,null,197.7979]
[null,null,"B","Código","Banco","Mão de Obra","Quantidade","Custo Horário",null,null,null,"Custo Horário Total"]
[null,null,"Insumo"," P9824 ","SICRO3","Servente",2,null,null,null,"21,3406","42,6812"]
[{"$nulls":7},"Adicional de Mão de obra (%)",null,null,null,0]
[{"$nulls":7},"Custo horário total de mão de obra",null,null,null,42.681199999999997]
[{"$nulls":7},"Custo horário total de execução",null,null,null,240.47909999999999]
[{"$nulls":7},"Produção de equipe",null,null,null,155.59]
[{"$nulls":7},"Custo unitário de execução",null,null,null,1.5456000000000001]
[{"$nulls":7},"Custo do FIC",null,null,null,0]
[{"$nulls":7},"Custo do FIT",null,null,null,0]
[null,null,"C","Código","Banco","MATERIAL","Quantidade","Unidade","Preço Unitário",null,null,"Custo Horário"]
[null,null,"Insumo"," M0345 ","SICRO3","Cal hidratada - saco",0.41654999999999998,"kg",0.78300000000000003,null,null,0.32619999999999999]
[null,null,"Insumo"," M0043 ","SICRO3","Óleo diesel",1.389E-2,"l",5.5,null,null,7.6399999999999996E-2]
[null,null,"Insumo"," M0729 ","SICRO3","Fixador de cal para pintura",6.8999999999999997E-4,"l",4.5118999999999998,null,null,3.0999999999999999E-3]
[{"$nulls":7},"Custo unitário total de material",null,null,null,0.40570000000000001]
[{"$nulls":6},"MO sem LS =>",0,"LS =>",0.27,"MO com LS =>",0.27431840092550935]
[{"$nulls":6},"Valor do BDI =>",{"$f":"TRUNC(CAPA!$D$14*L455,2)","v":0.45},null,"Valor com BDI =>",null,{"$f":"TRUNC(L455+H477,2)","v":2.4}]
[{"$nulls":8},"Desconto aplicado:",null,null,{"$f":"CAPA!D13*'DEMAIS COMPOSIÇÕES DE CUSTO'!L477","v":0}]
[{"$nulls":8},"Valor unitário com BDI após o desconto:",null,null,{"$f":"(L477-L478)","v":2.4}]
[]
[]
[]
[null,null,17,"Código","Banco","Descrição","Tipo",null,"Und","Quant.","Valor Unit","Total"]
[null,null,"Composição"," 5914359 ","SICRO3","Transporte com caminhão basculante de 10 m³ - rodovia em leito natural","",null,"tkm",1,1.21,1.21]
[null,null,"A","Código","Banco","Equipamentos","Quantidade","Utilização",null,"Custo Horário",null,"Custo Horário Total"]
[{"$nulls":7},"Operativa","Improdutiva","Operativa","Improdutiva"]
[null,null,"Insumo"," E9579 ","SICRO3","Caminhão basculante com capacidade de 10 m³ - 210 kW",1,1,0,292.34280000000001,81.740499999999997,292.34280000000001]
[{"$nulls":7},"Custo horário total de equipamentos",null,null,null,292.34280000000001]
[{"$nulls":7},"Custo horário total de execução",null,null,null,292.34280000000001]
[{"$nulls":7},"Produção de equipe",null,null,null,249]
[{"$nulls":7},"Custo unitário de execução",null,null,null,1.1740999999999999]
[{"$nulls":7},"Custo do FIC",null,null,null,3.1300000000000001E-2]
[{"$nulls":7},"Custo do FIT",null,null,null,0]
[{"$nulls":6},"MO sem LS =>",0,"LS =>",0,"MO com LS =>",0]
[{"$nulls":6},"Valor do BDI =>",{"$f":"TRUNC(CAPA!$D$14*L484,2)","v":0.28000000000000003},null,"Valor com BDI =>",null,{"$f":"TRUNC(L484+H495,2)","v":1.49}]
[{"$nulls":8},"Desconto aplicado:",null,null,{"$f":"CAPA!D31*'DEMAIS COMPOSIÇÕES DE CUSTO'!L495","v":0}]
[{"$nulls":8},"Valor unitário com BDI após o desconto:",null,null,{"$f":"(L495-L496)","v":1.49}]
[]
[]
[]
[null,null,18,"Código","Banco","Descrição","Tipo",null,"Und","Quant.","Valor Unit","Total"]
[null,null,"Composição"," 5914374 ","SICRO3","Transporte com caminhão basculante de 10 m³ - rodovia em revestimento primário","",null,"tkm",1,0.96,0.96]
[null,null,"A","Código","Banco","Equipamentos","Quantidade","Utilização",null,"Custo Horário",null,"Custo Horário Total"]
[{"$nulls":7},"Operativa","Improdutiva","Operativa","Improdutiva"]
[null,null,"Insumo"," E9579 ","SICRO3","Caminhão basculante com capacidade de 10 m³ - 210 kW",1,1,0,292.34280000000001,81.740499999999997,292.34280000000001]
[{"$nulls":7},"Custo horário total de equipamentos",null,null,null,292.34280000000001]
[{"$nulls":7},"Custo horário total de execução",null,null,null,292.34280000000001]
[{"$nulls":7},"Produção de equipe",null,null,null,311.25]
[{"$nulls":7},"Custo unitário de execução",null,null,null,0.93930000000000002]
[{"$nulls":7},"Custo do FIC",null,null,null,2.5000000000000001E-2]
[{"$nulls":7},"Custo do FIT",null,null,null,0]
[{"$nulls":6},"MO sem LS =>",0,"LS =>",0,"MO com LS =>",0]
[{"$nulls":6},"Valor do BDI =>",{"$f":"TRUNC(CAPA!$D$14*L502,2)","v":0.22},null,"Valor com BDI =>",null,{"$f":"TRUNC(L502+H513,2)","v":1.18}]
[{"$nulls":8},"Desconto aplicado:",null,null,{"$f":"CAPA!D49*'DEMAIS COMPOSIÇÕES DE CUSTO'!L513","v":0}]
[{"$nulls":8},"Valor unitário com BDI após o desconto:",null,null,{"$f":"(L513-L514)","v":1.18}]
[]
[]
[]
[null,null,19,"Código","Banco","Descrição","Tipo",null,"Und","Quant.","Valor Unit","Total"]
[null,null,"Composição"," 5914389 ","SICRO3","Transporte com caminhão basculante de 10 m³ - rodovia pavimentada","",null,"tkm",1,0.78,0.78]
[null,null,"A","Código","Banco","Equipamentos","Quantidade","Utilização",null,"Custo Horário",null,"Custo Horário Total"]
[{"$nulls":7},"Operativa","Improdutiva","Operativa","Improdutiva"]
[null,null,"Insumo"," E9579 ","SICRO3","Caminhão basculante com capacidade de 10 m³ - 210 kW",1,1,0,292.34280000000001,81.740499999999997,292.34280000000001]
[{"$nulls":7},"Custo horário total de equipamentos",null,null,null,292.34280000000001]
[{"$nulls":7},"Custo horário total de execução",null,null,null,292.34280000000001]
[{"$nulls":7},"Produção de equipe",null,null,null,373.5]
[{"$nulls":7},"Custo unitário de execução",null,null,null,0.78269999999999995]
[{"$nulls":7},"Custo do FIC",null,null,null,0]
[{"$nulls":7},"Custo do FIT",null,null,null,0]
[{"$nulls":6},"MO sem LS =>",0,"LS =>",0,"MO com LS =>",0]
[{"$nulls":6},"Valor do BDI =>",{"$f":"TRUNC(CAPA!$D$14*L520,2)","v":0.18},null,"Valor com BDI =>",null,{"$f":"TRUNC(L520+H531,2)","v":0.96}]
[{"$nulls":8},"Desconto aplicado:",null,null,{"$f":"CAPA!D67*'DEMAIS COMPOSIÇÕES DE CUSTO'!L531","v":0}]
[{"$nulls":8},"Valor unitário com BDI após o desconto:",null,null,{"$f":"(L531-L532)","v":0.96}]
[]
[]
[]
[null,null,20,"Código","Banco","Descrição","Tipo",null,"Und","Quant.","Valor Unit","Total"]
[null,null,"Composição"," 5914449 ","SICRO3","Transporte com caminhão carroceria de 15 t - rodovia em leito natural","",null,"tkm",1,1.07,1.07]
[null,null,"A","Código","Banco","Equipamentos","Quantidade","Utilização",null,"Custo Horário",null,"Custo Horário Total"]
[{"$nulls":7},"Operativa","Improdutiva","Operativa","Improdutiva"]
[null,null,"Insumo"," E9592 ","SICRO3","Caminhão carroceria com capacidade de 15 t - 188 kW",1,1,0,269.8329,79.0518,269.8329]
[{"$nulls":7},"Custo horário total de equipamentos",null,null,null,269.8329]
[{"$nulls":7},"Custo horário total de execução",null,null,null,269.8329]
[{"$nulls":7},"Produção de equipe",null,null,null,259.04000000000002]
[{"$nulls":7},"Custo unitário de execução",null,null,null,1.0417000000000001]
[{"$nulls":7},"Custo do FIC",null,null,null,2.7699999999999999E-2]
[{"$nulls":7},"Custo do FIT",null,null,null,0]
[{"$nulls":6},"MO sem LS =>",0,"LS =>",0,"MO com LS =>",0]
[{"$nulls":6},"Valor do BDI =>",{"$f":"TRUNC(CAPA!$D$14*L538,2)","v":0.25},null,"Valor com BDI =>",null,{"$f":"TRUNC(L538+H549,2)","v":1.32}]
[{"$nulls":8},"Desconto aplicado:",null,null,{"$f":"CAPA!D85*'DEMAIS COMPOSIÇÕES DE CUSTO'!L549","v":0}]
[{"$nulls":8},"Valor unitário com BDI após o desconto:",null,null,{"$f":"(L549-L550)","v":1.32}]
[]
[]
[]
[null,null,21,"Código","Banco","Descrição","Tipo",null,"Und","Quant.","Valor Unit","Total"]
[null,null,"Composição"," 5914464 ","SICRO3","Transporte com caminhão carroceria de 15 t - rodovia em revestimento primário","",null,"tkm",1,0.86,0.86]
[null,null,"A","Código","Banco","Equipamentos","Quantidade","Utilização",null,"Custo Horário",null,"Custo Horário Total"]
[{"$nulls":7},"Operativa","Improdutiva","Operativa","Improdutiva"]
[null,null,"Insumo"," E9592 ","SICRO3","Caminhão carroceria com capacidade de 15 t - 188 kW",1,1,0,269.8329,79.0518,269.8329]
[{"$nulls":7},"Custo horário total de equipamentos",null,null,null,269.8329]
[{"$nulls":7},"Custo horário total de execução",null,null,null,269.8329]
[{"$nulls":7},"Produção de equipe",null,null,null,323.8]
[{"$nulls":7},"Custo unitário de execução",null,null,null,0.83330000000000004]
[{"$nulls":7},"Custo do FIC",null,null,null,2.2200000000000001E-2]
[{"$nulls":7},"Custo do FIT",null,null,null,0]
[{"$nulls":6},"MO sem LS =>",0,"LS =>",0,"MO com LS =>",0]
[{"$nulls":6},"Valor do BDI =>",{"$f":"TRUNC(CAPA!$D$14*L556,2)","v":0.2},null,"Valor com BDI =>",null,{"$f":"TRUNC(L556+H567,2)","v":1.06}]
[{"$nulls":8},"Desconto aplicado:",null,null,{"$f":"CAPA!D103*'DEMAIS COMPOSIÇÕES DE CUSTO'!L567","v":0}]
[{"$nulls":8},"Valor unitário com BDI após o desconto:",null,null,{"$f":"(L567-L568)","v":1.06}]
[]
[]
[]
[null,null,22,"Código","Banco","Descrição","Tipo",null,"Und","Quant.","Valor Unit","Total"]
[null,null,"Composição"," 5914479 ","SICRO3","Transporte com caminhão carroceria de 15 t - rodovia pavimentada","",null,"tkm",1,0.69,0.69]
[null,null,"A","Código","Banco","Equipamentos","Quantidade","Utilização",null,"Custo Horário",null,"Custo Horário Total"]
[{"$nulls":7},"Operativa","Improdutiva","Operativa","Improdutiva"]
[null,null,"Insumo"," E9592 ","SICRO3","Caminhão carroceria com capacidade de 15 t - 188 kW",1,1,0,269.8329,79.0518,269.8329]
[{"$nulls":7},"Custo horário total de equipamentos",null,null,null,269.8329]
[{"$nulls":7},"Custo horário total de execução",null,null,null,269.8329]
[{"$nulls":7},"Produção de equipe",null,null,null,388.56]
[{"$nulls":7},"Custo unitário de execução",null,null,null,0.69440000000000002]
[{"$nulls":7},"Custo do FIC",null,null,null,0]
[{"$nulls":7},"Custo do FIT",null,null,null,0]
[{"$nulls":6},"MO sem LS =>",0,"LS =>",0,"MO com LS =>",0]
[{"$nulls":6},"Valor do BDI =>",{"$f":"TRUNC(CAPA!$D$14*L574,2)","v":0.16},null,"Valor com BDI =>",null,{"$f":"TRUNC(L574+H585,2)","v":0.85}]
[{"$nulls":8},"Desconto aplicado:",null,null,{"$f":"CAPA!D121*'DEMAIS COMPOSIÇÕES DE CUSTO'!L585","v":0}]
[{"$nulls":8},"Valor unitário com BDI após o desconto:",null,null,{"$f":"(L585-L586)","v":0.85}]
[]
[]
[]
[null,null,23,"Código","Banco","Descrição","Tipo",null,"Und","Quant.","Valor Unit","Total"]
[null,null,"Composição"," 5914364 ","SICRO3","Transporte de cimento ou cal hidratada a granel com caminhão silo de 30 m³ - rodovia em leito natural","",null,"tkm",1,0.9,0.9]
[null,null,"A","Código","Banco","Equipamentos","Quantidade","Utilização",null,"Custo Horário",null,"Custo Horário Total"]
[{"$nulls":7},"Operativa","Improdutiva","Operativa","Improdutiva"]
[null,null,"Insumo"," E9146 ","SICRO3","Caminhão silo com capacidade de 30 m³ - 368 kW",1,1,0,608.08659999999998,133.58500000000001,608.08659999999998]
[{"$nulls":7},"Custo horário total de equipamentos",null,null,null,608.08659999999998]
[{"$nulls":7},"Custo horário total de execução",null,null,null,608.08659999999998]
[{"$nulls":7},"Produção de equipe",null,null,null,697.2]
[{"$nulls":7},"Custo unitário de execução",null,null,null,0.87219999999999998]
[{"$nulls":7},"Custo do FIC",null,null,null,2.3199999999999998E-2]
[{"$nulls":7},"Custo do FIT",null,null,null,0]
[{"$nulls":6},"MO sem LS =>",0,"LS =>",0,"MO com LS =>",0]
[{"$nulls":6},"Valor do BDI =>",{"$f":"TRUNC(CAPA!$D$14*L592,2)","v":0.21},null,"Valor com BDI =>",null,{"$f":"TRUNC(L592+H603,2)","v":1.1100000000000001}]
[{"$nulls":8},"Desconto aplicado:",null,null,{"$f":"CAPA!D139*'DEMAIS COMPOSIÇÕES DE CUSTO'!L603","v":0}]
[{"$nulls":8},"Valor unitário com BDI após o desconto:",null,null,{"$f":"(L603-L604)","v":1.1100000000000001}]
[]
[]
[]
[null,null,24,"Código","Banco","Descrição","Tipo",null,"Und","Quant.","Valor Unit","Total"]
[null,null,"Composição"," 5914365 ","SICRO3","Transporte de cimento ou cal hidratada a granel com caminhão silo de 30 m³ - rodovia em revestimento primário","",null,"tkm",1,0.72,0.72]
[null,null,"A","Código","Banco","Equipamentos","Quantidade","Utilização",null,"Custo Horário",null,"Custo Horário Total"]
[{"$nulls":7},"Operativa","Improdutiva","Operativa","Improdutiva"]
[null,null,"Insumo"," E9146 ","SICRO3","Caminhão silo com capacidade de 30 m³ - 368 kW",1,1,0,608.08659999999998,133.58500000000001,608.08659999999998]
[{"$nulls":7},"Custo horário total de equipamentos",null,null,null,608.08659999999998]
[{"$nulls":7},"Custo horário total de execução",null,null,null,608.08659999999998]
[{"$nulls":7},"Produção de equipe",null,null,null,871.5]
[{"$nulls":7},"Custo unitário de execução",null,null,null,0.69769999999999999]
[{"$nulls":7},"Custo do FIC",null,null,null,1.8599999999999998E-2]
[{"$nulls":7},"Custo do FIT",null,null,null,0]
[{"$nulls":6},"MO sem LS =>",0,"LS =>",0,"MO com LS =>",0]
[{"$nulls":6},"Valor do BDI =>",{"$f":"TRUNC(CAPA!$D$14*L610,2)","v":0.16},null,"Valor com BDI =>",null,{"$f":"TRUNC(L610+H621,2)","v":0.88}]
[{"$nulls":8},"Desconto aplicado:",null,null,{"$f":"CAPA!D157*'DEMAIS COMPOSIÇÕES DE CUSTO'!L621","v":0}]
[{"$nulls":8},"Valor unitário com BDI após o desconto:",null,null,{"$f":"(L621-L622)","v":0.88}]
[]
[]
[]
[null,null,25,"Código","Banco","Descrição","Tipo",null,"Und","Quant.","Valor Unit","Total"]
[null,null,"Composição"," 5914366 ","SICRO3","Transporte de cimento ou cal hidratada a granel com caminhão silo de 30 m³ - rodovia pavimentada","",null,"tkm",1,0.62,0.62]
[null,null,"A","Código","Banco","Equipamentos","Quantidade","Utilização",null,"Custo Horário",null,"Custo Horário Total"]
[{"$nulls":7},"Operativa","Improdutiva","Operativa","Improdutiva"]
[null,null,"Insumo"," E9146 ","SICRO3","Caminhão silo com capacidade de 30 m³ - 368 kW",1,1,0,608.08659999999998,133.58500000000001,608.08659999999998]
[{"$nulls":7},"Custo horário total de equipamentos",null,null,null,608.08659999999998]
[{"$nulls":7},"Custo horário total de execução",null,null,null,608.08659999999998]
[{"$nulls":7},"Produção de equipe",null,null,null,983.05]
[{"$nulls":7},"Custo unitário de execução",null,null,null,0.61860000000000004]
[{"$nulls":7},"Custo do FIC",null,null,null,0]
[{"$nulls":7},"Custo do FIT",null,null,null,0]
[{"$nulls":6},"MO sem LS =>",0,"LS =>",0,"MO com LS =>",0]
[{"$nulls":6},"Valor do BDI =>",{"$f":"TRUNC(CAPA!$D$14*L628,2)","v":0.14000000000000001},null,"Valor com BDI =>",null,{"$f":"TRUNC(L628+H639,2)","v":0.76}]
[{"$nulls":8},"Desconto aplicado:",null,null,{"$f":"CAPA!D175*'DEMAIS COMPOSIÇÕES DE CUSTO'!L639","v":0}]
[{"$nulls":8},"Valor unitário com BDI após o desconto:",null,null,{"$f":"(L639-L640)","v":0.76}]
{"$rows_empty":11}
[null,null,"Composições Auxiliares"]
[null,null,null,"Código","Banco","Descrição","Tipo",null,"Und","Quant.","Valor Unit","Total"]
[null,null,"Composição"," 1109669 ","SICRO3","Argamassa de cimento e areia 1:3 - confecção em betoneira e lançamento manual - areia comercial","",null,"m³",1,525.85,525.85]
[null,null,"A","Código","Banco","Equipamentos","Quantidade","Utilização",null,"Custo Horário",null,"Custo Horário Total"]
[{"$nulls":7},"Operativa","Improdutiva","Operativa","Improdutiva"]
[null,null,"Insumo"," E9519 ","SICRO3","Betoneira com motor a gasolina com capacidade de 600 l - 10 kW",1,1,0,52.5914,31.466899999999999,52.5914]
[null,null,"Insumo"," E9064 ","SICRO3","Transportador manual gerica com capacidade de 180 l",3,0.38,0.62,1.7391000000000001,1.1822999999999999,4.1817000000000002]
[null,null,"Insumo"," E9071 ","SICRO3","Transportador manual carrinho de mão com capacidade de 80 l",3,0.95,0.05,0.75270000000000004,0.51170000000000004,2.222]
[{"$nulls":7},"Custo horário total de equipamentos",null,null,null,58.995100000000001]
[null,null,"B","Código","Banco","Mão de Obra","Quantidade","Custo Horário",null,null,null,"Custo Horário Total"]
[null,null,"Insumo"," P9824 ","SICRO3","Servente",8,null,null,null,"21,3406","170,7248"]
[null,null,"Insumo"," P9821 ","SICRO3","Pedreiro",1,null,null,null,"27,6343","27,6343"]
[{"$nulls":7},"Adicional de Mão de obra (%)",null,null,null,0]
[{"$nulls":7},"Custo horário total de mão de obra",null,null,null,198.35910000000001]
[{"$nulls":7},"Custo horário total de execução",null,null,null,257.35419999999999]
[{"$nulls":7},"Produção de equipe",null,null,null,4.2203400000000002]
[{"$nulls":7},"Custo unitário de execução",null,null,null,60.979500000000002]
[{"$nulls":7},"Custo do FIC",null,null,null,0]
[{"$nulls":7},"Custo do FIT",null,null,null,0]
[null,null,"C","Código","Banco","MATERIAL","Quantidade","Unidade","Preço Unitário",null,null,"Custo Horário"]
[null,null,"Insumo"," M0082 ","SICRO3","Areia média lavada",1.0043500000000001,"m³","105,8377",null,null,"106,2981"]
[null,null,"Insumo"," M0424 ","SICRO3","Cimento Portland CP II - 32 - saco",458.01186999999999,"kg","0,7450",null,null,"341,2188"]
[{"$nulls":7},"Custo unitário total de material",null,null,null,447.51690000000002]
[null,null,"E","Tempo Fixo","Banco","Descrição","Carga","Quantidade","Unidade","Preço Unitário",null,"Custo Horário"]
[null,null,"Composição"," 5914655 ","SICRO3","Carga, manobra e descarga de materiais diversos em caminhão carroceria de 15 t - carga e descarga manuais","M0424",0.45800999999999997,"t",32.24,null,14.7662]
[null,null,"Composição"," 5914647 ","SICRO3","Carga, manobra e descarga de agregados ou solos em caminhão basculante de 10 m³ - carga com carregadeira de 3,40 m³ (exclusa) e descarga livre","M0082",1.5065299999999999,"t",1.72,null,2.5912000000000002]
[{"$nulls":7},"Custo Total dos Tempos Fixos",null,null,null,17.357399999999998]
[null,null,"F","Momento de Transporte","Banco","Descrição","Quantidade","Distância Média de Transporte (DMT)",null,null,null,"Custo Horário"]
[{"$nulls":7},"LN","RP","P","FE"]
[null,null,"Insumo","M0082","SICRO3","Areia média lavada",1.5065299999999999,"5914359\n0,00\n1,21\n0,0000","5914374\n0,00\n0,96\n0,0000","5914389\n0,00\n0,78\n0,0000","--",0]
[null,null,"Insumo","M0424","SICRO3","Cimento Portland CP II - 32 - saco",0.45800999999999997,"5914449\n0,00\n1,07\n0,0000","5914464\n0,00\n0,86\n0,0000","5914479\n0,00\n0,69\n0,0000","--",0]
[{"$nulls":7},"Custo total de transporte",null,null,null,0]
[{"$nulls":6},"MO sem LS =>",0,"LS =>",51.75,"MO com LS =>",51.753190592651528]
[{"$nulls":6},"Valor do BDI =>",122.99,null,"Valor com BDI =>",null,648.84]
[]
[null,null,null,"Código","Banco","Descrição","Tipo",null,"Und","Quant.","Valor Unit","Total"]
[null,null,"Composição"," 88262 ","SINAPI","CARPINTEIRO DE FORMAS COM ENCARGOS COMPLEMENTARES","SEDI - SERVIÇOS DIVERSOS",null,"H",1,28.47,28.47]
[null,null,"Composição Auxiliar"," 95330 ","SINAPI","CURSO DE CAPACITAÇÃO PARA CARPINTEIRO DE FÔRMAS (ENCARGOS COMPLEMENTARES) - HORISTA","SEDI - SERVIÇOS DIVERSOS",null,"H",1,0.23,0.23]
[null,null,"Insumo"," 00043483 ","SINAPI","EPI - FAMILIA CARPINTEIRO DE FORMAS - HORISTA (ENCARGOS COMPLEMENTARES - COLETADO CAIXA)","Equipamento",null,"H",1,1.43,1.43]
[null,null,"Insumo"," 00037372 ","SINAPI","EXAMES - HORISTA (COLETADO CAIXA - ENCARGOS COMPLEMENTARES)","Material",null,"H",1,1.43,1.43]
[null,null,"Insumo"," 00043459 ","SINAPI","FERRAMENTAS - FAMILIA CARPINTEIRO DE FORMAS - HORISTA (ENCARGOS COMPLEMENTARES - COLETADO CAIXA)","Equipamento",null,"H",1,0.44,0.44]
[null,null,"Insumo"," 00037373 ","SINAPI","SEGURO - HORISTA (COLETADO CAIXA - ENCARGOS COMPLEMENTARES)","Taxas",null,"H",1,0.08,0.08]
[null,null,"Insumo"," 00037370 ","SINAPI","ALIMENTACAO - HORISTA (COLETADO CAIXA - ENCARGOS COMPLEMENTARES)","Material",null,"H",1,4.2300000000000004,4.2300000000000004]
[null,null,"Insumo"," 00001213 ","SINAPI","CARPINTEIRO DE FORMAS PARA CONCRETO (HORISTA)","Mão de Obra",null,"H",1,20.03,20.03]
[null,null,"Insumo"," 00037371 ","SINAPI","TRANSPORTE - HORISTA (COLETADO CAIXA - ENCARGOS COMPLEMENTARES)","Serviços",null,"H",1,0.6,0.6]
[{"$nulls":6},"MO sem LS =>",20.260000000000002,"LS =>",0,"MO com LS =>",20.260000000000002]
[{"$nulls":6},"Valor do BDI =>",6.65,null,"Valor com BDI =>",null,35.119999999999997]
[]
[null,null,null,"Código","Banco","Descrição","Tipo",null,"Und","Quant.","Valor Unit","Total"]
[null,null,"Composição"," 95330 ","SINAPI","CURSO DE CAPACITAÇÃO PARA CARPINTEIRO DE FÔRMAS (ENCARGOS COMPLEMENTARES) - HORISTA","SEDI - SERVIÇOS DIVERSOS",null,"H",1,0.23,0.23]
[null,null,"Insumo"," 00001213 ","SINAPI","CARPINTEIRO DE FORMAS PARA CONCRETO (HORISTA)","Mão de Obra",null,"H",1.154E-2,20.03,0.23]
[{"$nulls":6},"MO sem LS =>",0.23,"LS =>",0,"MO com LS =>",0.23]
[{"$nulls":6},"Valor do BDI =>",0.05,null,"Valor com BDI =>",null,0.28000000000000003]
[]
[null,null,null,"Código","Banco","Descrição","Tipo",null,"Und","Quant.","Valor Unit","Total"]
[null,null,"Composição"," 95372 ","SINAPI","CURSO DE CAPACITAÇÃO PARA PINTOR (ENCARGOS COMPLEMENTARES) - HORISTA","SEDI - SERVIÇOS DIVERSOS",null,"H",1,0.32,0.32]
[null,null,"Insumo"," 00004783 ","SINAPI","PINTOR (HORISTA)","Mão de Obra",null,"H",1.4760000000000001E-2,21.84,0.32]
[{"$nulls":6},"MO sem LS =>",0.32,"LS =>",0,"MO com LS =>",0.32]
[{"$nulls":6},"Valor do BDI =>",7.0000000000000007E-2,null,"Valor com BDI =>",null,0.39]
[]
[null,null,null,"Código","Banco","Descrição","Tipo",null,"Und","Quant.","Valor Unit","Total"]
[null,null,"Composição"," 95378 ","SINAPI","CURSO DE CAPACITAÇÃO PARA SERVENTE (ENCARGOS COMPLEMENTARES) - HORISTA","SEDI - SERVIÇOS DIVERSOS",null,"H",1,0.31,0.31]
[null,null,"Insumo"," 00006111 ","SINAPI","SERVENTE DE OBRAS (HORISTA)","Mão de Obra",null,"H",2.12E-2,14.67,0.31]
[{"$nulls":6},"MO sem LS =>",0.31,"LS =>",0,"MO com LS =>",0.31]
[{"$nulls":6},"Valor do BDI =>",7.0000000000000007E-2,null,"Valor com BDI =>",null,0.38]
[]
[null,null,null,"Código","Banco","Descrição","Tipo",null,"Und","Quant.","Valor Unit","Total"]
[null,null,"Composição"," 5914647 ","SICRO3","Carga, manobra e descarga de agregados ou solos em caminhão basculante de 10 m³ - carga com carregadeira de 3,40 m³ (exclusa) e descarga livre","",null,"t",1,1.72,1.72]
[null,null,"A","Código","Banco","Equipamentos","Quantidade","Utilização",null,"Custo Horário",null,"Custo Horário Total"]
[{"$nulls":7},"Operativa","Improdutiva","Operativa","Improdutiva"]
[null,null,"Insumo"," E9579 ","SICRO3","Caminhão basculante com capacidade de 10 m³ - 210 kW",3,0.86,0.14000000000000001,292.34280000000001,81.740499999999997,788.57539999999995]
[{"$nulls":7},"Custo horário total de equipamentos",null,null,null,788.57539999999995]
[{"$nulls":7},"Custo horário total de execução",null,null,null,788.57539999999995]
[{"$nulls":7},"Produção de equipe",null,null,null,457.16]
[{"$nulls":7},"Custo unitário de execução",null,null,null,1.7249000000000001]
[{"$nulls":7},"Custo do FIC",null,null,null,0]
[{"$nulls":7},"Custo do FIT",null,null,null,0]
[{"$nulls":6},"MO sem LS =>",0,"LS =>",0,"MO com LS =>",0]
[{"$nulls":6},"Valor do BDI =>",0.4,null,"Valor com BDI =>",null,2.12]
[]
[null,null,null,"Código","Banco","Descrição","Tipo",null,"Und","Quant.","Valor Unit","Total"]
[null,null,"Composição"," 5914354 ","SICRO3","Carga, manobra e descarga de agregados ou solos em caminhão basculante de 10 m³ - carga com escavadeira de 1,56 m³ (exclusa) e descarga livre","",null,"t",1,1.8,1.8]
[null,null,"A","Código","Banco","Equipamentos","Quantidade","Utilização",null,"Custo Horário",null,"Custo Horário Total"]
[{"$nulls":7},"Operativa","Improdutiva","Operativa","Improdutiva"]
[null,null,"Insumo"," E9579 ","SICRO3","Caminhão basculante com capacidade de 10 m³ - 210 kW",3,0.84,0.16,292.34280000000001,81.740499999999997,775.9393]
[{"$nulls":7},"Custo horário total de equipamentos",null,null,null,775.9393]
[{"$nulls":7},"Custo horário total de execução",null,null,null,775.9393]
[{"$nulls":7},"Produção de equipe",null,null,null,431.6]
[{"$nulls":7},"Custo unitário de execução",null,null,null,1.7978000000000001]
[{"$nulls":7},"Custo do FIC",null,null,null,0]
[{"$nulls":7},"Custo do FIT",null,null,null,0]
[{"$nulls":6},"MO sem LS =>",0,"LS =>",0,"MO com LS =>",0]
[{"$nulls":6},"Valor do BDI =>",0.42,null,"Valor com BDI =>",null,2.2200000000000002]
[]
[null,null,null,"Código","Banco","Descrição","Tipo",null,"Und","Quant.","Valor Unit","Total"]
[null,null,"Composição"," 5914363 ","SICRO3","Carga, manobra e descarga de cimento ou cal hidratada a granel em caminhão silo de 30 m³","",null,"t",1,17.440000000000001,17.440000000000001]
[null,null,"A","Código","Banco","Equipamentos","Quantidade","Utilização",null,"Custo Horário",null,"Custo Horário Total"]
[{"$nulls":7},"Operativa","Improdutiva","Operativa","Improdutiva"]
[null,null,"Insumo"," E9146 ","SICRO3","Caminhão silo com capacidade de 30 m³ - 368 kW",1,1,0,608.08659999999998,133.58500000000001,608.08659999999998]
[{"$nulls":7},"Custo horário total de equipamentos",null,null,null,608.08659999999998]
[{"$nulls":7},"Custo horário total de execução",null,null,null,608.08659999999998]
[{"$nulls":7},"Produção de equipe",null,null,null,34.86]
[{"$nulls":7},"Custo unitário de execução",null,null,null,17.4437]
[{"$nulls":7},"Custo do FIC",null,null,null,0]
[{"$nulls":7},"Custo do FIT",null,null,null,0]
[{"$nulls":6},"MO sem LS =>",0,"LS =>",0,"MO com LS =>",0]
[{"$nulls":6},"Valor do BDI =>",4.07,null,"Valor com BDI =>",null,21.51]
[]
[null,null,null,"Código","Banco","Descrição","Tipo",null,"Und","Quant.","Valor Unit","Total"]
[null,null,"Composição"," 5914333 ","SICRO3","Carga, manobra e descarga de materiais diversos em caminhão carroceria de 15 t - carga e descarga com caminhão guindauto com capacidade de elevação de 6,2 t","",null,"t",1,32.17,32.17]
[null,null,"A","Código","Banco","Equipamentos","Quantidade","Utilização",null,"Custo Horário",null,"Custo Horário Total"]
[{"$nulls":7},"Operativa","Improdutiva","Operativa","Improdutiva"]
[null,null,"Insumo"," E9592 ","SICRO3","Caminhão carroceria com capacidade de 15 t - 188 kW",2,0.5,0.5,269.8329,79.0518,348.88470000000001]
[null,null,"Insumo"," E9686 ","SICRO3","Caminhão guindauto com capacidade de elevação de 6,2 t e carroceria de 7 t - 136 kW",1,1,0,295.83920000000001,97.975399999999993,295.83920000000001]
[{"$nulls":7},"Custo horário total de equipamentos",null,null,null,644.72389999999996]
[null,null,"B","Código","Banco","Mão de Obra","Quantidade","Custo Horário",null,null,null,"Custo Horário Total"]
[null,null,"Insumo"," P9824 ","SICRO3","Servente",2,null,null,null,"21,3406","42,6812"]
[{"$nulls":7},"Adicional de Mão de obra (%)",null,null,null,0]
[{"$nulls":7},"Custo horário total de mão de obra",null,null,null,42.681199999999997]
[{"$nulls":7},"Custo horário total de execução",null,null,null,687.40509999999995]
[{"$nulls":7},"Produção de equipe",null,null,null,21.37]
[{"$nulls":7},"Custo unitário de execução",null,null,null,32.166800000000002]
[{"$nulls":7},"Custo do FIC",null,null,null,0]
[{"$nulls":7},"Custo do FIT",null,null,null,0]
[{"$nulls":6},"MO sem LS =>",0,"LS =>",2,"MO com LS =>",1.9972484791764156]
[{"$nulls":6},"Valor do BDI =>",7.52,null,"Valor com BDI =>",null,39.69]
[]
[null,null,null,"Código","Banco","Descrição","Tipo",null,"Und","Quant.","Valor Unit","Total"]
[null,null,"Composição"," 5914655 ","SICRO3","Carga, manobra e descarga de materiais diversos em caminhão carroceria de 15 t - carga e descarga manuais","",null,"t",1,32.24,32.24]
[null,null,"A","Código","Banco","Equipamentos","Quantidade","Utilização",null,"Custo Horário",null,"Custo Horário Total"]
[{"$nulls":7},"Operativa","Improdutiva","Operativa","Improdutiva"]
[null,null,"Insumo"," E9592 ","SICRO3","Caminhão carroceria com capacidade de 15 t - 188 kW",1,1,0,269.8329,79.0518,269.8329]
[{"$nulls":7},"Custo horário total de equipamentos",null,null,null,269.8329]
[null,null,"B","Código","Banco","Mão de Obra","Quantidade","Custo Horário",null,null,null,"Custo Horário Total"]
[null,null,"Insumo"," P9824 ","SICRO3","Servente",6,null,null,null,"21,3406","128,0436"]
[{"$nulls":7},"Adicional de Mão de obra (%)",null,null,null,0]
[{"$nulls":7},"Custo horário total de mão de obra",null,null,null,128.0436]
[{"$nulls":7},"Custo horário total de execução",null,null,null,397.87650000000002]
[{"$nulls":7},"Produção de equipe",null,null,null,12.34]
[{"$nulls":7},"Custo unitário de execução",null,null,null,32.242800000000003]
[{"$nulls":7},"Custo do FIC",null,null,null,0]
[{"$nulls":7},"Custo do FIT",null,null,null,0]
[{"$nulls":6},"MO sem LS =>",0,"LS =>",10.38,"MO com LS =>",10.376304700162075]
[{"$nulls":6},"Valor do BDI =>",7.54,null,"Valor com BDI =>",null,39.78]
[]
[null,null,null,"Código","Banco","Descrição","Tipo",null,"Und","Quant.","Valor Unit","Total"]
[null,null,"Composição"," 5914649 ","SICRO3","Carga, manobra e descarga de mistura betuminosa a quente em caminhão basculante de 10 m³ - carga em usina de asfalto 100/140 t/h e descarga em vibroacabadora","",null,"t",1,7.6,7.6]
[null,null,"A","Código","Banco","Equipamentos","Quantidade","Utilização",null,"Custo Horário",null,"Custo Horário Total"]
[{"$nulls":7},"Operativa","Improdutiva","Operativa","Improdutiva"]
[null,null,"Insumo"," E9579 ","SICRO3","Caminhão basculante com capacidade de 10 m³ - 210 kW",3,0.81,0.19,292.34280000000001,81.740499999999997,756.98509999999999]
[{"$nulls":7},"Custo horário total de equipamentos",null,null,null,756.98509999999999]
[{"$nulls":7},"Custo horário total de execução",null,null,null,756.98509999999999]
[{"$nulls":7},"Produção de equipe",null,null,null,99.6]
[{"$nulls":7},"Custo unitário de execução",null,null,null,7.6002999999999998]
[{"$nulls":7},"Custo do FIC",null,null,null,0]
[{"$nulls":7},"Custo do FIT",null,null,null,0]
[{"$nulls":6},"MO sem LS =>",0,"LS =>",0,"MO com LS =>",0]
[{"$nulls":6},"Valor do BDI =>",1.77,null,"Valor com BDI =>",null,9.3699999999999992]
[]
[null,null,null,"Código","Banco","Descrição","Tipo",null,"Und","Quant.","Valor Unit","Total"]
[null,null,"Composição"," 1107892 ","SICRO3","Concreto fck = 20 MPa - confecção em betoneira e lançamento manual - areia e brita comerciais","",null,"m³",1,486.86,486.86]
[null,null,"A","Código","Banco","Equipamentos","Quantidade","Utilização",null,"Custo Horário",null,"Custo Horário Total"]
[{"$nulls":7},"Operativa","Improdutiva","Operativa","Improdutiva"]
[null,null,"Insumo"," E9071 ","SICRO3","Transportador manual carrinho de mão com capacidade de 80 l",4,0.9,0.1,0.75270000000000004,0.51170000000000004,2.9144000000000001]
[null,null,"Insumo"," E9519 ","SICRO3","Betoneira com motor a gasolina com capacidade de 600 l - 10 kW",1,1,0,52.5914,31.466899999999999,52.5914]
[null,null,"Insumo"," E9064 ","SICRO3","Transportador manual gerica com capacidade de 180 l",3,0.41,0.59,1.7391000000000001,1.1822999999999999,4.2317999999999998]
[null,null,"Insumo"," E9010 ","SICRO3","Balança plataforma digital à bateria, com mesa de 75 x 75 cm e capacidade de 500 kg",1,1,0,1.2582,0.84519999999999995,1.2582]
[{"$nulls":7},"Custo horário total de equipamentos",null,null,null,60.995800000000003]
[null,null,"B","Código","Banco","Mão de Obra","Quantidade","Custo Horário",null,null,null,"Custo Horário Total"]
[null,null,"Insumo"," P9824 ","SICRO3","Servente",9,null,null,null,"21,3406","192,0654"]
[null,null,"Insumo"," P9821 ","SICRO3","Pedreiro",1,null,null,null,"27,6343","27,6343"]
[{"$nulls":7},"Adicional de Mão de obra (%)",null,null,null,0]
[{"$nulls":7},"Custo horário total de mão de obra",null,null,null,219.69970000000001]
[{"$nulls":7},"Custo horário total de execução",null,null,null,280.69549999999998]
[{"$nulls":7},"Produção de equipe",null,null,null,3.9289900000000002]
[{"$nulls":7},"Custo unitário de execução",null,null,null,71.4422]
[{"$nulls":7},"Custo do FIC",null,null,null,0]
[{"$nulls":7},"Custo do FIT",null,null,null,0]
[null,null,"C","Código","Banco","MATERIAL","Quantidade","Unidade","Preço Unitário",null,null,"Custo Horário"]
[null,null,"Insumo"," M0030 ","SICRO3","Aditivo plastificante e retardador de pega para concreto e argamassa",0.84645999999999999,"kg","7,4078",null,null,"6,2704"]
[null,null,"Insumo"," M0192 ","SICRO3","Brita 2",0.36753999999999998,"m³","160,4255",null,null,"58,9628"]
[null,null,"Insumo"," M0424 ","SICRO3","Cimento Portland CP II - 32 - saco",282.15206999999998,"kg","0,7450",null,null,"210,2033"]
[null,null,"Insumo"," M0191 ","SICRO3","Brita 1",0.36753999999999998,"m³","164,0601",null,null,"60,2986"]
[null,null,"Insumo"," M0082 ","SICRO3","Areia média lavada",0.63334000000000001,"m³","105,8377",null,null,"67,0312"]
[{"$nulls":7},"Custo unitário total de material",null,null,null,402.7663]
[null,null,"E","Tempo Fixo","Banco","Descrição","Carga","Quantidade","Unidade","Preço Unitário",null,"Custo Horário"]
[null,null,"Composição"," 5914655 ","SICRO3","Carga, manobra e descarga de materiais diversos em caminhão carroceria de 15 t - carga e descarga manuais","M0424",0.28215000000000001,"t",32.24,null,9.0965000000000007]
[null,null,"Composição"," 5914655 ","SICRO3","Carga, manobra e descarga de materiais diversos em caminhão carroceria de 15 t - carga e descarga manuais","M0030",8.4999999999999995E-4,"t",32.24,null,2.7400000000000001E-2]
[null,null,"Composição"," 5914647 ","SICRO3","Carga, manobra e descarga de agregados ou solos em caminhão basculante de 10 m³ - carga com carregadeira de 3,40 m³ (exclusa) e descarga livre","M0082",0.95001000000000002,"t",1.72,null,1.6339999999999999]
[null,null,"Composição"," 5914647 ","SICRO3","Carga, manobra e descarga de agregados ou solos em caminhão basculante de 10 m³ - carga com carregadeira de 3,40 m³ (exclusa) e descarga livre","M0192",0.55130999999999997,"t",1.72,null,0.94830000000000003]
[null,null,"Composição"," 5914647 ","SICRO3","Carga, manobra e descarga de agregados ou solos em caminhão basculante de 10 m³ - carga com carregadeira de 3,40 m³ (exclusa) e descarga livre","M0191",0.55130999999999997,"t",1.72,null,0.94830000000000003]
[{"$nulls":7},"Custo Total dos Tempos Fixos",null,null,null,12.654500000000001]
[null,null,"F","Momento de Transporte","Banco","Descrição","Quantidade","Distância Média de Transporte (DMT)",null,null,null,"Custo Horário"]
[{"$nulls":7},"LN","RP","P","FE"]
[null,null,"Insumo","M0191","SICRO3","Brita 1",0.55130999999999997,"5914359\n0,00\n1,21\n0,0000","5914374\n0,00\n0,96\n0,0000","5914389\n0,00\n0,78\n0,0000","--",0]
[null,null,"Insumo","M0030","SICRO3","Aditivo plastificante e retardador de pega para concreto e argamassa",8.4999999999999995E-4,"5914449\n0,00\n1,07\n0,0000","5914464\n0,00\n0,86\n0,0000","5914479\n0,00\n0,69\n0,0000","--",0]
[null,null,"Insumo","M0082","SICRO3","Areia média lavada",0.95001000000000002,"5914359\n0,00\n1,21\n0,0000","5914374\n0,00\n0,96\n0,0000","5914389\n0,00\n0,78\n0,0000","--",0]
[null,null,"Insumo","M0424","SICRO3","Cimento Portland CP II - 32 - saco",0.28215000000000001,"5914449\n0,00\n1,07\n0,0000","5914464\n0,00\n0,86\n0,0000","5914479\n0,00\n0,69\n0,0000","--",0]
[null,null,"Insumo","M0192","SICRO3","Brita 2",0.55130999999999997,"5914359\n0,00\n1,21\n0,0000","5914374\n0,00\n0,96\n0,0000","5914389\n0,00\n0,78\n0,0000","--",0]
[{"$nulls":7},"Custo total de transporte",null,null,null,0]
[{"$nulls":6},"MO sem LS =>",0,"LS =>",58.85,"MO com LS =>",58.85409646379879]
[{"$nulls":6},"Valor do BDI =>",113.87,null,"Valor com BDI =>",null,600.73]
[]
[null,null,null,"Código","Banco","Descrição","Tipo",null,"Und","Quant.","Valor Unit","Total"]
[null,null,"Composição"," 4016096 ","SICRO3","Escavação e carga de material de jazida com escavadeira hidráulica de 1,56 m³","",null,"m³",1,1.47,1.47]
[null,null,"A","Código","Banco","Equipamentos","Quantidade","Utilização",null,"Custo Horário",null,"Custo Horário Total"]
[{"$nulls":7},"Operativa","Improdutiva","Operativa","Improdutiva"]
[null,null,"Insumo"," E9515 ","SICRO3","Escavadeira hidráulica sobre esteiras com caçamba com capacidade de 1,56 m³ - 118 kW",1,1,0,307.88560000000001,139.51150000000001,307.88560000000001]
[{"$nulls":7},"Custo horário total de equipamentos",null,null,null,307.88560000000001]
[null,null,"B","Código","Banco","Mão de Obra","Quantidade","Custo Horário",null,null,null,"Custo Horário Total"]
[null,null,"Insumo"," P9824 ","SICRO3","Servente",1,null,null,null,"21,3406","21,3406"]
[{"$nulls":7},"Adicional de Mão de obra (%)",null,null,null,0]
[{"$nulls":7},"Custo horário total de mão de obra",null,null,null,21.340599999999998]
[{"$nulls":7},"Custo horário total de execução",null,null,null,329.22620000000001]
[{"$nulls":7},"Produção de equipe",null,null,null,230.19]
[{"$nulls":7},"Custo unitário de execução",null,null,null,1.4301999999999999]
[{"$nulls":7},"Custo do FIC",null,null,null,3.8100000000000002E-2]
[{"$nulls":7},"Custo do FIT",null,null,null,0]
[{"$nulls":6},"MO sem LS =>",0,"LS =>",0.09,"MO com LS =>",9.2708631999652458E-2]
[{"$nulls":6},"Valor do BDI =>",0.34,null,"Valor com BDI =>",null,1.81]
[]
[null,null,null,"Código","Banco","Descrição","Tipo",null,"Und","Quant.","Valor Unit","Total"]
[null,null,"Composição"," 4805750 ","SICRO3","Escavação manual em material de 1ª categoria na profundidade de até 1 m","",null,"m³",1,43.82,43.82]
[null,null,"B","Código","Banco","Mão de Obra","Quantidade","Custo Horário",null,null,null,"Custo Horário Total"]
[null,null,"Insumo"," P9824 ","SICRO3","Servente",1,null,null,null,"21,3406","21,3406"]
[{"$nulls":7},"Adicional de Mão de obra (%)",null,null,null,0]
[{"$nulls":7},"Custo horário total de mão de obra",null,null,null,21.340599999999998]
[{"$nulls":7},"Custo horário total de execução",null,null,null,21.340599999999998]
[{"$nulls":7},"Produção de equipe",null,null,null,0.5]
[{"$nulls":7},"Custo unitário de execução",null,null,null,42.681199999999997]
[{"$nulls":7},"Custo do FIC",null,null,null,1.1366000000000001]
[{"$nulls":7},"Custo do FIT",null,null,null,0]
[{"$nulls":6},"MO sem LS =>",0,"LS =>",42.68,"MO com LS =>",42.681199999999997]
[{"$nulls":6},"Valor do BDI =>",10.24,null,"Valor com BDI =>",null,54.06]
[]
[null,null,null,"Código","Banco","Descrição","Tipo",null,"Und","Quant.","Valor Unit","Total"]
[null,null,"Composição"," 3103302 ","SICRO3","Fôrmas de tábuas de pinho para dispositivos de drenagem - utilização de 3 vezes - confecção, instalação e retirada","",null,"m²",1,84.32,84.32]
[null,null,"A","Código","Banco","Equipamentos","Quantidade","Utilização",null,"Custo Horário",null,"Custo Horário Total"]
[{"$nulls":7},"Operativa","Improdutiva","Operativa","Improdutiva"]
[null,null,"Insumo"," E9535 ","SICRO3","Serra circular com bancada - D = 30 cm - 4 kW",9.3719999999999998E-2,1,0,28.6661,28.3033,2.6865999999999999]
[null,null,"Insumo"," E9066 ","SICRO3","Grupo gerador - 14 kVA",9.3719999999999998E-2,1,0,18.790400000000002,4.7742000000000004,1.7609999999999999]
[{"$nulls":7},"Custo horário total de equipamentos",null,null,null,4.4476000000000004]
[null,null,"B","Código","Banco","Mão de Obra","Quantidade","Custo Horário",null,null,null,"Custo Horário Total"]
[null,null,"Insumo"," P9808 ","SICRO3","Carpinteiro",0.9,null,null,null,"27,9922","25,1930"]
[null,null,"Insumo"," P9801 ","SICRO3","Ajudante",0.9,null,null,null,"21,7228","19,5505"]
[{"$nulls":7},"Adicional de Mão de obra (%)",null,null,null,0]
[{"$nulls":7},"Custo horário total de mão de obra",null,null,null,44.743499999999997]
[{"$nulls":7},"Custo horário total de execução",null,null,null,49.191099999999999]
[{"$nulls":7},"Produção de equipe",null,null,null,1]
[{"$nulls":7},"Custo unitário de execução",null,null,null,49.191099999999999]
[{"$nulls":7},"Custo do FIC",null,null,null,0]
[{"$nulls":7},"Custo do FIT",null,null,null,0]
[null,null,"C","Código","Banco","MATERIAL","Quantidade","Unidade","Preço Unitário",null,null,"Custo Horário"]
[null,null,"Insumo"," M0290 ","SICRO3","Tábua - E = 2,5 cm e L = 10 cm",1.21489,"m","6,3309",null,null,"7,6913"]
[null,null,"Insumo"," M0560 ","SICRO3","Desmoldante para fôrmas de madeira",1.8519999999999998E-2,"l","13,3363",null,null,"0,2470"]
[null,null,"Insumo"," M1429 ","SICRO3","Tábua de pinho de terceira - E = 2,5 cm",0.40429999999999999,"m²","65,3534",null,null,"26,4224"]
[null,null,"Insumo"," M1205 ","SICRO3","Prego de ferro",2.3650000000000001E-2,"kg","14,5221",null,null,"0,3434"]
[{"$nulls":7},"Custo unitário total de material",null,null,null,34.704099999999997]
[null,null,"E","Tempo Fixo","Banco","Descrição","Carga","Quantidade","Unidade","Preço Unitário",null,"Custo Horário"]
[null,null,"Composição"," 5914655 ","SICRO3","Carga, manobra e descarga de materiais diversos em caminhão carroceria de 15 t - carga e descarga manuais","M0290",3.0400000000000002E-3,"t",32.24,null,9.8000000000000004E-2]
[null,null,"Composição"," 5914655 ","SICRO3","Carga, manobra e descarga de materiais diversos em caminhão carroceria de 15 t - carga e descarga manuais","M1205",2.0000000000000002E-5,"t",32.24,null,5.9999999999999995E-4]
[null,null,"Composição"," 5914655 ","SICRO3","Carga, manobra e descarga de materiais diversos em caminhão carroceria de 15 t - carga e descarga manuais","M1429",1.0109999999999999E-2,"t",32.24,null,0.32590000000000002]
[null,null,"Composição"," 5914655 ","SICRO3","Carga, manobra e descarga de materiais diversos em caminhão carroceria de 15 t - carga e descarga manuais","M0560",2.0000000000000002E-5,"t",32.24,null,5.9999999999999995E-4]
[{"$nulls":7},"Custo Total dos Tempos Fixos",null,null,null,0.42509999999999998]
[null,null,"F","Momento de Transporte","Banco","Descrição","Quantidade","Distância Média de Transporte (DMT)",null,null,null,"Custo Horário"]
[{"$nulls":7},"LN","RP","P","FE"]
[null,null,"Insumo","M1205","SICRO3","Prego de ferro",2.0000000000000002E-5,"5914449\n0,00\n1,07\n0,0000","5914464\n0,00\n0,86\n0,0000","5914479\n0,00\n0,69\n0,0000","--",0]
[null,null,"Insumo","M1429","SICRO3","Tábua de pinho de terceira - E = 2,5 cm",1.0109999999999999E-2,"5914449\n0,00\n1,07\n0,0000","5914464\n0,00\n0,86\n0,0000","5914479\n0,00\n0,69\n0,0000","--",0]
[null,null,"Insumo","M0560","SICRO3","Desmoldante para fôrmas de madeira",2.0000000000000002E-5,"5914449\n0,00\n1,07\n0,0000","5914464\n0,00\n0,86\n0,0000","5914479\n0,00\n0,69\n0,0000","--",0]
[null,null,"Insumo","M0290","SICRO3","Tábua - E = 2,5 cm e L = 10 cm",3.0400000000000002E-3,"5914449\n0,00\n1,07\n0,0000","5914464\n0,00\n0,86\n0,0000","5914479\n0,00\n0,69\n0,0000","--",0]
[{"$nulls":7},"Custo total de transporte",null,null,null,0]
[{"$nulls":6},"MO sem LS =>",0,"LS =>",44.88,"MO com LS =>",44.880363458995134]
[{"$nulls":6},"Valor do BDI =>",19.72,null,"Valor com BDI =>",null,104.04]
[]
[null,null,null,"Código","Banco","Descrição","Tipo",null,"Und","Quant.","Valor Unit","Total"]
[null,null,"Composição"," 88310 ","SINAPI","PINTOR COM ENCARGOS COMPLEMENTARES","SEDI - SERVIÇOS DIVERSOS",null,"H",1,32.4,32.4]
[null,null,"Composição Auxiliar"," 95372 ","SINAPI","CURSO DE CAPACITAÇÃO PARA PINTOR (ENCARGOS COMPLEMENTARES) - HORISTA","SEDI - SERVIÇOS DIVERSOS",null,"H",1,0.32,0.32]
[null,null,"Insumo"," 00004783 ","SINAPI","PINTOR (HORISTA)","Mão de Obra",null,"H",1,21.84,21.84]
[null,null,"Insumo"," 00037372 ","SINAPI","EXAMES - HORISTA (COLETADO CAIXA - ENCARGOS COMPLEMENTARES)","Material",null,"H",1,1.43,1.43]
[null,null,"Insumo"," 00043490 ","SINAPI","EPI - FAMILIA PINTOR - HORISTA (ENCARGOS COMPLEMENTARES - COLETADO CAIXA)","Equipamento",null,"H",1,1.85,1.85]
[null,null,"Insumo"," 00037370 ","SINAPI","ALIMENTACAO - HORISTA (COLETADO CAIXA - ENCARGOS COMPLEMENTARES)","Material",null,"H",1,4.2300000000000004,4.2300000000000004]
[null,null,"Insumo"," 00037371 ","SINAPI","TRANSPORTE - HORISTA (COLETADO CAIXA - ENCARGOS COMPLEMENTARES)","Serviços",null,"H",1,0.6,0.6]
[null,null,"Insumo"," 00043466 ","SINAPI","FERRAMENTAS - FAMILIA PINTOR - HORISTA (ENCARGOS COMPLEMENTARES - COLETADO CAIXA)","Equipamento",null,"H",1,2.0499999999999998,2.0499999999999998]
[null,null,"Insumo"," 00037373 ","SINAPI","SEGURO - HORISTA (COLETADO CAIXA - ENCARGOS COMPLEMENTARES)","Taxas",null,"H",1,0.08,0.08]
[{"$nulls":6},"MO sem LS =>",22.16,"LS =>",0,"MO com LS =>",22.16]
[{"$nulls":6},"Valor do BDI =>",7.57,null,"Valor com BDI =>",null,39.97]
[]
[null,null,null,"Código","Banco","Descrição","Tipo",null,"Und","Quant.","Valor Unit","Total"]
[null,null,"Composição"," 102234 ","SINAPI","PINTURA IMUNIZANTE PARA MADEIRA, 2 DEMÃOS. AF_01/2021","PINT - PINTURAS",null,"m²",1,24.61,24.61]
[null,null,"Composição Auxiliar"," 88310 ","SINAPI","PINTOR COM ENCARGOS COMPLEMENTARES","SEDI - SERVIÇOS DIVERSOS",null,"H",0.45290000000000002,32.4,14.67]
[null,null,"Insumo"," 00007340 ","SINAPI","IMUNIZANTE PARA MADEIRA, INCOLOR","Material",null,"L",0.32569999999999999,30.54,9.94]
[{"$nulls":6},"MO sem LS =>",10.029999999999999,"LS =>",0,"MO com LS =>",10.029999999999999]
[{"$nulls":6},"Valor do BDI =>",5.75,null,"Valor com BDI =>",null,30.36]
[]
[null,null,null,"Código","Banco","Descrição","Tipo",null,"Und","Quant.","Valor Unit","Total"]
[null,null,"Composição"," 5212552 ","SICRO3","Pintura eletrostática a pó com tinta poliéster em chapa de aço","",null,"m²",1,18.149999999999999,18.149999999999999]
[null,null,"A","Código","Banco","Equipamentos","Quantidade","Utilização",null,"Custo Horário",null,"Custo Horário Total"]
[{"$nulls":7},"Operativa","Improdutiva","Operativa","Improdutiva"]
[null,null,"Insumo"," E9753 ","SICRO3","Grupo gerador - 23 kVA",1,1,0,27.7241,5.8334999999999999,27.7241]
[null,null,"Insumo"," E9076 ","SICRO3","Equipamento para pintura eletrostática com cabine dupla de 7,00 kW e estufa de 80.000 kCal",1,1,0,46.591500000000003,40.799799999999998,46.591500000000003]
[{"$nulls":7},"Custo horário total de equipamentos",null,null,null,74.315600000000003]
[null,null,"B","Código","Banco","Mão de Obra","Quantidade","Custo Horário",null,null,null,"Custo Horário Total"]
[null,null,"Insumo"," P9801 ","SICRO3","Ajudante",1,null,null,null,"21,7228","21,7228"]
[null,null,"Insumo"," P9822 ","SICRO3","Pintor",2,null,null,null,"30,7634","61,5268"]
[{"$nulls":7},"Adicional de Mão de obra (%)",null,null,null,0]
[{"$nulls":7},"Custo horário total de mão de obra",null,null,null,83.249600000000001]
[{"$nulls":7},"Custo horário total de execução",null,null,null,157.5652]
[{"$nulls":7},"Produção de equipe",null,null,null,19.149999999999999]
[{"$nulls":7},"Custo unitário de execução",null,null,null,8.2279]
[{"$nulls":7},"Custo do FIC",null,null,null,0]
[{"$nulls":7},"Custo do FIT",null,null,null,0]
[null,null,"C","Código","Banco","MATERIAL","Quantidade","Unidade","Preço Unitário",null,null,"Custo Horário"]
[null,null,"Insumo"," M3153 ","SICRO3","Tinta em pó à base de resina poliéster",0.112,"kg","88,5612",null,null,"9,9189"]
[{"$nulls":7},"Custo unitário total de material",null,null,null,9.9189000000000007]
[null,null,"E","Tempo Fixo","Banco","Descrição","Carga","Quantidade","Unidade","Preço Unitário",null,"Custo Horário"]
[null,null,"Composição"," 5914655 ","SICRO3","Carga, manobra e descarga de materiais diversos em caminhão carroceria de 15 t - carga e descarga manuais","M3153",1.1E-4,"t",32.24,null,3.5000000000000001E-3]
[{"$nulls":7},"Custo Total dos Tempos Fixos",null,null,null,3.5000000000000001E-3]
[null,null,"F","Momento de Transporte","Banco","Descrição","Quantidade","Distância Média de Transporte (DMT)",null,null,null,"Custo Horário"]
[{"$nulls":7},"LN","RP","P","FE"]
[null,null,"Insumo","M3153","SICRO3","Tinta em pó à base de resina poliéster",1.1E-4,"5914449\n0,00\n1,07\n0,0000","5914464\n0,00\n0,86\n0,0000","5914479\n0,00\n0,69\n0,0000","--",0]
[{"$nulls":7},"Custo total de transporte",null,null,null,0]
[{"$nulls":6},"MO sem LS =>",0,"LS =>",4.3499999999999996,"MO com LS =>",4.3483789914282447]
[{"$nulls":6},"Valor do BDI =>",4.24,null,"Valor com BDI =>",null,22.39]
[]
[null,null,null,"Código","Banco","Descrição","Tipo",null,"Und","Quant.","Valor Unit","Total"]
[null,null,"Composição"," 5213414 ","SICRO3","Placa em aço nº 16 galvanizado com película retrorrefletiva tipo I + SI - confecção","",null,"m²",1,633.28,633.28]
[null,null,"A","Código","Banco","Equipamentos","Quantidade","Utilização",null,"Custo Horário",null,"Custo Horário Total"]
[{"$nulls":7},"Operativa","Improdutiva","Operativa","Improdutiva"]
[null,null,"Insumo"," E9622 ","SICRO3","Máquina de bancada universal para corte de chapa - 1,50 kW",0.48193000000000003,1,0,12.9137,8.2087000000000003,6.2234999999999996]
[null,null,"Insumo"," E9568 ","SICRO3","Furadeira de impacto de 12,5 mm - 0,80 kW",0.15060000000000001,1,0,0.22220000000000001,0.1474,3.3500000000000002E-2]
[null,null,"Insumo"," E9753 ","SICRO3","Grupo gerador - 23 kVA",0.48193000000000003,1,0,27.7241,5.8334999999999999,13.3611]
[null,null,"Insumo"," E9623 ","SICRO3","Máquina de bancada guilhotina - 4,00 kW",0.20080000000000001,1,0,15.158899999999999,9.6358999999999995,3.0438999999999998]
[{"$nulls":7},"Custo horário total de equipamentos",null,null,null,22.661999999999999]
[null,null,"B","Código","Banco","Mão de Obra","Quantidade","Custo Horário",null,null,null,"Custo Horário Total"]
[null,null,"Insumo"," P9801 ","SICRO3","Ajudante",2,null,null,null,"21,7228","43,4456"]
[null,null,"Insumo"," P9824 ","SICRO3","Servente",2,null,null,null,"21,3406","42,6812"]
[null,null,"Insumo"," P9823 ","SICRO3","Serralheiro",1,null,null,null,"28,7245","28,7245"]
[null,null,"Insumo"," P9830 ","SICRO3","Montador",1,null,null,null,"31,6184","31,6184"]
[{"$nulls":7},"Adicional de Mão de obra (%)",null,null,null,0]
[{"$nulls":7},"Custo horário total de mão de obra",null,null,null,146.46969999999999]
[{"$nulls":7},"Custo horário total de execução",null,null,null,169.1317]
[{"$nulls":7},"Produção de equipe",null,null,null,4]
[{"$nulls":7},"Custo unitário de execução",null,null,null,42.282899999999998]
[{"$nulls":7},"Custo do FIC",null,null,null,0]
[{"$nulls":7},"Custo do FIT",null,null,null,0]
[null,null,"C","Código","Banco","MATERIAL","Quantidade","Unidade","Preço Unitário",null,null,"Custo Horário"]
[null,null,"Insumo"," M1367 ","SICRO3","Chapa fina em aço galvanizado",11.775,"kg","13,2294",null,null,"155,7762"]
[null,null,"Insumo"," M3229 ","SICRO3","Película retrorrefletiva tipo I + SI (sinal impresso com película de sobreposição tipo V)",1,"m²","416,6745",null,null,"416,6745"]
[{"$nulls":7},"Custo unitário total de material",null,null,null,572.45069999999998]
[null,null,"D","Código","Banco","ATIVIDADES AUXILIARES","Quantidade","Unidade","Preço Unitário",null,null,"Custo Horário"]
[null,null,"Composição"," 5212552 ","SICRO3","Pintura eletrostática a pó com tinta poliéster em chapa de aço",1,"m²","18,1500",null,null,"18,1500"]
[{"$nulls":7},"Custo total de atividades auxiliares",null,null,null,18.149999999999999]
[null,null,"E","Tempo Fixo","Banco","Descrição","Carga","Quantidade","Unidade","Preço Unitário",null,"Custo Horário"]
[null,null,"Composição"," 5914333 ","SICRO3","Carga, manobra e descarga de materiais diversos em caminhão carroceria de 15 t - carga e descarga com caminhão guindauto com capacidade de elevação de 6,2 t","M1367",1.1780000000000001E-2,"t",32.17,null,0.379]
[null,null,"Composição"," 5914655 ","SICRO3","Carga, manobra e descarga de materiais diversos em caminhão carroceria de 15 t - carga e descarga manuais","M3229",4.4000000000000002E-4,"t",32.24,null,1.4200000000000001E-2]
[{"$nulls":7},"Custo Total dos Tempos Fixos",null,null,null,0.39319999999999999]
[null,null,"F","Momento de Transporte","Banco","Descrição","Quantidade","Distância Média de Transporte (DMT)",null,null,null,"Custo Horário"]
[{"$nulls":7},"LN","RP","P","FE"]
[null,null,"Insumo","M3229","SICRO3","Película retrorrefletiva tipo I + SI (sinal impresso com película de sobreposição tipo V)",4.4000000000000002E-4,"5914449\n0,00\n1,07\n0,0000","5914464\n0,00\n0,86\n0,0000","5914479\n0,00\n0,69\n0,0000","--",0]
[null,null,"Insumo","M1367","SICRO3","Chapa fina em aço galvanizado",1.1780000000000001E-2,"5914449\n0,00\n1,07\n0,0000","5914464\n0,00\n0,86\n0,0000","5914479\n0,00\n0,69\n0,0000","--",0]
[{"$nulls":7},"Custo total de transporte",null,null,null,0]
[{"$nulls":6},"MO sem LS =>",0,"LS =>",40.99,"MO com LS =>",40.993897152581013]
[{"$nulls":6},"Valor do BDI =>",148.12,null,"Valor com BDI =>",null,781.4]
[]
[null,null,null,"Código","Banco","Descrição","Tipo",null,"Und","Quant.","Valor Unit","Total"]
[null,null,"Composição"," 88316 ","SINAPI","SERVENTE COM ENCARGOS COMPLEMENTARES","SEDI - SERVIÇOS DIVERSOS",null,"H",1,23.32,23.32]
[null,null,"Composição Auxiliar"," 95378 ","SINAPI","CURSO DE CAPACITAÇÃO PARA SERVENTE (ENCARGOS COMPLEMENTARES) - HORISTA","SEDI - SERVIÇOS DIVERSOS",null,"H",1,0.31,0.31]
[null,null,"Insumo"," 00037373 ","SINAPI","SEGURO - HORISTA (COLETADO CAIXA - ENCARGOS COMPLEMENTARES)","Taxas",null,"H",1,0.08,0.08]
[null,null,"Insumo"," 00043467 ","SINAPI","FERRAMENTAS - FAMILIA SERVENTE - HORISTA (ENCARGOS COMPLEMENTARES - COLETADO CAIXA)","Equipamento",null,"H",1,0.61,0.61]
[null,null,"Insumo"," 00037371 ","SINAPI","TRANSPORTE - HORISTA (COLETADO CAIXA - ENCARGOS COMPLEMENTARES)","Serviços",null,"H",1,0.6,0.6]
[null,null,"Insumo"," 00043491 ","SINAPI","EPI - FAMILIA SERVENTE - HORISTA (ENCARGOS COMPLEMENTARES - COLETADO CAIXA)","Equipamento",null,"H",1,1.39,1.39]
[null,null,"Insumo"," 00037372 ","SINAPI","EXAMES - HORISTA (COLETADO CAIXA - ENCARGOS COMPLEMENTARES)","Material",null,"H",1,1.43,1.43]
[null,null,"Insumo"," 00006111 ","SINAPI","SERVENTE DE OBRAS (HORISTA)","Mão de Obra",null,"H",1,14.67,14.67]
[null,null,"Insumo"," 00037370 ","SINAPI","ALIMENTACAO - HORISTA (COLETADO CAIXA - ENCARGOS COMPLEMENTARES)","Material",null,"H",1,4.2300000000000004,4.2300000000000004]
[{"$nulls":6},"MO sem LS =>",14.98,"LS =>",0,"MO com LS =>",14.98]
[{"$nulls":6},"Valor do BDI =>",5.45,null,"Valor com BDI =>",null,28.77]
[]
[null,null,null,"Código","Banco","Descrição","Tipo",null,"Und","Quant.","Valor Unit","Total"]
[null,null,"Composição"," 5914584 ","SICRO3","Transporte com caminhão carroceria com capacidade de 7 t e com guindauto com capacidade de elevação de 6,2 t - rodovia em leito natural","",null,"tkm",1,2.61,2.61]
[null,null,"A","Código","Banco","Equipamentos","Quantidade","Utilização",null,"Custo Horário",null,"Custo Horário Total"]
[{"$nulls":7},"Operativa","Improdutiva","Operativa","Improdutiva"]
[null,null,"Insumo"," E9686 ","SICRO3","Caminhão guindauto com capacidade de elevação de 6,2 t e carroceria de 7 t - 136 kW",1,1,0,295.83920000000001,97.975399999999993,295.83920000000001]
[{"$nulls":7},"Custo horário total de equipamentos",null,null,null,295.83920000000001]
[{"$nulls":7},"Custo horário total de execução",null,null,null,295.83920000000001]
[{"$nulls":7},"Produção de equipe",null,null,null,116.2]
[{"$nulls":7},"Custo unitário de execução",null,null,null,2.5459000000000001]
[{"$nulls":7},"Custo do FIC",null,null,null,6.7799999999999999E-2]
[{"$nulls":7},"Custo do FIT",null,null,null,0]
[{"$nulls":6},"MO sem LS =>",0,"LS =>",0,"MO com LS =>",0]
[{"$nulls":6},"Valor do BDI =>",0.61,null,"Valor com BDI =>",null,3.22]
[]
[null,null,null,"Código","Banco","Descrição","Tipo",null,"Und","Quant.","Valor Unit","Total"]
[null,null,"Composição"," 5914599 ","SICRO3","Transporte com caminhão carroceria com capacidade de 7 t e com guindauto com capacidade de elevação de 6,2 t - rodovia em revestimento primário","",null,"tkm",1,2.09,2.09]
[null,null,"A","Código","Banco","Equipamentos","Quantidade","Utilização",null,"Custo Horário",null,"Custo Horário Total"]
[{"$nulls":7},"Operativa","Improdutiva","Operativa","Improdutiva"]
[null,null,"Insumo"," E9686 ","SICRO3","Caminhão guindauto com capacidade de elevação de 6,2 t e carroceria de 7 t - 136 kW",1,1,0,295.83920000000001,97.975399999999993,295.83920000000001]
[{"$nulls":7},"Custo horário total de equipamentos",null,null,null,295.83920000000001]
[{"$nulls":7},"Custo horário total de execução",null,null,null,295.83920000000001]
[{"$nulls":7},"Produção de equipe",null,null,null,145.25]
[{"$nulls":7},"Custo unitário de execução",null,null,null,2.0367999999999999]
[{"$nulls":7},"Custo do FIC",null,null,null,5.4199999999999998E-2]
[{"$nulls":7},"Custo do FIT",null,null,null,0]
[{"$nulls":6},"MO sem LS =>",0,"LS =>",0,"MO com LS =>",0]
[{"$nulls":6},"Valor do BDI =>",0.48,null,"Valor com BDI =>",null,2.57]
[]
[null,null,null,"Código","Banco","Descrição","Tipo",null,"Und","Quant.","Valor Unit","Total"]
[null,null,"Composição"," 5914614 ","SICRO3","Transporte com caminhão carroceria com capacidade de 7 t e com guindauto com capacidade de elevação de 6,2 t - rodovia pavimentada","",null,"tkm",1,1.7,1.7]
[null,null,"A","Código","Banco","Equipamentos","Quantidade","Utilização",null,"Custo Horário",null,"Custo Horário Total"]
[{"$nulls":7},"Operativa","Improdutiva","Operativa","Improdutiva"]
[null,null,"Insumo"," E9686 ","SICRO3","Caminhão guindauto com capacidade de elevação de 6,2 t e carroceria de 7 t - 136 kW",1,1,0,295.83920000000001,97.975399999999993,295.83920000000001]
[{"$nulls":7},"Custo horário total de equipamentos",null,null,null,295.83920000000001]
[{"$nulls":7},"Custo horário total de execução",null,null,null,295.83920000000001]
[{"$nulls":7},"Produção de equipe",null,null,null,174.3]
[{"$nulls":7},"Custo unitário de execução",null,null,null,1.6973]
[{"$nulls":7},"Custo do FIC",null,null,null,0]
[{"$nulls":7},"Custo do FIT",null,null,null,0]
[{"$nulls":6},"MO sem LS =>",0,"LS =>",0,"MO com LS =>",0]
[{"$nulls":6},"Valor do BDI =>",0.39,null,"Valor com BDI =>",null,2.09]
[]
[null,null,null,"Código","Banco","Descrição","Tipo",null,"Und","Quant.","Valor Unit","Total"]
[null,null,"Composição"," 6416078 ","SICRO3","Usinagem de concreto asfáltico - faixa C-12,5 - areia e brita comerciais","",null,"t",1,178.11,178.11]
[null,null,"A","Código","Banco","Equipamentos","Quantidade","Utilização",null,"Custo Horário",null,"Custo Horário Total"]
[{"$nulls":7},"Operativa","Improdutiva","Operativa","Improdutiva"]
[null,null,"Insumo"," E9559 ","SICRO3","Aquecedor de fluido térmico - 12 kW",1,1,0,77.168899999999994,44.564,77.168899999999994]
[null,null,"Insumo"," E9584 ","SICRO3","Carregadeira de pneus com capacidade de 1,72 m³ - 113 kW",1,0.86,0.14000000000000001,207.95840000000001,103.0615,193.27279999999999]
[null,null,"Insumo"," E9558 ","SICRO3","Tanque de estocagem de asfalto com capacidade de 30.000 l",2,1,0,61.474400000000003,41.991500000000002,122.94880000000001]
[null,null,"Insumo"," E9689 ","SICRO3","Usina de asfalto a quente gravimétrica com capacidade de 100/140 t/h - 260 kW",1,1,0,1243.0143,658.28750000000002,1243.0143]
[null,null,"Insumo"," E9021 ","SICRO3","Grupo gerador - 456 kVA",1,1,0,418.35480000000001,24.167200000000001,418.35480000000001]
[{"$nulls":7},"Custo horário total de equipamentos",null,null,null,2054.7595999999999]
[null,null,"B","Código","Banco","Mão de Obra","Quantidade","Custo Horário",null,null,null,"Custo Horário Total"]
[null,null,"Insumo"," P9824 ","SICRO3","Servente",4,null,null,null,"21,3406","85,3624"]
[{"$nulls":7},"Adicional de Mão de obra (%)",null,null,null,0]
[{"$nulls":7},"Custo horário total de mão de obra",null,null,null,85.362399999999994]
[{"$nulls":7},"Custo horário total de execução",null,null,null,2140.1219999999998]
[{"$nulls":7},"Produção de equipe",null,null,null,99.6]
[{"$nulls":7},"Custo unitário de execução",null,null,null,21.487200000000001]
[{"$nulls":7},"Custo do FIC",null,null,null,0]
[{"$nulls":7},"Custo do FIT",null,null,null,0]
[null,null,"C","Código","Banco","MATERIAL","Quantidade","Unidade","Preço Unitário",null,null,"Custo Horário"]
[null,null,"Insumo"," M0191 ","SICRO3","Brita 1",3.2149999999999998E-2,"m³","164,0601",null,null,"5,2745"]
[null,null,"Insumo"," M0028 ","SICRO3","Areia média",2.7009999999999999E-2,"m³","97,3514",null,null,"2,6295"]
[null,null,"Insumo"," M0005 ","SICRO3","Brita 0",9.0029999999999999E-2,"m³","180,3717",null,null,"16,2389"]
[null,null,"Insumo"," M1943 ","SICRO3","Cimento asfáltico de petróleo - CAP 50/70",5.5449999999999999E-2,"t","0,0000",null,null,"0,0000"]
[null,null,"Insumo"," M1941 ","SICRO3","Óleo tipo A1",8,"l","5,9113",null,null,"47,2904"]
[null,null,"Insumo"," M1135 ","SICRO3","Pó de pedra",0.33631,"m³","150,4541",null,null,"50,5992"]
[null,null,"Insumo"," M0344 ","SICRO3","Cal hidratada - a granel",14.4636,"kg","0,5126",null,null,"7,4140"]
[null,null,"Insumo"," M1103 ","SICRO3","Pedrisco",0.1479,"m³","171,0151",null,null,"25,2931"]
[{"$nulls":7},"Custo unitário total de material",null,null,null,154.7396]
[null,null,"E","Tempo Fixo","Banco","Descrição","Carga","Quantidade","Unidade","Preço Unitário",null,"Custo Horário"]
[null,null,"Composição"," 5914647 ","SICRO3","Carga, manobra e descarga de agregados ou solos em caminhão basculante de 10 m³ - carga com carregadeira de 3,40 m³ (exclusa) e descarga livre","M0028",4.052E-2,"t",1.72,null,6.9699999999999998E-2]
[null,null,"Composição"," 5914647 ","SICRO3","Carga, manobra e descarga de agregados ou solos em caminhão basculante de 10 m³ - carga com carregadeira de 3,40 m³ (exclusa) e descarga livre","M0005",0.13505,"t",1.72,null,0.23230000000000001]
[null,null,"Composição"," 5914647 ","SICRO3","Carga, manobra e descarga de agregados ou solos em caminhão basculante de 10 m³ - carga com carregadeira de 3,40 m³ (exclusa) e descarga livre","M1103",0.22184999999999999,"t",1.72,null,0.38159999999999999]
[null,null,"Composição"," 5914647 ","SICRO3","Carga, manobra e descarga de agregados ou solos em caminhão basculante de 10 m³ - carga com carregadeira de 3,40 m³ (exclusa) e descarga livre","M1135",0.50446999999999997,"t",1.72,null,0.86770000000000003]
[null,null,"Composição"," 5914363 ","SICRO3","Carga, manobra e descarga de cimento ou cal hidratada a granel em caminhão silo de 30 m³","M0344",1.4460000000000001E-2,"t",17.440000000000001,null,0.25219999999999998]
[null,null,"Composição"," 5914647 ","SICRO3","Carga, manobra e descarga de agregados ou solos em caminhão basculante de 10 m³ - carga com carregadeira de 3,40 m³ (exclusa) e descarga livre","M0191",4.8230000000000002E-2,"t",1.72,null,8.3000000000000004E-2]
[{"$nulls":7},"Custo Total dos Tempos Fixos",null,null,null,1.8865000000000001]
[null,null,"F","Momento de Transporte","Banco","Descrição","Quantidade","Distância Média de Transporte (DMT)",null,null,null,"Custo Horário"]
[{"$nulls":7},"LN","RP","P","FE"]
[null,null,"Insumo","M1103","SICRO3","Pedrisco",0.22184999999999999,"5914359\n0,00\n1,21\n0,0000","5914374\n0,00\n0,96\n0,0000","5914389\n0,00\n0,78\n0,0000","--",0]
[null,null,"Insumo","M1135","SICRO3","Pó de pedra",0.50446999999999997,"5914359\n0,00\n1,21\n0,0000","5914374\n0,00\n0,96\n0,0000","5914389\n0,00\n0,78\n0,0000","--",0]
[null,null,"Insumo","M0028","SICRO3","Areia média",4.052E-2,"5914359\n0,00\n1,21\n0,0000","5914374\n0,00\n0,96\n0,0000","5914389\n0,00\n0,78\n0,0000","--",0]
[null,null,"Insumo","M0191","SICRO3","Brita 1",4.8230000000000002E-2,"5914359\n0,00\n1,21\n0,0000","5914374\n0,00\n0,96\n0,0000","5914389\n0,00\n0,78\n0,0000","--",0]
[null,null,"Insumo","M0005","SICRO3","Brita 0",0.13505,"5914359\n0,00\n1,21\n0,0000","5914374\n0,00\n0,96\n0,0000","5914389\n0,00\n0,78\n0,0000","--",0]
[null,null,"Insumo","M0344","SICRO3","Cal hidratada - a granel",1.4460000000000001E-2,"5914364\n0,00\n0,90\n0,0000","5914365\n0,00\n0,72\n0,0000","5914366\n0,00\n0,62\n0,0000","--",0]
[{"$nulls":7},"Custo total de transporte",null,null,null,0]
[{"$nulls":6},"MO sem LS =>",0,"LS =>",0.86,"MO com LS =>",0.85705220883534139]
[{"$nulls":6},"Valor do BDI =>",41.65,null,"Valor com BDI =>",null,219.76]

{"sheet":"Adm Local","index":8,"n_rows":253,"n_cols":10,"rows_kept":253,"cut":false,"hidden":false,"merged":[[84,3,84,4],[84,5,84,6],[84,7,84,8],[85,3,85,4],[85,5,85,6],[85,7,85,8],[86,5,86,6],[86,7,86,8],[227,3,227,4],[227,5,227,6],[227,7,227,8],[151,7,151,8],[224,3,224,4],[224,5,224,6],[224,7,224,8],[225,3,225,4],[225,5,225,6],[225,7,225,8],[221,3,221,4],[221,5,221,6],[221,7,221,8],[223,3,223,4],[223,5,223,6],[223,7,223,8],[73,7,73,8],[74,5,74,6],[74,7,74,8],[81,0,81,8],[82,3,82,4],[82,5,82,6],[82,7,82,8],[83,3,83,4],[83,5,83,6],[83,7,83,8],[248,3,248,4],[248,5,248,6],[249,3,249,4],[249,5,249,6],[151,3,151,4],[151,5,151,6],[245,7,245,8],[246,3,246,4],[246,5,246,6],[246,7,246,8],[247,3,247,4],[247,5,247,6],[247,7,247,8],[243,3,243,4],[243,5,243,6],[243,7,243,8],[244,3,244,4],[244,5,244,6],[244,7,244,8],[241,3,241,4],[241,5,241,6],[241,7,241,8],[242,3,242,4],[242,5,242,6],[242,7,242,8],[239,3,239,4],[239,5,239,6],[239,7,239,8],[240,3,240,4],[240,5,240,6],[240,7,240,8],[237,3,237,4],[237,5,237,6],[237,7,237,8],[238,3,238,4],[238,5,238,6],[238,7,238,8],[235,3,235,4],[235,5,235,6],[235,7,235,8],[236,3,236,4],[236,5,236,6],[236,7,236,8],[233,3,233,4],[233,5,233,6],[233,7,233,8],[234,3,234,4],[234,5,234,6],[234,7,234,8],[230,3,230,4],[230,5,230,6],[230,7,230,8],[231,3,231,4],[231,5,231,6],[231,7,231,8],[226,3,226,4],[226,5,226,6],[226,7,226,8],[229,3,229,4],[229,5,229,6],[229,7,229,8],[228,3,228,4],[228,5,228,6],[228,7,228,8],[219,3,219,4],[219,5,219,6],[219,7,219,8],[220,3,220,4],[220,5,220,6],[220,7,220,8],[212,3,212,4],[212,5,212,6],[212,7,212,8],[213,7,213,8],[217,0,217,8],[218,3,218,4],[218,5,218,6],[218,7,218,8],[210,3,210,4],[210,5,210,6],[210,7,210,8],[211,3,211,4],[211,5,211,6],[211,7,211,8],[208,3,208,4],[208,5,208,6],[208,7,208,8],[209,3,209,4],[209,5,209,6],[209,7,209,8],[205,3,205,4],[205,5,205,6],[205,7,205,8],[207,3,207,4],[207,5,207,6],[207,7,207,8],[203,3,203,4],[203,5,203,6],[203,7,203,8],[204,3,204,4],[204,5,204,6],[204,7,204,8],[201,3,201,4],[201,5,201,6],[201,7,201,8],[202,3,202,4],[202,5,202,6],[202,7,202,8],[199,3,199,4],[199,5,199,6],[199,7,199,8],[200,3,200,4],[200,5,200,6],[200,7,200,8],[192,0,192,8],[193,1,193,4],[194,1,194,4],[195,1,195,4],[198,0,198,8],[172,0,172,8],[173,1,173,4],[186,0,186,8],[187,1,187,4],[188,1,188,4],[189,1,189,4],[154,5,154,6],[154,7,154,8],[156,0,156,8],[157,0,157,8],[158,1,158,4],[171,0,171,8],[152,3,152,4],[152,5,152,6],[152,7,152,8],[153,3,153,4],[153,5,153,6],[153,7,153,8],[149,3,149,4],[149,5,149,6],[149,7,149,8],[150,3,150,4],[150,5,150,6],[150,7,150,8],[145,5,145,6],[145,7,145,8],[147,0,147,8],[148,3,148,4],[148,5,148,6],[148,7,148,8],[143,3,143,4],[143,5,143,6],[143,7,143,8],[144,3,144,4],[144,5,144,6],[144,7,144,8],[139,5,139,6],[139,7,139,8],[141,0,141,8],[142,3,142,4],[142,5,142,6],[142,7,142,8],[137,3,137,4],[137,5,137,6],[137,7,137,8],[138,3,138,4],[138,5,138,6],[138,7,138,8],[135,3,135,4],[135,5,135,6],[135,7,135,8],[136,3,136,4],[136,5,136,6],[136,7,136,8],[133,3,133,4],[133,5,133,6],[133,7,133,8],[134,3,134,4],[134,5,134,6],[134,7,134,8],[131,3,131,4],[131,5,131,6],[131,7,131,8],[132,3,132,4],[132,5,132,6],[132,7,132,8],[127,3,127,4],[127,5,127,6],[127,7,127,8],[128,5,128,6],[128,7,128,8],[130,0,130,8],[125,3,125,4],[125,5,125,6],[125,7,125,8],[126,3,126,4],[126,5,126,6],[126,7,126,8],[123,3,123,4],[123,5,123,6],[123,7,123,8],[124,3,124,4],[124,5,124,6],[124,7,124,8],[119,3,119,4],[119,5,119,6],[119,7,119,8],[120,5,120,6],[120,7,120,8],[122,0,122,8],[117,3,117,4],[117,5,117,6],[117,7,117,8],[118,3,118,4],[118,5,118,6],[118,7,118,8],[113,5,113,6],[113,7,113,8],[115,0,115,8],[116,3,116,4],[116,5,116,6],[116,7,116,8],[111,3,111,4],[111,5,111,6],[111,7,111,8],[112,3,112,4],[112,5,112,6],[112,7,112,8],[109,3,109,4],[109,5,109,6],[109,7,109,8],[110,3,110,4],[110,5,110,6],[110,7,110,8],[107,3,107,4],[107,5,107,6],[107,7,107,8],[108,3,108,4],[108,5,108,6],[108,7,108,8],[98,3,98,4],[98,5,98,6],[98,7,98,8],[99,5,99,6],[99,7,99,8],[106,0,106,8],[96,3,96,4],[96,5,96,6],[96,7,96,8],[97,3,97,4],[97,5,97,6],[97,7,97,8],[94,3,94,4],[94,5,94,6],[94,7,94,8],[95,3,95,4],[95,5,95,6],[95,7,95,8],[61,3,61,4],[61,5,61,6],[61,7,61,8],[62,5,62,6],[62,7,62,8],[93,0,93,8],[59,3,59,4],[59,5,59,6],[59,7,59,8],[60,3,60,4],[60,5,60,6],[60,7,60,8],[69,0,69,8],[70,3,70,4],[70,5,70,6],[70,7,70,8],[71,3,71,4],[71,5,71,6],[71,7,71,8],[72,3,72,4],[72,5,72,6],[72,7,72,8],[73,3,73,4],[73,5,73,6],[50,5,50,6],[50,7,50,8],[57,0,57,8],[58,3,58,4],[58,5,58,6],[58,7,58,8],[48,3,48,4],[48,5,48,6],[48,7,48,8],[49,3,49,4],[49,5,49,6],[49,7,49,8],[29,0,29,8],[45,0,45,8],[46,3,46,4],[46,5,46,6],[46,7,46,8],[47,3,47,4],[47,5,47,6],[47,7,47,8],[25,3,25,4],[25,5,25,6],[25,7,25,8],[26,3,26,4],[26,5,26,6],[26,7,26,8],[23,3,23,4],[23,5,23,6],[23,7,23,8],[24,3,24,4],[24,5,24,6],[24,7,24,8],[21,3,21,4],[21,5,21,6],[21,7,21,8],[22,3,22,4],[22,5,22,6],[22,7,22,8],[19,3,19,4],[19,5,19,6],[19,7,19,8],[20,3,20,4],[20,5,20,6],[20,7,20,8],[17,3,17,4],[17,5,17,6],[17,7,17,8],[18,3,18,4],[18,5,18,6],[18,7,18,8],[15,3,15,4],[15,5,15,6],[15,7,15,8],[16,3,16,4],[16,5,16,6],[16,7,16,8],[13,3,13,4],[13,5,13,6],[13,7,13,8],[14,3,14,4],[14,5,14,6],[14,7,14,8],[10,3,10,4],[10,5,10,6],[0,0,0,8],[1,3,1,4],[1,5,1,6],[1,7,1,8],[2,3,2,4],[2,5,2,6],[2,7,2,8],[7,3,7,4],[7,5,7,6],[7,7,7,8],[5,3,5,4],[5,5,5,6],[5,7,5,8],[6,3,6,4],[6,5,6,6],[6,7,6,8],[10,7,10,8],[251,5,251,7],[252,5,252,7],[222,5,222,6],[222,7,222,8],[232,5,232,6],[232,7,232,8],[3,3,3,4],[3,5,3,6],[3,7,3,8],[4,3,4,4],[4,5,4,6],[4,7,4,8],[8,3,8,4],[8,5,8,6],[8,7,8,8],[11,3,11,4],[11,5,11,6],[11,7,11,8],[12,3,12,4],[12,5,12,6],[12,7,12,8],[9,3,9,4],[9,5,9,6],[9,7,9,8]]}
["parcela fixa da administração local \n(mão de obra)"]
["Código","Discriminação ","Unidade"," Quantidade ",null,"Custo Unitário (R$)",null," Custo Total (R$)"]
[null,"Mão de Obra"]
[null,"Gerência Técnica"]
[null,"Geral"]
["P9955",{"$f":"VLOOKUP(A6,'Pessoal Sicro'!$A$6:$F$106,2,FALSE)","v":"Engenheiro chefe"},"mês",0.25,null,{"$f":"VLOOKUP(A6,'Pessoal Sicro'!$A$6:$G$106,6,0)","v":31577.920699999999},null,{"$f":"F6*D6","v":7894.4801749999997}]
["P9840",{"$f":"VLOOKUP(A7,'Pessoal Sicro'!$A$6:$F$106,2,FALSE)","v":"Encarregado geral"},"mês",0.25,null,{"$f":"VLOOKUP(A7,'Pessoal Sicro'!$A$6:$G$106,6,0)","v":11656.031800000001},null,{"$f":"F7*D7","v":2914.0079500000002}]
["P9897",{"$f":"VLOOKUP(A8,'Pessoal Sicro'!$A$6:$F$106,2,FALSE)","v":"Técnico de meio ambiente"},"mês",0,null,{"$f":"VLOOKUP(A8,'Pessoal Sicro'!$A$6:$G$106,6,0)","v":7881.7269999999999},null,{"$f":"F8*D8","v":0}]
["P9948",{"$f":"VLOOKUP(A9,'Pessoal Sicro'!$A$6:$F$106,2,FALSE)","v":"Motorista de veículo leve - mensalista"},"mês",0,null,{"$f":"VLOOKUP(A9,'Pessoal Sicro'!$A$6:$G$106,6,0)","v":5614.8789999999999},null,{"$f":"F9*D9","v":0}]
["P9878",{"$f":"VLOOKUP(A10,'Pessoal Sicro'!$A$6:$F$106,2,FALSE)","v":"Secretária"},"mês",0,null,{"$f":"VLOOKUP(A10,'Pessoal Sicro'!$A$6:$G$106,6,0)","v":6718.4540999999999},null,{"$f":"F10*D10","v":0}]
[{"$nulls":5},"Subtotal do Item 1.1",null,{"$f":"SUM(H6:I10)","v":10808.488125}]
[null,"Auxiliar"]
["P9946",{"$f":"VLOOKUP(A13,'Pessoal Sicro'!$A$6:$F$106,2,FALSE)","v":"Engenheiro auxiliar"},"mês",0.5,null,{"$f":"VLOOKUP(A13,'Pessoal Sicro'!$A$6:$G$106,6,0)","v":23592.8645},null,{"$f":"D13*F13","v":11796.43225}]
["P9903",{"$f":"VLOOKUP(A14,'Pessoal Sicro'!$A$6:$F$106,2,FALSE)","v":"Auxiliar técnico"},"mês",0,null,{"$f":"VLOOKUP(A14,'Pessoal Sicro'!$A$6:$G$106,6,0)","v":4684.6961000000001},null,{"$f":"D14*F14","v":0}]
[{"$nulls":5},"Subtotal do Item 1.2",null,{"$f":"SUM(H13:I14)","v":11796.43225}]
[null,"Gerência Administrativa"]
[null,"Geral"]
["P9883",{"$f":"VLOOKUP(A18,'Pessoal Sicro'!$A$6:$F$106,2,FALSE)","v":"Chefe do setor administrativo"},"mês",0.5,null,{"$f":"VLOOKUP(A18,'Pessoal Sicro'!$A$6:$G$106,6,0)","v":7575.8406000000004},null,{"$f":"F18*D18","v":3787.9203000000002}]
["P9809",{"$f":"VLOOKUP(A19,'Pessoal Sicro'!$A$6:$F$106,2,FALSE)","v":"Encarregado administrativo"},"mês",0,null,{"$f":"VLOOKUP(A19,'Pessoal Sicro'!$A$6:$G$106,6,0)","v":7575.7263000000003},null,{"$f":"F19*D19","v":0}]
["P9896",{"$f":"VLOOKUP(A20,'Pessoal Sicro'!$A$6:$F$106,2,FALSE)","v":"Porteiro"},"mês",0,null,{"$f":"VLOOKUP(A20,'Pessoal Sicro'!$A$6:$G$106,6,0)","v":4026.1952999999999},null,{"$f":"F20*D20","v":0}]
["P9827",{"$f":"VLOOKUP(A21,'Pessoal Sicro'!$A$6:$F$106,2,FALSE)","v":"Vigia"},"mês",0,null,{"$f":"VLOOKUP(A21,'Pessoal Sicro'!$A$6:$G$106,6,0)","v":4725.5765000000001},null,{"$f":"F21*D21","v":0}]
["P9948",{"$f":"VLOOKUP(A22,'Pessoal Sicro'!$A$6:$F$106,2,FALSE)","v":"Motorista de veículo leve - mensalista"},"mês",0,null,{"$f":"VLOOKUP(A22,'Pessoal Sicro'!$A$6:$G$106,6,0)","v":5614.8789999999999},null,{"$f":"F22*D22","v":0}]
[{"$nulls":5},"Subtotal do Item 1.3",null,{"$f":"SUM(H18:I22)","v":3787.9203000000002}]
[null,"Auxiliar"]
["P9806",{"$f":"VLOOKUP(A25,'Pessoal Sicro'!$A$6:$F$106,2,FALSE)","v":"Auxiliar administrativo"},"mês",1,null,{"$f":"VLOOKUP(A25,'Pessoal Sicro'!$A$6:$G$106,6,0)","v":5069.9098999999997},null,{"$f":"F25*D25","v":5069.9098999999997}]
["P9842",{"$f":"VLOOKUP(A26,'Pessoal Sicro'!$A$6:$F$106,2,FALSE)","v":"Faxineiro"},"mês",0,null,{"$f":"VLOOKUP(A26,'Pessoal Sicro'!$A$6:$G$106,6,0)","v":4033.4643000000001},null,{"$f":"F26*D26","v":0}]
[{"$nulls":5},"Subtotal do Item 1.4",null,{"$f":"SUM(H25:I26)","v":5069.9098999999997}]
[{"$nulls":7},"Total da Mão de Obra da Parcela Fixa",{"$f":"H27+H23+H15+H11","v":31462.750575000002}]
[]
["parcela fixa da administração local \n(veículos)"]
["Código","Discriminação ","Unidade"," Quantidade ","Utilização Produtiva","Utilização Improdutiva","Custo Horário \nProdutivo (R$)","Custo Horário Improdutivo (R$)","Custo Total (R$)"]
[2,"Veículos"]
[null,"Gerência Técnica"]
["2.1","Geral"]
["E9093",{"$f":"VLOOKUP(A35,Equipamentos!$A:$K,2,FALSE)","v":"Veículo leve - 53 kW (sem motorista)"},"mês",1,44,176,{"$f":"VLOOKUP(A35,Equipamentos!$A:$K,10,FALSE)","v":36.805999999999997},{"$f":"VLOOKUP(A35,Equipamentos!$A:$K,11,FALSE)","v":6.6540999999999997},{"$f":"((E35*G35)+(F35*H35))*D35","v":2790.5855999999999}]
["E9560",{"$f":"VLOOKUP(A36,Equipamentos!$A:$K,2,FALSE)","v":"Ônibus com capacidade para 80 passageiros - 175 kW"},"mês",0,44,176,{"$f":"VLOOKUP(A36,Equipamentos!$A:$K,10,FALSE)","v":351.85539999999997},{"$f":"VLOOKUP(A36,Equipamentos!$A:$K,11,FALSE)","v":101.2075},{"$f":"((E36*G36)+(F36*H36))*D36","v":0}]
[{"$nulls":7},"Subtotal do Item 2",{"$f":"SUM(I35:I36)","v":2790.5855999999999}]
["2.2","Auxiliar"]
["E9093",{"$f":"VLOOKUP(A39,Equipamentos!$A:$K,2,FALSE)","v":"Veículo leve - 53 kW (sem motorista)"},"mês",0,44,176,{"$f":"VLOOKUP(A39,Equipamentos!$A:$K,10,FALSE)","v":36.805999999999997},{"$f":"VLOOKUP(A39,Equipamentos!$A:$K,11,FALSE)","v":6.6540999999999997},{"$f":"((E39*G39)+(F39*H39))*D39","v":0}]
[{"$nulls":7},"Subtotal do Item 2",{"$f":"SUM(I39)","v":0}]
["2.3","Gerência Administrativa"]
["E9093",{"$f":"VLOOKUP(A42,Equipamentos!$A:$K,2,FALSE)","v":"Veículo leve - 53 kW (sem motorista)"},"mês",0,44,176,{"$f":"VLOOKUP(A42,Equipamentos!$A:$K,10,FALSE)","v":36.805999999999997},{"$f":"VLOOKUP(A42,Equipamentos!$A:$K,11,FALSE)","v":6.6540999999999997},{"$f":"((E42*G42)+(F42*H42))*D42","v":0}]
[{"$nulls":7},"Subtotal do Item 2",{"$f":"I42","v":0}]
[{"$nulls":7},"Total dos Veículos da Parcela Fixa",{"$f":"I43+I40+I37","v":2790.5855999999999}]
[]
["Composição de custo da equipe de produção de terraplenagem"]
["Código","Discriminação ","Unidade"," Quantidade ",null,"Custo Unitário (R$)",null," Custo Total (R$)"]
[null,"Equipe de Produção de Terraplenagem"]
["3.1","Mão de Obra"]
["P9884",{"$f":"VLOOKUP(A50,'Pessoal Sicro'!$A$6:$F$106,2,FALSE)","v":"Encarregado de terraplenagem"},"mês",1,null,{"$f":"VLOOKUP(A50,'Pessoal Sicro'!$A$6:$G$106,6,0)","v":8270.9704999999994},null,{"$f":"F50*D50","v":8270.9704999999994}]
[{"$nulls":5},"Subtotal do Item 3.1",null,{"$f":"SUM(H50:H50)","v":8270.9704999999994}]
["Código","Discriminação ","Unidade"," Quantidade ","Utilização Produtiva","Utilização Improdutiva","Custo Horário \nProdutivo (R$)","Custo Horário Improdutivo (R$)","Custo Total (R$)"]
["3.2","Veículos"]
[null,"Veículo Leve 53 kw","mês",1,44,176,{"$f":"G35","v":36.805999999999997},{"$f":"H35","v":6.6540999999999997},{"$f":"((E54*G54)+(F54*H54))*D54","v":2790.5855999999999}]
[{"$nulls":7},"Subtotal do Item 3.2",{"$f":"SUM(I54:I54)","v":2790.5855999999999}]
[{"$nulls":7},"Total da Equipe de Produção de Terraplenagem",{"$f":"I55+H51","v":11061.5561}]
[]
["Composição de custo da equipe de produção de pavimentação"]
["Código","Discriminação ","Unidade"," Quantidade ",null,"Custo Unitário (R$)",null," Custo Total (R$)"]
[null,"Equipe de Produção de Pavimentação"]
["3.1","Mão de Obra"]
["P9893",{"$f":"VLOOKUP(A62,'Pessoal Sicro'!$A$6:$F$106,2,FALSE)","v":"Encarregado de pavimentação"},"mês",1,null,{"$f":"VLOOKUP(A62,'Pessoal Sicro'!$A$6:$G$106,6,0)","v":8270.9704999999994},null,{"$f":"F62*D62","v":8270.9704999999994}]
[{"$nulls":5},"Subtotal do Item 3.1",null,{"$f":"SUM(H62:H62)","v":8270.9704999999994}]
["Código","Discriminação ","Unidade"," Quantidade ","Utilização Produtiva","Utilização Improdutiva","Custo Horário \nProdutivo (R$)","Custo Horário Improdutivo (R$)","Custo Total (R$)"]
["3.2","Veículos"]
[null,"Veículo Leve 53 kw","mês",1,44,176,{"$f":"$G$35","v":36.805999999999997},{"$f":"$H$35","v":6.6540999999999997},{"$f":"((E66*G66)+(F66*H66))*D66","v":2790.5855999999999}]
[{"$nulls":7},"Subtotal do Item 3.2",{"$f":"SUM(I66:I66)","v":2790.5855999999999}]
[{"$nulls":7},"Total da Equipe de Produção de Pavimentação",{"$f":"I67+H63","v":11061.5561}]
[]
["Composição de custo da equipe de produção de drenagem"]
["Código","Discriminação ","Unidade"," Quantidade ",null,"Custo Unitário (R$)",null," Custo Total (R$)"]
[null,"Equipe de Produção de Pavimentação"]
["3.1","Mão de Obra"]
["P9811",{"$f":"VLOOKUP(A74,'Pessoal Sicro'!$A$6:$F$106,2,FALSE)","v":"Encarregado especializado"},"mês",0.5,null,{"$f":"VLOOKUP(A74,'Pessoal Sicro'!$A$6:$G$106,6,0)","v":8270.9704999999994},null,{"$f":"F74*D74","v":4135.4852499999997}]
[{"$nulls":5},"Subtotal do Item 3.1",null,{"$f":"SUM(H74:H74)","v":4135.4852499999997}]
["Código","Discriminação ","Unidade"," Quantidade ","Utilização Produtiva","Utilização Improdutiva","Custo Horário \nProdutivo (R$)","Custo Horário Improdutivo (R$)","Custo Total (R$)"]
["3.2","Veículos"]
[null,"Veículo Leve 53 kw","mês",0.5,44,176,{"$f":"$G$35","v":36.805999999999997},{"$f":"$H$35","v":6.6540999999999997},{"$f":"((E78*G78)+(F78*H78))*D78","v":1395.2927999999999}]
[{"$nulls":7},"Subtotal do Item 3.2",{"$f":"SUM(I78:I78)","v":1395.2927999999999}]
[{"$nulls":7},"Total da Equipe de Produção de Pavimentação",{"$f":"I79+H75","v":5530.7780499999999}]
[]
["Composição de custo da equipe de produção de sinalização"]
["Código","Discriminação ","Unidade"," Quantidade ",null,"Custo Unitário (R$)",null," Custo Total (R$)"]
[null,"Equipe de Produção de Pavimentação"]
["3.1","Mão de Obra"]
["P9811",{"$f":"VLOOKUP(A86,'Pessoal Sicro'!$A$6:$F$106,2,FALSE)","v":"Encarregado especializado"},"mês",0.5,null,{"$f":"VLOOKUP(A86,'Pessoal Sicro'!$A$6:$G$106,6,0)","v":8270.9704999999994},null,{"$f":"F86*D86","v":4135.4852499999997}]
[{"$nulls":5},"Subtotal do Item 3.1",null,{"$f":"SUM(H86:H86)","v":4135.4852499999997}]
["Código","Discriminação ","Unidade"," Quantidade ","Utilização Produtiva","Utilização Improdutiva","Custo Horário \nProdutivo (R$)","Custo Horário Improdutivo (R$)","Custo Total (R$)"]
["3.2","Veículos"]
[null,"Veículo Leve 53 kw","mês",0.5,44,176,{"$f":"$G$35","v":36.805999999999997},{"$f":"$H$35","v":6.6540999999999997},{"$f":"((E90*G90)+(F90*H90))*D90","v":1395.2927999999999}]
[{"$nulls":7},"Subtotal do Item 3.2",{"$f":"SUM(I90:I90)","v":1395.2927999999999}]
[{"$nulls":7},"Total da Equipe de Produção de Pavimentação",{"$f":"I91+H87","v":5530.7780499999999}]
[]
["Composição de custo da equipe topografia"]
["Código","Discriminação ","Unidade"," Quantidade ",null,"Custo Unitário (R$)",null," Custo Total (R$)"]
[null,"Equipe de Topografia"]
["3.1","Mão de Obra"]
["P9949","Topógrafo","mês",1,null,{"$f":"VLOOKUP(A98,'Pessoal Sicro'!$A$6:$G$106,6,0)","v":8757.2734},null,{"$f":"F98*D98","v":8757.2734}]
["P9950","Auxiliar de topografia","mês",1,null,{"$f":"VLOOKUP(A99,'Pessoal Sicro'!$A$6:$G$106,6,0)","v":5667.1287000000002},null,{"$f":"F99*D99","v":5667.1287000000002}]
[{"$nulls":5},"Subtotal do Item 3.1",null,{"$f":"SUM(H98:I99)","v":14424.402099999999}]
["Código","Discriminação ","Unidade"," Quantidade ","Utilização Produtiva","Utilização Improdutiva","Custo Horário \nProdutivo (R$)","Custo Horário Improdutivo (R$)","Custo Total (R$)"]
["3.2","Veículos"]
[null,"Veículo Leve 53 kw","mês",1,44,176,{"$f":"G35","v":36.805999999999997},{"$f":"H35","v":6.6540999999999997},{"$f":"((E103*G103)+(F103*H103))*D103","v":2790.5855999999999}]
[{"$nulls":7},"Subtotal do Item 3.2",{"$f":"SUM(I103:I103)","v":2790.5855999999999}]
[{"$nulls":7},"Total da Equipe de Produção de Topografia",{"$f":"I104+H100","v":17214.987699999998}]
[]
["Composição de custo do setor de medicina e segurança do trabalho"]
["Código","Discriminação ","Unidade"," Quantidade ",null,"Custo Unitário (R$)",null," Custo Total (R$)"]
[4,"Setor de Medicina e Segurança do Trabalho"]
["P9876",{"$f":"VLOOKUP(A110,'Pessoal Sicro'!$A$6:$F$106,2,FALSE)","v":"Técnico de segurança do trabalho"},"mês",1,null,{"$f":"VLOOKUP(A110,'Pessoal Sicro'!$A$6:$G$106,6,0)","v":7298.4723000000004},null,{"$f":"F110*D110","v":7298.4723000000004}]
["P9864",{"$f":"VLOOKUP(A111,'Pessoal Sicro'!$A$6:$F$106,2,FALSE)","v":"Engenheiro de segurança do trabalho"},"mês",0,null,{"$f":"VLOOKUP(A111,'Pessoal Sicro'!$A$6:$G$106,6,0)","v":24420.804},null,{"$f":"F111*D111","v":0}]
["P9851",{"$f":"VLOOKUP(A112,'Pessoal Sicro'!$A$6:$F$106,2,FALSE)","v":"Médico do trabalho"},"mês",0,null,{"$f":"VLOOKUP(A112,'Pessoal Sicro'!$A$6:$G$106,6,0)","v":18575.821899999999},null,{"$f":"F112*D112","v":0}]
["P9951",{"$f":"VLOOKUP(A113,'Pessoal Sicro'!$A$6:$F$106,2,FALSE)","v":"Médico de câmara hiperbárica"},"mês",0,null,{"$f":"VLOOKUP(A113,'Pessoal Sicro'!$A$6:$G$106,6,0)","v":21148.057000000001},null,{"$f":"F113*D113","v":0}]
[{"$nulls":5},"Subtotal do Item 4",null,{"$f":"SUM(H110:I113)","v":7298.4723000000004}]
[]
["Parcela Variável - Composição de custo da equipe de frente de serviço"]
["Código","Discriminação ","Unidade"," Quantidade ",null,"Custo Unitário (R$)",null," Custo Total (R$)"]
[5,"Equipe de Frente de Serviço","equipexmês"]
["P9875",{"$f":"VLOOKUP(A119,'Pessoal Sicro'!$A$6:$F$106,2,FALSE)","v":"Encarregado de turma"},"mês",1,null,{"$f":"VLOOKUP(A119,'Pessoal Sicro'!$A$6:$G$106,6,0)","v":5828.3149999999996},null,{"$f":"F119*D119","v":5828.3149999999996}]
["P9804",{"$f":"VLOOKUP(A120,'Pessoal Sicro'!$A$6:$F$106,2,FALSE)","v":"Apontador"},"mês",0.5,null,{"$f":"VLOOKUP(A120,'Pessoal Sicro'!$A$6:$G$106,6,0)","v":5108.5086000000001},null,{"$f":"F120*D120","v":2554.2543000000001}]
[{"$nulls":5},"Subtotal do Item 5",null,{"$f":"SUM(H119:I120)","v":8382.5692999999992}]
[]
["Parcela Variável - Composição de custo da equipe de frente de serviço (Terraplenagem) - Somente Compactação "]
["Código","Discriminação ","Unidade"," Quantidade ",null,"Produção Horária \n(und/h)",null,"Efs"]
["5.1","Equipe de Frente de Serviço","equipexmês"]
[null,null,"mês",{"$nulls":4},{"$f":"(D126)/(F126*182.49)","v":{"$error":"#DIV/0!"}}]
[null,null,"mês",{"$nulls":4},{"$f":"(D127)/(F127*182.49)","v":{"$error":"#DIV/0!"}}]
[null,null,"mês",{"$nulls":4},{"$f":"(D128)/(F128*182.49)","v":{"$error":"#DIV/0!"}}]
[{"$nulls":5},"Total de Equipes para Terraplenagem",null,{"$f":"SUM(H128:I128)","v":{"$error":"#DIV/0!"}}]
[]
["Parcela Variável - Composição de custo da acompanhamento das frentes de serviço de pavimentação"]
["Código","Discriminação ","Unidade"," Quantidade ",null,"Produção Horária \n(und/h)",null,"Efs"]
["5.2","Equipe de Frente de Serviço","equipe x mês"]
[4915637,"Capa selante - areia comercial","m²",{"$f":"'MODULO MINIMO'!J22","v":14000},null,1350,null,{"$f":"(D134)/(F134*182.49)","v":5.6827061046470326E-2}]
[4011370,"Tratamento superficial duplo com emulsão - brita comercial","m²",{"$f":"'MODULO MINIMO'!J23","v":14000},null,361.93,null,0.21196511041564653]
[4011352,"Imprimação com emulsão asfáltica","m²",{"$f":"'MODULO MINIMO'!J24","v":14000},null,1038.46,null,7.3875288805283726E-2]
[4011219,"Base de solo estabilizado granulometricamente sem mistura com material de jazida - 100% Proctor modificado","m³",{"$f":"'MODULO MINIMO'!J25","v":2100},null,112.13,null,0.10262623617149953]
[4011227,"Sub-base de solo estabilizado granulometricamente sem mistura com material de jazida - 100% Proctor intermediário","m³",{"$f":"'MODULO MINIMO'!J26","v":2100},null,134.56,null,8.5519321209202151E-2]
[4011209,"Regularização do subleito - 100% Proctor intermediário","m²",{"$f":"'MODULO MINIMO'!J27","v":14000},null,672.8,null,0.11402576161226954]
[{"$nulls":5},"Total de Equipes para Pavimentação",null,{"$f":"SUM(H134:I139)","v":0.64483877926037181}]
[]
["Parcela Variável - Composição de custo da acompanhamento das frentes de serviço de drenagem"]
["Código","Discriminação ","Unidade"," Quantidade ",null,"Efsdu",null,"Efs"]
["5.3","Frentes de Serviço para Drenagem","equipe x mês"]
[{"$f":"'MODULO MINIMO'!D39","v":2003373},"Meio-fio de concreto - MFC 03 - areia e brita comerciais - fôrma de madeira","m",{"$f":"'MODULO MINIMO'!J39","v":4000},null,2.1000000000000001E-4,null,{"$f":"D145*F145","v":0.84000000000000008}]
[{"$nulls":5},"Total de Equipes para Drenagem",null,{"$f":"H145","v":0.84000000000000008}]
[]
["Parcela Variável - Composição de custo da acompanhamento das frentes de serviço de sinalização"]
["Código","Discriminação ","Unidade"," Quantidade ",null,"Produção Horária (und/h)",null,"Efs"]
["5.4","Frentes de Serviço para Sinalização","equipe x mês"]
[5213440,{"$f":"VLOOKUP(A151,'SINTÉTICO SICRO'!A4:D6492,2,TRUE)","v":"Barreira de sinalização tipo III de direcionamento ou bloqueio - utilização de 150 ciclos - fornecimento, 01 implantação e 01 retirada diária"},{"$f":"'MODULO MINIMO'!I34","v":"und"},{"$f":"'MODULO MINIMO'!J34","v":6},null,3,null,{"$f":"0.2*((D151)/(F151*182.49))","v":2.1919009260781409E-3}]
[5213464,{"$f":"VLOOKUP(A152,'SINTÉTICO SICRO'!$A$4:$D$6373,2,0)","v":"Placa de advertência em aço, lado de 0,60 m - película retrorrefletiva tipo I + SI - fornecimento e implantação"},{"$f":"'MODULO MINIMO'!I35","v":"und"},{"$f":"'MODULO MINIMO'!J35","v":6},null,4.0999999999999996,null,{"$f":"0.2*((D152)/(F152*182.49))","v":1.6038299459108351E-3}]
[5213863,{"$f":"VLOOKUP(A153,'SINTÉTICO SICRO'!$A$4:$D$6373,2,0)","v":"Suporte metálico galvanizado para placa de advertência ou regulamentação - lado ou diâmetro de 0,60 m - fornecimento e implantação"},{"$f":"'MODULO MINIMO'!I36","v":"und"},{"$f":"'MODULO MINIMO'!J36","v":12},null,4.0999999999999996,null,{"$f":"0.2*((D153)/(F153*182.49))","v":3.2076598918216702E-3}]
[5213400,{"$f":"VLOOKUP(A154,'SINTÉTICO SICRO'!$A$4:$D$6373,2,0)","v":"Pintura de faixa com tinta acrílica - espessura de 0,4 mm"},{"$f":"'MODULO MINIMO'!I37","v":"m²"},{"$f":"'MODULO MINIMO'!J37","v":600},null,177.07,null,3.7136176530380214E-3]
[{"$nulls":5},"Total de Equipes para Sinalização",null,{"$f":"SUM(H151:I154)","v":1.0717008416848669E-2},null,{"$f":"H155+H146","v":0.85071700841684872}]
[]
["3. PARCELA VARIÁVEL - EQUIPE DE CONTROLE TECNOLÓGICO"]
["LABORATÓRIO DE SOLOS"]
["Item","Discriminação",null,null,null,"Unidade","Quantidade","Custo Unitário (R$)","Custo Total (R$)"]
[null,"Laboratório de Solos (equipe x mês)"]
[null,"Mão de Obra"]
["P9858",{"$f":"VLOOKUP(A162,'Pessoal Sicro'!$A$6:$F$106,2,FALSE)","v":"Laboratorista"},null,null,null,"func./mês",1,{"$f":"VLOOKUP(A162,'Pessoal Sicro'!$A$6:$G$106,6,0)","v":7399.5429999999997},{"$f":"TRUNC(G162*H162,2)","v":7399.54}]
["P9833",{"$f":"VLOOKUP(A163,'Pessoal Sicro'!$A$6:$F$106,2,FALSE)","v":"Auxiliar de laboratório"},null,null,null,"func./mês",1,{"$f":"VLOOKUP(A163,'Pessoal Sicro'!$A$6:$G$106,6,0)","v":5646.9454999999998},{"$f":"TRUNC(G163*H163,2)","v":5646.94}]
[{"$nulls":7},"Subtotal do Item",{"$f":"SUM(I162:I163)","v":13046.48}]
["Item","Discriminação","Und","Quant","Utilização Produtiva","Utilização Improdutiva","Horário Produtivo (R$)","Horário Improdutivo (R$)","Total (R$)"]
[null,"Equipe de Controle Tecnológico"]
[null,"Veículos"]
["E9125","Van furgão a diesel - 93 kW","veic./mês",0.5,44,176,{"$f":"VLOOKUP(A168,Equipamentos!$A$4:$K$533,10,0)","v":86.955799999999996},{"$f":"VLOOKUP(A168,Equipamentos!$A$4:$K$533,11,0)","v":47.866599999999998},{"$f":"D168*((E168*G168)+(F168*H168))","v":6125.2883999999995}]
[{"$nulls":7},"Subtotal do Item",{"$f":"SUM(I168:I168)","v":6125.2883999999995}]
[{"$nulls":7},"Total da Equipe do Laboratório de Solos",{"$f":"I164+I169","v":19171.768400000001}]
[]
["3. PARCELA VARIÁVEL - EQUIPE DE CONTROLE TECNOLÓGICO"]
["LABORATÓRIO DE ASFALTOS"]
["Item","Discriminação",null,null,null,"Unidade","Quantidade","Custo Unitário (R$)","Custo Total (R$)"]
[null,"Laboratório de Solos (equipe x mês)"]
[null,"Mão de Obra"]
["P9858","Laboratorista",null,null,null,"func./mês",0.5,{"$f":"VLOOKUP(A177,'Pessoal Sicro'!$A$6:$G$106,6,0)","v":7399.5429999999997},{"$f":"TRUNC(G177*H177,2)","v":3699.77}]
["P9833","Auxiliar de laboratório",null,null,null,"func./mês",0.5,{"$f":"VLOOKUP(A178,'Pessoal Sicro'!$A$6:$G$106,6,0)","v":5646.9454999999998},{"$f":"TRUNC(G178*H178,2)","v":2823.47}]
[{"$nulls":7},"Subtotal do Item",{"$f":"SUM(I177:I178)","v":6523.24}]
["Item","Discriminação","Und","Quant","Utilização Produtiva","Utilização Improdutiva","Horário Produtivo (R$)","Horário Improdutivo (R$)","Total (R$)"]
[null,"Equipe de Controle Tecnológico"]
[null,"Veículos"]
["E9125",{"$f":"VLOOKUP(A183,Equipamentos!$A:$K,2,FALSE)","v":"Veículo tipo van furgão com capacidade de 1,38 t - 100 kW"},"veic./mês",0.25,44,176,{"$f":"VLOOKUP(A183,Equipamentos!$A$4:$K$533,10,0)","v":86.955799999999996},{"$f":"VLOOKUP(A183,Equipamentos!$A$4:$K$533,11,0)","v":47.866599999999998},{"$f":"D183*((E183*G183)+(F183*H183))","v":3062.6441999999997}]
[{"$nulls":7},"Subtotal do Item",{"$f":"SUM(I183:I183)","v":3062.6441999999997}]
[{"$nulls":7},"Total da Equipe do Laboratório de Asfaltos",{"$f":"I179+I184","v":9585.8842000000004}]
[]
["Equipes de laboratório de solos para pavimentação"]
["Item","Discriminação",null,null,null,"Und","Quant","QE","Els"]
[4011221,{"$f":"VLOOKUP(A189,'SINTÉTICO SICRO'!A:D,2,0)","v":"Base estabilizada granulometricamente com mistura de solos na pista com material de jazida - 100% Proctor modificado"},null,null,null,{"$f":"VLOOKUP(A189,'SINTÉTICO SICRO'!A:D,3,0)","v":"m³"},{"$f":"'MODULO MINIMO'!J25","v":2100},21900,{"$f":"G189/H189","v":9.5890410958904104E-2}]
[4011227,{"$f":"VLOOKUP(A190,'SINTÉTICO SICRO'!A:D,2,0)","v":"Sub-base de solo estabilizado granulometricamente sem mistura com material de jazida - 100% Proctor intermediário"},null,null,null,{"$f":"VLOOKUP(A190,'SINTÉTICO SICRO'!A:D,3,0)","v":"m³"},{"$f":"'MODULO MINIMO'!J26","v":2100},21900,{"$f":"G190/H190","v":9.5890410958904104E-2}]
[{"$nulls":7},"Total de equipes de Laboratório de Solos para Pavimentação",{"$f":"SUM(I189:I190)","v":0.19178082191780821}]
[]
["Equipes de laboratório de Asfalto"]
["Item","Discriminação",null,null,null,"Und","Quant","QE","Ela"]
[{"$f":"'MODULO MINIMO'!D23","v":4011370},{"$f":"VLOOKUP(A195,'SINTÉTICO SICRO'!A:D,2,0)","v":"Tratamento superficial duplo com emulsão - brita comercial"},null,null,null,{"$f":"VLOOKUP(A195,'SINTÉTICO SICRO'!A:D,3,0)","v":"m²"},{"$f":"'MODULO MINIMO'!J23","v":14000},1610000,{"$f":"G195/H195","v":8.6956521739130436E-3}]
[{"$f":"'MODULO MINIMO'!D24","v":4011352},{"$f":"VLOOKUP(A196,'SINTÉTICO SICRO'!A:D,2,0)","v":"Imprimação com emulsão asfáltica"},null,null,null,{"$f":"VLOOKUP(A196,'SINTÉTICO SICRO'!A:D,3,0)","v":"m²"},{"$f":"'MODULO MINIMO'!J24","v":14000},3610000,{"$f":"G196/H196","v":3.8781163434903048E-3}]
[{"$nulls":7},"Total de equipes de Laboratório de Asfaltos",{"$f":"SUM(I195:I196)","v":1.2573768517403348E-2}]
[]
["manutenção do canteiro de obras e acampamentos"]
["Código","Discriminação ","Unidade"," Quantidade ",null,"Custo Unitário (R$)",null," Custo Total (R$)"]
[null,"Manutenção do Canteiro de Obras e Acampamentos"]
["6.1","Mão de Obra"]
["P9952","Pedreiro","mês",0,null,{"$f":"VLOOKUP(A203,'Pessoal Sicro'!$A$6:$G$106,6,0)","v":5108.1603999999998},null,{"$f":"F203*D203","v":0}]
["P9954","Servente","mês",0,null,{"$f":"VLOOKUP(A204,'Pessoal Sicro'!$A$6:$G$106,6,0)","v":3953.259},null,{"$f":"F204*D204","v":0}]
["P9953","Eletricista","mês",0,null,{"$f":"VLOOKUP(A205,'Pessoal Sicro'!$A$6:$G$106,6,0)","v":5593.9461000000001},null,{"$f":"F205*D205","v":0}]
[{"$nulls":5},"Subtotal do Item 6.1",null,{"$f":"SUM(H203:I205)","v":0}]
[]
["Código","Discriminação ","Unidade"," Quantidade ",null,"Custo Produtivo (R$)",null," Custo Total (R$)"]
["6.2","Equipamentos"]
[null,"Caminhão guindauto de 6 toneladas","h/mês",0,null,null,null,{"$f":"F210*D210","v":0}]
[null,"Caminhão tanque de 8.000 litros","h/mês",0,null,null,null,{"$f":"F211*D211","v":0}]
["E9524","Motoniveladora","h/mês",0,null,{"$f":"VLOOKUP(A212,Equipamentos!$A:$K,10,FALSE)","v":282.17180000000002},null,{"$f":"F212*D212","v":0}]
[{"$nulls":5},"Subtotal do Item 6.2",null,{"$f":"SUM(H210:I212)","v":0}]
[{"$nulls":6},"Total da Manutenção do Canteiro de Obras e Acampamentos",{"$f":"H213+H206","v":0}]
[]
[]
[]
["Resumo das parcelas de administração local"]
["Código","Discriminação ","Unidade"," Quantidade ",null,"Custo Unitário (R$)",null," Custo Total (R$)"]
[null,"Parcela Fixa"]
[null,"Mão de Obra","mês",4,null,{"$f":"H11+H15+H23+H27","v":31462.750575000002},null,{"$f":"F221*D221","v":125851.00230000001}]
[null,"Veículos","mês",4,null,{"$f":"I44","v":2790.5855999999999},null,{"$f":"F222*D222","v":11162.3424}]
[{"$nulls":5},"Equipe P/ 5 frentes de serviço",null,{"$f":"SUM(H221:I222)","v":137013.34470000002}]
[{"$nulls":5},"Equipe P/1 frente de serviço",null,{"$f":"H223/5","v":27402.668940000003}]
[null,"Parcela Vinculada"]
[null,"Equipe de produção de terraplenagem","mês",4,null,{"$f":"I56","v":11061.5561},null,{"$f":"F226*D226","v":44246.224399999999}]
[null,"Equipe de produção de pavimentação","mês",4,null,{"$f":"I68","v":11061.5561},null,44246.224399999999]
[null,"Equipe de produção de drenagem","mês",2,null,{"$f":"I80","v":5530.7780499999999},null,11061.5561]
[null,"Equipe de produção de sinalização","mês",1,null,{"$f":"I92","v":5530.7780499999999},null,5530.7780499999999]
[null,"Equipe de topografia","mês",10,null,{"$f":"I105","v":17214.987699999998},null,172149.87699999998]
[null,"Equipe de medicina e segurança do trabalho","mês",10,null,{"$f":"H114","v":7298.4723000000004},null,72984.722999999998]
[null,"Técnicos especializados","mês",0,null,null,null,0]
[{"$nulls":5},"Equipe P/ 5 frentes de serviço",null,{"$f":"SUM(H226:I231)","v":350219.38295}]
[{"$nulls":5},"Equipe P/ 1 frentes de serviço",null,{"$f":"H233/5","v":70043.87659}]
[null,"Parcela Variável"]
[null,"Acompanhamento da Terraplenagem","equipe x mês","-",null,{"$f":"$H$121","v":8382.5692999999992},null,"-"]
[null,"Acompanhamento da Pavimentação","equipe x mês",{"$f":"H140","v":0.64483877926037181},null,{"$f":"$H$121","v":8382.5692999999992},null,{"$f":"F237*D237","v":5405.4057544774687}]
[null,"Acompanhamento da Drenagem","equipe x mês",{"$f":"H146","v":0.84000000000000008},null,8382.5692999999992,null,{"$f":"F238*D238","v":7041.3582120000001}]
[null,"Acompanhamento da Sinalização","equipe x mês",{"$f":"H155","v":1.0717008416848669E-2},null,8382.5692999999992,null,{"$f":"F239*D239","v":89.836065742917242}]
[null,"Laboratório de Solos","equipe x mês",{"$f":"I191","v":0.19178082191780821},null,{"$f":"I170","v":19171.768400000001},null,{"$f":"F240*D240","v":3676.7775013698629}]
[null,"Laboratório de asfaltos","equipe x mês",{"$f":"I197","v":1.2573768517403348E-2},null,{"$f":"I185","v":9585.8842000000004},null,{"$f":"F241*D241","v":120.53068896543419}]
[{"$nulls":5},"Subtotal do Item 3",null,{"$f":"SUM(H236:I241)","v":16333.908222555683}]
[null,"Manutenção dos Canteiros de Obras e Acampamentos"]
[null,"Equipe de manutenção","mês",0,null,{"$f":"H214","v":0},null,{"$f":"F244*D244","v":0}]
[{"$nulls":5},"Subtotal do Item 4",null,{"$f":"SUM(H244:I244)","v":0}]
[{"$nulls":6},"Subtotal",{"$f":"H245+H242+H234+H224","v":113780.45375255568}]
[null,"Despesas Diversas","%",0.05,null,"-",null,{"$f":"D247*H246","v":5689.0226876277848}]
[{"$nulls":5},"TOTAL",null,{"$f":"H246+H247","v":119469.47644018347},null,{"$f":"H248","v":119469.47644018347}]
[{"$nulls":5},"BDI",null,null,{"$f":"H248*'MODULO MINIMO'!J6","v":27943.910539358913}]
[{"$nulls":5},"TOTAL COM BDI",null,null,{"$f":"TRUNC(I249+H248,2)","v":147413.38}]
[]
[{"$nulls":5},"Desconto aplicado:",null,null,{"$f":"CAPA!D13","v":0}]
[{"$nulls":5},"Valor total com BDI após o desconto:",null,null,{"$f":"TRUNC((I250-I250*I252),2)","v":147413.38}]

{"sheet":"SINTÉTICO SICRO","index":9,"n_rows":6492,"n_cols":4,"rows_kept":6492,"cut":false,"hidden":true,"merged":[[0,1,0,2]]}
["CGCIT","SISTEMA DE CUSTOS REFERENCIAIS DE OBRAS - SICRO",null,"DNIT"]
[null,"Maranhão - Abril/2025"]
["Código","Descrição do Serviço","Unidade","Custo Unitário (R$)"]
[307731,"Aparelho de apoio de neoprene fretado para estruturas moldadas no local - fornecimento e instalação","dm³",144.66999999999999]
[307732,"Aparelho de apoio de neoprene fretado para estruturas pré-moldadas - fornecimento e instalação","dm³",119.32]
[308308,"Aparelho de apoio metálico elastomérico fixo com capacidade de 1.500 kN - fornecimento e instalação","un",5439.44]
[308313,"Aparelho de apoio metálico elastomérico fixo com capacidade de 10.000 kN - fornecimento e instalação","un",33653.53]
[308309,"Aparelho de apoio metálico elastomérico fixo com capacidade de 2.500 kN - fornecimento e instalação","un",8981.91]
[308310,"Aparelho de apoio metálico elastomérico fixo com capacidade de 4.000 kN - fornecimento e instalação","un",12215.66]
[308311,"Aparelho de apoio metálico elastomérico fixo com capacidade de 5.500 kN - fornecimento e instalação","un",17236.75]
[308312,"Aparelho de apoio metálico elastomérico fixo com capacidade de 7.500 kN - fornecimento e instalação","un",24032.69]
[308307,"Aparelho de apoio metálico elastomérico fixo com capacidade de 700 kN - fornecimento e instalação","un",3302.89]
[308322,"Aparelho de apoio metálico elastomérico multidirecional com capacidade de 1.500 kN - fornecimento e instalação","un",4960]
[308327,"Aparelho de apoio metálico elastomérico multidirecional com capacidade de 10.000 kN - fornecimento e instalação","un",29987.78]
[308323,"Aparelho de apoio metálico elastomérico multidirecional com capacidade de 2.500 kN - fornecimento e instalação","un",7693.57]
[308324,"Aparelho de apoio metálico elastomérico multidirecional com capacidade de 4.000 kN - fornecimento e instalação","un",11378.13]
[308325,"Aparelho de apoio metálico elastomérico multidirecional com capacidade de 5.500 kN - fornecimento e instalação","un",16043.05]
[308326,"Aparelho de apoio metálico elastomérico multidirecional com capacidade de 7.500 kN - fornecimento e instalação","un",22241.75]
[308321,"Aparelho de apoio metálico elastomérico multidirecional com capacidade de 700 kN - fornecimento e instalação","un",4674.8500000000004]
[308315,"Aparelho de apoio metálico elastomérico unidirecional com capacidade de 1.500 kN - fornecimento e instalação","un",6400.69]
[308320,"Aparelho de apoio metálico elastomérico unidirecional com capacidade de 10.000 kN - fornecimento e instalação","un",45421.25]
[308316,"Aparelho de apoio metálico elastomérico unidirecional com capacidade de 2.500 kN - fornecimento e instalação","un",9189.56]
[308317,"Aparelho de apoio metálico elastomérico unidirecional com capacidade de 4.000 kN - fornecimento e instalação","un",17730.75]
[308318,"Aparelho de apoio metálico elastomérico unidirecional com capacidade de 5.500 kN - fornecimento e instalação","un",23328.73]
[308319,"Aparelho de apoio metálico elastomérico unidirecional com capacidade de 7.500 kN - fornecimento e instalação","un",25784.43]
[308314,"Aparelho de apoio metálico elastomérico unidirecional com capacidade de 700 kN - fornecimento e instalação","un",4699.34]
[308250,"Aparelho de apoio metálico esférico fixo com capacidade de 1.000 kN - fornecimento e instalação","un",7404.4]
[308251,"Aparelho de apoio metálico esférico fixo com capacidade de 1.500 kN - fornecimento e instalação","un",11522.12]
[308268,"Aparelho de apoio metálico esférico fixo com capacidade de 10.000 kN - fornecimento e instalação","un",75527.520000000004]
[308252,"Aparelho de apoio metálico esférico fixo com capacidade de 2.000 kN - fornecimento e instalação","un",13371.22]
[308253,"Aparelho de apoio metálico esférico fixo com capacidade de 2.500 kN - fornecimento e instalação","un",16196.23]
[308254,"Aparelho de apoio metálico esférico fixo com capacidade de 3.000 kN - fornecimento e instalação","un",19063.91]
[308255,"Aparelho de apoio metálico esférico fixo com capacidade de 3.500 kN - fornecimento e instalação","un",22328.15]
[308256,"Aparelho de apoio metálico esférico fixo com capacidade de 4.000 kN - fornecimento e instalação","un",29978.21]
[308257,"Aparelho de apoio metálico esférico fixo com capacidade de 4.500 kN - fornecimento e instalação","un",32350.6]
[308258,"Aparelho de apoio metálico esférico fixo com capacidade de 5.000 kN - fornecimento e instalação","un",36124.74]
[308259,"Aparelho de apoio metálico esférico fixo com capacidade de 5.500 kN - fornecimento e instalação","un",38184.639999999999]
[308260,"Aparelho de apoio metálico esférico fixo com capacidade de 6.000 kN - fornecimento e instalação","un",42973.94]
[308261,"Aparelho de apoio metálico esférico fixo com capacidade de 6.500 kN - fornecimento e instalação","un",46400.88]
[308262,"Aparelho de apoio metálico esférico fixo com capacidade de 7.000 kN - fornecimento e instalação","un",54990.04]
[308263,"Aparelho de apoio metálico esférico fixo com capacidade de 7.500 kN - fornecimento e instalação","un",55045.13]
[308264,"Aparelho de apoio metálico esférico fixo com capacidade de 8.000 kN - fornecimento e instalação","un",57441.7]
[308265,"Aparelho de apoio metálico esférico fixo com capacidade de 8.500 kN - fornecimento e instalação","un",58998.32]
[308266,"Aparelho de apoio metálico esférico fixo com capacidade de 9.000 kN - fornecimento e instalação","un",67797.009999999995]
[308267,"Aparelho de apoio metálico esférico fixo com capacidade de 9.500 kN - fornecimento e instalação","un",71921.320000000007]
[308288,"Aparelho de apoio metálico esférico multidirecional com capacidade de 1.000 kN - fornecimento e instalação","un",8316.6]
[308289,"Aparelho de apoio metálico esférico multidirecional com capacidade de 1.500 kN - fornecimento e instalação","un",11521.46]
[308306,"Aparelho de apoio metálico esférico multidirecional com capacidade de 10.000 kN - fornecimento e instalação","un",74486.44]
[308290,"Aparelho de apoio metálico esférico multidirecional com capacidade de 2.000 kN - fornecimento e instalação","un",15094.65]
[308291,"Aparelho de apoio metálico esférico multidirecional com capacidade de 2.500 kN - fornecimento e instalação","un",18052.14]
[308292,"Aparelho de apoio metálico esférico multidirecional com capacidade de 3.000 kN - fornecimento e instalação","un",20843.080000000002]
[308293,"Aparelho de apoio metálico esférico multidirecional com capacidade de 3.500 kN - fornecimento e instalação","un",23566.01]
[308294,"Aparelho de apoio metálico esférico multidirecional com capacidade de 4.000 kN - fornecimento e instalação","un",26714.16]
[308295,"Aparelho de apoio metálico esférico multidirecional com capacidade de 4.500 kN - fornecimento e instalação","un",30827.5]
[308296,"Aparelho de apoio metálico esférico multidirecional com capacidade de 5.000 kN - fornecimento e instalação","un",34324.97]
[308297,"Aparelho de apoio metálico esférico multidirecional com capacidade de 5.500 kN - fornecimento e instalação","un",37162.67]
[308298,"Aparelho de apoio metálico esférico multidirecional com capacidade de 6.000 kN - fornecimento e instalação","un",43054.53]
[308299,"Aparelho de apoio metálico esférico multidirecional com capacidade de 6.500 kN - fornecimento e instalação","un",46497.98]
[308300,"Aparelho de apoio metálico esférico multidirecional com capacidade de 7.000 kN - fornecimento e instalação","un",50030.47]
[308301,"Aparelho de apoio metálico esférico multidirecional com capacidade de 7.500 kN - fornecimento e instalação","un",53959.06]
[308302,"Aparelho de apoio metálico esférico multidirecional com capacidade de 8.000 kN - fornecimento e instalação","un",58051.93]
[308303,"Aparelho de apoio metálico esférico multidirecional com capacidade de 8.500 kN - fornecimento e instalação","un",63299.66]
[308304,"Aparelho de apoio metálico esférico multidirecional com capacidade de 9.000 kN - fornecimento e instalação","un",66877.649999999994]
[308305,"Aparelho de apoio metálico esférico multidirecional com capacidade de 9.500 kN - fornecimento e instalação","un",70948.44]
[308269,"Aparelho de apoio metálico esférico unidirecional com capacidade de 1.000 kN - fornecimento e instalação","un",11068.65]
[308270,"Aparelho de apoio metálico esférico unidirecional com capacidade de 1.500 kN - fornecimento e instalação","un",14983.79]
[308287,"Aparelho de apoio metálico esférico unidirecional com capacidade de 10.000 kN - fornecimento e instalação","un",82204.69]
[308271,"Aparelho de apoio metálico esférico unidirecional com capacidade de 2.000 kN - fornecimento e instalação","un",18262.419999999998]
[308272,"Aparelho de apoio metálico esférico unidirecional com capacidade de 2.500 kN - fornecimento e instalação","un",21677.79]
[308273,"Aparelho de apoio metálico esférico unidirecional com capacidade de 3.000 kN - fornecimento e instalação","un",24786.51]
[308274,"Aparelho de apoio metálico esférico unidirecional com capacidade de 3.500 kN - fornecimento e instalação","un",28732.63]
[308275,"Aparelho de apoio metálico esférico unidirecional com capacidade de 4.000 kN - fornecimento e instalação","un",32131.67]
[308276,"Aparelho de apoio metálico esférico unidirecional com capacidade de 4.500 kN - fornecimento e instalação","un",36857.74]
[308277,"Aparelho de apoio metálico esférico unidirecional com capacidade de 5.000 kN - fornecimento e instalação","un",41619.11]
[308278,"Aparelho de apoio metálico esférico unidirecional com capacidade de 5.500 kN - fornecimento e instalação","un",44111.35]
[308279,"Aparelho de apoio metálico esférico unidirecional com capacidade de 6.000 kN - fornecimento e instalação","un",49326.86]
[308280,"Aparelho de apoio metálico esférico unidirecional com capacidade de 6.500 kN - fornecimento e instalação","un",52820.66]
[308281,"Aparelho de apoio metálico esférico unidirecional com capacidade de 7.000 kN - fornecimento e instalação","un",56740.81]
[308282,"Aparelho de apoio metálico esférico unidirecional com capacidade de 7.500 kN - fornecimento e instalação","un",60879.54]
[308283,"Aparelho de apoio metálico esférico unidirecional com capacidade de 8.000 kN - fornecimento e instalação","un",64721.27]
[308284,"Aparelho de apoio metálico esférico unidirecional com capacidade de 8.500 kN - fornecimento e instalação","un",69722.100000000006]
[308285,"Aparelho de apoio metálico esférico unidirecional com capacidade de 9.000 kN - fornecimento e instalação","un",73815.39]
[308286,"Aparelho de apoio metálico esférico unidirecional com capacidade de 9.500 kN - fornecimento e instalação","un",78059.56]
[307733,"Junta de dilatação em elastômero e perfil VV - L = 20 mm e H = 40 mm - fornecimento e instalação","m",271.10000000000002]
[307734,"Junta de dilatação em elastômero e perfil VV - L = 25 mm e H = 50 mm - fornecimento e instalação","m",319.83]
[307735,"Junta de dilatação em elastômero e perfil VV - L = 35 mm e H = 60 mm - fornecimento e instalação","m",419.5]
[307736,"Junta de dilatação em elastômero e perfil VV - L = 40 mm e H = 70 mm - fornecimento e instalação","m",559.46]
[307737,"Junta de dilatação em elastômero e perfil VV - L = 50 mm e H = 80 mm - fornecimento e instalação","m",589.67999999999995]
[307730,"Junta de dilatação em perfil extrudado de borracha vulcanizada","m",0]
[307084,"Lábios poliméricos em junta de pavimento de concreto - L = 20 mm e H = 30 mm - confecção e assentamento","m",35.32]
[407818,"Armação em aço CA-25 - fornecimento, preparo e colocação","kg",11.86]
[407819,"Armação em aço CA-50 - fornecimento, preparo e colocação","kg",12.18]
[407820,"Armação em aço CA-60 - fornecimento, preparo e colocação","kg",13.46]
[407740,"Chumbador tipo espera em aço CA-25 para fixação de estrutura metálica em concreto - fornecimento e instalação","kg",14.86]
[408037,"Luva de emenda com rosca cônica para aço CA-50 - D = 12,5 mm - fornecimento e instalação","un",19.93]
[408038,"Luva de emenda com rosca cônica para aço CA-50 - D = 16 mm - fornecimento e instalação","un",30.74]
[408039,"Luva de emenda com rosca cônica para aço CA-50 - D = 20 mm - fornecimento e instalação","un",42.4]
[408041,"Luva de emenda com rosca cônica para aço CA-50 - D = 25 mm - fornecimento e instalação","un",54.37]
[408042,"Luva de emenda com rosca cônica para aço CA-50 - D = 32 mm - fornecimento e instalação","un",78.64]
[408031,"Luva de emenda prensada para aço CA-50 - D = 12,5 mm - fornecimento e instalação","un",21.85]
[408032,"Luva de emenda prensada para aço CA-50 - D = 16 mm - fornecimento e instalação","un",29.76]
[408033,"Luva de emenda prensada para aço CA-50 - D = 20 mm - fornecimento e instalação","un",40.69]
[408035,"Luva de emenda prensada para aço CA-50 - D = 25 mm - fornecimento e instalação","un",69.28]
[408036,"Luva de emenda prensada para aço CA-50 - D = 32 mm - fornecimento e instalação","un",154.12]
[408067,"Tela de aço eletrossoldada - fornecimento, preparo e colocação","kg",10.9]
[407743,"Treliça nervurada três barras longitudinais interligadas por duas diagonais sinusoidal - fornecimento e instalação","kg",11.54]
[607137,"Arco metálico galvanizado tipo MP 152S - arco alto - vão = 10,08 m e altura = 6,12 m - aterro rodoviário mínimo = 0,90 m e máximo = 5,00 m - areia e brita comerciais","m",55592.11]
[606785,"Arco metálico galvanizado tipo MP 152S - arco alto - vão = 10,08 m e altura = 6,12 m - aterro rodoviário mínimo = 0,90 m e máximo = 5,00 m - areia extraída e brita produzida","m",54952.82]
[607139,"Arco metálico galvanizado tipo MP 152S - arco alto - vão = 10,31 m e altura = 6,17 m - aterro rodoviário mínimo = 0,90 m e máximo = 4,90 m - areia e brita comerciais","m",56354.82]
[606787,"Arco metálico galvanizado tipo MP 152S - arco alto - vão = 10,31 m e altura = 6,17 m - aterro rodoviário mínimo = 0,90 m e máximo = 4,90 m - areia extraída e brita produzida","m",55393.39]
[607140,"Arco metálico galvanizado tipo MP 152S - arco alto - vão = 10,36 m e altura = 5,38 m - aterro rodoviário mínimo = 1,20 m e máximo = 3,60 m - areia e brita comerciais","m",51403.85]
[606788,"Arco metálico galvanizado tipo MP 152S - arco alto - vão = 10,36 m e altura = 5,38 m - aterro rodoviário mínimo = 1,20 m e máximo = 3,60 m - areia extraída e brita produzida","m",51149.42]
[607141,"Arco metálico galvanizado tipo MP 152S - arco alto - vão = 10,54 m e altura = 6,05 m - aterro rodoviário mínimo = 1,20 m e máximo = 4,20 m - areia e brita comerciais","m",57383.24]
[606789,"Arco metálico galvanizado tipo MP 152S - arco alto - vão = 10,54 m e altura = 6,05 m - aterro rodoviário mínimo = 1,20 m e máximo = 4,20 m - areia extraída e brita produzida","m",56718.84]
[607144,"Arco metálico galvanizado tipo MP 152S - arco alto - vão = 10,57 m e altura = 5,41 m - aterro rodoviário mínimo = 1,20 m e máximo = 4,10 m - areia e brita comerciais","m",66444.88]
[606792,"Arco metálico galvanizado tipo MP 152S - arco alto - vão = 10,57 m e altura = 5,41 m - aterro rodoviário mínimo = 1,20 m e máximo = 4,10 m - areia extraída e brita produzida","m",65838.03]
[607142,"Arco metálico galvanizado tipo MP 152S - arco alto - vão = 10,74 m e altura = 6,48 m - aterro rodoviário mínimo = 1,20 m e máximo = 4,70 m - areia e brita comerciais","m",60229.31]
[606790,"Arco metálico galvanizado tipo MP 152S - arco alto - vão = 10,74 m e altura = 6,48 m - aterro rodoviário mínimo = 1,20 m e máximo = 4,70 m - areia extraída e brita produzida","m",59514.68]
[607145,"Arco metálico galvanizado tipo MP 152S - arco alto - vão = 10,77 m e altura = 6,10 m - aterro rodoviário mínimo = 1,20 m e máximo = 4,70 m - areia e brita comerciais","m",73453.45]
[606793,"Arco metálico galvanizado tipo MP 152S - arco alto - vão = 10,77 m e altura = 6,10 m - aterro rodoviário mínimo = 1,20 m e máximo = 4,70 m - areia extraída e brita produzida","m",72774.740000000005]
[607146,"Arco metálico galvanizado tipo MP 152S - arco alto - vão = 10,97 m e altura = 6,53 m - aterro rodoviário mínimo = 1,20 m e máximo = 4,70 m - areia e brita comerciais","m",76653.45]
[606794,"Arco metálico galvanizado tipo MP 152S - arco alto - vão = 10,97 m e altura = 6,53 m - aterro rodoviário mínimo = 1,20 m e máximo = 4,70 m - areia extraída e brita produzida","m",75916.800000000003]
[607143,"Arco metálico galvanizado tipo MP 152S - arco alto - vão = 11,35 m e altura = 7,12 m - aterro rodoviário mínimo = 1,20 m e máximo = 4,70 m - areia e brita comerciais","m",65088.45]
[606791,"Arco metálico galvanizado tipo MP 152S - arco alto - vão = 11,35 m e altura = 7,12 m - aterro rodoviário mínimo = 1,20 m e máximo = 4,70 m - areia extraída e brita produzida","m",64265.71]
[607147,"Arco metálico galvanizado tipo MP 152S - arco alto - vão = 11,58 m e altura = 7,16 m - aterro rodoviário mínimo = 1,20 m e máximo = 6,40 m - areia e brita comerciais","m",82739.22]
[606795,"Arco metálico galvanizado tipo MP 152S - arco alto - vão = 11,58 m e altura = 7,16 m - aterro rodoviário mínimo = 1,20 m e máximo = 6,40 m - areia extraída e brita produzida","m",81890.38]
[607112,"Arco metálico galvanizado tipo MP 152S - arco alto - vão = 6,12 m e altura = 2,77 m - aterro rodoviário mínimo = 0,75 m e máximo = 5,40 m - areia e brita comerciais","m",27032.9]
[606760,"Arco metálico galvanizado tipo MP 152S - arco alto - vão = 6,12 m e altura = 2,77 m - aterro rodoviário mínimo = 0,75 m e máximo = 5,40 m - areia extraída e brita produzida","m",26810.39]
[607113,"Arco metálico galvanizado tipo MP 152S - arco alto - vão = 6,30 m e altura = 3,68 m - aterro rodoviário mínimo = 0,75 m e máximo = 7,50 m - areia e brita comerciais","m",31793.91]
[606761,"Arco metálico galvanizado tipo MP 152S - arco alto - vão = 6,30 m e altura = 3,68 m - aterro rodoviário mínimo = 0,75 m e máximo = 7,50 m - areia extraída e brita produzida","m",31538.14]
[606762,"Arco metálico galvanizado tipo MP 152S - arco alto - vão = 6,55 m e altura = 3,56 m - aterro rodoviário mínimo = 0,75 m e máximo = 4,9 m - areia extraída e brita produzida","m",31893.14]
[607114,"Arco metálico galvanizado tipo MP 152S - arco alto - vão = 6,55 m e altura = 3,56 m - aterro rodoviário mínimo = 0,75 m e máximo = 4,90 m - areia e brita comerciais","m",32153.74]
[607116,"Arco metálico galvanizado tipo MP 152S - arco alto - vão = 6,78 m e altura = 3,61 m - aterro rodoviário mínimo = 0,75 m e máximo = 4,80 m - areia e brita comerciais","m",33305.1]
[606764,"Arco metálico galvanizado tipo MP 152S - arco alto - vão = 6,78 m e altura = 3,61 m - aterro rodoviário mínimo = 0,75 m e máximo = 4,80 m - areia extraída e brita produzida","m",33033.519999999997]
[607115,"Arco metálico galvanizado tipo MP 152S - arco alto - vão = 6,96 m e altura = 4,42 m - aterro rodoviário mínimo = 0,75 m e máximo = 8,10 m - areia e brita comerciais","m",37830.76]
[606763,"Arco metálico galvanizado tipo MP 152S - arco alto - vão = 6,96 m e altura = 4,42 m - aterro rodoviário mínimo = 0,75 m e máximo = 8,10 m - areia extraída e brita produzida","m",37504.04]
[607117,"Arco metálico galvanizado tipo MP 152S - arco alto - vão = 6,99 m e altura = 4,27 m - aterro rodoviário mínimo = 0,75 m e máximo = 5,70 m - areia e brita comerciais","m",37825.269999999997]
[606765,"Arco metálico galvanizado tipo MP 152S - arco alto - vão = 6,99 m e altura = 4,27 m - aterro rodoviário mínimo = 0,75 m e máximo = 5,70 m - areia extraída e brita produzida","m",37507.519999999997]
[607118,"Arco metálico galvanizado tipo MP 152S - arco alto - vão = 7,01 m e altura = 3,63 m - aterro rodoviário mínimo = 0,75 m e máximo = 4,60 m - areia e brita comerciais","m",33892.050000000003]
[606766,"Arco metálico galvanizado tipo MP 152S - arco alto - vão = 7,01 m e altura = 3,63 m - aterro rodoviário mínimo = 0,75 m e máximo = 4,60 m - areia extraída e brita produzida","m",33611.68]
[607120,"Arco metálico galvanizado tipo MP 152S - arco alto - vão = 7,24 m e altura = 3,68 m - aterro rodoviário mínimo = 0,90 m e máximo = 4,4 m - areia e brita comerciais","m",34521.15]
[606768,"Arco metálico galvanizado tipo MP 152S - arco alto - vão = 7,24 m e altura = 3,68 m - aterro rodoviário mínimo = 0,90 m e máximo = 4,40 m - areia extraída e brita produzida","m",34225.910000000003]
[607119,"Arco metálico galvanizado tipo MP 152S - arco alto - vão = 7,42 m e altura = 4,52 m - aterro rodoviário mínimo = 0,90 m e máximo = 6,40 m - areia e brita comerciais","m",39707.24]
[606767,"Arco metálico galvanizado tipo MP 152S - arco alto - vão = 7,42 m e altura = 4,52 m - aterro rodoviário mínimo = 0,90 m e máximo = 6,40 m - areia extraída e brita produzida","m",39347.19]
[607121,"Arco metálico galvanizado tipo MP 152S - arco alto - vão = 7,47 m e altura = 4,19 m - aterro rodoviário mínimo = 0,90 m e máximo = 4,30 m - areia e brita comerciais","m",37389.949999999997]
[606769,"Arco metálico galvanizado tipo MP 152S - arco alto - vão = 7,47 m e altura = 4,19 m - aterro rodoviário mínimo = 0,90 m e máximo = 4,30 m - areia extraída e brita produzida","m",37053.35]
[607123,"Arco metálico galvanizado tipo MP 152S - arco alto - vão = 7,67 m e altura = 3,99 m - aterro rodoviário mínimo = 0,90 m e máximo = 4,10 m - areia e brita comerciais","m",36899.760000000002]
[606771,"Arco metálico galvanizado tipo MP 152S - arco alto - vão = 7,67 m e altura = 3,99 m - aterro rodoviário mínimo = 0,90 m e máximo = 4,10 m - areia extraída e brita produzida","m",36564.410000000003]
[607122,"Arco metálico galvanizado tipo MP 152S - arco alto - vão = 7,85 m e altura = 4,60 m - aterro rodoviário mínimo = 0,90 m e máximo = 6,00 m - areia e brita comerciais","m",40957.620000000003]
[606770,"Arco metálico galvanizado tipo MP 152S - arco alto - vão = 7,85 m e altura = 4,60 m - aterro rodoviário mínimo = 0,90 m e máximo = 6,00 m - areia extraída e brita produzida","m",40570.870000000003]
[607125,"Arco metálico galvanizado tipo MP 152S - arco alto - vão = 7,90 m e altura = 4,04 m - aterro rodoviário mínimo = 0,90 m e máximo = 4,00 m - areia e brita comerciais","m",38161.74]
[606773,"Arco metálico galvanizado tipo MP 152S - arco alto - vão = 7,90 m e altura = 4,04 m - aterro rodoviário mínimo = 0,90 m e máximo = 4,00 m - areia extraída e brita produzida","m",37808.9]
[607124,"Arco metálico galvanizado tipo MP 152S - arco alto - vão = 8,08 m e altura = 4,65 m - aterro rodoviário mínimo = 0,90 m e máximo = 5,80 m - areia e brita comerciais","m",41579.33]
[606772,"Arco metálico galvanizado tipo MP 152S - arco alto - vão = 8,08 m e altura = 4,65 m - aterro rodoviário mínimo = 0,90 m e máximo = 5,80 m - areia extraída e brita produzida","m",41180.199999999997]
[607126,"Arco metálico galvanizado tipo MP 152S - arco alto - vão = 8,31 m e altura = 4,70 m - aterro rodoviário mínimo = 0,90 m e máximo = 5,60 m - areia e brita comerciais","m",42745.16]
[606774,"Arco metálico galvanizado tipo MP 152S - arco alto - vão = 8,31 m e altura = 4,70 m - aterro rodoviário mínimo = 0,90 m e máximo = 5,60 m - areia extraída e brita produzida","m",42326.8]
[607127,"Arco metálico galvanizado tipo MP 152S - arco alto - vão = 8,36 m e altura = 4,11 m - aterro rodoviário mínimo = 0,90 m e máximo = 3,70 m - areia e brita comerciais","m",39346.6]
[606775,"Arco metálico galvanizado tipo MP 152S - arco alto - vão = 8,36 m e altura = 4,11 m - aterro rodoviário mínimo = 0,90 m e máximo = 3,70 m - areia extraída e brita produzida","m",38972.550000000003]
[607129,"Arco metálico galvanizado tipo MP 152S - arco alto - vão = 8,59 m e altura = 4,39 m - aterro rodoviário mínimo = 0,90 m e máximo = 3,60 m - areia e brita comerciais","m",41189.03]
[606777,"Arco metálico galvanizado tipo MP 152S - arco alto - vão = 8,59 m e altura = 4,39 m - aterro rodoviário mínimo = 0,90 m e máximo = 3,60 m - areia extraída e brita produzida","m",40779.39]
[607128,"Arco metálico galvanizado tipo MP 152S - arco alto - vão = 8,97 m e altura = 5,00 m - aterro rodoviário mínimo = 0,90 m e máximo = 5,80 m - areia e brita comerciais","m",45334.09]
[606776,"Arco metálico galvanizado tipo MP 152S - arco alto - vão = 8,97 m e altura = 5,00 m - aterro rodoviário mínimo = 0,90 m e máximo = 5,80 m - areia extraída e brita produzida","m",44855.46]
[607130,"Arco metálico galvanizado tipo MP 152S - arco alto - vão = 9,17 m e altura = 5,49 m - aterro rodoviário mínimo = 0,90 m e máximo = 5,60 m - areia e brita comerciais","m",48332.35]
[606778,"Arco metálico galvanizado tipo MP 152S - arco alto - vão = 9,17 m e altura = 5,49 m - aterro rodoviário mínimo = 0,90 m e máximo = 5,60 m - areia extraída e brita produzida","m",47806.26]
[607131,"Arco metálico galvanizado tipo MP 152S - arco alto - vão = 9,22 m e altura = 4,70 m - aterro rodoviário mínimo = 0,90 m e máximo = 4,10 m - areia e brita comerciais","m",45344.39]
[606779,"Arco metálico galvanizado tipo MP 152S - arco alto - vão = 9,22 m e altura = 4,70 m - aterro rodoviário mínimo = 0,90 m e máximo = 4,10 m - areia extraída e brita produzida","m",44878.96]
[607133,"Arco metálico galvanizado tipo MP 152S - arco alto - vão = 9,45 m e altura = 4,75 m - aterro rodoviário mínimo = 0,90 m e máximo = 4,00 m - areia e brita comerciais","m",46036.5]
[606781,"Arco metálico galvanizado tipo MP 152S - arco alto - vão = 9,45 m e altura = 4,75 m - aterro rodoviário mínimo = 0,90 m e máximo = 4,00 m - areia extraída e brita produzida","m",45557.09]
[607132,"Arco metálico galvanizado tipo MP 152S - arco alto - vão = 9,63 m e altura = 5,59 m - aterro rodoviário mínimo = 0,90 m e máximo = 5,30 m - areia e brita comerciais","m",50222.3]
[606780,"Arco metálico galvanizado tipo MP 152S - arco alto - vão = 9,63 m e altura = 5,59 m - aterro rodoviário mínimo = 0,90 m e máximo = 5,30 m - areia extraída e brita produzida","m",49659.32]
[607134,"Arco metálico galvanizado tipo MP 152S - arco alto - vão = 9,65 m e altura = 5,41 m - aterro rodoviário mínimo = 0,90 m e máximo = 4,70 m - areia e brita comerciais","m",49732.32]
[606782,"Arco metálico galvanizado tipo MP 152S - arco alto - vão = 9,65 m e altura = 5,41 m - aterro rodoviário mínimo = 0,90 m e máximo = 4,70 m - areia extraída e brita produzida","m",49182.21]
[607136,"Arco metálico galvanizado tipo MP 152S - arco alto - vão = 9,68 m e altura = 5,23 m - aterro rodoviário mínimo = 0,90 m e máximo = 3,90 m - areia e brita comerciais","m",49055.59]
[606784,"Arco metálico galvanizado tipo MP 152S - arco alto - vão = 9,68 m e altura = 5,23 m - aterro rodoviário mínimo = 0,90 m e máximo = 3,90 m - areia extraída e brita produzida","m",48523.06]
[607135,"Arco metálico galvanizado tipo MP 152S - arco alto - vão = 9,86 m e altura = 6,07 m - aterro rodoviário mínimo = 0,90 m e máximo = 5,20 m - areia e brita comerciais","m",54783.15]
[606783,"Arco metálico galvanizado tipo MP 152S - arco alto - vão = 9,86 m e altura = 6,07 m - aterro rodoviário mínimo = 0,90 m e máximo = 5,20 m - areia extraída e brita produzida","m",54165.81]
[607138,"Arco metálico galvanizado tipo MP 152S - arco alto - vão = 9,91 m e altura = 5,28 m - aterro rodoviário mínimo = 0,90 m e máximo = 3,80 m - areia e brita comerciais","m",49930.1]
[606786,"Arco metálico galvanizado tipo MP 152S - arco alto - vão = 9,91 m e altura = 5,28 m - aterro rodoviário mínimo = 0,90 m e máximo = 3,80 m - areia extraída e brita produzida","m",49362.8]
[606842,"Arco metálico galvanizado tipo MP 152S - ovoide - vão = 7,21 m e altura = 7,82 m - aterro rodoviário mínimo = 0,75 m e máximo = 6,70 m - areia e brita comerciais","m",61579.16]
[606832,"Arco metálico galvanizado tipo MP 152S - ovoide - vão = 7,21 m e altura = 7,82 m - aterro rodoviário mínimo = 0,75 m e máximo = 6,70 m - areia extraída e brita produzida","m",61176.9]
[606843,"Arco metálico galvanizado tipo MP 152S - ovoide - vão = 7,31 m e altura = 7,87 m - aterro rodoviário mínimo = 0,90 m e máximo = 6,80 m - areia e brita comerciais","m",63991.07]
[606833,"Arco metálico galvanizado tipo MP 152S - ovoide - vão = 7,31 m e altura = 7,87 m - aterro rodoviário mínimo = 0,90 m e máximo = 6,80 m - areia extraída e brita produzida","m",63571.59]
[606845,"Arco metálico galvanizado tipo MP 152S - ovoide - vão = 7,57 m e altura = 8,44 m - aterro rodoviário mínimo = 0,90 m e máximo = 5,60 m - areia e brita comerciais","m",66342.47]
[606835,"Arco metálico galvanizado tipo MP 152S - ovoide - vão = 7,57 m e altura = 8,44 m - aterro rodoviário mínimo = 0,90 m e máximo = 5,60 m - areia extraída e brita produzida","m",65921.679999999993]
[606844,"Arco metálico galvanizado tipo MP 152S - ovoide - vão = 7,77 m e altura = 7,90 m - aterro rodoviário mínimo = 0,90 m e máximo = 6,80 m - areia e brita comerciais","m",64973.18]
[606834,"Arco metálico galvanizado tipo MP 152S - ovoide - vão = 7,77 m e altura = 7,90 m - aterro rodoviário mínimo = 0,90 m e máximo = 6,80 m - areia extraída e brita produzida","m",64540.66]
[606847,"Arco metálico galvanizado tipo MP 152S - ovoide - vão = 8,13 m e altura = 8,01 m - aterro rodoviário mínimo = 0,90 m e máximo = 3,50 m - areia e brita comerciais","m",69381.87]
[606837,"Arco metálico galvanizado tipo MP 152S - ovoide - vão = 8,13 m e altura = 8,01 m - aterro rodoviário mínimo = 0,90 m e máximo = 3,50 m - areia extraída e brita produzida","m",68913.78]
[606846,"Arco metálico galvanizado tipo MP 152S - ovoide - vão = 8,36 m e altura = 8,23 m - aterro rodoviário mínimo = 0,90 m e máximo = 4,30 m - areia e brita comerciais","m",71087.94]
[606836,"Arco metálico galvanizado tipo MP 152S - ovoide - vão = 8,36 m e altura = 8,23 m - aterro rodoviário mínimo = 0,90 m e máximo = 4,30 m - areia extraída e brita produzida","m",70613.56]
[606848,"Arco metálico galvanizado tipo MP 152S - ovoide - vão = 8,56 m e altura = 8,48 m - aterro rodoviário mínimo = 0,90 m e máximo = 5,30 m - areia e brita comerciais","m",74052.37]
[606838,"Arco metálico galvanizado tipo MP 152S - ovoide - vão = 8,56 m e altura = 8,48 m - aterro rodoviário mínimo = 0,90 m e máximo = 5,30 m - areia extraída e brita produzida","m",73560.789999999994]
[606849,"Arco metálico galvanizado tipo MP 152S - ovoide - vão = 8,71 m e altura = 9,32 m - aterro rodoviário mínimo = 0,90 m e máximo = 6,00 m - areia e brita comerciais","m",75777.98]
[606839,"Arco metálico galvanizado tipo MP 152S - ovoide - vão = 8,71 m e altura = 9,32 m - aterro rodoviário mínimo = 0,90 m e máximo = 6,00 m - areia extraída e brita produzida","m",75294.789999999994]
[606850,"Arco metálico galvanizado tipo MP 152S - ovoide - vão = 9,15 m e altura = 9,04 m - aterro rodoviário mínimo = 0,90 m e máximo = 4,70 m - areia e brita comerciais","m",76427.95]
[606840,"Arco metálico galvanizado tipo MP 152S - ovoide - vão = 9,15 m e altura = 9,04 m - aterro rodoviário mínimo = 0,90 m e máximo = 4,70 m - areia extraída e brita produzida","m",75904.350000000006]
[606851,"Arco metálico galvanizado tipo MP 152S - ovoide - vão = 9,15 m e altura = 9,50 m - aterro rodoviário mínimo = 0,90 m e máximo = 5,70 m - areia e brita comerciais","m",78642.62]
[606841,"Arco metálico galvanizado tipo MP 152S - ovoide - vão = 9,15 m e altura = 9,50 m - aterro rodoviário mínimo = 0,90 m e máximo = 5,70 m - areia extraída e brita produzida","m",78137.14]
[605604,"Argamassa de solo-cimento com 10% de cimento e material de jazida - preparo e injeção em tunnel liner","m³",326]
[605695,"Bueiro metálico com chapas múltiplas MP 100 com revestimento em epóxi - D = 0,60 m - brita comercial","m",1473.27]
[605607,"Bueiro metálico com chapas múltiplas MP 100 com revestimento em epóxi - D = 0,60 m - brita produzida","m",1438.82]
[605696,"Bueiro metálico com chapas múltiplas MP 100 com revestimento em epóxi - D = 0,70 m - brita comercial","m",1694.58]
[605608,"Bueiro metálico com chapas múltiplas MP 100 com revestimento em epóxi - D = 0,70 m - brita produzida","m",1657.97]
[605697,"Bueiro metálico com chapas múltiplas MP 100 com revestimento em epóxi - D = 0,80 m - brita comercial","m",1915.93]
[605609,"Bueiro metálico com chapas múltiplas MP 100 com revestimento em epóxi - D = 0,80 m - brita produzida","m",1877.17]
[605698,"Bueiro metálico com chapas múltiplas MP 100 com revestimento em epóxi - D = 0,90 m - brita comercial","m",2094.29]
[605610,"Bueiro metálico com chapas múltiplas MP 100 com revestimento em epóxi - D = 0,90 m - brita produzida","m",2053.37]
[605699,"Bueiro metálico com chapas múltiplas MP 100 com revestimento em epóxi - D = 1,00 m - brita comercial","m",2315.56]
[605611,"Bueiro metálico com chapas múltiplas MP 100 com revestimento em epóxi - D = 1,00 m - brita produzida","m",2272.4899999999998]
[605700,"Bueiro metálico com chapas múltiplas MP 100 com revestimento em epóxi - D = 1,10 m - brita comercial","m",2622.97]
[605612,"Bueiro metálico com chapas múltiplas MP 100 com revestimento em epóxi - D = 1,10 m - brita produzida","m",2577.75]
[605701,"Bueiro metálico com chapas múltiplas MP 100 com revestimento em epóxi - D = 1,20 m - brita comercial","m",2801.3]
[605613,"Bueiro metálico com chapas múltiplas MP 100 com revestimento em epóxi - D = 1,20 m - brita produzida","m",2753.92]
[605702,"Bueiro metálico com chapas múltiplas MP 100 com revestimento em epóxi - D = 1,30 m - brita comercial","m",3067.89]
[605614,"Bueiro metálico com chapas múltiplas MP 100 com revestimento em epóxi - D = 1,30 m - brita produzida","m",2993.6]
[605703,"Bueiro metálico com chapas múltiplas MP 100 com revestimento em epóxi - D = 1,40 m - brita comercial","m",3250.74]
[605615,"Bueiro metálico com chapas múltiplas MP 100 com revestimento em epóxi - D = 1,40 m - brita produzida","m",3173.21]
[605704,"Bueiro metálico com chapas múltiplas MP 100 com revestimento em epóxi - D = 1,50 m - brita comercial","m",3477.16]
[605616,"Bueiro metálico com chapas múltiplas MP 100 com revestimento em epóxi - D = 1,50 m - brita produzida","m",3396.41]
[605705,"Bueiro metálico com chapas múltiplas MP 100 com revestimento em epóxi - D = 1,60 m - brita comercial","m",3707.3]
[605617,"Bueiro metálico com chapas múltiplas MP 100 com revestimento em epóxi - D = 1,60 m - brita produzida","m",3623.31]
[605706,"Bueiro metálico com chapas múltiplas MP 100 com revestimento em epóxi - D = 1,70 m - brita comercial","m",3895.71]
[605618,"Bueiro metálico com chapas múltiplas MP 100 com revestimento em epóxi - D = 1,70 m - brita produzida","m",3808.5]
[605707,"Bueiro metálico com chapas múltiplas MP 100 com revestimento em epóxi - D = 1,80 m - brita comercial","m",4326.8100000000004]
[605619,"Bueiro metálico com chapas múltiplas MP 100 com revestimento em epóxi - D = 1,80 m - brita produzida","m",4236.37]
[605708,"Bueiro metálico com chapas múltiplas MP 100 com revestimento em epóxi - D = 1,90 m - brita comercial","m",5062.5600000000004]
[605620,"Bueiro metálico com chapas múltiplas MP 100 com revestimento em epóxi - D = 1,90 m - brita produzida","m",4968.8900000000003]
[605709,"Bueiro metálico com chapas múltiplas MP 100 com revestimento em epóxi - D = 2,00 m - brita comercial","m",5302.3]
[605621,"Bueiro metálico com chapas múltiplas MP 100 com revestimento em epóxi - D = 2,00 m - brita produzida","m",5205.3999999999996]
[605710,"Bueiro metálico com chapas múltiplas MP 100 com revestimento em epóxi - D = 2,10 m - brita comercial","m",5694.3]
[605622,"Bueiro metálico com chapas múltiplas MP 100 com revestimento em epóxi - D = 2,10 m - brita produzida","m",5594.17]
[605711,"Bueiro metálico com chapas múltiplas MP 100 com revestimento em epóxi - D = 2,20 m - brita comercial","m",5887.93]
[605623,"Bueiro metálico com chapas múltiplas MP 100 com revestimento em epóxi - D = 2,20 m - brita produzida","m",5784.57]
[605712,"Bueiro metálico com chapas múltiplas MP 100 com revestimento em epóxi - D = 2,30 m - brita comercial","m",6201.25]
[605624,"Bueiro metálico com chapas múltiplas MP 100 com revestimento em epóxi - D = 2,30 m - brita produzida","m",6094.66]
[605713,"Bueiro metálico com chapas múltiplas MP 100 com revestimento em epóxi - D = 2,40 m - brita comercial","m",8207.31]
[605625,"Bueiro metálico com chapas múltiplas MP 100 com revestimento em epóxi - D = 2,40 m - brita produzida","m",8097.49]
[605714,"Bueiro metálico com chapas múltiplas MP 100 com revestimento em epóxi - D = 2,50 m - brita comercial","m",10426.200000000001]
[605626,"Bueiro metálico com chapas múltiplas MP 100 com revestimento em epóxi - D = 2,50 m - brita produzida","m",10313.14]
[605715,"Bueiro metálico com chapas múltiplas MP 100 com revestimento em epóxi - D = 2,60 m - brita comercial","m",11134.63]
[605627,"Bueiro metálico com chapas múltiplas MP 100 com revestimento em epóxi - D = 2,60 m - brita produzida","m",11018.34]
[605716,"Bueiro metálico com chapas múltiplas MP 100 com revestimento em epóxi - D = 2,70 m - brita comercial","m",11556.71]
[605628,"Bueiro metálico com chapas múltiplas MP 100 com revestimento em epóxi - D = 2,70 m - brita produzida","m",11437.19]
[605717,"Bueiro metálico com chapas múltiplas MP 100 com revestimento em epóxi - D = 2,80 m - brita comercial","m",12318.88]
[605629,"Bueiro metálico com chapas múltiplas MP 100 com revestimento em epóxi - D = 2,80 m - brita produzida","m",12196.14]
[605651,"Bueiro metálico com chapas múltiplas MP 100 galvanizadas - D = 0,60 m - brita comercial","m",1407.91]
[605460,"Bueiro metálico com chapas múltiplas MP 100 galvanizadas - D = 0,60 m - brita produzida","m",1373.46]
[605652,"Bueiro metálico com chapas múltiplas MP 100 galvanizadas - D = 0,70 m - brita comercial","m",1619.01]
[605461,"Bueiro metálico com chapas múltiplas MP 100 galvanizadas - D = 0,70 m - brita produzida","m",1582.41]
[605653,"Bueiro metálico com chapas múltiplas MP 100 galvanizadas - D = 0,80 m - brita comercial","m",1830.14]
[605462,"Bueiro metálico com chapas múltiplas MP 100 galvanizadas - D = 0,80 m - brita produzida","m",1791.38]
[605654,"Bueiro metálico com chapas múltiplas MP 100 galvanizadas - D = 0,90 m - brita comercial","m",2000.33]
[605463,"Bueiro metálico com chapas múltiplas MP 100 galvanizadas - D = 0,90 m - brita produzida","m",1959.41]
[605655,"Bueiro metálico com chapas múltiplas MP 100 galvanizadas - D = 1,00 m - brita comercial","m",2211.4]
[605464,"Bueiro metálico com chapas múltiplas MP 100 galvanizadas - D = 1,00 m - brita produzida","m",2168.33]
[605656,"Bueiro metálico com chapas múltiplas MP 100 galvanizadas - D = 1,10 m - brita comercial","m",2504.52]
[605465,"Bueiro metálico com chapas múltiplas MP 100 galvanizadas - D = 1,10 m - brita produzida","m",2459.3000000000002]
[605657,"Bueiro metálico com chapas múltiplas MP 100 galvanizadas - D = 1,20 m - brita comercial","m",2674.67]
[605466,"Bueiro metálico com chapas múltiplas MP 100 galvanizadas - D = 1,20 m - brita produzida","m",2627.29]
[605658,"Bueiro metálico com chapas múltiplas MP 100 galvanizadas - D = 1,30 m - brita comercial","m",2931.05]
[605467,"Bueiro metálico com chapas múltiplas MP 100 galvanizadas - D = 1,30 m - brita produzida","m",2856.76]
[605659,"Bueiro metálico com chapas múltiplas MP 100 galvanizadas - D = 1,40 m - brita comercial","m",3105.72]
[605468,"Bueiro metálico com chapas múltiplas MP 100 galvanizadas - D = 1,40 m - brita produzida","m",3028.2]
[605660,"Bueiro metálico com chapas múltiplas MP 100 galvanizadas - D = 1,50 m - brita comercial","m",3321.93]
[605469,"Bueiro metálico com chapas múltiplas MP 100 galvanizadas - D = 1,50 m - brita produzida","m",3241.18]
[605661,"Bueiro metálico com chapas múltiplas MP 100 galvanizadas - D = 1,60 m - brita comercial","m",3541.86]
[605470,"Bueiro metálico com chapas múltiplas MP 100 galvanizadas - D = 1,60 m - brita produzida","m",3457.88]
[605662,"Bueiro metálico com chapas múltiplas MP 100 galvanizadas - D = 1,70 m - brita comercial","m",3722.1]
[605471,"Bueiro metálico com chapas múltiplas MP 100 galvanizadas - D = 1,70 m - brita produzida","m",3634.89]
[605663,"Bueiro metálico com chapas múltiplas MP 100 galvanizadas - D = 1,80 m - brita comercial","m",4143]
[605472,"Bueiro metálico com chapas múltiplas MP 100 galvanizadas - D = 1,80 m - brita produzida","m",4052.56]
[605664,"Bueiro metálico com chapas múltiplas MP 100 galvanizadas - D = 1,90 m - brita comercial","m",4822.17]
[605473,"Bueiro metálico com chapas múltiplas MP 100 galvanizadas - D = 1,90 m - brita produzida","m",4728.5]
[605665,"Bueiro metálico com chapas múltiplas MP 100 galvanizadas - D = 2,00 m - brita comercial","m",5048.91]
[605474,"Bueiro metálico com chapas múltiplas MP 100 galvanizadas - D = 2,00 m - brita produzida","m",4952.01]
[605666,"Bueiro metálico com chapas múltiplas MP 100 galvanizadas - D = 2,10 m - brita comercial","m",5423.58]
[605475,"Bueiro metálico com chapas múltiplas MP 100 galvanizadas - D = 2,10 m - brita produzida","m",5323.45]
[605667,"Bueiro metálico com chapas múltiplas MP 100 galvanizadas - D = 2,20 m - brita comercial","m",5610.72]
[605476,"Bueiro metálico com chapas múltiplas MP 100 galvanizadas - D = 2,20 m - brita produzida","m",5507.36]
[605668,"Bueiro metálico com chapas múltiplas MP 100 galvanizadas - D = 2,30 m - brita comercial","m",5913.2]
[605477,"Bueiro metálico com chapas múltiplas MP 100 galvanizadas - D = 2,30 m - brita produzida","m",5806.61]
[605669,"Bueiro metálico com chapas múltiplas MP 100 galvanizadas - D = 2,40 m - brita comercial","m",7725.41]
[605478,"Bueiro metálico com chapas múltiplas MP 100 galvanizadas - D = 2,40 m - brita produzida","m",7615.59]
[605670,"Bueiro metálico com chapas múltiplas MP 100 galvanizadas - D = 2,50 m - brita comercial","m",9741.68]
[605479,"Bueiro metálico com chapas múltiplas MP 100 galvanizadas - D = 2,50 m - brita produzida","m",9628.6200000000008]
[605671,"Bueiro metálico com chapas múltiplas MP 100 galvanizadas - D = 2,60 m - brita comercial","m",10411.16]
[605480,"Bueiro metálico com chapas múltiplas MP 100 galvanizadas - D = 2,60 m - brita produzida","m",10294.879999999999]
[605672,"Bueiro metálico com chapas múltiplas MP 100 galvanizadas - D = 2,70 m - brita comercial","m",10819.32]
[605481,"Bueiro metálico com chapas múltiplas MP 100 galvanizadas - D = 2,70 m - brita produzida","m",10699.81]
[605673,"Bueiro metálico com chapas múltiplas MP 100 galvanizadas - D = 2,80 m - brita comercial","m",11545.33]
[605482,"Bueiro metálico com chapas múltiplas MP 100 galvanizadas - D = 2,80 m - brita produzida","m",11422.58]
[605718,"Bueiro metálico com chapas múltiplas MP 152 com revestimento em epóxi - D = 1,50 m - brita comercial","m",6929.45]
[605630,"Bueiro metálico com chapas múltiplas MP 152 com revestimento em epóxi - D = 1,50 m - brita produzida","m",6848.69]
[605719,"Bueiro metálico com chapas múltiplas MP 152 com revestimento em epóxi - D = 1,80 m - brita comercial","m",8584.85]
[605631,"Bueiro metálico com chapas múltiplas MP 152 com revestimento em epóxi - D = 1,80 m - brita produzida","m",8494.41]
[605720,"Bueiro metálico com chapas múltiplas MP 152 com revestimento em epóxi - D = 1,90 m - brita comercial","m",8859.0300000000007]
[605632,"Bueiro metálico com chapas múltiplas MP 152 com revestimento em epóxi - D = 1,90 m - brita produzida","m",8765.36]
[605721,"Bueiro metálico com chapas múltiplas MP 152 com revestimento em epóxi - D = 2,15 m - brita comercial","m",10035.290000000001]
[605633,"Bueiro metálico com chapas múltiplas MP 152 com revestimento em epóxi - D = 2,15 m - brita produzida","m",9933.5400000000009]
[605722,"Bueiro metálico com chapas múltiplas MP 152 com revestimento em epóxi - D = 2,30 m - brita comercial","m",10633.12]
[605634,"Bueiro metálico com chapas múltiplas MP 152 com revestimento em epóxi - D = 2,30 m - brita produzida","m",10526.52]
[605723,"Bueiro metálico com chapas múltiplas MP 152 com revestimento em epóxi - D = 2,65 m - brita comercial","m",12441.29]
[605635,"Bueiro metálico com chapas múltiplas MP 152 com revestimento em epóxi - D = 2,65 m - brita produzida","m",12323.39]
[605724,"Bueiro metálico com chapas múltiplas MP 152 com revestimento em epóxi - D = 3,05 m - brita comercial","m",14217.34]
[605636,"Bueiro metálico com chapas múltiplas MP 152 com revestimento em epóxi - D = 3,05 m - brita produzida","m",14054.22]
[605725,"Bueiro metálico com chapas múltiplas MP 152 com revestimento em epóxi - D = 3,20 m - brita comercial","m",15091.21]
[605637,"Bueiro metálico com chapas múltiplas MP 152 com revestimento em epóxi - D = 3,20 m - brita produzida","m",14923.24]
[605726,"Bueiro metálico com chapas múltiplas MP 152 com revestimento em epóxi - D = 3,40 m - brita comercial","m",15971.88]
[605638,"Bueiro metálico com chapas múltiplas MP 152 com revestimento em epóxi - D = 3,40 m - brita produzida","m",15797.46]
[605727,"Bueiro metálico com chapas múltiplas MP 152 com revestimento em epóxi - D = 3,65 m - brita comercial","m",17116.71]
[605639,"Bueiro metálico com chapas múltiplas MP 152 com revestimento em epóxi - D = 3,65 m - brita produzida","m",16934.21]
[605728,"Bueiro metálico com chapas múltiplas MP 152 com revestimento em epóxi - D = 3,80 m - brita comercial","m",17756.939999999999]
[605640,"Bueiro metálico com chapas múltiplas MP 152 com revestimento em epóxi - D = 3,80 m - brita produzida","m",17569.59]
[605729,"Bueiro metálico com chapas múltiplas MP 152 com revestimento em epóxi - D = 4,20 m - brita comercial","m",19499.72]
[605641,"Bueiro metálico com chapas múltiplas MP 152 com revestimento em epóxi - D = 4,20 m - brita produzida","m",19299.45]
[605730,"Bueiro metálico com chapas múltiplas MP 152 com revestimento em epóxi - D = 4,60 m - brita comercial","m",21301.03]
[605642,"Bueiro metálico com chapas múltiplas MP 152 com revestimento em epóxi - D = 4,60 m - brita produzida","m",21087.85]
[605731,"Bueiro metálico com chapas múltiplas MP 152 com revestimento em epóxi - D = 4,80 m - brita comercial","m",27170]
[605643,"Bueiro metálico com chapas múltiplas MP 152 com revestimento em epóxi - D = 4,80 m - brita produzida","m",26950.36]
[605732,"Bueiro metálico com chapas múltiplas MP 152 com revestimento em epóxi - D = 5,00 m - brita comercial","m",28113.54]
[605644,"Bueiro metálico com chapas múltiplas MP 152 com revestimento em epóxi - D = 5,00 m - brita produzida","m",27849.75]
[605733,"Bueiro metálico com chapas múltiplas MP 152 com revestimento em epóxi - D = 5,35 m - brita comercial","m",33873.42]
[605645,"Bueiro metálico com chapas múltiplas MP 152 com revestimento em epóxi - D = 5,35 m - brita produzida","m",33596.44]
[605734,"Bueiro metálico com chapas múltiplas MP 152 com revestimento em epóxi - D = 5,70 m - brita comercial","m",36394.6]
[605646,"Bueiro metálico com chapas múltiplas MP 152 com revestimento em epóxi - D = 5,70 m - brita produzida","m",36104.42]
[605735,"Bueiro metálico com chapas múltiplas MP 152 com revestimento em epóxi - D = 6,10 m - brita comercial","m",44398.66]
[605647,"Bueiro metálico com chapas múltiplas MP 152 com revestimento em epóxi - D = 6,10 m - brita produzida","m",44093.42]
[605736,"Bueiro metálico com chapas múltiplas MP 152 com revestimento em epóxi - D = 6,50 m - brita comercial","m",56834.32]
[605648,"Bueiro metálico com chapas múltiplas MP 152 com revestimento em epóxi - D = 6,50 m - brita produzida","m",56514]
[605737,"Bueiro metálico com chapas múltiplas MP 152 com revestimento em epóxi - D = 6,85 m - brita comercial","m",60454.21]
[605649,"Bueiro metálico com chapas múltiplas MP 152 com revestimento em epóxi - D = 6,85 m - brita produzida","m",60120.7]
[605738,"Bueiro metálico com chapas múltiplas MP 152 com revestimento em epóxi - D = 7,25 m - brita comercial","m",64104.35]
[605650,"Bueiro metálico com chapas múltiplas MP 152 com revestimento em epóxi - D = 7,25 m - brita produzida","m",63755.77]
[605674,"Bueiro metálico com chapas múltiplas MP 152 galvanizadas - D = 1,50 m - brita comercial","m",6715.52]
[605483,"Bueiro metálico com chapas múltiplas MP 152 galvanizadas - D = 1,50 m - brita produzida","m",6634.77]
[605675,"Bueiro metálico com chapas múltiplas MP 152 galvanizadas - D = 1,80 m - brita comercial","m",8326.19]
[605484,"Bueiro metálico com chapas múltiplas MP 152 galvanizadas - D = 1,80 m - brita produzida","m",8235.75]
[605676,"Bueiro metálico com chapas múltiplas MP 152 galvanizadas - D = 1,90 m - brita comercial","m",8591.98]
[605485,"Bueiro metálico com chapas múltiplas MP 152 galvanizadas - D = 1,90 m - brita produzida","m",8498.31]
[605677,"Bueiro metálico com chapas múltiplas MP 152 galvanizadas - D = 2,15 m - brita comercial","m",9731.89]
[605486,"Bueiro metálico com chapas múltiplas MP 152 galvanizadas - D = 2,15 m - brita produzida","m",9630.14]
[605678,"Bueiro metálico com chapas múltiplas MP 152 galvanizadas - D = 2,30 m - brita comercial","m",10312.94]
[605487,"Bueiro metálico com chapas múltiplas MP 152 galvanizadas - D = 2,30 m - brita produzida","m",10206.35]
[605679,"Bueiro metálico com chapas múltiplas MP 152 galvanizadas - D = 2,65 m - brita comercial","m",12066.57]
[605488,"Bueiro metálico com chapas múltiplas MP 152 galvanizadas - D = 2,65 m - brita produzida","m",11948.67]
[605680,"Bueiro metálico com chapas múltiplas MP 152 galvanizadas - D = 3,05 m - brita comercial","m",13789.5]
[605489,"Bueiro metálico com chapas múltiplas MP 152 galvanizadas - D = 3,05 m - brita produzida","m",13626.38]
[605681,"Bueiro metálico com chapas múltiplas MP 152 galvanizadas - D = 3,20 m - brita comercial","m",14636.8]
[605490,"Bueiro metálico com chapas múltiplas MP 152 galvanizadas - D = 3,20 m - brita produzida","m",14468.83]
[605682,"Bueiro metálico com chapas múltiplas MP 152 galvanizadas - D = 3,40 m - brita comercial","m",15490.92]
[605491,"Bueiro metálico com chapas múltiplas MP 152 galvanizadas - D = 3,40 m - brita produzida","m",15316.49]
[605683,"Bueiro metálico com chapas múltiplas MP 152 galvanizadas - D = 3,65 m - brita comercial","m",16600.79]
[605492,"Bueiro metálico com chapas múltiplas MP 152 galvanizadas - D = 3,65 m - brita produzida","m",16418.29]
[605684,"Bueiro metálico com chapas múltiplas MP 152 galvanizadas - D = 3,80 m - brita comercial","m",17222.830000000002]
[605493,"Bueiro metálico com chapas múltiplas MP 152 galvanizadas - D = 3,80 m - brita produzida","m",17035.490000000002]
[605685,"Bueiro metálico com chapas múltiplas MP 152 galvanizadas - D = 4,20 m - brita comercial","m",18911.09]
[605494,"Bueiro metálico com chapas múltiplas MP 152 galvanizadas - D = 4,20 m - brita produzida","m",18710.82]
[605686,"Bueiro metálico com chapas múltiplas MP 152 galvanizadas - D = 4,60 m - brita comercial","m",20659.259999999998]
[605495,"Bueiro metálico com chapas múltiplas MP 152 galvanizadas - D = 4,60 m - brita produzida","m",20446.080000000002]
[605687,"Bueiro metálico com chapas múltiplas MP 152 galvanizadas - D = 4,80 m - brita comercial","m",23468.97]
[605496,"Bueiro metálico com chapas múltiplas MP 152 galvanizadas - D = 4,80 m - brita produzida","m",23249.33]
[605688,"Bueiro metálico com chapas múltiplas MP 152 galvanizadas - D = 5,00 m - brita comercial","m",24308]
[605497,"Bueiro metálico com chapas múltiplas MP 152 galvanizadas - D = 5,00 m - brita produzida","m",24044.21]
[605689,"Bueiro metálico com chapas múltiplas MP 152 galvanizadas - D = 5,35 m - brita comercial","m",30264.65]
[605498,"Bueiro metálico com chapas múltiplas MP 152 galvanizadas - D = 5,35 m - brita produzida","m",29987.67]
[605690,"Bueiro metálico com chapas múltiplas MP 152 galvanizadas - D = 5,70 m - brita comercial","m",32527.72]
[605499,"Bueiro metálico com chapas múltiplas MP 152 galvanizadas - D = 5,70 m - brita produzida","m",32237.55]
[605691,"Bueiro metálico com chapas múltiplas MP 152 galvanizadas - D = 6,10 m - brita comercial","m",40045.599999999999]
[605500,"Bueiro metálico com chapas múltiplas MP 152 galvanizadas - D = 6,10 m - brita produzida","m",39740.36]
[605692,"Bueiro metálico com chapas múltiplas MP 152 galvanizadas - D = 6,50 m - brita comercial","m",47674.74]
[605501,"Bueiro metálico com chapas múltiplas MP 152 galvanizadas - D = 6,50 m - brita produzida","m",47354.43]
[605693,"Bueiro metálico com chapas múltiplas MP 152 galvanizadas - D = 6,85 m - brita comercial","m",50923.63]
[605502,"Bueiro metálico com chapas múltiplas MP 152 galvanizadas - D = 6,85 m - brita produzida","m",50590.12]
[605694,"Bueiro metálico com chapas múltiplas MP 152 galvanizadas - D = 7,25 m - brita comercial","m",53871.43]
[605503,"Bueiro metálico com chapas múltiplas MP 152 galvanizadas - D = 7,25 m - brita produzida","m",53522.85]
[606433,"Bueiro metálico com chapas múltiplas MP 152 galvanizadas - lenticular - vão = 1,95 m e altura = 1,40 m - aterro rodoviário mínimo = 0,60 m e máximo = 8,40 m - brita comercial","m",8090.11]
[606343,"Bueiro metálico com chapas múltiplas MP 152 galvanizadas - lenticular - vão = 1,95 m e altura = 1,40 m - aterro rodoviário mínimo = 0,60 m e máximo = 8,40 m - brita produzida","m",7994.82]
[606434,"Bueiro metálico com chapas múltiplas MP 152 galvanizadas - lenticular - vão = 2,15 m e altura = 1,50 m - aterro rodoviário mínimo = 0,60 m e máximo = 7,50 m - brita comercial","m",8944.41]
[606344,"Bueiro metálico com chapas múltiplas MP 152 galvanizadas - lenticular - vão = 2,15 m e altura = 1,50 m - aterro rodoviário mínimo = 0,60 m e máximo = 7,50 m - brita produzida","m",8842.66]
[606435,"Bueiro metálico com chapas múltiplas MP 152 galvanizadas - lenticular - vão = 2,30 m e altura = 1,60 m - aterro rodoviário mínimo = 0,60 m e máximo = 7,20 m - brita comercial","m",9781.19]
[606345,"Bueiro metálico com chapas múltiplas MP 152 galvanizadas - lenticular - vão = 2,30 m e altura = 1,60 m - aterro rodoviário mínimo = 0,60 m e máximo = 7,20 m - brita produzida","m",9674.59]
[606436,"Bueiro metálico com chapas múltiplas MP 152 galvanizadas - lenticular - vão = 2,55 m e altura = 1,65 m - aterro rodoviário mínimo = 0,60 m e máximo = 6,50 m - brita comercial","m",10401]
[606346,"Bueiro metálico com chapas múltiplas MP 152 galvanizadas - lenticular - vão = 2,55 m e altura = 1,65 m - aterro rodoviário mínimo = 0,60 m e máximo = 6,50 m - brita produzida","m",10286.33]
[606437,"Bueiro metálico com chapas múltiplas MP 152 galvanizadas - lenticular - vão = 2,70 m e altura = 1,85 m - aterro rodoviário mínimo = 0,60 m e máximo = 6,60 m - brita comercial","m",11254.61]
[606347,"Bueiro metálico com chapas múltiplas MP 152 galvanizadas - lenticular - vão = 2,70 m e altura = 1,85 m - aterro rodoviário mínimo = 0,60 m e máximo = 6,60 m - brita produzida","m",11135.1]
[606438,"Bueiro metálico com chapas múltiplas MP 152 galvanizadas - lenticular - vão = 2,75 m e altura = 1,90 m - aterro rodoviário mínimo = 0,60 m e máximo = 6,50 m - brita comercial","m",11554.3]
[606348,"Bueiro metálico com chapas múltiplas MP 152 galvanizadas - lenticular - vão = 2,75 m e altura = 1,90 m - aterro rodoviário mínimo = 0,60 m e máximo = 6,50 m - brita produzida","m",11433.17]
[606439,"Bueiro metálico com chapas múltiplas MP 152 galvanizadas - lenticular - vão = 3,00 m e altura = 2,00 m - aterro rodoviário mínimo = 0,60 m e máximo = 6,00 m - brita comercial","m",12193.18]
[606349,"Bueiro metálico com chapas múltiplas MP 152 galvanizadas - lenticular - vão = 3,00 m e altura = 2,00 m - aterro rodoviário mínimo = 0,60 m e máximo = 6,00 m - brita produzida","m",12031.67]
[606440,"Bueiro metálico com chapas múltiplas MP 152 galvanizadas - lenticular - vão = 3,20 m e altura = 2,10 m - aterro rodoviário mínimo = 0,60 m e máximo = 5,60 m - brita comercial","m",12749.87]
[606350,"Bueiro metálico com chapas múltiplas MP 152 galvanizadas - lenticular - vão = 3,20 m e altura = 2,10 m - aterro rodoviário mínimo = 0,60 m e máximo = 5,60 m - brita produzida","m",12581.9]
[606441,"Bueiro metálico com chapas múltiplas MP 152 galvanizadas - lenticular - vão = 3,35 m e altura = 2,15 m - aterro rodoviário mínimo = 0,60 m e máximo = 5,30 m - brita comercial","m",13355.77]
[606351,"Bueiro metálico com chapas múltiplas MP 152 galvanizadas - lenticular - vão = 3,35 m e altura = 2,15 m - aterro rodoviário mínimo = 0,60 m e máximo = 5,30 m - brita produzida","m",13182.96]
[606442,"Bueiro metálico com chapas múltiplas MP 152 galvanizadas - lenticular - vão = 3,55 m e altura = 2,25 m - aterro rodoviário mínimo = 0,60 m e máximo = 5,00 m - brita comercial","m",13937.8]
[606352,"Bueiro metálico com chapas múltiplas MP 152 galvanizadas - lenticular - vão = 3,55 m e altura = 2,25 m - aterro rodoviário mínimo = 0,60 m e máximo = 5,00 m - brita produzida","m",13758.53]
[606443,"Bueiro metálico com chapas múltiplas MP 152 galvanizadas - lenticular - vão = 3,70 m e altura = 2,35 m - aterro rodoviário mínimo = 0,60 m e máximo = 4,90 m - brita comercial","m",14775.92]
[606353,"Bueiro metálico com chapas múltiplas MP 152 galvanizadas - lenticular - vão = 3,70 m e altura = 2,35 m - aterro rodoviário mínimo = 0,60 m e máximo = 4,90 m - brita produzida","m",14591.81]
[606444,"Bueiro metálico com chapas múltiplas MP 152 galvanizadas - lenticular - vão = 3,90 m e altura = 2,45 m - aterro rodoviário mínimo = 0,60 m e máximo = 4,60 m - brita comercial","m",15420.38]
[606354,"Bueiro metálico com chapas múltiplas MP 152 galvanizadas - lenticular - vão = 3,90 m e altura = 2,45 m - aterro rodoviário mínimo = 0,60 m e máximo = 4,60 m - brita produzida","m",15229.81]
[606445,"Bueiro metálico com chapas múltiplas MP 152 galvanizadas - lenticular - vão = 4,00 m e altura = 2,55 m - aterro rodoviário mínimo = 0,60 m e máximo = 4,50 m - brita comercial","m",16020.87]
[606355,"Bueiro metálico com chapas múltiplas MP 152 galvanizadas - lenticular - vão = 4,00 m e altura = 2,55 m - aterro rodoviário mínimo = 0,60 m e máximo = 4,50 m - brita produzida","m",15827.06]
[606446,"Bueiro metálico com chapas múltiplas MP 152 galvanizadas - lenticular - vão = 4,15 m e altura = 2,80 m - aterro rodoviário mínimo = 0,60 m e máximo = 6,80 m - brita comercial","m",16602.93]
[606356,"Bueiro metálico com chapas múltiplas MP 152 galvanizadas - lenticular - vão = 4,15 m e altura = 2,80 m - aterro rodoviário mínimo = 0,60 m e máximo = 6,80 m - brita produzida","m",16404.28]
[606447,"Bueiro metálico com chapas múltiplas MP 152 galvanizadas - lenticular - vão = 4,40 m e altura = 2,90 m - aterro rodoviário mínimo = 0,60 m e máximo = 6,40 m - brita comercial","m",17260.91]
[606357,"Bueiro metálico com chapas múltiplas MP 152 galvanizadas - lenticular - vão = 4,40 m e altura = 2,90 m - aterro rodoviário mínimo = 0,60 m e máximo = 6,40 m - brita produzida","m",17019.73]
[606448,"Bueiro metálico com chapas múltiplas MP 152 galvanizadas - lenticular - vão = 4,60 m e altura = 3,00 m - aterro rodoviário mínimo = 0,60 m e máximo = 6,10 m - brita comercial","m",18161.27]
[606358,"Bueiro metálico com chapas múltiplas MP 152 galvanizadas - lenticular - vão = 4,60 m e altura = 3,00 m - aterro rodoviário mínimo = 0,60 m e máximo = 6,10 m - brita produzida","m",17912.55]
[606449,"Bueiro metálico com chapas múltiplas MP 152 galvanizadas - lenticular - vão = 4,80 m e altura = 3,05 m - aterro rodoviário mínimo = 0,60 m e máximo = 5,80 m - brita comercial","m",22217.599999999999]
[606359,"Bueiro metálico com chapas múltiplas MP 152 galvanizadas - lenticular - vão = 4,80 m e altura = 3,05 m - aterro rodoviário mínimo = 0,60 m e máximo = 5,80 m - brita produzida","m",21961.34]
[606450,"Bueiro metálico com chapas múltiplas MP 152 galvanizadas - lenticular - vão = 5,05 m e altura = 3,15 m - aterro rodoviário mínimo = 0,90 m e máximo = 5,50 m - brita comercial","m",23090.880000000001]
[606360,"Bueiro metálico com chapas múltiplas MP 152 galvanizadas - lenticular - vão = 5,05 m e altura = 3,15 m - aterro rodoviário mínimo = 0,90 m e máximo = 5,50 m - brita produzida","m",22825.200000000001]
[606451,"Bueiro metálico com chapas múltiplas MP 152 galvanizadas - lenticular - vão = 5,25 m e altura = 3,25 m - aterro rodoviário mínimo = 0,90 m e máximo = 5,30 m - brita comercial","m",23835.17]
[606361,"Bueiro metálico com chapas múltiplas MP 152 galvanizadas - lenticular - vão = 5,25 m e altura = 3,25 m - aterro rodoviário mínimo = 0,90 m e máximo = 5,30 m - brita produzida","m",23561.95]
[606452,"Bueiro metálico com chapas múltiplas MP 152 galvanizadas - lenticular - vão = 5,45 m e altura = 3,35 m - aterro rodoviário mínimo = 0,90 m e máximo = 5,10 m - brita comercial","m",26984.77]
[606362,"Bueiro metálico com chapas múltiplas MP 152 galvanizadas - lenticular - vão = 5,45 m e altura = 3,35 m - aterro rodoviário mínimo = 0,90 m e máximo = 5,10 m - brita produzida","m",26704.02]
[606453,"Bueiro metálico com chapas múltiplas MP 152 galvanizadas - lenticular - vão = 5,60 m e altura = 3,40 m - aterro rodoviário mínimo = 0,90 m e máximo = 4,90 m - brita comercial","m",27403.33]
[606363,"Bueiro metálico com chapas múltiplas MP 152 galvanizadas - lenticular - vão = 5,60 m e altura = 3,40 m - aterro rodoviário mínimo = 0,90 m e máximo = 4,90 m - brita produzida","m",27116.92]
[606454,"Bueiro metálico com chapas múltiplas MP 152 galvanizadas - lenticular - vão = 5,80 m e altura = 3,50 m - aterro rodoviário mínimo = 0,90 m e máximo = 4,70 m - brita comercial","m",32782.07]
[606364,"Bueiro metálico com chapas múltiplas MP 152 galvanizadas - lenticular - vão = 5,80 m e altura = 3,50 m - aterro rodoviário mínimo = 0,90 m e máximo = 4,70 m - brita produzida","m",32488.13]
[606455,"Bueiro metálico com chapas múltiplas MP 152 galvanizadas - lenticular - vão = 5,90 m e altura = 3,55 m - aterro rodoviário mínimo = 0,90 m e máximo = 4,70 m - brita comercial","m",33315.279999999999]
[606365,"Bueiro metálico com chapas múltiplas MP 152 galvanizadas - lenticular - vão = 5,90 m e altura = 3,55 m - aterro rodoviário mínimo = 0,90 m e máximo = 4,70 m - brita produzida","m",33017.57]
[606456,"Bueiro metálico com chapas múltiplas MP 152 galvanizadas - lenticular - vão = 6,10 m e altura = 3,65 m - aterro rodoviário mínimo = 0,90 m e máximo = 4,50 m - brita comercial","m",34593.64]
[606366,"Bueiro metálico com chapas múltiplas MP 152 galvanizadas - lenticular - vão = 6,10 m e altura = 3,65 m - aterro rodoviário mínimo = 0,90 m e máximo = 4,50 m - brita produzida","m",34288.39]
[606457,"Bueiro metálico com chapas múltiplas MP 152 galvanizadas - lenticular - vão = 6,25 m e altura = 3,65 m - aterro rodoviário mínimo = 0,90 m e máximo = 4,30 m - brita comercial","m",35159.96]
[606367,"Bueiro metálico com chapas múltiplas MP 152 galvanizadas - lenticular - vão = 6,25 m e altura = 3,65 m - aterro rodoviário mínimo = 0,90 m e máximo = 4,30 m - brita produzida","m",34849.06]
[606458,"Bueiro metálico com chapas múltiplas MP 152 galvanizadas - lenticular - vão = 6,40 m e altura = 3,75 m - aterro rodoviário mínimo = 0,90 m e máximo = 4,30 m - brita comercial","m",47352.85]
[606368,"Bueiro metálico com chapas múltiplas MP 152 galvanizadas - lenticular - vão = 6,40 m e altura = 3,75 m - aterro rodoviário mínimo = 0,90 m e máximo = 4,30 m - brita produzida","m",47036.3]
[606459,"Bueiro metálico com chapas múltiplas MP 152 galvanizadas - lenticular - vão = 6,60 m e altura = 3,85 m - aterro rodoviário mínimo = 0,90 m e máximo = 4,10 m - brita comercial","m",49291.07]
[606369,"Bueiro metálico com chapas múltiplas MP 152 galvanizadas - lenticular - vão = 6,60 m e altura = 3,85 m - aterro rodoviário mínimo = 0,90 m e máximo = 4,10 m - brita produzida","m",48966.99]
[606479,"Bueiro metálico com chapas múltiplas MP 152 galvanizadas - passagem de gado - vão = 2,20 m e altura = 2,25 m -aterro rodoviário mínimo = 0,30 m e máximo = 8,90 m - brita comercial","m",11366.76]
[606460,"Bueiro metálico com chapas múltiplas MP 152 galvanizadas - passagem de gado - vão = 2,20 m e altura = 2,25 m -aterro rodoviário mínimo = 0,30 m e máximo = 8,90 m - brita produzida","m",11246.17]
[606480,"Bueiro metálico com chapas múltiplas MP 152 galvanizadas - passagem de gado - vão = 2,90 m e altura = 3,10 m - aterro rodoviário mínimo = 0,60 m e máximo = 11,40 m - brita comercial","m",14809.1]
[606461,"Bueiro metálico com chapas múltiplas MP 152 galvanizadas - passagem de gado - vão = 2,90 m e altura = 3,10 m - aterro rodoviário mínimo = 0,60 m e máximo = 11,40 m - brita produzida","m",14662.13]
[606481,"Bueiro metálico com chapas múltiplas MP 152 galvanizadas - passagem inferior - vão = 3,70 m e altura = 3,50 m - aterro rodoviário mínimo = 0,60 m e máximo = 10,30 m - brita comercial","m",17249.689999999999]
[606462,"Bueiro metálico com chapas múltiplas MP 152 galvanizadas - passagem inferior - vão = 3,70 m e altura = 3,50 m - aterro rodoviário mínimo = 0,60 m e máximo = 10,30 m - brita produzida","m",17034.88]
[606482,"Bueiro metálico com chapas múltiplas MP 152 galvanizadas - passagem inferior - vão = 3,90 m e altura = 3,60 m - aterro rodoviário mínimo = 0,60 m e máximo = 9,80 m - brita comercial","m",18146.560000000001]
[606463,"Bueiro metálico com chapas múltiplas MP 152 galvanizadas - passagem inferior - vão = 3,90 m e altura = 3,60 m - aterro rodoviário mínimo = 0,60 m e máximo = 9,80 m - brita produzida","m",17924.22]
[606483,"Bueiro metálico com chapas múltiplas MP 152 galvanizadas - passagem inferior - vão = 4,00 m e altura = 3,75 m - aterro rodoviário mínimo = 0,60 m e máximo = 9,50 m - brita comercial","m",18593.23]
[606464,"Bueiro metálico com chapas múltiplas MP 152 galvanizadas - passagem inferior - vão = 4,00 m e altura = 3,75 m - aterro rodoviário mínimo = 0,60 m e máximo = 9,50 m - brita produzida","m",18367.12]
[606484,"Bueiro metálico com chapas múltiplas MP 152 galvanizadas - passagem inferior - vão = 4,20 m e altura = 3,90 m - aterro rodoviário mínimo = 0,60 m e máximo = 9,10 m - brita comercial","m",19236.28]
[606465,"Bueiro metálico com chapas múltiplas MP 152 galvanizadas - passagem inferior - vão = 4,20 m e altura = 3,90 m - aterro rodoviário mínimo = 0,60 m e máximo = 9,10 m - brita produzida","m",19002.64]
[606485,"Bueiro metálico com chapas múltiplas MP 152 galvanizadas - passagem inferior - vão = 4,25 m e altura = 4,10 m - aterro rodoviário mínimo = 0,60 m e máximo = 8,90 m - brita comercial","m",19849.68]
[606466,"Bueiro metálico com chapas múltiplas MP 152 galvanizadas - passagem inferior - vão = 4,25 m e altura = 4,10 m - aterro rodoviário mínimo = 0,60 m e máximo = 8,90 m - brita produzida","m",19614.150000000001]
[606486,"Bueiro metálico com chapas múltiplas MP 152 galvanizadas - passagem inferior - vão = 4,40 m e altura = 4,25 m - aterro rodoviário mínimo = 0,60 m e máximo = 8,60 m - brita comercial","m",20716.57]
[606467,"Bueiro metálico com chapas múltiplas MP 152 galvanizadas - passagem inferior - vão = 4,40 m e altura = 4,25 m - aterro rodoviário mínimo = 0,60 m e máximo = 8,60 m - brita produzida","m",20475.39]
[606487,"Bueiro metálico com chapas múltiplas MP 152 galvanizadas - passagem inferior - vão = 4,50 m e altura = 4,40 m - aterro rodoviário mínimo = 0,60 m e máximo = 8,40 m - brita comercial","m",21316.44]
[606468,"Bueiro metálico com chapas múltiplas MP 152 galvanizadas - passagem inferior - vão = 4,50 m e altura = 4,40 m - aterro rodoviário mínimo = 0,60 m e máximo = 8,40 m - brita produzida","m",21071.49]
[606488,"Bueiro metálico com chapas múltiplas MP 152 galvanizadas - passagem inferior - vão = 4,70 m e altura = 4,50 m - aterro rodoviário mínimo = 0,60 m e máximo = 8,90 m - brita comercial","m",26155.38]
[606469,"Bueiro metálico com chapas múltiplas MP 152 galvanizadas - passagem inferior - vão = 4,70 m e altura = 4,50 m - aterro rodoviário mínimo = 0,60 m e máximo = 8,90 m - brita produzida","m",25902.89]
[606489,"Bueiro metálico com chapas múltiplas MP 152 galvanizadas - passagem inferior - vão = 4,80 m e altura = 4,75 m - aterro rodoviário mínimo = 0,90 m e máximo = 9,00 m - brita comercial","m",27596.13]
[606470,"Bueiro metálico com chapas múltiplas MP 152 galvanizadas - passagem inferior - vão = 4,80 m e altura = 4,75 m - aterro rodoviário mínimo = 0,90 m e máximo = 9,00 m - brita produzida","m",27339.88]
[606490,"Bueiro metálico com chapas múltiplas MP 152 galvanizadas - passagem inferior - vão = 5,00 m e altura = 4,85 m - aterro rodoviário mínimo = 0,90 m e máximo = 8,60 m - brita comercial","m",28409.62]
[606471,"Bueiro metálico com chapas múltiplas MP 152 galvanizadas - passagem inferior - vão = 5,00 m e altura = 4,85 m - aterro rodoviário mínimo = 0,90 m e máximo = 8,60 m - brita produzida","m",28145.82]
[606491,"Bueiro metálico com chapas múltiplas MP 152 galvanizadas - passagem inferior - vão = 5,15 m e altura = 4,90 m - aterro rodoviário mínimo = 0,90 m e máximo = 8,50 m - brita comercial","m",29206.41]
[606472,"Bueiro metálico com chapas múltiplas MP 152 galvanizadas - passagem inferior - vão = 5,15 m e altura = 4,90 m - aterro rodoviário mínimo = 0,90 m e máximo = 8,50 m - brita produzida","m",28936.97]
[606492,"Bueiro metálico com chapas múltiplas MP 152 galvanizadas - passagem inferior - vão = 5,25 m e altura = 5,00 m - aterro rodoviário mínimo = 0,90 m e máximo = 8,40 m - brita comercial","m",29822.639999999999]
[606473,"Bueiro metálico com chapas múltiplas MP 152 galvanizadas - passagem inferior - vão = 5,25 m e altura = 5,00 m - aterro rodoviário mínimo = 0,90 m e máximo = 8,40 m - brita produzida","m",29549.42]
[606493,"Bueiro metálico com chapas múltiplas MP 152 galvanizadas - passagem inferior - vão = 5,30 m e altura = 5,30 m - aterro rodoviário mínimo = 0,90 m e máximo = 9,60 m - brita comercial","m",31438]
[606474,"Bueiro metálico com chapas múltiplas MP 152 galvanizadas - passagem inferior - vão = 5,30 m e altura = 5,30 m - aterro rodoviário mínimo = 0,90 m e máximo = 9,60 m - brita produzida","m",31162.91]
[606494,"Bueiro metálico com chapas múltiplas MP 152 galvanizadas - passagem inferior - vão = 5,65 m e altura = 5,25 m - aterro rodoviário mínimo = 0,90 m e máximo = 9,00 m - brita comercial","m",36128.46]
[606475,"Bueiro metálico com chapas múltiplas MP 152 galvanizadas - passagem inferior - vão = 5,65 m e altura = 5,25 m - aterro rodoviário mínimo = 0,90 m e máximo = 9,00 m - brita produzida","m",35840.18]
[606495,"Bueiro metálico com chapas múltiplas MP 152 galvanizadas - passagem inferior - vão = 5,85 m e altura = 5,30 m - aterro rodoviário mínimo = 0,90 m e máximo = 8,40 m - brita comercial","m",42604.27]
[606476,"Bueiro metálico com chapas múltiplas MP 152 galvanizadas - passagem inferior - vão = 5,85 m e altura = 5,30 m - aterro rodoviário mínimo = 0,90 m e máximo = 8,40 m - brita produzida","m",42308.45]
[606496,"Bueiro metálico com chapas múltiplas MP 152 galvanizadas - passagem inferior - vão = 6,00 m e altura = 5,45 m - aterro rodoviário mínimo = 0,90 m e máximo = 8,30 m - brita comercial","m",43620.79]
[606477,"Bueiro metálico com chapas múltiplas MP 152 galvanizadas - passagem inferior - vão = 6,00 m e altura = 5,45 m - aterro rodoviário mínimo = 0,90 m e máximo = 8,30 m - brita produzida","m",43319.31]
[606497,"Bueiro metálico com chapas múltiplas MP 152 galvanizadas - passagem inferior - vão = 6,25 m e altura = 5,50 m - aterro rodoviário mínimo = 0,90 m e máximo = 7,90 m - brita comercial","m",44819.86]
[606478,"Bueiro metálico com chapas múltiplas MP 152 galvanizadas - passagem inferior - vão = 6,25 m e altura = 5,50 m - aterro rodoviário mínimo = 0,90 m e máximo = 7,90 m - brita produzida","m",44508.959999999999]
[605835,"Bueiro metálico sem interrupção de tráfego - D = 1,20 m - chapa com epóxi - escavado em material de 1ª categoria - aterro ferroviário máximo = 12,90 m","m",5653.27]
[605571,"Bueiro metálico sem interrupção de tráfego - D = 1,20 m - chapa com epóxi - escavado em material de 1ª categoria - aterro rodoviário máximo = 9,00 m","m",5093.7299999999996]
[605850,"Bueiro metálico sem interrupção de tráfego - D = 1,20 m - chapa com epóxi - escavado em material de 2ª categoria - aterro ferroviário máximo = 12,90 m","m",6171.07]
[605582,"Bueiro metálico sem interrupção de tráfego - D = 1,20 m - chapa com epóxi - escavado em material de 2ª categoria - aterro rodoviário máximo = 9,00 m","m",5611.53]
[605889,"Bueiro metálico sem interrupção de tráfego - D = 1,20 m - chapa com epóxi - escavado em material de 3ª categoria - aterro ferroviário máximo = 12,90 m","m",6924.38]
[605593,"Bueiro metálico sem interrupção de tráfego - D = 1,20 m - chapa com epóxi - escavado em material de 3ª categoria - aterro rodoviário máximo = 9,00 m","m",6364.84]
[605739,"Bueiro metálico sem interrupção de tráfego - D = 1,20 m - chapa galvanizada - escavado em material de 1ª categoria - aterro ferroviário máximo = 12,90 m","m",5446.23]
[605504,"Bueiro metálico sem interrupção de tráfego - D = 1,20 m - chapa galvanizada - escavado em material de 1ª categoria - aterro rodoviário máximo = 9,00 m","m",4946.3500000000004]
[605781,"Bueiro metálico sem interrupção de tráfego - D = 1,20 m - chapa galvanizada - escavado em material de 2ª categoria - aterro ferroviário máximo = 12,90 m","m",5964.03]
[605524,"Bueiro metálico sem interrupção de tráfego - D = 1,20 m - chapa galvanizada - escavado em material de 2ª categoria - aterro rodoviário máximo = 9,00 m","m",5464.15]
[605815,"Bueiro metálico sem interrupção de tráfego - D = 1,20 m - chapa galvanizada - escavado em material de 3ª categoria - aterro ferroviário máximo = 12,90 m","m",6717.34]
[605544,"Bueiro metálico sem interrupção de tráfego - D = 1,20 m - chapa galvanizada - escavado em material de 3ª categoria - aterro rodoviário máximo = 9,00 m","m",6217.46]
[605836,"Bueiro metálico sem interrupção de tráfego - D = 1,40 m - chapa com epóxi - escavado em material de 1ª categoria - aterro ferroviário máximo = 11,00 m","m",6418.24]
[605572,"Bueiro metálico sem interrupção de tráfego - D = 1,40 m - chapa com epóxi - escavado em material de 1ª categoria - aterro rodoviário máximo = 7,70 m","m",5815.13]
[605851,"Bueiro metálico sem interrupção de tráfego - D = 1,40 m - chapa com epóxi - escavado em material de 2ª categoria - aterro ferroviário máximo = 11,00 m","m",7094.55]
[605583,"Bueiro metálico sem interrupção de tráfego - D = 1,40 m - chapa com epóxi - escavado em material de 2ª categoria - aterro rodoviário máximo = 7,70 m","m",6491.44]
[605890,"Bueiro metálico sem interrupção de tráfego - D = 1,40 m - chapa com epóxi - escavado em material de 3ª categoria - aterro ferroviário máximo = 11,00 m","m",8078.46]
[605594,"Bueiro metálico sem interrupção de tráfego - D = 1,40 m - chapa com epóxi - escavado em material de 3ª categoria - aterro rodoviário máximo = 7,70 m","m",7475.35]
[605740,"Bueiro metálico sem interrupção de tráfego - D = 1,40 m - chapa galvanizada - escavado em material de 1ª categoria - aterro ferroviário máximo = 11,00 m","m",6184.88]
[605505,"Bueiro metálico sem interrupção de tráfego - D = 1,40 m - chapa galvanizada - escavado em material de 1ª categoria - aterro rodoviário máximo = 7,70 m","m",5647.79]
[605782,"Bueiro metálico sem interrupção de tráfego - D = 1,40 m - chapa galvanizada - escavado em material de 2ª categoria - aterro ferroviário máximo = 11,00 m","m",6861.19]
[605525,"Bueiro metálico sem interrupção de tráfego - D = 1,40 m - chapa galvanizada - escavado em material de 2ª categoria - aterro rodoviário máximo = 7,70 m","m",6324.1]
[605816,"Bueiro metálico sem interrupção de tráfego - D = 1,40 m - chapa galvanizada - escavado em material de 3ª categoria - aterro ferroviário máximo = 11,00 m","m",7845.1]
[605545,"Bueiro metálico sem interrupção de tráfego - D = 1,40 m - chapa galvanizada - escavado em material de 3ª categoria - aterro rodoviário máximo = 7,70 m","m",7308.01]
[605837,"Bueiro metálico sem interrupção de tráfego - D = 1,60 m - chapa com epóxi - escavado em material de 1ª categoria - aterro ferroviário máximo = 9,60 m","m",7678.89]
[605573,"Bueiro metálico sem interrupção de tráfego - D = 1,60 m - chapa com epóxi - escavado em material de 1ª categoria - aterro rodoviário máximo = 6,70 m","m",7044.11]
[605852,"Bueiro metálico sem interrupção de tráfego - D = 1,60 m - chapa com epóxi - escavado em material de 2ª categoria - aterro ferroviário máximo = 9,60 m","m",8534.84]
[605584,"Bueiro metálico sem interrupção de tráfego - D = 1,60 m - chapa com epóxi - escavado em material de 2ª categoria - aterro rodoviário máximo = 6,70 m","m",7900.06]
[605891,"Bueiro metálico sem interrupção de tráfego - D = 1,60 m - chapa com epóxi - escavado em material de 3ª categoria - aterro ferroviário máximo = 9,60 m","m",9780.11]
[605595,"Bueiro metálico sem interrupção de tráfego - D = 1,60 m - chapa com epóxi - escavado em material de 3ª categoria - aterro rodoviário máximo = 6,70 m","m",9145.33]
[605741,"Bueiro metálico sem interrupção de tráfego - D = 1,60 m - chapa galvanizada - escavado em material de 1ª categoria - aterro ferroviário máximo = 9,60 m","m",7406.92]
[605506,"Bueiro metálico sem interrupção de tráfego - D = 1,60 m - chapa galvanizada - escavado em material de 1ª categoria - aterro rodoviário máximo = 6,70 m","m",6846.05]
[605783,"Bueiro metálico sem interrupção de tráfego - D = 1,60 m - chapa galvanizada - escavado em material de 2ª categoria - aterro ferroviário máximo = 9,60 m","m",8262.8799999999992]
[605526,"Bueiro metálico sem interrupção de tráfego - D = 1,60 m - chapa galvanizada - escavado em material de 2ª categoria - aterro rodoviário máximo = 6,70 m","m",7702.01]
[605817,"Bueiro metálico sem interrupção de tráfego - D = 1,60 m - chapa galvanizada - escavado em material de 3ª categoria - aterro ferroviário máximo = 9,60 m","m",9508.14]
[605546,"Bueiro metálico sem interrupção de tráfego - D = 1,60 m - chapa galvanizada - escavado em material de 3ª categoria - aterro rodoviário máximo = 6,70 m","m",8947.27]
[605838,"Bueiro metálico sem interrupção de tráfego - D = 1,80 m - chapa com epóxi - escavado em material de 1ª categoria - aterro ferroviário máximo = 8,00 m","m",8738.7199999999993]
[605574,"Bueiro metálico sem interrupção de tráfego - D = 1,80 m - chapa com epóxi - escavado em material de 1ª categoria - aterro rodoviário máximo = 6,00 m","m",8026.54]
[605853,"Bueiro metálico sem interrupção de tráfego - D = 1,80 m - chapa com epóxi - escavado em material de 2ª categoria - aterro ferroviário máximo = 8,00 m","m",9795.4500000000007]
[605585,"Bueiro metálico sem interrupção de tráfego - D = 1,80 m - chapa com epóxi - escavado em material de 2ª categoria - aterro rodoviário máximo = 6,00 m","m",9083.27]
[605892,"Bueiro metálico sem interrupção de tráfego - D = 1,80 m - chapa com epóxi - escavado em material de 3ª categoria - aterro ferroviário máximo = 8,00 m","m",11332.82]
[605596,"Bueiro metálico sem interrupção de tráfego - D = 1,80 m - chapa com epóxi - escavado em material de 3ª categoria - aterro rodoviário máximo = 6,00 m","m",10620.63]
[605742,"Bueiro metálico sem interrupção de tráfego - D = 1,80 m - chapa galvanizada - escavado em material de 1ª categoria - aterro ferroviário máximo = 8,00 m","m",8428.16]
[605507,"Bueiro metálico sem interrupção de tráfego - D = 1,80 m - chapa galvanizada - escavado em material de 1ª categoria - aterro rodoviário máximo = 6,00 m","m",7800.85]
[605784,"Bueiro metálico sem interrupção de tráfego - D = 1,80 m - chapa galvanizada - escavado em material de 2ª categoria - aterro ferroviário máximo = 8,00 m","m",9484.9]
[605527,"Bueiro metálico sem interrupção de tráfego - D = 1,80 m - chapa galvanizada - escavado em material de 2ª categoria - aterro rodoviário máximo = 6,00 m","m",8857.59]
[605818,"Bueiro metálico sem interrupção de tráfego - D = 1,80 m - chapa galvanizada - escavado em material de 3ª categoria - aterro ferroviário máximo = 8,00 m","m",11022.26]
[605547,"Bueiro metálico sem interrupção de tráfego - D = 1,80 m - chapa galvanizada - escavado em material de 3ª categoria - aterro rodoviário máximo = 6,00 m","m",10394.950000000001]
[605839,"Bueiro metálico sem interrupção de tráfego - D = 2,00 m - chapa com epóxi - escavado em material de 1ª categoria - aterro ferroviário máximo = 6,90 m","m",9894.5]
[605575,"Bueiro metálico sem interrupção de tráfego - D = 2,00 m - chapa com epóxi - escavado em material de 1ª categoria - aterro rodoviário máximo = 5,40 m","m",9111.61]
[605854,"Bueiro metálico sem interrupção de tráfego - D = 2,00 m - chapa com epóxi - escavado em material de 2ª categoria - aterro ferroviário máximo = 6,90 m","m",11173.15]
[605586,"Bueiro metálico sem interrupção de tráfego - D = 2,00 m - chapa com epóxi - escavado em material de 2ª categoria - aterro rodoviário máximo = 5,40 m","m",10390.26]
[605893,"Bueiro metálico sem interrupção de tráfego - D = 2,00 m - chapa com epóxi - escavado em material de 3ª categoria - aterro ferroviário máximo = 6,90 m","m",13033.36]
[605597,"Bueiro metálico sem interrupção de tráfego - D = 2,00 m - chapa com epóxi - escavado em material de 3ª categoria - aterro rodoviário máximo = 5,40 m","m",12250.47]
[605743,"Bueiro metálico sem interrupção de tráfego - D = 2,00 m - chapa galvanizada - escavado em material de 1ª categoria - aterro ferroviário máximo = 6,90 m","m",9552.36]
[605508,"Bueiro metálico sem interrupção de tráfego - D = 2,00 m - chapa galvanizada - escavado em material de 1ª categoria - aterro rodoviário máximo = 5,40 m","m",8862.89]
[605785,"Bueiro metálico sem interrupção de tráfego - D = 2,00 m - chapa galvanizada - escavado em material de 2ª categoria - aterro ferroviário máximo = 6,90 m","m",10831.01]
[605528,"Bueiro metálico sem interrupção de tráfego - D = 2,00 m - chapa galvanizada - escavado em material de 2ª categoria - aterro rodoviário máximo = 5,40 m","m",10141.540000000001]
[605819,"Bueiro metálico sem interrupção de tráfego - D = 2,00 m - chapa galvanizada - escavado em material de 3ª categoria - aterro ferroviário máximo = 6,90 m","m",12691.22]
[605548,"Bueiro metálico sem interrupção de tráfego - D = 2,00 m - chapa galvanizada - escavado em material de 3ª categoria - aterro rodoviário máximo = 5,40 m","m",12001.75]
[605840,"Bueiro metálico sem interrupção de tráfego - D = 2,20 m - chapa com epóxi - escavado em material de 1ª categoria - aterro ferroviário máximo = 7,90 m","m",12615.38]
[605576,"Bueiro metálico sem interrupção de tráfego - D = 2,20 m - chapa com epóxi - escavado em material de 1ª categoria - aterro rodoviário máximo = 4,90 m","m",10332.57]
[605855,"Bueiro metálico sem interrupção de tráfego - D = 2,20 m - chapa com epóxi - escavado em material de 2ª categoria - aterro ferroviário máximo = 7,90 m","m",14137.08]
[605587,"Bueiro metálico sem interrupção de tráfego - D = 2,20 m - chapa com epóxi - escavado em material de 2ª categoria - aterro rodoviário máximo = 4,90 m","m",11854.27]
[605898,"Bueiro metálico sem interrupção de tráfego - D = 2,20 m - chapa com epóxi - escavado em material de 3ª categoria - aterro ferroviário máximo = 7,90 m","m",16350.88]
[605598,"Bueiro metálico sem interrupção de tráfego - D = 2,20 m - chapa com epóxi - escavado em material de 3ª categoria - aterro rodoviário máximo = 4,90 m","m",14068.07]
[605744,"Bueiro metálico sem interrupção de tráfego - D = 2,20 m - chapa galvanizada - escavado em material de 1ª categoria - aterro ferroviário máximo = 7,90 m","m",12066.39]
[605509,"Bueiro metálico sem interrupção de tráfego - D = 2,20 m - chapa galvanizada - escavado em material de 1ª categoria - aterro rodoviário máximo = 4,90 m","m",10057.76]
[605787,"Bueiro metálico sem interrupção de tráfego - D = 2,20 m - chapa galvanizada - escavado em material de 2ª categoria - aterro ferroviário máximo = 7,90 m","m",13588.09]
[605529,"Bueiro metálico sem interrupção de tráfego - D = 2,20 m - chapa galvanizada - escavado em material de 2ª categoria - aterro rodoviário máximo = 4,90 m","m",11579.45]
[605820,"Bueiro metálico sem interrupção de tráfego - D = 2,20 m - chapa galvanizada - escavado em material de 3ª categoria - aterro ferroviário máximo = 7,90 m","m",15801.89]
[605549,"Bueiro metálico sem interrupção de tráfego - D = 2,20 m - chapa galvanizada - escavado em material de 3ª categoria - aterro rodoviário máximo = 4,90 m","m",13793.25]
[605841,"Bueiro metálico sem interrupção de tráfego - D = 2,40 m - chapa com epóxi - escavado em material de 1ª categoria - aterro ferroviário máximo = 7,00 m","m",13842.48]
[605577,"Bueiro metálico sem interrupção de tráfego - D = 2,40 m - chapa com epóxi - escavado em material de 1ª categoria - aterro rodoviário máximo = 4,50 m","m",11345.23]
[605856,"Bueiro metálico sem interrupção de tráfego - D = 2,40 m - chapa com epóxi - escavado em material de 2ª categoria - aterro ferroviário máximo = 7,00 m","m",15628.36]
[605588,"Bueiro metálico sem interrupção de tráfego - D = 2,40 m - chapa com epóxi - escavado em material de 2ª categoria - aterro rodoviário máximo = 4,50 m","m",13131.11]
[605899,"Bueiro metálico sem interrupção de tráfego - D = 2,40 m - chapa com epóxi - escavado em material de 3ª categoria - aterro ferroviário máximo = 7,00 m","m",18226.5]
[605599,"Bueiro metálico sem interrupção de tráfego - D = 2,40 m - chapa com epóxi - escavado em material de 3ª categoria - aterro rodoviário máximo = 4,50 m","m",15729.25]
[605745,"Bueiro metálico sem interrupção de tráfego - D = 2,40 m - chapa galvanizada - escavado em material de 1ª categoria - aterro ferroviário máximo = 7,00 m","m",13248.25]
[605510,"Bueiro metálico sem interrupção de tráfego - D = 2,40 m - chapa galvanizada - escavado em material de 1ª categoria - aterro rodoviário máximo = 4,50 m","m",11048.92]
[605788,"Bueiro metálico sem interrupção de tráfego - D = 2,40 m - chapa galvanizada - escavado em material de 2ª categoria - aterro ferroviário máximo = 7,00 m","m",15034.13]
[605530,"Bueiro metálico sem interrupção de tráfego - D = 2,40 m - chapa galvanizada - escavado em material de 2ª categoria - aterro rodoviário máximo = 4,50 m","m",12834.81]
[605821,"Bueiro metálico sem interrupção de tráfego - D = 2,40 m - chapa galvanizada - escavado em material de 3ª categoria - aterro ferroviário máximo = 7,00 m","m",17632.27]
[605550,"Bueiro metálico sem interrupção de tráfego - D = 2,40 m - chapa galvanizada - escavado em material de 3ª categoria - aterro rodoviário máximo = 4,50 m","m",15432.95]
[605842,"Bueiro metálico sem interrupção de tráfego - D = 2,60 m - chapa com epóxi - escavado em material de 1ª categoria - aterro ferroviário máximo = 6,40 m","m",15345.87]
[605578,"Bueiro metálico sem interrupção de tráfego - D = 2,60 m - chapa com epóxi - escavado em material de 1ª categoria - aterro rodoviário máximo = 4,10 m","m",12610.38]
[605857,"Bueiro metálico sem interrupção de tráfego - D = 2,60 m - chapa com epóxi - escavado em material de 2ª categoria - aterro ferroviário máximo = 6,40 m","m",17417.07]
[605589,"Bueiro metálico sem interrupção de tráfego - D = 2,60 m - chapa com epóxi - escavado em material de 2ª categoria - aterro rodoviário máximo = 4,10 m","m",14681.58]
[605900,"Bueiro metálico sem interrupção de tráfego - D = 2,60 m - chapa com epóxi - escavado em material de 3ª categoria - aterro ferroviário máximo = 6,40 m","m",20430.3]
[605600,"Bueiro metálico sem interrupção de tráfego - D = 2,60 m - chapa com epóxi - escavado em material de 3ª categoria - aterro rodoviário máximo = 4,10 m","m",17694.810000000001]
[605746,"Bueiro metálico sem interrupção de tráfego - D = 2,60 m - chapa galvanizada - escavado em material de 1ª categoria - aterro ferroviário máximo = 6,40 m","m",14698.19]
[605511,"Bueiro metálico sem interrupção de tráfego - D = 2,60 m - chapa galvanizada - escavado em material de 1ª categoria - aterro rodoviário máximo = 4,10 m","m",12287.97]
[605789,"Bueiro metálico sem interrupção de tráfego - D = 2,60 m - chapa galvanizada - escavado em material de 2ª categoria - aterro ferroviário máximo = 6,40 m","m",16769.39]
[605531,"Bueiro metálico sem interrupção de tráfego - D = 2,60 m - chapa galvanizada - escavado em material de 2ª categoria - aterro rodoviário máximo = 4,10 m","m",14359.17]
[605822,"Bueiro metálico sem interrupção de tráfego - D = 2,60 m - chapa galvanizada - escavado em material de 3ª categoria - aterro ferroviário máximo = 6,40 m","m",19782.62]
[605551,"Bueiro metálico sem interrupção de tráfego - D = 2,60 m - chapa galvanizada - escavado em material de 3ª categoria - aterro rodoviário máximo = 4,10 m","m",17372.400000000001]
[605843,"Bueiro metálico sem interrupção de tráfego - D = 2,80 m - chapa com epóxi - escavado em material de 1ª categoria - aterro ferroviário máximo = 5,50 m","m",16549.87]
[605579,"Bueiro metálico sem interrupção de tráfego - D = 2,80 m - chapa com epóxi - escavado em material de 1ª categoria - aterro rodoviário máximo = 3,80 m","m",13634.4]
[605858,"Bueiro metálico sem interrupção de tráfego - D = 2,80 m - chapa com epóxi - escavado em material de 2ª categoria - aterro ferroviário máximo = 5,50 m","m",18927.52]
[605590,"Bueiro metálico sem interrupção de tráfego - D = 2,80 m - chapa com epóxi - escavado em material de 2ª categoria - aterro rodoviário máximo = 3,80 m","m",16012.05]
[605901,"Bueiro metálico sem interrupção de tráfego - D = 2,80 m - chapa com epóxi - escavado em material de 3ª categoria - aterro ferroviário máximo = 5,50 m","m",22386.59]
[605601,"Bueiro metálico sem interrupção de tráfego - D = 2,80 m - chapa com epóxi - escavado em material de 3ª categoria - aterro rodoviário máximo = 3,80 m","m",19471.11]
[605747,"Bueiro metálico sem interrupção de tráfego - D = 2,80 m - chapa galvanizada - escavado em material de 1ª categoria - aterro ferroviário máximo = 5,50 m","m",15856.95]
[605512,"Bueiro metálico sem interrupção de tráfego - D = 2,80 m - chapa galvanizada - escavado em material de 1ª categoria - aterro rodoviário máximo = 3,80 m","m",13288.96]
[605790,"Bueiro metálico sem interrupção de tráfego - D = 2,80 m - chapa galvanizada - escavado em material de 2ª categoria - aterro ferroviário máximo = 5,50 m","m",18234.599999999999]
[605532,"Bueiro metálico sem interrupção de tráfego - D = 2,80 m - chapa galvanizada - escavado em material de 2ª categoria - aterro rodoviário máximo = 3,80 m","m",15666.62]
[605823,"Bueiro metálico sem interrupção de tráfego - D = 2,80 m - chapa galvanizada - escavado em material de 3ª categoria - aterro ferroviário máximo = 5,50 m","m",21693.66]
[605552,"Bueiro metálico sem interrupção de tráfego - D = 2,80 m - chapa galvanizada - escavado em material de 3ª categoria - aterro rodoviário máximo = 3,80 m","m",19125.68]
[605844,"Bueiro metálico sem interrupção de tráfego - D = 3,00 m - chapa com epóxi - escavado em material de 1ª categoria - aterro ferroviário máximo = 4,70 m","m",18120.849999999999]
[605580,"Bueiro metálico sem interrupção de tráfego - D = 3,00 m - chapa com epóxi - escavado em material de 1ª categoria - aterro rodoviário máximo = 3,60 m","m",15002.64]
[605887,"Bueiro metálico sem interrupção de tráfego - D = 3,00 m - chapa com epóxi - escavado em material de 2ª categoria - aterro ferroviário máximo = 4,70 m","m",20826.09]
[605591,"Bueiro metálico sem interrupção de tráfego - D = 3,00 m - chapa com epóxi - escavado em material de 2ª categoria - aterro rodoviário máximo = 3,60 m","m",17707.89]
[605902,"Bueiro metálico sem interrupção de tráfego - D = 3,00 m - chapa com epóxi - escavado em material de 3ª categoria - aterro ferroviário máximo = 4,70 m","m",24761.74]
[605602,"Bueiro metálico sem interrupção de tráfego - D = 3,00 m - chapa com epóxi - escavado em material de 3ª categoria - aterro rodoviário máximo = 3,60 m","m",21643.53]
[605748,"Bueiro metálico sem interrupção de tráfego - D = 3,00 m - chapa galvanizada - escavado em material de 1ª categoria - aterro ferroviário máximo = 4,70 m","m",17374.46]
[605513,"Bueiro metálico sem interrupção de tráfego - D = 3,00 m - chapa galvanizada - escavado em material de 1ª categoria - aterro rodoviário máximo = 3,60 m","m",14629.58]
[605804,"Bueiro metálico sem interrupção de tráfego - D = 3,00 m - chapa galvanizada - escavado em material de 2ª categoria - aterro ferroviário máximo = 4,70 m","m",20079.71]
[605533,"Bueiro metálico sem interrupção de tráfego - D = 3,00 m - chapa galvanizada - escavado em material de 2ª categoria - aterro rodoviário máximo = 3,60 m","m",17334.82]
[605824,"Bueiro metálico sem interrupção de tráfego - D = 3,00 m - chapa galvanizada - escavado em material de 3ª categoria - aterro ferroviário máximo = 4,70 m","m",24015.35]
[605553,"Bueiro metálico sem interrupção de tráfego - D = 3,00 m - chapa galvanizada - escavado em material de 3ª categoria - aterro rodoviário máximo = 3,60 m","m",21270.47]
[605845,"Bueiro metálico sem interrupção de tráfego - D = 3,20 m - chapa com epóxi - escavado em material de 1ª categoria - aterro ferroviário máximo = 4,00 m","m",19755.7]
[605581,"Bueiro metálico sem interrupção de tráfego - D = 3,20 m - chapa com epóxi - escavado em material de 1ª categoria - aterro rodoviário máximo = 4,80 m","m",17719.330000000002]
[605888,"Bueiro metálico sem interrupção de tráfego - D = 3,20 m - chapa com epóxi - escavado em material de 2ª categoria - aterro ferroviário máximo = 4,00 m","m",22809.67]
[605592,"Bueiro metálico sem interrupção de tráfego - D = 3,20 m - chapa com epóxi - escavado em material de 2ª categoria - aterro rodoviário máximo = 4,80 m","m",20773.29]
[605903,"Bueiro metálico sem interrupção de tráfego - D = 3,20 m - chapa com epóxi - escavado em material de 3ª categoria - aterro ferroviário máximo = 4,00 m","m",27252.639999999999]
[605603,"Bueiro metálico sem interrupção de tráfego - D = 3,20 m - chapa com epóxi - escavado em material de 3ª categoria - aterro rodoviário máximo = 4,80 m","m",25216.27]
[605771,"Bueiro metálico sem interrupção de tráfego - D = 3,20 m - chapa galvanizada - escavado em material de 1ª categoria - aterro ferroviário máximo = 4,00 m","m",18964.080000000002]
[605514,"Bueiro metálico sem interrupção de tráfego - D = 3,20 m - chapa galvanizada - escavado em material de 1ª categoria - aterro rodoviário máximo = 4,80 m","m",17173.66]
[605805,"Bueiro metálico sem interrupção de tráfego - D = 3,20 m - chapa galvanizada - escavado em material de 2ª categoria - aterro ferroviário máximo = 4,00 m","m",22018.05]
[605534,"Bueiro metálico sem interrupção de tráfego - D = 3,20 m - chapa galvanizada - escavado em material de 2ª categoria - aterro rodoviário máximo = 4,80 m","m",20227.62]
[605825,"Bueiro metálico sem interrupção de tráfego - D = 3,20 m - chapa galvanizada - escavado em material de 3ª categoria - aterro ferroviário máximo = 4,00 m","m",26461.02]
[605554,"Bueiro metálico sem interrupção de tráfego - D = 3,20 m - chapa galvanizada - escavado em material de 3ª categoria - aterro rodoviário máximo = 4,80 m","m",24670.59]
[605772,"Bueiro metálico sem interrupção de tráfego - D = 3,40 m - chapa galvanizada - escavado em material de 1ª categoria - aterro ferroviário máximo = 7,00 m","m",21904.94]
[605515,"Bueiro metálico sem interrupção de tráfego - D = 3,40 m - chapa galvanizada - escavado em material de 1ª categoria - aterro rodoviário máximo = 4,50 m","m",18736.580000000002]
[605806,"Bueiro metálico sem interrupção de tráfego - D = 3,40 m - chapa galvanizada - escavado em material de 2ª categoria - aterro ferroviário máximo = 7,00 m","m",25328.76]
[605535,"Bueiro metálico sem interrupção de tráfego - D = 3,40 m - chapa galvanizada - escavado em material de 2ª categoria - aterro rodoviário máximo = 4,50 m","m",22160.400000000001]
[605826,"Bueiro metálico sem interrupção de tráfego - D = 3,40 m - chapa galvanizada - escavado em material de 3ª categoria - aterro ferroviário máximo = 7,00 m","m",30309.82]
[605555,"Bueiro metálico sem interrupção de tráfego - D = 3,40 m - chapa galvanizada - escavado em material de 3ª categoria - aterro rodoviário máximo = 4,50 m","m",27141.45]
[605773,"Bueiro metálico sem interrupção de tráfego - D = 3,60 m - chapa galvanizada - escavado em material de 1ª categoria - aterro ferroviário máximo = 6,60 m","m",23289.23]
[605516,"Bueiro metálico sem interrupção de tráfego - D = 3,60 m - chapa galvanizada - escavado em material de 1ª categoria - aterro rodoviário máximo = 4,30 m","m",19909.689999999999]
[605807,"Bueiro metálico sem interrupção de tráfego - D = 3,60 m - chapa galvanizada - escavado em material de 2ª categoria - aterro ferroviário máximo = 6,60 m","m",27104.05]
[605536,"Bueiro metálico sem interrupção de tráfego - D = 3,60 m - chapa galvanizada - escavado em material de 2ª categoria - aterro rodoviário máximo = 4,30 m","m",23724.5]
[605827,"Bueiro metálico sem interrupção de tráfego - D = 3,60 m - chapa galvanizada - escavado em material de 3ª categoria - aterro ferroviário máximo = 6,60 m","m",32653.919999999998]
[605556,"Bueiro metálico sem interrupção de tráfego - D = 3,60 m - chapa galvanizada - escavado em material de 3ª categoria - aterro rodoviário máximo = 4,30 m","m",29274.38]
[605774,"Bueiro metálico sem interrupção de tráfego - D = 3,80 m - chapa galvanizada - escavado em material de 1ª categoria - aterro ferroviário máximo = 6,20 m","m",25121.89]
[605517,"Bueiro metálico sem interrupção de tráfego - D = 3,80 m - chapa galvanizada - escavado em material de 1ª categoria - aterro rodoviário máximo = 4,00 m","m",21482.83]
[605808,"Bueiro metálico sem interrupção de tráfego - D = 3,80 m - chapa galvanizada - escavado em material de 2ª categoria - aterro ferroviário máximo = 6,20 m","m",29348.83]
[605537,"Bueiro metálico sem interrupção de tráfego - D = 3,80 m - chapa galvanizada - escavado em material de 2ª categoria - aterro rodoviário máximo = 4,00 m","m",25709.77]
[605828,"Bueiro metálico sem interrupção de tráfego - D = 3,80 m - chapa galvanizada - escavado em material de 3ª categoria - aterro ferroviário máximo = 6,20 m","m",35498.269999999997]
[605557,"Bueiro metálico sem interrupção de tráfego - D = 3,80 m - chapa galvanizada - escavado em material de 3ª categoria - aterro rodoviário máximo = 4,00 m","m",31859.21]
[605775,"Bueiro metálico sem interrupção de tráfego - D = 4,00 m - chapa galvanizada - escavado em material de 1ª categoria - aterro ferroviário máximo = 5,10 m","m",26509.57]
[605518,"Bueiro metálico sem interrupção de tráfego - D = 4,00 m - chapa galvanizada - escavado em material de 1ª categoria - aterro rodoviário máximo = 3,10 m","m",22788.240000000002]
[605809,"Bueiro metálico sem interrupção de tráfego - D = 4,00 m - chapa galvanizada - escavado em material de 2ª categoria - aterro ferroviário máximo = 5,10 m","m",31169.77]
[605538,"Bueiro metálico sem interrupção de tráfego - D = 4,00 m - chapa galvanizada - escavado em material de 2ª categoria - aterro rodoviário máximo = 3,10 m","m",27448.44]
[605829,"Bueiro metálico sem interrupção de tráfego - D = 4,00 m - chapa galvanizada - escavado em material de 3ª categoria - aterro ferroviário máximo = 5,10 m","m",37949.54]
[605558,"Bueiro metálico sem interrupção de tráfego - D = 4,00 m - chapa galvanizada - escavado em material de 3ª categoria - aterro rodoviário máximo = 3,10 m","m",34228.199999999997]
[605776,"Bueiro metálico sem interrupção de tráfego - D = 4,20 m - chapa galvanizada - escavado em material de 1ª categoria - aterro ferroviário máximo = 4,80 m","m",28343.4]
[605519,"Bueiro metálico sem interrupção de tráfego - D = 4,20 m - chapa galvanizada - escavado em material de 1ª categoria - aterro rodoviário máximo = 4,40 m","m",26782.47]
[605810,"Bueiro metálico sem interrupção de tráfego - D = 4,20 m - chapa galvanizada - escavado em material de 2ª categoria - aterro ferroviário máximo = 4,80 m","m",33458]
[605539,"Bueiro metálico sem interrupção de tráfego - D = 4,20 m - chapa galvanizada - escavado em material de 2ª categoria - aterro rodoviário máximo = 4,40 m","m",31897.07]
[605830,"Bueiro metálico sem interrupção de tráfego - D = 4,20 m - chapa galvanizada - escavado em material de 3ª categoria - aterro ferroviário máximo = 4,80 m","m",40898.83]
[605559,"Bueiro metálico sem interrupção de tráfego - D = 4,20 m - chapa galvanizada - escavado em material de 3ª categoria - aterro rodoviário máximo = 4,40 m","m",39337.9]
[605777,"Bueiro metálico sem interrupção de tráfego - D = 4,40 m - chapa galvanizada - escavado em material de 1ª categoria - aterro ferroviário máximo = 4,20 m","m",30375.360000000001]
[605520,"Bueiro metálico sem interrupção de tráfego - D = 4,40 m - chapa galvanizada - escavado em material de 1ª categoria - aterro rodoviário máximo = 4,20 m","m",28704.67]
[605811,"Bueiro metálico sem interrupção de tráfego - D = 4,40 m - chapa galvanizada - escavado em material de 2ª categoria - aterro ferroviário máximo = 4,20 m","m",35965.49]
[605540,"Bueiro metálico sem interrupção de tráfego - D = 4,40 m - chapa galvanizada - escavado em material de 2ª categoria - aterro rodoviário máximo = 4,20 m","m",34294.800000000003]
[605831,"Bueiro metálico sem interrupção de tráfego - D = 4,40 m - chapa galvanizada - escavado em material de 3ª categoria - aterro ferroviário máximo = 4,20 m","m",44098.13]
[605560,"Bueiro metálico sem interrupção de tráfego - D = 4,40 m - chapa galvanizada - escavado em material de 3ª categoria - aterro rodoviário máximo = 4,20 m","m",42427.45]
[605778,"Bueiro metálico sem interrupção de tráfego - D = 4,60 m - chapa galvanizada - escavado em material de 1ª categoria - aterro ferroviário máximo = 4,00 m","m",32292.23]
[605521,"Bueiro metálico sem interrupção de tráfego - D = 4,60 m - chapa galvanizada - escavado em material de 1ª categoria - aterro rodoviário máximo = 4,00 m","m",30600.32]
[605812,"Bueiro metálico sem interrupção de tráfego - D = 4,60 m - chapa galvanizada - escavado em material de 2ª categoria - aterro ferroviário máximo = 4,00 m","m",38379.019999999997]
[605541,"Bueiro metálico sem interrupção de tráfego - D = 4,60 m - chapa galvanizada - escavado em material de 2ª categoria - aterro rodoviário máximo = 4,00 m","m",36687.11]
[605832,"Bueiro metálico sem interrupção de tráfego - D = 4,60 m - chapa galvanizada - escavado em material de 3ª categoria - aterro ferroviário máximo = 4,00 m","m",47234.22]
[605561,"Bueiro metálico sem interrupção de tráfego - D = 4,60 m - chapa galvanizada - escavado em material de 3ª categoria - aterro rodoviário máximo = 4,00 m","m",45542.32]
[605779,"Bueiro metálico sem interrupção de tráfego - D = 4,80 m - chapa galvanizada - escavado em material de 1ª categoria - aterro ferroviário máximo = 5,10 m","m",35661.14]
[605522,"Bueiro metálico sem interrupção de tráfego - D = 4,80 m - chapa galvanizada - escavado em material de 1ª categoria - aterro rodoviário máximo = 5,50 m","m",33907.410000000003]
[605813,"Bueiro metálico sem interrupção de tráfego - D = 4,80 m - chapa galvanizada - escavado em material de 2ª categoria - aterro ferroviário máximo = 5,10 m","m",42265.74]
[605542,"Bueiro metálico sem interrupção de tráfego - D = 4,80 m - chapa galvanizada - escavado em material de 2ª categoria - aterro rodoviário máximo = 5,50 m","m",40512.01]
[605833,"Bueiro metálico sem interrupção de tráfego - D = 4,80 m - chapa galvanizada - escavado em material de 3ª categoria - aterro ferroviário máximo = 5,10 m","m",51874.25]
[605562,"Bueiro metálico sem interrupção de tráfego - D = 4,80 m - chapa galvanizada - escavado em material de 3ª categoria - aterro rodoviário máximo = 5,50 m","m",50120.52]
[605780,"Bueiro metálico sem interrupção de tráfego - D = 5,00 m - chapa galvanizada - escavado em material de 1ª categoria - aterro ferroviário máximo = 4,80 m","m",37832.959999999999]
[605523,"Bueiro metálico sem interrupção de tráfego - D = 5,00 m - chapa galvanizada - escavado em material de 1ª categoria - aterro rodoviário máximo = 5,30 m","m",35974.65]
[605814,"Bueiro metálico sem interrupção de tráfego - D = 5,00 m - chapa galvanizada - escavado em material de 2ª categoria - aterro ferroviário máximo = 4,80 m","m",44976.49]
[605543,"Bueiro metálico sem interrupção de tráfego - D = 5,00 m - chapa galvanizada - escavado em material de 2ª categoria - aterro rodoviário máximo = 5,30 m","m",43118.18]
[605834,"Bueiro metálico sem interrupção de tráfego - D = 5,00 m - chapa galvanizada - escavado em material de 3ª categoria - aterro ferroviário máximo = 4,80 m","m",55369.06]
[605563,"Bueiro metálico sem interrupção de tráfego - D = 5,00 m - chapa galvanizada - escavado em material de 3ª categoria - aterro rodoviário máximo = 5,30 m","m",53510.75]
[605606,"Sistema de escoramento telescópico regulável para tunnel liner","m³",14.65]
[705314,"Boca de BDCC 1,50 x 1,50 m - esconsidade 0° - areia e brita comerciais","un",13964.39]
[705312,"Boca de BDCC 1,50 x 1,50 m - esconsidade 0° - areia extraída e brita produzida","un",12835.62]
[705316,"Boca de BDCC 1,50 x 1,50 m - esconsidade 15° - areia e brita comerciais","un",15295.54]
[705315,"Boca de BDCC 1,50 x 1,50 m - esconsidade 15° - areia extraída e brita produzida","un",14080.82]
[705318,"Boca de BDCC 1,50 x 1,50 m - esconsidade 30° - areia e brita comerciais","un",16360.69]
[705317,"Boca de BDCC 1,50 x 1,50 m - esconsidade 30° - areia extraída e brita produzida","un",14991.46]
[705320,"Boca de BDCC 1,50 x 1,50 m - esconsidade 45° - areia e brita comerciais","un",20498.759999999998]
[705319,"Boca de BDCC 1,50 x 1,50 m - esconsidade 45° - areia extraída e brita produzida","un",18823.240000000002]
[705322,"Boca de BDCC 2,00 x 2,00 m - esconsidade 0° - areia e brita comerciais","un",21561.200000000001]
[705321,"Boca de BDCC 2,00 x 2,00 m - esconsidade 0° - areia extraída e brita produzida","un",19664.810000000001]
[705324,"Boca de BDCC 2,00 x 2,00 m - esconsidade 15° - areia e brita comerciais","un",23652.01]
[705323,"Boca de BDCC 2,00 x 2,00 m - esconsidade 15° - areia extraída e brita produzida","un",21623.07]
[705326,"Boca de BDCC 2,00 x 2,00 m - esconsidade 30° - areia e brita comerciais","un",25435.05]
[705325,"Boca de BDCC 2,00 x 2,00 m - esconsidade 30° - areia extraída e brita produzida","un",23214.46]
[705328,"Boca de BDCC 2,00 x 2,00 m - esconsidade 45° - areia e brita comerciais","un",32249.79]
[705327,"Boca de BDCC 2,00 x 2,00 m - esconsidade 45° - areia extraída e brita produzida","un",29494.880000000001]
[705330,"Boca de BDCC 2,50 x 2,50 m - esconsidade 0° - areia e brita comerciais","un",30115.62]
[705329,"Boca de BDCC 2,50 x 2,50 m - esconsidade 0° - areia extraída e brita produzida","un",27355.54]
[705332,"Boca de BDCC 2,50 x 2,50 m - esconsidade 15° - areia e brita comerciais","un",32532.45]
[705331,"Boca de BDCC 2,50 x 2,50 m - esconsidade 15° - areia extraída e brita produzida","un",29724.41]
[705334,"Boca de BDCC 2,50 x 2,50 m - esconsidade 30° - areia e brita comerciais","un",34484.44]
[705333,"Boca de BDCC 2,50 x 2,50 m - esconsidade 30° - areia extraída e brita produzida","un",31702.66]
[705336,"Boca de BDCC 2,50 x 2,50 m - esconsidade 45° - areia e brita comerciais","un",46501.34]
[705335,"Boca de BDCC 2,50 x 2,50 m - esconsidade 45° - areia extraída e brita produzida","un",42623.29]
[705338,"Boca de BDCC 3,00 x 3,00 m - esconsidade 0° - areia e brita comerciais","un",43390.87]
[705337,"Boca de BDCC 3,00 x 3,00 m - esconsidade 0° - areia extraída e brita produzida","un",39367.629999999997]
[705340,"Boca de BDCC 3,00 x 3,00 m - esconsidade 15° - areia e brita comerciais","un",46712.43]
[705339,"Boca de BDCC 3,00 x 3,00 m - esconsidade 15° - areia extraída e brita produzida","un",42656.75]
[705342,"Boca de BDCC 3,00 x 3,00 m - esconsidade 30° - areia e brita comerciais","un",52969.41]
[705341,"Boca de BDCC 3,00 x 3,00 m - esconsidade 30° - areia extraída e brita produzida","un",48458.18]
[705344,"Boca de BDCC 3,00 x 3,00 m - esconsidade 45° - areia e brita comerciais","un",67042.509999999995]
[705343,"Boca de BDCC 3,00 x 3,00 m - esconsidade 45° - areia extraída e brita produzida","un",61517.31]
[705225,"Boca de BSCC 1,50 x 1,50 m - esconsidade 0° - areia e brita comerciais","un",12001.99]
[705224,"Boca de BSCC 1,50 x 1,50 m - esconsidade 0° - areia extraída e brita produzida","un",10958.32]
[705227,"Boca de BSCC 1,50 x 1,50 m - esconsidade 15° - areia e brita comerciais","un",12376.36]
[705226,"Boca de BSCC 1,50 x 1,50 m - esconsidade 15° - areia extraída e brita produzida","un",11424.23]
[705229,"Boca de BSCC 1,50 x 1,50 m - esconsidade 30° - areia e brita comerciais","un",13347.39]
[705228,"Boca de BSCC 1,50 x 1,50 m - esconsidade 30° - areia extraída e brita produzida","un",12247.84]
[705231,"Boca de BSCC 1,50 x 1,50 m - esconsidade 45° - areia e brita comerciais","un",16596.66]
[705230,"Boca de BSCC 1,50 x 1,50 m - esconsidade 45° - areia extraída e brita produzida","un",15310.13]
[705233,"Boca de BSCC 2,00 x 2,00 m - esconsidade 0° - areia e brita comerciais","un",18628.28]
[705232,"Boca de BSCC 2,00 x 2,00 m - esconsidade 0° - areia extraída e brita produzida","un",16968.22]
[705235,"Boca de BSCC 2,00 x 2,00 m - esconsidade 15° - areia e brita comerciais","un",19070.46]
[705234,"Boca de BSCC 2,00 x 2,00 m - esconsidade 15° - areia extraída e brita produzida","un",17528.63]
[705237,"Boca de BSCC 2,00 x 2,00 m - esconsidade 30° - areia e brita comerciais","un",20673.22]
[705236,"Boca de BSCC 2,00 x 2,00 m - esconsidade 30° - areia extraída e brita produzida","un",18942.560000000001]
[705239,"Boca de BSCC 2,00 x 2,00 m - esconsidade 45° - areia e brita comerciais","un",26362.68]
[705238,"Boca de BSCC 2,00 x 2,00 m - esconsidade 45° - areia extraída e brita produzida","un",24199]
[705241,"Boca de BSCC 2,50 x 2,50 m - esconsidade 0° - areia e brita comerciais","un",25150.27]
[705240,"Boca de BSCC 2,50 x 2,50 m - esconsidade 0° - areia extraída e brita produzida","un",22872.13]
[705243,"Boca de BSCC 2,50 x 2,50 m - esconsidade 15° - areia e brita comerciais","un",26578.69]
[705242,"Boca de BSCC 2,50 x 2,50 m - esconsidade 15° - areia extraída e brita produzida","un",24302.71]
[705245,"Boca de BSCC 2,50 x 2,50 m - esconsidade 30° - areia e brita comerciais","un",29443.81]
[705244,"Boca de BSCC 2,50 x 2,50 m - esconsidade 30° - areia extraída e brita produzida","un",27016.52]
[705247,"Boca de BSCC 2,50 x 2,50 m - esconsidade 45° - areia e brita comerciais","un",37211.120000000003]
[705246,"Boca de BSCC 2,50 x 2,50 m - esconsidade 45° - areia extraída e brita produzida","un",34237.949999999997]
[705249,"Boca de BSCC 3,00 x 3,00 m - esconsidade 0° - areia e brita comerciais","un",35640.54]
[705248,"Boca de BSCC 3,00 x 3,00 m - esconsidade 0° - areia extraída e brita produzida","un",32333.85]
[705251,"Boca de BSCC 3,00 x 3,00 m - esconsidade 15° - areia e brita comerciais","un",37617.870000000003]
[705250,"Boca de BSCC 3,00 x 3,00 m - esconsidade 15° - areia extraída e brita produzida","un",34314.730000000003]
[705253,"Boca de BSCC 3,00 x 3,00 m - esconsidade 30° - areia e brita comerciais","un",41162]
[705252,"Boca de BSCC 3,00 x 3,00 m - esconsidade 30° - areia extraída e brita produzida","un",37570]
[705255,"Boca de BSCC 3,00 x 3,00 m - esconsidade 45° - areia e brita comerciais","un",51952.91]
[705254,"Boca de BSCC 3,00 x 3,00 m - esconsidade 45° - areia extraída e brita produzida","un",47611.48]
[705403,"Boca de BTCC 1,50 x 1,50 m - esconsidade 0° - areia e brita comerciais","un",17450.13]
[705402,"Boca de BTCC 1,50 x 1,50 m - esconsidade 0° - areia extraída e brita produzida","un",15938.37]
[705405,"Boca de BTCC 1,50 x 1,50 m - esconsidade 15° - areia e brita comerciais","un",18844.82]
[705404,"Boca de BTCC 1,50 x 1,50 m - esconsidade 15° - areia extraída e brita produzida","un",17319.29]
[705407,"Boca de BTCC 1,50 x 1,50 m - esconsidade 30° - areia e brita comerciais","un",19799.02]
[705406,"Boca de BTCC 1,50 x 1,50 m - esconsidade 30° - areia extraída e brita produzida","un",18099.7]
[705409,"Boca de BTCC 1,50 x 1,50 m - esconsidade 45° - areia e brita comerciais","un",24906.14]
[705408,"Boca de BTCC 1,50 x 1,50 m - esconsidade 45° - areia extraída e brita produzida","un",22812.86]
[705411,"Boca de BTCC 2,00 x 2,00 m - esconsidade 0° - areia e brita comerciais","un",26419.8]
[705410,"Boca de BTCC 2,00 x 2,00 m - esconsidade 0° - areia extraída e brita produzida","un",23983.200000000001]
[705413,"Boca de BTCC 2,00 x 2,00 m - esconsidade 15° - areia e brita comerciais","un",28405.06]
[705412,"Boca de BTCC 2,00 x 2,00 m - esconsidade 15° - areia extraída e brita produzida","un",25970.799999999999]
[705415,"Boca de BTCC 2,00 x 2,00 m - esconsidade 30° - areia e brita comerciais","un",31307.1]
[705414,"Boca de BTCC 2,00 x 2,00 m - esconsidade 30° - areia extraída e brita produzida","un",28563.9]
[705417,"Boca de BTCC 2,00 x 2,00 m - esconsidade 45° - areia e brita comerciais","un",39600.959999999999]
[705416,"Boca de BTCC 2,00 x 2,00 m - esconsidade 45° - areia extraída e brita produzida","un",36225.07]
[705419,"Boca de BTCC 2,50 x 2,50 m - esconsidade 0° - areia e brita comerciais","un",37313.949999999997]
[705418,"Boca de BTCC 2,50 x 2,50 m - esconsidade 0° - areia extraída e brita produzida","un",33910.800000000003]
[705421,"Boca de BTCC 2,50 x 2,50 m - esconsidade 15° - areia e brita comerciais","un",40117.300000000003]
[705420,"Boca de BTCC 2,50 x 2,50 m - esconsidade 15° - areia extraída e brita produzida","un",36704.589999999997]
[705423,"Boca de BTCC 2,50 x 2,50 m - esconsidade 30° - areia e brita comerciais","un",45620]
[705422,"Boca de BTCC 2,50 x 2,50 m - esconsidade 30° - areia extraída e brita produzida","un",41801.379999999997]
[705425,"Boca de BTCC 2,50 x 2,50 m - esconsidade 45° - areia e brita comerciais","un",57685.66]
[705424,"Boca de BTCC 2,50 x 2,50 m - esconsidade 45° - areia extraída e brita produzida","un",53000.42]
[705427,"Boca de BTCC 3,00 x 3,00 m - esconsidade 0° - areia e brita comerciais","un",52636.9]
[705426,"Boca de BTCC 3,00 x 3,00 m - esconsidade 0° - areia extraída e brita produzida","un",47713.32]
[705429,"Boca de BTCC 3,00 x 3,00 m - esconsidade 15° - areia e brita comerciais","un",54471.66]
[705428,"Boca de BTCC 3,00 x 3,00 m - esconsidade 15° - areia extraída e brita produzida","un",49637]
[705431,"Boca de BTCC 3,00 x 3,00 m - esconsidade 30° - areia e brita comerciais","un",65355.97]
[705430,"Boca de BTCC 3,00 x 3,00 m - esconsidade 30° - areia extraída e brita produzida","un",59960.63]
[705433,"Boca de BTCC 3,00 x 3,00 m - esconsidade 45° - areia e brita comerciais","un",82790.87]
[705432,"Boca de BTCC 3,00 x 3,00 m - esconsidade 45° - areia extraída e brita produzida","un",76108.240000000005]
[705257,"Corpo de BDCC 1,50 x 1,50 m - moldado no local - altura do aterro 0,00 a 1,00 m - areia e brita comerciais","m",4164.7700000000004]
[705256,"Corpo de BDCC 1,50 x 1,50 m - moldado no local - altura do aterro 0,00 a 1,00 m - areia extraída e brita produzida","m",3859.07]
[705259,"Corpo de BDCC 1,50 x 1,50 m - moldado no local - altura do aterro 1,00 a 2,50 m - areia e brita comerciais","m",3663.02]
[705258,"Corpo de BDCC 1,50 x 1,50 m - moldado no local - altura do aterro 1,00 a 2,50 m - areia extraída e brita produzida","m",3357.31]
[705267,"Corpo de BDCC 1,50 x 1,50 m - moldado no local - altura do aterro 10,00 a 12,50 m - areia e brita comerciais","m",5194.37]
[705266,"Corpo de BDCC 1,50 x 1,50 m - moldado no local - altura do aterro 10,00 a 12,50 m - areia extraída e brita produzida","m",4788.63]
[705269,"Corpo de BDCC 1,50 x 1,50 m - moldado no local - altura do aterro 12,50 a 15,00 m - areia e brita comerciais","m",5439.6]
[705268,"Corpo de BDCC 1,50 x 1,50 m - moldado no local - altura do aterro 12,50 a 15,00 m - areia extraída e brita produzida","m",5033.8599999999997]
[705261,"Corpo de BDCC 1,50 x 1,50 m - moldado no local - altura do aterro 2,50 a 5,00 m - areia e brita comerciais","m",3896.36]
[705260,"Corpo de BDCC 1,50 x 1,50 m - moldado no local - altura do aterro 2,50 a 5,00 m - areia extraída e brita produzida","m",3590.66]
[705263,"Corpo de BDCC 1,50 x 1,50 m - moldado no local - altura do aterro 5,00 a 7,50 m - areia e brita comerciais","m",4357.5600000000004]
[705262,"Corpo de BDCC 1,50 x 1,50 m - moldado no local - altura do aterro 5,00 a 7,50 m - areia extraída e brita produzida","m",4051.85]
[705265,"Corpo de BDCC 1,50 x 1,50 m - moldado no local - altura do aterro 7,50 a 10,00 m - areia e brita comerciais","m",4753.95]
[705264,"Corpo de BDCC 1,50 x 1,50 m - moldado no local - altura do aterro 7,50 a 10,00 m - areia extraída e brita produzida","m",4448.25]
[705271,"Corpo de BDCC 2,00 x 2,00 m - moldado no local - altura do aterro 0,00 a 1,00 m - areia e brita comerciais","m",5970.93]
[705270,"Corpo de BDCC 2,00 x 2,00 m - moldado no local - altura do aterro 0,00 a 1,00 m - areia extraída e brita produzida","m",5575.83]
[705273,"Corpo de BDCC 2,00 x 2,00 m - moldado no local - altura do aterro 1,00 a 2,50 m - areia e brita comerciais","m",5356.68]
[705272,"Corpo de BDCC 2,00 x 2,00 m - moldado no local - altura do aterro 1,00 a 2,50 m - areia extraída e brita produzida","m",4961.58]
[705281,"Corpo de BDCC 2,00 x 2,00 m - moldado no local - altura do aterro 10,00 a 12,50 m - areia e brita comerciais","m",8128.68]
[705280,"Corpo de BDCC 2,00 x 2,00 m - moldado no local - altura do aterro 10,00 a 12,50 m - areia extraída e brita produzida","m",7488.93]
[705283,"Corpo de BDCC 2,00 x 2,00 m - moldado no local - altura do aterro 12,50 a 15,00 m - areia e brita comerciais","m",8320.8799999999992]
[705282,"Corpo de BDCC 2,00 x 2,00 m - moldado no local - altura do aterro 12,50 a 15,00 m - areia extraída e brita produzida","m",7681.13]
[705275,"Corpo de BDCC 2,00 x 2,00 m - moldado no local - altura do aterro 2,50 a 5,00 m - areia e brita comerciais","m",5960.64]
[705274,"Corpo de BDCC 2,00 x 2,00 m - moldado no local - altura do aterro 2,50 a 5,00 m - areia extraída e brita produzida","m",5565.54]
[705277,"Corpo de BDCC 2,00 x 2,00 m - moldado no local - altura do aterro 5,00 a 7,50 m - areia e brita comerciais","m",6689.06]
[705276,"Corpo de BDCC 2,00 x 2,00 m - moldado no local - altura do aterro 5,00 a 7,50 m - areia extraída e brita produzida","m",6170.93]
[705279,"Corpo de BDCC 2,00 x 2,00 m - moldado no local - altura do aterro 7,50 a 10,00 m - areia e brita comerciais","m",7534.54]
[705278,"Corpo de BDCC 2,00 x 2,00 m - moldado no local - altura do aterro 7,50 a 10,00 m - areia extraída e brita produzida","m",7016.42]
[705285,"Corpo de BDCC 2,50 x 2,50 m - moldado no local - altura do aterro 0,00 a 1,00 m - areia e brita comerciais","m",7680.78]
[705284,"Corpo de BDCC 2,50 x 2,50 m - moldado no local - altura do aterro 0,00 a 1,00 m - areia extraída e brita produzida","m",7184.12]
[705287,"Corpo de BDCC 2,50 x 2,50 m - moldado no local - altura do aterro 1,00 a 2,50 m - areia e brita comerciais","m",7073.54]
[705286,"Corpo de BDCC 2,50 x 2,50 m - moldado no local - altura do aterro 1,00 a 2,50 m - areia extraída e brita produzida","m",6576.87]
[705295,"Corpo de BDCC 2,50 x 2,50 m - moldado no local - altura do aterro 10,00 a 12,50 m - areia e brita comerciais","m",10632.76]
[705294,"Corpo de BDCC 2,50 x 2,50 m - moldado no local - altura do aterro 10,00 a 12,50 m - areia extraída e brita produzida","m",9863.0400000000009]
[705297,"Corpo de BDCC 2,50 x 2,50 m - moldado no local - altura do aterro 12,50 a 15,00 m - areia e brita comerciais","m",11428.09]
[705296,"Corpo de BDCC 2,50 x 2,50 m - moldado no local - altura do aterro 12,50 a 15,00 m - areia extraída e brita produzida","m",10658.37]
[705289,"Corpo de BDCC 2,50 x 2,50 m - moldado no local - altura do aterro 2,50 a 5,00 m - areia e brita comerciais","m",7966.59]
[705288,"Corpo de BDCC 2,50 x 2,50 m - moldado no local - altura do aterro 2,50 a 5,00 m - areia extraída e brita produzida","m",7336.07]
[705291,"Corpo de BDCC 2,50 x 2,50 m - moldado no local - altura do aterro 5,00 a 7,50 m - areia e brita comerciais","m",8984.31]
[705290,"Corpo de BDCC 2,50 x 2,50 m - moldado no local - altura do aterro 5,00 a 7,50 m - areia extraída e brita produzida","m",8353.7999999999993]
[705293,"Corpo de BDCC 2,50 x 2,50 m - moldado no local - altura do aterro 7,50 a 10,00 m - areia e brita comerciais","m",9697.43]
[705292,"Corpo de BDCC 2,50 x 2,50 m - moldado no local - altura do aterro 7,50 a 10,00 m - areia extraída e brita produzida","m",8927.7099999999991]
[705299,"Corpo de BDCC 3,00 x 3,00 m - moldado no local - altura do aterro 0,00 a 1,00 m - areia e brita comerciais","m",9912.06]
[705298,"Corpo de BDCC 3,00 x 3,00 m - moldado no local - altura do aterro 0,00 a 1,00 m - areia extraída e brita produzida","m",9169.16]
[705301,"Corpo de BDCC 3,00 x 3,00 m - moldado no local - altura do aterro 1,00 a 2,50 m - areia e brita comerciais","m",9333.58]
[705300,"Corpo de BDCC 3,00 x 3,00 m - moldado no local - altura do aterro 1,00 a 2,50 m - areia extraída e brita produzida","m",8590.68]
[705309,"Corpo de BDCC 3,00 x 3,00 m - moldado no local - altura do aterro 10,00 a 12,50 m - areia e brita comerciais","m",14727.61]
[705308,"Corpo de BDCC 3,00 x 3,00 m - moldado no local - altura do aterro 10,00 a 12,50 m - areia extraída e brita produzida","m",13612.93]
[705311,"Corpo de BDCC 3,00 x 3,00 m - moldado no local - altura do aterro 12,50 a 15,00 m - areia e brita comerciais","m",14636.72]
[705310,"Corpo de BDCC 3,00 x 3,00 m - moldado no local - altura do aterro 12,50 a 15,00 m - areia extraída e brita produzida","m",13522.04]
[705303,"Corpo de BDCC 3,00 x 3,00 m - moldado no local - altura do aterro 2,50 a 5,00 m - areia e brita comerciais","m",10045.290000000001]
[705302,"Corpo de BDCC 3,00 x 3,00 m - moldado no local - altura do aterro 2,50 a 5,00 m - areia extraída e brita produzida","m",9138.84]
[705305,"Corpo de BDCC 3,00 x 3,00 m - moldado no local - altura do aterro 5,00 a 7,50 m - areia e brita comerciais","m",12051.3]
[705304,"Corpo de BDCC 3,00 x 3,00 m - moldado no local - altura do aterro 5,00 a 7,50 m - areia extraída e brita produzida","m",11144.85]
[705307,"Corpo de BDCC 3,00 x 3,00 m - moldado no local - altura do aterro 7,50 a 10,00 m - areia e brita comerciais","m",13282.64]
[705306,"Corpo de BDCC 3,00 x 3,00 m - moldado no local - altura do aterro 7,50 a 10,00 m - areia extraída e brita produzida","m",12167.97]
[705169,"Corpo de BSCC 1,50 x 1,50 m - moldado no local - altura do aterro 0,00 a 1,00 m - areia e brita comerciais","m",2497.6999999999998]
[705168,"Corpo de BSCC 1,50 x 1,50 m - moldado no local - altura do aterro 0,00 a 1,00 m - areia extraída e brita produzida","m",2326.2199999999998]
[705171,"Corpo de BSCC 1,50 x 1,50 m - moldado no local - altura do aterro 1,00 a 2,50 m - areia e brita comerciais","m",2231.09]
[705170,"Corpo de BSCC 1,50 x 1,50 m - moldado no local - altura do aterro 1,00 a 2,50 m - areia extraída e brita produzida","m",2059.61]
[705179,"Corpo de BSCC 1,50 x 1,50 m - moldado no local - altura do aterro 10,00 a 12,50 m - areia e brita comerciais","m",3115.48]
[705178,"Corpo de BSCC 1,50 x 1,50 m - moldado no local - altura do aterro 10,00 a 12,50 m - areia extraída e brita produzida","m",2888.59]
[705181,"Corpo de BSCC 1,50 x 1,50 m - moldado no local - altura do aterro 12,50 a 15,00 m - areia e brita comerciais","m",3246.34]
[705180,"Corpo de BSCC 1,50 x 1,50 m - moldado no local - altura do aterro 12,50 a 15,00 m - areia extraída e brita produzida","m",3019.45]
[705173,"Corpo de BSCC 1,50 x 1,50 m - moldado no local - altura do aterro 2,50 a 5,00 m - areia e brita comerciais","m",2417.0300000000002]
[705172,"Corpo de BSCC 1,50 x 1,50 m - moldado no local - altura do aterro 2,50 a 5,00 m - areia extraída e brita produzida","m",2245.5500000000002]
[705175,"Corpo de BSCC 1,50 x 1,50 m - moldado no local - altura do aterro 5,00 a 7,50 m - areia e brita comerciais","m",2673.17]
[705174,"Corpo de BSCC 1,50 x 1,50 m - moldado no local - altura do aterro 5,00 a 7,50 m - areia extraída e brita produzida","m",2501.6799999999998]
[705177,"Corpo de BSCC 1,50 x 1,50 m - moldado no local - altura do aterro 7,50 a 10,00 m - areia e brita comerciais","m",3006.98]
[705176,"Corpo de BSCC 1,50 x 1,50 m - moldado no local - altura do aterro 7,50 a 10,00 m - areia extraída e brita produzida","m",2780.09]
[705183,"Corpo de BSCC 2,00 x 2,00 m - moldado no local - altura do aterro 0,00 a 1,00 m - areia e brita comerciais","m",3481.27]
[705182,"Corpo de BSCC 2,00 x 2,00 m - moldado no local - altura do aterro 0,00 a 1,00 m - areia extraída e brita produzida","m",3260.82]
[705185,"Corpo de BSCC 2,00 x 2,00 m - moldado no local - altura do aterro 1,00 a 2,50 m - areia e brita comerciais","m",3172.26]
[705184,"Corpo de BSCC 2,00 x 2,00 m - moldado no local - altura do aterro 1,00 a 2,50 m - areia extraída e brita produzida","m",2951.8]
[705193,"Corpo de BSCC 2,00 x 2,00 m - moldado no local - altura do aterro 10,00 a 12,50 m - areia e brita comerciais","m",4736.8900000000003]
[705192,"Corpo de BSCC 2,00 x 2,00 m - moldado no local - altura do aterro 10,00 a 12,50 m - areia extraída e brita produzida","m",4379.9399999999996]
[705195,"Corpo de BSCC 2,00 x 2,00 m - moldado no local - altura do aterro 12,50 a 15,00 m - areia e brita comerciais","m",5050.58]
[705194,"Corpo de BSCC 2,00 x 2,00 m - moldado no local - altura do aterro 12,50 a 15,00 m - areia extraída e brita produzida","m",4693.62]
[705187,"Corpo de BSCC 2,00 x 2,00 m - moldado no local - altura do aterro 2,50 a 5,00 m - areia e brita comerciais","m",3592.96]
[705186,"Corpo de BSCC 2,00 x 2,00 m - moldado no local - altura do aterro 2,50 a 5,00 m - areia extraída e brita produzida","m",3303.58]
[705189,"Corpo de BSCC 2,00 x 2,00 m - moldado no local - altura do aterro 5,00 a 7,50 m - areia e brita comerciais","m",4000.52]
[705188,"Corpo de BSCC 2,00 x 2,00 m - moldado no local - altura do aterro 5,00 a 7,50 m - areia extraída e brita produzida","m",3711.14]
[705191,"Corpo de BSCC 2,00 x 2,00 m - moldado no local - altura do aterro 7,50 a 10,00 m - areia e brita comerciais","m",4381.26]
[705190,"Corpo de BSCC 2,00 x 2,00 m - moldado no local - altura do aterro 7,50 a 10,00 m - areia extraída e brita produzida","m",4024.31]
[705197,"Corpo de BSCC 2,50 x 2,50 m - moldado no local - altura do aterro 0,00 a 1,00 m - areia e brita comerciais","m",4758.42]
[705196,"Corpo de BSCC 2,50 x 2,50 m - moldado no local - altura do aterro 0,00 a 1,00 m - areia extraída e brita produzida","m",4405.62]
[705199,"Corpo de BSCC 2,50 x 2,50 m - moldado no local - altura do aterro 1,00 a 2,50 m - areia e brita comerciais","m",4524.6499999999996]
[705198,"Corpo de BSCC 2,50 x 2,50 m - moldado no local - altura do aterro 1,00 a 2,50 m - areia extraída e brita produzida","m",4171.8500000000004]
[705207,"Corpo de BSCC 2,50 x 2,50 m - moldado no local - altura do aterro 10,00 a 12,50 m - areia e brita comerciais","m",6692.34]
[705206,"Corpo de BSCC 2,50 x 2,50 m - moldado no local - altura do aterro 10,00 a 12,50 m - areia extraída e brita produzida","m",6165.17]
[705209,"Corpo de BSCC 2,50 x 2,50 m - moldado no local - altura do aterro 12,50 a 15,00 m - areia e brita comerciais","m",7568.91]
[705208,"Corpo de BSCC 2,50 x 2,50 m - moldado no local - altura do aterro 12,50 a 15,00 m - areia extraída e brita produzida","m",6953.88]
[705201,"Corpo de BSCC 2,50 x 2,50 m - moldado no local - altura do aterro 2,50 a 5,00 m - areia e brita comerciais","m",5139.07]
[705200,"Corpo de BSCC 2,50 x 2,50 m - moldado no local - altura do aterro 2,50 a 5,00 m - areia extraída e brita produzida","m",4786.2700000000004]
[705203,"Corpo de BSCC 2,50 x 2,50 m - moldado no local - altura do aterro 5,00 a 7,50 m - areia e brita comerciais","m",5643]
[705202,"Corpo de BSCC 2,50 x 2,50 m - moldado no local - altura do aterro 5,00 a 7,50 m - areia extraída e brita produzida","m",5209.1000000000004]
[705205,"Corpo de BSCC 2,50 x 2,50 m - moldado no local - altura do aterro 7,50 a 10,00 m - areia e brita comerciais","m",6135.41]
[705204,"Corpo de BSCC 2,50 x 2,50 m - moldado no local - altura do aterro 7,50 a 10,00 m - areia extraída e brita produzida","m",5701.52]
[705211,"Corpo de BSCC 3,00 x 3,00 m - moldado no local - altura do aterro 0,00 a 1,00 m - areia e brita comerciais","m",6095.3]
[705210,"Corpo de BSCC 3,00 x 3,00 m - moldado no local - altura do aterro 0,00 a 1,00 m - areia extraída e brita produzida","m",5585.38]
[705213,"Corpo de BSCC 3,00 x 3,00 m - moldado no local - altura do aterro 1,00 a 2,50 m - areia e brita comerciais","m",6024.97]
[705212,"Corpo de BSCC 3,00 x 3,00 m - moldado no local - altura do aterro 1,00 a 2,50 m - areia extraída e brita produzida","m",5515.06]
[705221,"Corpo de BSCC 3,00 x 3,00 m - moldado no local - altura do aterro 10,00 a 12,50 m - areia e brita comerciais","m",9165.76]
[705220,"Corpo de BSCC 3,00 x 3,00 m - moldado no local - altura do aterro 10,00 a 12,50 m - areia extraída e brita produzida","m",8447.67]
[705223,"Corpo de BSCC 3,00 x 3,00 m - moldado no local - altura do aterro 12,50 a 15,00 m - areia e brita comerciais","m",9908.09]
[705222,"Corpo de BSCC 3,00 x 3,00 m - moldado no local - altura do aterro 12,50 a 15,00 m - areia extraída e brita produzida","m",9080.49]
[705215,"Corpo de BSCC 3,00 x 3,00 m - moldado no local - altura do aterro 2,50 a 5,00 m - areia e brita comerciais","m",7087.87]
[705214,"Corpo de BSCC 3,00 x 3,00 m - moldado no local - altura do aterro 2,50 a 5,00 m - areia extraída e brita produzida","m",6469.81]
[705217,"Corpo de BSCC 3,00 x 3,00 m - moldado no local - altura do aterro 5,00 a 7,50 m - areia e brita comerciais","m",7814.85]
[705216,"Corpo de BSCC 3,00 x 3,00 m - moldado no local - altura do aterro 5,00 a 7,50 m - areia extraída e brita produzida","m",7196.79]
[705219,"Corpo de BSCC 3,00 x 3,00 m - moldado no local - altura do aterro 7,50 a 10,00 m - areia e brita comerciais","m",8500.75]
[705218,"Corpo de BSCC 3,00 x 3,00 m - moldado no local - altura do aterro 7,50 a 10,00 m - areia extraída e brita produzida","m",7782.66]
[705346,"Corpo de BTCC 1,50 x 1,50 m - moldado no local - altura do aterro 0,00 a 1,00 m - areia e brita comerciais","m",5735.4]
[705345,"Corpo de BTCC 1,50 x 1,50 m - moldado no local - altura do aterro 0,00 a 1,00 m - areia extraída e brita produzida","m",5295.86]
[705348,"Corpo de BTCC 1,50 x 1,50 m - moldado no local - altura do aterro 1,00 a 2,50 m - areia e brita comerciais","m",5194.99]
[705347,"Corpo de BTCC 1,50 x 1,50 m - moldado no local - altura do aterro 1,00 a 2,50 m - areia extraída e brita produzida","m",4755.4399999999996]
[705356,"Corpo de BTCC 1,50 x 1,50 m - moldado no local - altura do aterro 10,00 a 12,50 m - areia e brita comerciais","m",7548.39]
[705355,"Corpo de BTCC 1,50 x 1,50 m - moldado no local - altura do aterro 10,00 a 12,50 m - areia extraída e brita produzida","m",6961.53]
[705358,"Corpo de BTCC 1,50 x 1,50 m - moldado no local - altura do aterro 12,50 a 15,00 m - areia e brita comerciais","m",7657.95]
[705357,"Corpo de BTCC 1,50 x 1,50 m - moldado no local - altura do aterro 12,50 a 15,00 m - areia extraída e brita produzida","m",7071.09]
[705350,"Corpo de BTCC 1,50 x 1,50 m - moldado no local - altura do aterro 2,50 a 5,00 m - areia e brita comerciais","m",5636.68]
[705349,"Corpo de BTCC 1,50 x 1,50 m - moldado no local - altura do aterro 2,50 a 5,00 m - areia extraída e brita produzida","m",5197.1400000000003]
[705352,"Corpo de BTCC 1,50 x 1,50 m - moldado no local - altura do aterro 5,00 a 7,50 m - areia e brita comerciais","m",6013.93]
[705351,"Corpo de BTCC 1,50 x 1,50 m - moldado no local - altura do aterro 5,00 a 7,50 m - areia extraída e brita produzida","m",5574.39]
[705354,"Corpo de BTCC 1,50 x 1,50 m - moldado no local - altura do aterro 7,50 a 10,00 m - areia e brita comerciais","m",6584.2]
[705353,"Corpo de BTCC 1,50 x 1,50 m - moldado no local - altura do aterro 7,50 a 10,00 m - areia extraída e brita produzida","m",6144.66]
[705360,"Corpo de BTCC 2,00 x 2,00 m - moldado no local - altura do aterro 0,00 a 1,00 m - areia e brita comerciais","m",8223.92]
[705359,"Corpo de BTCC 2,00 x 2,00 m - moldado no local - altura do aterro 0,00 a 1,00 m - areia extraída e brita produzida","m",7656.83]
[705362,"Corpo de BTCC 2,00 x 2,00 m - moldado no local - altura do aterro 1,00 a 2,50 m - areia e brita comerciais","m",7526.57]
[705361,"Corpo de BTCC 2,00 x 2,00 m - moldado no local - altura do aterro 1,00 a 2,50 m - areia extraída e brita produzida","m",6959.48]
[705370,"Corpo de BTCC 2,00 x 2,00 m - moldado no local - altura do aterro 10,00 a 12,50 m - areia e brita comerciais","m",11089.4]
[705369,"Corpo de BTCC 2,00 x 2,00 m - moldado no local - altura do aterro 10,00 a 12,50 m - areia extraída e brita produzida","m",10178.98]
[705372,"Corpo de BTCC 2,00 x 2,00 m - moldado no local - altura do aterro 12,50 a 15,00 m - areia e brita comerciais","m",11772.3]
[705371,"Corpo de BTCC 2,00 x 2,00 m - moldado no local - altura do aterro 12,50 a 15,00 m - areia extraída e brita produzida","m",10861.88]
[705364,"Corpo de BTCC 2,00 x 2,00 m - moldado no local - altura do aterro 2,50 a 5,00 m - areia e brita comerciais","m",8459.31]
[705363,"Corpo de BTCC 2,00 x 2,00 m - moldado no local - altura do aterro 2,50 a 5,00 m - areia extraída e brita produzida","m",7892.22]
[705366,"Corpo de BTCC 2,00 x 2,00 m - moldado no local - altura do aterro 5,00 a 7,50 m - areia e brita comerciais","m",9246.94]
[705365,"Corpo de BTCC 2,00 x 2,00 m - moldado no local - altura do aterro 5,00 a 7,50 m - areia extraída e brita produzida","m",8498.7199999999993]
[705368,"Corpo de BTCC 2,00 x 2,00 m - moldado no local - altura do aterro 7,50 a 10,00 m - areia e brita comerciais","m",10301.9]
[705367,"Corpo de BTCC 2,00 x 2,00 m - moldado no local - altura do aterro 7,50 a 10,00 m - areia extraída e brita produzida","m",9553.68]
[705374,"Corpo de BTCC 2,50 x 2,50 m - moldado no local - altura do aterro 0,00 a 1,00 m - areia e brita comerciais","m",10861.26]
[705373,"Corpo de BTCC 2,50 x 2,50 m - moldado no local - altura do aterro 0,00 a 1,00 m - areia extraída e brita produzida","m",10141.35]
[705376,"Corpo de BTCC 2,50 x 2,50 m - moldado no local - altura do aterro 1,00 a 2,50 m - areia e brita comerciais","m",9802.0400000000009]
[705375,"Corpo de BTCC 2,50 x 2,50 m - moldado no local - altura do aterro 1,00 a 2,50 m - areia extraída e brita produzida","m",9082.1299999999992]
[705384,"Corpo de BTCC 2,50 x 2,50 m - moldado no local - altura do aterro 10,00 a 12,50 m - areia e brita comerciais","m",14657.03]
[705383,"Corpo de BTCC 2,50 x 2,50 m - moldado no local - altura do aterro 10,00 a 12,50 m - areia extraída e brita produzida","m",13550.52]
[705386,"Corpo de BTCC 2,50 x 2,50 m - moldado no local - altura do aterro 12,50 a 15,00 m - areia e brita comerciais","m",15741.29]
[705385,"Corpo de BTCC 2,50 x 2,50 m - moldado no local - altura do aterro 12,50 a 15,00 m - areia extraída e brita produzida","m",14634.78]
[705378,"Corpo de BTCC 2,50 x 2,50 m - moldado no local - altura do aterro 2,50 a 5,00 m - areia e brita comerciais","m",11104.85]
[705377,"Corpo de BTCC 2,50 x 2,50 m - moldado no local - altura do aterro 2,50 a 5,00 m - areia extraída e brita produzida","m",10194.34]
[705380,"Corpo de BTCC 2,50 x 2,50 m - moldado no local - altura do aterro 5,00 a 7,50 m - areia e brita comerciais","m",12503.44]
[705379,"Corpo de BTCC 2,50 x 2,50 m - moldado no local - altura do aterro 5,00 a 7,50 m - areia extraída e brita produzida","m",11592.94]
[705382,"Corpo de BTCC 2,50 x 2,50 m - moldado no local - altura do aterro 7,50 a 10,00 m - areia e brita comerciais","m",13757.99]
[705381,"Corpo de BTCC 2,50 x 2,50 m - moldado no local - altura do aterro 7,50 a 10,00 m - areia extraída e brita produzida","m",12651.48]
[705388,"Corpo de BTCC 3,00 x 3,00 m - moldado no local - altura do aterro 0,00 a 1,00 m - areia e brita comerciais","m",13714.73]
[705387,"Corpo de BTCC 3,00 x 3,00 m - moldado no local - altura do aterro 0,00 a 1,00 m - areia extraída e brita produzida","m",12642.86]
[705390,"Corpo de BTCC 3,00 x 3,00 m - moldado no local - altura do aterro 1,00 a 2,50 m - areia e brita comerciais","m",12965.41]
[705389,"Corpo de BTCC 3,00 x 3,00 m - moldado no local - altura do aterro 1,00 a 2,50 m - areia extraída e brita produzida","m",11893.55]
[705399,"Corpo de BTCC 3,00 x 3,00 m - moldado no local - altura do aterro 10,00 a 12,50 m - areia e brita comerciais","m",19666.91]
[705398,"Corpo de BTCC 3,00 x 3,00 m - moldado no local - altura do aterro 10,00 a 12,50 m - areia extraída e brita produzida","m",18054.259999999998]
[705401,"Corpo de BTCC 3,00 x 3,00 m - moldado no local - altura do aterro 12,50 a 15,00 m - areia e brita comerciais","m",21135.3]
[705400,"Corpo de BTCC 3,00 x 3,00 m - moldado no local - altura do aterro 12,50 a 15,00 m - areia extraída e brita produzida","m",19522.66]
[705392,"Corpo de BTCC 3,00 x 3,00 m - moldado no local - altura do aterro 2,50 a 5,00 m - areia e brita comerciais","m",14728.7]
[705391,"Corpo de BTCC 3,00 x 3,00 m - moldado no local - altura do aterro 2,50 a 5,00 m - areia extraída e brita produzida","m",13427.02]
[705395,"Corpo de BTCC 3,00 x 3,00 m - moldado no local - altura do aterro 5,00 a 7,50 m - areia e brita comerciais","m",16676.68]
[705394,"Corpo de BTCC 3,00 x 3,00 m - moldado no local - altura do aterro 5,00 a 7,50 m - areia extraída e brita produzida","m",15375]
[705397,"Corpo de BTCC 3,00 x 3,00 m - moldado no local - altura do aterro 7,50 a 10,00 m - areia e brita comerciais","m",18265.060000000001]
[705396,"Corpo de BTCC 3,00 x 3,00 m - moldado no local - altura do aterro 7,50 a 10,00 m - areia extraída e brita produzida","m",16652.419999999998]
[804213,"Boca de BDTC D = 0,80 m - esconsidade 0° - areia e brita comerciais - alas retas","un",1648.43]
[804212,"Boca de BDTC D = 0,80 m - esconsidade 0° - areia extraída e brita produzida - alas retas","un",1383.76]
[804217,"Boca de BDTC D = 0,80 m - esconsidade 10° - areia e brita comerciais - alas retas","un",1657.96]
[804216,"Boca de BDTC D = 0,80 m - esconsidade 10° - areia extraída e brita produzida - alas retas","un",1392.76]
[804219,"Boca de BDTC D = 0,80 m - esconsidade 15° - areia e brita comerciais - alas retas","un",1670.03]
[804218,"Boca de BDTC D = 0,80 m - esconsidade 15° - areia extraída e brita produzida - alas retas","un",1404.28]
[804221,"Boca de BDTC D = 0,80 m - esconsidade 20° - areia e brita comerciais - alas retas","un",1689.46]
[804220,"Boca de BDTC D = 0,80 m - esconsidade 20° - areia extraída e brita produzida - alas retas","un",1422.76]
[804223,"Boca de BDTC D = 0,80 m - esconsidade 25° - areia e brita comerciais - alas retas","un",1714.92]
[804222,"Boca de BDTC D = 0,80 m - esconsidade 25° - areia extraída e brita produzida - alas retas","un",1447.01]
[804225,"Boca de BDTC D = 0,80 m - esconsidade 30° - areia e brita comerciais - alas retas","un",1748.46]
[804224,"Boca de BDTC D = 0,80 m - esconsidade 30° - areia extraída e brita produzida - alas retas","un",1479.19]
[804227,"Boca de BDTC D = 0,80 m - esconsidade 35° - areia e brita comerciais - alas retas","un",1793.93]
[804226,"Boca de BDTC D = 0,80 m - esconsidade 35° - areia extraída e brita produzida - alas retas","un",1523.04]
[804229,"Boca de BDTC D = 0,80 m - esconsidade 40° - areia e brita comerciais - alas retas","un",1853.38]
[804228,"Boca de BDTC D = 0,80 m - esconsidade 40° - areia extraída e brita produzida - alas retas","un",1580.73]
[804231,"Boca de BDTC D = 0,80 m - esconsidade 45° - areia e brita comerciais - alas retas","un",1934.88]
[804230,"Boca de BDTC D = 0,80 m - esconsidade 45° - areia extraída e brita produzida - alas retas","un",1660.21]
[804215,"Boca de BDTC D = 0,80 m - esconsidade 5° - areia e brita comerciais - alas retas","un",1650.6]
[804214,"Boca de BDTC D = 0,80 m - esconsidade 5° - areia extraída e brita produzida - alas retas","un",1385.8]
[804417,"Boca de BDTC D = 1,00 m - esconsidade 0° - areia e brita comerciais - alas esconsas","un",4263.37]
[804233,"Boca de BDTC D = 1,00 m - esconsidade 0° - areia e brita comerciais - alas retas","un",2449.12]
[804416,"Boca de BDTC D = 1,00 m - esconsidade 0° - areia extraída e brita produzida - alas esconsas","un",3572.84]
[804232,"Boca de BDTC D = 1,00 m - esconsidade 0° - areia extraída e brita produzida - alas retas","un",2038.39]
[804237,"Boca de BDTC D = 1,00 m - esconsidade 10° - areia e brita comerciais - alas retas","un",2463.4899999999998]
[804236,"Boca de BDTC D = 1,00 m - esconsidade 10° - areia extraída e brita produzida - alas retas","un",2051.8200000000002]
[804419,"Boca de BDTC D = 1,00 m - esconsidade 15° - areia e brita comerciais - alas esconsas","un",4459.74]
[804239,"Boca de BDTC D = 1,00 m - esconsidade 15° - areia e brita comerciais - alas retas","un",2482.1999999999998]
[804418,"Boca de BDTC D = 1,00 m - esconsidade 15° - areia extraída e brita produzida - alas esconsas","un",3736.21]
[804238,"Boca de BDTC D = 1,00 m - esconsidade 15° - areia extraída e brita produzida - alas retas","un",2069.3200000000002]
[804241,"Boca de BDTC D = 1,00 m - esconsidade 20° - areia e brita comerciais - alas retas","un",2509.13]
[804240,"Boca de BDTC D = 1,00 m - esconsidade 20° - areia extraída e brita produzida - alas retas","un",2094.61]
[804243,"Boca de BDTC D = 1,00 m - esconsidade 25° - areia e brita comerciais - alas retas","un",2545.94]
[804242,"Boca de BDTC D = 1,00 m - esconsidade 25° - areia extraída e brita produzida - alas retas","un",2129.4]
[804421,"Boca de BDTC D = 1,00 m - esconsidade 30° - areia e brita comerciais - alas esconsas","un",4976.45]
[804245,"Boca de BDTC D = 1,00 m - esconsidade 30° - areia e brita comerciais - alas retas","un",2595.66]
[804420,"Boca de BDTC D = 1,00 m - esconsidade 30° - areia extraída e brita produzida - alas esconsas","un",4166.7700000000004]
[804244,"Boca de BDTC D = 1,00 m - esconsidade 30° - areia extraída e brita produzida - alas retas","un",2176.56]
[804247,"Boca de BDTC D = 1,00 m - esconsidade 35° - areia e brita comerciais - alas retas","un",2660.7]
[804246,"Boca de BDTC D = 1,00 m - esconsidade 35° - areia extraída e brita produzida - alas retas","un",2238.75]
[804249,"Boca de BDTC D = 1,00 m - esconsidade 40° - areia e brita comerciais - alas retas","un",2747.91]
[804248,"Boca de BDTC D = 1,00 m - esconsidade 40° - areia extraída e brita produzida - alas retas","un",2322.58]
[804423,"Boca de BDTC D = 1,00 m - esconsidade 45° - areia e brita comerciais - alas esconsas","un",6161.39]
[804251,"Boca de BDTC D = 1,00 m - esconsidade 45° - areia e brita comerciais - alas retas","un",2864.28]
[804422,"Boca de BDTC D = 1,00 m - esconsidade 45° - areia extraída e brita produzida - alas esconsas","un",5151.1400000000003]
[804250,"Boca de BDTC D = 1,00 m - esconsidade 45° - areia extraída e brita produzida - alas retas","un",2435.44]
[804235,"Boca de BDTC D = 1,00 m - esconsidade 5° - areia e brita comerciais - alas retas","un",2452.62]
[804234,"Boca de BDTC D = 1,00 m - esconsidade 5° - areia extraída e brita produzida - alas retas","un",2041.63]
[804425,"Boca de BDTC D = 1,20 m - esconsidade 0° - areia e brita comerciais - alas esconsas","un",6180.72]
[804253,"Boca de BDTC D = 1,20 m - esconsidade 0° - areia e brita comerciais - alas retas","un",3404.13]
[804424,"Boca de BDTC D = 1,20 m - esconsidade 0° - areia extraída e brita produzida - alas esconsas","un",5113.8100000000004]
[804252,"Boca de BDTC D = 1,20 m - esconsidade 0° - areia extraída e brita produzida - alas retas","un",2808]
[804257,"Boca de BDTC D = 1,20 m - esconsidade 10° - areia e brita comerciais - alas retas","un",3425.28]
[804256,"Boca de BDTC D = 1,20 m - esconsidade 10° - areia extraída e brita produzida - alas retas","un",2827.25]
[804427,"Boca de BDTC D = 1,20 m - esconsidade 15° - areia e brita comerciais - alas esconsas","un",6480.02]
[804259,"Boca de BDTC D = 1,20 m - esconsidade 15° - areia e brita comerciais - alas retas","un",3452.11]
[804426,"Boca de BDTC D = 1,20 m - esconsidade 15° - areia extraída e brita produzida - alas esconsas","un",5359.02]
[804258,"Boca de BDTC D = 1,20 m - esconsidade 15° - areia extraída e brita produzida - alas retas","un",2851.78]
[804261,"Boca de BDTC D = 1,20 m - esconsidade 20° - areia e brita comerciais - alas retas","un",3491.62]
[804260,"Boca de BDTC D = 1,20 m - esconsidade 20° - areia extraída e brita produzida - alas retas","un",2888.04]
[804263,"Boca de BDTC D = 1,20 m - esconsidade 25° - areia e brita comerciais - alas retas","un",3545.5]
[804262,"Boca de BDTC D = 1,20 m - esconsidade 25° - areia extraída e brita produzida - alas retas","un",2937.73]
[804429,"Boca de BDTC D = 1,20 m - esconsidade 30° - areia e brita comerciais - alas esconsas","un",7233.07]
[804265,"Boca de BDTC D = 1,20 m - esconsidade 30° - areia e brita comerciais - alas retas","un",3617.48]
[804428,"Boca de BDTC D = 1,20 m - esconsidade 30° - areia extraída e brita produzida - alas esconsas","un",5977.37]
[804264,"Boca de BDTC D = 1,20 m - esconsidade 30° - areia extraída e brita produzida - alas retas","un",3004.71]
[804267,"Boca de BDTC D = 1,20 m - esconsidade 35° - areia e brita comerciais - alas retas","un",3709.6]
[804266,"Boca de BDTC D = 1,20 m - esconsidade 35° - areia extraída e brita produzida - alas retas","un",3091.15]
[804269,"Boca de BDTC D = 1,20 m - esconsidade 40° - areia e brita comerciais - alas retas","un",3832.11]
[804268,"Boca de BDTC D = 1,20 m - esconsidade 40° - areia extraída e brita produzida - alas retas","un",3207.03]
[804431,"Boca de BDTC D = 1,20 m - esconsidade 45° - areia e brita comerciais - alas esconsas","un",8968.98]
[804271,"Boca de BDTC D = 1,20 m - esconsidade 45° - areia e brita comerciais - alas retas","un",3995.84]
[804430,"Boca de BDTC D = 1,20 m - esconsidade 45° - areia extraída e brita produzida - alas esconsas","un",7399.25]
[804270,"Boca de BDTC D = 1,20 m - esconsidade 45° - areia extraída e brita produzida - alas retas","un",3363.46]
[804255,"Boca de BDTC D = 1,20 m - esconsidade 5° - areia e brita comerciais - alas retas","un",3409.45]
[804254,"Boca de BDTC D = 1,20 m - esconsidade 5° - areia extraída e brita produzida - alas retas","un",2812.77]
[804433,"Boca de BDTC D = 1,50 m - esconsidade 0° - areia e brita comerciais - alas esconsas","un",10923.33]
[804273,"Boca de BDTC D = 1,50 m - esconsidade 0° - areia e brita comerciais - alas retas","un",5842.33]
[804432,"Boca de BDTC D = 1,50 m - esconsidade 0° - areia extraída e brita produzida - alas esconsas","un",8876.07]
[804272,"Boca de BDTC D = 1,50 m - esconsidade 0° - areia extraída e brita produzida - alas retas","un",4775.97]
[804277,"Boca de BDTC D = 1,50 m - esconsidade 10° - areia e brita comerciais - alas retas","un",5874.26]
[804276,"Boca de BDTC D = 1,50 m - esconsidade 10° - areia extraída e brita produzida - alas retas","un",4804.6400000000003]
[804435,"Boca de BDTC D = 1,50 m - esconsidade 15° - areia e brita comerciais - alas esconsas","un",11464.59]
[804279,"Boca de BDTC D = 1,50 m - esconsidade 15° - areia e brita comerciais - alas retas","un",5914.16]
[804434,"Boca de BDTC D = 1,50 m - esconsidade 15° - areia extraída e brita produzida - alas esconsas","un",9312.65]
[804278,"Boca de BDTC D = 1,50 m - esconsidade 15° - areia extraída e brita produzida - alas retas","un",4840.49]
[804281,"Boca de BDTC D = 1,50 m - esconsidade 20° - areia e brita comerciais - alas retas","un",5972.91]
[804280,"Boca de BDTC D = 1,50 m - esconsidade 20° - areia extraída e brita produzida - alas retas","un",4893.6899999999996]
[804283,"Boca de BDTC D = 1,50 m - esconsidade 25° - areia e brita comerciais - alas retas","un",6053.03]
[804282,"Boca de BDTC D = 1,50 m - esconsidade 25° - areia extraída e brita produzida - alas retas","un",4966.78]
[804437,"Boca de BDTC D = 1,50 m - esconsidade 30° - areia e brita comerciais - alas esconsas","un",12839.85]
[804285,"Boca de BDTC D = 1,50 m - esconsidade 30° - areia e brita comerciais - alas retas","un",6158.39]
[804436,"Boca de BDTC D = 1,50 m - esconsidade 30° - areia extraída e brita produzida - alas esconsas","un",10422.299999999999]
[804284,"Boca de BDTC D = 1,50 m - esconsidade 30° - areia extraída e brita produzida - alas retas","un",5063.49]
[804287,"Boca de BDTC D = 1,50 m - esconsidade 35° - areia e brita comerciais - alas retas","un",6295.12]
[804286,"Boca de BDTC D = 1,50 m - esconsidade 35° - areia extraída e brita produzida - alas retas","un",5190.34]
[804289,"Boca de BDTC D = 1,50 m - esconsidade 40° - areia e brita comerciais - alas retas","un",6474.3]
[804288,"Boca de BDTC D = 1,50 m - esconsidade 40° - areia extraída e brita produzida - alas retas","un",5358.16]
[804439,"Boca de BDTC D = 1,50 m - esconsidade 45° - areia e brita comerciais - alas esconsas","un",15990.75]
[804291,"Boca de BDTC D = 1,50 m - esconsidade 45° - areia e brita comerciais - alas retas","un",6711.34]
[804438,"Boca de BDTC D = 1,50 m - esconsidade 45° - areia extraída e brita produzida - alas esconsas","un",12958.4]
[804290,"Boca de BDTC D = 1,50 m - esconsidade 45° - areia extraída e brita produzida - alas retas","un",5582.76]
[804275,"Boca de BDTC D = 1,50 m - esconsidade 5° - areia e brita comerciais - alas retas","un",5850.31]
[804274,"Boca de BDTC D = 1,50 m - esconsidade 5° - areia extraída e brita produzida - alas retas","un",4783.1400000000003]
[804061,"Boca de BSTC D = 0,40 m - esconsidade 0° - areia e brita comerciais - alas retas","un",399.03]
[804060,"Boca de BSTC D = 0,40 m - esconsidade 0° - areia extraída e brita produzida - alas retas","un",341.83]
[804065,"Boca de BSTC D = 0,40 m - esconsidade 10° - areia e brita comerciais - alas retas","un",400.72]
[804064,"Boca de BSTC D = 0,40 m - esconsidade 10° - areia extraída e brita produzida - alas retas","un",343.51]
[804067,"Boca de BSTC D = 0,40 m - esconsidade 15° - areia e brita comerciais - alas retas","un",402.41]
[804066,"Boca de BSTC D = 0,40 m - esconsidade 15° - areia extraída e brita produzida - alas retas","un",345.2]
[804069,"Boca de BSTC D = 0,40 m - esconsidade 20° - areia e brita comerciais - alas retas","un",405.42]
[804068,"Boca de BSTC D = 0,40 m - esconsidade 20° - areia extraída e brita produzida - alas retas","un",348.08]
[804071,"Boca de BSTC D = 0,40 m - esconsidade 25° - areia e brita comerciais - alas retas","un",409.64]
[804070,"Boca de BSTC D = 0,40 m - esconsidade 25° - areia extraída e brita produzida - alas retas","un",352.3]
[804073,"Boca de BSTC D = 0,40 m - esconsidade 30° - areia e brita comerciais - alas retas","un",415.19]
[804072,"Boca de BSTC D = 0,40 m - esconsidade 30° - areia extraída e brita produzida - alas retas","un",357.71]
[804075,"Boca de BSTC D = 0,40 m - esconsidade 35° - areia e brita comerciais - alas retas","un",422.77]
[804074,"Boca de BSTC D = 0,40 m - esconsidade 35° - areia extraída e brita produzida - alas retas","un",365.3]
[804077,"Boca de BSTC D = 0,40 m - esconsidade 40° - areia e brita comerciais - alas retas","un",432.54]
[804076,"Boca de BSTC D = 0,40 m - esconsidade 40° - areia extraída e brita produzida - alas retas","un",374.92]
[804079,"Boca de BSTC D = 0,40 m - esconsidade 45° - areia e brita comerciais - alas retas","un",447.36]
[804078,"Boca de BSTC D = 0,40 m - esconsidade 45° - areia extraída e brita produzida - alas retas","un",389.61]
[804063,"Boca de BSTC D = 0,40 m - esconsidade 5° - areia e brita comerciais - alas retas","un",399.88]
[804062,"Boca de BSTC D = 0,40 m - esconsidade 5° - areia extraída e brita produzida - alas retas","un",342.67]
[804377,"Boca de BSTC D = 0,60 m - esconsidade 0° - areia e brita comerciais - alas esconsas","un",1189.53]
[804081,"Boca de BSTC D = 0,60 m - esconsidade 0° - areia e brita comerciais - alas retas","un",805.37]
[804376,"Boca de BSTC D = 0,60 m - esconsidade 0° - areia extraída e brita produzida - alas esconsas","un",1033.5999999999999]
[804080,"Boca de BSTC D = 0,60 m - esconsidade 0° - areia extraída e brita produzida - alas retas","un",679.32]
[804085,"Boca de BSTC D = 0,60 m - esconsidade 10° - areia e brita comerciais - alas retas","un",808.38]
[804084,"Boca de BSTC D = 0,60 m - esconsidade 10° - areia extraída e brita produzida - alas retas","un",682.21]
[804379,"Boca de BSTC D = 0,60 m - esconsidade 15° - areia e brita comerciais - alas esconsas","un",999.42]
[804087,"Boca de BSTC D = 0,60 m - esconsidade 15° - areia e brita comerciais - alas retas","un",811.76]
[804378,"Boca de BSTC D = 0,60 m - esconsidade 15° - areia extraída e brita produzida - alas esconsas","un",834.7]
[804086,"Boca de BSTC D = 0,60 m - esconsidade 15° - areia extraída e brita produzida - alas retas","un",685.58]
[804089,"Boca de BSTC D = 0,60 m - esconsidade 20° - areia e brita comerciais - alas retas","un",817.3]
[804088,"Boca de BSTC D = 0,60 m - esconsidade 20° - areia extraída e brita produzida - alas retas","un",690.99]
[804091,"Boca de BSTC D = 0,60 m - esconsidade 25° - areia e brita comerciais - alas retas","un",824.54]
[804090,"Boca de BSTC D = 0,60 m - esconsidade 25° - areia extraída e brita produzida - alas retas","un",698.09]
[804381,"Boca de BSTC D = 0,60 m - esconsidade 30° - areia e brita comerciais - alas esconsas","un",1406.29]
[804093,"Boca de BSTC D = 0,60 m - esconsidade 30° - areia e brita comerciais - alas retas","un",834.78]
[804380,"Boca de BSTC D = 0,60 m - esconsidade 30° - areia extraída e brita produzida - alas esconsas","un",1219.6600000000001]
[804092,"Boca de BSTC D = 0,60 m - esconsidade 30° - areia extraída e brita produzida - alas retas","un",708.06]
[804095,"Boca de BSTC D = 0,60 m - esconsidade 35° - areia e brita comerciais - alas retas","un",848.76]
[804094,"Boca de BSTC D = 0,60 m - esconsidade 35° - areia extraída e brita produzida - alas retas","un",721.91]
[804097,"Boca de BSTC D = 0,60 m - esconsidade 40° - areia e brita comerciais - alas retas","un",866.6]
[804096,"Boca de BSTC D = 0,60 m - esconsidade 40° - areia extraída e brita produzida - alas retas","un",739.47]
[804383,"Boca de BSTC D = 0,60 m - esconsidade 45° - areia e brita comerciais - alas esconsas","un",1738.91]
[804099,"Boca de BSTC D = 0,60 m - esconsidade 45° - areia e brita comerciais - alas retas","un",892.03]
[804382,"Boca de BSTC D = 0,60 m - esconsidade 45° - areia extraída e brita produzida - alas esconsas","un",1506.03]
[804098,"Boca de BSTC D = 0,60 m - esconsidade 45° - areia extraída e brita produzida - alas retas","un",764.63]
[804083,"Boca de BSTC D = 0,60 m - esconsidade 5° - areia e brita comerciais - alas retas","un",806.21]
[804082,"Boca de BSTC D = 0,60 m - esconsidade 5° - areia extraída e brita produzida - alas retas","un",680.17]
[804385,"Boca de BSTC D = 0,80 m - esconsidade 0° - areia e brita comerciais - alas esconsas","un",1983.73]
[804101,"Boca de BSTC D = 0,80 m - esconsidade 0° - areia e brita comerciais - alas retas","un",1364.13]
[804384,"Boca de BSTC D = 0,80 m - esconsidade 0° - areia extraída e brita produzida - alas esconsas","un",1694.32]
[804100,"Boca de BSTC D = 0,80 m - esconsidade 0° - areia extraída e brita produzida - alas retas","un",1145.18]
[804105,"Boca de BSTC D = 0,80 m - esconsidade 10° - areia e brita comerciais - alas retas","un",1368.83]
[804104,"Boca de BSTC D = 0,80 m - esconsidade 10° - areia extraída e brita produzida - alas retas","un",1149.75]
[804387,"Boca de BSTC D = 0,80 m - esconsidade 15° - areia e brita comerciais - alas esconsas","un",2090.35]
[804107,"Boca de BSTC D = 0,80 m - esconsidade 15° - areia e brita comerciais - alas retas","un",1375.22]
[804386,"Boca de BSTC D = 0,80 m - esconsidade 15° - areia extraída e brita produzida - alas esconsas","un",1784.44]
[804106,"Boca de BSTC D = 0,80 m - esconsidade 15° - areia extraída e brita produzida - alas retas","un",1156]
[804109,"Boca de BSTC D = 0,80 m - esconsidade 20° - areia e brita comerciais - alas retas","un",1384.99]
[804108,"Boca de BSTC D = 0,80 m - esconsidade 20° - areia extraída e brita produzida - alas retas","un",1165.6300000000001]
[804111,"Boca de BSTC D = 0,80 m - esconsidade 25° - areia e brita comerciais - alas retas","un",1397.76]
[804110,"Boca de BSTC D = 0,80 m - esconsidade 25° - areia extraída e brita produzida - alas retas","un",1178.1300000000001]
[804389,"Boca de BSTC D = 0,80 m - esconsidade 30° - areia e brita comerciais - alas esconsas","un",2334.83]
[804113,"Boca de BSTC D = 0,80 m - esconsidade 30° - areia e brita comerciais - alas retas","un",1415.25]
[804388,"Boca de BSTC D = 0,80 m - esconsidade 30° - areia extraída e brita produzida - alas esconsas","un",1991.45]
[804112,"Boca de BSTC D = 0,80 m - esconsidade 30° - areia extraída e brita produzida - alas retas","un",1195.21]
[804115,"Boca de BSTC D = 0,80 m - esconsidade 35° - areia e brita comerciais - alas retas","un",1439.47]
[804114,"Boca de BSTC D = 0,80 m - esconsidade 35° - areia extraída e brita produzida - alas retas","un",1219.03]
[804117,"Boca de BSTC D = 0,80 m - esconsidade 40° - areia e brita comerciais - alas retas","un",1471.29]
[804116,"Boca de BSTC D = 0,80 m - esconsidade 40° - areia extraída e brita produzida - alas retas","un",1250.44]
[804391,"Boca de BSTC D = 0,80 m - esconsidade 45° - areia e brita comerciais - alas esconsas","un",2898.7]
[804119,"Boca de BSTC D = 0,80 m - esconsidade 45° - areia e brita comerciais - alas retas","un",1514.91]
[804390,"Boca de BSTC D = 0,80 m - esconsidade 45° - areia extraída e brita produzida - alas esconsas","un",2467.56]
[804118,"Boca de BSTC D = 0,80 m - esconsidade 45° - areia extraída e brita produzida - alas retas","un",1293.6600000000001]
[804103,"Boca de BSTC D = 0,80 m - esconsidade 5° - areia e brita comerciais - alas retas","un",1365.82]
[804102,"Boca de BSTC D = 0,80 m - esconsidade 5° - areia extraída e brita produzida - alas retas","un",1146.8599999999999]
[804393,"Boca de BSTC D = 1,00 m - esconsidade 0° - areia e brita comerciais - alas esconsas","un",3058.77]
[804121,"Boca de BSTC D = 1,00 m - esconsidade 0° - areia e brita comerciais - alas retas","un",2040.18]
[804392,"Boca de BSTC D = 1,00 m - esconsidade 0° - areia extraída e brita produzida - alas esconsas","un",2576.37]
[804120,"Boca de BSTC D = 1,00 m - esconsidade 0° - areia extraída e brita produzida - alas retas","un",1700.19]
[804125,"Boca de BSTC D = 1,00 m - esconsidade 10° - areia e brita comerciais - alas retas","un",2046.57]
[804124,"Boca de BSTC D = 1,00 m - esconsidade 10° - areia extraída e brita produzida - alas retas","un",1706.44]
[804395,"Boca de BSTC D = 1,00 m - esconsidade 15° - areia e brita comerciais - alas esconsas","un",3212.82]
[804127,"Boca de BSTC D = 1,00 m - esconsidade 15° - areia e brita comerciais - alas retas","un",2055.98]
[804394,"Boca de BSTC D = 1,00 m - esconsidade 15° - areia extraída e brita produzida - alas esconsas","un",2704.73]
[804126,"Boca de BSTC D = 1,00 m - esconsidade 15° - areia extraída e brita produzida - alas retas","un",1715.58]
[804129,"Boca de BSTC D = 1,00 m - esconsidade 20° - areia e brita comerciais - alas retas","un",2069.2399999999998]
[804128,"Boca de BSTC D = 1,00 m - esconsidade 20° - areia extraída e brita produzida - alas retas","un",1728.44]
[804131,"Boca de BSTC D = 1,00 m - esconsidade 25° - areia e brita comerciais - alas retas","un",2087.5700000000002]
[804130,"Boca de BSTC D = 1,00 m - esconsidade 25° - areia extraída e brita produzida - alas retas","un",1746.36]
[804397,"Boca de BSTC D = 1,00 m - esconsidade 30° - areia e brita comerciais - alas esconsas","un",3581.03]
[804133,"Boca de BSTC D = 1,00 m - esconsidade 30° - areia e brita comerciais - alas retas","un",2113.13]
[804396,"Boca de BSTC D = 1,00 m - esconsidade 30° - areia extraída e brita produzida - alas esconsas","un",3012.34]
[804132,"Boca de BSTC D = 1,00 m - esconsidade 30° - areia extraída e brita produzida - alas retas","un",1771.37]
[804135,"Boca de BSTC D = 1,00 m - esconsidade 35° - areia e brita comerciais - alas retas","un",2146.27]
[804134,"Boca de BSTC D = 1,00 m - esconsidade 35° - areia extraída e brita produzida - alas retas","un",1803.98]
[804137,"Boca de BSTC D = 1,00 m - esconsidade 40° - areia e brita comerciais - alas retas","un",2108.23]
[804136,"Boca de BSTC D = 1,00 m - esconsidade 40° - areia extraída e brita produzida - alas retas","un",1765.26]
[804399,"Boca de BSTC D = 1,00 m - esconsidade 45° - areia e brita comerciais - alas esconsas","un",4457.29]
[804139,"Boca de BSTC D = 1,00 m - esconsidade 45° - areia e brita comerciais - alas retas","un",2255.34]
[804398,"Boca de BSTC D = 1,00 m - esconsidade 45° - areia extraída e brita produzida - alas esconsas","un",3741.46]
[804138,"Boca de BSTC D = 1,00 m - esconsidade 45° - areia extraída e brita produzida - alas retas","un",1911.56]
[804123,"Boca de BSTC D = 1,00 m - esconsidade 5° - areia e brita comerciais - alas retas","un",2041.03]
[804122,"Boca de BSTC D = 1,00 m - esconsidade 5° - areia extraída e brita produzida - alas retas","un",1701.03]
[804401,"Boca de BSTC D = 1,20 m - esconsidade 0° - areia e brita comerciais - alas esconsas","un",4421.8599999999997]
[804141,"Boca de BSTC D = 1,20 m - esconsidade 0° - areia e brita comerciais - alas retas","un",2834.47]
[804400,"Boca de BSTC D = 1,20 m - esconsidade 0° - areia extraída e brita produzida - alas esconsas","un",3677.23]
[804140,"Boca de BSTC D = 1,20 m - esconsidade 0° - areia extraída e brita produzida - alas retas","un",2342.4699999999998]
[804145,"Boca de BSTC D = 1,20 m - esconsidade 10° - areia e brita comerciais - alas retas","un",2844.85]
[804144,"Boca de BSTC D = 1,20 m - esconsidade 10° - areia extraída e brita produzida - alas retas","un",2352.31]
[804403,"Boca de BSTC D = 1,20 m - esconsidade 15° - areia e brita comerciais - alas esconsas","un",4656.88]
[804147,"Boca de BSTC D = 1,20 m - esconsidade 15° - areia e brita comerciais - alas retas","un",2857.76]
[804402,"Boca de BSTC D = 1,20 m - esconsidade 15° - areia extraída e brita produzida - alas esconsas","un",3869.92]
[804146,"Boca de BSTC D = 1,20 m - esconsidade 15° - areia extraída e brita produzida - alas retas","un",2364.6799999999998]
[804149,"Boca de BSTC D = 1,20 m - esconsidade 20° - areia e brita comerciais - alas retas","un",2877.19]
[804148,"Boca de BSTC D = 1,20 m - esconsidade 20° - areia extraída e brita produzida - alas retas","un",2383.16]
[804151,"Boca de BSTC D = 1,20 m - esconsidade 25° - areia e brita comerciais - alas retas","un",2903.85]
[804150,"Boca de BSTC D = 1,20 m - esconsidade 25° - areia extraída e brita produzida - alas retas","un",2408.7399999999998]
[804405,"Boca de BSTC D = 1,20 m - esconsidade 30° - areia e brita comerciais - alas esconsas","un",5205.8]
[804153,"Boca de BSTC D = 1,20 m - esconsidade 30° - areia e brita comerciais - alas retas","un",2939.92]
[804404,"Boca de BSTC D = 1,20 m - esconsidade 30° - areia extraída e brita produzida - alas esconsas","un",4321.87]
[804152,"Boca de BSTC D = 1,20 m - esconsidade 30° - areia extraída e brita produzida - alas retas","un",2443.4499999999998]
[804155,"Boca de BSTC D = 1,20 m - esconsidade 35° - areia e brita comerciais - alas retas","un",2986.59]
[804154,"Boca de BSTC D = 1,20 m - esconsidade 35° - areia extraída e brita produzida - alas retas","un",2488.64]
[804157,"Boca de BSTC D = 1,20 m - esconsidade 40° - areia e brita comerciais - alas retas","un",3051.1]
[804156,"Boca de BSTC D = 1,20 m - esconsidade 40° - areia extraída e brita produzida - alas retas","un",2551.39]
[804407,"Boca de BSTC D = 1,20 m - esconsidade 45° - areia e brita comerciais - alas esconsas","un",6487.14]
[804159,"Boca de BSTC D = 1,20 m - esconsidade 45° - areia e brita comerciais - alas retas","un",3137.18]
[804406,"Boca de BSTC D = 1,20 m - esconsidade 45° - areia extraída e brita produzida - alas esconsas","un",5372.35]
[804158,"Boca de BSTC D = 1,20 m - esconsidade 45° - areia extraída e brita produzida - alas retas","un",2635.57]
[804143,"Boca de BSTC D = 1,20 m - esconsidade 5° - areia e brita comerciais - alas retas","un",2837.49]
[804142,"Boca de BSTC D = 1,20 m - esconsidade 5° - areia extraída e brita produzida - alas retas","un",2345.35]
[804409,"Boca de BSTC D = 1,50 m - esconsidade 0° - areia e brita comerciais - alas esconsas","un",8006.73]
[804161,"Boca de BSTC D = 1,50 m - esconsidade 0° - areia e brita comerciais - alas retas","un",4877.55]
[804408,"Boca de BSTC D = 1,50 m - esconsidade 0° - areia extraída e brita produzida - alas esconsas","un",6544.79]
[804160,"Boca de BSTC D = 1,50 m - esconsidade 0° - areia extraída e brita produzida - alas retas","un",4000.24]
[804165,"Boca de BSTC D = 1,50 m - esconsidade 10° - areia e brita comerciais - alas retas","un",4891.78]
[804164,"Boca de BSTC D = 1,50 m - esconsidade 10° - areia extraída e brita produzida - alas retas","un",4013.81]
[804411,"Boca de BSTC D = 1,50 m - esconsidade 15° - areia e brita comerciais - alas esconsas","un",8444.82]
[804167,"Boca de BSTC D = 1,50 m - esconsidade 15° - areia e brita comerciais - alas retas","un",4910.37]
[804410,"Boca de BSTC D = 1,50 m - esconsidade 15° - areia extraída e brita produzida - alas esconsas","un",6898.9]
[804166,"Boca de BSTC D = 1,50 m - esconsidade 15° - areia extraída e brita produzida - alas retas","un",4031.45]
[804169,"Boca de BSTC D = 1,50 m - esconsidade 20° - areia e brita comerciais - alas retas","un",4937.5200000000004]
[804168,"Boca de BSTC D = 1,50 m - esconsidade 20° - areia extraída e brita produzida - alas retas","un",4057.38]
[804171,"Boca de BSTC D = 1,50 m - esconsidade 25° - areia e brita comerciais - alas retas","un",4974.5600000000004]
[804170,"Boca de BSTC D = 1,50 m - esconsidade 25° - areia extraída e brita produzida - alas retas","un",4092.79]
[804413,"Boca de BSTC D = 1,50 m - esconsidade 30° - areia e brita comerciais - alas esconsas","un",9464.86]
[804173,"Boca de BSTC D = 1,50 m - esconsidade 30° - areia e brita comerciais - alas retas","un",5024.38]
[804412,"Boca de BSTC D = 1,50 m - esconsidade 30° - areia extraída e brita produzida - alas esconsas","un",7724.59]
[804172,"Boca de BSTC D = 1,50 m - esconsidade 30° - areia extraída e brita produzida - alas retas","un",4140.72]
[804175,"Boca de BSTC D = 1,50 m - esconsidade 35° - areia e brita comerciais - alas retas","un",5091.1899999999996]
[804174,"Boca de BSTC D = 1,50 m - esconsidade 35° - areia extraída e brita produzida - alas retas","un",4205.37]
[804177,"Boca de BSTC D = 1,50 m - esconsidade 40° - areia e brita comerciais - alas retas","un",5180.55]
[804176,"Boca de BSTC D = 1,50 m - esconsidade 40° - areia extraída e brita produzida - alas retas","un",4292.16]
[804415,"Boca de BSTC D = 1,50 m - esconsidade 45° - areia e brita comerciais - alas esconsas","un",11866.59]
[804179,"Boca de BSTC D = 1,50 m - esconsidade 45° - areia e brita comerciais - alas retas","un",5302.92]
[804414,"Boca de BSTC D = 1,50 m - esconsidade 45° - areia extraída e brita produzida - alas esconsas","un",9661.77]
[804178,"Boca de BSTC D = 1,50 m - esconsidade 45° - areia extraída e brita produzida - alas retas","un",4411.68]
[804163,"Boca de BSTC D = 1,50 m - esconsidade 5° - areia e brita comerciais - alas retas","un",4881.41]
[804162,"Boca de BSTC D = 1,50 m - esconsidade 5° - areia extraída e brita produzida - alas retas","un",4003.97]
[804441,"Boca de BTTC D = 1,00 m - esconsidade 0° - areia e brita comerciais - alas esconsas","un",5467.98]
[804317,"Boca de BTTC D = 1,00 m - esconsidade 0° - areia e brita comerciais - alas retas","un",2980.25]
[804440,"Boca de BTTC D = 1,00 m - esconsidade 0° - areia extraída e brita produzida - alas esconsas","un",4569.3100000000004]
[804316,"Boca de BTTC D = 1,00 m - esconsidade 0° - areia extraída e brita produzida - alas retas","un",2464.85]
[804321,"Boca de BTTC D = 1,00 m - esconsidade 10° - areia e brita comerciais - alas retas","un",3001.27]
[804320,"Boca de BTTC D = 1,00 m - esconsidade 10° - areia extraída e brita produzida - alas retas","un",2484.25]
[804443,"Boca de BTTC D = 1,00 m - esconsidade 15° - areia e brita comerciais - alas esconsas","un",5706.17]
[804323,"Boca de BTTC D = 1,00 m - esconsidade 15° - areia e brita comerciais - alas retas","un",3029.3]
[804442,"Boca de BTTC D = 1,00 m - esconsidade 15° - areia extraída e brita produzida - alas esconsas","un",4767.33]
[804322,"Boca de BTTC D = 1,00 m - esconsidade 15° - areia extraída e brita produzida - alas retas","un",2510.11]
[804325,"Boca de BTTC D = 1,00 m - esconsidade 20° - areia e brita comerciais - alas retas","un",3069.88]
[804324,"Boca de BTTC D = 1,00 m - esconsidade 20° - areia extraída e brita produzida - alas retas","un",2547.85]
[804327,"Boca de BTTC D = 1,00 m - esconsidade 25° - areia e brita comerciais - alas retas","un",3125.67]
[804326,"Boca de BTTC D = 1,00 m - esconsidade 25° - areia extraída e brita produzida - alas retas","un",2599.86]
[804445,"Boca de BTTC D = 1,00 m - esconsidade 30° - areia e brita comerciais - alas esconsas","un",6367.89]
[804329,"Boca de BTTC D = 1,00 m - esconsidade 30° - areia e brita comerciais - alas retas","un",3199.92]
[804444,"Boca de BTTC D = 1,00 m - esconsidade 30° - areia extraída e brita produzida - alas esconsas","un",5317.62]
[804328,"Boca de BTTC D = 1,00 m - esconsidade 30° - areia extraída e brita produzida - alas retas","un",2669.64]
[804331,"Boca de BTTC D = 1,00 m - esconsidade 35° - areia e brita comerciais - alas retas","un",3295.99]
[804330,"Boca de BTTC D = 1,00 m - esconsidade 35° - areia extraída e brita produzida - alas retas","un",2760.58]
[804333,"Boca de BTTC D = 1,00 m - esconsidade 40° - areia e brita comerciais - alas retas","un",3424.5]
[804332,"Boca de BTTC D = 1,00 m - esconsidade 40° - areia extraída e brita produzida - alas retas","un",2883.13]
[804447,"Boca de BTTC D = 1,00 m - esconsidade 45° - areia e brita comerciais - alas esconsas","un",7877.68]
[804335,"Boca de BTTC D = 1,00 m - esconsidade 45° - areia e brita comerciais - alas retas","un",3594.59]
[804446,"Boca de BTTC D = 1,00 m - esconsidade 45° - areia extraída e brita produzida - alas esconsas","un",6572.21]
[804334,"Boca de BTTC D = 1,00 m - esconsidade 45° - areia extraída e brita produzida - alas retas","un",3046.73]
[804319,"Boca de BTTC D = 1,00 m - esconsidade 5° - areia e brita comerciais - alas retas","un",2985.09]
[804318,"Boca de BTTC D = 1,00 m - esconsidade 5° - areia extraída e brita produzida - alas retas","un",2469.2800000000002]
[804449,"Boca de BTTC D = 1,20 m - esconsidade 0° - areia e brita comerciais - alas esconsas","un",7938.73]
[804337,"Boca de BTTC D = 1,20 m - esconsidade 0° - areia e brita comerciais - alas retas","un",4081.04]
[804448,"Boca de BTTC D = 1,20 m - esconsidade 0° - areia extraída e brita produzida - alas esconsas","un",6549.55]
[804336,"Boca de BTTC D = 1,20 m - esconsidade 0° - areia extraída e brita produzida - alas retas","un",3337.63]
[804341,"Boca de BTTC D = 1,20 m - esconsidade 10° - areia e brita comerciais - alas retas","un",4112.96]
[804340,"Boca de BTTC D = 1,20 m - esconsidade 10° - areia extraída e brita produzida - alas retas","un",3366.3]
[804451,"Boca de BTTC D = 1,20 m - esconsidade 15° - areia e brita comerciais - alas esconsas","un",8303.16]
[804343,"Boca de BTTC D = 1,20 m - esconsidade 15° - areia e brita comerciais - alas retas","un",4153.71]
[804450,"Boca de BTTC D = 1,20 m - esconsidade 15° - areia extraída e brita produzida - alas esconsas","un",6848.11]
[804342,"Boca de BTTC D = 1,20 m - esconsidade 15° - areia extraída e brita produzida - alas retas","un",3402.99]
[804345,"Boca de BTTC D = 1,20 m - esconsidade 20° - areia e brita comerciais - alas retas","un",4213.3]
[804344,"Boca de BTTC D = 1,20 m - esconsidade 20° - areia extraída e brita produzida - alas retas","un",3457.04]
[804347,"Boca de BTTC D = 1,20 m - esconsidade 25° - areia e brita comerciais - alas retas","un",4294.75]
[804346,"Boca de BTTC D = 1,20 m - esconsidade 25° - areia extraída e brita produzida - alas retas","un",3531.32]
[804453,"Boca de BTTC D = 1,20 m - esconsidade 30° - areia e brita comerciais - alas esconsas","un",9256.8700000000008]
[804349,"Boca de BTTC D = 1,20 m - esconsidade 30° - areia e brita comerciais - alas retas","un",4401.8]
[804452,"Boca de BTTC D = 1,20 m - esconsidade 30° - areia extraída e brita produzida - alas esconsas","un",7628.72]
[804348,"Boca de BTTC D = 1,20 m - esconsidade 30° - areia extraída e brita produzida - alas retas","un",3629.72]
[804351,"Boca de BTTC D = 1,20 m - esconsidade 35° - areia e brita comerciais - alas retas","un",4539.8599999999997]
[804350,"Boca de BTTC D = 1,20 m - esconsidade 35° - areia extraída e brita produzida - alas retas","un",3757.76]
[804353,"Boca de BTTC D = 1,20 m - esconsidade 40° - areia e brita comerciais - alas retas","un",4721.57]
[804352,"Boca de BTTC D = 1,20 m - esconsidade 40° - areia extraída e brita produzida - alas retas","un",3928.11]
[804455,"Boca de BTTC D = 1,20 m - esconsidade 45° - areia e brita comerciais - alas esconsas","un",11459.19]
[804355,"Boca de BTTC D = 1,20 m - esconsidade 45° - areia e brita comerciais - alas retas","un",4961.2700000000004]
[804454,"Boca de BTTC D = 1,20 m - esconsidade 45° - areia extraída e brita produzida - alas esconsas","un",9432.89]
[804354,"Boca de BTTC D = 1,20 m - esconsidade 45° - areia extraída e brita produzida - alas retas","un",4155.1000000000004]
[804339,"Boca de BTTC D = 1,20 m - esconsidade 5° - areia e brita comerciais - alas retas","un",4089.02]
[804338,"Boca de BTTC D = 1,20 m - esconsidade 5° - areia extraída e brita produzida - alas retas","un",3344.8]
[804457,"Boca de BTTC D = 1,50 m - esconsidade 0° - areia e brita comerciais - alas esconsas","un",13892.1]
[804357,"Boca de BTTC D = 1,50 m - esconsidade 0° - areia e brita comerciais - alas retas","un",6883.71]
[804456,"Boca de BTTC D = 1,50 m - esconsidade 0° - areia extraída e brita produzida - alas esconsas","un",11252.76]
[804356,"Boca de BTTC D = 1,50 m - esconsidade 0° - areia extraída e brita produzida - alas retas","un",5567.42]
[804361,"Boca de BTTC D = 1,50 m - esconsidade 10° - areia e brita comerciais - alas retas","un",6932.83]
[804360,"Boca de BTTC D = 1,50 m - esconsidade 10° - areia extraída e brita produzida - alas retas","un",5610.86]
[804459,"Boca de BTTC D = 1,50 m - esconsidade 15° - areia e brita comerciais - alas esconsas","un",14538.82]
[804363,"Boca de BTTC D = 1,50 m - esconsidade 15° - areia e brita comerciais - alas retas","un",6995.73]
[804458,"Boca de BTTC D = 1,50 m - esconsidade 15° - areia extraída e brita produzida - alas esconsas","un",11773.7]
[804362,"Boca de BTTC D = 1,50 m - esconsidade 15° - areia extraída e brita produzida - alas retas","un",5666.59]
[804365,"Boca de BTTC D = 1,50 m - esconsidade 20° - areia e brita comerciais - alas retas","un",7086.57]
[804364,"Boca de BTTC D = 1,50 m - esconsidade 20° - areia extraída e brita produzida - alas retas","un",5747.42]
[804367,"Boca de BTTC D = 1,50 m - esconsidade 25° - areia e brita comerciais - alas retas","un",7209.91]
[804366,"Boca de BTTC D = 1,50 m - esconsidade 25° - areia extraída e brita produzida - alas retas","un",5858.05]
[804461,"Boca de BTTC D = 1,50 m - esconsidade 30° - areia e brita comerciais - alas esconsas","un",16256.07]
[804369,"Boca de BTTC D = 1,50 m - esconsidade 30° - areia e brita comerciais - alas retas","un",7370.81]
[804460,"Boca de BTTC D = 1,50 m - esconsidade 30° - areia extraída e brita produzida - alas esconsas","un",13157.05]
[804371,"Boca de BTTC D = 1,50 m - esconsidade 35° - areia e brita comerciais - alas retas","un",7578.42]
[804370,"Boca de BTTC D = 1,50 m - esconsidade 35° - areia extraída e brita produzida - alas retas","un",6193.29]
[804373,"Boca de BTTC D = 1,50 m - esconsidade 40° - areia e brita comerciais - alas retas","un",7846.58]
[804372,"Boca de BTTC D = 1,50 m - esconsidade 40° - areia extraída e brita produzida - alas retas","un",6441.3]
[804463,"Boca de BTTC D = 1,50 m - esconsidade 45° - areia e brita comerciais - alas esconsas","un",20190.22]
[804375,"Boca de BTTC D = 1,50 m - esconsidade 45° - areia e brita comerciais - alas retas","un",8199.75]
[804462,"Boca de BTTC D = 1,50 m - esconsidade 45° - areia extraída e brita produzida - alas esconsas","un",16320.19]
[804374,"Boca de BTTC D = 1,50 m - esconsidade 45° - areia extraída e brita produzida - alas retas","un",6772.03]
[804359,"Boca de BTTC D = 1,50 m - esconsidade 5° - areia e brita comerciais - alas retas","un",6896.17]
[804358,"Boca de BTTC D = 1,50 m - esconsidade 5° - areia extraída e brita produzida - alas retas","un",5578.52]
[804368,"Boca de BTTC D = 1,50 m esconsidade 30° - areia extraída e brita produzida - alas retas","un",6003.53]
[804465,"Confecção de tubos de concreto armado D = 0,60 m PA1 - areia e brita comerciais","m",132.41999999999999]
[804464,"Confecção de tubos de concreto armado D = 0,60 m PA1 - areia extraída e brita produzida","m",114.18]
[804475,"Confecção de tubos de concreto armado D = 0,60 m PA2 - areia e brita comerciais","m",145.82]
[804474,"Confecção de tubos de concreto armado D = 0,60 m PA2 - areia extraída e brita produzida","m",127.59]
[804485,"Confecção de tubos de concreto armado D = 0,60 m PA3 - areia e brita comerciais","m",212.81]
[804484,"Confecção de tubos de concreto armado D = 0,60 m PA3 - areia extraída e brita produzida","m",194.67]
[804495,"Confecção de tubos de concreto armado D = 0,60 m PA4 - areia e brita comerciais","m",265.31]
[804494,"Confecção de tubos de concreto armado D = 0,60 m PA4 - areia extraída e brita produzida","m",243.8]
[804467,"Confecção de tubos de concreto armado D = 0,80 m PA1 - areia e brita comerciais","m",201.78]
[804466,"Confecção de tubos de concreto armado D = 0,80 m PA1 - areia extraída e brita produzida","m",172.72]
[804477,"Confecção de tubos de concreto armado D = 0,80 m PA2 - areia e brita comerciais","m",255.37]
[804476,"Confecção de tubos de concreto armado D = 0,80 m PA2 - areia extraída e brita produzida","m",226.38]
[804487,"Confecção de tubos de concreto armado D = 0,80 m PA3 - areia e brita comerciais","m",362.04]
[804486,"Confecção de tubos de concreto armado D = 0,80 m PA3 - areia extraída e brita produzida","m",329.59]
[804497,"Confecção de tubos de concreto armado D = 0,80 m PA4 - areia e brita comerciais","m",427.03]
[804496,"Confecção de tubos de concreto armado D = 0,80 m PA4 - areia extraída e brita produzida","m",387.75]
[804469,"Confecção de tubos de concreto armado D = 1,00 m PA1 - areia e brita comerciais","m",352.6]
[804468,"Confecção de tubos de concreto armado D = 1,00 m PA1 - areia extraída e brita produzida","m",312.76]
[804479,"Confecção de tubos de concreto armado D = 1,00 m PA2 - areia e brita comerciais","m",406.19]
[804478,"Confecção de tubos de concreto armado D = 1,00 m PA2 - areia extraída e brita produzida","m",366.42]
[804489,"Confecção de tubos de concreto armado D = 1,00 m PA3 - areia e brita comerciais","m",513.04999999999995]
[804488,"Confecção de tubos de concreto armado D = 1,00 m PA3 - areia extraída e brita produzida","m",462.29]
[804499,"Confecção de tubos de concreto armado D = 1,00 m PA4 - areia e brita comerciais","m",651.13]
[804498,"Confecção de tubos de concreto armado D = 1,00 m PA4 - areia extraída e brita produzida","m",591.92999999999995]
[804471,"Confecção de tubos de concreto armado D = 1,20 m PA1 - areia e brita comerciais","m",480.56]
[804470,"Confecção de tubos de concreto armado D = 1,20 m PA1 - areia extraída e brita produzida","m",422.55]
[804481,"Confecção de tubos de concreto armado D = 1,20 m PA2 - areia e brita comerciais","m",601.14]
[804480,"Confecção de tubos de concreto armado D = 1,20 m PA2 - areia extraída e brita produzida","m",543.29]
[804491,"Confecção de tubos de concreto armado D = 1,20 m PA3 - areia e brita comerciais","m",792.2]
[804490,"Confecção de tubos de concreto armado D = 1,20 m PA3 - areia extraída e brita produzida","m",714.92]
[804501,"Confecção de tubos de concreto armado D = 1,20 m PA4 - areia e brita comerciais","m",950.51]
[804500,"Confecção de tubos de concreto armado D = 1,20 m PA4 - areia extraída e brita produzida","m",862.9]
[804473,"Confecção de tubos de concreto armado D = 1,50 m PA1 - areia e brita comerciais","m",776.55]
[804472,"Confecção de tubos de concreto armado D = 1,50 m PA1 - areia extraída e brita produzida","m",685.93]
[804483,"Confecção de tubos de concreto armado D = 1,50 m PA2 - areia e brita comerciais","m",964.12]
[804482,"Confecção de tubos de concreto armado D = 1,50 m PA2 - areia extraída e brita produzida","m",873.75]
[804493,"Confecção de tubos de concreto armado D = 1,50 m PA3 - areia e brita comerciais","m",1271.31]
[804492,"Confecção de tubos de concreto armado D = 1,50 m PA3 - areia extraída e brita produzida","m",1151.69]
[804503,"Confecção de tubos de concreto armado D = 1,50 m PA4 - areia e brita comerciais","m",1514.64]
[804502,"Confecção de tubos de concreto armado D = 1,50 m PA4 - areia extraída e brita produzida","m",1390.99]
[804180,"Corpo de BDTC D = 0,80 m PA1 - areia extraída e brita e pedra de mão produzidas","m",1129.83]
[804181,"Corpo de BDTC D = 0,80 m PA1 - areia, brita e pedra de mão comerciais","m",1225.05]
[804182,"Corpo de BDTC D = 0,80 m PA2 - areia extraída e brita e pedra de mão produzidas","m",1199.83]
[804183,"Corpo de BDTC D = 0,80 m PA2 - areia, brita e pedra de mão comerciais","m",1295.05]
[804184,"Corpo de BDTC D = 0,80 m PA3 - areia extraída e brita e pedra de mão produzidas","m",1328.32]
[804185,"Corpo de BDTC D = 0,80 m PA3 - areia, brita e pedra de mão comerciais","m",1423.54]
[804186,"Corpo de BDTC D = 0,80 m PA4 - areia extraída e brita e pedra de mão produzidas","m",1447.29]
[804187,"Corpo de BDTC D = 0,80 m PA4 - areia, brita e pedra de mão comerciais","m",1542.51]
[804188,"Corpo de BDTC D = 1,00 m PA1 - areia extraída e brita e pedra de mão produzidas","m",1546.17]
[804189,"Corpo de BDTC D = 1,00 m PA1 - areia, brita e pedra de mão comerciais","m",1673.54]
[804190,"Corpo de BDTC D = 1,00 m PA2 - areia extraída e brita e pedra de mão produzidas","m",1617.97]
[804191,"Corpo de BDTC D = 1,00 m PA2 - areia, brita e pedra de mão comerciais","m",1745.33]
[804192,"Corpo de BDTC D = 1,00 m PA3 - areia extraída e brita e pedra de mão produzidas","m",1732.76]
[804193,"Corpo de BDTC D = 1,00 m PA3 - areia, brita e pedra de mão comerciais","m",1860.13]
[804194,"Corpo de BDTC D = 1,00 m PA4 - areia extraída e brita e pedra de mão produzidas","m",1849.52]
[804195,"Corpo de BDTC D = 1,00 m PA4 - areia, brita e pedra de mão comerciais","m",1976.89]
[804196,"Corpo de BDTC D = 1,20 m PA1 - areia extraída e brita e pedra de mão produzidas","m",2104.9699999999998]
[804197,"Corpo de BDTC D = 1,20 m PA1 - areia, brita e pedra de mão comerciais","m",2267]
[804198,"Corpo de BDTC D = 1,20 m PA2 - areia extraída e brita e pedra de mão produzidas","m",2237.81]
[804199,"Corpo de BDTC D = 1,20 m PA2 - areia, brita e pedra de mão comerciais","m",2399.84]
[804200,"Corpo de BDTC D = 1,20 m PA3 - areia extraída e brita e pedra de mão produzidas","m",2535.9699999999998]
[804201,"Corpo de BDTC D = 1,20 m PA3 - areia, brita e pedra de mão comerciais","m",2698]
[804202,"Corpo de BDTC D = 1,20 m PA4 - areia extraída e brita e pedra de mão produzidas","m",2900.69]
[804203,"Corpo de BDTC D = 1,20 m PA4 - areia, brita e pedra de mão comerciais","m",3062.72]
[804204,"Corpo de BDTC D = 1,50 m PA1 - areia extraída e brita e pedra de mão produzidas","m",3469.78]
[804205,"Corpo de BDTC D = 1,50 m PA1 - areia, brita e pedra de mão comerciais","m",3678.48]
[804206,"Corpo de BDTC D = 1,50 m PA2 - areia extraída e brita e pedra de mão produzidas","m",3580.27]
[804207,"Corpo de BDTC D = 1,50 m PA2 - areia, brita e pedra de mão comerciais","m",3788.98]
[804208,"Corpo de BDTC D = 1,50 m PA3 - areia extraída e brita e pedra de mão produzidas","m",3750.76]
[804209,"Corpo de BDTC D = 1,50 m PA3 - areia, brita e pedra de mão comerciais","m",3959.46]
[804210,"Corpo de BDTC D = 1,50 m PA4 - areia extraída e brita e pedra de mão produzidas","m",3914.7]
[804211,"Corpo de BDTC D = 1,50 m PA4 - areia, brita e pedra de mão comerciais","m",4123.41]
[804012,"Corpo de BSTC D = 0,40 m PA1 - areia extraída e brita e pedra de mão produzidas","m",255.7]
[804013,"Corpo de BSTC D = 0,40 m PA1 - areia, brita e pedra de mão comerciais","m",278.93]
[804014,"Corpo de BSTC D = 0,40 m PA2 - areia extraída e brita e pedra de mão produzidas","m",270.55]
[804015,"Corpo de BSTC D = 0,40 m PA2 - areia, brita e pedra de mão comerciais","m",293.77999999999997]
[804016,"Corpo de BSTC D = 0,40 m PA3 - areia extraída e brita e pedra de mão produzidas","m",274.38]
[804017,"Corpo de BSTC D = 0,40 m PA3 - areia, brita e pedra de mão comerciais","m",297.61]
[804018,"Corpo de BSTC D = 0,40 m PA4 - areia extraída e brita e pedra de mão produzidas","m",338.03]
[804019,"Corpo de BSTC D = 0,40 m PA4 - areia, brita e pedra de mão comerciais","m",361.26]
[804020,"Corpo de BSTC D = 0,60 m PA1 - areia extraída e brita e pedra de mão produzidas","m",406.07]
[804021,"Corpo de BSTC D = 0,60 m PA1 - areia, brita e pedra de mão comerciais","m",440.88]
[804022,"Corpo de BSTC D = 0,60 m PA2 - areia extraída e brita e pedra de mão produzidas","m",438.28]
[804023,"Corpo de BSTC D = 0,60 m PA2 - areia, brita e pedra de mão comerciais","m",473.09]
[804024,"Corpo de BSTC D = 0,60 m PA3 - areia extraída e brita e pedra de mão produzidas","m",454.58]
[804025,"Corpo de BSTC D = 0,60 m PA3 - areia, brita e pedra de mão comerciais","m",489.39]
[804026,"Corpo de BSTC D = 0,60 m PA4 - areia extraída e brita e pedra de mão produzidas","m",512.87]
[804027,"Corpo de BSTC D = 0,60 m PA4 - areia, brita e pedra de mão comerciais","m",547.66999999999996]
[804028,"Corpo de BSTC D = 0,80 m PA1 - areia extraída e brita e pedra de mão produzidas","m",594.41999999999996]
[804029,"Corpo de BSTC D = 0,80 m PA1 - areia, brita e pedra de mão comerciais","m",642.03]
[804030,"Corpo de BSTC D = 0,80 m PA2 - areia extraída e brita e pedra de mão produzidas","m",629.41999999999996]
[804031,"Corpo de BSTC D = 0,80 m PA2 - areia, brita e pedra de mão comerciais","m",677.03]
[804032,"Corpo de BSTC D = 0,80 m PA3 - areia extraída e brita e pedra de mão produzidas","m",693.67]
[804033,"Corpo de BSTC D = 0,80 m PA3 - areia, brita e pedra de mão comerciais","m",741.28]
[804034,"Corpo de BSTC D = 0,80 m PA4 - areia extraída e brita e pedra de mão produzidas","m",753.16]
[804035,"Corpo de BSTC D = 0,80 m PA4 - areia, brita e pedra de mão comerciais","m",800.77]
[804036,"Corpo de BSTC D = 1,00 m PA1 - areia extraída e brita e pedra de mão produzidas","m",804]
[804037,"Corpo de BSTC D = 1,00 m PA1 - areia, brita e pedra de mão comerciais","m",866.16]
[804038,"Corpo de BSTC D = 1,00 m PA2 - areia extraída e brita e pedra de mão produzidas","m",839.9]
[804039,"Corpo de BSTC D = 1,00 m PA2 - areia, brita e pedra de mão comerciais","m",902.06]
[804040,"Corpo de BSTC D = 1,00 m PA3 - areia extraída e brita e pedra de mão produzidas","m",897.3]
[804041,"Corpo de BSTC D = 1,00 m PA3 - areia, brita e pedra de mão comerciais","m",959.45]
[804042,"Corpo de BSTC D = 1,00 m PA4 - areia extraída e brita e pedra de mão produzidas","m",955.68]
[804043,"Corpo de BSTC D = 1,00 m PA4 - areia, brita e pedra de mão comerciais","m",1017.84]
[804044,"Corpo de BSTC D = 1,20 m PA1 - areia extraída e brita e pedra de mão produzidas","m",1083.96]
[804045,"Corpo de BSTC D = 1,20 m PA1 - areia, brita e pedra de mão comerciais","m",1161.47]
[804046,"Corpo de BSTC D = 1,20 m PA2 - areia extraída e brita e pedra de mão produzidas","m",1150.3800000000001]
[804047,"Corpo de BSTC D = 1,20 m PA2 - areia, brita e pedra de mão comerciais","m",1227.8800000000001]
[804048,"Corpo de BSTC D = 1,20 m PA3 - areia extraída e brita e pedra de mão produzidas","m",1299.46]
[804049,"Corpo de BSTC D = 1,20 m PA3 - areia, brita e pedra de mão comerciais","m",1376.96]
[804050,"Corpo de BSTC D = 1,20 m PA4 - areia extraída e brita e pedra de mão produzidas","m",1481.82]
[804051,"Corpo de BSTC D = 1,20 m PA4 - areia, brita e pedra de mão comerciais","m",1559.32]
[804052,"Corpo de BSTC D = 1,50 m PA1 - areia extraída e brita e pedra de mão produzidas","m",1770.02]
[804053,"Corpo de BSTC D = 1,50 m PA1 - areia, brita e pedra de mão comerciais","m",1870.55]
[804054,"Corpo de BSTC D = 1,50 m PA2 - areia extraída e brita e pedra de mão produzidas","m",1825.27]
[804055,"Corpo de BSTC D = 1,50 m PA2 - areia, brita e pedra de mão comerciais","m",1925.8]
[804056,"Corpo de BSTC D = 1,50 m PA3 - areia extraída e brita e pedra de mão produzidas","m",1910.51]
[804057,"Corpo de BSTC D = 1,50 m PA3 - areia, brita e pedra de mão comerciais","m",2011.04]
[804058,"Corpo de BSTC D = 1,50 m PA4 - areia extraída e brita e pedra de mão produzidas","m",1992.48]
[804059,"Corpo de BSTC D = 1,50 m PA4 - areia, brita e pedra de mão comerciais","m",2093.0100000000002]
[804292,"Corpo de BTTC D = 1,00 m PA1 - areia extraída e brita e pedra de mão produzidas","m",2288.34]
[804293,"Corpo de BTTC D = 1,00 m PA1 - areia, brita e pedra de mão comerciais","m",2480.9299999999998]
[804294,"Corpo de BTTC D = 1,00 m PA2 - areia extraída e brita e pedra de mão produzidas","m",2396.0300000000002]
[804295,"Corpo de BTTC D = 1,00 m PA2 - areia, brita e pedra de mão comerciais","m",2588.62]
[804296,"Corpo de BTTC D = 1,00 m PA3 - areia extraída e brita e pedra de mão produzidas","m",2568.2199999999998]
[804297,"Corpo de BTTC D = 1,00 m PA3 - areia, brita e pedra de mão comerciais","m",2760.81]
[804298,"Corpo de BTTC D = 1,00 m PA4 - areia extraída e brita e pedra de mão produzidas","m",2743.37]
[804299,"Corpo de BTTC D = 1,00 m PA4 - areia, brita e pedra de mão comerciais","m",2935.95]
[804300,"Corpo de BTTC D = 1,20 m PA1 - areia extraída e brita e pedra de mão produzidas","m",3125.71]
[804301,"Corpo de BTTC D = 1,20 m PA1 - areia, brita e pedra de mão comerciais","m",3372.11]
[804302,"Corpo de BTTC D = 1,20 m PA2 - areia extraída e brita e pedra de mão produzidas","m",3324.96]
[804303,"Corpo de BTTC D = 1,20 m PA2 - areia, brita e pedra de mão comerciais","m",3571.36]
[804304,"Corpo de BTTC D = 1,20 m PA3 - areia extraída e brita e pedra de mão produzidas","m",3772.2]
[804305,"Corpo de BTTC D = 1,20 m PA3 - areia, brita e pedra de mão comerciais","m",4018.6]
[804306,"Corpo de BTTC D = 1,20 m PA4 - areia extraída e brita e pedra de mão produzidas","m",4319.28]
[804307,"Corpo de BTTC D = 1,20 m PA4 - areia, brita e pedra de mão comerciais","m",4565.68]
[804308,"Corpo de BTTC D = 1,50 m PA1 - areia extraída e brita e pedra de mão produzidas","m",5169.82]
[804309,"Corpo de BTTC D = 1,50 m PA1 - areia, brita e pedra de mão comerciais","m",5486.85]
[804310,"Corpo de BTTC D = 1,50 m PA2 - areia extraída e brita e pedra de mão produzidas","m",5335.57]
[804311,"Corpo de BTTC D = 1,50 m PA2 - areia, brita e pedra de mão comerciais","m",5652.59]
[804312,"Corpo de BTTC D = 1,50 m PA3 - areia extraída e brita e pedra de mão produzidas","m",5591.29]
[804313,"Corpo de BTTC D = 1,50 m PA3 - areia, brita e pedra de mão comerciais","m",5908.32]
[804314,"Corpo de BTTC D = 1,50 m PA4 - areia extraída e brita e pedra de mão produzidas","m",5837.21]
[804315,"Corpo de BTTC D = 1,50 m PA4 - areia, brita e pedra de mão comerciais","m",6154.23]
[805446,"Dentes para bueiros duplos D = 0,80 m - areia extraída e brita e pedra de mão produzidas","un",42.23]
[805447,"Dentes para bueiros duplos D = 0,80 m - areia, brita e pedra de mão comerciais","un",56.89]
[805448,"Dentes para bueiros duplos D = 1,00 m - areia extraída e brita e pedra de mão produzidas","un",50.62]
[805449,"Dentes para bueiros duplos D = 1,00 m - areia, brita e pedra de mão comerciais","un",68.180000000000007]
[805450,"Dentes para bueiros duplos D = 1,20 m - areia extraída e brita e pedra de mão produzidas","un",58.72]
[805451,"Dentes para bueiros duplos D = 1,20 m - areia, brita e pedra de mão comerciais","un",79.040000000000006]
[805452,"Dentes para bueiros duplos D = 1,50 m - areia extraída e brita e pedra de mão produzidas","un",68.8]
[805453,"Dentes para bueiros duplos D = 1,50 m - areia, brita e pedra de mão comerciais","un",92.94]
[805434,"Dentes para bueiros simples D = 0,40 m - areia extraída e brita e pedra de mão produzidas","un",14.25]
[805435,"Dentes para bueiros simples D = 0,40 m - areia, brita e pedra de mão comerciais","un",18.68]
[805436,"Dentes para bueiros simples D = 0,60 m - areia extraída e brita e pedra de mão produzidas","un",16.78]
[805437,"Dentes para bueiros simples D = 0,60 m - areia, brita e pedra de mão comerciais","un",22.58]
[805438,"Dentes para bueiros simples D = 0,80 m - areia extraída e brita e pedra de mão produzidas","un",22.64]
[805439,"Dentes para bueiros simples D = 0,80 m - areia, brita e pedra de mão comerciais","un",29.97]
[805440,"Dentes para bueiros simples D = 1,00 m - areia extraída e brita e pedra de mão produzidas","un",25.45]
[805441,"Dentes para bueiros simples D = 1,00 m - areia, brita e pedra de mão comerciais","un",34.31]
[805442,"Dentes para bueiros simples D = 1,20 m - areia extraída e brita e pedra de mão produzidas","un",30.74]
[805443,"Dentes para bueiros simples D = 1,20 m - areia, brita e pedra de mão comerciais","un",40.83]
[805444,"Dentes para bueiros simples D = 1,50 m - areia extraída e brita e pedra de mão produzidas","un",34.4]
[805445,"Dentes para bueiros simples D = 1,50 m - areia, brita e pedra de mão comerciais","un",46.47]
[805454,"Dentes para bueiros triplos D = 1,00 m - areia extraída e brita e pedra de mão produzidas","un",76.06]
[805455,"Dentes para bueiros triplos D = 1,00 m - areia, brita e pedra de mão comerciais","un",102.49]
[805456,"Dentes para bueiros triplos D = 1,20 m - areia extraída e brita e pedra de mão produzidas","un",86.42]
[805457,"Dentes para bueiros triplos D = 1,20 m - areia, brita e pedra de mão comerciais","un",116.82]
[805458,"Dentes para bueiros triplos D = 1,50 m - areia extraída e brita e pedra de mão produzidas","un",103.48]
[805459,"Dentes para bueiros triplos D = 1,50 m - areia, brita e pedra de mão comerciais","un",139.84]
[909620,"Alvenaria de blocos de concreto 19 x 19 x 39 cm com espessura de 20 cm com argamassa traço 1:0,5:3,5 - areia comercial","m²",137.07]
[909621,"Alvenaria de blocos de concreto 19 x 19 x 39 cm com espessura de 20 cm com argamassa traço 1:0,5:3,5 - areia extraída","m²",135.93]
[903802,"Bacia de contenção para tanque de emulsão de 30.000 l - inclusive demolição","un",15317.56]
[919113,"Canaleta perfil cartola 50 x 70 x 3 mm - aba 20 mm","m",143.32]
[903788,"Chapisco com argamassa de cimento e areia 1:3 - aplicação manual","m²",4.37]
[919247,"Cobertura em chapas zincadas com espessura de 0,43 mm - utilização 2 vezes","m²",35.340000000000003]
[919016,"Depósito de óleo para oficina - inclusive demolição","un",7927.33]
[919078,"Dique de contenção para usina de asfalto a quente - inclusive demolição","un",37029.93]
[903789,"Emboço com argamassa de cimento, cal hidratada e areia 1:2:8 com espessura de 2 cm - aplicação manual","m²",31.45]
[919250,"Fornecimento e instalação de extintor de espuma 10 l","un",631.91]
[903807,"Instalação da central de britagem com capacidade de 80 m³/h","un",112253.26]
[903806,"Instalação da central de concreto com capacidade de 150 m³/h","un",191388.65]
[903804,"Instalação da central de concreto com capacidade de 30 m³/h","un",71719]
[903805,"Instalação da central de concreto com capacidade de 40 m³/h","un",82884.69]
[903810,"Instalação da usina de asfalto a quente capacidade de 120 t/h","un",202895.74]
[903809,"Instalação da usina de pré-misturado a frio com capacidade de 60 t/h","un",129679.6]
[903808,"Instalação da usina misturadora de solos com capacidade de 300 t/h","un",121484.74]
[903845,"Lastro de brita comercial - espalhamento mecânico","m³",164.36]
[919009,"Montagem e desmontagem da central de britagem com capacidade de 80 m³/h - inclusive construção de aterro, construção e demolição de rampa e bases","un",65320.88]
[919007,"Montagem e desmontagem da central de concreto com capacidade de 150 m³/h - inclusive construção e demolição de bases, rampas e depósitos de agregados","un",124661.32]
[919011,"Montagem e desmontagem da central de concreto com capacidade de 30 m³/h - inclusive construção e demolição de bases, rampas e depósitos de agregados","un",35662.42]
[919246,"Montagem e desmontagem da central de concreto com capacidade de 40 m³/h - inclusive construção e demolição de bases, rampas e depósitos de agregados","un",48875.8]
[919013,"Montagem e desmontagem da usina de asfalto a quente com capacidade de 120 t/h - inclusive construção e demolição de bases, rampas, depósitos de agregados e dique de contenção","un",135397.04]
[919008,"Montagem e desmontagem da usina de pré-misturado a frio com capacidade de 60 t/h - inclusive construção e demolição de bases, rampas, depósitos de agregados e bacia de contenção","un",97785.2]
[919012,"Montagem e desmontagem da usina misturadora de solos com capacidade de 300 t/h - inclusive construção e demolição de bases, rampas e depósitos de agregados","un",64693.48]
[903848,"Muro em alvenaria de blocos de concreto com espessura de 0,20 m h = 1,0 m","m",183.5]
[919002,"Posto de combustível - com reaproveitamento de 2 vezes do tanque/bomba/cobertura - inclusive demolição","un",40363.39]
[919210,"Rampa de lavagem - inclusive demolição","un",23736.92]
[909612,"Rampa para acesso do misturador de agregados para centrais de 30 m³ e 40 m³ - inclusive demolição","un",13578.23]
[909613,"Rampa para acesso do misturador de agregados para central de 150 m³ - inclusive demolição","un",22310.47]
[909614,"Rampa para acesso do misturador de agregados para central de britagem - inclusive demolição","un",48611.15]
[909616,"Rampa para acesso do misturador de agregados para PMF - inclusive demolição","un",38746.230000000003]
[909617,"Rampa para acesso do misturador de agregados para usina de asfalto a quente - inclusive demolição","un",22951.06]
[909615,"Rampa para acesso do misturador de agregados para usina de solos - inclusive demolição","un",17643.96]
[903860,"Selador acrílico - camada de fundo com aplicação manual","m²",2.89]
[919101,"Sistema separador água e óleo, inclusive demolição","un",1947]
[903818,"Tinta látex - duas camadas com aplicação manual","m²",14.84]
[1100657,"Adensamento de concreto por vibrador de imersão","m³",3.36]
[1108055,"Argamassa autoadensável para reparos e grauteamento - confecção em misturador e lançamento manual","m³",4167.26]
[1109665,"Argamassa de cimento e areia 1:1 - confecção em betoneira e lançamento manual - areia comercial","m³",868.83]
[1109664,"Argamassa de cimento e areia 1:1 - confecção em betoneira e lançamento manual - areia extraída","m³",824.18]
[1109667,"Argamassa de cimento e areia 1:2 - confecção em betoneira e lançamento manual - areia comercial","m³",638.41999999999996]
[1109666,"Argamassa de cimento e areia 1:2 - confecção em betoneira e lançamento manual - areia extraída","m³",561.04]
[1109669,"Argamassa de cimento e areia 1:3 - confecção em betoneira e lançamento manual - areia comercial","m³",525.85]
[1109668,"Argamassa de cimento e areia 1:3 - confecção em betoneira e lançamento manual - areia extraída","m³",433.03]
[1108060,"Argamassa de cimento e areia 1:3 com 8% de microssílica - confecção em betoneira e lançamento manual - areia comercial","m³",639.38]
[1109626,"Argamassa de cimento e areia 1:3 com 8% de microssílica - confecção em betoneira e lançamento manual - areia extraída","m³",540.75]
[1109671,"Argamassa de cimento e areia 1:4 - confecção em betoneira e lançamento manual - areia comercial","m³",467.78]
[1109670,"Argamassa de cimento e areia 1:4 - confecção em betoneira e lançamento manual - areia extraída","m³",365.97]
[1109672,"Argamassa de cimento e areia com aditivo aglutinante 1:8 - confecção em betoneira e lançamento manual - areia comercial","m³",358.42]
[1109624,"Argamassa de cimento e areia com aditivo aglutinante 1:8 - confecção em betoneira e lançamento manual - areia extraída","m³",241.11]
[1109622,"Argamassa de cimento, cal hidratada e areia 1:0,5:3,5 - confecção em betoneira e lançamento manual - areia comercial","m³",478.68]
[1109623,"Argamassa de cimento, cal hidratada e areia 1:0,5:3,5 - confecção em betoneira e lançamento manual - areia extraída","m³",402.83]
[1109697,"Argamassa de cimento, cal hidratada e areia 1:0,5:8 - confecção em betoneira e lançamento manual - areia comercial","m³",337.52]
[1109698,"Argamassa de cimento, cal hidratada e areia 1:0,5:8 - confecção em betoneira e lançamento manual - areia extraída","m³",241.47]
[1109679,"Argamassa de cimento, cal hidratada e areia 1:1:6 - confecção em betoneira e lançamento manual - areia comercial","m³",401.89]
[1109625,"Argamassa de cimento, cal hidratada e areia 1:1:6 - confecção em betoneira e lançamento manual - areia extraída","m³",314.76]
[1109678,"Argamassa de cimento, cal hidratada e areia 1:2:10 - confecção em betoneira e lançamento manual - areia comercial","m³",359.94]
[1109694,"Argamassa de cimento, cal hidratada e areia 1:2:10 - confecção em betoneira e lançamento manual - areia extraída","m³",266.52999999999997]
[1109673,"Argamassa de cimento, cal hidratada e areia 1:2:6 - confecção em betoneira e lançamento manual - areia comercial","m³",446.25]
[1109690,"Argamassa de cimento, cal hidratada e areia 1:2:6 - confecção em betoneira e lançamento manual - areia extraída","m³",364.89]
[1109674,"Argamassa de cimento, cal hidratada e areia 1:2:7 - confecção em betoneira e lançamento manual - areia comercial","m³",417.19]
[1109691,"Argamassa de cimento, cal hidratada e areia 1:2:7 - confecção em betoneira e lançamento manual - areia extraída","m³",331.77]
[1109675,"Argamassa de cimento, cal hidratada e areia 1:2:8 - confecção em betoneira e lançamento manual - areia comercial","m³",394.05]
[1109692,"Argamassa de cimento, cal hidratada e areia 1:2:8 - confecção em betoneira e lançamento manual - areia extraída","m³",305.41000000000003]
[1109676,"Argamassa de cimento, cal hidratada e areia 1:2:9 - confecção em betoneira e lançamento manual - areia comercial","m³",375.32]
[1109693,"Argamassa de cimento, cal hidratada e areia 1:2:9 - confecção em betoneira e lançamento manual - areia extraída","m³",284.07]
[1109680,"Argamassa para reparos e grauteamento - confecção em misturador e lançamento manual","m³",4231.78]
[1107748,"Argamassa polimérica de alto desempenho projetada para reparos superficiais e reforços estruturais - confecção em misturador e lançamento projetado","m³",13975.31]
[1110000,"Concreto","m³",0]
[1106059,"Concreto autoadensável com silicato de alumínio fck = 20 MPa - confecção em betoneira e lançamento manual - areia e brita comerciais","m³",639.77]
[1106060,"Concreto autoadensável com silicato de alumínio fck = 20 MPa - confecção em betoneira e lançamento manual - areia extraída e brita produzida","m³",509.21]
[1100658,"Concreto autoadensável com silicato de alumínio fck = 20 MPa - confecção em central dosadora de 30 m³/h - areia e brita comerciais","m³",554.30999999999995]
[1106159,"Concreto autoadensável com silicato de alumínio fck = 25 MPa - confecção em central dosadora de 30 m³/h - areia e brita comerciais","m³",594.12]
[1107902,"Concreto autoadensável com silicato de alumínio fck = 30 MPa - confecção em central dosadora de 30 m³/h - areia e brita comerciais","m³",638.57000000000005]
[1107906,"Concreto autoadensável com silicato de alumínio fck = 35 MPa - confecção em central dosadora de 30 m³/h - areia e brita comerciais","m³",688.25]
[1107910,"Concreto autoadensável com silicato de alumínio fck = 40 MPa - confecção em central dosadora de 30 m³/h - areia e brita comerciais","m³",743.77]
[1107911,"Concreto autoadensável com silicato de alumínio fck = 45 MPa - confecção em central dosadora de 30 m³/h - areia e brita comerciais","m³",805.82]
[1107912,"Concreto autoadensável com silicato de alumínio fck = 50 MPa - confecção em central dosadora de 30 m³/h - areia e brita comerciais","m³",890.71]
[1106164,"Concreto ciclópico fck = 20 MPa - confecção em betoneira e lançamento manual - areia extraída, brita e pedra de mão produzidas","m³",281.27]
[1106165,"Concreto ciclópico fck = 20 MPa - confecção em betoneira e lançamento manual - areia, brita e pedra de mão comerciais","m³",434.03]
[1106156,"Concreto com 10% de microssílica fck = 45 MPa - confecção em central dosadora de 30 m³/h - areia e brita comerciais","m³",622.4]
[1107932,"Concreto com 10% de microssílica fck = 50 MPa - confecção em central dosadora de 30 m³/h - areia e brita comerciais","m³",669.35]
[1108111,"Concreto com 8% de microssílica fck = 25 MPa - confecção em central dosadora de 30 m³/h - areia e brita comerciais","m³",489.4]
[1108112,"Concreto com 8% de microssílica fck = 30 MPa - confecção em central dosadora de 30 m³/h - areia e brita comerciais","m³",501.24]
[1108113,"Concreto com 8% de microssílica fck = 35 MPa - confecção em central dosadora de 30 m³/h - areia e brita comerciais","m³",533.94000000000005]
[1108114,"Concreto com 8% de microssílica fck = 40 MPa - confecção em central dosadora de 30 m³/h - areia e brita comerciais","m³",570.44000000000005]
[1108061,"Concreto com látex SBR fck = 25 MPa - confecção em betoneira e lançamento manual - areia e brita comerciais","m³",997.05]
[1108064,"Concreto com látex SBR fck = 30 MPa - confecção em betoneira e lançamento manual - areia e brita comerciais","m³",1082.1099999999999]
[1107888,"Concreto fck = 15 MPa - confecção em betoneira e lançamento manual - areia e brita comerciais","m³",464.4]
[1107889,"Concreto fck = 15 MPa - confecção em betoneira e lançamento manual - areia extraída e brita produzida","m³",327.60000000000002]
[1107892,"Concreto fck = 20 MPa - confecção em betoneira e lançamento manual - areia e brita comerciais","m³",486.86]
[1107891,"Concreto fck = 20 MPa - confecção em betoneira e lançamento manual - areia extraída e brita produzida","m³",351.62]
[1107928,"Concreto fck = 20 MPa - confecção em central dosadora de 30 m³/h - areia e brita comerciais","m³",424.78]
[1107929,"Concreto fck = 20 MPa - confecção em central dosadora de 30 m³/h - areia extraída e brita produzida","m³",289.14999999999998]
[1106109,"Concreto fck = 20 MPa - confecção em central dosadora de 40 m³/h - areia e brita comerciais","m³",405.06]
[1106117,"Concreto fck = 20 MPa - confecção em central dosadora de 40 m³/h - areia extraída e brita produzida","m³",269.42]
[1107896,"Concreto fck = 25 MPa - confecção em betoneira e lançamento manual - areia e brita comerciais","m³",512.04]
[1107895,"Concreto fck = 25 MPa - confecção em betoneira e lançamento manual - areia extraída e brita produzida","m³",378.52]
[1119528,"Concreto fck = 25 MPa - confecção em central dosadora de 30 m³/h - areia e brita comerciais","m³",441.68]
[1106135,"Concreto fck = 25 MPa - confecção em central dosadora de 30 m³/h - areia extraída e brita produzida","m³",307.24]
[1106136,"Concreto fck = 25 MPa - confecção em central dosadora de 40 m³/h - areia e brita comerciais","m³",420.67]
[1106137,"Concreto fck = 25 MPa - confecção em central dosadora de 40 m³/h - areia extraída e brita produzida","m³",286.22000000000003]
[1116127,"Concreto fck = 25 MPa para pré-moldados (mourões) - confecção em betoneira e lançamento manual - areia e brita comerciais","m³",535.97]
[1116126,"Concreto fck = 25 MPa para pré-moldados (mourões) - confecção em betoneira e lançamento manual - areia extraída e brita produzida","m³",409.2]
[1107900,"Concreto fck = 30 MPa - confecção em betoneira e lançamento manual - areia e brita comerciais","m³",540.09]
[1107899,"Concreto fck = 30 MPa - confecção em betoneira e lançamento manual - areia extraída e brita produzida","m³",408.52]
[1107890,"Concreto fck = 30 MPa - confecção em central dosadora de 30 m³/h - areia e brita comerciais","m³",463.73]
[1106138,"Concreto fck = 30 MPa - confecção em central dosadora de 30 m³/h - areia extraída e brita produzida","m³",330.85]
[1106139,"Concreto fck = 30 MPa - confecção em central dosadora de 40 m³/h - areia e brita comerciais","m³",441.12]
[1106140,"Concreto fck = 30 MPa - confecção em central dosadora de 40 m³/h - areia extraída e brita produzida","m³",308.24]
[1107904,"Concreto fck = 35 MPa - confecção em betoneira e lançamento manual - areia e brita comerciais","m³",571.5]
[1107903,"Concreto fck = 35 MPa - confecção em betoneira e lançamento manual - areia extraída e brita produzida","m³",442.08]
[1107908,"Concreto fck = 40 MPa - confecção em betoneira e lançamento manual - areia e brita comerciais","m³",606.5]
[1107907,"Concreto fck = 40 MPa - confecção em betoneira e lançamento manual - areia extraída e brita produzida","m³",479.5]
[1107871,"Concreto fctm,k = 4,5 MPa - confecção em central dosadora de 30 m³/h - areia e brita comerciais","m³",501.88]
[1107870,"Concreto fctm,k = 4,5 MPa - confecção em central dosadora de 30 m³/h - areia extraída e brita produzida","m³",372.6]
[1106057,"Concreto magro - confecção em betoneira e lançamento manual - areia e brita comerciais","m³",473.98]
[1106058,"Concreto magro - confecção em betoneira e lançamento manual - areia extraída e brita produzida","m³",343.19]
[1106380,"Concreto para bombeamento fck = 25 MPa - confecção em central dosadora de 30 m³/h - areia e brita comerciais","m³",473.18]
[1106378,"Concreto para bombeamento fck = 25 MPa - confecção em central dosadora de 30 m³/h - areia extraída e brita produzida","m³",345.33]
[1116263,"Concreto para bombeamento fck = 25 MPa - confecção em central dosadora de 40 m³/h - areia e brita comerciais","m³",449.48]
[1116267,"Concreto para bombeamento fck = 25 MPa - confecção em central dosadora de 40 m³/h - areia extraída e brita produzida","m³",321.63]
[1106280,"Concreto para bombeamento fck = 30 MPa - confecção em central dosadora de 30 m³/h - areia e brita comerciais","m³",499.1]
[1106289,"Concreto para bombeamento fck = 30 MPa - confecção em central dosadora de 30 m³/h - areia extraída e brita produzida","m³",373.07]
[1116264,"Concreto para bombeamento fck = 30 MPa - confecção em central dosadora de 40 m³/h - areia e brita comerciais","m³",473.54]
[1116268,"Concreto para bombeamento fck = 30 MPa - confecção em central dosadora de 40 m³/h - areia extraída e brita produzida","m³",347.51]
[1106281,"Concreto para bombeamento fck = 35 MPa - confecção em central dosadora de 30 m³/h - areia e brita comerciais","m³",532.5]
[1106382,"Concreto para bombeamento fck = 35 MPa - confecção em central dosadora de 30 m³/h - areia extraída e brita produzida","m³",408.81]
[1116265,"Concreto para bombeamento fck = 35 MPa - confecção em central dosadora de 40 m³/h - areia e brita comerciais","m³",504.45]
[1116269,"Concreto para bombeamento fck = 35 MPa - confecção em central dosadora de 40 m³/h - areia extraída e brita produzida","m³",380.76]
[1106282,"Concreto para bombeamento fck = 40 MPa - confecção em central dosadora de 30 m³/h - areia e brita comerciais","m³",569.77]
[1106384,"Concreto para bombeamento fck = 40 MPa - confecção em central dosadora de 30 m³/h - areia extraída e brita produzida","m³",448.7]
[1116266,"Concreto para bombeamento fck = 40 MPa - confecção em central dosadora de 40 m³/h - areia e brita comerciais","m³",538.99]
[1116270,"Concreto para bombeamento fck = 40 MPa - confecção em central dosadora de 40 m³/h - areia extraída e brita produzida","m³",417.92]
[1107868,"Concreto para sub-base adensado por vibração fck = 7,5 MPa - confecção em central dosadora de 30 m³/h - areia e brita comerciais","m³",368.7]
[1107869,"Concreto para sub-base adensado por vibração fck = 7,5 MPa - confecção em central dosadora de 30 m³/h - areia extraída e brita produzida","m³",229.09]
[1103853,"Concreto poroso para tubos de drenagem fck = 25 MPa - confecção em betoneira e lançamento manual - areia e brita comerciais","m³",493.21]
[1103852,"Concreto poroso para tubos de drenagem fck = 25 MPa - confecção em betoneira e lançamento manual - areia extraída e brita produzida","m³",392.46]
[1106284,"Concreto submerso fck = 20 MPa - confecção em central dosadora de 30 m³/h - areia e brita comerciais","m³",509.5]
[1108116,"Concreto submerso fck = 25 MPa - confecção em central dosadora de 30 m³/h - areia e brita comerciais","m³",513.49]
[1108118,"Concreto submerso fck = 30 MPa - confecção em central dosadora de 30 m³/h - areia e brita comerciais","m³",535.58000000000004]
[1106158,"Concreto submerso fck = 35 MPa - confecção em central dosadora de 30 m³/h - areia e brita comerciais","m³",572.99]
[1108120,"Concreto submerso fck = 40 MPa - confecção em central dosadora de 30 m³/h - areia e brita comerciais","m³",614.80999999999995]
[1106050,"Lançamento livre de concreto usinado por meio de caminhão betoneira - confecção em central dosadora de 30 m³/h","m³",51.32]
[1106051,"Lançamento livre de concreto usinado por meio de caminhão betoneira - confecção em central dosadora de 40 m³/h","m³",43.2]
[1106061,"Lançamento manual de concreto usinado - confecção em central dosadora de 30 m³/h","m³",58.73]
[1106087,"Lançamento manual de concreto usinado - confecção em central dosadora de 40 m³/h","m³",50.84]
[1107860,"Lançamento mecânico de concreto com bomba lança sobre chassi com capacidade de 50 m³/h - confecção em central dosadora de 40 m³/h","m³",57.74]
[1106088,"Lançamento mecânico de concreto com bomba rebocável com capacidade de 30 m³/h - confecção em central dosadora de 30 m³/h","m³",62.45]
[1106128,"Lançamento mecânico de concreto com bomba rebocável com capacidade de 41 m³/h - confecção em central dosadora de 40 m³/h","m³",51.8]
[1108056,"Microconcreto autoadensável para reparos e grauteamento - confecção em misturador e lançamento manual","m³",3601.58]
[1108059,"Microconcreto para reparos e grauteamento - confecção em misturador e lançamento manual","m³",3821.19]
[1207700,"Concreto fck = 20 MPa para projeção via seca - confecção em betoneira - areia e brita comerciais","m³",605.73]
[1207701,"Concreto fck = 25 MPa para projeção via seca - confecção em betoneira - areia e brita comerciais","m³",647.34]
[1207702,"Concreto fck = 30 MPa para projeção via seca - confecção em betoneira - areia e brita comerciais","m³",693.88]
[1207708,"Concreto fck = 30 MPa para projeção via úmida - confecção em central dosadora de 30 m³/h - areia e brita comerciais","m³",629.72]
[1207703,"Concreto fck = 40 MPa para projeção via seca - confecção em betoneira - areia e brita comerciais","m³",804.13]
[1207709,"Concreto fck = 40 MPa para projeção via úmida - confecção em central dosadora de 30 m³/h - areia e brita comerciais","m³",731.02]
[1207710,"Concreto projetado via seca fck = 20 MPa aplicado em pisos","m³",929.82]
[1207711,"Concreto projetado via seca fck = 20 MPa aplicado em superfícies inclinadas e verticais","m³",1159.07]
[1207713,"Concreto projetado via seca fck = 20 MPa aplicado em teto","m³",1751.83]
[1207714,"Concreto projetado via seca fck = 25 MPa aplicado em pisos","m³",978.77]
[1207715,"Concreto projetado via seca fck = 25 MPa aplicado em superfícies inclinadas e verticais","m³",1218.51]
[1207717,"Concreto projetado via seca fck = 25 MPa aplicado em teto","m³",1835.05]
[1207718,"Concreto projetado via seca fck = 30 MPa aplicado em pisos","m³",1033.52]
[1207719,"Concreto projetado via seca fck = 30 MPa aplicado em superfícies inclinadas e verticais","m³",1285]
[1207721,"Concreto projetado via seca fck = 30 MPa aplicado em teto","m³",1928.13]
[1207722,"Concreto projetado via seca fck = 40 MPa aplicado em pisos","m³",1163.23]
[1207723,"Concreto projetado via seca fck = 40 MPa aplicado em superfícies inclinadas e verticais","m³",1442.5]
[1207725,"Concreto projetado via seca fck = 40 MPa via seca aplicado em teto","m³",2148.63]
[1207728,"Concreto projetado via úmida fck = 30 MPa aplicado em túneis classe I com seção de 20 a 40 m²","m³",905.51]
[1207727,"Concreto projetado via úmida fck = 30 MPa aplicado em túneis classe I com seção de 40 a 60 m²","m³",888.4]
[1207726,"Concreto projetado via úmida fck = 30 MPa aplicado em túneis classe I com seção de 60 a 90 m²","m³",874.72]
[1208329,"Concreto projetado via úmida fck = 30 MPa aplicado em túneis classe I com seção superior a 90 m²","m³",858.96]
[1207685,"Concreto projetado via úmida fck = 30 MPa aplicado em túneis classe II com seção de 20 a 40 m²","m³",948.95]
[1207684,"Concreto projetado via úmida fck = 30 MPa aplicado em túneis classe II com seção de 40 a 60 m²","m³",926.34]
[1207683,"Concreto projetado via úmida fck = 30 MPa aplicado em túneis classe II com seção de 60 a 90 m²","m³",909.11]
[1208337,"Concreto projetado via úmida fck = 30 MPa aplicado em túneis classe II com seção superior a 90 m²","m³",890.8]
[1207691,"Concreto projetado via úmida fck = 30 MPa aplicado em túneis classe III com seção de 20 a 40 m²","m³",1000.58]
[1207690,"Concreto projetado via úmida fck = 30 MPa aplicado em túneis classe III com seção de 40 a 60 m²","m³",969.81]
[1207689,"Concreto projetado via úmida fck = 30 MPa aplicado em túneis classe III com seção de 60 a 90 m²","m³",943.93]
[1208345,"Concreto projetado via úmida fck = 30 MPa aplicado em túneis classe III com seção superior a 90 m²","m³",922.6]
[1207697,"Concreto projetado via úmida fck = 30 MPa aplicado em túneis classe IV com seção de 20 a 40 m²","m³",1064.6300000000001]
[1207696,"Concreto projetado via úmida fck = 30 MPa aplicado em túneis classe IV com seção de 40 a 60 m²","m³",1020.64]
[1207695,"Concreto projetado via úmida fck = 30 MPa aplicado em túneis classe IV com seção de 60 a 90 m²","m³",990.72]
[1208353,"Concreto projetado via úmida fck = 30 MPa aplicado em túneis classe IV com seção superior a 90 m²","m³",960.63]
[1207663,"Concreto projetado via úmida fck = 30 MPa aplicado em túneis classe V com seção de 20 a 40 m²","m³",1246.5999999999999]
[1207662,"Concreto projetado via úmida fck = 30 MPa aplicado em túneis classe V com seção de 40 a 60 m²","m³",1216.6600000000001]
[1207661,"Concreto projetado via úmida fck = 30 MPa aplicado em túneis classe V com seção de 60 a 90 m²","m³",1192.71]
[1208361,"Concreto projetado via úmida fck = 30 MPa aplicado em túneis classe V com seção superior a 90 m²","m³",1156.78]
[1207669,"Concreto projetado via úmida fck = 30 MPa aplicado em túneis classe VI com seção de 20 a 40 m²","m³",1382.49]
[1207668,"Concreto projetado via úmida fck = 30 MPa aplicado em túneis classe VI com seção de 40 a 60 m²","m³",1345.33]
[1207667,"Concreto projetado via úmida fck = 30 MPa aplicado em túneis classe VI com seção de 60 a 90 m²","m³",1289.58]
[1208369,"Concreto projetado via úmida fck = 30 MPa aplicado em túneis classe VI com seção superior a 90 m²","m³",1233.83]
[1207682,"Concreto projetado via úmida fck = 40 MPa aplicado em túneis classe I com seção de 20 a 40 m²","m³",1024.69]
[1207681,"Concreto projetado via úmida fck = 40 MPa aplicado em túneis classe I com seção de 40 a 60 m²","m³",1007.57]
[1207729,"Concreto projetado via úmida fck = 40 MPa aplicado em túneis classe I com seção de 60 a 90 m²","m³",993.89]
[1208333,"Concreto projetado via úmida fck = 40 MPa aplicado em túneis classe I com seção superior a 90 m²","m³",978.14]
[1207688,"Concreto projetado via úmida fck = 40 MPa aplicado em túneis classe II com seção de 20 a 40 m²","m³",1071.73]
[1207687,"Concreto projetado via úmida fck = 40 MPa aplicado em túneis classe II com seção de 40 a 60 m²","m³",1049.1300000000001]
[1207686,"Concreto projetado via úmida fck = 40 MPa aplicado em túneis classe II com seção de 60 a 90 m²","m³",1031.9000000000001]
[1208341,"Concreto projetado via úmida fck = 40 MPa aplicado em túneis classe II com seção superior a 90 m²","m³",1013.59]
[1207694,"Concreto projetado via úmida fck = 40 MPa aplicado em túneis classe III com seção de 20 a 40 m²","m³",1127.21]
[1207693,"Concreto projetado via úmida fck = 40 MPa aplicado em túneis classe III com seção de 40 a 60 m²","m³",1096.43]
[1207692,"Concreto projetado via úmida fck = 40 MPa aplicado em túneis classe III com seção de 60 a 90 m²","m³",1070.55]
[1208349,"Concreto projetado via úmida fck = 40 MPa aplicado em túneis classe III com seção superior a 90 m²","m³",1049.22]
[1207660,"Concreto projetado via úmida fck = 40 MPa aplicado em túneis classe IV com seção de 20 a 40 m²","m³",1195.3399999999999]
[1207699,"Concreto projetado via úmida fck = 40 MPa aplicado em túneis classe IV com seção de 40 a 60 m²","m³",1151.3499999999999]
[1207698,"Concreto projetado via úmida fck = 40 MPa aplicado em túneis classe IV com seção de 60 a 90 m²","m³",1121.43]
[1208357,"Concreto projetado via úmida fck = 40 MPa aplicado em túneis classe IV com seção superior a 90 m²","m³",1091.3399999999999]
[1207666,"Concreto projetado via úmida fck = 40 MPa aplicado em túneis classe V com seção de 20 a 40 m²","m³",1381.66]
[1207665,"Concreto projetado via úmida fck = 40 MPa aplicado em túneis classe V com seção de 40 a 60 m²","m³",1351.72]
[1207664,"Concreto projetado via úmida fck = 40 MPa aplicado em túneis classe V com seção de 60 a 90 m²","m³",1327.77]
[1208365,"Concreto projetado via úmida fck = 40 MPa aplicado em túneis classe V com seção superior a 90 m²","m³",1291.8499999999999]
[1207672,"Concreto projetado via úmida fck = 40 MPa aplicado em túneis classe VI com seção de 20 a 40 m²","m³",1522.22]
[1207671,"Concreto projetado via úmida fck = 40 MPa aplicado em túneis classe VI com seção de 40 a 60 m²","m³",1485.05]
[1207670,"Concreto projetado via úmida fck = 40 MPa aplicado em túneis classe VI com seção de 60 a 90 m²","m³",1429.3]
[1208373,"Concreto projetado via úmida fck = 40 MPa aplicado em túneis classe VI com seção superior a 90 m²","m³",1373.56]
[1400976,"Corte a plasma CNC em chapa com espessura de 6,3 a 10 mm","m",6.24]
[1400970,"Corte a plasma manual em chapa de aço-carbono com espessura de 4 a 8 mm","m",2.19]
[1400971,"Corte a plasma manual em chapa de aço-carbono com espessura de 9 a 25 mm","m",9.5500000000000007]
[1400972,"Corte a plasma manual em chapa de alumínio com espessura de 1,5 mm","m",2.12]
[1416201,"Corte de barras de aço CA-50 com maçarico oxiacetileno","cm²",0.3]
[1400969,"Corte de cantoneira de alumínio","un",0.14000000000000001]
[1400975,"Corte de chapa de aço com guilhotina hidráulica","m",4.18]
[1416141,"Corte de chapas de aço com espessura de 12,5 mm com maçarico oxiacetileno","m",4.5999999999999996]
[1416142,"Corte de chapas de aço com espessura de 16 mm com maçarico oxiacetileno","m",7.2]
[1400973,"Corte de chapas de aço com espessura de 3 mm com maçarico oxiacetileno","m",1.86]
[1400974,"Corte de chapas de aço com espessura de 5 mm com maçarico oxiacetileno","m",2.21]
[1416139,"Corte de chapas de aço com espessura de 6,3 mm com maçarico oxiacetileno","m",2.48]
[1416202,"Corte de chapas de aço com espessura de 8 mm com maçarico oxiacetileno","m",2.9]
[1416140,"Corte de chapas de aço com espessura de 9,5 mm com maçarico oxiacetileno","m",3.36]
[1419543,"Corte de perfil metálico com máquina policorte com espessura de até 1/8\"","un",0.18]
[1408173,"Corte de perfis metálicos com maçarico oxiacetileno","cm²",0.08]
[1407063,"Corte de trilho TR45 com utilização de equipamento leve","un",7.98]
[1407064,"Corte de trilho TR57 com utilização de equipamento leve","un",8.24]
[1407065,"Corte de trilho TR68 com utilização de equipamento leve","un",8.43]
[1407066,"Corte de trilho UIC60 com utilização de equipamento leve","un",8.2899999999999991]
[1400977,"Dobramento de chapas metálicas com espessuras de até 10 mm","m",3.55]
[1407067,"Furação de trilho TR45 com utilização de equipamento leve","un",2.96]
[1407068,"Furação de trilho TR57 com utilização de equipamento leve","un",3.33]
[1407069,"Furação de trilho TR68 com utilização de equipamento leve","un",3.61]
[1407070,"Furação de trilho UIC60 com utilização de equipamento leve","un",3.44]
[1400987,"Perfuração de chapas metálicas com espessura de até 3 mm - D = 25 mm","un",1.36]
[1416257,"Solda com maçarico oxiacetileno de chapas de aço de 12,5 mm","m",350.47]
[1416253,"Solda com maçarico oxiacetileno de chapas de aço de 16 mm","m",831.76]
[1416254,"Solda com maçarico oxiacetileno de chapas de aço de 6,3 mm","m",63.35]
[1416255,"Solda com maçarico oxiacetileno de chapas de aço de 8 mm","m",113.16]
[1416256,"Solda com maçarico oxiacetileno de chapas de aço de 9,5 mm","m",177.55]
[1408028,"Solda elétrica manual de perfis metálicos e chapas de aço com eletrodo E70XX para beneficiamento de aço naval","kg",204.78]
[1408027,"Solda tipo MIG/MAG automatizada","kg",117]
[1400978,"Solda tipo MIG/MAG manual","kg",187.82]
[1513941,"Contenção em areia-cimento ensacada com mistura de areia com 8% de cimento - confecção e assentamento","m³",492.8]
[1513940,"Contenção em solo-cimento ensacado com mistura de solo de jazida com 8% de cimento - confecção e assentamento","m³",371.26]
[1505879,"Enrocamento de pedra arrumada manualmente - pedra de mão comercial - fornecimento e assentamento","m³",308.43]
[1505878,"Enrocamento de pedra arrumada manualmente - pedra de mão produzida - confecção e assentamento","m³",175.9]
[1505877,"Enrocamento de pedra espalhada e compactada mecanicamente - pedra de mão comercial - fornecimento e assentamento","m³",207.11]
[1505860,"Enrocamento de pedra jogada - pedra de mão comercial - fornecimento e assentamento","m³",206.18]
[1505859,"Enrocamento de pedra jogada - pedra de mão produzida - confecção e assentamento","m³",95.74]
[1516204,"Fabricação de blocos segmentais de face pré-moldados - C = 40 cm, L = 40 cm e H = 20 cm - massa de 25 kg","un",6.35]
[1516312,"Geocélula em PEAD, paredes perfuradas, soldadas - altura de 100 mm e 1.206 cm² de área de célula - fornecimento e instalação","m²",41.81]
[1516304,"Geocélula em PEAD, paredes perfuradas, soldadas - altura de 100 mm e 289 cm² de área de célula - fornecimento e instalação","m²",54.28]
[1516308,"Geocélula em PEAD, paredes perfuradas, soldadas - altura de 100 mm e 460 cm² de área de célula - fornecimento e instalação","m²",44.51]
[1516313,"Geocélula em PEAD, paredes perfuradas, soldadas - altura de 150 mm e 1.206 cm² de área de célula - fornecimento e instalação","m²",50.41]
[1516305,"Geocélula em PEAD, paredes perfuradas, soldadas - altura de 150 mm e 289 cm² de área de célula - fornecimento e instalação","m²",65.34]
[1516309,"Geocélula em PEAD, paredes perfuradas, soldadas - altura de 150 mm e 460 cm² de área de célula - fornecimento e instalação","m²",53.34]
[1516314,"Geocélula em PEAD, paredes perfuradas, soldadas - altura de 200 mm e 1.206 cm² de área de célula - fornecimento e instalação","m²",58.59]
[1516306,"Geocélula em PEAD, paredes perfuradas, soldadas - altura de 200 mm e 289 cm² de área de célula - fornecimento e instalação","m²",77.64]
[1516310,"Geocélula em PEAD, paredes perfuradas, soldadas - altura de 200 mm e 460 cm² de área de célula - fornecimento e instalação","m²",63]
[1516311,"Geocélula em PEAD, paredes perfuradas, soldadas - altura de 75 mm e 1.206 cm² de área de célula - fornecimento e instalação","m²",32.08]
[1516303,"Geocélula em PEAD, paredes perfuradas, soldadas - altura de 75 mm e 289 cm² de área de célula - fornecimento e instalação","m²",43.26]
[1516307,"Geocélula em PEAD, paredes perfuradas, soldadas - altura de 75 mm e 460 cm² de área de célula - fornecimento e instalação","m²",35.74]
[1516298,"Geogrelha unidirecional com resistência à tração de 100 kN/m - fornecimento e instalação","m²",32.909999999999997]
[1516299,"Geogrelha unidirecional com resistência à tração de 150 kN/m - fornecimento e instalação","m²",35.130000000000003]
[1516300,"Geogrelha unidirecional com resistência à tração de 200 kN/m - fornecimento e instalação","m²",45.72]
[1516301,"Geogrelha unidirecional com resistência à tração de 300 kN/m - fornecimento e instalação","m²",66.98]
[1516302,"Geogrelha unidirecional com resistência à tração de 400 kN/m - fornecimento e instalação","m²",88.11]
[1516296,"Geogrelha unidirecional com resistência à tração de 50 kN/m - fornecimento e instalação","m²",25.05]
[1516297,"Geogrelha unidirecional com resistência à tração de 90 kN/m - fornecimento e instalação","m²",31.85]
[1505847,"Muro em blocos segmentais de face pré-moldados - C = 40 cm, L = 40 cm, e H = 20 cm com altura de 4 a 6 m - confecção e assentamento","m²",192.82]
[1505848,"Muro em blocos segmentais de face pré-moldados - C = 40 cm, L = 40 cm, e H = 20 cm com altura de 6 a 8 m - confecção e assentamento","m²",188.14]
[1505849,"Muro em blocos segmentais de face pré-moldados - C = 40 cm, L = 40 cm, e H = 20 cm com altura de 8 a 10 m - confecção e assentamento","m²",185.54]
[1505930,"Muro em blocos segmentais de face pré-moldados - C = 40 cm, L = 40 cm, e H = 20 cm com altura de até 4 m - confecção e assentamento","m²",217.4]
[1506055,"Pedra argamassada com cimento e areia 1:3 - areia e pedra de mão comercial - fornecimento e assentamento","m³",466.86]
[1506056,"Pedra argamassada com cimento e areia 1:3 - areia extraída e pedra de mão produzida - confecção e assentamento","m³",305.04000000000002]
[1513943,"Proteção de taludes rochosos com telas metálicas - resistência longitudinal à tração de 121 kN/m - fornecimento e posicionamento - inclusive cabos de aço, grampos e clipes de junção","m²",204.96]
[1516318,"Tela metálica dobrada em L para muro em solo reforçado - C = 200 cm, L = 40 cm e H = 40 cm - fornecimento e instalação","m²",602.79999999999995]
[1516317,"Tela metálica dobrada em L para muro em solo reforçado - C = 200 cm, L = 50 cm e H = 50 cm - fornecimento e instalação","m²",524.12]
[1600965,"Abertura em muro de alvenaria de pedra argamassada com martelete","m³",101.87]
[1600408,"Apicoamento manual de concreto","m²",18.28]
[1600990,"Demolição de concreto armado com martelete e corte oxiacetileno","m³",798.76]
[1600989,"Demolição de concreto simples com martelete","m³",411.42]
[1600438,"Demolição manual de concreto armado","m³",579.73]
[1600436,"Demolição manual de concreto simples","m³",396.56]
[1600895,"Demolição manual de construções provisórias de madeira - sem reaproveitamento","m²",14.1]
[1600897,"Demolição manual de construções provisórias de madeira, sem fechamento lateral e sem pavimentação","m²",3.78]
[1619004,"Demolição mecânica de alvenaria com carregadeira de pneus","m³",7.62]
[1600896,"Demolição mecânica de alvenaria com escavadeira hidráulica","m²",16.48]
[1619003,"Demolição mecânica de concreto armado com escavadeira hidráulica","m³",64.540000000000006]
[1619006,"Demolição mecânica de concreto simples com escavadeira hidráulica","m³",44.58]
[1600414,"Fresagem de piso de concreto","m²",1.1299999999999999]
[1608148,"Perfuração em concreto com coroa diamantada - D = 100 mm","m",214.77]
[1608021,"Perfuração em concreto com coroa diamantada - D = 16 mm","m",67.599999999999994]
[1608024,"Perfuração em concreto com coroa diamantada - D = 20 mm","m",71]
[1608026,"Perfuração em concreto com coroa diamantada - D = 25 mm","m",80.790000000000006]
[1608142,"Perfuração em concreto com coroa diamantada - D = 32 mm","m",92.38]
[1608143,"Perfuração em concreto com coroa diamantada - D = 38 mm","m",95.78]
[1608144,"Perfuração em concreto com coroa diamantada - D = 44 mm","m",103.41]
[1608145,"Perfuração em concreto com coroa diamantada - D = 50 mm","m",109.88]
[1608146,"Perfuração em concreto com coroa diamantada - D = 63 mm","m",127.49]
[1608147,"Perfuração em concreto com coroa diamantada - D = 75 mm","m",164.19]
[1608019,"Perfuração em concreto com martelete elétrico - D = 10 mm","m",18.96]
[1608020,"Perfuração em concreto com martelete elétrico - D = 13,0 mm","m",30.35]
[1608025,"Perfuração em concreto com martelete elétrico - D = 14 mm","m",37.19]
[1600966,"Remoção de cerca com mourões de concreto","m",0.75]
[1600898,"Remoção de painel publicitário, tipo outdoor, com estrutura e suportes em madeira","m²",12.39]
[1600441,"Remoção de paralelepípedos","m²",3.97]
[1600404,"Remoção de tubos de concreto com diâmetro de 0,40 m a 1,00 m em valas e bueiros","m",10.039999999999999]
[1600405,"Remoção de tubos de concreto com diâmetro de 1,20 m a 1,50 m em valas e bueiros","m",11.14]
[1716605,"Derrocagem subaquática de material de 3ª categoria - carga e limpeza - plataforma com clamshell - flutuante e batelão rebocado de 100 t montado na obra - DMT até 200 m","m³",116.49]
[1716610,"Derrocagem subaquática de material de 3ª categoria - carga e limpeza - plataforma com clamshell - flutuante e batelão rebocado de 100 t montado na obra - DMT de 1.000 a 1200 m","m³",120.95]
[1716611,"Derrocagem subaquática de material de 3ª categoria - carga e limpeza - plataforma com clamshell - flutuante e batelão rebocado de 100 t montado na obra - DMT de 1.200 a 1.400 m","m³",121.51]
[1716612,"Derrocagem subaquática de material de 3ª categoria - carga e limpeza - plataforma com clamshell - flutuante e batelão rebocado de 100 t montado na obra - DMT de 1.400 a 1.600 m","m³",122.06]
[1716613,"Derrocagem subaquática de material de 3ª categoria - carga e limpeza - plataforma com clamshell - flutuante e batelão rebocado de 100 t montado na obra - DMT de 1.600 a 1.800 m","m³",122.62]
[1716614,"Derrocagem subaquática de material de 3ª categoria - carga e limpeza - plataforma com clamshell - flutuante e batelão rebocado de 100 t montado na obra - DMT de 1.800 a 2.000 m","m³",123.74]
[1716615,"Derrocagem subaquática de material de 3ª categoria - carga e limpeza - plataforma com clamshell - flutuante e batelão rebocado de 100 t montado na obra - DMT de 2.000 a 2.500 m","m³",124.85]
[1716616,"Derrocagem subaquática de material de 3ª categoria - carga e limpeza - plataforma com clamshell - flutuante e batelão rebocado de 100 t montado na obra - DMT de 2.500 a 3.000 m","m³",126.53]
[1716606,"Derrocagem subaquática de material de 3ª categoria - carga e limpeza - plataforma com clamshell - flutuante e batelão rebocado de 100 t montado na obra - DMT de 200 a 400 m","m³",118.16]
[1716617,"Derrocagem subaquática de material de 3ª categoria - carga e limpeza - plataforma com clamshell - flutuante e batelão rebocado de 100 t montado na obra - DMT de 3.000 m","m³",127.64]
[1716607,"Derrocagem subaquática de material de 3ª categoria - carga e limpeza - plataforma com clamshell - flutuante e batelão rebocado de 100 t montado na obra - DMT de 400 a 600 m","m³",118.72]
[1716608,"Derrocagem subaquática de material de 3ª categoria - carga e limpeza - plataforma com clamshell - flutuante e batelão rebocado de 100 t montado na obra - DMT de 600 a 800 m","m³",119.83]
[1716609,"Derrocagem subaquática de material de 3ª categoria - carga e limpeza - plataforma com clamshell - flutuante e batelão rebocado de 100 t montado na obra - DMT de 800 a 1.000 m","m³",120.39]
[1716604,"Derrocagem subaquática de material de 3ª categoria - carga e limpeza - plataforma com clamshell - flutuante montado na obra - sem transporte","m³",66.81]
[1716623,"Derrocagem subaquática de material de 3ª categoria - carga e limpeza - plataforma flutuante com clamshell - sem transporte","m³",65.45]
[1716624,"Derrocagem subaquática de material de 3ª categoria - carga e limpeza - plataforma flutuante com clamshell e batelão rebocado de 100 t - DMT até 200 m","m³",115.13]
[1716629,"Derrocagem subaquática de material de 3ª categoria - carga e limpeza - plataforma flutuante com clamshell e batelão rebocado de 100 t - DMT de 1.000 a 1.200 m","m³",119.59]
[1716630,"Derrocagem subaquática de material de 3ª categoria - carga e limpeza - plataforma flutuante com clamshell e batelão rebocado de 100 t - DMT de 1.200 a 1.400 m","m³",120.15]
[1716631,"Derrocagem subaquática de material de 3ª categoria - carga e limpeza - plataforma flutuante com clamshell e batelão rebocado de 100 t - DMT de 1.400 a 1.600 m","m³",120.7]
[1716632,"Derrocagem subaquática de material de 3ª categoria - carga e limpeza - plataforma flutuante com clamshell e batelão rebocado de 100 t - DMT de 1.600 a 1.800 m","m³",121.26]
[1716633,"Derrocagem subaquática de material de 3ª categoria - carga e limpeza - plataforma flutuante com clamshell e batelão rebocado de 100 t - DMT de 1.800 a 2.000 m","m³",122.38]
[1716634,"Derrocagem subaquática de material de 3ª categoria - carga e limpeza - plataforma flutuante com clamshell e batelão rebocado de 100 t - DMT de 2.000 a 2.500 m","m³",123.49]
[1716635,"Derrocagem subaquática de material de 3ª categoria - carga e limpeza - plataforma flutuante com clamshell e batelão rebocado de 100 t - DMT de 2.500 a 3.000 m","m³",125.17]
[1716625,"Derrocagem subaquática de material de 3ª categoria - carga e limpeza - plataforma flutuante com clamshell e batelão rebocado de 100 t - DMT de 200 a 400 m","m³",116.8]
[1716636,"Derrocagem subaquática de material de 3ª categoria - carga e limpeza - plataforma flutuante com clamshell e batelão rebocado de 100 t - DMT de 3.000 m","m³",126.28]
[1716626,"Derrocagem subaquática de material de 3ª categoria - carga e limpeza - plataforma flutuante com clamshell e batelão rebocado de 100 t - DMT de 400 a 600 m","m³",117.36]
[1716627,"Derrocagem subaquática de material de 3ª categoria - carga e limpeza - plataforma flutuante com clamshell e batelão rebocado de 100 t - DMT de 600 a 800 m","m³",118.47]
[1716628,"Derrocagem subaquática de material de 3ª categoria - carga e limpeza - plataforma flutuante com clamshell e batelão rebocado de 100 t - DMT de 800 a 1.000 m","m³",119.03]
[1716640,"Derrocagem subaquática de material de 3ª categoria - carga e limpeza com draga backhoe de 7 m³ - sem transporte","m³",60.96]
[1716641,"Derrocagem subaquática de material de 3ª categoria - carga e limpeza com draga backhoe de 7 m³ - transporte com batelão autopropelido de 300 m³ - DMT até 200 m","m³",70.59]
[1716646,"Derrocagem subaquática de material de 3ª categoria - carga e limpeza com draga backhoe de 7 m³ - transporte com batelão autopropelido de 300 m³ - DMT de 1.000 a 1.200 m","m³",71.209999999999994]
[1716647,"Derrocagem subaquática de material de 3ª categoria - carga e limpeza com draga backhoe de 7 m³ - transporte com batelão autopropelido de 300 m³ - DMT de 1.200 a 1.400 m","m³",71.27]
[1716648,"Derrocagem subaquática de material de 3ª categoria - carga e limpeza com draga backhoe de 7 m³ - transporte com batelão autopropelido de 300 m³ - DMT de 1.400 a 1.600 m","m³",71.400000000000006]
[1716649,"Derrocagem subaquática de material de 3ª categoria - carga e limpeza com draga backhoe de 7 m³ - transporte com batelão autopropelido de 300 m³ - DMT de 1.600 a 1.800 m","m³",71.459999999999994]
[1716650,"Derrocagem subaquática de material de 3ª categoria - carga e limpeza com draga backhoe de 7 m³ - transporte com batelão autopropelido de 300 m³ - DMT de 1.800 a 2.000 m","m³",71.58]
[1716651,"Derrocagem subaquática de material de 3ª categoria - carga e limpeza com draga backhoe de 7 m³ - transporte com batelão autopropelido de 300 m³ - DMT de 2.000 a 2.500 m","m³",71.7]
[1716652,"Derrocagem subaquática de material de 3ª categoria - carga e limpeza com draga backhoe de 7 m³ - transporte com batelão autopropelido de 300 m³ - DMT de 2.500 a 3.000 m","m³",71.95]
[1716642,"Derrocagem subaquática de material de 3ª categoria - carga e limpeza com draga backhoe de 7 m³ - transporte com batelão autopropelido de 300 m³ - DMT de 200 a 400 m","m³",70.78]
[1716653,"Derrocagem subaquática de material de 3ª categoria - carga e limpeza com draga backhoe de 7 m³ - transporte com batelão autopropelido de 300 m³ - DMT de 3.000 m","m³",72.13]
[1716643,"Derrocagem subaquática de material de 3ª categoria - carga e limpeza com draga backhoe de 7 m³ - transporte com batelão autopropelido de 300 m³ - DMT de 400 a 600 m","m³",70.900000000000006]
[1716644,"Derrocagem subaquática de material de 3ª categoria - carga e limpeza com draga backhoe de 7 m³ - transporte com batelão autopropelido de 300 m³ - DMT de 600 a 800 m","m³",71.03]
[1716645,"Derrocagem subaquática de material de 3ª categoria - carga e limpeza com draga backhoe de 7 m³ - transporte com batelão autopropelido de 300 m³ - DMT de 800 a 1.000 m","m³",71.09]
[1716622,"Derrocagem subaquática de material de 3ª categoria - malha de 1,5 m² - perfuração e detonação - plataforma autoelevatória com três torres de perfuração","m³",93.03]
[1716603,"Derrocagem subaquática de material de 3ª categoria - malha de 1,5 m² - perfuração e detonação - plataforma autoelevatória montada na obra com três torres de perfuração","m³",93.03]
[1716620,"Derrocagem subaquática de material de 3ª categoria - malha de 1,5 m² - perfuração e detonação - plataforma flutuante com duas torres de perfuração","m³",126.3]
[1716621,"Derrocagem subaquática de material de 3ª categoria - malha de 1,5 m² - perfuração e detonação - plataforma flutuante com três torres de perfuração","m³",99.73]
[1716619,"Derrocagem subaquática de material de 3ª categoria - malha de 1,5 m² - perfuração e detonação - plataforma flutuante com uma torre de perfuração","m³",206.09]
[1716601,"Derrocagem subaquática de material de 3ª categoria - malha de 1,5 m² - perfuração e detonação - plataforma montada na obra com duas torres de perfuração","m³",128.12]
[1716602,"Derrocagem subaquática de material de 3ª categoria - malha de 1,5 m² - perfuração e detonação - plataforma montada na obra com três torres de perfuração","m³",100.94]
[1716600,"Derrocagem subaquática de material de 3ª categoria - malha de 1,5 m² - perfuração e detonação - plataforma montada na obra com uma torre de perfuração","m³",209.74]
[1716655,"Derrocagem subaquática de material de 3ª categoria - malha de 2,5 m² - perfuração e detonação - plataforma com duas torres de perfuração","m³",74.19]
[1716639,"Derrocagem subaquática de material de 3ª categoria - malha de 4,0 m² - perfuração e detonação - plataforma com duas torres de perfuração","m³",52.35]
[1801636,"Levantamento batimétrico monofeixe longitudinal","km",20.22]
[1801637,"Levantamento batimétrico monofeixe transversal","km",26.96]
[1817720,"Levantamento batimétrico multifeixe","km",101.39]
[1817723,"Levantamento hidrométrico com ADCP em rios com velocidade de corrente acima de 1,5 m/s","km",48.8]
[1817721,"Levantamento hidrométrico com ADCP em rios com velocidade de corrente de 0,5 a 1,0 m/s","km",146.4]
[1817722,"Levantamento hidrométrico com ADCP em rios com velocidade de corrente de 1,0 a 1,5 m/s","km",73.2]
[1917483,"Dragagem de areia fina com draga de sucção e recalque - bomba de 1.350 kW e cortador de 170 kW - distância de recalque de 1.100 a 1.300 m","m³",5.72]
[1917484,"Dragagem de areia fina com draga de sucção e recalque - bomba de 1.350 kW e cortador de 170 kW - distância de recalque de 1.300 a 1.500 m","m³",5.93]
[1917485,"Dragagem de areia fina com draga de sucção e recalque - bomba de 1.350 kW e cortador de 170 kW - distância de recalque de 1.500 a 1.700 m","m³",6.52]
[1917486,"Dragagem de areia fina com draga de sucção e recalque - bomba de 1.350 kW e cortador de 170 kW - distância de recalque de 1.700 a 1.900 m","m³",6.77]
[1917487,"Dragagem de areia fina com draga de sucção e recalque - bomba de 1.350 kW e cortador de 170 kW - distância de recalque de 1.900 a 2.100 m","m³",7.11]
[1917528,"Dragagem de areia fina com draga de sucção e recalque - bomba de 1.350 kW e cortador de 170 kW - distância de recalque de 10.100 a 10.300 m","m³",36.31]
[1917529,"Dragagem de areia fina com draga de sucção e recalque - bomba de 1.350 kW e cortador de 170 kW - distância de recalque de 10.300 a 10.500 m","m³",37.53]
[1917530,"Dragagem de areia fina com draga de sucção e recalque - bomba de 1.350 kW e cortador de 170 kW - distância de recalque de 10.500 a 10.700 m","m³",39.479999999999997]
[1917531,"Dragagem de areia fina com draga de sucção e recalque - bomba de 1.350 kW e cortador de 170 kW - distância de recalque de 10.700 a 10.900 m","m³",41.56]
[1917532,"Dragagem de areia fina com draga de sucção e recalque - bomba de 1.350 kW e cortador de 170 kW - distância de recalque de 10.900 a 11.100 m","m³",43.91]
[1917533,"Dragagem de areia fina com draga de sucção e recalque - bomba de 1.350 kW e cortador de 170 kW - distância de recalque de 11.100 a 11.300 m","m³",45.16]
[1917534,"Dragagem de areia fina com draga de sucção e recalque - bomba de 1.350 kW e cortador de 170 kW - distância de recalque de 11.300 a 11.500 m","m³",46.45]
[1917535,"Dragagem de areia fina com draga de sucção e recalque - bomba de 1.350 kW e cortador de 170 kW - distância de recalque de 11.500 a 11.700 m","m³",48.17]
[1917536,"Dragagem de areia fina com draga de sucção e recalque - bomba de 1.350 kW e cortador de 170 kW - distância de recalque de 11.700 a 11.900 m","m³",49.63]
[1917537,"Dragagem de areia fina com draga de sucção e recalque - bomba de 1.350 kW e cortador de 170 kW - distância de recalque de 11.900 a 12.100 m","m³",51.15]
[1917488,"Dragagem de areia fina com draga de sucção e recalque - bomba de 1.350 kW e cortador de 170 kW - distância de recalque de 2.100 a 2.300 m","m³",7.37]
[1917489,"Dragagem de areia fina com draga de sucção e recalque - bomba de 1.350 kW e cortador de 170 kW - distância de recalque de 2.300 a 2.500 m","m³",7.7]
[1917490,"Dragagem de areia fina com draga de sucção e recalque - bomba de 1.350 kW e cortador de 170 kW - distância de recalque de 2.500 a 2.700 m","m³",8.25]
[1917491,"Dragagem de areia fina com draga de sucção e recalque - bomba de 1.350 kW e cortador de 170 kW - distância de recalque de 2.700 a 2.900 m","m³",8.61]
[1917492,"Dragagem de areia fina com draga de sucção e recalque - bomba de 1.350 kW e cortador de 170 kW - distância de recalque de 2.900 a 3.100 m","m³",8.9]
[1917493,"Dragagem de areia fina com draga de sucção e recalque - bomba de 1.350 kW e cortador de 170 kW - distância de recalque de 3.100 a 3.300 m","m³",9.2799999999999994]
[1917494,"Dragagem de areia fina com draga de sucção e recalque - bomba de 1.350 kW e cortador de 170 kW - distância de recalque de 3.300 a 3.500 m","m³",9.68]
[1917495,"Dragagem de areia fina com draga de sucção e recalque - bomba de 1.350 kW e cortador de 170 kW - distância de recalque de 3.500 a 3.700 m","m³",10.3]
[1917496,"Dragagem de areia fina com draga de sucção e recalque - bomba de 1.350 kW e cortador de 170 kW - distância de recalque de 3.700 a 3.900 m","m³",10.66]
[1917497,"Dragagem de areia fina com draga de sucção e recalque - bomba de 1.350 kW e cortador de 170 kW - distância de recalque de 3.900 a 4.100 m","m³",11.04]
[1917498,"Dragagem de areia fina com draga de sucção e recalque - bomba de 1.350 kW e cortador de 170 kW - distância de recalque de 4.100 a 4.300 m","m³",11.43]
[1917499,"Dragagem de areia fina com draga de sucção e recalque - bomba de 1.350 kW e cortador de 170 kW - distância de recalque de 4.300 a 4.500 m","m³",11.74]
[1917500,"Dragagem de areia fina com draga de sucção e recalque - bomba de 1.350 kW e cortador de 170 kW - distância de recalque de 4.500 a 4.700 m","m³",12.42]
[1917501,"Dragagem de areia fina com draga de sucção e recalque - bomba de 1.350 kW e cortador de 170 kW - distância de recalque de 4.700 a 4.900 m","m³",12.82]
[1917502,"Dragagem de areia fina com draga de sucção e recalque - bomba de 1.350 kW e cortador de 170 kW - distância de recalque de 4.900 a 5.100 m","m³",13.21]
[1917503,"Dragagem de areia fina com draga de sucção e recalque - bomba de 1.350 kW e cortador de 170 kW - distância de recalque de 5.100 a 5.300 m","m³",13.61]
[1917504,"Dragagem de areia fina com draga de sucção e recalque - bomba de 1.350 kW e cortador de 170 kW - distância de recalque de 5.300 a 5.500 m","m³",14.03]
[1917505,"Dragagem de areia fina com draga de sucção e recalque - bomba de 1.350 kW e cortador de 170 kW - distância de recalque de 5.500 a 5.700 m","m³",14.74]
[1917506,"Dragagem de areia fina com draga de sucção e recalque - bomba de 1.350 kW e cortador de 170 kW - distância de recalque de 5.700 a 5.900 m","m³",15.15]
[1917507,"Dragagem de areia fina com draga de sucção e recalque - bomba de 1.350 kW e cortador de 170 kW - distância de recalque de 5.900 a 6.100 m","m³",15.57]
[1917480,"Dragagem de areia fina com draga de sucção e recalque - bomba de 1.350 kW e cortador de 170 kW - distância de recalque de 500 a 700 m","m³",5.03]
[1917508,"Dragagem de areia fina com draga de sucção e recalque - bomba de 1.350 kW e cortador de 170 kW - distância de recalque de 6.100 a 6.300 m","m³",16]
[1917509,"Dragagem de areia fina com draga de sucção e recalque - bomba de 1.350 kW e cortador de 170 kW - distância de recalque de 6.300 a 6.500 m","m³",16.53]
[1917510,"Dragagem de areia fina com draga de sucção e recalque - bomba de 1.350 kW e cortador de 170 kW - distância de recalque de 6.500 a 6.700 m","m³",17.28]
[1917511,"Dragagem de areia fina com draga de sucção e recalque - bomba de 1.350 kW e cortador de 170 kW - distância de recalque de 6.700 a 6.900 m","m³",17.75]
[1917512,"Dragagem de areia fina com draga de sucção e recalque - bomba de 1.350 kW e cortador de 170 kW - distância de recalque de 6.900 a 7.100 m","m³",18.32]
[1917513,"Dragagem de areia fina com draga de sucção e recalque - bomba de 1.350 kW e cortador de 170 kW - distância de recalque de 7.100 a 7.300 m","m³",18.850000000000001]
[1917514,"Dragagem de areia fina com draga de sucção e recalque - bomba de 1.350 kW e cortador de 170 kW - distância de recalque de 7.300 a 7.500 m","m³",19.489999999999998]
[1917515,"Dragagem de areia fina com draga de sucção e recalque - bomba de 1.350 kW e cortador de 170 kW - distância de recalque de 7.500 a 7.700 m","m³",20.440000000000001]
[1917516,"Dragagem de areia fina com draga de sucção e recalque - bomba de 1.350 kW e cortador de 170 kW - distância de recalque de 7.700 a 7.900 m","m³",21.13]
[1917517,"Dragagem de areia fina com draga de sucção e recalque - bomba de 1.350 kW e cortador de 170 kW - distância de recalque de 7.900 a 8.100 m","m³",22.08]
[1917481,"Dragagem de areia fina com draga de sucção e recalque - bomba de 1.350 kW e cortador de 170 kW - distância de recalque de 700 a 900 m","m³",5.23]
[1917518,"Dragagem de areia fina com draga de sucção e recalque - bomba de 1.350 kW e cortador de 170 kW - distância de recalque de 8.100 a 8.300 m","m³",23.01]
[1917519,"Dragagem de areia fina com draga de sucção e recalque - bomba de 1.350 kW e cortador de 170 kW - distância de recalque de 8.300 a 8.500 m","m³",24.18]
[1917520,"Dragagem de areia fina com draga de sucção e recalque - bomba de 1.350 kW e cortador de 170 kW - distância de recalque de 8.500 a 8.700 m","m³",25.53]
[1917521,"Dragagem de areia fina com draga de sucção e recalque - bomba de 1.350 kW e cortador de 170 kW - distância de recalque de 8.700 a 8.900 m","m³",26.65]
[1917522,"Dragagem de areia fina com draga de sucção e recalque - bomba de 1.350 kW e cortador de 170 kW - distância de recalque de 8.900 a 9.100 m","m³",27.88]
[1917523,"Dragagem de areia fina com draga de sucção e recalque - bomba de 1.350 kW e cortador de 170 kW - distância de recalque de 9.100 a 9.300 m","m³",29.15]
[1917524,"Dragagem de areia fina com draga de sucção e recalque - bomba de 1.350 kW e cortador de 170 kW - distância de recalque de 9.300 a 9.500 m","m³",30.51]
[1917525,"Dragagem de areia fina com draga de sucção e recalque - bomba de 1.350 kW e cortador de 170 kW - distância de recalque de 9.500 a 9.700 m","m³",32.15]
[1917526,"Dragagem de areia fina com draga de sucção e recalque - bomba de 1.350 kW e cortador de 170 kW - distância de recalque de 9.700 a 9.900 m","m³",33.4]
[1917527,"Dragagem de areia fina com draga de sucção e recalque - bomba de 1.350 kW e cortador de 170 kW - distância de recalque de 9.900 a 10.100 m","m³",34.65]
[1917482,"Dragagem de areia fina com draga de sucção e recalque - bomba de 1.350 kW e cortador de 170 kW - distância de recalque de 900 a 1.100 m","m³",5.43]
[1917737,"Dragagem de areia fina com draga de sucção e recalque - bomba de 1.350 kW e cortador de 170 kW - distância de recalque de até 500 m","m³",4.99]
[1917220,"Dragagem de areia fina com draga de sucção e recalque - bomba de 294 kW e cortador de 30 kW - distância de recalque de 1.100 a 1.300 m","m³",7.82]
[1917221,"Dragagem de areia fina com draga de sucção e recalque - bomba de 294 kW e cortador de 30 kW - distância de recalque de 1.300 a 1.500 m","m³",8.36]
[1917222,"Dragagem de areia fina com draga de sucção e recalque - bomba de 294 kW e cortador de 30 kW - distância de recalque de 1.500 a 1.700 m","m³",9.01]
[1917223,"Dragagem de areia fina com draga de sucção e recalque - bomba de 294 kW e cortador de 30 kW - distância de recalque de 1.700 a 1.900 m","m³",9.43]
[1917224,"Dragagem de areia fina com draga de sucção e recalque - bomba de 294 kW e cortador de 30 kW - distância de recalque de 1.900 a 2.100 m","m³",9.8699999999999992]
[1917225,"Dragagem de areia fina com draga de sucção e recalque - bomba de 294 kW e cortador de 30 kW - distância de recalque de 2.100 a 2.300 m","m³",10.38]
[1917226,"Dragagem de areia fina com draga de sucção e recalque - bomba de 294 kW e cortador de 30 kW - distância de recalque de 2.300 a 2.500 m","m³",10.86]
[1917227,"Dragagem de areia fina com draga de sucção e recalque - bomba de 294 kW e cortador de 30 kW - distância de recalque de 2.500 a 2.700 m","m³",11.54]
[1917228,"Dragagem de areia fina com draga de sucção e recalque - bomba de 294 kW e cortador de 30 kW - distância de recalque de 2.700 a 2.900 m","m³",12.13]
[1917229,"Dragagem de areia fina com draga de sucção e recalque - bomba de 294 kW e cortador de 30 kW - distância de recalque de 2.900 a 3.100 m","m³",12.63]
[1917230,"Dragagem de areia fina com draga de sucção e recalque - bomba de 294 kW e cortador de 30 kW - distância de recalque de 3.100 a 3.300 m","m³",13.2]
[1917231,"Dragagem de areia fina com draga de sucção e recalque - bomba de 294 kW e cortador de 30 kW - distância de recalque de 3.300 a 3.500 m","m³",13.8]
[1917232,"Dragagem de areia fina com draga de sucção e recalque - bomba de 294 kW e cortador de 30 kW - distância de recalque de 3.500 a 3.700 m","m³",14.6]
[1917233,"Dragagem de areia fina com draga de sucção e recalque - bomba de 294 kW e cortador de 30 kW - distância de recalque de 3.700 a 3.900 m","m³",15.21]
[1917234,"Dragagem de areia fina com draga de sucção e recalque - bomba de 294 kW e cortador de 30 kW - distância de recalque de 3.900 a 4.100 m","m³",15.96]
[1917217,"Dragagem de areia fina com draga de sucção e recalque - bomba de 294 kW e cortador de 30 kW - distância de recalque de 500 a 700 m","m³",6.39]
[1917218,"Dragagem de areia fina com draga de sucção e recalque - bomba de 294 kW e cortador de 30 kW - distância de recalque de 700 a 900 m","m³",6.65]
[1917219,"Dragagem de areia fina com draga de sucção e recalque - bomba de 294 kW e cortador de 30 kW - distância de recalque de 900 a 1.100 m","m³",7.17]
[1917724,"Dragagem de areia fina com draga de sucção e recalque - bomba de 294 kW e cortador de 30 kW - distância de recalque de até 500 m","m³",6.25]
[1917274,"Dragagem de areia fina com draga de sucção e recalque - bomba de 483 kW e cortador de 55 kW - distância de recalque de 1.100 a 1.300 m","m³",5.88]
[1917275,"Dragagem de areia fina com draga de sucção e recalque - bomba de 483 kW e cortador de 55 kW - distância de recalque de 1.300 a 1.500 m","m³",6.24]
[1917276,"Dragagem de areia fina com draga de sucção e recalque - bomba de 483 kW e cortador de 55 kW - distância de recalque de 1.500 a 1.700 m","m³",6.85]
[1917277,"Dragagem de areia fina com draga de sucção e recalque - bomba de 483 kW e cortador de 55 kW - distância de recalque de 1.700 a 1.900 m","m³",7.31]
[1917278,"Dragagem de areia fina com draga de sucção e recalque - bomba de 483 kW e cortador de 55 kW - distância de recalque de 1.900 a 2.100 m","m³",7.57]
[1917279,"Dragagem de areia fina com draga de sucção e recalque - bomba de 483 kW e cortador de 55 kW - distância de recalque de 2.100 a 2.300 m","m³",8.0399999999999991]
[1917280,"Dragagem de areia fina com draga de sucção e recalque - bomba de 483 kW e cortador de 55 kW - distância de recalque de 2.300 a 2.500 m","m³",8.48]
[1917281,"Dragagem de areia fina com draga de sucção e recalque - bomba de 483 kW e cortador de 55 kW - distância de recalque de 2.500 a 2.700 m","m³",9.1199999999999992]
[1917282,"Dragagem de areia fina com draga de sucção e recalque - bomba de 483 kW e cortador de 55 kW - distância de recalque de 2.700 a 2.900 m","m³",9.57]
[1917283,"Dragagem de areia fina com draga de sucção e recalque - bomba de 483 kW e cortador de 55 kW - distância de recalque de 2.900 a 3.100 m","m³",10.029999999999999]
[1917284,"Dragagem de areia fina com draga de sucção e recalque - bomba de 483 kW e cortador de 55 kW - distância de recalque de 3.100 a 3.300 m","m³",10.44]
[1917285,"Dragagem de areia fina com draga de sucção e recalque - bomba de 483 kW e cortador de 55 kW - distância de recalque de 3.300 a 3.500 m","m³",10.92]
[1917286,"Dragagem de areia fina com draga de sucção e recalque - bomba de 483 kW e cortador de 55 kW - distância de recalque de 3.500 a 3.700 m","m³",11.72]
[1917287,"Dragagem de areia fina com draga de sucção e recalque - bomba de 483 kW e cortador de 55 kW - distância de recalque de 3.700 a 3.900 m","m³",12.23]
[1917288,"Dragagem de areia fina com draga de sucção e recalque - bomba de 483 kW e cortador de 55 kW - distância de recalque de 3.900 a 4.100 m","m³",12.78]
[1917289,"Dragagem de areia fina com draga de sucção e recalque - bomba de 483 kW e cortador de 55 kW - distância de recalque de 4.100 a 4.300 m","m³",13.38]
[1917290,"Dragagem de areia fina com draga de sucção e recalque - bomba de 483 kW e cortador de 55 kW - distância de recalque de 4.300 a 4.500 m","m³",14]
[1917291,"Dragagem de areia fina com draga de sucção e recalque - bomba de 483 kW e cortador de 55 kW - distância de recalque de 4.500 a 4.700 m","m³",14.89]
[1917292,"Dragagem de areia fina com draga de sucção e recalque - bomba de 483 kW e cortador de 55 kW - distância de recalque de 4.700 a 4.900 m","m³",15.57]
[1917293,"Dragagem de areia fina com draga de sucção e recalque - bomba de 483 kW e cortador de 55 kW - distância de recalque de 4.900 a 5.100 m","m³",16.29]
[1917294,"Dragagem de areia fina com draga de sucção e recalque - bomba de 483 kW e cortador de 55 kW - distância de recalque de 5.100 a 5.300 m","m³",17.239999999999998]
[1917295,"Dragagem de areia fina com draga de sucção e recalque - bomba de 483 kW e cortador de 55 kW - distância de recalque de 5.300 a 5.500 m","m³",18.190000000000001]
[1917296,"Dragagem de areia fina com draga de sucção e recalque - bomba de 483 kW e cortador de 55 kW - distância de recalque de 5.500 a 5.700 m","m³",19.5]
[1917297,"Dragagem de areia fina com draga de sucção e recalque - bomba de 483 kW e cortador de 55 kW - distância de recalque de 5.700 a 5.900 m","m³",20.73]
[1917298,"Dragagem de areia fina com draga de sucção e recalque - bomba de 483 kW e cortador de 55 kW - distância de recalque de 5.900 a 6.100 m","m³",22.06]
[1917271,"Dragagem de areia fina com draga de sucção e recalque - bomba de 483 kW e cortador de 55 kW - distância de recalque de 500 a 700 m","m³",4.97]
[1917299,"Dragagem de areia fina com draga de sucção e recalque - bomba de 483 kW e cortador de 55 kW - distância de recalque de 6.100 a 6.300 m","m³",23.64]
[1917300,"Dragagem de areia fina com draga de sucção e recalque - bomba de 483 kW e cortador de 55 kW - distância de recalque de 6.300 a 6.500 m","m³",25.37]
[1917301,"Dragagem de areia fina com draga de sucção e recalque - bomba de 483 kW e cortador de 55 kW - distância de recalque de 6.500 a 6.700 m","m³",27.66]
[1917302,"Dragagem de areia fina com draga de sucção e recalque - bomba de 483 kW e cortador de 55 kW - distância de recalque de 6.700 a 6.900 m","m³",29.84]
[1917303,"Dragagem de areia fina com draga de sucção e recalque - bomba de 483 kW e cortador de 55 kW - distância de recalque de 6.900 a 7.100 m","m³",31.89]
[1917304,"Dragagem de areia fina com draga de sucção e recalque - bomba de 483 kW e cortador de 55 kW - distância de recalque de 7.100 a 7.300 m","m³",33.9]
[1917305,"Dragagem de areia fina com draga de sucção e recalque - bomba de 483 kW e cortador de 55 kW - distância de recalque de 7.300 a 7.500 m","m³",36.130000000000003]
[1917306,"Dragagem de areia fina com draga de sucção e recalque - bomba de 483 kW e cortador de 55 kW - distância de recalque de 7.500 a 7.700 m","m³",38.86]
[1917307,"Dragagem de areia fina com draga de sucção e recalque - bomba de 483 kW e cortador de 55 kW - distância de recalque de 7.700 a 7.900 m","m³",40.89]
[1917272,"Dragagem de areia fina com draga de sucção e recalque - bomba de 483 kW e cortador de 55 kW - distância de recalque de 700 a 900 m","m³",5.21]
[1917273,"Dragagem de areia fina com draga de sucção e recalque - bomba de 483 kW e cortador de 55 kW - distância de recalque de 900 a 1.100 m","m³",5.47]
[1917729,"Dragagem de areia fina com draga de sucção e recalque - bomba de 483 kW e cortador de 55 kW - distância de recalque de até 500 m","m³",4.9000000000000004]
[1917367,"Dragagem de areia fina com draga de sucção e recalque - bomba de 746 kW e cortador de 110 kW - distância de recalque de 1.100 a 1.300 m","m³",5.7]
[1917368,"Dragagem de areia fina com draga de sucção e recalque - bomba de 746 kW e cortador de 110 kW - distância de recalque de 1.300 a 1.500 m","m³",6.08]
[1917369,"Dragagem de areia fina com draga de sucção e recalque - bomba de 746 kW e cortador de 110 kW - distância de recalque de 1.500 a 1.700 m","m³",6.61]
[1917370,"Dragagem de areia fina com draga de sucção e recalque - bomba de 746 kW e cortador de 110 kW - distância de recalque de 1.700 a 1.900 m","m³",6.96]
[1917371,"Dragagem de areia fina com draga de sucção e recalque - bomba de 746 kW e cortador de 110 kW - distância de recalque de 1.900 a 2.100 m","m³",7.28]
[1917372,"Dragagem de areia fina com draga de sucção e recalque - bomba de 746 kW e cortador de 110 kW - distância de recalque de 2.100 a 2.300 m","m³",7.6]
[1917373,"Dragagem de areia fina com draga de sucção e recalque - bomba de 746 kW e cortador de 110 kW - distância de recalque de 2.300 a 2.500 m","m³",7.86]
[1917374,"Dragagem de areia fina com draga de sucção e recalque - bomba de 746 kW e cortador de 110 kW - distância de recalque de 2.500 a 2.700 m","m³",8.4700000000000006]
[1917375,"Dragagem de areia fina com draga de sucção e recalque - bomba de 746 kW e cortador de 110 kW - distância de recalque de 2.700 a 2.900 m","m³",8.77]
[1917376,"Dragagem de areia fina com draga de sucção e recalque - bomba de 746 kW e cortador de 110 kW - distância de recalque de 2.900 a 3.100 m","m³",9.07]
[1917377,"Dragagem de areia fina com draga de sucção e recalque - bomba de 746 kW e cortador de 110 kW - distância de recalque de 3.100 a 3.300 m","m³",9.3800000000000008]
[1917378,"Dragagem de areia fina com draga de sucção e recalque - bomba de 746 kW e cortador de 110 kW - distância de recalque de 3.300 a 3.500 m","m³",9.6999999999999993]
[1917379,"Dragagem de areia fina com draga de sucção e recalque - bomba de 746 kW e cortador de 110 kW - distância de recalque de 3.500 a 3.700 m","m³",10.33]
[1917380,"Dragagem de areia fina com draga de sucção e recalque - bomba de 746 kW e cortador de 110 kW - distância de recalque de 3.700 a 3.900 m","m³",10.72]
[1917381,"Dragagem de areia fina com draga de sucção e recalque - bomba de 746 kW e cortador de 110 kW - distância de recalque de 3.900 a 4.100 m","m³",11.12]
[1917382,"Dragagem de areia fina com draga de sucção e recalque - bomba de 746 kW e cortador de 110 kW - distância de recalque de 4.100 a 4.300 m","m³",11.61]
[1917383,"Dragagem de areia fina com draga de sucção e recalque - bomba de 746 kW e cortador de 110 kW - distância de recalque de 4.300 a 4.500 m","m³",12.04]
[1917384,"Dragagem de areia fina com draga de sucção e recalque - bomba de 746 kW e cortador de 110 kW - distância de recalque de 4.500 a 4.700 m","m³",12.75]
[1917385,"Dragagem de areia fina com draga de sucção e recalque - bomba de 746 kW e cortador de 110 kW - distância de recalque de 4.700 a 4.900 m","m³",13.29]
[1917386,"Dragagem de areia fina com draga de sucção e recalque - bomba de 746 kW e cortador de 110 kW - distância de recalque de 4.900 a 5.100 m","m³",13.86]
[1917387,"Dragagem de areia fina com draga de sucção e recalque - bomba de 746 kW e cortador de 110 kW - distância de recalque de 5.100 a 5.300 m","m³",14.46]
[1917388,"Dragagem de areia fina com draga de sucção e recalque - bomba de 746 kW e cortador de 110 kW - distância de recalque de 5.300 a 5.500 m","m³",15.08]
[1917389,"Dragagem de areia fina com draga de sucção e recalque - bomba de 746 kW e cortador de 110 kW - distância de recalque de 5.500 a 5.700 m","m³",15.99]
[1917390,"Dragagem de areia fina com draga de sucção e recalque - bomba de 746 kW e cortador de 110 kW - distância de recalque de 5.700 a 5.900 m","m³",16.850000000000001]
[1917391,"Dragagem de areia fina com draga de sucção e recalque - bomba de 746 kW e cortador de 110 kW - distância de recalque de 5.900 a 6.100 m","m³",17.78]
[1917364,"Dragagem de areia fina com draga de sucção e recalque - bomba de 746 kW e cortador de 110 kW - distância de recalque de 500 a 700 m","m³",4.5999999999999996]
[1917392,"Dragagem de areia fina com draga de sucção e recalque - bomba de 746 kW e cortador de 110 kW - distância de recalque de 6.100 a 6.300 m","m³",18.93]
[1917393,"Dragagem de areia fina com draga de sucção e recalque - bomba de 746 kW e cortador de 110 kW - distância de recalque de 6.300 a 6.500 m","m³",20.16]
[1917394,"Dragagem de areia fina com draga de sucção e recalque - bomba de 746 kW e cortador de 110 kW - distância de recalque de 6.500 a 6.700 m","m³",21.84]
[1917395,"Dragagem de areia fina com draga de sucção e recalque - bomba de 746 kW e cortador de 110 kW - distância de recalque de 6.700 a 6.900 m","m³",23.05]
[1917396,"Dragagem de areia fina com draga de sucção e recalque - bomba de 746 kW e cortador de 110 kW - distância de recalque de 6.900 a 7.100 m","m³",24.44]
[1917397,"Dragagem de areia fina com draga de sucção e recalque - bomba de 746 kW e cortador de 110 kW - distância de recalque de 7.100 a 7.300 m","m³",26.02]
[1917398,"Dragagem de areia fina com draga de sucção e recalque - bomba de 746 kW e cortador de 110 kW - distância de recalque de 7.300 a 7.500 m","m³",27.42]
[1917399,"Dragagem de areia fina com draga de sucção e recalque - bomba de 746 kW e cortador de 110 kW - distância de recalque de 7.500 a 7.700 m","m³",29.35]
[1917400,"Dragagem de areia fina com draga de sucção e recalque - bomba de 746 kW e cortador de 110 kW - distância de recalque de 7.700 a 7.900 m","m³",31.15]
[1917401,"Dragagem de areia fina com draga de sucção e recalque - bomba de 746 kW e cortador de 110 kW - distância de recalque de 7.900 a 8.100 m","m³",32.79]
[1917365,"Dragagem de areia fina com draga de sucção e recalque - bomba de 746 kW e cortador de 110 kW - distância de recalque de 700 a 900 m","m³",5.03]
[1917402,"Dragagem de areia fina com draga de sucção e recalque - bomba de 746 kW e cortador de 110 kW - distância de recalque de 8.100 a 8.300 m","m³",34.71]
[1917403,"Dragagem de areia fina com draga de sucção e recalque - bomba de 746 kW e cortador de 110 kW - distância de recalque de 8.300 a 8.500 m","m³",36.86]
[1917404,"Dragagem de areia fina com draga de sucção e recalque - bomba de 746 kW e cortador de 110 kW - distância de recalque de 8.500 a 8.700 m","m³",39.020000000000003]
[1917405,"Dragagem de areia fina com draga de sucção e recalque - bomba de 746 kW e cortador de 110 kW - distância de recalque de 8.700 a 8.900 m","m³",41.12]
[1917406,"Dragagem de areia fina com draga de sucção e recalque - bomba de 746 kW e cortador de 110 kW - distância de recalque de 8.900 a 9.100 m","m³",43.47]
[1917407,"Dragagem de areia fina com draga de sucção e recalque - bomba de 746 kW e cortador de 110 kW - distância de recalque de 9.100 a 9.300 m","m³",46.15]
[1917408,"Dragagem de areia fina com draga de sucção e recalque - bomba de 746 kW e cortador de 110 kW - distância de recalque de 9.300 a 9.500 m","m³",49.13]
[1917409,"Dragagem de areia fina com draga de sucção e recalque - bomba de 746 kW e cortador de 110 kW - distância de recalque de 9.500 a 9.700 m","m³",51.45]
[1917410,"Dragagem de areia fina com draga de sucção e recalque - bomba de 746 kW e cortador de 110 kW - distância de recalque de 9.700 a 9.900 m","m³",53.61]
[1917411,"Dragagem de areia fina com draga de sucção e recalque - bomba de 746 kW e cortador de 110 kW - distância de recalque de 9.900 a 10.100 m","m³",56.04]
[1917366,"Dragagem de areia fina com draga de sucção e recalque - bomba de 746 kW e cortador de 110 kW - distância de recalque de 900 a 1.100 m","m³",5.33]
[1917732,"Dragagem de areia fina com draga de sucção e recalque - bomba de 746 kW e cortador de 110 kW - distância de recalque de até 500 m","m³",4.29]
[1917043,"Dragagem de areia fina com draga hopper - capacidade da cisterna de 1.000 m³ - DMT de 1.500 a 1.800 m","m³",26.97]
[1917044,"Dragagem de areia fina com draga hopper - capacidade da cisterna de 1.000 m³ - DMT de 1.800 a 2.100 m","m³",27.44]
[1917045,"Dragagem de areia fina com draga hopper - capacidade da cisterna de 1.000 m³ - DMT de 2.100 a 2.400 m","m³",27.92]
[1917046,"Dragagem de areia fina com draga hopper - capacidade da cisterna de 1.000 m³ - DMT de 2.400 a 2.700 m","m³",28.43]
[1917047,"Dragagem de areia fina com draga hopper - capacidade da cisterna de 1.000 m³ - DMT de 2.700 a 3.000 m","m³",28.96]
[1917048,"Dragagem de areia fina com draga hopper - capacidade da cisterna de 1.000 m³ - DMT de 3.000 m","m³",29.25]
[1901518,"Dragagem de areia fina com draga hopper - capacidade da cisterna de 10.000 m³ - DMT de 1.500 a 1.800 m","m³",15.65]
[1901519,"Dragagem de areia fina com draga hopper - capacidade da cisterna de 10.000 m³ - DMT de 1.800 a 2.100 m","m³",15.77]
[1901520,"Dragagem de areia fina com draga hopper - capacidade da cisterna de 10.000 m³ - DMT de 2.100 a 2.400 m","m³",15.89]
[1901521,"Dragagem de areia fina com draga hopper - capacidade da cisterna de 10.000 m³ - DMT de 2.400 a 2.700 m","m³",16.02]
[1901522,"Dragagem de areia fina com draga hopper - capacidade da cisterna de 10.000 m³ - DMT de 2.700 a 3.000 m","m³",16.149999999999999]
[1901517,"Dragagem de areia fina com draga hopper - capacidade da cisterna de 10.000 m³ - DMT de 3.000 m","m³",16.22]
[1901523,"Dragagem de areia fina com draga hopper - capacidade da cisterna de 15.000 m³ - DMT de 1.500 a 1.800 m","m³",20.61]
[1901524,"Dragagem de areia fina com draga hopper - capacidade da cisterna de 15.000 m³ - DMT de 1.800 a 2.100 m","m³",20.72]
[1901525,"Dragagem de areia fina com draga hopper - capacidade da cisterna de 15.000 m³ - DMT de 2.100 a 2.400 m","m³",20.83]
[1901526,"Dragagem de areia fina com draga hopper - capacidade da cisterna de 15.000 m³ - DMT de 2.400 a 2.700 m","m³",20.95]
[1901527,"Dragagem de areia fina com draga hopper - capacidade da cisterna de 15.000 m³ - DMT de 2.700 a 3.000 m","m³",21.08]
[1901528,"Dragagem de areia fina com draga hopper - capacidade da cisterna de 15.000 m³ - DMT de 3.000 m","m³",21.15]
[1917079,"Dragagem de areia fina com draga hopper - capacidade da cisterna de 2.000 m³ - DMT de 1.500 a 1.800 m","m³",18.02]
[1917080,"Dragagem de areia fina com draga hopper - capacidade da cisterna de 2.000 m³ - DMT de 1.800 a 2.100 m","m³",18.3]
[1917081,"Dragagem de areia fina com draga hopper - capacidade da cisterna de 2.000 m³ - DMT de 2.100 a 2.400 m","m³",18.579999999999998]
[1917082,"Dragagem de areia fina com draga hopper - capacidade da cisterna de 2.000 m³ - DMT de 2.400 a 2.700 m","m³",18.88]
[1917083,"Dragagem de areia fina com draga hopper - capacidade da cisterna de 2.000 m³ - DMT de 2.700 a 3.000 m","m³",19.190000000000001]
[1917084,"Dragagem de areia fina com draga hopper - capacidade da cisterna de 2.000 m³ - DMT de 3.000 m","m³",19.36]
[1901529,"Dragagem de areia fina com draga hopper - capacidade da cisterna de 20.000 m³ - DMT de 1.500 a 1.800 m","m³",25.68]
[1901530,"Dragagem de areia fina com draga hopper - capacidade da cisterna de 20.000 m³ - DMT de 1.800 a 2.100 m","m³",25.79]
[1901531,"Dragagem de areia fina com draga hopper - capacidade da cisterna de 20.000 m³ - DMT de 2.100 a 2.400 m","m³",25.9]
[1901532,"Dragagem de areia fina com draga hopper - capacidade da cisterna de 20.000 m³ - DMT de 2.400 a 2.700 m","m³",26.02]
[1901533,"Dragagem de areia fina com draga hopper - capacidade da cisterna de 20.000 m³ - DMT de 2.700 a 3.000 m","m³",26.14]
[1901534,"Dragagem de areia fina com draga hopper - capacidade da cisterna de 20.000 m³ - DMT de 3.000 m","m³",26.21]
[1917115,"Dragagem de areia fina com draga hopper - capacidade da cisterna de 3.000 m³ - DMT de 1.500 a 1.800 m","m³",16.61]
[1917116,"Dragagem de areia fina com draga hopper - capacidade da cisterna de 3.000 m³ - DMT de 1.800 a 2.100 m","m³",16.82]
[1917117,"Dragagem de areia fina com draga hopper - capacidade da cisterna de 3.000 m³ - DMT de 2.100 a 2.400 m","m³",17.05]
[1917118,"Dragagem de areia fina com draga hopper - capacidade da cisterna de 3.000 m³ - DMT de 2.400 a 2.700 m","m³",17.28]
[1917119,"Dragagem de areia fina com draga hopper - capacidade da cisterna de 3.000 m³ - DMT de 2.700 a 3.000 m","m³",17.53]
[1917120,"Dragagem de areia fina com draga hopper - capacidade da cisterna de 3.000 m³ - DMT de 3.000 m","m³",17.66]
[1917151,"Dragagem de areia fina com draga hopper - capacidade da cisterna de 4.000 m³ - DMT de 1.500 a 1.800 m","m³",15.51]
[1917152,"Dragagem de areia fina com draga hopper - capacidade da cisterna de 4.000 m³ - DMT de 1.800 a 2.100 m","m³",15.69]
[1917153,"Dragagem de areia fina com draga hopper - capacidade da cisterna de 4.000 m³ - DMT de 2.100 a 2.400 m","m³",15.88]
[1917154,"Dragagem de areia fina com draga hopper - capacidade da cisterna de 4.000 m³ - DMT de 2.400 a 2.700 m","m³",16.079999999999998]
[1917155,"Dragagem de areia fina com draga hopper - capacidade da cisterna de 4.000 m³ - DMT de 2.700 a 3.000 m","m³",16.3]
[1917156,"Dragagem de areia fina com draga hopper - capacidade da cisterna de 4.000 m³ - DMT de 3.000 m","m³",16.41]
[1917187,"Dragagem de areia fina com draga hopper - capacidade da cisterna de 5.000 m³ - DMT de 1.500 a 1.800 m","m³",17.04]
[1917188,"Dragagem de areia fina com draga hopper - capacidade da cisterna de 5.000 m³ - DMT de 1.800 a 2.100 m","m³",17.2]
[1917189,"Dragagem de areia fina com draga hopper - capacidade da cisterna de 5.000 m³ - DMT de 2.100 a 2.400 m","m³",17.37]
[1917190,"Dragagem de areia fina com draga hopper - capacidade da cisterna de 5.000 m³ - DMT de 2.400 a 2.700 m","m³",17.55]
[1917191,"Dragagem de areia fina com draga hopper - capacidade da cisterna de 5.000 m³ - DMT de 2.700 a 3.000 m","m³",17.73]
[1917192,"Dragagem de areia fina com draga hopper - capacidade da cisterna de 5.000 m³ - DMT de 3.000 m","m³",17.829999999999998]
[1917007,"Dragagem de areia fina com draga hopper - capacidade da cisterna de 750 m³ - DMT de 1.500 a 1.800 m","m³",37.49]
[1917008,"Dragagem de areia fina com draga hopper - capacidade da cisterna de 750 m³ - DMT de 1.800 a 2.100 m","m³",38.18]
[1917009,"Dragagem de areia fina com draga hopper - capacidade da cisterna de 750 m³ - DMT de 2.100 a 2.400 m","m³",38.880000000000003]
[1917010,"Dragagem de areia fina com draga hopper - capacidade da cisterna de 750 m³ - DMT de 2.400 a 2.700 m","m³",39.619999999999997]
[1917011,"Dragagem de areia fina com draga hopper - capacidade da cisterna de 750 m³ - DMT de 2.700 a 3.000 m","m³",40.4]
[1917012,"Dragagem de areia fina com draga hopper - capacidade da cisterna de 750 m³ - DMT de 3.000 m","m³",40.81]
[1917578,"Dragagem de areia grossa com draga de sucção e recalque - bomba de 1.350 kW e cortador de 170 kW - distância de recalque de 1.100 a 1.300 m","m³",7.85]
[1917579,"Dragagem de areia grossa com draga de sucção e recalque - bomba de 1.350 kW e cortador de 170 kW - distância de recalque de 1.300 a 1.500 m","m³",8.36]
[1917580,"Dragagem de areia grossa com draga de sucção e recalque - bomba de 1.350 kW e cortador de 170 kW - distância de recalque de 1.500 a 1.700 m","m³",8.7799999999999994]
[1917581,"Dragagem de areia grossa com draga de sucção e recalque - bomba de 1.350 kW e cortador de 170 kW - distância de recalque de 1.700 a 1.900 m","m³",9.2799999999999994]
[1917582,"Dragagem de areia grossa com draga de sucção e recalque - bomba de 1.350 kW e cortador de 170 kW - distância de recalque de 1.900 a 2.100 m","m³",9.99]
[1917583,"Dragagem de areia grossa com draga de sucção e recalque - bomba de 1.350 kW e cortador de 170 kW - distância de recalque de 2.100 a 2.300 m","m³",10.55]
[1917584,"Dragagem de areia grossa com draga de sucção e recalque - bomba de 1.350 kW e cortador de 170 kW - distância de recalque de 2.300 a 2.500 m","m³",11.03]
[1917585,"Dragagem de areia grossa com draga de sucção e recalque - bomba de 1.350 kW e cortador de 170 kW - distância de recalque de 2.500 a 2.700 m","m³",11.77]
[1917586,"Dragagem de areia grossa com draga de sucção e recalque - bomba de 1.350 kW e cortador de 170 kW - distância de recalque de 2.700 a 2.900 m","m³",12.86]
[1917587,"Dragagem de areia grossa com draga de sucção e recalque - bomba de 1.350 kW e cortador de 170 kW - distância de recalque de 2.900 a 3.100 m","m³",13.7]
[1917588,"Dragagem de areia grossa com draga de sucção e recalque - bomba de 1.350 kW e cortador de 170 kW - distância de recalque de 3.100 a 3.300 m","m³",14.64]
[1917589,"Dragagem de areia grossa com draga de sucção e recalque - bomba de 1.350 kW e cortador de 170 kW - distância de recalque de 3.300 a 3.500 m","m³",16.57]
[1917590,"Dragagem de areia grossa com draga de sucção e recalque - bomba de 1.350 kW e cortador de 170 kW - distância de recalque de 3.500 a 3.700 m","m³",19.28]
[1917591,"Dragagem de areia grossa com draga de sucção e recalque - bomba de 1.350 kW e cortador de 170 kW - distância de recalque de 3.700 a 3.900 m","m³",21.71]
[1917592,"Dragagem de areia grossa com draga de sucção e recalque - bomba de 1.350 kW e cortador de 170 kW - distância de recalque de 3.900 a 4.100 m","m³",24.8]
[1917593,"Dragagem de areia grossa com draga de sucção e recalque - bomba de 1.350 kW e cortador de 170 kW - distância de recalque de 4.100 a 4.300 m","m³",28.02]
[1917594,"Dragagem de areia grossa com draga de sucção e recalque - bomba de 1.350 kW e cortador de 170 kW - distância de recalque de 4.300 a 4.500 m","m³",31.9]
[1917595,"Dragagem de areia grossa com draga de sucção e recalque - bomba de 1.350 kW e cortador de 170 kW - distância de recalque de 4.500 a 4.700 m","m³",36.1]
[1917596,"Dragagem de areia grossa com draga de sucção e recalque - bomba de 1.350 kW e cortador de 170 kW - distância de recalque de 4.700 a 4.900 m","m³",39.9]
[1917597,"Dragagem de areia grossa com draga de sucção e recalque - bomba de 1.350 kW e cortador de 170 kW - distância de recalque de 4.900 a 5.100 m","m³",45.17]
[1917598,"Dragagem de areia grossa com draga de sucção e recalque - bomba de 1.350 kW e cortador de 170 kW - distância de recalque de 5.100 a 5.300 m","m³",49.97]
[1917599,"Dragagem de areia grossa com draga de sucção e recalque - bomba de 1.350 kW e cortador de 170 kW - distância de recalque de 5.300 a 5.500 m","m³",55.51]
[1917600,"Dragagem de areia grossa com draga de sucção e recalque - bomba de 1.350 kW e cortador de 170 kW - distância de recalque de 5.500 a 5.700 m","m³",62.61]
[1917601,"Dragagem de areia grossa com draga de sucção e recalque - bomba de 1.350 kW e cortador de 170 kW - distância de recalque de 5.700 a 5.900 m","m³",65.8]
[1917575,"Dragagem de areia grossa com draga de sucção e recalque - bomba de 1.350 kW e cortador de 170 kW - distância de recalque de 500 a 700 m","m³",6.22]
[1917576,"Dragagem de areia grossa com draga de sucção e recalque - bomba de 1.350 kW e cortador de 170 kW - distância de recalque de 700 a 900 m","m³",6.63]
[1917577,"Dragagem de areia grossa com draga de sucção e recalque - bomba de 1.350 kW e cortador de 170 kW - distância de recalque de 900 a 1.100 m","m³",7.12]
[1917739,"Dragagem de areia grossa com draga de sucção e recalque - bomba de 1.350 kW e cortador de 170 kW - distância de recalque de até 500 m","m³",6.12]
[1917253,"Dragagem de areia grossa com draga de sucção e recalque - bomba de 294 kW e cortador de 30 kW - distância de recalque de 1.100 a 1.300 m","m³",9.31]
[1917254,"Dragagem de areia grossa com draga de sucção e recalque - bomba de 294 kW e cortador de 30 kW - distância de recalque de 1.300 a 1.500 m","m³",9.98]
[1917255,"Dragagem de areia grossa com draga de sucção e recalque - bomba de 294 kW e cortador de 30 kW - distância de recalque de 1.500 a 1.700 m","m³",10.81]
[1917256,"Dragagem de areia grossa com draga de sucção e recalque - bomba de 294 kW e cortador de 30 kW - distância de recalque de 1.700 a 1.900 m","m³",11.7]
[1917257,"Dragagem de areia grossa com draga de sucção e recalque - bomba de 294 kW e cortador de 30 kW - distância de recalque de 1.900 a 2.100 m","m³",12.88]
[1917258,"Dragagem de areia grossa com draga de sucção e recalque - bomba de 294 kW e cortador de 30 kW - distância de recalque de 2.100 a 2.300 m","m³",14.1]
[1917259,"Dragagem de areia grossa com draga de sucção e recalque - bomba de 294 kW e cortador de 30 kW - distância de recalque de 2.300 a 2.500 m","m³",17.600000000000001]
[1917250,"Dragagem de areia grossa com draga de sucção e recalque - bomba de 294 kW e cortador de 30 kW - distância de recalque de 500 a 700 m","m³",7]
[1917251,"Dragagem de areia grossa com draga de sucção e recalque - bomba de 294 kW e cortador de 30 kW - distância de recalque de 700 a 900 m","m³",7.42]
[1917252,"Dragagem de areia grossa com draga de sucção e recalque - bomba de 294 kW e cortador de 30 kW - distância de recalque de 900 a 1.100 m","m³",8.2899999999999991]
[1917726,"Dragagem de areia grossa com draga de sucção e recalque - bomba de 294 kW e cortador de 30 kW - distância de recalque de até 500 m","m³",6.84]
[1917335,"Dragagem de areia grossa com draga de sucção e recalque - bomba de 483 kW e cortador de 55 kW - distância de recalque de 1.100 a 1.300 m","m³",6.93]
[1917336,"Dragagem de areia grossa com draga de sucção e recalque - bomba de 483 kW e cortador de 55 kW - distância de recalque de 1.300 a 1.500 m","m³",7.84]
[1917337,"Dragagem de areia grossa com draga de sucção e recalque - bomba de 483 kW e cortador de 55 kW - distância de recalque de 1.500 a 1.700 m","m³",8.5500000000000007]
[1917338,"Dragagem de areia grossa com draga de sucção e recalque - bomba de 483 kW e cortador de 55 kW - distância de recalque de 1.700 a 1.900 m","m³",9.4499999999999993]
[1917339,"Dragagem de areia grossa com draga de sucção e recalque - bomba de 483 kW e cortador de 55 kW - distância de recalque de 1.900 a 2.100 m","m³",10.55]
[1917340,"Dragagem de areia grossa com draga de sucção e recalque - bomba de 483 kW e cortador de 55 kW - distância de recalque de 2.100 a 2.300 m","m³",12.29]
[1917341,"Dragagem de areia grossa com draga de sucção e recalque - bomba de 483 kW e cortador de 55 kW - distância de recalque de 2.300 a 2.500 m","m³",15.67]
[1917342,"Dragagem de areia grossa com draga de sucção e recalque - bomba de 483 kW e cortador de 55 kW - distância de recalque de 2.500 a 2.700 m","m³",19.54]
[1917343,"Dragagem de areia grossa com draga de sucção e recalque - bomba de 483 kW e cortador de 55 kW - distância de recalque de 2.700 a 2.900 m","m³",24.46]
[1917344,"Dragagem de areia grossa com draga de sucção e recalque - bomba de 483 kW e cortador de 55 kW - distância de recalque de 2.900 a 3.100 m","m³",29.67]
[1917345,"Dragagem de areia grossa com draga de sucção e recalque - bomba de 483 kW e cortador de 55 kW - distância de recalque de 3.100 a 3.300 m","m³",36.979999999999997]
[1917346,"Dragagem de areia grossa com draga de sucção e recalque - bomba de 483 kW e cortador de 55 kW - distância de recalque de 3.300 a 3.500 m","m³",44.19]
[1917347,"Dragagem de areia grossa com draga de sucção e recalque - bomba de 483 kW e cortador de 55 kW - distância de recalque de 3.500 a 3.700 m","m³",56.92]
[1917332,"Dragagem de areia grossa com draga de sucção e recalque - bomba de 483 kW e cortador de 55 kW - distância de recalque de 500 a 700 m","m³",5.71]
[1917333,"Dragagem de areia grossa com draga de sucção e recalque - bomba de 483 kW e cortador de 55 kW - distância de recalque de 700 a 900 m","m³",6.07]
[1917334,"Dragagem de areia grossa com draga de sucção e recalque - bomba de 483 kW e cortador de 55 kW - distância de recalque de 900 a 1.100 m","m³",6.43]
[1917331,"Dragagem de areia grossa com draga de sucção e recalque - bomba de 483 kW e cortador de 55 kW - distância de recalque de até 500 m","m³",5.27]
[1917443,"Dragagem de areia grossa com draga de sucção e recalque - bomba de 746 kW e cortador de 110 kW - distância de recalque de 1.100 a 1.300 m","m³",7.79]
[1917444,"Dragagem de areia grossa com draga de sucção e recalque - bomba de 746 kW e cortador de 110 kW - distância de recalque de 1.300 a 1.500 m","m³",8.4]
[1917445,"Dragagem de areia grossa com draga de sucção e recalque - bomba de 746 kW e cortador de 110 kW - distância de recalque de 1.500 a 1.700 m","m³",9.08]
[1917446,"Dragagem de areia grossa com draga de sucção e recalque - bomba de 746 kW e cortador de 110 kW - distância de recalque de 1.700 a 1.900 m","m³",9.77]
[1917447,"Dragagem de areia grossa com draga de sucção e recalque - bomba de 746 kW e cortador de 110 kW - distância de recalque de 1.900 a 2.100 m","m³",10.81]
[1917448,"Dragagem de areia grossa com draga de sucção e recalque - bomba de 746 kW e cortador de 110 kW - distância de recalque de 2.100 a 2.300 m","m³",11.73]
[1917449,"Dragagem de areia grossa com draga de sucção e recalque - bomba de 746 kW e cortador de 110 kW - distância de recalque de 2.300 a 2.500 m","m³",12.94]
[1917450,"Dragagem de areia grossa com draga de sucção e recalque - bomba de 746 kW e cortador de 110 kW - distância de recalque de 2.500 a 2.700 m","m³",14.42]
[1917451,"Dragagem de areia grossa com draga de sucção e recalque - bomba de 746 kW e cortador de 110 kW - distância de recalque de 2.700 a 2.900 m","m³",17.690000000000001]
[1917452,"Dragagem de areia grossa com draga de sucção e recalque - bomba de 746 kW e cortador de 110 kW - distância de recalque de 2.900 a 3.100 m","m³",20.94]
[1917453,"Dragagem de areia grossa com draga de sucção e recalque - bomba de 746 kW e cortador de 110 kW - distância de recalque de 3.100 a 3.300 m","m³",24.88]
[1917454,"Dragagem de areia grossa com draga de sucção e recalque - bomba de 746 kW e cortador de 110 kW - distância de recalque de 3.300 a 3.500 m","m³",29.2]
[1917455,"Dragagem de areia grossa com draga de sucção e recalque - bomba de 746 kW e cortador de 110 kW - distância de recalque de 3.500 a 3.700 m","m³",34.71]
[1917456,"Dragagem de areia grossa com draga de sucção e recalque - bomba de 746 kW e cortador de 110 kW - distância de recalque de 3.700 a 3.900 m","m³",40.69]
[1917457,"Dragagem de areia grossa com draga de sucção e recalque - bomba de 746 kW e cortador de 110 kW - distância de recalque de 3.900 a 4.100 m","m³",46.05]
[1917458,"Dragagem de areia grossa com draga de sucção e recalque - bomba de 746 kW e cortador de 110 kW - distância de recalque de 4.100 a 4.300 m","m³",53.17]
[1917459,"Dragagem de areia grossa com draga de sucção e recalque - bomba de 746 kW e cortador de 110 kW - distância de recalque de 4.300 a 4.500 m","m³",55.93]
[1917440,"Dragagem de areia grossa com draga de sucção e recalque - bomba de 746 kW e cortador de 110 kW - distância de recalque de 500 a 700 m","m³",5.53]
[1917441,"Dragagem de areia grossa com draga de sucção e recalque - bomba de 746 kW e cortador de 110 kW - distância de recalque de 700 a 900 m","m³",6.21]
[1917442,"Dragagem de areia grossa com draga de sucção e recalque - bomba de 746 kW e cortador de 110 kW - distância de recalque de 900 a 1.100 m","m³",6.88]
[1917734,"Dragagem de areia grossa com draga de sucção e recalque - bomba de 746 kW e cortador de 110 kW - distância de recalque de até 500 m","m³",5.1100000000000003]
[1917055,"Dragagem de areia grossa com draga hopper - capacidade da cisterna de 1.000 m³ - DMT de 1.500 a 1.800 m","m³",24.57]
[1917056,"Dragagem de areia grossa com draga hopper - capacidade da cisterna de 1.000 m³ - DMT de 1.800 a 2.100 m","m³",25.03]
[1917057,"Dragagem de areia grossa com draga hopper - capacidade da cisterna de 1.000 m³ - DMT de 2.100 a 2.400 m","m³",25.5]
[1917058,"Dragagem de areia grossa com draga hopper - capacidade da cisterna de 1.000 m³ - DMT de 2.400 a 2.700 m","m³",25.99]
[1917059,"Dragagem de areia grossa com draga hopper - capacidade da cisterna de 1.000 m³ - DMT de 2.700 a 3.000 m","m³",26.51]
[1917060,"Dragagem de areia grossa com draga hopper - capacidade da cisterna de 1.000 m³ - DMT de 3.000 m","m³",26.79]
[1901536,"Dragagem de areia grossa com draga hopper - capacidade da cisterna de 10.000 m³ - DMT de 1.500 a 1.800 m","m³",14.06]
[1901537,"Dragagem de areia grossa com draga hopper - capacidade da cisterna de 10.000 m³ - DMT de 1.800 a 2.100 m","m³",14.17]
[1901538,"Dragagem de areia grossa com draga hopper - capacidade da cisterna de 10.000 m³ - DMT de 2.100 a 2.400 m","m³",14.29]
[1901539,"Dragagem de areia grossa com draga hopper - capacidade da cisterna de 10.000 m³ - DMT de 2.400 a 2.700 m","m³",14.42]
[1901540,"Dragagem de areia grossa com draga hopper - capacidade da cisterna de 10.000 m³ - DMT de 2.700 a 3.000 m","m³",14.55]
[1901535,"Dragagem de areia grossa com draga hopper - capacidade da cisterna de 10.000 m³ - DMT de 3.000 m","m³",14.62]
[1901542,"Dragagem de areia grossa com draga hopper - capacidade da cisterna de 15.000 m³ - DMT de 1.500 a 1.800 m","m³",18.399999999999999]
[1901543,"Dragagem de areia grossa com draga hopper - capacidade da cisterna de 15.000 m³ - DMT de 1.800 a 2.100 m","m³",18.510000000000002]
[1901544,"Dragagem de areia grossa com draga hopper - capacidade da cisterna de 15.000 m³ - DMT de 2.100 a 2.400 m","m³",18.63]
[1901545,"Dragagem de areia grossa com draga hopper - capacidade da cisterna de 15.000 m³ - DMT de 2.400 a 2.700 m","m³",18.739999999999998]
[1901546,"Dragagem de areia grossa com draga hopper - capacidade da cisterna de 15.000 m³ - DMT de 2.700 a 3.000 m","m³",18.87]
[1901541,"Dragagem de areia grossa com draga hopper - capacidade da cisterna de 15.000 m³ - DMT de 3.000 m","m³",18.93]
[1917091,"Dragagem de areia grossa com draga hopper - capacidade da cisterna de 2.000 m³ - DMT de 1.500 a 1.800 m","m³",16.39]
[1917092,"Dragagem de areia grossa com draga hopper - capacidade da cisterna de 2.000 m³ - DMT de 1.800 a 2.100 m","m³",16.66]
[1917093,"Dragagem de areia grossa com draga hopper - capacidade da cisterna de 2.000 m³ - DMT de 2.100 a 2.400 m","m³",16.940000000000001]
[1917094,"Dragagem de areia grossa com draga hopper - capacidade da cisterna de 2.000 m³ - DMT de 2.400 a 2.700 m","m³",17.23]
[1917095,"Dragagem de areia grossa com draga hopper - capacidade da cisterna de 2.000 m³ - DMT de 2.700 a 3.000 m","m³",17.54]
[1917096,"Dragagem de areia grossa com draga hopper - capacidade da cisterna de 2.000 m³ - DMT de 3.000 m","m³",17.7]
[1901548,"Dragagem de areia grossa com draga hopper - capacidade da cisterna de 20.000 m³ - DMT de 1.500 a 1.800 m","m³",22.86]
[1901549,"Dragagem de areia grossa com draga hopper - capacidade da cisterna de 20.000 m³ - DMT de 1.800 a 2.100 m","m³",22.97]
[1901550,"Dragagem de areia grossa com draga hopper - capacidade da cisterna de 20.000 m³ - DMT de 2.100 a 2.400 m","m³",23.08]
[1901551,"Dragagem de areia grossa com draga hopper - capacidade da cisterna de 20.000 m³ - DMT de 2.400 a 2.700 m","m³",23.19]
[1901552,"Dragagem de areia grossa com draga hopper - capacidade da cisterna de 20.000 m³ - DMT de 2.700 a 3.000 m","m³",23.31]
[1901547,"Dragagem de areia grossa com draga hopper - capacidade da cisterna de 20.000 m³ - DMT de 3.000 m","m³",23.37]
[1917127,"Dragagem de areia grossa com draga hopper - capacidade da cisterna de 3.000 m³ - DMT de 1.500 a 1.800 m","m³",15.06]
[1917128,"Dragagem de areia grossa com draga hopper - capacidade da cisterna de 3.000 m³ - DMT de 1.800 a 2.100 m","m³",15.27]
[1917129,"Dragagem de areia grossa com draga hopper - capacidade da cisterna de 3.000 m³ - DMT de 2.100 a 2.400 m","m³",15.48]
[1917130,"Dragagem de areia grossa com draga hopper - capacidade da cisterna de 3.000 m³ - DMT de 2.400 a 2.700 m","m³",15.71]
[1917131,"Dragagem de areia grossa com draga hopper - capacidade da cisterna de 3.000 m³ - DMT de 2.700 a 3.000 m","m³",15.95]
[1917132,"Dragagem de areia grossa com draga hopper - capacidade da cisterna de 3.000 m³ - DMT de 3.000 m","m³",16.079999999999998]
[1917163,"Dragagem de areia grossa com draga hopper - capacidade da cisterna de 4.000 m³ - DMT de 1.500 a 1.800 m","m³",14.04]
[1917164,"Dragagem de areia grossa com draga hopper - capacidade da cisterna de 4.000 m³ - DMT de 1.800 a 2.100 m","m³",14.22]
[1917165,"Dragagem de areia grossa com draga hopper - capacidade da cisterna de 4.000 m³ - DMT de 2.100 a 2.400 m","m³",14.4]
[1917166,"Dragagem de areia grossa com draga hopper - capacidade da cisterna de 4.000 m³ - DMT de 2.400 a 2.700 m","m³",14.6]
[1917167,"Dragagem de areia grossa com draga hopper - capacidade da cisterna de 4.000 m³ - DMT de 2.700 a 3.000 m","m³",14.81]
[1917168,"Dragagem de areia grossa com draga hopper - capacidade da cisterna de 4.000 m³ - DMT de 3.000 m","m³",14.92]
[1917199,"Dragagem de areia grossa com draga hopper - capacidade da cisterna de 5.000 m³ - DMT de 1.500 a 1.800 m","m³",15.35]
[1917200,"Dragagem de areia grossa com draga hopper - capacidade da cisterna de 5.000 m³ - DMT de 1.800 a 2.100 m","m³",15.51]
[1917201,"Dragagem de areia grossa com draga hopper - capacidade da cisterna de 5.000 m³ - DMT de 2.100 a 2.400 m","m³",15.68]
[1917202,"Dragagem de areia grossa com draga hopper - capacidade da cisterna de 5.000 m³ - DMT de 2.400 a 2.700 m","m³",15.85]
[1917203,"Dragagem de areia grossa com draga hopper - capacidade da cisterna de 5.000 m³ - DMT de 2.700 a 3.000 m","m³",16.03]
[1917204,"Dragagem de areia grossa com draga hopper - capacidade da cisterna de 5.000 m³ - DMT de 3.000 m","m³",16.13]
[1917019,"Dragagem de areia grossa com draga hopper - capacidade da cisterna de 750 m³ - DMT de 1.500 a 1.800 m","m³",34.090000000000003]
[1917020,"Dragagem de areia grossa com draga hopper - capacidade da cisterna de 750 m³ - DMT de 1.800 a 2.100 m","m³",34.76]
[1917021,"Dragagem de areia grossa com draga hopper - capacidade da cisterna de 750 m³ - DMT de 2.100 a 2.400 m","m³",35.450000000000003]
[1917022,"Dragagem de areia grossa com draga hopper - capacidade da cisterna de 750 m³ - DMT de 2.400 a 2.700 m","m³",36.17]
[1917023,"Dragagem de areia grossa com draga hopper - capacidade da cisterna de 750 m³ - DMT de 2.700 a 3.000 m","m³",36.93]
[1917024,"Dragagem de areia grossa com draga hopper - capacidade da cisterna de 750 m³ - DMT de 3.000 m","m³",37.33]
[1917541,"Dragagem de areia média com draga de sucção e recalque - bomba de 1.350 kW e cortador de 170 kW - distância de recalque de 1.100 a 1.300 m","m³",6.72]
[1917542,"Dragagem de areia média com draga de sucção e recalque - bomba de 1.350 kW e cortador de 170 kW - distância de recalque de 1.300 a 1.500 m","m³",7.44]
[1917543,"Dragagem de areia média com draga de sucção e recalque - bomba de 1.350 kW e cortador de 170 kW - distância de recalque de 1.500 a 1.700 m","m³",7.78]
[1917544,"Dragagem de areia média com draga de sucção e recalque - bomba de 1.350 kW e cortador de 170 kW - distância de recalque de 1.700 a 1.900 m","m³",8.1300000000000008]
[1917545,"Dragagem de areia média com draga de sucção e recalque - bomba de 1.350 kW e cortador de 170 kW - distância de recalque de 1.900 a 2.100 m","m³",8.58]
[1917546,"Dragagem de areia média com draga de sucção e recalque - bomba de 1.350 kW e cortador de 170 kW - distância de recalque de 2.100 a 2.300 m","m³",8.9600000000000009]
[1917547,"Dragagem de areia média com draga de sucção e recalque - bomba de 1.350 kW e cortador de 170 kW - distância de recalque de 2.300 a 2.500 m","m³",9.73]
[1917548,"Dragagem de areia média com draga de sucção e recalque - bomba de 1.350 kW e cortador de 170 kW - distância de recalque de 2.500 a 2.700 m","m³",10.210000000000001]
[1917549,"Dragagem de areia média com draga de sucção e recalque - bomba de 1.350 kW e cortador de 170 kW - distância de recalque de 2.700 a 2.900 m","m³",10.72]
[1917550,"Dragagem de areia média com draga de sucção e recalque - bomba de 1.350 kW e cortador de 170 kW - distância de recalque de 2.900 a 3.100 m","m³",11.27]
[1917551,"Dragagem de areia média com draga de sucção e recalque - bomba de 1.350 kW e cortador de 170 kW - distância de recalque de 3.100 a 3.300 m","m³",12.14]
[1917552,"Dragagem de areia média com draga de sucção e recalque - bomba de 1.350 kW e cortador de 170 kW - distância de recalque de 3.300 a 3.500 m","m³",12.74]
[1917553,"Dragagem de areia média com draga de sucção e recalque - bomba de 1.350 kW e cortador de 170 kW - distância de recalque de 3.500 a 3.700 m","m³",12.6]
[1917554,"Dragagem de areia média com draga de sucção e recalque - bomba de 1.350 kW e cortador de 170 kW - distância de recalque de 3.700 a 3.900 m","m³",13.87]
[1917555,"Dragagem de areia média com draga de sucção e recalque - bomba de 1.350 kW e cortador de 170 kW - distância de recalque de 3.900 a 4.100 m","m³",14.52]
[1917556,"Dragagem de areia média com draga de sucção e recalque - bomba de 1.350 kW e cortador de 170 kW - distância de recalque de 4.100 a 4.300 m","m³",15.57]
[1917557,"Dragagem de areia média com draga de sucção e recalque - bomba de 1.350 kW e cortador de 170 kW - distância de recalque de 4.300 a 4.500 m","m³",16.28]
[1917558,"Dragagem de areia média com draga de sucção e recalque - bomba de 1.350 kW e cortador de 170 kW - distância de recalque de 4.500 a 4.700 m","m³",17.34]
[1917559,"Dragagem de areia média com draga de sucção e recalque - bomba de 1.350 kW e cortador de 170 kW - distância de recalque de 4.700 a 4.900 m","m³",19.14]
[1917560,"Dragagem de areia média com draga de sucção e recalque - bomba de 1.350 kW e cortador de 170 kW - distância de recalque de 4.900 a 5.100 m","m³",21.4]
[1917561,"Dragagem de areia média com draga de sucção e recalque - bomba de 1.350 kW e cortador de 170 kW - distância de recalque de 5.100 a 5.300 m","m³",23.65]
[1917562,"Dragagem de areia média com draga de sucção e recalque - bomba de 1.350 kW e cortador de 170 kW - distância de recalque de 5.300 a 5.500 m","m³",26.23]
[1917563,"Dragagem de areia média com draga de sucção e recalque - bomba de 1.350 kW e cortador de 170 kW - distância de recalque de 5.500 a 5.700 m","m³",28.59]
[1917564,"Dragagem de areia média com draga de sucção e recalque - bomba de 1.350 kW e cortador de 170 kW - distância de recalque de 5.700 a 5.900 m","m³",31.13]
[1917565,"Dragagem de areia média com draga de sucção e recalque - bomba de 1.350 kW e cortador de 170 kW - distância de recalque de 5.900 a 6.100 m","m³",34.51]
[1917538,"Dragagem de areia média com draga de sucção e recalque - bomba de 1.350 kW e cortador de 170 kW - distância de recalque de 500 a 700 m","m³",5.66]
[1917566,"Dragagem de areia média com draga de sucção e recalque - bomba de 1.350 kW e cortador de 170 kW - distância de recalque de 6.100 a 6.300 m","m³",37.96]
[1917567,"Dragagem de areia média com draga de sucção e recalque - bomba de 1.350 kW e cortador de 170 kW - distância de recalque de 6.300 a 6.500 m","m³",41.6]
[1917568,"Dragagem de areia média com draga de sucção e recalque - bomba de 1.350 kW e cortador de 170 kW - distância de recalque de 6.500 a 6.700 m","m³",45.08]
[1917569,"Dragagem de areia média com draga de sucção e recalque - bomba de 1.350 kW e cortador de 170 kW - distância de recalque de 6.700 a 6.900 m","m³",49.38]
[1917570,"Dragagem de areia média com draga de sucção e recalque - bomba de 1.350 kW e cortador de 170 kW - distância de recalque de 6.900 a 7.100 m","m³",53.35]
[1917571,"Dragagem de areia média com draga de sucção e recalque - bomba de 1.350 kW e cortador de 170 kW - distância de recalque de 7.100 a 7.300 m","m³",58.07]
[1917572,"Dragagem de areia média com draga de sucção e recalque - bomba de 1.350 kW e cortador de 170 kW - distância de recalque de 7.300 a 7.500 m","m³",63.33]
[1917573,"Dragagem de areia média com draga de sucção e recalque - bomba de 1.350 kW e cortador de 170 kW - distância de recalque de 7.500 a 7.700 m","m³",69.05]
[1917574,"Dragagem de areia média com draga de sucção e recalque - bomba de 1.350 kW e cortador de 170 kW - distância de recalque de 7.700 a 7.900 m","m³",74.260000000000005]
[1917539,"Dragagem de areia média com draga de sucção e recalque - bomba de 1.350 kW e cortador de 170 kW - distância de recalque de 700 a 900 m","m³",5.98]
[1917540,"Dragagem de areia média com draga de sucção e recalque - bomba de 1.350 kW e cortador de 170 kW - distância de recalque de 900 a 1.100 m","m³",6.39]
[1917738,"Dragagem de areia média com draga de sucção e recalque - bomba de 1.350 kW e cortador de 170 kW - distância de recalque de até 500 m","m³",5.57]
[1917238,"Dragagem de areia média com draga de sucção e recalque - bomba de 294 kW e cortador de 30 kW - distância de recalque de 1.100 a 1.300 m","m³",8.31]
[1917239,"Dragagem de areia média com draga de sucção e recalque - bomba de 294 kW e cortador de 30 kW - distância de recalque de 1.300 a 1.500 m","m³",9.08]
[1917240,"Dragagem de areia média com draga de sucção e recalque - bomba de 294 kW e cortador de 30 kW - distância de recalque de 1.500 a 1.700 m","m³",9.6999999999999993]
[1917241,"Dragagem de areia média com draga de sucção e recalque - bomba de 294 kW e cortador de 30 kW - distância de recalque de 1.700 a 1.900 m","m³",10.28]
[1917242,"Dragagem de areia média com draga de sucção e recalque - bomba de 294 kW e cortador de 30 kW - distância de recalque de 1.900 a 2.100 m","m³",10.83]
[1917243,"Dragagem de areia média com draga de sucção e recalque - bomba de 294 kW e cortador de 30 kW - distância de recalque de 2.100 a 2.300 m","m³",11.36]
[1917244,"Dragagem de areia média com draga de sucção e recalque - bomba de 294 kW e cortador de 30 kW - distância de recalque de 2.300 a 2.500 m","m³",12.08]
[1917245,"Dragagem de areia média com draga de sucção e recalque - bomba de 294 kW e cortador de 30 kW - distância de recalque de 2.500 a 2.700 m","m³",12.72]
[1917246,"Dragagem de areia média com draga de sucção e recalque - bomba de 294 kW e cortador de 30 kW - distância de recalque de 2.700 a 2.900 m","m³",13.4]
[1917247,"Dragagem de areia média com draga de sucção e recalque - bomba de 294 kW e cortador de 30 kW - distância de recalque de 2.900 a 3.100 m","m³",14.52]
[1917248,"Dragagem de areia média com draga de sucção e recalque - bomba de 294 kW e cortador de 30 kW - distância de recalque de 3.100 a 3.300 m","m³",16.600000000000001]
[1917249,"Dragagem de areia média com draga de sucção e recalque - bomba de 294 kW e cortador de 30 kW - distância de recalque de 3.300 a 3.500 m","m³",19.93]
[1917235,"Dragagem de areia média com draga de sucção e recalque - bomba de 294 kW e cortador de 30 kW - distância de recalque de 500 a 700 m","m³",6.61]
[1917236,"Dragagem de areia média com draga de sucção e recalque - bomba de 294 kW e cortador de 30 kW - distância de recalque de 700 a 900 m","m³",7.06]
[1917237,"Dragagem de areia média com draga de sucção e recalque - bomba de 294 kW e cortador de 30 kW - distância de recalque de 900 a 1.100 m","m³",7.61]
[1917725,"Dragagem de areia média com draga de sucção e recalque - bomba de 294 kW e cortador de 30 kW - distância de recalque de até 500 m","m³",6.43]
[1917311,"Dragagem de areia média com draga de sucção e recalque - bomba de 483 kW e cortador de 55 kW - distância de recalque de 1.100 a 1.300 m","m³",6.57]
[1917312,"Dragagem de areia média com draga de sucção e recalque - bomba de 483 kW e cortador de 55 kW - distância de recalque de 1.300 a 1.500 m","m³",7.4]
[1917313,"Dragagem de areia média com draga de sucção e recalque - bomba de 483 kW e cortador de 55 kW - distância de recalque de 1.500 a 1.700 m","m³",7.93]
[1917314,"Dragagem de areia média com draga de sucção e recalque - bomba de 483 kW e cortador de 55 kW - distância de recalque de 1.700 a 1.900 m","m³",8.44]
[1917315,"Dragagem de areia média com draga de sucção e recalque - bomba de 483 kW e cortador de 55 kW - distância de recalque de 1.900 a 2.100 m","m³",9.06]
[1917316,"Dragagem de areia média com draga de sucção e recalque - bomba de 483 kW e cortador de 55 kW - distância de recalque de 2.100 a 2.300 m","m³",9.68]
[1917317,"Dragagem de areia média com draga de sucção e recalque - bomba de 483 kW e cortador de 55 kW - distância de recalque de 2.300 a 2.500 m","m³",10.64]
[1917318,"Dragagem de areia média com draga de sucção e recalque - bomba de 483 kW e cortador de 55 kW - distância de recalque de 2.500 a 2.700 m","m³",11.49]
[1917319,"Dragagem de areia média com draga de sucção e recalque - bomba de 483 kW e cortador de 55 kW - distância de recalque de 2.700 a 2.900 m","m³",12.29]
[1917320,"Dragagem de areia média com draga de sucção e recalque - bomba de 483 kW e cortador de 55 kW - distância de recalque de 2.900 a 3.100 m","m³",13.16]
[1917321,"Dragagem de areia média com draga de sucção e recalque - bomba de 483 kW e cortador de 55 kW - distância de recalque de 3.100 a 3.300 m","m³",16.14]
[1917322,"Dragagem de areia média com draga de sucção e recalque - bomba de 483 kW e cortador de 55 kW - distância de recalque de 3.300 a 3.500 m","m³",18.739999999999998]
[1917323,"Dragagem de areia média com draga de sucção e recalque - bomba de 483 kW e cortador de 55 kW - distância de recalque de 3.500 a 3.700 m","m³",22.08]
[1917324,"Dragagem de areia média com draga de sucção e recalque - bomba de 483 kW e cortador de 55 kW - distância de recalque de 3.700 a 3.900 m","m³",25.6]
[1917325,"Dragagem de areia média com draga de sucção e recalque - bomba de 483 kW e cortador de 55 kW - distância de recalque de 3.900 a 4.100 m","m³",29.76]
[1917326,"Dragagem de areia média com draga de sucção e recalque - bomba de 483 kW e cortador de 55 kW - distância de recalque de 4.100 a 4.300 m","m³",35.409999999999997]
[1917327,"Dragagem de areia média com draga de sucção e recalque - bomba de 483 kW e cortador de 55 kW - distância de recalque de 4.300 a 4.500 m","m³",41.15]
[1917328,"Dragagem de areia média com draga de sucção e recalque - bomba de 483 kW e cortador de 55 kW - distância de recalque de 4.500 a 4.700 m","m³",47.75]
[1917329,"Dragagem de areia média com draga de sucção e recalque - bomba de 483 kW e cortador de 55 kW - distância de recalque de 4.700 a 4.900 m","m³",52.26]
[1917330,"Dragagem de areia média com draga de sucção e recalque - bomba de 483 kW e cortador de 55 kW - distância de recalque de 4.900 a 5.100 m","m³",57.82]
[1917308,"Dragagem de areia média com draga de sucção e recalque - bomba de 483 kW e cortador de 55 kW - distância de recalque de 500 a 700 m","m³",5.44]
[1917309,"Dragagem de areia média com draga de sucção e recalque - bomba de 483 kW e cortador de 55 kW - distância de recalque de 700 a 900 m","m³",5.76]
[1917310,"Dragagem de areia média com draga de sucção e recalque - bomba de 483 kW e cortador de 55 kW - distância de recalque de 900 a 1.100 m","m³",6.1]
[1917730,"Dragagem de areia média com draga de sucção e recalque - bomba de 483 kW e cortador de 55 kW - distância de recalque de até 500 m","m³",5.37]
[1917415,"Dragagem de areia média com draga de sucção e recalque - bomba de 746 kW e cortador de 110 kW - distância de recalque de 1.100 a 1.300 m","m³",6.69]
[1917416,"Dragagem de areia média com draga de sucção e recalque - bomba de 746 kW e cortador de 110 kW - distância de recalque de 1.300 a 1.500 m","m³",7.43]
[1917417,"Dragagem de areia média com draga de sucção e recalque - bomba de 746 kW e cortador de 110 kW - distância de recalque de 1.500 a 1.700 m","m³",7.94]
[1917418,"Dragagem de areia média com draga de sucção e recalque - bomba de 746 kW e cortador de 110 kW - distância de recalque de 1.700 a 1.900 m","m³",8.42]
[1917419,"Dragagem de areia média com draga de sucção e recalque - bomba de 746 kW e cortador de 110 kW - distância de recalque de 1.900 a 2.100 m","m³",8.84]
[1917420,"Dragagem de areia média com draga de sucção e recalque - bomba de 746 kW e cortador de 110 kW - distância de recalque de 2.100 a 2.300 m","m³",9.35]
[1917421,"Dragagem de areia média com draga de sucção e recalque - bomba de 746 kW e cortador de 110 kW - distância de recalque de 2.300 a 2.500 m","m³",10.130000000000001]
[1917422,"Dragagem de areia média com draga de sucção e recalque - bomba de 746 kW e cortador de 110 kW - distância de recalque de 2.500 a 2.700 m","m³",10.61]
[1917423,"Dragagem de areia média com draga de sucção e recalque - bomba de 746 kW e cortador de 110 kW - distância de recalque de 2.700 a 2.900 m","m³",11.11]
[1917424,"Dragagem de areia média com draga de sucção e recalque - bomba de 746 kW e cortador de 110 kW - distância de recalque de 2.900 a 3.100 m","m³",11.61]
[1917425,"Dragagem de areia média com draga de sucção e recalque - bomba de 746 kW e cortador de 110 kW - distância de recalque de 3.100 a 3.300 m","m³",12.6]
[1917426,"Dragagem de areia média com draga de sucção e recalque - bomba de 746 kW e cortador de 110 kW - distância de recalque de 3.300 a 3.500 m","m³",13.69]
[1917427,"Dragagem de areia média com draga de sucção e recalque - bomba de 746 kW e cortador de 110 kW - distância de recalque de 3.500 a 3.700 m","m³",15.7]
[1917428,"Dragagem de areia média com draga de sucção e recalque - bomba de 746 kW e cortador de 110 kW - distância de recalque de 3.700 a 3.900 m","m³",18.05]
[1917429,"Dragagem de areia média com draga de sucção e recalque - bomba de 746 kW e cortador de 110 kW - distância de recalque de 3.900 a 4.100 m","m³",20.52]
[1917430,"Dragagem de areia média com draga de sucção e recalque - bomba de 746 kW e cortador de 110 kW - distância de recalque de 4.100 a 4.300 m","m³",23.78]
[1917431,"Dragagem de areia média com draga de sucção e recalque - bomba de 746 kW e cortador de 110 kW - distância de recalque de 4.300 a 4.500 m","m³",26.67]
[1917432,"Dragagem de areia média com draga de sucção e recalque - bomba de 746 kW e cortador de 110 kW - distância de recalque de 4.500 a 4.700 m","m³",30.42]
[1917433,"Dragagem de areia média com draga de sucção e recalque - bomba de 746 kW e cortador de 110 kW - distância de recalque de 4.700 a 4.900 m","m³",34.270000000000003]
[1917434,"Dragagem de areia média com draga de sucção e recalque - bomba de 746 kW e cortador de 110 kW - distância de recalque de 4.900 a 5.100 m","m³",38.799999999999997]
[1917435,"Dragagem de areia média com draga de sucção e recalque - bomba de 746 kW e cortador de 110 kW - distância de recalque de 5.100 a 5.300 m","m³",44.28]
[1917436,"Dragagem de areia média com draga de sucção e recalque - bomba de 746 kW e cortador de 110 kW - distância de recalque de 5.300 a 5.500 m","m³",49.24]
[1917437,"Dragagem de areia média com draga de sucção e recalque - bomba de 746 kW e cortador de 110 kW - distância de recalque de 5.500 a 5.700 m","m³",55.59]
[1917438,"Dragagem de areia média com draga de sucção e recalque - bomba de 746 kW e cortador de 110 kW - distância de recalque de 5.700 a 5.900 m","m³",60.02]
[1917439,"Dragagem de areia média com draga de sucção e recalque - bomba de 746 kW e cortador de 110 kW - distância de recalque de 5.900 a 6.100 m","m³",63.88]
[1917412,"Dragagem de areia média com draga de sucção e recalque - bomba de 746 kW e cortador de 110 kW - distância de recalque de 500 a 700 m","m³",5.1100000000000003]
[1917413,"Dragagem de areia média com draga de sucção e recalque - bomba de 746 kW e cortador de 110 kW - distância de recalque de 700 a 900 m","m³",5.68]
[1917414,"Dragagem de areia média com draga de sucção e recalque - bomba de 746 kW e cortador de 110 kW - distância de recalque de 900 a 1.100 m","m³",6.25]
[1917733,"Dragagem de areia média com draga de sucção e recalque - bomba de 746 kW e cortador de 110 kW - distância de recalque de até 500 m","m³",4.76]
[1917049,"Dragagem de areia média com draga hopper - capacidade da cisterna de 1.000 m³ - DMT de 1.500 a 1.800 m","m³",25.39]
[1917050,"Dragagem de areia média com draga hopper - capacidade da cisterna de 1.000 m³ - DMT de 1.800 a 2.100 m","m³",25.85]
[1917051,"Dragagem de areia média com draga hopper - capacidade da cisterna de 1.000 m³ - DMT de 2.100 a 2.400 m","m³",26.33]
[1917052,"Dragagem de areia média com draga hopper - capacidade da cisterna de 1.000 m³ - DMT de 2.400 a 2.700 m","m³",26.82]
[1917053,"Dragagem de areia média com draga hopper - capacidade da cisterna de 1.000 m³ - DMT de 2.700 a 3.000 m","m³",27.35]
[1917054,"Dragagem de areia média com draga hopper - capacidade da cisterna de 1.000 m³ - DMT de 3.000 m","m³",27.63]
[1901553,"Dragagem de areia média com draga hopper - capacidade da cisterna de 10.000 m³ - DMT de 1.500 a 1.800 m","m³",14.59]
[1901554,"Dragagem de areia média com draga hopper - capacidade da cisterna de 10.000 m³ - DMT de 1.800 a 2.100 m","m³",14.71]
[1901555,"Dragagem de areia média com draga hopper - capacidade da cisterna de 10.000 m³ - DMT de 2.100 a 2.400 m","m³",14.83]
[1901556,"Dragagem de areia média com draga hopper - capacidade da cisterna de 10.000 m³ - DMT de 2.400 a 2.700 m","m³",14.96]
[1901557,"Dragagem de areia média com draga hopper - capacidade da cisterna de 10.000 m³ - DMT de 2.700 a 3.000 m","m³",15.09]
[1901558,"Dragagem de areia média com draga hopper - capacidade da cisterna de 10.000 m³ - DMT de 3.000 m","m³",15.16]
[1901560,"Dragagem de areia média com draga hopper - capacidade da cisterna de 15.000 m³ - DMT de 1.500 a 1.800 m","m³",19.14]
[1901561,"Dragagem de areia média com draga hopper - capacidade da cisterna de 15.000 m³ - DMT de 1.800 a 2.100 m","m³",19.25]
[1901562,"Dragagem de areia média com draga hopper - capacidade da cisterna de 15.000 m³ - DMT de 2.100 a 2.400 m","m³",19.37]
[1901563,"Dragagem de areia média com draga hopper - capacidade da cisterna de 15.000 m³ - DMT de 2.400 a 2.700 m","m³",19.489999999999998]
[1901564,"Dragagem de areia média com draga hopper - capacidade da cisterna de 15.000 m³ - DMT de 2.700 a 3.000 m","m³",19.61]
[1901559,"Dragagem de areia média com draga hopper - capacidade da cisterna de 15.000 m³ - DMT de 3.000 m","m³",19.68]
[1917085,"Dragagem de areia média com draga hopper - capacidade da cisterna de 2.000 m³ - DMT de 1.500 a 1.800 m","m³",16.95]
[1917086,"Dragagem de areia média com draga hopper - capacidade da cisterna de 2.000 m³ - DMT de 1.800 a 2.100 m","m³",17.22]
[1917087,"Dragagem de areia média com draga hopper - capacidade da cisterna de 2.000 m³ - DMT de 2.100 a 2.400 m","m³",17.5]
[1917088,"Dragagem de areia média com draga hopper - capacidade da cisterna de 2.000 m³ - DMT de 2.400 a 2.700 m","m³",17.79]
[1917089,"Dragagem de areia média com draga hopper - capacidade da cisterna de 2.000 m³ - DMT de 2.700 a 3.000 m","m³",18.100000000000001]
[1917090,"Dragagem de areia média com draga hopper - capacidade da cisterna de 2.000 m³ - DMT de 3.000 m","m³",18.27]
[1901566,"Dragagem de areia média com draga hopper - capacidade da cisterna de 20.000 m³ - DMT de 1.500 a 1.800 m","m³",23.81]
[1901567,"Dragagem de areia média com draga hopper - capacidade da cisterna de 20.000 m³ - DMT de 1.800 a 2.100 m","m³",23.91]
[1901568,"Dragagem de areia média com draga hopper - capacidade da cisterna de 20.000 m³ - DMT de 2.100 a 2.400 m","m³",24.02]
[1901569,"Dragagem de areia média com draga hopper - capacidade da cisterna de 20.000 m³ - DMT de 2.400 a 2.700 m","m³",24.14]
[1901570,"Dragagem de areia média com draga hopper - capacidade da cisterna de 20.000 m³ - DMT de 2.700 a 3.000 m","m³",24.26]
[1901565,"Dragagem de areia média com draga hopper - capacidade da cisterna de 20.000 m³ - DMT de 3.000 m","m³",24.32]
[1917121,"Dragagem de areia média com draga hopper - capacidade da cisterna de 3.000 m³ - DMT de 1.500 a 1.800 m","m³",15.58]
[1917122,"Dragagem de areia média com draga hopper - capacidade da cisterna de 3.000 m³ - DMT de 1.800 a 2.100 m","m³",15.8]
[1917123,"Dragagem de areia média com draga hopper - capacidade da cisterna de 3.000 m³ - DMT de 2.100 a 2.400 m","m³",16.010000000000002]
[1917124,"Dragagem de areia média com draga hopper - capacidade da cisterna de 3.000 m³ - DMT de 2.400 a 2.700 m","m³",16.239999999999998]
[1917125,"Dragagem de areia média com draga hopper - capacidade da cisterna de 3.000 m³ - DMT de 2.700 a 3.000 m","m³",16.489999999999998]
[1917126,"Dragagem de areia média com draga hopper - capacidade da cisterna de 3.000 m³ - DMT de 3.000 m","m³",16.62]
[1917157,"Dragagem de areia média com draga hopper - capacidade da cisterna de 4.000 m³ - DMT de 1.500 a 1.800 m","m³",14.53]
[1917158,"Dragagem de areia média com draga hopper - capacidade da cisterna de 4.000 m³ - DMT de 1.800 a 2.100 m","m³",14.72]
[1917159,"Dragagem de areia média com draga hopper - capacidade da cisterna de 4.000 m³ - DMT de 2.100 a 2.400 m","m³",14.91]
[1917160,"Dragagem de areia média com draga hopper - capacidade da cisterna de 4.000 m³ - DMT de 2.400 a 2.700 m","m³",15.1]
[1917161,"Dragagem de areia média com draga hopper - capacidade da cisterna de 4.000 m³ - DMT de 2.700 a 3.000 m","m³",15.31]
[1917162,"Dragagem de areia média com draga hopper - capacidade da cisterna de 4.000 m³ - DMT de 3.000 m","m³",15.43]
[1917193,"Dragagem de areia média com draga hopper - capacidade da cisterna de 5.000 m³ - DMT de 1.500 a 1.800 m","m³",15.92]
[1917194,"Dragagem de areia média com draga hopper - capacidade da cisterna de 5.000 m³ - DMT de 1.800 a 2.100 m","m³",16.079999999999998]
[1917195,"Dragagem de areia média com draga hopper - capacidade da cisterna de 5.000 m³ - DMT de 2.100 a 2.400 m","m³",16.25]
[1917196,"Dragagem de areia média com draga hopper - capacidade da cisterna de 5.000 m³ - DMT de 2.400 a 2.700 m","m³",16.420000000000002]
[1917197,"Dragagem de areia média com draga hopper - capacidade da cisterna de 5.000 m³ - DMT de 2.700 a 3.000 m","m³",16.61]
[1917198,"Dragagem de areia média com draga hopper - capacidade da cisterna de 5.000 m³ - DMT de 3.000 m","m³",16.71]
[1917013,"Dragagem de areia média com draga hopper - capacidade da cisterna de 750 m³ - DMT de 1.500 a 1.800 m","m³",35.25]
[1917014,"Dragagem de areia média com draga hopper - capacidade da cisterna de 750 m³ - DMT de 1.800 a 2.100 m","m³",35.93]
[1917015,"Dragagem de areia média com draga hopper - capacidade da cisterna de 750 m³ - DMT de 2.100 a 2.400 m","m³",36.619999999999997]
[1917016,"Dragagem de areia média com draga hopper - capacidade da cisterna de 750 m³ - DMT de 2.400 a 2.700 m","m³",37.35]
[1917017,"Dragagem de areia média com draga hopper - capacidade da cisterna de 750 m³ - DMT de 2.700 a 3.000 m","m³",38.119999999999997]
[1917018,"Dragagem de areia média com draga hopper - capacidade da cisterna de 750 m³ - DMT de 3.000 m","m³",38.520000000000003]
[1917623,"Dragagem de cascalho com draga de sucção e recalque - bomba de 1.350 kW e cortador de 170 kW - distância de recalque de 1.100 a 1.300 m","m³",23.54]
[1917624,"Dragagem de cascalho com draga de sucção e recalque - bomba de 1.350 kW e cortador de 170 kW - distância de recalque de 1.300 a 1.500 m","m³",29.74]
[1917625,"Dragagem de cascalho com draga de sucção e recalque - bomba de 1.350 kW e cortador de 170 kW - distância de recalque de 1.500 a 1.700 m","m³",37.33]
[1917626,"Dragagem de cascalho com draga de sucção e recalque - bomba de 1.350 kW e cortador de 170 kW - distância de recalque de 1.700 a 1.900 m","m³",45.75]
[1917627,"Dragagem de cascalho com draga de sucção e recalque - bomba de 1.350 kW e cortador de 170 kW - distância de recalque de 1.900 a 2.100 m","m³",55.08]
[1917628,"Dragagem de cascalho com draga de sucção e recalque - bomba de 1.350 kW e cortador de 170 kW - distância de recalque de 2.100 a 2.300 m","m³",64.459999999999994]
[1917620,"Dragagem de cascalho com draga de sucção e recalque - bomba de 1.350 kW e cortador de 170 kW - distância de recalque de 500 a 700 m","m³",11.03]
[1917621,"Dragagem de cascalho com draga de sucção e recalque - bomba de 1.350 kW e cortador de 170 kW - distância de recalque de 700 a 900 m","m³",12.77]
[1917622,"Dragagem de cascalho com draga de sucção e recalque - bomba de 1.350 kW e cortador de 170 kW - distância de recalque de 900 a 1.100 m","m³",15.89]
[1917741,"Dragagem de cascalho com draga de sucção e recalque - bomba de 1.350 kW e cortador de 170 kW - distância de recalque de até 500 m","m³",10.18]
[1917269,"Dragagem de cascalho com draga de sucção e recalque - bomba de 294 kW e cortador de 30 kW - distância de recalque de 1.100 a 1.300 m","m³",27.29]
[1917270,"Dragagem de cascalho com draga de sucção e recalque - bomba de 294 kW e cortador de 30 kW - distância de recalque de 1.300 a 1.500 m","m³",36.799999999999997]
[1917266,"Dragagem de cascalho com draga de sucção e recalque - bomba de 294 kW e cortador de 30 kW - distância de recalque de 500 a 700 m","m³",8.9499999999999993]
[1917267,"Dragagem de cascalho com draga de sucção e recalque - bomba de 294 kW e cortador de 30 kW - distância de recalque de 700 a 900 m","m³",12.99]
[1917268,"Dragagem de cascalho com draga de sucção e recalque - bomba de 294 kW e cortador de 30 kW - distância de recalque de 900 a 1.100 m","m³",19.8]
[1917728,"Dragagem de cascalho com draga de sucção e recalque - bomba de 294 kW e cortador de 30 kW - distância de recalque de até 500 m","m³",8.25]
[1917358,"Dragagem de cascalho com draga de sucção e recalque - bomba de 483 kW e cortador de 55 kW - distância de recalque até 500 m","m³",8.52]
[1917362,"Dragagem de cascalho com draga de sucção e recalque - bomba de 483 kW e cortador de 55 kW - distância de recalque de 1.100 a 1.300 m","m³",41.13]
[1917363,"Dragagem de cascalho com draga de sucção e recalque - bomba de 483 kW e cortador de 55 kW - distância de recalque de 1.300 a 1.500 m","m³",50.14]
[1917359,"Dragagem de cascalho com draga de sucção e recalque - bomba de 483 kW e cortador de 55 kW - distância de recalque de 500 a 700 m","m³",12]
[1917360,"Dragagem de cascalho com draga de sucção e recalque - bomba de 483 kW e cortador de 55 kW - distância de recalque de 700 a 900 m","m³",19.66]
[1917361,"Dragagem de cascalho com draga de sucção e recalque - bomba de 483 kW e cortador de 55 kW - distância de recalque de 900 a 1.100 m","m³",29.46]
[1917476,"Dragagem de cascalho com draga de sucção e recalque - bomba de 746 kW e cortador de 110 kW - distância de recalque de 1.100 a 1.300 m","m³",31.6]
[1917477,"Dragagem de cascalho com draga de sucção e recalque - bomba de 746 kW e cortador de 110 kW - distância de recalque de 1.300 a 1.500 m","m³",40.78]
[1917478,"Dragagem de cascalho com draga de sucção e recalque - bomba de 746 kW e cortador de 110 kW - distância de recalque de 1.500 a 1.700 m","m³",52.42]
[1917479,"Dragagem de cascalho com draga de sucção e recalque - bomba de 746 kW e cortador de 110 kW - distância de recalque de 1.700 a 1.900 m","m³",56.97]
[1917473,"Dragagem de cascalho com draga de sucção e recalque - bomba de 746 kW e cortador de 110 kW - distância de recalque de 500 a 700 m","m³",14.47]
[1917474,"Dragagem de cascalho com draga de sucção e recalque - bomba de 746 kW e cortador de 110 kW - distância de recalque de 700 a 900 m","m³",18.59]
[1917475,"Dragagem de cascalho com draga de sucção e recalque - bomba de 746 kW e cortador de 110 kW - distância de recalque de 900 a 1.100 m","m³",23.78]
[1917736,"Dragagem de cascalho com draga de sucção e recalque - bomba de 746 kW e cortador de 110 kW - distância de recalque de até 500 m","m³",10.32]
[1917067,"Dragagem de cascalho com draga hopper - capacidade da cisterna de 1.000 m³ - DMT de 1.500 a 1.800 m","m³",23.72]
[1917068,"Dragagem de cascalho com draga hopper - capacidade da cisterna de 1.000 m³ - DMT de 1.800 a 2.100 m","m³",24.19]
[1917069,"Dragagem de cascalho com draga hopper - capacidade da cisterna de 1.000 m³ - DMT de 2.100 a 2.400 m","m³",24.68]
[1917070,"Dragagem de cascalho com draga hopper - capacidade da cisterna de 1.000 m³ - DMT de 2.400 a 2.700 m","m³",25.19]
[1917071,"Dragagem de cascalho com draga hopper - capacidade da cisterna de 1.000 m³ - DMT de 2.700 a 3.000 m","m³",25.73]
[1917072,"Dragagem de cascalho com draga hopper - capacidade da cisterna de 1.000 m³ - DMT de 3.000 m","m³",26.01]
[1901572,"Dragagem de cascalho com draga hopper - capacidade da cisterna de 10.000 m³ - DMT de 1.500 a 1.800 m","m³",13.36]
[1901573,"Dragagem de cascalho com draga hopper - capacidade da cisterna de 10.000 m³ - DMT de 1.800 a 2.100 m","m³",13.47]
[1901574,"Dragagem de cascalho com draga hopper - capacidade da cisterna de 10.000 m³ - DMT de 2.100 a 2.400 m","m³",13.6]
[1901575,"Dragagem de cascalho com draga hopper - capacidade da cisterna de 10.000 m³ - DMT de 2.400 a 2.700 m","m³",13.73]
[1901576,"Dragagem de cascalho com draga hopper - capacidade da cisterna de 10.000 m³ - DMT de 2.700 a 3.000 m","m³",13.86]
[1901571,"Dragagem de cascalho com draga hopper - capacidade da cisterna de 10.000 m³ - DMT de 3.000 m","m³",13.94]
[1901578,"Dragagem de cascalho com draga hopper - capacidade da cisterna de 15.000 m³ - DMT de 1.500 a 1.800 m","m³",17.37]
[1901579,"Dragagem de cascalho com draga hopper - capacidade da cisterna de 15.000 m³ - DMT de 1.800 a 2.100 m","m³",17.48]
[1901580,"Dragagem de cascalho com draga hopper - capacidade da cisterna de 15.000 m³ - DMT de 2.100 a 2.400 m","m³",17.600000000000001]
[1901581,"Dragagem de cascalho com draga hopper - capacidade da cisterna de 15.000 m³ - DMT de 2.400 a 2.700 m","m³",17.72]
[1901582,"Dragagem de cascalho com draga hopper - capacidade da cisterna de 15.000 m³ - DMT de 2.700 a 3.000 m","m³",17.850000000000001]
[1901577,"Dragagem de cascalho com draga hopper - capacidade da cisterna de 15.000 m³ - DMT de 3.000 m","m³",17.91]
[1917103,"Dragagem de cascalho com draga hopper - capacidade da cisterna de 2.000 m³ - DMT de 1.500 a 1.800 m","m³",15.8]
[1917104,"Dragagem de cascalho com draga hopper - capacidade da cisterna de 2.000 m³ - DMT de 1.800 a 2.100 m","m³",16.07]
[1917105,"Dragagem de cascalho com draga hopper - capacidade da cisterna de 2.000 m³ - DMT de 2.100 a 2.400 m","m³",16.36]
[1917106,"Dragagem de cascalho com draga hopper - capacidade da cisterna de 2.000 m³ - DMT de 2.400 a 2.700 m","m³",16.66]
[1917107,"Dragagem de cascalho com draga hopper - capacidade da cisterna de 2.000 m³ - DMT de 2.700 a 3.000 m","m³",16.98]
[1917108,"Dragagem de cascalho com draga hopper - capacidade da cisterna de 2.000 m³ - DMT de 3.000 m","m³",17.149999999999999]
[1901583,"Dragagem de cascalho com draga hopper - capacidade da cisterna de 20.000 m³ - DMT de 1.500 a 1.800 m","m³",21.49]
[1901584,"Dragagem de cascalho com draga hopper - capacidade da cisterna de 20.000 m³ - DMT de 1.800 a 2.100 m","m³",21.6]
[1901585,"Dragagem de cascalho com draga hopper - capacidade da cisterna de 20.000 m³ - DMT de 2.100 a 2.400 m","m³",21.71]
[1901586,"Dragagem de cascalho com draga hopper - capacidade da cisterna de 20.000 m³ - DMT de 2.400 a 2.700 m","m³",21.83]
[1901587,"Dragagem de cascalho com draga hopper - capacidade da cisterna de 20.000 m³ - DMT de 2.700 a 3.000 m","m³",21.95]
[1901588,"Dragagem de cascalho com draga hopper - capacidade da cisterna de 20.000 m³ - DMT de 3.000 m","m³",22.02]
[1917139,"Dragagem de cascalho com draga hopper - capacidade da cisterna de 3.000 m³ - DMT de 1.500 a 1.800 m","m³",14.45]
[1917140,"Dragagem de cascalho com draga hopper - capacidade da cisterna de 3.000 m³ - DMT de 1.800 a 2.100 m","m³",14.67]
[1917141,"Dragagem de cascalho com draga hopper - capacidade da cisterna de 3.000 m³ - DMT de 2.100 a 2.400 m","m³",14.89]
[1917142,"Dragagem de cascalho com draga hopper - capacidade da cisterna de 3.000 m³ - DMT de 2.400 a 2.700 m","m³",15.13]
[1917143,"Dragagem de cascalho com draga hopper - capacidade da cisterna de 3.000 m³ - DMT de 2.700 a 3.000 m","m³",15.37]
[1917144,"Dragagem de cascalho com draga hopper - capacidade da cisterna de 3.000 m³ - DMT de 3.000 m","m³",15.51]
[1917175,"Dragagem de cascalho com draga hopper - capacidade da cisterna de 4.000 m³ - DMT de 1.500 a 1.800 m","m³",13.45]
[1917176,"Dragagem de cascalho com draga hopper - capacidade da cisterna de 4.000 m³ - DMT de 1.800 a 2.100 m","m³",13.64]
[1917177,"Dragagem de cascalho com draga hopper - capacidade da cisterna de 4.000 m³ - DMT de 2.100 a 2.400 m","m³",13.83]
[1917178,"Dragagem de cascalho com draga hopper - capacidade da cisterna de 4.000 m³ - DMT de 2.400 a 2.700 m","m³",14.03]
[1917179,"Dragagem de cascalho com draga hopper - capacidade da cisterna de 4.000 m³ - DMT de 2.700 a 3.000 m","m³",14.25]
[1917180,"Dragagem de cascalho com draga hopper - capacidade da cisterna de 4.000 m³ - DMT de 3.000 m","m³",14.36]
[1917211,"Dragagem de cascalho com draga hopper - capacidade da cisterna de 5.000 m³ - DMT de 1.500 a 1.800 m","m³",14.63]
[1917212,"Dragagem de cascalho com draga hopper - capacidade da cisterna de 5.000 m³ - DMT de 1.800 a 2.100 m","m³",14.8]
[1917213,"Dragagem de cascalho com draga hopper - capacidade da cisterna de 5.000 m³ - DMT de 2.100 a 2.400 m","m³",14.97]
[1917214,"Dragagem de cascalho com draga hopper - capacidade da cisterna de 5.000 m³ - DMT de 2.400 a 2.700 m","m³",15.15]
[1917215,"Dragagem de cascalho com draga hopper - capacidade da cisterna de 5.000 m³ - DMT de 2.700 a 3.000 m","m³",15.34]
[1917216,"Dragagem de cascalho com draga hopper - capacidade da cisterna de 5.000 m³ - DMT de 3.000 m","m³",15.43]
[1917031,"Dragagem de cascalho com draga hopper - capacidade da cisterna de 750 m³ - DMT de 1.500 a 1.800 m","m³",32.83]
[1917032,"Dragagem de cascalho com draga hopper - capacidade da cisterna de 750 m³ - DMT de 1.800 a 2.100 m","m³",33.53]
[1917033,"Dragagem de cascalho com draga hopper - capacidade da cisterna de 750 m³ - DMT de 2.100 a 2.400 m","m³",34.229999999999997]
[1917034,"Dragagem de cascalho com draga hopper - capacidade da cisterna de 750 m³ - DMT de 2.400 a 2.700 m","m³",34.979999999999997]
[1917035,"Dragagem de cascalho com draga hopper - capacidade da cisterna de 750 m³ - DMT de 2.700 a 3.000 m","m³",35.770000000000003]
[1917036,"Dragagem de cascalho com draga hopper - capacidade da cisterna de 750 m³ - DMT de 3.000 m","m³",36.19]
[1917605,"Dragagem de cascalho fino com draga de sucção e recalque - bomba de 1.350 kW e cortador de 170 kW - distância de recalque de 1.100 a 1.300 m","m³",10.15]
[1917606,"Dragagem de cascalho fino com draga de sucção e recalque - bomba de 1.350 kW e cortador de 170 kW - distância de recalque de 1.300 a 1.500 m","m³",10.9]
[1917607,"Dragagem de cascalho fino com draga de sucção e recalque - bomba de 1.350 kW e cortador de 170 kW - distância de recalque de 1.500 a 1.700 m","m³",11.66]
[1917608,"Dragagem de cascalho fino com draga de sucção e recalque - bomba de 1.350 kW e cortador de 170 kW - distância de recalque de 1.700 a 1.900 m","m³",12.94]
[1917609,"Dragagem de cascalho fino com draga de sucção e recalque - bomba de 1.350 kW e cortador de 170 kW - distância de recalque de 1.900 a 2.100 m","m³",14.79]
[1917610,"Dragagem de cascalho fino com draga de sucção e recalque - bomba de 1.350 kW e cortador de 170 kW - distância de recalque de 2.100 a 2.300 m","m³",17.600000000000001]
[1917611,"Dragagem de cascalho fino com draga de sucção e recalque - bomba de 1.350 kW e cortador de 170 kW - distância de recalque de 2.300 a 2.500 m","m³",20.76]
[1917612,"Dragagem de cascalho fino com draga de sucção e recalque - bomba de 1.350 kW e cortador de 170 kW - distância de recalque de 2.500 a 2.700 m","m³",24.47]
[1917613,"Dragagem de cascalho fino com draga de sucção e recalque - bomba de 1.350 kW e cortador de 170 kW - distância de recalque de 2.700 a 2.900 m","m³",28.64]
[1917614,"Dragagem de cascalho fino com draga de sucção e recalque - bomba de 1.350 kW e cortador de 170 kW - distância de recalque de 2.900 a 3.100 m","m³",33.22]
[1917615,"Dragagem de cascalho fino com draga de sucção e recalque - bomba de 1.350 kW e cortador de 170 kW - distância de recalque de 3.100 a 3.300 m","m³",38.380000000000003]
[1917616,"Dragagem de cascalho fino com draga de sucção e recalque - bomba de 1.350 kW e cortador de 170 kW - distância de recalque de 3.300 a 3.500 m","m³",44.64]
[1917617,"Dragagem de cascalho fino com draga de sucção e recalque - bomba de 1.350 kW e cortador de 170 kW - distância de recalque de 3.500 a 3.700 m","m³",50.17]
[1917618,"Dragagem de cascalho fino com draga de sucção e recalque - bomba de 1.350 kW e cortador de 170 kW - distância de recalque de 3.700 a 3.900 m","m³",57.35]
[1917619,"Dragagem de cascalho fino com draga de sucção e recalque - bomba de 1.350 kW e cortador de 170 kW - distância de recalque de 3.900 a 4.100 m","m³",62.19]
[1917602,"Dragagem de cascalho fino com draga de sucção e recalque - bomba de 1.350 kW e cortador de 170 kW - distância de recalque de 500 a 700 m","m³",7.61]
[1917603,"Dragagem de cascalho fino com draga de sucção e recalque - bomba de 1.350 kW e cortador de 170 kW - distância de recalque de 700 a 900 m","m³",8.4]
[1917604,"Dragagem de cascalho fino com draga de sucção e recalque - bomba de 1.350 kW e cortador de 170 kW - distância de recalque de 900 a 1.100 m","m³",9.09]
[1917740,"Dragagem de cascalho fino com draga de sucção e recalque - bomba de 1.350 kW e cortador de 170 kW - distância de recalque de até 500 m","m³",7.31]
[1917263,"Dragagem de cascalho fino com draga de sucção e recalque - bomba de 294 kW e cortador de 30 kW - distância de recalque de 1.100 a 1.300 m","m³",12.57]
[1917264,"Dragagem de cascalho fino com draga de sucção e recalque - bomba de 294 kW e cortador de 30 kW - distância de recalque de 1.300 a 1.500 m","m³",15.6]
[1917265,"Dragagem de cascalho fino com draga de sucção e recalque - bomba de 294 kW e cortador de 30 kW - distância de recalque de 1.500 a 1.700 m","m³",20.22]
[1917260,"Dragagem de cascalho fino com draga de sucção e recalque - bomba de 294 kW e cortador de 30 kW - distância de recalque de 500 a 700 m","m³",7.67]
[1917261,"Dragagem de cascalho fino com draga de sucção e recalque - bomba de 294 kW e cortador de 30 kW - distância de recalque de 700 a 900 m","m³",8.5299999999999994]
[1917262,"Dragagem de cascalho fino com draga de sucção e recalque - bomba de 294 kW e cortador de 30 kW - distância de recalque de 900 a 1.100 m","m³",10.09]
[1917727,"Dragagem de cascalho fino com draga de sucção e recalque - bomba de 294 kW e cortador de 30 kW - distância de recalque de até 500 m","m³",7.42]
[1917351,"Dragagem de cascalho fino com draga de sucção e recalque - bomba de 483 kW e cortador de 55 kW - distância de recalque de 1.100 a 1.300 m","m³",11.05]
[1917352,"Dragagem de cascalho fino com draga de sucção e recalque - bomba de 483 kW e cortador de 55 kW - distância de recalque de 1.300 a 1.500 m","m³",14.65]
[1917353,"Dragagem de cascalho fino com draga de sucção e recalque - bomba de 483 kW e cortador de 55 kW - distância de recalque de 1.500 a 1.700 m","m³",18.89]
[1917354,"Dragagem de cascalho fino com draga de sucção e recalque - bomba de 483 kW e cortador de 55 kW - distância de recalque de 1.700 a 1.900 m","m³",24.59]
[1917355,"Dragagem de cascalho fino com draga de sucção e recalque - bomba de 483 kW e cortador de 55 kW - distância de recalque de 1.900 a 2.100 m","m³",31.77]
[1917356,"Dragagem de cascalho fino com draga de sucção e recalque - bomba de 483 kW e cortador de 55 kW - distância de recalque de 2.100 a 2.300 m","m³",39]
[1917357,"Dragagem de cascalho fino com draga de sucção e recalque - bomba de 483 kW e cortador de 55 kW - distância de recalque de 2.300 a 2.500 m","m³",44.59]
[1917348,"Dragagem de cascalho fino com draga de sucção e recalque - bomba de 483 kW e cortador de 55 kW - distância de recalque de 500 a 700 m","m³",6.74]
[1917349,"Dragagem de cascalho fino com draga de sucção e recalque - bomba de 483 kW e cortador de 55 kW - distância de recalque de 700 a 900 m","m³",7.26]
[1917350,"Dragagem de cascalho fino com draga de sucção e recalque - bomba de 483 kW e cortador de 55 kW - distância de recalque de 900 a 1.100 m","m³",8.23]
[1917731,"Dragagem de cascalho fino com draga de sucção e recalque - bomba de 483 kW e cortador de 55 kW - distância de recalque de até 500 m","m³",6.6]
[1917463,"Dragagem de cascalho fino com draga de sucção e recalque - bomba de 746 kW e cortador de 110 kW - distância de recalque de 1.100 a 1.300 m","m³",11.53]
[1917464,"Dragagem de cascalho fino com draga de sucção e recalque - bomba de 746 kW e cortador de 110 kW - distância de recalque de 1.300 a 1.500 m","m³",13.35]
[1917465,"Dragagem de cascalho fino com draga de sucção e recalque - bomba de 746 kW e cortador de 110 kW - distância de recalque de 1.500 a 1.700 m","m³",15.4]
[1917466,"Dragagem de cascalho fino com draga de sucção e recalque - bomba de 746 kW e cortador de 110 kW - distância de recalque de 1.700 a 1.900 m","m³",18.32]
[1917467,"Dragagem de cascalho fino com draga de sucção e recalque - bomba de 746 kW e cortador de 110 kW - distância de recalque de 1.900 a 2.100 m","m³",22.8]
[1917468,"Dragagem de cascalho fino com draga de sucção e recalque - bomba de 746 kW e cortador de 110 kW - distância de recalque de 2.100 a 2.300 m","m³",27.91]
[1917469,"Dragagem de cascalho fino com draga de sucção e recalque - bomba de 746 kW e cortador de 110 kW - distância de recalque de 2.300 a 2.500 m","m³",33.549999999999997]
[1917470,"Dragagem de cascalho fino com draga de sucção e recalque - bomba de 746 kW e cortador de 110 kW - distância de recalque de 2.500 a 2.700 m","m³",40.090000000000003]
[1917471,"Dragagem de cascalho fino com draga de sucção e recalque - bomba de 746 kW e cortador de 110 kW - distância de recalque de 2.700 a 2.900 m","m³",47.89]
[1917472,"Dragagem de cascalho fino com draga de sucção e recalque - bomba de 746 kW e cortador de 110 kW - distância de recalque de 2.900 a 3.100 m","m³",51.24]
[1917460,"Dragagem de cascalho fino com draga de sucção e recalque - bomba de 746 kW e cortador de 110 kW - distância de recalque de 500 a 700 m","m³",6.75]
[1917461,"Dragagem de cascalho fino com draga de sucção e recalque - bomba de 746 kW e cortador de 110 kW - distância de recalque de 700 a 900 m","m³",7.98]
[1917462,"Dragagem de cascalho fino com draga de sucção e recalque - bomba de 746 kW e cortador de 110 kW - distância de recalque de 900 a 1.100 m","m³",9.4700000000000006]
[1917735,"Dragagem de cascalho fino com draga de sucção e recalque - bomba de 746 kW e cortador de 110 kW - distância de recalque de até 500 m","m³",5.99]
[1917061,"Dragagem de cascalho fino com draga hopper - capacidade da cisterna de 1.000 m³ - DMT de 1.500 a 1.800 m","m³",23.99]
[1917062,"Dragagem de cascalho fino com draga hopper - capacidade da cisterna de 1.000 m³ - DMT de 1.800 a 2.100 m","m³",24.45]
[1917063,"Dragagem de cascalho fino com draga hopper - capacidade da cisterna de 1.000 m³ - DMT de 2.100 a 2.400 m","m³",24.93]
[1917064,"Dragagem de cascalho fino com draga hopper - capacidade da cisterna de 1.000 m³ - DMT de 2.400 a 2.700 m","m³",25.43]
[1917065,"Dragagem de cascalho fino com draga hopper - capacidade da cisterna de 1.000 m³ - DMT de 2.700 a 3.000 m","m³",25.96]
[1917066,"Dragagem de cascalho fino com draga hopper - capacidade da cisterna de 1.000 m³ - DMT de 3.000 m","m³",26.24]
[1901590,"Dragagem de cascalho fino com draga hopper - capacidade da cisterna de 10.000 m³ - DMT de 1.500 a 1.800 m","m³",13.6]
[1901591,"Dragagem de cascalho fino com draga hopper - capacidade da cisterna de 10.000 m³ - DMT de 1.800 a 2.100 m","m³",13.72]
[1901592,"Dragagem de cascalho fino com draga hopper - capacidade da cisterna de 10.000 m³ - DMT de 2.100 a 2.400 m","m³",13.84]
[1901593,"Dragagem de cascalho fino com draga hopper - capacidade da cisterna de 10.000 m³ - DMT de 2.400 a 2.700 m","m³",13.97]
[1901594,"Dragagem de cascalho fino com draga hopper - capacidade da cisterna de 10.000 m³ - DMT de 2.700 a 3.000 m","m³",14.1]
[1901589,"Dragagem de cascalho fino com draga hopper - capacidade da cisterna de 10.000 m³ - DMT de 3.000 m","m³",14.17]
[1901596,"Dragagem de cascalho fino com draga hopper - capacidade da cisterna de 15.000 m³ - DMT de 1.500 a 1.800 m","m³",17.739999999999998]
[1901597,"Dragagem de cascalho fino com draga hopper - capacidade da cisterna de 15.000 m³ - DMT de 1.800 a 2.100 m","m³",17.850000000000001]
[1901598,"Dragagem de cascalho fino com draga hopper - capacidade da cisterna de 15.000 m³ - DMT de 2.100 a 2.400 m","m³",17.96]
[1901599,"Dragagem de cascalho fino com draga hopper - capacidade da cisterna de 15.000 m³ - DMT de 2.400 a 2.700 m","m³",18.079999999999998]
[1901600,"Dragagem de cascalho fino com draga hopper - capacidade da cisterna de 15.000 m³ - DMT de 2.700 a 3.000 m","m³",18.21]
[1901595,"Dragagem de cascalho fino com draga hopper - capacidade da cisterna de 15.000 m³ - DMT de 3.000 m","m³",18.28]
[1917097,"Dragagem de cascalho fino com draga hopper - capacidade da cisterna de 2.000 m³ - DMT de 1.500 a 1.800 m","m³",15.99]
[1917098,"Dragagem de cascalho fino com draga hopper - capacidade da cisterna de 2.000 m³ - DMT de 1.800 a 2.100 m","m³",16.260000000000002]
[1917099,"Dragagem de cascalho fino com draga hopper - capacidade da cisterna de 2.000 m³ - DMT de 2.100 a 2.400 m","m³",16.54]
[1917100,"Dragagem de cascalho fino com draga hopper - capacidade da cisterna de 2.000 m³ - DMT de 2.400 a 2.700 m","m³",16.829999999999998]
[1917101,"Dragagem de cascalho fino com draga hopper - capacidade da cisterna de 2.000 m³ - DMT de 2.700 a 3.000 m","m³",17.149999999999999]
[1917102,"Dragagem de cascalho fino com draga hopper - capacidade da cisterna de 2.000 m³ - DMT de 3.000 m","m³",17.309999999999999]
[1901601,"Dragagem de cascalho fino com draga hopper - capacidade da cisterna de 20.000 m³ - DMT de 1.500 a 1.800 m","m³",21.99]
[1901602,"Dragagem de cascalho fino com draga hopper - capacidade da cisterna de 20.000 m³ - DMT de 1.800 a 2.100 m","m³",22.1]
[1901603,"Dragagem de cascalho fino com draga hopper - capacidade da cisterna de 20.000 m³ - DMT de 2.100 a 2.400 m","m³",22.21]
[1901604,"Dragagem de cascalho fino com draga hopper - capacidade da cisterna de 20.000 m³ - DMT de 2.400 a 2.700 m","m³",22.32]
[1901605,"Dragagem de cascalho fino com draga hopper - capacidade da cisterna de 20.000 m³ - DMT de 2.700 a 3.000 m","m³",22.44]
[1901606,"Dragagem de cascalho fino com draga hopper - capacidade da cisterna de 20.000 m³ - DMT de 3.000 m","m³",22.51]
[1917133,"Dragagem de cascalho fino com draga hopper - capacidade da cisterna de 3.000 m³ - DMT de 1.500 a 1.800 m","m³",14.65]
[1917134,"Dragagem de cascalho fino com draga hopper - capacidade da cisterna de 3.000 m³ - DMT de 1.800 a 2.100 m","m³",14.86]
[1917135,"Dragagem de cascalho fino com draga hopper - capacidade da cisterna de 3.000 m³ - DMT de 2.100 a 2.400 m","m³",15.08]
[1917136,"Dragagem de cascalho fino com draga hopper - capacidade da cisterna de 3.000 m³ - DMT de 2.400 a 2.700 m","m³",15.31]
[1917137,"Dragagem de cascalho fino com draga hopper - capacidade da cisterna de 3.000 m³ - DMT de 2.700 a 3.000 m","m³",15.56]
[1917138,"Dragagem de cascalho fino com draga hopper - capacidade da cisterna de 3.000 m³ - DMT de 3.000 m","m³",15.69]
[1917169,"Dragagem de cascalho fino com draga hopper - capacidade da cisterna de 4.000 m³ - DMT de 1.500 a 1.800 m","m³",13.65]
[1917170,"Dragagem de cascalho fino com draga hopper - capacidade da cisterna de 4.000 m³ - DMT de 1.800 a 2.100 m","m³",13.83]
[1917171,"Dragagem de cascalho fino com draga hopper - capacidade da cisterna de 4.000 m³ - DMT de 2.100 a 2.400 m","m³",14.02]
[1917172,"Dragagem de cascalho fino com draga hopper - capacidade da cisterna de 4.000 m³ - DMT de 2.400 a 2.700 m","m³",14.22]
[1917173,"Dragagem de cascalho fino com draga hopper - capacidade da cisterna de 4.000 m³ - DMT de 2.700 a 3.000 m","m³",14.43]
[1917174,"Dragagem de cascalho fino com draga hopper - capacidade da cisterna de 4.000 m³ - DMT de 3.000 m","m³",14.54]
[1917205,"Dragagem de cascalho fino com draga hopper - capacidade da cisterna de 5.000 m³ - DMT de 1.500 a 1.800 m","m³",14.88]
[1917206,"Dragagem de cascalho fino com draga hopper - capacidade da cisterna de 5.000 m³ - DMT de 1.800 a 2.100 m","m³",15.04]
[1917207,"Dragagem de cascalho fino com draga hopper - capacidade da cisterna de 5.000 m³ - DMT de 2.100 a 2.400 m","m³",15.21]
[1917208,"Dragagem de cascalho fino com draga hopper - capacidade da cisterna de 5.000 m³ - DMT de 2.400 a 2.700 m","m³",15.38]
[1917209,"Dragagem de cascalho fino com draga hopper - capacidade da cisterna de 5.000 m³ - DMT de 2.700 a 3.000 m","m³",15.57]
[1917210,"Dragagem de cascalho fino com draga hopper - capacidade da cisterna de 5.000 m³ - DMT de 3.000 m","m³",15.67]
[1917025,"Dragagem de cascalho fino com draga hopper - capacidade da cisterna de 750 m³ - DMT de 1.500 a 1.800 m","m³",33.24]
[1917026,"Dragagem de cascalho fino com draga hopper - capacidade da cisterna de 750 m³ - DMT de 1.800 a 2.100 m","m³",33.92]
[1917027,"Dragagem de cascalho fino com draga hopper - capacidade da cisterna de 750 m³ - DMT de 2.100 a 2.400 m","m³",34.61]
[1917028,"Dragagem de cascalho fino com draga hopper - capacidade da cisterna de 750 m³ - DMT de 2.400 a 2.700 m","m³",35.35]
[1917029,"Dragagem de cascalho fino com draga hopper - capacidade da cisterna de 750 m³ - DMT de 2.700 a 3.000 m","m³",36.119999999999997]
[1917030,"Dragagem de cascalho fino com draga hopper - capacidade da cisterna de 750 m³ - DMT de 3.000 m","m³",36.53]
[1917629,"Dragagem de material de 1ª categoria com clamshell sobre pontão flutuante - capacidade da caçamba de 4,6 m³ - transporte com batelão sem propulsão com capacidade de 100 t - DMT 0 a 300 m","m³",14.36]
[1917633,"Dragagem de material de 1ª categoria com clamshell sobre pontão flutuante - capacidade da caçamba de 4,6 m³ - transporte com batelão sem propulsão com capacidade de 100 t - DMT 1.200 a 1.500 m","m³",16.09]
[1917634,"Dragagem de material de 1ª categoria com clamshell sobre pontão flutuante - capacidade da caçamba de 4,6 m³ - transporte com batelão sem propulsão com capacidade de 100 t - DMT 1.500 a 1.800 m","m³",16.399999999999999]
[1917635,"Dragagem de material de 1ª categoria com clamshell sobre pontão flutuante - capacidade da caçamba de 4,6 m³ - transporte com batelão sem propulsão com capacidade de 100 t - DMT 1.800 a 2.100 m","m³",16.71]
[1917636,"Dragagem de material de 1ª categoria com clamshell sobre pontão flutuante - capacidade da caçamba de 4,6 m³ - transporte com batelão sem propulsão com capacidade de 100 t - DMT 2.100 a 2.400 m","m³",18.649999999999999]
[1917637,"Dragagem de material de 1ª categoria com clamshell sobre pontão flutuante - capacidade da caçamba de 4,6 m³ - transporte com batelão sem propulsão com capacidade de 100 t - DMT 2.400 a 2.700 m","m³",19.07]
[1917638,"Dragagem de material de 1ª categoria com clamshell sobre pontão flutuante - capacidade da caçamba de 4,6 m³ - transporte com batelão sem propulsão com capacidade de 100 t - DMT 2.700 a 3.000 m","m³",19.489999999999998]
[1917630,"Dragagem de material de 1ª categoria com clamshell sobre pontão flutuante - capacidade da caçamba de 4,6 m³ - transporte com batelão sem propulsão com capacidade de 100 t - DMT 300 a 600 m","m³",14.91]
[1917631,"Dragagem de material de 1ª categoria com clamshell sobre pontão flutuante - capacidade da caçamba de 4,6 m³ - transporte com batelão sem propulsão com capacidade de 100 t - DMT 600 a 900 m","m³",15.38]
[1917632,"Dragagem de material de 1ª categoria com clamshell sobre pontão flutuante - capacidade da caçamba de 4,6 m³ - transporte com batelão sem propulsão com capacidade de 100 t - DMT 900 a 1.200 m","m³",15.7]
[1917639,"Dragagem de material de 1ª categoria com clamshell sobre pontão flutuante - capacidade da caçamba de 4,6 m³ - transporte com batelão sem propulsão com capacidade de 100 t - DMT de 3.000 m","m³",19.7]
[1917646,"Dragagem de material de 1ª categoria com dragline - caçamba de 2,1 m³ - caminho de serviço em leito natural - DMT 1.000 a 1.200 m - com caminhão de 14 m³ e carregadeira","m³",20.21]
[1917647,"Dragagem de material de 1ª categoria com dragline - caçamba de 2,1 m³ - caminho de serviço em leito natural - DMT 1.200 a 1.400 m - com caminhão de 14 m³ e carregadeira","m³",20.51]
[1917648,"Dragagem de material de 1ª categoria com dragline - caçamba de 2,1 m³ - caminho de serviço em leito natural - DMT 1.400 a 1.600 m - com caminhão de 14 m³ e carregadeira","m³",20.74]
[1917649,"Dragagem de material de 1ª categoria com dragline - caçamba de 2,1 m³ - caminho de serviço em leito natural - DMT 1.600 a 1.800 m - com caminhão de 14 m³ e carregadeira","m³",21.04]
[1917650,"Dragagem de material de 1ª categoria com dragline - caçamba de 2,1 m³ - caminho de serviço em leito natural - DMT 1.800 a 2.000 m - com caminhão de 14 m³ e carregadeira","m³",21.34]
[1917651,"Dragagem de material de 1ª categoria com dragline - caçamba de 2,1 m³ - caminho de serviço em leito natural - DMT 2.000 a 2.500 m - com caminhão de 14 m³ e carregadeira","m³",21.79]
[1917652,"Dragagem de material de 1ª categoria com dragline - caçamba de 2,1 m³ - caminho de serviço em leito natural - DMT 2.500 a 3.000 m - com caminhão de 14 m³ e carregadeira","m³",24.15]
[1917642,"Dragagem de material de 1ª categoria com dragline - caçamba de 2,1 m³ - caminho de serviço em leito natural - DMT 200 a 400 m - com caminhão de 14 m³ e carregadeira","m³",18.93]
[1917643,"Dragagem de material de 1ª categoria com dragline - caçamba de 2,1 m³ - caminho de serviço em leito natural - DMT 400 a 600 m - com caminhão de 14 m³ e carregadeira","m³",19.309999999999999]
[1917641,"Dragagem de material de 1ª categoria com dragline - caçamba de 2,1 m³ - caminho de serviço em leito natural - DMT 50 a 200 m - com caminhão de 14 m³ e carregadeira","m³",16.95]
[1917644,"Dragagem de material de 1ª categoria com dragline - caçamba de 2,1 m³ - caminho de serviço em leito natural - DMT 600 a 800 m - com caminhão de 14 m³ e carregadeira","m³",19.68]
[1917645,"Dragagem de material de 1ª categoria com dragline - caçamba de 2,1 m³ - caminho de serviço em leito natural - DMT 800 a 1.000 m - com caminhão de 14 m³ e carregadeira","m³",19.91]
[1917653,"Dragagem de material de 1ª categoria com dragline - caçamba de 2,1 m³ - caminho de serviço em leito natural - DMT de 3.000 m - com caminhão de 14 m³ e carregadeira","m³",24.49]
[1917659,"Dragagem de material de 1ª categoria com dragline - caçamba de 2,1 m³ - caminho de serviço em revestimento primário - DMT 1.000 a 1.200 m - com caminhão de 14 m³ e carregadeira","m³",19.38]
[1917660,"Dragagem de material de 1ª categoria com dragline - caçamba de 2,1 m³ - caminho de serviço em revestimento primário - DMT 1.200 a 1.400 m - com caminhão de 14 m³ e carregadeira","m³",19.53]
[1917661,"Dragagem de material de 1ª categoria com dragline - caçamba de 2,1 m³ - caminho de serviço em revestimento primário - DMT 1.400 a 1.600 m - com caminhão de 14 m³ e carregadeira","m³",19.68]
[1917662,"Dragagem de material de 1ª categoria com dragline - caçamba de 2,1 m³ - caminho de serviço em revestimento primário - DMT 1.600 a 1.800 m - com caminhão de 14 m³ e carregadeira","m³",19.829999999999998]
[1917663,"Dragagem de material de 1ª categoria com dragline - caçamba de 2,1 m³ - caminho de serviço em revestimento primário - DMT 1.800 a 2.000 m - com caminhão de 14 m³ e carregadeira","m³",20.059999999999999]
[1917664,"Dragagem de material de 1ª categoria com dragline - caçamba de 2,1 m³ - caminho de serviço em revestimento primário - DMT 2.000 a 2.500 m - com caminhão de 14 m³ e carregadeira","m³",20.36]
[1917665,"Dragagem de material de 1ª categoria com dragline - caçamba de 2,1 m³ - caminho de serviço em revestimento primário - DMT 2.500 a 3.000 m - com caminhão de 14 m³ e carregadeira","m³",20.81]
[1917655,"Dragagem de material de 1ª categoria com dragline - caçamba de 2,1 m³ - caminho de serviço em revestimento primário - DMT 200 a 400 m - com caminhão de 14 m³ e carregadeira","m³",16.95]
[1917656,"Dragagem de material de 1ª categoria com dragline - caçamba de 2,1 m³ - caminho de serviço em revestimento primário - DMT 400 a 600 m - com caminhão de 14 m³ e carregadeira","m³",18.78]
[1917654,"Dragagem de material de 1ª categoria com dragline - caçamba de 2,1 m³ - caminho de serviço em revestimento primário - DMT 50 a 200 m - com caminhão de 14 m³ e carregadeira","m³",16.690000000000001]
[1917657,"Dragagem de material de 1ª categoria com dragline - caçamba de 2,1 m³ - caminho de serviço em revestimento primário - DMT 600 a 800 m - com caminhão de 14 m³ e carregadeira","m³",19.010000000000002]
[1917658,"Dragagem de material de 1ª categoria com dragline - caçamba de 2,1 m³ - caminho de serviço em revestimento primário - DMT 800 a 1.000 m - com caminhão de 14 m³ e carregadeira","m³",19.16]
[1917666,"Dragagem de material de 1ª categoria com dragline - caçamba de 2,1 m³ - caminho de serviço em revestimento primário - DMT de 3.000 m - com caminhão de 14 m³ e carregadeira","m³",21.11]
[1917672,"Dragagem de material de 1ª categoria com dragline - caçamba de 2,1 m³ - caminho de serviço pavimentado - DMT 1.000 a 1.200 m - com caminhão de 14 m³ e carregadeira","m³",19.309999999999999]
[1917673,"Dragagem de material de 1ª categoria com dragline - caçamba de 2,1 m³ - caminho de serviço pavimentado - DMT 1.200 a 1.400 m - com caminhão de 14 m³ e carregadeira","m³",19.53]
[1917674,"Dragagem de material de 1ª categoria com dragline - caçamba de 2,1 m³ - caminho de serviço pavimentado - DMT 1.400 a 1.600 m - com caminhão de 14 m³ e carregadeira","m³",19.68]
[1917675,"Dragagem de material de 1ª categoria com dragline - caçamba de 2,1 m³ - caminho de serviço pavimentado - DMT 1.600 a 1.800 m - com caminhão de 14 m³ e carregadeira","m³",19.829999999999998]
[1917676,"Dragagem de material de 1ª categoria com dragline - caçamba de 2,1 m³ - caminho de serviço pavimentado - DMT 1.800 a 2.000 m - com caminhão de 14 m³ e carregadeira","m³",19.98]
[1917677,"Dragagem de material de 1ª categoria com dragline - caçamba de 2,1 m³ - caminho de serviço pavimentado - DMT 2.000 a 2.500 m - com caminhão de 14 m³ e carregadeira","m³",20.29]
[1917678,"Dragagem de material de 1ª categoria com dragline - caçamba de 2,1 m³ - caminho de serviço pavimentado - DMT 2.500 a 3.000 m - com caminhão de 14 m³ e carregadeira","m³",20.74]
[1917668,"Dragagem de material de 1ª categoria com dragline - caçamba de 2,1 m³ - caminho de serviço pavimentado - DMT 200 a 400 m - com caminhão de 14 m³ e carregadeira","m³",18.63]
[1917669,"Dragagem de material de 1ª categoria com dragline - caçamba de 2,1 m³ - caminho de serviço pavimentado - DMT 400 a 600 m - com caminhão de 14 m³ e carregadeira","m³",18.78]
[1917667,"Dragagem de material de 1ª categoria com dragline - caçamba de 2,1 m³ - caminho de serviço pavimentado - DMT 50 a 200 m - com caminhão de 14 m³ e carregadeira","m³",16.760000000000002]
[1917670,"Dragagem de material de 1ª categoria com dragline - caçamba de 2,1 m³ - caminho de serviço pavimentado - DMT 600 a 800 m - com caminhão de 14 m³ e carregadeira","m³",19.010000000000002]
[1917671,"Dragagem de material de 1ª categoria com dragline - caçamba de 2,1 m³ - caminho de serviço pavimentado - DMT 800 a 1.000 m - com caminhão de 14 m³ e carregadeira","m³",19.16]
[1917679,"Dragagem de material de 1ª categoria com dragline - caçamba de 2,1 m³ - caminho de serviço pavimentado - DMT de 3.000 m - com caminhão de 14 m³ e carregadeira","m³",20.96]
[1917640,"Dragagem de material de 1ª categoria com dragline - caçamba de 2,1 m³ - DMT até 50 m","m³",9.06]
[1917686,"Dragagem de material de 1ª categoria com escavadeira hidráulica - capacidade de caçamba de 1,56 m³ - caminho de serviço em leito natural - DMT 1.000 a 1.200 m","m³",10.83]
[1917687,"Dragagem de material de 1ª categoria com escavadeira hidráulica - capacidade de caçamba de 1,56 m³ - caminho de serviço em leito natural - DMT 1.200 a 1.400 m","m³",11.12]
[1917688,"Dragagem de material de 1ª categoria com escavadeira hidráulica - capacidade de caçamba de 1,56 m³ - caminho de serviço em leito natural - DMT 1.400 a 1.600 m","m³",12.18]
[1917689,"Dragagem de material de 1ª categoria com escavadeira hidráulica - capacidade de caçamba de 1,56 m³ - caminho de serviço em leito natural - DMT 1.600 a 1.800 m","m³",12.49]
[1917690,"Dragagem de material de 1ª categoria com escavadeira hidráulica - capacidade de caçamba de 1,56 m³ - caminho de serviço em leito natural - DMT 1.800 a 2.000 m","m³",12.73]
[1917691,"Dragagem de material de 1ª categoria com escavadeira hidráulica - capacidade de caçamba de 1,56 m³ - caminho de serviço em leito natural - DMT 2.000 a 2.500 m","m³",13.2]
[1917692,"Dragagem de material de 1ª categoria com escavadeira hidráulica - capacidade de caçamba de 1,56 m³ - caminho de serviço em leito natural - DMT 2.500 a 3.000 m","m³",14.83]
[1917682,"Dragagem de material de 1ª categoria com escavadeira hidráulica - capacidade de caçamba de 1,56 m³ - caminho de serviço em leito natural - DMT 200 a 400 m","m³",9.59]
[1917693,"Dragagem de material de 1ª categoria com escavadeira hidráulica - capacidade de caçamba de 1,56 m³ - caminho de serviço em leito natural - DMT 3.000 m","m³",15.22]
[1917683,"Dragagem de material de 1ª categoria com escavadeira hidráulica - capacidade de caçamba de 1,56 m³ - caminho de serviço em leito natural - DMT 400 a 600 m","m³",9.94]
[1917681,"Dragagem de material de 1ª categoria com escavadeira hidráulica - capacidade de caçamba de 1,56 m³ - caminho de serviço em leito natural - DMT 50 a 200 m","m³",8.2899999999999991]
[1917684,"Dragagem de material de 1ª categoria com escavadeira hidráulica - capacidade de caçamba de 1,56 m³ - caminho de serviço em leito natural - DMT 600 a 800 m","m³",10.24]
[1917685,"Dragagem de material de 1ª categoria com escavadeira hidráulica - capacidade de caçamba de 1,56 m³ - caminho de serviço em leito natural - DMT 800 a 1.000 m","m³",10.53]
[1917699,"Dragagem de material de 1ª categoria com escavadeira hidráulica - capacidade de caçamba de 1,56 m³ - caminho de serviço em revestimento primário - DMT 1.000 a 1.200 m","m³",9.94]
[1917700,"Dragagem de material de 1ª categoria com escavadeira hidráulica - capacidade de caçamba de 1,56 m³ - caminho de serviço em revestimento primário - DMT 1.200 a 1.400 m","m³",10.119999999999999]
[1917701,"Dragagem de material de 1ª categoria com escavadeira hidráulica - capacidade de caçamba de 1,56 m³ - caminho de serviço em revestimento primário - DMT 1.400 a 1.600 m","m³",10.29]
[1917702,"Dragagem de material de 1ª categoria com escavadeira hidráulica - capacidade de caçamba de 1,56 m³ - caminho de serviço em revestimento primário - DMT 1.600 a 1.800 m","m³",10.47]
[1917703,"Dragagem de material de 1ª categoria com escavadeira hidráulica - capacidade de caçamba de 1,56 m³ - caminho de serviço em revestimento primário - DMT 1.800 a 2.000 m","m³",10.65]
[1917704,"Dragagem de material de 1ª categoria com escavadeira hidráulica - capacidade de caçamba de 1,56 m³ - caminho de serviço em revestimento primário - DMT 2.000 a 2.500 m","m³",10.94]
[1917705,"Dragagem de material de 1ª categoria com escavadeira hidráulica - capacidade de caçamba de 1,56 m³ - caminho de serviço em revestimento primário - DMT 2.500 a 3.000 m","m³",12.26]
[1917695,"Dragagem de material de 1ª categoria com escavadeira hidráulica - capacidade de caçamba de 1,56 m³ - caminho de serviço em revestimento primário - DMT 200 a 400 m","m³",8.2899999999999991]
[1917706,"Dragagem de material de 1ª categoria com escavadeira hidráulica - capacidade de caçamba de 1,56 m³ - caminho de serviço em revestimento primário - DMT 3.000 m","m³",12.57]
[1917696,"Dragagem de material de 1ª categoria com escavadeira hidráulica - capacidade de caçamba de 1,56 m³ - caminho de serviço em revestimento primário - DMT 400 a 600 m","m³",9.35]
[1917694,"Dragagem de material de 1ª categoria com escavadeira hidráulica - capacidade de caçamba de 1,56 m³ - caminho de serviço em revestimento primário - DMT 50 a 200 m","m³",8.02]
[1917697,"Dragagem de material de 1ª categoria com escavadeira hidráulica - capacidade de caçamba de 1,56 m³ - caminho de serviço em revestimento primário - DMT 600 a 800 m","m³",9.59]
[1917698,"Dragagem de material de 1ª categoria com escavadeira hidráulica - capacidade de caçamba de 1,56 m³ - caminho de serviço em revestimento primário - DMT 800 a 1.000 m","m³",9.76]
[1917712,"Dragagem de material de 1ª categoria com escavadeira hidráulica - capacidade de caçamba de 1,56 m³ - caminho de serviço pavimentado - DMT 1.000 a 1.200 m","m³",9.94]
[1917713,"Dragagem de material de 1ª categoria com escavadeira hidráulica - capacidade de caçamba de 1,56 m³ - caminho de serviço pavimentado - DMT 1.200 a 1.400 m","m³",10.119999999999999]
[1917714,"Dragagem de material de 1ª categoria com escavadeira hidráulica - capacidade de caçamba de 1,56 m³ - caminho de serviço pavimentado - DMT 1.400 a 1.600 m","m³",10.29]
[1917715,"Dragagem de material de 1ª categoria com escavadeira hidráulica - capacidade de caçamba de 1,56 m³ - caminho de serviço pavimentado - DMT 1.600 a 1.800 m","m³",10.41]
[1917716,"Dragagem de material de 1ª categoria com escavadeira hidráulica - capacidade de caçamba de 1,56 m³ - caminho de serviço pavimentado - DMT 1.800 a 2.000 m","m³",10.59]
[1917717,"Dragagem de material de 1ª categoria com escavadeira hidráulica - capacidade de caçamba de 1,56 m³ - caminho de serviço pavimentado - DMT 2.000 a 2.500 m","m³",10.89]
[1917718,"Dragagem de material de 1ª categoria com escavadeira hidráulica - capacidade de caçamba de 1,56 m³ - caminho de serviço pavimentado - DMT 2.500 a 3.000 m","m³",12.1]
[1917708,"Dragagem de material de 1ª categoria com escavadeira hidráulica - capacidade de caçamba de 1,56 m³ - caminho de serviço pavimentado - DMT 200 a 400 m","m³",9.17]
[1917719,"Dragagem de material de 1ª categoria com escavadeira hidráulica - capacidade de caçamba de 1,56 m³ - caminho de serviço pavimentado - DMT 3.000 m","m³",12.42]
[1917709,"Dragagem de material de 1ª categoria com escavadeira hidráulica - capacidade de caçamba de 1,56 m³ - caminho de serviço pavimentado - DMT 400 a 600 m","m³",9.41]
[1917707,"Dragagem de material de 1ª categoria com escavadeira hidráulica - capacidade de caçamba de 1,56 m³ - caminho de serviço pavimentado - DMT 50 a 200 m","m³",8.14]
[1917710,"Dragagem de material de 1ª categoria com escavadeira hidráulica - capacidade de caçamba de 1,56 m³ - caminho de serviço pavimentado - DMT 600 a 800 m","m³",9.59]
[1917711,"Dragagem de material de 1ª categoria com escavadeira hidráulica - capacidade de caçamba de 1,56 m³ - caminho de serviço pavimentado - DMT 800 a 1.000 m","m³",9.76]
[1917680,"Dragagem de material de 1ª categoria com escavadeira hidráulica - capacidade de caçamba de 1,56 m³ - DMT 0 a 50 m","m³",2.75]
[1901607,"Dragagem de material de 1ª categoria com escavadeira hidráulica sobre pontão flutuante - capacidade da caçamba de 1,56 m³ - transporte com batelão sem propulsão com capacidade de 100 t - DMT 0 a 300 m","m³",14.8]
[1901611,"Dragagem de material de 1ª categoria com escavadeira hidráulica sobre pontão flutuante - capacidade da caçamba de 1,56 m³ - transporte com batelão sem propulsão com capacidade de 100 t - DMT 1.200 a 1.500 m","m³",18.579999999999998]
[1901612,"Dragagem de material de 1ª categoria com escavadeira hidráulica sobre pontão flutuante - capacidade da caçamba de 1,56 m³ - transporte com batelão sem propulsão com capacidade de 100 t - DMT 1.500 a 1.800 m","m³",19.010000000000002]
[1901613,"Dragagem de material de 1ª categoria com escavadeira hidráulica sobre pontão flutuante - capacidade da caçamba de 1,56 m³ - transporte com batelão sem propulsão com capacidade de 100 t - DMT 1.800 a 2.100 m","m³",19.329999999999998]
[1901614,"Dragagem de material de 1ª categoria com escavadeira hidráulica sobre pontão flutuante - capacidade da caçamba de 1,56 m³ - transporte com batelão sem propulsão com capacidade de 100 t - DMT 2.100 a 2.400 m","m³",19.66]
[1901615,"Dragagem de material de 1ª categoria com escavadeira hidráulica sobre pontão flutuante - capacidade da caçamba de 1,56 m³ - transporte com batelão sem propulsão com capacidade de 100 t - DMT 2.400 a 2.700 m","m³",20.09]
[1901616,"Dragagem de material de 1ª categoria com escavadeira hidráulica sobre pontão flutuante - capacidade da caçamba de 1,56 m³ - transporte com batelão sem propulsão com capacidade de 100 t - DMT 2.700 a 3.000 m","m³",20.41]
[1901608,"Dragagem de material de 1ª categoria com escavadeira hidráulica sobre pontão flutuante - capacidade da caçamba de 1,56 m³ - transporte com batelão sem propulsão com capacidade de 100 t - DMT 300 a 600 m","m³",15.3]
[1901609,"Dragagem de material de 1ª categoria com escavadeira hidráulica sobre pontão flutuante - capacidade da caçamba de 1,56 m³ - transporte com batelão sem propulsão com capacidade de 100 t - DMT 600 a 900 m","m³",15.73]
[1901610,"Dragagem de material de 1ª categoria com escavadeira hidráulica sobre pontão flutuante - capacidade da caçamba de 1,56 m³ - transporte com batelão sem propulsão com capacidade de 100 t - DMT 900 a 1.200 m","m³",18.260000000000002]
[1901617,"Dragagem de material de 1ª categoria com escavadeira hidráulica sobre pontão flutuante - capacidade da caçamba de 1,56 m³ - transporte com batelão sem propulsão com capacidade de 100 t - DMT de 3.000 m","m³",20.63]
[1917037,"Dragagem de silte com draga hopper - capacidade da cisterna de 1.000 m³ - DMT de 1.500 a 1.800 m","m³",39.92]
[1917038,"Dragagem de silte com draga hopper - capacidade da cisterna de 1.000 m³ - DMT de 1.800 a 2.100 m","m³",41.26]
[1917039,"Dragagem de silte com draga hopper - capacidade da cisterna de 1.000 m³ - DMT de 2.100 a 2.400 m","m³",42.65]
[1917040,"Dragagem de silte com draga hopper - capacidade da cisterna de 1.000 m³ - DMT de 2.400 a 2.700 m","m³",44.09]
[1917041,"Dragagem de silte com draga hopper - capacidade da cisterna de 1.000 m³ - DMT de 2.700 a 3.000 m","m³",45.62]
[1917042,"Dragagem de silte com draga hopper - capacidade da cisterna de 1.000 m³ - DMT de 3.000 m","m³",46.43]
[1901619,"Dragagem de silte com draga hopper - capacidade da cisterna de 10.000 m³ - DMT de 1.500 a 1.800 m","m³",18.82]
[1901620,"Dragagem de silte com draga hopper - capacidade da cisterna de 10.000 m³ - DMT de 1.800 a 2.100 m","m³",19.16]
[1901621,"Dragagem de silte com draga hopper - capacidade da cisterna de 10.000 m³ - DMT de 2.100 a 2.400 m","m³",19.510000000000002]
[1901622,"Dragagem de silte com draga hopper - capacidade da cisterna de 10.000 m³ - DMT de 2.400 a 2.700 m","m³",19.88]
[1901623,"Dragagem de silte com draga hopper - capacidade da cisterna de 10.000 m³ - DMT de 2.700 a 3.000 m","m³",20.27]
[1901618,"Dragagem de silte com draga hopper - capacidade da cisterna de 10.000 m³ - DMT de 3.000 m","m³",20.48]
[1901625,"Dragagem de silte com draga hopper - capacidade da cisterna de 15.000 m³ - DMT de 1.500 a 1.800 m","m³",22.41]
[1901626,"Dragagem de silte com draga hopper - capacidade da cisterna de 15.000 m³ - DMT de 1.800 a 2.100 m","m³",22.72]
[1901627,"Dragagem de silte com draga hopper - capacidade da cisterna de 15.000 m³ - DMT de 2.100 a 2.400 m","m³",23.06]
[1901628,"Dragagem de silte com draga hopper - capacidade da cisterna de 15.000 m³ - DMT de 2.400 a 2.700 m","m³",23.4]
[1901629,"Dragagem de silte com draga hopper - capacidade da cisterna de 15.000 m³ - DMT de 2.700 a 3.000 m","m³",23.76]
[1901624,"Dragagem de silte com draga hopper - capacidade da cisterna de 15.000 m³ - DMT de 3.000 m","m³",23.96]
[1917073,"Dragagem de silte com draga hopper - capacidade da cisterna de 2.000 m³ - DMT de 1.500 a 1.800 m","m³",26.12]
[1917074,"Dragagem de silte com draga hopper - capacidade da cisterna de 2.000 m³ - DMT de 1.800 a 2.100 m","m³",26.91]
[1917075,"Dragagem de silte com draga hopper - capacidade da cisterna de 2.000 m³ - DMT de 2.100 a 2.400 m","m³",27.72]
[1917076,"Dragagem de silte com draga hopper - capacidade da cisterna de 2.000 m³ - DMT de 2.400 a 2.700 m","m³",28.57]
[1917077,"Dragagem de silte com draga hopper - capacidade da cisterna de 2.000 m³ - DMT de 2.700 a 3.000 m","m³",29.48]
[1917078,"Dragagem de silte com draga hopper - capacidade da cisterna de 2.000 m³ - DMT de 3.000 m","m³",29.96]
[1901631,"Dragagem de silte com draga hopper - capacidade da cisterna de 20.000 m³ - DMT de 1.500 a 1.800 m","m³",26.28]
[1901632,"Dragagem de silte com draga hopper - capacidade da cisterna de 20.000 m³ - DMT de 1.800 a 2.100 m","m³",26.59]
[1901633,"Dragagem de silte com draga hopper - capacidade da cisterna de 20.000 m³ - DMT de 2.100 a 2.400 m","m³",26.91]
[1901634,"Dragagem de silte com draga hopper - capacidade da cisterna de 20.000 m³ - DMT de 2.400 a 2.700 m","m³",27.24]
[1901635,"Dragagem de silte com draga hopper - capacidade da cisterna de 20.000 m³ - DMT de 2.700 a 3.000 m","m³",27.6]
[1901630,"Dragagem de silte com draga hopper - capacidade da cisterna de 20.000 m³ - DMT de 3.000 m","m³",27.79]
[1917109,"Dragagem de silte com draga hopper - capacidade da cisterna de 3.000 m³ - DMT de 1.500 a 1.800 m","m³",22.9]
[1917110,"Dragagem de silte com draga hopper - capacidade da cisterna de 3.000 m³ - DMT de 1.800 a 2.100 m","m³",23.52]
[1917111,"Dragagem de silte com draga hopper - capacidade da cisterna de 3.000 m³ - DMT de 2.100 a 2.400 m","m³",24.15]
[1917112,"Dragagem de silte com draga hopper - capacidade da cisterna de 3.000 m³ - DMT de 2.400 a 2.700 m","m³",24.82]
[1917113,"Dragagem de silte com draga hopper - capacidade da cisterna de 3.000 m³ - DMT de 2.700 a 3.000 m","m³",25.53]
[1917114,"Dragagem de silte com draga hopper - capacidade da cisterna de 3.000 m³ - DMT de 3.000 m","m³",25.91]
[1917145,"Dragagem de silte com draga hopper - capacidade da cisterna de 4.000 m³ - DMT de 1.500 a 1.800 m","m³",20.95]
[1917146,"Dragagem de silte com draga hopper - capacidade da cisterna de 4.000 m³ - DMT de 1.800 a 2.100 m","m³",21.49]
[1917147,"Dragagem de silte com draga hopper - capacidade da cisterna de 4.000 m³ - DMT de 2.100 a 2.400 m","m³",22.04]
[1917148,"Dragagem de silte com draga hopper - capacidade da cisterna de 4.000 m³ - DMT de 2.400 a 2.700 m","m³",22.61]
[1917149,"Dragagem de silte com draga hopper - capacidade da cisterna de 4.000 m³ - DMT de 2.700 a 3.000 m","m³",23.22]
[1917150,"Dragagem de silte com draga hopper - capacidade da cisterna de 4.000 m³ - DMT de 3.000 m","m³",23.55]
[1917181,"Dragagem de silte com draga hopper - capacidade da cisterna de 5.000 m³ - DMT de 1.500 a 1.800 m","m³",21.45]
[1917182,"Dragagem de silte com draga hopper - capacidade da cisterna de 5.000 m³ - DMT de 1.800 a 2.100 m","m³",21.92]
[1917183,"Dragagem de silte com draga hopper - capacidade da cisterna de 5.000 m³ - DMT de 2.100 a 2.400 m","m³",22.4]
[1917184,"Dragagem de silte com draga hopper - capacidade da cisterna de 5.000 m³ - DMT de 2.400 a 2.700 m","m³",22.91]
[1917185,"Dragagem de silte com draga hopper - capacidade da cisterna de 5.000 m³ - DMT de 2.700 a 3.000 m","m³",23.44]
[1917186,"Dragagem de silte com draga hopper - capacidade da cisterna de 5.000 m³ - DMT de 3.000 m","m³",23.73]
[1917001,"Dragagem de silte com draga hopper - capacidade da cisterna de 750 m³ - DMT de 1.500 a 1.800 m","m³",54.03]
[1917002,"Dragagem de silte com draga hopper - capacidade da cisterna de 750 m³ - DMT de 1.800 a 2.100 m","m³",56.01]
[1917003,"Dragagem de silte com draga hopper - capacidade da cisterna de 750 m³ - DMT de 2.100 a 2.400 m","m³",58.01]
[1917004,"Dragagem de silte com draga hopper - capacidade da cisterna de 750 m³ - DMT de 2.400 a 2.700 m","m³",60.13]
[1917005,"Dragagem de silte com draga hopper - capacidade da cisterna de 750 m³ - DMT de 2.700 a 3.000 m","m³",62.37]
[1917006,"Dragagem de silte com draga hopper - capacidade da cisterna de 750 m³ - DMT de 3.000 m","m³",63.56]
[2009619,"Alvenaria de blocos de concreto 19 x 19 x 39 cm com espessura de 20 cm - areia comercial","m²",134.94999999999999]
[2009618,"Alvenaria de blocos de concreto 19 x 19 x 39 cm com espessura de 20 cm - areia extraída","m²",133.51]
[2003866,"Aplicação de geotêxtil não-tecido agulhado com resistência à tração longitudinal de 14 kN/m","m²",8.08]
[2003867,"Aplicação de geotêxtil não-tecido agulhado com resistência à tração longitudinal de 31 kN/m","m²",17.420000000000002]
[2003622,"Boca de lobo combinada - chapéu e grelha simples - BLC 01 - areia e brita comerciais","un",2555.2600000000002]
[2003621,"Boca de lobo combinada - chapéu e grelha simples - BLC 01 - areia extraída e brita produzida","un",2458.98]
[2003624,"Boca de lobo combinada - chapéu e grelha simples - BLC 02 - areia e brita comerciais","un",2994.5]
[2003623,"Boca de lobo combinada - chapéu e grelha simples - BLC 02 - areia extraída e brita produzida","un",2889.18]
[2003634,"Boca de lobo dupla - grelha de concreto - BLDG 01 - areia e brita comerciais","un",1942.45]
[2003633,"Boca de lobo dupla - grelha de concreto - BLDG 01 - areia extraída e brita produzida","un",1846.17]
[2003636,"Boca de lobo dupla - grelha de concreto - BLDG 02 - areia e brita comerciais","un",2381.69]
[2003635,"Boca de lobo dupla - grelha de concreto - BLDG 02 - areia extraída e brita produzida","un",2276.36]
[2003638,"Boca de lobo dupla - grelha de concreto - BLDG 03 - areia e brita comerciais","un",2826.19]
[2003637,"Boca de lobo dupla - grelha de concreto - BLDG 03 - areia extraída e brita produzida","un",2710.89]
[2003640,"Boca de lobo dupla - grelha de concreto - BLDG 04 - areia e brita comerciais","un",3265.43]
[2003639,"Boca de lobo dupla - grelha de concreto - BLDG 04 - areia extraída e brita produzida","un",3141.08]
[2003618,"Boca de lobo simples - BLS 01 - areia e brita comerciais","un",1081.24]
[2003617,"Boca de lobo simples - BLS 01 - areia extraída e brita produzida","un",1028.3599999999999]
[2003620,"Boca de lobo simples - BLS 02 - areia e brita comerciais","un",1349.37]
[2003619,"Boca de lobo simples - BLS 02 - areia extraída e brita produzida","un",1291.02]
[2003626,"Boca de lobo simples - grelha de concreto - BLSG 01 - areia e brita comerciais","un",1011.61]
[2003625,"Boca de lobo simples - grelha de concreto - BLSG 01 - areia extraída e brita produzida","un",958.74]
[2003628,"Boca de lobo simples - grelha de concreto - BLSG 02 - areia e brita comerciais","un",1279.74]
[2003627,"Boca de lobo simples - grelha de concreto - BLSG 02 - areia extraída e brita produzida","un",1221.3900000000001]
[2003630,"Boca de lobo simples - grelha de concreto - BLSG 03 - areia e brita comerciais","un",1547.88]
[2003629,"Boca de lobo simples - grelha de concreto - BLSG 03 - areia extraída e brita produzida","un",1484.04]
[2003632,"Boca de lobo simples - grelha de concreto - BLSG 04 - areia e brita comerciais","un",1816.01]
[2003631,"Boca de lobo simples - grelha de concreto - BLSG 04 - areia extraída e brita produzida","un",1746.7]
[2003599,"Boca de saída para dreno longitudinal profundo - BSD 01 - tubo de concreto perfurado - areia e brita comerciais","un",224.35]
[2003598,"Boca de saída para dreno longitudinal profundo - BSD 01 - tubo de concreto perfurado - areia extraída e brita produzida","un",203.26]
[2003919,"Boca de saída para dreno longitudinal profundo - BSD 01 - tubo de PEAD - areia e brita comerciais","un",224.35]
[2003918,"Boca de saída para dreno longitudinal profundo - BSD 01 - tubo de PEAD - areia extraída e brita produzida","un",203.26]
[2003601,"Boca de saída para dreno longitudinal profundo - BSD 02 - tubo de concreto perfurado - areia e brita comerciais","un",281.45]
[2003600,"Boca de saída para dreno longitudinal profundo - BSD 02 - tubo de concreto perfurado - areia extraída e brita produzida","un",253.86]
[2003921,"Boca de saída para dreno longitudinal profundo - BSD 02 - tubo de PEAD - areia e brita comerciais","un",281.45]
[2003920,"Boca de saída para dreno longitudinal profundo - BSD 02 - tubo de PEAD - areia extraída e brita produzida","un",253.86]
[2003616,"Boca de saída para dreno sub-horizontal em material de 1ª categoria - BSD 04 - areia e brita comerciais","un",23.86]
[2003615,"Boca de saída para dreno sub-horizontal em material de 1ª categoria - BSD 04 - areia extraída e brita produzida","un",20.89]
[2003927,"Boca de saída para dreno sub-horizontal em material de 2ª categoria - BSD 04 - areia e brita comerciais","un",24.72]
[2003926,"Boca de saída para dreno sub-horizontal em material de 2ª categoria - BSD 04 - areia extraída e brita produzida","un",21.75]
[2003613,"Boca de saída para dreno subsuperficial - BSD 03 - areia e brita comerciais","un",160.57]
[2003612,"Boca de saída para dreno subsuperficial - BSD 03 - areia extraída e brita produzida","un",147.59]
[2003477,"Caixa coletora de sarjeta - CCS 200-60 A - com grelha de concreto - areia e brita comerciais","un",4847.5600000000004]
[2003476,"Caixa coletora de sarjeta - CCS 200-60 A - com grelha de concreto - areia extraída e brita produzida","un",4492.26]
[2003517,"Caixa coletora de sarjeta - CCS 200-60 B - com grelha de aço - areia e brita comerciais","un",5035.1899999999996]
[2003516,"Caixa coletora de sarjeta - CCS 200-60 B - com grelha de aço - areia extraída e brita produzida","un",4689.8599999999997]
[2003479,"Caixa coletora de sarjeta - CCS 200-80 A - com grelha de concreto - areia e brita comerciais","un",4814.8599999999997]
[2003478,"Caixa coletora de sarjeta - CCS 200-80 A - com grelha de concreto - areia extraída e brita produzida","un",4465.51]
[2003519,"Caixa coletora de sarjeta - CCS 200-80 B - com grelha de aço - areia e brita comerciais","un",5002.49]
[2003518,"Caixa coletora de sarjeta - CCS 200-80 B - com grelha de aço - areia extraída e brita produzida","un",4663.1099999999997]
[2003489,"Caixa coletora de sarjeta - CCS 250-100 A - com grelha de concreto - areia e brita comerciais","un",5882.35]
[2003488,"Caixa coletora de sarjeta - CCS 250-100 A - com grelha de concreto - areia extraída e brita produzida","un",5452.63]
[2003529,"Caixa coletora de sarjeta - CCS 250-100 B - com grelha de aço - areia e brita comerciais","un",6069.98]
[2003528,"Caixa coletora de sarjeta - CCS 250-100 B - com grelha de aço - areia extraída e brita produzida","un",5650.23]
[2003491,"Caixa coletora de sarjeta - CCS 250-120 A - com grelha de concreto - areia e brita comerciais","un",6687.46]
[2003490,"Caixa coletora de sarjeta - CCS 250-120 A - com grelha de concreto - areia extraída e brita produzida","un",6195.58]
[2003531,"Caixa coletora de sarjeta - CCS 250-120 B - com grelha de aço - areia e brita comerciais","un",6902.77]
[2003530,"Caixa coletora de sarjeta - CCS 250-120 B - com grelha de aço - areia extraída e brita produzida","un",6423.28]
[2003485,"Caixa coletora de sarjeta - CCS 250-60 A - com grelha de concreto - areia e brita comerciais","un",5957.09]
[2003484,"Caixa coletora de sarjeta - CCS 250-60 A - com grelha de concreto - areia extraída e brita produzida","un",5513.77]
[2003525,"Caixa coletora de sarjeta - CCS 250-60 B - com grelha de aço - areia e brita comerciais","un",6144.73]
[2003524,"Caixa coletora de sarjeta - CCS 250-60 B - com grelha de aço - areia extraída e brita produzida","un",5711.38]
[2003487,"Caixa coletora de sarjeta - CCS 250-80 A - com grelha de concreto - areia e brita comerciais","un",5924.39]
[2003486,"Caixa coletora de sarjeta - CCS 250-80 A - com grelha de concreto - areia extraída e brita produzida","un",5487.02]
[2003527,"Caixa coletora de sarjeta - CCS 250-80 B - com grelha de aço - areia e brita comerciais","un",6112.03]
[2003526,"Caixa coletora de sarjeta - CCS 250-80 B - com grelha de aço - areia extraída e brita produzida","un",5684.63]
[2003497,"Caixa coletora de sarjeta - CCS 300-100 A - com grelha de concreto - areia e brita comerciais","un",6945.54]
[2003496,"Caixa coletora de sarjeta - CCS 300-100 A - com grelha de concreto - areia extraída e brita produzida","un",6444.14]
[2003537,"Caixa coletora de sarjeta - CCS 300-100 B - com grelha de aço - areia e brita comerciais","un",7133.18]
[2003536,"Caixa coletora de sarjeta - CCS 300-100 B - com grelha de aço - areia extraída e brita produzida","un",6641.75]
[2003499,"Caixa coletora de sarjeta - CCS 300-120 A - com grelha de concreto - areia e brita comerciais","un",7882.2]
[2003498,"Caixa coletora de sarjeta - CCS 300-120 A - com grelha de concreto - areia extraída e brita produzida","un",7309.17]
[2003539,"Caixa coletora de sarjeta - CCS 300-120 B - com grelha de aço - areia e brita comerciais","un",8097.51]
[2003538,"Caixa coletora de sarjeta - CCS 300-120 B - com grelha de aço - areia extraída e brita produzida","un",7536.87]
[2003493,"Caixa coletora de sarjeta - CCS 300-60 A - com grelha de concreto - areia e brita comerciais","un",7020.29]
[2003492,"Caixa coletora de sarjeta - CCS 300-60 A - com grelha de concreto - areia extraída e brita produzida","un",6505.28]
[2003533,"Caixa coletora de sarjeta - CCS 300-60 B - com grelha de aço - areia e brita comerciais","un",7207.92]
[2003532,"Caixa coletora de sarjeta - CCS 300-60 B - com grelha de aço - areia extraída e brita produzida","un",6702.89]
[2003495,"Caixa coletora de sarjeta - CCS 300-80 A - com grelha de concreto - areia e brita comerciais","un",6987.59]
[2003494,"Caixa coletora de sarjeta - CCS 300-80 A - com grelha de concreto - areia extraída e brita produzida","un",6478.53]
[2003535,"Caixa coletora de sarjeta - CCS 300-80 B - com grelha de aço - areia e brita comerciais","un",7175.22]
[2003534,"Caixa coletora de sarjeta - CCS 300-80 B - com grelha de aço - areia extraída e brita produzida","un",6676.14]
[2003505,"Caixa coletora de sarjeta - CCS 350-100 A - com grelha de concreto - areia e brita comerciais","un",7947.84]
[2003504,"Caixa coletora de sarjeta - CCS 350-100 A - com grelha de concreto - areia extraída e brita produzida","un",7374.77]
[2003545,"Caixa coletora de sarjeta - CCS 350-100 B - com grelha de aço - areia e brita comerciais","un",8135.48]
[2003544,"Caixa coletora de sarjeta - CCS 350-100 B - com grelha de aço - areia extraída e brita produzida","un",7572.38]
[2003507,"Caixa coletora de sarjeta - CCS 350-120 A - com grelha de concreto - areia e brita comerciais","un",9011.75]
[2003506,"Caixa coletora de sarjeta - CCS 350-120 A - com grelha de concreto - areia extraída e brita produzida","un",8357.58]
[2003547,"Caixa coletora de sarjeta - CCS 350-120 B - com grelha de aço - areia e brita comerciais","un",9227.06]
[2003546,"Caixa coletora de sarjeta - CCS 350-120 B - com grelha de aço - areia extraída e brita produzida","un",8585.2800000000007]
[2003501,"Caixa coletora de sarjeta - CCS 350-60 A - com grelha de concreto - areia e brita comerciais","un",8022.59]
[2003500,"Caixa coletora de sarjeta - CCS 350-60 A - com grelha de concreto - areia extraída e brita produzida","un",7435.91]
[2003541,"Caixa coletora de sarjeta - CCS 350-60 B - com grelha de aço - areia e brita comerciais","un",8210.23]
[2003540,"Caixa coletora de sarjeta - CCS 350-60 B - com grelha de aço - areia extraída e brita produzida","un",7633.52]
[2003503,"Caixa coletora de sarjeta - CCS 350-80 A - com grelha de concreto - areia e brita comerciais","un",7989.89]
[2003502,"Caixa coletora de sarjeta - CCS 350-80 A - com grelha de concreto - areia extraída e brita produzida","un",7409.16]
[2003543,"Caixa coletora de sarjeta - CCS 350-80 B - com grelha de aço - areia e brita comerciais","un",8177.53]
[2003542,"Caixa coletora de sarjeta - CCS 350-80 B - com grelha de aço - areia extraída e brita produzida","un",7606.77]
[2003513,"Caixa coletora de sarjeta - CCS 400-100 A - com grelha de concreto - areia e brita comerciais","un",9011.0400000000009]
[2003512,"Caixa coletora de sarjeta - CCS 400-100 A - com grelha de concreto - areia extraída e brita produzida","un",8366.2800000000007]
[2003553,"Caixa coletora de sarjeta - CCS 400-100 B - com grelha de aço - areia e brita comerciais","un",9198.67]
[2003552,"Caixa coletora de sarjeta - CCS 400-100 B - com grelha de aço - areia extraída e brita produzida","un",8563.89]
[2003515,"Caixa coletora de sarjeta - CCS 400-120 A - com grelha de concreto - areia e brita comerciais","un",10206.49]
[2003514,"Caixa coletora de sarjeta - CCS 400-120 A - com grelha de concreto - areia extraída e brita produzida","un",9471.18]
[2003555,"Caixa coletora de sarjeta - CCS 400-120 B - com grelha de aço - areia e brita comerciais","un",10421.799999999999]
[2003554,"Caixa coletora de sarjeta - CCS 400-120 B - com grelha de aço - areia extraída e brita produzida","un",9698.8799999999992]
[2003509,"Caixa coletora de sarjeta - CCS 400-60 A - com grelha de concreto - areia e brita comerciais","un",9085.7800000000007]
[2003508,"Caixa coletora de sarjeta - CCS 400-60 A - com grelha de concreto - areia extraída e brita produzida","un",8427.43]
[2003549,"Caixa coletora de sarjeta - CCS 400-60 B - com grelha de aço - areia e brita comerciais","un",9273.42]
[2003548,"Caixa coletora de sarjeta - CCS 400-60 B - com grelha de aço - areia extraída e brita produzida","un",8625.0300000000007]
[2003511,"Caixa coletora de sarjeta - CCS 400-80 A - com grelha de concreto - areia e brita comerciais","un",9053.08]
[2003510,"Caixa coletora de sarjeta - CCS 400-80 A - com grelha de concreto - areia extraída e brita produzida","un",8400.68]
[2003551,"Caixa coletora de sarjeta - CCS 400-80 B - com grelha de aço - areia e brita comerciais","un",9240.7199999999993]
[2003550,"Caixa coletora de sarjeta - CCS 400-80 B - com grelha de aço - areia extraída e brita produzida","un",8598.2900000000009]
[2003728,"Caixa coletora de talvegue - CCT 01 - areia e brita comerciais","un",3793.6]
[2003727,"Caixa coletora de talvegue - CCT 01 - areia extraída e brita produzida","un",3487.96]
[2003730,"Caixa coletora de talvegue - CCT 02 - areia e brita comerciais","un",3744.91]
[2003729,"Caixa coletora de talvegue - CCT 02 - areia extraída e brita produzida","un",3452.8]
[2003732,"Caixa coletora de talvegue - CCT 03 - areia e brita comerciais","un",3701.1]
[2003731,"Caixa coletora de talvegue - CCT 03 - areia extraída e brita produzida","un",3421.15]
[2003734,"Caixa coletora de talvegue - CCT 04 - areia e brita comerciais","un",3647.54]
[2003733,"Caixa coletora de talvegue - CCT 04 - areia extraída e brita produzida","un",3382.47]
[2003736,"Caixa coletora de talvegue - CCT 05 - areia e brita comerciais","un",4967.6000000000004]
[2003735,"Caixa coletora de talvegue - CCT 05 - areia extraída e brita produzida","un",4587.57]
[2003738,"Caixa coletora de talvegue - CCT 06 - areia e brita comerciais","un",4918.91]
[2003737,"Caixa coletora de talvegue - CCT 06 - areia extraída e brita produzida","un",4552.41]
[2003740,"Caixa coletora de talvegue - CCT 07 - areia e brita comerciais","un",4875.1000000000004]
[2003739,"Caixa coletora de talvegue - CCT 07 - areia extraída e brita produzida","un",4520.7700000000004]
[2003742,"Caixa coletora de talvegue - CCT 08 - areia e brita comerciais","un",5016.28]
[2003741,"Caixa coletora de talvegue - CCT 08 - areia extraída e brita produzida","un",4622.74]
[2003744,"Caixa coletora de talvegue - CCT 09 - areia e brita comerciais","un",5977.2]
[2003743,"Caixa coletora de talvegue - CCT 09 - areia extraída e brita produzida","un",5522.79]
[2003746,"Caixa coletora de talvegue - CCT 10 - areia e brita comerciais","un",5928.51]
[2003745,"Caixa coletora de talvegue - CCT 10 - areia extraída e brita produzida","un",5487.63]
[2003748,"Caixa coletora de talvegue - CCT 11 - areia e brita comerciais","un",5884.69]
[2003747,"Caixa coletora de talvegue - CCT 11 - areia extraída e brita produzida","un",5455.98]
[2003750,"Caixa coletora de talvegue - CCT 12 - areia e brita comerciais","un",5831.14]
[2003749,"Caixa coletora de talvegue - CCT 12 - areia extraída e brita produzida","un",5417.31]
[2003752,"Caixa coletora de talvegue - CCT 13 - areia e brita comerciais","un",7205.77]
[2003751,"Caixa coletora de talvegue - CCT 13 - areia extraída e brita produzida","un",6676.98]
[2003754,"Caixa coletora de talvegue - CCT 14 - areia e brita comerciais","un",7157.08]
[2003753,"Caixa coletora de talvegue - CCT 14 - areia extraída e brita produzida","un",6641.82]
[2003756,"Caixa coletora de talvegue - CCT 15 - areia e brita comerciais","un",7113.26]
[2003755,"Caixa coletora de talvegue - CCT 15 - areia extraída e brita produzida","un",6610.17]
[2003758,"Caixa coletora de talvegue - CCT 16 - areia e brita comerciais","un",7059.71]
[2003757,"Caixa coletora de talvegue - CCT 16 - areia extraída e brita produzida","un",6571.49]
[2003760,"Caixa coletora de talvegue - CCT 17 - areia e brita comerciais","un",7188.07]
[2003759,"Caixa coletora de talvegue - CCT 17 - areia extraída e brita produzida","un",6882.43]
[2003762,"Caixa coletora de talvegue - CCT 18 - areia e brita comerciais","un",8210.48]
[2003761,"Caixa coletora de talvegue - CCT 18 - areia extraída e brita produzida","un",7620.83]
[2003764,"Caixa coletora de talvegue - CCT 19 - areia e brita comerciais","un",8166.66]
[2003763,"Caixa coletora de talvegue - CCT 19 - areia extraída e brita produzida","un",7589.19]
[2003766,"Caixa coletora de talvegue - CCT 20 - areia e brita comerciais","un",8113.11]
[2003765,"Caixa coletora de talvegue - CCT 20 - areia extraída e brita produzida","un",7550.51]
[2003642,"Caixa de ligação e passagem - CLP 01 - areia e brita comerciais","un",1747.6]
[2003641,"Caixa de ligação e passagem - CLP 01 - areia extraída e brita produzida","un",1556.91]
[2003644,"Caixa de ligação e passagem - CLP 02 - areia e brita comerciais","un",1718.38]
[2003643,"Caixa de ligação e passagem - CLP 02 - areia extraída e brita produzida","un",1535.81]
[2003646,"Caixa de ligação e passagem - CLP 03 - areia e brita comerciais","un",2349.94]
[2003645,"Caixa de ligação e passagem - CLP 03 - areia extraída e brita produzida","un",2087.5700000000002]
[2003648,"Caixa de ligação e passagem - CLP 04 - areia e brita comerciais","un",3030.08]
[2003647,"Caixa de ligação e passagem - CLP 04 - areia extraída e brita produzida","un",2700.1]
[2003650,"Caixa de ligação e passagem - CLP 05 - areia e brita comerciais","un",3607.57]
[2003649,"Caixa de ligação e passagem - CLP 05 - areia extraída e brita produzida","un",3226.19]
[2003652,"Caixa de ligação e passagem - CLP 06 - areia e brita comerciais","un",4635.51]
[2003651,"Caixa de ligação e passagem - CLP 06 - areia extraída e brita produzida","un",4174.34]
[2003654,"Caixa de ligação e passagem - CLP 07 - areia e brita comerciais","un",2089.85]
[2003653,"Caixa de ligação e passagem - CLP 07 - areia extraída e brita produzida","un",1862.65]
[2003656,"Caixa de ligação e passagem - CLP 08 - areia e brita comerciais","un",2055.77]
[2003655,"Caixa de ligação e passagem - CLP 08 - areia extraída e brita produzida","un",1838.03]
[2003658,"Caixa de ligação e passagem - CLP 09 - areia e brita comerciais","un",2742.48]
[2003657,"Caixa de ligação e passagem - CLP 09 - areia extraída e brita produzida","un",2435.48]
[2003660,"Caixa de ligação e passagem - CLP 10 - areia e brita comerciais","un",3449.23]
[2003659,"Caixa de ligação e passagem - CLP 10 - areia extraída e brita produzida","un",3071.91]
[2003662,"Caixa de ligação e passagem - CLP 11 - areia e brita comerciais","un",4058.18]
[2003661,"Caixa de ligação e passagem - CLP 11 - areia extraída e brita produzida","un",3625.42]
[2003664,"Caixa de ligação e passagem - CLP 12 - areia e brita comerciais","un",5013.88]
[2003663,"Caixa de ligação e passagem - CLP 12 - areia extraída e brita produzida","un",4497.26]
[2003666,"Caixa de ligação e passagem - CLP 13 - areia e brita comerciais","un",2436.9699999999998]
[2003665,"Caixa de ligação e passagem - CLP 13 - areia extraída e brita produzida","un",2171.9]
[2003668,"Caixa de ligação e passagem - CLP 14 - areia e brita comerciais","un",2407.7600000000002]
[2003667,"Caixa de ligação e passagem - CLP 14 - areia extraída e brita produzida","un",2150.8000000000002]
[2003670,"Caixa de ligação e passagem - CLP 15 - areia e brita comerciais","un",3149.63]
[2003669,"Caixa de ligação e passagem - CLP 15 - areia extraída e brita produzida","un",2793.95]
[2003672,"Caixa de ligação e passagem - CLP 16 - areia e brita comerciais","un",3892.71]
[2003671,"Caixa de ligação e passagem - CLP 16 - areia extraída e brita produzida","un",3461.3]
[2003674,"Caixa de ligação e passagem - CLP 17 - areia e brita comerciais","un",4528.2700000000004]
[2003673,"Caixa de ligação e passagem - CLP 17 - areia extraída e brita produzida","un",4038.7]
[2003676,"Caixa de ligação e passagem - CLP 18 - areia e brita comerciais","un",5533.61]
[2003675,"Caixa de ligação e passagem - CLP 18 - areia extraída e brita produzida","un",4953.43]
[2003854,"Camada drenante para proteção de muros de contenção - areia comercial","m³",102.1]
[2003855,"Camada drenante para proteção de muros de contenção - areia extraída","m³",17.420000000000002]
[2003856,"Camada drenante para proteção de muros de contenção - brita comercial","m³",187.76]
[2003857,"Camada drenante para proteção de muros de contenção - brita produzida","m³",70.959999999999994]
[2019782,"Canal em polietileno e polipropileno com efeito autolimpante e abertura de captação em ferro fundido dúctil - carga de controle de 900 kN - 100,0 x 21,0 x 57,9 cm - fornecimento e instalação em pavimento de asfalto","m",1197.3699999999999]
[2019783,"Canal em polietileno e polipropileno com efeito autolimpante e abertura de captação em ferro fundido dúctil - carga de controle de 900 kN - 100,0 x 25,2 x 66,5 cm - fornecimento e instalação em pavimento de asfalto","m",1864.85]
[2019784,"Canal em polietileno e polipropileno com efeito autolimpante e abertura de captação em ferro fundido dúctil - carga de controle de 900 kN - 100,0 x 42,0 x 95,0 cm - fornecimento e instalação em pavimento de asfalto","m",2409.4499999999998]
[2019785,"Canal em polietileno e polipropileno com efeito autolimpante e abertura de captação em ferro fundido dúctil - carga de controle de 900 kN - 114,2 x 78,0 x 106,0 cm - fornecimento e instalação em pavimento de asfalto","m",3200.71]
[2019776,"Canal em polietileno e polipropileno com efeito autolimpante e grelha de encaixe em ferro fundido dúctil - carga de controle de 400 kN - 100,0 x 14,7 x 18,6 cm - fornecimento e instalação em pavimento de asfalto","m",543.54999999999995]
[2019777,"Canal em polietileno e polipropileno com efeito autolimpante e grelha de encaixe em ferro fundido dúctil - carga de controle de 400 kN - 100,0 x 24,7 x 23,6 cm - fornecimento e instalação em pavimento de asfalto","m",1394.94]
[2019778,"Canal em polietileno e polipropileno com efeito autolimpante e grelha de encaixe em ferro fundido dúctil - carga de controle de 400 kN - 100,0 x 34,9 x 29,4 cm - fornecimento e instalação em pavimento de asfalto","m",2342.38]
[2019779,"Canal em polietileno e polipropileno com efeito autolimpante e grelha de encaixe em ferro fundido dúctil - carga de controle de 600 kN - 100,0 x 16,0 x 15,0 cm - fornecimento e instalação em pavimento de asfalto","m",827.7]
[2019780,"Canal em polietileno e polipropileno com efeito autolimpante e grelha de encaixe em ferro fundido dúctil - carga de controle de 600 kN - 100,0 x 21,2 x 21,0 cm - fornecimento e instalação em pavimento de asfalto","m",1011.88]
[2019781,"Canal em polietileno e polipropileno com efeito autolimpante e grelha de encaixe em ferro fundido dúctil - carga de controle de 600 kN - 100,0 x 26,2 x 20,0 cm - fornecimento e instalação em pavimento de asfalto","m",1273.93]
[2019773,"Canal em polietileno e polipropileno com efeito autolimpante e grelha de encaixe em poliamida reforçada - carga de controle de 250 kN - 100,0 x 16,0 x 15,0 cm - fornecimento e instalação em pavimento de asfalto","m",363.1]
[2019774,"Canal em polietileno e polipropileno com efeito autolimpante e grelha de encaixe em poliamida reforçada - carga de controle de 250 kN - 100,0 x 16,0 x 20,0 cm - fornecimento e instalação em pavimento de asfalto","m",388.95]
[2019775,"Canal em polietileno e polipropileno com efeito autolimpante e grelha de encaixe em poliamida reforçada - carga de controle de 250 kN - 100,0 x 16,0 x 7,5 cm - fornecimento e instalação em pavimento de asfalto","m",336.2]
[2019755,"Canal monobloco com corpo e grelha em concreto polímero com efeito autolimpante - carga de controle de 400 kN - 100,0 x 15,0 x 23,0 cm - fornecimento e instalação em pavimento de asfalto","m",463.87]
[2019764,"Canal monobloco com corpo e grelha em concreto polímero com efeito autolimpante - carga de controle de 400 kN - 100,0 x 15,0 x 23,0 cm - fornecimento e instalação em pavimento de concreto","m",487.04]
[2019756,"Canal monobloco com corpo e grelha em concreto polímero com efeito autolimpante - carga de controle de 400 kN - 100,0 x 25,0 x 32,0 cm - fornecimento e instalação em pavimento de asfalto","m",849.92]
[2019765,"Canal monobloco com corpo e grelha em concreto polímero com efeito autolimpante - carga de controle de 400 kN - 100,0 x 25,0 x 32,0 cm - fornecimento e instalação em pavimento de concreto","m",873.09]
[2019757,"Canal monobloco com corpo e grelha em concreto polímero com efeito autolimpante - carga de controle de 900 kN - 100,0 x 16,0 x 26,5 cm - fornecimento e instalação em pavimento de asfalto","m",852.38]
[2019766,"Canal monobloco com corpo e grelha em concreto polímero com efeito autolimpante - carga de controle de 900 kN - 100,0 x 16,0 x 26,5 cm - fornecimento e instalação em pavimento de concreto","m",913.07]
[2019758,"Canal monobloco com corpo e grelha em concreto polímero com efeito autolimpante - carga de controle de 900 kN - 100,0 x 21,0 x 28,0 cm - fornecimento e instalação em pavimento de asfalto","m",909.03]
[2019767,"Canal monobloco com corpo e grelha em concreto polímero com efeito autolimpante - carga de controle de 900 kN - 100,0 x 21,0 x 28,0 cm - fornecimento e instalação em pavimento de concreto","m",970.23]
[2019759,"Canal monobloco com corpo e grelha em concreto polímero com efeito autolimpante - carga de controle de 900 kN - 100,0 x 21,0 x 38,0 cm - fornecimento e instalação em pavimento de asfalto","m",1030.3800000000001]
[2019768,"Canal monobloco com corpo e grelha em concreto polímero com efeito autolimpante - carga de controle de 900 kN - 100,0 x 21,0 x 38,0 cm - fornecimento e instalação em pavimento de concreto","m",1101.83]
[2019760,"Canal monobloco com corpo e grelha em concreto polímero com efeito autolimpante - carga de controle de 900 kN - 100,0 x 21,0 x 48,0 cm - fornecimento e instalação em pavimento de asfalto","m",1281.6199999999999]
[2019769,"Canal monobloco com corpo e grelha em concreto polímero com efeito autolimpante - carga de controle de 900 kN - 100,0 x 21,0 x 48,0 cm - fornecimento e instalação em pavimento de concreto","m",1363.3]
[2019761,"Canal monobloco com corpo e grelha em concreto polímero com efeito autolimpante - carga de controle de 900 kN - 100,0 x 26,0 x 33,0 cm - fornecimento e instalação em pavimento de asfalto","m",1267.7]
[2019770,"Canal monobloco com corpo e grelha em concreto polímero com efeito autolimpante - carga de controle de 900 kN - 100,0 x 26,0 x 33,0 cm - fornecimento e instalação em pavimento de concreto","m",1334.02]
[2019762,"Canal monobloco com corpo e grelha em concreto polímero com efeito autolimpante - carga de controle de 900 kN - 100,0 x 26,0 x 53,0 cm - fornecimento e instalação em pavimento de asfalto","m",1464.19]
[2019771,"Canal monobloco com corpo e grelha em concreto polímero com efeito autolimpante - carga de controle de 900 kN - 100,0 x 26,0 x 53,0 cm - fornecimento e instalação em pavimento de concreto","m",1550.99]
[2019763,"Canal monobloco com corpo e grelha em concreto polímero com efeito autolimpante - carga de controle de 900 kN - 200,0 x 40,0 x 59,5 cm - fornecimento e instalação em pavimento de asfalto","m",5057.8900000000003]
[2019772,"Canal monobloco com corpo e grelha em concreto polímero com efeito autolimpante - carga de controle de 900 kN - 200,0 x 40,0 x 59,5 cm - fornecimento e instalação em pavimento de concreto","m",5143.16]
[2003811,"Canaleta de concreto - CAU 01 - seção de 20 x 20 cm - espessura de 10 cm - apoiada em toda a extensão","m",149.84]
[2003812,"Canaleta de concreto - CAU 02 - seção de 25 x 25 cm - espessura de 10 cm - apoiada em toda a extensão","m",177.56]
[2003813,"Canaleta de concreto - CAU 03 - seção de 30 x 30 cm - espessura de 10 cm - apoiada em toda a extensão","m",211.51]
[2003814,"Canaleta de concreto - CAU 04 - seção de 35 x 35 cm - espessura de 10 cm - apoiada em toda a extensão","m",241.3]
[2003815,"Canaleta de concreto - CAU 05 - seção de 40 x 40 cm - espessura de 10 cm - apoiada em toda a extensão","m",271.10000000000002]
[2003816,"Canaleta de concreto - CAU 06 - seção de 50 x 50 cm - espessura de 10 cm - apoiada em toda a extensão","m",334.84]
[2003817,"Canaleta de concreto - CAU 07 - seção de 60 x 60 cm - espessura de 10 cm - apoiada em toda a extensão","m",392.36]
[2003799,"Canaleta meia cana D = 0,30 m assente sobre lastro de areia - areia e brita comerciais - fornecimento e instalação","m",58.46]
[2003798,"Canaleta meia cana D = 0,30 m assente sobre lastro de areia - areia extraída e brita produzida - fornecimento e instalação","m",51.19]
[2003801,"Canaleta meia cana D = 0,40 m assente sobre lastro de areia - areia e brita comerciais - fornecimento e instalação","m",74.22]
[2003800,"Canaleta meia cana D = 0,40 m assente sobre lastro de areia - areia extraída e brita produzida - fornecimento e instalação","m",63.82]
[2003714,"Chaminé dos poços de visita - CPV 01 - areia e brita comerciais","un",1606.66]
[2003713,"Chaminé dos poços de visita - CPV 01 - areia extraída e brita produzida","un",1569.73]
[2003716,"Chaminé dos poços de visita - CPV 02 - areia e brita comerciais","un",1896.94]
[2003715,"Chaminé dos poços de visita - CPV 02 - areia extraída e brita produzida","un",1854.87]
[2003718,"Chaminé dos poços de visita - CPV 03 - areia e brita comerciais","un",2180.62]
[2003717,"Chaminé dos poços de visita - CPV 03 - areia extraída e brita produzida","un",2134.35]
[2003720,"Chaminé dos poços de visita - CPV 04 - areia e brita comerciais","un",2470.87]
[2003719,"Chaminé dos poços de visita - CPV 04 - areia extraída e brita produzida","un",2419.4499999999998]
[2003722,"Chaminé dos poços de visita - CPV 05 - areia e brita comerciais","un",2754.54]
[2003721,"Chaminé dos poços de visita - CPV 05 - areia extraída e brita produzida","un",2698.92]
[2003724,"Chaminé dos poços de visita - CPV 06 - areia e brita comerciais","un",3044.83]
[2003723,"Chaminé dos poços de visita - CPV 06 - areia extraída e brita produzida","un",2984.06]
[2003726,"Chaminé dos poços de visita - CPV 07 - areia e brita comerciais","un",3328.51]
[2003725,"Chaminé dos poços de visita - CPV 07 - areia extraída e brita produzida","un",3263.54]
[2003859,"Colchão drenante com espalhamento e compactação mecânicos - brita produzida","m³",67.78]
[2003861,"Coluna drenante D = 20 cm - areia comercial","m",24.13]
[2003862,"Coluna drenante D = 20 cm - areia extraída","m",21.71]
[2003411,"Descida d'água de aterros em degraus - DAD 110-26 - areia e brita comerciais","m",793.41]
[2003410,"Descida d'água de aterros em degraus - DAD 110-26 - areia extraída e brita produzida","m",736.47]
[2003415,"Descida d'água de aterros em degraus - DAD 125-30 - areia e brita comerciais","m",872.12]
[2003414,"Descida d'água de aterros em degraus - DAD 125-30 - areia extraída e brita produzida","m",809.06]
[2003419,"Descida d'água de aterros em degraus - DAD 170-35 - areia e brita comerciais","m",1056.26]
[2003418,"Descida d'água de aterros em degraus - DAD 170-35 - areia extraída e brita produzida","m",977.07]
[2003423,"Descida d'água de aterros em degraus - DAD 200-40 - areia e brita comerciais","m",1211.0899999999999]
[2003422,"Descida d'água de aterros em degraus - DAD 200-40 - areia extraída e brita produzida","m",1120.5999999999999]
[2003427,"Descida d'água de aterros em degraus - DAD 240-54 - areia e brita comerciais","m",1441.45]
[2003426,"Descida d'água de aterros em degraus - DAD 240-54 - areia extraída e brita produzida","m",1333.52]
[2003431,"Descida d'água de aterros em degraus - DAD 320-35 - areia e brita comerciais","m",1590.8]
[2003430,"Descida d'água de aterros em degraus - DAD 320-35 - areia extraída e brita produzida","m",1463.24]
[2003435,"Descida d'água de aterros em degraus - DAD 370-45 - areia e brita comerciais","m",1840.85]
[2003434,"Descida d'água de aterros em degraus - DAD 370-45 - areia extraída e brita produzida","m",1693.92]
[2003439,"Descida d'água de aterros em degraus - DAD 435-55 - areia e brita comerciais","m",2154.27]
[2003438,"Descida d'água de aterros em degraus - DAD 435-55 - areia extraída e brita produzida","m",1983.15]
[2003167,"Descida d'água de aterros em degraus - DAD 470-35 - areia e brita comerciais","m",2111.89]
[2003168,"Descida d'água de aterros em degraus - DAD 470-35 - areia extraída e brita produzida","m",1935.99]
[2003407,"Descida d'água de aterros em degraus - DAD 60-36 - areia e brita comerciais","m",681.52]
[2003406,"Descida d'água de aterros em degraus - DAD 60-36 - areia extraída e brita produzida","m",637.46]
[2003169,"Descida d'água de aterros em degraus - DAD 608-50 - areia e brita comerciais","m",2729.78]
[2003170,"Descida d'água de aterros em degraus - DAD 608-50 - areia extraída e brita produzida","m",2504.5100000000002]
[2003389,"Descida d'água de aterros tipo rápido - DAR 40-20 - areia e brita comerciais","m",239.53]
[2003388,"Descida d'água de aterros tipo rápido - DAR 40-20 - areia extraída e brita produzida","m",220.71]
[2003393,"Descida d'água de aterros tipo rápido - DAR 60-30 - areia e brita comerciais","m",368.33]
[2003392,"Descida d'água de aterros tipo rápido - DAR 60-30 - areia extraída e brita produzida","m",342.62]
[2003173,"Descida d'água de cortes em degraus - DCD 100-50 - areia e brita comerciais","m",885.97]
[2003174,"Descida d'água de cortes em degraus - DCD 100-50 - areia extraída e brita produzida","m",827.31]
[2003171,"Descida d'água de cortes em degraus - DCD 40-40 - areia e brita comerciais","m",614.63]
[2003172,"Descida d'água de cortes em degraus - DCD 40-40 - areia extraída e brita produzida","m",577.9]
[2003399,"Descida d'água de cortes em degraus - DCD 60-30 - areia e brita comerciais","m",621.47]
[2003398,"Descida d'água de cortes em degraus - DCD 60-30 - areia extraída e brita produzida","m",581.57000000000005]
[2003403,"Descida d'água de cortes em degraus - DCD 80-40 - areia e brita comerciais","m",758.6]
[2003402,"Descida d'água de cortes em degraus - DCD 80-40 - areia extraída e brita produzida","m",709.31]
[2003452,"Dissipador de energia - DEB 180-263 - areia extraída e brita e pedra de mão produzidas","un",830.79]
[2003453,"Dissipador de energia - DEB 180-263 - areia, brita e pedra de mão comerciais","un",1007.28]
[2003454,"Dissipador de energia - DEB 240-316 - areia extraída e brita e pedra de mão produzidas","un",1163.03]
[2003455,"Dissipador de energia - DEB 240-316 - areia, brita e pedra de mão comerciais","un",1433.73]
[2003456,"Dissipador de energia - DEB 300-366 - areia extraída e brita e pedra de mão produzidas","un",1535.49]
[2003457,"Dissipador de energia - DEB 300-366 - areia, brita e pedra de mão comerciais","un",1917.26]
[2003462,"Dissipador de energia - DEB 300-511 - areia extraída e brita e pedra de mão produzidas","un",1964.65]
[2003463,"Dissipador de energia - DEB 300-511 - areia, brita e pedra de mão comerciais","un",2485.2399999999998]
[2003468,"Dissipador de energia - DEB 300-666 - areia extraída e brita e pedra de mão produzidas","un",2423.23]
[2003469,"Dissipador de energia - DEB 300-666 - areia, brita e pedra de mão comerciais","un",3092.07]
[2003458,"Dissipador de energia - DEB 360-414 - areia extraída e brita e pedra de mão produzidas","un",1945.77]
[2003459,"Dissipador de energia - DEB 360-414 - areia, brita e pedra de mão comerciais","un",2454.06]
[2003464,"Dissipador de energia - DEB 360-584 - areia extraída e brita e pedra de mão produzidas","un",2526.87]
[2003465,"Dissipador de energia - DEB 360-584 - areia, brita e pedra de mão comerciais","un",3228.23]
[2003470,"Dissipador de energia - DEB 360-754 - areia extraída e brita e pedra de mão produzidas","un",3109.92]
[2003471,"Dissipador de energia - DEB 360-754 - areia, brita e pedra de mão comerciais","un",4005.09]
[2003460,"Dissipador de energia - DEB 450-551 - areia extraída e brita e pedra de mão produzidas","un",2913.61]
[2003461,"Dissipador de energia - DEB 450-551 - areia, brita e pedra de mão comerciais","un",3736.82]
[2003466,"Dissipador de energia - DEB 450-746 - areia extraída e brita e pedra de mão produzidas","un",3717.74]
[2003467,"Dissipador de energia - DEB 450-746 - areia, brita e pedra de mão comerciais","un",4815.6000000000004]
[2003472,"Dissipador de energia - DEB 450-956 - areia extraída e brita e pedra de mão produzidas","un",4582.83]
[2003473,"Dissipador de energia - DEB 450-956 - areia, brita e pedra de mão comerciais","un",5977.05]
[2003176,"Dissipador de energia - DED 01 A - areia extraída e brita e pedra de mão produzidas","un",611.28]
[2003175,"Dissipador de energia - DED 01 A - areia, brita e pedra de mão comerciais","un",717.52]
[2003201,"Dissipador de energia - DED 01 B - areia e brita comerciais","un",690.38]
[2003202,"Dissipador de energia - DED 01 B - areia extraída e brita produzida","un",625.78]
[2003178,"Dissipador de energia - DED 02 A - areia extraída e brita e pedra de mão produzidas","un",386.82]
[2003177,"Dissipador de energia - DED 02 A - areia, brita e pedra de mão comerciais","un",443.95]
[2003203,"Dissipador de energia - DED 02 B - areia e brita comerciais","un",495.13]
[2003204,"Dissipador de energia - DED 02 B - areia extraída e brita produzida","un",449.55]
[2003180,"Dissipador de energia - DED 03 A - areia extraída e brita e pedra de mão produzidas","un",610.03]
[2003179,"Dissipador de energia - DED 03 A - areia, brita e pedra de mão comerciais","un",715.84]
[2003205,"Dissipador de energia - DED 03 B - areia e brita comerciais","un",1602.21]
[2003206,"Dissipador de energia - DED 03 B - areia extraída e brita produzida","un",1486.55]
[2003182,"Dissipador de energia - DED 04 A - areia extraída e brita e pedra de mão produzidas","un",753.79]
[2003181,"Dissipador de energia - DED 04 A - areia, brita e pedra de mão comerciais","un",900.76]
[2003207,"Dissipador de energia - DED 04 B - areia e brita comerciais","un",1834.07]
[2003208,"Dissipador de energia - DED 04 B - areia extraída e brita produzida","un",1699.55]
[2003184,"Dissipador de energia - DED 05 A - areia extraída e brita e pedra de mão produzidas","un",978.41]
[2003183,"Dissipador de energia - DED 05 A - areia, brita e pedra de mão comerciais","un",1182.83]
[2003209,"Dissipador de energia - DED 05 B - areia e brita comerciais","un",2842.27]
[2003210,"Dissipador de energia - DED 05 B - areia extraída e brita produzida","un",2626.39]
[2003186,"Dissipador de energia - DED 06 A - areia extraída e brita e pedra de mão produzidas","un",1256.31]
[2003185,"Dissipador de energia - DED 06 A - areia, brita e pedra de mão comerciais","un",1540.62]
[2003211,"Dissipador de energia - DED 06 B - areia e brita comerciais","un",3593.79]
[2003212,"Dissipador de energia - DED 06 B - areia extraída e brita produzida","un",3310.37]
[2003188,"Dissipador de energia - DED 07 A - areia extraída e brita e pedra de mão produzidas","un",1549.54]
[2003187,"Dissipador de energia - DED 07 A - areia, brita e pedra de mão comerciais","un",1918.51]
[2003213,"Dissipador de energia - DED 07 B - areia e brita comerciais","un",5203.47]
[2003214,"Dissipador de energia - DED 07 B - areia extraída e brita produzida","un",4774.7]
[2003190,"Dissipador de energia - DED 08 A - areia extraída e brita e pedra de mão produzidas","un",1929.27]
[2003189,"Dissipador de energia - DED 08 A - areia, brita e pedra de mão comerciais","un",2412.52]
[2003215,"Dissipador de energia - DED 08 B - areia e brita comerciais","un",8601.6299999999992]
[2003216,"Dissipador de energia - DED 08 B - areia extraída e brita produzida","un",7863.49]
[2003192,"Dissipador de energia - DED 09 A - areia extraída e brita e pedra de mão produzidas","un",2086.88]
[2003191,"Dissipador de energia - DED 09 A - areia, brita e pedra de mão comerciais","un",2616.44]
[2003217,"Dissipador de energia - DED 09 B - areia e brita comerciais","un",5954.64]
[2003218,"Dissipador de energia - DED 09 B - areia extraída e brita produzida","un",5441.25]
[2003194,"Dissipador de energia - DED 10 A - areia extraída e brita e pedra de mão produzidas","un",2541.27]
[2003193,"Dissipador de energia - DED 10 A - areia, brita e pedra de mão comerciais","un",3210.93]
[2003219,"Dissipador de energia - DED 10 B - areia e brita comerciais","un",8067.5]
[2003220,"Dissipador de energia - DED 10 B - areia extraída e brita produzida","un",7345.53]
[2003196,"Dissipador de energia - DED 11 A - areia extraída e brita e pedra de mão produzidas","un",3127.97]
[2003195,"Dissipador de energia - DED 11 A - areia, brita e pedra de mão comerciais","un",3981.45]
[2003221,"Dissipador de energia - DED 11 B - areia e brita comerciais","un",12183.6]
[2003222,"Dissipador de energia - DED 11 B - areia extraída e brita produzida","un",11048.85]
[2003198,"Dissipador de energia - DED 12 A - areia extraída e brita e pedra de mão produzidas","un",2918.71]
[2003197,"Dissipador de energia - DED 12 A - areia, brita e pedra de mão comerciais","un",3692.78]
[2003223,"Dissipador de energia - DED 12 B - areia e brita comerciais","un",8270.52]
[2003224,"Dissipador de energia - DED 12 B - areia extraída e brita produzida","un",7542.36]
[2003200,"Dissipador de energia - DED 13 A - areia extraída e brita e pedra de mão produzidas","un",3392.92]
[2003199,"Dissipador de energia - DED 13 A - areia, brita e pedra de mão comerciais","un",4351.87]
[2003225,"Dissipador de energia - DED 13 B - areia e brita comerciais","un",11849.01]
[2003226,"Dissipador de energia - DED 13 B - areia extraída e brita produzida","un",10753.44]
[2003238,"Dissipador de energia - DES 100-300 - areia extraída e brita e pedra de mão produzidas","un",713.13]
[2003237,"Dissipador de energia - DES 100-300 - areia, brita e pedra de mão comerciais","un",843.65]
[2003236,"Dissipador de energia - DES 108-324 - areia extraída e brita e pedra de mão produzidas","un",791.98]
[2003235,"Dissipador de energia - DES 108-324 - areia, brita e pedra de mão comerciais","un",942.07]
[2003234,"Dissipador de energia - DES 120-360 - areia extraída e brita e pedra de mão produzidas","un",923.59]
[2003233,"Dissipador de energia - DES 120-360 - areia, brita e pedra de mão comerciais","un",1109.07]
[2003232,"Dissipador de energia - DES 125-375 - areia extraída e brita e pedra de mão produzidas","un",971.06]
[2003231,"Dissipador de energia - DES 125-375 - areia, brita e pedra de mão comerciais","un",1167.26]
[2003230,"Dissipador de energia - DES 150-450 - areia extraída e brita e pedra de mão produzidas","un",1262.9100000000001]
[2003229,"Dissipador de energia - DES 150-450 - areia, brita e pedra de mão comerciais","un",1537.54]
[2003228,"Dissipador de energia - DES 160-480 - areia extraída e brita e pedra de mão produzidas","un",1397.33]
[2003227,"Dissipador de energia - DES 160-480 - areia, brita e pedra de mão comerciais","un",1711.69]
[2003248,"Dissipador de energia - DES 60-180 - areia extraída e brita e pedra de mão produzidas","un",371]
[2003247,"Dissipador de energia - DES 60-180 - areia, brita e pedra de mão comerciais","un",426.66]
[2003246,"Dissipador de energia - DES 73-219 - areia extraída e brita e pedra de mão produzidas","un",470.92]
[2003245,"Dissipador de energia - DES 73-219 - areia, brita e pedra de mão comerciais","un",545.91999999999996]
[2003244,"Dissipador de energia - DES 80-240 - areia extraída e brita e pedra de mão produzidas","un",531.12]
[2003243,"Dissipador de energia - DES 80-240 - areia, brita e pedra de mão comerciais","un",618.61]
[2003242,"Dissipador de energia - DES 88-264 - areia extraída e brita e pedra de mão produzidas","un",600.47]
[2003241,"Dissipador de energia - DES 88-264 - areia, brita e pedra de mão comerciais","un",704.59]
[2003240,"Dissipador de energia - DES 90-270 - areia extraída e brita e pedra de mão produzidas","un",623.96]
[2003239,"Dissipador de energia - DES 90-270 - areia, brita e pedra de mão comerciais","un",736]
[2004516,"Dreno de pavimento em microvala com geocomposto drenante H = 0,40 m - inclusive corte, enchimento com areia e selo asfáltico","m",37.090000000000003]
[2004517,"Dreno de pavimento em microvala com geocomposto drenante H = 0,60 m - inclusive corte, enchimento com areia e selo asfáltico","m",73.7]
[2007971,"Dreno de PVC D = 100 mm para OAE - fornecimento e instalação","m",85.05]
[2008091,"Dreno de PVC D = 150 mm para OAE - fornecimento e instalação","m",89.89]
[2006408,"Dreno de PVC D = 75 mm para OAE - fornecimento e instalação","m",70.180000000000007]
[2015642,"Dreno em tubo de aço galvanizado D = 100 mm em OAE - fornecimento e instalação","m",151.25]
[2015641,"Dreno em tubo de aço galvanizado D = 80 mm em OAE - fornecimento e instalação","m",140.84]
[2004509,"Dreno longitudinal de pavimento H = 0,40 m - com geocomposto drenante","m",43.01]
[2004510,"Dreno longitudinal de pavimento H = 0,60 m - com geocomposto drenante","m",53.01]
[2004511,"Dreno longitudinal de pavimento H = 1,00 m - com geocomposto drenante","m",72.989999999999995]
[2004512,"Dreno longitudinal de pavimento H = 1,50 m - com geocomposto drenante","m",97.96]
[2003843,"Dreno longitudinal profundo em tubo de concreto D = 0,40 m em vala de H = 1,10 m e L = 1,00 m com brita envolta em geotêxtil","m",376.09]
[2003915,"Dreno longitudinal profundo para corte em rocha - DPR 01 - tubo de concreto perfurado e brita comercial","m",116.9]
[2003914,"Dreno longitudinal profundo para corte em rocha - DPR 01 - tubo de concreto perfurado e brita produzida","m",99.21]
[2003589,"Dreno longitudinal profundo para corte em rocha - DPR 01 - tubo PEAD e brita comercial","m",131.72999999999999]
[2003588,"Dreno longitudinal profundo para corte em rocha - DPR 01 - tubo PEAD e brita produzida","m",117.11]
[2003917,"Dreno longitudinal profundo para corte em rocha - DPR 02 - tubo de concreto perfurado e brita comercial","m",131.62]
[2003916,"Dreno longitudinal profundo para corte em rocha - DPR 02 - tubo de concreto perfurado e brita produzida","m",113.93]
[2003591,"Dreno longitudinal profundo para corte em rocha - DPR 02 - tubo PEAD e brita comercial","m",146.44]
[2003590,"Dreno longitudinal profundo para corte em rocha - DPR 02 - tubo PEAD e brita produzida","m",131.83000000000001]
[2003593,"Dreno longitudinal profundo para corte em rocha - DPR 03 - brita comercial","m",90.5]
[2003592,"Dreno longitudinal profundo para corte em rocha - DPR 03 - brita produzida","m",69.63]
[2003595,"Dreno longitudinal profundo para corte em rocha - DPR 04 - brita comercial","m",75.78]
[2003594,"Dreno longitudinal profundo para corte em rocha - DPR 04 - brita produzida","m",54.91]
[2003597,"Dreno longitudinal profundo para corte em rocha - DPR 05 - tubo de concreto poroso e areia comercial","m",106.52]
[2003596,"Dreno longitudinal profundo para corte em rocha - DPR 05 - tubo de concreto poroso e areia extraída","m",92.88]
[2003572,"Dreno longitudinal profundo para corte em solo - DPS 01 - tubo PEAD e areia comercial","m",109.83]
[2003580,"Dreno longitudinal profundo para corte em solo - DPS 01 - tubo PEAD e areia extraída","m",68.319999999999993]
[2003573,"Dreno longitudinal profundo para corte em solo - DPS 02 - tubo PEAD e areia comercial","m",114.47]
[2003581,"Dreno longitudinal profundo para corte em solo - DPS 02 - tubo PEAD e areia extraída","m",66.47]
[2003561,"Dreno longitudinal profundo para corte em solo - DPS 03 - tubo de concreto perfurado, areia e brita comerciais - madeira com utilização de 5 vezes","m",186.32]
[2003560,"Dreno longitudinal profundo para corte em solo - DPS 03 - tubo de concreto perfurado, areia extraída e brita produzida - madeira com utilização de 5 vezes","m",121.62]
[2003574,"Dreno longitudinal profundo para corte em solo - DPS 03 - tubo PEAD, areia e brita comerciais - madeira com utilização de 5 vezes","m",175.93]
[2003582,"Dreno longitudinal profundo para corte em solo - DPS 03 - tubo PEAD, areia extraída e brita produzida - madeira com utilização de 5 vezes","m",130.81]
[2003563,"Dreno longitudinal profundo para corte em solo - DPS 04 - tubo de concreto perfurado, areia e brita comerciais - madeira com utilização de 5 vezes","m",193.11]
[2003562,"Dreno longitudinal profundo para corte em solo - DPS 04 - tubo de concreto perfurado, areia extraída e brita produzida - madeira com utilização de 5 vezes","m",118.68]
[2003575,"Dreno longitudinal profundo para corte em solo - DPS 04 - tubo PEAD, areia e brita comerciais - madeira com utilização de 5 vezes","m",180.68]
[2003583,"Dreno longitudinal profundo para corte em solo - DPS 04 - tubo PEAD, areia extraída e brita produzida - madeira com utilização de 5 vezes","m",128.75]
[2003565,"Dreno longitudinal profundo para corte em solo - DPS 05 - dreno cego - brita comercial","m",150.4]
[2003564,"Dreno longitudinal profundo para corte em solo - DPS 05 - dreno cego - brita produzida","m",85.69]
[2003567,"Dreno longitudinal profundo para corte em solo - DPS 06 - dreno cego - brita comercial","m",171.64]
[2003566,"Dreno longitudinal profundo para corte em solo - DPS 06 - dreno cego - brita produzida","m",93.36]
[2003569,"Dreno longitudinal profundo para corte em solo - DPS 07 - tubo de concreto perfurado e brita comercial","m",191.3]
[2003568,"Dreno longitudinal profundo para corte em solo - DPS 07 - tubo de concreto perfurado e brita produzida","m",129.78]
[2003578,"Dreno longitudinal profundo para corte em solo - DPS 07 - tubo PEAD e brita comercial","m",191.36]
[2003586,"Dreno longitudinal profundo para corte em solo - DPS 07 - tubo PEAD e brita produzida","m",139.99]
[2003571,"Dreno longitudinal profundo para corte em solo - DPS 08 - tubo de concreto perfurado e brita comercial","m",212.54]
[2003570,"Dreno longitudinal profundo para corte em solo - DPS 08 - tubo de concreto perfurado e brita produzida","m",137.44999999999999]
[2003579,"Dreno longitudinal profundo para corte em solo - DPS 08 - tubo PEAD e brita comercial","m",208.74]
[2003587,"Dreno longitudinal profundo para corte em solo - DPS 08 - tubo PEAD e brita produzida","m",146.94]
[2004506,"Dreno profundo H = 1,0 m - com geocomposto drenante - inclusive escavação e reaterro","m",80.25]
[2004507,"Dreno profundo H = 1,5 m - com geocomposto drenante - inclusive escavação e reaterro","m",108.92]
[2003614,"Dreno sub-horizontal - DSH 01 - material de 1ª categoria","m",137.54]
[2003865,"Dreno sub-horizontal - DSH 01 - material de 2ª categoria","m",154.66999999999999]
[2003923,"Dreno subsuperficial - DSS 01 - tubo de concreto perfurado e areia comercial","m",52.93]
[2003922,"Dreno subsuperficial - DSS 01 - tubo de concreto perfurado e areia extraída","m",36.880000000000003]
[2003605,"Dreno subsuperficial - DSS 01 - tubo PEAD e areia comercial","m",41.02]
[2003604,"Dreno subsuperficial - DSS 01 - tubo PEAD e areia extraída","m",28.05]
[2003607,"Dreno subsuperficial - DSS 02 - brita comercial","m",45.65]
[2003606,"Dreno subsuperficial - DSS 02 - brita produzida","m",28.95]
[2003609,"Dreno subsuperficial - DSS 03 - brita comercial","m",29.83]
[2003608,"Dreno subsuperficial - DSS 03 - brita produzida","m",13.13]
[2003925,"Dreno subsuperficial - DSS 04 - tubo de concreto perfurado e brita comercial","m",82.4]
[2003924,"Dreno subsuperficial - DSS 04 - tubo de concreto perfurado e brita produzida","m",62.62]
[2003611,"Dreno subsuperficial - DSS 04 - tubo PEAD e brita comercial","m",70.489999999999995]
[2003610,"Dreno subsuperficial - DSS 04 - tubo PEAD e brita produzida","m",53.8]
[2003820,"Dreno tipo barbacã - DRB 01 - D = 75 mm em estrutura de contenção de encosta - excluso o tubo de drenagem","un",19.89]
[2003821,"Dreno tipo barbacã - DRB 02 - D = 50 mm em estrutura de contenção de encosta - excluso o tubo de drenagem","un",17.38]
[2003842,"Enchimento de junta de concreto com argamassa asfáltica de densidade 1.700 kg/m³ - espessura de 1 cm","kg",71.89]
[2003103,"Entrada para descida d'água - EDA 01 A - areia e brita comerciais","un",206.77]
[2003104,"Entrada para descida d'água - EDA 01 A - areia extraída e brita produzida","un",182.55]
[2003115,"Entrada para descida d'água - EDA 01 B - areia e brita comerciais","un",304.72000000000003]
[2003116,"Entrada para descida d'água - EDA 01 B - areia extraída e brita produzida","un",267.58]
[2003105,"Entrada para descida d'água - EDA 02 A - areia e brita comerciais","un",219.66]
[2003106,"Entrada para descida d'água - EDA 02 A - areia extraída e brita produzida","un",194.41]
[2003117,"Entrada para descida d'água - EDA 02 B - areia e brita comerciais","un",322.92]
[2003118,"Entrada para descida d'água - EDA 02 B - areia extraída e brita produzida","un",284.33]
[2003107,"Entrada para descida d'água - EDA 03 A - areia e brita comerciais","un",193.69]
[2003108,"Entrada para descida d'água - EDA 03 A - areia extraída e brita produzida","un",172.15]
[2003119,"Entrada para descida d'água - EDA 03 B - areia e brita comerciais","un",280.91000000000003]
[2003120,"Entrada para descida d'água - EDA 03 B - areia extraída e brita produzida","un",249.08]
[2003109,"Entrada para descida d'água - EDA 04 A - areia e brita comerciais","un",204.39]
[2003110,"Entrada para descida d'água - EDA 04 A - areia extraída e brita produzida","un",182.08]
[2003121,"Entrada para descida d'água - EDA 04 B - areia e brita comerciais","un",296.11]
[2003122,"Entrada para descida d'água - EDA 04 B - areia extraída e brita produzida","un",263.19]
[2003111,"Entrada para descida d'água - EDA 05 A - areia e brita comerciais","un",217.17]
[2003112,"Entrada para descida d'água - EDA 05 A - areia extraída e brita produzida","un",193.94]
[2003123,"Entrada para descida d'água - EDA 05 B - areia e brita comerciais","un",314.39]
[2003124,"Entrada para descida d'água - EDA 05 B - areia extraída e brita produzida","un",280.16000000000003]
[2003113,"Entrada para descida d'água - EDA 06 A - areia e brita comerciais","un",227.87]
[2003114,"Entrada para descida d'água - EDA 06 A - areia extraída e brita produzida","un",203.87]
[2003125,"Entrada para descida d'água - EDA 06 B - areia e brita comerciais","un",329.58]
[2003126,"Entrada para descida d'água - EDA 06 B - areia extraída e brita produzida","un",294.27]
[2003127,"Entrada para descida d'água - EDA 07 A - areia e brita comerciais","un",864.16]
[2003128,"Entrada para descida d'água - EDA 07 A - areia extraída e brita produzida","un",744.85]
[2003147,"Entrada para descida d'água - EDA 07 B - areia e brita comerciais","un",1183.17]
[2003148,"Entrada para descida d'água - EDA 07 B - areia extraída e brita produzida","un",1011.89]
[2003129,"Entrada para descida d'água - EDA 08 A - areia e brita comerciais","un",869.53]
[2003130,"Entrada para descida d'água - EDA 08 A - areia extraída e brita produzida","un",748.99]
[2003149,"Entrada para descida d'água - EDA 08 B - areia e brita comerciais","un",1192.56]
[2003150,"Entrada para descida d'água - EDA 08 B - areia extraída e brita produzida","un",1019.13]
[2003131,"Entrada para descida d'água - EDA 09 A - areia e brita comerciais","un",885.9]
[2003132,"Entrada para descida d'água - EDA 09 A - areia extraída e brita produzida","un",761.61]
[2003151,"Entrada para descida d'água - EDA 09 B - areia e brita comerciais","un",1221.1500000000001]
[2003152,"Entrada para descida d'água - EDA 09 B - areia extraída e brita produzida","un",1041.18]
[2003133,"Entrada para descida d'água - EDA 10 A - areia e brita comerciais","un",889.2]
[2003134,"Entrada para descida d'água - EDA 10 A - areia extraída e brita produzida","un",764.16]
[2003153,"Entrada para descida d'água - EDA 10 B - areia e brita comerciais","un",1226.8800000000001]
[2003154,"Entrada para descida d'água - EDA 10 B - areia extraída e brita produzida","un",1045.5899999999999]
[2003135,"Entrada para descida d'água - EDA 11 A - areia e brita comerciais","un",896.59]
[2003136,"Entrada para descida d'água - EDA 11 A - areia extraída e brita produzida","un",769.85]
[2003155,"Entrada para descida d'água - EDA 11 B - areia e brita comerciais","un",1239.82]
[2003156,"Entrada para descida d'água - EDA 11 B - areia extraída e brita produzida","un",1055.57]
[2003137,"Entrada para descida d'água - EDA 12 A - areia e brita comerciais","un",1161.0999999999999]
[2003138,"Entrada para descida d'água - EDA 12 A - areia extraída e brita produzida","un",1022.52]
[2003157,"Entrada para descida d'água - EDA 12 B - areia e brita comerciais","un",1565.37]
[2003158,"Entrada para descida d'água - EDA 12 B - areia extraída e brita produzida","un",1369.26]
[2003139,"Entrada para descida d'água - EDA 13 A - areia e brita comerciais","un",1166.48]
[2003140,"Entrada para descida d'água - EDA 13 A - areia extraída e brita produzida","un",1026.6600000000001]
[2003159,"Entrada para descida d'água - EDA 13 B - areia e brita comerciais","un",1574.76]
[2003160,"Entrada para descida d'água - EDA 13 B - areia extraída e brita produzida","un",1376.5]
[2003141,"Entrada para descida d'água - EDA 14 A - areia e brita comerciais","un",1182.8399999999999]
[2003142,"Entrada para descida d'água - EDA 14 A - areia extraída e brita produzida","un",1039.28]
[2003161,"Entrada para descida d'água - EDA 14 B - areia e brita comerciais","un",1603.35]
[2003162,"Entrada para descida d'água - EDA 14 B - areia extraída e brita produzida","un",1398.54]
[2003143,"Entrada para descida d'água - EDA 15 A - areia e brita comerciais","un",1186.1400000000001]
[2003144,"Entrada para descida d'água - EDA 15 A - areia extraída e brita produzida","un",1041.83]
[2003163,"Entrada para descida d'água - EDA 15 B - areia e brita comerciais","un",1609.08]
[2003164,"Entrada para descida d'água - EDA 15 B - areia extraída e brita produzida","un",1402.96]
[2003145,"Entrada para descida d'água - EDA 16 A - areia e brita comerciais","un",1193.53]
[2003146,"Entrada para descida d'água - EDA 16 A - areia extraída e brita produzida","un",1047.52]
[2003165,"Entrada para descida d'água - EDA 16 B - areia e brita comerciais","un",1622.01]
[2003166,"Entrada para descida d'água - EDA 16 B - areia extraída e brita produzida","un",1412.93]
[2003819,"Envelope de brita para tubos com diâmetro externo de 75 a 110 mm - L = 15 cm e H = 15 cm","m",7.26]
[2004504,"Escavação mecânica de vala para drenagem com valetadeira em material de 1ª categoria","m³",19.27]
[2004519,"Escavação mecânica de vala trapezoidal ou triangular em material de 1ª categoria para drenagem superficial com retroescavadeira - 0,10 m² ≤ seção < 0,15 m²","m³",27.07]
[2004520,"Escavação mecânica de vala trapezoidal ou triangular em material de 1ª categoria para drenagem superficial com retroescavadeira - 0,15 m² ≤ seção < 0,20 m²","m³",22.33]
[2004521,"Escavação mecânica de vala trapezoidal ou triangular em material de 1ª categoria para drenagem superficial com retroescavadeira - 0,20 m² ≤ seção < 0,30 m²","m³",15.27]
[2004522,"Escavação mecânica de vala trapezoidal ou triangular em material de 1ª categoria para drenagem superficial com retroescavadeira - 0,30 m² ≤ seção < 0,50 m²","m³",11.16]
[2004518,"Escavação mecânica de vala trapezoidal ou triangular em material de 1ª categoria para drenagem superficial com retroescavadeira - seção < 0,10 m²","m³",47.01]
[2003864,"Esgotamento de água com bomba submersa","h",13.72]
[2003863,"Esgotamento de dreno horizontal profundo a vácuo","h",23.07]
[2004508,"Geodreno vertical para tratamento de solos moles","m",12.29]
[2003316,"Grelha de concreto 54 x 100 cm para boca-de-lobo - areia e brita comerciais - sobrecarga do trem tipo TB 45","un",108.07]
[2003317,"Grelha de concreto 54 x 100 cm para boca-de-lobo - areia extraída e brita produzida - sobrecarga do trem tipo TB 45","un",103.1]
[2003767,"Lastro de areia comercial - espalhamento manual","m³",92.22]
[2003844,"Lastro de areia comercial - espalhamento mecânico","m³",89.35]
[2003576,"Lastro de areia extraída - espalhamento manual","m³",15.23]
[2003858,"Lastro de areia extraída - espalhamento mecânico","m³",12.37]
[2003850,"Lastro de brita comercial compactado com soquete vibratório - espalhamento manual","m³",182.88]
[2003849,"Lastro de brita produzida compactado com soquete vibratório - espalhamento manual","m³",75.209999999999994]
[2003868,"Lastro de pedra de mão ou rachão - espalhamento manual","m³",169.51]
[2003369,"Meio-fio de concreto - MFC 01 - areia e brita comerciais - fôrma de madeira","m",116.25]
[2003368,"Meio-fio de concreto - MFC 01 - areia extraída e brita produzida - fôrma de madeira","m",102.38]
[2003939,"Meio-fio de concreto - MFC 01 moldado no local com extrusora e concreto usinado - areia e brita comerciais","m",69.28]
[2003940,"Meio-fio de concreto - MFC 01 moldado no local com extrusora e concreto usinado - areia extraída e brita produzida","m",55.38]
[2003371,"Meio-fio de concreto - MFC 02 - areia e brita comerciais - fôrma de madeira","m",84.54]
[2003370,"Meio-fio de concreto - MFC 02 - areia extraída e brita produzida - fôrma de madeira","m",72.819999999999993]
[2003941,"Meio-fio de concreto - MFC 02 moldado no local com extrusora e concreto usinado - areia e brita comerciais","m",59.19]
[2003942,"Meio-fio de concreto - MFC 02 moldado no local com extrusora e concreto usinado - areia extraída e brita produzida","m",47.45]
[2003373,"Meio-fio de concreto - MFC 03 - areia e brita comerciais - fôrma de madeira","m",69.16]
[2003372,"Meio-fio de concreto - MFC 03 - areia extraída e brita produzida - fôrma de madeira","m",63.47]
[2003943,"Meio-fio de concreto - MFC 03 moldado no local com extrusora e concreto usinado - areia e brita comerciais","m",27.95]
[2003944,"Meio-fio de concreto - MFC 03 moldado no local com extrusora e concreto usinado - areia extraída e brita produzida","m",22.25]
[2003375,"Meio-fio de concreto - MFC 04 - areia e brita comerciais - fôrma de madeira","m",44.17]
[2003374,"Meio-fio de concreto - MFC 04 - areia extraída e brita produzida - fôrma de madeira","m",39.979999999999997]
[2003945,"Meio-fio de concreto - MFC 04 moldado no local com extrusora e concreto usinado - areia e brita comerciais","m",20.91]
[2003946,"Meio-fio de concreto - MFC 04 moldado no local com extrusora e concreto usinado - areia extraída e brita produzida","m",16.72]
[2003377,"Meio-fio de concreto - MFC 05 - areia e brita comerciais - fôrma de madeira","m",60.45]
[2003376,"Meio-fio de concreto - MFC 05 - areia extraída e brita produzida - fôrma de madeira","m",55.93]
[2003947,"Meio-fio de concreto - MFC 05 moldado no local com extrusora e concreto usinado - areia e brita comerciais","m",21.97]
[2003948,"Meio-fio de concreto - MFC 05 moldado no local com extrusora e concreto usinado - areia extraída e brita produzida","m",17.440000000000001]
[2003379,"Meio-fio de concreto - MFC 06 - areia e brita comerciais - fôrma de madeira","m",34.57]
[2003378,"Meio-fio de concreto - MFC 06 - areia extraída e brita produzida - fôrma de madeira","m",31.52]
[2003949,"Meio-fio de concreto - MFC 06 moldado no local com extrusora e concreto usinado - areia e brita comerciais","m",15.06]
[2003950,"Meio-fio de concreto - MFC 06 moldado no local com extrusora e concreto usinado - areia extraída e brita produzida","m",12.01]
[2003381,"Meio-fio de concreto - MFC 07 - areia e brita comerciais - fôrma de madeira","m",57.93]
[2003380,"Meio-fio de concreto - MFC 07 - areia extraída e brita produzida - fôrma de madeira","m",52.7]
[2003951,"Meio-fio de concreto - MFC 07 moldado no local com extrusora e concreto usinado - areia e brita comerciais","m",25.63]
[2003952,"Meio-fio de concreto - MFC 07 moldado no local com extrusora e concreto usinado - areia extraída e brita produzida","m",20.399999999999999]
[2003383,"Meio-fio de concreto - MFC 08 - areia e brita comerciais - fôrma de madeira","m",97.21]
[2003382,"Meio-fio de concreto - MFC 08 - areia extraída e brita produzida - fôrma de madeira","m",87.45]
[2003953,"Meio-fio de concreto - MFC 08 moldado no local com extrusora e concreto usinado - areia e brita comerciais","m",46.65]
[2003954,"Meio-fio de concreto - MFC 08 moldado no local com extrusora e concreto usinado - areia extraída e brita produzida","m",36.869999999999997]
[2004514,"Microvala para dreno de pavimento com geocomposto drenante H = 0,4 m","m",15.31]
[2004515,"Microvala para dreno de pavimento com geocomposto drenante H = 0,6 m","m",39.86]
[2005759,"Perfuração para dreno sub-horizontal em material de 1ª categoria com D = 75 mm (linha NW)","m",59.43]
[2005764,"Perfuração para dreno sub-horizontal em material de 2ª categoria com D = 75 mm (linha NW)","m",76.56]
[2003678,"Poço de visita - PVI 01 - areia e brita comerciais","un",2344.9699999999998]
[2003677,"Poço de visita - PVI 01 - areia extraída e brita produzida","un",2109.65]
[2003680,"Poço de visita - PVI 02 - areia e brita comerciais","un",2310.89]
[2003679,"Poço de visita - PVI 02 - areia extraída e brita produzida","un",2085.04]
[2003682,"Poço de visita - PVI 03 - areia e brita comerciais","un",2650.46]
[2003681,"Poço de visita - PVI 03 - areia extraída e brita produzida","un",2369.16]
[2003684,"Poço de visita - PVI 04 - areia e brita comerciais","un",3171.69]
[2003683,"Poço de visita - PVI 04 - areia extraída e brita produzida","un",2836.3]
[2003686,"Poço de visita - PVI 05 - areia e brita comerciais","un",3744.59]
[2003685,"Poço de visita - PVI 05 - areia extraída e brita produzida","un",3353.74]
[2003688,"Poço de visita - PVI 06 - areia e brita comerciais","un",4674.97]
[2003687,"Poço de visita - PVI 06 - areia extraída e brita produzida","un",4201.63]
[2003690,"Poço de visita - PVI 07 - areia e brita comerciais","un",2722.26]
[2003689,"Poço de visita - PVI 07 - areia extraída e brita produzida","un",2447.7199999999998]
[2003692,"Poço de visita - PVI 08 - areia e brita comerciais","un",2693.05]
[2003691,"Poço de visita - PVI 08 - areia extraída e brita produzida","un",2426.62]
[2003694,"Poço de visita - PVI 09 - areia e brita comerciais","un",3056.3]
[2003693,"Poço de visita - PVI 09 - areia extraída e brita produzida","un",2729.02]
[2003696,"Poço de visita - PVI 10 - areia e brita comerciais","un",3425.38]
[2003695,"Poço de visita - PVI 10 - areia extraída e brita produzida","un",3041.3]
[2003698,"Poço de visita - PVI 11 - areia e brita comerciais","un",4195.2]
[2003697,"Poço de visita - PVI 11 - areia extraída e brita produzida","un",3752.97]
[2003700,"Poço de visita - PVI 12 - areia e brita comerciais","un",5170.3500000000004]
[2003699,"Poço de visita - PVI 12 - areia extraída e brita produzida","un",4640.21]
[2003702,"Poço de visita - PVI 13 - areia e brita comerciais","un",3119.02]
[2003701,"Poço de visita - PVI 13 - areia extraída e brita produzida","un",2799.85]
[2003704,"Poço de visita - PVI 14 - areia e brita comerciais","un",3089.81]
[2003703,"Poço de visita - PVI 14 - areia extraída e brita produzida","un",2778.75]
[2003706,"Poço de visita - PVI 15 - areia e brita comerciais","un",3481.62]
[2003705,"Poço de visita - PVI 15 - areia extraída e brita produzida","un",3102.95]
[2003708,"Poço de visita - PVI 16 - areia e brita comerciais","un",4039.19]
[2003707,"Poço de visita - PVI 16 - areia extraída e brita produzida","un",3601.02]
[2003710,"Poço de visita - PVI 17 - areia e brita comerciais","un",4665.29]
[2003709,"Poço de visita - PVI 17 - areia extraída e brita produzida","un",4166.25]
[2003712,"Poço de visita - PVI 18 - areia e brita comerciais","un",5685.21]
[2003711,"Poço de visita - PVI 18 - areia extraída e brita produzida","un",5092.8599999999997]
[2004505,"Reaterro e compactação em vala de dreno com geocomposto","m³",18.8]
[2003353,"Sarjeta trapezoidal de canteiro central de concreto - SZCC 100-25 - areia e brita comerciais","m",72.48]
[2003352,"Sarjeta trapezoidal de canteiro central de concreto - SZCC 100-25 - areia extraída e brita produzida","m",53.68]
[2003979,"Sarjeta trapezoidal de canteiro central de concreto - SZCC 100-25 moldada no local com extrusora e concreto usinado - areia e brita comerciais","m",85.71]
[2003980,"Sarjeta trapezoidal de canteiro central de concreto - SZCC 100-25 moldada no local com extrusora e concreto usinado - areia extraída e brita produzida","m",66.86]
[2003355,"Sarjeta trapezoidal de canteiro central de concreto - SZCC 140-35 - areia e brita comerciais","m",97.51]
[2003354,"Sarjeta trapezoidal de canteiro central de concreto - SZCC 140-35 - areia extraída e brita produzida","m",72.16]
[2003981,"Sarjeta trapezoidal de canteiro central de concreto - SZCC 140-35 moldada no local com extrusora e concreto usinado - areia e brita comerciais","m",115.5]
[2003982,"Sarjeta trapezoidal de canteiro central de concreto - SZCC 140-35 moldada no local com extrusora e concreto usinado - areia extraída e brita produzida","m",90.09]
[2003345,"Sarjeta trapezoidal de concreto - SZC 60-20 - escavação mecânica - areia e brita comerciais","m",58.62]
[2003344,"Sarjeta trapezoidal de concreto - SZC 60-20 - escavação mecânica - areia extraída e brita produzida","m",45.78]
[2003973,"Sarjeta trapezoidal de concreto - SZC 60-20 moldada no local com extrusora e concreto usinado - escavação mecânica - areia e brita comerciais","m",67.86]
[2003974,"Sarjeta trapezoidal de concreto - SZC 60-20 moldada no local com extrusora e concreto usinado - escavação mecânica - areia extraída e brita produzida","m",54.98]
[2003343,"Sarjeta trapezoidal de concreto - SZC 90-30 - escavação mecânica - areia e brita comerciais","m",79.67]
[2003342,"Sarjeta trapezoidal de concreto - SZC 90-30 - escavação mecânica - areia extraída e brita produzida","m",61.66]
[2003971,"Sarjeta trapezoidal de concreto - SZC 90-30 moldada no local com extrusora e concreto usinado - escavação mecânica - areia e brita comerciais","m",92.84]
[2003972,"Sarjeta trapezoidal de concreto - SZC 90-30 moldada no local com extrusora e concreto usinado - escavação mecânica - areia extraída e brita produzida","m",74.790000000000006]
[2003347,"Sarjeta trapezoidal de grama - SZG 60-20 - escavação mecânica","m",15.19]
[2003346,"Sarjeta trapezoidal de grama - SZG 90-30 - escavação mecânica","m",21.17]
[2003933,"Sarjeta trapezoidal sem revestimento - SZT 60-20 - escavação mecânica","m",7.44]
[2003932,"Sarjeta trapezoidal sem revestimento - SZT 90-30 - escavação mecânica","m",9.5299999999999994]
[2003349,"Sarjeta triangular de canteiro central de concreto - STCC 100-25 - areia e brita comerciais","m",55.96]
[2003348,"Sarjeta triangular de canteiro central de concreto - STCC 100-25 - areia extraída e brita produzida","m",41.7]
[2003975,"Sarjeta triangular de canteiro central de concreto - STCC 100-25 moldada no local com extrusora e concreto usinado - areia e brita comerciais","m",64.989999999999995]
[2003976,"Sarjeta triangular de canteiro central de concreto - STCC 100-25 moldada no local com extrusora e concreto usinado - areia extraída e brita produzida","m",50.7]
[2003351,"Sarjeta triangular de canteiro central de concreto - STCC 140-35 - areia e brita comerciais","m",74.739999999999995]
[2003350,"Sarjeta triangular de canteiro central de concreto - STCC 140-35 - areia extraída e brita produzida","m",55.64]
[2003977,"Sarjeta triangular de canteiro central de concreto - STCC 140-35 moldada no local com extrusora e concreto usinado - areia e brita comerciais","m",87.07]
[2003978,"Sarjeta triangular de canteiro central de concreto - STCC 140-35 moldada no local com extrusora e concreto usinado - areia extraída e brita produzida","m",67.92]
[2003291,"Sarjeta triangular de canteiro central de grama - STCG 100-25 - escavação mecânica","m",11.33]
[2003292,"Sarjeta triangular de canteiro central de grama - STCG 140-35 - escavação mecânica","m",15.86]
[2003293,"Sarjeta triangular de canteiro central de grama - STCG 200-25 - escavação mecânica","m",20.88]
[2003294,"Sarjeta triangular de canteiro central de grama - STCG 300-37,5 - escavação mecânica","m",31.33]
[2003257,"Sarjeta triangular de concreto - STC 100-20 - escavação mecânica - areia e brita comerciais","m",60.3]
[2003258,"Sarjeta triangular de concreto - STC 100-20 - escavação mecânica - areia extraída e brita produzida","m",47.5]
[2003259,"Sarjeta triangular de concreto - STC 100-20 moldada no local com extrusora e concreto usinado - escavação mecânica - areia e brita comerciais","m",68.72]
[2003260,"Sarjeta triangular de concreto - STC 100-20 moldada no local com extrusora e concreto usinado - escavação mecânica - areia extraída e brita produzida","m",55.89]
[2003281,"Sarjeta triangular de concreto - STC 100-21 - escavação mecânica - areia e brita comerciais","m",60.31]
[2003282,"Sarjeta triangular de concreto - STC 100-21 - escavação mecânica - areia extraída e brita produzida","m",47.21]
[2003283,"Sarjeta triangular de concreto - STC 100-21 moldada no local com extrusora e concreto usinado - escavação mecânica - areia e brita comerciais","m",68.930000000000007]
[2003284,"Sarjeta triangular de concreto - STC 100-21 moldada no local com extrusora e concreto usinado - escavação mecânica - areia extraída e brita produzida","m",55.8]
[2003327,"Sarjeta triangular de concreto - STC 108-25 - escavação mecânica - areia e brita comerciais","m",68.53]
[2003326,"Sarjeta triangular de concreto - STC 108-25 - escavação mecânica - areia extraída e brita produzida","m",53.69]
[2003963,"Sarjeta triangular de concreto - STC 108-25 moldada no local com extrusora e concreto usinado - escavação mecânica - areia e brita comerciais","m",78.34]
[2003964,"Sarjeta triangular de concreto - STC 108-25 moldada no local com extrusora e concreto usinado - escavação mecânica - areia extraída e brita produzida","m",63.46]
[2003319,"Sarjeta triangular de concreto - STC 125-25 - escavação mecânica - areia e brita comerciais","m",73.099999999999994]
[2003318,"Sarjeta triangular de concreto - STC 125-25 - escavação mecânica - areia extraída e brita produzida","m",57.29]
[2003955,"Sarjeta triangular de concreto - STC 125-25 moldada no local com extrusora e concreto usinado - escavação mecânica - areia e brita comerciais","m",83.56]
[2003956,"Sarjeta triangular de concreto - STC 125-25 moldada no local com extrusora e concreto usinado - escavação mecânica - areia extraída e brita produzida","m",67.72]
[2003277,"Sarjeta triangular de concreto - STC 125-27 - escavação mecânica - areia e brita comerciais","m",75.25]
[2003278,"Sarjeta triangular de concreto - STC 125-27 - escavação mecânica - areia extraída e brita produzida","m",59]
[2003279,"Sarjeta triangular de concreto - STC 125-27 moldada no local com extrusora e concreto usinado - escavação mecânica - areia e brita comerciais","m",86.02]
[2003280,"Sarjeta triangular de concreto - STC 125-27 moldada no local com extrusora e concreto usinado - escavação mecânica - areia extraída e brita produzida","m",69.739999999999995]
[2003253,"Sarjeta triangular de concreto - STC 150-30 - escavação mecânica - areia e brita comerciais","m",85.92]
[2003254,"Sarjeta triangular de concreto - STC 150-30 - escavação mecânica - areia extraída e brita produzida","m",67.12]
[2003255,"Sarjeta triangular de concreto - STC 150-30 moldada no local com extrusora e concreto usinado - escavação mecânica - areia e brita comerciais","m",98.41]
[2003256,"Sarjeta triangular de concreto - STC 150-30 moldada no local com extrusora e concreto usinado - escavação mecânica - areia extraída e brita produzida","m",79.569999999999993]
[2003273,"Sarjeta triangular de concreto - STC 150-32 - escavação mecânica - areia e brita comerciais","m",88.2]
[2003274,"Sarjeta triangular de concreto - STC 150-32 - escavação mecânica - areia extraída e brita produzida","m",68.92]
[2003275,"Sarjeta triangular de concreto - STC 150-32 moldada no local com extrusora e concreto usinado - escavação mecânica - areia e brita comerciais","m",101.04]
[2003276,"Sarjeta triangular de concreto - STC 150-32 moldada no local com extrusora e concreto usinado - escavação mecânica - areia extraída e brita produzida","m",81.709999999999994]
[2003269,"Sarjeta triangular de concreto - STC 73-15 - escavação mecânica - areia e brita comerciais","m",46.65]
[2003270,"Sarjeta triangular de concreto - STC 73-15 - escavação mecânica - areia extraída e brita produzida","m",36.79]
[2003271,"Sarjeta triangular de concreto - STC 73-15 moldada no local com extrusora e concreto usinado - escavação mecânica - areia e brita comerciais","m",53.07]
[2003272,"Sarjeta triangular de concreto - STC 73-15 moldada no local com extrusora e concreto usinado - escavação mecânica - areia extraída e brita produzida","m",43.19]
[2003261,"Sarjeta triangular de concreto - STC 80-15 - escavação mecânica - areia e brita comerciais","m",48.95]
[2003262,"Sarjeta triangular de concreto - STC 80-15 - escavação mecânica - areia extraída e brita produzida","m",38.619999999999997]
[2003263,"Sarjeta triangular de concreto - STC 80-15 moldada no local com extrusora e concreto usinado - escavação mecânica - areia e brita comerciais","m",55.68]
[2003264,"Sarjeta triangular de concreto - STC 80-15 moldada no local com extrusora e concreto usinado - escavação mecânica - areia extraída e brita produzida","m",45.33]
[2003285,"Sarjeta triangular de concreto - STC 80-17 - escavação mecânica - areia e brita comerciais","m",50.54]
[2003286,"Sarjeta triangular de concreto - STC 80-17 - escavação mecânica - areia extraída e brita produzida","m",39.909999999999997]
[2003287,"Sarjeta triangular de concreto - STC 80-17 moldada no local com extrusora e concreto usinado - escavação mecânica - areia e brita comerciais","m",57.5]
[2003288,"Sarjeta triangular de concreto - STC 80-17 moldada no local com extrusora e concreto usinado - escavação mecânica - areia extraída e brita produzida","m",46.84]
[2003265,"Sarjeta triangular de concreto - STC 88-20 - escavação mecânica - areia e brita comerciais","m",56.81]
[2003266,"Sarjeta triangular de concreto - STC 88-20 - escavação mecânica - areia extraída e brita produzida","m",44.73]
[2003267,"Sarjeta triangular de concreto - STC 88-20 moldada no local com extrusora e concreto usinado - escavação mecânica - areia e brita comerciais","m",64.75]
[2003268,"Sarjeta triangular de concreto - STC 88-20 moldada no local com extrusora e concreto usinado - escavação mecânica - areia extraída e brita produzida","m",52.63]
[2003289,"Sarjeta triangular de grama - STG 100-20 - escavação mecânica","m",19.239999999999998]
[2003338,"Sarjeta triangular de grama - STG 125-25 - escavação mecânica","m",24.16]
[2003290,"Sarjeta triangular de grama - STG 80-15 - escavação mecânica","m",15.95]
[2003300,"Sarjeta triangular sem revestimento - STT 100-20 - escavação mecânica","m",8.02]
[2003299,"Sarjeta triangular sem revestimento - STT 125-25 - escavação mecânica","m",10.130000000000001]
[2003301,"Sarjeta triangular sem revestimento - STT 80-15 - escavação mecânica","m",7.04]
[2004513,"Selo asfáltico de microvala para dreno de pavimento com geocomposto","m",0.13]
[2003365,"Transposição de segmentos de sarjeta - TSS 120 - areia e brita comerciais","m",1085.56]
[2003364,"Transposição de segmentos de sarjeta - TSS 120 - areia extraída e brita produzida","m",949.41]
[2003097,"Transposição de segmentos de sarjeta - TSS 130 - areia e brita comerciais","m",1137.42]
[2003098,"Transposição de segmentos de sarjeta - TSS 130 - areia extraída e brita produzida","m",997.53]
[2003363,"Transposição de segmentos de sarjeta - TSS 140 - areia e brita comerciais","m",1177.03]
[2003362,"Transposição de segmentos de sarjeta - TSS 140 - areia extraída e brita produzida","m",1036.56]
[2003099,"Transposição de segmentos de sarjeta - TSS 150 - areia e brita comerciais","m",1233.26]
[2003100,"Transposição de segmentos de sarjeta - TSS 150 - areia extraída e brita produzida","m",1087.9100000000001]
[2003361,"Transposição de segmentos de sarjeta - TSS 170 - areia e brita comerciais","m",1400.46]
[2003360,"Transposição de segmentos de sarjeta - TSS 170 - areia extraída e brita produzida","m",1249.51]
[2003101,"Transposição de segmentos de sarjeta - TSS 200 - areia e brita comerciais","m",1564.7]
[2003102,"Transposição de segmentos de sarjeta - TSS 200 - areia extraída e brita produzida","m",1403.27]
[2003869,"Tubo de concreto PA1 comercial para drenagem - D = 0,50 m - fornecimento e instalação","m",232.48]
[2003822,"Tubo de concreto PA1 comercial para drenagem - D = 0,60 m - fornecimento e instalação","m",281.76]
[2003826,"Tubo de concreto PA1 comercial para drenagem - D = 0,80 m - fornecimento e instalação","m",425.18]
[2003830,"Tubo de concreto PA1 comercial para drenagem - D = 1,00 m - fornecimento e instalação","m",586.84]
[2003834,"Tubo de concreto PA1 comercial para drenagem - D = 1,20 m - fornecimento e instalação","m",818.57]
[2003838,"Tubo de concreto PA1 comercial para drenagem - D = 1,50 m - fornecimento e instalação","m",1436.78]
[2003768,"Tubo de concreto PA1 produzido na obra para drenagem - D = 0,60 m - areia e brita comerciais - fornecimento e instalação","m",181.37]
[2003873,"Tubo de concreto PA1 produzido na obra para drenagem - D = 0,60 m - areia extraída e brita produzida - fornecimento e instalação","m",162.72999999999999]
[2003772,"Tubo de concreto PA1 produzido na obra para drenagem - D = 0,80 m - areia e brita comerciais - fornecimento e instalação","m",266.92]
[2003877,"Tubo de concreto PA1 produzido na obra para drenagem - D = 0,80 m - areia extraída e brita produzida - fornecimento e instalação","m",237.35]
[2003776,"Tubo de concreto PA1 produzido na obra para drenagem - D = 1,00 m - areia e brita comerciais - fornecimento e instalação","m",434.28]
[2003881,"Tubo de concreto PA1 produzido na obra para drenagem - D = 1,00 m - areia extraída e brita produzida - fornecimento e instalação","m",393.75]
[2003780,"Tubo de concreto PA1 produzido na obra para drenagem - D = 1,20 m - areia e brita comerciais - fornecimento e instalação","m",580.52]
[2003885,"Tubo de concreto PA1 produzido na obra para drenagem - D = 1,20 m - areia extraída e brita produzida - fornecimento e instalação","m",521.34]
[2003784,"Tubo de concreto PA1 produzido na obra para drenagem - D = 1,50 m - areia e brita comerciais - fornecimento e instalação","m",904.4]
[2003889,"Tubo de concreto PA1 produzido na obra para drenagem - D = 1,50 m - areia extraída e brita produzida - fornecimento e instalação","m",811.81]
[2003870,"Tubo de concreto PA2 comercial para drenagem - D = 0,50 m - fornecimento e instalação","m",247.88]
[2003823,"Tubo de concreto PA2 comercial para drenagem - D = 0,60 m - fornecimento e instalação","m",313.97000000000003]
[2003827,"Tubo de concreto PA2 comercial para drenagem - D = 0,80 m - fornecimento e instalação","m",460.18]
[2003831,"Tubo de concreto PA2 comercial para drenagem - D = 1,00 m - fornecimento e instalação","m",622.74]
[2003835,"Tubo de concreto PA2 comercial para drenagem - D = 1,20 m - fornecimento e instalação","m",884.99]
[2003839,"Tubo de concreto PA2 comercial para drenagem - D = 1,50 m - fornecimento e instalação","m",1492.03]
[2003769,"Tubo de concreto PA2 produzido na obra para drenagem - D = 0,60 m - areia e brita comerciais - fornecimento e instalação","m",194.77]
[2003874,"Tubo de concreto PA2 produzido na obra para drenagem - D = 0,60 m - areia extraída e brita produzida - fornecimento e instalação","m",176.14]
[2003773,"Tubo de concreto PA2 produzido na obra para drenagem - D = 0,80 m - areia e brita comerciais - fornecimento e instalação","m",320.51]
[2003878,"Tubo de concreto PA2 produzido na obra para drenagem - D = 0,80 m - areia extraída e brita produzida - fornecimento e instalação","m",291.01]
[2003777,"Tubo de concreto PA2 produzido na obra para drenagem - D = 1,00 m - areia e brita comerciais - fornecimento e instalação","m",487.87]
[2003882,"Tubo de concreto PA2 produzido na obra para drenagem - D = 1,00 m - areia extraída e brita produzida - fornecimento e instalação","m",447.41]
[2003781,"Tubo de concreto PA2 produzido na obra para drenagem - D = 1,20 m - areia e brita comerciais - fornecimento e instalação","m",701.1]
[2003886,"Tubo de concreto PA2 produzido na obra para drenagem - D = 1,20 m - areia extraída e brita produzida - fornecimento e instalação","m",642.08000000000004]
[2003785,"Tubo de concreto PA2 produzido na obra para drenagem - D = 1,50 m - areia e brita comerciais - fornecimento e instalação","m",1091.97]
[2003890,"Tubo de concreto PA2 produzido na obra para drenagem - D = 1,50 m - areia extraída e brita produzida - fornecimento e instalação","m",999.63]
[2003871,"Tubo de concreto PA3 comercial para drenagem - D = 0,50 m - fornecimento e instalação","m",260.02999999999997]
[2003824,"Tubo de concreto PA3 comercial para drenagem - D = 0,60 m - fornecimento e instalação","m",330.27]
[2003828,"Tubo de concreto PA3 comercial para drenagem - D = 0,80 m - fornecimento e instalação","m",524.74]
[2003832,"Tubo de concreto PA3 comercial para drenagem - D = 1,00 m - fornecimento e instalação","m",681.23]
[2003836,"Tubo de concreto PA3 comercial para drenagem - D = 1,20 m - fornecimento e instalação","m",1036.4100000000001]
[2003840,"Tubo de concreto PA3 comercial para drenagem - D = 1,50 m - fornecimento e instalação","m",1581.59]
[2003770,"Tubo de concreto PA3 produzido na obra para drenagem - D = 0,60 m - areia e brita comerciais - fornecimento e instalação","m",261.76]
[2003875,"Tubo de concreto PA3 produzido na obra para drenagem - D = 0,60 m - areia extraída e brita produzida - fornecimento e instalação","m",243.22]
[2003774,"Tubo de concreto PA3 produzido na obra para drenagem - D = 0,80 m - areia e brita comerciais - fornecimento e instalação","m",427.49]
[2003879,"Tubo de concreto PA3 produzido na obra para drenagem - D = 0,80 m - areia extraída e brita produzida - fornecimento e instalação","m",394.48]
[2003778,"Tubo de concreto PA3 produzido na obra para drenagem - D = 1,00 m - areia e brita comerciais - fornecimento e instalação","m",595.80999999999995]
[2003883,"Tubo de concreto PA3 produzido na obra para drenagem - D = 1,00 m - areia extraída e brita produzida - fornecimento e instalação","m",544.17999999999995]
[2003782,"Tubo de concreto PA3 produzido na obra para drenagem - D = 1,20 m - areia e brita comerciais - fornecimento e instalação","m",894.49]
[2003887,"Tubo de concreto PA3 produzido na obra para drenagem - D = 1,20 m - areia extraída e brita produzida - fornecimento e instalação","m",815.64]
[2003786,"Tubo de concreto PA3 produzido na obra para drenagem - D = 1,50 m - areia e brita comerciais - fornecimento e instalação","m",1403.48]
[2003891,"Tubo de concreto PA3 produzido na obra para drenagem - D = 1,50 m - areia extraída e brita produzida - fornecimento e instalação","m",1281.1300000000001]
[2003872,"Tubo de concreto PA4 comercial para drenagem - D = 0,50 m - fornecimento e instalação","m",365.85]
[2003825,"Tubo de concreto PA4 comercial para drenagem - D = 0,60 m - fornecimento e instalação","m",389.47]
[2003829,"Tubo de concreto PA4 comercial para drenagem - D = 0,80 m - fornecimento e instalação","m",584.91]
[2003833,"Tubo de concreto PA4 comercial para drenagem - D = 1,00 m - fornecimento e instalação","m",740.62]
[2003837,"Tubo de concreto PA4 comercial para drenagem - D = 1,20 m - fornecimento e instalação","m",1220.27]
[2003841,"Tubo de concreto PA4 comercial para drenagem - D = 1,50 m - fornecimento e instalação","m",1664.29]
[2003771,"Tubo de concreto PA4 produzido na obra para drenagem - D = 0,60 m - areia e brita comerciais - fornecimento e instalação","m",315.18]
[2003876,"Tubo de concreto PA4 produzido na obra para drenagem - D = 0,60 m - areia extraída e brita produzida - fornecimento e instalação","m",293.11]
[2003775,"Tubo de concreto PA4 produzido na obra para drenagem - D = 0,80 m - areia e brita comerciais - fornecimento e instalação","m",493.16]
[2003880,"Tubo de concreto PA4 produzido na obra para drenagem - D = 0,80 m - areia extraída e brita produzida - fornecimento e instalação","m",453.2]
[2003779,"Tubo de concreto PA4 produzido na obra para drenagem - D = 1,00 m - areia e brita comerciais - fornecimento e instalação","m",734.91]
[2003884,"Tubo de concreto PA4 produzido na obra para drenagem - D = 1,00 m - areia extraída e brita produzida - fornecimento e instalação","m",674.66]
[2003783,"Tubo de concreto PA4 produzido na obra para drenagem - D = 1,20 m - areia e brita comerciais - fornecimento e instalação","m",1054.3]
[2003888,"Tubo de concreto PA4 produzido na obra para drenagem - D = 1,20 m - areia extraída e brita produzida - fornecimento e instalação","m",964.86]
[2003787,"Tubo de concreto PA4 produzido na obra para drenagem - D = 1,50 m - areia e brita comerciais - fornecimento e instalação","m",1647.53]
[2003892,"Tubo de concreto PA4 produzido na obra para drenagem - D = 1,50 m - areia extraída e brita produzida - fornecimento e instalação","m",1521.03]
[2003851,"Tubo de concreto perfurado produzido na obra para drenagem - D = 0,40 m - fornecimento e instalação","m",92.63]
[2003935,"Tubo de PVC para dreno tipo barbacã - D = 50 mm - fornecimento e instalação","m",10.039999999999999]
[2003934,"Tubo de PVC para dreno tipo barbacã - D = 75 mm - fornecimento e instalação","m",14.51]
[2003990,"Tubo PEAD para drenagem - D = 1.000 mm - fornecimento e instalação","m",1643.43]
[2003991,"Tubo PEAD para drenagem - D = 1.050 mm - fornecimento e instalação","m",1701.95]
[2003992,"Tubo PEAD para drenagem - D = 1.200 mm - fornecimento e instalação","m",2329.33]
[2003993,"Tubo PEAD para drenagem - D = 1.500 mm - fornecimento e instalação","m",2654.44]
[2003983,"Tubo PEAD para drenagem - D = 400 mm - fornecimento e instalação","m",259.05]
[2003984,"Tubo PEAD para drenagem - D = 450 mm - fornecimento e instalação","m",296.05]
[2003985,"Tubo PEAD para drenagem - D = 500 mm - fornecimento e instalação","m",428.9]
[2003986,"Tubo PEAD para drenagem - D = 600 mm - fornecimento e instalação","m",624.16]
[2003987,"Tubo PEAD para drenagem - D = 750 mm - fornecimento e instalação","m",882.99]
[2003988,"Tubo PEAD para drenagem - D = 800 mm - fornecimento e instalação","m",937.1]
[2003989,"Tubo PEAD para drenagem - D = 900 mm - fornecimento e instalação","m",1218.95]
[2003298,"Valeta de proteção de aterro sem revestimento - VPAT 120-30 - escavação mecânica","m",12.91]
[2003297,"Valeta de proteção de aterro sem revestimento - VPAT 160-30 - escavação mecânica","m",15.88]
[2003315,"Valeta de proteção de aterros com revestimento de concreto - VPAC 120-30 - escavação mecânica - areia e brita comerciais","m",100.58]
[2003314,"Valeta de proteção de aterros com revestimento de concreto - VPAC 120-30 - escavação mecânica - areia extraída e brita produzida","m",83.31]
[2003313,"Valeta de proteção de aterros com revestimento de concreto - VPAC 160-30 - escavação mecânica - areia e brita comerciais","m",126.07]
[2003312,"Valeta de proteção de aterros com revestimento de concreto - VPAC 160-30 - escavação mecânica - areia extraída e brita produzida","m",104.48]
[2003311,"Valeta de proteção de aterros com revestimento vegetal - VPAG 120-30 - escavação mecânica","m",42.26]
[2003310,"Valeta de proteção de aterros com revestimento vegetal - VPAG 160-30 - escavação mecânica","m",53.33]
[2003296,"Valeta de proteção de corte sem revestimento - VPCT 120-30 - escavação mecânica","m",12.91]
[2003295,"Valeta de proteção de corte sem revestimento - VPCT 160-30 - escavação mecânica","m",15.88]
[2003309,"Valeta de proteção de cortes com revestimento de concreto - VPCC 120-30 - escavação mecânica - areia e brita comerciais","m",100.58]
[2003308,"Valeta de proteção de cortes com revestimento de concreto - VPCC 120-30 - escavação mecânica - areia extraída e brita produzida","m",83.31]
[2003307,"Valeta de proteção de cortes com revestimento de concreto - VPCC 160-30 - escavação mecânica - areia e brita comerciais","m",126.07]
[2003306,"Valeta de proteção de cortes com revestimento de concreto - VPCC 160-30 - escavação mecânica - areia extraída e brita produzida","m",104.48]
[2003305,"Valeta de proteção de cortes com revestimento vegetal - VPCG 120-30 - escavação mecânica","m",42.26]
[2003304,"Valeta de proteção de cortes com revestimento vegetal - VPCG 160-30 - escavação mecânica","m",53.33]
[2105846,"Escoramento com estacas de perfis metálicos W 250 x 38,5 kg/m, espaçadas em 1,5 m, intercaladas com prancha de madeira com espessura de 5 cm e ficha de 0 a 0,2 H - sem reaproveitamento - fornecimento e instalação","m²",543.91999999999996]
[2105929,"Escoramento com estacas de perfis metálicos W 250 x 38,5 kg/m, espaçadas em 1,5 m, intercaladas com prancha de madeira com espessura de 5 cm e ficha de 0,20 a 0,4 H - sem reaproveitamento - fornecimento e instalação","m²",613.48]
[2105933,"Escoramento com estacas de perfis metálicos W 250 x 38,5 kg/m, espaçadas em 1,5 m, intercaladas com prancha de madeira com espessura de 5 cm e ficha de 0,40 a 0,6 H - sem reaproveitamento - fornecimento e instalação","m²",683.03]
[2106293,"Escoramento com perfis metálicos W 150 x 18,0 kg/m a cada metro e chapas de aço - estroncas a cada 2 m não incluídas - profundidade de até 10 m - aço com utilização de 20 vezes - fornecimento, instalação e retirada","m²",200.76]
[2108165,"Escoramento com pontaletes D = 10 cm - utilização de 1 vez - confecção, instalação e retirada","m³",39.76]
[2108166,"Escoramento com pontaletes D = 10 cm - utilização de 2 vezes - confecção, instalação e retirada","m³",27.04]
[2108167,"Escoramento com pontaletes D = 10 cm - utilização de 3 vezes - confecção, instalação e retirada","m³",23.65]
[2108168,"Escoramento com pontaletes D = 10 cm - utilização de 5 vezes - confecção, instalação e retirada","m³",22.46]
[2108169,"Escoramento com pontaletes D = 15 cm - utilização de 1 vez - confecção e instalação","m³",66.13]
[2108170,"Escoramento com pontaletes D = 15 cm - utilização de 2 vezes - confecção, instalação e retirada","m³",44.8]
[2108171,"Escoramento com pontaletes D = 15 cm - utilização de 3 vezes - confecção, instalação e retirada","m³",39.44]
[2108172,"Escoramento com pontaletes D = 15 cm - utilização de 5 vezes - confecção, instalação e retirada","m³",38.130000000000003]
[2106292,"Escoramento contínuo de valas com tábuas de 2,5 x 30 cm e longarinas de 6 x 16 cm - estroncas a cada metro não incluídas - profundidade de até 4 m - madeira com utilização de 3 vezes - confecção, instalação e retirada","m²",158.74]
[2106291,"Escoramento contínuo de valas com tábuas de 2,5 x 30 cm e longarinas de 6 x 16 cm - estroncas a cada metro não incluídas - profundidade de até 4 m - madeira sem reaproveitamento - confecção e instalação","m²",245.36]
[2106235,"Escoramento metálico com quadro tubular contraventado - capacidade de carga até 3,8 t/m² - quadro de 1,0 x 1,0 x 1,25 m - utilização de 50 vezes - fornecimento, instalação e retirada","m³",3.42]
[2106232,"Escoramento metálico tubular galvanizado para formas com capacidade de 2.100 a 750 kg por unidade - regulável de 3,0 a 4,5 m - utilização de 20 vezes - fornecimento, instalação e retirada","un",19.66]
[2106233,"Escoramento metálico tubular galvanizado para formas com capacidade de 3.200 a 1.600 kg por unidade - regulável de 1,8 a 3,0 m - utilização de 20 vezes - fornecimento, instalação e retirada","un",14.74]
[2105605,"Escoramento para corpo de bueiros celulares - utilização de 3 vezes - confecção, instalação e retirada","m³",67.84]
[2106298,"Estroncas em perfil metálico W 150 x 18,0 kg/m - utilização de 20 vezes","m",35.04]
[2106295,"Estroncas para valas com D = 15 cm - madeira com utilização de 3 vezes","m",19.010000000000002]
[2106294,"Estroncas para valas com D = 15 cm - madeira sem reaproveitamento","m",24.97]
[2106297,"Estroncas para valas com D = 20 cm - madeira com utilização de 3 vezes","m",29.84]
[2106296,"Estroncas para valas com D = 20 cm - madeira sem reaproveitamento","m",47.77]
[2306731,"Apoio náutico para a colocação da armação em camisa metálica","kg",0.66]
[2306728,"Apoio náutico para a escavação com perfuratriz tipo Wirth em rocha com média dureza e média abrasão - resistência à compressão menor que 80 MPa - D = 600 a 1.800 mm","m",1647.03]
[2306729,"Apoio náutico para a escavação com perfuratriz tipo Wirth em rocha de alta dureza e alta abrasão - resistência à compressão acima de 80 MPa - D = 600 a 1.800 mm","m",2006.6]
[2306727,"Apoio náutico para a escavação com perfuratriz tipo Wirth em solo D = 600 a 1.800 mm","m",385.4]
[2306730,"Apoio náutico para a execução da concretagem de camisas metálicas","m³",130.28]
[2306726,"Apoio náutico para a execução da cravação de camisa metálica D = 600 a 1.800 mm","m",251.89]
[2306076,"Armação de estaca escavada ou estaca barrete em aço CA-50 com apoio de guindaste - fornecimento, preparo e colocação","kg",11.9]
[2306247,"Arrasamento de estacas de concreto com seção de até 900 cm²","m³",245.66]
[2306248,"Arrasamento de estacas de concreto com seção superior à 900 cm²","m³",573.6]
[2306279,"Berço para pré-moldagem de estacas protendidas com capacidade de 19 m³, inclusive formas metálicas - utilização de 100 vezes","m³",93.25]
[2306651,"Camisa metálica com espessura de 12,5 mm D = 1.400 mm - cravada com martelo vibratório - sem escavação - cravação","m",7350]
[2306678,"Camisa metálica com espessura de 12,5 mm D = 1.400 mm - para passagem de lâmina d'água - posicionamento","m",7083.06]
[2306652,"Camisa metálica com espessura de 12,5 mm D = 1.500 mm - cravada com martelo vibratório - sem escavação - cravação","m",7425.87]
[2306679,"Camisa metálica com espessura de 12,5 mm D = 1.500 mm - para passagem de lâmina d'água - posicionamento","m",7149.05]
[2306653,"Camisa metálica com espessura de 12,5 mm D = 1.600 mm - cravada com martelo vibratório - sem escavação - cravação","m",7504.68]
[2306680,"Camisa metálica com espessura de 12,5 mm D = 1.600 mm - para passagem de lâmina d'água - posicionamento","m",7217.22]
[2306654,"Camisa metálica com espessura de 12,5 mm D = 1.700 mm - cravada com martelo vibratório - sem escavação - cravação","m",7582.31]
[2306681,"Camisa metálica com espessura de 12,5 mm D = 1.700 mm - para passagem de lâmina d'água - posicionamento","m",7283.35]
[2306655,"Camisa metálica com espessura de 12,5 mm D = 1.800 mm - cravada com martelo vibratório - sem escavação - cravação","m",7661.06]
[2306682,"Camisa metálica com espessura de 12,5 mm D = 1.800 mm - para passagem de lâmina d'água - posicionamento","m",7349.63]
[2306656,"Camisa metálica com espessura de 16 mm D = 1.500 mm - cravada com martelo vibratório - sem escavação - cravação","m",10811.21]
[2306683,"Camisa metálica com espessura de 16 mm D = 1.500 mm - para passagem de lâmina d'água - posicionamento","m",10534.39]
[2306657,"Camisa metálica com espessura de 16 mm D = 1.600 mm - cravada com martelo vibratório - sem escavação - cravação","m",10976.07]
[2306684,"Camisa metálica com espessura de 16 mm D = 1.600 mm - para passagem de lâmina d'água - posicionamento","m",10688.6]
[2306658,"Camisa metálica com espessura de 16 mm D = 1.700 mm - cravada com martelo vibratório - sem escavação - cravação","m",11137.05]
[2306685,"Camisa metálica com espessura de 16 mm D = 1.700 mm - para passagem de lâmina d'água - posicionamento","m",10838.09]
[2306659,"Camisa metálica com espessura de 16 mm D = 1.800 mm - cravada com martelo vibratório - sem escavação - cravação","m",11303.88]
[2306686,"Camisa metálica com espessura de 16 mm D = 1.800 mm - para passagem de lâmina d'água - posicionamento","m",10992.45]
[2306637,"Camisa metálica com espessura de 6,3 mm D = 1.000 mm - cravada com martelo vibratório - sem escavação - cravação","m",2432.9699999999998]
[2306664,"Camisa metálica com espessura de 6,3 mm D = 1.000 mm - para passagem de lâmina d'água - posicionamento","m",2199.4]
[2306732,"Camisa metálica com espessura de 6,3 mm D = 400 mm - cravada com martelo vibratório - sem escavação - cravação","m",1018.16]
[2306733,"Camisa metálica com espessura de 6,3 mm D = 400 mm - para passagem de lâmina d'água - posicionamento","m",821.47]
[2306734,"Camisa metálica com espessura de 6,3 mm D = 500 mm - cravada com martelo vibratório - sem escavação - cravação","m",1222.3499999999999]
[2306735,"Camisa metálica com espessura de 6,3 mm D = 500 mm - para passagem de lâmina d'água - posicionamento","m",1020.34]
[2306633,"Camisa metálica com espessura de 6,3 mm D = 600 mm - cravada com martelo vibratório - sem escavação - cravação","m",1380.99]
[2306660,"Camisa metálica com espessura de 6,3 mm D = 600 mm - para passagem de lâmina d'água - posicionamento","m",1173.3699999999999]
[2306634,"Camisa metálica com espessura de 6,3 mm D = 700 mm - cravada com martelo vibratório - sem escavação - cravação","m",1595.49]
[2306661,"Camisa metálica com espessura de 6,3 mm D = 700 mm - para passagem de lâmina d'água - posicionamento","m",1381.94]
[2306635,"Camisa metálica com espessura de 6,3 mm D = 800 mm - cravada com martelo vibratório - sem escavação - cravação","m",1906.15]
[2306662,"Camisa metálica com espessura de 6,3 mm D = 800 mm - para passagem de lâmina d'água - posicionamento","m",1686.32]
[2306636,"Camisa metálica com espessura de 6,3 mm D = 900 mm - cravada com martelo vibratório - sem escavação - cravação","m",1928.9]
[2306663,"Camisa metálica com espessura de 6,3 mm D = 900 mm - para passagem de lâmina d'água - posicionamento","m",1702.41]
[2306641,"Camisa metálica com espessura de 8 mm D = 1.000 mm - cravada com martelo vibratório - sem escavação - cravação","m",3092.91]
[2306668,"Camisa metálica com espessura de 8 mm D = 1.000 mm - para passagem de lâmina d'água - posicionamento","m",2859.35]
[2306642,"Camisa metálica com espessura de 8 mm D = 1.100 mm - cravada com martelo vibratório - sem escavação - cravação","m",3125.51]
[2306669,"Camisa metálica com espessura de 8 mm D = 1.100 mm - para passagem de lâmina d'água - posicionamento","m",2884.4]
[2306643,"Camisa metálica com espessura de 8 mm D = 1.200 mm - cravada com martelo vibratório - sem escavação - cravação","m",3158.13]
[2306670,"Camisa metálica com espessura de 8 mm D = 1.200 mm - para passagem de lâmina d'água - posicionamento","m",2908.99]
[2306638,"Camisa metálica com espessura de 8 mm D = 700 mm - cravada com martelo vibratório - sem escavação - cravação","m",2021.08]
[2306665,"Camisa metálica com espessura de 8 mm D = 700 mm - para passagem de lâmina d'água - posicionamento","m",1807.53]
[2306639,"Camisa metálica com espessura de 8 mm D = 800 mm - cravada com martelo vibratório - sem escavação - cravação","m",2418.5100000000002]
[2306666,"Camisa metálica com espessura de 8 mm D = 800 mm - para passagem de lâmina d'água - posicionamento","m",2198.6799999999998]
[2306640,"Camisa metálica com espessura de 8 mm D = 900 mm - cravada com martelo vibratório - sem escavação - cravação","m",2450.15]
[2306667,"Camisa metálica com espessura de 8 mm D = 900 mm - para passagem de lâmina d'água - posicionamento","m",2223.66]
[2306645,"Camisa metálica com espessura de 9,5 mm D = 1.000 mm - cravada com martelo vibratório - sem escavação - cravação","m",3733.04]
[2306672,"Camisa metálica com espessura de 9,5 mm D = 1.000 mm - para passagem de lâmina d'água - posicionamento","m",3499.47]
[2306646,"Camisa metálica com espessura de 9,5 mm D = 1.100 mm - cravada com martelo vibratório - sem escavação - cravação","m",3777.3]
[2306673,"Camisa metálica com espessura de 9,5 mm D = 1.100 mm - para passagem de lâmina d'água - posicionamento","m",3536.2]
[2306647,"Camisa metálica com espessura de 9,5 mm D = 1.200 mm - cravada com martelo vibratório - sem escavação - cravação","m",3821.1]
[2306674,"Camisa metálica com espessura de 9,5 mm D = 1.200 mm - para passagem de lâmina d'água - posicionamento","m",3571.96]
[2306648,"Camisa metálica com espessura de 9,5 mm D = 1.300 mm - cravada com martelo vibratório - sem escavação - cravação","m",5317.1]
[2306675,"Camisa metálica com espessura de 9,5 mm D = 1.300 mm - para passagem de lâmina d'água - posicionamento","m",5059.37]
[2306649,"Camisa metálica com espessura de 9,5 mm D = 1.400 mm - cravada com martelo vibratório - sem escavação - cravação","m",5363.25]
[2306676,"Camisa metálica com espessura de 9,5 mm D = 1.400 mm - para passagem de lâmina d'água - posicionamento","m",5096.3100000000004]
[2306650,"Camisa metálica com espessura de 9,5 mm D = 1.500 mm - cravada com martelo vibratório - sem escavação - cravação","m",5409]
[2306677,"Camisa metálica com espessura de 9,5 mm D = 1.500 mm - para passagem de lâmina d'água - posicionamento","m",5132.17]
[2306644,"Camisa metálica com espessura de 9,5 mm D = 900 mm - cravada com martelo vibratório - sem escavação - cravação","m",2964.45]
[2306671,"Camisa metálica com espessura de 9,5 mm D = 900 mm - para passagem de lâmina d'água - posicionamento","m",2737.96]
[2306141,"Coluna de brita D = 50 cm executada com perfuratriz tipo bottom feed - brita comercial - confecção e cravação","m",88.91]
[2306145,"Coluna de brita D = 50 cm executada com perfuratriz tipo bottom feed - brita produzida - confecção e cravação","m",66.760000000000005]
[2306142,"Coluna de brita D = 60 cm executada com perfuratriz tipo bottom feed - brita comercial - confecção e cravação","m",109.05]
[2306146,"Coluna de brita D = 60 cm executada com perfuratriz tipo bottom feed - brita produzida - confecção e cravação","m",77.16]
[2306143,"Coluna de brita D = 70 cm executada com perfuratriz tipo bottom feed - brita comercial - confecção e cravação","m",132.43]
[2306147,"Coluna de brita D = 70 cm executada com perfuratriz tipo bottom feed - brita produzida - confecção e cravação","m",89.02]
[2306144,"Coluna de brita D = 80 cm executada com perfuratriz tipo bottom feed - brita comercial - confecção e cravação","m",160.25]
[2306148,"Coluna de brita D = 80 cm executada com perfuratriz tipo bottom feed - brita produzida - confecção e cravação","m",103.55]
[2306624,"Confecção de camisa metálica em aço ASTM A36 com espessura de 12,5 mm - D = 1.400 mm","m",7043.81]
[2306625,"Confecção de camisa metálica em aço ASTM A36 com espessura de 12,5 mm - D = 1.500 mm","m",7107.85]
[2306626,"Confecção de camisa metálica em aço ASTM A36 com espessura de 12,5 mm - D = 1.600 mm","m",7173.97]
[2306627,"Confecção de camisa metálica em aço ASTM A36 com espessura de 12,5 mm - D = 1.700 mm","m",7238.01]
[2306628,"Confecção de camisa metálica em aço ASTM A36 com espessura de 12,5 mm - D = 1.800 mm","m",7302.12]
[2306629,"Confecção de camisa metálica em aço ASTM A36 com espessura de 16 mm - D = 1.500 mm","m",10485.95]
[2306630,"Confecção de camisa metálica em aço ASTM A36 com espessura de 16 mm - D = 1.600 mm","m",10637.64]
[2306631,"Confecção de camisa metálica em aço ASTM A36 com espessura de 16 mm - D = 1.700 mm","m",10784.57]
[2306632,"Confecção de camisa metálica em aço ASTM A36 com espessura de 16 mm - D = 1.800 mm","m",10936.25]
[2306610,"Confecção de camisa metálica em aço ASTM A36 com espessura de 6,3 mm - D = 1.000 mm","m",2174.2800000000002]
[2306604,"Confecção de camisa metálica em aço ASTM A36 com espessura de 6,3 mm - D = 400 mm","m",802.11]
[2306605,"Confecção de camisa metálica em aço ASTM A36 com espessura de 6,3 mm - D = 500 mm","m",1000.1]
[2306606,"Confecção de camisa metálica em aço ASTM A36 com espessura de 6,3 mm - D = 600 mm","m",1152.22]
[2306607,"Confecção de camisa metálica em aço ASTM A36 com espessura de 6,3 mm - D = 700 mm","m",1359.84]
[2306608,"Confecção de camisa metálica em aço ASTM A36 com espessura de 6,3 mm - D = 800 mm","m",1663.25]
[2306609,"Confecção de camisa metálica em aço ASTM A36 com espessura de 6,3 mm - D = 900 mm","m",1678.33]
[2306614,"Confecção de camisa metálica em aço ASTM A36 com espessura de 8 mm - D = 1.000 mm","m",2832.58]
[2306615,"Confecção de camisa metálica em aço ASTM A36 com espessura de 8 mm - D = 1.100 mm","m",2856.38]
[2306616,"Confecção de camisa metálica em aço ASTM A36 com espessura de 8 mm - D = 1.200 mm","m",2879.68]
[2306611,"Confecção de camisa metálica em aço ASTM A36 com espessura de 8 mm - D = 700 mm","m",1784.27]
[2306612,"Confecção de camisa metálica em aço ASTM A36 com espessura de 8 mm - D = 800 mm","m",2174.29]
[2306613,"Confecção de camisa metálica em aço ASTM A36 com espessura de 8 mm - D = 900 mm","m",2198.09]
[2306618,"Confecção de camisa metálica em aço ASTM A36 com espessura de 9,5 mm - D = 1.000 mm","m",3471.12]
[2306619,"Confecção de camisa metálica em aço ASTM A36 com espessura de 9,5 mm - D = 1.100 mm","m",3506.43]
[2306620,"Confecção de camisa metálica em aço ASTM A36 com espessura de 9,5 mm - D = 1.200 mm","m",3540.76]
[2306621,"Confecção de camisa metálica em aço ASTM A36 com espessura de 9,5 mm - D = 1.300 mm","m",5026.68]
[2306622,"Confecção de camisa metálica em aço ASTM A36 com espessura de 9,5 mm - D = 1.400 mm","m",5062.0600000000004]
[2306623,"Confecção de camisa metálica em aço ASTM A36 com espessura de 9,5 mm - D = 1.500 mm","m",5096.32]
[2306617,"Confecção de camisa metálica em aço ASTM A36 com espessura de 9,5 mm - D = 900 mm","m",2710.96]
[2306014,"Contraventamento de grupo de estacas submersas em aço ASTM A36 - confecção e instalação","kg",12.28]
[2306700,"Escavação com perfuratriz tipo Wirth em rocha com média dureza e média abrasão - resistência à compressão menor que 80 MPa - D = 1.000 mm","m",2278.23]
[2306703,"Escavação com perfuratriz tipo Wirth em rocha com média dureza e média abrasão - resistência à compressão menor que 80 MPa - D = 1.100 mm","m",2362.19]
[2306706,"Escavação com perfuratriz tipo Wirth em rocha com média dureza e média abrasão - resistência à compressão menor que 80 MPa - D = 1.200 mm","m",2485.91]
[2306709,"Escavação com perfuratriz tipo Wirth em rocha com média dureza e média abrasão - resistência à compressão menor que 80 MPa - D = 1.300 mm","m",2686.15]
[2306712,"Escavação com perfuratriz tipo Wirth em rocha com média dureza e média abrasão - resistência à compressão menor que 80 MPa - D = 1.400 mm","m",2778.25]
[2306715,"Escavação com perfuratriz tipo Wirth em rocha com média dureza e média abrasão - resistência à compressão menor que 80 MPa - D = 1.500 mm","m",2905.72]
[2306718,"Escavação com perfuratriz tipo Wirth em rocha com média dureza e média abrasão - resistência à compressão menor que 80 MPa - D = 1.600 mm","m",3094.53]
[2306721,"Escavação com perfuratriz tipo Wirth em rocha com média dureza e média abrasão - resistência à compressão menor que 80 MPa - D = 1.700 mm","m",3183.23]
[2306724,"Escavação com perfuratriz tipo Wirth em rocha com média dureza e média abrasão - resistência à compressão menor que 80 MPa - D = 1.800 mm","m",3354.42]
[2306688,"Escavação com perfuratriz tipo Wirth em rocha com média dureza e média abrasão - resistência à compressão menor que 80 MPa - D = 600 mm","m",1805.21]
[2306691,"Escavação com perfuratriz tipo Wirth em rocha com média dureza e média abrasão - resistência à compressão menor que 80 MPa - D = 700 mm","m",1907.73]
[2306694,"Escavação com perfuratriz tipo Wirth em rocha com média dureza e média abrasão - resistência à compressão menor que 80 MPa - D = 800 mm","m",2043.9]
[2306697,"Escavação com perfuratriz tipo Wirth em rocha com média dureza e média abrasão - resistência à compressão menor que 80 MPa - D = 900 mm","m",2138.94]
[2306701,"Escavação com perfuratriz tipo Wirth em rocha de alta dureza e alta abrasão - resistência à compressão acima de 80 MPa - D = 1.000 mm","m",4476.37]
[2306704,"Escavação com perfuratriz tipo Wirth em rocha de alta dureza e alta abrasão - resistência à compressão acima de 80 MPa - D = 1.100 mm","m",4759.32]
[2306707,"Escavação com perfuratriz tipo Wirth em rocha de alta dureza e alta abrasão - resistência à compressão acima de 80 MPa - D = 1.200 mm","m",4943.88]
[2306710,"Escavação com perfuratriz tipo Wirth em rocha de alta dureza e alta abrasão - resistência à compressão acima de 80 MPa - D = 1.300 mm","m",5196.46]
[2306713,"Escavação com perfuratriz tipo Wirth em rocha de alta dureza e alta abrasão - resistência à compressão acima de 80 MPa - D = 1.400 mm","m",5333.09]
[2306716,"Escavação com perfuratriz tipo Wirth em rocha de alta dureza e alta abrasão - resistência à compressão acima de 80 MPa - D = 1.500 mm","m",5645.73]
[2306719,"Escavação com perfuratriz tipo Wirth em rocha de alta dureza e alta abrasão - resistência à compressão acima de 80 MPa - D = 1.600 mm","m",6153.85]
[2306722,"Escavação com perfuratriz tipo Wirth em rocha de alta dureza e alta abrasão - resistência à compressão acima de 80 MPa - D = 1.700 mm","m",6426.93]
[2306725,"Escavação com perfuratriz tipo Wirth em rocha de alta dureza e alta abrasão - resistência à compressão acima de 80 MPa - D = 1.800 mm","m",6744.48]
[2306689,"Escavação com perfuratriz tipo Wirth em rocha de alta dureza e alta abrasão - resistência à compressão acima de 80 MPa - D = 600 mm","m",3530.25]
[2306692,"Escavação com perfuratriz tipo Wirth em rocha de alta dureza e alta abrasão - resistência à compressão acima de 80 MPa - D = 700 mm","m",3720.54]
[2306695,"Escavação com perfuratriz tipo Wirth em rocha de alta dureza e alta abrasão - resistência à compressão acima de 80 MPa - D = 800 mm","m",3915.98]
[2306698,"Escavação com perfuratriz tipo Wirth em rocha de alta dureza e alta abrasão - resistência à compressão acima de 80 MPa - D = 900 mm","m",4145.84]
[2306699,"Escavação com perfuratriz tipo Wirth em solo - D = 1.000 mm","m",346.69]
[2306702,"Escavação com perfuratriz tipo Wirth em solo - D = 1.100 mm","m",358.35]
[2306705,"Escavação com perfuratriz tipo Wirth em solo - D = 1.200 mm","m",377.37]
[2306708,"Escavação com perfuratriz tipo Wirth em solo - D = 1.300 mm","m",391.22]
[2306711,"Escavação com perfuratriz tipo Wirth em solo - D = 1.400 mm","m",406.13]
[2306714,"Escavação com perfuratriz tipo Wirth em solo - D = 1.500 mm","m",422.21]
[2306717,"Escavação com perfuratriz tipo Wirth em solo - D = 1.600 mm","m",440.76]
[2306720,"Escavação com perfuratriz tipo Wirth em solo - D = 1.700 mm","m",459.77]
[2306723,"Escavação com perfuratriz tipo Wirth em solo - D = 1.800 mm","m",469.9]
[2306687,"Escavação com perfuratriz tipo Wirth em solo - D = 600 mm","m",288.62]
[2306690,"Escavação com perfuratriz tipo Wirth em solo - D = 700 mm","m",301.89999999999998]
[2306693,"Escavação com perfuratriz tipo Wirth em solo - D = 800 mm","m",315.29000000000002]
[2306696,"Escavação com perfuratriz tipo Wirth em solo - D = 900 mm","m",329.93]
[2306239,"Estaca barrete escavada com uso de fluido estabilizante - confecção","m³",300.77999999999997]
[2306090,"Estaca broca manual D = 25 cm - confecção","m",42.44]
[2306091,"Estaca broca manual D = 30 cm - confecção","m",56.58]
[2306072,"Estaca circular tipo estacão escavada com uso de fluido estabilizante - confecção","m³",1019.66]
[2306133,"Estaca duplo perfil metálico W 250 x 17,9 - com emenda - fornecimento e cravação","m",517.28]
[2306114,"Estaca duplo trilho TR 25 - com emenda - fornecimento e cravação","m",305.33999999999997]
[2306115,"Estaca duplo trilho TR 37 - com emenda - fornecimento e cravação","m",445.2]
[2306116,"Estaca duplo trilho TR 45 - com emenda - fornecimento e cravação","m",530.44000000000005]
[2306118,"Estaca duplo trilho TR 57 - com emenda - fornecimento e cravação","m",666.66]
[2306122,"Estaca duplo trilho TR 68 - com emenda - fornecimento e cravação","m",789.9]
[2306078,"Estaca Franki com fuste apiloado D = 35 cm - confecção","m",128.5]
[2306080,"Estaca Franki com fuste apiloado D = 40 cm - confecção","m",140.18]
[2306082,"Estaca Franki com fuste apiloado D = 45 cm - confecção","m",154.19999999999999]
[2306084,"Estaca Franki com fuste apiloado D = 52 cm - confecção","m",179.31]
[2306086,"Estaca Franki com fuste apiloado D = 60 cm - confecção","m",220.29]
[2309088,"Estaca Franki com fuste apiloado D = 70 cm - confecção","m",308.39999999999998]
[2306074,"Estaca hélice contínua - confecção","m³",275.17]
[2306095,"Estaca hélice de deslocamento - confecção","m³",329.94]
[2306132,"Estaca perfil metálico W 150 x 22,5 (H) - fornecimento e cravação","m",332.66]
[2306015,"Estaca prancha metálica - fornecimento e cravação até 12 metros","kg",17.739999999999998]
[2306019,"Estaca prancha metálica com apoio de flutuante - fornecimento e cravação de 12 metros","kg",18.350000000000001]
[2306018,"Estaca prancha metálica com apoio de flutuante e utilização de 10 vezes - fornecimento, cravação até 12 metros","kg",3.01]
[2306016,"Estaca prancha metálica com utilização de 10 vezes - fornecimento, cravação até 12 metros","kg",2.1]
[2305999,"Estaca pré-moldada de concreto armado centrifugado com compressão admissível de 100 t - sem emenda - fornecimento e cravação","m",382.32]
[2306000,"Estaca pré-moldada de concreto armado centrifugado com compressão admissível de 125 t - sem emenda - fornecimento e cravação","m",472.45]
[2306001,"Estaca pré-moldada de concreto armado centrifugado com compressão admissível de 170 t - sem emenda - fornecimento e cravação","m",656.68]
[2306002,"Estaca pré-moldada de concreto armado centrifugado com compressão admissível de 230 t - sem emenda - fornecimento e cravação","m",882.15]
[2306003,"Estaca pré-moldada de concreto armado centrifugado com compressão admissível de 300 t - sem emenda - fornecimento e cravação","m",1028.32]
[2305997,"Estaca pré-moldada de concreto armado centrifugado com compressão admissível de 55 t - sem emenda - fornecimento e cravação","m",264.22000000000003]
[2305998,"Estaca pré-moldada de concreto armado centrifugado com compressão admissível de 80 t - sem emenda - fornecimento e cravação","m",338.75]
[2306101,"Estaca pré-moldada de concreto protendido 15 x 15 cm - produzida - sem emenda - cravação","m",72.5]
[2306102,"Estaca pré-moldada de concreto protendido 17 x 17 cm - produzida - sem emenda - cravação","m",77.22]
[2306103,"Estaca pré-moldada de concreto protendido 20 x 20 cm - produzida - sem emenda - cravação","m",87.22]
[2306104,"Estaca pré-moldada de concreto protendido 21 x 21 cm - produzida - sem emenda - cravação","m",92.59]
[2306105,"Estaca pré-moldada de concreto protendido 23 x 23 cm - produzida - sem emenda - cravação","m",98.34]
[2306106,"Estaca pré-moldada de concreto protendido 25 x 25 cm - produzida - sem emenda - cravação","m",106.99]
[2306107,"Estaca pré-moldada de concreto protendido 26 x 26 cm - produzida - sem emenda - cravação","m",110.08]
[2306269,"Estaca pré-moldada de concreto protendido 30 x 30 cm - produzida - sem emenda - cravação","m",124.2]
[2306270,"Estaca pré-moldada de concreto protendido 33 x 33 cm - produzida - sem emenda - cravação","m",138.80000000000001]
[2306271,"Estaca pré-moldada de concreto protendido 35 x 35 cm - produzida - sem emenda - cravação","m",152.53]
[2306272,"Estaca pré-moldada de concreto protendido 38 x 38 cm - produzida - sem emenda - cravação","m",161.35]
[2306273,"Estaca pré-moldada de concreto protendido 40 x 40 cm - produzida - sem emenda - cravação","m",180.91]
[2306274,"Estaca pré-moldada de concreto protendido 42 x 42 cm - produzida - sem emenda - cravação","m",193.76]
[2306275,"Estaca pré-moldada de concreto protendido 45 x 45 cm - produzida - sem emenda - cravação","m",224.14]
[2306100,"Estaca pré-moldada de concreto protendido com compressão admissível de 100 t - comercial - sem emenda - fornecimento e cravação","m",376.22]
[2306004,"Estaca pré-moldada de concreto protendido com compressão admissível de 25 t - comercial - sem emenda - fornecimento e cravação","m",131.62]
[2306097,"Estaca pré-moldada de concreto protendido com compressão admissível de 35 t - comercial - sem emenda - fornecimento e cravação","m",167.92]
[2306098,"Estaca pré-moldada de concreto protendido com compressão admissível de 60 t - comercial - sem emenda - fornecimento e cravação","m",184.07]
[2306007,"Estaca pré-moldada de concreto protendido com compressão admissível de 75 t - comercial - sem emenda - fornecimento e cravação","m",260.02]
[2306067,"Estaca raiz perfurada na rocha com D = 16 cm - confecção","m",517.15]
[2306068,"Estaca raiz perfurada na rocha com D = 20 cm - confecção","m",652.72]
[2306069,"Estaca raiz perfurada na rocha com D = 25 cm - confecção","m",883.56]
[2306070,"Estaca raiz perfurada na rocha com D = 31 cm - confecção","m",1354.03]
[2306071,"Estaca raiz perfurada na rocha com D = 40 cm - confecção","m",2038.66]
[2306181,"Estaca raiz perfurada na rocha com D = 45 cm - confecção","m",2054.65]
[2306062,"Estaca raiz perfurada no solo com D = 16 cm - confecção","m",92.88]
[2306063,"Estaca raiz perfurada no solo com D = 20 cm - confecção","m",111.85]
[2306064,"Estaca raiz perfurada no solo com D = 25 cm - confecção","m",138.12]
[2306065,"Estaca raiz perfurada no solo com D = 31 cm - confecção","m",179.21]
[2306066,"Estaca raiz perfurada no solo com D = 40 cm - confecção","m",252.88]
[2306180,"Estaca raiz perfurada no solo com D = 45 cm - confecção","m",286.39]
[2306009,"Estaca Strauss D = 25 cm - confecção","m",16.37]
[2306010,"Estaca Strauss D = 32 cm - confecção","m",20.399999999999999]
[2306011,"Estaca Strauss D = 38 cm - confecção","m",23.23]
[2306012,"Estaca Strauss D = 45 cm - confecção","m",27.2]
[2306108,"Estaca trilho TR 25 - fornecimento e cravação","m",163.04]
[2306110,"Estaca trilho TR 37 - fornecimento e cravação","m",233.22]
[2306111,"Estaca trilho TR 45 - fornecimento e cravação","m",275.51]
[2306112,"Estaca trilho TR 57 - fornecimento e cravação","m",343.47]
[2306113,"Estaca trilho TR 68 - fornecimento e cravação","m",405]
[2306123,"Estaca triplo trilho TR 25 - com emenda - fornecimento e cravação","m",446.43]
[2306124,"Estaca triplo trilho TR 37 - com emenda - fornecimento e cravação","m",655.61]
[2306125,"Estaca triplo trilho TR 45 - com emenda - fornecimento e cravação","m",783.02]
[2306126,"Estaca triplo trilho TR 57 - com emenda - fornecimento e cravação","m",986.76]
[2306127,"Estaca triplo trilho TR 68 - com emenda - fornecimento e cravação","m",1170.96]
[2306300,"Fabricação de estaca pré-moldada de concreto protendida seção 15 x 15 cm","m",34.39]
[2306301,"Fabricação de estaca pré-moldada de concreto protendida seção 17 x 17 cm","m",37.18]
[2306302,"Fabricação de estaca pré-moldada de concreto protendida seção 20 x 20 cm","m",44.88]
[2306303,"Fabricação de estaca pré-moldada de concreto protendida seção 21 x 21 cm","m",48.67]
[2306304,"Fabricação de estaca pré-moldada de concreto protendida seção 23 x 23 cm","m",52.03]
[2306305,"Fabricação de estaca pré-moldada de concreto protendida seção 25 x 25 cm","m",58.4]
[2306306,"Fabricação de estaca pré-moldada de concreto protendida seção 26 x 26 cm","m",59.87]
[2306307,"Fabricação de estaca pré-moldada de concreto protendida seção 30 x 30 cm","m",69.84]
[2306308,"Fabricação de estaca pré-moldada de concreto protendida seção 33 x 33 cm","m",78.849999999999994]
[2306309,"Fabricação de estaca pré-moldada de concreto protendida seção 35 x 35 cm","m",89.16]
[2306310,"Fabricação de estaca pré-moldada de concreto protendida seção 38 x 38 cm","m",94.49]
[2306311,"Fabricação de estaca pré-moldada de concreto protendida seção 40 x 40 cm","m",108.85]
[2306312,"Fabricação de estaca pré-moldada de concreto protendida seção 42 x 42 cm","m",117.77]
[2306313,"Fabricação de estaca pré-moldada de concreto protendida seção 45 x 45 cm","m",141.97999999999999]
[2306013,"Gabarito de cravação de estacas submersas em aço ASTM A36 - confecção e instalação","kg",12.18]
[2306243,"Muro guia para estaca barrete com duas cortinas de 10 x 110 cm","m",640.78]
[2408149,"Estrutura em perfil de aço ASTM A36 corte, solda e montagem - fornecimento e instalação","kg",15.57]
[2407972,"Fornecimento e aplicação de adesivo estrutural à base de resina epóxi","kg",72.03]
[2407973,"Hidrojateamento em superfície de aço grau WJ-2","m²",30.5]
[2408075,"Jateamento abrasivo em chapa de aço por esteira contínua","m²",6.18]
[2408069,"Jateamento de chapa de aço com o uso de granalhas de aço grau Sa 2","m²",5.88]
[2419790,"Jateamento de chapa de aço com o uso de granalhas de aço grau Sa 2 1/2","m²",10.62]
[2407976,"Jateamento de chapa de aço com o uso de granalhas de aço grau Sa 2 1/2 - em espaço confinado","m²",12.22]
[2408068,"Jateamento de chapa de aço com o uso de granalhas de aço grau Sa 3","m²",16.54]
[2419705,"Pintura com epóxi de dois componentes com pistola a ar comprimido, uma demão, espessura de 120 µm","m²",11.48]
[2419704,"Pintura com primer epóxi de dois componentes com pistola a ar comprimido, uma demão, espessura de 70 µm","m²",31.32]
[2407981,"Pintura com selante epóxi vinílico com pistola airless, uma demão, espessura de 80 µm","m²",18.96]
[2407982,"Pintura com tinta anti-incrustante com pistola airless, uma demão, espessura de 125 µm","m²",39.020000000000003]
[2419703,"Pintura com tinta anticorrosiva à base de epóxi poliamida de dois componentes com pistola a ar comprimido, uma demão, espessura de 150 µm","m²",16.11]
[2408080,"Pintura de acabamento com esmalte epóxi com pistola a ar comprimido, uma demão, espessura de 40 µm","m²",7.97]
[2408078,"Pintura de acabamento com esmalte sintético com pistola a ar comprimido, uma demão, espessura de 30 µm","m²",2.82]
[2407979,"Pintura de acabamento com tinta de poliuretano acrílico de dois componentes com pistola airless, uma demão, espessura de 70 µm","m²",13.77]
[2407980,"Pintura de acabamento com tinta de poliuretano acrílico de dois componentes com pistola airless, uma demão, espessura de 70 µm - em espaço confinado","m²",13.81]
[2408077,"Pintura de fundo com tinta alquídica com pistola a ar comprimido, uma demão, espessura de 30 µm","m²",7.07]
[2407983,"Pintura de fundo com tinta anticorrosiva à base de epóxi poliamida de dois componentes com pistola airless, uma demão, espessura de 100 µm - em espaço confinado","m²",8.7100000000000009]
[2407977,"Pintura de fundo com tinta anticorrosiva à base de epóxi poliamida de dois componentes com pistola airless, uma demão, espessura de 160 µm","m²",16.96]
[2407978,"Pintura de fundo com tinta anticorrosiva à base de epóxi poliamida de dois componentes com pistola airless, uma demão, espessura de 160 µm - em espaço confinado","m²",17.010000000000002]
[2408079,"Pintura de fundo com tinta epóxi com pistola a ar comprimido, uma demão, espessura de 120 µm","m²",49.16]
[2408076,"Pintura shop primer em chapa de aço por esteira contínua","m²",19.13]
[2408057,"Solda elétrica de perfis metálicos e chapas de aço com eletrodo E60XX","kg",93.95]
[2408058,"Solda elétrica de perfis metálicos e chapas de aço com eletrodo E70XX","kg",60.06]
[2407974,"Tratamento de superfície de aço com ferramenta mecânica grau SP-11","m²",369.65]
[2407975,"Tratamento de superfície de aço com ferramenta mecânica grau SP-11 - em espaço confinado","m²",376.7]
[2419789,"Tratamento em chapa de aço por esteira contínua","m²",17.850000000000001]
[2607183,"Alinhamento manual da grade do AMV para qualquer abertura e qualquer bitola","un",320.45999999999998]
[2607226,"Assentamento dos materiais metálicos do AMV 1:10, TR 45, bitola larga","un",563913.76]
[2607209,"Assentamento dos materiais metálicos do AMV 1:10, TR 45, bitola métrica","un",491838.19]
[2607161,"Assentamento dos materiais metálicos do AMV 1:10, TR 45, bitola mista","un",680872.43]
[2607148,"Assentamento dos materiais metálicos do AMV 1:10, TR 57, bitola larga","un",717395.28]
[2607213,"Assentamento dos materiais metálicos do AMV 1:10, TR 57, bitola métrica","un",625996.27]
[2607165,"Assentamento dos materiais metálicos do AMV 1:10, TR 57, bitola mista","un",866851.89]
[2607152,"Assentamento dos materiais metálicos do AMV 1:10, TR 68, bitola larga","un",860654.78]
[2607217,"Assentamento dos materiais metálicos do AMV 1:10, TR 68, bitola métrica","un",737160.78]
[2607169,"Assentamento dos materiais metálicos do AMV 1:10, TR 68, bitola mista","un",1028833.65]
[2607156,"Assentamento dos materiais metálicos do AMV 1:10, UIC 60, bitola larga","un",748178.74]
[2607221,"Assentamento dos materiais metálicos do AMV 1:10, UIC 60, bitola métrica","un",651895.71]
[2607173,"Assentamento dos materiais metálicos do AMV 1:10, UIC 60, bitola mista","un",901861.75]
[2607227,"Assentamento dos materiais metálicos do AMV 1:12, TR 45, bitola larga","un",619302.37]
[2607210,"Assentamento dos materiais metálicos do AMV 1:12, TR 45, bitola métrica","un",539984.38]
[2607162,"Assentamento dos materiais metálicos do AMV 1:12, TR 45, bitola mista","un",747425.63]
[2607149,"Assentamento dos materiais metálicos do AMV 1:12, TR 57, bitola larga","un",787551.69]
[2607214,"Assentamento dos materiais metálicos do AMV 1:12, TR 57, bitola métrica","un",681381.92]
[2607166,"Assentamento dos materiais metálicos do AMV 1:12, TR 57, bitola mista","un",951183.69]
[2607153,"Assentamento dos materiais metálicos do AMV 1:12, TR 68, bitola larga","un",934974.87]
[2607218,"Assentamento dos materiais metálicos do AMV 1:12, TR 68, bitola métrica","un",815589.13]
[2607170,"Assentamento dos materiais metálicos do AMV 1:12, TR 68, bitola mista","un",1120141.1200000001]
[2607157,"Assentamento dos materiais metálicos do AMV 1:12, UIC 60, bitola larga","un",827756.56]
[2607222,"Assentamento dos materiais metálicos do AMV 1:12, UIC 60, bitola métrica","un",716082.07]
[2607174,"Assentamento dos materiais metálicos do AMV 1:12, UIC 60, bitola mista","un",990634.61]
[2607228,"Assentamento dos materiais metálicos do AMV 1:14, TR 45, bitola larga","un",680201.73]
[2607211,"Assentamento dos materiais metálicos do AMV 1:14, TR 45, bitola métrica","un",599093.27]
[2607163,"Assentamento dos materiais metálicos do AMV 1:14, TR 45, bitola mista","un",829380.76]
[2607150,"Assentamento dos materiais metálicos do AMV 1:14, TR 57, bitola larga","un",873547.95]
[2607215,"Assentamento dos materiais metálicos do AMV 1:14, TR 57, bitola métrica","un",748425.21]
[2607167,"Assentamento dos materiais metálicos do AMV 1:14, TR 57, bitola mista","un",1034637.57]
[2607154,"Assentamento dos materiais metálicos do AMV 1:14, TR 68, bitola larga","un",1036131.2]
[2607219,"Assentamento dos materiais metálicos do AMV 1:14, TR 68, bitola métrica","un",895552.72]
[2607171,"Assentamento dos materiais metálicos do AMV 1:14, TR 68, bitola mista","un",1247817.1200000001]
[2607158,"Assentamento dos materiais metálicos do AMV 1:14, UIC 60, bitola larga","un",908975.7]
[2607223,"Assentamento dos materiais metálicos do AMV 1:14, UIC 60, bitola métrica","un",786659.46]
[2607175,"Assentamento dos materiais metálicos do AMV 1:14, UIC 60, bitola mista","un",1088225.22]
[2607151,"Assentamento dos materiais metálicos do AMV 1:20, TR 57, bitola larga","un",1043462.35]
[2607216,"Assentamento dos materiais metálicos do AMV 1:20, TR 57, bitola métrica","un",910508.71]
[2607168,"Assentamento dos materiais metálicos do AMV 1:20, TR 57, bitola mista","un",1274679.22]
[2607155,"Assentamento dos materiais metálicos do AMV 1:20, TR 68, bitola larga","un",1246417.46]
[2607220,"Assentamento dos materiais metálicos do AMV 1:20, TR 68, bitola métrica","un",1071706.8899999999]
[2607172,"Assentamento dos materiais metálicos do AMV 1:20, TR 68, bitola mista","un",1491542.45]
[2607159,"Assentamento dos materiais metálicos do AMV 1:20, UIC 60, bitola larga","un",1087968.3]
[2607224,"Assentamento dos materiais metálicos do AMV 1:20, UIC 60, bitola métrica","un",947858.39]
[2607176,"Assentamento dos materiais metálicos do AMV 1:20, UIC 60, bitola mista","un",1320523.79]
[2607225,"Assentamento dos materiais metálicos do AMV 1:8, TR 45, bitola larga","un",513535.68]
[2607208,"Assentamento dos materiais metálicos do AMV 1:8, TR 45, bitola métrica","un",448050.66]
[2607160,"Assentamento dos materiais metálicos do AMV 1:8, TR 45, bitola mista","un",620328.88]
[2607229,"Assentamento dos materiais metálicos do AMV 1:8, TR 57, bitola larga","un",653539.61]
[2607212,"Assentamento dos materiais metálicos do AMV 1:8, TR 57, bitola métrica","un",570543.31000000006]
[2607164,"Assentamento dos materiais metálicos do AMV 1:8, TR 57, bitola mista","un",781343.55]
[2607207,"Lançamento manual de lastro em AMV com descarga da brita por caminhão","m³",193.5]
[2607206,"Lançamento mecânico de lastro em AMV com descarga da brita por caminhão e espalhamento com carregadeira de pneus","m³",189.05]
[2607344,"Nivelamento de AMV com socaria com grupo vibrador e levante de até 10 cm, abertura 1:10, bitola larga, dormente de madeira ou concreto","un",234.03]
[2607339,"Nivelamento de AMV com socaria com grupo vibrador e levante de até 10 cm, abertura 1:10, bitola métrica, dormente de madeira ou concreto","un",160.78]
[2607349,"Nivelamento de AMV com socaria com grupo vibrador e levante de até 10 cm, abertura 1:10, bitola mista, dormente de madeira ou concreto","un",357.3]
[2607345,"Nivelamento de AMV com socaria com grupo vibrador e levante de até 10 cm, abertura 1:12, bitola larga, dormente de madeira ou concreto","un",267.04000000000002]
[2607340,"Nivelamento de AMV com socaria com grupo vibrador e levante de até 10 cm, abertura 1:12, bitola métrica, dormente de madeira ou concreto","un",183.56]
[2607350,"Nivelamento de AMV com socaria com grupo vibrador e levante de até 10 cm, abertura 1:12, bitola mista, dormente de madeira ou concreto","un",408.13]
[2607346,"Nivelamento de AMV com socaria com grupo vibrador e levante de até 10 cm, abertura 1:14, bitola larga, dormente de madeira ou concreto","un",310.16000000000003]
[2607341,"Nivelamento de AMV com socaria com grupo vibrador e levante de até 10 cm, abertura 1:14, bitola métrica, dormente de madeira ou concreto","un",216.55]
[2607351,"Nivelamento de AMV com socaria com grupo vibrador e levante de até 10 cm, abertura 1:14, bitola mista, dormente de madeira ou concreto","un",474.09]
[2607347,"Nivelamento de AMV com socaria com grupo vibrador e levante de até 10 cm, abertura 1:20, bitola larga, dormente de madeira ou concreto","un",409.23]
[2607342,"Nivelamento de AMV com socaria com grupo vibrador e levante de até 10 cm, abertura 1:20, bitola métrica, dormente de madeira ou concreto","un",267.04000000000002]
[2607352,"Nivelamento de AMV com socaria com grupo vibrador e levante de até 10 cm, abertura 1:20, bitola mista, dormente de madeira ou concreto","un",623.77]
[2607343,"Nivelamento de AMV com socaria com grupo vibrador e levante de até 10 cm, abertura 1:8, bitola larga, dormente de madeira","un",187.89]
[2607338,"Nivelamento de AMV com socaria com grupo vibrador e levante de até 10 cm, abertura 1:8, bitola métrica, dormente de madeira","un",137.47999999999999]
[2607348,"Nivelamento de AMV com socaria com grupo vibrador e levante de até 10 cm, abertura 1:8, bitola mista, dormente de madeira","un",287.05]
[2607329,"Nivelamento de AMV com socaria manual e levante de até 10 cm, abertura 1:10, bitola larga, dormente de madeira ou concreto","un",532.82000000000005]
[2607324,"Nivelamento de AMV com socaria manual e levante de até 10 cm, abertura 1:10, bitola métrica, dormente de madeira ou concreto","un",363.77]
[2607334,"Nivelamento de AMV com socaria manual e levante de até 10 cm, abertura 1:10, bitola mista, dormente de madeira ou concreto","un",772.52]
[2607330,"Nivelamento de AMV com socaria manual e levante de até 10 cm, abertura 1:12, bitola larga, dormente de madeira ou concreto","un",609.27]
[2607325,"Nivelamento de AMV com socaria manual e levante de até 10 cm, abertura 1:12, bitola métrica, dormente de madeira ou concreto","un",417.76]
[2607335,"Nivelamento de AMV com socaria manual e levante de até 10 cm, abertura 1:12, bitola mista, dormente de madeira ou concreto","un",882.75]
[2607331,"Nivelamento de AMV com socaria manual e levante de até 10 cm, abertura 1:14, bitola larga, dormente de madeira ou concreto","un",708.3]
[2607326,"Nivelamento de AMV com socaria manual e levante de até 10 cm, abertura 1:14, bitola métrica, dormente de madeira ou concreto","un",494.21]
[2607336,"Nivelamento de AMV com socaria manual e levante de até 10 cm, abertura 1:14, bitola mista, dormente de madeira ou concreto","un",1026.83]
[2607332,"Nivelamento de AMV com socaria manual e levante de até 10 cm, abertura 1:20, bitola larga, dormente de madeira ou concreto","un",937.72]
[2607327,"Nivelamento de AMV com socaria manual e levante de até 10 cm, abertura 1:20, bitola métrica, dormente de madeira ou concreto","un",609.27]
[2607337,"Nivelamento de AMV com socaria manual e levante de até 10 cm, abertura 1:20, bitola mista, dormente de madeira ou concreto","un",1357.61]
[2607328,"Nivelamento de AMV com socaria manual e levante de até 10 cm, abertura 1:8, bitola larga, dormente de madeira","un",427.42]
[2607323,"Nivelamento de AMV com socaria manual e levante de até 10 cm, abertura 1:8, bitola métrica, dormente de madeira","un",312.29000000000002]
[2607333,"Nivelamento de AMV com socaria manual e levante de até 10 cm, abertura 1:8, bitola mista, dormente de madeira","un",618.86]
[2607106,"Posicionamento de jogo de dormentes de concreto para AMV 1:10, bitola larga","jg",107062.09]
[2607102,"Posicionamento de jogo de dormentes de concreto para AMV 1:10, bitola métrica","jg",52612.89]
[2607261,"Posicionamento de jogo de dormentes de concreto para AMV 1:10, bitola mista","jg",107062.09]
[2607107,"Posicionamento de jogo de dormentes de concreto para AMV 1:12, bitola larga","jg",122190.22]
[2607103,"Posicionamento de jogo de dormentes de concreto para AMV 1:12, bitola métrica","jg",59877.61]
[2607262,"Posicionamento de jogo de dormentes de concreto para AMV 1:12, bitola mista","jg",122190.22]
[2607108,"Posicionamento de jogo de dormentes de concreto para AMV 1:14, bitola larga","jg",142338.59]
[2607104,"Posicionamento de jogo de dormentes de concreto para AMV 1:14, bitola métrica","jg",70752.11]
[2607263,"Posicionamento de jogo de dormentes de concreto para AMV 1:14, bitola mista","jg",142338.59]
[2607109,"Posicionamento de jogo de dormentes de concreto para AMV 1:20, bitola larga","jg",187678]
[2607105,"Posicionamento de jogo de dormentes de concreto para AMV 1:20, bitola métrica","jg",87988.9]
[2607264,"Posicionamento de jogo de dormentes de concreto para AMV 1:20, bitola mista","jg",187678]
[2607093,"Posicionamento de jogo de dormentes de madeira para AMV 1:10, bitola larga","jg",50884.42]
[2607088,"Posicionamento de jogo de dormentes de madeira para AMV 1:10, bitola métrica","jg",20972.94]
[2607098,"Posicionamento de jogo de dormentes de madeira para AMV 1:10, bitola mista","jg",51223.85]
[2607094,"Posicionamento de jogo de dormentes de madeira para AMV 1:12, bitola larga","jg",57353.88]
[2607089,"Posicionamento de jogo de dormentes de madeira para AMV 1:12, bitola métrica","jg",24011.759999999998]
[2607099,"Posicionamento de jogo de dormentes de madeira para AMV 1:12, bitola mista","jg",57740.57]
[2607095,"Posicionamento de jogo de dormentes de madeira para AMV 1:14, bitola larga","jg",67374.19]
[2607090,"Posicionamento de jogo de dormentes de madeira para AMV 1:14, bitola métrica","jg",29240.45]
[2607260,"Posicionamento de jogo de dormentes de madeira para AMV 1:14, bitola mista","jg",67823.31]
[2607096,"Posicionamento de jogo de dormentes de madeira para AMV 1:20, bitola larga","jg",88817]
[2607091,"Posicionamento de jogo de dormentes de madeira para AMV 1:20, bitola métrica","jg",36736.769999999997]
[2607101,"Posicionamento de jogo de dormentes de madeira para AMV 1:20, bitola mista","jg",89408.93]
[2607092,"Posicionamento de jogo de dormentes de madeira para AMV 1:8, bitola larga","jg",40489.93]
[2607087,"Posicionamento de jogo de dormentes de madeira para AMV 1:8, bitola métrica","jg",17505.37]
[2607097,"Posicionamento de jogo de dormentes de madeira para AMV 1:8, bitola mista","jg",40761.68]
[2607198,"Regularização manual do lastro do AMV para qualquer abertura e qualquer bitola","un",323.31]
[2809170,"Demolição de AMV 1:10 TR 37, em bitola métrica, dormente de madeira, com separação e empilhamento","un",1932.72]
[2809183,"Demolição de AMV 1:10 TR 45, em bitola larga, dormente de madeira, com separação e empilhamento","un",2811.42]
[2809174,"Demolição de AMV 1:10 TR 45, em bitola métrica, dormente de madeira, com separação e empilhamento","un",2030.93]
[2809196,"Demolição de AMV 1:10 TR 45, em bitola mista, dormente de madeira, com separação e empilhamento","un",2953.11]
[2809187,"Demolição de AMV 1:10 TR 57, em bitola larga, dormente de madeira, com separação e empilhamento","un",2960.48]
[2809178,"Demolição de AMV 1:10 TR 57, em bitola métrica, dormente de madeira, com separação e empilhamento","un",2178.12]
[2809200,"Demolição de AMV 1:10 TR 57, em bitola mista, dormente de madeira, com separação e empilhamento","un",3108.39]
[2809191,"Demolição de AMV 1:10 TR 68, em bitola larga, dormente de madeira, com separação e empilhamento","un",3097.17]
[2809204,"Demolição de AMV 1:10 TR 68, em bitola mista, dormente de madeira, com separação e empilhamento","un",3250.54]
[2809171,"Demolição de AMV 1:12 TR 37, em bitola métrica, dormente de madeira, com separação e empilhamento","un",2181.31]
[2809184,"Demolição de AMV 1:12 TR 45, em bitola larga, dormente de madeira, com separação e empilhamento","un",3170.66]
[2809175,"Demolição de AMV 1:12 TR 45, em bitola métrica, dormente de madeira, com separação e empilhamento","un",2289.35]
[2809197,"Demolição de AMV 1:12 TR 45, em bitola mista, dormente de madeira, com separação e empilhamento","un",3327.15]
[2809188,"Demolição de AMV 1:12 TR 57, em bitola larga, dormente de madeira, com separação e empilhamento","un",3334.61]
[2809179,"Demolição de AMV 1:12 TR 57, em bitola métrica, dormente de madeira, com separação e empilhamento","un",2451.25]
[2809201,"Demolição de AMV 1:12 TR 57, em bitola mista, dormente de madeira, com separação e empilhamento","un",3497.95]
[2809192,"Demolição de AMV 1:12 TR 68, em bitola larga, dormente de madeira, com separação e empilhamento","un",3484.98]
[2809205,"Demolição de AMV 1:12 TR 68, em bitola mista, dormente de madeira, com separação e empilhamento","un",3654.32]
[2809172,"Demolição de AMV 1:14 TR 37, em bitola métrica, dormente de madeira, com separação e empilhamento","un",2549.37]
[2809185,"Demolição de AMV 1:14 TR 45, em bitola larga, dormente de madeira, com separação e empilhamento","un",3649.73]
[2809176,"Demolição de AMV 1:14 TR 45, em bitola métrica, dormente de madeira, com separação e empilhamento","un",2668.21]
[2809198,"Demolição de AMV 1:14 TR 45, em bitola mista, dormente de madeira, com separação e empilhamento","un",3825.05]
[2809189,"Demolição de AMV 1:14 TR 57, em bitola larga, dormente de madeira, com separação e empilhamento","un",3830.09]
[2809180,"Demolição de AMV 1:14 TR 57, em bitola métrica, dormente de madeira, com separação e empilhamento","un",2846.31]
[2809202,"Demolição de AMV 1:14 TR 57, em bitola mista, dormente de madeira, com separação e empilhamento","un",4012.93]
[2809193,"Demolição de AMV 1:14 TR 68, em bitola larga, dormente de madeira, com separação e empilhamento","un",3995.48]
[2809206,"Demolição de AMV 1:14 TR 68, em bitola mista, dormente de madeira, com separação e empilhamento","un",4184.93]
[2809190,"Demolição de AMV 1:20 TR 57, em bitola larga, dormente de madeira, com separação e empilhamento","un",4956.25]
[2809181,"Demolição de AMV 1:20 TR 57, em bitola métrica, dormente de madeira, com separação e empilhamento","un",3498.42]
[2809203,"Demolição de AMV 1:20 TR 57, em bitola mista, dormente de madeira, com separação e empilhamento","un",5178.1400000000003]
[2809194,"Demolição de AMV 1:20 TR 68, em bitola larga, dormente de madeira, com separação e empilhamento","un",5154.7299999999996]
[2809207,"Demolição de AMV 1:20 TR 68, em bitola mista, dormente de madeira, com separação e empilhamento","un",5384.54]
[2809169,"Demolição de AMV 1:8 TR 37, em bitola métrica, dormente de madeira, com separação e empilhamento","un",1662.56]
[2809182,"Demolição de AMV 1:8 TR 45, em bitola larga, dormente de madeira, com separação e empilhamento","un",2317.0300000000002]
[2809173,"Demolição de AMV 1:8 TR 45, em bitola métrica, dormente de madeira, com separação e empilhamento","un",1751.85]
[2809195,"Demolição de AMV 1:8 TR 45, em bitola mista, dormente de madeira, com separação e empilhamento","un",2423.7199999999998]
[2809186,"Demolição de AMV 1:8 TR 57, em bitola larga, dormente de madeira, com separação e empilhamento","un",2452.5300000000002]
[2809177,"Demolição de AMV 1:8 TR 57, em bitola métrica, dormente de madeira, com separação e empilhamento","un",1885.65]
[2809199,"Demolição de AMV 1:8 TR 57, em bitola mista, dormente de madeira, com separação e empilhamento","un",2564.88]
[2809219,"Demolição de via, bitola larga, 1.667 dormentes de madeira/km, trilho TR 45, barra com 12 m de comprimento, com separação e empilhamento","km",23206.28]
[2809220,"Demolição de via, bitola larga, 1.667 dormentes de madeira/km, trilho TR 57, barra com 12 m de comprimento, com separação e empilhamento","km",24761.05]
[2809221,"Demolição de via, bitola larga, 1.667 dormentes de madeira/km, trilho TR 68, barra com 12 m de comprimento, com separação e empilhamento","km",25517.14]
[2809163,"Demolição de via, bitola larga, 1.750 dormentes de madeira/km, trilho TR 45, barra com 12 m de comprimento, com separação e empilhamento","km",24231.19]
[2809164,"Demolição de via, bitola larga, 1.750 dormentes de madeira/km, trilho TR 57, barra com 12 m de comprimento, com separação e empilhamento","km",25843.19]
[2809165,"Demolição de via, bitola larga, 1.750 dormentes de madeira/km, trilho TR 68, barra com 12 m de comprimento, com separação e empilhamento","km",26620.58]
[2809216,"Demolição de via, bitola métrica, 1.667 dormentes de madeira/km, trilho TR 37, barra com 12 m de comprimento, com separação e empilhamento","km",21429.919999999998]
[2809217,"Demolição de via, bitola métrica, 1.667 dormentes de madeira/km, trilho TR 45, barra com 12 m de comprimento, com separação e empilhamento","km",21822.62]
[2809218,"Demolição de via, bitola métrica, 1.667 dormentes de madeira/km, trilho TR 57, barra com 12 m de comprimento, com separação e empilhamento","km",23354.639999999999]
[2809160,"Demolição de via, bitola métrica, 1.750 dormentes de madeira/km, trilho TR 37, barra com 12 m de comprimento, com separação e empilhamento","km",22385.63]
[2809161,"Demolição de via, bitola métrica, 1.750 dormentes de madeira/km, trilho TR 45, barra com 12 m de comprimento, com separação e empilhamento","km",22781.19]
[2809162,"Demolição de via, bitola métrica, 1.750 dormentes de madeira/km, trilho TR 57, barra com 12 m de comprimento, com separação e empilhamento","km",24369.99]
[2809222,"Demolição de via, bitola mista, 1.667 dormentes de madeira/km, trilho TR 45, barra com 12 m de comprimento, com separação e empilhamento","km",21230.799999999999]
[2809223,"Demolição de via, bitola mista, 1.667 dormentes de madeira/km, trilho TR 57, barra com 12 m de comprimento, com separação e empilhamento","km",27219.35]
[2809224,"Demolição de via, bitola mista, 1.667 dormentes de madeira/km, trilho TR 68, barra com 12 m de comprimento, com separação e empilhamento","km",28353.49]
[2809166,"Demolição de via, bitola mista, 1.750 dormentes de madeira/km, trilho TR 45, barra com 12 m de comprimento, com separação e empilhamento","km",22094.54]
[2809167,"Demolição de via, bitola mista, 1.750 dormentes de madeira/km, trilho TR 57, barra com 12 m de comprimento, com separação e empilhamento","km",28374.03]
[2809168,"Demolição de via, bitola mista, 1.750 dormentes de madeira/km, trilho TR 68, barra com 12 m de comprimento, com separação e empilhamento","km",29540.12]
[2809158,"Retirada manual de dormente de madeira, bitola larga ou mista, com separação e empilhamento","un",10.52]
[2809159,"Retirada manual de dormente de madeira, bitola métrica, com separação e empilhamento","un",7.94]
[2909152,"Aferição da geometria da via com carro controle","km",120.9]
[2909153,"Capina química da plataforma ferroviária","km",168.46]
[2909151,"Estabilização dinâmica da via","km",72.23]
[2909145,"Nivelamento de junta com socaria manual da via","un",10.68]
[2909379,"Nivelamento de via com grupo gerador/vibrador e levante de até 10 cm - bitola métrica ou larga com dormente de madeira ou concreto e taxa de dormentação de 1.667 un/km","km",5972.44]
[2909381,"Nivelamento de via com grupo gerador/vibrador e levante de até 10 cm - bitola métrica ou larga com dormente de madeira ou concreto e taxa de dormentação de 1.750 un/km","km",6249.62]
[2909388,"Nivelamento de via com grupo gerador/vibrador e levante de até 10 cm - bitola métrica ou larga com dormente de madeira ou concreto e taxa de dormentação de 1.850 un/km","km",6584.49]
[2909380,"Nivelamento de via com grupo gerador/vibrador e levante de até 10 cm - bitola mista com dormente de madeira ou concreto e taxa de dormentação de 1.667 un/km","km",8754.1200000000008]
[2909382,"Nivelamento de via com grupo gerador/vibrador e levante de até 10 cm - bitola mista com dormente de madeira ou concreto e taxa de dormentação de 1.750 un/km","km",9168.9599999999991]
[2909387,"Nivelamento de via com grupo gerador/vibrador e levante de até 10 cm - bitola mista com dormente de madeira ou concreto e taxa de dormentação de 1.850 un/km","km",9673.4]
[2909375,"Nivelamento de via com socaria manual e levante de até 10 cm - bitola métrica ou larga com dormente de madeira ou concreto e taxa de dormentação de 1.667 un/km","km",9531.9599999999991]
[2909377,"Nivelamento de via com socaria manual e levante de até 10 cm - bitola métrica ou larga com dormente de madeira ou concreto e taxa de dormentação de 1.750 un/km","km",9977.1]
[2909386,"Nivelamento de via com socaria manual e levante de até 10 cm - bitola métrica ou larga com dormente de madeira ou concreto e taxa de dormentação de 1.850 un/km","km",10513.93]
[2909376,"Nivelamento de via com socaria manual e levante de até 10 cm - bitola mista com dormente de madeira ou concreto e taxa de dormentação de 1.667 un/km","km",14000.2]
[2909378,"Nivelamento de via com socaria manual e levante de até 10 cm - bitola mista com dormente de madeira ou concreto e taxa de dormentação de 1.750 un/km","km",14673.28]
[2909385,"Nivelamento de via com socaria manual e levante de até 10 cm - bitola mista com dormente de madeira ou concreto e taxa de dormentação de 1.850 un/km","km",15473.9]
[2909383,"Nivelamento e alinhamento de via com socadora automática e levante de até 10 cm - qualquer bitola ou dormente e taxa de dormentação de 1.667 un/km","km",6173.65]
[2909384,"Nivelamento e alinhamento de via com socadora automática e levante de até 10 cm - qualquer bitola ou dormente e taxa de dormentação de 1.750 un/km","km",6481.06]
[2909148,"Regularização do lastro com reguladora de lastro","km",437.72]
[2909389,"Regularização manual do lastro em via corrida, bitola larga, com qualquer tipo de dormente","km",3467.1]
[2909390,"Regularização manual do lastro em via corrida, bitola métrica, com qualquer tipo de dormente","km",2441.63]
[2909391,"Regularização manual do lastro em via corrida, bitola mista, com qualquer tipo de dormente","km",4160.8]
[3009336,"Alívio de tensão, com martelo de bronze, em TLS com 120 de comprimento de TR45, taxa de dormentação de 1.667 un/km, para qualquer bitola e fixação elástica","un",96.92]
[3009337,"Alívio de tensão, com martelo de bronze, em TLS com 120 de comprimento de TR45, taxa de dormentação de 1.750 un/km, para qualquer bitola e fixação elástica","un",99.49]
[3009340,"Alívio de tensão, com martelo de bronze, em TLS com 120 de comprimento de TR57, taxa de dormentação de 1.667 un/km, para qualquer bitola e fixação elástica","un",185.14]
[3009341,"Alívio de tensão, com martelo de bronze, em TLS com 120 de comprimento de TR57, taxa de dormentação de 1.750 un/km, para qualquer bitola e fixação elástica","un",190.27]
[3009344,"Alívio de tensão, com martelo de bronze, em TLS com 120 de comprimento de TR68, taxa de dormentação de 1.667 un/km, para qualquer bitola e fixação elástica","un",97.37]
[3009345,"Alívio de tensão, com martelo de bronze, em TLS com 120 de comprimento de TR68, taxa de dormentação de 1.750 un/km, para qualquer bitola e fixação elástica","un",99.94]
[3009348,"Alívio de tensão, com martelo de bronze, em TLS com 120 de comprimento de UIC60, taxa de dormentação de 1.667 un/km, para qualquer bitola e fixação elástica","un",185.19]
[3009349,"Alívio de tensão, com martelo de bronze, em TLS com 120 de comprimento de UIC60, taxa de dormentação de 1.750 un/km, para qualquer bitola e fixação elástica","un",190.32]
[3009338,"Alívio de tensão, com martelo de bronze, em TLS com 240 de comprimento de TR45, taxa de dormentação de 1.667 un/km, para qualquer bitola e fixação elástica","un",96.92]
[3009339,"Alívio de tensão, com martelo de bronze, em TLS com 240 de comprimento de TR45, taxa de dormentação de 1.750 un/km, para qualquer bitola e fixação elástica","un",99.49]
[3009342,"Alívio de tensão, com martelo de bronze, em TLS com 240 de comprimento de TR57, taxa de dormentação de 1.667 un/km, para qualquer bitola e fixação elástica","un",185.14]
[3009343,"Alívio de tensão, com martelo de bronze, em TLS com 240 de comprimento de TR57, taxa de dormentação de 1.750 un/km, para qualquer bitola e fixação elástica","un",190.27]
[3009346,"Alívio de tensão, com martelo de bronze, em TLS com 240 de comprimento de TR68, taxa de dormentação de 1.667 un/km, para qualquer bitola e fixação elástica","un",97.37]
[3009347,"Alívio de tensão, com martelo de bronze, em TLS com 240 de comprimento de TR68, taxa de dormentação de 1.750 un/km, para qualquer bitola e fixação elástica","un",99.94]
[3009350,"Alívio de tensão, com martelo de bronze, em TLS com 240 de comprimento de UIC60, taxa de dormentação de 1.667 un/km, para qualquer bitola e fixação elástica","un",185.19]
[3009351,"Alívio de tensão, com martelo de bronze, em TLS com 240 de comprimento de UIC60, taxa de dormentação de 1.750 un/km, para qualquer bitola e fixação elástica","un",190.32]
[3009080,"Colocação manual de grampo elástico Pandrol","un",0.14000000000000001]
[3009075,"Colocação manual de retensor para trilho TR45","un",55.86]
[3009076,"Colocação manual de retensor para trilho TR57","un",57.67]
[3009077,"Colocação manual de retensor para trilho TR68","un",60.88]
[3009078,"Colocação manual de retensor para trilho UIC60","un",63.32]
[3009087,"Colocação mecanizada de grampo elástico Pandrol","un",0.1]
[3009085,"Contratrilho TR45, comprimento de 12 m, sobre dormente de madeira, taxa de dormentação de 1.750 un/km, tala de junção de 6 furos e fixação rígida - posicionamento e assentamento manual","m",1068.53]
[3009086,"Contratrilho TR57, comprimento de 12 m, sobre dormente de madeira, taxa de dormentação de 1.750 un/km, tala de junção de 6 furos e fixação rígida - posicionamento e assentamento manual","m",1414.26]
[3009089,"Contratrilho TR68, comprimento de 12 m, sobre dormente de madeira, taxa de dormentação de 1.750 un/km, tala de junção de 6 furos e fixação rígida - posicionamento e assentamento manual","m",1728.91]
[3009090,"Contratrilho UIC60, comprimento de 12 m, sobre dormente de madeira, taxa de dormentação de 1.750 un/km, tala de junção de 6 furos e fixação rígida - posicionamento e assentamento manual","m",1557.19]
[3009004,"Dormente de concreto monobloco protendido bitola larga - confecção","un",472.01]
[3009002,"Dormente de concreto monobloco protendido bitola métrica - confecção","un",357.46]
[3009006,"Dormente de concreto monobloco protendido bitola mista - confecção","un",641.14]
[3009335,"Dormente de concreto monobloco protendido para AMV bitola larga ou mista - confecção","un",1234.6600000000001]
[3009334,"Dormente de concreto monobloco protendido para AMV bitola métrica - confecção","un",880.64]
[3009280,"Dormente de concreto monobloco, bitola larga, taxa de dormentação de 1.667 un/km, fixação elástica Pandrol - posicionamento mecanizado com carregadeira","km",810385.49]
[3009281,"Dormente de concreto monobloco, bitola larga, taxa de dormentação de 1.667 un/km, fixação elástica Pandrol - posicionamento mecanizado com pórtico","km",802385.66]
[3009061,"Dormente de concreto monobloco, bitola larga, taxa de dormentação de 1.750 un/km, fixação elástica Pandrol - posicionamento mecanizado com carregadeira","km",850735.66]
[3009062,"Dormente de concreto monobloco, bitola larga, taxa de dormentação de 1.750 un/km, fixação elástica Pandrol - posicionamento mecanizado com pórtico","km",842336.42]
[3009278,"Dormente de concreto monobloco, bitola métrica, taxa de dormentação de 1.667 un/km, fixação elástica Pandrol - posicionamento mecanizado com carregadeira","km",614304.62]
[3009279,"Dormente de concreto monobloco, bitola métrica, taxa de dormentação de 1.667 un/km, fixação elástica Pandrol - posicionamento mecanizado com pórtico","km",608366.57999999996]
[3009059,"Dormente de concreto monobloco, bitola métrica, taxa de dormentação de 1.750 un/km, fixação elástica Pandrol - posicionamento mecanizado com carregadeira","km",644891.91]
[3009060,"Dormente de concreto monobloco, bitola métrica, taxa de dormentação de 1.750 un/km, fixação elástica Pandrol - posicionamento mecanizado com pórtico","km",638657.13]
[3009282,"Dormente de concreto monobloco, bitola mista, taxa de dormentação de 1.667 un/km, fixação elástica Pandrol - posicionamento mecanizado com carregadeira","km",1092322.2]
[3009283,"Dormente de concreto monobloco, bitola mista, taxa de dormentação de 1.667 un/km, fixação elástica Pandrol - posicionamento mecanizado com pórtico","km",1084323.8700000001]
[3009063,"Dormente de concreto monobloco, bitola mista, taxa de dormentação de 1.750 un/km, fixação elástica Pandrol - posicionamento mecanizado com carregadeira","km",1146710.01]
[3009064,"Dormente de concreto monobloco, bitola mista, taxa de dormentação de 1.750 un/km, fixação elástica Pandrol - posicionamento mecanizado com pórtico","km",1138312.3400000001]
[3009081,"Dormente de madeira para ponte, bitola métrica ou larga, para TR45, fixação rígida - posicionamento e assentamento mecanizado","un",777.47]
[3009082,"Dormente de madeira para ponte, bitola métrica ou larga, para TR57, fixação rígida - posicionamento e assentamento mecanizado","un",862.35]
[3009083,"Dormente de madeira para ponte, bitola métrica ou larga, para TR68, fixação rígida - posicionamento e assentamento mecanizado","un",904.83]
[3009084,"Dormente de madeira para ponte, bitola métrica ou larga, para UIC60, fixação rígida - posicionamento e assentamento mecanizado","un",939.04]
[3009070,"Dormente de madeira, bitola larga ou mista - posicionamento manual","un",489.99]
[3009285,"Dormente de madeira, bitola larga ou mista, taxa de dormentação de 1.667 un/km - posicionamento mecanizado com carregadeira","km",797494.31]
[3009072,"Dormente de madeira, bitola larga ou mista, taxa de dormentação de 1.750 un/km - posicionamento mecanizado com carregadeira","km",837202.62]
[3009069,"Dormente de madeira, bitola métrica - posicionamento manual","un",261.81]
[3009284,"Dormente de madeira, bitola métrica, taxa de dormentação de 1.667 un/km - posicionamento mecanizado com carregadeira","km",421871.99]
[3009071,"Dormente de madeira, bitola métrica, taxa de dormentação de 1.750 un/km - posicionamento mecanizado com carregadeira","km",442878.05]
[3009091,"Lançamento de lastro, 10 cm de altura, primeiro levante, descarga de pedra britada de caminhões","m³",203.5]
[3009058,"Lubrificador de trilhos e de flanges de rodas","un",92897.54]
[3009229,"Posicionamento mecanizado de trilhos","km",209.73]
[3009132,"Pré-alinhamento manual da grade com dormente de madeira","km",1281.8599999999999]
[3009133,"Pré-alinhamento mecanizado da grade","km",1872.39]
[3009321,"Solda aluminotérmica para TR45 com cadinho descartável, executada no campo, para formação de trilho longo soldado (TLS)","un",1585.61]
[3009322,"Solda aluminotérmica para TR57 com cadinho descartável, executada no campo, para formação de trilho longo soldado (TLS)","un",1581.83]
[3009323,"Solda aluminotérmica para TR68 com cadinho descartável, executada no campo, para formação de trilho longo soldado (TLS)","un",1651.5]
[3009324,"Solda aluminotérmica para UIC60 com cadinho descartável, executada no campo, para formação de trilho longo soldado (TLS)","un",1599.13]
[3009096,"Solda elétrica por caldeamento para qualquer perfil de trilho, comprimento de 12 m, em estaleiro para formação de trilho longo soldado","un",274.16000000000003]
[3009330,"Solda elétrica por caldeamento para trilho TR45, comprimento de até 24 m, em via com dormente de concreto para formação de barra ou trilho longo soldado","un",223.94]
[3009326,"Solda elétrica por caldeamento para trilho TR45, comprimento de até 24 m, em via com dormente de madeira para formação de barra ou trilho longo soldado","un",230]
[3009234,"Trilho TR45, comprimento de 12 m, sobre dormente de concreto, bitola métrica ou larga, taxa de dormentação de 1.667 un/km, tala de junção de 6 furos e fixação elástica Pandrol - posicionamento e assentamento manual","km",1112899.6399999999]
[3009022,"Trilho TR45, comprimento de 12 m, sobre dormente de concreto, bitola métrica ou larga, taxa de dormentação de 1.750 un/km, tala de junção de 6 furos e fixação elástica Pandrol - posicionamento e assentamento manual","km",1119629.83]
[3009230,"Trilho TR45, comprimento de 12 m, sobre dormente de concreto, bitola mista, taxa de dormentação de 1.667 un/km, tala de junção de 6 furos e fixação elástica Pandrol - posicionamento e assentamento manual","km",1669509.83]
[3009018,"Trilho TR45, comprimento de 12 m, sobre dormente de concreto, bitola mista, taxa de dormentação de 1.750 un/km, tala de junção de 6 furos e fixação elástica Pandrol - posicionamento e assentamento manual","km",1679605.11]
[3009288,"Trilho TR45, comprimento de 12 m, sobre dormente de madeira, bitola métrica ou larga, taxa de dormentação de 1.667 un/km, tala de junção de 6 furos e fixação rígida - posicionamento e assentamento manual","km",1414899.03]
[3009013,"Trilho TR45, comprimento de 12 m, sobre dormente de madeira, bitola métrica ou larga, taxa de dormentação de 1.750 un/km, tala de junção de 6 furos e fixação rígida - posicionamento e assentamento manual","km",1436453.98]
[3009292,"Trilho TR45, comprimento de 12 m, sobre dormente de madeira, bitola mista, taxa de dormentação de 1.667 un/km, tala de junção de 6 furos e fixação rígida - posicionamento e assentamento manual","km",2122351.2000000002]
[3009225,"Trilho TR45, comprimento de 12 m, sobre dormente de madeira, bitola mista, taxa de dormentação de 1.750 un/km, tala de junção de 6 furos e fixação rígida - posicionamento e assentamento manual","km",2154683.7999999998]
[3009100,"Trilho TR45, comprimento de 120 m (TLS), formado por trilhos curtos de 12 m soldados por caldeamento - confecção em estaleiro","un",50378.76]
[3009238,"Trilho TR45, comprimento de 120 m (TLS), sobre dormente de concreto, bitola métrica ou larga, taxa de dormentação de 1.667 un/km, tala de junção de 6 furos e fixação elástica Pandrol - posicionamento e assentamento mecanizado","km",995970.64]
[3009304,"Trilho TR45, comprimento de 120 m (TLS), sobre dormente de concreto, bitola mista, taxa de dormentação de 1.667 un/km, tala de junção de 6 furos e fixação elástica Pandrol - posicionamento e assentamento mecanizado","km",1493850.92]
[3009030,"Trilho TR45, comprimento de 120 m (TLS), sobre dormente de concreto, bitola mista, taxa de dormentação de 1.750 un/km, tala de junção de 6 furos e fixação elástica Pandrol - posicionamento e assentamento mecanizado","km",1503938.36]
[3009254,"Trilho TR45, comprimento de 120 m (TLS), sobre dormente de madeira, bitola métrica ou larga, taxa de dormentação de 1.667 un/km, tala de junção de 6 furos e fixação elástica Pandrol - posicionamento e assentamento mecanizado","km",1498761.14]
[3009262,"Trilho TR45, comprimento de 120 m (TLS), sobre dormente de madeira, bitola métrica ou larga, taxa de dormentação de 1.667 un/km, tala de junção de 6 furos e fixação rígida - posicionamento e assentamento mecanizado","km",1296509.72]
[3009034,"Trilho TR45, comprimento de 120 m (TLS), sobre dormente de madeira, bitola métrica ou larga, taxa de dormentação de 1.750 un/km, tala de junção de 6 furos e fixação elástica Pandrol - posicionamento e assentamento mecanizado","km",1530798]
[3009042,"Trilho TR45, comprimento de 120 m (TLS), sobre dormente de madeira, bitola métrica ou larga, taxa de dormentação de 1.750 un/km, tala de junção de 6 furos e fixação rígida - posicionamento e assentamento mecanizado","km",1318476.3]
[3009270,"Trilho TR45, comprimento de 120 m (TLS), sobre dormente de madeira, bitola mista, taxa de dormentação de 1.667 un/km, tala de junção de 6 furos e fixação elástica Pandrol - posicionamento e assentamento mecanizado","km",2248810.9]
[3009050,"Trilho TR45, comprimento de 120 m (TLS), sobre dormente de madeira, bitola mista, taxa de dormentação de 1.750 un/km, tala de junção de 6 furos e fixação elástica Pandrol - posicionamento e assentamento mecanizado","km",2296905.19]
[3009101,"Trilho TR45, comprimento de 240 m (TLS), formado por trilhos curtos de 12 m soldados por caldeamento - confecção em estaleiro","un",101031.67]
[3009246,"Trilho TR45, comprimento de 240 m (TLS), sobre dormente de concreto, bitola métrica ou larga, taxa de dormentação de 1.667 un/km, tala de junção de 6 furos e fixação elástica Pandrol - posicionamento e assentamento mecanizado","km",989936.19]
[3009208,"Trilho TR45, comprimento de 240 m (TLS), sobre dormente de concreto, bitola métrica ou larga, taxa de dormentação de 1.750 un/km, tala de junção de 6 furos e fixação elástica Pandrol - posicionamento e assentamento mecanizado","km",996661.35]
[3009308,"Trilho TR45, comprimento de 240 m (TLS), sobre dormente de concreto, bitola mista, taxa de dormentação de 1.667 un/km, tala de junção de 6 furos e fixação elástica Pandrol - posicionamento e assentamento mecanizado","km",1484799.93]
[3009212,"Trilho TR45, comprimento de 240 m (TLS), sobre dormente de concreto, bitola mista, taxa de dormentação de 1.750 un/km, tala de junção de 6 furos e fixação elástica Pandrol - posicionamento e assentamento mecanizado","km",1494887.67]
[3009258,"Trilho TR45, comprimento de 240 m (TLS), sobre dormente de madeira, bitola métrica ou larga, taxa de dormentação de 1.667 un/km, tala de junção de 6 furos e fixação elástica Pandrol - posicionamento e assentamento mecanizado","km",1492785.48]
[3009266,"Trilho TR45, comprimento de 240 m (TLS), sobre dormente de madeira, bitola métrica ou larga, taxa de dormentação de 1.667 un/km, tala de junção de 6 furos e fixação rígida - posicionamento e assentamento mecanizado","km",1290534.05]
[3009038,"Trilho TR45, comprimento de 240 m (TLS), sobre dormente de madeira, bitola métrica ou larga, taxa de dormentação de 1.750 un/km, tala de junção de 6 furos e fixação elástica Pandrol - posicionamento e assentamento mecanizado","km",1524822.33]
[3009046,"Trilho TR45, comprimento de 240 m (TLS), sobre dormente de madeira, bitola métrica ou larga, taxa de dormentação de 1.750 un/km, tala de junção de 6 furos e fixação rígida - posicionamento e assentamento mecanizado","km",1312500.6399999999]
[3009274,"Trilho TR45, comprimento de 240 m (TLS), sobre dormente de madeira, bitola mista, taxa de dormentação de 1.667 un/km, tala de junção de 6 furos e fixação elástica Pandrol - posicionamento e assentamento mecanizado","km",2239848.17]
[3009054,"Trilho TR45, comprimento de 240 m (TLS), sobre dormente de madeira, bitola mista, taxa de dormentação de 1.750 un/km, tala de junção de 6 furos e fixação elástica Pandrol - posicionamento e assentamento mecanizado","km",2287942.4500000002]
[3009235,"Trilho TR57, comprimento de 12 m, sobre dormente de concreto, bitola métrica ou larga, taxa de dormentação de 1.667 un/km, tala de junção de 6 furos e fixação elástica Pandrol - posicionamento e assentamento manual","km",1459115.6]
[3009023,"Trilho TR57, comprimento de 12 m, sobre dormente de concreto, bitola métrica ou larga, taxa de dormentação de 1.750 un/km, tala de junção de 6 furos e fixação elástica Pandrol - posicionamento e assentamento manual","km",1465632.15]
[3009231,"Trilho TR57, comprimento de 12 m, sobre dormente de concreto, bitola mista, taxa de dormentação de 1.667 un/km, tala de junção de 6 furos e fixação elástica Pandrol - posicionamento e assentamento manual","km",2186875.9500000002]
[3009019,"Trilho TR57, comprimento de 12 m, sobre dormente de concreto, bitola mista, taxa de dormentação de 1.750 un/km, tala de junção de 6 furos e fixação elástica Pandrol - posicionamento e assentamento manual","km",2199089.2999999998]
[3009289,"Trilho TR57, comprimento de 12 m, sobre dormente de madeira, bitola métrica ou larga, taxa de dormentação de 1.667 un/km, tala de junção de 6 furos e fixação rígida - posicionamento e assentamento manual","km",1902328.39]
[3009014,"Trilho TR57, comprimento de 12 m, sobre dormente de madeira, bitola métrica ou larga, taxa de dormentação de 1.750 un/km, tala de junção de 6 furos e fixação rígida - posicionamento e assentamento manual","km",1931211.34]
[3009293,"Trilho TR57, comprimento de 12 m, sobre dormente de madeira, bitola mista, taxa de dormentação de 1.667 un/km, tala de junção de 6 furos e fixação rígida - posicionamento e assentamento manual","km",2853495.34]
[3009226,"Trilho TR57, comprimento de 12 m, sobre dormente de madeira, bitola mista, taxa de dormentação de 1.750 un/km, tala de junção de 6 furos e fixação rígida - posicionamento e assentamento manual","km",2896820.04]
[3009102,"Trilho TR57, comprimento de 120 m (TLS), formado por trilhos curtos de 12 m soldados por caldeamento - confecção em estaleiro","un",70385.679999999993]
[3009297,"Trilho TR57, comprimento de 120 m (TLS), sobre dormente de concreto, bitola métrica ou larga, taxa de dormentação de 1.667 un/km, tala de junção de 6 furos e fixação elástica Pandrol - posicionamento e assentamento mecanizado","km",1330598.93]
[3009027,"Trilho TR57, comprimento de 120 m (TLS), sobre dormente de concreto, bitola métrica ou larga, taxa de dormentação de 1.750 un/km, tala de junção de 6 furos e fixação elástica Pandrol - posicionamento e assentamento mecanizado","km",1337324]
[3009305,"Trilho TR57, comprimento de 120 m (TLS), sobre dormente de concreto, bitola mista, taxa de dormentação de 1.667 un/km, tala de junção de 6 furos e fixação elástica Pandrol - posicionamento e assentamento mecanizado","km",1995793.25]
[3009031,"Trilho TR57, comprimento de 120 m (TLS), sobre dormente de concreto, bitola mista, taxa de dormentação de 1.750 un/km, tala de junção de 6 furos e fixação elástica Pandrol - posicionamento e assentamento mecanizado","km",2005880.69]
[3009255,"Trilho TR57, comprimento de 120 m (TLS), sobre dormente de madeira, bitola métrica ou larga, taxa de dormentação de 1.667 un/km, tala de junção de 6 furos e fixação elástica Pandrol - posicionamento e assentamento mecanizado","km",1913441.9]
[3009263,"Trilho TR57, comprimento de 120 m (TLS), sobre dormente de madeira, bitola métrica ou larga, taxa de dormentação de 1.667 un/km, tala de junção de 6 furos e fixação rígida - posicionamento e assentamento mecanizado","km",1772628.12]
[3009035,"Trilho TR57, comprimento de 120 m (TLS), sobre dormente de madeira, bitola métrica ou larga, taxa de dormentação de 1.750 un/km, tala de junção de 6 furos e fixação elástica Pandrol - posicionamento e assentamento mecanizado","km",1949464.57]
[3009043,"Trilho TR57, comprimento de 120 m (TLS), sobre dormente de madeira, bitola métrica ou larga, taxa de dormentação de 1.750 un/km, tala de junção de 6 furos e fixação rígida - posicionamento e assentamento mecanizado","km",1801639.5]
[3009271,"Trilho TR57, comprimento de 120 m (TLS), sobre dormente de madeira, bitola mista, taxa de dormentação de 1.667 un/km, tala de junção de 6 furos e fixação elástica Pandrol - posicionamento e assentamento mecanizado","km",2870831.94]
[3009051,"Trilho TR57, comprimento de 120 m (TLS), sobre dormente de madeira, bitola mista, taxa de dormentação de 1.750 un/km, tala de junção de 6 furos e fixação elástica Pandrol - posicionamento e assentamento mecanizado","km",2924904.95]
[3009103,"Trilho TR57, comprimento de 240 m (TLS), formado por trilhos curtos de 12 m soldados por caldeamento - confecção em estaleiro","un",141045.51999999999]
[3009247,"Trilho TR57, comprimento de 240 m (TLS), sobre dormente de concreto, bitola métrica ou larga, taxa de dormentação de 1.667 un/km, tala de junção de 6 furos e fixação elástica Pandrol - posicionamento e assentamento mecanizado","km",1323974.57]
[3009209,"Trilho TR57, comprimento de 240 m (TLS), sobre dormente de concreto, bitola métrica ou larga, taxa de dormentação de 1.750 un/km, tala de junção de 6 furos e fixação elástica Pandrol - posicionamento e assentamento mecanizado","km",1330699.73]
[3009309,"Trilho TR57, comprimento de 240 m (TLS), sobre dormente de concreto, bitola mista, taxa de dormentação de 1.667 un/km, tala de junção de 6 furos e fixação elástica Pandrol - posicionamento e assentamento mecanizado","km",1985857.7]
[3009213,"Trilho TR57, comprimento de 240 m (TLS), sobre dormente de concreto, bitola mista, taxa de dormentação de 1.750 un/km, tala de junção de 6 furos e fixação elástica Pandrol - posicionamento e assentamento mecanizado","km",1995945.44]
[3009259,"Trilho TR57, comprimento de 240 m (TLS), sobre dormente de madeira, bitola métrica ou larga, taxa de dormentação de 1.667 un/km, tala de junção de 6 furos e fixação elástica Pandrol - posicionamento e assentamento mecanizado","km",1906876.32]
[3009267,"Trilho TR57, comprimento de 240 m (TLS), sobre dormente de madeira, bitola métrica ou larga, taxa de dormentação de 1.667 un/km, tala de junção de 6 furos e fixação rígida - posicionamento e assentamento mecanizado","km",1766062.54]
[3009039,"Trilho TR57, comprimento de 240 m (TLS), sobre dormente de madeira, bitola métrica ou larga, taxa de dormentação de 1.750 un/km, tala de junção de 6 furos e fixação elástica Pandrol - posicionamento e assentamento mecanizado","km",1942898.99]
[3009047,"Trilho TR57, comprimento de 240 m (TLS), sobre dormente de madeira, bitola métrica ou larga, taxa de dormentação de 1.750 un/km, tala de junção de 6 furos e fixação rígida - posicionamento e assentamento mecanizado","km",1795073.93]
[3009275,"Trilho TR57, comprimento de 240 m (TLS), sobre dormente de madeira, bitola mista, taxa de dormentação de 1.667 un/km, tala de junção de 6 furos e fixação elástica Pandrol - posicionamento e assentamento mecanizado","km",2860984.63]
[3009055,"Trilho TR57, comprimento de 240 m (TLS), sobre dormente de madeira, bitola mista, taxa de dormentação de 1.750 un/km, tala de junção de 6 furos e fixação elástica Pandrol - posicionamento e assentamento mecanizado","km",2915057.64]
[3009236,"Trilho TR68, comprimento de 12 m, sobre dormente de concreto, bitola métrica ou larga, taxa de dormentação de 1.667 un/km, tala de junção de 6 furos e fixação elástica Pandrol - posicionamento e assentamento manual","km",1775213.87]
[3009024,"Trilho TR68, comprimento de 12 m, sobre dormente de concreto, bitola métrica ou larga, taxa de dormentação de 1.750 un/km, tala de junção de 6 furos e fixação elástica Pandrol - posicionamento e assentamento manual","km",1780146.46]
[3009232,"Trilho TR68, comprimento de 12 m, sobre dormente de concreto, bitola mista, taxa de dormentação de 1.667 un/km, tala de junção de 6 furos e fixação elástica Pandrol - posicionamento e assentamento manual","km",2658861.0699999998]
[3009020,"Trilho TR68, comprimento de 12 m, sobre dormente de concreto, bitola mista, taxa de dormentação de 1.750 un/km, tala de junção de 6 furos e fixação elástica Pandrol - posicionamento e assentamento manual","km",2668582.4700000002]
[3009290,"Trilho TR68, comprimento de 12 m, sobre dormente de madeira, bitola métrica ou larga, taxa de dormentação de 1.667 un/km, tala de junção de 6 furos e fixação rígida - posicionamento e assentamento manual","km",2287656.87]
[3009015,"Trilho TR68, comprimento de 12 m, sobre dormente de madeira, bitola métrica ou larga, taxa de dormentação de 1.750 un/km, tala de junção de 6 furos e fixação rígida - posicionamento e assentamento manual","km",2320065.65]
[3009294,"Trilho TR68, comprimento de 12 m, sobre dormente de madeira, bitola mista, taxa de dormentação de 1.667 un/km, tala de junção de 6 furos e fixação rígida - posicionamento e assentamento manual","km",3431488.06]
[3009227,"Trilho TR68, comprimento de 12 m, sobre dormente de madeira, bitola mista, taxa de dormentação de 1.750 un/km, tala de junção de 6 furos e fixação rígida - posicionamento e assentamento manual","km",3480101.51]
[3009104,"Trilho TR68, comprimento de 120 m (TLS), formado por trilhos curtos de 12 m soldados por caldeamento - confecção em estaleiro","un",87175.67]
[3009240,"Trilho TR68, comprimento de 120 m (TLS), sobre dormente de concreto, bitola métrica ou larga, taxa de dormentação de 1.667 un/km, tala de junção de 6 furos e fixação elástica Pandrol - posicionamento e assentamento mecanizado","km",1613782.96]
[3009028,"Trilho TR68, comprimento de 120 m (TLS), sobre dormente de concreto, bitola métrica ou larga, taxa de dormentação de 1.750 un/km, tala de junção de 6 furos e fixação elástica Pandrol - posicionamento e assentamento mecanizado","km",1620508.04]
[3009306,"Trilho TR68, comprimento de 120 m (TLS), sobre dormente de concreto, bitola mista, taxa de dormentação de 1.667 un/km, tala de junção de 6 furos e fixação elástica Pandrol - posicionamento e assentamento mecanizado","km",2420569.2200000002]
[3009032,"Trilho TR68, comprimento de 120 m (TLS), sobre dormente de concreto, bitola mista, taxa de dormentação de 1.750 un/km, tala de junção de 6 furos e fixação elástica Pandrol - posicionamento e assentamento mecanizado","km",2430656.66]
[3009256,"Trilho TR68, comprimento de 120 m (TLS), sobre dormente de madeira, bitola métrica ou larga, taxa de dormentação de 1.667 un/km, tala de junção de 6 furos e fixação elástica Pandrol - posicionamento e assentamento mecanizado","km",2244778.39]
[3009264,"Trilho TR68, comprimento de 120 m (TLS), sobre dormente de madeira, bitola métrica ou larga, taxa de dormentação de 1.667 un/km, tala de junção de 6 furos e fixação rígida - posicionamento e assentamento mecanizado","km",2126626.3199999998]
[3009036,"Trilho TR68, comprimento de 120 m (TLS), sobre dormente de madeira, bitola métrica ou larga, taxa de dormentação de 1.750 un/km, tala de junção de 6 furos e fixação elástica Pandrol - posicionamento e assentamento mecanizado","km",2283198.5699999998]
[3009044,"Trilho TR68, comprimento de 120 m (TLS), sobre dormente de madeira, bitola métrica ou larga, taxa de dormentação de 1.750 un/km, tala de junção de 6 furos e fixação rígida - posicionamento e assentamento mecanizado","km",2159163.54]
[3009272,"Trilho TR68, comprimento de 120 m (TLS), sobre dormente de madeira, bitola mista, taxa de dormentação de 1.667 un/km, tala de junção de 6 furos e fixação elástica Pandrol - posicionamento e assentamento mecanizado","km",3367836.58]
[3009052,"Trilho TR68, comprimento de 120 m (TLS), sobre dormente de madeira, bitola mista, taxa de dormentação de 1.750 un/km, tala de junção de 6 furos e fixação elástica Pandrol - posicionamento e assentamento mecanizado","km",3425505.86]
[3009105,"Trilho TR68, comprimento de 240 m (TLS), formado por trilhos curtos de 12 m soldados por caldeamento - confecção em estaleiro","un",174625.49]
[3009248,"Trilho TR68, comprimento de 240 m (TLS), sobre dormente de concreto, bitola métrica ou larga, taxa de dormentação de 1.667 un/km, tala de junção de 6 furos e fixação elástica Pandrol - posicionamento e assentamento mecanizado","km",1605487.85]
[3009210,"Trilho TR68, comprimento de 240 m (TLS), sobre dormente de concreto, bitola métrica ou larga, taxa de dormentação de 1.750 un/km, tala de junção de 6 furos e fixação elástica Pandrol - posicionamento e assentamento mecanizado","km",1612213.01]
[3009310,"Trilho TR68, comprimento de 240 m (TLS), sobre dormente de concreto, bitola mista, taxa de dormentação de 1.667 un/km, tala de junção de 6 furos e fixação elástica Pandrol - posicionamento e assentamento mecanizado","km",2408127.79]
[3009214,"Trilho TR68, comprimento de 240 m (TLS), sobre dormente de concreto, bitola mista, taxa de dormentação de 1.750 un/km, tala de junção de 6 furos e fixação elástica Pandrol - posicionamento e assentamento mecanizado","km",2418215.5299999998]
[3009260,"Trilho TR68, comprimento de 240 m (TLS), sobre dormente de madeira, bitola métrica ou larga, taxa de dormentação de 1.667 un/km, tala de junção de 6 furos e fixação elástica Pandrol - posicionamento e assentamento mecanizado","km",2236542.06]
[3009268,"Trilho TR68, comprimento de 240 m (TLS), sobre dormente de madeira, bitola métrica ou larga, taxa de dormentação de 1.667 un/km, tala de junção de 6 furos e fixação rígida - posicionamento e assentamento mecanizado","km",2118389.9900000002]
[3009040,"Trilho TR68, comprimento de 240 m (TLS), sobre dormente de madeira, bitola métrica ou larga, taxa de dormentação de 1.750 un/km, tala de junção de 6 furos e fixação elástica Pandrol - posicionamento e assentamento mecanizado","km",2274962.2400000002]
[3009048,"Trilho TR68, comprimento de 240 m (TLS), sobre dormente de madeira, bitola métrica ou larga, taxa de dormentação de 1.750 un/km, tala de junção de 6 furos e fixação rígida - posicionamento e assentamento mecanizado","km",2150927.21]
[3009276,"Trilho TR68, comprimento de 240 m (TLS), sobre dormente de madeira, bitola mista, taxa de dormentação de 1.667 un/km, tala de junção de 6 furos e fixação elástica Pandrol - posicionamento e assentamento mecanizado","km",3355483.4]
[3009056,"Trilho TR68, comprimento de 240 m (TLS), sobre dormente de madeira, bitola mista, taxa de dormentação de 1.750 un/km, tala de junção de 6 furos e fixação elástica Pandrol - posicionamento e assentamento mecanizado","km",3413152.68]
[3009237,"Trilho UIC60, comprimento de 12 m, sobre dormente de concreto, bitola métrica ou larga, taxa de dormentação de 1.667 un/km, tala de junção de 6 furos e fixação elástica Pandrol - posicionamento e assentamento manual","km",1603576.33]
[3009025,"Trilho UIC60, comprimento de 12 m, sobre dormente de concreto, bitola métrica ou larga, taxa de dormentação de 1.750 un/km, tala de junção de 6 furos e fixação elástica Pandrol - posicionamento e assentamento manual","km",1608615.75]
[3009319,"Trilho UIC60, comprimento de 12 m, sobre dormente de concreto, bitola mista, taxa de dormentação de 1.667 un/km, tala de junção de 6 furos e fixação elástica Pandrol - posicionamento e assentamento manual","km",2403469.4300000002]
[3009021,"Trilho UIC60, comprimento de 12 m, sobre dormente de concreto, bitola mista, taxa de dormentação de 1.750 un/km, tala de junção de 6 furos e fixação elástica Pandrol - posicionamento e assentamento manual","km",2411339.81]
[3009291,"Trilho UIC60, comprimento de 12 m, sobre dormente de madeira, bitola métrica ou larga, taxa de dormentação de 1.667 un/km, tala de junção de 6 furos e fixação rígida - posicionamento e assentamento manual","km",2173047.69]
[3009016,"Trilho UIC60, comprimento de 12 m, sobre dormente de madeira, bitola métrica ou larga, taxa de dormentação de 1.750 un/km, tala de junção de 6 furos e fixação rígida - posicionamento e assentamento manual","km",2208295.92]
[3009295,"Trilho UIC60, comprimento de 12 m, sobre dormente de madeira, bitola mista, taxa de dormentação de 1.667 un/km, tala de junção de 6 furos e fixação rígida - posicionamento e assentamento manual","km",3259574.28]
[3009228,"Trilho UIC60, comprimento de 12 m, sobre dormente de madeira, bitola mista, taxa de dormentação de 1.750 un/km, tala de junção de 6 furos e fixação rígida - posicionamento e assentamento manual","km",3312446.91]
[3009106,"Trilho UIC60, comprimento de 120 m (TLS), formado por trilhos curtos de 12 m soldados por caldeamento - confecção em estaleiro","un",78123.070000000007]
[3009299,"Trilho UIC60, comprimento de 120 m (TLS), sobre dormente de concreto, bitola métrica ou larga, taxa de dormentação de 1.667 un/km, tala de junção de 6 furos e fixação elástica Pandrol - posicionamento e assentamento mecanizado","km",1460905.12]
[3009029,"Trilho UIC60, comprimento de 120 m (TLS), sobre dormente de concreto, bitola métrica ou larga, taxa de dormentação de 1.750 un/km, tala de junção de 6 furos e fixação elástica Pandrol - posicionamento e assentamento mecanizado","km",1467630.19]
[3009245,"Trilho UIC60, comprimento de 120 m (TLS), sobre dormente de concreto, bitola mista, taxa de dormentação de 1.667 un/km, tala de junção de 6 furos e fixação elástica Pandrol - posicionamento e assentamento mecanizado","km",2191252.5]
[3009033,"Trilho UIC60, comprimento de 120 m (TLS), sobre dormente de concreto, bitola mista, taxa de dormentação de 1.750 un/km, tala de junção de 6 furos e fixação elástica Pandrol - posicionamento e assentamento mecanizado","km",2201339.94]
[3009257,"Trilho UIC60, comprimento de 120 m (TLS), sobre dormente de madeira, bitola métrica ou larga, taxa de dormentação de 1.667 un/km, tala de junção de 6 furos e fixação elástica Pandrol - posicionamento e assentamento mecanizado","km",2075494.76]
[3009265,"Trilho UIC60, comprimento de 120 m (TLS), sobre dormente de madeira, bitola métrica ou larga, taxa de dormentação de 1.667 un/km, tala de junção de 6 furos e fixação rígida - posicionamento e assentamento mecanizado","km",2030776.83]
[3009037,"Trilho UIC60, comprimento de 120 m (TLS), sobre dormente de madeira, bitola métrica ou larga, taxa de dormentação de 1.750 un/km, tala de junção de 6 furos e fixação elástica Pandrol - posicionamento e assentamento mecanizado","km",2113098.1]
[3009045,"Trilho UIC60, comprimento de 120 m (TLS), sobre dormente de madeira, bitola métrica ou larga, taxa de dormentação de 1.750 un/km, tala de junção de 6 furos e fixação rígida - posicionamento e assentamento mecanizado","km",2066153.5]
[3009273,"Trilho UIC60, comprimento de 120 m (TLS), sobre dormente de madeira, bitola mista, taxa de dormentação de 1.667 un/km, tala de junção de 6 furos e fixação elástica Pandrol - posicionamento e assentamento mecanizado","km",3113911.19]
[3009053,"Trilho UIC60, comprimento de 120 m (TLS), sobre dormente de madeira, bitola mista, taxa de dormentação de 1.750 un/km, tala de junção de 6 furos e fixação elástica Pandrol - posicionamento e assentamento mecanizado","km",3170355.2000000002]
[3009107,"Trilho UIC60, comprimento de 240 m (TLS), formado por trilhos curtos de 12 m soldados por caldeamento - confecção em estaleiro","un",156520.29999999999]
[3009249,"Trilho UIC60, comprimento de 240 m (TLS), sobre dormente de concreto, bitola métrica ou larga, taxa de dormentação de 1.667 un/km, tala de junção de 6 furos e fixação elástica Pandrol - posicionamento e assentamento mecanizado","km",1453611.2]
[3009211,"Trilho UIC60, comprimento de 240 m (TLS), sobre dormente de concreto, bitola métrica ou larga, taxa de dormentação de 1.750 un/km, tala de junção de 6 furos e fixação elástica Pandrol - posicionamento e assentamento mecanizado","km",1460336.36]
[3009253,"Trilho UIC60, comprimento de 240 m (TLS), sobre dormente de concreto, bitola mista, taxa de dormentação de 1.667 un/km, tala de junção de 6 furos e fixação elástica Pandrol - posicionamento e assentamento mecanizado","km",2180312.71]
[3009215,"Trilho UIC60, comprimento de 240 m (TLS), sobre dormente de concreto, bitola mista, taxa de dormentação de 1.750 un/km, tala de junção de 6 furos e fixação elástica Pandrol - posicionamento e assentamento mecanizado","km",2190400.4500000002]
[3009261,"Trilho UIC60, comprimento de 240 m (TLS), sobre dormente de madeira, bitola métrica ou larga, taxa de dormentação de 1.667 un/km, tala de junção de 6 furos e fixação elástica Pandrol - posicionamento e assentamento mecanizado","km",2068259.62]
[3009269,"Trilho UIC60, comprimento de 240 m (TLS), sobre dormente de madeira, bitola métrica ou larga, taxa de dormentação de 1.667 un/km, tala de junção de 6 furos e fixação rígida - posicionamento e assentamento mecanizado","km",2023541.68]
[3009041,"Trilho UIC60, comprimento de 240 m (TLS), sobre dormente de madeira, bitola métrica ou larga, taxa de dormentação de 1.750 un/km, tala de junção de 6 furos e fixação elástica Pandrol - posicionamento e assentamento mecanizado","km",2105862.9500000002]
[3009049,"Trilho UIC60, comprimento de 240 m (TLS), sobre dormente de madeira, bitola métrica ou larga, taxa de dormentação de 1.750 un/km, tala de junção de 6 furos e fixação rígida - posicionamento e assentamento mecanizado","km",2058918.35]
[3009277,"Trilho UIC60, comprimento de 240 m (TLS), sobre dormente de madeira, bitola mista, taxa de dormentação de 1.667 un/km, tala de junção de 6 furos e fixação elástica Pandrol - posicionamento e assentamento mecanizado","km",3103059.65]
[3009057,"Trilho UIC60, comprimento de 240 m (TLS), sobre dormente de madeira, bitola mista, taxa de dormentação de 1.750 un/km, tala de junção de 6 furos e fixação elástica Pandrol - posicionamento e assentamento mecanizado","km",3159503.66]
[3108073,"Confecção de fôrma metálica em chapa 1/8\" para poita trapezoidal","m²",344.03]
[3107965,"Confecção de forma metálica em chapa 3/16\" para poita trapezoidal","m²",555.01]
[3105941,"Fôrma em chapa metálica 1/8\" para cabeça de tirantes - utilização de 50 vezes - confecção, instalação e retirada","m²",28.33]
[3108150,"Fôrma metálica curva em chapa 3/16\" reforçada com nervuras de 40 mm x 3/16\" dispostas em grelhas de 40 x 60 cm - utilização de 100 vezes - confecção, instalação e retirada","m²",18.600000000000001]
[3108071,"Fôrma metálica em chapa 1/8\" para poita trapezoidal - utilização de 50 vezes - montagem, instalação e retirada","m²",13.54]
[3107967,"Fôrma metálica em chapa 1/8\" reforçada com nervuras de 40 mm x 1/8\" dispostas em grelhas de 40 x 60 cm - utilização de 100 vezes - confecção, instalação e retirada","m²",10.33]
[3107966,"Fôrma metálica em chapa 3/16\" para poita trapezoidal - utilização de 50 vezes - montagem, instalação e retirada","m²",26.51]
[3108072,"Fôrma metálica em chapa 3/16\" reforçada com nervuras de 40 mm x 3/16\" dispostas em grelhas de 40 x 60 cm - utilização de 100 vezes - confecção, instalação e retirada","m²",15.23]
[3117750,"Fôrma metálica para aduelas de bueiros celulares de concreto pré-moldados - utilização de 100 vezes - confecção, instalação e retirada","m²",18.190000000000001]
[3117749,"Fôrma metálica para guarda-corpo de concreto - utilização de 50 vezes - confecção","m²",15.42]
[3107964,"Fôrma metálica para pavimento de concreto - utilização de 100 vezes - confecção, instalação e retirada","m²",15.94]
[3106551,"Fôrma metálica para tetrápode - utilização de 100 vezes - confecção, instalação e retirada","m²",11.3]
[3106427,"Fôrma metálica para viga de concreto pré-moldada protendida para OAE - utilização de 20 vezes - confecção, instalação e retirada","m²",40.619999999999997]
[3106552,"Fôrma metálica para Xbloc - utilização de 100 vezes - confecção, instalação e retirada","m²",10.54]
[3107969,"Fôrmas curvas de compensado plastificado 10 mm - uso geral - utilização de 2 vezes - confecção, instalação e retirada","m²",136.51]
[3107970,"Fôrmas curvas de compensado resinado 10 mm - uso geral - utilização de 2 vezes - confecção, instalação e retirada","m²",130.99]
[3108007,"Fôrmas de compensado plastificado 10 mm - uso geral - utilização de 1 vez - confecção, instalação e retirada","m²",167.66]
[3108008,"Fôrmas de compensado plastificado 10 mm - uso geral - utilização de 2 vezes - confecção, instalação e retirada","m²",106.51]
[3108009,"Fôrmas de compensado plastificado 10 mm - uso geral - utilização de 3 vezes - confecção, instalação e retirada","m²",87.59]
[3108011,"Fôrmas de compensado plastificado 12 mm - uso geral - utilização de 1 vez - confecção, instalação e retirada","m²",176.77]
[3108012,"Fôrmas de compensado plastificado 12 mm - uso geral - utilização de 2 vezes - confecção, instalação e retirada","m²",111.3]
[3108013,"Fôrmas de compensado plastificado 12 mm - uso geral - utilização de 3 vezes - confecção, instalação e retirada","m²",90.94]
[3108015,"Fôrmas de compensado plastificado 14 mm - uso geral - utilização de 1 vez - confecção, instalação e retirada","m²",198.18]
[3108016,"Fôrmas de compensado plastificado 14 mm - uso geral - utilização de 2 vezes - confecção, instalação e retirada","m²",122.54]
[3108017,"Fôrmas de compensado plastificado 14 mm - uso geral - utilização de 3 vezes - confecção, instalação e retirada","m²",98.81]
[3107995,"Fôrmas de compensado resinado 10 mm - uso geral - utilização de 1 vez - confecção, instalação e retirada","m²",157.94]
[3107996,"Fôrmas de compensado resinado 10 mm - uso geral - utilização de 2 vezes - confecção, instalação e retirada","m²",101.46]
[3107997,"Fôrmas de compensado resinado 10 mm - uso geral - utilização de 3 vezes - confecção, instalação e retirada","m²",84.09]
[3107999,"Fôrmas de compensado resinado 12 mm - uso geral - utilização de 1 vez - confecção, instalação e retirada","m²",164.07]
[3108000,"Fôrmas de compensado resinado 12 mm - uso geral - utilização de 2 vezes - confecção, instalação e retirada","m²",104.68]
[3108001,"Fôrmas de compensado resinado 12 mm - uso geral - utilização de 3 vezes - confecção, instalação e retirada","m²",86.34]
[3108003,"Fôrmas de compensado resinado 14 mm - uso geral - utilização de 1 vez - confecção, instalação e retirada","m²",169.31]
[3108004,"Fôrmas de compensado resinado 14 mm - uso geral - utilização de 2 vezes - confecção, instalação e retirada","m²",107.43]
[3108005,"Fôrmas de compensado resinado 14 mm - uso geral - utilização de 3 vezes - confecção, instalação e retirada","m²",88.26]
[3106119,"Fôrmas de tábuas de pinho - utilização de 1 vez - confecção, instalação e retirada","m²",198.36]
[3106120,"Fôrmas de tábuas de pinho - utilização de 2 vezes - confecção, instalação e retirada","m²",129.93]
[3106121,"Fôrmas de tábuas de pinho - utilização de 3 vezes - confecção, instalação e retirada","m²",108.9]
[3103302,"Fôrmas de tábuas de pinho para dispositivos de drenagem - utilização de 3 vezes - confecção, instalação e retirada","m²",84.32]
[3103303,"Fôrmas de tábuas de pinho para drenos - utilização de 5 vezes - confecção, instalação e retirada","m²",43.88]
[3106759,"Fôrmas de tábuas de pinho para elementos estruturais dos arcos metálicos - utilização de 3 vezes - confecção, instalação e retirada","m²",131.78]
[3108023,"Guia de madeira de 2,5 x 10,0 cm - confecção e instalação","m",7.44]
[3108018,"Guia de madeira de 2,5 x 7,0 cm - confecção e instalação","m",5.36]
[3108022,"Guia de madeira de 2,5 x 8,0 cm - confecção e instalação","m",6.05]
[3205864,"Gabião caixa 2 x 1 x 0,50 m - Zn/Al + PVC - D = 2,4 mm - pedra de mão comercial - fornecimento e assentamento","m³",966.15]
[3205863,"Gabião caixa 2 x 1 x 0,50 m - Zn/Al + PVC - D = 2,4 mm - pedra de mão produzida - confecção e assentamento","m³",839.14]
[3205868,"Gabião caixa 2 x 1 x 0,50 m Zn/Al - D = 2,7 mm - pedra de mão comercial - fornecimento e assentamento","m³",831.91]
[3205867,"Gabião caixa 2 x 1 x 0,50 m Zn/Al - D = 2,7 mm - pedra de mão produzida - confecção e assentamento","m³",704.9]
[3205866,"Gabião caixa 2 x 1 x 1,00 m - Zn/Al + PVC - D = 2,4 mm - pedra de mão comercial - fornecimento e assentamento","m³",753.08]
[3205865,"Gabião caixa 2 x 1 x 1,00 m - Zn/Al + PVC - D = 2,4 mm - pedra de mão produzida - confecção e assentamento","m³",626.07000000000005]
[3205870,"Gabião caixa 2 x 1 x 1,00 m Zn/Al - D = 2,7 mm - pedra de mão comercial - fornecimento e assentamento","m³",685.08]
[3205869,"Gabião caixa 2 x 1 x 1,00 m Zn/Al - D = 2,7 mm - pedra de mão produzida - confecção e assentamento","m³",558.07000000000005]
[3205872,"Gabião colchão espessura 0,17 m - Zn/Al + PVC - D = 2,0 mm - pedra de mão comercial - fornecimento e assentamento","m²",232.55]
[3205871,"Gabião colchão espessura 0,17 m - Zn/Al + PVC - D = 2,0 mm - pedra de mão produzida - confecção e assentamento","m²",210.96]
[3205874,"Gabião colchão espessura 0,23 m - Zn/Al + PVC - D = 2,0 mm - pedra de mão comercial - fornecimento e assentamento","m²",256.12]
[3205873,"Gabião colchão espessura 0,23 m - Zn/Al + PVC - D = 2,0 mm - pedra de mão produzida - confecção e assentamento","m²",226.91]
[3205876,"Gabião colchão espessura 0,30 m - Zn/Al + PVC - D = 2,0 mm - pedra de mão comercial - fornecimento e assentamento","m²",299.73]
[3205875,"Gabião colchão espessura 0,30 m - Zn/Al + PVC - D = 2,0 mm - pedra de mão produzida - confecção e assentamento","m²",261.63]
[3205862,"Gabião saco - diâmetro = 0,65 m - Zn/Al + PVC - D = 2,4 mm - pedra de mão comercial - fornecimento e assentamento","m³",774.42]
[3205861,"Gabião saco - diâmetro = 0,65 m - Zn/Al + PVC - D = 2,4 mm - pedra de mão produzida - confecção e assentamento","m³",647.41]
[3606579,"Carga, transporte e descarga de material pétreo para molhes com o uso de batelões e escavadeira hidráulica - DMT de 0 a 300 m","m³",22.7]
[3606583,"Carga, transporte e descarga de material pétreo para molhes com o uso de batelões e escavadeira hidráulica - DMT de 1.200 a 1.500 m","m³",23.56]
[3606584,"Carga, transporte e descarga de material pétreo para molhes com o uso de batelões e escavadeira hidráulica - DMT de 1.500 a 1.800 m","m³",23.69]
[3606585,"Carga, transporte e descarga de material pétreo para molhes com o uso de batelões e escavadeira hidráulica - DMT de 1.800 a 2.100 m","m³",23.81]
[3606586,"Carga, transporte e descarga de material pétreo para molhes com o uso de batelões e escavadeira hidráulica - DMT de 2.100 a 2.400 m","m³",24.05]
[3606587,"Carga, transporte e descarga de material pétreo para molhes com o uso de batelões e escavadeira hidráulica - DMT de 2.400 a 2.700 m","m³",24.3]
[3606588,"Carga, transporte e descarga de material pétreo para molhes com o uso de batelões e escavadeira hidráulica - DMT de 2.700 a 3.000 m","m³",24.42]
[3606589,"Carga, transporte e descarga de material pétreo para molhes com o uso de batelões e escavadeira hidráulica - DMT de 3.000 m","m³",24.55]
[3606580,"Carga, transporte e descarga de material pétreo para molhes com o uso de batelões e escavadeira hidráulica - DMT de 300 a 600 m","m³",22.95]
[3606581,"Carga, transporte e descarga de material pétreo para molhes com o uso de batelões e escavadeira hidráulica - DMT de 600 a 900 m","m³",23.2]
[3606582,"Carga, transporte e descarga de material pétreo para molhes com o uso de batelões e escavadeira hidráulica - DMT de 900 a 1.200 m","m³",23.32]
[3606527,"Escavação, carga e transporte de material pétreo para a subcarapaça - caminho de serviço em leito natural - DMT de 1.000 a 1.200 m - com caminhão basculante de 8 m³","m³",50.36]
[3606528,"Escavação, carga e transporte de material pétreo para a subcarapaça - caminho de serviço em leito natural - DMT de 1.200 a 1.400 m - com caminhão basculante de 8 m³","m³",50.99]
[3606529,"Escavação, carga e transporte de material pétreo para a subcarapaça - caminho de serviço em leito natural - DMT de 1.400 a 1.600 m - com caminhão basculante de 8 m³","m³",53.78]
[3606530,"Escavação, carga e transporte de material pétreo para a subcarapaça - caminho de serviço em leito natural - DMT de 1.600 a 1.800 m - com caminhão basculante de 8 m³","m³",54.4]
[3606531,"Escavação, carga e transporte de material pétreo para a subcarapaça - caminho de serviço em leito natural - DMT de 1.800 a 2.000 m - com caminhão basculante de 8 m³","m³",55.02]
[3606532,"Escavação, carga e transporte de material pétreo para a subcarapaça - caminho de serviço em leito natural - DMT de 2.000 a 2.500 m - com caminhão basculante de 8 m³","m³",56.11]
[3606533,"Escavação, carga e transporte de material pétreo para a subcarapaça - caminho de serviço em leito natural - DMT de 2.500 a 3.000 m - com caminhão basculante de 8 m³","m³",57.98]
[3606534,"Escavação, carga e transporte de material pétreo para a subcarapaça - caminho de serviço em leito natural - DMT de 3.000 m - com caminhão basculante de 8 m³","m³",61.14]
[3606535,"Escavação, carga e transporte de material pétreo para a subcarapaça - caminho de serviço em revestimento primário - DMT de 1.000 a 1.200 m - com caminhão basculante de 8 m³","m³",48.29]
[3606536,"Escavação, carga e transporte de material pétreo para a subcarapaça - caminho de serviço em revestimento primário - DMT de 1.200 a 1.400 m - com caminhão basculante de 8 m³","m³",48.7]
[3606537,"Escavação, carga e transporte de material pétreo para a subcarapaça - caminho de serviço em revestimento primário - DMT de 1.400 a 1.600 m - com caminhão basculante de 8 m³","m³",49.12]
[3606538,"Escavação, carga e transporte de material pétreo para a subcarapaça - caminho de serviço em revestimento primário - DMT de 1.600 a 1.800 m - com caminhão basculante de 8 m³","m³",49.53]
[3606539,"Escavação, carga e transporte de material pétreo para a subcarapaça - caminho de serviço em revestimento primário - DMT de 1.800 a 2.000 m - com caminhão basculante de 8 m³","m³",49.95]
[3606540,"Escavação, carga e transporte de material pétreo para a subcarapaça - caminho de serviço em revestimento primário - DMT de 2.000 a 2.500 m - com caminhão basculante de 8 m³","m³",50.67]
[3606541,"Escavação, carga e transporte de material pétreo para a subcarapaça - caminho de serviço em revestimento primário - DMT de 2.500 a 3.000 m - com caminhão basculante de 8 m³","m³",53.93]
[3606542,"Escavação, carga e transporte de material pétreo para a subcarapaça - caminho de serviço em revestimento primário - DMT de 3.000 m - com caminhão basculante de 8 m³","m³",54.56]
[3606543,"Escavação, carga e transporte de material pétreo para a subcarapaça - caminho de serviço pavimentado - DMT de 1.000 a 1.200 m - com caminhão basculante de 8 m³","m³",47.56]
[3606544,"Escavação, carga e transporte de material pétreo para a subcarapaça - caminho de serviço pavimentado - DMT de 1.200 a 1.400 m - com caminhão basculante de 8 m³","m³",47.98]
[3606545,"Escavação, carga e transporte de material pétreo para a subcarapaça - caminho de serviço pavimentado - DMT de 1.400 a 1.600 m - com caminhão basculante de 8 m³","m³",48.29]
[3606546,"Escavação, carga e transporte de material pétreo para a subcarapaça - caminho de serviço pavimentado - DMT de 1.600 a 1.800 m - com caminhão basculante de 8 m³","m³",48.6]
[3606547,"Escavação, carga e transporte de material pétreo para a subcarapaça - caminho de serviço pavimentado - DMT de 1.800 a 2.000 m - com caminhão basculante de 8 m³","m³",49.01]
[3606548,"Escavação, carga e transporte de material pétreo para a subcarapaça - caminho de serviço pavimentado - DMT de 2.000 a 2.500 m - com caminhão basculante de 8 m³","m³",49.64]
[3606549,"Escavação, carga e transporte de material pétreo para a subcarapaça - caminho de serviço pavimentado - DMT de 2.500 a 3.000 m - com caminhão basculante de 8 m³","m³",50.57]
[3606550,"Escavação, carga e transporte de material pétreo para a subcarapaça - caminho de serviço pavimentado - DMT de 3.000 m - com caminhão basculante de 8 m³","m³",51.09]
[3606500,"Escavação, carga e transporte de material pétreo para o núcleo - caminho de serviço em leito natural - DMT de 1.000 a 1.200 m - com caminhão basculante de 8 m³","m³",46.32]
[3606501,"Escavação, carga e transporte de material pétreo para o núcleo - caminho de serviço em leito natural - DMT de 1.200 a 1.400 m - com caminhão basculante de 8 m³","m³",48.96]
[3606502,"Escavação, carga e transporte de material pétreo para o núcleo - caminho de serviço em leito natural - DMT de 1.400 a 1.600 m - com caminhão basculante de 8 m³","m³",49.74]
[3606503,"Escavação, carga e transporte de material pétreo para o núcleo - caminho de serviço em leito natural - DMT de 1.600 a 1.800 m - com caminhão basculante de 8 m³","m³",50.36]
[3606504,"Escavação, carga e transporte de material pétreo para o núcleo - caminho de serviço em leito natural - DMT de 1.800 a 2.000 m - com caminhão basculante de 8 m³","m³",50.98]
[3606505,"Escavação, carga e transporte de material pétreo para o núcleo - caminho de serviço em leito natural - DMT de 2.000 a 2.500 m - com caminhão basculante de 8 m³","m³",52.07]
[3606506,"Escavação, carga e transporte de material pétreo para o núcleo - caminho de serviço em leito natural - DMT de 2.500 a 3.000 m - com caminhão basculante de 8 m³","m³",53.94]
[3606507,"Escavação, carga e transporte de material pétreo para o núcleo - caminho de serviço em leito natural - DMT de 3.000 m - com caminhão basculante de 8 m³","m³",56.99]
[3606509,"Escavação, carga e transporte de material pétreo para o núcleo - caminho de serviço em revestimento primário - DMT de 1.000 a 1.200 m - com caminhão basculante de 8 m³","m³",44.24]
[3606510,"Escavação, carga e transporte de material pétreo para o núcleo - caminho de serviço em revestimento primário - DMT de 1.200 a 1.400 m - com caminhão basculante de 8 m³","m³",44.66]
[3606511,"Escavação, carga e transporte de material pétreo para o núcleo - caminho de serviço em revestimento primário - DMT de 1.400 a 1.600 m - com caminhão basculante de 8 m³","m³",45.07]
[3606512,"Escavação, carga e transporte de material pétreo para o núcleo - caminho de serviço em revestimento primário - DMT de 1.600 a 1.800 m - com caminhão basculante de 8 m³","m³",45.49]
[3606513,"Escavação, carga e transporte de material pétreo para o núcleo - caminho de serviço em revestimento primário - DMT de 1.800 a 2.000 m - com caminhão basculante de 8 m³","m³",45.9]
[3606514,"Escavação, carga e transporte de material pétreo para o núcleo - caminho de serviço em revestimento primário - DMT de 2.000 a 2.500 m - com caminhão basculante de 8 m³","m³",46.63]
[3606515,"Escavação, carga e transporte de material pétreo para o núcleo - caminho de serviço em revestimento primário - DMT de 2.500 a 3.000 m - com caminhão basculante de 8 m³","m³",49.89]
[3606516,"Escavação, carga e transporte de material pétreo para o núcleo - caminho de serviço em revestimento primário - DMT de 3.000 m - com caminhão basculante de 8 m³","m³",50.51]
[3606518,"Escavação, carga e transporte de material pétreo para o núcleo - caminho de serviço pavimentado - DMT de 1.000 a 1.200 m - com caminhão basculante de 8 m³","m³",43.52]
[3606519,"Escavação, carga e transporte de material pétreo para o núcleo - caminho de serviço pavimentado - DMT de 1.200 a 1.400 m - com caminhão basculante de 8 m³","m³",43.93]
[3606520,"Escavação, carga e transporte de material pétreo para o núcleo - caminho de serviço pavimentado - DMT de 1.400 a 1.600 m - com caminhão basculante de 8 m³","m³",44.24]
[3606521,"Escavação, carga e transporte de material pétreo para o núcleo - caminho de serviço pavimentado - DMT de 1.600 a 1.800 m - com caminhão basculante de 8 m³","m³",44.56]
[3606522,"Escavação, carga e transporte de material pétreo para o núcleo - caminho de serviço pavimentado - DMT de 1.800 a 2.000 m - com caminhão basculante de 8 m³","m³",44.87]
[3606523,"Escavação, carga e transporte de material pétreo para o núcleo - caminho de serviço pavimentado - DMT de 2.000 a 2.500 m - com caminhão basculante de 8 m³","m³",45.49]
[3606524,"Escavação, carga e transporte de material pétreo para o núcleo - caminho de serviço pavimentado - DMT de 2.500 a 3.000 m - com caminhão basculante de 8 m³","m³",46.53]
[3606525,"Escavação, carga e transporte de material pétreo para o núcleo - caminho de serviço pavimentado - DMT de 3.000 m - com caminhão basculante de 8 m³","m³",49.11]
[3606577,"Espalhamento e conformação de material pétreo para núcleo","m³",11.33]
[3606576,"Espalhamento e conformação de material pétreo para subcarapaça","m³",4.5199999999999996]
[3606561,"Fabricação de tetrápode de 10 t - concreto fck = 20 MPa - areia e brita comerciais","un",2297.02]
[3606556,"Fabricação de tetrápode de 10 t - concreto fck = 20 MPa - areia extraída e brita produzida","un",1731.89]
[3606562,"Fabricação de tetrápode de 11 t - concreto fck = 20 MPa - areia e brita comerciais","un",2513.25]
[3606557,"Fabricação de tetrápode de 11 t - concreto fck = 20 MPa - areia extraída e brita produzida","un",1891.61]
[3606563,"Fabricação de tetrápode de 12 t - concreto fck = 20 MPa - areia e brita comerciais","un",2737.85]
[3606558,"Fabricação de tetrápode de 12 t - concreto fck = 20 MPa - areia extraída e brita produzida","un",2059.6999999999998]
[3606559,"Fabricação de tetrápode de 8 t - concreto fck = 20 MPa - areia e brita comerciais","un",1838.85]
[3606554,"Fabricação de tetrápode de 8 t - concreto fck = 20 MPa - areia extraída e brita produzida","un",1386.75]
[3606560,"Fabricação de tetrápode de 9 t - concreto fck = 20 MPa - areia e brita comerciais","un",2055.9499999999998]
[3606555,"Fabricação de tetrápode de 9 t - concreto fck = 20 MPa - areia extraída e brita produzida","un",1547.34]
[3606571,"Fabricação de Xbloc de 10 t - concreto fck = 20 MPa - areia e brita comerciais","un",2267.59]
[3606566,"Fabricação de Xbloc de 10 t - concreto fck = 20 MPa - areia extraída e brita produzida","un",1702.46]
[3606572,"Fabricação de Xbloc de 11 t - concreto fck = 20 MPa - areia e brita comerciais","un",2486.65]
[3606567,"Fabricação de Xbloc de 11 t - concreto fck = 20 MPa - areia extraída e brita produzida","un",1865.02]
[3606573,"Fabricação de Xbloc de 12 t - concreto fck = 20 MPa - areia e brita comerciais","un",2705.29]
[3606568,"Fabricação de Xbloc de 12 t - concreto fck = 20 MPa - areia extraída e brita produzida","un",2027.14]
[3606569,"Fabricação de Xbloc de 8 t - concreto fck = 20 MPa - areia e brita comerciais","un",1827.87]
[3606564,"Fabricação de Xbloc de 8 t - concreto fck = 20 MPa - areia extraída e brita produzida","un",1375.77]
[3606570,"Fabricação de Xbloc de 9 t - concreto fck = 20 MPa - areia e brita comerciais","un",2048.0100000000002]
[3606565,"Fabricação de Xbloc de 9 t - concreto fck = 20 MPa - areia extraída e brita produzida","un",1539.4]
[3606578,"Lançamento de blocos artificias de concreto","un",122.95]
[3606575,"Seleção de material pétreo para a carapaça e subcarapaça","m³",1.74]
[3606574,"Seleção de material pétreo para o núcleo","m³",0.87]
[3713603,"Ancoragem de defensa maleável dupla - fornecimento e implantação","m",1053.6500000000001]
[3713601,"Ancoragem de defensa maleável simples - fornecimento e implantação","m",809.98]
[3713607,"Ancoragem de defensa semimaleável dupla - fornecimento e implantação","m",651.17999999999995]
[3713605,"Ancoragem de defensa semimaleável simples - fornecimento e implantação","m",426.02]
[3719530,"Barreira dupla de concreto, armada, pré-moldada (perfil New Jersey) - L > 3,00 m e H = 1.070 mm","m",308.27]
[3713828,"Barreira dupla de concreto, armada, pré-moldada (perfil New Jersey) - L > 3,00 m e H = 810 mm","m",230.25]
[3713875,"Barreira dupla de concreto, não armada, moldada no local (perfil F) - H = 810 + 100 mm","m",66.5]
[3713619,"Barreira dupla de concreto, não armada, moldada no local (perfil New Jersey) - H = 810 + 100 mm","m",66.94]
[3713876,"Barreira dupla de concreto, não armada, moldada no local, com extrusora (perfil F) - H = 810 + 100 mm","m",94.8]
[3713827,"Barreira dupla de concreto, não armada, moldada no local, com extrusora (perfil New Jersey) - H = 810 + 100 mm","m",93.07]
[3713904,"Barreira simples de concreto, armada, pré-moldada (perfil New Jersey) - L > 3,00 m e H = 1.070 mm","m",266.70999999999998]
[3719529,"Barreira simples de concreto, armada, pré-moldada (perfil New Jersey) - L > 3,00 m e H = 810 mm","m",194.78]
[3713878,"Barreira simples de concreto, não armada, moldada no local (perfil F) - H = 810 + 100 mm","m",66.11]
[3713617,"Barreira simples de concreto, não armada, moldada no local (perfil New Jersey) - H = 810 + 100 mm","m",66.33]
[3713879,"Barreira simples de concreto, não armada, moldada no local, com extrusora (perfil F) - H = 810 + 100 mm","m",84.3]
[3713826,"Barreira simples de concreto, não armada, moldada no local, com extrusora (perfil New Jersey) - H = 810 + 100 mm","m",80.069999999999993]
[3713610,"Cerca com 4 fios de arame farpado e mourão de concreto de seção quadrada de 11 cm a cada 2,5 m e esticador de 15 cm a cada 50 m - areia e brita comerciais","m",33.74]
[3713609,"Cerca com 4 fios de arame farpado e mourão de concreto de seção quadrada de 11 cm a cada 2,5 m e esticador de 15 cm a cada 50 m - areia extraída e brita produzida","m",32.26]
[3713612,"Cerca com 4 fios de arame farpado e mourão de concreto de seção triangular de 11 cm a cada 2,5 m e esticador de 15 cm a cada 50 m - areia e brita comerciais","m",27.48]
[3713611,"Cerca com 4 fios de arame farpado e mourão de concreto de seção triangular de 11 cm a cada 2,5 m e esticador de 15 cm a cada 50 m - areia extraída e brita produzida","m",26.84]
[3713608,"Cerca com 4 fios de arame farpado e mourão de madeira a cada 2,5 m e esticador a cada 50 m","m",22.88]
[3713613,"Cerca com 4 fios de arame liso galvanizado e mourão de madeira a cada 2,5 m e esticador a cada 50 m","m",20.95]
[3713822,"Confecção de barreira dupla de concreto, armada, pré-moldada (perfil New Jersey) - L > 3,00 m e H = 1.070 mm","m",301.76]
[3713824,"Confecção de barreira dupla de concreto, armada, pré-moldada (perfil New Jersey) - L > 3,00 m e H = 810 mm","m",223.74]
[3713825,"Confecção de barreira simples de concreto, armada, pré-moldada (perfil New Jersey) - L > 3,00 m e H = 1.070 mm","m",260.2]
[3713823,"Confecção de barreira simples de concreto, armada, pré-moldada (perfil New Jersey) - L > 3,00 m e H = 810 mm","m",188.27]
[3713602,"Defensa maleável dupla - fornecimento e implantação","m",973.07]
[3713600,"Defensa maleável simples - fornecimento e implantação","m",743.28]
[3713606,"Defensa semimaleável dupla - fornecimento e implantação","m",570.6]
[3713604,"Defensa semimaleável simples - fornecimento e implantação","m",370.83]
[3716129,"Fabricação de mourão de concreto esticador - seção quadrada de 15 cm - areia e brita comerciais","un",52.02]
[3716128,"Fabricação de mourão de concreto esticador - seção quadrada de 15 cm - areia extraída e brita produzida","un",45.75]
[3716133,"Fabricação de mourão de concreto esticador - seção triangular de 15 cm - areia e brita comercias","un",30.49]
[3716132,"Fabricação de mourão de concreto esticador - seção triangular de 15 cm - areia extraída e brita produzida","un",27.77]
[3716131,"Fabricação de mourão de concreto suporte - seção quadrada de 11 cm - areia e brita comerciais","un",33.64]
[3716130,"Fabricação de mourão de concreto suporte - seção quadrada de 11 cm - areia extraída e brita produzida","un",30.42]
[3716135,"Fabricação de mourão de concreto suporte - seção triangular de 11 cm - areia e brita comerciais","un",20.98]
[3716134,"Fabricação de mourão de concreto suporte - seção triangular de 11 cm - areia extraída e brita produzida","un",19.579999999999998]
[3713698,"Fornecimento e implantação de amortecedor retrátil (v <= 100 km/h) tipo TAU II afunilado - fixado em barreira de concreto, com largura de âncora traseira de 1.830 mm","un",331411.14]
[3713699,"Fornecimento e implantação de amortecedor retrátil (v <= 100 km/h) tipo TAU II afunilado - fixado em barreira de concreto, com largura de âncora traseira de 1.980 mm","un",333657.73]
[3713700,"Fornecimento e implantação de amortecedor retrátil (v <= 100 km/h) tipo TAU II afunilado - fixado em barreira de concreto, com largura de âncora traseira de 2.130 mm","un",335212.38]
[3713701,"Fornecimento e implantação de amortecedor retrátil (v <= 100 km/h) tipo TAU II afunilado - fixado em barreira de concreto, com largura de âncora traseira de 2.290 mm","un",344130.85]
[3713702,"Fornecimento e implantação de amortecedor retrátil (v <= 100 km/h) tipo TAU II afunilado - fixado em barreira de concreto, com largura de âncora traseira de 2.440 mm","un",349980.06]
[3713693,"Fornecimento e implantação de amortecedor retrátil (v <= 100 km/h) tipo TAU II combinado - fixado em barreira de concreto, com largura de âncora traseira de 1.060 mm","un",276894.46000000002]
[3713694,"Fornecimento e implantação de amortecedor retrátil (v <= 100 km/h) tipo TAU II combinado - fixado em barreira de concreto, com largura de âncora traseira de 1.220 mm","un",291063.8]
[3713695,"Fornecimento e implantação de amortecedor retrátil (v <= 100 km/h) tipo TAU II combinado - fixado em barreira de concreto, com largura de âncora traseira de 1.370 mm","un",309715.28999999998]
[3713696,"Fornecimento e implantação de amortecedor retrátil (v <= 100 km/h) tipo TAU II combinado - fixado em barreira de concreto, com largura de âncora traseira de 1.520 mm","un",323255.78999999998]
[3713697,"Fornecimento e implantação de amortecedor retrátil (v <= 100 km/h) tipo TAU II combinado - fixado em barreira de concreto, com largura de âncora traseira de 1.680 mm","un",325034.08]
[3713692,"Fornecimento e implantação de amortecedor retrátil (v <= 100 km/h) tipo TAU II combinado - fixado em barreira de concreto, com largura de âncora traseira de 900 mm","un",236010.82]
[3713691,"Fornecimento e implantação de amortecedor retrátil (v <= 100 km/h) tipo TAU II paralelo - fixado em barreira de concreto, com largura de âncora traseira de até 700 mm","un",226009.19]
[3713873,"Módulo de transição de defensa metálica para barreira rígida - fornecimento e implantação","un",6970.29]
[3713705,"Remoção de defensa metálica","m",23.08]
[3713902,"Terminal absorvedor de energia de abertura com nível de contenção TL3 para defensa metálica - fornecimento e implantação","un",16366.77]
[3713903,"Terminal absorvedor de energia de não abertura com nível de contenção TL3 para defensa metálica - fornecimento e implantação","un",64611.07]
[3713689,"Terminal aéreo de defensa metálica - tipo A - fornecimento e implantação","un",377.65]
[3713690,"Terminal de ancoragem de defensa metálica em barreira New Jersey - fornecimento e implantação","un",463.5]
[3713897,"Terminal de ancoragem para barreira dupla de concreto, moldada no local (perfil F) - H = 810 + 250 mm","m",291.76]
[3713893,"Terminal de ancoragem para barreira dupla de concreto, moldada no local (perfil New Jersey) - H = 810 + 250 mm","m",296.07]
[3713898,"Terminal de ancoragem para barreira dupla de concreto, moldada no local, com extrusora (perfil F) - H = 810 + 250 mm","m",313.7]
[3713894,"Terminal de ancoragem para barreira dupla de concreto, moldada no local, com extrusora (perfil New Jersey) - H = 810 + 250 mm","m",315.26]
[3713895,"Terminal de ancoragem para barreira simples de concreto, moldada no local (perfil F) - H = 810 + 250 mm","m",269.79000000000002]
[3713891,"Terminal de ancoragem para barreira simples de concreto, moldada no local (perfil New Jersey) - H = 810 + 250 mm","m",268.55]
[3713896,"Terminal de ancoragem para barreira simples de concreto, moldada no local, com extrusora (perfil F) - H = 810 + 250 mm","m",284.36]
[3713892,"Terminal de ancoragem para barreira simples de concreto, moldada no local, com extrusora (perfil New Jersey) - H = 810 + 250 mm","m",278.75]
[3806412,"Abertura de janela em estrutura de concreto existente para inspeção com espessura até 0,20 m e seção 0,49 m²","un",66.069999999999993]
[3806413,"Apicoamento mecanizado de concreto","m²",22.65]
[3807863,"Chumbador de expansão controlada por torque para concreto D = 12,5 mm - fornecimento e instalação","un",10.62]
[3807864,"Chumbador de expansão controlada por torque para concreto D = 16 mm - fornecimento e instalação","un",13.2]
[3807865,"Chumbador de expansão controlada por torque para concreto D = 20 mm - fornecimento e instalação","un",17.170000000000002]
[3807861,"Chumbador de expansão controlada por torque para concreto D = 6,3 mm - fornecimento e instalação","un",2.94]
[3807862,"Chumbador de expansão controlada por torque para concreto D = 8 mm - fornecimento e instalação","un",4.03]
[3807752,"Corte linear em superfície de concreto para fixação de barras de aço de 10 mm - L = 12 mm e H = 12 mm","m",8.66]
[3807753,"Corte linear em superfície de concreto para fixação de barras de aço de 12,5 mm - L = 15 mm e H = 15 mm","m",12.45]
[3807750,"Corte linear em superfície de concreto para fixação de barras de aço de 6,3 mm - L = 8 mm e H = 8 mm","m",5.08]
[3807751,"Corte linear em superfície de concreto para fixação de barras de aço de 8 mm - L = 10 mm e H = 10 mm","m",6.65]
[3806415,"Demolição controlada de concreto com martelete","m³",675.32]
[3806416,"Elevação de estruturas até 496 kN para substituição de aparelho de apoio com a utilização de macaco hidráulico","un",77.36]
[3806419,"Elevação de estruturas de 1.390 a 1.859 kN para substituição de aparelho de apoio com a utilização de macaco hidráulico","un",104.62]
[3806417,"Elevação de estruturas de 496 a 929 kN para substituição de aparelho de apoio com a utilização de macaco hidráulico","un",87.37]
[3806418,"Elevação de estruturas de 929 a 1.390 kN para substituição de aparelho de apoio com a utilização de macaco hidráulico","un",103.29]
[3808207,"Escada tubular multidirecional em aço galvanizado - utilização de 100 vezes - fornecimento, instalação e retirada","m",164.31]
[3806400,"Fabricação de superestrutura metálica para passarela PL-15 - exceto piso de concreto","un",161290.72]
[3806399,"Fabricação de superestrutura metálica para passarela PL-20 - exceto piso de concreto","un",229396.22]
[3806387,"Fabricação de superestrutura metálica para passarela PL-25 - exceto piso de concreto","un",287062.21000000002]
[3806397,"Fabricação de superestrutura metálica para passarela PL-30 - exceto piso de concreto","un",384947.28]
[3806396,"Fabricação de superestrutura metálica para passarela PL-35 - exceto piso de concreto","un",443170.87]
[3816118,"Guarda-corpo de concreto - fabricação - areia e brita comerciais","m",100.25]
[3816117,"Guarda-corpo de concreto - fabricação - areia extraída e brita produzida","m",92.86]
[3806386,"Guarda-corpo e corrimão metálico para passarelas para pedestres - fornecimento e instalação","m",682.45]
[3816196,"Injeção de nata de cimento","m³",1193.31]
[3806426,"Lançamento de pré-laje com utilização de guindauto","t",59.11]
[3806401,"Lançamento de superestrutura de passarela metálica de 12 a 24 t com utilização de guindaste","un",17386]
[3806423,"Lançamento de viga pré-moldada de 1.000 a 1.250 kN com utilização de guindaste","un",12046.27]
[3806421,"Lançamento de viga pré-moldada de 500 a 750 kN com utilização de guindaste","un",5867.86]
[3806422,"Lançamento de viga pré-moldada de 750 a 1.000 kN com utilização de guindaste","un",10841.67]
[3806425,"Lançamento de viga pré-moldada de 980 a 1.225 kN com utilização de treliça lançadeira","un",3248.01]
[3806424,"Lançamento de viga pré-moldada de 980 a 1.225 kN com utilização de treliça lançadeira e carrelone","un",5457.15]
[3806420,"Lançamento de viga pré-moldada de até 500 kN com utilização de guindaste","un",5134.3999999999996]
[3806405,"Limpeza de aparelhos de apoio em obras de arte especiais - exclusa a plataforma","un",139.79]
[3806404,"Limpeza de material retido em fundações submersas de obras de arte especiais","m³",135.44999999999999]
[3806406,"Limpeza em junta de dilatação","m",6.04]
[3806403,"Limpeza em superfície de concreto com jateamento abrasivo com uso de granalhas de aço","m²",9.33]
[3806402,"Limpeza em superfície de concreto com jateamento d'água sob pressão","m²",2.42]
[3806407,"Pingadeira de elastômero perfil 40 x 40 mm com aba inclinada e fixada com adesivo estrutural e pinos - fornecimento e instalação - exclusa a plataforma","m",184.12]
[3808043,"Pintura manual com nata de cimento - 3 demãos","m²",4.28]
[3806431,"Placa de aço de apoio para protensão externa em reforço de viga de OAE - confecção e instalação","un",5615.01]
[3806432,"Placa de aço de desvio para protensão externa em reforço de viga de OAE - confecção e instalação","un",2957.48]
[3806429,"Plataforma de trabalho em aço tubular apoiada no solo - altura de 4 a 6 m - utilização de 100 vezes - fornecimento, instalação e retirada","m³",17.899999999999999]
[3806430,"Plataforma de trabalho em aço tubular apoiada no solo - altura de 6 a 8 m - utilização de 100 vezes - fornecimento, instalação e retirada","m³",11.2]
[3806428,"Plataforma de trabalho em aço tubular apoiada no solo - altura de até 4 m - utilização de 100 vezes - fornecimento, instalação e retirada","m³",42.25]
[3816198,"Plataforma de trabalho em madeira apoiada no solo - altura de 6 a 12 m - utilização de 5 vezes - confecção, instalação e retirada","m³",78.31]
[3816197,"Plataforma de trabalho em madeira apoiada no solo - altura de até 6 m - utilização de 5 vezes - confecção, instalação e retirada","m³",74.17]
[3806410,"Plataforma de trabalho suspensa sob tabuleiro de pontes com treliças metálicas e tábuas - utilização de 100 vezes - confecção, instalação e retirada","m²",63.05]
[3806411,"Plataforma mecanizada de inspeção sob pontes com capacidade de 500 kg e alcance de 15 m","h",854.14]
[3815644,"Recomposição de dreno em tubo de aço galvanizado D = 100 mm em OAE - fornecimento e instalação","un",102.55]
[3815643,"Recomposição de dreno em tubo de aço galvanizado D = 80 mm em OAE - fornecimento e instalação","un",96.94]
[3815706,"Recomposição de guarda-corpo com agregados comerciais - instalação","m",134.69999999999999]
[3815597,"Recomposição de guarda-corpo com agregados produzidos - instalação","m",127.31]
[3815600,"Recuperação de guarda-corpo metálico em ambiente agressivo","m²",75.72]
[3815601,"Recuperação de guarda-corpo metálico em ambiente muito agressivo","m²",71.260000000000005]
[3815599,"Recuperação de guarda-corpo metálico em ambiente pouco agressivo","m²",27.16]
[3806414,"Remoção de concreto com jateamento d'água sob alta pressão","m³",599.57000000000005]
[3806409,"Restauração de berços de apoio para junta de dilatação - fornecimento e instalação","m",66.180000000000007]
[3815602,"Substituição de junta de dilatação e lábios poliméricos - fornecimento e instalação","m",35.32]
[4011444,"Areia asfalto a quente - faixa A - areia comercial","t",175.38]
[4011443,"Areia asfalto a quente - faixa A - areia extraída","t",126.16]
[4011446,"Areia asfalto a quente - faixa B - areia comercial","t",164.19]
[4011445,"Areia asfalto a quente - faixa B - areia extraída","t",113.89]
[4011448,"Areia asfalto a quente com asfalto polímero - faixa A - areia comercial","t",166.4]
[4011447,"Areia asfalto a quente com asfalto polímero - faixa A - areia extraída","t",114.68]
[4011450,"Areia asfalto a quente com asfalto polímero - faixa B - areia comercial","t",172.83]
[4011449,"Areia asfalto a quente com asfalto polímero - faixa B - areia extraída","t",122.04]
[4011452,"Areia asfalto a quente com asfalto polímero - faixa C - areia comercial","t",177.04]
[4011451,"Areia asfalto a quente com asfalto polímero - faixa C - areia extraída","t",126.9]
[4011219,"Base de solo estabilizado granulometricamente sem mistura com material de jazida - 100% Proctor modificado","m³",14.79]
[4011291,"Base de solo melhorado com 3% de cimento e mistura em usina com material de jazida - 100% Proctor modificado","m³",73.849999999999994]
[4011287,"Base de solo melhorado com 3% de cimento e mistura na pista com material de jazida - 100% Proctor modificado","m³",64.25]
[4011305,"Base de solo-cal com 7% de cal e mistura na pista com material de jazida - 100% Proctor intermediário","m³",93.89]
[4011221,"Base estabilizada granulometricamente com mistura de solos na pista com material de jazida - 100% Proctor modificado","m³",15.58]
[4011226,"Base estabilizada granulometricamente com mistura solo areia (70% - 30%) em usina com material de jazida e areia extraída - 100% Proctor modificado","m³",34.479999999999997]
[4011276,"Base ou sub-base de brita graduada com brita comercial - 100% Proctor modificado","m³",270.64999999999998]
[4011275,"Base ou sub-base de brita graduada com brita produzida - 100% Proctor modificado","m³",114.4]
[4011549,"Base ou sub-base de brita graduada executada com vibroacabadora - brita comercial - 100% Proctor modificado","m³",271.23]
[4011548,"Base ou sub-base de brita graduada executada com vibroacabadora - brita produzida - 100% Proctor modificado","m³",114.98]
[4011278,"Base ou sub-base de brita graduada tratada com cimento com brita comercial - 100% Proctor modificado","m³",328.26]
[4011277,"Base ou sub-base de brita graduada tratada com cimento com brita produzida - 100% Proctor modificado","m³",174.34]
[4011561,"Base ou sub-base de brita graduada tratada com cimento executada com vibroacabadora - brita comercial - 100% Proctor modificado","m³",328.84]
[4011560,"Base ou sub-base de brita graduada tratada com cimento executada com vibroacabadora - brita produzida - 100% Proctor modificado","m³",174.92]
[4011282,"Base ou sub-base de macadame hidráulico com brita comercial - 100% Proctor modificado","m³",239.11]
[4011281,"Base ou sub-base de macadame hidráulico com brita produzida - 100% Proctor modificado","m³",102.91]
[4011279,"Base ou sub-base de macadame seco com brita comercial - 100% Proctor modificado","m³",231.06]
[4011280,"Base ou sub-base de macadame seco com brita produzida - 100% Proctor modificado","m³",94.86]
[4011314,"Base ou sub-base de solo-cimento com 7% de cimento e mistura em usina com material de jazida - 100% Proctor normal","m³",130.47]
[4011315,"Base ou sub-base de solo-cimento com 7% de cimento e mistura na pista com material de jazida - 100% Proctor normal","m³",125.87]
[4011316,"Base ou sub-base estabilizada granulometricamente com mistura solo brita (70% - 30%) com 3% de cimento em usina com material de jazida e brita comercial - 100% Proctor modificado","m³",142.5]
[4011317,"Base ou sub-base estabilizada granulometricamente com mistura solo brita (70% - 30%) com 3% de cimento em usina com material de jazida e brita produzida - 100% Proctor modificado","m³",100.01]
[4011318,"Base ou sub-base estabilizada granulometricamente com mistura solo brita (70% - 30%) em usina com material de jazida e brita comercial - 100% Proctor modificado","m³",96.63]
[4011319,"Base ou sub-base estabilizada granulometricamente com mistura solo brita (70% - 30%) em usina com material de jazida e brita produzida - 100% Proctor modificado","m³",52.82]
[4011320,"Base ou sub-base estabilizada granulometricamente com mistura solo brita (70% - 30%) na pista com material de jazida e brita comercial - 100% Proctor modificado","m³",82.74]
[4011321,"Base ou sub-base estabilizada granulometricamente com mistura solo brita (70% - 30%) na pista com material de jazida e brita produzida - 100% Proctor modificado","m³",38.93]
[4011327,"Base ou sub-base estabilizada granulometricamente com mistura solo escória de aciaria (50%-50%) em usina com material de jazida - 100% Proctor intermediário","m³",39.28]
[4011325,"Base ou sub-base estabilizada granulometricamente com mistura solo escória de aciaria (50%-50%) na pista com material de jazida - 100% Proctor intermediário","m³",25.37]
[4011454,"Concreto asfáltico - faixa A-25 - areia e brita comerciais","t",197.68]
[4011453,"Concreto asfáltico - faixa A-25 - areia extraída e brita produzida","t",131.58000000000001]
[4011455,"Concreto asfáltico - faixa A-25 - massa comercial","t",17.28]
[4011459,"Concreto asfáltico - faixa B-19 - areia e brita comerciais","t",197.12]
[4011458,"Concreto asfáltico - faixa B-19 - areia extraída e brita produzida","t",131.71]
[4011494,"Concreto asfáltico - faixa B-19 - massa comercial","t",17.78]
[4011463,"Concreto asfáltico - faixa C-12,5 - areia e brita comerciais","t",195.89]
[4011462,"Concreto asfáltico - faixa C-12,5 - areia extraída e brita produzida","t",131.32]
[4011464,"Concreto asfáltico - faixa C-12,5 - massa comercial","t",17.78]
[4011495,"Concreto asfáltico - faixa D-9,5 - areia e brita comerciais","t",194.33]
[4011496,"Concreto asfáltico - faixa D-9,5 - areia extraída e brita produzida","t",131.35]
[4011497,"Concreto asfáltico - faixa D-9,5 - massa comercial","t",17.78]
[4011457,"Concreto asfáltico com asfalto polímero - faixa A - areia e brita comerciais","t",201.42]
[4011456,"Concreto asfáltico com asfalto polímero - faixa A - areia extraída e brita produzida","t",137.59]
[4011461,"Concreto asfáltico com asfalto polímero - faixa B - areia e brita comerciais","t",201.45]
[4011460,"Concreto asfáltico com asfalto polímero - faixa B - areia extraída e brita produzida","t",140.5]
[4011466,"Concreto asfáltico com asfalto polímero - faixa C - areia e brita comerciais","t",199.1]
[4011465,"Concreto asfáltico com asfalto polímero - faixa C - areia extraída e brita produzida","t",143.37]
[4011469,"Concreto asfáltico com borracha - faixa A - brita comercial","t",252.09]
[4011473,"Concreto asfáltico com borracha - faixa A - brita produzida","t",188.49]
[4011470,"Concreto asfáltico com borracha - faixa B - brita comercial","t",255.7]
[4011474,"Concreto asfáltico com borracha - faixa B - brita produzida","t",192.9]
[4011471,"Concreto asfáltico com borracha - faixa C - brita comercial","t",256.45999999999998]
[4011475,"Concreto asfáltico com borracha - faixa C - brita produzida","t",195.09]
[4011472,"Concreto asfáltico com borracha - faixa GAP GRADED - brita comercial","t",253.68]
[4011476,"Concreto asfáltico com borracha - faixa GAP GRADED - brita produzida","t",188.32]
[4011478,"Concreto asfáltico reciclado em usina com adição de asfalto - brita comercial","t",183.42]
[4011477,"Concreto asfáltico reciclado em usina com adição de asfalto - brita produzida","t",141.01]
[4011539,"Cura com pintura asfáltica para camadas granulares com adição de cimento","m²",0.22]
[4011538,"Cura com pintura asfáltica para pavimento de concreto compactado com rolo","m²",0.33]
[4016096,"Escavação e carga de material de jazida com escavadeira hidráulica de 1,56 m³","m³",1.47]
[4016008,"Escavação e carga de material de jazida com trator de 127 kW e carregadeira de 3,4 m³","m³",4.54]
[4016007,"Escavação e carga de material de jazida com trator de 97 kW e carregadeira de 1,72 m³","m³",5.15]
[4015612,"Execução de revestimento primário com material de jazida - 100% Proctor intermediário","m³",13.6]
[4011562,"Geogrelha bidirecional com resistência à tração de 30 kN/m - deformação < 5% - malha de 36 x 34 mm - para reforço de base granular","m²",41.52]
[4011351,"Imprimação com asfalto diluído","m²",0.38]
[4011352,"Imprimação com emulsão asfáltica","m²",0.42]
[4011402,"Lama asfáltica - faixa I - areia e brita comerciais","m²",0.91]
[4011401,"Lama asfáltica - faixa I - areia extraída e brita produzida","m²",0.62]
[4011404,"Lama asfáltica - faixa II - areia e brita comerciais","m²",0.63]
[4011403,"Lama asfáltica - faixa II - areia extraída e brita produzida","m²",0.43]
[4011406,"Lama asfáltica - faixa III - areia e brita comerciais","m²",1.2]
[4011405,"Lama asfáltica - faixa III - areia extraída e brita produzida","m²",0.81]
[4011392,"Macadame betuminoso por penetração - faixa A - brita comercial","m³",263.25]
[4011391,"Macadame betuminoso por penetração - faixa A - brita produzida","m³",130.38]
[4011394,"Macadame betuminoso por penetração - faixa B - brita comercial","m³",263.83999999999997]
[4011393,"Macadame betuminoso por penetração - faixa B - brita produzida","m³",131]
[4011396,"Macadame betuminoso por penetração - faixa C - brita comercial","m³",265.82]
[4011395,"Macadame betuminoso por penetração - faixa C - brita produzida","m³",131.72]
[4011398,"Macadame betuminoso por penetração - faixa D - brita comercial","m³",268.27]
[4011397,"Macadame betuminoso por penetração - faixa D - brita produzida","m³",132]
[4011400,"Macadame betuminoso por penetração com asfalto com polímero - faixa A - brita comercial","m³",279.72000000000003]
[4011399,"Macadame betuminoso por penetração com asfalto com polímero - faixa A - brita produzida","m³",150.15]
[4011490,"Manta sintética para recapeamento asfáltico com geotêxtil RT - 09 - fornecimento e aplicação","m²",5.86]
[4011536,"Membrana plástica isolante e impermeabilizante com espessura de 0,2 mm - fornecimento e instalação","m²",1.79]
[4011415,"Micro pré-misturado a quente com asfalto polímero - brita comercial","t",201.52]
[4011416,"Micro pré-misturado a quente com asfalto polímero - brita produzida","t",140.31]
[4011408,"Microrrevestimento a frio com emulsão modificada com polímero de 0,8 cm - faixa II - brita comercial","m²",2.61]
[4011407,"Microrrevestimento a frio com emulsão modificada com polímero de 0,8 cm - faixa II - brita produzida","m²",1.82]
[4011410,"Microrrevestimento a frio com emulsão modificada com polímero de 1,5 cm - faixa III - brita comercial","m²",5.04]
[4011409,"Microrrevestimento a frio com emulsão modificada com polímero de 1,5 cm - faixa III - brita produzida","m²",3.55]
[4011412,"Microrrevestimento a frio com emulsão modificada com polímero de 2,0 cm - faixa III - brita comercial","m²",6.72]
[4011411,"Microrrevestimento a frio com emulsão modificada com polímero de 2,0 cm - faixa III - brita produzida","m²",4.74]
[4011520,"Pavimento de concreto com equipamento de pequeno porte - areia e brita comerciais","m³",609.01]
[4011507,"Pavimento de concreto com equipamento de pequeno porte - areia extraída e brita produzida","m³",479.73]
[4011535,"Pavimento de concreto com equipamento fôrma-trilho - areia e brita comerciais","m³",473.31]
[4011534,"Pavimento de concreto com equipamento fôrma-trilho - areia extraída e brita produzida","m³",352.77]
[4011533,"Pavimento de concreto com fôrmas deslizantes - areia e brita comerciais","m³",483.25]
[4011532,"Pavimento de concreto com fôrmas deslizantes - areia extraída e brita produzida","m³",362.71]
[4011492,"Pavimento de concreto compactado com rolo - brita comercial","m³",409.77]
[4011491,"Pavimento de concreto compactado com rolo - brita produzida","m³",258.10000000000002]
[4011353,"Pintura de ligação","m²",0.28999999999999998]
[4011354,"Pintura de ligação - emulsão com polímero","m²",0.28999999999999998]
[4011418,"Pré-misturado a frio - faixa A - areia e brita comerciais","m³",345.86]
[4011417,"Pré-misturado a frio - faixa A - areia extraída e brita produzida","m³",192.52]
[4011420,"Pré-misturado a frio - faixa B - areia e brita comerciais","m³",346.22]
[4011419,"Pré-misturado a frio - faixa B - areia extraída e brita produzida","m³",189.2]
[4011422,"Pré-misturado a frio - faixa C - areia e brita comerciais","m³",354.16]
[4011421,"Pré-misturado a frio - faixa C - areia extraída e brita produzida","m³",204.91]
[4011424,"Pré-misturado a frio - faixa D - areia e brita comerciais","m³",355.12]
[4011423,"Pré-misturado a frio - faixa D - areia extraída e brita produzida","m³",201.6]
[4011426,"Pré-misturado a frio com emulsão asfáltica com polímero - faixa A - areia e brita comerciais","m³",345.86]
[4011425,"Pré-misturado a frio com emulsão asfáltica com polímero - faixa A - areia extraída e brita produzida","m³",192.52]
[4011428,"Pré-misturado a frio com emulsão asfáltica com polímero - faixa B - areia e brita comerciais","m³",346.22]
[4011427,"Pré-misturado a frio com emulsão asfáltica com polímero - faixa B - areia extraída e brita produzida","m³",189.2]
[4011430,"Pré-misturado a frio com emulsão asfáltica com polímero - faixa C - areia e brita comerciais","m³",352.89]
[4011429,"Pré-misturado a frio com emulsão asfáltica com polímero - faixa C - areia extraída e brita produzida","m³",204.35]
[4011432,"Pré-misturado a frio com emulsão asfáltica com polímero - faixa D - areia e brita comerciais","m³",353.84]
[4011431,"Pré-misturado a frio com emulsão asfáltica com polímero - faixa D - areia extraída e brita produzida","m³",201.05]
[4011434,"Pré-misturado a quente com asfalto polímero - faixa I - camada porosa de atrito - areia e brita comerciais","t",202.81]
[4011433,"Pré-misturado a quente com asfalto polímero - faixa I - camada porosa de atrito - areia extraída e brita produzida","t",136.78]
[4011436,"Pré-misturado a quente com asfalto polímero - faixa II - camada porosa de atrito - areia e brita comerciais","t",194.13]
[4011435,"Pré-misturado a quente com asfalto polímero - faixa II - camada porosa de atrito - areia extraída e brita produzida","t",126.71]
[4011438,"Pré-misturado a quente com asfalto polímero - faixa III - camada porosa de atrito - areia e brita comerciais","t",198.21]
[4011437,"Pré-misturado a quente com asfalto polímero - faixa III - camada porosa de atrito - areia extraída e brita produzida","t",134.99]
[4011440,"Pré-misturado a quente com asfalto polímero - faixa IV - camada porosa de atrito - areia e brita comerciais","t",209.24]
[4011439,"Pré-misturado a quente com asfalto polímero - faixa IV - camada porosa de atrito - areia extraída e brita produzida","t",141.46]
[4011442,"Pré-misturado a quente com asfalto polímero - faixa V - camada porosa de atrito - areia e brita comerciais","t",207.85]
[4011441,"Pré-misturado a quente com asfalto polímero - faixa V - camada porosa de atrito - areia extraída e brita produzida","t",141.03]
[4011482,"Reciclagem com incorporação do revestimento asfáltico à base e adição de 3% de cimento - 100% Proctor modificado","m³",87.43]
[4011486,"Reciclagem com incorporação do revestimento asfáltico à base e adição de 3% de cimento e de brita comercial - 100% Proctor modificado","m³",132.63999999999999]
[4011485,"Reciclagem com incorporação do revestimento asfáltico à base e adição de 3% de cimento e de brita produzida - 100% Proctor modificado","m³",106.09]
[4011484,"Reciclagem com incorporação do revestimento asfáltico à base e adição de brita comercial - 100% Proctor modificado","m³",82.68]
[4011483,"Reciclagem com incorporação do revestimento asfáltico à base e adição de brita produzida - 100% Proctor modificado","m³",56.13]
[4011488,"Reciclagem com incorporação do revestimento asfáltico à base e adição de espuma asfáltica e cimento - 100% Proctor modificado","m³",61.79]
[4011487,"Reciclagem com incorporação do revestimento asfáltico à base e adição de espuma asfáltica, cimento e pó de pedra comercial - 100% Proctor modificado","m³",95.89]
[4011489,"Reciclagem de revestimento asfáltico em usina com adição de espuma asfáltica, pó de pedra comercial e cimento - 100% Proctor modificado","m³",160.08000000000001]
[4011493,"Reciclagem de revestimento asfáltico em usina com adição de espuma asfáltica, pó de pedra produzido e cimento - 100% Proctor modificado","m³",106.2]
[4011481,"Reciclagem simples com incorporação do revestimento asfáltico à base - 100% Proctor modificado","m³",37.47]
[4011347,"Reestabilização de camada de base com adição de 3% de cimento - 100% Proctor modificado","m³",73.959999999999994]
[4011342,"Reestabilização de camada de base com adição de 30% de brita comercial - 100% Proctor modificado","m³",99.1]
[4011344,"Reestabilização de camada de base com adição de 30% de brita produzida - 100% Proctor modificado","m³",55.29]
[4011341,"Reestabilização de camada de base com adição de 30% de material fresado retirado da pista - 100% Proctor modificado","m³",15.25]
[4011346,"Reestabilização de camada de base sem adição de material - 100% Proctor modificado","m³",11.55]
[4011211,"Reforço do subleito com material de jazida - 100% Proctor intermediário","m³",13.6]
[4011304,"Reforço do subleito de solo melhorado com 4% de cal e mistura na pista com material de jazida - 100% Proctor intermediário","m³",60.58]
[4011209,"Regularização do subleito - 100% Proctor intermediário","m²",1.57]
[4011210,"Regularização do subleito com fresagem corte e controle automático de greide - 100% Proctor intermediário","m²",1.69]
[4011537,"Serragem de juntas em pavimento de concreto, limpeza e enchimento com selante a frio","m",19.55]
[4011218,"Sub-base de concreto adensado por vibração - areia e brita comerciais","m³",469.91]
[4011217,"Sub-base de concreto adensado por vibração - areia extraída e brita produzida","m³",330.3]
[4011214,"Sub-base de concreto compactado com rolo - brita comercial","m³",348.54]
[4011213,"Sub-base de concreto compactado com rolo - brita produzida","m³",189.97]
[4011227,"Sub-base de solo estabilizado granulometricamente sem mistura com material de jazida - 100% Proctor intermediário","m³",13.6]
[4011302,"Sub-base de solo melhorado com 3% de cimento e mistura em usina com material de jazida - 100% Proctor intermediário","m³",71.53]
[4011300,"Sub-base de solo melhorado com 3% de cimento e mistura na pista com material de jazida - 100% Proctor intermediário","m³",63.86]
[4011306,"Sub-base de solo-cal com 7% de cal e mistura na pista com material de jazida - 100% Proctor normal","m³",91.97]
[4011228,"Sub-base estabilizada granulometricamente com mistura de solos na pista com material de jazida - 100% Proctor intermediário","m³",15.19]
[4011229,"Sub-base estabilizada granulometricamente com mistura solo areia (70% - 30%) em usina com material de jazida e areia extraída - 100% Proctor intermediário","m³",32.159999999999997]
[4011372,"Tratamento superficial duplo com banho diluído - brita comercial","m²",6.62]
[4011371,"Tratamento superficial duplo com banho diluído - brita produzida","m²",4.12]
[4011378,"Tratamento superficial duplo com banho diluído com emulsão com polímero - brita comercial","m²",6.62]
[4011377,"Tratamento superficial duplo com banho diluído com emulsão com polímero - brita produzida","m²",4.12]
[4011368,"Tratamento superficial duplo com CAP - brita comercial","m²",5.44]
[4011367,"Tratamento superficial duplo com CAP - brita produzida","m²",2.95]
[4011374,"Tratamento superficial duplo com CAP com polímero - brita comercial","m²",5.44]
[4011373,"Tratamento superficial duplo com CAP com polímero - brita produzida","m²",2.95]
[4011370,"Tratamento superficial duplo com emulsão - brita comercial","m²",6.08]
[4011369,"Tratamento superficial duplo com emulsão - brita produzida","m²",3.59]
[4011376,"Tratamento superficial duplo com emulsão com polímero - brita comercial","m²",6.08]
[4011375,"Tratamento superficial duplo com emulsão com polímero - brita produzida","m²",3.59]
[4011360,"Tratamento superficial simples com banho diluído - brita comercial","m²",2.3199999999999998]
[4011359,"Tratamento superficial simples com banho diluído - brita produzida","m²",1.5]
[4011366,"Tratamento superficial simples com banho diluído com emulsão com polímero - brita comercial","m²",2.3199999999999998]
[4011365,"Tratamento superficial simples com banho diluído com emulsão com polímero - brita produzida","m²",1.5]
[4011356,"Tratamento superficial simples com CAP - brita comercial","m²",1.83]
[4011355,"Tratamento superficial simples com CAP - brita produzida","m²",1.02]
[4011362,"Tratamento superficial simples com CAP com polímero - brita comercial","m²",1.83]
[4011361,"Tratamento superficial simples com CAP com polímero - brita produzida","m²",1.02]
[4011358,"Tratamento superficial simples com emulsão - brita comercial","m²",2.09]
[4011357,"Tratamento superficial simples com emulsão - brita produzida","m²",1.27]
[4011364,"Tratamento superficial simples com emulsão com polímero - brita comercial","m²",2.09]
[4011363,"Tratamento superficial simples com emulsão com polímero - brita produzida","m²",1.27]
[4011384,"Tratamento superficial triplo com banho diluído - brita comercial","m²",7.32]
[4011383,"Tratamento superficial triplo com banho diluído - brita produzida","m²",4.51]
[4011390,"Tratamento superficial triplo com banho diluído - emulsão com polímero - brita comercial","m²",7.32]
[4011389,"Tratamento superficial triplo com banho diluído - emulsão com polímero - brita produzida","m²",4.51]
[4011380,"Tratamento superficial triplo com CAP - brita comercial","m²",6.15]
[4011379,"Tratamento superficial triplo com CAP - brita produzida","m²",3.34]
[4011386,"Tratamento superficial triplo com CAP com polímero - brita comercial","m²",6.15]
[4011385,"Tratamento superficial triplo com CAP com polímero - brita produzida","m²",3.34]
[4011382,"Tratamento superficial triplo com emulsão - brita comercial","m²",6.79]
[4011381,"Tratamento superficial triplo com emulsão - brita produzida","m²",3.98]
[4011388,"Tratamento superficial triplo com emulsão com polímero - brita comercial","m²",6.79]
[4011387,"Tratamento superficial triplo com emulsão com polímero - brita produzida","m²",3.98]
[4011212,"Varredura da superfície para execução de revestimento asfáltico","m²",7.0000000000000007E-2]
[4208197,"Ancoragem fixa para estais de 12 cordoalhas D = 15,7 mm - inclusive injeção de cera","un",14111.97]
[4208158,"Ancoragem fixa para estais de 19 cordoalhas D = 15,7 mm - inclusive injeção de cera","un",18616.099999999999]
[4208198,"Ancoragem fixa para estais de 22 cordoalhas D = 15,7 mm - inclusive injeção de cera","un",22077.51]
[4208159,"Ancoragem fixa para estais de 31 cordoalhas D = 15,7 mm - inclusive injeção de cera","un",29817.94]
[4208160,"Ancoragem fixa para estais de 37 cordoalhas D = 15,7 mm - inclusive injeção de cera","un",35348.269999999997]
[4208199,"Ancoragem fixa para estais de 43 cordoalhas D = 15,7 mm - inclusive injeção de cera","un",40893.35]
[4208161,"Ancoragem fixa para estais de 55 cordoalhas D = 15,7 mm - inclusive injeção de cera","un",51630.720000000001]
[4208162,"Ancoragem fixa para estais de 61 cordoalhas D = 15,7 mm - inclusive injeção de cera","un",56944.77]
[4208163,"Ancoragem fixa para estais de 73 cordoalhas D = 15,7 mm - inclusive injeção de cera","un",67739.67]
[4208200,"Ancoragem fixa para estais de 85 cordoalhas D = 15,7 mm - inclusive injeção de cera","un",78931.66]
[4208164,"Ancoragem fixa para estais de 91 cordoalhas D = 15,7 mm - inclusive injeção de cera","un",84071.91]
[4208201,"Ancoragem regulável para estais de 12 cordoalhas D = 15,7 mm - inclusive protensão, injeção de cera e regulagem final","un",24548.25]
[4208151,"Ancoragem regulável para estais de 19 cordoalhas D = 15,7 mm - inclusive protensão, injeção de cera e regulagem final","un",32081.16]
[4208202,"Ancoragem regulável para estais de 22 cordoalhas D = 15,7 mm - inclusive protensão, injeção de cera e regulagem final","un",38061.15]
[4208152,"Ancoragem regulável para estais de 31 cordoalhas D = 15,7 mm - inclusive protensão, injeção de cera e regulagem final","un",51253.64]
[4208153,"Ancoragem regulável para estais de 37 cordoalhas D = 15,7 mm - inclusive protensão, injeção de cera e regulagem final","un",60766.7]
[4208203,"Ancoragem regulável para estais de 43 cordoalhas D = 15,7 mm - inclusive protensão, injeção de cera e regulagem final","un",70362.5]
[4208154,"Ancoragem regulável para estais de 55 cordoalhas D = 15,7 mm - inclusive protensão, injeção de cera e regulagem final","un",88829.29]
[4208155,"Ancoragem regulável para estais de 61 cordoalhas D = 15,7 mm - inclusive protensão, injeção de cera e regulagem final","un",98555.76]
[4208156,"Ancoragem regulável para estais de 73 cordoalhas D = 15,7 mm - inclusive protensão, injeção de cera e regulagem final","un",117323.94]
[4208204,"Ancoragem regulável para estais de 85 cordoalhas D = 15,7 mm - inclusive protensão, injeção de cera e regulagem final","un",136533.87]
[4208157,"Ancoragem regulável para estais de 91 cordoalhas D = 15,7 mm - inclusive protensão, injeção de cera e regulagem final","un",145815.10999999999]
[4208127,"Cordoalha para estais CP 177 RB D = 15,7 mm - fornecimento, preparo e colocação","kg",28.45]
[4208196,"Elevador de cremalheira - ascensão e ancoragem da torre a partir de 16 m com cada elevação de até 9 m - utilização de 50 vezes - inclusive desmontagem","un",2584.5100000000002]
[4208209,"Elevador de cremalheira - montagem e desmontagem até a altura de 16 m - exceto fundações","un",12026.58]
[4208206,"Elevador de cremalheira com cabine simples, com capacidade de 1.500 kg e altura de até 100 m - operação","h",128.62]
[4208210,"Grua fixa - montagem e desmontagem até a altura de 60 m - exceto fundações","un",26797.39]
[4208195,"Grua fixa - telescopagem e ancoragem da torre a partir de 60 m com cada elevação de até 18 m - inclusive desmontagem","un",13985.59]
[4208208,"Grua fixa com altura de 60 a 102 m, com alcance de 60 m e capacidade de 1.500 kg na ponta da lança - operação","h",617.98]
[4208135,"Tubo antivandalismo em aço galvanizado para estais de 12 cordoalhas D = 15,7 mm - fornecimento e instalação","m",1526.78]
[4208136,"Tubo antivandalismo em aço galvanizado para estais de 19 cordoalhas D = 15,7 mm - fornecimento e instalação","m",1737.52]
[4208137,"Tubo antivandalismo em aço galvanizado para estais de 22 cordoalhas D = 15,7 mm - fornecimento e instalação","m",1994.83]
[4208138,"Tubo antivandalismo em aço galvanizado para estais de 31 cordoalhas D = 15,7 mm - fornecimento e instalação","m",2246.73]
[4208139,"Tubo antivandalismo em aço galvanizado para estais de 37 cordoalhas D = 15,7 mm - fornecimento e instalação","m",2254.71]
[4208140,"Tubo antivandalismo em aço galvanizado para estais de 43 cordoalhas D = 15,7 mm - fornecimento e instalação","m",2799.63]
[4208141,"Tubo antivandalismo em aço galvanizado para estais de 55 cordoalhas D = 15,7 mm - fornecimento e instalação","m",2818.21]
[4208212,"Tubo antivandalismo em aço galvanizado para estais de 61 cordoalhas D = 15,7 mm - fornecimento e instalação","m",2819.94]
[4208213,"Tubo antivandalismo em aço galvanizado para estais de 73 cordoalhas D = 15,7 mm - fornecimento e instalação","m",3239.73]
[4208214,"Tubo antivandalismo em aço galvanizado para estais de 85 cordoalhas D = 15,7 mm - fornecimento e instalação","m",3662.6]
[4208215,"Tubo antivandalismo em aço galvanizado para estais de 91 cordoalhas D = 15,7 mm - fornecimento e instalação","m",3678.06]
[4208216,"Tubo fôrma lado fixo em aço galvanizado para estais de 12 cordoalhas D = 15,7 mm - fornecimento e instalação","m",2538.3200000000002]
[4208217,"Tubo fôrma lado fixo em aço galvanizado para estais de 19 cordoalhas D = 15,7 mm - fornecimento e instalação","m",2892.92]
[4208218,"Tubo fôrma lado fixo em aço galvanizado para estais de 22 cordoalhas D = 15,7 mm - fornecimento e instalação","m",3778.74]
[4208219,"Tubo fôrma lado fixo em aço galvanizado para estais de 31 cordoalhas D = 15,7 mm - fornecimento e instalação","m",4881.3999999999996]
[4208220,"Tubo fôrma lado fixo em aço galvanizado para estais de 37 cordoalhas D = 15,7 mm - fornecimento e instalação","m",5183.3500000000004]
[4208221,"Tubo fôrma lado fixo em aço galvanizado para estais de 43 cordoalhas D = 15,7 mm - fornecimento e instalação","m",6818.89]
[4208222,"Tubo fôrma lado fixo em aço galvanizado para estais de 55 cordoalhas D = 15,7 mm - fornecimento e instalação","m",8595.26]
[4208223,"Tubo fôrma lado fixo em aço galvanizado para estais de 61 cordoalhas D = 15,7 mm - fornecimento e instalação","m",8597.85]
[4208224,"Tubo fôrma lado fixo em aço galvanizado para estais de 73 cordoalhas D = 15,7 mm - fornecimento e instalação","m",10035.42]
[4208225,"Tubo fôrma lado fixo em aço galvanizado para estais de 85 cordoalhas D = 15,7 mm - fornecimento e instalação","m",11444.13]
[4208226,"Tubo fôrma lado fixo em aço galvanizado para estais de 91 cordoalhas D = 15,7 mm - fornecimento e instalação","m",11541.84]
[4208227,"Tubo fôrma lado regulável em aço galvanizado para estais de 12 cordoalhas D = 15,7 mm - fornecimento e instalação","m",1186.29]
[4208228,"Tubo fôrma lado regulável em aço galvanizado para estais de 19 cordoalhas D = 15,7 mm - fornecimento e instalação","m",1384.2]
[4208229,"Tubo fôrma lado regulável em aço galvanizado para estais de 22 cordoalhas D = 15,7 mm - fornecimento e instalação","m",1784.42]
[4208230,"Tubo fôrma lado regulável em aço galvanizado para estais de 31 cordoalhas D = 15,7 mm - fornecimento e instalação","m",2300.2800000000002]
[4208231,"Tubo fôrma lado regulável em aço galvanizado para estais de 37 cordoalhas D = 15,7 mm - fornecimento e instalação","m",2450.2399999999998]
[4208232,"Tubo fôrma lado regulável em aço galvanizado para estais de 43 cordoalhas D = 15,7 mm - fornecimento e instalação","m",3211.75]
[4208233,"Tubo fôrma lado regulável em aço galvanizado para estais de 55 cordoalhas D = 15,7 mm - fornecimento e instalação","m",4035.42]
[4208234,"Tubo fôrma lado regulável em aço galvanizado para estais de 61 cordoalhas D = 15,7 mm - fornecimento e instalação","m",4037.81]
[4208235,"Tubo fôrma lado regulável em aço galvanizado para estais de 73 cordoalhas D = 15,7 mm - fornecimento e instalação","m",4741.13]
[4208236,"Tubo fôrma lado regulável em aço galvanizado para estais de 85 cordoalhas D = 15,7 mm - fornecimento e instalação","m",5390.53]
[4208237,"Tubo fôrma lado regulável em aço galvanizado para estais de 91 cordoalhas D = 15,7 mm - fornecimento e instalação","m",5488.13]
[4208128,"Tubo PEAD para estais - D = 110 mm - fornecimento e instalação","m",262.10000000000002]
[4208129,"Tubo PEAD para estais - D = 140 mm - fornecimento e instalação","m",291.60000000000002]
[4208130,"Tubo PEAD para estais - D = 160 mm - fornecimento e instalação","m",335.39]
[4208131,"Tubo PEAD para estais - D = 180 mm - fornecimento e instalação","m",389.87]
[4208132,"Tubo PEAD para estais - D = 200 mm - fornecimento e instalação","m",444.48]
[4208133,"Tubo PEAD para estais - D = 225 mm - fornecimento e instalação","m",504.68]
[4208134,"Tubo PEAD para estais - D = 250 mm - fornecimento e instalação","m",565.71]
[4208238,"Tubo PEAD para estais - D = 280 mm - fornecimento e instalação","m",597.89]
[4208239,"Tubo PEAD para estais - D = 315 mm - fornecimento e instalação","m",650.4]
[4413920,"Adubação de cobertura por equipamento de hidrossemeadura em áreas de semeadura via seca ou de hidrossemeadura","m²",0.56999999999999995]
[4413024,"Adubação manual de cobertura em áreas de enleivamento ou de plantio de mudas de gramíneas","m²",0.38]
[4413022,"Adubação manual de cobertura em áreas de semeadura via seca ou de hidrossemeadura","m²",0.57999999999999996]
[4413020,"Barreira arbórea para tratamento acústico das áreas lindeiras da faixa de domínio – densidade de plantio de 1,0 m entre mudas","m",41.19]
[4413013,"Cerca de passagem de fauna com tela de alambrado sobre mureta de blocos de concreto - H = 20 cm - mourões de madeira a cada 2,5 m e esticador a cada 50 m","m",87.38]
[4413019,"Cerca viva para tratamento acústico das áreas lindeiras da faixa de domínio – densidade de plantio de 1,0 m entre mudas","m",34.83]
[4413026,"Dique de bambu para controle de erosão de taludes","m²",288.91000000000003]
[4413996,"Enleivamento","m²",10.130000000000001]
[4413942,"Espalhamento de material em bota-fora","m³",2.0099999999999998]
[4413018,"Fixação de tela eletrossoldada em talude para lançamento de argamassa ou concreto projetado","kg",12.43]
[4413905,"Hidrossemeadura","m²",6.93]
[4413987,"Irrigação de área plantada para proteção vegetal do corpo estradal","m²",0.35]
[4413995,"Obtenção de grama para replantio","m²",2.91]
[4413994,"Passagem aérea de animais com rede de cabos de aço e sisal apoiadas em 6 postes de concreto de 15 m - extensão total de 100 m","m",695.03]
[4413200,"Plantio de grama comercial em placas","m²",17.84]
[4413990,"Plantio de muda de arbusto com altura até 0,50 m em cova de 0,40 x 0,40 x 0,40 m","un",34.83]
[4413989,"Plantio de muda de árvore com altura de 0,30 a 0,80 m em cova de 0,60 x 0,60 x 0,60 m","un",41.19]
[4413951,"Plantio de muda de árvore frutífera com altura até 1,00 m em cova de 0,60 x 0,60 x 0,60 m","un",52.28]
[4413950,"Plantio de muda de árvore frutífera com altura de 1,00 a 2,00 m em cova de 0,60 x 0,60 x 0,60 m","un",108.19]
[4413949,"Plantio de muda de árvore frutífera com altura de 2,00 a 3,00 m em cova de 0,60 x 0,60 x 0,60 m","un",249.28]
[4413948,"Plantio de muda de árvore ornamental com altura até 1,00 m em cova de 0,60 x 0,60 x 0,60 m","un",52.03]
[4413947,"Plantio de muda de árvore ornamental com altura de 1,00 a 2,00 m em cova de 0,60 x 0,60 x 0,60 m","un",92.07]
[4413946,"Plantio de muda de árvore ornamental com altura de 2,00 a 3,00 m em cova de 0,60 x 0,60 x 0,60 m","un",125.15]
[4413952,"Plantio de tapete de floríferas com altura até 0,50 m","m²",74.849999999999994]
[4413012,"Preenchimento de erosão em talude com terra vegetal e sementes de gramíneas ensacadas","m³",387.13]
[4413014,"Recuperação ambiental de pedreiras ou áreas degradadas com biomanta vegetal de fibras de coco","m²",16.579999999999998]
[4413016,"Recuperação ambiental de pedreiras ou áreas degradadas com biomanta vegetal de fibras de palha em áreas com inclinação máxima de 1:1,5","m²",10.41]
[4413984,"Regularização de bota-fora com espalhamento e compactação","m³",3.92]
[4413986,"Regularização de superfície com motoniveladora","m²",7.0000000000000007E-2]
[4413985,"Regularização manual de taludes de cortes e aterros","m²",21.91]
[4413017,"Retentores de sedimentos em fibras vegetais - D = 20 cm","m",73.209999999999994]
[4415673,"Revestimento vegetal com grama em mudas em superfícies inclinadas","m²",7.86]
[4415684,"Revestimento vegetal com grama em mudas em superfícies planas","m²",4.4400000000000004]
[4413993,"Revestimento vegetal por semeadura a lanço manual de gramíneas e leguminosas","m²",0.55000000000000004]
[4507754,"Ancoragem ativa com 10 cordoalhas aderentes D = 12,7 mm - fornecimento e instalação","un",882.49]
[4507738,"Ancoragem ativa com 10 cordoalhas aderentes D = 15,2 mm - fornecimento e instalação","un",1205.58]
[4507755,"Ancoragem ativa com 12 cordoalhas aderentes D = 12,7 mm - fornecimento e instalação","un",1017.29]
[4507756,"Ancoragem ativa com 12 cordoalhas aderentes D = 15,2 mm - fornecimento e instalação","un",1361.19]
[4507757,"Ancoragem ativa com 15 cordoalhas aderentes D = 12,7 mm - fornecimento e instalação","un",1559.67]
[4507758,"Ancoragem ativa com 15 cordoalhas aderentes D = 15,2 mm - fornecimento e instalação","un",1819.06]
[4507759,"Ancoragem ativa com 19 cordoalhas aderentes D = 12,7 mm - fornecimento e instalação","un",1926.91]
[4507760,"Ancoragem ativa com 19 cordoalhas aderentes D = 15,2 mm - fornecimento e instalação","un",2365.52]
[4507761,"Ancoragem ativa com 22 cordoalhas aderentes D = 12,7 mm - fornecimento e instalação","un",2519.5100000000002]
[4507762,"Ancoragem ativa com 22 cordoalhas aderentes D = 15,2 mm - fornecimento e instalação","un",3027.83]
[4507763,"Ancoragem ativa com 27 cordoalhas aderentes D = 12,7 mm - fornecimento e instalação","un",3088.36]
[4507764,"Ancoragem ativa com 27 cordoalhas aderentes D = 15,2 mm - fornecimento e instalação","un",3953.56]
[4507765,"Ancoragem ativa com 31 cordoalhas aderentes D = 12,7 mm - fornecimento e instalação","un",3151.34]
[4508192,"Ancoragem ativa com 31 cordoalhas aderentes D = 15,2 mm - fornecimento e instalação","un",5337.01]
[4507766,"Ancoragem ativa com 4 cordoalhas aderentes D = 12,7 mm - fornecimento e instalação","un",402.84]
[4507767,"Ancoragem ativa com 4 cordoalhas aderentes D = 15,2 mm - fornecimento e instalação","un",574.85]
[4507768,"Ancoragem ativa com 6 cordoalhas aderentes D = 12,7 mm - fornecimento e instalação","un",536.52]
[4507769,"Ancoragem ativa com 6 cordoalhas aderentes D = 15,2 mm - fornecimento e instalação","un",677.38]
[4507770,"Ancoragem ativa com 7 cordoalhas aderentes D = 12,7 mm - fornecimento e instalação","un",598.64]
[4507771,"Ancoragem ativa com 7 cordoalhas aderentes D = 15,2 mm - fornecimento e instalação","un",736.04]
[4507772,"Ancoragem ativa com 8 cordoalhas aderentes D = 12,7 mm - fornecimento e instalação","un",769.71]
[4508193,"Ancoragem ativa com 8 cordoalhas aderentes D = 15,2 mm - fornecimento e instalação","un",961.38]
[4507773,"Ancoragem ativa com 9 cordoalhas aderentes D = 12,7 mm - fornecimento e instalação","un",803.64]
[4507774,"Ancoragem ativa com 9 cordoalhas aderentes D = 15,2 mm - fornecimento e instalação","un",1076.24]
[4507775,"Ancoragem ativa para lajes com 1 cordoalha aderente D = 12,7 mm - fornecimento e instalação","un",94.66]
[4507776,"Ancoragem ativa para lajes com 1 cordoalha aderente D = 15,2 mm - fornecimento e instalação","un",105.22]
[4507783,"Ancoragem ativa para lajes com 1 cordoalha engraxada D = 12,7 mm - fornecimento e instalação","un",81.430000000000007]
[4507784,"Ancoragem ativa para lajes com 1 cordoalha engraxada D = 15,2 mm - fornecimento e instalação","un",114.56]
[4507777,"Ancoragem ativa para lajes com 2 cordoalhas aderentes D = 12,7 mm - fornecimento e instalação","un",186.16]
[4507778,"Ancoragem ativa para lajes com 2 cordoalhas aderentes D = 15,2 mm - fornecimento e instalação","un",231.25]
[4507779,"Ancoragem ativa para lajes com 3 cordoalhas aderentes D = 12,7 mm - fornecimento e instalação","un",250.06]
[4507780,"Ancoragem ativa para lajes com 3 cordoalhas aderentes D = 15,2 mm - fornecimento e instalação","un",310.7]
[4507781,"Ancoragem ativa para lajes com 4 cordoalhas aderentes D = 12,7 mm - fornecimento e instalação","un",325.20999999999998]
[4507782,"Ancoragem ativa para lajes com 4 cordoalhas aderentes D = 15,2 mm - fornecimento e instalação","un",384.6]
[4507785,"Ancoragem passiva com 10 cordoalhas aderentes D = 12,7 mm - fornecimento e instalação","un",150.13]
[4508194,"Ancoragem passiva com 10 cordoalhas aderentes D = 15,2 mm - fornecimento e instalação","un",178.02]
[4507786,"Ancoragem passiva com 12 cordoalhas aderentes D = 12,7 mm - fornecimento e instalação","un",177.8]
[4507787,"Ancoragem passiva com 12 cordoalhas aderentes D = 15,2 mm - fornecimento e instalação","un",185.16]
[4507788,"Ancoragem passiva com 15 cordoalhas aderentes D = 12,7 mm - fornecimento e instalação","un",236.42]
[4507789,"Ancoragem passiva com 15 cordoalhas aderentes D = 15,2 mm - fornecimento e instalação","un",285.67]
[4507790,"Ancoragem passiva com 19 cordoalhas aderentes D = 12,7 mm - fornecimento e instalação","un",289.48]
[4507791,"Ancoragem passiva com 19 cordoalhas aderentes D = 15,2 mm - fornecimento e instalação","un",303.54000000000002]
[4507792,"Ancoragem passiva com 22 cordoalhas aderentes D = 12,7 mm - fornecimento e instalação","un",355.18]
[4507793,"Ancoragem passiva com 22 cordoalhas aderentes D = 15,2 mm - fornecimento e instalação","un",398.8]
[4507794,"Ancoragem passiva com 27 cordoalhas aderentes D = 12,7 mm - fornecimento e instalação","un",489.32]
[4507795,"Ancoragem passiva com 27 cordoalhas aderentes D = 15,2 mm - fornecimento e instalação","un",568.53]
[4507796,"Ancoragem passiva com 31 cordoalhas aderentes D = 12,7 mm - fornecimento e instalação","un",564.25]
[4508190,"Ancoragem passiva com 31 cordoalhas aderentes D = 15,2 mm - fornecimento e instalação","un",697.71]
[4507797,"Ancoragem passiva com 4 cordoalhas aderentes D = 12,7 mm - fornecimento e instalação","un",65.66]
[4507798,"Ancoragem passiva com 4 cordoalhas aderentes D = 15,2 mm - fornecimento e instalação","un",68.61]
[4507799,"Ancoragem passiva com 6 cordoalhas aderentes D = 12,7 mm - fornecimento e instalação","un",99.87]
[4507800,"Ancoragem passiva com 6 cordoalhas aderentes D = 15,2 mm - fornecimento e instalação","un",98.75]
[4507801,"Ancoragem passiva com 7 cordoalhas aderentes D = 12,7 mm - fornecimento e instalação","un",115.9]
[4507802,"Ancoragem passiva com 7 cordoalhas aderentes D = 15,2 mm - fornecimento e instalação","un",120.22]
[4507803,"Ancoragem passiva com 8 cordoalhas aderentes D = 12,7 mm - fornecimento e instalação","un",116.32]
[4508191,"Ancoragem passiva com 8 cordoalhas aderentes D = 15,2 mm - fornecimento e instalação","un",120.63]
[4507804,"Ancoragem passiva com 9 cordoalhas aderentes D = 12,7 mm - fornecimento e instalação","un",144.46]
[4507805,"Ancoragem passiva com 9 cordoalhas aderentes D = 15,2 mm - fornecimento e instalação","un",147.54]
[4507806,"Ancoragem passiva para lajes com 1 cordoalha aderente D = 12,7 mm - fornecimento e instalação","un",27.42]
[4507807,"Ancoragem passiva para lajes com 1 cordoalha aderente D = 15,2 mm - fornecimento e instalação","un",33]
[4507866,"Ancoragem passiva para lajes com 1 cordoalha engraxada D = 12,7 mm - fornecimento e instalação","un",76.239999999999995]
[4507867,"Ancoragem passiva para lajes com 1 cordoalha engraxada D = 15,2 mm - fornecimento e instalação","un",109.37]
[4507808,"Ancoragem passiva para lajes com 2 cordoalhas aderentes D = 12,7 mm - fornecimento e instalação","un",31]
[4507809,"Ancoragem passiva para lajes com 2 cordoalhas aderentes D = 15,2 mm - fornecimento e instalação","un",39.31]
[4507810,"Ancoragem passiva para lajes com 3 cordoalhas aderentes D = 12,7 mm - fornecimento e instalação","un",52.8]
[4507811,"Ancoragem passiva para lajes com 3 cordoalhas aderentes D = 15,2 mm - fornecimento e instalação","un",61.13]
[4507812,"Ancoragem passiva para lajes com 4 cordoalhas aderentes D = 12,7 mm - fornecimento e instalação","un",58.57]
[4507813,"Ancoragem passiva para lajes com 4 cordoalhas aderentes D = 15,2 mm - fornecimento e instalação","un",66.790000000000006]
[4507851,"Bainha metálica ovalizada seção 19 x 36 mm para 1 cordoalha D = 12,7 mm - fornecimento, instalação e injeção de nata de cimento","m",23.12]
[4507852,"Bainha metálica ovalizada seção 19 x 36 mm para 2 cordoalhas D = 12,7 mm - fornecimento, instalação e injeção de nata de cimento","m",22.96]
[4507853,"Bainha metálica ovalizada seção 19 x 48 mm para 3 cordoalhas D = 12,7 mm - fornecimento, instalação e injeção de nata de cimento","m",26.04]
[4507854,"Bainha metálica ovalizada seção 19 x 62 mm para 4 cordoalhas D = 12,7 mm - fornecimento, instalação e injeção de nata de cimento","m",27.89]
[4507855,"Bainha metálica ovalizada seção 22 x 32 mm para 1 cordoalha D = 15,2 mm - fornecimento, instalação e injeção de nata de cimento","m",23.36]
[4507856,"Bainha metálica ovalizada seção 22 x 32 mm para 2 cordoalhas D = 15,2 mm - fornecimento, instalação e injeção de nata de cimento","m",23.13]
[4507857,"Bainha metálica ovalizada seção 22 x 55 mm para 3 cordoalhas D = 15,2 mm - fornecimento, instalação e injeção de nata de cimento","m",28.21]
[4507858,"Bainha metálica ovalizada seção 22 x 73 mm para 4 cordoalhas D = 15,2 mm - fornecimento, instalação e injeção de nata de cimento","m",31.09]
[4508177,"Bainha metálica redonda D = 100 mm para 21 cordoalhas D = 15,2 mm - fornecimento, instalação e injeção de nata de cimento","m",62.45]
[4508178,"Bainha metálica redonda D = 100 mm para 22 cordoalhas D = 15,2 mm - fornecimento, instalação e injeção de nata de cimento","m",62.21]
[4507821,"Bainha metálica redonda D = 100 mm para 24 cordoalhas D = 15,2 mm - fornecimento, instalação e injeção de nata de cimento","m",61.75]
[4507822,"Bainha metálica redonda D = 100 mm para 25 cordoalhas D = 15,2 mm - fornecimento, instalação e injeção de nata de cimento","m",61.52]
[4507823,"Bainha metálica redonda D = 100 mm para 30 cordoalhas D = 12,7 mm - fornecimento, instalação e injeção de nata de cimento","m",62.46]
[4508188,"Bainha metálica redonda D = 100 mm para 31 cordoalhas D = 12,7 mm - fornecimento, instalação e injeção de nata de cimento","m",62.3]
[4507824,"Bainha metálica redonda D = 110 mm para 27 cordoalhas D = 15,2 mm - fornecimento, instalação e injeção de nata de cimento","m",68.87]
[4507825,"Bainha metálica redonda D = 110 mm para 37 cordoalhas D = 12,7 mm - fornecimento, instalação e injeção de nata de cimento","m",69.14]
[4507826,"Bainha metálica redonda D = 120 mm para 30 cordoalhas D = 15,2 mm - fornecimento, instalação e injeção de nata de cimento","m",75.209999999999994]
[4508179,"Bainha metálica redonda D = 120 mm para 31 cordoalhas D = 15,2 mm - fornecimento, instalação e injeção de nata de cimento","m",74.98]
[4507827,"Bainha metálica redonda D = 130 mm para 37 cordoalhas D = 15,2 mm - fornecimento, instalação e injeção de nata de cimento","m",80.61]
[4508180,"Bainha metálica redonda D = 30 mm para 2 cordoalhas D = 12,7 mm - fornecimento, instalação e injeção de nata de cimento","m",22.49]
[4507739,"Bainha metálica redonda D = 35 mm para 2 cordoalhas D = 15,2 mm - fornecimento, instalação e injeção de nata de cimento","m",23.88]
[4508181,"Bainha metálica redonda D = 35 mm para 3 cordoalhas D = 12,7 mm - fornecimento, instalação e injeção de nata de cimento","m",23.86]
[4508125,"Bainha metálica redonda D = 40 mm para 3 cordoalhas D = 15,2 mm - fornecimento, instalação e injeção de nata de cimento","m",26.35]
[4507828,"Bainha metálica redonda D = 40 mm para 4 cordoalhas D = 12,7 mm - fornecimento, instalação e injeção de nata de cimento","m",26.39]
[4507829,"Bainha metálica redonda D = 45 mm para 4 cordoalhas D = 15,2 mm - fornecimento, instalação e injeção de nata de cimento","m",28.67]
[4508182,"Bainha metálica redonda D = 45 mm para 5 cordoalhas D = 12,7 mm - fornecimento, instalação e injeção de nata de cimento","m",28.78]
[4508092,"Bainha metálica redonda D = 50 mm para 5 cordoalhas D = 15,2 mm - fornecimento, instalação e injeção de nata de cimento","m",30.31]
[4507830,"Bainha metálica redonda D = 50 mm para 6 cordoalhas D = 12,7 mm - fornecimento, instalação e injeção de nata de cimento","m",30.5]
[4508183,"Bainha metálica redonda D = 55 mm para 7 cordoalhas D = 12,7 mm - fornecimento, instalação e injeção de nata de cimento","m",36.43]
[4507831,"Bainha metálica redonda D = 55 mm para 8 cordoalhas D = 12,7 mm - fornecimento, instalação e injeção de nata de cimento","m",33.47]
[4507832,"Bainha metálica redonda D = 60 mm para 6 cordoalhas D = 15,2 mm - fornecimento, instalação e injeção de nata de cimento","m",37.11]
[4507833,"Bainha metálica redonda D = 60 mm para 9 cordoalhas D = 12,7 mm - fornecimento, instalação e injeção de nata de cimento","m",37.049999999999997]
[4507834,"Bainha metálica redonda D = 65 mm para 10 cordoalhas D = 12,7 mm - fornecimento, instalação e injeção de nata de cimento","m",38.6]
[4508184,"Bainha metálica redonda D = 65 mm para 11 cordoalhas D = 12,7 mm - fornecimento, instalação e injeção de nata de cimento","m",38.44]
[4507835,"Bainha metálica redonda D = 65 mm para 12 cordoalhas D = 12,7 mm - fornecimento, instalação e injeção de nata de cimento","m",38.28]
[4508174,"Bainha metálica redonda D = 65 mm para 7 cordoalhas D = 15,2 mm - fornecimento, instalação e injeção de nata de cimento","m",38.6]
[4507836,"Bainha metálica redonda D = 65 mm para 8 cordoalhas D = 15,2 mm - fornecimento, instalação e injeção de nata de cimento","m",38.36]
[4507837,"Bainha metálica redonda D = 70 mm para 15 cordoalhas D = 12,7 mm - fornecimento, instalação e injeção de nata de cimento","m",41.65]
[4507838,"Bainha metálica redonda D = 70 mm para 9 cordoalhas D = 15,2 mm - fornecimento, instalação e injeção de nata de cimento","m",41.99]
[4507839,"Bainha metálica redonda D = 75 mm para 10 cordoalhas D = 15,2 mm - fornecimento, instalação e injeção de nata de cimento","m",44.11]
[4508175,"Bainha metálica redonda D = 75 mm para 11 cordoalhas D = 15,2 mm - fornecimento, instalação e injeção de nata de cimento","m",43.88]
[4507840,"Bainha metálica redonda D = 75 mm para 16 cordoalhas D = 12,7 mm - fornecimento, instalação e injeção de nata de cimento","m",43.84]
[4507841,"Bainha metálica redonda D = 75 mm para 18 cordoalhas D = 12,7 mm - fornecimento, instalação e injeção de nata de cimento","m",43.51]
[4507842,"Bainha metálica redonda D = 80 mm para 12 cordoalhas D = 15,2 mm - fornecimento, instalação e injeção de nata de cimento","m",47.67]
[4508185,"Bainha metálica redonda D = 80 mm para 19 cordoalhas D = 12,7 mm - fornecimento, instalação e injeção de nata de cimento","m",47.38]
[4507843,"Bainha metálica redonda D = 80 mm para 20 cordoalhas D = 12,7 mm - fornecimento, instalação e injeção de nata de cimento","m",47.22]
[4507844,"Bainha metálica redonda D = 85 mm para 15 cordoalhas D = 15,2 mm - fornecimento, instalação e injeção de nata de cimento","m",50.38]
[4508186,"Bainha metálica redonda D = 85 mm para 21 cordoalhas D = 12,7 mm - fornecimento, instalação e injeção de nata de cimento","m",50.46]
[4508187,"Bainha metálica redonda D = 85 mm para 22 cordoalhas D = 12,7 mm - fornecimento, instalação e injeção de nata de cimento","m",50.29]
[4507845,"Bainha metálica redonda D = 85 mm para 24 cordoalhas D = 12,7 mm - fornecimento, instalação e injeção de nata de cimento","m",49.97]
[4507846,"Bainha metálica redonda D = 85 mm para 25 cordoalhas D = 12,7 mm - fornecimento, instalação e injeção de nata de cimento","m",49.81]
[4507847,"Bainha metálica redonda D = 90 mm para 16 cordoalhas D = 15,2 mm - fornecimento, instalação e injeção de nata de cimento","m",56.14]
[4507848,"Bainha metálica redonda D = 90 mm para 18 cordoalhas D = 15,2 mm - fornecimento, instalação e injeção de nata de cimento","m",55.67]
[4507849,"Bainha metálica redonda D = 90 mm para 27 cordoalhas D = 12,7 mm - fornecimento, instalação e injeção de nata de cimento","m",55.47]
[4508176,"Bainha metálica redonda D = 95 mm para 19 cordoalhas D = 15,2 mm - fornecimento, instalação e injeção de nata de cimento","m",57.66]
[4507850,"Bainha metálica redonda D = 95 mm para 20 cordoalhas D = 15,2 mm - fornecimento, instalação e injeção de nata de cimento","m",57.43]
[4507956,"Cordoalha CP 190 RB D = 12,7 mm - fornecimento e instalação","kg",11.59]
[4507957,"Cordoalha CP 190 RB D = 15,2 mm - fornecimento e instalação","kg",11.58]
[4507958,"Cordoalha engraxada CP 190 RB D = 12,7 mm - fornecimento e instalação","kg",15.94]
[4507959,"Cordoalha engraxada CP 190 RB D = 15,2 mm - fornecimento e instalação","kg",15.94]
[4516138,"Gaiola metálica em cantoneira para armazenamento e manipulação de cordoalha - confecção","kg",9.9600000000000009]
[4516137,"Nicho de madeira para dispositivo de ancoragem de protensão - confecção e instalação","m²",140.46]
[4805755,"Apiloamento manual","m³",32.01]
[4805756,"Apiloamento manual de superfície com espessura de 15 cm","m²",4.8]
[4816020,"Areia extraída com draga de sucção tipo bomba","m³",11.89]
[4816019,"Areia extraída com escavadeira hidráulica de longo alcance","m³",7.68]
[4816018,"Areia extraída com trator e carregadeira","m³",5.08]
[4816012,"Brita produzida em central de britagem de 80 m³/h","m³",56.35]
[4815805,"Calandragem de chapa metálica com espessura de 3 mm","m²",14.26]
[4815802,"Calandragem de chapa metálica com espessura de 5 mm","m²",21.05]
[4805754,"Compactação manual com soquete vibratório","m³",6.8]
[4816145,"Confecção de canaleta meia cana D = 0,30 m - areia e brita comerciais","m",27.52]
[4816144,"Confecção de canaleta meia cana D = 0,30 m - areia extraída e brita produzida","m",25.32]
[4816147,"Confecção de canaleta meia cana D = 0,40 m - areia e brita comerciais","m",38.340000000000003]
[4816146,"Confecção de canaleta meia cana D = 0,40 m - areia extraída e brita produzida","m",34.380000000000003]
[4816121,"Confecção de tubos de concreto D = 0,20 m - areia e brita comerciais","m",31.76]
[4816120,"Confecção de tubos de concreto D = 0,20 m - areia extraída e brita produzida","m",28.68]
[4816123,"Confecção de tubos de concreto D = 0,30 m - areia e brita comerciais","m",41.91]
[4816122,"Confecção de tubos de concreto D = 0,30 m - areia extraída e brita produzida","m",37.51]
[4816125,"Confecção de tubos de concreto D = 0,40 m - areia e brita comerciais","m",59.77]
[4816124,"Confecção de tubos de concreto D = 0,40 m - areia extraída e brita produzida","m",51.85]
[4816022,"Confecção de tubos de concreto D = 0,50 m - areia e brita comerciais","m",80.61]
[4816021,"Confecção de tubos de concreto D = 0,50 m - areia extraída e brita produzida","m",68.34]
[4816106,"Confecção de tubos de concreto perfurado D = 0,20 m - areia e brita comerciais","m",32.83]
[4816105,"Confecção de tubos de concreto perfurado D = 0,20 m - areia extraída e brita produzida","m",29.75]
[4816108,"Confecção de tubos de concreto perfurado D = 0,30 m - areia e brita comerciais","m",42.97]
[4816107,"Confecção de tubos de concreto perfurado D = 0,30 m - areia extraída e brita produzida","m",38.57]
[4816110,"Confecção de tubos de concreto perfurado D = 0,40 m - areia e brita comerciais","m",60.84]
[4816109,"Confecção de tubos de concreto perfurado D = 0,40 m - areia extraída e brita produzida","m",52.92]
[4816100,"Confecção de tubos de concreto poroso D = 0,20 m - areia e brita comerciais","m",32.97]
[4816099,"Confecção de tubos de concreto poroso D = 0,20 m - areia extraída e brita produzida","m",30.68]
[4816102,"Confecção de tubos de concreto poroso D = 0,30 m - areia e brita comerciais","m",42.31]
[4816101,"Confecção de tubos de concreto poroso D = 0,30 m - areia extraída e brita produzida","m",39.9]
[4816104,"Confecção de tubos de concreto poroso D = 0,40 m - areia e brita comerciais","m",60.53]
[4816103,"Confecção de tubos de concreto poroso D = 0,40 m - areia extraída e brita produzida","m",54.63]
[4815804,"Dobramento de chapas de alumínio com espessura de 1,5 mm e comprimento de dobra de até 500 mm","un",0.52]
[4816002,"Escavação de tunnel liner em material de 3ª categoria","m³",1323.2]
[4805765,"Escavação de vala em material de 3ª categoria","m³",195.87]
[4816000,"Escavação manual de tunnel liner em material de 1ª categoria","m³",458.7]
[4816001,"Escavação manual de tunnel liner em material de 2ª categoria","m³",789.08]
[4805749,"Escavação manual de vala em material de 1ª categoria","m³",73.03]
[4805751,"Escavação manual em material de 1ª categoria na profundidade de 1 a 2 m","m³",54.77]
[4805752,"Escavação manual em material de 1ª categoria na profundidade de 2 a 3 m","m³",65.73]
[4805753,"Escavação manual em material de 1ª categoria na profundidade de 3 a 4 m","m³",76.680000000000007]
[4805750,"Escavação manual em material de 1ª categoria na profundidade de até 1 m","m³",43.82]
[4805767,"Escavação manual em material de 2ª categoria na profundidade de 1 a 2 m","m³",75.36]
[4805769,"Escavação manual em material de 2ª categoria na profundidade de 2 a 3 m","m³",89.71]
[4805770,"Escavação manual em material de 2ª categoria na profundidade de 3 a 4 m","m³",104.06]
[4805760,"Escavação manual em material de 2ª categoria na profundidade de até 1 m","m³",61]
[4805757,"Escavação mecânica de vala em material de 1ª categoria","m³",6.84]
[4805762,"Escavação mecânica de vala em material de 2ª categoria","m³",8.41]
[4806395,"Fixação de parafuso em estrutura metálica","un",5.33]
[4816003,"Iluminação provisória para tunnel liner","m",42.56]
[4816017,"Material pétreo produzido em britador de mandíbulas móvel - camada final de aterro em rocha","m³",22.38]
[4816023,"Operação de mergulho autônomo em profundidade de até 20 m","h",251.45]
[4816025,"Operação de mergulho dependente em profundidade de 30 a 50 m - inclusive descompressão","h",464.33]
[4816024,"Operação de mergulho dependente em profundidade de até 30 m - inclusive descompressão","h",328.39]
[4816005,"Pedra de mão produzida manualmente","m³",85.9]
[4800400,"Preparo e regularização de terreno em desnível","m²",5.0999999999999996]
[4816016,"Rachão ou pedra de mão produzida","m³",42.04]
[4800412,"Raspagem e limpeza de terreno plano","m²",4.38]
[4815671,"Reaterro e compactação com soquete vibratório","m³",16.79]
[4815803,"Rebordeamento de chapa metálica com espessura de 5 mm","m",7.67]
[4816011,"Recarga de cilindro com ar respirável para atividades de mergulho","m³",1667.13]
[4816014,"Rocha para britagem com perfuratriz manual","m³",46.43]
[4816010,"Rocha para britagem com perfuratriz sobre esteira","m³",37.89]
[4816015,"Rocha para britagem com perfuratriz sobre esteira - camada final de aterro em rocha","m³",22.57]
[4816119,"Selo de argila apiloado (solo local)","m³",36.28]
[4816004,"Ventilação provisória para tunnel liner","m",52.98]
[4915652,"Bico de adesão para injeção de adesivo estrutural à base de resina epóxi - fornecimento, instalação e retirada","un",8.49]
[4915651,"Bico de perfuração para injeção de adesivo estrutural à base de resina epóxi - fornecimento, instalação e retirada","un",9.84]
[4915723,"Caiação manual com fixador de cal","m²",3.2]
[4915724,"Caiação mecanizada com fixador de cal","m²",1.95]
[4915637,"Capa selante - areia comercial","m²",0.9]
[4915779,"Capa selante - areia extraída","m²",0.66]
[4915638,"Capa selante - brita produzida","m²",0.79]
[4915636,"Capa selante - pedrisco comercial","m²",1.1100000000000001]
[4915744,"Capina manual","m²",0.73]
[4915700,"Combate à exsudação - areia comercial","m²",1.07]
[4915590,"Combate à exsudação - areia extraída","m²",0.79]
[4915591,"Combate à exsudação - brita produzida","m²",0.93]
[4915701,"Combate à exsudação - pedrisco comercial","m²",1.27]
[4915703,"Correção de defeitos com mistura betuminosa","m³",106.54]
[4915705,"Correção de defeitos por fresagem descontínua do revestimento asfáltico - espessura de 5 cm","m³",119.55]
[4915743,"Corte e limpeza de áreas gramadas","m²",0.09]
[4915768,"Corte e remoção de árvores","m³",15.49]
[4915713,"Desobstrução de bueiro","m³",64.02]
[4915655,"Fresagem contínua de revestimento asfáltico - espessura de 3 cm","m³",85.85]
[4915656,"Fresagem contínua de revestimento asfáltico - espessura de 4 cm","m³",67.37]
[4915657,"Fresagem contínua de revestimento asfáltico - espessura de 5 cm","m³",56.35]
[4915658,"Fresagem contínua de revestimento asfáltico - espessura de 6 cm","m³",49.16]
[4915659,"Fresagem contínua de revestimento asfáltico - espessura de 7 cm","m³",44.15]
[4915660,"Fresagem contínua de revestimento asfáltico - espessura de 8 cm","m³",40.57]
[4915661,"Fresagem descontínua de revestimento asfáltico - espessura de 3 cm","m³",111.76]
[4915662,"Fresagem descontínua de revestimento asfáltico - espessura de 4 cm","m³",88.34]
[4915663,"Fresagem descontínua de revestimento asfáltico - espessura de 5 cm","m³",73.14]
[4915664,"Fresagem descontínua de revestimento asfáltico - espessura de 6 cm","m³",64.33]
[4915665,"Fresagem descontínua de revestimento asfáltico - espessura de 7 cm","m³",58.31]
[4915666,"Fresagem descontínua de revestimento asfáltico - espessura de 8 cm","m³",53.97]
[4915650,"Injeção de adesivo estrutural à base de resina epóxi de baixa viscosidade para tratamento de fissuras em estruturas de concreto - fornecimento e aplicação manual","kg",285.02999999999997]
[4915645,"Injeção de adesivo estrutural à base de resina epóxi de baixa viscosidade para tratamento de fissuras em estruturas de concreto - fornecimento e aplicação mecanizada","kg",209.65]
[4915712,"Limpeza de bueiro","m³",21.34]
[4915711,"Limpeza de descida d'água","m",1.42]
[4915790,"Limpeza de emulsão asfáltica ou asfalto diluído derramados na pista - remoção com minicarregadeira com vassoura e descarga livre","t",217.19]
[4915793,"Limpeza de líquidos combustíveis derramados na pista - remoção com minicarregadeira com vassoura e descarga livre","t",165.87]
[4915792,"Limpeza de material asfáltico derramado fora da pista - remoção com escavadeira hidráulica e caminhão basculante","t",61.08]
[4915718,"Limpeza de placa de sinalização","m²",9.1999999999999993]
[4915672,"Limpeza de ponte","m",4.2699999999999996]
[4915708,"Limpeza de sarjeta e meio-fio","m",0.71]
[4915710,"Limpeza de vala de drenagem","m",4.2699999999999996]
[4915709,"Limpeza de valeta de corte","m",1.07]
[4915686,"Limpeza e desobstrução de dispositivos de drenagem em OAE","un",4.2699999999999996]
[4915687,"Limpeza e desobstrução de drenos de obras de contenção","un",2.67]
[4915634,"Limpeza e desobstrução mecanizada de bueiros com diâmetro acima de 1,00 até 1,50 m","m",62.39]
[4915633,"Limpeza e desobstrução mecanizada de bueiros com diâmetro de até 1,00 m","m",20.58]
[4915714,"Limpeza e enchimento com resina epóxi de fissuras niveladas com abertura máxima de 0,4 mm e profundidade de 20 mm em pavimento de concreto que não atravessam toda a espessura da placa","m",2.93]
[4915759,"Limpeza e remoção de vegetação junto aos aparelhos de apoio de OAE com o uso de herbicida","un",7.2]
[4915758,"Limpeza e remoção de vegetação nas juntas de dilatação com o uso de herbicida","m",4.29]
[4915640,"Limpeza e remoção manual de material retido em terra firme em OAE","m³",21.34]
[4915639,"Limpeza em superfície de concreto com escova de aço","m²",4.2699999999999996]
[4915695,"Limpeza, serragem e enchimento de fissuras niveladas com abertura entre 0,4 mm e 1,0 mm e profundidade de 25 mm em pavimento de concreto com CAP","m",7.03]
[4915696,"Limpeza, serragem e enchimento de fissuras niveladas com abertura entre 0,4 mm e 1,0 mm e profundidade de 25 mm em pavimento de concreto com CAP com polímero","m",7.03]
[4915694,"Limpeza, serragem e enchimento de fissuras niveladas com abertura entre 0,4 mm e 1,0 mm e profundidade de 25 mm em pavimento de concreto com selante elástico a frio","m",29.14]
[4915654,"Lixamento mecanizado em superfície de concreto","m²",11.78]
[4900001,"Material de base","m³",0]
[4915801,"Mistura betuminosa","m³",0]
[4916290,"Mistura betuminosa a frio executada em betoneira - faixa C - areia e brita comerciais","m³",375.86]
[4915765,"Poda de árvores com 5,0 m a 7,5 m de altura","m³",180.93]
[4915766,"Poda de árvores com 7,5 m a 10 m de altura","m³",106.2]
[4915764,"Poda de árvores com até 5 m de altura","m³",325.68]
[4915767,"Poda de árvores com mais de 10 m de altura","m³",69.790000000000006]
[4915777,"Reassentamento manual de meio-fio com material arrancado da pista","m",14.06]
[4915618,"Recomposição de camada granular do pavimento com material de jazida - 100% Proctor modificado","m²",4.18]
[4915774,"Recomposição de erosão em corte ou aterro com material de jazida","m³",23.77]
[4915719,"Recomposição de placa de sinalização","m²",34.4]
[4915611,"Recomposição de revestimento primário com material de jazida - 100% Proctor intermediário","m³",10.58]
[4915733,"Recomposição manual de aterro com material de jazida","m³",39.35]
[4915734,"Recomposição mecanizada de aterro com material de jazida","m³",12.06]
[4915727,"Recomposição parcial de cerca com mourão de concreto - arame","m",10.61]
[4915726,"Recomposição parcial de cerca com mourão de concreto seção quadrada - mourão - areia e brita comerciais","m",24.93]
[4915594,"Recomposição parcial de cerca com mourão de concreto seção quadrada - mourão - areia extraída e brita produzida","m",23.45]
[4915729,"Recomposição parcial de cerca com mourão de concreto seção triangular - mourão - areia e brita comerciais","m",19.18]
[4915596,"Recomposição parcial de cerca com mourão de concreto seção triangular - mourão - areia extraída e brita comercial","m",18.54]
[4915732,"Recomposição parcial de cerca com mourão de madeira - arame","m",8.15]
[4915731,"Recomposição parcial de cerca com mourão de madeira - mourão","m",19]
[4915725,"Recomposição total de cerca com mourão de concreto seção quadrada - areia e brita comerciais","m",29.98]
[4915593,"Recomposição total de cerca com mourão de concreto seção quadrada - areia extraída e brita produzida","m",28.5]
[4915728,"Recomposição total de cerca com mourão de concreto seção triangular - areia e brita comerciais","m",29.37]
[4915595,"Recomposição total de cerca com mourão de concreto seção triangular - areia extraída e brita produzida","m",28.73]
[4915730,"Recomposição total de cerca com mourão de madeira","m",26.33]
[4915598,"Reconformação da plataforma","m²",0.1]
[4915748,"Recuperação de desgaste superficial em pavimentos de concreto","m²",238.62]
[4915608,"Regularização de taludes e valas com soquete vibratório","m²",2.59]
[4915613,"Regularização mecânica da faixa de domínio","m²",0.17]
[4915692,"Remendo profundo com imprimação com asfalto diluído - demolição manual","m³",366.46]
[4915746,"Remendo profundo com imprimação com asfalto diluído - demolição mecânica e corte com serra","m³",286.20999999999998]
[4915630,"Remendo profundo com imprimação com emulsão asfáltica - demolição manual","m³",366.46]
[4915631,"Remendo profundo com imprimação com emulsão asfáltica - demolição mecânica e corte com serra","m³",286.20999999999998]
[4915785,"Remoção de animais de grande porte mortos em rodovia - carga e descarga com guindauto","t",377.7]
[4915786,"Remoção de animais de pequeno porte mortos em rodovia - carga manual","t",164.08]
[4915795,"Remoção de emborrachados de pneus em rodovia","t",350.48]
[4915800,"Remoção de espécimes arbóreos de 20 a 40 m tombados na pista","t",48.17]
[4915799,"Remoção de espécimes arbóreos de até 20 m tombados na pista","t",37.25]
[4915698,"Remoção de grãos, agregados e solos derramados na pista em rodovias","t",19.14]
[4915794,"Remoção de sucatas derramadas em rodovia - cinta com utilização de 100 vezes","t",578.32000000000005]
[4915789,"Remoção de veículos de grande porte incendiados em rodovia - carga e descarga com guindaste - cinta com utilização de 100 vezes","un",1888.78]
[4915798,"Remoção de veículos de grande porte tombados em rodovia - cinta com utilização de 100 vezes","un",1574.11]
[4915788,"Remoção de veículos de médio porte incendiados em rodovia - carga e descarga com guindaste - cinta com utilização de 100 vezes","un",1712.97]
[4915797,"Remoção de veículos de médio porte tombados em rodovia - cinta com utilização de 100 vezes","un",982.47]
[4915787,"Remoção de veículos de pequeno porte incendiados em rodovia - carga e descarga com guindauto - cinta com utilização de 100 vezes","un",860.26]
[4915796,"Remoção de veículos de pequeno porte tombados em rodovia - cinta com utilização de 100 vezes","un",338.84]
[4915760,"Remoção de vestígios de óleo ou graxa na superfície do revestimento do pavimento","m²",19.3]
[4915699,"Remoção de vidros, caixas e engradados derramados na pista em rodovia","t",29.64]
[4915736,"Remoção manual de barreira em rocha","m³",16.079999999999998]
[4915735,"Remoção manual de barreira em solo","m³",13.15]
[4915670,"Remoção manual de camada granular do pavimento","m³",190.29]
[4915668,"Remoção manual de revestimento asfáltico","m³",296.16000000000003]
[4915761,"Remoção manual de vegetação daninha","m²",4.2699999999999996]
[4915762,"Remoção manual de vegetação daninha em frestas","m",2.13]
[4915738,"Remoção mecanizada de barreira em rocha","m³",5.77]
[4915737,"Remoção mecanizada de barreira em solo","m³",4.83]
[4915669,"Remoção mecanizada de camada granular do pavimento","m³",7.62]
[4915667,"Remoção mecanizada de revestimento asfáltico","m³",12.17]
[4915632,"Reparo localizado com pintura de ligação - demolição mecânica e corte com serra","m³",419.58]
[4915753,"Reparo no interior de placa de pavimento de concreto","m³",1434.06]
[4915776,"Roçada com roçadeira costal","ha",777.84]
[4915740,"Roçada manual","ha",1825.74]
[4915741,"Roçada manual de capim colonião","ha",4381.78]
[4915775,"Roçada mecanizada com roçadeira articulada","ha",773.81]
[4915742,"Roçada mecanizada com roçadeira de arraste","ha",472.7]
[4915626,"Selagem de trincas mecanizada em pavimento flexível com emulsão - areia comercial","m",2.09]
[4915653,"Selagem superficial de fissuras com adesivo estrutural à base de resina epóxi de alta viscosidade, inclusive limpeza superficial - fornecimento e aplicação","kg",73.12]
[4915623,"Solo brita para base de remendo profundo - brita comercial","m³",72.209999999999994]
[4915625,"Solo melhorado com cimento para base de remendo profundo","m³",52.57]
[4915621,"Solo para base de remendo profundo","m³",4.6900000000000004]
[4915720,"Substituição de balizador - areia e brita comerciais","un",31.19]
[4915592,"Substituição de balizador - areia extraída e brita produzida","un",30.58]
[4913703,"Substituição de cartucho de absorção de energia tipo A - fornecimento e instalação, e reposicionamento do amortecedor retrátil","un",5584.54]
[4913704,"Substituição de cartucho de absorção de energia tipo B - fornecimento, instalação e reposicionamento do amortecedor retrátil","un",5464.56]
[4915757,"Tapa buraco com pintura de ligação - demolição com serra corta piso","m³",433.01]
[4915678,"Tapa buraco com pintura de ligação - demolição manual","m³",372.94]
[4919547,"Tela de proteção para roçada em tubo galvanizado 4,0 X 1,5 m - confecção","un",475.7]
[4915716,"Tratamento de fissuras do tipo rendilhado em pavimentos de concreto","m²",13.51]
[4915750,"Tratamento de fissuras transversais com abertura maior que 1,0 mm em pavimentos de concreto","m",214.15]
[4915769,"Trituração de galhos e troncos com diâmetro de até 350 mm","m³",32.58]
[5213836,"Balizador cônico refletivo em polietileno semiflexível de 114 x 11 x 40 cm - utilização de 150 ciclos - fornecimento, 01 implantação e 01 retirada diária","un.dia",1.26]
[5213368,"Balizador de concreto - areia e brita comerciais - fornecimento e implantação","un",19.78]
[5213367,"Balizador de concreto - areia extraída e brita produzida - fornecimento e implantação","un",18.66]
[5213385,"Barreira de sinalização tipo I de direcionamento ou bloqueio - confecção","un",405.88]
[5213343,"Barreira de sinalização tipo I de direcionamento ou bloqueio - utilização de 150 ciclos - fornecimento, 01 implantação e 01 retirada diária","un.dia",4.18]
[5213390,"Barreira de sinalização tipo I de direcionamento ou bloqueio contínua - confecção","m",349.53]
[5213344,"Barreira de sinalização tipo I de direcionamento ou bloqueio contínua - utilização de 150 ciclos - fornecimento, 01 implantação e 01 retirada diária","m.dia",3.65]
[5213386,"Barreira de sinalização tipo II de direcionamento ou bloqueio - confecção","un",657.93]
[5213345,"Barreira de sinalização tipo II de direcionamento ou bloqueio - utilização de 150 ciclos - fornecimento, 01 implantação e 01 retirada diária","un.dia",6.19]
[5213387,"Barreira de sinalização tipo III de direcionamento ou bloqueio - confecção","un",941.98]
[5213346,"Barreira de sinalização tipo III de direcionamento ou bloqueio - utilização de 150 ciclos - fornecimento, 01 implantação e 01 retirada diária","un.dia",8.68]
[5213843,"Barreira plástica articulável modular 240 x 100 cm na cor amarela - utilização de 600 ciclos - fornecimento, 01 implantação e 01 retirada diária","m.dia",1.02]
[5213833,"Barreira plástica monobloco para canalização de trânsito - 101 x 50 x 55 cm - utilização de 600 ciclos - fornecimento, 01 implantação e 01 retirada diária","un.dia",10.77]
[5213834,"Barreira plástica para canalização de trânsito - 60 x 45 x 60 cm - utilização de 600 ciclos - fornecimento, 01 implantação e 01 retirada diária","un.dia",7.06]
[5219544,"Cavalete em perfil metálico para placa de sinalização - 1,00 m x 1,00 m - confecção","un",228.38]
[5213383,"Cavalete em polietileno zebrado com faixa refletiva - H = 1,00 m - utilização de 600 ciclos - fornecimento, 01 implantação e 01 retirada diária","un.dia",0.82]
[5213380,"Cavalete em polietileno zebrado com faixa refletiva e com sinalizador a LED com bateria - H = 1,00 m - utilização de 600 ciclos - fornecimento, 01 implantação e 01 retirada diária","un.dia",1.9]
[5213838,"Cilindro canalizador de tráfego com base quadrada de 111 x 56 x 56 cm - utilização de 600 ciclos - fornecimento, 01 implantação e 01 retirada diária","un.dia",4.8]
[5213837,"Cilindro flexível delimitador de tráfego com duas faixas refletivas e chumbador - D = 20 cm e H = 80 cm","un",174.1]
[5213835,"Cone plástico para canalização de trânsito - utilização de 150 ciclos - fornecimento, 01 implantação e 01 retirada diária","un.dia",0.77]
[5213839,"Dispositivo de direcionamento ou bloqueio tipo tapume - confecção","m²",356.83]
[5213347,"Dispositivo de direcionamento ou bloqueio tipo tapume - utilização de 150 ciclos - fornecimento, 01 implantação e 01 retirada diária","m².dia",7.48]
[5213840,"Dispositivo de direcionamento ou bloqueio tipo tela plástica com suporte fixo - confecção","m²",50.64]
[5213349,"Dispositivo de direcionamento ou bloqueio tipo tela plástica com suporte fixo - utilização de 150 ciclos - fornecimento, 01 implantação e 01 retirada diária","m².dia",0.76]
[5213841,"Dispositivo de direcionamento ou bloqueio tipo tela plástica com suporte móvel afixado em bloco de concreto - confecção","m²",81.61]
[5213348,"Dispositivo de direcionamento ou bloqueio tipo tela plástica com suporte móvel afixado em bloco de concreto - utilização de 150 ciclos - fornecimento, 01 implantação e 01 retirada diária","m².dia",0.88]
[5216116,"Fabricação de balizador de concreto - seção circular de 10 cm - areia e brita comerciais","un",16.920000000000002]
[5216115,"Fabricação de balizador de concreto - seção circular de 10 cm - areia extraída e brita produzida","un",16.309999999999999]
[5213842,"Fita zebrada para dispositivos de canalização de trânsito - fornecimento, implantação e retirada","m",0.12]
[5213358,"Laminado elastoplástico para sinalização horizontal - espessura de 1,5 mm - fornecimento e implantação","m²",210.37]
[5213848,"Luz de advertência e bateria para dispositivos de sinalização - utilização de 200 ciclos - fornecimento, 01 implantação e 01 retirada diária","un.dia",1.08]
[5214012,"Manutenção/recomposição de sinalização - pintura de faixa com tinta acrílica - espessura de 0,4 mm","m²",20.95]
[5213356,"Manutenção/recomposição de sinalização - pintura de faixa com tinta acrílica - espessura de 0,6 mm","m²",28.79]
[5214011,"Manutenção/recomposição de sinalização - pintura de faixa com tinta acrílica emulsionada em água - espessura de 0,3 mm","m²",13.33]
[5213354,"Manutenção/recomposição de sinalização - pintura de faixa com tinta acrílica emulsionada em água - espessura de 0,4 mm","m²",15.94]
[5213355,"Manutenção/recomposição de sinalização - pintura de faixa com tinta acrílica emulsionada em água - espessura de 0,5 mm","m²",18.59]
[5213850,"Operação de sinalização por bandeirola de tecido ou com placa metálica","h",21.34]
[5213846,"Painel com seta luminosa montado em chassi de caminhão com prancha","h",5.59]
[5213847,"Painel com seta luminosa montado em chassi de caminhão com prancha e amortecedor retrátil","h",99.83]
[5213845,"Painel de mensagens variáveis, portátil móvel, LED, com banco fotovoltaico de energia e montado em chassi com engate","h",27.96]
[5213412,"Pintura de faixa com plástico a frio bicomponente à base de resinas metacrílicas por dispersão (estrutura)","m²",122.83]
[5213411,"Pintura de faixa com plástico a frio bicomponente à base de resinas metacrílicas por extrusão (alto relevo)","m²",218.01]
[5214009,"Pintura de faixa com plástico a frio bicomponente à base de resinas metacrílicas por extrusão (plano) - espessura de 1,5 mm","m²",122.83]
[5214010,"Pintura de faixa com plástico a frio bicomponente à base de resinas metacrílicas por extrusão (plano) - espessura de 3,0 mm","m²",226.29]
[5213413,"Pintura de faixa com plástico a frio tricomponente à base de resinas metacrílicas por aspersão - espessura de 0,6 mm","m²",70.19]
[5213410,"Pintura de faixa com termoplástico em alto relevo tipo I por extrusão - relevo duplo com base","m²",142.5]
[5214004,"Pintura de faixa com termoplástico em alto relevo tipo II por extrusão - relevo simples ranhurado com base","m²",171.63]
[5214005,"Pintura de faixa com termoplástico em alto relevo tipo III por extrusão - relevo simples com base","m²",153.69]
[5214006,"Pintura de faixa com termoplástico em alto relevo tipo IV por extrusão - relevo simples sem base","m²",98.03]
[5214007,"Pintura de faixa com termoplástico em alto relevo tipo V por extrusão - relevo multipontos sem base (gotas)","m²",83.46]
[5214008,"Pintura de faixa com termoplástico em alto relevo tipo VI por extrusão - relevo multipontos sem base (calotas)","m²",81.900000000000006]
[5213408,"Pintura de faixa com termoplástico por aspersão - espessura de 1,5 mm","m²",48.47]
[5213400,"Pintura de faixa com tinta acrílica - espessura de 0,4 mm","m²",21.22]
[5213401,"Pintura de faixa com tinta acrílica - espessura de 0,6 mm","m²",29.1]
[5214001,"Pintura de faixa com tinta acrílica emulsionada em água - espessura de 0,3 mm","m²",13.58]
[5213402,"Pintura de faixa com tinta acrílica emulsionada em água - espessura de 0,4 mm","m²",16.21]
[5213403,"Pintura de faixa com tinta acrílica emulsionada em água - espessura de 0,5 mm","m²",18.87]
[5214003,"Pintura de setas e zebrados com termoplástico por aspersão - espessura de 1,5 mm","m²",58.83]
[5213409,"Pintura de setas e zebrados com termoplástico por extrusão - espessura de 3,0 mm","m²",99.88]
[5213404,"Pintura de setas e zebrados com tinta acrílica - espessura de 0,4 mm","m²",35.229999999999997]
[5213405,"Pintura de setas e zebrados com tinta acrílica - espessura de 0,6 mm","m²",42.58]
[5214002,"Pintura de setas e zebrados com tinta acrílica emulsionada em água - espessura de 0,3 mm","m²",27.8]
[5213406,"Pintura de setas e zebrados com tinta acrílica emulsionada em água - espessura de 0,4 mm","m²",30.22]
[5213407,"Pintura de setas e zebrados com tinta acrílica emulsionada em água - espessura de 0,5 mm","m²",32.65]
[5212552,"Pintura eletrostática a pó com tinta poliéster em chapa de aço","m²",18.149999999999999]
[5213464,"Placa de advertência em aço, lado de 0,60 m - película retrorrefletiva tipo I + SI - fornecimento e implantação","un",282.23]
[5213465,"Placa de advertência em aço, lado de 0,80 m - película retrorrefletiva tipo I + SI - fornecimento e implantação","un",488.51]
[5213466,"Placa de advertência em aço, lado de 1,00 m - película retrorrefletiva tipo I + SI - fornecimento e implantação","un",687.52]
[5213467,"Placa de advertência em aço, lado de 1,20 m - película retrorrefletiva tipo III + SI - fornecimento e implantação","un",1071.6300000000001]
[5213468,"Placa de advertência em fibra, lado de 0,60 m - película retrorrefletiva tipo I + SI - fornecimento e implantação","un",268.39]
[5213469,"Placa de advertência em fibra, lado de 0,80 m - película retrorrefletiva tipo I + SI - fornecimento e implantação","un",462.15]
[5213470,"Placa de advertência em fibra, lado de 1,00 m - película retrorrefletiva tipo I + SI - fornecimento e implantação","un",649.08000000000004]
[5213471,"Placa de advertência em fibra, lado de 1,20 m - película retrorrefletiva tipo III + SI - fornecimento e implantação","un",1016.28]
[5212560,"Placa de advertência para sinalização de obras montada em suporte metálico móvel, lado 1,00 m - utilização de 600 ciclos - fornecimento, 01 implantação e 01 retirada diária","un.dia",3.92]
[5213472,"Placa de marco quilométrico em aço - 0,60 x 0,865 m - película retrorrefletiva tipo I + I - fornecimento e implantação","un",309.95999999999998]
[5213473,"Placa de marco quilométrico em aço - 0,70 x 1,00 m - película retrorrefletiva tipo I + III - fornecimento e implantação","un",402.91]
[5213474,"Placa de marco quilométrico em fibra - 0,60 x 0,865 m - película retrorrefletiva tipo I + I - fornecimento e implantação","un",286.91000000000003]
[5213475,"Placa de marco quilométrico em fibra - 0,70 x 1,00 m - película retrorrefletiva tipo I + III - fornecimento e implantação","un",374.09]
[5213440,"Placa de regulamentação em aço D = 0,60 m - película retrorrefletiva tipo I + SI - fornecimento e implantação","un",282.19]
[5213441,"Placa de regulamentação em aço D = 0,80 m - película retrorrefletiva tipo I + SI - fornecimento e implantação","un",488.55]
[5213442,"Placa de regulamentação em aço D = 1,00 m - película retrorrefletiva tipo I + SI - fornecimento e implantação","un",687.52]
[5213443,"Placa de regulamentação em aço D = 1,20 m - película retrorrefletiva tipo III + SI - fornecimento e implantação","un",1071.6500000000001]
[5213444,"Placa de regulamentação em aço, R1 lado 0,248 m - película retrorrefletiva tipo I + SI - fornecimento e implantação","un",282.25]
[5213445,"Placa de regulamentação em aço, R1 lado 0,331 m - película retrorrefletiva tipo I + SI - fornecimento e implantação","un",488.47]
[5213446,"Placa de regulamentação em aço, R1 lado 0,414 m - película retrorrefletiva tipo I + SI - fornecimento e implantação","un",687.52]
[5213447,"Placa de regulamentação em aço, R1 lado 0,497 m - película retrorrefletiva tipo III + SI - fornecimento e implantação","un",1071.71]
[5213448,"Placa de regulamentação em aço, R2 lado 0,60 m - película retrorrefletiva tipo I + SI - fornecimento e implantação","un",192.42]
[5213449,"Placa de regulamentação em aço, R2 lado 0,80 m - película retrorrefletiva tipo I + SI - fornecimento e implantação","un",307.54000000000002]
[5213450,"Placa de regulamentação em aço, R2 lado 1,00 m - película retrorrefletiva tipo I + SI - fornecimento e implantação","un",434.19]
[5213451,"Placa de regulamentação em aço, R2 lado 1,20 m - película retrorrefletiva tipo III + SI - fornecimento e implantação","un",619.44000000000005]
[5213452,"Placa de regulamentação em fibra, D = 0,60 m - película retrorrefletiva tipo I + SI - fornecimento e implantação","un",268.35000000000002]
[5213453,"Placa de regulamentação em fibra, D = 0,80 m - película retrorrefletiva tipo I + SI - fornecimento e implantação","un",462.19]
[5213454,"Placa de regulamentação em fibra, D = 1,00 m - película retrorrefletiva tipo I + SI - fornecimento e implantação","un",649.08000000000004]
[5213455,"Placa de regulamentação em fibra, D = 1,20 m - película retrorrefletiva tipo III + SI - fornecimento e implantação","un",1016.3]
[5213456,"Placa de regulamentação em fibra, R1 lado 0,248 m - película retrorrefletiva tipo I + SI - fornecimento e implantação","un",268.41000000000003]
[5213457,"Placa de regulamentação em fibra, R1 lado 0,331 m - película retrorrefletiva tipo I + SI - fornecimento e implantação","un",462.11]
[5213458,"Placa de regulamentação em fibra, R1 lado 0,414 m - película retrorrefletiva tipo I + SI - fornecimento e implantação","un",649.08000000000004]
[5213459,"Placa de regulamentação em fibra, R1 lado 0,497 m - película retrorrefletiva tipo III + SI - fornecimento e implantação","un",1016.35]
[5213460,"Placa de regulamentação em fibra, R2 lado 0,60 m - película retrorrefletiva tipo I + SI - fornecimento e implantação","un",184.03]
[5213461,"Placa de regulamentação em fibra, R2 lado 0,80 m - película retrorrefletiva tipo I + SI - fornecimento e implantação","un",292.16000000000003]
[5213462,"Placa de regulamentação em fibra, R2 lado 1,00 m - película retrorrefletiva tipo I + SI - fornecimento e implantação","un",411.13]
[5213463,"Placa de regulamentação em fibra, R2 lado 1,20 m - película retrorrefletiva tipo I + SI - fornecimento e implantação","un",530.1]
[5212557,"Placa de regulamentação para sinalização de obras montada em suporte metálico móvel - D = 1,00 m - utilização de 600 ciclos - fornecimento, 01 implantação e 01 retirada diária","un.dia",3.68]
[5212558,"Placa de regulamentação para sinalização de obras montada em suporte metálico móvel, R1 lado 0,414 m - utilização de 600 ciclos - fornecimento, 01 implantação e 01 retirada diária","un.dia",3.73]
[5212559,"Placa de regulamentação para sinalização de obras montada em suporte metálico móvel, R2 lado 1,00 m - utilização de 600 ciclos - fornecimento, 01 implantação e 01 retirada diária","un.dia",3.29]
[5213477,"Placa delineador em aço - 0,30 x 0,90 m - película retrorrefletiva tipo I + IV - fornecimento e implantação","un",167.41]
[5213476,"Placa delineador em aço - 0,50 x 0,60 m - película retrorrefletiva tipo I + IV - fornecimento e implantação","un",179.98]
[5213479,"Placa delineador em fibra - 0,30 x 0,90 m - película retrorrefletiva tipo I + IV - fornecimento e implantação","un",157.03]
[5213478,"Placa delineador em fibra - 0,50 x 0,60 m - película retrorrefletiva tipo I + IV - fornecimento e implantação","un",168.45]
[5213489,"Placa em aço - 2,00 x 1,00 m - película retrorrefletiva tipo I + I - fornecimento e implantação","un",933.77]
[5213498,"Placa em aço - 2,00 x 1,00 m - película retrorrefletiva tipo I + III - fornecimento e implantação","un",1011.11]
[5213365,"Placa em aço - 2,00 x 1,00 m - película retrorrefletiva tipo I + X - fornecimento e implantação","un",1176.6300000000001]
[5213507,"Placa em aço - 2,00 x 1,00 m - película retrorrefletiva tipo III + III - fornecimento e implantação","un",1204.47]
[5213372,"Placa em aço - 2,00 x 1,00 m - película retrorrefletiva tipo III + X - fornecimento e implantação","un",1369.99]
[5213490,"Placa em aço - 3,00 x 1,50 m - película retrorrefletiva tipo I + I - fornecimento e implantação","un",1999.27]
[5213499,"Placa em aço - 3,00 x 1,50 m - película retrorrefletiva tipo I + III - fornecimento e implantação","un",2173.2800000000002]
[5213366,"Placa em aço - 3,00 x 1,50 m - película retrorrefletiva tipo I + X - fornecimento e implantação","un",2545.6999999999998]
[5213508,"Placa em aço - 3,00 x 1,50 m - película retrorrefletiva tipo III + III - fornecimento e implantação","un",2608.34]
[5213373,"Placa em aço - 3,00 x 1,50 m - película retrorrefletiva tipo III + X - fornecimento e implantação","un",2980.76]
[5213491,"Placa em aço - 3,00 x 2,00 m - película retrorrefletiva tipo I + I - fornecimento e implantação","un",2638.57]
[5213500,"Placa em aço - 3,00 x 2,00 m - película retrorrefletiva tipo I + III - fornecimento e implantação","un",2870.59]
[5213369,"Placa em aço - 3,00 x 2,00 m - película retrorrefletiva tipo I + X - fornecimento e implantação","un",3367.15]
[5213509,"Placa em aço - 3,00 x 2,00 m - película retrorrefletiva tipo III + III - fornecimento e implantação","un",3450.67]
[5213374,"Placa em aço - 3,00 x 2,00 m - película retrorrefletiva tipo III + X - fornecimento e implantação","un",3947.23]
[5213492,"Placa em aço - 4,00 x 2,00 m - película retrorrefletiva tipo I + I - fornecimento e implantação","un",3572.33]
[5213501,"Placa em aço - 4,00 x 2,00 m - película retrorrefletiva tipo I + III - fornecimento e implantação","un",3881.69]
[5213370,"Placa em aço - 4,00 x 2,00 m - película retrorrefletiva tipo I + X - fornecimento e implantação","un",4543.7700000000004]
[5213510,"Placa em aço - 4,00 x 2,00 m - película retrorrefletiva tipo III + III - fornecimento e implantação","un",4655.13]
[5213375,"Placa em aço - 4,00 x 2,00 m - película retrorrefletiva tipo III + X - fornecimento e implantação","un",5317.21]
[5213494,"Placa em aço - 4,00 x 3,00 m - película retrorrefletiva tipo I + I - fornecimento e implantação","un",5277.13]
[5213503,"Placa em aço - 4,00 x 3,00 m - película retrorrefletiva tipo I + III - fornecimento e implantação","un",5741.17]
[5213371,"Placa em aço - 4,00 x 3,00 m - película retrorrefletiva tipo I + X - fornecimento e implantação","un",6734.29]
[5213512,"Placa em aço - 4,00 x 3,00 m - película retrorrefletiva tipo III + III - fornecimento e implantação","un",6901.33]
[5213376,"Placa em aço - 4,00 x 3,00 m - película retrorrefletiva tipo III + X - fornecimento e implantação","un",7894.45]
[5213377,"Placa em aço - película I + I - chapa recuperada - fornecimento e implantação","m²",325.07]
[5213570,"Placa em aço - película I + I - fornecimento e implantação","m²",480.44]
[5213378,"Placa em aço - película I + III - chapa recuperada - fornecimento e implantação","m²",363.74]
[5213571,"Placa em aço - película I + III - fornecimento e implantação","m²",519.11]
[5213379,"Placa em aço - película III + III - chapa recuperada - fornecimento e implantação","m²",460.41]
[5213572,"Placa em aço - película III + III - fornecimento e implantação","m²",615.79]
[5212553,"Placa em aço nº 16 galvanizado com película retrorrefletiva tipo I + I - chapa recuperada - confecção","m²",270.83]
[5213416,"Placa em aço nº 16 galvanizado com película retrorrefletiva tipo I + I - confecção","m²",426.2]
[5212554,"Placa em aço nº 16 galvanizado com película retrorrefletiva tipo I + III - chapa recuperada - confecção","m²",309.5]
[5213417,"Placa em aço nº 16 galvanizado com película retrorrefletiva tipo I + III - confecção","m²",464.87]
[5213421,"Placa em aço nº 16 galvanizado com película retrorrefletiva tipo I + IV - confecção","m²",419.13]
[5213414,"Placa em aço nº 16 galvanizado com película retrorrefletiva tipo I + SI - confecção","m²",633.28]
[5213419,"Placa em aço nº 16 galvanizado com película retrorrefletiva tipo I + X - confecção","m²",547.63]
[5212555,"Placa em aço nº 16 galvanizado com película retrorrefletiva tipo III + III - chapa recuperada - confecção","m²",406.17]
[5213418,"Placa em aço nº 16 galvanizado com película retrorrefletiva tipo III + III - confecção","m²",561.54999999999995]
[5213415,"Placa em aço nº 16 galvanizado com película retrorrefletiva tipo III + SI - confecção","m²",706.52]
[5213420,"Placa em aço nº 16 galvanizado com película retrorrefletiva tipo III + X - confecção","m²",644.30999999999995]
[5213543,"Placa em aço, modulada - 2,00 x 1,00 m - película retrorrefletiva tipo I + I - fornecimento e implantação","un",1160.05]
[5213552,"Placa em aço, modulada - 2,00 x 1,00 m - película retrorrefletiva tipo I + III - fornecimento e implantação","un",1237.3900000000001]
[5213561,"Placa em aço, modulada - 2,00 x 1,00 m - película retrorrefletiva tipo III + III - fornecimento e implantação","un",1430.75]
[5213544,"Placa em aço, modulada - 3,00 x 1,50 m - película retrorrefletiva tipo I + I - fornecimento e implantação","un",2508.4]
[5213553,"Placa em aço, modulada - 3,00 x 1,50 m - película retrorrefletiva tipo I + III - fornecimento e implantação","un",2682.41]
[5213562,"Placa em aço, modulada - 3,00 x 1,50 m - película retrorrefletiva tipo III + III - fornecimento e implantação","un",3117.47]
[5213545,"Placa em aço, modulada - 3,00 x 2,00 m - película retrorrefletiva tipo I + I - fornecimento e implantação","un",3317.41]
[5213554,"Placa em aço, modulada - 3,00 x 2,00 m - película retrorrefletiva tipo I + III - fornecimento e implantação","un",3549.43]
[5213563,"Placa em aço, modulada - 3,00 x 2,00 m - película retrorrefletiva tipo III + III - fornecimento e implantação","un",4129.51]
[5213546,"Placa em aço, modulada - 4,00 x 2,00 m - película retrorrefletiva tipo I + I - fornecimento e implantação","un",4477.45]
[5213555,"Placa em aço, modulada - 4,00 x 2,00 m - película retrorrefletiva tipo I + III - fornecimento e implantação","un",4786.8100000000004]
[5213564,"Placa em aço, modulada - 4,00 x 2,00 m - película retrorrefletiva tipo III + III - fornecimento e implantação","un",5560.25]
[5213548,"Placa em aço, modulada - 4,00 x 3,00 m - película retrorrefletiva tipo I + I - fornecimento e implantação","un",6634.81]
[5213557,"Placa em aço, modulada - 4,00 x 3,00 m - película retrorrefletiva tipo I + III - fornecimento e implantação","un",7098.85]
[5213566,"Placa em aço, modulada - 4,00 x 3,00 m - película retrorrefletiva tipo III + III - fornecimento e implantação","un",8259.01]
[5213576,"Placa em aço, modulada - acima de 2 m² - película I + I - fornecimento e implantação","m²",593.58000000000004]
[5213577,"Placa em aço, modulada - acima de 2 m² - película I + III - fornecimento e implantação","m²",632.25]
[5213578,"Placa em aço, modulada - acima de 2 m² - película III + III - fornecimento e implantação","m²",728.93]
[5213425,"Placa em alumínio composto de 3 mm, modulada, aérea, com película retrorrefletiva tipo I + III - confecção","m²",615.20000000000005]
[5213426,"Placa em alumínio composto de 3 mm, modulada, aérea, com película retrorrefletiva tipo III + III - confecção","m²",711.87]
[5213427,"Placa em alumínio composto de 3 mm, modulada, aérea, com película retrorrefletiva tipo III + X - confecção","m²",794.63]
[5213567,"Placa em alumínio composto de 3 mm, modulada, aérea, com película retrorrefletiva tipo X + SI - confecção","m²",966.93]
[5213486,"Placa em alumínio composto, espessura de 3,0 mm, modulada, aérea - película retrorrefletiva tipo I + III - fornecimento e implantação","m²",940.78]
[5213487,"Placa em alumínio composto, espessura de 3,0 mm, modulada, aérea - película retrorrefletiva tipo III + III - fornecimento e implantação","m²",1037.45]
[5213488,"Placa em alumínio composto, espessura de 3,0 mm, modulada, aérea - película retrorrefletiva tipo III + X - fornecimento e implantação","m²",1120.21]
[5213568,"Placa em alumínio composto, espessura de 3,0 mm, modulada, aérea - película retrorrefletiva tipo X + SI - fornecimento e implantação","m²",1292.51]
[5213483,"Placa em alumínio, espessura de 1,5 mm, modulada, aérea - película retrorrefletiva tipo I + III - fornecimento e implantação","m²",942.91]
[5213484,"Placa em alumínio, espessura de 1,5 mm, modulada, aérea - película retrorrefletiva tipo III + III - fornecimento e implantação","m²",1039.5899999999999]
[5213485,"Placa em alumínio, espessura de 1,5 mm, modulada, aérea - película retrorrefletiva tipo III + X - fornecimento e implantação","m²",1122.3399999999999]
[5213434,"Placa em alumínio, espessura de 1,5 mm, modulada, aérea, com película retrorrefletiva tipo I + III - confecção","m²",617.33000000000004]
[5213435,"Placa em alumínio, espessura de 1,5 mm, modulada, aérea, com película retrorrefletiva tipo III + III - confecção","m²",714.01]
[5213436,"Placa em alumínio, espessura de 1,5 mm, modulada, aérea, com película retrorrefletiva tipo III + X - confecção","m²",796.76]
[5213430,"Placa em chapa de poliéster reforçada com fibra de vidro com película retrorrefletiva tipo I + I - confecção","m²",387.77]
[5213431,"Placa em chapa de poliéster reforçada com fibra de vidro com película retrorrefletiva tipo I + III - confecção","m²",426.44]
[5213433,"Placa em chapa de poliéster reforçada com fibra de vidro com película retrorrefletiva tipo I + IV - confecção","m²",380.7]
[5213428,"Placa em chapa de poliéster reforçada com fibra de vidro com película retrorrefletiva tipo I + SI - confecção","m²",594.84]
[5213432,"Placa em chapa de poliéster reforçada com fibra de vidro com película retrorrefletiva tipo III + III - confecção","m²",523.12]
[5213429,"Placa em chapa de poliéster reforçada com fibra de vidro com película retrorrefletiva tipo III + SI - confecção","m²",668.08]
[5213516,"Placa em fibra - 2,00 x 1,00 m - película retrorrefletiva tipo I + I - fornecimento e implantação","un",856.91]
[5213525,"Placa em fibra - 2,00 x 1,00 m - película retrorrefletiva tipo I + III - fornecimento e implantação","un",934.25]
[5213534,"Placa em fibra - 2,00 x 1,00 m - película retrorrefletiva tipo III + III - fornecimento e implantação","un",1127.6099999999999]
[5213517,"Placa em fibra - 3,00 x 1,50 m - película retrorrefletiva tipo I + I - fornecimento e implantação","un",1826.33]
[5213526,"Placa em fibra - 3,00 x 1,50 m - película retrorrefletiva tipo I + III - fornecimento e implantação","un",2000.35]
[5213535,"Placa em fibra - 3,00 x 1,50 m - película retrorrefletiva tipo III + III - fornecimento e implantação","un",2435.41]
[5213518,"Placa em fibra - 3,00 x 2,00 m - película retrorrefletiva tipo I + I - fornecimento e implantação","un",2407.9899999999998]
[5213527,"Placa em fibra - 3,00 x 2,00 m - película retrorrefletiva tipo I + III - fornecimento e implantação","un",2640.01]
[5213536,"Placa em fibra - 3,00 x 2,00 m - película retrorrefletiva tipo III + III - fornecimento e implantação","un",3220.09]
[5213519,"Placa em fibra - 4,00 x 2,00 m - película retrorrefletiva tipo I + I - fornecimento e implantação","un",3264.89]
[5213528,"Placa em fibra - 4,00 x 2,00 m - película retrorrefletiva tipo I + III - fornecimento e implantação","un",3574.25]
[5213537,"Placa em fibra - 4,00 x 2,00 m - película retrorrefletiva tipo III + III - fornecimento e implantação","un",4347.6899999999996]
[5213521,"Placa em fibra - 4,00 x 3,00 m - película retrorrefletiva tipo I + I - fornecimento e implantação","un",4815.97]
[5213530,"Placa em fibra - 4,00 x 3,00 m - película retrorrefletiva tipo I + III - fornecimento e implantação","un",5280.01]
[5213539,"Placa em fibra - 4,00 x 3,00 m - película retrorrefletiva tipo III + III - fornecimento e implantação","un",6440.17]
[5213573,"Placa em fibra - película I + I - fornecimento e implantação","m²",442.01]
[5213574,"Placa em fibra - película I + III - fornecimento e implantação","m²",480.68]
[5213575,"Placa em fibra - película III + III - fornecimento e implantação","m²",577.36]
[5213480,"Placa em fibra, modulada, aérea - película retrorrefletiva tipo I + III - fornecimento e implantação","m²",862.51]
[5213481,"Placa em fibra, modulada, aérea - película retrorrefletiva tipo III + III - fornecimento e implantação","m²",959.19]
[5213482,"Placa em fibra, modulada, aérea - película retrorrefletiva tipo III + X - fornecimento e implantação","m²",1041.94]
[5213422,"Placa modulada em aço nº 18 galvanizado com película retrorrefletiva tipo I + I - confecção","m²",539.34]
[5213423,"Placa modulada em aço nº 18 galvanizado com película retrorrefletiva tipo I + III - confecção","m²",578.01]
[5213424,"Placa modulada em aço nº 18 galvanizado com película retrorrefletiva tipo III + III - confecção","m²",674.69]
[5213437,"Placa modulada em chapa de poliéster reforçada com fibra de vidro, aérea, com película retrorrefletiva tipo I + III - confecção","m²",536.92999999999995]
[5213438,"Placa modulada em chapa de poliéster reforçada com fibra de vidro, aérea, com película retrorrefletiva tipo III + III - confecção","m²",633.61]
[5213439,"Placa modulada em chapa de poliéster reforçada com fibra de vidro, aérea, com película retrorrefletiva tipo III + X - confecção","m²",716.36]
[5212556,"Placa para sinalização de obras montada em cavalete metálico - 1,00 x 1,00 m - utilização de 600 ciclos - fornecimento, 01 implantação e 01 retirada diária","un.dia",1.96]
[5213649,"Pórtico metálico com vão de 15,9 m, vento de 35 m/s e área de exposição de até 23,85 m² - fornecimento e implantação - areia e brita comerciais","un",103124.31]
[5213591,"Pórtico metálico com vão de 15,9 m, vento de 35 m/s e área de exposição de até 23,85 m² - fornecimento e implantação - areia extraída e brita produzida","un",103124.31]
[5213718,"Pórtico metálico com vão de 15,9 m, vento de 40 m/s e área de exposição de até 23,85 m² - fornecimento e implantação - areia e brita comerciais","un",113929.23]
[5213741,"Pórtico metálico com vão de 15,9 m, vento de 40 m/s e área de exposição de até 23,85 m² - fornecimento e implantação - areia extraída e brita produzida","un",113929.23]
[5213776,"Pórtico metálico com vão de 15,9 m, vento de 45 m/s e área de exposição de até 23,85 m² - fornecimento e implantação - areia e brita comerciais","un",114615.28]
[5213799,"Pórtico metálico com vão de 15,9 m, vento de 45 m/s e área de exposição de até 23,85 m² - fornecimento e implantação - areia extraída e brita produzida","un",114615.28]
[5213363,"Recuperação de chapa em aço para placa de sinalização","m²",34.86]
[5213667,"Remoção da estrutura de pórtico metálico","un",330.26]
[5213683,"Remoção da estrutura de semipórtico duplo metálico","un",234.89]
[5213660,"Remoção da estrutura de semipórtico metálico","un",195.74]
[5213364,"Remoção de placa de sinalização","m²",20.69]
[5213832,"Remoção de sinalização horizontal com maçarico","m²",3.93]
[5213830,"Remoção de sinalização horizontal por fresagem","m²",4.92]
[5213831,"Remoção de sinalização horizontal tipo pintura acrílica por jateamento abrasivo úmido com vidro - utilização de 3 vezes","m²",64.540000000000006]
[5213849,"Semáforo móvel com 3 lentes D = 200 mm","h",3.42]
[5213636,"Semipórtico duplo metálico com vão de 2 x 8,3 m, vento de 35 m/s e área de exposição de até 2 x 12,45 m² - fornecimento e implantação - areia e brita comerciais","un",100543.82]
[5213642,"Semipórtico duplo metálico com vão de 2 x 8,3 m, vento de 35 m/s e área de exposição de até 2 x 12,45 m² - fornecimento e implantação - areia extraída e brita produzida","un",100543.82]
[5213757,"Semipórtico duplo metálico com vão de 2 x 8,3 m, vento de 40 m/s e área de exposição de até 2 x 12,45 m² - fornecimento e implantação - areia e brita comerciais","un",111380.23]
[5213763,"Semipórtico duplo metálico com vão de 2 x 8,3 m, vento de 40 m/s e área de exposição de até 2 x 12,45 m² - fornecimento e implantação - areia extraída e brita produzida","un",111380.23]
[5213815,"Semipórtico duplo metálico com vão de 2 x 8,3 m, vento de 45 m/s e área de exposição de até 2 x 12,45 m² - fornecimento e implantação - areia e brita comerciais","un",122216.64]
[5213821,"Semipórtico duplo metálico com vão de 2 x 8,3 m, vento de 45 m/s e área de exposição de até 2 x 12,45 m² - fornecimento e implantação - areia extraída e brita produzida","un",122216.64]
[5213630,"Semipórtico metálico com vão de 8,3 m, vento de 35 m/s e área de exposição de até 12,45 m² - fornecimento e implantação - areia e brita comerciais","un",62862.16]
[5213584,"Semipórtico metálico com vão de 8,3 m, vento de 35 m/s e área de exposição de até 12,45 m² - fornecimento e implantação - areia extraída e brita produzida","un",62862.16]
[5213711,"Semipórtico metálico com vão de 8,3 m, vento de 40 m/s e área de exposição de até 12,45 m² - fornecimento e implantação - areia e brita comerciais","un",67179.429999999993]
[5213734,"Semipórtico metálico com vão de 8,3 m, vento de 40 m/s e área de exposição de até 12,45 m² - fornecimento e implantação - areia extraída e brita produzida","un",67179.429999999993]
[5213769,"Semipórtico metálico com vão de 8,3 m, vento de 45 m/s e área de exposição de até 12,45 m² - fornecimento e implantação - areia e brita comerciais","un",73548.960000000006]
[5213792,"Semipórtico metálico com vão de 8,3 m, vento de 45 m/s e área de exposição de até 12,45 m² - fornecimento e implantação - areia extraída e brita produzida","un",73548.960000000006]
[5213844,"Sinalizador direcional móvel, LED, com banco fotovoltaico de energia e montado em chassi com engate","h",3.66]
[5213869,"Suporte duplo metálico galvanizado para placas - 3,00 x 1,50 m - fornecimento e implantação","un",2454.65]
[5213870,"Suporte duplo metálico galvanizado para placas - 3,00 x 2,00 m - fornecimento e implantação","un",3364.42]
[5213871,"Suporte duplo metálico galvanizado para placas - 4,00 x 2,00 m - fornecimento e implantação","un",3443.46]
[5213872,"Suporte duplo metálico galvanizado para placas - 4,00 x 3,00 m - fornecimento e implantação","un",5436.13]
[5213867,"Suporte metálico galvanizado para marco quilométrico - fornecimento e implantação","un",576.21]
[5213863,"Suporte metálico galvanizado para placa de advertência ou regulamentação - lado ou diâmetro de 0,60 m - fornecimento e implantação","un",460.16]
[5213864,"Suporte metálico galvanizado para placa de advertência ou regulamentação - lado ou diâmetro de 0,80 m - fornecimento e implantação","un",489.88]
[5213865,"Suporte metálico galvanizado para placa de advertência ou regulamentação - lado ou diâmetro de 1,00 m - fornecimento e implantação","un",519.79999999999995]
[5213866,"Suporte metálico galvanizado para placa de advertência ou regulamentação - lado ou diâmetro de 1,20 m - fornecimento e implantação","un",588.22]
[5213855,"Suporte metálico galvanizado para placa de regulamentação - R1 - lado de 0,248 m - fornecimento e implantação","un",413.82]
[5213856,"Suporte metálico galvanizado para placa de regulamentação - R1 - lado de 0,331 m - fornecimento e implantação","un",429.13]
[5213857,"Suporte metálico galvanizado para placa de regulamentação - R1 - lado de 0,414 m - fornecimento e implantação","un",443.83]
[5213858,"Suporte metálico galvanizado para placa de regulamentação - R1 - lado de 0,497 m - fornecimento e implantação","un",459.34]
[5213859,"Suporte metálico galvanizado para placa de regulamentação - R2 - lado de 0,60 m - fornecimento e implantação","un",455.13]
[5213860,"Suporte metálico galvanizado para placa de regulamentação - R2 - lado de 0,80 m - fornecimento e implantação","un",470.39]
[5213861,"Suporte metálico galvanizado para placa de regulamentação - R2 - lado de 1,00 m - fornecimento e implantação","un",499.03]
[5213862,"Suporte metálico galvanizado para placa de regulamentação - R2 - lado de 1,20 m - fornecimento e implantação","un",567.1]
[5213868,"Suporte metálico galvanizado para placas - 2,00 x 1,00 m - fornecimento e implantação","un",1134.01]
[5219546,"Suporte metálico móvel para placa de sinalização - confecção","un",345.87]
[5216111,"Suporte para placa de sinalização em madeira de lei tratada 8 x 8 cm - fornecimento e implantação","un",117.35]
[5213351,"Suporte polimérico ecológico maciço colapsível D = 6,5 cm para placa de sinalização - fornecimento e implantação","un",763.44]
[5213350,"Suporte polimérico ecológico maciço colapsível quadrado de 10 cm para placa de sinalização - fornecimento e implantação","un",1902.56]
[5213352,"Suporte polimérico ecológico maciço colapsível quadrado de 8 cm para placa de sinalização - fornecimento e implantação","un",1127.48]
[5213353,"Suporte polimérico ecológico maciço colapsível retangular de 7 x 15 cm para placa de sinalização - fornecimento e implantação","un",3220.54]
[5213360,"Tacha refletiva em plástico injetado - bidirecional tipo I - com um pino - fornecimento e colocação","un",32.57]
[5219605,"Tacha refletiva em plástico injetado - bidirecional tipo I - fornecimento e colocação","un",29.31]
[5219606,"Tacha refletiva em plástico injetado - bidirecional tipo II - com um pino - fornecimento e colocação","un",37.729999999999997]
[5219607,"Tacha refletiva em plástico injetado - bidirecional tipo II - fornecimento e colocação","un",32.97]
[5219608,"Tacha refletiva em plástico injetado - bidirecional tipo III - com um pino - fornecimento e colocação","un",40.54]
[5219609,"Tacha refletiva em plástico injetado - bidirecional tipo III - fornecimento e colocação","un",36.880000000000003]
[5219610,"Tacha refletiva em plástico injetado - bidirecional tipo IV - com um pino - fornecimento e colocação","un",42.37]
[5219611,"Tacha refletiva em plástico injetado - bidirecional tipo IV - fornecimento e colocação","un",38.92]
[5213359,"Tacha refletiva em plástico injetado - monodirecional tipo I - com um pino - fornecimento e colocação","un",28.62]
[5219612,"Tacha refletiva em plástico injetado - monodirecional tipo I - fornecimento e colocação","un",26.14]
[5219613,"Tacha refletiva em plástico injetado - monodirecional tipo II - com um pino - fornecimento e colocação","un",32.75]
[5219614,"Tacha refletiva em plástico injetado - monodirecional tipo II - fornecimento e colocação","un",30.35]
[5219615,"Tacha refletiva em plástico injetado - monodirecional tipo III - com um pino - fornecimento e colocação","un",33.64]
[5219616,"Tacha refletiva em plástico injetado - monodirecional tipo III - fornecimento e colocação","un",30.84]
[5219617,"Tacha refletiva em plástico injetado - monodirecional tipo IV - com um pino - fornecimento e colocação","un",39.79]
[5219618,"Tacha refletiva em plástico injetado - monodirecional tipo IV - fornecimento e colocação","un",37.31]
[5219619,"Tacha refletiva em resina sintética - bidirecional tipo I - com um pino - fornecimento e colocação","un",42.5]
[5219620,"Tacha refletiva em resina sintética - bidirecional tipo I - fornecimento e colocação","un",40.03]
[5219621,"Tacha refletiva em resina sintética - bidirecional tipo II - com um pino - fornecimento e colocação","un",49.61]
[5219622,"Tacha refletiva em resina sintética - bidirecional tipo II - fornecimento e colocação","un",47.05]
[5219623,"Tacha refletiva em resina sintética - bidirecional tipo III - com um pino - fornecimento e colocação","un",53.87]
[5219624,"Tacha refletiva em resina sintética - bidirecional tipo III - fornecimento e colocação","un",51.16]
[5219625,"Tacha refletiva em resina sintética - bidirecional tipo IV - com um pino - fornecimento e colocação","un",55.52]
[5219626,"Tacha refletiva em resina sintética - bidirecional tipo IV - fornecimento e colocação","un",52.74]
[5219627,"Tacha refletiva em resina sintética - monodirecional tipo I - com um pino - fornecimento e colocação","un",39.619999999999997]
[5219628,"Tacha refletiva em resina sintética - monodirecional tipo I - fornecimento e colocação","un",37.08]
[5219629,"Tacha refletiva em resina sintética - monodirecional tipo II - com um pino - fornecimento e colocação","un",46.06]
[5219630,"Tacha refletiva em resina sintética - monodirecional tipo II - fornecimento e colocação","un",43.51]
[5219631,"Tacha refletiva em resina sintética - monodirecional tipo III - com um pino - fornecimento e colocação","un",49.93]
[5219632,"Tacha refletiva em resina sintética - monodirecional tipo III - fornecimento e colocação","un",47.29]
[5219633,"Tacha refletiva em resina sintética - monodirecional tipo IV - com um pino - fornecimento e colocação","un",54.11]
[5219634,"Tacha refletiva em resina sintética - monodirecional tipo IV - fornecimento e colocação","un",51.38]
[5213395,"Tacha refletiva metálica - bidirecional tipo II - com dois pinos - fornecimento e colocação","un",39.369999999999997]
[5213394,"Tacha refletiva metálica - bidirecional tipo II - com um pino - fornecimento e colocação","un",34.81]
[5219635,"Tacha refletiva metálica - bidirecional tipo III - com dois pinos - fornecimento e colocação","un",36.369999999999997]
[5219636,"Tacha refletiva metálica - bidirecional tipo III - com um pino - fornecimento e colocação","un",31.4]
[5219637,"Tacha refletiva metálica - bidirecional tipo IV - com dois pinos - fornecimento e colocação","un",70.040000000000006]
[5219638,"Tacha refletiva metálica - bidirecional tipo IV - com um pino - fornecimento e colocação","un",66.790000000000006]
[5213393,"Tacha refletiva metálica - monodirecional tipo II - com dois pinos - fornecimento e colocação","un",34.299999999999997]
[5213392,"Tacha refletiva metálica - monodirecional tipo II - com um pino - fornecimento e colocação","un",28.82]
[5219639,"Tacha refletiva metálica - monodirecional tipo III - com dois pinos - fornecimento e colocação","un",32.81]
[5219640,"Tacha refletiva metálica - monodirecional tipo III - com um pino - fornecimento e colocação","un",27.74]
[5219641,"Tacha refletiva metálica - monodirecional tipo IV - com dois pinos - fornecimento e colocação","un",62.04]
[5219642,"Tacha refletiva metálica - monodirecional tipo IV - com um pino - fornecimento e colocação","un",62]
[5213362,"Tachão refletivo em plástico injetado - bidirecional - fornecimento e colocação","un",89.76]
[5213361,"Tachão refletivo em plástico injetado - monodirecional - fornecimento e colocação","un",87.57]
[5219643,"Tachão refletivo em resina sintética - bidirecional - fornecimento e colocação","un",79.55]
[5219644,"Tachão refletivo em resina sintética - monodirecional - fornecimento e colocação","un",77.59]
[5214000,"Termoplástico pré-formado para sinalização horizontal - espessura de 2 mm - fornecimento e implantação","m²",355.07]
[5301014,"Comboio balizador em deslocamento","km",149.01]
[5300995,"Confecção de corpo de boia flutuante cilíndrico D = 1,10m","un",2606.84]
[5300996,"Confecção de corpo de boia flutuante cilíndrico D = 1,10m - com lastro","un",3405.57]
[5300998,"Confecção de corpo de boia flutuante cilíndrico D = 1,42m - boia de amarração","un",6698.34]
[5300997,"Confecção de corpo de boia flutuante cilíndrico D = 1,43m - com lastro","un",5574.59]
[5300999,"Confecção de mangrulho H = 0,90m","un",851.88]
[5301000,"Confecção de mangrulho H = 1,50m","un",1274.69]
[5301001,"Confecção de marca de tope de bombordo","un",579.77]
[5301002,"Confecção de marca de tope de boreste","un",368.29]
[5301003,"Confecção de marca de tope especial","un",358.42]
[5301064,"Fornecimento e implantação de suporte duplo em madeira com travessa para placa de sinalização náutica em margem - altura total de 4,0 m","un",642.84]
[5301046,"Fornecimento e implantação de suporte duplo em madeira com travessa para placa de sinalização náutica em margem - altura total de 4,0 m - com embarcação","un",1320.58]
[5301065,"Fornecimento e implantação de suporte duplo em madeira com travessa para placa de sinalização náutica em margem - altura total de 5,0 m","un",1142.2]
[5301047,"Fornecimento e implantação de suporte duplo em madeira com travessa para placa de sinalização náutica em margem - altura total de 5,0 m - com embarcação","un",2254.5500000000002]
[5301066,"Fornecimento e implantação de suporte duplo em madeira com travessa para placa de sinalização náutica em margem - altura total de 5,5 m","un",1280.7]
[5301048,"Fornecimento e implantação de suporte duplo em madeira com travessa para placa de sinalização náutica em margem - altura total de 5,5 m - com embarcação","un",2455.6999999999998]
[5301040,"Fornecimento e implantação de suporte duplo metálico galvanizado para placa de sinalização náutica em margem - altura total de 4 m - com embarcação","un",2337.63]
[5301058,"Fornecimento e implantação de suporte duplo metálico galvanizado para placa de sinalização náutica em margem - altura total de 4,0 m","un",1651.72]
[5301041,"Fornecimento e implantação de suporte duplo metálico galvanizado para placa de sinalização náutica em margem - altura total de 5 m - com embarcação","un",5188.09]
[5301059,"Fornecimento e implantação de suporte duplo metálico galvanizado para placa de sinalização náutica em margem - altura total de 5,0 m","un",4052.23]
[5301060,"Fornecimento e implantação de suporte duplo metálico galvanizado para placa de sinalização náutica em margem - altura total de 5,5 m","un",4487.16]
[5301042,"Fornecimento e implantação de suporte duplo metálico galvanizado para placa de sinalização náutica em margem - altura total de 5,5 m - com embarcação","un",5687.58]
[5301072,"Fornecimento e implantação de suporte duplo polimérico ecológico maciço quadrado de 10 cm para placa de sinalização náutica em margem - altura total de 5,5 m","un",5401.69]
[5301054,"Fornecimento e implantação de suporte duplo polimérico ecológico maciço quadrado de 10 cm para placa de sinalização náutica em margem - altura total de 5,5 m - com embarcação","un",5973.57]
[5301070,"Fornecimento e implantação de suporte duplo polimérico ecológico maciço quadrado de 8 cm para placa de sinalização náutica em margem - altura total de 4,0 m","un",2608.39]
[5301052,"Fornecimento e implantação de suporte duplo polimérico ecológico maciço quadrado de 8 cm para placa de sinalização náutica em margem - altura total de 4,0 m - com embarcação","un",3153.92]
[5301071,"Fornecimento e implantação de suporte duplo polimérico ecológico maciço quadrado de 8 cm para placa de sinalização náutica em margem - altura total de 5,0 m","un",3469.56]
[5301053,"Fornecimento e implantação de suporte duplo polimérico ecológico maciço quadrado de 8 cm para placa de sinalização náutica em margem - altura total de 5,0 m - com embarcação","un",4015.47]
[5301061,"Fornecimento e implantação de suporte simples em madeira com travessa para placa de sinalização náutica em margem - altura total de 4 m","un",194.82]
[5301043,"Fornecimento e implantação de suporte simples em madeira com travessa para placa de sinalização náutica em margem - altura total de 4 m - com embarcação","un",733.72]
[5301062,"Fornecimento e implantação de suporte simples em madeira com travessa para placa de sinalização náutica em margem - altura total de 5 m","un",330.1]
[5301044,"Fornecimento e implantação de suporte simples em madeira com travessa para placa de sinalização náutica em margem - altura total de 5 m - com embarcação","un",1096.99]
[5301063,"Fornecimento e implantação de suporte simples em madeira com travessa para placa de sinalização náutica em margem - altura total de 5,5 m","un",383.3]
[5301045,"Fornecimento e implantação de suporte simples em madeira com travessa para placa de sinalização náutica em margem - altura total de 5,5 m - com embarcação","un",1204.2]
[5301037,"Fornecimento e implantação de suporte simples metálico galvanizado para placa de sinalização náutica em margem - altura total de 4 m - com embarcação","un",1229.8699999999999]
[5301055,"Fornecimento e implantação de suporte simples metálico galvanizado para placa de sinalização náutica em margem - altura total de 4,0 m","un",686.77]
[5301038,"Fornecimento e implantação de suporte simples metálico galvanizado para placa de sinalização náutica em margem - altura total de 5 m - com embarcação","un",2538.36]
[5301056,"Fornecimento e implantação de suporte simples metálico galvanizado para placa de sinalização náutica em margem - altura total de 5,0 m","un",1759.3]
[5301057,"Fornecimento e implantação de suporte simples metálico galvanizado para placa de sinalização náutica em margem - altura total de 5,5 m","un",1957.52]
[5301039,"Fornecimento e implantação de suporte simples metálico galvanizado para placa de sinalização náutica em margem - altura total de 5,5 m - com embarcação","un",2792.25]
[5301069,"Fornecimento e implantação de suporte simples polimérico ecológico maciço quadrado de 10 cm para placa de sinalização náutica em margem - altura total de 5,5 m","un",2432.19]
[5301051,"Fornecimento e implantação de suporte simples polimérico ecológico maciço quadrado de 10 cm para placa de sinalização náutica em margem - altura total de 5,5 m - com embarcação","un",2900.8]
[5301067,"Fornecimento e implantação de suporte simples polimérico ecológico maciço quadrado de 8 cm para placa de sinalização náutica em margem - altura total de 4 m","un",1176.1500000000001]
[5301049,"Fornecimento e implantação de suporte simples polimérico ecológico maciço quadrado de 8 cm para placa de sinalização náutica em margem - altura total de 4 m - com embarcação","un",1643.88]
[5301068,"Fornecimento e implantação de suporte simples polimérico ecológico maciço quadrado de 8 cm para placa de sinalização náutica em margem - altura total de 5 m","un",1489.06]
[5301050,"Fornecimento e implantação de suporte simples polimérico ecológico maciço quadrado de 8 cm para placa de sinalização náutica em margem - altura total de 5 m - com embarcação","un",1956.98]
[5301022,"Fornecimento e instalação de conjunto de acessórios para sistema de fundeio de boia de amarração náutica com 4 manilhas","un",967.02]
[5301021,"Fornecimento e instalação de conjunto de acessórios para sistema de fundeio de boia de sinalização náutica com 7 manilhas","un",626.74]
[5301020,"Fornecimento e instalação de corrente 1\" para sistema de fundeio de boia de sinalização náutica","m",315.16000000000003]
[5301018,"Fornecimento e instalação de corrente 1/2\" para sistema de fundeio de boia de sinalização náutica","m",86.4]
[5301019,"Fornecimento e instalação de corrente 3/4\" para sistema de fundeio de boia de sinalização náutica","m",205.97]
[5301077,"Fornecimento e instalação de lanterna de sinalização náutica com alcance luminoso de 2 MN em obra de arte especial - com embarcação","un",5065.55]
[5301078,"Fornecimento e instalação de lanterna de sinalização náutica com alcance luminoso de 3 MN em obra de arte especial - com embarcação","un",5922.31]
[5301079,"Fornecimento e instalação de lanterna de sinalização náutica com alcance luminoso de 4 MN em obra de arte especial - com embarcação","un",8395.7000000000007]
[5301080,"Fornecimento e instalação de lanterna de sinalização náutica com alcance luminoso de 5 MN em obra de arte especial - com embarcação","un",10039.280000000001]
[5301081,"Fornecimento e instalação de lanterna de sinalização náutica com alcance luminoso de 8 MN em obra de arte especial - com embarcação","un",12277.98]
[5301023,"Fornecimento e instalação de suporte e lanterna de sinalização náutica com alcance luminoso de 2 MN em boia","un",3835.3]
[5301024,"Fornecimento e instalação de suporte e lanterna de sinalização náutica com alcance luminoso de 3 MN em boia","un",4692.05]
[5301025,"Fornecimento e instalação de suporte e lanterna de sinalização náutica com alcance luminoso de 4 MN em boia","un",7165.45]
[5301026,"Fornecimento e instalação de suporte e lanterna de sinalização náutica com alcance luminoso de 5 MN em boia","un",8809.0300000000007]
[5301027,"Fornecimento e instalação de suporte e lanterna de sinalização náutica com alcance luminoso de 8 MN em boia","un",11047.72]
[5301028,"Fornecimento e substituição de lanterna de sinalização náutica com alcance luminoso de 2 MN em boia","un",3772.99]
[5301082,"Fornecimento e substituição de lanterna de sinalização náutica com alcance luminoso de 2 MN em obra de arte especial - com embarcação","un",4905.59]
[5301029,"Fornecimento e substituição de lanterna de sinalização náutica com alcance luminoso de 3 MN em boia","un",4629.75]
[5301083,"Fornecimento e substituição de lanterna de sinalização náutica com alcance luminoso de 3 MN em obra de arte especial - com embarcação","un",5762.35]
[5301030,"Fornecimento e substituição de lanterna de sinalização náutica com alcance luminoso de 4 MN em boia","un",7103.14]
[5301084,"Fornecimento e substituição de lanterna de sinalização náutica com alcance luminoso de 4 MN em obra de arte especial - com embarcação","un",8235.74]
[5301031,"Fornecimento e substituição de lanterna de sinalização náutica com alcance luminoso de 5 MN em boia","un",8746.7199999999993]
[5301085,"Fornecimento e substituição de lanterna de sinalização náutica com alcance luminoso de 5 MN em obra de arte especial - com embarcação","un",9879.32]
[5301032,"Fornecimento e substituição de lanterna de sinalização náutica com alcance luminoso de 8 MN em boia","un",10985.42]
[5301086,"Fornecimento e substituição de lanterna de sinalização náutica com alcance luminoso de 8 MN em obra de arte especial - com embarcação","un",12118.02]
[5301033,"Implantação de placa de sinalização náutica em margem - equipamentos e mão de obra","un",76.25]
[5301034,"Implantação de placa de sinalização náutica em margem - equipamentos e mão de obra - com embarcação","un",598.14]
[5301073,"Implantação de placa de sinalização náutica em obra de arte especial - equipamentos e mão de obra","un",438.17]
[5301074,"Implantação de placa de sinalização náutica em obra de arte especial - equipamentos e mão de obra - com embarcação","un",1727.62]
[5301015,"Lançamento de boia de sinalização náutica com sistema de fundeio - equipamentos e mão de obra","un",1091.94]
[5300992,"Pintura com epóxi óxido de ferro em chapa metálica com pistola a ar comprimido, uma demão, espessura de 35 µm","m²",13.39]
[5300994,"Pintura com esmalte poliuretano de dois componentes em chapa metálica com pistola a ar comprimido, uma demão, espessura de 35 µm","m²",11.8]
[5300993,"Pintura com fundo fosfatizante, uma demão, em chapa de alumínio com pistola a ar comprimido","m²",11.11]
[5301088,"Poita de concreto com 1.000 kg para boia de sinalização náutica","un",358.49]
[5301004,"Poita de concreto com 1.500 kg para boia de sinalização náutica","un",513.48]
[5301087,"Poita de concreto com 500 kg para boia de sinalização náutica","un",207.52]
[5301005,"Reforma de corpo de boia flutuante cilíndrico D = 1,10m","un",361.18]
[5301006,"Reforma de corpo de boia flutuante cilíndrico D = 1,10m - com lastro","un",445.16]
[5301008,"Reforma de corpo de boia flutuante cilíndrico D = 1,42m - boia de amarração","un",803.79]
[5301007,"Reforma de corpo de boia flutuante cilíndrico D = 1,43m - com lastro","un",734.15]
[5301009,"Reforma de mangrulho H = 0,90m","un",226.56]
[5301010,"Reforma de mangrulho H = 1,50m","un",343.64]
[5301011,"Reforma de marca de tope de bombordo","un",287.08999999999997]
[5301012,"Reforma de marca de tope de boreste","un",202.39]
[5301013,"Reforma de marca de tope especial","un",174.23]
[5301016,"Substituição de boia de sinalização náutica com sistema de fundeio - equipamentos e mão de obra","un",1811.7]
[5301017,"Substituição de boia de sinalização náutica sem sistema de fundeio - equipamentos e mão de obra","un",1322.15]
[5301035,"Substituição de placa de sinalização náutica em margem - equipamentos e mão de obra","un",108.49]
[5301036,"Substituição de placa de sinalização náutica em margem - equipamentos e mão de obra - com embarcação","un",1196.28]
[5301075,"Substituição de placa de sinalização náutica em obra de arte especial - equipamentos e mão de obra","un",505.26]
[5301076,"Substituição de placa de sinalização náutica em obra de arte especial - equipamentos e mão de obra - com embarcação","un",1916.23]
[5405977,"Aterro compactado em solo reforçado com fita metálica galvanizada - taxa 1,65 kg/m³ - material de jazida","m³",39.15]
[5406044,"Aterro compactado em solo reforçado com fita metálica galvanizada - taxa 12,40 kg/m³ - material de jazida","m³",223.43]
[5406045,"Aterro compactado em solo reforçado com fita metálica galvanizada - taxa 13,23 kg/m³ - material de jazida","m³",237.66]
[5406046,"Aterro compactado em solo reforçado com fita metálica galvanizada - taxa 14,88 kg/m³ - material de jazida","m³",265.95]
[5406047,"Aterro compactado em solo reforçado com fita metálica galvanizada - taxa 19,84 kg/m³ - material de jazida","m³",350.97]
[5405978,"Aterro compactado em solo reforçado com fita metálica galvanizada - taxa 3,31 kg/m³ - material de jazida","m³",67.61]
[5405982,"Aterro compactado em solo reforçado com fita metálica galvanizada - taxa 4,13 kg/m³ - material de jazida","m³",81.67]
[5405983,"Aterro compactado em solo reforçado com fita metálica galvanizada - taxa 4,96 kg/m³ - material de jazida","m³",95.89]
[5405984,"Aterro compactado em solo reforçado com fita metálica galvanizada - taxa 6,61 kg/m³ - material de jazida","m³",124.18]
[5405985,"Aterro compactado em solo reforçado com fita metálica galvanizada - taxa 8,27 kg/m³ - material de jazida","m³",152.63999999999999]
[5406043,"Aterro compactado em solo reforçado com fita metálica galvanizada - taxa 9,92 kg/m³ - material de jazida","m³",180.92]
[5405975,"Escoramento da primeira linha de escamas de concreto armado em solo reforçado com fita metálica – utilização de 3 vezes - confecção, instalação e retirada","m²",41.26]
[5405970,"Fabricação de escama de concreto armado para solo reforçado com fita metálica - 2 a 5 ligações - areia e brita comerciais","m³",1477.67]
[5405972,"Fabricação de escama de concreto armado para solo reforçado com fita metálica - 2 a 5 ligações - areia extraída e brita produzida","m³",1344.15]
[5405971,"Fabricação de escama de concreto armado para solo reforçado com fita metálica - 6 a 8 ligações - areia e brita comerciais","m³",1661.02]
[5405973,"Fabricação de escama de concreto armado para solo reforçado com fita metálica - 6 a 8 ligações - areia extraída e brita produzida","m³",1527.5]
[5405986,"Moldes metálicos para escama de concreto armado para solo reforçado com fita metálica - formato cruciforme de 1,50 x 1,50 m - utilização de 100 vezes","m²",9.6199999999999992]
[5405976,"Montagem das escamas de concreto armado em solo reforçado com fita metálica","m²",123.28]
[5406023,"Muro de escama de concreto armado em solo reforçado com fita metálica com altura até 4 m - tipo 1 - areia e brita comerciais","m²",353.36]
[5406033,"Muro de escama de concreto armado em solo reforçado com fita metálica com altura até 4 m - tipo 1 - areia extraída e brita produzida","m²",334.67]
[5406024,"Muro de escama de concreto armado em solo reforçado com fita metálica com altura até 4 m - tipo 2 - areia e brita comerciais","m²",379.03]
[5406034,"Muro de escama de concreto armado em solo reforçado com fita metálica com altura até 4 m - tipo 2 - areia extraída e brita produzida","m²",360.34]
[5406031,"Muro de escama de concreto armado em solo reforçado com fita metálica com altura de 10,0 a 12 m - tipo 1 - areia e brita comerciais","m²",334.37]
[5406041,"Muro de escama de concreto armado em solo reforçado com fita metálica com altura de 10,0 a 12 m - tipo 1 - areia extraída e brita produzida","m²",315.68]
[5406032,"Muro de escama de concreto armado em solo reforçado com fita metálica com altura de 10,0 a 12 m - tipo 2 - areia e brita comerciais","m²",360.04]
[5406042,"Muro de escama de concreto armado em solo reforçado com fita metálica com altura de 10,0 a 12 m - tipo 2 - areia extraída e brita produzida","m²",341.35]
[5406025,"Muro de escama de concreto armado em solo reforçado com fita metálica com altura de 4,0 a 6 m - tipo 1 - areia e brita comerciais","m²",339.44]
[5406035,"Muro de escama de concreto armado em solo reforçado com fita metálica com altura de 4,0 a 6 m - tipo 1 - areia extraída e brita produzida","m²",320.74]
[5406026,"Muro de escama de concreto armado em solo reforçado com fita metálica com altura de 4,0 a 6 m - tipo 2 - areia e brita comerciais","m²",365.11]
[5406036,"Muro de escama de concreto armado em solo reforçado com fita metálica com altura de 4,0 a 6 m - tipo 2 - areia extraída e brita produzida","m²",346.41]
[5406027,"Muro de escama de concreto armado em solo reforçado com fita metálica com altura de 6,0 a 8 m - tipo 1 - areia e brita comerciais","m²",336.78]
[5406037,"Muro de escama de concreto armado em solo reforçado com fita metálica com altura de 6,0 a 8 m - tipo 1 - areia extraída e brita produzida","m²",318.08999999999997]
[5406028,"Muro de escama de concreto armado em solo reforçado com fita metálica com altura de 6,0 a 8 m - tipo 2 - areia e brita comerciais","m²",362.45]
[5406038,"Muro de escama de concreto armado em solo reforçado com fita metálica com altura de 6,0 a 8 m - tipo 2 - areia extraída e brita produzida","m²",343.76]
[5406029,"Muro de escama de concreto armado em solo reforçado com fita metálica com altura de 8,0 a 10 m - tipo 1 - areia e brita comerciais","m²",335.31]
[5406039,"Muro de escama de concreto armado em solo reforçado com fita metálica com altura de 8,0 a 10 m - tipo 1 - areia extraída e brita produzida","m²",316.62]
[5406030,"Muro de escama de concreto armado em solo reforçado com fita metálica com altura de 8,0 a 10 m - tipo 2 - areia e brita comerciais","m²",360.98]
[5406040,"Muro de escama de concreto armado em solo reforçado com fita metálica com altura de 8,0 a 10 m - tipo 2 - areia extraída e brita produzida","m²",342.29]
[5405987,"Travador de madeira para escama de concreto armado - utilização de 10 vezes","un",9.49]
[5405979,"Travamento e nivelamento de escama de concreto armado em solo reforçado com fita metálica","m²",16.440000000000001]
[5502806,"Camada drenante com conformação de trator de esteira - areia comercial","m³",100.16]
[5502807,"Camada drenante com conformação de trator de esteira - areia extraída","m³",15.48]
[5503041,"Compactação de aterros a 100% do Proctor intermediário","m³",5.87]
[5502978,"Compactação de aterros a 100% do Proctor normal","m³",5.09]
[5502822,"Compactação de camada final de aterro de rocha","m³",41.03]
[5502979,"Construção de corpo de aterro com material de 3ª categoria oriundo de corte","m³",16.79]
[5501700,"Desmatamento, destocamento e limpeza de área com árvores de diâmetro até 0,15 m","m²",0.53]
[5500991,"Desmonte de blocos de rocha com martelete pneumático","m³",161.94]
[5515739,"Desmonte de matacões ou bloco de rocha por meio de explosivos","m³",44.9]
[5505766,"Desmonte de material de 3ª categoria a frio com argamassa expansiva a céu aberto","m³",374.9]
[5501701,"Destocamento de árvores com diâmetro de 0,15 a 0,30 m","un",39.5]
[5501702,"Destocamento de árvores com diâmetro maior que 0,30 m","un",98.76]
[5502972,"Escavação de vala em material de 3ª categoria - resistência à compressão acima de 110 MPa - com escavadeira e rompedor hidráulico 1.700 kg","m³",213.45]
[5502968,"Escavação de vala em material de 3ª categoria - resistência à compressão até 50 MPa - com escavadeira e rompedor hidráulico 1.700 kg","m³",24.1]
[5502969,"Escavação de vala em material de 3ª categoria - resistência à compressão de 50 a 70 MPa - com escavadeira e rompedor hidráulico 1.700 kg","m³",30.4]
[5502970,"Escavação de vala em material de 3ª categoria - resistência à compressão de 70 a 90 MPa - com escavadeira e rompedor hidráulico 1.700 kg","m³",55.68]
[5502971,"Escavação de vala em material de 3ª categoria - resistência à compressão de 90 a 110 MPa - com escavadeira e rompedor hidráulico 1.700 kg","m³",103.63]
[5502663,"Escavação e transporte de material de 3ª categoria - DMT de 0 a 50 m","m³",34.24]
[5502993,"Escavação em material de 3ª categoria","m³",25.67]
[5502967,"Escavação em material de 3ª categoria - resistência à compressão acima de 110 MPa - com escavadeira e rompedor hidráulico 1.700 kg","m³",118.11]
[5502963,"Escavação em material de 3ª categoria - resistência à compressão até 50 MPa - com escavadeira e rompedor hidráulico 1.700 kg","m³",14.43]
[5502964,"Escavação em material de 3ª categoria - resistência à compressão de 50 a 70 MPa - com escavadeira e rompedor hidráulico 1.700 kg","m³",18.07]
[5502965,"Escavação em material de 3ª categoria - resistência à compressão de 70 a 90 MPa - com escavadeira e rompedor hidráulico 1.700 kg","m³",32.520000000000003]
[5502966,"Escavação em material de 3ª categoria - resistência à compressão de 90 a 110 MPa - com escavadeira e rompedor hidráulico 1.700 kg","m³",59.61]
[5501706,"Escavação mecânica com retroescavadeira em material de 1ª categoria","m³",6.84]
[5501880,"Escavação, carga e transporte de material de 1ª categoria - DMT de 1.000 a 1.200 m - caminho de serviço em leito natural - com carregadeira e caminhão basculante de 14 m³","m³",12.28]
[5502114,"Escavação, carga e transporte de material de 1ª categoria - DMT de 1.000 a 1.200 m - caminho de serviço em leito natural - com escavadeira e caminhão basculante de 14 m³","m³",8.2200000000000006]
[5501906,"Escavação, carga e transporte de material de 1ª categoria - DMT de 1.000 a 1.200 m - caminho de serviço em revestimento primário - com carregadeira e caminhão basculante de 14 m³","m³",10.98]
[5502140,"Escavação, carga e transporte de material de 1ª categoria - DMT de 1.000 a 1.200 m - caminho de serviço em revestimento primário - com escavadeira e caminhão basculante de 14 m³","m³",6.91]
[5501932,"Escavação, carga e transporte de material de 1ª categoria - DMT de 1.000 a 1.200 m - caminho de serviço pavimentado - com carregadeira e caminhão basculante de 14 m³","m³",10.98]
[5502166,"Escavação, carga e transporte de material de 1ª categoria - DMT de 1.000 a 1.200 m - caminho de serviço pavimentado - com escavadeira e caminhão basculante de 14 m³","m³",7.34]
[5501881,"Escavação, carga e transporte de material de 1ª categoria - DMT de 1.200 a 1.400 m - caminho de serviço em leito natural - com carregadeira e caminhão basculante de 14 m³","m³",12.56]
[5502115,"Escavação, carga e transporte de material de 1ª categoria - DMT de 1.200 a 1.400 m - caminho de serviço em leito natural - com escavadeira e caminhão basculante de 14 m³","m³",8.93]
[5501907,"Escavação, carga e transporte de material de 1ª categoria - DMT de 1.200 a 1.400 m - caminho de serviço em revestimento primário - com carregadeira e caminhão basculante de 14 m³","m³",11.16]
[5502141,"Escavação, carga e transporte de material de 1ª categoria - DMT de 1.200 a 1.400 m - caminho de serviço em revestimento primário - com escavadeira e caminhão basculante de 14 m³","m³",7.49]
[5501933,"Escavação, carga e transporte de material de 1ª categoria - DMT de 1.200 a 1.400 m - caminho de serviço pavimentado - com carregadeira e caminhão basculante de 14 m³","m³",11.16]
[5502167,"Escavação, carga e transporte de material de 1ª categoria - DMT de 1.200 a 1.400 m - caminho de serviço pavimentado - com escavadeira e caminhão basculante de 14 m³","m³",7.49]
[5501882,"Escavação, carga e transporte de material de 1ª categoria - DMT de 1.400 a 1.600 m - caminho de serviço em leito natural - com carregadeira e caminhão basculante de 14 m³","m³",12.84]
[5502116,"Escavação, carga e transporte de material de 1ª categoria - DMT de 1.400 a 1.600 m - caminho de serviço em leito natural - com escavadeira e caminhão basculante de 14 m³","m³",9.16]
[5501908,"Escavação, carga e transporte de material de 1ª categoria - DMT de 1.400 a 1.600 m - caminho de serviço em revestimento primário - com carregadeira e caminhão basculante de 14 m³","m³",11.35]
[5502142,"Escavação, carga e transporte de material de 1ª categoria - DMT de 1.400 a 1.600 m - caminho de serviço em revestimento primário - com escavadeira e caminhão basculante de 14 m³","m³",7.68]
[5501934,"Escavação, carga e transporte de material de 1ª categoria - DMT de 1.400 a 1.600 m - caminho de serviço pavimentado - com carregadeira e caminhão basculante de 14 m³","m³",11.3]
[5502168,"Escavação, carga e transporte de material de 1ª categoria - DMT de 1.400 a 1.600 m - caminho de serviço pavimentado - com escavadeira e caminhão basculante de 14 m³","m³",7.63]
[5501883,"Escavação, carga e transporte de material de 1ª categoria - DMT de 1.600 a 1.800 m - caminho de serviço em leito natural - com carregadeira e caminhão basculante de 14 m³","m³",13.11]
[5502117,"Escavação, carga e transporte de material de 1ª categoria - DMT de 1.600 a 1.800 m - caminho de serviço em leito natural - com escavadeira e caminhão basculante de 14 m³","m³",9.4600000000000009]
[5501909,"Escavação, carga e transporte de material de 1ª categoria - DMT de 1.600 a 1.800 m - caminho de serviço em revestimento primário - com carregadeira e caminhão basculante de 14 m³","m³",11.53]
[5502143,"Escavação, carga e transporte de material de 1ª categoria - DMT de 1.600 a 1.800 m - caminho de serviço em revestimento primário - com escavadeira e caminhão basculante de 14 m³","m³",7.88]
[5501935,"Escavação, carga e transporte de material de 1ª categoria - DMT de 1.600 a 1.800 m - caminho de serviço pavimentado - com carregadeira e caminhão basculante de 14 m³","m³",11.49]
[5502169,"Escavação, carga e transporte de material de 1ª categoria - DMT de 1.600 a 1.800 m - caminho de serviço pavimentado - com escavadeira e caminhão basculante de 14 m³","m³",7.83]
[5501884,"Escavação, carga e transporte de material de 1ª categoria - DMT de 1.800 a 2.000 m - caminho de serviço em leito natural - com carregadeira e caminhão basculante de 14 m³","m³",13.77]
[5502118,"Escavação, carga e transporte de material de 1ª categoria - DMT de 1.800 a 2.000 m - caminho de serviço em leito natural - com escavadeira e caminhão basculante de 14 m³","m³",9.75]
[5501910,"Escavação, carga e transporte de material de 1ª categoria - DMT de 1.800 a 2.000 m - caminho de serviço em revestimento primário - com carregadeira e caminhão basculante de 14 m³","m³",11.72]
[5502144,"Escavação, carga e transporte de material de 1ª categoria - DMT de 1.800 a 2.000 m - caminho de serviço em revestimento primário - com escavadeira e caminhão basculante de 14 m³","m³",8.0299999999999994]
[5501936,"Escavação, carga e transporte de material de 1ª categoria - DMT de 1.800 a 2.000 m - caminho de serviço pavimentado - com carregadeira e caminhão basculante de 14 m³","m³",11.63]
[5502170,"Escavação, carga e transporte de material de 1ª categoria - DMT de 1.800 a 2.000 m - caminho de serviço pavimentado - com escavadeira e caminhão basculante de 14 m³","m³",7.98]
[5501885,"Escavação, carga e transporte de material de 1ª categoria - DMT de 2.000 a 2.500 m - caminho de serviço em leito natural - com carregadeira e caminhão basculante de 14 m³","m³",14.29]
[5502119,"Escavação, carga e transporte de material de 1ª categoria - DMT de 2.000 a 2.500 m - caminho de serviço em leito natural - com escavadeira e caminhão basculante de 14 m³","m³",10.65]
[5501911,"Escavação, carga e transporte de material de 1ª categoria - DMT de 2.000 a 2.500 m - caminho de serviço em revestimento primário - com carregadeira e caminhão basculante de 14 m³","m³",12.39]
[5502145,"Escavação, carga e transporte de material de 1ª categoria - DMT de 2.000 a 2.500 m - caminho de serviço em revestimento primário - com escavadeira e caminhão basculante de 14 m³","m³",8.3699999999999992]
[5501937,"Escavação, carga e transporte de material de 1ª categoria - DMT de 2.000 a 2.500 m - caminho de serviço pavimentado - com carregadeira e caminhão basculante de 14 m³","m³",12.34]
[5502171,"Escavação, carga e transporte de material de 1ª categoria - DMT de 2.000 a 2.500 m - caminho de serviço pavimentado - com escavadeira e caminhão basculante de 14 m³","m³",8.27]
[5501886,"Escavação, carga e transporte de material de 1ª categoria - DMT de 2.500 a 3.000 m - caminho de serviço em leito natural - com carregadeira e caminhão basculante de 14 m³","m³",15.42]
[5502120,"Escavação, carga e transporte de material de 1ª categoria - DMT de 2.500 a 3.000 m - caminho de serviço em leito natural - com escavadeira e caminhão basculante de 14 m³","m³",11.8]
[5501912,"Escavação, carga e transporte de material de 1ª categoria - DMT de 2.500 a 3.000 m - caminho de serviço em revestimento primário - com carregadeira e caminhão basculante de 14 m³","m³",12.89]
[5502146,"Escavação, carga e transporte de material de 1ª categoria - DMT de 2.500 a 3.000 m - caminho de serviço em revestimento primário - com escavadeira e caminhão basculante de 14 m³","m³",9.2799999999999994]
[5501938,"Escavação, carga e transporte de material de 1ª categoria - DMT de 2.500 a 3.000 m - caminho de serviço pavimentado - com carregadeira e caminhão basculante de 14 m³","m³",12.78]
[5502172,"Escavação, carga e transporte de material de 1ª categoria - DMT de 2.500 a 3.000 m - caminho de serviço pavimentado - com escavadeira e caminhão basculante de 14 m³","m³",9.16]
[5501876,"Escavação, carga e transporte de material de 1ª categoria - DMT de 200 a 400 m - caminho de serviço em leito natural - com carregadeira e caminhão basculante de 14 m³","m³",10.210000000000001]
[5502110,"Escavação, carga e transporte de material de 1ª categoria - DMT de 200 a 400 m - caminho de serviço em leito natural - com escavadeira e caminhão basculante de 14 m³","m³",6.52]
[5501902,"Escavação, carga e transporte de material de 1ª categoria - DMT de 200 a 400 m - caminho de serviço em revestimento primário - com carregadeira e caminhão basculante de 14 m³","m³",9.77]
[5502136,"Escavação, carga e transporte de material de 1ª categoria - DMT de 200 a 400 m - caminho de serviço em revestimento primário - com escavadeira e caminhão basculante de 14 m³","m³",6.09]
[5501928,"Escavação, carga e transporte de material de 1ª categoria - DMT de 200 a 400 m - caminho de serviço pavimentado - com carregadeira e caminhão basculante de 14 m³","m³",9.84]
[5502162,"Escavação, carga e transporte de material de 1ª categoria - DMT de 200 a 400 m - caminho de serviço pavimentado - com escavadeira e caminhão basculante de 14 m³","m³",6.17]
[5501877,"Escavação, carga e transporte de material de 1ª categoria - DMT de 400 a 600 m - caminho de serviço em leito natural - com carregadeira e caminhão basculante de 14 m³","m³",10.98]
[5502111,"Escavação, carga e transporte de material de 1ª categoria - DMT de 400 a 600 m - caminho de serviço em leito natural - com escavadeira e caminhão basculante de 14 m³","m³",6.91]
[5501903,"Escavação, carga e transporte de material de 1ª categoria - DMT de 400 a 600 m - caminho de serviço em revestimento primário - com carregadeira e caminhão basculante de 14 m³","m³",10.029999999999999]
[5502137,"Escavação, carga e transporte de material de 1ª categoria - DMT de 400 a 600 m - caminho de serviço em revestimento primário - com escavadeira e caminhão basculante de 14 m³","m³",6.32]
[5501929,"Escavação, carga e transporte de material de 1ª categoria - DMT de 400 a 600 m - caminho de serviço pavimentado - com carregadeira e caminhão basculante de 14 m³","m³",10.06]
[5502163,"Escavação, carga e transporte de material de 1ª categoria - DMT de 400 a 600 m - caminho de serviço pavimentado - com escavadeira e caminhão basculante de 14 m³","m³",6.36]
[5501875,"Escavação, carga e transporte de material de 1ª categoria - DMT de 50 a 200 m - caminho de serviço em leito natural - com carregadeira e caminhão basculante de 14 m³","m³",9.77]
[5502109,"Escavação, carga e transporte de material de 1ª categoria - DMT de 50 a 200 m - caminho de serviço em leito natural - com escavadeira e caminhão basculante de 14 m³","m³",6.09]
[5501901,"Escavação, carga e transporte de material de 1ª categoria - DMT de 50 a 200 m - caminho de serviço em revestimento primário - com carregadeira e caminhão basculante de 14 m³","m³",9.09]
[5502135,"Escavação, carga e transporte de material de 1ª categoria - DMT de 50 a 200 m - caminho de serviço em revestimento primário - com escavadeira e caminhão basculante de 14 m³","m³",5.37]
[5501927,"Escavação, carga e transporte de material de 1ª categoria - DMT de 50 a 200 m - caminho de serviço pavimentado - com carregadeira e caminhão basculante de 14 m³","m³",9.58]
[5502161,"Escavação, carga e transporte de material de 1ª categoria - DMT de 50 a 200 m - caminho de serviço pavimentado - com escavadeira e caminhão basculante de 14 m³","m³",5.46]
[5501878,"Escavação, carga e transporte de material de 1ª categoria - DMT de 600 a 800 m - caminho de serviço em leito natural - com carregadeira e caminhão basculante de 14 m³","m³",11.3]
[5502112,"Escavação, carga e transporte de material de 1ª categoria - DMT de 600 a 800 m - caminho de serviço em leito natural - com escavadeira e caminhão basculante de 14 m³","m³",7.63]
[5501904,"Escavação, carga e transporte de material de 1ª categoria - DMT de 600 a 800 m - caminho de serviço em revestimento primário - com carregadeira e caminhão basculante de 14 m³","m³",10.210000000000001]
[5502138,"Escavação, carga e transporte de material de 1ª categoria - DMT de 600 a 800 m - caminho de serviço em revestimento primário - com escavadeira e caminhão basculante de 14 m³","m³",6.56]
[5501930,"Escavação, carga e transporte de material de 1ª categoria - DMT de 600 a 800 m - caminho de serviço pavimentado - com carregadeira e caminhão basculante de 14 m³","m³",10.25]
[5502164,"Escavação, carga e transporte de material de 1ª categoria - DMT de 600 a 800 m - caminho de serviço pavimentado - com escavadeira e caminhão basculante de 14 m³","m³",6.56]
[5501879,"Escavação, carga e transporte de material de 1ª categoria - DMT de 800 a 1.000 m - caminho de serviço em leito natural - com carregadeira e caminhão basculante de 14 m³","m³",11.63]
[5502113,"Escavação, carga e transporte de material de 1ª categoria - DMT de 800 a 1.000 m - caminho de serviço em leito natural - com escavadeira e caminhão basculante de 14 m³","m³",7.93]
[5501905,"Escavação, carga e transporte de material de 1ª categoria - DMT de 800 a 1.000 m - caminho de serviço em revestimento primário - com carregadeira e caminhão basculante de 14 m³","m³",10.43]
[5502139,"Escavação, carga e transporte de material de 1ª categoria - DMT de 800 a 1.000 m - caminho de serviço em revestimento primário - com escavadeira e caminhão basculante de 14 m³","m³",6.75]
[5501931,"Escavação, carga e transporte de material de 1ª categoria - DMT de 800 a 1.000 m - caminho de serviço pavimentado - com carregadeira e caminhão basculante de 14 m³","m³",10.84]
[5502165,"Escavação, carga e transporte de material de 1ª categoria - DMT de 800 a 1.000 m - caminho de serviço pavimentado - com escavadeira e caminhão basculante de 14 m³","m³",6.75]
[5502825,"Escavação, carga e transporte de material de 1ª categoria na distância de 3.000 m - caminho de serviço em leito natural - com carregadeira e caminhão basculante de 14 m³","m³",16.27]
[5502834,"Escavação, carga e transporte de material de 1ª categoria na distância de 3.000 m - caminho de serviço em leito natural - com escavadeira e caminhão basculante de 14 m³","m³",12.27]
[5502826,"Escavação, carga e transporte de material de 1ª categoria na distância de 3.000 m - caminho de serviço em revestimento primário - com carregadeira e caminhão basculante de 14 m³","m³",13.17]
[5502835,"Escavação, carga e transporte de material de 1ª categoria na distância de 3.000 m - caminho de serviço em revestimento primário - com escavadeira e caminhão basculante de 14 m³","m³",9.57]
[5502827,"Escavação, carga e transporte de material de 1ª categoria na distância de 3.000 m - caminho de serviço pavimentado - com carregadeira e caminhão basculante de 14 m³","m³",13]
[5502836,"Escavação, carga e transporte de material de 1ª categoria na distância de 3.000 m - caminho de serviço pavimentado - com escavadeira e caminhão basculante de 14 m³","m³",9.4]
[5502356,"Escavação, carga e transporte de material de 2ª categoria - DMT de 1.000 a 1.200 m - caminho de serviço em leito natural - com carregadeira e caminhão basculante de 14 m³","m³",18.690000000000001]
[5502590,"Escavação, carga e transporte de material de 2ª categoria - DMT de 1.000 a 1.200 m - caminho de serviço em leito natural - com escavadeira e caminhão basculante de 14 m³","m³",11.07]
[5502382,"Escavação, carga e transporte de material de 2ª categoria - DMT de 1.000 a 1.200 m - caminho de serviço em revestimento primário - com carregadeira e caminhão basculante de 14 m³","m³",17.21]
[5502616,"Escavação, carga e transporte de material de 2ª categoria - DMT de 1.000 a 1.200 m - caminho de serviço em revestimento primário - com escavadeira e caminhão basculante de 14 m³","m³",9.44]
[5502408,"Escavação, carga e transporte de material de 2ª categoria - DMT de 1.000 a 1.200 m - caminho de serviço pavimentado - com carregadeira e caminhão basculante de 14 m³","m³",17.21]
[5502642,"Escavação, carga e transporte de material de 2ª categoria - DMT de 1.000 a 1.200 m - caminho de serviço pavimentado - com escavadeira e caminhão basculante de 14 m³","m³",9.39]
[5502357,"Escavação, carga e transporte de material de 2ª categoria - DMT de 1.200 a 1.400 m - caminho de serviço em leito natural - com carregadeira e caminhão basculante de 14 m³","m³",19.010000000000002]
[5502591,"Escavação, carga e transporte de material de 2ª categoria - DMT de 1.200 a 1.400 m - caminho de serviço em leito natural - com escavadeira e caminhão basculante de 14 m³","m³",11.41]
[5502383,"Escavação, carga e transporte de material de 2ª categoria - DMT de 1.200 a 1.400 m - caminho de serviço em revestimento primário - com carregadeira e caminhão basculante de 14 m³","m³",17.41]
[5502617,"Escavação, carga e transporte de material de 2ª categoria - DMT de 1.200 a 1.400 m - caminho de serviço em revestimento primário - com escavadeira e caminhão basculante de 14 m³","m³",9.59]
[5502409,"Escavação, carga e transporte de material de 2ª categoria - DMT de 1.200 a 1.400 m - caminho de serviço pavimentado - com carregadeira e caminhão basculante de 14 m³","m³",17.36]
[5502643,"Escavação, carga e transporte de material de 2ª categoria - DMT de 1.200 a 1.400 m - caminho de serviço pavimentado - com escavadeira e caminhão basculante de 14 m³","m³",9.59]
[5502358,"Escavação, carga e transporte de material de 2ª categoria - DMT de 1.400 a 1.600 m - caminho de serviço em leito natural - com carregadeira e caminhão basculante de 14 m³","m³",19.32]
[5502592,"Escavação, carga e transporte de material de 2ª categoria - DMT de 1.400 a 1.600 m - caminho de serviço em leito natural - com escavadeira e caminhão basculante de 14 m³","m³",11.68]
[5502384,"Escavação, carga e transporte de material de 2ª categoria - DMT de 1.400 a 1.600 m - caminho de serviço em revestimento primário - com carregadeira e caminhão basculante de 14 m³","m³",17.61]
[5502618,"Escavação, carga e transporte de material de 2ª categoria - DMT de 1.400 a 1.600 m - caminho de serviço em revestimento primário - com escavadeira e caminhão basculante de 14 m³","m³",10.53]
[5502410,"Escavação, carga e transporte de material de 2ª categoria - DMT de 1.400 a 1.600 m - caminho de serviço pavimentado - com carregadeira e caminhão basculante de 14 m³","m³",17.559999999999999]
[5502644,"Escavação, carga e transporte de material de 2ª categoria - DMT de 1.400 a 1.600 m - caminho de serviço pavimentado - com escavadeira e caminhão basculante de 14 m³","m³",10.46]
[5502359,"Escavação, carga e transporte de material de 2ª categoria - DMT de 1.600 a 1.800 m - caminho de serviço em leito natural - com carregadeira e caminhão basculante de 14 m³","m³",19.63]
[5502593,"Escavação, carga e transporte de material de 2ª categoria - DMT de 1.600 a 1.800 m - caminho de serviço em leito natural - com escavadeira e caminhão basculante de 14 m³","m³",12.01]
[5502385,"Escavação, carga e transporte de material de 2ª categoria - DMT de 1.600 a 1.800 m - caminho de serviço em revestimento primário - com carregadeira e caminhão basculante de 14 m³","m³",17.809999999999999]
[5502619,"Escavação, carga e transporte de material de 2ª categoria - DMT de 1.600 a 1.800 m - caminho de serviço em revestimento primário - com escavadeira e caminhão basculante de 14 m³","m³",10.73]
[5502411,"Escavação, carga e transporte de material de 2ª categoria - DMT de 1.600 a 1.800 m - caminho de serviço pavimentado - com carregadeira e caminhão basculante de 14 m³","m³",17.760000000000002]
[5502645,"Escavação, carga e transporte de material de 2ª categoria - DMT de 1.600 a 1.800 m - caminho de serviço pavimentado - com escavadeira e caminhão basculante de 14 m³","m³",10.66]
[5502360,"Escavação, carga e transporte de material de 2ª categoria - DMT de 1.800 a 2.000 m - caminho de serviço em leito natural - com carregadeira e caminhão basculante de 14 m³","m³",20.43]
[5502594,"Escavação, carga e transporte de material de 2ª categoria - DMT de 1.800 a 2.000 m - caminho de serviço em leito natural - com escavadeira e caminhão basculante de 14 m³","m³",13.04]
[5502386,"Escavação, carga e transporte de material de 2ª categoria - DMT de 1.800 a 2.000 m - caminho de serviço em revestimento primário - com carregadeira e caminhão basculante de 14 m³","m³",18.510000000000002]
[5502620,"Escavação, carga e transporte de material de 2ª categoria - DMT de 1.800 a 2.000 m - caminho de serviço em revestimento primário - com escavadeira e caminhão basculante de 14 m³","m³",10.87]
[5502412,"Escavação, carga e transporte de material de 2ª categoria - DMT de 1.800 a 2.000 m - caminho de serviço pavimentado - com carregadeira e caminhão basculante de 14 m³","m³",18.440000000000001]
[5502646,"Escavação, carga e transporte de material de 2ª categoria - DMT de 1.800 a 2.000 m - caminho de serviço pavimentado - com escavadeira e caminhão basculante de 14 m³","m³",10.8]
[5502361,"Escavação, carga e transporte de material de 2ª categoria - DMT de 2.000 a 2.500 m - caminho de serviço em leito natural - com carregadeira e caminhão basculante de 14 m³","m³",20.96]
[5502595,"Escavação, carga e transporte de material de 2ª categoria - DMT de 2.000 a 2.500 m - caminho de serviço em leito natural - com escavadeira e caminhão basculante de 14 m³","m³",13.54]
[5502387,"Escavação, carga e transporte de material de 2ª categoria - DMT de 2.000 a 2.500 m - caminho de serviço em revestimento primário - com carregadeira e caminhão basculante de 14 m³","m³",18.88]
[5502621,"Escavação, carga e transporte de material de 2ª categoria - DMT de 2.000 a 2.500 m - caminho de serviço em revestimento primário - com escavadeira e caminhão basculante de 14 m³","m³",11.27]
[5502413,"Escavação, carga e transporte de material de 2ª categoria - DMT de 2.000 a 2.500 m - caminho de serviço pavimentado - com carregadeira e caminhão basculante de 14 m³","m³",18.760000000000002]
[5502647,"Escavação, carga e transporte de material de 2ª categoria - DMT de 2.000 a 2.500 m - caminho de serviço pavimentado - com escavadeira e caminhão basculante de 14 m³","m³",11.14]
[5502362,"Escavação, carga e transporte de material de 2ª categoria - DMT de 2.500 a 3.000 m - caminho de serviço em leito natural - com carregadeira e caminhão basculante de 14 m³","m³",22.39]
[5502596,"Escavação, carga e transporte de material de 2ª categoria - DMT de 2.500 a 3.000 m - caminho de serviço em leito natural - com escavadeira e caminhão basculante de 14 m³","m³",14.39]
[5502388,"Escavação, carga e transporte de material de 2ª categoria - DMT de 2.500 a 3.000 m - caminho de serviço em revestimento primário - com carregadeira e caminhão basculante de 14 m³","m³",19.38]
[5502622,"Escavação, carga e transporte de material de 2ª categoria - DMT de 2.500 a 3.000 m - caminho de serviço em revestimento primário - com escavadeira e caminhão basculante de 14 m³","m³",11.81]
[5502414,"Escavação, carga e transporte de material de 2ª categoria - DMT de 2.500 a 3.000 m - caminho de serviço pavimentado - com carregadeira e caminhão basculante de 14 m³","m³",19.260000000000002]
[5502648,"Escavação, carga e transporte de material de 2ª categoria - DMT de 2.500 a 3.000 m - caminho de serviço pavimentado - com escavadeira e caminhão basculante de 14 m³","m³",11.68]
[5502352,"Escavação, carga e transporte de material de 2ª categoria - DMT de 200 a 400 m - caminho de serviço em leito natural - com carregadeira e caminhão basculante de 14 m³","m³",16.760000000000002]
[5502586,"Escavação, carga e transporte de material de 2ª categoria - DMT de 200 a 400 m - caminho de serviço em leito natural - com escavadeira e caminhão basculante de 14 m³","m³",8.98]
[5502378,"Escavação, carga e transporte de material de 2ª categoria - DMT de 200 a 400 m - caminho de serviço em revestimento primário - com carregadeira e caminhão basculante de 14 m³","m³",15.75]
[5502612,"Escavação, carga e transporte de material de 2ª categoria - DMT de 200 a 400 m - caminho de serviço em revestimento primário - com escavadeira e caminhão basculante de 14 m³","m³",8.48]
[5502404,"Escavação, carga e transporte de material de 2ª categoria - DMT de 200 a 400 m - caminho de serviço pavimentado - com carregadeira e caminhão basculante de 14 m³","m³",15.82]
[5502638,"Escavação, carga e transporte de material de 2ª categoria - DMT de 200 a 400 m - caminho de serviço pavimentado - com escavadeira e caminhão basculante de 14 m³","m³",8.58]
[5502353,"Escavação, carga e transporte de material de 2ª categoria - DMT de 400 a 600 m - caminho de serviço em leito natural - com carregadeira e caminhão basculante de 14 m³","m³",17.16]
[5502587,"Escavação, carga e transporte de material de 2ª categoria - DMT de 400 a 600 m - caminho de serviço em leito natural - com escavadeira e caminhão basculante de 14 m³","m³",9.39]
[5502379,"Escavação, carga e transporte de material de 2ª categoria - DMT de 400 a 600 m - caminho de serviço em revestimento primário - com carregadeira e caminhão basculante de 14 m³","m³",16.05]
[5502613,"Escavação, carga e transporte de material de 2ª categoria - DMT de 400 a 600 m - caminho de serviço em revestimento primário - com escavadeira e caminhão basculante de 14 m³","m³",8.7799999999999994]
[5502405,"Escavação, carga e transporte de material de 2ª categoria - DMT de 400 a 600 m - caminho de serviço pavimentado - com carregadeira e caminhão basculante de 14 m³","m³",16.61]
[5502639,"Escavação, carga e transporte de material de 2ª categoria - DMT de 400 a 600 m - caminho de serviço pavimentado - com escavadeira e caminhão basculante de 14 m³","m³",8.83]
[5502351,"Escavação, carga e transporte de material de 2ª categoria - DMT de 50 a 200 m - caminho de serviço em leito natural - com carregadeira e caminhão basculante de 14 m³","m³",15.75]
[5502585,"Escavação, carga e transporte de material de 2ª categoria - DMT de 50 a 200 m - caminho de serviço em leito natural - com escavadeira e caminhão basculante de 14 m³","m³",8.48]
[5502377,"Escavação, carga e transporte de material de 2ª categoria - DMT de 50 a 200 m - caminho de serviço em revestimento primário - com carregadeira e caminhão basculante de 14 m³","m³",15.45]
[5502611,"Escavação, carga e transporte de material de 2ª categoria - DMT de 50 a 200 m - caminho de serviço em revestimento primário - com escavadeira e caminhão basculante de 14 m³","m³",8.17]
[5502403,"Escavação, carga e transporte de material de 2ª categoria - DMT de 50 a 200 m - caminho de serviço pavimentado - com carregadeira e caminhão basculante de 14 m³","m³",15.56]
[5502637,"Escavação, carga e transporte de material de 2ª categoria - DMT de 50 a 200 m - caminho de serviço pavimentado - com escavadeira e caminhão basculante de 14 m³","m³",8.27]
[5502187,"Escavação, carga e transporte de material de 2ª categoria - DMT de 50 m","m³",7.33]
[5502354,"Escavação, carga e transporte de material de 2ª categoria - DMT de 600 a 800 m - caminho de serviço em leito natural - com carregadeira e caminhão basculante de 14 m³","m³",17.559999999999999]
[5502588,"Escavação, carga e transporte de material de 2ª categoria - DMT de 600 a 800 m - caminho de serviço em leito natural - com escavadeira e caminhão basculante de 14 m³","m³",10.46]
[5502380,"Escavação, carga e transporte de material de 2ª categoria - DMT de 600 a 800 m - caminho de serviço em revestimento primário - com carregadeira e caminhão basculante de 14 m³","m³",16.809999999999999]
[5502614,"Escavação, carga e transporte de material de 2ª categoria - DMT de 600 a 800 m - caminho de serviço em revestimento primário - com escavadeira e caminhão basculante de 14 m³","m³",8.98]
[5502406,"Escavação, carga e transporte de material de 2ª categoria - DMT de 600 a 800 m - caminho de serviço pavimentado - com carregadeira e caminhão basculante de 14 m³","m³",16.809999999999999]
[5502640,"Escavação, carga e transporte de material de 2ª categoria - DMT de 600 a 800 m - caminho de serviço pavimentado - com escavadeira e caminhão basculante de 14 m³","m³",9.0299999999999994]
[5502355,"Escavação, carga e transporte de material de 2ª categoria - DMT de 800 a 1.000 m - caminho de serviço em leito natural - com carregadeira e caminhão basculante de 14 m³","m³",17.86]
[5502589,"Escavação, carga e transporte de material de 2ª categoria - DMT de 800 a 1.000 m - caminho de serviço em leito natural - com escavadeira e caminhão basculante de 14 m³","m³",10.8]
[5502381,"Escavação, carga e transporte de material de 2ª categoria - DMT de 800 a 1.000 m - caminho de serviço em revestimento primário - com carregadeira e caminhão basculante de 14 m³","m³",17.010000000000002]
[5502615,"Escavação, carga e transporte de material de 2ª categoria - DMT de 800 a 1.000 m - caminho de serviço em revestimento primário - com escavadeira e caminhão basculante de 14 m³","m³",9.24]
[5502407,"Escavação, carga e transporte de material de 2ª categoria - DMT de 800 a 1.000 m - caminho de serviço pavimentado - com carregadeira e caminhão basculante de 14 m³","m³",17.010000000000002]
[5502641,"Escavação, carga e transporte de material de 2ª categoria - DMT de 800 a 1.000 m - caminho de serviço pavimentado - com escavadeira e caminhão basculante de 14 m³","m³",9.24]
[5502880,"Escavação, carga e transporte de material de 2ª categoria na distância de 3.000 m - caminho de serviço em leito natural - com escavadeira e caminhão basculante de 14 m³","m³",15.54]
[5502857,"Escavação, carga e transporte de material de 2ª categoria na distância de 3.000 m - caminho de serviço em leito natural com carregadeira e caminhão basculante de 14 m³","m³",22.83]
[5502881,"Escavação, carga e transporte de material de 2ª categoria na distância de 3.000 m - caminho de serviço em revestimento primário - com escavadeira e caminhão basculante de 14 m³","m³",12.08]
[5502859,"Escavação, carga e transporte de material de 2ª categoria na distância de 3.000 m - caminho de serviço pavimentado - com carregadeira e caminhão basculante de 14 m³","m³",19.510000000000002]
[5502882,"Escavação, carga e transporte de material de 2ª categoria na distância de 3.000 m - caminho de serviço pavimentado - com escavadeira e caminhão basculante de 14 m³","m³",11.95]
[5502858,"Escavação, carga e transporte de material de 2ª categoria na distância de 3.000 m -caminho de serviço com revestimento primário com carregadeira e caminhão basculante de 14 m³","m³",20.21]
[5502747,"Escavação, carga e transporte de material de 3ª categoria - DMT de 1.000 a 1.200 m - caminho de serviço em leito natural com caminhão basculante de 12 m³","m³",47.37]
[5502773,"Escavação, carga e transporte de material de 3ª categoria - DMT de 1.000 a 1.200 m - caminho de serviço em revestimento primário - com caminhão basculante de 12 m³","m³",45.87]
[5502799,"Escavação, carga e transporte de material de 3ª categoria - DMT de 1.000 a 1.200 m - caminho de serviço pavimentado - com caminhão basculante de 12 m³","m³",44.04]
[5502748,"Escavação, carga e transporte de material de 3ª categoria - DMT de 1.200 a 1.400 m - caminho de serviço em leito natural com caminhão basculante de 12 m³","m³",47.9]
[5502774,"Escavação, carga e transporte de material de 3ª categoria - DMT de 1.200 a 1.400 m - caminho de serviço em revestimento primário - com caminhão basculante de 12 m³","m³",46.19]
[5502800,"Escavação, carga e transporte de material de 3ª categoria - DMT de 1.200 a 1.400 m - caminho de serviço pavimentado - com caminhão basculante de 12 m³","m³",45.87]
[5502749,"Escavação, carga e transporte de material de 3ª categoria - DMT de 1.400 a 1.600 m - caminho de serviço em leito natural com caminhão basculante de 12 m³","m³",48.33]
[5502775,"Escavação, carga e transporte de material de 3ª categoria - DMT de 1.400 a 1.600 m - caminho de serviço em revestimento primário - com caminhão basculante de 12 m³","m³",46.51]
[5502801,"Escavação, carga e transporte de material de 3ª categoria - DMT de 1.400 a 1.600 m - caminho de serviço pavimentado - com caminhão basculante de 12 m³","m³",46.19]
[5502750,"Escavação, carga e transporte de material de 3ª categoria - DMT de 1.600 a 1.800 m - caminho de serviço em leito natural com caminhão basculante de 12 m³","m³",48.75]
[5502776,"Escavação, carga e transporte de material de 3ª categoria - DMT de 1.600 a 1.800 m - caminho de serviço em revestimento primário - com caminhão basculante de 12 m³","m³",46.83]
[5502802,"Escavação, carga e transporte de material de 3ª categoria - DMT de 1.600 a 1.800 m - caminho de serviço pavimentado - com caminhão basculante de 12 m³","m³",46.41]
[5502751,"Escavação, carga e transporte de material de 3ª categoria - DMT de 1.800 a 2.000 m - caminho de serviço em leito natural com caminhão basculante de 12 m³","m³",50.91]
[5502777,"Escavação, carga e transporte de material de 3ª categoria - DMT de 1.800 a 2.000 m - caminho de serviço em revestimento primário - com caminhão basculante de 12 m³","m³",47.05]
[5502803,"Escavação, carga e transporte de material de 3ª categoria - DMT de 1.800 a 2.000 m - caminho de serviço pavimentado - com caminhão basculante de 12 m³","m³",46.73]
[5502752,"Escavação, carga e transporte de material de 3ª categoria - DMT de 2.000 a 2.500 m - caminho de serviço em leito natural com caminhão basculante de 12 m³","m³",51.62]
[5502778,"Escavação, carga e transporte de material de 3ª categoria - DMT de 2.000 a 2.500 m - caminho de serviço em revestimento primário - com caminhão basculante de 12 m³","m³",47.69]
[5502804,"Escavação, carga e transporte de material de 3ª categoria - DMT de 2.000 a 2.500 m - caminho de serviço pavimentado - com caminhão basculante de 12 m³","m³",47.15]
[5502753,"Escavação, carga e transporte de material de 3ª categoria - DMT de 2.500 a 3.000 m - caminho de serviço em leito natural com caminhão basculante de 12 m³","m³",53.04]
[5502779,"Escavação, carga e transporte de material de 3ª categoria - DMT de 2.500 a 3.000 m - caminho de serviço em revestimento primário - com caminhão basculante de 12 m³","m³",48.43]
[5502805,"Escavação, carga e transporte de material de 3ª categoria - DMT de 2.500 a 3.000 m - caminho de serviço pavimentado - com caminhão basculante de 12 m³","m³",47.9]
[5502743,"Escavação, carga e transporte de material de 3ª categoria - DMT de 200 a 400 m - caminho de serviço em leito natural com caminhão basculante de 12 m³","m³",43.68]
[5502769,"Escavação, carga e transporte de material de 3ª categoria - DMT de 200 a 400 m - caminho de serviço em revestimento primário - com caminhão basculante de 12 m³","m³",42.9]
[5502795,"Escavação, carga e transporte de material de 3ª categoria - DMT de 200 a 400 m - caminho de serviço pavimentado - com caminhão basculante de 12 m³","m³",42.83]
[5502744,"Escavação, carga e transporte de material de 3ª categoria - DMT de 400 a 600 m - caminho de serviço em leito natural com caminhão basculante de 12 m³","m³",45.87]
[5502770,"Escavação, carga e transporte de material de 3ª categoria - DMT de 400 a 600 m - caminho de serviço em revestimento primário - com caminhão basculante de 12 m³","m³",43.33]
[5502796,"Escavação, carga e transporte de material de 3ª categoria - DMT de 400 a 600 m - caminho de serviço pavimentado - com caminhão basculante de 12 m³","m³",43.19]
[5502742,"Escavação, carga e transporte de material de 3ª categoria - DMT de 50 a 200 m - caminho de serviço em leito natural com caminhão basculante de 12 m³","m³",42.9]
[5502768,"Escavação, carga e transporte de material de 3ª categoria - DMT de 50 a 200 m - caminho de serviço em revestimento primário - com caminhão basculante de 12 m³","m³",42.4]
[5502794,"Escavação, carga e transporte de material de 3ª categoria - DMT de 50 a 200 m - caminho de serviço pavimentado - com caminhão basculante de 12 m³","m³",42.4]
[5502745,"Escavação, carga e transporte de material de 3ª categoria - DMT de 600 a 800 m - caminho de serviço em leito natural com caminhão basculante de 12 m³","m³",46.41]
[5502771,"Escavação, carga e transporte de material de 3ª categoria - DMT de 600 a 800 m - caminho de serviço em revestimento primário - com caminhão basculante de 12 m³","m³",43.68]
[5502797,"Escavação, carga e transporte de material de 3ª categoria - DMT de 600 a 800 m - caminho de serviço pavimentado - com caminhão basculante de 12 m³","m³",43.54]
[5502746,"Escavação, carga e transporte de material de 3ª categoria - DMT de 800 a 1.000 m - caminho de serviço em leito natural com caminhão basculante de 12 m³","m³",46.94]
[5502772,"Escavação, carga e transporte de material de 3ª categoria - DMT de 800 a 1.000 m - caminho de serviço em revestimento primário - com caminhão basculante de 12 m³","m³",44.04]
[5502798,"Escavação, carga e transporte de material de 3ª categoria - DMT de 800 a 1.000 m - caminho de serviço pavimentado - com caminhão basculante de 12 m³","m³",43.83]
[5502886,"Escavação, carga e transporte de material de 3ª categoria na distância de 3.000 m - caminho de serviço em leito natural com caminhão basculante de 12 m³","m³",53.75]
[5502887,"Escavação, carga e transporte de material de 3ª categoria na distância de 3.000 m - caminho de serviço em revestimento primário - com caminhão basculante de 12 m³","m³",48.97]
[5502888,"Escavação, carga e transporte de material de 3ª categoria na distância de 3.000 m - caminho de serviço pavimentado - com caminhão basculante de 12 m³","m³",48.33]
[5502820,"Escavação, carga e transporte de solos moles - DMT de 0 a 50 m","m³",7.14]
[5502904,"Escavação, carga e transporte de solos moles - DMT de 1.000 a 1.200 m - caminho de serviço em leito natural - com caminhão basculante de 14 m³","m³",20.92]
[5502930,"Escavação, carga e transporte de solos moles - DMT de 1.000 a 1.200 m - caminho de serviço em revestimento primário - com caminhão basculante de 14 m³","m³",19.829999999999998]
[5502956,"Escavação, carga e transporte de solos moles - DMT de 1.000 a 1.200 m - caminho de serviço pavimentado - com caminhão basculante de 14 m³","m³",19.43]
[5502905,"Escavação, carga e transporte de solos moles - DMT de 1.200 a 1.400 m - caminho de serviço em leito natural - com caminhão basculante de 14 m³","m³",23.34]
[5502931,"Escavação, carga e transporte de solos moles - DMT de 1.200 a 1.400 m - caminho de serviço em revestimento primário - com caminhão basculante de 14 m³","m³",20.03]
[5502957,"Escavação, carga e transporte de solos moles - DMT de 1.200 a 1.400 m - caminho de serviço pavimentado - com caminhão basculante de 14 m³","m³",19.63]
[5502906,"Escavação, carga e transporte de solos moles - DMT de 1.400 a 1.600 m - caminho de serviço em leito natural - com caminhão basculante de 14 m³","m³",23.64]
[5502932,"Escavação, carga e transporte de solos moles - DMT de 1.400 a 1.600 m - caminho de serviço em revestimento primário - com caminhão basculante de 14 m³","m³",20.23]
[5502958,"Escavação, carga e transporte de solos moles - DMT de 1.400 a 1.600 m - caminho de serviço pavimentado - com caminhão basculante de 14 m³","m³",19.829999999999998]
[5502907,"Escavação, carga e transporte de solos moles - DMT de 1.600 a 1.800 m - caminho de serviço em leito natural - com caminhão basculante de 14 m³","m³",24.08]
[5502933,"Escavação, carga e transporte de solos moles - DMT de 1.600 a 1.800 m - caminho de serviço em revestimento primário - com caminhão basculante de 14 m³","m³",20.52]
[5502959,"Escavação, carga e transporte de solos moles - DMT de 1.600 a 1.800 m - caminho de serviço pavimentado - com caminhão basculante de 14 m³","m³",20.03]
[5502908,"Escavação, carga e transporte de solos moles - DMT de 1.800 a 2.000 m - caminho de serviço em leito natural - com caminhão basculante de 14 m³","m³",24.38]
[5502934,"Escavação, carga e transporte de solos moles - DMT de 1.800 a 2.000 m - caminho de serviço em revestimento primário - com caminhão basculante de 14 m³","m³",20.72]
[5502960,"Escavação, carga e transporte de solos moles - DMT de 1.800 a 2.000 m - caminho de serviço pavimentado - com caminhão basculante de 14 m³","m³",20.13]
[5502909,"Escavação, carga e transporte de solos moles - DMT de 2.000 a 2.500 m - caminho de serviço em leito natural - com caminhão basculante de 14 m³","m³",24.98]
[5502935,"Escavação, carga e transporte de solos moles - DMT de 2.000 a 2.500 m - caminho de serviço em revestimento primário - com caminhão basculante de 14 m³","m³",21.12]
[5502961,"Escavação, carga e transporte de solos moles - DMT de 2.000 a 2.500 m - caminho de serviço pavimentado - com caminhão basculante de 14 m³","m³",20.52]
[5502910,"Escavação, carga e transporte de solos moles - DMT de 2.500 a 3.000 m - caminho de serviço em leito natural - com caminhão basculante de 14 m³","m³",26.02]
[5502936,"Escavação, carga e transporte de solos moles - DMT de 2.500 a 3.000 m - caminho de serviço em revestimento primário - com caminhão basculante de 14 m³","m³",23.79]
[5502962,"Escavação, carga e transporte de solos moles - DMT de 2.500 a 3.000 m - caminho de serviço pavimentado - com caminhão basculante de 14 m³","m³",21.02]
[5502900,"Escavação, carga e transporte de solos moles - DMT de 200 a 400 m - caminho de serviço em leito natural - com caminhão basculante de 14 m³","m³",19.329999999999998]
[5502926,"Escavação, carga e transporte de solos moles - DMT de 200 a 400 m - caminho de serviço em revestimento primário - com caminhão basculante de 14 m³","m³",18.739999999999998]
[5502952,"Escavação, carga e transporte de solos moles - DMT de 200 a 400 m - caminho de serviço pavimentado - com caminhão basculante de 14 m³","m³",18.54]
[5502901,"Escavação, carga e transporte de solos moles - DMT de 400 a 600 m - caminho de serviço em leito natural - com caminhão basculante de 14 m³","m³",19.73]
[5502927,"Escavação, carga e transporte de solos moles - DMT de 400 a 600 m - caminho de serviço em revestimento primário - com caminhão basculante de 14 m³","m³",19.03]
[5502953,"Escavação, carga e transporte de solos moles - DMT de 400 a 600 m - caminho de serviço pavimentado - com caminhão basculante de 14 m³","m³",18.84]
[5502899,"Escavação, carga e transporte de solos moles - DMT de 50 a 200 m - caminho de serviço em leito natural - com caminhão basculante de 14 m³","m³",18.739999999999998]
[5502925,"Escavação, carga e transporte de solos moles - DMT de 50 a 200 m - caminho de serviço em revestimento primário - com caminhão basculante de 14 m³","m³",18.440000000000001]
[5502951,"Escavação, carga e transporte de solos moles - DMT de 50 a 200 m - caminho de serviço pavimentado - com caminhão basculante de 14 m³","m³",18.239999999999998]
[5502902,"Escavação, carga e transporte de solos moles - DMT de 600 a 800 m - caminho de serviço em leito natural - com caminhão basculante de 14 m³","m³",20.23]
[5502928,"Escavação, carga e transporte de solos moles - DMT de 600 a 800 m - caminho de serviço em revestimento primário - com caminhão basculante de 14 m³","m³",19.329999999999998]
[5502954,"Escavação, carga e transporte de solos moles - DMT de 600 a 800 m - caminho de serviço pavimentado - com caminhão basculante de 14 m³","m³",19.03]
[5502903,"Escavação, carga e transporte de solos moles - DMT de 800 a 1.000 m - caminho de serviço em leito natural - com caminhão basculante de 14 m³","m³",20.52]
[5502929,"Escavação, carga e transporte de solos moles - DMT de 800 a 1.000 m - caminho de serviço em revestimento primário - com caminhão basculante de 14 m³","m³",19.53]
[5502955,"Escavação, carga e transporte de solos moles - DMT de 800 a 1.000 m - caminho de serviço pavimentado - com caminhão basculante de 14 m³","m³",19.23]
[5502889,"Escavação, carga e transporte de solos moles na distância de 3.000 m - caminho de serviço em leito natural - com caminhão basculante de 14 m³","m³",26.47]
[5502996,"Escavação, carga e transporte de solos moles na distância de 3.000 m - caminho de serviço em revestimento primário - com caminhão basculante de 14 m³","m³",24.08]
[5502997,"Escavação, carga e transporte de solos moles na distância de 3.000 m - caminho de serviço pavimentado - com caminhão basculante de 14 m³","m³",23.34]
[5501716,"Escavação, carga e transporte em material de 1ª categoria - DMT de 1.000 a 1.200 m com motoscraper","m³",21.4]
[5501717,"Escavação, carga e transporte em material de 1ª categoria - DMT de 1.200 a 1.400 m com motoscraper","m³",24.14]
[5501712,"Escavação, carga e transporte em material de 1ª categoria - DMT de 200 a 400 m com motoscraper","m³",12.39]
[5501713,"Escavação, carga e transporte em material de 1ª categoria - DMT de 400 a 600 m com motoscraper","m³",13.74]
[5501711,"Escavação, carga e transporte em material de 1ª categoria - DMT de 50 a 200 m com motoscraper","m³",9.91]
[5501710,"Escavação, carga e transporte em material de 1ª categoria - DMT de 50 m","m³",2.85]
[5501714,"Escavação, carga e transporte em material de 1ª categoria - DMT de 600 a 800 m com motoscraper","m³",16.190000000000001]
[5501715,"Escavação, carga e transporte em material de 1ª categoria - DMT de 800 a 1.000 m com motoscraper","m³",18.670000000000002]
[5502986,"Expurgo de jazida","m³",3.22]
[5502977,"Fragmentação de blocos de rocha com escavadeira e rompedor hidráulico 1.700 kg","m³",9.2799999999999994]
[5502985,"Limpeza mecanizada da camada vegetal","m²",0.56999999999999995]
[5503018,"Manutenção de caminho de serviço","km",64.760000000000005]
[5505768,"Pré-fissuramento de material de 3ª categoria","m²",88.71]
[5503020,"Umedecimento de caminho de serviço","km",297.68]
[5605798,"Chumbador de aço CA-50 - D = 20 mm com perfuratriz sobre pneus - ancorado na rocha com cartucho de cimento - fornecimento, perfuração e instalação","m",95.58]
[5605925,"Chumbador de aço CA-50 - D = 20 mm com perfuratriz sobre pneus - ancorado na rocha com injeção de nata de cimento - fornecimento, perfuração e instalação","m",89.37]
[5605799,"Chumbador de aço CA-50 - D = 22 mm com perfuratriz sobre pneus - ancorado na rocha com cartucho de cimento - fornecimento, perfuração e instalação","m",106.03]
[5605800,"Chumbador de aço CA-50 - D = 25 mm com perfuratriz sobre pneus - ancorado na rocha com cartucho de cimento - fornecimento, perfuração e instalação","m",119.36]
[5613944,"Chumbador de aço CA-50 - D = 32 mm com martelete perfurador manual - ancorado na rocha com cartucho de cimento - fornecimento, perfuração e instalação","m",136.07]
[5605894,"Grampo de aço CA-50 D = 12,5 mm para solo grampeado com capacidade de 30 kN - fornecimento, perfuração e instalação","m",55.6]
[5605895,"Grampo de aço CA-50 D = 16 mm para solo grampeado com capacidade de 50 kN - fornecimento, perfuração e instalação","m",59.54]
[5605896,"Grampo de aço CA-50 D = 20 mm para solo grampeado com capacidade de 80 kN - fornecimento, perfuração e instalação","m",65.48]
[5605911,"Perfuração para tirante permanente protendido autoinjetável em material de 1ª categoria com diâmetro de até 120 mm","m",44.61]
[5605912,"Perfuração para tirante permanente protendido autoinjetável em material de 2ª categoria com diâmetro de até 87 mm","m",72.12]
[5605938,"Perfuração para tirantes em material de 1ª categoria com diâmetro de até 120 mm","m",27.02]
[5605939,"Perfuração para tirantes em material de 2ª categoria com diâmetro de até 120 mm","m",32.47]
[5605940,"Perfuração para tirantes em material de 3ª categoria com diâmetro de até 120 mm","m",72.69]
[5605942,"Pintura eletrostática com tinta em pó à base de resina epóxi - E = 200 µm","m²",52.03]
[5605955,"Protensão de tirante com 10 cordoalhas D = 12,7 mm aço CP 190 RB, com capacidade de 860 kN - inclusive ancoragem e grauteamento da cabeça","un",737.31]
[5605956,"Protensão de tirante com 12 cordoalhas D = 12,7 mm aço CP 190 RB, com capacidade de 1.040 kN - inclusive ancoragem e grauteamento da cabeça","un",884.51]
[5605953,"Protensão de tirante com 6 cordoalhas D = 12,7 mm aço CP 190 RB, com capacidade de 520 kN - inclusive ancoragem e grauteamento da cabeça","un",523.91999999999996]
[5605954,"Protensão de tirante com 8 cordoalhas D = 12,7 mm aço CP 190 RB, com capacidade de 690 kN - inclusive ancoragem e grauteamento da cabeça","un",637.58000000000004]
[5605909,"Protensão de tirante permanente autoinjetável de aço D = 40 mm, seção de 684 mm², tensão de escoamento = 440 MPa e tensão de ruptura = 580 MPa - inclusive ancoragem e grauteamento da cabeça","un",481.97]
[5605908,"Protensão de tirante permanente autoinjetável de aço D = 40 mm, seção de 822 mm², tensão de escoamento = 470 MPa e tensão de ruptura = 600 MPa - inclusive ancoragem e grauteamento da cabeça","un",481.97]
[5605907,"Protensão de tirante permanente autoinjetável de aço D = 40 mm, seção de 936 mm², tensão de escoamento = 700 MPa e tensão de ruptura = 830 MPa - inclusive ancoragem e grauteamento da cabeça","un",513.67999999999995]
[5605906,"Protensão de tirante permanente autoinjetável de aço D = 50 mm, seção de 1.330 mm², tensão de escoamento = 630 MPa e tensão de ruptura = 740 MPa - inclusive ancoragem e grauteamento da cabeça","un",616.77]
[5605905,"Protensão de tirante permanente autoinjetável de aço D = 50 mm, seção de 1.569 mm², tensão de escoamento = 630 MPa e tensão de ruptura = 740 MP - inclusive ancoragem e grauteamento da cabeça","un",716.02]
[5605944,"Protensão de tirante permanente protendido de aço D = 30 mm, tensão de escoamento = 600 MPa e tensão de ruptura = 720 MPa - inclusive ancoragem e grauteamento da cabeça","un",433.84]
[5605910,"Protensão de tirante permanente protendido de aço D = 32 mm, tensão de escoamento = 520 MPa e tensão de ruptura = 690 MPa - inclusive ancoragem e grauteamento da cabeça","un",508.27]
[5605945,"Protensão de tirante permanente protendido de aço D = 32 mm, tensão de escoamento = 950 MPa e tensão de ruptura = 1.050 MPa - inclusive ancoragem e grauteamento da cabeça","un",539.54]
[5605946,"Protensão de tirante permanente protendido de aço D = 40 mm, tensão de escoamento = 600 MPa e tensão de ruptura = 720 MPa - inclusive ancoragem e grauteamento da cabeça","un",513.67999999999995]
[5605947,"Protensão de tirante permanente protendido de aço D = 44 mm, tensão de escoamento = 680 MPa e tensão de ruptura = 870 MPa - inclusive ancoragem e grauteamento da cabeça","un",575.36]
[5605948,"Protensão de tirante permanente protendido de aço D = 50 mm, tensão de escoamento = 600 MPa e tensão de ruptura = 720 MPa - inclusive ancoragem e grauteamento da cabeça","un",716.02]
[5605949,"Protensão de tirante permanente protendido de aço D = 53 mm, tensão de escoamento = 600 MPa e tensão de ruptura = 720 MPa - inclusive ancoragem e grauteamento da cabeça","un",1015.03]
[5605950,"Protensão de tirante permanente protendido de aço D = 57 mm, tensão de escoamento = 600 MPa e tensão de ruptura = 720 MPa - inclusive ancoragem e grauteamento da cabeça","un",1040.04]
[5605951,"Protensão de tirante permanente protendido de aço D = 63 mm, tensão de escoamento = 600 MPa e tensão de ruptura = 720 MPa - inclusive ancoragem e grauteamento da cabeça","un",1640.24]
[5605952,"Protensão de tirante permanente protendido de aço D = 69 mm, tensão de escoamento = 600 MPa e tensão de ruptura = 720 MPa - inclusive ancoragem e grauteamento da cabeça","un",2486.7199999999998]
[5605932,"Tirante de barra de aço ancorado na rocha com resina de poliéster, D = 19 mm, tensão de escoamento = 700 MPa e tensão de ruptura = 800 MPa - fornecimento, perfuração e instalação","m",132.49]
[5605934,"Tirante de barra de aço ancorado na rocha com resina de poliéster, D = 22 mm, tensão de escoamento = 700 MPa e tensão de ruptura = 800 MPa - fornecimento, perfuração e instalação","m",143.12]
[5605928,"Tirante de barra de aço ancorado na rocha com resina de poliéster, D = 25 mm, tensão de escoamento = 520 MPa e tensão de ruptura = 690 MPa - fornecimento, perfuração e instalação","m",170.56]
[5605935,"Tirante de barra de aço ancorado na rocha com resina de poliéster, D = 25 mm, tensão de escoamento = 700 MPa, tensão de ruptura = 800 MPa - fornecimento, perfuração e instalação","m",156.97999999999999]
[5605936,"Tirante de barra de aço ancorado na rocha com resina de poliéster, D = 32 mm, tensão de escoamento = 700 MPa, tensão de ruptura = 800 MPa - fornecimento, perfuração e instalação","m",238.16]
[5605937,"Tirante de barra de aço ancorado na rocha com resina de poliéster, D = 36 mm, tensão de escoamento = 700 MPa e tensão de ruptura = 800 MPa - fornecimento, perfuração e instalação","m",293.99]
[5605957,"Tirante permanente protendido autoinjetável de aço D = 40 mm, seção de 684 mm², tensão de escoamento = 440 MPa e tensão de ruptura = 580 MPa - exceto perfuração","m",214.23]
[5605958,"Tirante permanente protendido autoinjetável de aço D = 40 mm, seção de 822 mm², tensão de escoamento = 470 MPa e tensão de ruptura = 600 MPa - exceto perfuração","m",245.35]
[5605959,"Tirante permanente protendido autoinjetável de aço D = 40 mm, seção de 936 mm², tensão de escoamento = 700 MPa e tensão de ruptura = 830 MPa - exceto perfuração","m",297.42]
[5605960,"Tirante permanente protendido autoinjetável de aço D = 50 mm, seção de 1.330 mm², tensão de escoamento = 630 MPa e tensão de ruptura = 740 MPa - exceto perfuração","m",389.34]
[5605961,"Tirante permanente protendido autoinjetável de aço D = 50 mm, seção de 1.569 mm², tensão de escoamento = 630 MPa e tensão de ruptura = 740 MPa - exceto perfuração","m",444.1]
[5605885,"Tirante permanente protendido com 10 cordoalhas D = 12,7 mm, aço CP 190 RB, com capacidade de 860 kN - exceto perfuração","m",240.09]
[5605886,"Tirante permanente protendido com 12 cordoalhas D = 12,7 mm, aço CP 190 RB, com capacidade de 1.030 kN - exceto perfuração","m",259.66000000000003]
[5605883,"Tirante permanente protendido com 6 cordoalhas D = 12,7 mm, aço CP 190 RB, com capacidade de 510 kN - exceto perfuração","m",196.12]
[5605884,"Tirante permanente protendido com 8 cordoalhas D = 12,7 mm, aço CP 190 RB, com capacidade de 690 kN - exceto perfuração","m",215.69]
[5605962,"Tirante permanente protendido de aço D = 30 mm, tensão de escoamento = 600 MPa e tensão de ruptura = 720 MPa - exceto perfuração","m",155.41999999999999]
[5605881,"Tirante permanente protendido de aço D = 32 mm, tensão de escoamento = 520 MPa e tensão de ruptura = 690 MPa - exceto perfuração","m",232.76]
[5605882,"Tirante permanente protendido de aço D = 32 mm, tensão de escoamento = 950 MPa e tensão de ruptura = 1.050 MPa - exceto perfuração","m",386.35]
[5605963,"Tirante permanente protendido de aço D = 40 mm, tensão de escoamento = 600 MPa e tensão de ruptura = 720 MPa - exceto perfuração","m",244.05]
[5605964,"Tirante permanente protendido de aço D = 44 mm, tensão de escoamento = 680 MPa e tensão de ruptura = 870 MPa - exceto perfuração","m",311.8]
[5605965,"Tirante permanente protendido de aço D = 50 mm, tensão de escoamento = 600 MPa e tensão de ruptura = 720 MPa - exceto perfuração","m",368.23]
[5605966,"Tirante permanente protendido de aço D = 53mm, tensão de escoamento = 600 MPa e tensão de ruptura = 720 MPa - exceto perfuração","m",409.68]
[5605967,"Tirante permanente protendido de aço D = 57 mm, tensão de escoamento = 600 MPa e tensão de ruptura = 720 MPa - exceto perfuração","m",460.33]
[5605968,"Tirante permanente protendido de aço D = 63 mm, tensão de escoamento = 600 MPa e tensão de ruptura = 720 MPa - exceto perfuração","m",562.67999999999995]
[5605969,"Tirante permanente protendido de aço D = 69 mm, tensão de escoamento = 600 MPa e tensão de ruptura = 720 MPa - exceto perfuração","m",681.11]
[5909130,"Carga e manobra de aduelas de concreto pré-moldadas em cavalo mecânico com semirreboque 20 t - carga com caminhão guindauto com capacidade de elevação de 11,9 t","t",25.79]
[5914703,"Carga e manobra de brita para lastro com locomotiva diesel-elétrica em vagão hopper aberto com capacidade de 45 m³ - carga com carregadeira e descarga automática - bitola métrica","t",5.74]
[5914704,"Carga e manobra de brita para lastro com locomotiva diesel-elétrica em vagão hopper aberto com capacidade de 63 m³ - carga com carregadeira e descarga automática - bitola larga","t",5.87]
[5914710,"Carga e manobra de dormentes de concreto de bitola larga com locomotiva diesel-elétrica e vagão plataforma com capacidade de 98 t - carga com carregadeira - bitola larga","t",11.05]
[5914711,"Carga e manobra de dormentes de concreto de bitola métrica com locomotiva diesel-elétrica e vagão plataforma com capacidade de 82 t - carga com carregadeira - bitola métrica","t",9.9]
[5914712,"Carga e manobra de dormentes de concreto de bitola mista com locomotiva diesel-elétrica e vagão plataforma com capacidade de 98 t - carga com carregadeira - bitola larga","t",10.02]
[5915369,"Carga, descarga e manobra de vigas pré-moldadas de 1.000 a 1.250 kN em cavalo mecânico com reboques de 5 e 4 eixos com capacidade de 130 t","un",8393.5499999999993]
[5915401,"Carga, descarga e manobra de vigas pré-moldadas de 500 a 750 kN em cavalo mecânico com dollys de 3 e 4 eixos com capacidade de 77 t","un",7722.01]
[5915402,"Carga, descarga e manobra de vigas pré-moldadas de 750 a 1.000 kN em cavalo mecânico com dollys de 5 e 4 eixos com capacidade de 111 t","un",4463.53]
[5915400,"Carga, descarga e manobra de vigas pré-moldadas de até 500 kN em cavalo mecânico com dolly de 4 eixos com capacidade de 57 t","un",4030.32]
[5914651,"Carga, manobra e descarga de agregados ou solos em caminhão basculante de 10 m³ - carga com carregadeira de 3,40 m³ (exclusa) e descarga em distribuidor autopropelido","t",2.48]
[5914648,"Carga, manobra e descarga de agregados ou solos em caminhão basculante de 10 m³ - carga com carregadeira de 3,40 m³ (exclusa) e descarga em distribuidor rebocável","t",7.51]
[5914647,"Carga, manobra e descarga de agregados ou solos em caminhão basculante de 10 m³ - carga com carregadeira de 3,40 m³ (exclusa) e descarga livre","t",1.72]
[5915411,"Carga, manobra e descarga de agregados ou solos em caminhão basculante de 10 m³ - carga com carregadeira de 3,40 m³ e descarga em distribuidor autopropelido","t",3.5]
[5915409,"Carga, manobra e descarga de agregados ou solos em caminhão basculante de 10 m³ - carga com carregadeira de 3,40 m³ e descarga em distribuidor rebocável","t",8.52]
[5915407,"Carga, manobra e descarga de agregados ou solos em caminhão basculante de 10 m³ - carga com carregadeira de 3,40 m³ e descarga livre","t",2.74]
[5914354,"Carga, manobra e descarga de agregados ou solos em caminhão basculante de 10 m³ - carga com escavadeira de 1,56 m³ (exclusa) e descarga livre","t",1.8]
[5915406,"Carga, manobra e descarga de agregados ou solos em caminhão basculante de 10 m³ - carga em usina de 60 t/h (PMF) e descarga livre","t",9.1199999999999992]
[5914652,"Carga, manobra e descarga de agregados ou solos em caminhão basculante de 10 m³ - carga em usina de solos de 300 t/h e descarga em distribuidor autopropelido","t",3.32]
[5915417,"Carga, manobra e descarga de agregados ou solos em caminhão basculante de 10 m³ - carga em usina de solos de 300 t/h e descarga em vibroacabadora","t",5.24]
[5915414,"Carga, manobra e descarga de agregados ou solos em caminhão basculante de 10 m³ - carga em usina de solos de 300 t/h e descarga livre","t",2.74]
[5914351,"Carga, manobra e descarga de agregados ou solos em caminhão basculante de 14 m³ - carga com carregadeira de 3,40 m³ e descarga livre","t",2.73]
[5914645,"Carga, manobra e descarga de agregados ou solos em caminhão basculante de 6 m³ - carga com carregadeira de 1,72 m³ (exclusa) e descarga em distribuidor autopropelido","t",2.87]
[5914642,"Carga, manobra e descarga de agregados ou solos em caminhão basculante de 6 m³ - carga com carregadeira de 1,72 m³ (exclusa) e descarga em distribuidor rebocável","t",5.57]
[5914641,"Carga, manobra e descarga de agregados ou solos em caminhão basculante de 6 m³ - carga com carregadeira de 1,72 m³ (exclusa) e descarga livre","t",1.99]
[5915456,"Carga, manobra e descarga de agregados ou solos em caminhão basculante de 6 m³ - carga com carregadeira de 1,72 m³ e descarga em distribuidor autopropelido","t",3.77]
[5915454,"Carga, manobra e descarga de agregados ou solos em caminhão basculante de 6 m³ - carga com carregadeira de 1,72 m³ e descarga em distribuidor rebocável","t",6.47]
[5915399,"Carga, manobra e descarga de agregados ou solos em caminhão basculante de 6 m³ - carga com carregadeira de 1,72 m³ e descarga livre","t",2.89]
[5914353,"Carga, manobra e descarga de agregados ou solos em caminhão basculante de 6 m³ - carga com escavadeira de 1,56 m³ (exclusa) e descarga livre","t",1.49]
[5915470,"Carga, manobra e descarga de agregados ou solos em caminhão basculante de 6 m³ - carga com escavadeira de 1,56 m³ e descarga livre","t",2.21]
[5915459,"Carga, manobra e descarga de agregados ou solos em caminhão basculante de 6 m³ - carga com minicarregadeira de 0,45 m³ e descarga livre","t",7.46]
[5915476,"Carga, manobra e descarga de agregados ou solos em caminhão basculante de 6 m³ - carga manual e descarga livre","t",28.52]
[5914702,"Carga, manobra e descarga de barras de trilho de 12 m com locomotiva diesel-elétrica em vagão plataforma com capacidade de 82 t - carga e descarga com carregadeira - bitola métrica","t",14.72]
[5914701,"Carga, manobra e descarga de barras de trilho de 12 m com locomotiva diesel-elétrica em vagão plataforma com capacidade de 98 t - carga e descarga com carregadeira - bitola larga","t",15.25]
[5915018,"Carga, manobra e descarga de barras de trilho de 12 m em cavalo mecânico com semirreboque com capacidade de 32 t - carga e descarga com carregadeira","t",8.2200000000000006]
[5906592,"Carga, manobra e descarga de blocos artificiais de concreto com 10 a 12 t para molhe em cavalo mecânico com semirreboque com capacidade de 32 t - carga e descarga com guindaste com pinça","un",34.85]
[5906591,"Carga, manobra e descarga de blocos artificiais de concreto com 8 a 9 t para molhe em cavalo mecânico com semirreboque com capacidade de 32 t - carga e descarga com guindaste com pinça","un",33.049999999999997]
[5914653,"Carga, manobra e descarga de blocos de rocha em caminhão basculante de 8 m³ - carga com carregadeira de 1,72 m³ (exclusa) e descarga livre","t",3.42]
[5915405,"Carga, manobra e descarga de blocos de rocha em caminhão basculante de 8 m³ - carga com carregadeira de 1,72 m³ e descarga livre","t",5.59]
[5914657,"Carga, manobra e descarga de blocos de rocha em caminhão basculante de 8 m³ - carga com retroescavadeira de 0,29 m³ e descarga livre","t",17.55]
[5914363,"Carga, manobra e descarga de cimento ou cal hidratada a granel em caminhão silo de 30 m³","t",17.440000000000001]
[5914646,"Carga, manobra e descarga de concreto asfáltico com borracha em caminhão basculante de 10 m³ - carga em usina de asfalto 100/140 t/h e descarga em vibroacabadora","t",8.49]
[5919535,"Carga, manobra e descarga de concreto com caminhão betoneira - carga em central de concreto de 30 m³/h e descarga em extrusora de barreira de concreto","t",21.59]
[5919533,"Carga, manobra e descarga de concreto com caminhão betoneira - carga em central de concreto de 30 m³/h e descarga em extrusora de meio-fio","t",71.48]
[5919534,"Carga, manobra e descarga de concreto com caminhão betoneira - carga em central de concreto de 30 m³/h e descarga em extrusora de sarjeta","t",65.3]
[5909007,"Carga, manobra e descarga de concreto com caminhão betoneira - carga em central de concreto de 30 m³/h e descarga livre","t",19.850000000000001]
[5919538,"Carga, manobra e descarga de concreto com caminhão betoneira - carga em central de concreto de 40 m³/h e descarga livre","t",16.850000000000001]
[5919540,"Carga, manobra e descarga de concreto de cimento em caminhão basculante de 10 m³ - carga em central de concreto de 150 m³/h e descarga em vibroacabadora","t",3.01]
[5914705,"Carga, manobra e descarga de dormentes de concreto de bitola larga com locomotiva diesel-elétrica e vagão plataforma com capacidade de 98 t - carga e descarga com carregadeira - bitola larga","t",22.1]
[5914706,"Carga, manobra e descarga de dormentes de concreto de bitola métrica com locomotiva diesel-elétrica e vagão plataforma com capacidade de 82 t - carga e descarga com carregadeira - bitola métrica","t",19.8]
[5914707,"Carga, manobra e descarga de dormentes de concreto de bitola mista com locomotiva diesel-elétrica e vagão plataforma com capacidade de 98 t - carga e descarga com carregadeira - bitola larga","t",20.04]
[5914677,"Carga, manobra e descarga de dormentes de madeira com locomotiva diesel-elétrica em vagão plataforma com capacidade de 82 t - carga e descarga com carregadeira - bitola métrica","t",29.53]
[5914676,"Carga, manobra e descarga de dormentes de madeira com locomotiva diesel-elétrica em vagão plataforma com capacidade de 98 t - carga e descarga com carregadeira - bitola larga","t",25.15]
[5915016,"Carga, manobra e descarga de dormentes de madeira de bitola larga ou mista em cavalo mecânico com semirreboque com capacidade de 32 t - carga e descarga com carregadeira","t",13.36]
[5915017,"Carga, manobra e descarga de dormentes de madeira de bitola métrica em cavalo mecânico com semirreboque com capacidade de 32 t - carga e descarga com carregadeira","t",16.510000000000002]
[5914678,"Carga, manobra e descarga de jogo de dormentes de concreto para AMV de bitola larga ou mista, qualquer abertura, com locomotiva diesel-elétrica em vagão plataforma com capacidade de 98 t - carga e descarga com carregadeira - bitola larga","t",35.94]
[5914679,"Carga, manobra e descarga de jogo de dormentes de concreto para AMV de bitola métrica, qualquer abertura, com locomotiva diesel-elétrica em vagão plataforma com capacidade de 82 t - carga e descarga com carregadeira - bitola métrica","t",56.67]
[5914681,"Carga, manobra e descarga de jogo de dormentes de madeira para AMV bitola métrica, qualquer abertura, com locomotiva diesel-elétrica em vagão plataforma com capacidade de 82 t - carga e descarga com carregadeira - bitola métrica","t",67.61]
[5914680,"Carga, manobra e descarga de jogo de dormentes de madeira para AMV de bitola larga ou mista, qualquer abertura, com locomotiva diesel-elétrica em vagão plataforma com capacidade de 98 t - carga e descarga com carregadeira - bitola larga","t",47.56]
[5915015,"Carga, manobra e descarga de materiais diversos em caminhão carroceria com capacidade de 11,5 t e com guindauto com capacidade de elevação de 11,9 t","t",19.809999999999999]
[5915373,"Carga, manobra e descarga de materiais diversos em caminhão carroceria com capacidade de 7 t e com guindauto com capacidade de elevação de 6,2 t","t",17.489999999999998]
[5914333,"Carga, manobra e descarga de materiais diversos em caminhão carroceria de 15 t - carga e descarga com caminhão guindauto com capacidade de elevação de 6,2 t","t",32.17]
[5914655,"Carga, manobra e descarga de materiais diversos em caminhão carroceria de 15 t - carga e descarga manuais","t",32.24]
[5915474,"Carga, manobra e descarga de materiais diversos em caminhão carroceria de 5 t - carga e descarga manuais","t",30.93]
[5914654,"Carga, manobra e descarga de materiais diversos em caminhão carroceria de 9 t - carga e descarga manuais","t",25.89]
[5914686,"Carga, manobra e descarga de materiais metálicos e acessórios diversos com locomotiva diesel-elétrica em vagão fechado com capacidade de 64 t - carga e descarga com carregadeira - bitola métrica","t",25.02]
[5914685,"Carga, manobra e descarga de materiais metálicos e acessórios diversos com locomotiva diesel-elétrica em vagão fechado com capacidade de 99 t - carga e descarga com carregadeira - bitola larga","t",25.46]
[5914682,"Carga, manobra e descarga de materiais metálicos para AMV de bitola larga, qualquer abertura, com locomotiva diesel-elétrica em vagão plataforma com capacidade de 98 t - carga e descarga com carregadeira - bitola larga","t",32.72]
[5915019,"Carga, manobra e descarga de materiais metálicos para AMV de bitola larga, qualquer abertura, em cavalo mecânico com semirreboque com capacidade de 32 t - carga e descarga com carregadeira","t",13.71]
[5914683,"Carga, manobra e descarga de materiais metálicos para AMV de bitola métrica, qualquer abertura, com locomotiva diesel-elétrica em vagão plataforma com capacidade de 82 t - carga e descarga com carregadeira - bitola métrica","t",37.18]
[5915020,"Carga, manobra e descarga de materiais metálicos para AMV de bitola métrica, qualquer abertura, em cavalo mecânico com semirreboque com capacidade de 32 t - carga e descarga com carregadeira","t",15.77]
[5914684,"Carga, manobra e descarga de materiais metálicos para AMV de bitola mista, qualquer abertura, com locomotiva diesel-elétrica e vagão plataforma com capacidade de 98 t - carga e descarga com carregadeira","t",28.36]
[5915021,"Carga, manobra e descarga de materiais metálicos para AMV de bitola mista, qualquer abertura, em cavalo mecânico com semirreboque com capacidade de 32 t - carga e descarga com carregadeira","t",11.88]
[5914675,"Carga, manobra e descarga de material demolido em caminhão basculante de 6 m³ - carga com carregadeira de 1,72 m³ e descarga livre","t",3.06]
[5915433,"Carga, manobra e descarga de material demolido em caminhão basculante de 6 m³ - carga manual e descarga livre","t",34.479999999999997]
[5914304,"Carga, manobra e descarga de material fresado em caminhão basculante de 10 m³ - fresagem contínua em espessura de 3 cm - carga com fresadora e descarga livre","t",3.48]
[5914305,"Carga, manobra e descarga de material fresado em caminhão basculante de 10 m³ - fresagem contínua em espessura de 4 cm - carga com fresadora e descarga livre","t",3.41]
[5915440,"Carga, manobra e descarga de material fresado em caminhão basculante de 10 m³ - fresagem contínua em espessura de 5 cm - carga com fresadora e descarga livre","t",3.05]
[5914306,"Carga, manobra e descarga de material fresado em caminhão basculante de 10 m³ - fresagem contínua em espessura de 6 cm - carga com fresadora e descarga livre","t",2.84]
[5914307,"Carga, manobra e descarga de material fresado em caminhão basculante de 10 m³ - fresagem contínua em espessura de 7 cm - carga com fresadora e descarga livre","t",2.69]
[5914308,"Carga, manobra e descarga de material fresado em caminhão basculante de 10 m³ - fresagem contínua em espessura de 8 cm - carga com fresadora e descarga livre","t",2.6]
[5914309,"Carga, manobra e descarga de material fresado em caminhão basculante de 10 m³ - fresagem descontínua em espessura de 3 cm - carga com fresadora e descarga livre","t",5.76]
[5914310,"Carga, manobra e descarga de material fresado em caminhão basculante de 10 m³ - fresagem descontínua em espessura de 4 cm - carga com fresadora e descarga livre","t",4.8099999999999996]
[5914352,"Carga, manobra e descarga de material fresado em caminhão basculante de 10 m³ - fresagem descontínua em espessura de 5 cm - carga com fresadora e descarga livre","t",4.29]
[5914311,"Carga, manobra e descarga de material fresado em caminhão basculante de 10 m³ - fresagem descontínua em espessura de 6 cm - carga com fresadora e descarga livre","t",3.94]
[5914312,"Carga, manobra e descarga de material fresado em caminhão basculante de 10 m³ - fresagem descontínua em espessura de 7 cm - carga com fresadora e descarga livre","t",3.73]
[5914313,"Carga, manobra e descarga de material fresado em caminhão basculante de 10 m³ - fresagem descontínua em espessura de 8 cm - carga com fresadora e descarga livre","t",3.57]
[5914339,"Carga, manobra e descarga de material fresado em caminhão basculante de 6 m³ - fresagem descontínua em espessura de 5 cm - carga com fresadora e descarga livre","t",9.43]
[5914650,"Carga, manobra e descarga de mistura betuminosa a frio em caminhão basculante de 10 m³ - carga em usina de 60 t/h (PMF) e descarga em vibroacabadora","t",10.98]
[5914358,"Carga, manobra e descarga de mistura betuminosa a frio em caminhão basculante de 6 m³ - carga em usina de 60 t/h (PMF) e descarga em vibroacabadora","t",8.89]
[5915421,"Carga, manobra e descarga de mistura betuminosa a frio em caminhão basculante de 6 m³ - carga em usina de 60 t/h (PMF) e descarga manual","t",25.45]
[5914649,"Carga, manobra e descarga de mistura betuminosa a quente em caminhão basculante de 10 m³ - carga em usina de asfalto 100/140 t/h e descarga em vibroacabadora","t",7.6]
[5914643,"Carga, manobra e descarga de mistura betuminosa a quente em caminhão basculante de 6 m³ - carga em usina de asfalto 100/140 t/h e descarga em vibroacabadora","t",5.37]
[5914328,"Carga, manobra e descarga de mistura betuminosa a quente em caminhão basculante de 6 m³ - carga em usina de asfalto 100/140 t/h e descarga manual","t",26.49]
[5914610,"Carga, manobra e descarga de mistura betuminosa a quente em caminhão com caçamba térmica de 6 m³ - carga em usina de asfalto de 100/140 t/h e descarga manual","t",26.18]
[5915408,"Carga, manobra e descarga de mistura reciclada com espuma de asfalto em caminhão basculante de 10 m³ - carga em usina de reciclagem a frio e descarga em vibroacabadora","t",5.49]
[5915306,"Carga, manobra e descarga de tetrápodes em cavalo mecânico com semirreboque com capacidade de 32 t - carga e descarga com guindaste","un",38.08]
[5914708,"Carga, manobra e descarga de TLS de TR45 de 120 m com locomotiva diesel-elétrica em vagão plataforma com capacidade de 82 t - carga e descarga com manipulador de TLS - bitola métrica","t",41.72]
[5914687,"Carga, manobra e descarga de TLS de TR45 de 120 m com locomotiva diesel-elétrica em vagão plataforma com capacidade de 98 t - carga e descarga com manipulador de TLS - bitola larga","t",42.16]
[5914709,"Carga, manobra e descarga de TLS de TR45 de 240 m com locomotiva diesel-elétrica em vagão plataforma com capacidade de 82 t - carga e descarga com manipulador de TLS - bitola métrica","t",45.85]
[5914688,"Carga, manobra e descarga de TLS de TR45 de 240 m com locomotiva diesel-elétrica em vagão plataforma com capacidade de 98 t - carga e descarga com manipulador de TLS - bitola larga","t",45.77]
[5914695,"Carga, manobra e descarga de TLS de TR57 de 120 m com locomotiva diesel-elétrica em vagão plataforma com capacidade de 82 t - carga e descarga com manipulador de TLS - bitola métrica","t",32.74]
[5914689,"Carga, manobra e descarga de TLS de TR57 de 120 m com locomotiva diesel-elétrica em vagão plataforma com capacidade de 98 t - carga e descarga com manipulador de TLS - bitola larga","t",33.08]
[5914696,"Carga, manobra e descarga de TLS de TR57 de 240 m com locomotiva diesel-elétrica em vagão plataforma com capacidade de 82 t - carga e descarga com manipulador de TLS - bitola métrica","t",35.979999999999997]
[5914690,"Carga, manobra e descarga de TLS de TR57 de 240 m com locomotiva diesel-elétrica em vagão plataforma com capacidade de 98 t - carga e descarga com manipulador de TLS - bitola larga","t",35.909999999999997]
[5914697,"Carga, manobra e descarga de TLS de TR68 de 120 m com locomotiva diesel-elétrica em vagão plataforma com capacidade de 82 t - carga e descarga com manipulador de TLS - bitola métrica","t",27.63]
[5914691,"Carga, manobra e descarga de TLS de TR68 de 120 m com locomotiva diesel-elétrica em vagão plataforma com capacidade de 98 t - carga e descarga com manipulador de TLS - bitola larga","t",27.92]
[5914698,"Carga, manobra e descarga de TLS de TR68 de 240 m com locomotiva diesel-elétrica em vagão plataforma com capacidade de 82 t - carga e descarga com manipulador de TLS - bitola métrica","t",30.37]
[5914692,"Carga, manobra e descarga de TLS de TR68 de 240 m com locomotiva diesel-elétrica em vagão plataforma com capacidade de 98 t - carga e descarga com manipulador de TLS - bitola larga","t",30.31]
[5914699,"Carga, manobra e descarga de TLS de UIC60 de 120 m com locomotiva diesel-elétrica em vagão plataforma com capacidade de 82 t - carga e descarga com manipulador de TLS - bitola métrica","t",30.94]
[5914693,"Carga, manobra e descarga de TLS de UIC60 de 120 m com locomotiva diesel-elétrica em vagão plataforma com capacidade de 98 t - carga e descarga com manipulador de TLS - bitola larga","t",31.26]
[5914700,"Carga, manobra e descarga de TLS de UIC60 de 240 m com locomotiva diesel-elétrica em vagão plataforma com capacidade de 82 t - carga e descarga com manipulador de TLS - bitola métrica","t",34]
[5914694,"Carga, manobra e descarga de TLS de UIC60 de 240 m com locomotiva diesel-elétrica em vagão plataforma com capacidade de 98 t - carga e descarga com manipulador de TLS - bitola larga","t",33.94]
[5915441,"Carga, manobra e descarga de trituração de galhos e troncos em caminhão basculante de 6 m³ - carga com trituradora e descarga livre","t",99.96]
[5901639,"Transporte com caminhão basculante com caçamba estanque com capacidade de 14 m³ - rodovia em leito natural","tkm",0.92]
[5901638,"Transporte com caminhão basculante com caçamba estanque com capacidade de 14 m³ - rodovia em revestimento primário","tkm",0.74]
[5901640,"Transporte com caminhão basculante com caçamba estanque com capacidade de 14 m³ - rodovia pavimentada","tkm",0.66]
[5914359,"Transporte com caminhão basculante de 10 m³ - rodovia em leito natural","tkm",1.21]
[5914374,"Transporte com caminhão basculante de 10 m³ - rodovia em revestimento primário","tkm",0.96]
[5914389,"Transporte com caminhão basculante de 10 m³ - rodovia pavimentada","tkm",0.78]
[5915319,"Transporte com caminhão basculante de 14 m³ - rodovia em leito natural","tkm",0.92]
[5915320,"Transporte com caminhão basculante de 14 m³ - rodovia em revestimento primário","tkm",0.73]
[5915321,"Transporte com caminhão basculante de 14 m³ - rodovia pavimentada","tkm",0.66]
[5914314,"Transporte com caminhão basculante de 6 m³ - rodovia em leito natural","tkm",1.27]
[5914329,"Transporte com caminhão basculante de 6 m³ - rodovia em revestimento primário","tkm",1.02]
[5914344,"Transporte com caminhão basculante de 6 m³ - rodovia pavimentada","tkm",0.83]
[5914539,"Transporte com caminhão betoneira - rodovia em leito natural","tkm",1.1100000000000001]
[5914554,"Transporte com caminhão betoneira - rodovia em revestimento primário","tkm",0.89]
[5914569,"Transporte com caminhão betoneira - rodovia pavimentada","tkm",0.72]
[5915012,"Transporte com caminhão carroceria com capacidade de 11,5 t e com guindauto com capacidade de elevação de 11,9 t - rodovia em leito natural","tkm",1.92]
[5915013,"Transporte com caminhão carroceria com capacidade de 11,5 t e com guindauto com capacidade de elevação de 11,9 t - rodovia em revestimento primário","tkm",1.53]
[5915014,"Transporte com caminhão carroceria com capacidade de 11,5 t e com guindauto com capacidade de elevação de 11,9 t - rodovia pavimentada","tkm",1.25]
[5914584,"Transporte com caminhão carroceria com capacidade de 7 t e com guindauto com capacidade de elevação de 6,2 t - rodovia em leito natural","tkm",2.61]
[5914599,"Transporte com caminhão carroceria com capacidade de 7 t e com guindauto com capacidade de elevação de 6,2 t - rodovia em revestimento primário","tkm",2.09]
[5914614,"Transporte com caminhão carroceria com capacidade de 7 t e com guindauto com capacidade de elevação de 6,2 t - rodovia pavimentada","tkm",1.7]
[5914581,"Transporte com caminhão carroceria com capacidade de 8,5 t e com guindauto com capacidade de elevação de 5,7 t - rodovia em leito natural","tkm",1.97]
[5914582,"Transporte com caminhão carroceria com capacidade de 8,5 t e com guindauto com capacidade de elevação de 5,7 t - rodovia em revestimento primário","tkm",1.57]
[5914583,"Transporte com caminhão carroceria com capacidade de 8,5 t e com guindauto com capacidade de elevação de 5,7 t - rodovia pavimentada","tkm",1.28]
[5914449,"Transporte com caminhão carroceria de 15 t - rodovia em leito natural","tkm",1.07]
[5914464,"Transporte com caminhão carroceria de 15 t - rodovia em revestimento primário","tkm",0.86]
[5914479,"Transporte com caminhão carroceria de 15 t - rodovia pavimentada","tkm",0.69]
[5915322,"Transporte com caminhão carroceria de 5 t - rodovia em leito natural","tkm",1.9]
[5915323,"Transporte com caminhão carroceria de 5 t - rodovia em revestimento primário","tkm",1.52]
[5915324,"Transporte com caminhão carroceria de 5 t - rodovia pavimentada","tkm",1.23]
[5914404,"Transporte com caminhão carroceria de 9 t - rodovia em leito natural","tkm",1.22]
[5914419,"Transporte com caminhão carroceria de 9 t - rodovia em revestimento primário","tkm",0.98]
[5914434,"Transporte com caminhão carroceria de 9 t - rodovia pavimentada","tkm",0.79]
[5914635,"Transporte com cavalo mecânico com semirreboque com capacidade de 20 t - rodovia em leito natural","tkm",1.26]
[5914636,"Transporte com cavalo mecânico com semirreboque com capacidade de 20 t - rodovia em revestimento primário","tkm",1.01]
[5914637,"Transporte com cavalo mecânico com semirreboque com capacidade de 20 t - rodovia pavimentada","tkm",0.82]
[5914638,"Transporte com cavalo mecânico com semirreboque com capacidade de 32 t - rodovia em leito natural","tkm",0.87]
[5914639,"Transporte com cavalo mecânico com semirreboque com capacidade de 32 t - rodovia em revestimento primário","tkm",0.7]
[5914640,"Transporte com cavalo mecânico com semirreboque com capacidade de 32 t - rodovia pavimentada","tkm",0.56999999999999995]
[5915466,"Transporte de água com caminhão tanque de 10.000 l - rodovia em leito natural","tkm",2.04]
[5915467,"Transporte de água com caminhão tanque de 10.000 l - rodovia em revestimento primário","tkm",1.63]
[5915468,"Transporte de água com caminhão tanque de 10.000 l - rodovia pavimentada","tkm",1.33]
[5914617,"Transporte de água com caminhão tanque de 13.000 l - rodovia em leito natural","tkm",1.58]
[5914618,"Transporte de água com caminhão tanque de 13.000 l - rodovia em revestimento primário","tkm",1.26]
[5914619,"Transporte de água com caminhão tanque de 13.000 l - rodovia pavimentada","tkm",1.02]
[5915451,"Transporte de água com caminhão tanque de 6.000 l - rodovia em leito natural","tkm",2.59]
[5915452,"Transporte de água com caminhão tanque de 6.000 l - rodovia em revestimento primário","tkm",2.0699999999999998]
[5915453,"Transporte de água com caminhão tanque de 6.000 l - rodovia pavimentada","tkm",1.68]
[5915448,"Transporte de água com caminhão tanque de 8.000 l - rodovia em leito natural","tkm",2]
[5915449,"Transporte de água com caminhão tanque de 8.000 l - rodovia em revestimento primário","tkm",1.6]
[5915450,"Transporte de água com caminhão tanque de 8.000 l - rodovia pavimentada","tkm",1.3]
[5901641,"Transporte de areia fina com draga hopper - capacidade da cisterna de 1.000 m³","m³km",1.93]
[5901642,"Transporte de areia fina com draga hopper - capacidade da cisterna de 10.000 m³","m³km",0.49]
[5901643,"Transporte de areia fina com draga hopper - capacidade da cisterna de 15.000 m³","m³km",0.46]
[5901644,"Transporte de areia fina com draga hopper - capacidade da cisterna de 2.000 m³","m³km",1.1399999999999999]
[5901645,"Transporte de areia fina com draga hopper - capacidade da cisterna de 20.000 m³","m³km",0.45]
[5901646,"Transporte de areia fina com draga hopper - capacidade da cisterna de 3.000 m³","m³km",0.9]
[5901647,"Transporte de areia fina com draga hopper - capacidade da cisterna de 4.000 m³","m³km",0.77]
[5901648,"Transporte de areia fina com draga hopper - capacidade da cisterna de 5.000 m³","m³km",0.68]
[5901649,"Transporte de areia fina com draga hopper - capacidade da cisterna de 750 m³","m³km",2.81]
[5901650,"Transporte de areia grossa com draga hopper - capacidade da cisterna de 1.000 m³","m³km",1.88]
[5901651,"Transporte de areia grossa com draga hopper - capacidade da cisterna de 10.000 m³","m³km",0.48]
[5901652,"Transporte de areia grossa com draga hopper - capacidade da cisterna de 15.000 m³","m³km",0.45]
[5901653,"Transporte de areia grossa com draga hopper - capacidade da cisterna de 2.000 m³","m³km",1.1100000000000001]
[5901654,"Transporte de areia grossa com draga hopper - capacidade da cisterna de 20.000 m³","m³km",0.44]
[5901655,"Transporte de areia grossa com draga hopper - capacidade da cisterna de 3.000 m³","m³km",0.87]
[5901656,"Transporte de areia grossa com draga hopper - capacidade da cisterna de 4.000 m³","m³km",0.75]
[5901657,"Transporte de areia grossa com draga hopper - capacidade da cisterna de 5.000 m³","m³km",0.66]
[5901658,"Transporte de areia grossa com draga hopper - capacidade da cisterna de 750 m³","m³km",2.74]
[5901659,"Transporte de areia média com draga hopper - capacidade da cisterna de 1.000 m³","m³km",1.9]
[5901660,"Transporte de areia média com draga hopper - capacidade da cisterna de 10.000 m³","m³km",0.49]
[5901661,"Transporte de areia média com draga hopper - capacidade da cisterna de 15.000 m³","m³km",0.46]
[5901662,"Transporte de areia média com draga hopper - capacidade da cisterna de 2.000 m³","m³km",1.1200000000000001]
[5901663,"Transporte de areia média com draga hopper - capacidade da cisterna de 20.000 m³","m³km",0.44]
[5901664,"Transporte de areia média com draga hopper - capacidade da cisterna de 3.000 m³","m³km",0.88]
[5901665,"Transporte de areia média com draga hopper - capacidade da cisterna de 4.000 m³","m³km",0.76]
[5901666,"Transporte de areia média com draga hopper - capacidade da cisterna de 5.000 m³","m³km",0.67]
[5901667,"Transporte de areia média com draga hopper - capacidade da cisterna de 750 m³","m³km",2.77]
[5914511,"Transporte de barras de trilho de 12 m com locomotiva diesel-elétrica em vagão plataforma com capacidade de 82 t - bitola métrica","tkm",0.28000000000000003]
[5914510,"Transporte de barras de trilho de 12 m com locomotiva diesel-elétrica em vagão plataforma com capacidade de 98 t - bitola larga","tkm",0.25]
[5906597,"Transporte de blocos artificiais de concreto com 10 a 12 t para a execução de molhe com cavalo mecânico com semirreboque com capacidade de 32 t - rodovia em leito natural","unkm",14.1]
[5906598,"Transporte de blocos artificiais de concreto com 10 a 12 t para a execução de molhe com cavalo mecânico com semirreboque com capacidade de 32 t - rodovia em revestimento primário","unkm",11.28]
[5906599,"Transporte de blocos artificiais de concreto com 10 a 12 t para a execução de molhe com cavalo mecânico com semirreboque com capacidade de 32 t - rodovia pavimentada","unkm",9.15]
[5906594,"Transporte de blocos artificiais de concreto com 8 a 9 t para a execução de molhe com cavalo mecânico com semirreboque com capacidade de 32 t - rodovia em leito natural","unkm",9.4]
[5906595,"Transporte de blocos artificiais de concreto com 8 a 9 t para a execução de molhe com cavalo mecânico com semirreboque com capacidade de 32 t - rodovia em revestimento primário","unkm",7.52]
[5906596,"Transporte de blocos artificiais de concreto com 8 a 9 t para a execução de molhe com cavalo mecânico com semirreboque com capacidade de 32 t - rodovia pavimentada","unkm",6.1]
[5901668,"Transporte de cascalho com draga hopper - capacidade da cisterna de 1.000 m³","m³km",1.95]
[5901669,"Transporte de cascalho com draga hopper - capacidade da cisterna de 10.000 m³","m³km",0.5]
[5901670,"Transporte de cascalho com draga hopper - capacidade da cisterna de 15.000 m³","m³km",0.47]
[5901671,"Transporte de cascalho com draga hopper - capacidade da cisterna de 2.000 m³","m³km",1.1499999999999999]
[5901672,"Transporte de cascalho com draga hopper - capacidade da cisterna de 20.000 m³","m³km",0.45]
[5901673,"Transporte de cascalho com draga hopper - capacidade da cisterna de 3.000 m³","m³km",0.9]
[5901674,"Transporte de cascalho com draga hopper - capacidade da cisterna de 4.000 m³","m³km",0.78]
[5901675,"Transporte de cascalho com draga hopper - capacidade da cisterna de 5.000 m³","m³km",0.68]
[5901676,"Transporte de cascalho com draga hopper - capacidade da cisterna de 750 m³","m³km",2.84]
[5901677,"Transporte de cascalho fino com draga hopper - capacidade da cisterna de 1.000 m³","m³km",1.91]
[5901678,"Transporte de cascalho fino com draga hopper - capacidade da cisterna de 10.000 m³","m³km",0.49]
[5901679,"Transporte de cascalho fino com draga hopper - capacidade da cisterna de 15.000 m³","m³km",0.46]
[5901680,"Transporte de cascalho fino com draga hopper - capacidade da cisterna de 2.000 m³","m³km",1.1299999999999999]
[5901681,"Transporte de cascalho fino com draga hopper - capacidade da cisterna de 20.000 m³","m³km",0.44]
[5901682,"Transporte de cascalho fino com draga hopper - capacidade da cisterna de 3.000 m³","m³km",0.89]
[5901683,"Transporte de cascalho fino com draga hopper - capacidade da cisterna de 4.000 m³","m³km",0.77]
[5901684,"Transporte de cascalho fino com draga hopper - capacidade da cisterna de 5.000 m³","m³km",0.67]
[5901685,"Transporte de cascalho fino com draga hopper - capacidade da cisterna de 750 m³","m³km",2.78]
[5914360,"Transporte de cimento ou cal com caminhão distribuidor de 15 m³ - rodovia em leito natural","tkm",1.23]
[5914361,"Transporte de cimento ou cal com caminhão distribuidor de 15 m³ - rodovia em revestimento primário","tkm",0.99]
[5914362,"Transporte de cimento ou cal com caminhão distribuidor de 15 m³ - rodovia pavimentada","tkm",0.91]
[5914364,"Transporte de cimento ou cal hidratada a granel com caminhão silo de 30 m³ - rodovia em leito natural","tkm",0.9]
[5914365,"Transporte de cimento ou cal hidratada a granel com caminhão silo de 30 m³ - rodovia em revestimento primário","tkm",0.72]
[5914366,"Transporte de cimento ou cal hidratada a granel com caminhão silo de 30 m³ - rodovia pavimentada","tkm",0.62]
[5914315,"Transporte de concreto com caminhão basculante de 10 m³ - rodovia em leito natural","tkm",0.9]
[5914330,"Transporte de concreto com caminhão basculante de 10 m³ - rodovia em revestimento primário","tkm",0.72]
[5914345,"Transporte de concreto com caminhão basculante de 10 m³ - rodovia pavimentada","tkm",0.65]
[5914367,"Transporte de detritos com caminhão de hidrojateamento de alta pressão e vácuo de 9 m³ - rodovia em leito natural","tkm",1.64]
[5914368,"Transporte de detritos com caminhão de hidrojateamento de alta pressão e vácuo de 9 m³ - rodovia em revestimento primário","tkm",1.31]
[5914369,"Transporte de detritos com caminhão de hidrojateamento de alta pressão e vácuo de 9 m³ - rodovia pavimentada","tkm",1.06]
[5914489,"Transporte de dormentes de concreto monobloco protendido de bitola larga com locomotiva diesel-elétrica em vagão plataforma com capacidade de 98 t - bitola larga","tkm",0.25]
[5914491,"Transporte de dormentes de concreto monobloco protendido de bitola métrica com locomotiva diesel-elétrica em vagão plataforma com capacidade de 82 t - bitola métrica","tkm",0.28000000000000003]
[5914490,"Transporte de dormentes de concreto monobloco protendido de bitola mista com locomotiva diesel-elétrica em vagão plataforma com capacidade de 98 t - bitola larga","tkm",0.26]
[5914495,"Transporte de dormentes de concreto monobloco protendido para AMV de bitola larga ou mista com locomotiva diesel-elétrica em vagão plataforma com capacidade de 98 t - bitola larga","tkm",1.64]
[5914494,"Transporte de dormentes de concreto monobloco protendido para AMV de bitola métrica com locomotiva diesel-elétrica em vagão plataforma com capacidade de 82 t - bitola métrica","tkm",3.6]
[5914487,"Transporte de dormentes de madeira de bitola larga com locomotiva diesel-elétrica em vagão plataforma com capacidade de 98 t - bitola larga","tkm",0.25]
[5914488,"Transporte de dormentes de madeira de bitola métrica com locomotiva diesel-elétrica em vagão plataforma com capacidade de 82 t - bitola métrica","tkm",0.28000000000000003]
[5914493,"Transporte de dormentes de madeira para AMV de bitola larga ou mista com locomotiva diesel-elétrica em vagão plataforma com capacidade de 98 t - bitola larga","tkm",6.05]
[5914492,"Transporte de dormentes de madeira para AMV de bitola métrica com locomotiva diesel-elétrica em vagão plataforma com capacidade de 82 t - bitola métrica","tkm",14.3]
[5914482,"Transporte de lastro de brita com locomotiva diesel-elétrica em vagão hopper aberto com capacidade de 45 m³ - bitola métrica","tkm",0.64]
[5914483,"Transporte de lastro de brita com locomotiva diesel-elétrica em vagão hopper aberto com capacidade de 63 m³ - bitola larga","tkm",0.47]
[5914480,"Transporte de materiais metálicos e acessórios diversos com locomotiva diesel-elétrica em vagão fechado com capacidade de 64 t - bitola métrica","tkm",0.66]
[5914481,"Transporte de materiais metálicos e acessórios diversos com locomotiva diesel-elétrica em vagão fechado com capacidade de 99 t - bitola larga","tkm",0.44]
[5914485,"Transporte de materiais metálicos para AMV de bitola larga com locomotiva diesel-elétrica em vagão plataforma com capacidade de 98 t - bitola larga","tkm",4.16]
[5914486,"Transporte de materiais metálicos para AMV de bitola métrica com locomotiva diesel-elétrica em vagão plataforma com capacidade de 82 t - bitola métrica","tkm",5.14]
[5914484,"Transporte de materiais metálicos para AMV de bitola mista com locomotiva diesel-elétrica em vagão plataforma com capacidade de 98 t - bitola larga","tkm",3.61]
[5914620,"Transporte de material betuminoso com caminhão tanque distribuidor - rodovia em leito natural","tkm",2.73]
[5914621,"Transporte de material betuminoso com caminhão tanque distribuidor - rodovia em revestimento primário","tkm",2.19]
[5914622,"Transporte de material betuminoso com caminhão tanque distribuidor - rodovia pavimentada","tkm",1.77]
[5901695,"Transporte de material de 1ª categoria com batelão autopropelido com capacidade de 300 m³","m³km",0.78]
[5901696,"Transporte de material de 1ª categoria com batelão autopropelido com capacidade de 500 m³","m³km",0.57999999999999996]
[5901697,"Transporte de material de 1ª categoria com batelão rebocado com capacidade de 66 m³","m³km",2.37]
[5901698,"Transporte de material de 1ª categoria com batelão rebocado montado na obra com capacidade de 66 m³","m³km",2.37]
[5916654,"Transporte de material de 3ª categoria com batelão autopropelido com capacidade de 300 m³","m³km",1.42]
[5916637,"Transporte de material de 3ª categoria com batelão rebocado com capacidade de 66 m³","m³km",6.96]
[5916618,"Transporte de material de 3ª categoria com batelão rebocado montado na obra com capacidade de 66 m³","m³km",6.96]
[5914334,"Transporte de material de 3ª categoria com caminhão basculante de 12 m³ para rocha - rodovia em leito natural","tkm",1.1399999999999999]
[5914335,"Transporte de material de 3ª categoria com caminhão basculante de 12 m³ para rocha - rodovia em revestimento primário","tkm",0.91]
[5914336,"Transporte de material de 3ª categoria com caminhão basculante de 12 m³ para rocha - rodovia pavimentada","tkm",0.78]
[5914346,"Transporte de material de 3ª categoria com caminhão basculante de 8 m³ para rocha - rodovia em leito natural","tkm",1.54]
[5914347,"Transporte de material de 3ª categoria com caminhão basculante de 8 m³ para rocha - rodovia em revestimento primário","tkm",1.23]
[5914348,"Transporte de material de 3ª categoria com caminhão basculante de 8 m³ para rocha - rodovia pavimentada","tkm",1]
[5914611,"Transporte de mistura betuminosa a quente com caminhão com caçamba térmica de 6 m³ - rodovia em leito natural","tkm",1.25]
[5914613,"Transporte de mistura betuminosa a quente com caminhão com caçamba térmica de 6 m³ - rodovia em revestimento primário","tkm",1]
[5914612,"Transporte de mistura betuminosa a quente com caminhão com caçamba térmica de 6 m³ - rodovia pavimentada","tkm",0.81]
[5901686,"Transporte de silte com draga hopper - capacidade da cisterna de 1.000 m³","m³km",5.54]
[5901687,"Transporte de silte com draga hopper - capacidade da cisterna de 10.000 m³","m³km",1.42]
[5901688,"Transporte de silte com draga hopper - capacidade da cisterna de 15.000 m³","m³km",1.33]
[5901689,"Transporte de silte com draga hopper - capacidade da cisterna de 2.000 m³","m³km",3.27]
[5901690,"Transporte de silte com draga hopper - capacidade da cisterna de 20.000 m³","m³km",1.29]
[5901691,"Transporte de silte com draga hopper - capacidade da cisterna de 3.000 m³","m³km",2.57]
[5901692,"Transporte de silte com draga hopper - capacidade da cisterna de 4.000 m³","m³km",2.2200000000000002]
[5901693,"Transporte de silte com draga hopper - capacidade da cisterna de 5.000 m³","m³km",1.95]
[5901694,"Transporte de silte com draga hopper - capacidade da cisterna de 750 m³","m³km",8.06]
[5914512,"Transporte de TLS TR45 de 120 m com locomotiva diesel-elétrica em vagão plataforma com capacidade de 82 t - bitola métrica","tkm",1.51]
[5914496,"Transporte de TLS TR45 de 120 m com locomotiva diesel-elétrica em vagão plataforma com capacidade de 98 t - bitola larga","tkm",1.19]
[5914513,"Transporte de TLS TR45 de 240 m com locomotiva diesel-elétrica em vagão plataforma com capacidade de 82 t - bitola métrica","tkm",0.85]
[5914497,"Transporte de TLS TR45 de 240 m com locomotiva diesel-elétrica em vagão plataforma com capacidade de 98 t - bitola larga","tkm",0.66]
[5914500,"Transporte de TLS TR57 de 120 m com locomotiva diesel-elétrica em vagão plataforma com capacidade de 82 t - bitola métrica","tkm",1.19]
[5914498,"Transporte de TLS TR57 de 120 m com locomotiva diesel-elétrica em vagão plataforma com capacidade de 98 t - bitola larga","tkm",0.94]
[5914501,"Transporte de TLS TR57 de 240 m com locomotiva diesel-elétrica em vagão plataforma com capacidade de 82 t - bitola métrica","tkm",0.66]
[5914499,"Transporte de TLS TR57 de 240 m com locomotiva diesel-elétrica em vagão plataforma com capacidade de 98 t - bitola larga","tkm",0.52]
[5914504,"Transporte de TLS TR68 de 120 m com locomotiva diesel-elétrica em vagão plataforma com capacidade de 82 t - bitola métrica","tkm",1]
[5914502,"Transporte de TLS TR68 de 120 m com locomotiva diesel-elétrica em vagão plataforma com capacidade de 98 t - bitola larga","tkm",0.79]
[5914505,"Transporte de TLS TR68 de 240 m com locomotiva diesel-elétrica em vagão plataforma com capacidade de 82 t - bitola métrica","tkm",0.56000000000000005]
[5914503,"Transporte de TLS TR68 de 240 m com locomotiva diesel-elétrica em vagão plataforma com capacidade de 98 t - bitola larga","tkm",0.44]
[5914508,"Transporte de TLS UIC60 de 120 m com locomotiva diesel-elétrica em vagão plataforma com capacidade de 82 t - bitola métrica","tkm",1.1200000000000001]
[5914506,"Transporte de TLS UIC60 de 120 m com locomotiva diesel-elétrica em vagão plataforma com capacidade de 98 t - bitola larga","tkm",0.89]
[5914509,"Transporte de TLS UIC60 de 240 m com locomotiva diesel-elétrica em vagão plataforma com capacidade de 82 t - bitola métrica","tkm",0.63]
[5914507,"Transporte de TLS UIC60 de 240 m com locomotiva diesel-elétrica em vagão plataforma com capacidade de 98 t - bitola larga","tkm",0.49]
[5915491,"Transporte de veículos de médio porte com guincho de resgate de 20 t - rodovia em leito natural","km",24.69]
[5915492,"Transporte de veículos de médio porte com guincho de resgate de 20 t - rodovia em revestimento primário","km",19.760000000000002]
[5915493,"Transporte de veículos de médio porte com guincho de resgate de 20 t - rodovia pavimentada","km",16.04]
[5915488,"Transporte de veículos leves com guincho de resgate de 5 t - rodovia em leito natural","km",14.86]
[5915489,"Transporte de veículos leves com guincho de resgate de 5 t - rodovia em revestimento primário","km",11.89]
[5915490,"Transporte de veículos leves com guincho de resgate de 5 t - rodovia pavimentada","km",9.65]
[5915494,"Transporte de veículos pesados com guincho de resgate de 35 t - rodovia em leito natural","km",30.92]
[5915495,"Transporte de veículos pesados com guincho de resgate de 35 t - rodovia em revestimento primário","km",24.74]
[5915496,"Transporte de veículos pesados com guincho de resgate de 35 t - rodovia pavimentada","km",20.079999999999998]
[5915325,"Transporte em cavalo mecânico com dolly de 4 eixos com capacidade de 57 t - rodovia em leito natural","km",74.510000000000005]
[5915326,"Transporte em cavalo mecânico com dolly de 4 eixos com capacidade de 57 t - rodovia em revestimento primário","km",59.58]
[5915327,"Transporte em cavalo mecânico com dolly de 4 eixos com capacidade de 57 t - rodovia pavimentada","km",48.39]
[5915328,"Transporte em cavalo mecânico com dollys de 3 e 4 eixos com capacidade de 77 t - rodovia em leito natural","km",84.57]
[5915329,"Transporte em cavalo mecânico com dollys de 3 e 4 eixos com capacidade de 77 t - rodovia em revestimento primário","km",67.63]
[5915330,"Transporte em cavalo mecânico com dollys de 3 e 4 eixos com capacidade de 77 t - rodovia pavimentada","km",54.92]
[5915331,"Transporte em cavalo mecânico com dollys de 5 e 4 eixos com capacidade de 111 t - rodovia em leito natural","km",163.46]
[5915332,"Transporte em cavalo mecânico com dollys de 5 e 4 eixos com capacidade de 111 t - rodovia em revestimento primário","km",130.71]
[5915333,"Transporte em cavalo mecânico com dollys de 5 e 4 eixos com capacidade de 111 t - rodovia pavimentada","km",106.15]
[5915364,"Transporte em cavalo mecânico com reboques de 5 e 4 eixos com capacidade de 130 t - rodovia em leito natural","km",199.48]
[5915365,"Transporte em cavalo mecânico com reboques de 5 e 4 eixos com capacidade de 130 t - rodovia em revestimento primário","km",159.51]
[5915361,"Transporte em cavalo mecânico com reboques de 5 e 4 eixos com capacidade de 130 t - rodovia pavimentada","km",129.54]
[5919716,"Transporte fluvial de materiais diversos com pontão flutuante - capacidade de 500 t","km",203.96]
[5919717,"Transporte fluvial do flutuante","km",176.88]
[6106220,"Armação de fuste de tubulão em aço CA-50 com apoio de guindaste - fornecimento, preparo e colocação","kg",11.75]
[6106183,"Escavação manual de base alargada de tubulão a céu aberto em material de 1ª categoria na profundidade de 10 a 15 m","m³",301.3]
[6106182,"Escavação manual de base alargada de tubulão a céu aberto em material de 1ª categoria na profundidade de até 10 m","m³",258.25]
[6106194,"Escavação manual de base alargada de tubulão a céu aberto em material de 2ª categoria na profundidade até 10 m","m³",761.7]
[6106195,"Escavação manual de base alargada de tubulão a céu aberto em material de 2ª categoria na profundidade de 10 a 15 m","m³",844.34]
[6106331,"Escavação manual de base alargada de tubulão a céu aberto em material de 3ª categoria a frio na profundidade até 10 m","m³",1892.07]
[6106332,"Escavação manual de base alargada de tubulão a céu aberto em material de 3ª categoria a frio na profundidade de 10 a 15 m","m³",2012.6]
[6106206,"Escavação manual de base alargada de tubulão a céu aberto em material de 3ª categoria na profundidade até 10 m","m³",2191.5100000000002]
[6106207,"Escavação manual de base alargada de tubulão a céu aberto em material de 3ª categoria na profundidade de 10 a 15 m","m³",2335.7199999999998]
[6106222,"Escavação manual de fuste de tubulão a céu aberto em material de 1ª categoria na profundidade de 10 a 15 m","m³",301.3]
[6106221,"Escavação manual de fuste de tubulão a céu aberto em material de 1ª categoria na profundidade de até 10 m","m³",258.25]
[6106224,"Escavação manual de fuste de tubulão a céu aberto em material de 2ª categoria na profundidade até 10 m","m³",761.7]
[6106225,"Escavação manual de fuste de tubulão a céu aberto em material de 2ª categoria na profundidade de 10 a 15 m","m³",844.34]
[6106228,"Escavação manual de fuste de tubulão a céu aberto em material de 3ª categoria na profundidade até 10 m","m³",1959.3]
[6106229,"Escavação manual de fuste de tubulão a céu aberto em material de 3ª categoria na profundidade de 10 a 15 m","m³",2086.9299999999998]
[6106328,"Escavação mecânica de fuste de tubulão com caçamba para rocha em material de 2ª categoria","m³",145.57]
[6106330,"Escavação mecânica de fuste de tubulão com caçamba para rocha em material de 3ª categoria","m³",723.73]
[6106326,"Escavação mecânica de fuste de tubulão com caçamba para solos em material de 1ª categoria","m³",60.08]
[6106324,"Escavação mecânica de fuste de tubulão com Hammer Grab em material de 1ª categoria","m³",35.46]
[6106327,"Escavação mecânica de fuste de tubulão com trado para rocha em material de 2ª categoria","m³",145.52000000000001]
[6106329,"Escavação mecânica de fuste de tubulão com trado para rocha em material de 3ª categoria","m³",724.67]
[6106325,"Escavação mecânica de fuste de tubulão com trado para solos em material de 1ª categoria","m³",60.23]
[6208126,"Armação de tela de aço eletrossoldada em túneis com auxílio de plataforma pantográfica - confecção e instalação","kg",19.7]
[6205797,"Cambotas metálicas treliçadas - confecção e instalação","kg",12.72]
[6205791,"Coluna de jet grouting horizontal CCPH em solo - D = 40 cm - perfuração e injeção","m",431.48]
[6205792,"Coluna de jet grouting horizontal CCPH em solo - D = 50 cm - perfuração e injeção","m",518.29999999999995]
[6205793,"Coluna de jet grouting horizontal CCPH em solo - D = 60 cm - perfuração e injeção","m",610]
[6205796,"Coluna de jet grouting vertical em solo - D = 100 cm - perfuração e injeção","m",1089.1500000000001]
[6219451,"Coluna de jet grouting vertical em solo - D = 110 cm - perfuração e injeção","m",1172.8]
[6219452,"Coluna de jet grouting vertical em solo - D = 120 cm - perfuração e injeção","m",1261.33]
[6205794,"Coluna de jet grouting vertical em solo - D = 80 cm - perfuração e injeção","m",936.51]
[6205795,"Coluna de jet grouting vertical em solo - D = 90 cm - perfuração e injeção","m",1010.39]
[6219521,"Desmonte a frio e carga de rocha em túnel com cunha hidráulica - DMT de 0 a 200 m","m³",174.83]
[6219527,"Drenagem de túnel com manta drenante de malha de polietileno e geotêxtil em face revestida com argamassa polimérica com espessura de 25 mm","m²",513.82000000000005]
[6219526,"Dreno filtrante em tubos de PVC D = 40 mm aplicado em paredes e tetos de túnel - fornecimento e instalação","m",59.59]
[6219525,"Dreno não filtrante em tubos de PVC D = 40 mm aplicado em paredes e tetos de túnel - fornecimento e instalação","m",55.62]
[6219508,"Enfilagem tubular sistema autoperfurante - D = 76 mm","m",415.27]
[6219511,"Enfilagem tubular sistema convencional schedule 40 - D = 65 mm","m",278.58]
[6219500,"Escavação subterrânea e carregamento do material da calota em túnel classe I - DMT de 0 a 200 m - seção acima de 90 m²","m³",148.54]
[6219418,"Escavação subterrânea e carregamento do material da calota em túnel classe I - DMT de 0 a 200 m - seção de 20 a 40 m²","m³",325.08]
[6219412,"Escavação subterrânea e carregamento do material da calota em túnel classe I - DMT de 0 a 200 m - seção de 40 a 60 m²","m³",227.72]
[6219406,"Escavação subterrânea e carregamento do material da calota em túnel classe I - DMT de 0 a 200 m - seção de 60 a 90 m²","m³",159.62]
[6219501,"Escavação subterrânea e carregamento do material da calota em túnel classe II - DMT de 0 a 200 m - seção acima de 90 m²","m³",161.03]
[6219419,"Escavação subterrânea e carregamento do material da calota em túnel classe II - DMT de 0 a 200 m - seção de 20 a 40 m²","m³",358.59]
[6219413,"Escavação subterrânea e carregamento do material da calota em túnel classe II - DMT de 0 a 200 m - seção de 40 a 60 m²","m³",248.74]
[6219407,"Escavação subterrânea e carregamento do material da calota em túnel classe II - DMT de 0 a 200 m - seção de 60 a 90 m²","m³",173.27]
[6219502,"Escavação subterrânea e carregamento do material da calota em túnel classe III - DMT de 0 a 200 m - seção acima de 90 m²","m³",174.13]
[6219420,"Escavação subterrânea e carregamento do material da calota em túnel classe III - DMT de 0 a 200 m - seção de 20 a 40 m²","m³",401.78]
[6219414,"Escavação subterrânea e carregamento do material da calota em túnel classe III - DMT de 0 a 200 m - seção de 40 a 60 m²","m³",274.13]
[6219408,"Escavação subterrânea e carregamento do material da calota em túnel classe III - DMT de 0 a 200 m - seção de 60 a 90 m²","m³",187.31]
[6219503,"Escavação subterrânea e carregamento do material da calota em túnel classe IV - DMT de 0 a 200 m - seção acima de 90 m²","m³",201.63]
[6219421,"Escavação subterrânea e carregamento do material da calota em túnel classe IV - DMT de 0 a 200 m - seção de 20 a 40 m²","m³",477.99]
[6219415,"Escavação subterrânea e carregamento do material da calota em túnel classe IV - DMT de 0 a 200 m - seção de 40 a 60 m²","m³",320.02]
[6219409,"Escavação subterrânea e carregamento do material da calota em túnel classe IV - DMT de 0 a 200 m - seção de 60 a 90 m²","m³",218.49]
[6219518,"Escavação subterrânea e carregamento do material do rebaixo em túnel classe I a IV - DMT de 0 a 200 m","m³",57.51]
[6219504,"Escavação subterrânea e carregamento em túnel classe V - DMT de 0 a 200 m - seção acima de 90 m²","m³",106.23]
[6219422,"Escavação subterrânea e carregamento em túnel classe V - DMT de 0 a 200 m - seção de 20 a 40 m²","m³",236.89]
[6219416,"Escavação subterrânea e carregamento em túnel classe V - DMT de 0 a 200 m - seção de 40 a 60 m²","m³",181.81]
[6219410,"Escavação subterrânea e carregamento em túnel classe V - DMT de 0 a 200 m - seção de 60 a 90 m²","m³",126.81]
[6219505,"Escavação subterrânea e carregamento em túnel classe VI - DMT de 0 a 200 m - seção acima de 90 m²","m³",99.53]
[6219423,"Escavação subterrânea e carregamento em túnel classe VI - DMT de 0 a 200 m - seção de 20 a 40 m²","m³",233.77]
[6219417,"Escavação subterrânea e carregamento em túnel classe VI - DMT de 0 a 200 m - seção de 40 a 60 m²","m³",177.07]
[6219411,"Escavação subterrânea e carregamento em túnel classe VI - DMT de 0 a 200 m - seção de 60 a 90 m²","m³",120.5]
[6219520,"Pré-fissuramento em túnel","m²",61.24]
[6219433,"Pregagem da frente com vergalhão de fibra de vidro D = 25 mm com perfuração em D = 75 mm e injeção de calda de cimento","m",122.75]
[6205801,"Pregagem da frente em tubo de PVC D = 50 mm com perfuração em D = 100 mm e injeção de argamassa de cimento e areia 1:1","m",83.78]
[6219524,"Prego guia para controle de espessura de concreto projetado D = 16 mm em túnel - fornecimento e instalação","un",12.17]
[6416036,"Usinagem de agregados para microrrevestimento a frio - faixa II - brita comercial","m³",169.51]
[6416038,"Usinagem de agregados para microrrevestimento a frio - faixa II - brita produzida","m³",70.959999999999994]
[6416037,"Usinagem de agregados para microrrevestimento a frio - faixa III - brita comercial","m³",179.34]
[6416035,"Usinagem de agregados para microrrevestimento a frio - faixa III - brita produzida","m³",80.06]
[6416076,"Usinagem de areia-asfalto a quente - faixa A - areia comercial","t",157.08000000000001]
[6416075,"Usinagem de areia-asfalto a quente - faixa A - areia extraída","t",107.86]
[6416226,"Usinagem de areia-asfalto a quente - faixa B - areia comercial","t",145.88999999999999]
[6416225,"Usinagem de areia-asfalto a quente - faixa B - areia extraída","t",95.59]
[6416084,"Usinagem de areia-asfalto a quente com asfalto polímero - faixa A - areia comercial","t",148.1]
[6416083,"Usinagem de areia-asfalto a quente com asfalto polímero - faixa A - areia extraída","t",96.38]
[6416234,"Usinagem de areia-asfalto a quente com asfalto polímero - faixa B - areia comercial","t",154.53]
[6416233,"Usinagem de areia-asfalto a quente com asfalto polímero - faixa B - areia extraída","t",103.74]
[6416236,"Usinagem de areia-asfalto a quente com asfalto polímero - faixa C - areia comercial","t",158.74]
[6416235,"Usinagem de areia-asfalto a quente com asfalto polímero - faixa C - areia extraída","t",108.6]
[6416040,"Usinagem de brita graduada com brita comercial em usina de 300 t/h","m³",254.72]
[6416039,"Usinagem de brita graduada com brita produzida em usina de 300 t/h","m³",98.47]
[6416042,"Usinagem de brita graduada tratada com cimento e brita comercial em usina de 300 t/h","m³",312.33]
[6416041,"Usinagem de brita graduada tratada com cimento e brita produzida em usina de 300 t/h","m³",158.41]
[6416080,"Usinagem de concreto asfáltico - faixa A-25 - areia e brita comerciais","t",180.4]
[6416079,"Usinagem de concreto asfáltico - faixa A-25 - areia extraída e brita produzida","t",114.3]
[6416143,"Usinagem de concreto asfáltico - faixa B-19 - areia e brita comerciais","t",179.34]
[6416262,"Usinagem de concreto asfáltico - faixa B-19 - areia extraída e brita produzida","t",113.93]
[6416078,"Usinagem de concreto asfáltico - faixa C-12,5 - areia e brita comerciais","t",178.11]
[6416077,"Usinagem de concreto asfáltico - faixa C-12,5 - areia extraída e brita produzida","t",113.54]
[6416071,"Usinagem de concreto asfáltico - faixa D-9,5 - areia e brita comerciais","t",176.55]
[6416072,"Usinagem de concreto asfáltico - faixa D-9,5 - areia extraída e brita produzida","t",113.57]
[6416088,"Usinagem de concreto asfáltico com asfalto polímero - faixa A - areia e brita comerciais","t",183.64]
[6416087,"Usinagem de concreto asfáltico com asfalto polímero - faixa A - areia extraída e brita produzida","t",119.81]
[6416246,"Usinagem de concreto asfáltico com asfalto polímero - faixa B - areia e brita comerciais","t",183.67]
[6416245,"Usinagem de concreto asfáltico com asfalto polímero - faixa B - areia extraída e brita produzida","t",122.72]
[6416248,"Usinagem de concreto asfáltico com asfalto polímero - faixa C - areia e brita comerciais","t",181.32]
[6416247,"Usinagem de concreto asfáltico com asfalto polímero - faixa C - areia extraída e brita produzida","t",125.59]
[6416214,"Usinagem de concreto asfáltico com borracha (Gap Graded) - brita comercial","t",233.26]
[6416218,"Usinagem de concreto asfáltico com borracha (Gap Graded) - brita produzida","t",167.9]
[6416211,"Usinagem de concreto asfáltico com borracha - faixa A - brita comercial","t",232.08]
[6416215,"Usinagem de concreto asfáltico com borracha - faixa A - brita produzida","t",168.48]
[6416212,"Usinagem de concreto asfáltico com borracha - faixa B - brita comercial","t",235.69]
[6416216,"Usinagem de concreto asfáltico com borracha - faixa B - brita produzida","t",172.89]
[6416213,"Usinagem de concreto asfáltico com borracha - faixa C - brita comercial","t",236.45]
[6416217,"Usinagem de concreto asfáltico com borracha - faixa C - brita produzida","t",175.08]
[6416289,"Usinagem de concreto asfáltico reciclado a frio com espuma de asfalto, agregado comercial e cimento","m³",135.97999999999999]
[6416288,"Usinagem de concreto asfáltico reciclado a frio com espuma de asfalto, agregado produzido e cimento","m³",82.1]
[6416098,"Usinagem de concreto asfáltico reciclado em usina fixa com adição de material fresado e brita comercial","t",165.64]
[6416097,"Usinagem de concreto asfáltico reciclado em usina fixa com adição de material fresado e brita produzida","t",123.23]
[6416258,"Usinagem de micro pré-misturado a quente com asfalto polímero - brita comercial","t",183.74]
[6416259,"Usinagem de micro pré-misturado a quente com asfalto polímero - brita produzida","t",122.53]
[6416074,"Usinagem de pré-misturado a frio - faixa A - areia e brita comerciais","m³",279.19]
[6416073,"Usinagem de pré-misturado a frio - faixa A - areia extraída e brita produzida","m³",125.85]
[6416220,"Usinagem de pré-misturado a frio - faixa B - areia e brita comerciais","m³",279.55]
[6416219,"Usinagem de pré-misturado a frio - faixa B - areia extraída e brita produzida","m³",122.53]
[6416222,"Usinagem de pré-misturado a frio - faixa C - areia e brita comerciais","m³",287.49]
[6416221,"Usinagem de pré-misturado a frio - faixa C - areia extraída e brita produzida","m³",138.24]
[6416224,"Usinagem de pré-misturado a frio - faixa D - areia e brita comerciais","m³",288.45]
[6416223,"Usinagem de pré-misturado a frio - faixa D - areia extraída e brita produzida","m³",134.93]
[6416082,"Usinagem de pré-misturado a frio com asfalto polímero - faixa A - areia e brita comerciais","m³",279.19]
[6416081,"Usinagem de pré-misturado a frio com asfalto polímero - faixa A - areia extraída e brita produzida","m³",125.85]
[6416228,"Usinagem de pré-misturado a frio com asfalto polímero - faixa B - areia e brita comerciais","m³",279.55]
[6416227,"Usinagem de pré-misturado a frio com asfalto polímero - faixa B - areia extraída e brita produzida","m³",122.53]
[6416230,"Usinagem de pré-misturado a frio com asfalto polímero - faixa C - areia e brita comerciais","m³",286.22000000000003]
[6416229,"Usinagem de pré-misturado a frio com asfalto polímero - faixa C - areia extraída e brita produzida","m³",137.68]
[6416232,"Usinagem de pré-misturado a frio com asfalto polímero - faixa D - areia e brita comerciais","m³",287.17]
[6416231,"Usinagem de pré-misturado a frio com asfalto polímero - faixa D - areia extraída e brita produzida","m³",134.38]
[6416086,"Usinagem de pré-misturado a quente com asfalto polímero - faixa I - camada porosa de atrito - areia e brita comerciais","t",185.48]
[6416085,"Usinagem de pré-misturado a quente com asfalto polímero - faixa I - camada porosa de atrito - areia extraída e brita produzida","t",119.45]
[6416238,"Usinagem de pré-misturado a quente com asfalto polímero - faixa II - camada porosa de atrito - areia e brita comerciais","t",176.8]
[6416237,"Usinagem de pré-misturado a quente com asfalto polímero - faixa II - camada porosa de atrito - areia extraída e brita produzida","t",109.38]
[6416240,"Usinagem de pré-misturado a quente com asfalto polímero - faixa III - camada porosa de atrito - areia e brita comerciais","t",180.88]
[6416239,"Usinagem de pré-misturado a quente com asfalto polímero - faixa III - camada porosa de atrito - areia extraída e brita produzida","t",117.66]
[6416242,"Usinagem de pré-misturado a quente com asfalto polímero - faixa IV - camada porosa de atrito - areia e brita comerciais","t",191.91]
[6416241,"Usinagem de pré-misturado a quente com asfalto polímero - faixa IV - camada porosa de atrito - areia extraída e brita produzida","t",124.13]
[6416244,"Usinagem de pré-misturado a quente com asfalto polímero - faixa V - camada porosa de atrito - areia e brita comerciais","t",190.52]
[6416243,"Usinagem de pré-misturado a quente com asfalto polímero - faixa V - camada porosa de atrito - areia extraída e brita produzida","t",123.7]
[6416250,"Usinagem de solo areia (70% - 30%) - material de jazida e areia comercial","m³",51.97]
[6416153,"Usinagem de solo areia (70% - 30%) - material de jazida e areia extraída","m³",17.34]
[6416185,"Usinagem de solo brita (70% - 30%) com 3% cimento - material de jazida e brita comercial","m³",125.36]
[6416184,"Usinagem de solo brita (70% - 30%) com 3% cimento - material de jazida e brita produzida","m³",82.87]
[6416030,"Usinagem de solo brita (70% - 30%) com material de jazida e brita comercial em usina de 300 t/h","m³",79.489999999999995]
[6416029,"Usinagem de solo brita (70% - 30%) com material de jazida e brita produzida em usina de 300 t/h","m³",35.68]
[6416056,"Usinagem de solo cimento com 7% de cimento com material de jazida em usina de 300 t/h","m³",116.03]
[6416278,"Usinagem de solo escória de aciaria (50% - 50%) com material de jazida em usina de 300 t/h","m³",24.46]
[6416047,"Usinagem de solo melhorado com 3% de cimento com material de jazida em usina de 300 t/h","m³",56.71]
[6416090,"Usinagem para pavimento de concreto com fôrmas deslizantes - areia e brita comerciais","m³",447.58]
[6416089,"Usinagem para pavimento de concreto com fôrmas deslizantes - areia extraída e brita produzida","m³",327.04000000000002]
[6416094,"Usinagem para pavimento de concreto compactado com rolo - brita comercial","m³",396.8]
[6416093,"Usinagem para pavimento de concreto compactado com rolo - brita produzida","m³",245.13]
[6416092,"Usinagem para sub-base de concreto compactado com rolo - brita comercial","m³",335.6]
[6416091,"Usinagem para sub-base de concreto compactado com rolo - brita produzida","m³",177.03]
[6817809,"Confecção de BSCC - seção canal de 1,5 x 1,5 m - areia e brita comerciais","m",1057.0899999999999]
[6817810,"Confecção de BSCC - seção canal de 1,5 x 1,5 m - areia extraída e brita produzida","m",954.92]
[6817811,"Confecção de BSCC - seção canal de 2,0 x 1,5 m - areia e brita comerciais","m",1131.52]
[6817812,"Confecção de BSCC - seção canal de 2,0 x 1,5 m - areia extraída e brita produzida","m",1018.59]
[6817813,"Confecção de BSCC - seção canal de 2,0 x 2,0 m - tipo I - areia e brita comerciais","m",1776.6]
[6817814,"Confecção de BSCC - seção canal de 2,0 x 2,0 m - tipo I - areia extraída e brita produzida","m",1599.14]
[6817815,"Confecção de BSCC - seção canal de 2,0 x 2,0 m - tipo II - areia e brita comerciais","m",1506.78]
[6817816,"Confecção de BSCC - seção canal de 2,0 x 2,0 m - tipo II - areia extraída e brita produzida","m",1329.32]
[6817817,"Confecção de BSCC - seção canal de 2,5 x 1,5 m - areia e brita comerciais","m",1216.42]
[6817818,"Confecção de BSCC - seção canal de 2,5 x 1,5 m - areia extraída e brita produzida","m",1094.08]
[6817819,"Confecção de BSCC - seção canal de 2,5 x 2,0 m - tipo I - areia e brita comerciais","m",1868.09]
[6817820,"Confecção de BSCC - seção canal de 2,5 x 2,0 m - tipo I - areia extraída e brita produzida","m",1677.18]
[6817821,"Confecção de BSCC - seção canal de 2,5 x 2,0 m - tipo II - areia e brita comerciais","m",1607.18]
[6817822,"Confecção de BSCC - seção canal de 2,5 x 2,0 m - tipo II - areia extraída e brita produzida","m",1416.28]
[6817823,"Confecção de BSCC - seção canal de 3,0 x 1,5 m - areia e brita comerciais","m",1306.25]
[6817824,"Confecção de BSCC - seção canal de 3,0 x 1,5 m - areia extraída e brita produzida","m",1173.1600000000001]
[6817825,"Confecção de BSCC - seção canal de 3,0 x 2,0 m - tipo I - areia e brita comerciais","m",1900.47]
[6817826,"Confecção de BSCC - seção canal de 3,0 x 2,0 m - tipo I - areia extraída e brita produzida","m",1696.12]
[6817827,"Confecção de BSCC - seção canal de 3,0 x 2,0 m - tipo II - areia e brita comerciais","m",1707.58]
[6817828,"Confecção de BSCC - seção canal de 3,0 x 2,0 m - tipo II - areia extraída e brita produzida","m",1503.23]
[6817753,"Confecção de BSCC - seção fechada de 1,5 x 1,5 m - altura do aterro de 0,25 a 1,00 m - areia e brita comerciais","m",1430.69]
[6817754,"Confecção de BSCC - seção fechada de 1,5 x 1,5 m - altura do aterro de 0,25 a 1,00 m - areia extraída e brita produzida","m",1286.8399999999999]
[6817755,"Confecção de BSCC - seção fechada de 1,5 x 1,5 m - altura do aterro de 1,00 a 2,50 m - areia e brita comerciais","m",1371.09]
[6817756,"Confecção de BSCC - seção fechada de 1,5 x 1,5 m - altura do aterro de 1,00 a 2,50 m - areia extraída e brita produzida","m",1227.23]
[6817763,"Confecção de BSCC - seção fechada de 1,5 x 1,5 m - altura do aterro de 10,00 a 12,50 m - areia e brita comerciais","m",1743.05]
[6817764,"Confecção de BSCC - seção fechada de 1,5 x 1,5 m - altura do aterro de 10,00 a 12,50 m - areia extraída e brita produzida","m",1551.7]
[6817765,"Confecção de BSCC - seção fechada de 1,5 x 1,5 m - altura do aterro de 12,50 a 15,00 m - areia e brita comerciais","m",2033.3]
[6817766,"Confecção de BSCC - seção fechada de 1,5 x 1,5 m - altura do aterro de 12,50 a 15,00 m - areia extraída e brita produzida","m",1855.19]
[6817757,"Confecção de BSCC - seção fechada de 1,5 x 1,5 m - altura do aterro de 2,50 a 5,00 m - areia e brita comerciais","m",1371.09]
[6817758,"Confecção de BSCC - seção fechada de 1,5 x 1,5 m - altura do aterro de 2,50 a 5,00 m - areia extraída e brita produzida","m",1227.23]
[6817759,"Confecção de BSCC - seção fechada de 1,5 x 1,5 m - altura do aterro de 5,00 a 7,50 m - areia e brita comerciais","m",1493.73]
[6817760,"Confecção de BSCC - seção fechada de 1,5 x 1,5 m - altura do aterro de 5,00 a 7,50 m - areia extraída e brita produzida","m",1351.54]
[6817761,"Confecção de BSCC - seção fechada de 1,5 x 1,5 m - altura do aterro de 7,50 a 10,00 m - areia e brita comerciais","m",1841.97]
[6817762,"Confecção de BSCC - seção fechada de 1,5 x 1,5 m - altura do aterro de 7,50 a 10,00 m - areia extraída e brita produzida","m",1650.63]
[6817767,"Confecção de BSCC - seção fechada de 2,0 x 2,0 m - altura do aterro de 0,25 a 1,00 m - areia e brita comerciais","m",2083.75]
[6817768,"Confecção de BSCC - seção fechada de 2,0 x 2,0 m - altura do aterro de 0,25 a 1,00 m - areia extraída e brita produzida","m",1899.56]
[6817769,"Confecção de BSCC - seção fechada de 2,0 x 2,0 m - altura do aterro de 1,00 a 2,50 m - areia e brita comerciais","m",1763.49]
[6817770,"Confecção de BSCC - seção fechada de 2,0 x 2,0 m - altura do aterro de 1,00 a 2,50 m - areia extraída e brita produzida","m",1579.31]
[6817777,"Confecção de BSCC - seção fechada de 2,0 x 2,0 m - altura do aterro de 10,00 a 12,50 m - areia e brita comerciais","m",2933.4]
[6817778,"Confecção de BSCC - seção fechada de 2,0 x 2,0 m - altura do aterro de 10,00 a 12,50 m - areia extraída e brita produzida","m",2710.64]
[6817779,"Confecção de BSCC - seção fechada de 2,0 x 2,0 m - altura do aterro de 12,50 a 15,00 m - areia e brita comerciais","m",3479.01]
[6817780,"Confecção de BSCC - seção fechada de 2,0 x 2,0 m - altura do aterro de 12,50 a 15,00 m - areia extraída e brita produzida","m",3196.92]
[6817771,"Confecção de BSCC - seção fechada de 2,0 x 2,0 m - altura do aterro de 2,50 a 5,00 m - areia e brita comerciais","m",2020.2]
[6817772,"Confecção de BSCC - seção fechada de 2,0 x 2,0 m - altura do aterro de 2,50 a 5,00 m - areia extraída e brita produzida","m",1838.15]
[6817773,"Confecção de BSCC - seção fechada de 2,0 x 2,0 m - altura do aterro de 5,00 a 7,50 m - areia e brita comerciais","m",2440.69]
[6817774,"Confecção de BSCC - seção fechada de 2,0 x 2,0 m - altura do aterro de 5,00 a 7,50 m - areia extraída e brita produzida","m",2196.19]
[6817775,"Confecção de BSCC - seção fechada de 2,0 x 2,0 m - altura do aterro de 7,50 a 10,00 m - areia e brita comerciais","m",2693.43]
[6817776,"Confecção de BSCC - seção fechada de 2,0 x 2,0 m - altura do aterro de 7,50 a 10,00 m - areia extraída e brita produzida","m",2465.84]
[6817781,"Confecção de BSCC - seção fechada de 2,5 x 2,5 m - altura do aterro de 0,25 a 1,00 m - areia e brita comerciais","m",2836.91]
[6817782,"Confecção de BSCC - seção fechada de 2,5 x 2,5 m - altura do aterro de 0,25 a 1,00 m - areia extraída e brita produzida","m",2612.39]
[6817783,"Confecção de BSCC - seção fechada de 2,5 x 2,5 m - altura do aterro de 1,00 a 2,50 m - areia e brita comerciais","m",2331.11]
[6817784,"Confecção de BSCC - seção fechada de 2,5 x 2,5 m - altura do aterro de 1,00 a 2,50 m - areia extraída e brita produzida","m",2106.6]
[6817791,"Confecção de BSCC - seção fechada de 2,5 x 2,5 m - altura do aterro de 10,00 a 12,50 m - areia e brita comerciais","m",4306.4399999999996]
[6817792,"Confecção de BSCC - seção fechada de 2,5 x 2,5 m - altura do aterro de 10,00 a 12,50 m - areia extraída e brita produzida","m",3963.81]
[6817793,"Confecção de BSCC - seção fechada de 2,5 x 2,5 m - altura do aterro de 12,50 a 15,00 m - areia e brita comerciais","m",4868.4399999999996]
[6817794,"Confecção de BSCC - seção fechada de 2,5 x 2,5 m - altura do aterro de 12,50 a 15,00 m - areia extraída e brita produzida","m",4525.8100000000004]
[6817785,"Confecção de BSCC - seção fechada de 2,5 x 2,5 m - altura do aterro de 2,50 a 5,00 m - areia e brita comerciais","m",2991.67]
[6817786,"Confecção de BSCC - seção fechada de 2,5 x 2,5 m - altura do aterro de 2,50 a 5,00 m - areia extraída e brita produzida","m",2694.02]
[6817787,"Confecção de BSCC - seção fechada de 2,5 x 2,5 m - altura do aterro de 5,00 a 7,50 m - areia e brita comerciais","m",3474.91]
[6817788,"Confecção de BSCC - seção fechada de 2,5 x 2,5 m - altura do aterro de 5,00 a 7,50 m - areia extraída e brita produzida","m",3197.84]
[6817789,"Confecção de BSCC - seção fechada de 2,5 x 2,5 m - altura do aterro de 7,50 a 10,00 m - areia e brita comerciais","m",3883.62]
[6817790,"Confecção de BSCC - seção fechada de 2,5 x 2,5 m - altura do aterro de 7,50 a 10,00 m - areia extraída e brita produzida","m",3612.42]
[6817795,"Confecção de BSCC - seção fechada de 3,0 x 3,0 m - altura do aterro de 0,25 a 1,00 m - areia e brita comerciais","m",3655.98]
[6817796,"Confecção de BSCC - seção fechada de 3,0 x 3,0 m - altura do aterro de 0,25 a 1,00 m - areia extraída e brita produzida","m",3394.21]
[6817797,"Confecção de BSCC - seção fechada de 3,0 x 3,0 m - altura do aterro de 1,00 a 2,50 m - areia e brita comerciais","m",3126.07]
[6817798,"Confecção de BSCC - seção fechada de 3,0 x 3,0 m - altura do aterro de 1,00 a 2,50 m - areia extraída e brita produzida","m",2864.3]
[6817805,"Confecção de BSCC - seção fechada de 3,0 x 3,0 m - altura do aterro de 10,00 a 12,50 m - areia e brita comerciais","m",6015.42]
[6817806,"Confecção de BSCC - seção fechada de 3,0 x 3,0 m - altura do aterro de 10,00 a 12,50 m - areia extraída e brita produzida","m",5612.26]
[6817807,"Confecção de BSCC - seção fechada de 3,0 x 3,0 m - altura do aterro de 12,50 a 15,00 m - areia e brita comerciais","m",6636.69]
[6817808,"Confecção de BSCC - seção fechada de 3,0 x 3,0 m - altura do aterro de 12,50 a 15,00 m - areia extraída e brita produzida","m",6233.53]
[6817799,"Confecção de BSCC - seção fechada de 3,0 x 3,0 m - altura do aterro de 2,50 a 5,00 m - areia e brita comerciais","m",3926.1]
[6817800,"Confecção de BSCC - seção fechada de 3,0 x 3,0 m - altura do aterro de 2,50 a 5,00 m - areia extraída e brita produzida","m",3575.29]
[6817801,"Confecção de BSCC - seção fechada de 3,0 x 3,0 m - altura do aterro de 5,00 a 7,50 m - areia e brita comerciais","m",4803.04]
[6817802,"Confecção de BSCC - seção fechada de 3,0 x 3,0 m - altura do aterro de 5,00 a 7,50 m - areia extraída e brita produzida","m",4483.41]
[6817803,"Confecção de BSCC - seção fechada de 3,0 x 3,0 m - altura do aterro de 7,50 a 10,00 m - areia e brita comerciais","m",5462.81]
[6817804,"Confecção de BSCC - seção fechada de 3,0 x 3,0 m - altura do aterro de 7,50 a 10,00 m - areia extraída e brita produzida","m",5059.6499999999996]
[6817885,"Corpo de BSCC - seção canal de 1,5 x 1,5 m - pré-moldado - areia e brita comerciais","m",1328.71]
[6817886,"Corpo de BSCC - seção canal de 1,5 x 1,5 m - pré-moldado - areia extraída e brita produzida","m",1190.93]
[6817887,"Corpo de BSCC - seção canal de 2,0 x 1,5 m - pré-moldado - areia e brita comerciais","m",1448.37]
[6817888,"Corpo de BSCC - seção canal de 2,0 x 1,5 m - pré-moldado - areia extraída e brita produzida","m",1291.4000000000001]
[6817889,"Corpo de BSCC - seção canal de 2,0 x 2,0 m - pré-moldado - tipo I - areia e brita comerciais","m",2137.36]
[6817890,"Corpo de BSCC - seção canal de 2,0 x 2,0 m - pré-moldado - tipo I - areia extraída e brita produzida","m",1914.35]
[6817891,"Corpo de BSCC - seção canal de 2,0 x 2,0 m - pré-moldado - tipo II - areia e brita comerciais","m",1867.54]
[6817892,"Corpo de BSCC - seção canal de 2,0 x 2,0 m - pré-moldado - tipo II - areia extraída e brita produzida","m",1644.53]
[6817893,"Corpo de BSCC - seção canal de 2,5 x 1,5 m - pré-moldado - areia e brita comerciais","m",1620.8]
[6817894,"Corpo de BSCC - seção canal de 2,5 x 1,5 m - pré-moldado - areia extraída e brita produzida","m",1443.73]
[6817895,"Corpo de BSCC - seção canal de 2,5 x 2,0 m - pré-moldado - tipo I - areia e brita comerciais","m",2300.87]
[6817896,"Corpo de BSCC - seção canal de 2,5 x 2,0 m - pré-moldado - tipo I - areia extraída e brita produzida","m",2055.04]
[6817897,"Corpo de BSCC - seção canal de 2,5 x 2,0 m - pré-moldado - tipo II - areia e brita comerciais","m",2039.96]
[6817898,"Corpo de BSCC - seção canal de 2,5 x 2,0 m - pré-moldado - tipo II - areia extraída e brita produzida","m",1794.14]
[6817899,"Corpo de BSCC - seção canal de 3,0 x 1,5 m - pré-moldado - areia e brita comerciais","m",1782.13]
[6817900,"Corpo de BSCC - seção canal de 3,0 x 1,5 m - pré-moldado - areia extraída e brita produzida","m",1584.57]
[6817901,"Corpo de BSCC - seção canal de 3,0 x 2,0 m - pré-moldado - tipo I - areia e brita comerciais","m",2409.5]
[6817902,"Corpo de BSCC - seção canal de 3,0 x 2,0 m - pré-moldado - tipo I - areia extraída e brita produzida","m",2139.17]
[6817903,"Corpo de BSCC - seção canal de 3,0 x 2,0 m - pré-moldado - tipo II - areia e brita comerciais","m",2216.61]
[6817904,"Corpo de BSCC - seção canal de 3,0 x 2,0 m - pré-moldado - tipo II - areia extraída e brita produzida","m",1946.28]
[6817829,"Corpo de BSCC - seção fechada de 1,5 x 1,5 m - pré-moldado - altura do aterro de 0,25 a 1,00 m - areia e brita comerciais","m",1768.67]
[6817830,"Corpo de BSCC - seção fechada de 1,5 x 1,5 m - pré-moldado - altura do aterro de 0,25 a 1,00 m - areia extraída e brita produzida","m",1588.94]
[6817831,"Corpo de BSCC - seção fechada de 1,5 x 1,5 m - pré-moldado - altura do aterro de 1,00 a 2,50 m - areia e brita comerciais","m",1709.07]
[6817832,"Corpo de BSCC - seção fechada de 1,5 x 1,5 m - pré-moldado - altura do aterro de 1,00 a 2,50 m - areia extraída e brita produzida","m",1529.33]
[6817839,"Corpo de BSCC - seção fechada de 1,5 x 1,5 m - pré-moldado - altura do aterro de 10,00 a 12,50 m - areia e brita comerciais","m",2087.4899999999998]
[6817840,"Corpo de BSCC - seção fechada de 1,5 x 1,5 m - pré-moldado - altura do aterro de 10,00 a 12,50 m - areia extraída e brita produzida","m",1858.93]
[6817841,"Corpo de BSCC - seção fechada de 1,5 x 1,5 m - pré-moldado - altura do aterro de 12,50 a 15,00 m - areia e brita comerciais","m",2377.7399999999998]
[6817842,"Corpo de BSCC - seção fechada de 1,5 x 1,5 m - pré-moldado - altura do aterro de 12,50 a 15,00 m - areia extraída e brita produzida","m",2162.42]
[6817833,"Corpo de BSCC - seção fechada de 1,5 x 1,5 m - pré-moldado - altura do aterro de 2,50 a 5,00 m - areia e brita comerciais","m",1709.07]
[6817834,"Corpo de BSCC - seção fechada de 1,5 x 1,5 m - pré-moldado - altura do aterro de 2,50 a 5,00 m - areia extraída e brita produzida","m",1529.33]
[6817835,"Corpo de BSCC - seção fechada de 1,5 x 1,5 m - pré-moldado - altura do aterro de 5,00 a 7,50 m - areia e brita comerciais","m",1831.71]
[6817836,"Corpo de BSCC - seção fechada de 1,5 x 1,5 m - pré-moldado - altura do aterro de 5,00 a 7,50 m - areia extraída e brita produzida","m",1653.64]
[6817837,"Corpo de BSCC - seção fechada de 1,5 x 1,5 m - pré-moldado - altura do aterro de 7,50 a 10,00 m - areia e brita comerciais","m",2186.41]
[6817838,"Corpo de BSCC - seção fechada de 1,5 x 1,5 m - pré-moldado - altura do aterro de 7,50 a 10,00 m - areia extraída e brita produzida","m",1957.86]
[6817843,"Corpo de BSCC - seção fechada de 2,0 x 2,0 m - pré-moldado - altura do aterro de 0,25 a 1,00 m - areia e brita comerciais","m",2492.4899999999998]
[6817844,"Corpo de BSCC - seção fechada de 2,0 x 2,0 m - pré-moldado - altura do aterro de 0,25 a 1,00 m - areia extraída e brita produzida","m",2263.71]
[6817845,"Corpo de BSCC - seção fechada de 2,0 x 2,0 m - pré-moldado - altura do aterro de 1,00 a 2,50 m - areia e brita comerciais","m",2172.23]
[6817846,"Corpo de BSCC - seção fechada de 2,0 x 2,0 m - pré-moldado - altura do aterro de 1,00 a 2,50 m - areia extraída e brita produzida","m",1943.46]
[6817853,"Corpo de BSCC - seção fechada de 2,0 x 2,0 m - pré-moldado - altura do aterro de 10,00 a 12,50 m - areia e brita comerciais","m",3353.34]
[6817854,"Corpo de BSCC - seção fechada de 2,0 x 2,0 m - pré-moldado - altura do aterro de 10,00 a 12,50 m - areia extraída e brita produzida","m",3083.34]
[6817855,"Corpo de BSCC - seção fechada de 2,0 x 2,0 m - pré-moldado - altura do aterro de 12,50 a 15,00 m - areia e brita comerciais","m",3900.68]
[6817856,"Corpo de BSCC - seção fechada de 2,0 x 2,0 m - pré-moldado - altura do aterro de 12,50 a 15,00 m - areia extraída e brita produzida","m",3571.32]
[6817847,"Corpo de BSCC - seção fechada de 2,0 x 2,0 m - pré-moldado - altura do aterro de 2,50 a 5,00 m - areia e brita comerciais","m",2433.6799999999998]
[6817848,"Corpo de BSCC - seção fechada de 2,0 x 2,0 m - pré-moldado - altura do aterro de 2,50 a 5,00 m - areia extraída e brita produzida","m",2205.73]
[6817849,"Corpo de BSCC - seção fechada de 2,0 x 2,0 m - pré-moldado - altura do aterro de 5,00 a 7,50 m - areia e brita comerciais","m",2855.89]
[6817850,"Corpo de BSCC - seção fechada de 2,0 x 2,0 m - pré-moldado - altura do aterro de 5,00 a 7,50 m - areia extraída e brita produzida","m",2565.46]
[6817851,"Corpo de BSCC - seção fechada de 2,0 x 2,0 m - pré-moldado - altura do aterro de 7,50 a 10,00 m - areia e brita comerciais","m",3113.37]
[6817852,"Corpo de BSCC - seção fechada de 2,0 x 2,0 m - pré-moldado - altura do aterro de 7,50 a 10,00 m - areia extraída e brita produzida","m",2838.54]
[6817857,"Corpo de BSCC - seção fechada de 2,5 x 2,5 m - pré-moldado - altura do aterro de 0,25 a 1,00 m - areia e brita comerciais","m",3326.41]
[6817858,"Corpo de BSCC - seção fechada de 2,5 x 2,5 m - pré-moldado - altura do aterro de 0,25 a 1,00 m - areia extraída e brita produzida","m",3046.34]
[6817859,"Corpo de BSCC - seção fechada de 2,5 x 2,5 m - pré-moldado - altura do aterro de 1,00 a 2,50 m - areia e brita comerciais","m",2820.61]
[6817860,"Corpo de BSCC - seção fechada de 2,5 x 2,5 m - pré-moldado - altura do aterro de 1,00 a 2,50 m - areia extraída e brita produzida","m",2540.5500000000002]
[6817867,"Corpo de BSCC - seção fechada de 2,5 x 2,5 m - pré-moldado - altura do aterro de 10,00 a 12,50 m - areia e brita comerciais","m",4808.8599999999997]
[6817868,"Corpo de BSCC - seção fechada de 2,5 x 2,5 m - pré-moldado - altura do aterro de 10,00 a 12,50 m - areia extraída e brita produzida","m",4408.0200000000004]
[6817869,"Corpo de BSCC - seção fechada de 2,5 x 2,5 m - pré-moldado - altura do aterro de 12,50 a 15,00 m - areia e brita comerciais","m",5375.6]
[6817870,"Corpo de BSCC - seção fechada de 2,5 x 2,5 m - pré-moldado - altura do aterro de 12,50 a 15,00 m - areia extraída e brita produzida","m",4973.45]
[6817861,"Corpo de BSCC - seção fechada de 2,5 x 2,5 m - pré-moldado - altura do aterro de 2,50 a 5,00 m - areia e brita comerciais","m",3482.89]
[6817862,"Corpo de BSCC - seção fechada de 2,5 x 2,5 m - pré-moldado - altura do aterro de 2,50 a 5,00 m - areia extraída e brita produzida","m",3129.67]
[6817863,"Corpo de BSCC - seção fechada de 2,5 x 2,5 m - pré-moldado - altura do aterro de 5,00 a 7,50 m - areia e brita comerciais","m",3970.87]
[6817864,"Corpo de BSCC - seção fechada de 2,5 x 2,5 m - pré-moldado - altura do aterro de 5,00 a 7,50 m - areia extraída e brita produzida","m",3636.92]
[6817865,"Corpo de BSCC - seção fechada de 2,5 x 2,5 m - pré-moldado - altura do aterro de 7,50 a 10,00 m - areia e brita comerciais","m",4379.58]
[6817866,"Corpo de BSCC - seção fechada de 2,5 x 2,5 m - pré-moldado - altura do aterro de 7,50 a 10,00 m - areia extraída e brita produzida","m",4051.5]
[6817871,"Corpo de BSCC - seção fechada de 3,0 x 3,0 m - pré-moldado - altura do aterro de 0,25 a 1,00 m - areia e brita comerciais","m",4247.8900000000003]
[6817872,"Corpo de BSCC - seção fechada de 3,0 x 3,0 m - pré-moldado - altura do aterro de 0,25 a 1,00 m - areia extraída e brita produzida","m",3920.56]
[6817873,"Corpo de BSCC - seção fechada de 3,0 x 3,0 m - pré-moldado - altura do aterro de 1,00 a 2,50 m - areia e brita comerciais","m",3717.98]
[6817874,"Corpo de BSCC - seção fechada de 3,0 x 3,0 m - pré-moldado - altura do aterro de 1,00 a 2,50 m - areia extraída e brita produzida","m",3390.65]
[6817881,"Corpo de BSCC - seção fechada de 3,0 x 3,0 m - pré-moldado - altura do aterro de 10,00 a 12,50 m - areia e brita comerciais","m",6620.13]
[6817882,"Corpo de BSCC - seção fechada de 3,0 x 3,0 m - pré-moldado - altura do aterro de 10,00 a 12,50 m - areia extraída e brita produzida","m",6148.76]
[6817883,"Corpo de BSCC - seção fechada de 3,0 x 3,0 m - pré-moldado - altura do aterro de 12,50 a 15,00 m - areia e brita comerciais","m",7246.14]
[6817884,"Corpo de BSCC - seção fechada de 3,0 x 3,0 m - pré-moldado - altura do aterro de 12,50 a 15,00 m - areia extraída e brita produzida","m",6773.46]
[6817875,"Corpo de BSCC - seção fechada de 3,0 x 3,0 m - pré-moldado - altura do aterro de 2,50 a 5,00 m - areia e brita comerciais","m",4524.47]
[6817876,"Corpo de BSCC - seção fechada de 3,0 x 3,0 m - pré-moldado - altura do aterro de 2,50 a 5,00 m - areia extraída e brita produzida","m",4106.76]
[6817877,"Corpo de BSCC - seção fechada de 3,0 x 3,0 m - pré-moldado - altura do aterro de 5,00 a 7,50 m - areia e brita comerciais","m",5401.41]
[6817878,"Corpo de BSCC - seção fechada de 3,0 x 3,0 m - pré-moldado - altura do aterro de 5,00 a 7,50 m - areia extraída e brita produzida","m",5014.88]
[6817879,"Corpo de BSCC - seção fechada de 3,0 x 3,0 m - pré-moldado - altura do aterro de 7,50 a 10,00 m - areia e brita comerciais","m",6067.64]
[6817880,"Corpo de BSCC - seção fechada de 3,0 x 3,0 m - pré-moldado - altura do aterro de 7,50 a 10,00 m - areia extraída e brita produzida","m",5596.25]
[7119788,"Administração local do Estaleiro Padrão","mês",295702.69]
[7119714,"Amarração do sistema de fundeio - profundidade de até 50 m","un",2270.0100000000002]
[7119715,"Ânodo de sacrifício para proteção do casco - fornecimento e instalação","un",1511.99]
[7119678,"Beneficiamento de aço naval para construção de instalações portuárias de pequeno porte - excluso o aço naval","t",9072.77]
[7119712,"Cabo de segurança para conexão da ponte - fornecimento e instalação","un",10633.12]
[7119694,"Confecção de morto de concreto de 13 t","un",8562.51]
[7119695,"Confecção de morto de concreto de 14 t","un",9269.75]
[7119696,"Confecção de morto de concreto de 22 t","un",14599.85]
[7119697,"Confecção de morto de concreto de 36 t","un",23132.76]
[7119698,"Confecção de morto de concreto de 48 t","un",29592.49]
[7119688,"Confecção de poita de concreto com garras metálicas de 13,3 t (peso submerso = 8 t)","un",8311.3700000000008]
[7119689,"Confecção de poita de concreto com garras metálicas de 25 t (peso submerso = 15 t)","un",15983.93]
[7119690,"Confecção de poita de concreto com garras metálicas de 30 t (peso submerso = 18 t)","un",19077.55]
[7119691,"Confecção de poita de concreto com garras metálicas de 41,7 t (peso submerso = 25 t)","un",26432.49]
[7119692,"Confecção de poita de concreto com garras metálicas de 45,8 t (peso submerso = 27,5 t)","un",29057.040000000001]
[7119693,"Confecção de poita de concreto com garras metálicas de 58,3 t (peso submerso = 35 t)","un",36922.559999999998]
[7119687,"Confecção de poita de concreto com garras metálicas de 6,7 t (peso submerso = 4 t)","un",4368.24]
[7119681,"Confecção de poita de concreto de 13,3 t (peso submerso = 8 t)","un",9151.2900000000009]
[7119682,"Confecção de poita de concreto de 25 t (peso submerso = 15 t)","un",17514.689999999999]
[7119683,"Confecção de poita de concreto de 30 t (peso submerso = 18 t)","un",20904.099999999999]
[7119684,"Confecção de poita de concreto de 41,7 t (peso submerso = 25 t)","un",28940.32]
[7119685,"Confecção de poita de concreto de 45,8 t (peso submerso = 27,5 t)","un",31807.54]
[7119686,"Confecção de poita de concreto de 58,3 t (peso submerso = 35 t)","un",40404.120000000003]
[7119680,"Confecção de poita de concreto de 6,7 t (peso submerso = 4 t)","un",4801.8599999999997]
[7119710,"Defensa de pneus para proteção do flutuante - confecção e instalação","un",735.99]
[7107375,"Fornecimento e instalação de reservatório metálico tipo taça de 10.000 litros pintura interna e externa com escada de acesso e base de concreto armado - areia e brita comerciais","un",28711.06]
[7107376,"Fornecimento e instalação de reservatório metálico tipo taça de 20.000 litros pintura interna e externa com escada de acesso e base de concreto armado - areia e brita comerciais","un",44973.09]
[7107377,"Fornecimento e instalação de reservatório metálico tipo taça de 30.000 litros pintura interna e externa com escada de acesso e base de concreto armado - areia e brita comerciais","un",63756.5]
[7107374,"Fornecimento e instalação de reservatório metálico tipo taça de 5.000 litros pintura interna e externa com escada de acesso e base de concreto armado - areia e brita comerciais","un",19482.84]
[7119708,"Guincho manual para sistema de fundeio com capacidade de tração de 100 kN - fornecimento e instalação","un",197442.12]
[7119709,"Guincho manual para sistema de fundeio com capacidade de tração de 200 kN - fornecimento e instalação","un",311278.84000000003]
[7119706,"Implantação do sistema naval tipo I - ponte móvel e flutuante principal","un",52784.62]
[7119707,"Implantação do sistema naval tipo II - pontes móveis, flutuante intermediário e flutuante principal","un",126384.19]
[7119787,"Instalações do Estaleiro Padrão para o beneficiamento de estruturas navais, inclusive mobiliário, equipamentos de informática e de segurança","m²",369.97]
[7119647,"Lançamento da embarcação sobre carreira em água","un",2642.03]
[7119679,"Lançamento de poita de concreto - peso submerso","t",48.21]
[7119711,"Mancal de conexão - confecção e instalação","un",881.4]
[7107379,"Manutenção de tratamento superficial e pintura da área interna do flutuante (tanques de reserva de flutuabilidade)","m²",51.75]
[7107381,"Manutenção de tratamento superficial e pintura da parte externa do flutuante (costados e espelhos de proa e popa) - exceto fundo","m²",53.57]
[7107380,"Manutenção de tratamento superficial e pintura da ponte, convés, casarias e demais estruturas metálicas navais sobre os flutuantes","m²",58.31]
[7107382,"Manutenção de tratamento superficial e pintura do fundo do flutuante","m²",136.80000000000001]
[7119713,"Molinete manual para sistema de fundeio com capacidade de tração de 70 kN - fornecimento e instalação","un",322382.82]
[7119646,"Transporte interno em estaleiro para movimentação de peças","t",1193.19]
[7107384,"Tratamento superficial e pintura da ponte e demais estruturas metálicas navais - exceto fundo do flutuante","m²",91.96]
[7107378,"Tratamento superficial e pintura do fundo do flutuante","m²",161.41999999999999]

{"sheet":"Pessoal Sicro","index":10,"n_rows":106,"n_cols":8,"rows_kept":106,"cut":false,"hidden":true,"merged":[[3,0,3,6],[0,7,1,7],[0,0,1,0],[0,1,1,5],[0,6,1,6],[2,0,2,6]]}
["CGCIT","SISTEMA DE CUSTOS REFERENCIAIS DE OBRAS - SICRO",{"$nulls":4},"DNIT","CGCIT"]
[]
["Maranhão - Abril/2025"]
["Sem desoneração"]
["Código","Descrição","Unidade","Salário (R$)","Encargos Totais","Custo (R$)","Periculosidade/\nInsalubridade","Código"]
["P9801","Ajudante","h",null,null,21.722799999999999,0,"P9801"]
["P9802","Ajudante especializado","h",null,null,25.3245,0,"P9802"]
["P9803","Almoxarife","mês",null,null,6228.5397000000003,0,"P9803"]
["P9804","Apontador","mês",null,null,5108.5086000000001,0,"P9804"]
["P9805","Armador","h",null,null,30.785,0,"P9805"]
["P9806","Auxiliar administrativo","mês",null,null,5069.9098999999997,0,"P9806"]
["P9807","Bombeiro hidráulico","h",null,null,31.334299999999999,0,"P9807"]
["P9808","Carpinteiro","h",null,null,27.9922,0,"P9808"]
["P9809","Encarregado administrativo","mês",null,null,7575.7263000000003,0,"P9809"]
["P9810","Eletricista","h",null,null,30.360600000000002,0,"P9810"]
["P9811","Encarregado especializado","mês",null,null,8270.9704999999994,0,"P9811"]
["P9812","Engenheiro","mês",null,null,25169.5344,0,"P9812"]
["P9814","Operacional","mês",null,null,4222.9111999999996,0,"P9814"]
["P9815","Jardineiro","h",null,null,28.795000000000002,0,"P9815"]
["P9819","Engenheiro supervisor","mês",null,null,25169.5344,0,"P9819"]
["P9821","Pedreiro","h",null,null,27.6343,0,"P9821"]
["P9822","Pintor","h",null,null,30.763400000000001,0,"P9822"]
["P9823","Serralheiro","h",null,null,28.724499999999999,0,"P9823"]
["P9824","Servente","h",null,null,21.340599999999998,0,"P9824"]
["P9825","Soldador","h",null,null,35.294199999999996,0,"P9825"]
["P9826","Chefe setor de finanças","mês",null,null,26212.9097,0,"P9826"]
["P9827","Vigia","mês",null,null,4725.5765000000001,0.3,"P9827"]
["P9830","Montador","h",null,null,31.618400000000001,0,"P9830"]
["P9833","Auxiliar de laboratório","mês",null,null,5646.9454999999998,0,"P9833"]
["P9837","Oceanógrafo","mês",null,null,12409.2716,0,"P9837"]
["P9840","Encarregado geral","mês",null,null,11656.031800000001,0,"P9840"]
["P9842","Faxineiro","mês",null,null,4033.4643000000001,0,"P9842"]
["P9843","Operador de equipamento leve","h",null,null,27.515899999999998,0,"P9843"]
["P9845","Operador de equipamento pesado","h",null,null,33.2943,0,"P9845"]
["P9846","Operador de equipamento especial","h",null,null,43.154899999999998,0,"P9846"]
["P9847","Perfurador de tubulão","h",null,null,21.702500000000001,0,"P9847"]
["P9848","Desenhista","mês",null,null,7930.9573,0,"P9848"]
["P9849","Condutor maquinista fluvial","mês",null,null,5793.8090000000002,0,"P9849"]
["P9850","Copeiro","mês",null,null,4284.9434000000001,0,"P9850"]
["P9851","Médico do trabalho","mês",null,null,18575.821899999999,0,"P9851"]
["P9852","Blaster","h",null,null,40.9803,0.3,"P9852"]
["P9853","Pré-marcador","h",null,null,21.5855,0,"P9853"]
["P9854","Recepcionista","mês",null,null,4153.6593000000003,0,"P9854"]
["P9855","Marinheiro de máquinas","mês",null,null,5392.5519000000004,0,"P9855"]
["P9856","Marinheiro de convés","h",null,null,29.1508,0,"P9856"]
["P9857","Marinheiro de convés - mensalista","mês",null,null,5362.8194000000003,0,"P9857"]
["P9858","Laboratorista","mês",null,null,7399.5429999999997,0,"P9858"]
["P9859","Trabalhador de via","h",null,null,21.3643,0,"P9859"]
["P9861","Selecionador de material pétreo","h",null,null,21.631699999999999,0,"P9861"]
["P9864","Engenheiro de segurança do trabalho","mês",null,null,24420.804,0,"P9864"]
["P9866","Motorista de caminhão","h",null,null,29.910499999999999,0,"P9866"]
["P9867","Técnico especializado - mensalista","mês",null,null,7095.1765999999998,0,"P9867"]
["P9869","Encarregado de obras de artes especiais","mês",null,null,8270.9704999999994,0,"P9869"]
["P9870","Motorista de veículo leve","h",null,null,30.4162,0,"P9870"]
["P9871","Motorista de veículo especial","h",null,null,35.025599999999997,0,"P9871"]
["P9875","Encarregado de turma","mês",null,null,5828.3149999999996,0,"P9875"]
["P9876","Técnico de segurança do trabalho","mês",null,null,7298.4723000000004,0,"P9876"]
["P9878","Secretária","mês",null,null,6718.4540999999999,0,"P9878"]
["P9880","Piloto fluvial","mês",null,null,7681.1977999999999,0,"P9880"]
["P9882","Técnico especializado","h",null,null,38.392800000000001,0,"P9882"]
["P9883","Chefe do setor administrativo","mês",null,null,7575.8406000000004,0,"P9883"]
["P9884","Encarregado de terraplenagem","mês",null,null,8270.9704999999994,0,"P9884"]
["P9885","Frentista de túnel","h",null,null,22.090699999999998,0,"P9885"]
["P9889","Técnico da qualidade","mês",null,null,7897.1985999999997,0,"P9889"]
["P9892","Auxiliar de blaster","h",null,null,35.916699999999999,0.3,"P9892"]
["P9893","Encarregado de pavimentação","mês",null,null,8270.9704999999994,0,"P9893"]
["P9896","Porteiro","mês",null,null,4026.1952999999999,0,"P9896"]
["P9897","Técnico de meio ambiente","mês",null,null,7881.7269999999999,0,"P9897"]
["P9900","Comprador","mês",null,null,7397.8047999999999,0,"P9900"]
["P9901","Encarregado de superestrutura ferroviária","mês",null,null,8270.9704999999994,0,"P9901"]
["P9903","Auxiliar técnico","mês",null,null,4684.6961000000001,0,"P9903"]
["P9907","Comandante de longo curso","mês",null,null,20406.574799999999,0,"P9907"]
["P9908","Imediato","mês",null,null,16496.033800000001,0,"P9908"]
["P9909","Oficial de náutica","mês",null,null,6710.0393999999997,0,"P9909"]
["P9910","Oficial de máquinas","mês",null,null,6537.6873999999998,0,"P9910"]
["P9913","Draguista","mês",null,null,6517.2138999999997,0,"P9913"]
["P9915","Maquinista","h",null,null,34.255299999999998,0,"P9915"]
["P9916","Encarregado de conservação rodoviária","mês",null,null,8270.9704999999994,0,"P9916"]
["P9920","Mestre fluvial","mês",null,null,8583.8883999999998,0,"P9920"]
["P9921","Mergulhador raso autônomo de emergência","h",null,null,38.943100000000001,0.25869999999999999,"P9921"]
["P9922","Mergulhador raso dependente de emergência","h",null,null,40.512099999999997,0.3,"P9922"]
["P9924","Mergulhador raso dependente","h",null,null,52.683199999999999,0.3,"P9924"]
["P9925","Mergulhador raso autônomo","h",null,null,48.901200000000003,0.25869999999999999,"P9925"]
["P9926","Mergulhador raso auxiliar de superfície","h",null,null,36.839700000000001,0.25869999999999999,"P9926"]
["P9927","Frentista de túnel com periculosidade","h",null,null,26.540800000000001,0.3,"P9927"]
["P9930","Eletricista com periculosidade","h",null,null,37.276200000000003,0.3,"P9930"]
["P9931","Operador de equipamento de mergulho","h",null,null,58.7273,0.14249999999999999,"P9931"]
["P9932","Operador de equipamento pesado com periculosidade","h",null,null,41.244300000000003,0.3,"P9932"]
["P9933","Supervisor de mergulho raso","mês",null,null,10832.556500000001,0.14249999999999999,"P9933"]
["P9934","Motorista de veículo especial com periculosidade","h",null,null,43.526600000000002,0.3,"P9934"]
["P9938","Operador de equipamento leve com periculosidade","h",null,null,33.727899999999998,0.3,"P9938"]
["P9939","Operador de equipamento leve com insalubridade","h",null,null,35.338999999999999,0.2596,"P9939"]
["P9942","Marinheiro de convés com periculosidade","h",null,null,35.946800000000003,0.3,"P9942"]
["P9944","Operador de equipamento especial com periculosidade","h",null,null,54.089199999999998,0.3,"P9944"]
["P9946","Engenheiro auxiliar","mês",null,null,23592.8645,0,"P9946"]
["P9947","Técnico florestal","mês",null,null,7881.7269999999999,0,"P9947"]
["P9948","Motorista de veículo leve - mensalista","mês",null,null,5614.8789999999999,0,"P9948"]
["P9949","Topógrafo","mês",null,null,8757.2734,0,"P9949"]
["P9950","Auxiliar de topografia","mês",null,null,5667.1287000000002,0,"P9950"]
["P9951","Médico de câmara hiperbárica","mês",null,null,21148.057000000001,5.8299999999999998E-2,"P9951"]
["P9952","Pedreiro - mensalista","mês",null,null,5108.1603999999998,0,"P9952"]
["P9953","Eletricista - mensalista","mês",null,null,5593.9461000000001,0,"P9953"]
["P9954","Servente - mensalista","mês",null,null,3953.259,0,"P9954"]
["P9955","Engenheiro chefe","mês",null,null,31577.920699999999,0,"P9955"]
["P9956","Motorista de caminhão com periculosidade","h",null,null,36.876899999999999,0.3,"P9956"]
["P9972","Técnico de batimetria","mês",null,null,6696.4840999999997,0,"P9972"]

{"sheet":"Projeto Executivo","index":11,"n_rows":30,"n_cols":7,"rows_kept":30,"cut":false,"hidden":false,"merged":[[22,0,22,1],[0,0,0,6],[1,2,3,4],[2,0,2,1],[13,0,13,1],[17,0,17,1],[27,4,27,5],[28,4,28,5],[29,4,29,5],[23,0,23,1],[24,0,24,1]]}
["COMPOSIÇAO PREÇO PROJETO EXECUTIVO"]
[]
["DISCRIMINAÇAO",{"$nulls":4},"Pr. Unit.","Pr. Total"]
[]
["A· EOUIPE TECNICA",{"$nulls":5},{"$f":"G6+G9","v":19551.360100000002}]
[null,"A. 1 - Pessoal de Nível Superior","Unidade","Quantitativo","SICRO e Rel.Custos Gerais",null,{"$f":"G7+G8","v":16963.403900000001}]
[null,"Engenheiro","mês",0.5,"P9812",{"$f":"VLOOKUP(E7,'Pessoal Sicro'!A:G,6,0)","v":25169.5344},{"$f":"F7*D7","v":12584.7672}]
[null,"Topógrafo","mês",0.5,"P9949",{"$f":"VLOOKUP(E8,'Pessoal Sicro'!A:G,6,0)","v":8757.2734},{"$f":"F8*D8","v":4378.6367}]
[null,"A.2 - Pessoal de Nível Técnico e Aux.",{"$nulls":4},{"$f":"G10+G11","v":2587.9562000000001}]
[null,"Auxiliar de topógrafo","mês",0.25,"P9950",{"$f":"VLOOKUP(E10,'Pessoal Sicro'!A:G,6,0)","v":5667.1287000000002},{"$f":"F10*D10","v":1416.7821750000001}]
[null,"Auxiliar Técnico/Assistente de Engenharia ","mês",0.25,"P9903",{"$f":"VLOOKUP(E11,'Pessoal Sicro'!A:G,6,0)","v":4684.6961000000001},{"$f":"F11*D11","v":1171.174025}]
["B - ENCARGOS SOCIAIS",{"$nulls":5},{"$f":"G13","v":0}]
[null,{"$f":"CONCATENATE(\"Taxas \",'ENC. SOCIAIS'!E51,\"%\")","v":"Taxas 112,73%"},"JÁ INCLUSAS EM \"A\""]
["C - DESPESAS GERAIS",{"$nulls":5},{"$f":"G15+G17+G16","v":5421.8343030000005}]
[null,"C.1 - MATERIAIS DE CONSUMO","Estimativa % como referência de equipe técnica com encargos sociais ",0.03,null,{"$f":"G5+G13","v":19551.360100000002},{"$f":"F15*D15","v":586.54080299999998}]
[null,"C.2 - VEÍCULOS (Veículo leve picape 4 x 4 com capacidade de 1,10 t - 147 kW)","h",40,"E9684",{"$f":"VLOOKUP(E16,Equipamentos!A:K,10,0)","v":110.1583},{"$f":"F16*D16","v":4406.3320000000003}]
[null,"C.3 - Estação total eletrônica com alcance máximo de 3.000 m","h",55,"E9553",{"$f":"VLOOKUP(E17,Equipamentos!A:K,10,0)","v":7.7992999999999997},{"$f":"F17*D17","v":428.9615}]
["D - ENSAIOS",{"$nulls":5},{"$f":"SUM(G19:G22)","v":8359.8528749999987}]
[null,"Laboratorista","mês",0.5,"P9858",{"$f":"VLOOKUP(E19,'Pessoal Sicro'!A:G,6,0)","v":7399.5429999999997},{"$f":"F19*D19","v":3699.7714999999998}]
[null,"Auxiliar de Laboratório","mês",0.25,"P9833",{"$f":"VLOOKUP(E20,'Pessoal Sicro'!A:G,6,0)","v":5646.9454999999998},{"$f":"F20*D20","v":1411.736375}]
[null,"Laboratório de solos","mês",0.5,"B8957",{"$f":"VLOOKUP(E21,'Tabelas 1 e 2'!C15:G24,5,0)","v":3520.5},{"$f":"F21*D21","v":1760.25}]
[null,"Laboratório de asfalto","mês",0.25,"B8955",{"$f":"VLOOKUP(E22,'Tabelas 1 e 2'!C16:G25,5,0)","v":5952.38},{"$f":"F22*D22","v":1488.095}]
["I - SOMA (A+B+C+D)",{"$nulls":5},{"$f":"G5+G12+G14+G18","v":33333.047277999998}]
["II - CUSTOS ADMINISTRATIVOS",null,null,{"$f":"'MODULO MINIMO'!J6","v":0.2339},null,null,{"$f":"D24*G23","v":7796.5997583241997}]
[" TOTAL",{"$nulls":5},{"$f":"G23+G24","v":41129.647036324197}]
[{"$nulls":5},"Por m²:",{"$f":"TRUNC(G25/('MODULO MINIMO'!I8),2)","v":2.93}]
[]
[{"$nulls":4},"Desconto aplicado:",null,{"$f":"CAPA!D13","v":0}]
[{"$nulls":4},"Valor m² após desconto",null,{"$f":"TRUNC(G26-G26*G28,2)","v":2.93}]
[{"$nulls":4},"Valor total com BDI após o desconto:",null,{"$f":"G29*'MODULO MINIMO'!J44","v":41020}]

{"sheet":" CONSUMO DE MAT. B TOTAL","index":12,"n_rows":17,"n_cols":16,"rows_kept":17,"cut":false,"hidden":false,"merged":[[0,1,1,15],[2,1,3,15],[4,1,4,2],[4,3,4,11],[4,12,4,15],[15,1,15,15],[17,1,17,15],[6,1,6,15],[9,1,9,15],[11,1,11,15],[13,1,13,15]]}
[]
[]
[null,"CONSUMO DO MATERIAL BETUMINOSO TOTAL"]
[]
[null,"TRECHO",null,"QUANTIDADES",{"$nulls":8},"MAT. BETUMINOSO"]
[null,"Inicio           (km)","Fim              (km)","Extensão     (m)","Largura       (m)","Espess.       (m)","Área            (m2)","Volume              (m3)","Densidade (t/m3)","Massa            (t)","Unid","Quant.","Tipo","Consumo Taxa de Aplicação","Unid. ","Quant."]
[null,"IMPRIMAÇÃO"]
[]
[{"$nulls":5},1,{"$f":"'Memória de Cálculo'!H63","v":14000},{"$f":"G9*F9","v":14000},{"$nulls":4},"CM-30","1,2 l/m2","t",{"$f":"ROUND((G9*1.2)/1000,2)","v":16.8}]
[null,"CAPA SELANTE"]
[{"$nulls":5},1,{"$f":"'Memória de Cálculo'!H51","v":14000},{"$f":"G11*F11","v":14000},{"$nulls":4},"RR-2C","0,5 l/m2","t",{"$f":"ROUND((G11*0.5)/1000,2)","v":7}]
[null,"TRATAMENTO SUPERFICIAL DUPLO - 1ª CAMADA"]
[{"$nulls":5},1,{"$f":"'Memória de Cálculo'!H57","v":14000},{"$f":"G13*F13","v":14000},{"$nulls":4},"RR-2C","1,5 l/m²","t",{"$f":"ROUND((G13*1.5)/1000,2)","v":21}]
[null,"TRATAMENTO SUPERFICIAL DUPLO - 2ª CAMADA"]
[{"$nulls":5},1,{"$f":"'Memória de Cálculo'!H57","v":14000},{"$f":"G15*F15","v":14000},{"$nulls":4},"RR-2C","1,0 l/m²","t",{"$f":"ROUND((G15*1)/1000,2)","v":14}]
[]
[{"$nulls":7},{"$f":"G17*F17","v":0}]

{"sheet":"BDI","index":13,"n_rows":69,"n_cols":3,"rows_kept":69,"cut":false,"hidden":false,"merged":[[4,0,4,4],[5,0,5,4],[54,0,54,3],[55,0,55,3],[56,1,56,2]]}
[]
["OBRA:"]
["LOCAL: "]
["DATA BASE: "]
["DETALHAMENTO DO BDI  - SEM DESONERAÇÃO"]
[{"$f":"'MODULO MINIMO'!B1","v":"EXECUÇÃO DE SERVIÇOS DE PAVIMENTAÇÃO COM TRATAMENTO SUPERFICIAL DUPLO EM VIAS DE MUNICÍPIOS DIVERSOS INSERIDOS NA ÁREA DE ATUAÇÃO DA CODEVASF, NO ESTADO MARANHÃO"}]
["Descrição dos serviços","Preço de Venda (%)","Custo Direto (%)"]
["ADMINISTRAÇÃO CENTRAL",null,0.06]
["CUSTOS FINANCEIROS",1.0200000000000001E-2]
["RISCOS",2.5000000000000001E-3]
["SEGUROS E GARANTIAS CONTRATUAIS",5.0000000000000001E-3]
["LUCRO OPERACIONAL",null,7.0000000000000007E-2]
["PIS",6.4999999999999997E-3]
["COFINS",0.03]
["ISSQN",0.03]
["Contribuição Previdenciaria",0]
[null,"BDI",{"$f":"ROUND((1+(C8+C12))/(1-(B9+B10+B11+B13+B14+B15+B16))-1,4)","v":0.2339}]
["Observação: O percentual de ISSQN aqui utilizado consiste apenas em um referencial médio."]
[null," O valor real do ISSQN a ser adotado deve ser aquele proveniente das alíquotas dos municípios situados na área de "]
[null,"influência das obras."]
{"$rows_empty":34}
["DETALHAMENTO DO BDI DIFERENCIADO  - SEM DESONERAÇÃO"]
[{"$f":"'MODULO MINIMO'!B1","v":"EXECUÇÃO DE SERVIÇOS DE PAVIMENTAÇÃO COM TRATAMENTO SUPERFICIAL DUPLO EM VIAS DE MUNICÍPIOS DIVERSOS INSERIDOS NA ÁREA DE ATUAÇÃO DA CODEVASF, NO ESTADO MARANHÃO"}]
[]
["DESCRIÇÃO DOS SERVIÇOS","PREÇO DE VENDA (%)","CUSTO DIRETO (%)"]
["ADMINISTRAÇÃO CENTRAL",null,3.7699999999999997E-2]
["DESPESA FINANCEIRAS",1.0200000000000001E-2]
["SEGUROS E GARANTIAS CONTRATUAIS",2.5000000000000001E-3]
["RISCOS",5.0000000000000001E-3]
["LUCRO OPERACIONAL",null,0.05]
["PIS",6.4999999999999997E-3]
["COFINS",0.03]
["ISSQN",0]
["Contribuição Previdenciaria",0]
[null,"BDI",{"$f":"ROUND((1+(C59+C63))/(1-(B60+B61+B62+B64+B65+B66+B67))-1,4)","v":0.15}]
["Fonte da composição, valores de referência e fórmula do BDI:  Instrução Normativa N° 62/DNIT SEDE"]

{"sheet":"ENC. SOCIAIS","index":14,"n_rows":56,"n_cols":8,"rows_kept":56,"cut":false,"hidden":false,"merged":[[8,0,9,5],[50,0,50,1],[10,0,10,5],[11,2,11,3],[11,4,11,5],[12,0,12,5],[13,0,14,1],[13,2,14,2],[13,3,14,3],[13,4,14,4],[13,5,14,5],[15,0,15,5],[26,0,26,5],[38,0,38,5],[45,0,45,5],[49,0,49,5]]}
[]
[]
[]
[]
[]
["NOME DA CONCORRENTE:"]
["EDITAL:"]
["FOLHA:"]
[{"$f":"'MODULO MINIMO'!B1","v":"EXECUÇÃO DE SERVIÇOS DE PAVIMENTAÇÃO COM TRATAMENTO SUPERFICIAL DUPLO EM VIAS DE MUNICÍPIOS DIVERSOS INSERIDOS NA ÁREA DE ATUAÇÃO DA CODEVASF, NO ESTADO MARANHÃO"}]
[]
["DETALHAMENTO DOS ENCARGOS SOCIAIS (%)"]
["VIGÊNCIA A PARTIR DE 12/2022",null,"COM DESONERAÇÃO",null,"SEM DESONERAÇÃO"]
[]
[null,null,"HORISTA","MENSALISTA","HORISTA","MENSALISTA"]
[]
["GRUPO A"]
["A1","INSS",0,0,20,20]
["A2","SESI",1.5,1.5,1.5,1.5]
["A3","SENAI",1,1,1,1]
["A4","INCRA",0.2,0.2,0.2,0.2]
["A5","SEBRAE",0.6,0.6,0.6,0.6]
["A6","Salário Educação",2.5,2.5,2.5,2.5]
["A7","Seguro Contra Acidentes de Trabalho",3,3,3,3]
["A8","FGTS",8,8,8,8]
["A9","SECONCI",1,1,0,0]
["A","Total",{"$f":"SUM(C17:C25)","v":17.8},{"$f":"SUM(D17:D25)","v":17.8},{"$f":"SUM(E17:E25)","v":36.799999999999997},{"$f":"SUM(F17:F25)","v":36.799999999999997}]
["GRUPO B"]
["B1","Repouso Semanal Remunerado",17.88,"-",17.88,"-"]
["B2","Feriados",3.94,"-",3.95,"-"]
["B3","Auxílio-enfermidade",0.91,0.69,0.86,0.65]
["B4","13° salário",10.98,8.33,10.97,8.33]
["B5","Licença-paternidade",7.0000000000000007E-2,0.06,7.0000000000000007E-2,0.05]
["B6","Faltas Justificadas",0.73,0.56000000000000005,0.73,0.56000000000000005]
["B7","Dias de chuva",1.45,"-",1.56,"-"]
["B8","Auxílio Acidente de Trabalho",0.11,0.09,0.1,7.0000000000000007E-2]
["B9","Férias Gozadas",11.35,8.6199999999999992,11.16,8.48]
["B10","Salário Maternidade",0.03,0.03,0.03,0.03]
["B","Total ",{"$f":"SUM(C28:C37)","v":47.45},{"$f":"SUM(D28:D37)","v":18.380000000000003},{"$f":"SUM(E28:E37)","v":47.31},{"$f":"SUM(F28:F37)","v":18.170000000000002}]
["GRUPO C"]
["C1","Aviso Prévio Indenizado",6.76,5.14,4.55,3.46]
["C2","Aviso Prévio Trabalhado",0.16,0.12,0.11,0.08]
["C3","Férias Indenizadas",2.2799999999999998,1.73,3.17,2.41]
["C4","Depósito Rescisão Sem Justa Causa",3.81,2.89,2.6,1.98]
["C5","Indenização Adicional",0.56999999999999995,0.43,0.38,0.28999999999999998]
["C","Total ",{"$f":"SUM(C40:C44)","v":13.58},{"$f":"SUM(D40:D44)","v":10.31},{"$f":"SUM(E40:E44)","v":10.81},{"$f":"SUM(F40:F44)","v":8.2199999999999989}]
["GRUPO D"]
["D1","Reincidência de A sobre B",8.4499999999999993,3.27,17.41,6.69]
["D2","Reincidência de Grupo A sobre Aviso Prévio Trabalhado e Reincidência do FGTS sobre Aviso Prévio Indenizado",0.56999999999999995,0.43,0.4,0.31]
["D","Total",{"$f":"SUM(C47:C48)","v":9.02},{"$f":"SUM(D47:D48)","v":3.7},{"$f":"SUM(E47:E48)","v":17.809999999999999},{"$f":"SUM(F47:F48)","v":7}]
[]
["T O T A L (%)",null,{"$f":"C26+C38+C45+C49","v":87.85},{"$f":"D26+D38+D45+D49","v":50.190000000000012},{"$f":"E26+E38+E45+E49","v":112.73},{"$f":"F26+F38+F45+F49","v":70.19}]
[]
[]
[]
[]
[{"$nulls":7},"Fonte: Sinapi Cálculos e Parâmetros 5ª Edição - Atualizada em Agosto 2023"]

{"sheet":"Transporte EAI","index":15,"n_rows":98,"n_cols":34,"rows_kept":98,"cut":false,"hidden":false,"merged":[[10,4,10,8],[10,9,10,10],[10,22,10,23],[12,3,31,3],[1,2,3,26],[6,2,8,2],[6,5,6,7],[6,12,8,12],[7,4,7,5],[7,6,8,6],[7,19,7,20]]}
[]
[null,null,"MEMÓRIA DE CÁLCULO"]
[]
[]
[]
[]
[null,null,"REAJUSTE",null,null,"TIPOLOGIA DO MATERIAL",null,null,"EMULSÃO ASFÁLTICA PARA SERVIÇO DE IMPRIMAÇÃO",null,null,null,"IMPOSTOS","COFINS",6.4999999999999997E-3,6.4999999999999997E-3]
[{"$nulls":6},"ÍNDICE DE PAVIMENTAÇÃO DNIT","2014-07-01","ÍNDICE INICIAL",270.23700000000002,null,null,null,"PIS",0.03,0.03,null,null,null,"LEGENDA",{"$nulls":8},"As empresas tributadas pelo Lucro Presumido pagam 0,65% de PIS e 3% de COFINS"]
[{"$nulls":7},"2025-05-01","ÍNDICE FINAL",587.55200000000002,null,null,null," ICMS",0.23,0.23,{"$f":"1-(O9/1)","v":0.77},{"$f":"1-(P9/1)","v":0.77},{"$f":"1-(Q9/1)","v":0.22999999999999998},"ENTRADA DE DADOS",{"$nulls":8},"As empresas tributadas pelo Lucro Real pagam 1,65% de PIS e 7,60% de COFINS"]
[{"$nulls":6},"Data ANP","2025-05-01"]
[null,null,"DATA-BASE","PRODUTOS","LOCALIDADES",{"$nulls":4},"CUSTO ANP (R$/Kg)",null,"CUSTO ANP","IMPOSTOS DO PRODUTO","CUSTO DO PRODUTO COM IMPOSTOS","DMT's","DMT'S FLUVIAL","CUSTO DO TRANSPORTE RODOVIA PAVIMENTADA","CUSTO DO TRANSPORTE FLUVIAL","CUSTO DO TRANSPORTE TOTAL","ICMS","ATUALIZAÇÃO DO CUSTO DE TRANSPORTE","CUSTO DO TRANSPORTE RODOVIA PAVIMENTADA COM IMPOSTOS E ATUALIZAÇÃO MONETÁRIA","PEDÁGIO ",null,"TOTAL TRANSPORTE","AQUISIÇÃO DO PRODUTO","TOTAL GERAL ( TRANSP + AQUISIÇÃO)",null,1,2,3]
[null,null,{"$f":"H9","v":"2025-05-01"},null,"REFINARIAS","ENDEREÇO","ESTADO","CIDADE","DESTINO","ESTADO","REGIÃO","R$/t","R$/t","R$/t","KM","KM","R$/t","R$/t","R$/t","R$/t","R$/t","R$/t","CUSTO ","R$/t","R$/t","R$/t","R$/t",null,"TOTAL GERAL ( TRANSP + AQUISIÇÃO)","TOTAL TRANSPORTE","AQUISIÇÃO DO PRODUTO"]
[null,{"$f":"AA13","v":5075.2552278632229},1,{"$f":"I7","v":"EMULSÃO ASFÁLTICA PARA SERVIÇO DE IMPRIMAÇÃO"},"'CENTRO OESTE ASFALTOS LTDA.","SETOR DE INFLAMÁVEIS, S/N TRECHO 02 - LOTE 1.100 - GUARÁ - CEP:71225-000","Distrito Federal","BRASÍLIA - DF","São Luís - MA",{"$f":"VLOOKUP(G13,OFFSET('ANP ESTADO'!$A$1,MATCH($I$7,'ANP ESTADO'!B:B,0)+MATCH($H$10,OFFSET('ANP ESTADO'!$A$1,MATCH($I$7,'ANP ESTADO'!B:B,0),0,100000,1),0),2,100000,2),2,FALSE)","v":"-"},{"$f":"VLOOKUP($H$10,OFFSET('ANP REGIÃO'!$A$9,MATCH('Transporte EAI'!$I$7,'ANP REGIÃO'!A:A,0),1,10000,10000),MATCH('Transporte EAI'!AH13,'ANP REGIÃO'!$B$8:$G$8,0),FALSE)","v":2.586745227863223},{"$f":"IF(AND(J13=\"-\",K13=\"-\"),\"\",IF(AND(J13<>0,K13=\"-\"),J13*1000,IF(AND(J13=\"-\",K13<>0),K13*1000,IF(AND(J13<>0,K13<>0),J13*1000,\"\"))))","v":2586.7452278632231},{"$f":"ROUND(((L13/(1-$O$7-$O$8-$O$9))-L13),2)","v":939.83},{"$f":"L13+M13","v":3526.5752278632231},2039,null,{"$f":"ROUND((26.939+0.253*O13),2)","v":542.80999999999995},null,{"$f":"ROUND((26.939+0.253*Q13),2)","v":164.27},{"$f":"TRUNC(Q13*($O$9/(1-$O$9)),2)","v":162.13},{"$f":"TRUNC(IF($J$8=\"\",\"\",(($J$9-$J$8)/$J$8)*(Q13+T13)),2)","v":827.74},{"$f":"Q13+T13+U13","v":1532.6799999999998},140,{"$f":"EVEN((' CONSUMO DE MAT. B TOTAL'!$P$13+' CONSUMO DE MAT. B TOTAL'!P15)*2/28)*W13/(' CONSUMO DE MAT. B TOTAL'!$P$13+' CONSUMO DE MAT. B TOTAL'!P15)","v":16},{"$f":"IF(AND(Q13=\"\",T13=\"\"),\"\",V13+X13)","v":1548.6799999999998},{"$f":"IF(OR(L13=\"\",M13=\"\"),\"\",L13+M13)","v":3526.5752278632231},{"$f":"IF(OR(Y13=\"\",Z13=\"\"),\"\",Y13+Z13)","v":5075.2552278632229},null,{"$f":"AA13","v":5075.2552278632229},{"$f":"Y13","v":1548.6799999999998},{"$f":"Z13","v":3526.5752278632231},null,null,{"$f":"IF(OR(G13=$D$58,G13=$D$59,G13=$D$61,G13=$D$67,G13=$D$51,G13=$D$47,G13=$D$43,G13=$D$56,G13=$D$46),\"NORDESTE\",IF(OR(G13=$D$42,G13=$D$44,G13=$D$45,G13=$D$55,G13=$D$63,G13=$D$64,G13=$D$68),\"NORTE\",IF(OR(G13=$D$48,G13=$D$50,G13=$D$52,G13=$D$53),\"CENTRO-OESTE\",IF(OR(G13=$D$66,G13=$D$60,G13=$D$54,G13=$D$49),\"SUDESTE\",IF(OR(G13=$D$65,G13=$D$57,G13=$D$62),\"SUL\",\"\")))))","v":"CENTRO-OESTE"}]
[null,{"$f":"AA14","v":4600.1330522923654},2,null,"STRATURA ASFALTOS S/A","AVENIDA PRESIDENTE WILSON, 08  - JUNDIAÍ - CEP:75115-100","Goiás","ANÁPOLIS - GO","São Luís - MA",{"$f":"VLOOKUP(G14,OFFSET('ANP ESTADO'!$A$1,MATCH($I$7,'ANP ESTADO'!B:B,0)+MATCH($H$10,OFFSET('ANP ESTADO'!$A$1,MATCH($I$7,'ANP ESTADO'!B:B,0),0,100000,1),0),2,100000,2),2,FALSE)","v":2.2701006713399843},{"$f":"VLOOKUP($H$10,OFFSET('ANP REGIÃO'!$A$9,MATCH('Transporte EAI'!$I$7,'ANP REGIÃO'!A:A,0),1,10000,10000),MATCH('Transporte EAI'!AH14,'ANP REGIÃO'!$B$8:$G$8,0),FALSE)","v":2.586745227863223},{"$f":"IF(AND(J14=\"-\",K14=\"-\"),\"\",IF(AND(J14<>0,K14=\"-\"),J14*1000,IF(AND(J14=\"-\",K14<>0),K14*1000,IF(AND(J14<>0,K14<>0),J14*1000,\"\"))))","v":2270.1006713399843},{"$f":"ROUND(((L14/(1-$O$7-$O$8-$O$9))-L14),2)","v":824.79},{"$f":"L14+M14","v":3094.8906713399842},1978,null,{"$f":"ROUND((26.939+0.253*O14),2)","v":527.37},null,160.36000000000001,{"$f":"TRUNC(Q14*($O$9/(1-$O$9)),2)","v":157.52000000000001},{"$f":"TRUNC(IF($J$8=\"\",\"\",(($J$9-$J$8)/$J$8)*(Q14+T14)),2)","v":804.2},{"$f":"Q14+T14+U14","v":1489.0900000000001},169.6,{"$f":"EVEN((' CONSUMO DE MAT. B TOTAL'!$P$13+' CONSUMO DE MAT. B TOTAL'!P17)*2/28)*W14/(' CONSUMO DE MAT. B TOTAL'!$P$13+' CONSUMO DE MAT. B TOTAL'!P17)","v":16.152380952380952},1505.2423809523812,3094.8906713399842,{"$f":"IF(OR(Y14=\"\",Z14=\"\"),\"\",Y14+Z14)","v":4600.1330522923654},null,{"$f":"AA14","v":4600.1330522923654},{"$f":"Y14","v":1505.2423809523812},3094.8906713399842,null,null,{"$f":"IF(OR(G14=$D$58,G14=$D$59,G14=$D$61,G14=$D$67,G14=$D$51,G14=$D$47,G14=$D$43,G14=$D$56,G14=$D$46),\"NORDESTE\",IF(OR(G14=$D$42,G14=$D$44,G14=$D$45,G14=$D$55,G14=$D$63,G14=$D$64,G14=$D$68),\"NORTE\",IF(OR(G14=$D$48,G14=$D$50,G14=$D$52,G14=$D$53),\"CENTRO-OESTE\",IF(OR(G14=$D$66,G14=$D$60,G14=$D$54,G14=$D$49),\"SUDESTE\",IF(OR(G14=$D$65,G14=$D$57,G14=$D$62),\"SUL\",\"\")))))","v":"CENTRO-OESTE"}]
[null,4635.8816237209367,3,null,"DISTRIBUIDORA BRASILEIRA DE ASFALTO SA - DISBRAL","VIA PRIMARIA 8, S/N QD-18, MODS. 24/47 - DAIAG - CEP:74980-970","Goiás","APARECIDA DE GOIANIA - GO","São Luís - MA",{"$f":"VLOOKUP(G15,OFFSET('ANP ESTADO'!$A$1,MATCH($I$7,'ANP ESTADO'!B:B,0)+MATCH($H$10,OFFSET('ANP ESTADO'!$A$1,MATCH($I$7,'ANP ESTADO'!B:B,0),0,100000,1),0),2,100000,2),2,FALSE)","v":2.2701006713399843},{"$f":"VLOOKUP($H$10,OFFSET('ANP REGIÃO'!$A$9,MATCH('Transporte EAI'!$I$7,'ANP REGIÃO'!A:A,0),1,10000,10000),MATCH('Transporte EAI'!AH15,'ANP REGIÃO'!$B$8:$G$8,0),FALSE)","v":2.586745227863223},2270.1006713399843,824.79,3094.8906713399842,2028,null,540.02,null,163.56,161.30000000000001,823.49,1524.81,169.9,{"$f":"EVEN((' CONSUMO DE MAT. B TOTAL'!$P$13+' CONSUMO DE MAT. B TOTAL'!P18)*2/28)*W15/(' CONSUMO DE MAT. B TOTAL'!$P$13+' CONSUMO DE MAT. B TOTAL'!P18)","v":16.18095238095238},1540.9909523809524,3094.8906713399842,4635.8816237209367,null,4635.8816237209367,1540.9909523809524,3094.8906713399842,null,null,"CENTRO-OESTE"]
[2403,4620.1816237209368,4,null,"INDÚSTRIA NACIONAL DE ASFALTOS LTDA.","VIA PRIMEIRA E SEGUNDA 3, S/N.º LOTES 01 A 10 - DISTRITO AGROINDUSTRIAL - CEP:75370-000","Goiás","GOIANIRA - GO","São Luís - MA",{"$f":"VLOOKUP(G16,OFFSET('ANP ESTADO'!$A$1,MATCH($I$7,'ANP ESTADO'!B:B,0)+MATCH($H$10,OFFSET('ANP ESTADO'!$A$1,MATCH($I$7,'ANP ESTADO'!B:B,0),0,100000,1),0),2,100000,2),2,FALSE)","v":2.2701006713399843},{"$f":"VLOOKUP($H$10,OFFSET('ANP REGIÃO'!$A$9,MATCH('Transporte EAI'!$I$7,'ANP REGIÃO'!A:A,0),1,10000,10000),MATCH('Transporte EAI'!AH16,'ANP REGIÃO'!$B$8:$G$8,0),FALSE)","v":2.586745227863223},2270.1006713399843,824.79,3094.8906713399842,2006,null,534.46,null,162.16,159.63999999999999,815.01,1509.1100000000001,169.9,{"$f":"EVEN((' CONSUMO DE MAT. B TOTAL'!$P$13+' CONSUMO DE MAT. B TOTAL'!P19)*2/28)*W16/(' CONSUMO DE MAT. B TOTAL'!$P$13+' CONSUMO DE MAT. B TOTAL'!P19)","v":16.18095238095238},1525.2909523809526,3094.8906713399842,4620.1816237209368,null,4620.1816237209368,1525.2909523809526,3094.8906713399842,null,null,"CENTRO-OESTE"]
[null,4775.2029716526777,5,null,"STRATURA ASFALTOS S/A","RUA VICTOR RODRIGUES RESENDE, 333  - DISTRITO IND. DE UBERLÂNDIA - CEP:38405-440","Minas Gerais","UBERLANDIA - MG","São Luís - MA",{"$f":"VLOOKUP(G17,OFFSET('ANP ESTADO'!$A$1,MATCH($I$7,'ANP ESTADO'!B:B,0)+MATCH($H$10,OFFSET('ANP ESTADO'!$A$1,MATCH($I$7,'ANP ESTADO'!B:B,0),0,100000,1),0),2,100000,2),2,FALSE)","v":2.2028453526050584},{"$f":"VLOOKUP($H$10,OFFSET('ANP REGIÃO'!$A$9,MATCH('Transporte EAI'!$I$7,'ANP REGIÃO'!A:A,0),1,10000,10000),MATCH('Transporte EAI'!AH17,'ANP REGIÃO'!$B$8:$G$8,0),FALSE)","v":2.3800829018524494},2202.8453526050585,800.35,3003.1953526050584,2344,null,619.97,null,183.79,185.18,945.41,1750.56,225.2,{"$f":"EVEN((' CONSUMO DE MAT. B TOTAL'!$P$13+' CONSUMO DE MAT. B TOTAL'!P20)*2/28)*W17/(' CONSUMO DE MAT. B TOTAL'!$P$13+' CONSUMO DE MAT. B TOTAL'!P20)","v":21.447619047619046},1772.0076190476191,3003.1953526050584,4775.2029716526777,null,4775.2029716526777,1772.0076190476191,3003.1953526050584,null,null,"SUDESTE"]
[null,4775.2029716526777,6,null,"BETUNEL INDÚSTRIA E COMÉRCIO LTDA.","RUA   VICTOR RODRIGUES DE REZENDE, 185  - DISTRITO INDUSTRIAL - CEP:38402-334","Minas Gerais","UBERLANDIA - MG","São Luís - MA",{"$f":"VLOOKUP(G18,OFFSET('ANP ESTADO'!$A$1,MATCH($I$7,'ANP ESTADO'!B:B,0)+MATCH($H$10,OFFSET('ANP ESTADO'!$A$1,MATCH($I$7,'ANP ESTADO'!B:B,0),0,100000,1),0),2,100000,2),2,FALSE)","v":2.2028453526050584},{"$f":"VLOOKUP($H$10,OFFSET('ANP REGIÃO'!$A$9,MATCH('Transporte EAI'!$I$7,'ANP REGIÃO'!A:A,0),1,10000,10000),MATCH('Transporte EAI'!AH18,'ANP REGIÃO'!$B$8:$G$8,0),FALSE)","v":2.3800829018524494},2202.8453526050585,800.35,3003.1953526050584,2344,null,619.97,null,183.79,185.18,945.41,1750.56,225.2,{"$f":"EVEN((' CONSUMO DE MAT. B TOTAL'!$P$13+' CONSUMO DE MAT. B TOTAL'!P21)*2/28)*W18/(' CONSUMO DE MAT. B TOTAL'!$P$13+' CONSUMO DE MAT. B TOTAL'!P21)","v":21.447619047619046},1772.0076190476191,3003.1953526050584,4775.2029716526777,null,4775.2029716526777,1772.0076190476191,3003.1953526050584,null,null,"SUDESTE"]
[null,5432.9319187567426,7,null,"ARAPETRO DISTRIBUIDORA DE PETRÓLEO LTDA.","RUA 04, S/N° LOTES 17 A 20. - DISTRITO INDUSTRIAL 1/8 - CEP:78600-000","Mato grosso","BARRA DO GARCAS - MT","São Luís - MA",{"$f":"VLOOKUP(G19,OFFSET('ANP ESTADO'!$A$1,MATCH($I$7,'ANP ESTADO'!B:B,0)+MATCH($H$10,OFFSET('ANP ESTADO'!$A$1,MATCH($I$7,'ANP ESTADO'!B:B,0),0,100000,1),0),2,100000,2),2,FALSE)","v":2.7710062044710284},{"$f":"VLOOKUP($H$10,OFFSET('ANP REGIÃO'!$A$9,MATCH('Transporte EAI'!$I$7,'ANP REGIÃO'!A:A,0),1,10000,10000),MATCH('Transporte EAI'!AH19,'ANP REGIÃO'!$B$8:$G$8,0),FALSE)","v":2.586745227863223},{"$f":"IF(AND(J19=\"-\",K19=\"-\"),\"\",IF(AND(J19<>0,K19=\"-\"),J19*1000,IF(AND(J19=\"-\",K19<>0),K19*1000,IF(AND(J19<>0,K19<>0),J19*1000,\"\"))))","v":2771.0062044710285},{"$f":"ROUND(((L19/(1-$O$7-$O$8-$O$9))-L19),2)","v":1006.78},3777.7862044710282,2205,null,584.79999999999995,null,174.89,174.68,891.78,1651.26,40.799999999999997,{"$f":"EVEN((' CONSUMO DE MAT. B TOTAL'!$P$13+' CONSUMO DE MAT. B TOTAL'!P22)*2/28)*W19/(' CONSUMO DE MAT. B TOTAL'!$P$13+' CONSUMO DE MAT. B TOTAL'!P22)","v":3.8857142857142852},1655.1457142857143,3777.7862044710282,5432.9319187567426,{"$nulls":6},"CENTRO-OESTE"]
[null,4996.6172573669628,8,null,"DISTRIBUIDORA BRASILEIRA DE ASFALTO SA - DISBRAL","SÃO JUDAS TADEU, 288  - DISTRITO INDUSTRIAL - CEP:32450-000","Minas Gerais","SARZEDO - MG","São Luís - MA",{"$f":"VLOOKUP(G20,OFFSET('ANP ESTADO'!$A$1,MATCH($I$7,'ANP ESTADO'!B:B,0)+MATCH($H$10,OFFSET('ANP ESTADO'!$A$1,MATCH($I$7,'ANP ESTADO'!B:B,0),0,100000,1),0),2,100000,2),2,FALSE)","v":2.2028453526050584},{"$f":"VLOOKUP($H$10,OFFSET('ANP REGIÃO'!$A$9,MATCH('Transporte EAI'!$I$7,'ANP REGIÃO'!A:A,0),1,10000,10000),MATCH('Transporte EAI'!AH20,'ANP REGIÃO'!$B$8:$G$8,0),FALSE)","v":2.3800829018524494},2202.8453526050585,800.35,3003.1953526050584,2670,null,702.45,null,204.66,209.82,1071.19,1983.46,104.6,{"$f":"EVEN((' CONSUMO DE MAT. B TOTAL'!$P$13+' CONSUMO DE MAT. B TOTAL'!P23)*2/28)*W20/(' CONSUMO DE MAT. B TOTAL'!$P$13+' CONSUMO DE MAT. B TOTAL'!P23)","v":9.961904761904762},1993.4219047619049,3003.1953526050584,4996.6172573669628,{"$nulls":6},"SUDESTE"]
[null,5039.9926406865006,9,null,"'INDÚSTRIA NACIONAL DE ASFALTOS LTDA.","INDÚSTRIA NACIONAL DE ASFALTOS LTDA - CEP:77053-080","Tocantins"," PALMAS - TO","São Luís - MA",{"$f":"VLOOKUP(G21,OFFSET('ANP ESTADO'!$A$1,MATCH($I$7,'ANP ESTADO'!B:B,0)+MATCH($H$10,OFFSET('ANP ESTADO'!$A$1,MATCH($I$7,'ANP ESTADO'!B:B,0),0,100000,1),0),2,100000,2),2,FALSE)","v":"-"},{"$f":"VLOOKUP($H$10,OFFSET('ANP REGIÃO'!$A$9,MATCH('Transporte EAI'!$I$7,'ANP REGIÃO'!A:A,0),1,10000,10000),MATCH('Transporte EAI'!AH21,'ANP REGIÃO'!$B$8:$G$8,0),FALSE)","v":2.9860426406865006},2986.0426406865008,1084.9100000000001,4070.9526406865007,1250,null,343.19,null,113.77,102.51,523.34,969.04,0,{"$f":"EVEN((' CONSUMO DE MAT. B TOTAL'!$P$13+' CONSUMO DE MAT. B TOTAL'!P24)*2/28)*W21/(' CONSUMO DE MAT. B TOTAL'!$P$13+' CONSUMO DE MAT. B TOTAL'!P24)","v":0},969.04,4070.9526406865007,5039.9926406865006,{"$nulls":6},"NORTE"]
[null,5729.7543105983641,10,null,"'NTA - NOVAS TÉCNICAS DE ASFALTOS S/A","RUA SOFIA ATAURI FADIN, 150 SALA A - B. SANTA TEREZINHA - CEP:13140-000","São Paulo","PAULINIA - SP","São Luís - MA",{"$f":"VLOOKUP(G22,OFFSET('ANP ESTADO'!$A$1,MATCH($I$7,'ANP ESTADO'!B:B,0)+MATCH($H$10,OFFSET('ANP ESTADO'!$A$1,MATCH($I$7,'ANP ESTADO'!B:B,0),0,100000,1),0),2,100000,2),2,FALSE)","v":2.6444176439316971},{"$f":"VLOOKUP($H$10,OFFSET('ANP REGIÃO'!$A$9,MATCH('Transporte EAI'!$I$7,'ANP REGIÃO'!A:A,0),1,10000,10000),MATCH('Transporte EAI'!AH22,'ANP REGIÃO'!$B$8:$G$8,0),FALSE)","v":2.3800829018524494},2644.4176439316971,{"$f":"ROUND(((L22/(1-$O$7-$O$8-$O$9))-L22),2)","v":960.79},3605.207643931697,2810,null,737.87,null,213.62,220.4,1125.21,2083.48,431.2,{"$f":"EVEN((' CONSUMO DE MAT. B TOTAL'!$P$13+' CONSUMO DE MAT. B TOTAL'!P25)*2/28)*W22/(' CONSUMO DE MAT. B TOTAL'!$P$13+' CONSUMO DE MAT. B TOTAL'!P25)","v":41.066666666666663},2124.5466666666666,3605.207643931697,5729.7543105983641,null,5729.7543105983641,2124.5466666666666,3605.207643931697,null,null,"SUDESTE"]
[null,5869.5481201221737,11,null,"COMPANHIA BRASILEIRA DE ASFALTOS DA AMAZÔNIA - IMPORTAÇÃO E EXPORTAÇÃO","Avenida Doutor Olindo Dártora 2451, Galpão 02, Morro Grande - CEP:07726-555","São Paulo","CAIEIRAS - SP","São Luís - MA",{"$f":"VLOOKUP(G23,OFFSET('ANP ESTADO'!$A$1,MATCH($I$7,'ANP ESTADO'!B:B,0)+MATCH($H$10,OFFSET('ANP ESTADO'!$A$1,MATCH($I$7,'ANP ESTADO'!B:B,0),0,100000,1),0),2,100000,2),2,FALSE)","v":2.6444176439316971},{"$f":"VLOOKUP($H$10,OFFSET('ANP REGIÃO'!$A$9,MATCH('Transporte EAI'!$I$7,'ANP REGIÃO'!A:A,0),1,10000,10000),MATCH('Transporte EAI'!AH23,'ANP REGIÃO'!$B$8:$G$8,0),FALSE)","v":2.3800829018524494},2644.4176439316971,{"$f":"ROUND(((L23/(1-$O$7-$O$8-$O$9))-L23),2)","v":960.79},3605.207643931697,2998,null,785.43,null,225.65,234.6,1197.72,2217.75,489.2,{"$f":"EVEN((' CONSUMO DE MAT. B TOTAL'!$P$13+' CONSUMO DE MAT. B TOTAL'!P26)*2/28)*W23/(' CONSUMO DE MAT. B TOTAL'!$P$13+' CONSUMO DE MAT. B TOTAL'!P26)","v":46.590476190476188},2264.3404761904762,3605.207643931697,5869.5481201221737,{"$nulls":6},"SUDESTE"]
[null,5706.8499897679849,12,null,"BETUNEL INDÚSTRIA E COMÉRCIO LTDA.","R 16 , 82, Vila Nova Campo Grande - CEP:79.103-834","Mato Grosso do Sul","CAMPO GRANDE - MS","São Luís - MA",{"$f":"VLOOKUP(G24,OFFSET('ANP ESTADO'!$A$1,MATCH($I$7,'ANP ESTADO'!B:B,0)+MATCH($H$10,OFFSET('ANP ESTADO'!$A$1,MATCH($I$7,'ANP ESTADO'!B:B,0),0,100000,1),0),2,100000,2),2,FALSE)","v":"-"},{"$f":"VLOOKUP($H$10,OFFSET('ANP REGIÃO'!$A$9,MATCH('Transporte EAI'!$I$7,'ANP REGIÃO'!A:A,0),1,10000,10000),MATCH('Transporte EAI'!AH24,'ANP REGIÃO'!$B$8:$G$8,0),FALSE)","v":2.586745227863223},2586.7452278632231,{"$f":"ROUND(((L24/(1-$O$7-$O$8-$O$9))-L24),2)","v":939.83},3526.5752278632231,2921,null,765.95,null,220.72,228.79,1168.03,2162.77,183.8,{"$f":"EVEN((' CONSUMO DE MAT. B TOTAL'!$P$13+' CONSUMO DE MAT. B TOTAL'!P27)*2/28)*W24/(' CONSUMO DE MAT. B TOTAL'!$P$13+' CONSUMO DE MAT. B TOTAL'!P27)","v":17.504761904761907},2180.2747619047618,3526.5752278632231,5706.8499897679849,{"$nulls":6},"CENTRO-OESTE"]
[null,5805.5066806615041,13,null,"CENTRO OESTE ASFALTOS LTDA.","RUA   N, S/N.º LOTES 39/43 E LOTES 129/133 - DISTRITO INDUSTRIAL - CEP:78098-400","Mato Grosso","CUIABA - MT","São Luís - MA",{"$f":"VLOOKUP(G25,OFFSET('ANP ESTADO'!$A$1,MATCH($I$7,'ANP ESTADO'!B:B,0)+MATCH($H$10,OFFSET('ANP ESTADO'!$A$1,MATCH($I$7,'ANP ESTADO'!B:B,0),0,100000,1),0),2,100000,2),2,FALSE)","v":2.7710062044710284},{"$f":"VLOOKUP($H$10,OFFSET('ANP REGIÃO'!$A$9,MATCH('Transporte EAI'!$I$7,'ANP REGIÃO'!A:A,0),1,10000,10000),MATCH('Transporte EAI'!AH25,'ANP REGIÃO'!$B$8:$G$8,0),FALSE)","v":2.586745227863223},2771.0062044710285,1006.78,3777.7862044710282,2725,null,716.36,null,208.18,213.97,1092.4000000000001,2022.73,52.4,{"$f":"EVEN((' CONSUMO DE MAT. B TOTAL'!$P$13+' CONSUMO DE MAT. B TOTAL'!P28)*2/28)*W25/(' CONSUMO DE MAT. B TOTAL'!$P$13+' CONSUMO DE MAT. B TOTAL'!P28)","v":4.9904761904761905},2027.7204761904761,3777.7862044710282,5805.5066806615041,{"$nulls":6},"CENTRO-OESTE"]
[null,5805.5066806615041,14,null,"BETUNEL INDÚSTRIA E COMÉRCIO LTDA.","RUA N ESQUINA COM RUA X, S/N QD. IND. 7 L 01/08 - DIST. IND. - CEP:78015-285","Mato Grosso","CUIABA - MT","São Luís - MA",{"$f":"VLOOKUP(G26,OFFSET('ANP ESTADO'!$A$1,MATCH($I$7,'ANP ESTADO'!B:B,0)+MATCH($H$10,OFFSET('ANP ESTADO'!$A$1,MATCH($I$7,'ANP ESTADO'!B:B,0),0,100000,1),0),2,100000,2),2,FALSE)","v":2.7710062044710284},{"$f":"VLOOKUP($H$10,OFFSET('ANP REGIÃO'!$A$9,MATCH('Transporte EAI'!$I$7,'ANP REGIÃO'!A:A,0),1,10000,10000),MATCH('Transporte EAI'!AH26,'ANP REGIÃO'!$B$8:$G$8,0),FALSE)","v":2.586745227863223},2771.0062044710285,1006.78,3777.7862044710282,2725,null,716.36,null,208.18,213.97,1092.4000000000001,2022.73,52.4,{"$f":"EVEN((' CONSUMO DE MAT. B TOTAL'!$P$13+' CONSUMO DE MAT. B TOTAL'!P29)*2/28)*W26/(' CONSUMO DE MAT. B TOTAL'!$P$13+' CONSUMO DE MAT. B TOTAL'!P29)","v":4.9904761904761905},2027.7204761904761,3777.7862044710282,5805.5066806615041,{"$nulls":6},"CENTRO-OESTE"]
[null,5806.2466806615048,15,null,"EMAM - EMULSÕES E TRANSPORTES LTDA.","RODOVIA DOS IMIGRANTES, S/Nº KM 8,6 -  - CEP:60035-351","Mato Grosso","VARZEA GRANDE - MT","São Luís - MA",{"$f":"VLOOKUP(G27,OFFSET('ANP ESTADO'!$A$1,MATCH($I$7,'ANP ESTADO'!B:B,0)+MATCH($H$10,OFFSET('ANP ESTADO'!$A$1,MATCH($I$7,'ANP ESTADO'!B:B,0),0,100000,1),0),2,100000,2),2,FALSE)","v":2.7710062044710284},{"$f":"VLOOKUP($H$10,OFFSET('ANP REGIÃO'!$A$9,MATCH('Transporte EAI'!$I$7,'ANP REGIÃO'!A:A,0),1,10000,10000),MATCH('Transporte EAI'!AH27,'ANP REGIÃO'!$B$8:$G$8,0),FALSE)","v":2.586745227863223},2771.0062044710285,1006.78,3777.7862044710282,2726,null,716.62,null,208.24,214.05,1092.8,2023.47,52.4,{"$f":"EVEN((' CONSUMO DE MAT. B TOTAL'!$P$13+' CONSUMO DE MAT. B TOTAL'!P30)*2/28)*W27/(' CONSUMO DE MAT. B TOTAL'!$P$13+' CONSUMO DE MAT. B TOTAL'!P30)","v":4.9904761904761905},2028.4604761904761,3777.7862044710282,5806.2466806615048,null,5806.2466806615048,2028.4604761904761,3777.7862044710282,null,null,"CENTRO-OESTE"]
[null,5865.8247867888394,16,null,"VIAPOL LTDA.","VITO ARDITO, 6401 KM 118,5 - JARDIM CAMPO GRANDE - CEP:12282-535","São Paulo","CACAPAVA - SP","São Luís - MA",{"$f":"VLOOKUP(G28,OFFSET('ANP ESTADO'!$A$1,MATCH($I$7,'ANP ESTADO'!B:B,0)+MATCH($H$10,OFFSET('ANP ESTADO'!$A$1,MATCH($I$7,'ANP ESTADO'!B:B,0),0,100000,1),0),2,100000,2),2,FALSE)","v":2.6444176439316971},{"$f":"VLOOKUP($H$10,OFFSET('ANP REGIÃO'!$A$9,MATCH('Transporte EAI'!$I$7,'ANP REGIÃO'!A:A,0),1,10000,10000),MATCH('Transporte EAI'!AH28,'ANP REGIÃO'!$B$8:$G$8,0),FALSE)","v":2.3800829018524494},2644.4176439316971,960.79,3605.207643931697,2989,null,783.16,null,225.08,233.93,1194.27,2211.3599999999997,517.20000000000005,{"$f":"EVEN((' CONSUMO DE MAT. B TOTAL'!$P$13+' CONSUMO DE MAT. B TOTAL'!P31)*2/28)*W28/(' CONSUMO DE MAT. B TOTAL'!$P$13+' CONSUMO DE MAT. B TOTAL'!P31)","v":49.25714285714286},2260.6171428571424,3605.207643931697,5865.8247867888394,null,5865.8247867888394,2260.6171428571424,3605.207643931697,null,null,"SUDESTE"]
[null,5551.0019494714979,17,null,"STRATURA ASFALTOS S/A","RUA LUIS DE CAMÕES, 26  - CAMPOS ELÍSEOS - CEP:25225-030","Rio de Janeiro","DUQUE DE CAXIAS - RJ","São Luís - MA",{"$f":"VLOOKUP(G29,OFFSET('ANP ESTADO'!$A$1,MATCH($I$7,'ANP ESTADO'!B:B,0)+MATCH($H$10,OFFSET('ANP ESTADO'!$A$1,MATCH($I$7,'ANP ESTADO'!B:B,0),0,100000,1),0),2,100000,2),2,FALSE)","v":"-"},{"$f":"VLOOKUP($H$10,OFFSET('ANP REGIÃO'!$A$9,MATCH('Transporte EAI'!$I$7,'ANP REGIÃO'!A:A,0),1,10000,10000),MATCH('Transporte EAI'!AH29,'ANP REGIÃO'!$B$8:$G$8,0),FALSE)","v":2.3800829018524494},2380.0829018524496,864.75,3244.8329018524496,3073,null,804.41,null,230.45,240.27,1226.67,2271.3500000000004,365.6,{"$f":"EVEN((' CONSUMO DE MAT. B TOTAL'!$P$13+' CONSUMO DE MAT. B TOTAL'!P32)*2/28)*W29/(' CONSUMO DE MAT. B TOTAL'!$P$13+' CONSUMO DE MAT. B TOTAL'!P32)","v":34.819047619047623},2306.1690476190479,3244.8329018524496,5551.0019494714979,null,5551.0019494714979,2306.1690476190479,3244.8329018524496,null,null,"SUDESTE"]
[null,5561.7219494714973,18,null,"PROBITEC - PRODUTOS BETUMINOSOS E TECNOLOGIA DE APLICAÇÃO LTDA.","AVENIDA CANAL DA PAVUNA, 620  - PAVUNA - CEP:21535-630","Rio de Janeiro","RIO DE JANEIRO - RJ","São Luís - MA",{"$f":"VLOOKUP(G30,OFFSET('ANP ESTADO'!$A$1,MATCH($I$7,'ANP ESTADO'!B:B,0)+MATCH($H$10,OFFSET('ANP ESTADO'!$A$1,MATCH($I$7,'ANP ESTADO'!B:B,0),0,100000,1),0),2,100000,2),2,FALSE)","v":"-"},{"$f":"VLOOKUP($H$10,OFFSET('ANP REGIÃO'!$A$9,MATCH('Transporte EAI'!$I$7,'ANP REGIÃO'!A:A,0),1,10000,10000),MATCH('Transporte EAI'!AH30,'ANP REGIÃO'!$B$8:$G$8,0),FALSE)","v":2.3800829018524494},2380.0829018524496,864.75,3244.8329018524496,3088,null,808.2,null,231.41,241.41,1232.46,2282.0700000000002,365.6,{"$f":"EVEN((' CONSUMO DE MAT. B TOTAL'!$P$13+' CONSUMO DE MAT. B TOTAL'!P33)*2/28)*W30/(' CONSUMO DE MAT. B TOTAL'!$P$13+' CONSUMO DE MAT. B TOTAL'!P33)","v":34.819047619047623},2316.8890476190477,3244.8329018524496,5561.7219494714973,null,5561.7219494714973,2316.8890476190477,3244.8329018524496,null,null,"SUDESTE"]
[null,5925.2631872514467,19,null,"CASA DO ASFALTO DISTRIBUIDORA, INDÚSTRIA E COMÉRCIO DE ASFALTO LTDA.","BR 376, PARQUE INDUSTRIAL, S/N LOTE 6/7/7-A-3-1 - GL.PATR.MARIALVA - CEP:86990-000","Paraná","MARIALVA - PR","São Luís - MA",{"$f":"VLOOKUP(G31,OFFSET('ANP ESTADO'!$A$1,MATCH($I$7,'ANP ESTADO'!B:B,0)+MATCH($H$10,OFFSET('ANP ESTADO'!$A$1,MATCH($I$7,'ANP ESTADO'!B:B,0),0,100000,1),0),2,100000,2),2,FALSE)","v":2.700638901537161},{"$f":"VLOOKUP($H$10,OFFSET('ANP REGIÃO'!$A$9,MATCH('Transporte EAI'!$I$7,'ANP REGIÃO'!A:A,0),1,10000,10000),MATCH('Transporte EAI'!AH31,'ANP REGIÃO'!$B$8:$G$8,0),FALSE)","v":2.7002438599096288},2700.638901537161,981.21,3681.8489015371611,2980,null,780.88,null,224.5,233.24,1190.78,2204.9,404.4,{"$f":"EVEN((' CONSUMO DE MAT. B TOTAL'!$P$13+' CONSUMO DE MAT. B TOTAL'!P34)*2/28)*W31/(' CONSUMO DE MAT. B TOTAL'!$P$13+' CONSUMO DE MAT. B TOTAL'!P34)","v":38.514285714285712},2243.4142857142856,3681.8489015371611,5925.2631872514467,null,5925.2631872514467,2243.4142857142856,3681.8489015371611,null,null,"SUL"]
[null,6033.1479491562086,20,null,"PETROBRAS DISTRIBUIDORA S.A.","RUA MAQUINISTA  ELEODORO JACINTO, 100  - OFICINAS - CEP:84045-170","Paraná","PONTA GROSSA - PR","São Luís - MA",{"$f":"VLOOKUP(G32,OFFSET('ANP ESTADO'!$A$1,MATCH($I$7,'ANP ESTADO'!B:B,0)+MATCH($H$10,OFFSET('ANP ESTADO'!$A$1,MATCH($I$7,'ANP ESTADO'!B:B,0),0,100000,1),0),2,100000,2),2,FALSE)","v":2.700638901537161},{"$f":"VLOOKUP($H$10,OFFSET('ANP REGIÃO'!$A$9,MATCH('Transporte EAI'!$I$7,'ANP REGIÃO'!A:A,0),1,10000,10000),MATCH('Transporte EAI'!AH32,'ANP REGIÃO'!$B$8:$G$8,0),FALSE)","v":2.7002438599096288},2700.638901537161,981.21,3681.8489015371611,3125,null,817.56,null,233.78,244.2,1246.72,2308.48,449.6,{"$f":"EVEN((' CONSUMO DE MAT. B TOTAL'!$P$13+' CONSUMO DE MAT. B TOTAL'!P35)*2/28)*W32/(' CONSUMO DE MAT. B TOTAL'!$P$13+' CONSUMO DE MAT. B TOTAL'!P35)","v":42.819047619047623},2351.2990476190475,3681.8489015371611,6033.1479491562086,null,6033.1479491562086,2351.2990476190475,3681.8489015371611,null,null,"SUL"]
{"$rows_empty":9}
[null,null,null,"Acre"]
[null,null,null,"Alagoas"]
[null,null,null,"Amapá"]
[null,null,null,"Amazonas"]
[null,null,null,"Bahia"]
[null,null,null,"Ceará"]
[null,null,null,"Distrito Federal"]
[null,null,null,"Espírito Santo"]
[null,null,null,"Goiás"]
[null,null,null,"Maranhão"]
[null,null,null,"Mato Grosso"]
[null,null,null,"Mato Grosso do Sul"]
[null,null,null,"Minas Gerais"]
[null,null,null,"Pará"]
[null,null,null,"Paraíba"]
[null,null,null,"Paraná"]
[null,null,null,"Pernambuco"]
[null,null,null,"Piauí"]
[null,null,null,"Rio de Janeiro"]
[null,null,null,"Rio Grande do Norte"]
[null,null,null,"Rio Grande do Sul"]
[null,null,null,"Rondônia"]
[null,null,null,"Roraima"]
[null,null,null,"Santa Catarina"]
[null,null,null,"São Paulo"]
[null,null,null,"Sergipe"]
[null,null,null,"Tocantins"]
[]
[]
[]
[null,null,null,"ASFALTOS DILUÍDOS CM-30"]
[null,null,null,"ASFALTOS DILUÍDOS CM-70"]
[null,null,null,"ASFALTOS DILUÍDOS CR-250"]
[null,null,null,"ASFALTOS DILUÍDOS CR-70"]
[null,null,null,"CAP MODIFICADO POR BORRACHA DE PNEU AB22"]
[null,null,null,"CAP MODIFICADO POR BORRACHA DE PNEU AB8"]
[null,null,null,"CAP MODIFICADO POR POLÍMERO 55-75-E"]
[null,null,null,"CAP MODIFICADO POR POLÍMERO 60-85-E"]
[null,null,null,"CAP MODIFICADO POR POLÍMERO 65-90-E"]
[null,null,null,"CIMENTOS ASFÁLTICOS CAP-150-200"]
[null,null,null,"CIMENTOS ASFÁLTICOS CAP-30-45"]
[null,null,null,"CIMENTOS ASFÁLTICOS CAP-50-70"]
[null,null,null,"CIMENTOS ASFÁLTICOS CAP-85-100"]
[null,null,null,"EMULSÃO ASFÁLTICA CATIÔNICA DE RUPTURA CONTROLADA PARA SERVIÇO DE LAMA ASFÁLTICA"]
[null,null,null,"EMULSÃO ASFÁLTICA DE RUPTURA LENTA CATIÔNICA PARA SERVIÇO DE LAMA ASFÁLTICA"]
[null,null,null,"EMULSÃO ASFÁLTICA DE RUPTURA LENTA DE CARGA NEUTRA PARA SERVIÇO DE LAMA ASFÁLTICA"]
[null,null,null,"EMULSÃO ASFÁLTICA PARA SERVIÇO DE IMPRIMAÇÃO"]
[null,null,null,"EMULSÕES ASF. MOD. POR POLÍMEROS RC1C-E"]
[null,null,null,"EMULSÕES ASF. MOD. POR POLÍMEROS RL1C-E"]
[null,null,null,"EMULSÕES ASF. MOD. POR POLÍMEROS RM1C-E"]
[null,null,null,"EMULSÕES ASF. MOD. POR POLÍMEROS RR1C-E"]
[null,null,null,"EMULSÕES ASF. MOD. POR POLÍMEROS RR2C-E"]
[null,null,null,"EMULSÕES ASFÁLTICAS RL-1C"]
[null,null,null,"EMULSÕES ASFÁLTICAS RM-1C"]
[null,null,null,"EMULSÕES ASFÁLTICAS RM-2C"]
[null,null,null,"EMULSÕES ASFÁLTICAS RR-1C"]
[null,null,null,"EMULSÕES ASFÁLTICAS RR-2C"]

{"sheet":"Transporte RR-2C","index":16,"n_rows":98,"n_cols":34,"rows_kept":98,"cut":false,"hidden":false,"merged":[[10,4,10,8],[10,9,10,10],[10,22,10,23],[12,3,31,3],[1,2,3,26],[6,2,8,2],[6,5,6,7],[6,12,8,12],[7,4,7,5],[7,19,7,20],[7,6,8,6]]}
[]
[null,null,"MEMÓRIA DE CÁLCULO"]
[]
[]
[]
[]
[null,null,"REAJUSTE",null,null,"TIPOLOGIA DO MATERIAL",null,null,"EMULSÕES ASFÁLTICAS RR-2C",null,null,null,"IMPOSTOS","COFINS",6.4999999999999997E-3,6.4999999999999997E-3]
[{"$nulls":6},"ÍNDICE DE PAVIMENTAÇÃO DNIT","2014-07-01","ÍNDICE INICIAL",270.23700000000002,null,null,null,"PIS",0.03,0.03,null,null,null,"LEGENDA",{"$nulls":8},"As empresas tributadas pelo Lucro Presumido pagam 0,65% de PIS e 3% de COFINS"]
[{"$nulls":7},"2025-05-01","ÍNDICE FINAL",587.55200000000002,null,null,null," ICMS",0.23,0.23,{"$f":"1-(O9/1)","v":0.77},{"$f":"1-(P9/1)","v":0.77},{"$f":"1-(Q9/1)","v":0.22999999999999998},"ENTRADA DE DADOS",{"$nulls":8},"As empresas tributadas pelo Lucro Real pagam 1,65% de PIS e 7,60% de COFINS"]
[{"$nulls":6},"Data ANP","2025-05-01"]
[null,null,"DATA-BASE","PRODUTOS","LOCALIDADES",{"$nulls":4},"CUSTO ANP (R$/Kg)",null,"CUSTO ANP","IMPOSTOS DO PRODUTO","CUSTO DO PRODUTO COM IMPOSTOS","DMT's","DMT'S FLUVIAL","CUSTO DO TRANSPORTE RODOVIA PAVIMENTADA","CUSTO DO TRANSPORTE FLUVIAL","CUSTO DO TRANSPORTE TOTAL","ICMS","ATUALIZAÇÃO DO CUSTO DE TRANSPORTE","CUSTO DO TRANSPORTE RODOVIA PAVIMENTADA COM IMPOSTOS E ATUALIZAÇÃO MONETÁRIA","PEDÁGIO ",null,"TOTAL TRANSPORTE","AQUISIÇÃO DO PRODUTO","TOTAL GERAL ( TRANSP + AQUISIÇÃO)",null,1,2,3]
[null,null,{"$f":"H9","v":"2025-05-01"},null,"REFINARIAS","ENDEREÇO","ESTADO","CIDADE","DESTINO","ESTADO","REGIÃO","R$/t","R$/t","R$/t","KM","KM","R$/t","R$/t","R$/t","R$/t","R$/t","R$/t","CUSTO ","R$/t","R$/t","R$/t","R$/t",null,"TOTAL GERAL ( TRANSP + AQUISIÇÃO)","TOTAL TRANSPORTE","AQUISIÇÃO DO PRODUTO"]
[null,{"$f":"AA13","v":5744.5467489674156},1,{"$f":"I7","v":"EMULSÕES ASFÁLTICAS RR-2C"},"'CENTRO OESTE ASFALTOS LTDA.","SETOR DE INFLAMÁVEIS, S/N TRECHO 02 - LOTE 1.100 - GUARÁ - CEP:71225-000","Distrito Federal","BRASÍLIA - DF","São Luís - MA",{"$f":"VLOOKUP(G13,OFFSET('ANP ESTADO'!$A$1,MATCH($I$7,'ANP ESTADO'!B:B,0)+MATCH($H$10,OFFSET('ANP ESTADO'!$A$1,MATCH($I$7,'ANP ESTADO'!B:B,0),0,100000,1),0),2,100000,2),2,FALSE)","v":3.0776667489674159},{"$f":"VLOOKUP($H$10,OFFSET('ANP REGIÃO'!$A$9,MATCH('Transporte RR-2C'!$I$7,'ANP REGIÃO'!A:A,0),1,10000,10000),MATCH('Transporte RR-2C'!AH13,'ANP REGIÃO'!$B$8:$G$8,0),FALSE)","v":3.2617453094853697},{"$f":"IF(AND(J13=\"-\",K13=\"-\"),\"\",IF(AND(J13<>0,K13=\"-\"),J13*1000,IF(AND(J13=\"-\",K13<>0),K13*1000,IF(AND(J13<>0,K13<>0),J13*1000,\"\"))))","v":3077.666748967416},{"$f":"ROUND(((L13/(1-$O$7-$O$8-$O$9))-L13),2)","v":1118.2},{"$f":"L13+M13","v":4195.8667489674162},2039,null,{"$f":"ROUND((26.939+0.253*O13),2)","v":542.80999999999995},null,{"$f":"ROUND((26.939+0.253*Q13),2)","v":164.27},{"$f":"TRUNC(Q13*($O$9/(1-$O$9)),2)","v":162.13},{"$f":"TRUNC(IF($J$8=\"\",\"\",(($J$9-$J$8)/$J$8)*(Q13+T13)),2)","v":827.74},{"$f":"Q13+T13+U13","v":1532.6799999999998},140,{"$f":"EVEN((' CONSUMO DE MAT. B TOTAL'!$P$13+' CONSUMO DE MAT. B TOTAL'!P15)*2/28)*W13/(' CONSUMO DE MAT. B TOTAL'!$P$13+' CONSUMO DE MAT. B TOTAL'!P15)","v":16},{"$f":"IF(AND(Q13=\"\",T13=\"\"),\"\",V13+X13)","v":1548.6799999999998},{"$f":"IF(OR(L13=\"\",M13=\"\"),\"\",L13+M13)","v":4195.8667489674162},{"$f":"IF(OR(Y13=\"\",Z13=\"\"),\"\",Y13+Z13)","v":5744.5467489674156},null,{"$f":"AA13","v":5744.5467489674156},{"$f":"Y13","v":1548.6799999999998},{"$f":"Z13","v":4195.8667489674162},null,null,{"$f":"IF(OR(G13=$D$58,G13=$D$59,G13=$D$61,G13=$D$67,G13=$D$51,G13=$D$47,G13=$D$43,G13=$D$56,G13=$D$46),\"NORDESTE\",IF(OR(G13=$D$42,G13=$D$44,G13=$D$45,G13=$D$55,G13=$D$63,G13=$D$64,G13=$D$68),\"NORTE\",IF(OR(G13=$D$48,G13=$D$50,G13=$D$52,G13=$D$53),\"CENTRO-OESTE\",IF(OR(G13=$D$66,G13=$D$60,G13=$D$54,G13=$D$49),\"SUDESTE\",IF(OR(G13=$D$65,G13=$D$57,G13=$D$62),\"SUL\",\"\")))))","v":"CENTRO-OESTE"}]
[null,{"$f":"AA14","v":5625.6955332403322},2,null,"STRATURA ASFALTOS S/A","AVENIDA PRESIDENTE WILSON, 08  - JUNDIAÍ - CEP:75115-100","Goiás","ANÁPOLIS - GO","São Luís - MA",{"$f":"VLOOKUP(G14,OFFSET('ANP ESTADO'!$A$1,MATCH($I$7,'ANP ESTADO'!B:B,0)+MATCH($H$10,OFFSET('ANP ESTADO'!$A$1,MATCH($I$7,'ANP ESTADO'!B:B,0),0,100000,1),0),2,100000,2),2,FALSE)","v":3.0223531522879505},{"$f":"VLOOKUP($H$10,OFFSET('ANP REGIÃO'!$A$9,MATCH('Transporte RR-2C'!$I$7,'ANP REGIÃO'!A:A,0),1,10000,10000),MATCH('Transporte RR-2C'!AH14,'ANP REGIÃO'!$B$8:$G$8,0),FALSE)","v":3.2617453094853697},{"$f":"IF(AND(J14=\"-\",K14=\"-\"),\"\",IF(AND(J14<>0,K14=\"-\"),J14*1000,IF(AND(J14=\"-\",K14<>0),K14*1000,IF(AND(J14<>0,K14<>0),J14*1000,\"\"))))","v":3022.3531522879507},{"$f":"ROUND(((L14/(1-$O$7-$O$8-$O$9))-L14),2)","v":1098.0999999999999},{"$f":"L14+M14","v":4120.4531522879506},1978,null,{"$f":"ROUND((26.939+0.253*O14),2)","v":527.37},null,160.36000000000001,{"$f":"TRUNC(Q14*($O$9/(1-$O$9)),2)","v":157.52000000000001},{"$f":"TRUNC(IF($J$8=\"\",\"\",(($J$9-$J$8)/$J$8)*(Q14+T14)),2)","v":804.2},{"$f":"Q14+T14+U14","v":1489.0900000000001},169.6,{"$f":"EVEN((' CONSUMO DE MAT. B TOTAL'!$P$13+' CONSUMO DE MAT. B TOTAL'!P17)*2/28)*W14/(' CONSUMO DE MAT. B TOTAL'!$P$13+' CONSUMO DE MAT. B TOTAL'!P17)","v":16.152380952380952},1505.2423809523812,4120.4531522879506,{"$f":"IF(OR(Y14=\"\",Z14=\"\"),\"\",Y14+Z14)","v":5625.6955332403322},null,{"$f":"AA14","v":5625.6955332403322},{"$f":"Y14","v":1505.2423809523812},4120.4531522879506,null,null,{"$f":"IF(OR(G14=$D$58,G14=$D$59,G14=$D$61,G14=$D$67,G14=$D$51,G14=$D$47,G14=$D$43,G14=$D$56,G14=$D$46),\"NORDESTE\",IF(OR(G14=$D$42,G14=$D$44,G14=$D$45,G14=$D$55,G14=$D$63,G14=$D$64,G14=$D$68),\"NORTE\",IF(OR(G14=$D$48,G14=$D$50,G14=$D$52,G14=$D$53),\"CENTRO-OESTE\",IF(OR(G14=$D$66,G14=$D$60,G14=$D$54,G14=$D$49),\"SUDESTE\",IF(OR(G14=$D$65,G14=$D$57,G14=$D$62),\"SUL\",\"\")))))","v":"CENTRO-OESTE"}]
[null,5661.4441046689026,3,null,"DISTRIBUIDORA BRASILEIRA DE ASFALTO SA - DISBRAL","VIA PRIMARIA 8, S/N QD-18, MODS. 24/47 - DAIAG - CEP:74980-970","Goiás","APARECIDA DE GOIANIA - GO","São Luís - MA",{"$f":"VLOOKUP(G15,OFFSET('ANP ESTADO'!$A$1,MATCH($I$7,'ANP ESTADO'!B:B,0)+MATCH($H$10,OFFSET('ANP ESTADO'!$A$1,MATCH($I$7,'ANP ESTADO'!B:B,0),0,100000,1),0),2,100000,2),2,FALSE)","v":3.0223531522879505},{"$f":"VLOOKUP($H$10,OFFSET('ANP REGIÃO'!$A$9,MATCH('Transporte RR-2C'!$I$7,'ANP REGIÃO'!A:A,0),1,10000,10000),MATCH('Transporte RR-2C'!AH15,'ANP REGIÃO'!$B$8:$G$8,0),FALSE)","v":3.2617453094853697},3022.3531522879507,1098.0999999999999,4120.4531522879506,2028,null,540.02,null,163.56,161.30000000000001,823.49,1524.81,169.9,{"$f":"EVEN((' CONSUMO DE MAT. B TOTAL'!$P$13+' CONSUMO DE MAT. B TOTAL'!P18)*2/28)*W15/(' CONSUMO DE MAT. B TOTAL'!$P$13+' CONSUMO DE MAT. B TOTAL'!P18)","v":16.18095238095238},1540.9909523809524,4120.4531522879506,5661.4441046689026,null,5661.4441046689026,1540.9909523809524,4120.4531522879506,null,null,"CENTRO-OESTE"]
[2403,5645.7441046689037,4,null,"INDÚSTRIA NACIONAL DE ASFALTOS LTDA.","VIA PRIMEIRA E SEGUNDA 3, S/N.º LOTES 01 A 10 - DISTRITO AGROINDUSTRIAL - CEP:75370-000","Goiás","GOIANIRA - GO","São Luís - MA",{"$f":"VLOOKUP(G16,OFFSET('ANP ESTADO'!$A$1,MATCH($I$7,'ANP ESTADO'!B:B,0)+MATCH($H$10,OFFSET('ANP ESTADO'!$A$1,MATCH($I$7,'ANP ESTADO'!B:B,0),0,100000,1),0),2,100000,2),2,FALSE)","v":3.0223531522879505},{"$f":"VLOOKUP($H$10,OFFSET('ANP REGIÃO'!$A$9,MATCH('Transporte RR-2C'!$I$7,'ANP REGIÃO'!A:A,0),1,10000,10000),MATCH('Transporte RR-2C'!AH16,'ANP REGIÃO'!$B$8:$G$8,0),FALSE)","v":3.2617453094853697},3022.3531522879507,1098.0999999999999,4120.4531522879506,2006,null,534.46,null,162.16,159.63999999999999,815.01,1509.1100000000001,169.9,{"$f":"EVEN((' CONSUMO DE MAT. B TOTAL'!$P$13+' CONSUMO DE MAT. B TOTAL'!P19)*2/28)*W16/(' CONSUMO DE MAT. B TOTAL'!$P$13+' CONSUMO DE MAT. B TOTAL'!P19)","v":16.18095238095238},1525.2909523809526,4120.4531522879506,5645.7441046689037,null,5645.7441046689037,1525.2909523809526,4120.4531522879506,null,null,"CENTRO-OESTE"]
[null,6096.0167805980418,5,null,"STRATURA ASFALTOS S/A","RUA VICTOR RODRIGUES RESENDE, 333  - DISTRITO IND. DE UBERLÂNDIA - CEP:38405-440","Minas Gerais","UBERLANDIA - MG","São Luís - MA",{"$f":"VLOOKUP(G17,OFFSET('ANP ESTADO'!$A$1,MATCH($I$7,'ANP ESTADO'!B:B,0)+MATCH($H$10,OFFSET('ANP ESTADO'!$A$1,MATCH($I$7,'ANP ESTADO'!B:B,0),0,100000,1),0),2,100000,2),2,FALSE)","v":3.1716591615504228},{"$f":"VLOOKUP($H$10,OFFSET('ANP REGIÃO'!$A$9,MATCH('Transporte RR-2C'!$I$7,'ANP REGIÃO'!A:A,0),1,10000,10000),MATCH('Transporte RR-2C'!AH17,'ANP REGIÃO'!$B$8:$G$8,0),FALSE)","v":3.0449945282798248},3171.6591615504231,1152.3499999999999,4324.0091615504225,2344,null,619.97,null,183.79,185.18,945.41,1750.56,225.2,{"$f":"EVEN((' CONSUMO DE MAT. B TOTAL'!$P$13+' CONSUMO DE MAT. B TOTAL'!P20)*2/28)*W17/(' CONSUMO DE MAT. B TOTAL'!$P$13+' CONSUMO DE MAT. B TOTAL'!P20)","v":21.447619047619046},1772.0076190476191,4324.0091615504225,6096.0167805980418,null,6096.0167805980418,1772.0076190476191,4324.0091615504225,null,null,"SUDESTE"]
[null,6096.0167805980418,6,null,"BETUNEL INDÚSTRIA E COMÉRCIO LTDA.","RUA   VICTOR RODRIGUES DE REZENDE, 185  - DISTRITO INDUSTRIAL - CEP:38402-334","Minas Gerais","UBERLANDIA - MG","São Luís - MA",{"$f":"VLOOKUP(G18,OFFSET('ANP ESTADO'!$A$1,MATCH($I$7,'ANP ESTADO'!B:B,0)+MATCH($H$10,OFFSET('ANP ESTADO'!$A$1,MATCH($I$7,'ANP ESTADO'!B:B,0),0,100000,1),0),2,100000,2),2,FALSE)","v":3.1716591615504228},{"$f":"VLOOKUP($H$10,OFFSET('ANP REGIÃO'!$A$9,MATCH('Transporte RR-2C'!$I$7,'ANP REGIÃO'!A:A,0),1,10000,10000),MATCH('Transporte RR-2C'!AH18,'ANP REGIÃO'!$B$8:$G$8,0),FALSE)","v":3.0449945282798248},3171.6591615504231,1152.3499999999999,4324.0091615504225,2344,null,619.97,null,183.79,185.18,945.41,1750.56,225.2,{"$f":"EVEN((' CONSUMO DE MAT. B TOTAL'!$P$13+' CONSUMO DE MAT. B TOTAL'!P21)*2/28)*W18/(' CONSUMO DE MAT. B TOTAL'!$P$13+' CONSUMO DE MAT. B TOTAL'!P21)","v":21.447619047619046},1772.0076190476191,4324.0091615504225,6096.0167805980418,null,6096.0167805980418,1772.0076190476191,4324.0091615504225,null,null,"SUDESTE"]
[null,6644.3781839735984,7,null,"ARAPETRO DISTRIBUIDORA DE PETRÓLEO LTDA.","RUA 04, S/N° LOTES 17 A 20. - DISTRITO INDUSTRIAL 1/8 - CEP:78600-000","Mato grosso","BARRA DO GARCAS - MT","São Luís - MA",{"$f":"VLOOKUP(G19,OFFSET('ANP ESTADO'!$A$1,MATCH($I$7,'ANP ESTADO'!B:B,0)+MATCH($H$10,OFFSET('ANP ESTADO'!$A$1,MATCH($I$7,'ANP ESTADO'!B:B,0),0,100000,1),0),2,100000,2),2,FALSE)","v":3.6596024696878837},{"$f":"VLOOKUP($H$10,OFFSET('ANP REGIÃO'!$A$9,MATCH('Transporte RR-2C'!$I$7,'ANP REGIÃO'!A:A,0),1,10000,10000),MATCH('Transporte RR-2C'!AH19,'ANP REGIÃO'!$B$8:$G$8,0),FALSE)","v":3.2617453094853697},{"$f":"IF(AND(J19=\"-\",K19=\"-\"),\"\",IF(AND(J19<>0,K19=\"-\"),J19*1000,IF(AND(J19=\"-\",K19<>0),K19*1000,IF(AND(J19<>0,K19<>0),J19*1000,\"\"))))","v":3659.6024696878835},{"$f":"ROUND(((L19/(1-$O$7-$O$8-$O$9))-L19),2)","v":1329.63},4989.2324696878841,2205,null,584.79999999999995,null,174.89,174.68,891.78,1651.26,40.799999999999997,{"$f":"EVEN((' CONSUMO DE MAT. B TOTAL'!$P$13+' CONSUMO DE MAT. B TOTAL'!P22)*2/28)*W19/(' CONSUMO DE MAT. B TOTAL'!$P$13+' CONSUMO DE MAT. B TOTAL'!P22)","v":3.8857142857142852},1655.1457142857143,4989.2324696878841,6644.3781839735984,{"$nulls":6},"CENTRO-OESTE"]
[null,6317.4310663123269,8,null,"DISTRIBUIDORA BRASILEIRA DE ASFALTO SA - DISBRAL","SÃO JUDAS TADEU, 288  - DISTRITO INDUSTRIAL - CEP:32450-000","Minas Gerais","SARZEDO - MG","São Luís - MA",{"$f":"VLOOKUP(G20,OFFSET('ANP ESTADO'!$A$1,MATCH($I$7,'ANP ESTADO'!B:B,0)+MATCH($H$10,OFFSET('ANP ESTADO'!$A$1,MATCH($I$7,'ANP ESTADO'!B:B,0),0,100000,1),0),2,100000,2),2,FALSE)","v":3.1716591615504228},{"$f":"VLOOKUP($H$10,OFFSET('ANP REGIÃO'!$A$9,MATCH('Transporte RR-2C'!$I$7,'ANP REGIÃO'!A:A,0),1,10000,10000),MATCH('Transporte RR-2C'!AH20,'ANP REGIÃO'!$B$8:$G$8,0),FALSE)","v":3.0449945282798248},3171.6591615504231,1152.3499999999999,4324.0091615504225,2670,null,702.45,null,204.66,209.82,1071.19,1983.46,104.6,{"$f":"EVEN((' CONSUMO DE MAT. B TOTAL'!$P$13+' CONSUMO DE MAT. B TOTAL'!P23)*2/28)*W20/(' CONSUMO DE MAT. B TOTAL'!$P$13+' CONSUMO DE MAT. B TOTAL'!P23)","v":9.961904761904762},1993.4219047619049,4324.0091615504225,6317.4310663123269,{"$nulls":6},"SUDESTE"]
[null,5005.3924223109279,9,null,"'INDÚSTRIA NACIONAL DE ASFALTOS LTDA.","INDÚSTRIA NACIONAL DE ASFALTOS LTDA - CEP:77053-080","Tocantins"," PALMAS - TO","São Luís - MA",{"$f":"VLOOKUP(G21,OFFSET('ANP ESTADO'!$A$1,MATCH($I$7,'ANP ESTADO'!B:B,0)+MATCH($H$10,OFFSET('ANP ESTADO'!$A$1,MATCH($I$7,'ANP ESTADO'!B:B,0),0,100000,1),0),2,100000,2),2,FALSE)","v":2.9606624223109281},{"$f":"VLOOKUP($H$10,OFFSET('ANP REGIÃO'!$A$9,MATCH('Transporte RR-2C'!$I$7,'ANP REGIÃO'!A:A,0),1,10000,10000),MATCH('Transporte RR-2C'!AH21,'ANP REGIÃO'!$B$8:$G$8,0),FALSE)","v":3.2839191953585329},2960.6624223109279,1075.69,4036.352422310928,1250,null,343.19,null,113.77,102.51,{"$f":"TRUNC(IF($J$8=\"\",\"\",(($J$9-$J$8)/$J$8)*(Q21+T21)),2)","v":523.34},969.04,0,{"$f":"EVEN((' CONSUMO DE MAT. B TOTAL'!$P$13+' CONSUMO DE MAT. B TOTAL'!P24)*2/28)*W21/(' CONSUMO DE MAT. B TOTAL'!$P$13+' CONSUMO DE MAT. B TOTAL'!P24)","v":0},969.04,4036.352422310928,5005.3924223109279,{"$nulls":6},"NORTE"]
[null,6167.217973150362,10,null,"'NTA - NOVAS TÉCNICAS DE ASFALTOS S/A","RUA SOFIA ATAURI FADIN, 150 SALA A - B. SANTA TEREZINHA - CEP:13140-000","São Paulo","PAULINIA - SP","São Luís - MA",{"$f":"VLOOKUP(G22,OFFSET('ANP ESTADO'!$A$1,MATCH($I$7,'ANP ESTADO'!B:B,0)+MATCH($H$10,OFFSET('ANP ESTADO'!$A$1,MATCH($I$7,'ANP ESTADO'!B:B,0),0,100000,1),0),2,100000,2),2,FALSE)","v":2.9653013064836951},{"$f":"VLOOKUP($H$10,OFFSET('ANP REGIÃO'!$A$9,MATCH('Transporte RR-2C'!$I$7,'ANP REGIÃO'!A:A,0),1,10000,10000),MATCH('Transporte RR-2C'!AH22,'ANP REGIÃO'!$B$8:$G$8,0),FALSE)","v":3.0449945282798248},2965.301306483695,{"$f":"ROUND(((L22/(1-$O$7-$O$8-$O$9))-L22),2)","v":1077.3699999999999},4042.6713064836949,2810,null,737.87,null,213.62,220.4,1125.21,2083.48,431.2,{"$f":"EVEN((' CONSUMO DE MAT. B TOTAL'!$P$13+' CONSUMO DE MAT. B TOTAL'!P25)*2/28)*W22/(' CONSUMO DE MAT. B TOTAL'!$P$13+' CONSUMO DE MAT. B TOTAL'!P25)","v":41.066666666666663},2124.5466666666666,4042.6713064836949,6167.217973150362,null,6167.217973150362,2124.5466666666666,4042.6713064836949,null,null,"SUDESTE"]
[null,6307.0117826741716,11,null,"COMPANHIA BRASILEIRA DE ASFALTOS DA AMAZÔNIA - IMPORTAÇÃO E EXPORTAÇÃO","Avenida Doutor Olindo Dártora 2451, Galpão 02, Morro Grande - CEP:07726-555","São Paulo","CAIEIRAS - SP","São Luís - MA",{"$f":"VLOOKUP(G23,OFFSET('ANP ESTADO'!$A$1,MATCH($I$7,'ANP ESTADO'!B:B,0)+MATCH($H$10,OFFSET('ANP ESTADO'!$A$1,MATCH($I$7,'ANP ESTADO'!B:B,0),0,100000,1),0),2,100000,2),2,FALSE)","v":2.9653013064836951},{"$f":"VLOOKUP($H$10,OFFSET('ANP REGIÃO'!$A$9,MATCH('Transporte RR-2C'!$I$7,'ANP REGIÃO'!A:A,0),1,10000,10000),MATCH('Transporte RR-2C'!AH23,'ANP REGIÃO'!$B$8:$G$8,0),FALSE)","v":3.0449945282798248},2965.301306483695,{"$f":"ROUND(((L23/(1-$O$7-$O$8-$O$9))-L23),2)","v":1077.3699999999999},4042.6713064836949,2998,null,785.43,null,225.65,234.6,1197.72,2217.75,489.2,{"$f":"EVEN((' CONSUMO DE MAT. B TOTAL'!$P$13+' CONSUMO DE MAT. B TOTAL'!P26)*2/28)*W23/(' CONSUMO DE MAT. B TOTAL'!$P$13+' CONSUMO DE MAT. B TOTAL'!P26)","v":46.590476190476188},2264.3404761904762,4042.6713064836949,6307.0117826741716,{"$nulls":6},"SUDESTE"]
[null,6399.5667635271529,12,null,"BETUNEL INDÚSTRIA E COMÉRCIO LTDA.","R 16 , 82, Vila Nova Campo Grande - CEP:79.103-834","Mato Grosso do Sul","CAMPO GRANDE - MS","São Luís - MA",{"$f":"VLOOKUP(G24,OFFSET('ANP ESTADO'!$A$1,MATCH($I$7,'ANP ESTADO'!B:B,0)+MATCH($H$10,OFFSET('ANP ESTADO'!$A$1,MATCH($I$7,'ANP ESTADO'!B:B,0),0,100000,1),0),2,100000,2),2,FALSE)","v":3.0948520016223915},{"$f":"VLOOKUP($H$10,OFFSET('ANP REGIÃO'!$A$9,MATCH('Transporte RR-2C'!$I$7,'ANP REGIÃO'!A:A,0),1,10000,10000),MATCH('Transporte RR-2C'!AH24,'ANP REGIÃO'!$B$8:$G$8,0),FALSE)","v":3.2617453094853697},3094.8520016223915,{"$f":"ROUND(((L24/(1-$O$7-$O$8-$O$9))-L24),2)","v":1124.44},4219.2920016223916,2921,null,765.95,null,220.72,228.79,1168.03,2162.77,183.8,{"$f":"EVEN((' CONSUMO DE MAT. B TOTAL'!$P$13+' CONSUMO DE MAT. B TOTAL'!P27)*2/28)*W24/(' CONSUMO DE MAT. B TOTAL'!$P$13+' CONSUMO DE MAT. B TOTAL'!P27)","v":17.504761904761907},2180.2747619047618,4219.2920016223916,6399.5667635271529,{"$nulls":6},"CENTRO-OESTE"]
[null,7016.95294587836,13,null,"CENTRO OESTE ASFALTOS LTDA.","RUA   N, S/N.º LOTES 39/43 E LOTES 129/133 - DISTRITO INDUSTRIAL - CEP:78098-400","Mato Grosso","CUIABA - MT","São Luís - MA",{"$f":"VLOOKUP(G25,OFFSET('ANP ESTADO'!$A$1,MATCH($I$7,'ANP ESTADO'!B:B,0)+MATCH($H$10,OFFSET('ANP ESTADO'!$A$1,MATCH($I$7,'ANP ESTADO'!B:B,0),0,100000,1),0),2,100000,2),2,FALSE)","v":3.6596024696878837},{"$f":"VLOOKUP($H$10,OFFSET('ANP REGIÃO'!$A$9,MATCH('Transporte RR-2C'!$I$7,'ANP REGIÃO'!A:A,0),1,10000,10000),MATCH('Transporte RR-2C'!AH25,'ANP REGIÃO'!$B$8:$G$8,0),FALSE)","v":3.2617453094853697},3659.6024696878835,1329.63,4989.2324696878841,2725,null,716.36,null,208.18,213.97,1092.4000000000001,2022.73,52.4,{"$f":"EVEN((' CONSUMO DE MAT. B TOTAL'!$P$13+' CONSUMO DE MAT. B TOTAL'!P28)*2/28)*W25/(' CONSUMO DE MAT. B TOTAL'!$P$13+' CONSUMO DE MAT. B TOTAL'!P28)","v":4.9904761904761905},2027.7204761904761,4989.2324696878841,7016.95294587836,{"$nulls":6},"CENTRO-OESTE"]
[null,7016.95294587836,14,null,"BETUNEL INDÚSTRIA E COMÉRCIO LTDA.","RUA N ESQUINA COM RUA X, S/N QD. IND. 7 L 01/08 - DIST. IND. - CEP:78015-285","Mato Grosso","CUIABA - MT","São Luís - MA",{"$f":"VLOOKUP(G26,OFFSET('ANP ESTADO'!$A$1,MATCH($I$7,'ANP ESTADO'!B:B,0)+MATCH($H$10,OFFSET('ANP ESTADO'!$A$1,MATCH($I$7,'ANP ESTADO'!B:B,0),0,100000,1),0),2,100000,2),2,FALSE)","v":3.6596024696878837},{"$f":"VLOOKUP($H$10,OFFSET('ANP REGIÃO'!$A$9,MATCH('Transporte RR-2C'!$I$7,'ANP REGIÃO'!A:A,0),1,10000,10000),MATCH('Transporte RR-2C'!AH26,'ANP REGIÃO'!$B$8:$G$8,0),FALSE)","v":3.2617453094853697},3659.6024696878835,1329.63,4989.2324696878841,2725,null,716.36,null,208.18,213.97,1092.4000000000001,2022.73,52.4,{"$f":"EVEN((' CONSUMO DE MAT. B TOTAL'!$P$13+' CONSUMO DE MAT. B TOTAL'!P29)*2/28)*W26/(' CONSUMO DE MAT. B TOTAL'!$P$13+' CONSUMO DE MAT. B TOTAL'!P29)","v":4.9904761904761905},2027.7204761904761,4989.2324696878841,7016.95294587836,{"$nulls":6},"CENTRO-OESTE"]
[null,7017.6929458783598,15,null,"EMAM - EMULSÕES E TRANSPORTES LTDA.","RODOVIA DOS IMIGRANTES, S/Nº KM 8,6 -  - CEP:60035-351","Mato Grosso","VARZEA GRANDE - MT","São Luís - MA",{"$f":"VLOOKUP(G27,OFFSET('ANP ESTADO'!$A$1,MATCH($I$7,'ANP ESTADO'!B:B,0)+MATCH($H$10,OFFSET('ANP ESTADO'!$A$1,MATCH($I$7,'ANP ESTADO'!B:B,0),0,100000,1),0),2,100000,2),2,FALSE)","v":3.6596024696878837},{"$f":"VLOOKUP($H$10,OFFSET('ANP REGIÃO'!$A$9,MATCH('Transporte RR-2C'!$I$7,'ANP REGIÃO'!A:A,0),1,10000,10000),MATCH('Transporte RR-2C'!AH27,'ANP REGIÃO'!$B$8:$G$8,0),FALSE)","v":3.2617453094853697},3659.6024696878835,{"$f":"ROUND(((L27/(1-$O$7-$O$8-$O$9))-L27),2)","v":1329.63},4989.2324696878841,2726,null,716.62,null,208.24,214.05,1092.8,2023.47,52.4,{"$f":"EVEN((' CONSUMO DE MAT. B TOTAL'!$P$13+' CONSUMO DE MAT. B TOTAL'!P30)*2/28)*W27/(' CONSUMO DE MAT. B TOTAL'!$P$13+' CONSUMO DE MAT. B TOTAL'!P30)","v":4.9904761904761905},2028.4604761904761,4989.2324696878841,7017.6929458783598,null,7017.6929458783598,2028.4604761904761,4989.2324696878841,null,null,"CENTRO-OESTE"]
[null,6303.2884493408374,16,null,"VIAPOL LTDA.","VITO ARDITO, 6401 KM 118,5 - JARDIM CAMPO GRANDE - CEP:12282-535","São Paulo","CACAPAVA - SP","São Luís - MA",{"$f":"VLOOKUP(G28,OFFSET('ANP ESTADO'!$A$1,MATCH($I$7,'ANP ESTADO'!B:B,0)+MATCH($H$10,OFFSET('ANP ESTADO'!$A$1,MATCH($I$7,'ANP ESTADO'!B:B,0),0,100000,1),0),2,100000,2),2,FALSE)","v":2.9653013064836951},{"$f":"VLOOKUP($H$10,OFFSET('ANP REGIÃO'!$A$9,MATCH('Transporte RR-2C'!$I$7,'ANP REGIÃO'!A:A,0),1,10000,10000),MATCH('Transporte RR-2C'!AH28,'ANP REGIÃO'!$B$8:$G$8,0),FALSE)","v":3.0449945282798248},2965.301306483695,1077.3699999999999,4042.6713064836949,2989,null,783.16,null,225.08,233.93,1194.27,2211.3599999999997,517.20000000000005,{"$f":"EVEN((' CONSUMO DE MAT. B TOTAL'!$P$13+' CONSUMO DE MAT. B TOTAL'!P31)*2/28)*W28/(' CONSUMO DE MAT. B TOTAL'!$P$13+' CONSUMO DE MAT. B TOTAL'!P31)","v":49.25714285714286},2260.6171428571424,4042.6713064836949,6303.2884493408374,null,6303.2884493408374,2260.6171428571424,4042.6713064836949,null,null,"SUDESTE"]
[null,6457.4935758988731,17,null,"STRATURA ASFALTOS S/A","RUA LUIS DE CAMÕES, 26  - CAMPOS ELÍSEOS - CEP:25225-030","Rio de Janeiro","DUQUE DE CAXIAS - RJ","São Luís - MA",{"$f":"VLOOKUP(G29,OFFSET('ANP ESTADO'!$A$1,MATCH($I$7,'ANP ESTADO'!B:B,0)+MATCH($H$10,OFFSET('ANP ESTADO'!$A$1,MATCH($I$7,'ANP ESTADO'!B:B,0),0,100000,1),0),2,100000,2),2,FALSE)","v":"-"},{"$f":"VLOOKUP($H$10,OFFSET('ANP REGIÃO'!$A$9,MATCH('Transporte RR-2C'!$I$7,'ANP REGIÃO'!A:A,0),1,10000,10000),MATCH('Transporte RR-2C'!AH29,'ANP REGIÃO'!$B$8:$G$8,0),FALSE)","v":3.0449945282798248},3044.9945282798249,1106.33,4151.3245282798252,3073,null,804.41,null,230.45,240.27,1226.67,2271.3500000000004,365.6,{"$f":"EVEN((' CONSUMO DE MAT. B TOTAL'!$P$13+' CONSUMO DE MAT. B TOTAL'!P32)*2/28)*W29/(' CONSUMO DE MAT. B TOTAL'!$P$13+' CONSUMO DE MAT. B TOTAL'!P32)","v":34.819047619047623},2306.1690476190479,4151.3245282798252,6457.4935758988731,null,6457.4935758988731,2306.1690476190479,4151.3245282798252,null,null,"SUDESTE"]
[null,6468.2135758988734,18,null,"PROBITEC - PRODUTOS BETUMINOSOS E TECNOLOGIA DE APLICAÇÃO LTDA.","AVENIDA CANAL DA PAVUNA, 620  - PAVUNA - CEP:21535-630","Rio de Janeiro","RIO DE JANEIRO - RJ","São Luís - MA",{"$f":"VLOOKUP(G30,OFFSET('ANP ESTADO'!$A$1,MATCH($I$7,'ANP ESTADO'!B:B,0)+MATCH($H$10,OFFSET('ANP ESTADO'!$A$1,MATCH($I$7,'ANP ESTADO'!B:B,0),0,100000,1),0),2,100000,2),2,FALSE)","v":"-"},{"$f":"VLOOKUP($H$10,OFFSET('ANP REGIÃO'!$A$9,MATCH('Transporte RR-2C'!$I$7,'ANP REGIÃO'!A:A,0),1,10000,10000),MATCH('Transporte RR-2C'!AH30,'ANP REGIÃO'!$B$8:$G$8,0),FALSE)","v":3.0449945282798248},3044.9945282798249,1106.33,4151.3245282798252,3088,null,808.2,null,231.41,241.41,1232.46,2282.0700000000002,365.6,{"$f":"EVEN((' CONSUMO DE MAT. B TOTAL'!$P$13+' CONSUMO DE MAT. B TOTAL'!P33)*2/28)*W30/(' CONSUMO DE MAT. B TOTAL'!$P$13+' CONSUMO DE MAT. B TOTAL'!P33)","v":34.819047619047623},2316.8890476190477,4151.3245282798252,6468.2135758988734,null,6468.2135758988734,2316.8890476190477,4151.3245282798252,null,null,"SUDESTE"]
[null,6277.5980324383654,19,null,"CASA DO ASFALTO DISTRIBUIDORA, INDÚSTRIA E COMÉRCIO DE ASFALTO LTDA.","BR 376, PARQUE INDUSTRIAL, S/N LOTE 6/7/7-A-3-1 - GL.PATR.MARIALVA - CEP:86990-000","Paraná","MARIALVA - PR","São Luís - MA",{"$f":"VLOOKUP(G31,OFFSET('ANP ESTADO'!$A$1,MATCH($I$7,'ANP ESTADO'!B:B,0)+MATCH($H$10,OFFSET('ANP ESTADO'!$A$1,MATCH($I$7,'ANP ESTADO'!B:B,0),0,100000,1),0),2,100000,2),2,FALSE)","v":2.9590737467240795},{"$f":"VLOOKUP($H$10,OFFSET('ANP REGIÃO'!$A$9,MATCH('Transporte RR-2C'!$I$7,'ANP REGIÃO'!A:A,0),1,10000,10000),MATCH('Transporte RR-2C'!AH31,'ANP REGIÃO'!$B$8:$G$8,0),FALSE)","v":2.9917949725877517},2959.0737467240797,1075.1099999999999,4034.1837467240794,2980,null,780.88,null,224.5,233.24,1190.78,2204.9,404.4,{"$f":"EVEN((' CONSUMO DE MAT. B TOTAL'!$P$13+' CONSUMO DE MAT. B TOTAL'!P34)*2/28)*W31/(' CONSUMO DE MAT. B TOTAL'!$P$13+' CONSUMO DE MAT. B TOTAL'!P34)","v":38.514285714285712},2243.4142857142856,4034.1837467240794,6277.5980324383654,null,6277.5980324383654,2243.4142857142856,4034.1837467240794,null,null,"SUL"]
[null,6385.4827943431264,20,null,"PETROBRAS DISTRIBUIDORA S.A.","RUA MAQUINISTA  ELEODORO JACINTO, 100  - OFICINAS - CEP:84045-170","Paraná","PONTA GROSSA - PR","São Luís - MA",{"$f":"VLOOKUP(G32,OFFSET('ANP ESTADO'!$A$1,MATCH($I$7,'ANP ESTADO'!B:B,0)+MATCH($H$10,OFFSET('ANP ESTADO'!$A$1,MATCH($I$7,'ANP ESTADO'!B:B,0),0,100000,1),0),2,100000,2),2,FALSE)","v":2.9590737467240795},{"$f":"VLOOKUP($H$10,OFFSET('ANP REGIÃO'!$A$9,MATCH('Transporte RR-2C'!$I$7,'ANP REGIÃO'!A:A,0),1,10000,10000),MATCH('Transporte RR-2C'!AH32,'ANP REGIÃO'!$B$8:$G$8,0),FALSE)","v":2.9917949725877517},2959.0737467240797,1075.1099999999999,4034.1837467240794,3125,null,817.56,null,233.78,244.2,1246.72,2308.48,449.6,{"$f":"EVEN((' CONSUMO DE MAT. B TOTAL'!$P$13+' CONSUMO DE MAT. B TOTAL'!P35)*2/28)*W32/(' CONSUMO DE MAT. B TOTAL'!$P$13+' CONSUMO DE MAT. B TOTAL'!P35)","v":42.819047619047623},2351.2990476190475,4034.1837467240794,6385.4827943431264,null,6385.4827943431264,2351.2990476190475,4034.1837467240794,null,null,"SUL"]
{"$rows_empty":9}
[null,null,null,"Acre"]
[null,null,null,"Alagoas"]
[null,null,null,"Amapá"]
[null,null,null,"Amazonas"]
[null,null,null,"Bahia"]
[null,null,null,"Ceará"]
[null,null,null,"Distrito Federal"]
[null,null,null,"Espírito Santo"]
[null,null,null,"Goiás"]
[null,null,null,"Maranhão"]
[null,null,null,"Mato Grosso"]
[null,null,null,"Mato Grosso do Sul"]
[null,null,null,"Minas Gerais"]
[null,null,null,"Pará"]
[null,null,null,"Paraíba"]
[null,null,null,"Paraná"]
[null,null,null,"Pernambuco"]
[null,null,null,"Piauí"]
[null,null,null,"Rio de Janeiro"]
[null,null,null,"Rio Grande do Norte"]
[null,null,null,"Rio Grande do Sul"]
[null,null,null,"Rondônia"]
[null,null,null,"Roraima"]
[null,null,null,"Santa Catarina"]
[null,null,null,"São Paulo"]
[null,null,null,"Sergipe"]
[null,null,null,"Tocantins"]
[]
[]
[]
[null,null,null,"ASFALTOS DILUÍDOS CM-30"]
[null,null,null,"ASFALTOS DILUÍDOS CM-70"]
[null,null,null,"ASFALTOS DILUÍDOS CR-250"]
[null,null,null,"ASFALTOS DILUÍDOS CR-70"]
[null,null,null,"CAP MODIFICADO POR BORRACHA DE PNEU AB22"]
[null,null,null,"CAP MODIFICADO POR BORRACHA DE PNEU AB8"]
[null,null,null,"CAP MODIFICADO POR POLÍMERO 55-75-E"]
[null,null,null,"CAP MODIFICADO POR POLÍMERO 60-85-E"]
[null,null,null,"CAP MODIFICADO POR POLÍMERO 65-90-E"]
[null,null,null,"CIMENTOS ASFÁLTICOS CAP-150-200"]
[null,null,null,"CIMENTOS ASFÁLTICOS CAP-30-45"]
[null,null,null,"CIMENTOS ASFÁLTICOS CAP-50-70"]
[null,null,null,"CIMENTOS ASFÁLTICOS CAP-85-100"]
[null,null,null,"EMULSÃO ASFÁLTICA CATIÔNICA DE RUPTURA CONTROLADA PARA SERVIÇO DE LAMA ASFÁLTICA"]
[null,null,null,"EMULSÃO ASFÁLTICA DE RUPTURA LENTA CATIÔNICA PARA SERVIÇO DE LAMA ASFÁLTICA"]
[null,null,null,"EMULSÃO ASFÁLTICA DE RUPTURA LENTA DE CARGA NEUTRA PARA SERVIÇO DE LAMA ASFÁLTICA"]
[null,null,null,"EMULSÃO ASFÁLTICA PARA SERVIÇO DE IMPRIMAÇÃO"]
[null,null,null,"EMULSÕES ASF. MOD. POR POLÍMEROS RC1C-E"]
[null,null,null,"EMULSÕES ASF. MOD. POR POLÍMEROS RL1C-E"]
[null,null,null,"EMULSÕES ASF. MOD. POR POLÍMEROS RM1C-E"]
[null,null,null,"EMULSÕES ASF. MOD. POR POLÍMEROS RR1C-E"]
[null,null,null,"EMULSÕES ASF. MOD. POR POLÍMEROS RR2C-E"]
[null,null,null,"EMULSÕES ASFÁLTICAS RL-1C"]
[null,null,null,"EMULSÕES ASFÁLTICAS RM-1C"]
[null,null,null,"EMULSÕES ASFÁLTICAS RM-2C"]
[null,null,null,"EMULSÕES ASFÁLTICAS RR-1C"]
[null,null,null,"EMULSÕES ASFÁLTICAS RR-2C"]

{"sheet":"RESUMO_Transp","index":17,"n_rows":29,"n_cols":23,"rows_kept":29,"cut":false,"hidden":false,"merged":[[23,2,28,2],[7,1,7,19],[2,1,2,8],[3,1,3,8],[4,1,4,8],[5,1,5,8],[6,1,6,22],[10,1,12,1],[10,4,10,5],[10,6,10,7],[10,10,12,10],[11,15,11,16],[14,18,14,19],[16,2,21,2],[14,3,14,6],[14,7,14,8]]}
{"$rows_empty":10}
[null,"ÍNDICE DE PAVIMENTAÇÃO DNIT",null,null,"TIPOLOGIA DO MATERIAL",null,"LIGANTE BETUMINOSO",null,null,null,"IMPOSTOS","COFINS",{"$f":"'Transporte RR-2C'!O7","v":6.4999999999999997E-3},{"$f":"'Transporte RR-2C'!P7","v":6.4999999999999997E-3}]
[null,null,"DATA INICIAL",null,null,"2014-07-01","ÍNDICE INICIAL",{"$f":"'Transporte RR-2C'!J8","v":270.23700000000002},null,null,null,"PIS",{"$f":"'Transporte RR-2C'!O8","v":0.03},{"$f":"'Transporte RR-2C'!P8","v":0.03},null,"LEGENDA"]
[null,null,"DATA FINAL",null,null,"2025-05-01","ÍNDICE FINAL",{"$f":"'Transporte RR-2C'!J9","v":587.55200000000002},null,null,null," ICMS",{"$f":"'Transporte RR-2C'!O9","v":0.23},{"$f":"'Transporte RR-2C'!P9","v":0.23},null,"ENTRADA DE DADOS"]
[]
[null,"DATA-BASE","PRODUTOS","LOCALIDADES",null,null,null,"CUSTO ANP (R$/Kg)",null,"CUSTO ANP","IMPOSTOS DO PRODUTO","CUSTO DO PRODUTO COM IMPOSTOS","DMT's","DMT's","CUSTO DO TRANSPORTE TOTAL","ICMS","ATUALIZAÇÃO DO CUSTO DE TRANSPORTE","CUSTO DO TRANSPORTE RODOVIA PAVIMENTADA COM IMPOSTOS E ATUALIZAÇÃO MONETÁRIA","PEDÁGIO ",null,"TOTAL TRANSPORTE","TOTAL PRODUTO","TOTAL GERAL"]
[null,{"$f":"F13","v":"2025-05-01"},null,"REFINARIAS","ENDEREÇO","ORIGEM\nREFINARIAS / DISTRIBUIDORAS","DESTINO","ESTADO","REGIÃO","R$/t","R$/t","R$/t","KM","KM","R$/t","R$/t","R$/t","R$/t","CUSTO POR EIXO","R$/t","R$/t","R$/t","R$/t"]
[null,1,"EAI","Refinaria Abreu e Lima","Rodovia PE 60, Km 10 - Ipojuca - PE CEP:55590-000",{"$f":"VLOOKUP($W17,'Transporte EAI'!$B:$AA,7,FALSE)","v":"ANÁPOLIS - GO"},{"$f":"VLOOKUP($W17,'Transporte EAI'!$B:$AA,8,FALSE)","v":"São Luís - MA"},{"$f":"VLOOKUP($W17,'Transporte EAI'!$B:$AA,9,FALSE)","v":2.2701006713399843},{"$f":"VLOOKUP($W17,'Transporte EAI'!$B:$AA,10,FALSE)","v":2.586745227863223},{"$f":"VLOOKUP($W17,'Transporte EAI'!$B:$AA,11,FALSE)","v":2270.1006713399843},{"$f":"VLOOKUP($W17,'Transporte EAI'!$B:$AA,12,FALSE)","v":824.79},{"$f":"VLOOKUP($W17,'Transporte EAI'!$B:$AA,13,FALSE)","v":3094.8906713399842},{"$f":"VLOOKUP($W17,'Transporte EAI'!$B:$AA,14,FALSE)","v":1978},{"$f":"VLOOKUP($W17,'Transporte EAI'!$B:$AA,15,FALSE)","v":0},{"$f":"VLOOKUP($W17,'Transporte EAI'!$B:$AA,18,FALSE)","v":160.36000000000001},{"$f":"VLOOKUP($W17,'Transporte EAI'!$B:$AA,19,FALSE)","v":157.52000000000001},{"$f":"VLOOKUP($W17,'Transporte EAI'!$B:$AA,20,FALSE)","v":804.2},{"$f":"VLOOKUP($W17,'Transporte EAI'!$B:$AA,21,FALSE)","v":1489.0900000000001},{"$f":"VLOOKUP($W17,'Transporte EAI'!$B:$AA,22,FALSE)","v":169.6},{"$f":"VLOOKUP($W17,'Transporte EAI'!$B:$AA,23,FALSE)","v":16.152380952380952},{"$f":"VLOOKUP($W17,'Transporte EAI'!$B:$AA,24,FALSE)","v":1505.2423809523812},{"$f":"VLOOKUP($W17,'Transporte EAI'!$B:$AA,25,FALSE)","v":3094.8906713399842},{"$f":"SMALL('Transporte EAI'!$AA$13:$AA$32,1)","v":4600.1330522923654}]
[null,2,null,"Refinaria Potiguar Clara Camarão","Rodovia RN 221, KM 25 - Guamaré - RN CEP:59598-000",{"$f":"VLOOKUP($W18,'Transporte EAI'!$B:$AA,7,FALSE)","v":"GOIANIRA - GO"},{"$f":"VLOOKUP($W18,'Transporte EAI'!$B:$AA,8,FALSE)","v":"São Luís - MA"},{"$f":"VLOOKUP($W18,'Transporte EAI'!$B:$AA,9,FALSE)","v":2.2701006713399843},{"$f":"VLOOKUP($W18,'Transporte EAI'!$B:$AA,10,FALSE)","v":2.586745227863223},{"$f":"VLOOKUP($W18,'Transporte EAI'!$B:$AA,11,FALSE)","v":2270.1006713399843},{"$f":"VLOOKUP($W18,'Transporte EAI'!$B:$AA,12,FALSE)","v":824.79},{"$f":"VLOOKUP($W18,'Transporte EAI'!$B:$AA,13,FALSE)","v":3094.8906713399842},{"$f":"VLOOKUP($W18,'Transporte EAI'!$B:$AA,14,FALSE)","v":2006},{"$f":"VLOOKUP($W18,'Transporte EAI'!$B:$AA,15,FALSE)","v":0},{"$f":"VLOOKUP($W18,'Transporte EAI'!$B:$AA,18,FALSE)","v":162.16},{"$f":"VLOOKUP($W18,'Transporte EAI'!$B:$AA,19,FALSE)","v":159.63999999999999},{"$f":"VLOOKUP($W18,'Transporte EAI'!$B:$AA,20,FALSE)","v":815.01},{"$f":"VLOOKUP($W18,'Transporte EAI'!$B:$AA,21,FALSE)","v":1509.1100000000001},{"$f":"VLOOKUP($W18,'Transporte EAI'!$B:$AA,22,FALSE)","v":169.9},{"$f":"VLOOKUP($W18,'Transporte EAI'!$B:$AA,23,FALSE)","v":16.18095238095238},{"$f":"VLOOKUP($W18,'Transporte EAI'!$B:$AA,24,FALSE)","v":1525.2909523809526},{"$f":"VLOOKUP($W18,'Transporte EAI'!$B:$AA,25,FALSE)","v":3094.8906713399842},{"$f":"SMALL('Transporte EAI'!$AA$13:$AA$32,2)","v":4620.1816237209368}]
[null,3,null,"Complexo Petroquímico do Rio de Janeiro (Comperj)","Rodovia Estadual RJ-116 - Km 5,2 - Acesso A-1, s/n, Complemento Sambaetiba - Zona Urbana do 4º Distrito de Itaboraí - RJ CEP:24841-203",{"$f":"VLOOKUP($W19,'Transporte EAI'!$B:$AA,7,FALSE)","v":"APARECIDA DE GOIANIA - GO"},{"$f":"VLOOKUP($W19,'Transporte EAI'!$B:$AA,8,FALSE)","v":"São Luís - MA"},{"$f":"VLOOKUP($W19,'Transporte EAI'!$B:$AA,9,FALSE)","v":2.2701006713399843},{"$f":"VLOOKUP($W19,'Transporte EAI'!$B:$AA,10,FALSE)","v":2.586745227863223},{"$f":"VLOOKUP($W19,'Transporte EAI'!$B:$AA,11,FALSE)","v":2270.1006713399843},{"$f":"VLOOKUP($W19,'Transporte EAI'!$B:$AA,12,FALSE)","v":824.79},{"$f":"VLOOKUP($W19,'Transporte EAI'!$B:$AA,13,FALSE)","v":3094.8906713399842},{"$f":"VLOOKUP($W19,'Transporte EAI'!$B:$AA,14,FALSE)","v":2028},{"$f":"VLOOKUP($W19,'Transporte EAI'!$B:$AA,15,FALSE)","v":0},{"$f":"VLOOKUP($W19,'Transporte EAI'!$B:$AA,18,FALSE)","v":163.56},{"$f":"VLOOKUP($W19,'Transporte EAI'!$B:$AA,19,FALSE)","v":161.30000000000001},{"$f":"VLOOKUP($W19,'Transporte EAI'!$B:$AA,20,FALSE)","v":823.49},{"$f":"VLOOKUP($W19,'Transporte EAI'!$B:$AA,21,FALSE)","v":1524.81},{"$f":"VLOOKUP($W19,'Transporte EAI'!$B:$AA,22,FALSE)","v":169.9},{"$f":"VLOOKUP($W19,'Transporte EAI'!$B:$AA,23,FALSE)","v":16.18095238095238},{"$f":"VLOOKUP($W19,'Transporte EAI'!$B:$AA,24,FALSE)","v":1540.9909523809524},{"$f":"VLOOKUP($W19,'Transporte EAI'!$B:$AA,25,FALSE)","v":3094.8906713399842},{"$f":"SMALL('Transporte EAI'!$AA$13:$AA$32,3)","v":4635.8816237209367}]
[null,4,null,null,null,{"$f":"VLOOKUP($W20,'Transporte EAI'!$B:$AA,7,FALSE)","v":"UBERLANDIA - MG"},{"$f":"VLOOKUP($W20,'Transporte EAI'!$B:$AA,8,FALSE)","v":"São Luís - MA"},{"$f":"VLOOKUP($W20,'Transporte EAI'!$B:$AA,9,FALSE)","v":2.2028453526050584},{"$f":"VLOOKUP($W20,'Transporte EAI'!$B:$AA,10,FALSE)","v":2.3800829018524494},{"$f":"VLOOKUP($W20,'Transporte EAI'!$B:$AA,11,FALSE)","v":2202.8453526050585},{"$f":"VLOOKUP($W20,'Transporte EAI'!$B:$AA,12,FALSE)","v":800.35},{"$f":"VLOOKUP($W20,'Transporte EAI'!$B:$AA,13,FALSE)","v":3003.1953526050584},{"$f":"VLOOKUP($W20,'Transporte EAI'!$B:$AA,14,FALSE)","v":2344},{"$f":"VLOOKUP($W20,'Transporte EAI'!$B:$AA,15,FALSE)","v":0},{"$f":"VLOOKUP($W20,'Transporte EAI'!$B:$AA,18,FALSE)","v":183.79},{"$f":"VLOOKUP($W20,'Transporte EAI'!$B:$AA,19,FALSE)","v":185.18},{"$f":"VLOOKUP($W20,'Transporte EAI'!$B:$AA,20,FALSE)","v":945.41},{"$f":"VLOOKUP($W20,'Transporte EAI'!$B:$AA,21,FALSE)","v":1750.56},{"$f":"VLOOKUP($W20,'Transporte EAI'!$B:$AA,22,FALSE)","v":225.2},{"$f":"VLOOKUP($W20,'Transporte EAI'!$B:$AA,23,FALSE)","v":21.447619047619046},{"$f":"VLOOKUP($W20,'Transporte EAI'!$B:$AA,24,FALSE)","v":1772.0076190476191},{"$f":"VLOOKUP($W20,'Transporte EAI'!$B:$AA,25,FALSE)","v":3003.1953526050584},{"$f":"SMALL('Transporte EAI'!$AA$13:$AA$32,4)","v":4775.2029716526777}]
[null,5,null,null,null,{"$f":"VLOOKUP($W21,'Transporte EAI'!$B:$AA,7,FALSE)","v":"UBERLANDIA - MG"},{"$f":"VLOOKUP($W21,'Transporte EAI'!$B:$AA,8,FALSE)","v":"São Luís - MA"},{"$f":"VLOOKUP($W21,'Transporte EAI'!$B:$AA,9,FALSE)","v":2.2028453526050584},{"$f":"VLOOKUP($W21,'Transporte EAI'!$B:$AA,10,FALSE)","v":2.3800829018524494},{"$f":"VLOOKUP($W21,'Transporte EAI'!$B:$AA,11,FALSE)","v":2202.8453526050585},{"$f":"VLOOKUP($W21,'Transporte EAI'!$B:$AA,12,FALSE)","v":800.35},{"$f":"VLOOKUP($W21,'Transporte EAI'!$B:$AA,13,FALSE)","v":3003.1953526050584},{"$f":"VLOOKUP($W21,'Transporte EAI'!$B:$AA,14,FALSE)","v":2344},{"$f":"VLOOKUP($W21,'Transporte EAI'!$B:$AA,15,FALSE)","v":0},{"$f":"VLOOKUP($W21,'Transporte EAI'!$B:$AA,18,FALSE)","v":183.79},{"$f":"VLOOKUP($W21,'Transporte EAI'!$B:$AA,19,FALSE)","v":185.18},{"$f":"VLOOKUP($W21,'Transporte EAI'!$B:$AA,20,FALSE)","v":945.41},{"$f":"VLOOKUP($W21,'Transporte EAI'!$B:$AA,21,FALSE)","v":1750.56},{"$f":"VLOOKUP($W21,'Transporte EAI'!$B:$AA,22,FALSE)","v":225.2},{"$f":"VLOOKUP($W21,'Transporte EAI'!$B:$AA,23,FALSE)","v":21.447619047619046},{"$f":"VLOOKUP($W21,'Transporte EAI'!$B:$AA,24,FALSE)","v":1772.0076190476191},{"$f":"VLOOKUP($W21,'Transporte EAI'!$B:$AA,25,FALSE)","v":3003.1953526050584},{"$f":"SMALL('Transporte EAI'!$AA$13:$AA$32,5)","v":4775.2029716526777}]
[null,6,null,null,null,{"$f":"VLOOKUP($W22,'Transporte EAI'!$B:$AA,7,FALSE)","v":"SARZEDO - MG"},{"$f":"VLOOKUP($W22,'Transporte EAI'!$B:$AA,8,FALSE)","v":"São Luís - MA"},{"$f":"VLOOKUP($W22,'Transporte EAI'!$B:$AA,9,FALSE)","v":2.2028453526050584},{"$f":"VLOOKUP($W22,'Transporte EAI'!$B:$AA,10,FALSE)","v":2.3800829018524494},{"$f":"VLOOKUP($W22,'Transporte EAI'!$B:$AA,11,FALSE)","v":2202.8453526050585},{"$f":"VLOOKUP($W22,'Transporte EAI'!$B:$AA,12,FALSE)","v":800.35},{"$f":"VLOOKUP($W22,'Transporte EAI'!$B:$AA,13,FALSE)","v":3003.1953526050584},{"$f":"VLOOKUP($W22,'Transporte EAI'!$B:$AA,14,FALSE)","v":2670},{"$f":"VLOOKUP($W22,'Transporte EAI'!$B:$AA,15,FALSE)","v":0},{"$f":"VLOOKUP($W22,'Transporte EAI'!$B:$AA,18,FALSE)","v":204.66},{"$f":"VLOOKUP($W22,'Transporte EAI'!$B:$AA,19,FALSE)","v":209.82},{"$f":"VLOOKUP($W22,'Transporte EAI'!$B:$AA,20,FALSE)","v":1071.19},{"$f":"VLOOKUP($W22,'Transporte EAI'!$B:$AA,21,FALSE)","v":1983.46},{"$f":"VLOOKUP($W22,'Transporte EAI'!$B:$AA,22,FALSE)","v":104.6},{"$f":"VLOOKUP($W22,'Transporte EAI'!$B:$AA,23,FALSE)","v":9.961904761904762},{"$f":"VLOOKUP($W22,'Transporte EAI'!$B:$AA,24,FALSE)","v":1993.4219047619049},{"$f":"VLOOKUP($W22,'Transporte EAI'!$B:$AA,25,FALSE)","v":3003.1953526050584},{"$f":"SMALL('Transporte EAI'!$AA$13:$AA$32,6)","v":4996.6172573669628}]
[]
[null,1,"RR2-C","Refinaria Abreu e Lima","Rodovia PE 60, Km 10 - Ipojuca - PE CEP:55590-000",{"$f":"VLOOKUP($W24,'Transporte RR-2C'!$B:$AA,7,FALSE)","v":" PALMAS - TO"},{"$f":"VLOOKUP($W24,'Transporte RR-2C'!$B:$AA,8,FALSE)","v":"São Luís - MA"},{"$f":"VLOOKUP($W24,'Transporte RR-2C'!$B:$AA,9,FALSE)","v":2.9606624223109281},{"$f":"VLOOKUP($W24,'Transporte RR-2C'!$B:$AA,10,FALSE)","v":3.2839191953585329},{"$f":"VLOOKUP($W24,'Transporte RR-2C'!$B:$AA,11,FALSE)","v":2960.6624223109279},{"$f":"VLOOKUP($W24,'Transporte RR-2C'!$B:$AA,12,FALSE)","v":1075.69},{"$f":"VLOOKUP($W24,'Transporte RR-2C'!$B:$AA,13,FALSE)","v":4036.352422310928},{"$f":"VLOOKUP($W24,'Transporte RR-2C'!$B:$AA,14,FALSE)","v":1250},{"$f":"VLOOKUP($W24,'Transporte RR-2C'!$B:$AA,15,FALSE)","v":0},{"$f":"VLOOKUP($W24,'Transporte RR-2C'!$B:$AA,18,FALSE)","v":113.77},{"$f":"VLOOKUP($W24,'Transporte RR-2C'!$B:$AA,19,FALSE)","v":102.51},{"$f":"VLOOKUP($W24,'Transporte RR-2C'!$B:$AA,20,FALSE)","v":523.34},{"$f":"VLOOKUP($W24,'Transporte RR-2C'!$B:$AA,21,FALSE)","v":969.04},{"$f":"VLOOKUP($W24,'Transporte RR-2C'!$B:$AA,22,FALSE)","v":0},{"$f":"VLOOKUP($W24,'Transporte RR-2C'!$B:$AA,23,FALSE)","v":0},{"$f":"VLOOKUP($W24,'Transporte RR-2C'!$B:$AA,24,FALSE)","v":969.04},{"$f":"VLOOKUP($W24,'Transporte RR-2C'!$B:$AA,25,FALSE)","v":4036.352422310928},{"$f":"SMALL('Transporte RR-2C'!$AA$13:$AA$32,1)","v":5005.3924223109279}]
[null,2,null,"Refinaria Potiguar Clara Camarão","Rodovia RN 221, KM 25 - Guamaré - RN CEP:59598-000",{"$f":"VLOOKUP($W25,'Transporte RR-2C'!$B:$AA,7,FALSE)","v":"ANÁPOLIS - GO"},{"$f":"VLOOKUP($W25,'Transporte RR-2C'!$B:$AA,8,FALSE)","v":"São Luís - MA"},{"$f":"VLOOKUP($W25,'Transporte RR-2C'!$B:$AA,9,FALSE)","v":3.0223531522879505},{"$f":"VLOOKUP($W25,'Transporte RR-2C'!$B:$AA,10,FALSE)","v":3.2617453094853697},{"$f":"VLOOKUP($W25,'Transporte RR-2C'!$B:$AA,11,FALSE)","v":3022.3531522879507},{"$f":"VLOOKUP($W25,'Transporte RR-2C'!$B:$AA,12,FALSE)","v":1098.0999999999999},{"$f":"VLOOKUP($W25,'Transporte RR-2C'!$B:$AA,13,FALSE)","v":4120.4531522879506},{"$f":"VLOOKUP($W25,'Transporte RR-2C'!$B:$AA,14,FALSE)","v":1978},{"$f":"VLOOKUP($W25,'Transporte RR-2C'!$B:$AA,15,FALSE)","v":0},{"$f":"VLOOKUP($W25,'Transporte RR-2C'!$B:$AA,18,FALSE)","v":160.36000000000001},{"$f":"VLOOKUP($W25,'Transporte RR-2C'!$B:$AA,19,FALSE)","v":157.52000000000001},{"$f":"VLOOKUP($W25,'Transporte RR-2C'!$B:$AA,20,FALSE)","v":804.2},{"$f":"VLOOKUP($W25,'Transporte RR-2C'!$B:$AA,21,FALSE)","v":1489.0900000000001},{"$f":"VLOOKUP($W25,'Transporte RR-2C'!$B:$AA,22,FALSE)","v":169.6},{"$f":"VLOOKUP($W25,'Transporte RR-2C'!$B:$AA,23,FALSE)","v":16.152380952380952},{"$f":"VLOOKUP($W25,'Transporte RR-2C'!$B:$AA,24,FALSE)","v":1505.2423809523812},{"$f":"VLOOKUP($W25,'Transporte RR-2C'!$B:$AA,25,FALSE)","v":4120.4531522879506},{"$f":"SMALL('Transporte RR-2C'!$AA$13:$AA$32,2)","v":5625.6955332403322}]
[null,3,null,"Complexo Petroquímico do Rio de Janeiro (Comperj)","Rodovia Estadual RJ-116 - Km 5,2 - Acesso A-1, s/n, Complemento Sambaetiba - Zona Urbana do 4º Distrito de Itaboraí - RJ CEP:24841-203",{"$f":"VLOOKUP($W26,'Transporte RR-2C'!$B:$AA,7,FALSE)","v":"GOIANIRA - GO"},{"$f":"VLOOKUP($W26,'Transporte RR-2C'!$B:$AA,8,FALSE)","v":"São Luís - MA"},{"$f":"VLOOKUP($W26,'Transporte RR-2C'!$B:$AA,9,FALSE)","v":3.0223531522879505},{"$f":"VLOOKUP($W26,'Transporte RR-2C'!$B:$AA,10,FALSE)","v":3.2617453094853697},{"$f":"VLOOKUP($W26,'Transporte RR-2C'!$B:$AA,11,FALSE)","v":3022.3531522879507},{"$f":"VLOOKUP($W26,'Transporte RR-2C'!$B:$AA,12,FALSE)","v":1098.0999999999999},{"$f":"VLOOKUP($W26,'Transporte RR-2C'!$B:$AA,13,FALSE)","v":4120.4531522879506},{"$f":"VLOOKUP($W26,'Transporte RR-2C'!$B:$AA,14,FALSE)","v":2006},{"$f":"VLOOKUP($W26,'Transporte RR-2C'!$B:$AA,15,FALSE)","v":0},{"$f":"VLOOKUP($W26,'Transporte RR-2C'!$B:$AA,18,FALSE)","v":162.16},{"$f":"VLOOKUP($W26,'Transporte RR-2C'!$B:$AA,19,FALSE)","v":159.63999999999999},{"$f":"VLOOKUP($W26,'Transporte RR-2C'!$B:$AA,20,FALSE)","v":815.01},{"$f":"VLOOKUP($W26,'Transporte RR-2C'!$B:$AA,21,FALSE)","v":1509.1100000000001},{"$f":"VLOOKUP($W26,'Transporte RR-2C'!$B:$AA,22,FALSE)","v":169.9},{"$f":"VLOOKUP($W26,'Transporte RR-2C'!$B:$AA,23,FALSE)","v":16.18095238095238},{"$f":"VLOOKUP($W26,'Transporte RR-2C'!$B:$AA,24,FALSE)","v":1525.2909523809526},{"$f":"VLOOKUP($W26,'Transporte RR-2C'!$B:$AA,25,FALSE)","v":4120.4531522879506},{"$f":"SMALL('Transporte RR-2C'!$AA$13:$AA$32,3)","v":5645.7441046689037}]
[null,4,null,"Refinaria Abreu e Lima","Rodovia PE 60, Km 10 - Ipojuca - PE CEP:55590-000",{"$f":"VLOOKUP($W27,'Transporte RR-2C'!$B:$AA,7,FALSE)","v":"APARECIDA DE GOIANIA - GO"},{"$f":"VLOOKUP($W27,'Transporte RR-2C'!$B:$AA,8,FALSE)","v":"São Luís - MA"},{"$f":"VLOOKUP($W27,'Transporte RR-2C'!$B:$AA,9,FALSE)","v":3.0223531522879505},{"$f":"VLOOKUP($W27,'Transporte RR-2C'!$B:$AA,10,FALSE)","v":3.2617453094853697},{"$f":"VLOOKUP($W27,'Transporte RR-2C'!$B:$AA,11,FALSE)","v":3022.3531522879507},{"$f":"VLOOKUP($W27,'Transporte RR-2C'!$B:$AA,12,FALSE)","v":1098.0999999999999},{"$f":"VLOOKUP($W27,'Transporte RR-2C'!$B:$AA,13,FALSE)","v":4120.4531522879506},{"$f":"VLOOKUP($W27,'Transporte RR-2C'!$B:$AA,14,FALSE)","v":2028},{"$f":"VLOOKUP($W27,'Transporte RR-2C'!$B:$AA,15,FALSE)","v":0},{"$f":"VLOOKUP($W27,'Transporte RR-2C'!$B:$AA,18,FALSE)","v":163.56},{"$f":"VLOOKUP($W27,'Transporte RR-2C'!$B:$AA,19,FALSE)","v":161.30000000000001},{"$f":"VLOOKUP($W27,'Transporte RR-2C'!$B:$AA,20,FALSE)","v":823.49},{"$f":"VLOOKUP($W27,'Transporte RR-2C'!$B:$AA,21,FALSE)","v":1524.81},{"$f":"VLOOKUP($W27,'Transporte RR-2C'!$B:$AA,22,FALSE)","v":169.9},{"$f":"VLOOKUP($W27,'Transporte RR-2C'!$B:$AA,23,FALSE)","v":16.18095238095238},{"$f":"VLOOKUP($W27,'Transporte RR-2C'!$B:$AA,24,FALSE)","v":1540.9909523809524},{"$f":"VLOOKUP($W27,'Transporte RR-2C'!$B:$AA,25,FALSE)","v":4120.4531522879506},{"$f":"SMALL('Transporte RR-2C'!$AA$13:$AA$32,4)","v":5661.4441046689026}]
[null,5,null,"Refinaria Potiguar Clara Camarão","Rodovia RN 221, KM 25 - Guamaré - RN CEP:59598-000",{"$f":"VLOOKUP($W28,'Transporte RR-2C'!$B:$AA,7,FALSE)","v":"BRASÍLIA - DF"},{"$f":"VLOOKUP($W28,'Transporte RR-2C'!$B:$AA,8,FALSE)","v":"São Luís - MA"},{"$f":"VLOOKUP($W28,'Transporte RR-2C'!$B:$AA,9,FALSE)","v":3.0776667489674159},{"$f":"VLOOKUP($W28,'Transporte RR-2C'!$B:$AA,10,FALSE)","v":3.2617453094853697},{"$f":"VLOOKUP($W28,'Transporte RR-2C'!$B:$AA,11,FALSE)","v":3077.666748967416},{"$f":"VLOOKUP($W28,'Transporte RR-2C'!$B:$AA,12,FALSE)","v":1118.2},{"$f":"VLOOKUP($W28,'Transporte RR-2C'!$B:$AA,13,FALSE)","v":4195.8667489674162},{"$f":"VLOOKUP($W28,'Transporte RR-2C'!$B:$AA,14,FALSE)","v":2039},{"$f":"VLOOKUP($W28,'Transporte RR-2C'!$B:$AA,15,FALSE)","v":0},{"$f":"VLOOKUP($W28,'Transporte RR-2C'!$B:$AA,18,FALSE)","v":164.27},{"$f":"VLOOKUP($W28,'Transporte RR-2C'!$B:$AA,19,FALSE)","v":162.13},{"$f":"VLOOKUP($W28,'Transporte RR-2C'!$B:$AA,20,FALSE)","v":827.74},{"$f":"VLOOKUP($W28,'Transporte RR-2C'!$B:$AA,21,FALSE)","v":1532.6799999999998},{"$f":"VLOOKUP($W28,'Transporte RR-2C'!$B:$AA,22,FALSE)","v":140},{"$f":"VLOOKUP($W28,'Transporte RR-2C'!$B:$AA,23,FALSE)","v":16},{"$f":"VLOOKUP($W28,'Transporte RR-2C'!$B:$AA,24,FALSE)","v":1548.6799999999998},{"$f":"VLOOKUP($W28,'Transporte RR-2C'!$B:$AA,25,FALSE)","v":4195.8667489674162},{"$f":"SMALL('Transporte RR-2C'!$AA$13:$AA$32,5)","v":5744.5467489674156}]
[null,6,null,"Complexo Petroquímico do Rio de Janeiro (Comperj)","Rodovia Estadual RJ-116 - Km 5,2 - Acesso A-1, s/n, Complemento Sambaetiba - Zona Urbana do 4º Distrito de Itaboraí - RJ CEP:24841-203",{"$f":"VLOOKUP($W29,'Transporte RR-2C'!$B:$AA,7,FALSE)","v":"UBERLANDIA - MG"},{"$f":"VLOOKUP($W29,'Transporte RR-2C'!$B:$AA,8,FALSE)","v":"São Luís - MA"},{"$f":"VLOOKUP($W29,'Transporte RR-2C'!$B:$AA,9,FALSE)","v":3.1716591615504228},{"$f":"VLOOKUP($W29,'Transporte RR-2C'!$B:$AA,10,FALSE)","v":3.0449945282798248},{"$f":"VLOOKUP($W29,'Transporte RR-2C'!$B:$AA,11,FALSE)","v":3171.6591615504231},{"$f":"VLOOKUP($W29,'Transporte RR-2C'!$B:$AA,12,FALSE)","v":1152.3499999999999},{"$f":"VLOOKUP($W29,'Transporte RR-2C'!$B:$AA,13,FALSE)","v":4324.0091615504225},{"$f":"VLOOKUP($W29,'Transporte RR-2C'!$B:$AA,14,FALSE)","v":2344},{"$f":"VLOOKUP($W29,'Transporte RR-2C'!$B:$AA,15,FALSE)","v":0},{"$f":"VLOOKUP($W29,'Transporte RR-2C'!$B:$AA,18,FALSE)","v":183.79},{"$f":"VLOOKUP($W29,'Transporte RR-2C'!$B:$AA,19,FALSE)","v":185.18},{"$f":"VLOOKUP($W29,'Transporte RR-2C'!$B:$AA,20,FALSE)","v":945.41},{"$f":"VLOOKUP($W29,'Transporte RR-2C'!$B:$AA,21,FALSE)","v":1750.56},{"$f":"VLOOKUP($W29,'Transporte RR-2C'!$B:$AA,22,FALSE)","v":225.2},{"$f":"VLOOKUP($W29,'Transporte RR-2C'!$B:$AA,23,FALSE)","v":21.447619047619046},{"$f":"VLOOKUP($W29,'Transporte RR-2C'!$B:$AA,24,FALSE)","v":1772.0076190476191},{"$f":"VLOOKUP($W29,'Transporte RR-2C'!$B:$AA,25,FALSE)","v":4324.0091615504225},{"$f":"SMALL('Transporte RR-2C'!$AA$13:$AA$32,6)","v":6096.0167805980418}]

{"sheet":"MOMENTO DE TRANSPORTE - PRINC","index":18,"n_rows":190,"n_cols":11,"rows_kept":190,"cut":false,"hidden":false,"merged":[[151,5,151,7],[156,2,156,7],[156,9,156,10],[157,7,157,10],[159,3,159,7],[142,5,142,7],[146,2,146,7],[168,2,168,7],[168,9,168,10],[146,9,146,10],[147,1,148,2],[147,3,148,3],[147,4,148,4],[147,5,147,7],[169,7,169,10],[171,3,171,7],[172,1,173,2],[172,3,173,3],[172,4,173,4],[172,5,172,7],[160,1,161,2],[160,3,161,3],[160,4,161,4],[160,5,160,7],[163,5,163,7],[187,1,188,2],[187,3,188,3],[187,4,188,4],[187,5,187,7],[189,5,189,7],[175,5,175,7],[180,2,180,7],[180,9,180,10],[181,7,181,10],[186,3,186,7],[135,1,135,10],[138,2,138,7],[138,9,138,10],[139,1,140,2],[139,3,140,3],[139,4,140,4],[139,5,139,7],[129,1,130,2],[129,3,130,3],[129,4,130,4],[129,5,129,7],[131,5,131,7],[122,2,122,7],[122,9,122,10],[123,7,123,10],[128,3,128,7],[94,5,94,7],[85,5,85,7],[89,2,89,7],[89,9,89,10],[90,1,91,2],[90,3,91,3],[90,4,91,4],[90,5,90,7],[98,2,98,7],[98,9,98,10],[99,7,99,10],[110,9,110,10],[111,7,111,10],[113,3,113,7],[114,1,115,2],[114,3,115,3],[114,4,115,4],[114,5,114,7],[101,3,101,7],[102,1,103,2],[102,3,103,3],[102,4,103,4],[102,5,102,7],[110,2,110,7],[78,1,78,10],[81,2,81,7],[81,9,81,10],[82,1,83,2],[82,3,83,3],[82,4,83,4],[82,5,82,7],[4,1,4,10],[19,1,19,10],[73,5,73,7],[70,3,70,7],[71,1,72,2],[71,3,72,3],[71,4,72,4],[71,5,71,7],[64,2,64,7],[64,9,64,10],[65,7,65,10],[52,9,52,10],[53,7,53,10],[59,5,59,7],[55,3,55,7],[56,1,57,2],[56,3,57,3],[56,4,57,4],[56,5,56,7],[52,2,52,7],[47,5,47,7],[41,7,41,10],[44,5,44,7],[43,3,43,7],[40,2,40,7],[44,1,45,2],[44,3,45,3],[44,4,45,4],[22,2,22,7],[22,9,22,10],[40,9,40,10],[31,4,32,4],[31,5,31,7],[35,5,35,7],[26,5,26,7],[23,1,24,2],[23,3,24,3],[23,4,24,4],[23,5,23,7],[30,2,30,7],[30,9,30,10],[31,1,32,2],[31,3,32,3]]}
[]
[]
[]
[]
[null,{"$f":"'MODULO MINIMO'!B1","v":"EXECUÇÃO DE SERVIÇOS DE PAVIMENTAÇÃO COM TRATAMENTO SUPERFICIAL DUPLO EM VIAS DE MUNICÍPIOS DIVERSOS INSERIDOS NA ÁREA DE ATUAÇÃO DA CODEVASF, NO ESTADO MARANHÃO"}]
[null,"DATA BASE:",{"$f":"'MODULO MINIMO'!$P$2","v":"2025-04-01"}]
[]
[null,null,"RESUMO DO TRANSPORTE PRINCIPAL"]
[null,"CODIGO ","DESCRIÇÃO","TKM"]
[null,5914359,{"$f":"VLOOKUP(B10,'SINTÉTICO SICRO'!$A:$D,2,0)","v":"Transporte com caminhão basculante de 10 m³ - rodovia em leito natural"},{"$f":"ROUND(SUMIF('MOMENTO DE TRANSPORTE - PRINC'!A:A,B10,'MOMENTO DE TRANSPORTE - PRINC'!K:K),2)","v":0}]
[null,5914314,{"$f":"VLOOKUP(B11,'SINTÉTICO SICRO'!$A:$D,2,0)","v":"Transporte com caminhão basculante de 6 m³ - rodovia em leito natural"},{"$f":"ROUND(SUMIF('MOMENTO DE TRANSPORTE - PRINC'!A:A,B11,'MOMENTO DE TRANSPORTE - PRINC'!K:K),2)","v":0}]
[null,5914329,{"$f":"VLOOKUP(B12,'SINTÉTICO SICRO'!$A:$D,2,0)","v":"Transporte com caminhão basculante de 6 m³ - rodovia em revestimento primário"},{"$f":"ROUND(SUMIF('MOMENTO DE TRANSPORTE - PRINC'!A:A,B12,'MOMENTO DE TRANSPORTE - PRINC'!K:K),2)","v":0}]
[null,5914344,{"$f":"VLOOKUP(B13,'SINTÉTICO SICRO'!$A:$D,2,0)","v":"Transporte com caminhão basculante de 6 m³ - rodovia pavimentada"},{"$f":"ROUND(SUMIF('MOMENTO DE TRANSPORTE - PRINC'!A:A,B13,'MOMENTO DE TRANSPORTE - PRINC'!K:K),2)","v":0}]
[null,5914374,{"$f":"VLOOKUP(B14,'SINTÉTICO SICRO'!$A:$D,2,0)","v":"Transporte com caminhão basculante de 10 m³ - rodovia em revestimento primário"},{"$f":"ROUND(SUMIF('MOMENTO DE TRANSPORTE - PRINC'!A:A,B14,'MOMENTO DE TRANSPORTE - PRINC'!K:K),2)","v":86646}]
[null,5914389,{"$f":"VLOOKUP(B15,'SINTÉTICO SICRO'!$A:$D,2,0)","v":"Transporte com caminhão basculante de 10 m³ - rodovia pavimentada"},{"$f":"ROUND(SUMIF('MOMENTO DE TRANSPORTE - PRINC'!A:A,B15,'MOMENTO DE TRANSPORTE - PRINC'!K:K),2)","v":0}]
[]
[null,"TIPO (P, RP ou LN)","DMT ESTIMADA (DISTRIBUIÇÃO DO ITEM NA PISTA",null,null,"TIPO (P, RP ou LN)","DMT ATÉ 50 KM NÃO DEVE SER PAGA","DMT ACIMA DE 50 KM"]
[null,"P",1,null,null,"-",50,0]
[]
[null,"COMPOSIÇÕES PRINCIPAIS"]
[null,"SISTEMA DE CUSTOS REFERENCIAIS DE OBRAS - SICRO"]
[null,"Custo Unitário de Referência",null,null,{"$f":"$C$6","v":"2025-04-01"},null,null,null,"Quantitativo",null,"m²"]
[null,{"$f":"'MODULO MINIMO'!$D$22","v":4915637},{"$f":"VLOOKUP(B23,'SINTÉTICO SICRO'!$A$4:$D$1048576,2,0)","v":"Capa selante - areia comercial"},{"$nulls":5},{"$f":"(SUMIF('MODULO MINIMO'!D:D,B23,'MODULO MINIMO'!J:J)*0.1)","v":1400}]
[null,"F - MOMENTO DE TRANSPORTE",null,"Quantidade","Unidade","CÓDIGO TRANSPORTE"]
[{"$nulls":5},"LN","RP","P","TIPO (P, RP ou LN)","DMT ESTIMADA (km)","QUANTITATIVO TOTAL DE TRANSPORTE (tkm)"]
[{"$f":"IF(I26=\"P\",H26,IF(I26=\"RP\",G26,IF(I26=\"LN\",F26,\"\")))","v":5914344},"M0028","Areia média - Caminhão Basculante com capacidade de 6m³",4.3499999999999997E-3,"tkm",5914314,5914329,5914344,{"$f":"$B$18","v":"P"},0,{"$f":"IF(ISBLANK(J26),\"\",J26*D26)*I23","v":0}]
[{"$f":"IF(I27=\"P\",H27,IF(I27=\"RP\",G27,IF(I27=\"LN\",F27,\"\")))","v":""}]
["","Obs."]
[null,"SISTEMA DE CUSTOS REFERENCIAIS DE OBRAS - SICRO"]
[null,"Custo Unitário de Referência",null,null,{"$f":"$C$6","v":"2025-04-01"},null,null,null,"Quantitativo",null,"m²"]
[null,{"$f":"'MODULO MINIMO'!$D$23","v":4011370},{"$f":"VLOOKUP(B31,'SINTÉTICO SICRO'!$A$4:$D$1048576,2,0)","v":"Tratamento superficial duplo com emulsão - brita comercial"},{"$nulls":5},{"$f":"(SUMIF('MODULO MINIMO'!D:D,B31,'MODULO MINIMO'!J:J)*0.1)","v":1400}]
[null,"F - MOMENTO DE TRANSPORTE",null,"Quantidade","Unidade","CÓDIGO TRANSPORTE"]
[{"$nulls":5},"LN","RP","P","TIPO (P, RP ou LN)","DMT ESTIMADA (km)","QUANTITATIVO TOTAL DE TRANSPORTE (tkm)"]
[{"$f":"IF(I34=\"P\",H34,IF(I34=\"RP\",G34,IF(I34=\"LN\",F34,\"\")))","v":5914389},"M005","Brita 0 - Caminhão basculante com capacidade de 10 m³ - 188 Kw",1.0999999999999999E-2,"tkm",5914359,5914374,5914389,{"$f":"$B$18","v":"P"},0,{"$f":"IF(ISBLANK(J34),\"\",J34*D34)*I31","v":0}]
[{"$f":"IF(I35=\"P\",H35,IF(I35=\"RP\",G35,IF(I35=\"LN\",F35,\"\")))","v":5914389},"M0191","Brita 1 - Caminhão basculante com capacidade de 10 m³ - 188 kW",2.2499999999999999E-2,"tkm",5914359,5914374,5914389,{"$f":"$B$18","v":"P"},0,{"$f":"IF(ISBLANK(J35),\"\",J35*D35)*I31","v":0}]
[{"$f":"IF(I36=\"P\",H36,IF(I36=\"RP\",G36,IF(I36=\"LN\",F36,\"\")))","v":""}]
[]
[""]
["","SISTEMA DE CUSTOS REFERENCIAIS DE OBRAS - SICRO"]
["","Custo Unitário de Referência",null,null,{"$f":"$C$6","v":"2025-04-01"},null,null,null,"Quantitativo",null,"un"]
["",{"$f":"'MODULO MINIMO'!$D$25","v":4011219},{"$f":"VLOOKUP(B41,'SINTÉTICO SICRO'!$A$4:$D$1048576,2,0)","v":"Base de solo estabilizado granulometricamente sem mistura com material de jazida - 100% Proctor modificado"},{"$nulls":5},{"$f":"(SUMIF('MODULO MINIMO'!D:D,B41,'MODULO MINIMO'!J:J))*0","v":0}]
["","D - ATIVIDADES AUXILIARES",null,"Quantidade","Unidade"]
["","4016096","Escavação e carga de material de jazida com escavadeira hidráulica de 1,56 m³",1.1002700000000001,"m³"]
[""]
["","F - MOMENTO DE TRANSPORTE",null,"Quantidade","Unidade","CÓDIGO TRANSPORTE"]
["",{"$nulls":4},"LN","RP","P","TIPO (P, RP ou LN)","DMT ESTIMADA (km)","QUANTITATIVO TOTAL DE TRANSPORTE (tkm)"]
[5914389,"4016096","Escavação e carga de material de jazida com escavadeira hidráulica de 1,56 m³ - Caminhão basculante 10 m³",2.0630099999999998,"tkm",5914359,5914374,5914389,{"$f":"$B$18","v":"P"},10,{"$f":"IF(ISBLANK(J47),\"\",J47*D47)*I41","v":0}]
[""]
["","Obs."]
[""]
["","SISTEMA DE CUSTOS REFERENCIAIS DE OBRAS - SICRO"]
["","Custo Unitário de Referência",null,null,{"$f":"$C$6","v":"2025-04-01"},null,null,null,"Quantitativo",null,"un"]
["",{"$f":"'MODULO MINIMO'!$D$26","v":4011227},{"$f":"VLOOKUP(B53,'SINTÉTICO SICRO'!$A$4:$D$1048576,2,0)","v":"Sub-base de solo estabilizado granulometricamente sem mistura com material de jazida - 100% Proctor intermediário"},{"$nulls":5},{"$f":"(SUMIF('MODULO MINIMO'!D:D,B53,'MODULO MINIMO'!J:J))*0","v":0}]
["","D - ATIVIDADES AUXILIARES",null,"Quantidade","Unidade"]
["","4016096","Escavação e carga de material de jazida com escavadeira hidráulica de 1,56 m³",1.1002700000000001,"m³"]
[""]
["","F - MOMENTO DE TRANSPORTE",null,"Quantidade","Unidade","CÓDIGO TRANSPORTE"]
["",{"$nulls":4},"LN","RP","P","TIPO (P, RP ou LN)","DMT ESTIMADA (km)","QUANTITATIVO TOTAL DE TRANSPORTE (tkm)"]
[5914389,"4016096","Escavação e carga de material de jazida com escavadeira hidráulica de 1,56 m³ - Caminhão basculante 10 m³",2.0630099999999998,"tkm",5914359,5914374,5914389,{"$f":"$B$18","v":"P"},10,{"$f":"IF(ISBLANK(J59),\"\",J59*D59)*I53","v":0}]
[""]
["","Obs."]
[""]
["","SISTEMA DE CUSTOS REFERENCIAIS DE OBRAS - SICRO"]
["","Custo Unitário de Referência",null,null,{"$f":"$C$6","v":"2025-04-01"},null,null,null,"Quantitativo",null,"m"]
["",{"$f":"'MODULO MINIMO'!$D$39","v":2003373},{"$f":"VLOOKUP(B65,'SINTÉTICO SICRO'!$A$4:$D$1048576,2,0)","v":"Meio-fio de concreto - MFC 03 - areia e brita comerciais - fôrma de madeira"},{"$nulls":5},{"$f":"(SUMIF('MODULO MINIMO'!D:D,B65,'MODULO MINIMO'!J:J))*0.8","v":3200}]
["","D - ATIVIDADES AUXILIARES",null,"Quantidade","Unidade"]
["",1107892," Concreto fck = 20 MPa - confecção em betoneira e lançamento manual - areia e brita comerciais",4.2000000000000003E-2,"m³"]
["",2003842,"Enchimento de junta de concreto com argamassa asfáltica de densidade 1.700 kg/m³ - espessura de 1 cm",5.9499999999999997E-2,"kg"]
["",4805750,"Escavação manual em material de 1ª categoria na profundidade de até 1 m",0.03,"m³"]
["",3103302," Fôrmas de tábuas de pinho para dispositivos de drenagem - utilização de 3 vezes - confecção, instalação e retirada",8.6699999999999999E-2,"m²"]
[""]
["","F - MOMENTO DE TRANSPORTE",null,"Quantidade","Unidade","CÓDIGO TRANSPORTE"]
["",{"$nulls":4},"LN","RP","P","TIPO (P, RP ou LN)","DMT ESTIMADA (km)","QUANTITATIVO TOTAL DE TRANSPORTE (tkm)"]
[""]
[]
[null,"TIPO (P, RP ou LN)","DMT ESTIMADA (DISTRIBUIÇÃO DO ITEM NA PISTA"]
[null,"LN",1]
[]
[null,"COMPOSIÇÕES PRINCIPAIS"]
[null,"SISTEMA DE CUSTOS REFERENCIAIS DE OBRAS - SICRO"]
[null,"Custo Unitário de Referência",null,null,{"$f":"$C$6","v":"2025-04-01"},null,null,null,"Quantitativo",null,"m²"]
[null,{"$f":"'MODULO MINIMO'!$D$22","v":4915637},{"$f":"VLOOKUP(B82,'SINTÉTICO SICRO'!$A$4:$D$1048576,2,0)","v":"Capa selante - areia comercial"},{"$nulls":5},{"$f":"(SUMIF('MODULO MINIMO'!D:D,B82,'MODULO MINIMO'!J:J)*0.1)","v":1400}]
[null,"F - MOMENTO DE TRANSPORTE",null,"Quantidade","Unidade","CÓDIGO TRANSPORTE"]
[{"$nulls":5},"LN","RP","P","TIPO (P, RP ou LN)","DMT ESTIMADA (km)","QUANTITATIVO TOTAL DE TRANSPORTE (tkm)"]
[{"$f":"IF(I85=\"P\",H85,IF(I85=\"RP\",G85,IF(I85=\"LN\",F85,\"\")))","v":5914314},"M0028","Areia média - Caminhão Basculante com capacidade de 6m³",4.3499999999999997E-3,"tkm",5914314,5914329,5914344,{"$f":"$B$77","v":"LN"},0,{"$f":"IF(ISBLANK(J85),\"\",J85*D85)*I82","v":0}]
[{"$f":"IF(I86=\"P\",H86,IF(I86=\"RP\",G86,IF(I86=\"LN\",F86,\"\")))","v":""}]
["","Obs."]
[null,"SISTEMA DE CUSTOS REFERENCIAIS DE OBRAS - SICRO"]
[null,"Custo Unitário de Referência",null,null,{"$f":"$C$6","v":"2025-04-01"},null,null,null,"Quantitativo",null,"m²"]
[null,{"$f":"'MODULO MINIMO'!$D$23","v":4011370},{"$f":"VLOOKUP(B90,'SINTÉTICO SICRO'!$A$4:$D$1048576,2,0)","v":"Tratamento superficial duplo com emulsão - brita comercial"},{"$nulls":5},{"$f":"(SUMIF('MODULO MINIMO'!D:D,B90,'MODULO MINIMO'!J:J))*0.1","v":1400}]
[null,"F - MOMENTO DE TRANSPORTE",null,"Quantidade","Unidade","CÓDIGO TRANSPORTE"]
[{"$nulls":5},"LN","RP","P","TIPO (P, RP ou LN)","DMT ESTIMADA (km)","QUANTITATIVO TOTAL DE TRANSPORTE (tkm)"]
[{"$f":"IF(I93=\"P\",H93,IF(I93=\"RP\",G93,IF(I93=\"LN\",F93,\"\")))","v":5914359},"M005","Brita 0 - Caminhão basculante com capacidade de 10 m³ - 188 Kw",1.0999999999999999E-2,"tkm",5914359,5914374,5914389,"LN",0,{"$f":"IF(ISBLANK(J93),\"\",J93*D93)*I90","v":0}]
[{"$f":"IF(I94=\"P\",H94,IF(I94=\"RP\",G94,IF(I94=\"LN\",F94,\"\")))","v":5914359},"M0191","Brita 1 - Caminhão basculante com capacidade de 10 m³ - 188 kW",2.2499999999999999E-2,"tkm",5914359,5914374,5914389,{"$f":"$B$77","v":"LN"},0,{"$f":"IF(ISBLANK(J94),\"\",J94*D94)*I90","v":0}]
[{"$f":"IF(I95=\"P\",H95,IF(I95=\"RP\",G95,IF(I95=\"LN\",F95,\"\")))","v":""}]
[]
[null,"SISTEMA DE CUSTOS REFERENCIAIS DE OBRAS - SICRO"]
[null,"Custo Unitário de Referência",null,null,{"$f":"$C$6","v":"2025-04-01"},null,null,null,"Quantitativo",null,"un"]
[null,{"$f":"'MODULO MINIMO'!$D$25","v":4011219},{"$f":"VLOOKUP(B99,'SINTÉTICO SICRO'!$A$4:$D$1048576,2,0)","v":"Base de solo estabilizado granulometricamente sem mistura com material de jazida - 100% Proctor modificado"},{"$nulls":5},{"$f":"(SUMIF('MODULO MINIMO'!D:D,B99,'MODULO MINIMO'!J:J))*0","v":0}]
[null,"D - ATIVIDADES AUXILIARES",null,"Quantidade","Unidade"]
[null,"4016096","Escavação e carga de material de jazida com escavadeira hidráulica de 1,56 m³",1.1002700000000001,"m³"]
[]
[null,"F - MOMENTO DE TRANSPORTE",null,"Quantidade","Unidade","CÓDIGO TRANSPORTE"]
[{"$nulls":5},"LN","RP","P","TIPO (P, RP ou LN)","DMT ESTIMADA (km)","QUANTITATIVO TOTAL DE TRANSPORTE (tkm)"]
[{"$f":"IF(I105=\"P\",H105,IF(I105=\"RP\",G105,IF(I105=\"LN\",F105,\"\")))","v":5914359},"4016096","Escavação e carga de material de jazida com escavadeira hidráulica de 1,56 m³ - Caminhão basculante 10 m³",2.0630099999999998,"tkm",5914359,5914374,5914389,"LN",10,{"$f":"IF(ISBLANK(J105),\"\",J105*D105)*I99","v":0}]
[]
[]
[]
[null,"SISTEMA DE CUSTOS REFERENCIAIS DE OBRAS - SICRO"]
[null,"Custo Unitário de Referência",null,null,{"$f":"$C$6","v":"2025-04-01"},null,null,null,"Quantitativo",null,"un"]
[null,{"$f":"'MODULO MINIMO'!$D$26","v":4011227},{"$f":"VLOOKUP(B111,'SINTÉTICO SICRO'!$A$4:$D$1048576,2,0)","v":"Sub-base de solo estabilizado granulometricamente sem mistura com material de jazida - 100% Proctor intermediário"},{"$nulls":5},{"$f":"(SUMIF('MODULO MINIMO'!D:D,B111,'MODULO MINIMO'!J:J))*0","v":0}]
[null,"D - ATIVIDADES AUXILIARES",null,"Quantidade","Unidade"]
[null,"4016096","Escavação e carga de material de jazida com escavadeira hidráulica de 1,56 m³",1.1002700000000001,"m³"]
[]
[null,"F - MOMENTO DE TRANSPORTE",null,"Quantidade","Unidade","CÓDIGO TRANSPORTE"]
[{"$nulls":5},"LN","RP","P","TIPO (P, RP ou LN)","DMT ESTIMADA (km)","QUANTITATIVO TOTAL DE TRANSPORTE (tkm)"]
[{"$f":"IF(I117=\"P\",H117,IF(I117=\"RP\",G117,IF(I117=\"LN\",F117,\"\")))","v":5914359},"4016096","Escavação e carga de material de jazida com escavadeira hidráulica de 1,56 m³ - Caminhão basculante 10 m³",2.0630099999999998,"tkm",5914359,5914374,5914389,"LN",10,{"$f":"IF(ISBLANK(J117),\"\",J117*D117)*I111","v":0}]
[]
[]
[]
[{"$f":"IF(I121=\"P\",H121,IF(I121=\"RP\",G121,IF(I121=\"LN\",F121,\"\")))","v":""},"SISTEMA DE CUSTOS REFERENCIAIS DE OBRAS - SICRO"]
["","Custo Unitário de Referência",null,null,{"$f":"$C$6","v":"2025-04-01"},null,null,null,"Quantitativo",null,"m"]
["",{"$f":"'MODULO MINIMO'!$D$39","v":2003373},{"$f":"VLOOKUP(B123,'SINTÉTICO SICRO'!$A$4:$D$1048576,2,0)","v":"Meio-fio de concreto - MFC 03 - areia e brita comerciais - fôrma de madeira"},{"$nulls":5},{"$f":"(SUMIF('MODULO MINIMO'!D:D,B123,'MODULO MINIMO'!J:J))*0.1","v":400}]
["","D - ATIVIDADES AUXILIARES",null,"Quantidade","Unidade"]
["",1107892," Concreto fck = 20 MPa - confecção em betoneira e lançamento manual - areia e brita comerciais",4.2000000000000003E-2,"m³"]
["",2003842,"Enchimento de junta de concreto com argamassa asfáltica de densidade 1.700 kg/m³ - espessura de 1 cm",5.9499999999999997E-2,"kg"]
["",4805750,"Escavação manual em material de 1ª categoria na profundidade de até 1 m",0.03,"m³"]
["",3103302," Fôrmas de tábuas de pinho para dispositivos de drenagem - utilização de 3 vezes - confecção, instalação e retirada",8.6699999999999999E-2,"m²"]
[""]
["","F - MOMENTO DE TRANSPORTE",null,"Quantidade","Unidade","CÓDIGO TRANSPORTE"]
["",{"$nulls":4},"LN","RP","P","TIPO (P, RP ou LN)","DMT ESTIMADA (km)","QUANTITATIVO TOTAL DE TRANSPORTE (tkm)"]
[""]
[null,"TIPO (P, RP ou LN)","DMT ESTIMADA (DISTRIBUIÇÃO DO ITEM NA PISTA"]
[null,"RP",1]
[]
[null,"COMPOSIÇÕES PRINCIPAIS"]
[null,"SISTEMA DE CUSTOS REFERENCIAIS DE OBRAS - SICRO"]
[null,"Custo Unitário de Referência",null,null,{"$f":"$C$6","v":"2025-04-01"},null,null,null,"Quantitativo",null,"m²"]
[null,{"$f":"'MODULO MINIMO'!$D$22","v":4915637},{"$f":"VLOOKUP(B139,'SINTÉTICO SICRO'!$A$4:$D$1048576,2,0)","v":"Capa selante - areia comercial"},{"$nulls":5},{"$f":"(SUMIF('MODULO MINIMO'!D:D,B139,'MODULO MINIMO'!J:J))*0.8","v":11200}]
[null,"F - MOMENTO DE TRANSPORTE",null,"Quantidade","Unidade","CÓDIGO TRANSPORTE"]
[{"$nulls":5},"LN","RP","P","TIPO (P, RP ou LN)","DMT ESTIMADA (km)","QUANTITATIVO TOTAL DE TRANSPORTE (tkm)"]
[{"$f":"IF(I142=\"P\",H142,IF(I142=\"RP\",G142,IF(I142=\"LN\",F142,\"\")))","v":5914329},"M0028","Areia média - Caminhão Basculante com capacidade de 6m³",4.3499999999999997E-3,"tkm",5914314,5914329,5914344,{"$f":"$B$134","v":"RP"},0,{"$f":"IF(ISBLANK(J142),\"\",J142*D142)*I139","v":0}]
[{"$f":"IF(I143=\"P\",H143,IF(I143=\"RP\",G143,IF(I143=\"LN\",F143,\"\")))","v":""}]
["","Obs."]
[null,"SISTEMA DE CUSTOS REFERENCIAIS DE OBRAS - SICRO"]
[null,"Custo Unitário de Referência",null,null,{"$f":"$C$6","v":"2025-04-01"},null,null,null,"Quantitativo",null,"m²"]
[null,{"$f":"'MODULO MINIMO'!$D$23","v":4011370},{"$f":"VLOOKUP(B147,'SINTÉTICO SICRO'!$A$4:$D$1048576,2,0)","v":"Tratamento superficial duplo com emulsão - brita comercial"},{"$nulls":5},{"$f":"(SUMIF('MODULO MINIMO'!D:D,B147,'MODULO MINIMO'!J:J))*0.8","v":11200}]
[null,"F - MOMENTO DE TRANSPORTE",null,"Quantidade","Unidade","CÓDIGO TRANSPORTE"]
[{"$nulls":5},"LN","RP","P","TIPO (P, RP ou LN)","DMT ESTIMADA (km)","QUANTITATIVO TOTAL DE TRANSPORTE (tkm)"]
[{"$f":"IF(I150=\"P\",H150,IF(I150=\"RP\",G150,IF(I150=\"LN\",F150,\"\")))","v":5914374},"M005","Brita 0 - Caminhão basculante com capacidade de 10 m³ - 188 Kw",1.0999999999999999E-2,"tkm",5914359,5914374,5914389,{"$f":"$B$134","v":"RP"},0,{"$f":"IF(ISBLANK(J150),\"\",J150*D150)*I147","v":0}]
[{"$f":"IF(I151=\"P\",H151,IF(I151=\"RP\",G151,IF(I151=\"LN\",F151,\"\")))","v":5914374},"M0191","Brita 1 - Caminhão basculante com capacidade de 10 m³ - 188 kW",2.2499999999999999E-2,"tkm",5914359,5914374,5914389,"RP",0,{"$f":"IF(ISBLANK(J151),\"\",J151*D151)*I147","v":0}]
[{"$f":"IF(I152=\"P\",H152,IF(I152=\"RP\",G152,IF(I152=\"LN\",F152,\"\")))","v":""}]
[]
[{"$f":"IF(I154=\"P\",H154,IF(I154=\"RP\",G154,IF(I154=\"LN\",F154,\"\")))","v":""}]
["","SISTEMA DE CUSTOS REFERENCIAIS DE OBRAS - SICRO"]
["","Custo Unitário de Referência",null,null,{"$f":"$C$6","v":"2025-04-01"},null,null,null,"Quantitativo",null,"un"]
["",{"$f":"'MODULO MINIMO'!$D$25","v":4011219},{"$f":"VLOOKUP(B157,'SINTÉTICO SICRO'!$A$4:$D$1048576,2,0)","v":"Base de solo estabilizado granulometricamente sem mistura com material de jazida - 100% Proctor modificado"},{"$nulls":5},{"$f":"(SUMIF('MODULO MINIMO'!D:D,B157,'MODULO MINIMO'!J:J))","v":2100}]
["","D - ATIVIDADES AUXILIARES",null,"Quantidade","Unidade"]
["",4016096,"Escavação e carga de material de jazida com escavadeira hidráulica de 1,56 m³",1,"m³"]
[""]
["","F - MOMENTO DE TRANSPORTE",null,"Quantidade","Unidade","CÓDIGO TRANSPORTE"]
["",{"$nulls":4},"LN","RP","P","TIPO (P, RP ou LN)","DMT ESTIMADA (km)","QUANTITATIVO TOTAL DE TRANSPORTE (tkm)"]
[5914374,4016096,"Escavação e carga de material de jazida com escavadeira hidráulica de 1,56 m³ - Caminhão basculante com capacidade de 10 m³ - 188 kW",2.0630000000000002,"tkm",5914359,5914374,5914389,{"$f":"$B$134","v":"RP"},10,{"$f":"IF(ISBLANK(J163),\"\",J163*D163)*I157","v":43323.000000000007}]
[""]
["","Obs."]
[""]
["","SISTEMA DE CUSTOS REFERENCIAIS DE OBRAS - SICRO"]
["","Custo Unitário de Referência",null,null,{"$f":"$C$6","v":"2025-04-01"},null,null,null,"Quantitativo",null,"un"]
["",{"$f":"'MODULO MINIMO'!$D$26","v":4011227},{"$f":"VLOOKUP(B169,'SINTÉTICO SICRO'!$A$4:$D$1048576,2,0)","v":"Sub-base de solo estabilizado granulometricamente sem mistura com material de jazida - 100% Proctor intermediário"},{"$nulls":5},{"$f":"(SUMIF('MODULO MINIMO'!D:D,B169,'MODULO MINIMO'!J:J))","v":2100}]
["","D - ATIVIDADES AUXILIARES",null,"Quantidade","Unidade"]
["",4016096,"Escavação e carga de material de jazida com escavadeira hidráulica de 1,56 m³",1,"m³"]
[""]
["","F - MOMENTO DE TRANSPORTE",null,"Quantidade","Unidade","CÓDIGO TRANSPORTE"]
["",{"$nulls":4},"LN","RP","P","TIPO (P, RP ou LN)","DMT ESTIMADA (km)","QUANTITATIVO TOTAL DE TRANSPORTE (tkm)"]
[5914374,4016096,"scavação e carga de material de jazida com escavadeira hidráulica de 1,56 m³ - Caminhão basculante com capacidade de 10 m³ - 188 kW",2.0630000000000002,"tkm",5914359,5914374,5914389,{"$f":"$B$134","v":"RP"},10,{"$f":"IF(ISBLANK(J175),\"\",J175*D175)*I169","v":43323.000000000007}]
[""]
["","Obs."]
[""]
["","SISTEMA DE CUSTOS REFERENCIAIS DE OBRAS - SICRO"]
["","Custo Unitário de Referência",null,null,{"$f":"$C$6","v":"2025-04-01"},null,null,null,"Quantitativo",null,"m"]
["",{"$f":"'MODULO MINIMO'!$D$39","v":2003373},{"$f":"VLOOKUP(B181,'SINTÉTICO SICRO'!$A$4:$D$1048576,2,0)","v":"Meio-fio de concreto - MFC 03 - areia e brita comerciais - fôrma de madeira"},{"$nulls":5},{"$f":"(SUMIF('MODULO MINIMO'!D:D,B181,'MODULO MINIMO'!J:J))*0.1","v":400}]
["","D - ATIVIDADES AUXILIARES",null,"Quantidade","Unidade"]
["",1107892," Concreto fck = 20 MPa - confecção em betoneira e lançamento manual - areia e brita comerciais",4.2000000000000003E-2,"m³"]
["",2003842,"Enchimento de junta de concreto com argamassa asfáltica de densidade 1.700 kg/m³ - espessura de 1 cm",5.9499999999999997E-2,"kg"]
["",4805750,"Escavação manual em material de 1ª categoria na profundidade de até 1 m",0.03,"m³"]
["",3103302," Fôrmas de tábuas de pinho para dispositivos de drenagem - utilização de 3 vezes - confecção, instalação e retirada",8.6699999999999999E-2,"m²"]
[""]
["","F - MOMENTO DE TRANSPORTE",null,"Quantidade","Unidade","CÓDIGO TRANSPORTE"]
["",{"$nulls":4},"LN","RP","P","TIPO (P, RP ou LN)","DMT ESTIMADA (km)","QUANTITATIVO TOTAL DE TRANSPORTE (tkm)"]
[""]

{"sheet":"MOMENTO DE TRANSPORTE - AUX","index":19,"n_rows":129,"n_cols":11,"rows_kept":129,"cut":false,"hidden":false,"merged":[[125,5,125,7],[113,5,113,7],[118,2,118,7],[118,9,118,10],[119,1,120,2],[119,3,120,3],[119,4,120,4],[119,5,119,7],[104,5,104,7],[109,2,109,7],[109,9,109,10],[110,1,111,2],[110,3,111,3],[110,4,111,4],[110,5,110,7],[96,2,96,7],[96,9,96,10],[97,1,98,2],[97,3,98,3],[97,4,98,4],[97,5,97,7],[88,5,88,7],[76,5,76,7],[81,2,81,7],[81,9,81,10],[82,1,83,2],[82,3,83,3],[82,4,83,4],[82,5,82,7],[67,5,67,7],[72,2,72,7],[72,9,72,10],[73,1,74,2],[73,3,74,3],[73,4,74,4],[73,5,73,7],[59,2,59,7],[59,9,59,10],[60,1,61,2],[60,3,61,3],[60,4,61,4],[60,5,60,7],[4,1,4,10],[50,5,50,7],[43,2,43,7],[43,9,43,10],[44,1,45,2],[44,3,45,3],[44,4,45,4],[44,5,44,7],[38,5,38,7],[21,9,21,10],[22,1,23,2],[22,3,23,3],[22,4,23,4],[22,5,22,7],[21,2,21,7],[29,5,29,7],[34,2,34,7],[34,9,34,10],[35,1,36,2],[35,3,36,3],[35,4,36,4],[35,5,35,7]]}
[]
[]
[]
[]
[null,{"$f":"'MODULO MINIMO'!B1","v":"EXECUÇÃO DE SERVIÇOS DE PAVIMENTAÇÃO COM TRATAMENTO SUPERFICIAL DUPLO EM VIAS DE MUNICÍPIOS DIVERSOS INSERIDOS NA ÁREA DE ATUAÇÃO DA CODEVASF, NO ESTADO MARANHÃO"}]
[null,"DATA BASE:",{"$f":"'MODULO MINIMO'!$P$2","v":"2025-04-01"}]
[]
[null,null,"RESUMO DO TRANSPORTE AUXILIAR"]
[null,"CODIGO ","DESCRIÇÃO","TKM"]
[null,5914359,{"$f":"VLOOKUP(B10,'SINTÉTICO SICRO'!$A:$D,2,0)","v":"Transporte com caminhão basculante de 10 m³ - rodovia em leito natural"},{"$f":"ROUND(SUMIF($A:$A,B10,$K:$K),2)","v":0}]
[null,5914374,{"$f":"VLOOKUP(B11,'SINTÉTICO SICRO'!$A:$D,2,0)","v":"Transporte com caminhão basculante de 10 m³ - rodovia em revestimento primário"},0]
[null,5914389,{"$f":"VLOOKUP(B12,'SINTÉTICO SICRO'!$A:$D,2,0)","v":"Transporte com caminhão basculante de 10 m³ - rodovia pavimentada"},0]
[null,5914449,{"$f":"VLOOKUP(B13,'SINTÉTICO SICRO'!$A:$D,2,0)","v":"Transporte com caminhão carroceria de 15 t - rodovia em leito natural"},0]
[null,5914464,{"$f":"VLOOKUP(B14,'SINTÉTICO SICRO'!$A:$D,2,0)","v":"Transporte com caminhão carroceria de 15 t - rodovia em revestimento primário"},0]
[null,5914479,{"$f":"VLOOKUP(B15,'SINTÉTICO SICRO'!$A:$D,2,0)","v":"Transporte com caminhão carroceria de 15 t - rodovia pavimentada"},0]
[]
[null,"TIPO (P, RP ou LN)","DMT ATÉ 50 KM NÃO DEVE SER PAGA","DMT ACIMA DE 50 KM"]
[null,{"$f":"'MOMENTO DE TRANSPORTE - PRINC'!B18","v":"P"},0,0]
[]
["","SISTEMA DE CUSTOS REFERENCIAIS DE OBRAS - SICRO",{"$nulls":6},"Quantitivo"]
["","Custo Unitário de Referência",null,null,{"$f":"$C$6","v":"2025-04-01"},null,null,null,"(Coeficiente na composição principal) x (quantidade da principal no orçamento)",null,"m³"]
["",1107892,"Concreto fck = 20 MPa - confecção em betoneira e lançamento manual - areia e brita comerciais",{"$nulls":5},{"$f":"('MOMENTO DE TRANSPORTE - PRINC'!D67*VLOOKUP(C31,'MODULO MINIMO'!D:S,7,FALSE))*0.8","v":134.4}]
["","F - MOMENTO DE TRANSPORTE",null,"Quantidade","Unidade","DMT"]
["",{"$nulls":4},"LN","RP","P","TIPO (P, RP ou LN)","DMT ESTIMADA (km)","QUANTITATIVO TOTAL DE TRANSPORTE DE MATERIAL (tkm)"]
[{"$f":"IF(I25=\"P\",H25,IF(I25=\"RP\",G25,IF(I25=\"LN\",F25,\"\")))","v":5914479},"M0030","Aditivo plastificante e retardador de pega para concreto e argamassa - Caminhão carroceria 15 t",8.4999999999999995E-4,"tkm",5914449,5914464,5914479,{"$f":"$B$18","v":"P"},{"$f":"$D$18","v":0},{"$f":"IF(ISBLANK(J25),\"\",J25*(D25*$I$22))","v":0}]
[{"$f":"IF(I26=\"P\",H26,IF(I26=\"RP\",G26,IF(I26=\"LN\",F26,\"\")))","v":5914389},"M0082","Areia média lavada - Caminhão basculante 10 m³",0.95001000000000002,"tkm",5914359,5914374,5914389,{"$f":"$B$18","v":"P"},{"$f":"$D$18","v":0},{"$f":"IF(ISBLANK(J26),\"\",J26*(D26*$I$22))","v":0}]
[5914389,"M0191","Brita 1 - Caminhão basculante 10 m³",0.55130999999999997,"tkm",5914359,5914374,5914389,"P",0,0]
[5914389,"M0192","Brita 2 - Caminhão basculante 10 m³",0.55130999999999997,"tkm",5914359,5914374,5914389,"P",0,0]
[5914479,"M0424","Cimento Portland CP II - 32 - saco - Caminhão carroceria 15 t",0.28215000000000001,"tkm",5914449,5914464,5914479,"P",0,0]
[""]
["","PRINCIPAL:",2003373]
[""]
["","SISTEMA DE CUSTOS REFERENCIAIS DE OBRAS - SICRO",{"$nulls":6},"Quantitivo"]
["","Custo Unitário de Referência",null,null,{"$f":"$C$6","v":"2025-04-01"},null,null,null,"(Coeficiente na composição principal) x (quantidade da principal no orçamento)",null,"kg"]
["",2003842,"Enchimento de junta de concreto com argamassa asfáltica de densidade 1.700 kg/m³ - espessura de 1 cm",{"$nulls":5},{"$f":"('MOMENTO DE TRANSPORTE - PRINC'!D68*VLOOKUP(C40,'MODULO MINIMO'!D:S,7,FALSE))*0.8","v":190.4}]
["","F - MOMENTO DE TRANSPORTE",null,"Quantidade","Unidade","DMT"]
["",{"$nulls":4},"LN","RP","P","TIPO (P, RP ou LN)","DMT ESTIMADA (km)","QUANTITATIVO TOTAL DE TRANSPORTE DE MATERIAL (tkm)"]
[5914479,"M2158","Argamassa asfáltica - Caminhão carroceria com capacidade de 15 t - 188 Kw",1E-3,"tkm",5914449,5914464,5914479,{"$f":"$B$18","v":"P"},{"$f":"$D$18","v":0},{"$f":"IF(ISBLANK(J38),\"\",J38*(D38*$I$35))","v":0}]
[""]
["","PRINCIPAL:",2003373]
[""]
["","SISTEMA DE CUSTOS REFERENCIAIS DE OBRAS - SICRO",{"$nulls":6},"Quantitivo"]
["","Custo Unitário de Referência",null,null,{"$f":"$C$6","v":"2025-04-01"},null,null,null,"(Coeficiente na composição principal) x (quantidade da principal no orçamento)",null,"m²"]
["",3103302,"Fôrmas de tábuas de pinho para dispositivos de drenagem - utilização de 3 vezes - confecção, instalação e retirada",{"$nulls":5},{"$f":"('MOMENTO DE TRANSPORTE - PRINC'!D70*VLOOKUP(C52,'MODULO MINIMO'!D:S,7,FALSE))*0.8","v":277.44}]
["","F - MOMENTO DE TRANSPORTE",null,"Quantidade","Unidade","DMT"]
["",{"$nulls":4},"LN","RP","P","TIPO (P, RP ou LN)","DMT ESTIMADA (km)","QUANTITATIVO TOTAL DE TRANSPORTE DE MATERIAL (tkm)"]
[5914479,"M0560","Desmoldante para fôrmas de madeira - Caminhão carroceria com capacidade de 15 t - 188 Kw",2.0000000000000002E-5,"tkm",5914449,5914464,5914479,{"$f":"$B$18","v":"P"},{"$f":"$D$18","v":0},{"$f":"IF(ISBLANK(J47),\"\",J47*(D47*$I$44))","v":0}]
[5914479,"M1205"," Prego de ferro - Caminhão carroceria com capacidade de 15 t - 188 kW",3.0000000000000001E-5,"tkm",5914449,5914464,5914479,"P",0,{"$f":"IF(ISBLANK(J48),\"\",J48*(D48*$I$44))","v":0}]
[5914479,"M0290","Tábua - E = 2,5 cm e L = 10 cm - Caminhão carroceria com capacidade de 15 t - 188 kW",3.0400000000000002E-3,"tkm",5914449,5914464,5914479,"P",0,0]
[5914479,"M1429"," Tábua de pinho de terceira - E = 2,5 cm - Caminhão carroceria com capacidade de 15 t - 188 kW",1.0109999999999999E-2,"tkm",5914449,5914464,5914479,"P",0,0]
[""]
["","PRINCIPAL:",2003373]
[""]
[""]
[null,"TIPO (P, RP ou LN)","DMT ATÉ 50 KM NÃO DEVE SER PAGA","DMT ACIMA DE 50 KM"]
[null,"LN",0,0]
[]
["","SISTEMA DE CUSTOS REFERENCIAIS DE OBRAS - SICRO",{"$nulls":6},"Quantitivo"]
["","Custo Unitário de Referência",null,null,{"$f":"$C$6","v":"2025-04-01"},null,null,null,"(Coeficiente na composição principal) x (quantidade da principal no orçamento)",null,"m³"]
["",1107892,"Concreto fck = 20 MPa - confecção em betoneira e lançamento manual - areia e brita comerciais",{"$nulls":5},{"$f":"('MOMENTO DE TRANSPORTE - PRINC'!D67*VLOOKUP(C69,'MODULO MINIMO'!D:S,7,FALSE))*0.1","v":16.8}]
["","F - MOMENTO DE TRANSPORTE",null,"Quantidade","Unidade","DMT"]
["",{"$nulls":4},"LN","RP","P","TIPO (P, RP ou LN)","DMT ESTIMADA (km)","QUANTITATIVO TOTAL DE TRANSPORTE DE MATERIAL (tkm)"]
[{"$f":"IF(I63=\"P\",H63,IF(I63=\"RP\",G63,IF(I63=\"LN\",F63,\"\")))","v":5914449},"M0030","Aditivo plastificante e retardador de pega para concreto e argamassa - Caminhão carroceria 15 t",8.4999999999999995E-4,"tkm",5914449,5914464,5914479,{"$f":"$B$56","v":"LN"},{"$f":"$D$56","v":0},{"$f":"IF(ISBLANK(J63),\"\",J63*(D63*$I$60))","v":0}]
[{"$f":"IF(I64=\"P\",H64,IF(I64=\"RP\",G64,IF(I64=\"LN\",F64,\"\")))","v":5914359},"M0082","Areia média lavada - Caminhão basculante 10 m³",0.95001000000000002,"tkm",5914359,5914374,5914389,{"$f":"$B$56","v":"LN"},{"$f":"$D$56","v":0},{"$f":"IF(ISBLANK(J64),\"\",J64*(D64*$I$60))","v":0}]
[5914359,"M0191","Brita 1 - Caminhão basculante 10 m³",0.55130999999999997,"tkm",5914359,5914374,5914389,"LN",0,0]
[5914359,"M0192","Brita 2 - Caminhão basculante 10 m³",0.55130999999999997,"tkm",5914359,5914374,5914389,"LN",0,0]
[5914449,"M0424","Cimento Portland CP II - 32 - saco - Caminhão carroceria 15 t",0.28215000000000001,"tkm",5914449,5914464,5914479,"LN",0,0]
[""]
["","PRINCIPAL:",2003373]
[""]
["","SISTEMA DE CUSTOS REFERENCIAIS DE OBRAS - SICRO",{"$nulls":6},"Quantitivo"]
["","Custo Unitário de Referência",null,null,{"$f":"$C$6","v":"2025-04-01"},null,null,null,"(Coeficiente na composição principal) x (quantidade da principal no orçamento)",null,"kg"]
["",2003842,"Enchimento de junta de concreto com argamassa asfáltica de densidade 1.700 kg/m³ - espessura de 1 cm",{"$nulls":5},{"$f":"('MOMENTO DE TRANSPORTE - PRINC'!D68*VLOOKUP(C78,'MODULO MINIMO'!D:S,7,FALSE))*0.1","v":23.8}]
["","F - MOMENTO DE TRANSPORTE",null,"Quantidade","Unidade","DMT"]
["",{"$nulls":4},"LN","RP","P","TIPO (P, RP ou LN)","DMT ESTIMADA (km)","QUANTITATIVO TOTAL DE TRANSPORTE DE MATERIAL (tkm)"]
[5914449,"M2158","Argamassa asfáltica - Caminhão carroceria com capacidade de 15 t - 188 Kw",1E-3,"tkm",5914449,5914464,5914479,{"$f":"$B$56","v":"LN"},{"$f":"$D$56","v":0},{"$f":"IF(ISBLANK(J76),\"\",J76*(D76*$I$73))","v":0}]
[""]
["","PRINCIPAL:",2003373]
[""]
["","SISTEMA DE CUSTOS REFERENCIAIS DE OBRAS - SICRO",{"$nulls":6},"Quantitivo"]
["","Custo Unitário de Referência",null,null,{"$f":"$C$6","v":"2025-04-01"},null,null,null,"(Coeficiente na composição principal) x (quantidade da principal no orçamento)",null,"m²"]
["",3103302,"Fôrmas de tábuas de pinho para dispositivos de drenagem - utilização de 3 vezes - confecção, instalação e retirada",{"$nulls":5},{"$f":"('MOMENTO DE TRANSPORTE - PRINC'!D70*VLOOKUP(C90,'MODULO MINIMO'!D:S,7,FALSE))*0.1","v":34.68}]
["","F - MOMENTO DE TRANSPORTE",null,"Quantidade","Unidade","DMT"]
["",{"$nulls":4},"LN","RP","P","TIPO (P, RP ou LN)","DMT ESTIMADA (km)","QUANTITATIVO TOTAL DE TRANSPORTE DE MATERIAL (tkm)"]
[5914449,"M0560","Desmoldante para fôrmas de madeira - Caminhão carroceria com capacidade de 15 t - 188 Kw",2.0000000000000002E-5,"tkm",5914449,5914464,5914479,{"$f":"$B$56","v":"LN"},{"$f":"$D$56","v":0},{"$f":"IF(ISBLANK(J85),\"\",J85*(D85*$I$82))","v":0}]
[5914449,"M1205"," Prego de ferro - Caminhão carroceria com capacidade de 15 t - 188 kW",3.0000000000000001E-5,"tkm",5914449,5914464,5914479,"LN",0,{"$f":"IF(ISBLANK(J86),\"\",J86*(D86*$I$82))","v":0}]
[5914449,"M0290","Tábua - E = 2,5 cm e L = 10 cm - Caminhão carroceria com capacidade de 15 t - 188 kW",3.0400000000000002E-3,"tkm",5914449,5914464,5914479,"LN",0,0]
[5914449,"M1429"," Tábua de pinho de terceira - E = 2,5 cm - Caminhão carroceria com capacidade de 15 t - 188 kW",1.0109999999999999E-2,"tkm",5914449,5914464,5914479,"LN",0,0]
[""]
["","PRINCIPAL:",2003373]
[""]
[null,"TIPO (P, RP ou LN)","DMT ATÉ 50 KM NÃO DEVE SER PAGA","DMT ACIMA DE 50 KM"]
[null,"RP",0,0]
[]
["","SISTEMA DE CUSTOS REFERENCIAIS DE OBRAS - SICRO",{"$nulls":6},"Quantitivo"]
["","Custo Unitário de Referência",null,null,{"$f":"$C$6","v":"2025-04-01"},null,null,null,"(Coeficiente na composição principal) x (quantidade da principal no orçamento)",null,"m³"]
["",1107892,"Concreto fck = 20 MPa - confecção em betoneira e lançamento manual - areia e brita comerciais",{"$nulls":5},{"$f":"('MOMENTO DE TRANSPORTE - PRINC'!D67*VLOOKUP(C106,'MODULO MINIMO'!D:S,7,FALSE))*0.1","v":16.8}]
["","F - MOMENTO DE TRANSPORTE",null,"Quantidade","Unidade","DMT"]
["",{"$nulls":4},"LN","RP","P","TIPO (P, RP ou LN)","DMT ESTIMADA (km)","QUANTITATIVO TOTAL DE TRANSPORTE DE MATERIAL (tkm)"]
[{"$f":"IF(I100=\"P\",H100,IF(I100=\"RP\",G100,IF(I100=\"LN\",F100,\"\")))","v":5914464},"M0030","Aditivo plastificante e retardador de pega para concreto e argamassa - Caminhão carroceria 15 t",8.4999999999999995E-4,"tkm",5914449,5914464,5914479,{"$f":"$B$93","v":"RP"},{"$f":"$D$93","v":0},{"$f":"IF(ISBLANK(J100),\"\",J100*(D100*$I$97))","v":0}]
[{"$f":"IF(I101=\"P\",H101,IF(I101=\"RP\",G101,IF(I101=\"LN\",F101,\"\")))","v":5914374},"M0082","Areia média lavada - Caminhão basculante 10 m³",0.95001000000000002,"tkm",5914359,5914374,5914389,{"$f":"$B$93","v":"RP"},{"$f":"$D$93","v":0},{"$f":"IF(ISBLANK(J101),\"\",J101*(D101*$I$97))","v":0}]
[5914374,"M0191","Brita 1 - Caminhão basculante 10 m³",0.55130999999999997,"tkm",5914359,5914374,5914389,"RP",0,0]
[5914374,"M0192","Brita 2 - Caminhão basculante 10 m³",0.55130999999999997,"tkm",5914359,5914374,5914389,"RP",0,0]
[5914464,"M0424","Cimento Portland CP II - 32 - saco - Caminhão carroceria 15 t",0.28215000000000001,"tkm",5914449,5914464,5914479,"RP",0,0]
[""]
["","PRINCIPAL:",2003373]
[""]
["","SISTEMA DE CUSTOS REFERENCIAIS DE OBRAS - SICRO",{"$nulls":6},"Quantitivo"]
["","Custo Unitário de Referência",null,null,{"$f":"$C$6","v":"2025-04-01"},null,null,null,"(Coeficiente na composição principal) x (quantidade da principal no orçamento)",null,"kg"]
["",2003842,"Enchimento de junta de concreto com argamassa asfáltica de densidade 1.700 kg/m³ - espessura de 1 cm",{"$nulls":5},{"$f":"('MOMENTO DE TRANSPORTE - PRINC'!D68*VLOOKUP(C115,'MODULO MINIMO'!D:S,7,FALSE))*0.1","v":23.8}]
["","F - MOMENTO DE TRANSPORTE",null,"Quantidade","Unidade","DMT"]
["",{"$nulls":4},"LN","RP","P","TIPO (P, RP ou LN)","DMT ESTIMADA (km)","QUANTITATIVO TOTAL DE TRANSPORTE DE MATERIAL (tkm)"]
[5914464,"M2158","Argamassa asfáltica - Caminhão carroceria com capacidade de 15 t - 188 Kw",1E-3,"tkm",5914449,5914464,5914479,{"$f":"$B$93","v":"RP"},{"$f":"$D$93","v":0},{"$f":"IF(ISBLANK(J113),\"\",J113*(D113*$I$110))","v":0}]
[""]
["","PRINCIPAL:",2003373]
[""]
["","SISTEMA DE CUSTOS REFERENCIAIS DE OBRAS - SICRO",{"$nulls":6},"Quantitivo"]
["","Custo Unitário de Referência",null,null,{"$f":"$C$6","v":"2025-04-01"},null,null,null,"(Coeficiente na composição principal) x (quantidade da principal no orçamento)",null,"m²"]
["",3103302,"Fôrmas de tábuas de pinho para dispositivos de drenagem - utilização de 3 vezes - confecção, instalação e retirada",{"$nulls":5},{"$f":"('MOMENTO DE TRANSPORTE - PRINC'!D70*VLOOKUP(C127,'MODULO MINIMO'!D:S,7,FALSE))*0.1","v":34.68}]
["","F - MOMENTO DE TRANSPORTE",null,"Quantidade","Unidade","DMT"]
["",{"$nulls":4},"LN","RP","P","TIPO (P, RP ou LN)","DMT ESTIMADA (km)","QUANTITATIVO TOTAL DE TRANSPORTE DE MATERIAL (tkm)"]
[5914464,"M0560","Desmoldante para fôrmas de madeira - Caminhão carroceria com capacidade de 15 t - 188 Kw",2.0000000000000002E-5,"tkm",5914449,5914464,5914479,{"$f":"$B$93","v":"RP"},{"$f":"$D$93","v":0},{"$f":"IF(ISBLANK(J122),\"\",J122*(D122*$I$119))","v":0}]
[5914464,"M1205"," Prego de ferro - Caminhão carroceria com capacidade de 15 t - 188 kW",3.0000000000000001E-5,"tkm",5914449,5914464,5914479,"RP",0,{"$f":"IF(ISBLANK(J123),\"\",J123*(D123*$I$119))","v":0}]
[5914464,"M0290","Tábua - E = 2,5 cm e L = 10 cm - Caminhão carroceria com capacidade de 15 t - 188 kW",3.0400000000000002E-3,"tkm",5914449,5914464,5914479,"RP",0,0]
[5914464,"M1429"," Tábua de pinho de terceira - E = 2,5 cm - Caminhão carroceria com capacidade de 15 t - 188 kW",1.0109999999999999E-2,"tkm",5914449,5914464,5914479,"RP",0,0]
[""]
["","PRINCIPAL:",2003373]
[""]
[""]

{"sheet":"Memória de Cálculo","index":20,"n_rows":160,"n_cols":9,"rows_kept":160,"cut":false,"hidden":false,"merged":[[6,1,6,4],[11,1,11,4],[47,1,47,5],[28,1,28,4],[33,1,33,4],[40,1,40,4],[164,0,164,4],[16,1,16,4],[21,1,21,4],[83,1,83,4],[64,1,64,5],[70,1,70,4],[76,1,76,4],[53,1,53,7],[111,1,111,4],[59,1,59,4],[88,1,88,4]]}
["Extensão","=",2000,"m",null,"QUANTIDADE DE MODULOS",1]
["Largura","=",7,"m"]
[]
["Extensão","=",2,"km"]
[]
[null,"MOBUILIZAÇÃO"]
[1,"Implantação da obra"]
[]
[null,"Módulos(un)",null,"Módulos(un)"]
[null,{"$f":"G1","v":1},"=",{"$f":"B10","v":1}]
[]
[2,"Administração da obra"]
[]
[null,"Módulos(un)",null,"Meses (mês)"]
[null,{"$f":"G1","v":1},"=",{"$f":"B15","v":1}]
[]
[3,"Canteiro de Obras e Almoxarifado"]
[]
[null,"Módulos(un)",null,"Meses (mês)"]
[null,{"$f":"G1","v":1},"=",{"$f":"B20","v":1}]
[]
[4,"Placa de Obra em Chapa de Aço Galvanizado"]
[]
[null,"Módulos(un)","Comprimento(m)","Largura (m)",null,null,null,"Total de Area de placa (m²)"]
[null,{"$f":"G1","v":1},2,4,null,null,null,{"$f":"C25*D25*B25","v":8}]
[]
[null,"TERRAPLENAGEM"]
[]
[5,"serviços topográficos para pavimentação, inclusive notas de serviços, acompanhamento e greide"]
[]
[null,"Extensão (m)",null,"Largura (m)",null,null,null,"area (m2)"]
[null,{"$f":"C1*$G$1","v":2000},"x",{"$f":"$C$2","v":7},null,null,"=",{"$f":"B32*D32","v":14000}]
[]
[6,"Escavação, carga e transporte de material de 1ª categoria - DMT de 1.000 a 1.200 m - caminho de serviço em leito natural - com escavadeira e caminhão basculante de 14 m³"]
[]
[null,"Extensão (m)",null,"Largura (m)",null,"Espessura (m)",null,"Volume (m3)"]
[null,{"$f":"C1*$G$1","v":2000},"x",{"$f":"$C$2","v":7},"x",0.32500000000000001,"=",{"$f":"B37*D37*F37","v":4550}]
[]
[]
[]
[7,"Espalhamento de material em bota-fora"]
[]
[null,"Extensão (m)",null,"Largura (m)",null,"Espessura (m)",null,"Volume (m3)"]
[null,{"$f":"C1*$G$1","v":2000},"x",{"$f":"$C$2","v":7},"x",0.32500000000000001,"=",{"$f":"B44*D44*F44","v":4550}]
[]
[null,"PAVIMENTAÇÃO"]
[]
[8,"Capa Selante"]
[]
[null,"Extensão (m)","Largura (m)",{"$nulls":4},"area (m2)"]
[null,{"$f":"$C$1*G1","v":2000},{"$f":"$C$2","v":7},null,null,null,"=",{"$f":"B51*C51","v":14000}]
[]
[]
[9,"Tratamento Superficial Duplo com Emulsão - Brita Comercial"]
[]
[null,"Extensão (m)",null,"Largura (m)",null,null,null,"area (m2)"]
[null,{"$f":"$C$1*G1","v":2000},"x",{"$f":"$C$2","v":7},null,null,"=",{"$f":"B57*D57","v":14000}]
[]
[]
[10,"Imprimação com asfalto diluído"]
[]
[null,"Extensão (m)",null,"Largura (m)",null,null,null,"area (m2)"]
[null,{"$f":"$C$1*G1","v":2000},"x",{"$f":"$C$2","v":7},null,null,"=",{"$f":"B63*D63","v":14000}]
[]
[11,"Base estabilizada granulometricamente com mistura de solos na pista com material de jazida"]
[]
[null,"Extensão (m)",null,"Largura (m)",null,"Espessura (m)",null,"Volume (m3)"]
[null,{"$f":"C1*$G$1","v":2000},"x",{"$f":"$C$2","v":7},"x",0.15,"=",{"$f":"B68*D68*F68","v":2100}]
[]
[]
[12,"Sub-base de solo estabilizado granulometricamente sem mistura com material de jazida"]
[]
[null,"Extensão (m)",null,"Largura (m)",null,"Espessura (m)",null,"Volume (m3)"]
[null,{"$f":"C1*$G$1","v":2000},"x",{"$f":"$C$2","v":7},"x",0.15,"=",{"$f":"B74*D74*F74","v":2100}]
[]
[]
[13,"Regularização do subleito"]
[]
[null,"Extensão (m)",null,"Largura (m)",null,null,null,"area (m2)"]
[null,{"$f":"C1*$G$1","v":2000},"x",{"$f":"$C$2","v":7},null,null,"=",{"$f":"B80*D80","v":14000}]
[]
[null,"SINALIZAÇÃO"]
[]
[20,"Fornecimento e implantação de placa de regulamentação em aço D = 0,60 m - película retrorrefletiva tipo I + SI"]
[]
[null,"Extensão (km)",null,"Quant. (un)",null,null,null,"Quant. (un)"]
[null,{"$f":"$C$4*$G$1","v":2},"x",3,null,null,"=",{"$f":"B87*D87","v":6}]
[]
[20,"Fornecimento e implantação de placa de advertencia"]
[]
[null,"Extensão (km)",null,"Quant. (un)",null,null,null,"Quant. (un)"]
[null,{"$f":"$C$4*$G$1","v":2},"x",3,null,null,"=",{"$f":"B92*D92","v":6}]
[]
[]
[21,"Fornecimento e implantação de suporte metálico galvanizado para placa de regulamentação - D = 0,60 m"]
[]
[null,"Extensão (km)",null,"Quant. (un)",null,null,null,"Quant. (un)"]
[null,{"$f":"$C$4*$G$1","v":2},"x",0.5,null,null,"=",{"$f":"H87+H92","v":12}]
[]
[22,"Pintura de faixa com tinta acrílica - espessura de 0,4 mm (bordos)"]
[]
[null,"Extensão (m)",null,"Espessura (m)",null,null,null,"Quant. (m²)"]
[null,{"$f":"C1*G1","v":2000},"x",0.1,null,null,"=",{"$f":"B103*D103*2","v":400}]
[]
[null,"Pintura de faixa com tinta acrílica - espessura de 0,4 mm (faixa central)"]
[]
[{"$nulls":7},"Quant. (m²)"]
[{"$nulls":7},{"$f":"B103*D103*1","v":200}]
[]
[null,"SINALIZAÇÃO DE OBRAS"]
[]
[20,"Placa para sinalização de obras montada em cavalete metálico - 1,00 x 1,00 m - utilização de 600 ciclos - fornecimento, 01 implantação e 01 retirada diária"]
[]
[null,"Extensão (m)","Extensão (Km)","Placa","Dias",null,null,"Quant. (Un.DIA)"]
[null,{"$f":"C1*G1","v":2000},{"$f":"B115/1000","v":2},1,360,null,"=",{"$f":"D115*C115*E115","v":720}]
[]
[]
[21,"Placa de advertência para sinalização de obras montada em suporte metálico móvel, lado 1,00 m - utilização de 600 ciclos - fornecimento, 01 implantação e 01 retirada diária"]
[]
[null,"Extensão (m)","Extensão (Km)","Placa","Dias",null,null,"Quant. (Un.DIA)"]
[null,{"$f":"C1*G1","v":2000},{"$f":"B121/1000","v":2},1,360,null,"=",{"$f":"D121*C121*E121","v":720}]
[]
[22,"Cone plástico para canalização de trânsito - utilização de 150 ciclos - fornecimento, 01 implantação e 01 retirada diária"]
[null,"4 cones a cada 2km x 360 dias"]
[null,"Extensão (m)","Extensão (Km)","Cone","Dias",null,null,"Quant. (Un.DIA)"]
[null,{"$f":"C1*D10","v":2000},{"$f":"B126/1000","v":2},4,360,null,"=",{"$f":"((C126*D126)/2)*E126","v":1440}]
[]
[null,"DRENAGEM"]
[23,"Meio-fio de concreto - MFC 03 - areia e brita comerciais - fôrma de madeira"]
[]
[null,"Extensão (m)",null,"Quant. (un)",null,null,null,"Extensão(m)"]
[null,{"$f":"$C$1*$G$1","v":2000},"x",2,null,null,"=",{"$f":"B132*D132","v":4000}]
[]
[19,"Caiação mecanizada com fixador de cal"]
[]
[null,"Extensão (m)",null,"Perimetro (m)",null,null,null,"Area (m²)"]
[null,{"$f":"$C$1*$G$1","v":2000},"x",{"$f":"0.24","v":0.24},null,null,"=",{"$f":"B137*D137","v":480}]
[]
[]
[null,"SERVIÇOS COMPLEMENTARES"]
[24]
[]
[null,"Extensão (m)",null,"Largura (m)",null,null,0.1,"extensão (m)"]
[null,{"$f":"$C$1*G1","v":2000},"x",1,"x",null,"=",{"$f":"G143*B144","v":200}]
[]
[]
[null,"PROJETO EXECUTIVO"]
[25,"Projeto Executivo"]
[]
[null,"Extensão (m)",null,"Largura (m)",null,"Quant. (un)",null,"Área (m²)"]
[null,{"$f":"$C$1*G1","v":2000},"x",{"$f":"C2","v":7},"x",1,"=",{"$f":"B151*D151","v":14000}]
[]
[null,"CONTROLE TECNOLOGICO - OBRA"]
[26,"Projeto Executivo"]
[]
[null,"Extensão (m)",null,"Largura (m)",null,"Quant. (un)",null,"meses"]
[{"$nulls":6},"=",10,"Conforme Cronograma da obra"]
[]
[]
[{"$nulls":5},"   Perímetro caiação = 0,09 + 0,15"]

{"sheet":"ANP ESTADO","index":21,"n_rows":106904,"n_cols":4,"rows_kept":4500,"cut":true,"hidden":true,"merged":[[4,0,4,3],[4,7,4,13]],"bounds":{"rows_first":2000,"rows_last":500,"rows_between":2000,"halvings":0}}
["                       Agência Nacional do Petróleo, Gás Natural e Biocombustíveis"]
["                       Superintendência de Defesa da Concorrência"]
[]
[]
["PREÇO MÉDIO MENSAL PONDERADO PRATICADO PELOS DISTRIBUIDORES DE PRODUTOS ASFÁLTICOS (R$/KG)"]
[]
["Importante:","Quando não houver declaração de venda do produto selecionado, ou quando a declaração de venda do produto ocorrer por menos de 03 (três) distribuidoras, a tabela indicará campo vazio."]
["Mês","Produto","Estado","Preço"]
["2013-01-01","ASFALTOS DILUÍDOS CM-30","Acre","-"]
["2013-01-01","ASFALTOS DILUÍDOS CM-30","Alagoas","-"]
["2013-01-01","ASFALTOS DILUÍDOS CM-30","Amapá","-"]
["2013-01-01","ASFALTOS DILUÍDOS CM-30","Amazonas",1.4535270214060187]
["2013-01-01","ASFALTOS DILUÍDOS CM-30","Bahia",1.4640441420517516]
["2013-01-01","ASFALTOS DILUÍDOS CM-30","Ceará",1.4479979339846571]
["2013-01-01","ASFALTOS DILUÍDOS CM-30","Distrito Federal","-"]
["2013-01-01","ASFALTOS DILUÍDOS CM-30","Espírito Santo","-"]
["2013-01-01","ASFALTOS DILUÍDOS CM-30","Goiás",1.6863830648778011]
["2013-01-01","ASFALTOS DILUÍDOS CM-30","Maranhão","-"]
["2013-01-01","ASFALTOS DILUÍDOS CM-30","Mato Grosso","-"]
["2013-01-01","ASFALTOS DILUÍDOS CM-30","Mato Grosso do Sul","-"]
["2013-01-01","ASFALTOS DILUÍDOS CM-30","Minas Gerais",1.4511061136949568]
["2013-01-01","ASFALTOS DILUÍDOS CM-30","Pará","-"]
["2013-01-01","ASFALTOS DILUÍDOS CM-30","Paraíba","-"]
["2013-01-01","ASFALTOS DILUÍDOS CM-30","Paraná",1.5201250313327568]
["2013-01-01","ASFALTOS DILUÍDOS CM-30","Pernambuco","-"]
["2013-01-01","ASFALTOS DILUÍDOS CM-30","Piauí","-"]
["2013-01-01","ASFALTOS DILUÍDOS CM-30","Rio de Janeiro",1.3304751064278189]
["2013-01-01","ASFALTOS DILUÍDOS CM-30","Rio Grande do Norte","-"]
["2013-01-01","ASFALTOS DILUÍDOS CM-30","Rio Grande do Sul",1.5986110742416622]
["2013-01-01","ASFALTOS DILUÍDOS CM-30","Rondônia","-"]
["2013-01-01","ASFALTOS DILUÍDOS CM-30","Roraima","-"]
["2013-01-01","ASFALTOS DILUÍDOS CM-30","Santa Catarina","-"]
["2013-01-01","ASFALTOS DILUÍDOS CM-30","São Paulo",1.4710084232194318]
["2013-01-01","ASFALTOS DILUÍDOS CM-30","Sergipe","-"]
["2013-01-01","ASFALTOS DILUÍDOS CM-30","Tocantins","-"]
["2013-02-01","ASFALTOS DILUÍDOS CM-30","Acre","-"]
["2013-02-01","ASFALTOS DILUÍDOS CM-30","Alagoas","-"]
["2013-02-01","ASFALTOS DILUÍDOS CM-30","Amapá","-"]
["2013-02-01","ASFALTOS DILUÍDOS CM-30","Amazonas",1.4855781787830731]
["2013-02-01","ASFALTOS DILUÍDOS CM-30","Bahia",1.4570141012974054]
["2013-02-01","ASFALTOS DILUÍDOS CM-30","Ceará",1.4131923360976373]
["2013-02-01","ASFALTOS DILUÍDOS CM-30","Distrito Federal","-"]
["2013-02-01","ASFALTOS DILUÍDOS CM-30","Espírito Santo","-"]
["2013-02-01","ASFALTOS DILUÍDOS CM-30","Goiás",1.6674597105953242]
["2013-02-01","ASFALTOS DILUÍDOS CM-30","Maranhão","-"]
["2013-02-01","ASFALTOS DILUÍDOS CM-30","Mato Grosso","-"]
["2013-02-01","ASFALTOS DILUÍDOS CM-30","Mato Grosso do Sul","-"]
["2013-02-01","ASFALTOS DILUÍDOS CM-30","Minas Gerais",1.4521211168848078]
["2013-02-01","ASFALTOS DILUÍDOS CM-30","Pará","-"]
["2013-02-01","ASFALTOS DILUÍDOS CM-30","Paraíba","-"]
["2013-02-01","ASFALTOS DILUÍDOS CM-30","Paraná",1.4937831726234798]
["2013-02-01","ASFALTOS DILUÍDOS CM-30","Pernambuco","-"]
["2013-02-01","ASFALTOS DILUÍDOS CM-30","Piauí","-"]
["2013-02-01","ASFALTOS DILUÍDOS CM-30","Rio de Janeiro",1.4182349010292952]
["2013-02-01","ASFALTOS DILUÍDOS CM-30","Rio Grande do Norte","-"]
["2013-02-01","ASFALTOS DILUÍDOS CM-30","Rio Grande do Sul",1.4358617819236099]
["2013-02-01","ASFALTOS DILUÍDOS CM-30","Rondônia","-"]
["2013-02-01","ASFALTOS DILUÍDOS CM-30","Roraima","-"]
["2013-02-01","ASFALTOS DILUÍDOS CM-30","Santa Catarina","-"]
["2013-02-01","ASFALTOS DILUÍDOS CM-30","São Paulo",1.4341902042953412]
["2013-02-01","ASFALTOS DILUÍDOS CM-30","Sergipe","-"]
["2013-02-01","ASFALTOS DILUÍDOS CM-30","Tocantins","-"]
["2013-03-01","ASFALTOS DILUÍDOS CM-30","Acre","-"]
["2013-03-01","ASFALTOS DILUÍDOS CM-30","Alagoas","-"]
["2013-03-01","ASFALTOS DILUÍDOS CM-30","Amapá","-"]
["2013-03-01","ASFALTOS DILUÍDOS CM-30","Amazonas",1.5079239205862709]
["2013-03-01","ASFALTOS DILUÍDOS CM-30","Bahia",1.4494403251178087]
["2013-03-01","ASFALTOS DILUÍDOS CM-30","Ceará",1.4016074852948124]
["2013-03-01","ASFALTOS DILUÍDOS CM-30","Distrito Federal","-"]
["2013-03-01","ASFALTOS DILUÍDOS CM-30","Espírito Santo","-"]
["2013-03-01","ASFALTOS DILUÍDOS CM-30","Goiás",1.6617587007265764]
["2013-03-01","ASFALTOS DILUÍDOS CM-30","Maranhão","-"]
["2013-03-01","ASFALTOS DILUÍDOS CM-30","Mato Grosso","-"]
["2013-03-01","ASFALTOS DILUÍDOS CM-30","Mato Grosso do Sul","-"]
["2013-03-01","ASFALTOS DILUÍDOS CM-30","Minas Gerais",1.4432433296645579]
["2013-03-01","ASFALTOS DILUÍDOS CM-30","Pará","-"]
["2013-03-01","ASFALTOS DILUÍDOS CM-30","Paraíba","-"]
["2013-03-01","ASFALTOS DILUÍDOS CM-30","Paraná",1.4689959959501271]
["2013-03-01","ASFALTOS DILUÍDOS CM-30","Pernambuco","-"]
["2013-03-01","ASFALTOS DILUÍDOS CM-30","Piauí","-"]
["2013-03-01","ASFALTOS DILUÍDOS CM-30","Rio de Janeiro",1.4380555738810545]
["2013-03-01","ASFALTOS DILUÍDOS CM-30","Rio Grande do Norte","-"]
["2013-03-01","ASFALTOS DILUÍDOS CM-30","Rio Grande do Sul",1.5814258782658748]
["2013-03-01","ASFALTOS DILUÍDOS CM-30","Rondônia","-"]
["2013-03-01","ASFALTOS DILUÍDOS CM-30","Roraima","-"]
["2013-03-01","ASFALTOS DILUÍDOS CM-30","Santa Catarina","-"]
["2013-03-01","ASFALTOS DILUÍDOS CM-30","São Paulo",1.4660617024058002]
["2013-03-01","ASFALTOS DILUÍDOS CM-30","Sergipe","-"]
["2013-03-01","ASFALTOS DILUÍDOS CM-30","Tocantins","-"]
["2013-04-01","ASFALTOS DILUÍDOS CM-30","Acre","-"]
["2013-04-01","ASFALTOS DILUÍDOS CM-30","Alagoas","-"]
["2013-04-01","ASFALTOS DILUÍDOS CM-30","Amapá","-"]
["2013-04-01","ASFALTOS DILUÍDOS CM-30","Amazonas",1.4847966561231034]
["2013-04-01","ASFALTOS DILUÍDOS CM-30","Bahia",1.454836546307112]
["2013-04-01","ASFALTOS DILUÍDOS CM-30","Ceará",1.3870739617974539]
["2013-04-01","ASFALTOS DILUÍDOS CM-30","Distrito Federal","-"]
["2013-04-01","ASFALTOS DILUÍDOS CM-30","Espírito Santo","-"]
["2013-04-01","ASFALTOS DILUÍDOS CM-30","Goiás",1.6734818355604775]
["2013-04-01","ASFALTOS DILUÍDOS CM-30","Maranhão","-"]
["2013-04-01","ASFALTOS DILUÍDOS CM-30","Mato Grosso",1.9219384218389803]
["2013-04-01","ASFALTOS DILUÍDOS CM-30","Mato Grosso do Sul","-"]
["2013-04-01","ASFALTOS DILUÍDOS CM-30","Minas Gerais",1.4565566827656029]
["2013-04-01","ASFALTOS DILUÍDOS CM-30","Pará","-"]
["2013-04-01","ASFALTOS DILUÍDOS CM-30","Paraíba","-"]
["2013-04-01","ASFALTOS DILUÍDOS CM-30","Paraná",1.5344194983914978]
["2013-04-01","ASFALTOS DILUÍDOS CM-30","Pernambuco","-"]
["2013-04-01","ASFALTOS DILUÍDOS CM-30","Piauí","-"]
["2013-04-01","ASFALTOS DILUÍDOS CM-30","Rio de Janeiro",1.4184195161224069]
["2013-04-01","ASFALTOS DILUÍDOS CM-30","Rio Grande do Norte","-"]
["2013-04-01","ASFALTOS DILUÍDOS CM-30","Rio Grande do Sul",1.572582456389797]
["2013-04-01","ASFALTOS DILUÍDOS CM-30","Rondônia","-"]
["2013-04-01","ASFALTOS DILUÍDOS CM-30","Roraima","-"]
["2013-04-01","ASFALTOS DILUÍDOS CM-30","Santa Catarina","-"]
["2013-04-01","ASFALTOS DILUÍDOS CM-30","São Paulo",1.4757643482956038]
["2013-04-01","ASFALTOS DILUÍDOS CM-30","Sergipe","-"]
["2013-04-01","ASFALTOS DILUÍDOS CM-30","Tocantins","-"]
["2013-05-01","ASFALTOS DILUÍDOS CM-30","Acre","-"]
["2013-05-01","ASFALTOS DILUÍDOS CM-30","Alagoas","-"]
["2013-05-01","ASFALTOS DILUÍDOS CM-30","Amapá","-"]
["2013-05-01","ASFALTOS DILUÍDOS CM-30","Amazonas","-"]
["2013-05-01","ASFALTOS DILUÍDOS CM-30","Bahia",1.4925874242145125]
["2013-05-01","ASFALTOS DILUÍDOS CM-30","Ceará",1.3762630205188797]
["2013-05-01","ASFALTOS DILUÍDOS CM-30","Distrito Federal","-"]
["2013-05-01","ASFALTOS DILUÍDOS CM-30","Espírito Santo","-"]
["2013-05-01","ASFALTOS DILUÍDOS CM-30","Goiás",1.6682148189524701]
["2013-05-01","ASFALTOS DILUÍDOS CM-30","Maranhão","-"]
["2013-05-01","ASFALTOS DILUÍDOS CM-30","Mato Grosso",1.9030981590145519]
["2013-05-01","ASFALTOS DILUÍDOS CM-30","Mato Grosso do Sul","-"]
["2013-05-01","ASFALTOS DILUÍDOS CM-30","Minas Gerais",1.4647097164454981]
["2013-05-01","ASFALTOS DILUÍDOS CM-30","Pará","-"]
["2013-05-01","ASFALTOS DILUÍDOS CM-30","Paraíba","-"]
["2013-05-01","ASFALTOS DILUÍDOS CM-30","Paraná",1.4890278492054516]
["2013-05-01","ASFALTOS DILUÍDOS CM-30","Pernambuco","-"]
["2013-05-01","ASFALTOS DILUÍDOS CM-30","Piauí","-"]
["2013-05-01","ASFALTOS DILUÍDOS CM-30","Rio de Janeiro",1.3992560478193556]
["2013-05-01","ASFALTOS DILUÍDOS CM-30","Rio Grande do Norte","-"]
["2013-05-01","ASFALTOS DILUÍDOS CM-30","Rio Grande do Sul",1.5396369613878009]
["2013-05-01","ASFALTOS DILUÍDOS CM-30","Rondônia","-"]
["2013-05-01","ASFALTOS DILUÍDOS CM-30","Roraima","-"]
["2013-05-01","ASFALTOS DILUÍDOS CM-30","Santa Catarina","-"]
["2013-05-01","ASFALTOS DILUÍDOS CM-30","São Paulo",1.4512159364340786]
["2013-05-01","ASFALTOS DILUÍDOS CM-30","Sergipe","-"]
["2013-05-01","ASFALTOS DILUÍDOS CM-30","Tocantins","-"]
["2013-06-01","ASFALTOS DILUÍDOS CM-30","Acre","-"]
["2013-06-01","ASFALTOS DILUÍDOS CM-30","Alagoas","-"]
["2013-06-01","ASFALTOS DILUÍDOS CM-30","Amapá","-"]
["2013-06-01","ASFALTOS DILUÍDOS CM-30","Amazonas",1.5863258175048849]
["2013-06-01","ASFALTOS DILUÍDOS CM-30","Bahia",1.448129069812556]
["2013-06-01","ASFALTOS DILUÍDOS CM-30","Ceará",1.3827009885251489]
["2013-06-01","ASFALTOS DILUÍDOS CM-30","Distrito Federal","-"]
["2013-06-01","ASFALTOS DILUÍDOS CM-30","Espírito Santo","-"]
["2013-06-01","ASFALTOS DILUÍDOS CM-30","Goiás",1.6996138671289776]
["2013-06-01","ASFALTOS DILUÍDOS CM-30","Maranhão","-"]
["2013-06-01","ASFALTOS DILUÍDOS CM-30","Mato Grosso",1.9159756577927578]
["2013-06-01","ASFALTOS DILUÍDOS CM-30","Mato Grosso do Sul","-"]
["2013-06-01","ASFALTOS DILUÍDOS CM-30","Minas Gerais",1.4753668962896909]
["2013-06-01","ASFALTOS DILUÍDOS CM-30","Pará","-"]
["2013-06-01","ASFALTOS DILUÍDOS CM-30","Paraíba","-"]
["2013-06-01","ASFALTOS DILUÍDOS CM-30","Paraná",1.4321669740385425]
["2013-06-01","ASFALTOS DILUÍDOS CM-30","Pernambuco","-"]
["2013-06-01","ASFALTOS DILUÍDOS CM-30","Piauí","-"]
["2013-06-01","ASFALTOS DILUÍDOS CM-30","Rio de Janeiro",1.5274202263737213]
["2013-06-01","ASFALTOS DILUÍDOS CM-30","Rio Grande do Norte","-"]
["2013-06-01","ASFALTOS DILUÍDOS CM-30","Rio Grande do Sul",1.5986834901348475]
["2013-06-01","ASFALTOS DILUÍDOS CM-30","Rondônia","-"]
["2013-06-01","ASFALTOS DILUÍDOS CM-30","Roraima","-"]
["2013-06-01","ASFALTOS DILUÍDOS CM-30","Santa Catarina","-"]
["2013-06-01","ASFALTOS DILUÍDOS CM-30","São Paulo",1.4327481873578112]
["2013-06-01","ASFALTOS DILUÍDOS CM-30","Sergipe","-"]
["2013-06-01","ASFALTOS DILUÍDOS CM-30","Tocantins","-"]
["2013-07-01","ASFALTOS DILUÍDOS CM-30","Acre","-"]
["2013-07-01","ASFALTOS DILUÍDOS CM-30","Alagoas","-"]
["2013-07-01","ASFALTOS DILUÍDOS CM-30","Amapá","-"]
["2013-07-01","ASFALTOS DILUÍDOS CM-30","Amazonas",1.5098909307114052]
["2013-07-01","ASFALTOS DILUÍDOS CM-30","Bahia",1.4361500161396077]
["2013-07-01","ASFALTOS DILUÍDOS CM-30","Ceará",1.4248358446083929]
["2013-07-01","ASFALTOS DILUÍDOS CM-30","Distrito Federal","-"]
["2013-07-01","ASFALTOS DILUÍDOS CM-30","Espírito Santo","-"]
["2013-07-01","ASFALTOS DILUÍDOS CM-30","Goiás",1.6637784537782818]
["2013-07-01","ASFALTOS DILUÍDOS CM-30","Maranhão","-"]
["2013-07-01","ASFALTOS DILUÍDOS CM-30","Mato Grosso",1.9305895506226753]
["2013-07-01","ASFALTOS DILUÍDOS CM-30","Mato Grosso do Sul","-"]
["2013-07-01","ASFALTOS DILUÍDOS CM-30","Minas Gerais",1.4765723524617482]
["2013-07-01","ASFALTOS DILUÍDOS CM-30","Pará","-"]
["2013-07-01","ASFALTOS DILUÍDOS CM-30","Paraíba","-"]
["2013-07-01","ASFALTOS DILUÍDOS CM-30","Paraná",1.4771672738531896]
["2013-07-01","ASFALTOS DILUÍDOS CM-30","Pernambuco","-"]
["2013-07-01","ASFALTOS DILUÍDOS CM-30","Piauí","-"]
["2013-07-01","ASFALTOS DILUÍDOS CM-30","Rio de Janeiro",1.5844647130872824]
["2013-07-01","ASFALTOS DILUÍDOS CM-30","Rio Grande do Norte","-"]
["2013-07-01","ASFALTOS DILUÍDOS CM-30","Rio Grande do Sul",1.6124879253037883]
["2013-07-01","ASFALTOS DILUÍDOS CM-30","Rondônia","-"]
["2013-07-01","ASFALTOS DILUÍDOS CM-30","Roraima","-"]
["2013-07-01","ASFALTOS DILUÍDOS CM-30","Santa Catarina","-"]
["2013-07-01","ASFALTOS DILUÍDOS CM-30","São Paulo",1.5078449085221559]
["2013-07-01","ASFALTOS DILUÍDOS CM-30","Sergipe","-"]
["2013-07-01","ASFALTOS DILUÍDOS CM-30","Tocantins","-"]
["2013-08-01","ASFALTOS DILUÍDOS CM-30","Acre","-"]
["2013-08-01","ASFALTOS DILUÍDOS CM-30","Alagoas","-"]
["2013-08-01","ASFALTOS DILUÍDOS CM-30","Amapá","-"]
["2013-08-01","ASFALTOS DILUÍDOS CM-30","Amazonas",1.5092756412465567]
["2013-08-01","ASFALTOS DILUÍDOS CM-30","Bahia",1.4166993230667961]
["2013-08-01","ASFALTOS DILUÍDOS CM-30","Ceará",1.4474033636621826]
["2013-08-01","ASFALTOS DILUÍDOS CM-30","Distrito Federal","-"]
["2013-08-01","ASFALTOS DILUÍDOS CM-30","Espírito Santo","-"]
["2013-08-01","ASFALTOS DILUÍDOS CM-30","Goiás",1.733407290687675]
["2013-08-01","ASFALTOS DILUÍDOS CM-30","Maranhão","-"]
["2013-08-01","ASFALTOS DILUÍDOS CM-30","Mato Grosso",1.9368734488373014]
["2013-08-01","ASFALTOS DILUÍDOS CM-30","Mato Grosso do Sul","-"]
["2013-08-01","ASFALTOS DILUÍDOS CM-30","Minas Gerais",1.497135866276361]
["2013-08-01","ASFALTOS DILUÍDOS CM-30","Pará","-"]
["2013-08-01","ASFALTOS DILUÍDOS CM-30","Paraíba","-"]
["2013-08-01","ASFALTOS DILUÍDOS CM-30","Paraná",1.5549604317647849]
["2013-08-01","ASFALTOS DILUÍDOS CM-30","Pernambuco","-"]
["2013-08-01","ASFALTOS DILUÍDOS CM-30","Piauí","-"]
["2013-08-01","ASFALTOS DILUÍDOS CM-30","Rio de Janeiro",1.610072132228562]
["2013-08-01","ASFALTOS DILUÍDOS CM-30","Rio Grande do Norte","-"]
["2013-08-01","ASFALTOS DILUÍDOS CM-30","Rio Grande do Sul",1.4857528885719486]
["2013-08-01","ASFALTOS DILUÍDOS CM-30","Rondônia","-"]
["2013-08-01","ASFALTOS DILUÍDOS CM-30","Roraima","-"]
["2013-08-01","ASFALTOS DILUÍDOS CM-30","Santa Catarina","-"]
["2013-08-01","ASFALTOS DILUÍDOS CM-30","São Paulo",1.4933707014182394]
["2013-08-01","ASFALTOS DILUÍDOS CM-30","Sergipe","-"]
["2013-08-01","ASFALTOS DILUÍDOS CM-30","Tocantins","-"]
["2013-09-01","ASFALTOS DILUÍDOS CM-30","Acre","-"]
["2013-09-01","ASFALTOS DILUÍDOS CM-30","Alagoas","-"]
["2013-09-01","ASFALTOS DILUÍDOS CM-30","Amapá","-"]
["2013-09-01","ASFALTOS DILUÍDOS CM-30","Amazonas",1.4609016726129569]
["2013-09-01","ASFALTOS DILUÍDOS CM-30","Bahia",1.4552257782611762]
["2013-09-01","ASFALTOS DILUÍDOS CM-30","Ceará",1.4832578566834698]
["2013-09-01","ASFALTOS DILUÍDOS CM-30","Distrito Federal","-"]
["2013-09-01","ASFALTOS DILUÍDOS CM-30","Espírito Santo","-"]
["2013-09-01","ASFALTOS DILUÍDOS CM-30","Goiás",1.7695439322713993]
["2013-09-01","ASFALTOS DILUÍDOS CM-30","Maranhão","-"]
["2013-09-01","ASFALTOS DILUÍDOS CM-30","Mato Grosso",1.9944491035094916]
["2013-09-01","ASFALTOS DILUÍDOS CM-30","Mato Grosso do Sul","-"]
["2013-09-01","ASFALTOS DILUÍDOS CM-30","Minas Gerais",1.5520445899980486]
["2013-09-01","ASFALTOS DILUÍDOS CM-30","Pará","-"]
["2013-09-01","ASFALTOS DILUÍDOS CM-30","Paraíba","-"]
["2013-09-01","ASFALTOS DILUÍDOS CM-30","Paraná",1.4988253631307897]
["2013-09-01","ASFALTOS DILUÍDOS CM-30","Pernambuco","-"]
["2013-09-01","ASFALTOS DILUÍDOS CM-30","Piauí","-"]
["2013-09-01","ASFALTOS DILUÍDOS CM-30","Rio de Janeiro",1.5485200882073553]
["2013-09-01","ASFALTOS DILUÍDOS CM-30","Rio Grande do Norte","-"]
["2013-09-01","ASFALTOS DILUÍDOS CM-30","Rio Grande do Sul",1.466231451400871]
["2013-09-01","ASFALTOS DILUÍDOS CM-30","Rondônia","-"]
["2013-09-01","ASFALTOS DILUÍDOS CM-30","Roraima","-"]
["2013-09-01","ASFALTOS DILUÍDOS CM-30","Santa Catarina","-"]
["2013-09-01","ASFALTOS DILUÍDOS CM-30","São Paulo",1.5183323308106733]
["2013-09-01","ASFALTOS DILUÍDOS CM-30","Sergipe","-"]
["2013-09-01","ASFALTOS DILUÍDOS CM-30","Tocantins","-"]
["2013-10-01","ASFALTOS DILUÍDOS CM-30","Acre","-"]
["2013-10-01","ASFALTOS DILUÍDOS CM-30","Alagoas","-"]
["2013-10-01","ASFALTOS DILUÍDOS CM-30","Amapá","-"]
["2013-10-01","ASFALTOS DILUÍDOS CM-30","Amazonas",1.5243349537611375]
["2013-10-01","ASFALTOS DILUÍDOS CM-30","Bahia",1.4727836719438803]
["2013-10-01","ASFALTOS DILUÍDOS CM-30","Ceará",1.4803412015757087]
["2013-10-01","ASFALTOS DILUÍDOS CM-30","Distrito Federal","-"]
["2013-10-01","ASFALTOS DILUÍDOS CM-30","Espírito Santo","-"]
["2013-10-01","ASFALTOS DILUÍDOS CM-30","Goiás",1.7002748519093238]
["2013-10-01","ASFALTOS DILUÍDOS CM-30","Maranhão","-"]
["2013-10-01","ASFALTOS DILUÍDOS CM-30","Mato Grosso",1.9560474873532938]
["2013-10-01","ASFALTOS DILUÍDOS CM-30","Mato Grosso do Sul","-"]
["2013-10-01","ASFALTOS DILUÍDOS CM-30","Minas Gerais",1.5061274599279553]
["2013-10-01","ASFALTOS DILUÍDOS CM-30","Pará",1.7431022484656087]
["2013-10-01","ASFALTOS DILUÍDOS CM-30","Paraíba","-"]
["2013-10-01","ASFALTOS DILUÍDOS CM-30","Paraná",1.5123431624357759]
["2013-10-01","ASFALTOS DILUÍDOS CM-30","Pernambuco","-"]
["2013-10-01","ASFALTOS DILUÍDOS CM-30","Piauí","-"]
["2013-10-01","ASFALTOS DILUÍDOS CM-30","Rio de Janeiro",1.5104848924413496]
["2013-10-01","ASFALTOS DILUÍDOS CM-30","Rio Grande do Norte","-"]
["2013-10-01","ASFALTOS DILUÍDOS CM-30","Rio Grande do Sul",1.4366665414429234]
["2013-10-01","ASFALTOS DILUÍDOS CM-30","Rondônia","-"]
["2013-10-01","ASFALTOS DILUÍDOS CM-30","Roraima","-"]
["2013-10-01","ASFALTOS DILUÍDOS CM-30","Santa Catarina","-"]
["2013-10-01","ASFALTOS DILUÍDOS CM-30","São Paulo",1.4793466955826844]
["2013-10-01","ASFALTOS DILUÍDOS CM-30","Sergipe","-"]
["2013-10-01","ASFALTOS DILUÍDOS CM-30","Tocantins","-"]
["2013-11-01","ASFALTOS DILUÍDOS CM-30","Acre","-"]
["2013-11-01","ASFALTOS DILUÍDOS CM-30","Alagoas","-"]
["2013-11-01","ASFALTOS DILUÍDOS CM-30","Amapá","-"]
["2013-11-01","ASFALTOS DILUÍDOS CM-30","Amazonas",1.4995512809893463]
["2013-11-01","ASFALTOS DILUÍDOS CM-30","Bahia",1.5008772738611229]
["2013-11-01","ASFALTOS DILUÍDOS CM-30","Ceará",1.4875621424174903]
["2013-11-01","ASFALTOS DILUÍDOS CM-30","Distrito Federal","-"]
["2013-11-01","ASFALTOS DILUÍDOS CM-30","Espírito Santo","-"]
["2013-11-01","ASFALTOS DILUÍDOS CM-30","Goiás",1.792940583041257]
["2013-11-01","ASFALTOS DILUÍDOS CM-30","Maranhão","-"]
["2013-11-01","ASFALTOS DILUÍDOS CM-30","Mato Grosso",1.943476204233427]
["2013-11-01","ASFALTOS DILUÍDOS CM-30","Mato Grosso do Sul","-"]
["2013-11-01","ASFALTOS DILUÍDOS CM-30","Minas Gerais",1.4851520732604662]
["2013-11-01","ASFALTOS DILUÍDOS CM-30","Pará",1.7240862433505024]
["2013-11-01","ASFALTOS DILUÍDOS CM-30","Paraíba","-"]
["2013-11-01","ASFALTOS DILUÍDOS CM-30","Paraná",1.5581010922628975]
["2013-11-01","ASFALTOS DILUÍDOS CM-30","Pernambuco","-"]
["2013-11-01","ASFALTOS DILUÍDOS CM-30","Piauí","-"]
["2013-11-01","ASFALTOS DILUÍDOS CM-30","Rio de Janeiro",1.5673390277834358]
["2013-11-01","ASFALTOS DILUÍDOS CM-30","Rio Grande do Norte","-"]
["2013-11-01","ASFALTOS DILUÍDOS CM-30","Rio Grande do Sul",1.4257711845847554]
["2013-11-01","ASFALTOS DILUÍDOS CM-30","Rondônia","-"]
["2013-11-01","ASFALTOS DILUÍDOS CM-30","Roraima","-"]
["2013-11-01","ASFALTOS DILUÍDOS CM-30","Santa Catarina","-"]
["2013-11-01","ASFALTOS DILUÍDOS CM-30","São Paulo",1.4885140871545035]
["2013-11-01","ASFALTOS DILUÍDOS CM-30","Sergipe","-"]
["2013-11-01","ASFALTOS DILUÍDOS CM-30","Tocantins","-"]
["2013-12-01","ASFALTOS DILUÍDOS CM-30","Acre","-"]
["2013-12-01","ASFALTOS DILUÍDOS CM-30","Alagoas","-"]
["2013-12-01","ASFALTOS DILUÍDOS CM-30","Amapá","-"]
["2013-12-01","ASFALTOS DILUÍDOS CM-30","Amazonas",1.5260290448360885]
["2013-12-01","ASFALTOS DILUÍDOS CM-30","Bahia",1.4767110358523383]
["2013-12-01","ASFALTOS DILUÍDOS CM-30","Ceará",1.5036028855664643]
["2013-12-01","ASFALTOS DILUÍDOS CM-30","Distrito Federal","-"]
["2013-12-01","ASFALTOS DILUÍDOS CM-30","Espírito Santo","-"]
["2013-12-01","ASFALTOS DILUÍDOS CM-30","Goiás",1.8117439845237926]
["2013-12-01","ASFALTOS DILUÍDOS CM-30","Maranhão","-"]
["2013-12-01","ASFALTOS DILUÍDOS CM-30","Mato Grosso",1.9339186491243692]
["2013-12-01","ASFALTOS DILUÍDOS CM-30","Mato Grosso do Sul","-"]
["2013-12-01","ASFALTOS DILUÍDOS CM-30","Minas Gerais",1.4674477520485494]
["2013-12-01","ASFALTOS DILUÍDOS CM-30","Pará",1.7439002309289962]
["2013-12-01","ASFALTOS DILUÍDOS CM-30","Paraíba","-"]
["2013-12-01","ASFALTOS DILUÍDOS CM-30","Paraná",1.6568745232341642]
["2013-12-01","ASFALTOS DILUÍDOS CM-30","Pernambuco","-"]
["2013-12-01","ASFALTOS DILUÍDOS CM-30","Piauí","-"]
["2013-12-01","ASFALTOS DILUÍDOS CM-30","Rio de Janeiro",1.5550002197863031]
["2013-12-01","ASFALTOS DILUÍDOS CM-30","Rio Grande do Norte","-"]
["2013-12-01","ASFALTOS DILUÍDOS CM-30","Rio Grande do Sul",1.4462951563408815]
["2013-12-01","ASFALTOS DILUÍDOS CM-30","Rondônia","-"]
["2013-12-01","ASFALTOS DILUÍDOS CM-30","Roraima","-"]
["2013-12-01","ASFALTOS DILUÍDOS CM-30","Santa Catarina","-"]
["2013-12-01","ASFALTOS DILUÍDOS CM-30","São Paulo",1.5130913326024036]
["2013-12-01","ASFALTOS DILUÍDOS CM-30","Sergipe","-"]
["2013-12-01","ASFALTOS DILUÍDOS CM-30","Tocantins","-"]
["2014-01-01","ASFALTOS DILUÍDOS CM-30","Acre","-"]
["2014-01-01","ASFALTOS DILUÍDOS CM-30","Alagoas","-"]
["2014-01-01","ASFALTOS DILUÍDOS CM-30","Amapá","-"]
["2014-01-01","ASFALTOS DILUÍDOS CM-30","Amazonas",1.5470449444452594]
["2014-01-01","ASFALTOS DILUÍDOS CM-30","Bahia",1.4920329063705282]
["2014-01-01","ASFALTOS DILUÍDOS CM-30","Ceará",1.5006530489663283]
["2014-01-01","ASFALTOS DILUÍDOS CM-30","Distrito Federal","-"]
["2014-01-01","ASFALTOS DILUÍDOS CM-30","Espírito Santo","-"]
["2014-01-01","ASFALTOS DILUÍDOS CM-30","Goiás",1.7738596671771081]
["2014-01-01","ASFALTOS DILUÍDOS CM-30","Maranhão","-"]
["2014-01-01","ASFALTOS DILUÍDOS CM-30","Mato Grosso",1.9580558459311677]
["2014-01-01","ASFALTOS DILUÍDOS CM-30","Mato Grosso do Sul","-"]
["2014-01-01","ASFALTOS DILUÍDOS CM-30","Minas Gerais",1.4379164016219708]
["2014-01-01","ASFALTOS DILUÍDOS CM-30","Pará","-"]
["2014-01-01","ASFALTOS DILUÍDOS CM-30","Paraíba","-"]
["2014-01-01","ASFALTOS DILUÍDOS CM-30","Paraná",1.5931626552185376]
["2014-01-01","ASFALTOS DILUÍDOS CM-30","Pernambuco","-"]
["2014-01-01","ASFALTOS DILUÍDOS CM-30","Piauí","-"]
["2014-01-01","ASFALTOS DILUÍDOS CM-30","Rio de Janeiro",1.5297024806741535]
["2014-01-01","ASFALTOS DILUÍDOS CM-30","Rio Grande do Norte","-"]
["2014-01-01","ASFALTOS DILUÍDOS CM-30","Rio Grande do Sul",1.4383576433809089]
["2014-01-01","ASFALTOS DILUÍDOS CM-30","Rondônia","-"]
["2014-01-01","ASFALTOS DILUÍDOS CM-30","Roraima","-"]
["2014-01-01","ASFALTOS DILUÍDOS CM-30","Santa Catarina","-"]
["2014-01-01","ASFALTOS DILUÍDOS CM-30","São Paulo",1.5095089837973203]
["2014-01-01","ASFALTOS DILUÍDOS CM-30","Sergipe","-"]
["2014-01-01","ASFALTOS DILUÍDOS CM-30","Tocantins","-"]
["2014-02-01","ASFALTOS DILUÍDOS CM-30","Acre","-"]
["2014-02-01","ASFALTOS DILUÍDOS CM-30","Alagoas","-"]
["2014-02-01","ASFALTOS DILUÍDOS CM-30","Amapá","-"]
["2014-02-01","ASFALTOS DILUÍDOS CM-30","Amazonas",1.5421134264326049]
["2014-02-01","ASFALTOS DILUÍDOS CM-30","Bahia",1.4756850145413278]
["2014-02-01","ASFALTOS DILUÍDOS CM-30","Ceará",1.4903963045347111]
["2014-02-01","ASFALTOS DILUÍDOS CM-30","Distrito Federal","-"]
["2014-02-01","ASFALTOS DILUÍDOS CM-30","Espírito Santo","-"]
["2014-02-01","ASFALTOS DILUÍDOS CM-30","Goiás",1.7497348023305683]
["2014-02-01","ASFALTOS DILUÍDOS CM-30","Maranhão","-"]
["2014-02-01","ASFALTOS DILUÍDOS CM-30","Mato Grosso",1.9452610169953894]
["2014-02-01","ASFALTOS DILUÍDOS CM-30","Mato Grosso do Sul","-"]
["2014-02-01","ASFALTOS DILUÍDOS CM-30","Minas Gerais",1.5017209391402084]
["2014-02-01","ASFALTOS DILUÍDOS CM-30","Pará","-"]
["2014-02-01","ASFALTOS DILUÍDOS CM-30","Paraíba","-"]
["2014-02-01","ASFALTOS DILUÍDOS CM-30","Paraná",1.5623699544647331]
["2014-02-01","ASFALTOS DILUÍDOS CM-30","Pernambuco","-"]
["2014-02-01","ASFALTOS DILUÍDOS CM-30","Piauí","-"]
["2014-02-01","ASFALTOS DILUÍDOS CM-30","Rio de Janeiro",1.5704259723558247]
["2014-02-01","ASFALTOS DILUÍDOS CM-30","Rio Grande do Norte","-"]
["2014-02-01","ASFALTOS DILUÍDOS CM-30","Rio Grande do Sul",1.4471249920171849]
["2014-02-01","ASFALTOS DILUÍDOS CM-30","Rondônia","-"]
["2014-02-01","ASFALTOS DILUÍDOS CM-30","Roraima","-"]
["2014-02-01","ASFALTOS DILUÍDOS CM-30","Santa Catarina","-"]
["2014-02-01","ASFALTOS DILUÍDOS CM-30","São Paulo",1.4940466155892476]
["2014-02-01","ASFALTOS DILUÍDOS CM-30","Sergipe","-"]
["2014-02-01","ASFALTOS DILUÍDOS CM-30","Tocantins","-"]
["2014-03-01","ASFALTOS DILUÍDOS CM-30","Acre","-"]
["2014-03-01","ASFALTOS DILUÍDOS CM-30","Alagoas","-"]
["2014-03-01","ASFALTOS DILUÍDOS CM-30","Amapá","-"]
["2014-03-01","ASFALTOS DILUÍDOS CM-30","Amazonas",1.6042410511452168]
["2014-03-01","ASFALTOS DILUÍDOS CM-30","Bahia",1.4923505234971217]
["2014-03-01","ASFALTOS DILUÍDOS CM-30","Ceará",1.4823896656165243]
["2014-03-01","ASFALTOS DILUÍDOS CM-30","Distrito Federal","-"]
["2014-03-01","ASFALTOS DILUÍDOS CM-30","Espírito Santo","-"]
["2014-03-01","ASFALTOS DILUÍDOS CM-30","Goiás","-"]
["2014-03-01","ASFALTOS DILUÍDOS CM-30","Maranhão","-"]
["2014-03-01","ASFALTOS DILUÍDOS CM-30","Mato Grosso",2.0148421096338178]
["2014-03-01","ASFALTOS DILUÍDOS CM-30","Mato Grosso do Sul","-"]
["2014-03-01","ASFALTOS DILUÍDOS CM-30","Minas Gerais",1.4808934616073539]
["2014-03-01","ASFALTOS DILUÍDOS CM-30","Pará",1.7897777414216498]
["2014-03-01","ASFALTOS DILUÍDOS CM-30","Paraíba","-"]
["2014-03-01","ASFALTOS DILUÍDOS CM-30","Paraná",1.5533261261551996]
["2014-03-01","ASFALTOS DILUÍDOS CM-30","Pernambuco","-"]
["2014-03-01","ASFALTOS DILUÍDOS CM-30","Piauí","-"]
["2014-03-01","ASFALTOS DILUÍDOS CM-30","Rio de Janeiro",1.5525373138742444]
["2014-03-01","ASFALTOS DILUÍDOS CM-30","Rio Grande do Norte","-"]
["2014-03-01","ASFALTOS DILUÍDOS CM-30","Rio Grande do Sul",1.4385954794679006]
["2014-03-01","ASFALTOS DILUÍDOS CM-30","Rondônia","-"]
["2014-03-01","ASFALTOS DILUÍDOS CM-30","Roraima","-"]
["2014-03-01","ASFALTOS DILUÍDOS CM-30","Santa Catarina","-"]
["2014-03-01","ASFALTOS DILUÍDOS CM-30","São Paulo",1.5332047694123538]
["2014-03-01","ASFALTOS DILUÍDOS CM-30","Sergipe","-"]
["2014-03-01","ASFALTOS DILUÍDOS CM-30","Tocantins","-"]
["2014-04-01","ASFALTOS DILUÍDOS CM-30","Acre","-"]
["2014-04-01","ASFALTOS DILUÍDOS CM-30","Alagoas","-"]
["2014-04-01","ASFALTOS DILUÍDOS CM-30","Amapá","-"]
["2014-04-01","ASFALTOS DILUÍDOS CM-30","Amazonas","-"]
["2014-04-01","ASFALTOS DILUÍDOS CM-30","Bahia",1.4934269589846085]
["2014-04-01","ASFALTOS DILUÍDOS CM-30","Ceará",1.5100887018000997]
["2014-04-01","ASFALTOS DILUÍDOS CM-30","Distrito Federal","-"]
["2014-04-01","ASFALTOS DILUÍDOS CM-30","Espírito Santo","-"]
["2014-04-01","ASFALTOS DILUÍDOS CM-30","Goiás",1.7163165296459324]
["2014-04-01","ASFALTOS DILUÍDOS CM-30","Maranhão","-"]
["2014-04-01","ASFALTOS DILUÍDOS CM-30","Mato Grosso",1.8750689335459321]
["2014-04-01","ASFALTOS DILUÍDOS CM-30","Mato Grosso do Sul","-"]
["2014-04-01","ASFALTOS DILUÍDOS CM-30","Minas Gerais",1.5067285578610157]
["2014-04-01","ASFALTOS DILUÍDOS CM-30","Pará","-"]
["2014-04-01","ASFALTOS DILUÍDOS CM-30","Paraíba","-"]
["2014-04-01","ASFALTOS DILUÍDOS CM-30","Paraná",1.5652882738397911]
["2014-04-01","ASFALTOS DILUÍDOS CM-30","Pernambuco","-"]
["2014-04-01","ASFALTOS DILUÍDOS CM-30","Piauí","-"]
["2014-04-01","ASFALTOS DILUÍDOS CM-30","Rio de Janeiro",1.5716035990804058]
["2014-04-01","ASFALTOS DILUÍDOS CM-30","Rio Grande do Norte","-"]
["2014-04-01","ASFALTOS DILUÍDOS CM-30","Rio Grande do Sul",1.4746121856656131]
["2014-04-01","ASFALTOS DILUÍDOS CM-30","Rondônia","-"]
["2014-04-01","ASFALTOS DILUÍDOS CM-30","Roraima","-"]
["2014-04-01","ASFALTOS DILUÍDOS CM-30","Santa Catarina","-"]
["2014-04-01","ASFALTOS DILUÍDOS CM-30","São Paulo",1.5535714551516715]
["2014-04-01","ASFALTOS DILUÍDOS CM-30","Sergipe","-"]
["2014-04-01","ASFALTOS DILUÍDOS CM-30","Tocantins","-"]
["2014-05-01","ASFALTOS DILUÍDOS CM-30","Acre","-"]
["2014-05-01","ASFALTOS DILUÍDOS CM-30","Alagoas","-"]
["2014-05-01","ASFALTOS DILUÍDOS CM-30","Amapá","-"]
["2014-05-01","ASFALTOS DILUÍDOS CM-30","Amazonas",1.491238559599193]
["2014-05-01","ASFALTOS DILUÍDOS CM-30","Bahia",1.4910322714256705]
["2014-05-01","ASFALTOS DILUÍDOS CM-30","Ceará",1.5001648961941585]
["2014-05-01","ASFALTOS DILUÍDOS CM-30","Distrito Federal","-"]
["2014-05-01","ASFALTOS DILUÍDOS CM-30","Espírito Santo","-"]
["2014-05-01","ASFALTOS DILUÍDOS CM-30","Goiás",1.7308835228244213]
["2014-05-01","ASFALTOS DILUÍDOS CM-30","Maranhão","-"]
["2014-05-01","ASFALTOS DILUÍDOS CM-30","Mato Grosso",2.0018030360469137]
["2014-05-01","ASFALTOS DILUÍDOS CM-30","Mato Grosso do Sul","-"]
["2014-05-01","ASFALTOS DILUÍDOS CM-30","Minas Gerais",1.4950885405291816]
["2014-05-01","ASFALTOS DILUÍDOS CM-30","Pará",1.9122589243672752]
["2014-05-01","ASFALTOS DILUÍDOS CM-30","Paraíba","-"]
["2014-05-01","ASFALTOS DILUÍDOS CM-30","Paraná",1.6033534205593318]
["2014-05-01","ASFALTOS DILUÍDOS CM-30","Pernambuco","-"]
["2014-05-01","ASFALTOS DILUÍDOS CM-30","Piauí","-"]
["2014-05-01","ASFALTOS DILUÍDOS CM-30","Rio de Janeiro",1.5178603140588416]
["2014-05-01","ASFALTOS DILUÍDOS CM-30","Rio Grande do Norte","-"]
["2014-05-01","ASFALTOS DILUÍDOS CM-30","Rio Grande do Sul",1.5079021745611556]
["2014-05-01","ASFALTOS DILUÍDOS CM-30","Rondônia","-"]
["2014-05-01","ASFALTOS DILUÍDOS CM-30","Roraima","-"]
["2014-05-01","ASFALTOS DILUÍDOS CM-30","Santa Catarina","-"]
["2014-05-01","ASFALTOS DILUÍDOS CM-30","São Paulo",1.5043134366224236]
["2014-05-01","ASFALTOS DILUÍDOS CM-30","Sergipe","-"]
["2014-05-01","ASFALTOS DILUÍDOS CM-30","Tocantins","-"]
["2014-06-01","ASFALTOS DILUÍDOS CM-30","Acre","-"]
["2014-06-01","ASFALTOS DILUÍDOS CM-30","Alagoas","-"]
["2014-06-01","ASFALTOS DILUÍDOS CM-30","Amapá","-"]
["2014-06-01","ASFALTOS DILUÍDOS CM-30","Amazonas","-"]
["2014-06-01","ASFALTOS DILUÍDOS CM-30","Bahia",1.4921439411298603]
["2014-06-01","ASFALTOS DILUÍDOS CM-30","Ceará",1.5140383304480589]
["2014-06-01","ASFALTOS DILUÍDOS CM-30","Distrito Federal","-"]
["2014-06-01","ASFALTOS DILUÍDOS CM-30","Espírito Santo","-"]
["2014-06-01","ASFALTOS DILUÍDOS CM-30","Goiás",1.7753981100443417]
["2014-06-01","ASFALTOS DILUÍDOS CM-30","Maranhão","-"]
["2014-06-01","ASFALTOS DILUÍDOS CM-30","Mato Grosso",1.973799719364099]
["2014-06-01","ASFALTOS DILUÍDOS CM-30","Mato Grosso do Sul","-"]
["2014-06-01","ASFALTOS DILUÍDOS CM-30","Minas Gerais",1.4929416860704192]
["2014-06-01","ASFALTOS DILUÍDOS CM-30","Pará",1.8215155232669991]
["2014-06-01","ASFALTOS DILUÍDOS CM-30","Paraíba","-"]
["2014-06-01","ASFALTOS DILUÍDOS CM-30","Paraná",1.5321487292538272]
["2014-06-01","ASFALTOS DILUÍDOS CM-30","Pernambuco","-"]
["2014-06-01","ASFALTOS DILUÍDOS CM-30","Piauí","-"]
["2014-06-01","ASFALTOS DILUÍDOS CM-30","Rio de Janeiro",1.5638897266082119]
["2014-06-01","ASFALTOS DILUÍDOS CM-30","Rio Grande do Norte","-"]
["2014-06-01","ASFALTOS DILUÍDOS CM-30","Rio Grande do Sul",1.5009990038777468]
["2014-06-01","ASFALTOS DILUÍDOS CM-30","Rondônia","-"]
["2014-06-01","ASFALTOS DILUÍDOS CM-30","Roraima","-"]
["2014-06-01","ASFALTOS DILUÍDOS CM-30","Santa Catarina","-"]
["2014-06-01","ASFALTOS DILUÍDOS CM-30","São Paulo",1.5057881434128739]
["2014-06-01","ASFALTOS DILUÍDOS CM-30","Sergipe","-"]
["2014-06-01","ASFALTOS DILUÍDOS CM-30","Tocantins","-"]
["2014-07-01","ASFALTOS DILUÍDOS CM-30","Acre","-"]
["2014-07-01","ASFALTOS DILUÍDOS CM-30","Alagoas","-"]
["2014-07-01","ASFALTOS DILUÍDOS CM-30","Amapá","-"]
["2014-07-01","ASFALTOS DILUÍDOS CM-30","Amazonas",1.5126303356963178]
["2014-07-01","ASFALTOS DILUÍDOS CM-30","Bahia",1.4865607590218506]
["2014-07-01","ASFALTOS DILUÍDOS CM-30","Ceará",1.5092975223588267]
["2014-07-01","ASFALTOS DILUÍDOS CM-30","Distrito Federal","-"]
["2014-07-01","ASFALTOS DILUÍDOS CM-30","Espírito Santo","-"]
["2014-07-01","ASFALTOS DILUÍDOS CM-30","Goiás",1.5204314593094017]
["2014-07-01","ASFALTOS DILUÍDOS CM-30","Maranhão","-"]
["2014-07-01","ASFALTOS DILUÍDOS CM-30","Mato Grosso",1.8910040312227305]
["2014-07-01","ASFALTOS DILUÍDOS CM-30","Mato Grosso do Sul","-"]
["2014-07-01","ASFALTOS DILUÍDOS CM-30","Minas Gerais",1.4541998107237146]
["2014-07-01","ASFALTOS DILUÍDOS CM-30","Pará",1.8277620727484787]
["2014-07-01","ASFALTOS DILUÍDOS CM-30","Paraíba","-"]
["2014-07-01","ASFALTOS DILUÍDOS CM-30","Paraná",1.5101803739883815]
["2014-07-01","ASFALTOS DILUÍDOS CM-30","Pernambuco","-"]
["2014-07-01","ASFALTOS DILUÍDOS CM-30","Piauí","-"]
["2014-07-01","ASFALTOS DILUÍDOS CM-30","Rio de Janeiro",1.4398284027895898]
["2014-07-01","ASFALTOS DILUÍDOS CM-30","Rio Grande do Norte","-"]
["2014-07-01","ASFALTOS DILUÍDOS CM-30","Rio Grande do Sul",1.4952781410015059]
["2014-07-01","ASFALTOS DILUÍDOS CM-30","Rondônia","-"]
["2014-07-01","ASFALTOS DILUÍDOS CM-30","Roraima","-"]
["2014-07-01","ASFALTOS DILUÍDOS CM-30","Santa Catarina","-"]
["2014-07-01","ASFALTOS DILUÍDOS CM-30","São Paulo",1.5692258942286532]
["2014-07-01","ASFALTOS DILUÍDOS CM-30","Sergipe","-"]
["2014-07-01","ASFALTOS DILUÍDOS CM-30","Tocantins","-"]
["2014-08-01","ASFALTOS DILUÍDOS CM-30","Acre","-"]
["2014-08-01","ASFALTOS DILUÍDOS CM-30","Alagoas","-"]
["2014-08-01","ASFALTOS DILUÍDOS CM-30","Amapá","-"]
["2014-08-01","ASFALTOS DILUÍDOS CM-30","Amazonas",1.5208056700949988]
["2014-08-01","ASFALTOS DILUÍDOS CM-30","Bahia",1.4785035368511479]
["2014-08-01","ASFALTOS DILUÍDOS CM-30","Ceará",1.5155192196954475]
["2014-08-01","ASFALTOS DILUÍDOS CM-30","Distrito Federal","-"]
["2014-08-01","ASFALTOS DILUÍDOS CM-30","Espírito Santo","-"]
["2014-08-01","ASFALTOS DILUÍDOS CM-30","Goiás",1.4631698899687411]
["2014-08-01","ASFALTOS DILUÍDOS CM-30","Maranhão","-"]
["2014-08-01","ASFALTOS DILUÍDOS CM-30","Mato Grosso",1.9304625910887303]
["2014-08-01","ASFALTOS DILUÍDOS CM-30","Mato Grosso do Sul","-"]
["2014-08-01","ASFALTOS DILUÍDOS CM-30","Minas Gerais",1.4992368480293596]
["2014-08-01","ASFALTOS DILUÍDOS CM-30","Pará","-"]
["2014-08-01","ASFALTOS DILUÍDOS CM-30","Paraíba","-"]
["2014-08-01","ASFALTOS DILUÍDOS CM-30","Paraná",1.5240305304383157]
["2014-08-01","ASFALTOS DILUÍDOS CM-30","Pernambuco","-"]
["2014-08-01","ASFALTOS DILUÍDOS CM-30","Piauí","-"]
["2014-08-01","ASFALTOS DILUÍDOS CM-30","Rio de Janeiro",1.4057851625188353]
["2014-08-01","ASFALTOS DILUÍDOS CM-30","Rio Grande do Norte","-"]
["2014-08-01","ASFALTOS DILUÍDOS CM-30","Rio Grande do Sul",1.4702143171540545]
["2014-08-01","ASFALTOS DILUÍDOS CM-30","Rondônia","-"]
["2014-08-01","ASFALTOS DILUÍDOS CM-30","Roraima","-"]
["2014-08-01","ASFALTOS DILUÍDOS CM-30","Santa Catarina","-"]
["2014-08-01","ASFALTOS DILUÍDOS CM-30","São Paulo",1.4709698804392817]
["2014-08-01","ASFALTOS DILUÍDOS CM-30","Sergipe","-"]
["2014-08-01","ASFALTOS DILUÍDOS CM-30","Tocantins","-"]
["2014-09-01","ASFALTOS DILUÍDOS CM-30","Acre","-"]
["2014-09-01","ASFALTOS DILUÍDOS CM-30","Alagoas","-"]
["2014-09-01","ASFALTOS DILUÍDOS CM-30","Amapá","-"]
["2014-09-01","ASFALTOS DILUÍDOS CM-30","Amazonas",1.5135246591078624]
["2014-09-01","ASFALTOS DILUÍDOS CM-30","Bahia",1.5106624163262905]
["2014-09-01","ASFALTOS DILUÍDOS CM-30","Ceará",1.5673309453351099]
["2014-09-01","ASFALTOS DILUÍDOS CM-30","Distrito Federal","-"]
["2014-09-01","ASFALTOS DILUÍDOS CM-30","Espírito Santo","-"]
["2014-09-01","ASFALTOS DILUÍDOS CM-30","Goiás",1.7775777087436746]
["2014-09-01","ASFALTOS DILUÍDOS CM-30","Maranhão","-"]
["2014-09-01","ASFALTOS DILUÍDOS CM-30","Mato Grosso",2.0381650401319003]
["2014-09-01","ASFALTOS DILUÍDOS CM-30","Mato Grosso do Sul","-"]
["2014-09-01","ASFALTOS DILUÍDOS CM-30","Minas Gerais",1.4837917343054126]
["2014-09-01","ASFALTOS DILUÍDOS CM-30","Pará",1.859235925091449]
["2014-09-01","ASFALTOS DILUÍDOS CM-30","Paraíba","-"]
["2014-09-01","ASFALTOS DILUÍDOS CM-30","Paraná",1.5760080238683634]
["2014-09-01","ASFALTOS DILUÍDOS CM-30","Pernambuco","-"]
["2014-09-01","ASFALTOS DILUÍDOS CM-30","Piauí","-"]
["2014-09-01","ASFALTOS DILUÍDOS CM-30","Rio de Janeiro",1.478368244997909]
["2014-09-01","ASFALTOS DILUÍDOS CM-30","Rio Grande do Norte","-"]
["2014-09-01","ASFALTOS DILUÍDOS CM-30","Rio Grande do Sul",1.5572015458379578]
["2014-09-01","ASFALTOS DILUÍDOS CM-30","Rondônia","-"]
["2014-09-01","ASFALTOS DILUÍDOS CM-30","Roraima","-"]
["2014-09-01","ASFALTOS DILUÍDOS CM-30","Santa Catarina","-"]
["2014-09-01","ASFALTOS DILUÍDOS CM-30","São Paulo",1.5347052685785783]
["2014-09-01","ASFALTOS DILUÍDOS CM-30","Sergipe","-"]
["2014-09-01","ASFALTOS DILUÍDOS CM-30","Tocantins","-"]
["2014-10-01","ASFALTOS DILUÍDOS CM-30","Acre","-"]
["2014-10-01","ASFALTOS DILUÍDOS CM-30","Alagoas","-"]
["2014-10-01","ASFALTOS DILUÍDOS CM-30","Amapá","-"]
["2014-10-01","ASFALTOS DILUÍDOS CM-30","Amazonas",1.5696035731770417]
["2014-10-01","ASFALTOS DILUÍDOS CM-30","Bahia",1.5092353108857854]
["2014-10-01","ASFALTOS DILUÍDOS CM-30","Ceará",1.5110947008960001]
["2014-10-01","ASFALTOS DILUÍDOS CM-30","Distrito Federal","-"]
["2014-10-01","ASFALTOS DILUÍDOS CM-30","Espírito Santo","-"]
["2014-10-01","ASFALTOS DILUÍDOS CM-30","Goiás",1.6246091857755052]
["2014-10-01","ASFALTOS DILUÍDOS CM-30","Maranhão","-"]
["2014-10-01","ASFALTOS DILUÍDOS CM-30","Mato Grosso",1.938107946368246]
["2014-10-01","ASFALTOS DILUÍDOS CM-30","Mato Grosso do Sul","-"]
["2014-10-01","ASFALTOS DILUÍDOS CM-30","Minas Gerais",1.4769173807887346]
["2014-10-01","ASFALTOS DILUÍDOS CM-30","Pará",1.914772444513813]
["2014-10-01","ASFALTOS DILUÍDOS CM-30","Paraíba","-"]
["2014-10-01","ASFALTOS DILUÍDOS CM-30","Paraná",1.4365746213828052]
["2014-10-01","ASFALTOS DILUÍDOS CM-30","Pernambuco","-"]
["2014-10-01","ASFALTOS DILUÍDOS CM-30","Piauí","-"]
["2014-10-01","ASFALTOS DILUÍDOS CM-30","Rio de Janeiro",1.4391131019560579]
["2014-10-01","ASFALTOS DILUÍDOS CM-30","Rio Grande do Norte","-"]
["2014-10-01","ASFALTOS DILUÍDOS CM-30","Rio Grande do Sul",1.4898313701464032]
["2014-10-01","ASFALTOS DILUÍDOS CM-30","Rondônia","-"]
["2014-10-01","ASFALTOS DILUÍDOS CM-30","Roraima","-"]
["2014-10-01","ASFALTOS DILUÍDOS CM-30","Santa Catarina","-"]
["2014-10-01","ASFALTOS DILUÍDOS CM-30","São Paulo",1.4701726717799346]
["2014-10-01","ASFALTOS DILUÍDOS CM-30","Sergipe","-"]
["2014-10-01","ASFALTOS DILUÍDOS CM-30","Tocantins","-"]
["2014-11-01","ASFALTOS DILUÍDOS CM-30","Acre","-"]
["2014-11-01","ASFALTOS DILUÍDOS CM-30","Alagoas","-"]
["2014-11-01","ASFALTOS DILUÍDOS CM-30","Amapá","-"]
["2014-11-01","ASFALTOS DILUÍDOS CM-30","Amazonas",1.4787561973043968]
["2014-11-01","ASFALTOS DILUÍDOS CM-30","Bahia",1.5527867574076128]
["2014-11-01","ASFALTOS DILUÍDOS CM-30","Ceará",1.5926739084744492]
["2014-11-01","ASFALTOS DILUÍDOS CM-30","Distrito Federal","-"]
["2014-11-01","ASFALTOS DILUÍDOS CM-30","Espírito Santo","-"]
["2014-11-01","ASFALTOS DILUÍDOS CM-30","Goiás",1.5756791219070552]
["2014-11-01","ASFALTOS DILUÍDOS CM-30","Maranhão","-"]
["2014-11-01","ASFALTOS DILUÍDOS CM-30","Mato Grosso",1.9929676876804618]
["2014-11-01","ASFALTOS DILUÍDOS CM-30","Mato Grosso do Sul","-"]
["2014-11-01","ASFALTOS DILUÍDOS CM-30","Minas Gerais",1.4390341232191841]
["2014-11-01","ASFALTOS DILUÍDOS CM-30","Pará","-"]
["2014-11-01","ASFALTOS DILUÍDOS CM-30","Paraíba","-"]
["2014-11-01","ASFALTOS DILUÍDOS CM-30","Paraná",1.5536667225006813]
["2014-11-01","ASFALTOS DILUÍDOS CM-30","Pernambuco","-"]
["2014-11-01","ASFALTOS DILUÍDOS CM-30","Piauí","-"]
["2014-11-01","ASFALTOS DILUÍDOS CM-30","Rio de Janeiro",1.4800545091789903]
["2014-11-01","ASFALTOS DILUÍDOS CM-30","Rio Grande do Norte","-"]
["2014-11-01","ASFALTOS DILUÍDOS CM-30","Rio Grande do Sul",1.4925691951028917]
["2014-11-01","ASFALTOS DILUÍDOS CM-30","Rondônia","-"]
["2014-11-01","ASFALTOS DILUÍDOS CM-30","Roraima","-"]
["2014-11-01","ASFALTOS DILUÍDOS CM-30","Santa Catarina","-"]
["2014-11-01","ASFALTOS DILUÍDOS CM-30","São Paulo",1.5122719109415648]
["2014-11-01","ASFALTOS DILUÍDOS CM-30","Sergipe","-"]
["2014-11-01","ASFALTOS DILUÍDOS CM-30","Tocantins","-"]
["2014-12-01","ASFALTOS DILUÍDOS CM-30","Acre","-"]
["2014-12-01","ASFALTOS DILUÍDOS CM-30","Alagoas","-"]
["2014-12-01","ASFALTOS DILUÍDOS CM-30","Amapá","-"]
["2014-12-01","ASFALTOS DILUÍDOS CM-30","Amazonas",1.5822282822117755]
["2014-12-01","ASFALTOS DILUÍDOS CM-30","Bahia",1.6787212780815806]
["2014-12-01","ASFALTOS DILUÍDOS CM-30","Ceará",1.7166321668508724]
["2014-12-01","ASFALTOS DILUÍDOS CM-30","Distrito Federal","-"]
["2014-12-01","ASFALTOS DILUÍDOS CM-30","Espírito Santo","-"]
["2014-12-01","ASFALTOS DILUÍDOS CM-30","Goiás",1.9356190000626918]
["2014-12-01","ASFALTOS DILUÍDOS CM-30","Maranhão","-"]
["2014-12-01","ASFALTOS DILUÍDOS CM-30","Mato Grosso",2.0111752628723014]
["2014-12-01","ASFALTOS DILUÍDOS CM-30","Mato Grosso do Sul","-"]
["2014-12-01","ASFALTOS DILUÍDOS CM-30","Minas Gerais",1.6701488187808902]
["2014-12-01","ASFALTOS DILUÍDOS CM-30","Pará",1.966710274793229]
["2014-12-01","ASFALTOS DILUÍDOS CM-30","Paraíba","-"]
["2014-12-01","ASFALTOS DILUÍDOS CM-30","Paraná",1.6886910460398328]
["2014-12-01","ASFALTOS DILUÍDOS CM-30","Pernambuco","-"]
["2014-12-01","ASFALTOS DILUÍDOS CM-30","Piauí","-"]
["2014-12-01","ASFALTOS DILUÍDOS CM-30","Rio de Janeiro",1.5883843361265459]
["2014-12-01","ASFALTOS DILUÍDOS CM-30","Rio Grande do Norte","-"]
["2014-12-01","ASFALTOS DILUÍDOS CM-30","Rio Grande do Sul",1.6099653147945927]
["2014-12-01","ASFALTOS DILUÍDOS CM-30","Rondônia","-"]
["2014-12-01","ASFALTOS DILUÍDOS CM-30","Roraima","-"]
["2014-12-01","ASFALTOS DILUÍDOS CM-30","Santa Catarina","-"]
["2014-12-01","ASFALTOS DILUÍDOS CM-30","São Paulo",1.5955305071648389]
["2014-12-01","ASFALTOS DILUÍDOS CM-30","Sergipe","-"]
["2014-12-01","ASFALTOS DILUÍDOS CM-30","Tocantins","-"]
["2015-01-01","ASFALTOS DILUÍDOS CM-30","Acre","-"]
["2015-01-01","ASFALTOS DILUÍDOS CM-30","Alagoas","-"]
["2015-01-01","ASFALTOS DILUÍDOS CM-30","Amapá","-"]
["2015-01-01","ASFALTOS DILUÍDOS CM-30","Amazonas",1.8436752973061763]
["2015-01-01","ASFALTOS DILUÍDOS CM-30","Bahia",2.0380652186303823]
["2015-01-01","ASFALTOS DILUÍDOS CM-30","Ceará",2.0263385958659481]
["2015-01-01","ASFALTOS DILUÍDOS CM-30","Distrito Federal","-"]
["2015-01-01","ASFALTOS DILUÍDOS CM-30","Espírito Santo","-"]
["2015-01-01","ASFALTOS DILUÍDOS CM-30","Goiás",2.2253787624257231]
["2015-01-01","ASFALTOS DILUÍDOS CM-30","Maranhão","-"]
["2015-01-01","ASFALTOS DILUÍDOS CM-30","Mato Grosso",2.4857849412190269]
["2015-01-01","ASFALTOS DILUÍDOS CM-30","Mato Grosso do Sul","-"]
["2015-01-01","ASFALTOS DILUÍDOS CM-30","Minas Gerais",1.810863619344774]
["2015-01-01","ASFALTOS DILUÍDOS CM-30","Pará","-"]
["2015-01-01","ASFALTOS DILUÍDOS CM-30","Paraíba","-"]
["2015-01-01","ASFALTOS DILUÍDOS CM-30","Paraná",1.8470965182058714]
["2015-01-01","ASFALTOS DILUÍDOS CM-30","Pernambuco","-"]
["2015-01-01","ASFALTOS DILUÍDOS CM-30","Piauí","-"]
["2015-01-01","ASFALTOS DILUÍDOS CM-30","Rio de Janeiro",1.9044150109151972]
["2015-01-01","ASFALTOS DILUÍDOS CM-30","Rio Grande do Norte","-"]
["2015-01-01","ASFALTOS DILUÍDOS CM-30","Rio Grande do Sul",1.9850377917343058]
["2015-01-01","ASFALTOS DILUÍDOS CM-30","Rondônia","-"]
["2015-01-01","ASFALTOS DILUÍDOS CM-30","Roraima","-"]
["2015-01-01","ASFALTOS DILUÍDOS CM-30","Santa Catarina","-"]
["2015-01-01","ASFALTOS DILUÍDOS CM-30","São Paulo",1.9806267067549681]
["2015-01-01","ASFALTOS DILUÍDOS CM-30","Sergipe","-"]
["2015-01-01","ASFALTOS DILUÍDOS CM-30","Tocantins","-"]
["2015-02-01","ASFALTOS DILUÍDOS CM-30","Acre","-"]
["2015-02-01","ASFALTOS DILUÍDOS CM-30","Alagoas","-"]
["2015-02-01","ASFALTOS DILUÍDOS CM-30","Amapá","-"]
["2015-02-01","ASFALTOS DILUÍDOS CM-30","Amazonas",1.9057393108376339]
["2015-02-01","ASFALTOS DILUÍDOS CM-30","Bahia",1.9590368302280883]
["2015-02-01","ASFALTOS DILUÍDOS CM-30","Ceará",2.0116737615833107]
["2015-02-01","ASFALTOS DILUÍDOS CM-30","Distrito Federal","-"]
["2015-02-01","ASFALTOS DILUÍDOS CM-30","Espírito Santo","-"]
["2015-02-01","ASFALTOS DILUÍDOS CM-30","Goiás","-"]
["2015-02-01","ASFALTOS DILUÍDOS CM-30","Maranhão","-"]
["2015-02-01","ASFALTOS DILUÍDOS CM-30","Mato Grosso",2.4281981196581195]
["2015-02-01","ASFALTOS DILUÍDOS CM-30","Mato Grosso do Sul","-"]
["2015-02-01","ASFALTOS DILUÍDOS CM-30","Minas Gerais",1.7916464381814869]
["2015-02-01","ASFALTOS DILUÍDOS CM-30","Pará","-"]
["2015-02-01","ASFALTOS DILUÍDOS CM-30","Paraíba","-"]
["2015-02-01","ASFALTOS DILUÍDOS CM-30","Paraná",1.9195190758091181]
["2015-02-01","ASFALTOS DILUÍDOS CM-30","Pernambuco","-"]
["2015-02-01","ASFALTOS DILUÍDOS CM-30","Piauí","-"]
["2015-02-01","ASFALTOS DILUÍDOS CM-30","Rio de Janeiro",1.8487725159583641]
["2015-02-01","ASFALTOS DILUÍDOS CM-30","Rio Grande do Norte","-"]
["2015-02-01","ASFALTOS DILUÍDOS CM-30","Rio Grande do Sul",1.9364837098056416]
["2015-02-01","ASFALTOS DILUÍDOS CM-30","Rondônia","-"]
["2015-02-01","ASFALTOS DILUÍDOS CM-30","Roraima","-"]
["2015-02-01","ASFALTOS DILUÍDOS CM-30","Santa Catarina","-"]
["2015-02-01","ASFALTOS DILUÍDOS CM-30","São Paulo",2.0779300602464215]
["2015-02-01","ASFALTOS DILUÍDOS CM-30","Sergipe","-"]
["2015-02-01","ASFALTOS DILUÍDOS CM-30","Tocantins","-"]
["2015-03-01","ASFALTOS DILUÍDOS CM-30","Acre","-"]
["2015-03-01","ASFALTOS DILUÍDOS CM-30","Alagoas","-"]
["2015-03-01","ASFALTOS DILUÍDOS CM-30","Amapá","-"]
["2015-03-01","ASFALTOS DILUÍDOS CM-30","Amazonas",1.8035811153205663]
["2015-03-01","ASFALTOS DILUÍDOS CM-30","Bahia",1.9797124584142363]
["2015-03-01","ASFALTOS DILUÍDOS CM-30","Ceará",1.9514548417981805]
["2015-03-01","ASFALTOS DILUÍDOS CM-30","Distrito Federal","-"]
["2015-03-01","ASFALTOS DILUÍDOS CM-30","Espírito Santo","-"]
["2015-03-01","ASFALTOS DILUÍDOS CM-30","Goiás",2.1927332565679687]
["2015-03-01","ASFALTOS DILUÍDOS CM-30","Maranhão","-"]
["2015-03-01","ASFALTOS DILUÍDOS CM-30","Mato Grosso","-"]
["2015-03-01","ASFALTOS DILUÍDOS CM-30","Mato Grosso do Sul","-"]
["2015-03-01","ASFALTOS DILUÍDOS CM-30","Minas Gerais",1.8592465471486697]
["2015-03-01","ASFALTOS DILUÍDOS CM-30","Pará","-"]
["2015-03-01","ASFALTOS DILUÍDOS CM-30","Paraíba","-"]
["2015-03-01","ASFALTOS DILUÍDOS CM-30","Paraná",1.9391008524288935]
["2015-03-01","ASFALTOS DILUÍDOS CM-30","Pernambuco","-"]
["2015-03-01","ASFALTOS DILUÍDOS CM-30","Piauí","-"]
["2015-03-01","ASFALTOS DILUÍDOS CM-30","Rio de Janeiro",1.8656178637387386]
["2015-03-01","ASFALTOS DILUÍDOS CM-30","Rio Grande do Norte","-"]
["2015-03-01","ASFALTOS DILUÍDOS CM-30","Rio Grande do Sul",1.9221134951609518]
["2015-03-01","ASFALTOS DILUÍDOS CM-30","Rondônia","-"]
["2015-03-01","ASFALTOS DILUÍDOS CM-30","Roraima","-"]
["2015-03-01","ASFALTOS DILUÍDOS CM-30","Santa Catarina","-"]
["2015-03-01","ASFALTOS DILUÍDOS CM-30","São Paulo",1.9826086541770989]
["2015-03-01","ASFALTOS DILUÍDOS CM-30","Sergipe","-"]
["2015-03-01","ASFALTOS DILUÍDOS CM-30","Tocantins","-"]
["2015-04-01","ASFALTOS DILUÍDOS CM-30","Acre","-"]
["2015-04-01","ASFALTOS DILUÍDOS CM-30","Alagoas","-"]
["2015-04-01","ASFALTOS DILUÍDOS CM-30","Amapá","-"]
["2015-04-01","ASFALTOS DILUÍDOS CM-30","Amazonas","-"]
["2015-04-01","ASFALTOS DILUÍDOS CM-30","Bahia",2.0182186531283861]
["2015-04-01","ASFALTOS DILUÍDOS CM-30","Ceará",1.9780990107053897]
["2015-04-01","ASFALTOS DILUÍDOS CM-30","Distrito Federal","-"]
["2015-04-01","ASFALTOS DILUÍDOS CM-30","Espírito Santo","-"]
["2015-04-01","ASFALTOS DILUÍDOS CM-30","Goiás",2.2520955108331857]
["2015-04-01","ASFALTOS DILUÍDOS CM-30","Maranhão","-"]
["2015-04-01","ASFALTOS DILUÍDOS CM-30","Mato Grosso",2.4706438955823291]
["2015-04-01","ASFALTOS DILUÍDOS CM-30","Mato Grosso do Sul","-"]
["2015-04-01","ASFALTOS DILUÍDOS CM-30","Minas Gerais",1.8213234721222389]
["2015-04-01","ASFALTOS DILUÍDOS CM-30","Pará","-"]
["2015-04-01","ASFALTOS DILUÍDOS CM-30","Paraíba","-"]
["2015-04-01","ASFALTOS DILUÍDOS CM-30","Paraná",1.9699006009485249]
["2015-04-01","ASFALTOS DILUÍDOS CM-30","Pernambuco","-"]
["2015-04-01","ASFALTOS DILUÍDOS CM-30","Piauí","-"]
["2015-04-01","ASFALTOS DILUÍDOS CM-30","Rio de Janeiro",1.84082279677077]
["2015-04-01","ASFALTOS DILUÍDOS CM-30","Rio Grande do Norte","-"]
["2015-04-01","ASFALTOS DILUÍDOS CM-30","Rio Grande do Sul",1.9063036026996054]
["2015-04-01","ASFALTOS DILUÍDOS CM-30","Rondônia","-"]
["2015-04-01","ASFALTOS DILUÍDOS CM-30","Roraima","-"]
["2015-04-01","ASFALTOS DILUÍDOS CM-30","Santa Catarina","-"]
["2015-04-01","ASFALTOS DILUÍDOS CM-30","São Paulo",1.9037344995322731]
["2015-04-01","ASFALTOS DILUÍDOS CM-30","Sergipe","-"]
["2015-04-01","ASFALTOS DILUÍDOS CM-30","Tocantins","-"]
["2015-05-01","ASFALTOS DILUÍDOS CM-30","Acre","-"]
["2015-05-01","ASFALTOS DILUÍDOS CM-30","Alagoas","-"]
["2015-05-01","ASFALTOS DILUÍDOS CM-30","Amapá","-"]
["2015-05-01","ASFALTOS DILUÍDOS CM-30","Amazonas",1.9113516812739166]
["2015-05-01","ASFALTOS DILUÍDOS CM-30","Bahia",1.9643649797612657]
["2015-05-01","ASFALTOS DILUÍDOS CM-30","Ceará",1.9385491692040848]
["2015-05-01","ASFALTOS DILUÍDOS CM-30","Distrito Federal","-"]
["2015-05-01","ASFALTOS DILUÍDOS CM-30","Espírito Santo","-"]
["2015-05-01","ASFALTOS DILUÍDOS CM-30","Goiás",2.2060183742674941]
["2015-05-01","ASFALTOS DILUÍDOS CM-30","Maranhão","-"]
["2015-05-01","ASFALTOS DILUÍDOS CM-30","Mato Grosso",2.4085516525116026]
["2015-05-01","ASFALTOS DILUÍDOS CM-30","Mato Grosso do Sul","-"]
["2015-05-01","ASFALTOS DILUÍDOS CM-30","Minas Gerais",1.7646930202805851]
["2015-05-01","ASFALTOS DILUÍDOS CM-30","Pará","-"]
["2015-05-01","ASFALTOS DILUÍDOS CM-30","Paraíba","-"]
["2015-05-01","ASFALTOS DILUÍDOS CM-30","Paraná",2.076263791769934]
["2015-05-01","ASFALTOS DILUÍDOS CM-30","Pernambuco","-"]
["2015-05-01","ASFALTOS DILUÍDOS CM-30","Piauí","-"]
["2015-05-01","ASFALTOS DILUÍDOS CM-30","Rio de Janeiro",1.8513092086219372]
["2015-05-01","ASFALTOS DILUÍDOS CM-30","Rio Grande do Norte","-"]
["2015-05-01","ASFALTOS DILUÍDOS CM-30","Rio Grande do Sul",1.9467232328850232]
["2015-05-01","ASFALTOS DILUÍDOS CM-30","Rondônia","-"]
["2015-05-01","ASFALTOS DILUÍDOS CM-30","Roraima","-"]
["2015-05-01","ASFALTOS DILUÍDOS CM-30","Santa Catarina","-"]
["2015-05-01","ASFALTOS DILUÍDOS CM-30","São Paulo",1.8818684385874191]
["2015-05-01","ASFALTOS DILUÍDOS CM-30","Sergipe","-"]
["2015-05-01","ASFALTOS DILUÍDOS CM-30","Tocantins","-"]
["2015-06-01","ASFALTOS DILUÍDOS CM-30","Acre","-"]
["2015-06-01","ASFALTOS DILUÍDOS CM-30","Alagoas","-"]
["2015-06-01","ASFALTOS DILUÍDOS CM-30","Amapá","-"]
["2015-06-01","ASFALTOS DILUÍDOS CM-30","Amazonas","-"]
["2015-06-01","ASFALTOS DILUÍDOS CM-30","Bahia",2.0649718823529417]
["2015-06-01","ASFALTOS DILUÍDOS CM-30","Ceará",1.9220120292246414]
["2015-06-01","ASFALTOS DILUÍDOS CM-30","Distrito Federal","-"]
["2015-06-01","ASFALTOS DILUÍDOS CM-30","Espírito Santo","-"]
["2015-06-01","ASFALTOS DILUÍDOS CM-30","Goiás",2.2506241829455722]
["2015-06-01","ASFALTOS DILUÍDOS CM-30","Maranhão","-"]
["2015-06-01","ASFALTOS DILUÍDOS CM-30","Mato Grosso",2.4281963182153974]
["2015-06-01","ASFALTOS DILUÍDOS CM-30","Mato Grosso do Sul","-"]
["2015-06-01","ASFALTOS DILUÍDOS CM-30","Minas Gerais",1.8123355726191646]
["2015-06-01","ASFALTOS DILUÍDOS CM-30","Pará","-"]
["2015-06-01","ASFALTOS DILUÍDOS CM-30","Paraíba","-"]
["2015-06-01","ASFALTOS DILUÍDOS CM-30","Paraná",2.0003676800884533]
["2015-06-01","ASFALTOS DILUÍDOS CM-30","Pernambuco","-"]
["2015-06-01","ASFALTOS DILUÍDOS CM-30","Piauí","-"]
["2015-06-01","ASFALTOS DILUÍDOS CM-30","Rio de Janeiro",1.7576409243237323]
["2015-06-01","ASFALTOS DILUÍDOS CM-30","Rio Grande do Norte","-"]
["2015-06-01","ASFALTOS DILUÍDOS CM-30","Rio Grande do Sul",1.9147810265331728]
["2015-06-01","ASFALTOS DILUÍDOS CM-30","Rondônia","-"]
["2015-06-01","ASFALTOS DILUÍDOS CM-30","Roraima","-"]
["2015-06-01","ASFALTOS DILUÍDOS CM-30","Santa Catarina","-"]
["2015-06-01","ASFALTOS DILUÍDOS CM-30","São Paulo",1.9205662879414436]
["2015-06-01","ASFALTOS DILUÍDOS CM-30","Sergipe","-"]
["2015-06-01","ASFALTOS DILUÍDOS CM-30","Tocantins","-"]
["2015-07-01","ASFALTOS DILUÍDOS CM-30","Acre","-"]
["2015-07-01","ASFALTOS DILUÍDOS CM-30","Alagoas","-"]
["2015-07-01","ASFALTOS DILUÍDOS CM-30","Amapá","-"]
["2015-07-01","ASFALTOS DILUÍDOS CM-30","Amazonas","-"]
["2015-07-01","ASFALTOS DILUÍDOS CM-30","Bahia",1.9525683196479859]
["2015-07-01","ASFALTOS DILUÍDOS CM-30","Ceará",2.0101001823224549]
["2015-07-01","ASFALTOS DILUÍDOS CM-30","Distrito Federal","-"]
["2015-07-01","ASFALTOS DILUÍDOS CM-30","Espírito Santo","-"]
["2015-07-01","ASFALTOS DILUÍDOS CM-30","Goiás",1.9893052477758781]
["2015-07-01","ASFALTOS DILUÍDOS CM-30","Maranhão","-"]
["2015-07-01","ASFALTOS DILUÍDOS CM-30","Mato Grosso",2.2406543645944623]
["2015-07-01","ASFALTOS DILUÍDOS CM-30","Mato Grosso do Sul","-"]
["2015-07-01","ASFALTOS DILUÍDOS CM-30","Minas Gerais",1.7224794943222455]
["2015-07-01","ASFALTOS DILUÍDOS CM-30","Pará","-"]
["2015-07-01","ASFALTOS DILUÍDOS CM-30","Paraíba","-"]
["2015-07-01","ASFALTOS DILUÍDOS CM-30","Paraná",1.9309299283677583]
["2015-07-01","ASFALTOS DILUÍDOS CM-30","Pernambuco","-"]
["2015-07-01","ASFALTOS DILUÍDOS CM-30","Piauí","-"]
["2015-07-01","ASFALTOS DILUÍDOS CM-30","Rio de Janeiro",1.8306578794329917]
["2015-07-01","ASFALTOS DILUÍDOS CM-30","Rio Grande do Norte","-"]
["2015-07-01","ASFALTOS DILUÍDOS CM-30","Rio Grande do Sul",1.9332156955241173]
["2015-07-01","ASFALTOS DILUÍDOS CM-30","Rondônia","-"]
["2015-07-01","ASFALTOS DILUÍDOS CM-30","Roraima","-"]
["2015-07-01","ASFALTOS DILUÍDOS CM-30","Santa Catarina","-"]
["2015-07-01","ASFALTOS DILUÍDOS CM-30","São Paulo",1.8809198059801582]
["2015-07-01","ASFALTOS DILUÍDOS CM-30","Sergipe","-"]
["2015-07-01","ASFALTOS DILUÍDOS CM-30","Tocantins","-"]
["2015-08-01","ASFALTOS DILUÍDOS CM-30","Acre","-"]
["2015-08-01","ASFALTOS DILUÍDOS CM-30","Alagoas","-"]
["2015-08-01","ASFALTOS DILUÍDOS CM-30","Amapá","-"]
["2015-08-01","ASFALTOS DILUÍDOS CM-30","Amazonas","-"]
["2015-08-01","ASFALTOS DILUÍDOS CM-30","Bahia",1.9943519145464235]
["2015-08-01","ASFALTOS DILUÍDOS CM-30","Ceará",2.0461120563062565]
["2015-08-01","ASFALTOS DILUÍDOS CM-30","Distrito Federal","-"]
["2015-08-01","ASFALTOS DILUÍDOS CM-30","Espírito Santo","-"]
["2015-08-01","ASFALTOS DILUÍDOS CM-30","Goiás",2.229564821198819]
["2015-08-01","ASFALTOS DILUÍDOS CM-30","Maranhão","-"]
["2015-08-01","ASFALTOS DILUÍDOS CM-30","Mato Grosso",2.3919524221003194]
["2015-08-01","ASFALTOS DILUÍDOS CM-30","Mato Grosso do Sul","-"]
["2015-08-01","ASFALTOS DILUÍDOS CM-30","Minas Gerais",1.8251850363982463]
["2015-08-01","ASFALTOS DILUÍDOS CM-30","Pará","-"]
["2015-08-01","ASFALTOS DILUÍDOS CM-30","Paraíba","-"]
["2015-08-01","ASFALTOS DILUÍDOS CM-30","Paraná",1.9779824672606272]
["2015-08-01","ASFALTOS DILUÍDOS CM-30","Pernambuco","-"]
["2015-08-01","ASFALTOS DILUÍDOS CM-30","Piauí","-"]
["2015-08-01","ASFALTOS DILUÍDOS CM-30","Rio de Janeiro",1.7638437876840007]
["2015-08-01","ASFALTOS DILUÍDOS CM-30","Rio Grande do Norte","-"]
["2015-08-01","ASFALTOS DILUÍDOS CM-30","Rio Grande do Sul",1.8718989442759211]
["2015-08-01","ASFALTOS DILUÍDOS CM-30","Rondônia","-"]
["2015-08-01","ASFALTOS DILUÍDOS CM-30","Roraima","-"]
["2015-08-01","ASFALTOS DILUÍDOS CM-30","Santa Catarina","-"]
["2015-08-01","ASFALTOS DILUÍDOS CM-30","São Paulo",1.8560040924101151]
["2015-08-01","ASFALTOS DILUÍDOS CM-30","Sergipe","-"]
["2015-08-01","ASFALTOS DILUÍDOS CM-30","Tocantins","-"]
["2015-09-01","ASFALTOS DILUÍDOS CM-30","Acre","-"]
["2015-09-01","ASFALTOS DILUÍDOS CM-30","Alagoas","-"]
["2015-09-01","ASFALTOS DILUÍDOS CM-30","Amapá","-"]
["2015-09-01","ASFALTOS DILUÍDOS CM-30","Amazonas","-"]
["2015-09-01","ASFALTOS DILUÍDOS CM-30","Bahia",2.0777484395203141]
["2015-09-01","ASFALTOS DILUÍDOS CM-30","Ceará",2.093157706468161]
["2015-09-01","ASFALTOS DILUÍDOS CM-30","Distrito Federal","-"]
["2015-09-01","ASFALTOS DILUÍDOS CM-30","Espírito Santo","-"]
["2015-09-01","ASFALTOS DILUÍDOS CM-30","Goiás",2.2631444264273126]
["2015-09-01","ASFALTOS DILUÍDOS CM-30","Maranhão","-"]
["2015-09-01","ASFALTOS DILUÍDOS CM-30","Mato Grosso",2.4318366613694042]
["2015-09-01","ASFALTOS DILUÍDOS CM-30","Mato Grosso do Sul","-"]
["2015-09-01","ASFALTOS DILUÍDOS CM-30","Minas Gerais",1.9186203798107475]
["2015-09-01","ASFALTOS DILUÍDOS CM-30","Pará","-"]
["2015-09-01","ASFALTOS DILUÍDOS CM-30","Paraíba","-"]
["2015-09-01","ASFALTOS DILUÍDOS CM-30","Paraná",2.0515291933218358]
["2015-09-01","ASFALTOS DILUÍDOS CM-30","Pernambuco","-"]
["2015-09-01","ASFALTOS DILUÍDOS CM-30","Piauí","-"]
["2015-09-01","ASFALTOS DILUÍDOS CM-30","Rio de Janeiro",1.9160395782594835]
["2015-09-01","ASFALTOS DILUÍDOS CM-30","Rio Grande do Norte","-"]
["2015-09-01","ASFALTOS DILUÍDOS CM-30","Rio Grande do Sul",1.9340445959748491]
["2015-09-01","ASFALTOS DILUÍDOS CM-30","Rondônia","-"]
["2015-09-01","ASFALTOS DILUÍDOS CM-30","Roraima","-"]
["2015-09-01","ASFALTOS DILUÍDOS CM-30","Santa Catarina","-"]
["2015-09-01","ASFALTOS DILUÍDOS CM-30","São Paulo",1.9898352439836042]
["2015-09-01","ASFALTOS DILUÍDOS CM-30","Sergipe","-"]
["2015-09-01","ASFALTOS DILUÍDOS CM-30","Tocantins","-"]
["2015-10-01","ASFALTOS DILUÍDOS CM-30","Acre","-"]
["2015-10-01","ASFALTOS DILUÍDOS CM-30","Alagoas","-"]
["2015-10-01","ASFALTOS DILUÍDOS CM-30","Amapá","-"]
["2015-10-01","ASFALTOS DILUÍDOS CM-30","Amazonas",2.0822279651190119]
["2015-10-01","ASFALTOS DILUÍDOS CM-30","Bahia",2.2050839063869145]
["2015-10-01","ASFALTOS DILUÍDOS CM-30","Ceará",2.1476263351797829]
["2015-10-01","ASFALTOS DILUÍDOS CM-30","Distrito Federal","-"]
["2015-10-01","ASFALTOS DILUÍDOS CM-30","Espírito Santo","-"]
["2015-10-01","ASFALTOS DILUÍDOS CM-30","Goiás",2.3525589866195058]
["2015-10-01","ASFALTOS DILUÍDOS CM-30","Maranhão","-"]
["2015-10-01","ASFALTOS DILUÍDOS CM-30","Mato Grosso",2.5328747515467649]
["2015-10-01","ASFALTOS DILUÍDOS CM-30","Mato Grosso do Sul","-"]
["2015-10-01","ASFALTOS DILUÍDOS CM-30","Minas Gerais",1.9920239420005064]
["2015-10-01","ASFALTOS DILUÍDOS CM-30","Pará","-"]
["2015-10-01","ASFALTOS DILUÍDOS CM-30","Paraíba","-"]
["2015-10-01","ASFALTOS DILUÍDOS CM-30","Paraná",2.1713156086738969]
["2015-10-01","ASFALTOS DILUÍDOS CM-30","Pernambuco","-"]
["2015-10-01","ASFALTOS DILUÍDOS CM-30","Piauí","-"]
["2015-10-01","ASFALTOS DILUÍDOS CM-30","Rio de Janeiro",1.9995862311835897]
["2015-10-01","ASFALTOS DILUÍDOS CM-30","Rio Grande do Norte","-"]
["2015-10-01","ASFALTOS DILUÍDOS CM-30","Rio Grande do Sul",2.0477011168422026]
["2015-10-01","ASFALTOS DILUÍDOS CM-30","Rondônia","-"]
["2015-10-01","ASFALTOS DILUÍDOS CM-30","Roraima","-"]
["2015-10-01","ASFALTOS DILUÍDOS CM-30","Santa Catarina","-"]
["2015-10-01","ASFALTOS DILUÍDOS CM-30","São Paulo",2.1378872305508949]
["2015-10-01","ASFALTOS DILUÍDOS CM-30","Sergipe","-"]
["2015-10-01","ASFALTOS DILUÍDOS CM-30","Tocantins","-"]
["2015-11-01","ASFALTOS DILUÍDOS CM-30","Acre","-"]
["2015-11-01","ASFALTOS DILUÍDOS CM-30","Alagoas","-"]
["2015-11-01","ASFALTOS DILUÍDOS CM-30","Amapá","-"]
["2015-11-01","ASFALTOS DILUÍDOS CM-30","Amazonas","-"]
["2015-11-01","ASFALTOS DILUÍDOS CM-30","Bahia",2.4911649286714614]
["2015-11-01","ASFALTOS DILUÍDOS CM-30","Ceará",2.4076158807045194]
["2015-11-01","ASFALTOS DILUÍDOS CM-30","Distrito Federal","-"]
["2015-11-01","ASFALTOS DILUÍDOS CM-30","Espírito Santo","-"]
["2015-11-01","ASFALTOS DILUÍDOS CM-30","Goiás",2.6519842901030324]
["2015-11-01","ASFALTOS DILUÍDOS CM-30","Maranhão","-"]
["2015-11-01","ASFALTOS DILUÍDOS CM-30","Mato Grosso",2.7763479134869371]
["2015-11-01","ASFALTOS DILUÍDOS CM-30","Mato Grosso do Sul","-"]
["2015-11-01","ASFALTOS DILUÍDOS CM-30","Minas Gerais",2.2476605808400301]
["2015-11-01","ASFALTOS DILUÍDOS CM-30","Pará","-"]
["2015-11-01","ASFALTOS DILUÍDOS CM-30","Paraíba","-"]
["2015-11-01","ASFALTOS DILUÍDOS CM-30","Paraná",2.3898134886474796]
["2015-11-01","ASFALTOS DILUÍDOS CM-30","Pernambuco","-"]
["2015-11-01","ASFALTOS DILUÍDOS CM-30","Piauí","-"]
["2015-11-01","ASFALTOS DILUÍDOS CM-30","Rio de Janeiro",2.2904409806707129]
["2015-11-01","ASFALTOS DILUÍDOS CM-30","Rio Grande do Norte","-"]
["2015-11-01","ASFALTOS DILUÍDOS CM-30","Rio Grande do Sul",2.2418652592516231]
["2015-11-01","ASFALTOS DILUÍDOS CM-30","Rondônia","-"]
["2015-11-01","ASFALTOS DILUÍDOS CM-30","Roraima","-"]
["2015-11-01","ASFALTOS DILUÍDOS CM-30","Santa Catarina","-"]
["2015-11-01","ASFALTOS DILUÍDOS CM-30","São Paulo",2.3526086354638163]
["2015-11-01","ASFALTOS DILUÍDOS CM-30","Sergipe","-"]
["2015-11-01","ASFALTOS DILUÍDOS CM-30","Tocantins","-"]
["2015-12-01","ASFALTOS DILUÍDOS CM-30","Acre","-"]
["2015-12-01","ASFALTOS DILUÍDOS CM-30","Alagoas","-"]
["2015-12-01","ASFALTOS DILUÍDOS CM-30","Amapá","-"]
["2015-12-01","ASFALTOS DILUÍDOS CM-30","Amazonas",2.656570216126068]
["2015-12-01","ASFALTOS DILUÍDOS CM-30","Bahia",2.4679276024920083]
["2015-12-01","ASFALTOS DILUÍDOS CM-30","Ceará",2.3617221705871208]
["2015-12-01","ASFALTOS DILUÍDOS CM-30","Distrito Federal","-"]
["2015-12-01","ASFALTOS DILUÍDOS CM-30","Espírito Santo","-"]
["2015-12-01","ASFALTOS DILUÍDOS CM-30","Goiás","-"]
["2015-12-01","ASFALTOS DILUÍDOS CM-30","Maranhão","-"]
["2015-12-01","ASFALTOS DILUÍDOS CM-30","Mato Grosso",2.7808890417718604]
["2015-12-01","ASFALTOS DILUÍDOS CM-30","Mato Grosso do Sul","-"]
["2015-12-01","ASFALTOS DILUÍDOS CM-30","Minas Gerais",2.2162136349846078]
["2015-12-01","ASFALTOS DILUÍDOS CM-30","Pará","-"]
["2015-12-01","ASFALTOS DILUÍDOS CM-30","Paraíba","-"]
["2015-12-01","ASFALTOS DILUÍDOS CM-30","Paraná",2.5178176258303084]
["2015-12-01","ASFALTOS DILUÍDOS CM-30","Pernambuco","-"]
["2015-12-01","ASFALTOS DILUÍDOS CM-30","Piauí","-"]
["2015-12-01","ASFALTOS DILUÍDOS CM-30","Rio de Janeiro",2.2919812498533041]
["2015-12-01","ASFALTOS DILUÍDOS CM-30","Rio Grande do Norte","-"]
["2015-12-01","ASFALTOS DILUÍDOS CM-30","Rio Grande do Sul",2.2498893477167123]
["2015-12-01","ASFALTOS DILUÍDOS CM-30","Rondônia","-"]
["2015-12-01","ASFALTOS DILUÍDOS CM-30","Roraima","-"]
["2015-12-01","ASFALTOS DILUÍDOS CM-30","Santa Catarina","-"]
["2015-12-01","ASFALTOS DILUÍDOS CM-30","São Paulo",2.4276249474799352]
["2015-12-01","ASFALTOS DILUÍDOS CM-30","Sergipe","-"]
["2015-12-01","ASFALTOS DILUÍDOS CM-30","Tocantins","-"]
["2016-01-01","ASFALTOS DILUÍDOS CM-30","Acre","-"]
["2016-01-01","ASFALTOS DILUÍDOS CM-30","Alagoas","-"]
["2016-01-01","ASFALTOS DILUÍDOS CM-30","Amapá","-"]
["2016-01-01","ASFALTOS DILUÍDOS CM-30","Amazonas",2.6918765083698539]
["2016-01-01","ASFALTOS DILUÍDOS CM-30","Bahia",2.4471459891549925]
["2016-01-01","ASFALTOS DILUÍDOS CM-30","Ceará",2.3121224180770299]
["2016-01-01","ASFALTOS DILUÍDOS CM-30","Distrito Federal","-"]
["2016-01-01","ASFALTOS DILUÍDOS CM-30","Espírito Santo","-"]
["2016-01-01","ASFALTOS DILUÍDOS CM-30","Goiás","-"]
["2016-01-01","ASFALTOS DILUÍDOS CM-30","Maranhão","-"]
["2016-01-01","ASFALTOS DILUÍDOS CM-30","Mato Grosso",3.1073730637847641]
["2016-01-01","ASFALTOS DILUÍDOS CM-30","Mato Grosso do Sul","-"]
["2016-01-01","ASFALTOS DILUÍDOS CM-30","Minas Gerais",2.2423714141725015]
["2016-01-01","ASFALTOS DILUÍDOS CM-30","Pará","-"]
["2016-01-01","ASFALTOS DILUÍDOS CM-30","Paraíba","-"]
["2016-01-01","ASFALTOS DILUÍDOS CM-30","Paraná",2.2194313166148851]
["2016-01-01","ASFALTOS DILUÍDOS CM-30","Pernambuco","-"]
["2016-01-01","ASFALTOS DILUÍDOS CM-30","Piauí","-"]
["2016-01-01","ASFALTOS DILUÍDOS CM-30","Rio de Janeiro",2.2977123128616763]
["2016-01-01","ASFALTOS DILUÍDOS CM-30","Rio Grande do Norte","-"]
["2016-01-01","ASFALTOS DILUÍDOS CM-30","Rio Grande do Sul",2.2461993368983952]
["2016-01-01","ASFALTOS DILUÍDOS CM-30","Rondônia","-"]
["2016-01-01","ASFALTOS DILUÍDOS CM-30","Roraima","-"]
["2016-01-01","ASFALTOS DILUÍDOS CM-30","Santa Catarina","-"]
["2016-01-01","ASFALTOS DILUÍDOS CM-30","São Paulo",2.2560637318955679]
["2016-01-01","ASFALTOS DILUÍDOS CM-30","Sergipe","-"]
["2016-01-01","ASFALTOS DILUÍDOS CM-30","Tocantins","-"]
["2016-02-01","ASFALTOS DILUÍDOS CM-30","Acre","-"]
["2016-02-01","ASFALTOS DILUÍDOS CM-30","Alagoas","-"]
["2016-02-01","ASFALTOS DILUÍDOS CM-30","Amapá","-"]
["2016-02-01","ASFALTOS DILUÍDOS CM-30","Amazonas",2.4455823166213881]
["2016-02-01","ASFALTOS DILUÍDOS CM-30","Bahia",2.5877462311345574]
["2016-02-01","ASFALTOS DILUÍDOS CM-30","Ceará",2.4143394514772587]
["2016-02-01","ASFALTOS DILUÍDOS CM-30","Distrito Federal","-"]
["2016-02-01","ASFALTOS DILUÍDOS CM-30","Espírito Santo","-"]
["2016-02-01","ASFALTOS DILUÍDOS CM-30","Goiás","-"]
["2016-02-01","ASFALTOS DILUÍDOS CM-30","Maranhão","-"]
["2016-02-01","ASFALTOS DILUÍDOS CM-30","Mato Grosso",2.9804877610805089]
["2016-02-01","ASFALTOS DILUÍDOS CM-30","Mato Grosso do Sul","-"]
["2016-02-01","ASFALTOS DILUÍDOS CM-30","Minas Gerais",2.2482721103311611]
["2016-02-01","ASFALTOS DILUÍDOS CM-30","Pará","-"]
["2016-02-01","ASFALTOS DILUÍDOS CM-30","Paraíba","-"]
["2016-02-01","ASFALTOS DILUÍDOS CM-30","Paraná",2.3818384064321081]
["2016-02-01","ASFALTOS DILUÍDOS CM-30","Pernambuco","-"]
["2016-02-01","ASFALTOS DILUÍDOS CM-30","Piauí","-"]
["2016-02-01","ASFALTOS DILUÍDOS CM-30","Rio de Janeiro","-"]
["2016-02-01","ASFALTOS DILUÍDOS CM-30","Rio Grande do Norte","-"]
["2016-02-01","ASFALTOS DILUÍDOS CM-30","Rio Grande do Sul",2.3211147518245867]
["2016-02-01","ASFALTOS DILUÍDOS CM-30","Rondônia","-"]
["2016-02-01","ASFALTOS DILUÍDOS CM-30","Roraima","-"]
["2016-02-01","ASFALTOS DILUÍDOS CM-30","Santa Catarina","-"]
["2016-02-01","ASFALTOS DILUÍDOS CM-30","São Paulo",2.4229083378074496]
["2016-02-01","ASFALTOS DILUÍDOS CM-30","Sergipe","-"]
["2016-02-01","ASFALTOS DILUÍDOS CM-30","Tocantins","-"]
["2016-03-01","ASFALTOS DILUÍDOS CM-30","Acre","-"]
["2016-03-01","ASFALTOS DILUÍDOS CM-30","Alagoas","-"]
["2016-03-01","ASFALTOS DILUÍDOS CM-30","Amapá","-"]
["2016-03-01","ASFALTOS DILUÍDOS CM-30","Amazonas",2.3018474813314462]
["2016-03-01","ASFALTOS DILUÍDOS CM-30","Bahia",2.6029586722164404]
["2016-03-01","ASFALTOS DILUÍDOS CM-30","Ceará",2.4111578450534923]
["2016-03-01","ASFALTOS DILUÍDOS CM-30","Distrito Federal","-"]
["2016-03-01","ASFALTOS DILUÍDOS CM-30","Espírito Santo","-"]
["2016-03-01","ASFALTOS DILUÍDOS CM-30","Goiás",2.7119422907572592]
["2016-03-01","ASFALTOS DILUÍDOS CM-30","Maranhão","-"]
["2016-03-01","ASFALTOS DILUÍDOS CM-30","Mato Grosso",2.9865881517279105]
["2016-03-01","ASFALTOS DILUÍDOS CM-30","Mato Grosso do Sul","-"]
["2016-03-01","ASFALTOS DILUÍDOS CM-30","Minas Gerais",2.2101264518541166]
["2016-03-01","ASFALTOS DILUÍDOS CM-30","Pará","-"]
["2016-03-01","ASFALTOS DILUÍDOS CM-30","Paraíba","-"]
["2016-03-01","ASFALTOS DILUÍDOS CM-30","Paraná",2.5717608308910718]
["2016-03-01","ASFALTOS DILUÍDOS CM-30","Pernambuco","-"]
["2016-03-01","ASFALTOS DILUÍDOS CM-30","Piauí","-"]
["2016-03-01","ASFALTOS DILUÍDOS CM-30","Rio de Janeiro",2.1024523015217649]
["2016-03-01","ASFALTOS DILUÍDOS CM-30","Rio Grande do Norte","-"]
["2016-03-01","ASFALTOS DILUÍDOS CM-30","Rio Grande do Sul",2.2380876528155205]
["2016-03-01","ASFALTOS DILUÍDOS CM-30","Rondônia","-"]
["2016-03-01","ASFALTOS DILUÍDOS CM-30","Roraima","-"]
["2016-03-01","ASFALTOS DILUÍDOS CM-30","Santa Catarina","-"]
["2016-03-01","ASFALTOS DILUÍDOS CM-30","São Paulo",2.3578378881486142]
["2016-03-01","ASFALTOS DILUÍDOS CM-30","Sergipe","-"]
["2016-03-01","ASFALTOS DILUÍDOS CM-30","Tocantins","-"]
["2016-04-01","ASFALTOS DILUÍDOS CM-30","Acre","-"]
["2016-04-01","ASFALTOS DILUÍDOS CM-30","Alagoas","-"]
["2016-04-01","ASFALTOS DILUÍDOS CM-30","Amapá","-"]
["2016-04-01","ASFALTOS DILUÍDOS CM-30","Amazonas","-"]
["2016-04-01","ASFALTOS DILUÍDOS CM-30","Bahia",2.7312179952104003]
["2016-04-01","ASFALTOS DILUÍDOS CM-30","Ceará",2.7467442426145636]
["2016-04-01","ASFALTOS DILUÍDOS CM-30","Distrito Federal","-"]
["2016-04-01","ASFALTOS DILUÍDOS CM-30","Espírito Santo","-"]
["2016-04-01","ASFALTOS DILUÍDOS CM-30","Goiás",2.6770226925296279]
["2016-04-01","ASFALTOS DILUÍDOS CM-30","Maranhão","-"]
["2016-04-01","ASFALTOS DILUÍDOS CM-30","Mato Grosso",3.0260257767863572]
["2016-04-01","ASFALTOS DILUÍDOS CM-30","Mato Grosso do Sul","-"]
["2016-04-01","ASFALTOS DILUÍDOS CM-30","Minas Gerais",2.5061684692681112]
["2016-04-01","ASFALTOS DILUÍDOS CM-30","Pará","-"]
["2016-04-01","ASFALTOS DILUÍDOS CM-30","Paraíba","-"]
["2016-04-01","ASFALTOS DILUÍDOS CM-30","Paraná",2.8512277071323795]
["2016-04-01","ASFALTOS DILUÍDOS CM-30","Pernambuco","-"]
["2016-04-01","ASFALTOS DILUÍDOS CM-30","Piauí","-"]
["2016-04-01","ASFALTOS DILUÍDOS CM-30","Rio de Janeiro",2.6128697042039191]
["2016-04-01","ASFALTOS DILUÍDOS CM-30","Rio Grande do Norte","-"]
["2016-04-01","ASFALTOS DILUÍDOS CM-30","Rio Grande do Sul",2.5896347572273033]
["2016-04-01","ASFALTOS DILUÍDOS CM-30","Rondônia","-"]
["2016-04-01","ASFALTOS DILUÍDOS CM-30","Roraima","-"]
["2016-04-01","ASFALTOS DILUÍDOS CM-30","Santa Catarina","-"]
["2016-04-01","ASFALTOS DILUÍDOS CM-30","São Paulo",2.5814042171999265]
["2016-04-01","ASFALTOS DILUÍDOS CM-30","Sergipe","-"]
["2016-04-01","ASFALTOS DILUÍDOS CM-30","Tocantins","-"]
["2016-05-01","ASFALTOS DILUÍDOS CM-30","Acre","-"]
["2016-05-01","ASFALTOS DILUÍDOS CM-30","Alagoas","-"]
["2016-05-01","ASFALTOS DILUÍDOS CM-30","Amapá","-"]
["2016-05-01","ASFALTOS DILUÍDOS CM-30","Amazonas","-"]
["2016-05-01","ASFALTOS DILUÍDOS CM-30","Bahia",2.7469681153744698]
["2016-05-01","ASFALTOS DILUÍDOS CM-30","Ceará",2.6236072150419449]
["2016-05-01","ASFALTOS DILUÍDOS CM-30","Distrito Federal","-"]
["2016-05-01","ASFALTOS DILUÍDOS CM-30","Espírito Santo","-"]
["2016-05-01","ASFALTOS DILUÍDOS CM-30","Goiás",2.6880514741728891]
["2016-05-01","ASFALTOS DILUÍDOS CM-30","Maranhão","-"]
["2016-05-01","ASFALTOS DILUÍDOS CM-30","Mato Grosso",3.1569652897949845]
["2016-05-01","ASFALTOS DILUÍDOS CM-30","Mato Grosso do Sul","-"]
["2016-05-01","ASFALTOS DILUÍDOS CM-30","Minas Gerais",2.583800422481481]
["2016-05-01","ASFALTOS DILUÍDOS CM-30","Pará","-"]
["2016-05-01","ASFALTOS DILUÍDOS CM-30","Paraíba","-"]
["2016-05-01","ASFALTOS DILUÍDOS CM-30","Paraná",2.939177789203085]
["2016-05-01","ASFALTOS DILUÍDOS CM-30","Pernambuco","-"]
["2016-05-01","ASFALTOS DILUÍDOS CM-30","Piauí","-"]
["2016-05-01","ASFALTOS DILUÍDOS CM-30","Rio de Janeiro",2.566846185590939]
["2016-05-01","ASFALTOS DILUÍDOS CM-30","Rio Grande do Norte","-"]
["2016-05-01","ASFALTOS DILUÍDOS CM-30","Rio Grande do Sul",2.6476469066541997]
["2016-05-01","ASFALTOS DILUÍDOS CM-30","Rondônia","-"]
["2016-05-01","ASFALTOS DILUÍDOS CM-30","Roraima","-"]
["2016-05-01","ASFALTOS DILUÍDOS CM-30","Santa Catarina","-"]
["2016-05-01","ASFALTOS DILUÍDOS CM-30","São Paulo",2.5628439622449348]
["2016-05-01","ASFALTOS DILUÍDOS CM-30","Sergipe","-"]
["2016-05-01","ASFALTOS DILUÍDOS CM-30","Tocantins","-"]
["2016-06-01","ASFALTOS DILUÍDOS CM-30","Acre","-"]
["2016-06-01","ASFALTOS DILUÍDOS CM-30","Alagoas","-"]
["2016-06-01","ASFALTOS DILUÍDOS CM-30","Amapá","-"]
["2016-06-01","ASFALTOS DILUÍDOS CM-30","Amazonas",2.4521280960493224]
["2016-06-01","ASFALTOS DILUÍDOS CM-30","Bahia",2.6917980657906662]
["2016-06-01","ASFALTOS DILUÍDOS CM-30","Ceará",2.5980629252470804]
["2016-06-01","ASFALTOS DILUÍDOS CM-30","Distrito Federal","-"]
["2016-06-01","ASFALTOS DILUÍDOS CM-30","Espírito Santo","-"]
["2016-06-01","ASFALTOS DILUÍDOS CM-30","Goiás",2.8016739239319675]
["2016-06-01","ASFALTOS DILUÍDOS CM-30","Maranhão","-"]
["2016-06-01","ASFALTOS DILUÍDOS CM-30","Mato Grosso",3.1930815665959793]
["2016-06-01","ASFALTOS DILUÍDOS CM-30","Mato Grosso do Sul","-"]
["2016-06-01","ASFALTOS DILUÍDOS CM-30","Minas Gerais",2.6912620512264622]
["2016-06-01","ASFALTOS DILUÍDOS CM-30","Pará","-"]
["2016-06-01","ASFALTOS DILUÍDOS CM-30","Paraíba","-"]
["2016-06-01","ASFALTOS DILUÍDOS CM-30","Paraná",2.7805116884537893]
["2016-06-01","ASFALTOS DILUÍDOS CM-30","Pernambuco","-"]
["2016-06-01","ASFALTOS DILUÍDOS CM-30","Piauí","-"]
["2016-06-01","ASFALTOS DILUÍDOS CM-30","Rio de Janeiro",2.6951715237977347]
["2016-06-01","ASFALTOS DILUÍDOS CM-30","Rio Grande do Norte","-"]
["2016-06-01","ASFALTOS DILUÍDOS CM-30","Rio Grande do Sul",2.5920306772157864]
["2016-06-01","ASFALTOS DILUÍDOS CM-30","Rondônia","-"]
["2016-06-01","ASFALTOS DILUÍDOS CM-30","Roraima","-"]
["2016-06-01","ASFALTOS DILUÍDOS CM-30","Santa Catarina","-"]
["2016-06-01","ASFALTOS DILUÍDOS CM-30","São Paulo",2.5595021402880116]
["2016-06-01","ASFALTOS DILUÍDOS CM-30","Sergipe","-"]
["2016-06-01","ASFALTOS DILUÍDOS CM-30","Tocantins","-"]
["2016-07-01","ASFALTOS DILUÍDOS CM-30","Acre","-"]
["2016-07-01","ASFALTOS DILUÍDOS CM-30","Alagoas","-"]
["2016-07-01","ASFALTOS DILUÍDOS CM-30","Amapá","-"]
["2016-07-01","ASFALTOS DILUÍDOS CM-30","Amazonas","-"]
["2016-07-01","ASFALTOS DILUÍDOS CM-30","Bahia",2.7113870130164122]
["2016-07-01","ASFALTOS DILUÍDOS CM-30","Ceará",2.5356660574301033]
["2016-07-01","ASFALTOS DILUÍDOS CM-30","Distrito Federal","-"]
["2016-07-01","ASFALTOS DILUÍDOS CM-30","Espírito Santo","-"]
["2016-07-01","ASFALTOS DILUÍDOS CM-30","Goiás",2.8865516122086179]
["2016-07-01","ASFALTOS DILUÍDOS CM-30","Maranhão","-"]
["2016-07-01","ASFALTOS DILUÍDOS CM-30","Mato Grosso",3.2169503278506348]
["2016-07-01","ASFALTOS DILUÍDOS CM-30","Mato Grosso do Sul","-"]
["2016-07-01","ASFALTOS DILUÍDOS CM-30","Minas Gerais",2.588305254846484]
["2016-07-01","ASFALTOS DILUÍDOS CM-30","Pará","-"]
["2016-07-01","ASFALTOS DILUÍDOS CM-30","Paraíba","-"]
["2016-07-01","ASFALTOS DILUÍDOS CM-30","Paraná",2.7495566091936428]
["2016-07-01","ASFALTOS DILUÍDOS CM-30","Pernambuco","-"]
["2016-07-01","ASFALTOS DILUÍDOS CM-30","Piauí","-"]
["2016-07-01","ASFALTOS DILUÍDOS CM-30","Rio de Janeiro",2.618681083486802]
["2016-07-01","ASFALTOS DILUÍDOS CM-30","Rio Grande do Norte","-"]
["2016-07-01","ASFALTOS DILUÍDOS CM-30","Rio Grande do Sul",2.581287630580603]
["2016-07-01","ASFALTOS DILUÍDOS CM-30","Rondônia","-"]
["2016-07-01","ASFALTOS DILUÍDOS CM-30","Roraima","-"]
["2016-07-01","ASFALTOS DILUÍDOS CM-30","Santa Catarina","-"]
["2016-07-01","ASFALTOS DILUÍDOS CM-30","São Paulo",2.6258306371135975]
["2016-07-01","ASFALTOS DILUÍDOS CM-30","Sergipe","-"]
["2016-07-01","ASFALTOS DILUÍDOS CM-30","Tocantins","-"]
["2016-08-01","ASFALTOS DILUÍDOS CM-30","Acre","-"]
["2016-08-01","ASFALTOS DILUÍDOS CM-30","Alagoas","-"]
["2016-08-01","ASFALTOS DILUÍDOS CM-30","Amapá","-"]
["2016-08-01","ASFALTOS DILUÍDOS CM-30","Amazonas",2.6299263123263175]
["2016-08-01","ASFALTOS DILUÍDOS CM-30","Bahia",2.6986666709865879]
["2016-08-01","ASFALTOS DILUÍDOS CM-30","Ceará",2.5996674167770033]
["2016-08-01","ASFALTOS DILUÍDOS CM-30","Distrito Federal","-"]
["2016-08-01","ASFALTOS DILUÍDOS CM-30","Espírito Santo","-"]
["2016-08-01","ASFALTOS DILUÍDOS CM-30","Goiás",2.8670692918288951]
["2016-08-01","ASFALTOS DILUÍDOS CM-30","Maranhão","-"]
["2016-08-01","ASFALTOS DILUÍDOS CM-30","Mato Grosso",3.126852323553289]
["2016-08-01","ASFALTOS DILUÍDOS CM-30","Mato Grosso do Sul","-"]
["2016-08-01","ASFALTOS DILUÍDOS CM-30","Minas Gerais",2.714753149937978]
["2016-08-01","ASFALTOS DILUÍDOS CM-30","Pará","-"]
["2016-08-01","ASFALTOS DILUÍDOS CM-30","Paraíba","-"]
["2016-08-01","ASFALTOS DILUÍDOS CM-30","Paraná",2.8536093855539137]
["2016-08-01","ASFALTOS DILUÍDOS CM-30","Pernambuco","-"]
["2016-08-01","ASFALTOS DILUÍDOS CM-30","Piauí","-"]
["2016-08-01","ASFALTOS DILUÍDOS CM-30","Rio de Janeiro",2.5675301561048132]
["2016-08-01","ASFALTOS DILUÍDOS CM-30","Rio Grande do Norte","-"]
["2016-08-01","ASFALTOS DILUÍDOS CM-30","Rio Grande do Sul",2.6449414865112861]
["2016-08-01","ASFALTOS DILUÍDOS CM-30","Rondônia","-"]
["2016-08-01","ASFALTOS DILUÍDOS CM-30","Roraima","-"]
["2016-08-01","ASFALTOS DILUÍDOS CM-30","Santa Catarina","-"]
["2016-08-01","ASFALTOS DILUÍDOS CM-30","São Paulo",2.6465830655558436]
["2016-08-01","ASFALTOS DILUÍDOS CM-30","Sergipe","-"]
["2016-08-01","ASFALTOS DILUÍDOS CM-30","Tocantins","-"]
["2016-09-01","ASFALTOS DILUÍDOS CM-30","Acre","-"]
["2016-09-01","ASFALTOS DILUÍDOS CM-30","Alagoas","-"]
["2016-09-01","ASFALTOS DILUÍDOS CM-30","Amapá","-"]
["2016-09-01","ASFALTOS DILUÍDOS CM-30","Amazonas","-"]
["2016-09-01","ASFALTOS DILUÍDOS CM-30","Bahia",2.6372801915404365]
["2016-09-01","ASFALTOS DILUÍDOS CM-30","Ceará",2.4488915101973379]
["2016-09-01","ASFALTOS DILUÍDOS CM-30","Distrito Federal","-"]
["2016-09-01","ASFALTOS DILUÍDOS CM-30","Espírito Santo","-"]
["2016-09-01","ASFALTOS DILUÍDOS CM-30","Goiás",2.7830674796008013]
["2016-09-01","ASFALTOS DILUÍDOS CM-30","Maranhão","-"]
["2016-09-01","ASFALTOS DILUÍDOS CM-30","Mato Grosso",2.8643657377691047]
["2016-09-01","ASFALTOS DILUÍDOS CM-30","Mato Grosso do Sul","-"]
["2016-09-01","ASFALTOS DILUÍDOS CM-30","Minas Gerais",2.4918739840447541]
["2016-09-01","ASFALTOS DILUÍDOS CM-30","Pará","-"]
["2016-09-01","ASFALTOS DILUÍDOS CM-30","Paraíba","-"]
["2016-09-01","ASFALTOS DILUÍDOS CM-30","Paraná",2.4421200073310203]
["2016-09-01","ASFALTOS DILUÍDOS CM-30","Pernambuco","-"]
["2016-09-01","ASFALTOS DILUÍDOS CM-30","Piauí","-"]
["2016-09-01","ASFALTOS DILUÍDOS CM-30","Rio de Janeiro",2.4485622617516789]
["2016-09-01","ASFALTOS DILUÍDOS CM-30","Rio Grande do Norte","-"]
["2016-09-01","ASFALTOS DILUÍDOS CM-30","Rio Grande do Sul",2.3330569365213263]
["2016-09-01","ASFALTOS DILUÍDOS CM-30","Rondônia","-"]
["2016-09-01","ASFALTOS DILUÍDOS CM-30","Roraima","-"]
["2016-09-01","ASFALTOS DILUÍDOS CM-30","Santa Catarina","-"]
["2016-09-01","ASFALTOS DILUÍDOS CM-30","São Paulo",2.6107531549532244]
["2016-09-01","ASFALTOS DILUÍDOS CM-30","Sergipe","-"]
["2016-09-01","ASFALTOS DILUÍDOS CM-30","Tocantins","-"]
["2016-10-01","ASFALTOS DILUÍDOS CM-30","Acre","-"]
["2016-10-01","ASFALTOS DILUÍDOS CM-30","Alagoas","-"]
["2016-10-01","ASFALTOS DILUÍDOS CM-30","Amapá","-"]
["2016-10-01","ASFALTOS DILUÍDOS CM-30","Amazonas","-"]
["2016-10-01","ASFALTOS DILUÍDOS CM-30","Bahia",2.5017436213909163]
["2016-10-01","ASFALTOS DILUÍDOS CM-30","Ceará",2.3940726515109807]
["2016-10-01","ASFALTOS DILUÍDOS CM-30","Distrito Federal","-"]
["2016-10-01","ASFALTOS DILUÍDOS CM-30","Espírito Santo","-"]
["2016-10-01","ASFALTOS DILUÍDOS CM-30","Goiás",2.7675757181765634]
["2016-10-01","ASFALTOS DILUÍDOS CM-30","Maranhão","-"]
["2016-10-01","ASFALTOS DILUÍDOS CM-30","Mato Grosso",2.8803239746962288]
["2016-10-01","ASFALTOS DILUÍDOS CM-30","Mato Grosso do Sul","-"]
["2016-10-01","ASFALTOS DILUÍDOS CM-30","Minas Gerais",2.5162790547111911]
["2016-10-01","ASFALTOS DILUÍDOS CM-30","Pará",2.6664320277681481]
["2016-10-01","ASFALTOS DILUÍDOS CM-30","Paraíba","-"]
["2016-10-01","ASFALTOS DILUÍDOS CM-30","Paraná",2.4296834277271606]
["2016-10-01","ASFALTOS DILUÍDOS CM-30","Pernambuco","-"]
["2016-10-01","ASFALTOS DILUÍDOS CM-30","Piauí","-"]
["2016-10-01","ASFALTOS DILUÍDOS CM-30","Rio de Janeiro",2.3020178102766797]
["2016-10-01","ASFALTOS DILUÍDOS CM-30","Rio Grande do Norte","-"]
["2016-10-01","ASFALTOS DILUÍDOS CM-30","Rio Grande do Sul",2.3639318840468322]
["2016-10-01","ASFALTOS DILUÍDOS CM-30","Rondônia","-"]
["2016-10-01","ASFALTOS DILUÍDOS CM-30","Roraima","-"]
["2016-10-01","ASFALTOS DILUÍDOS CM-30","Santa Catarina","-"]
["2016-10-01","ASFALTOS DILUÍDOS CM-30","São Paulo",2.5441346985392479]
["2016-10-01","ASFALTOS DILUÍDOS CM-30","Sergipe","-"]
["2016-10-01","ASFALTOS DILUÍDOS CM-30","Tocantins","-"]
["2016-11-01","ASFALTOS DILUÍDOS CM-30","Acre","-"]
["2016-11-01","ASFALTOS DILUÍDOS CM-30","Alagoas","-"]
["2016-11-01","ASFALTOS DILUÍDOS CM-30","Amapá","-"]
["2016-11-01","ASFALTOS DILUÍDOS CM-30","Amazonas",2.2843667899593663]
["2016-11-01","ASFALTOS DILUÍDOS CM-30","Bahia","-"]
["2016-11-01","ASFALTOS DILUÍDOS CM-30","Ceará",2.3328574466821759]
["2016-11-01","ASFALTOS DILUÍDOS CM-30","Distrito Federal","-"]
["2016-11-01","ASFALTOS DILUÍDOS CM-30","Espírito Santo","-"]
["2016-11-01","ASFALTOS DILUÍDOS CM-30","Goiás",3.2333979234489894]
["2016-11-01","ASFALTOS DILUÍDOS CM-30","Maranhão","-"]
["2016-11-01","ASFALTOS DILUÍDOS CM-30","Mato Grosso",2.7493124575239305]
["2016-11-01","ASFALTOS DILUÍDOS CM-30","Mato Grosso do Sul","-"]
["2016-11-01","ASFALTOS DILUÍDOS CM-30","Minas Gerais",2.4173114909834532]
["2016-11-01","ASFALTOS DILUÍDOS CM-30","Pará","-"]
["2016-11-01","ASFALTOS DILUÍDOS CM-30","Paraíba","-"]
["2016-11-01","ASFALTOS DILUÍDOS CM-30","Paraná",2.4686306348138056]
["2016-11-01","ASFALTOS DILUÍDOS CM-30","Pernambuco","-"]
["2016-11-01","ASFALTOS DILUÍDOS CM-30","Piauí","-"]
["2016-11-01","ASFALTOS DILUÍDOS CM-30","Rio de Janeiro","-"]
["2016-11-01","ASFALTOS DILUÍDOS CM-30","Rio Grande do Norte","-"]
["2016-11-01","ASFALTOS DILUÍDOS CM-30","Rio Grande do Sul",2.3084806817918744]
["2016-11-01","ASFALTOS DILUÍDOS CM-30","Rondônia","-"]
["2016-11-01","ASFALTOS DILUÍDOS CM-30","Roraima","-"]
["2016-11-01","ASFALTOS DILUÍDOS CM-30","Santa Catarina","-"]
["2016-11-01","ASFALTOS DILUÍDOS CM-30","São Paulo",2.6043368181526549]
["2016-11-01","ASFALTOS DILUÍDOS CM-30","Sergipe","-"]
["2016-11-01","ASFALTOS DILUÍDOS CM-30","Tocantins","-"]
["2016-12-01","ASFALTOS DILUÍDOS CM-30","Acre","-"]
["2016-12-01","ASFALTOS DILUÍDOS CM-30","Alagoas","-"]
["2016-12-01","ASFALTOS DILUÍDOS CM-30","Amapá","-"]
["2016-12-01","ASFALTOS DILUÍDOS CM-30","Amazonas",2.2830533156309567]
["2016-12-01","ASFALTOS DILUÍDOS CM-30","Bahia",3.0030689295725295]
["2016-12-01","ASFALTOS DILUÍDOS CM-30","Ceará",2.2189181963258533]
["2016-12-01","ASFALTOS DILUÍDOS CM-30","Distrito Federal","-"]
["2016-12-01","ASFALTOS DILUÍDOS CM-30","Espírito Santo","-"]
["2016-12-01","ASFALTOS DILUÍDOS CM-30","Goiás","-"]
["2016-12-01","ASFALTOS DILUÍDOS CM-30","Maranhão","-"]
["2016-12-01","ASFALTOS DILUÍDOS CM-30","Mato Grosso",2.8655321072542455]
["2016-12-01","ASFALTOS DILUÍDOS CM-30","Mato Grosso do Sul","-"]
["2016-12-01","ASFALTOS DILUÍDOS CM-30","Minas Gerais",2.6274174642643748]
["2016-12-01","ASFALTOS DILUÍDOS CM-30","Pará","-"]
["2016-12-01","ASFALTOS DILUÍDOS CM-30","Paraíba","-"]
["2016-12-01","ASFALTOS DILUÍDOS CM-30","Paraná",2.5107862213117542]
["2016-12-01","ASFALTOS DILUÍDOS CM-30","Pernambuco","-"]
["2016-12-01","ASFALTOS DILUÍDOS CM-30","Piauí","-"]
["2016-12-01","ASFALTOS DILUÍDOS CM-30","Rio de Janeiro","-"]
["2016-12-01","ASFALTOS DILUÍDOS CM-30","Rio Grande do Norte","-"]
["2016-12-01","ASFALTOS DILUÍDOS CM-30","Rio Grande do Sul",2.2810473330070038]
["2016-12-01","ASFALTOS DILUÍDOS CM-30","Rondônia","-"]
["2016-12-01","ASFALTOS DILUÍDOS CM-30","Roraima","-"]
["2016-12-01","ASFALTOS DILUÍDOS CM-30","Santa Catarina","-"]
["2016-12-01","ASFALTOS DILUÍDOS CM-30","São Paulo",2.5582033119841081]
["2016-12-01","ASFALTOS DILUÍDOS CM-30","Sergipe","-"]
["2016-12-01","ASFALTOS DILUÍDOS CM-30","Tocantins","-"]
["2017-01-01","ASFALTOS DILUÍDOS CM-30","Acre","-"]
["2017-01-01","ASFALTOS DILUÍDOS CM-30","Alagoas","-"]
["2017-01-01","ASFALTOS DILUÍDOS CM-30","Amapá","-"]
["2017-01-01","ASFALTOS DILUÍDOS CM-30","Amazonas","-"]
["2017-01-01","ASFALTOS DILUÍDOS CM-30","Bahia","-"]
["2017-01-01","ASFALTOS DILUÍDOS CM-30","Ceará",2.1898095821449988]
["2017-01-01","ASFALTOS DILUÍDOS CM-30","Distrito Federal","-"]
["2017-01-01","ASFALTOS DILUÍDOS CM-30","Espírito Santo","-"]
["2017-01-01","ASFALTOS DILUÍDOS CM-30","Goiás","-"]
["2017-01-01","ASFALTOS DILUÍDOS CM-30","Maranhão","-"]
["2017-01-01","ASFALTOS DILUÍDOS CM-30","Mato Grosso",2.8395329452054794]
["2017-01-01","ASFALTOS DILUÍDOS CM-30","Mato Grosso do Sul","-"]
["2017-01-01","ASFALTOS DILUÍDOS CM-30","Minas Gerais",2.5192293580760783]
["2017-01-01","ASFALTOS DILUÍDOS CM-30","Pará","-"]
["2017-01-01","ASFALTOS DILUÍDOS CM-30","Paraíba","-"]
["2017-01-01","ASFALTOS DILUÍDOS CM-30","Paraná",2.4342778643485037]
["2017-01-01","ASFALTOS DILUÍDOS CM-30","Pernambuco","-"]
["2017-01-01","ASFALTOS DILUÍDOS CM-30","Piauí","-"]
["2017-01-01","ASFALTOS DILUÍDOS CM-30","Rio de Janeiro","-"]
["2017-01-01","ASFALTOS DILUÍDOS CM-30","Rio Grande do Norte","-"]
["2017-01-01","ASFALTOS DILUÍDOS CM-30","Rio Grande do Sul",2.3438676041624324]
["2017-01-01","ASFALTOS DILUÍDOS CM-30","Rondônia","-"]
["2017-01-01","ASFALTOS DILUÍDOS CM-30","Roraima","-"]
["2017-01-01","ASFALTOS DILUÍDOS CM-30","Santa Catarina","-"]
["2017-01-01","ASFALTOS DILUÍDOS CM-30","São Paulo",2.6107681898879123]
["2017-01-01","ASFALTOS DILUÍDOS CM-30","Sergipe","-"]
["2017-01-01","ASFALTOS DILUÍDOS CM-30","Tocantins","-"]
["2017-02-01","ASFALTOS DILUÍDOS CM-30","Acre","-"]
["2017-02-01","ASFALTOS DILUÍDOS CM-30","Alagoas","-"]
["2017-02-01","ASFALTOS DILUÍDOS CM-30","Amapá","-"]
["2017-02-01","ASFALTOS DILUÍDOS CM-30","Amazonas","-"]
["2017-02-01","ASFALTOS DILUÍDOS CM-30","Bahia","-"]
["2017-02-01","ASFALTOS DILUÍDOS CM-30","Ceará",2.2339391847804735]
["2017-02-01","ASFALTOS DILUÍDOS CM-30","Distrito Federal","-"]
["2017-02-01","ASFALTOS DILUÍDOS CM-30","Espírito Santo","-"]
["2017-02-01","ASFALTOS DILUÍDOS CM-30","Goiás","-"]
["2017-02-01","ASFALTOS DILUÍDOS CM-30","Maranhão","-"]
["2017-02-01","ASFALTOS DILUÍDOS CM-30","Mato Grosso",2.7731096434953537]
["2017-02-01","ASFALTOS DILUÍDOS CM-30","Mato Grosso do Sul","-"]
["2017-02-01","ASFALTOS DILUÍDOS CM-30","Minas Gerais",2.5819261618305358]
["2017-02-01","ASFALTOS DILUÍDOS CM-30","Pará","-"]
["2017-02-01","ASFALTOS DILUÍDOS CM-30","Paraíba","-"]
["2017-02-01","ASFALTOS DILUÍDOS CM-30","Paraná",2.5419959466782269]
["2017-02-01","ASFALTOS DILUÍDOS CM-30","Pernambuco","-"]
["2017-02-01","ASFALTOS DILUÍDOS CM-30","Piauí","-"]
["2017-02-01","ASFALTOS DILUÍDOS CM-30","Rio de Janeiro","-"]
["2017-02-01","ASFALTOS DILUÍDOS CM-30","Rio Grande do Norte","-"]
["2017-02-01","ASFALTOS DILUÍDOS CM-30","Rio Grande do Sul",2.2606895837957826]
["2017-02-01","ASFALTOS DILUÍDOS CM-30","Rondônia","-"]
["2017-02-01","ASFALTOS DILUÍDOS CM-30","Roraima","-"]
["2017-02-01","ASFALTOS DILUÍDOS CM-30","Santa Catarina","-"]
["2017-02-01","ASFALTOS DILUÍDOS CM-30","São Paulo",2.5541887469266427]
["2017-02-01","ASFALTOS DILUÍDOS CM-30","Sergipe","-"]
["2017-02-01","ASFALTOS DILUÍDOS CM-30","Tocantins","-"]
["2017-03-01","ASFALTOS DILUÍDOS CM-30","Acre","-"]
["2017-03-01","ASFALTOS DILUÍDOS CM-30","Alagoas","-"]
["2017-03-01","ASFALTOS DILUÍDOS CM-30","Amapá","-"]
["2017-03-01","ASFALTOS DILUÍDOS CM-30","Amazonas","-"]
["2017-03-01","ASFALTOS DILUÍDOS CM-30","Bahia",2.8070822016629586]
["2017-03-01","ASFALTOS DILUÍDOS CM-30","Ceará",2.3073185749652794]
["2017-03-01","ASFALTOS DILUÍDOS CM-30","Distrito Federal","-"]
["2017-03-01","ASFALTOS DILUÍDOS CM-30","Espírito Santo","-"]
["2017-03-01","ASFALTOS DILUÍDOS CM-30","Goiás","-"]
["2017-03-01","ASFALTOS DILUÍDOS CM-30","Maranhão","-"]
["2017-03-01","ASFALTOS DILUÍDOS CM-30","Mato Grosso",2.7880354710071207]
["2017-03-01","ASFALTOS DILUÍDOS CM-30","Mato Grosso do Sul","-"]
["2017-03-01","ASFALTOS DILUÍDOS CM-30","Minas Gerais",2.3507018286946719]
["2017-03-01","ASFALTOS DILUÍDOS CM-30","Pará","-"]
["2017-03-01","ASFALTOS DILUÍDOS CM-30","Paraíba","-"]
["2017-03-01","ASFALTOS DILUÍDOS CM-30","Paraná",2.391212659137234]
["2017-03-01","ASFALTOS DILUÍDOS CM-30","Pernambuco","-"]
["2017-03-01","ASFALTOS DILUÍDOS CM-30","Piauí","-"]
["2017-03-01","ASFALTOS DILUÍDOS CM-30","Rio de Janeiro",2.2805468541780449]
["2017-03-01","ASFALTOS DILUÍDOS CM-30","Rio Grande do Norte","-"]
["2017-03-01","ASFALTOS DILUÍDOS CM-30","Rio Grande do Sul",2.2386522173953449]
["2017-03-01","ASFALTOS DILUÍDOS CM-30","Rondônia","-"]
["2017-03-01","ASFALTOS DILUÍDOS CM-30","Roraima","-"]
["2017-03-01","ASFALTOS DILUÍDOS CM-30","Santa Catarina","-"]
["2017-03-01","ASFALTOS DILUÍDOS CM-30","São Paulo",2.5084269679051565]
["2017-03-01","ASFALTOS DILUÍDOS CM-30","Sergipe","-"]
["2017-03-01","ASFALTOS DILUÍDOS CM-30","Tocantins","-"]
["2017-04-01","ASFALTOS DILUÍDOS CM-30","Acre","-"]
["2017-04-01","ASFALTOS DILUÍDOS CM-30","Alagoas","-"]
["2017-04-01","ASFALTOS DILUÍDOS CM-30","Amapá","-"]
["2017-04-01","ASFALTOS DILUÍDOS CM-30","Amazonas",2.4379095337222316]
["2017-04-01","ASFALTOS DILUÍDOS CM-30","Bahia","-"]
["2017-04-01","ASFALTOS DILUÍDOS CM-30","Ceará",2.2128107534674903]
["2017-04-01","ASFALTOS DILUÍDOS CM-30","Distrito Federal","-"]
["2017-04-01","ASFALTOS DILUÍDOS CM-30","Espírito Santo","-"]
["2017-04-01","ASFALTOS DILUÍDOS CM-30","Goiás",2.9329097686983978]
["2017-04-01","ASFALTOS DILUÍDOS CM-30","Maranhão","-"]
["2017-04-01","ASFALTOS DILUÍDOS CM-30","Mato Grosso",2.6034040154984148]
["2017-04-01","ASFALTOS DILUÍDOS CM-30","Mato Grosso do Sul","-"]
["2017-04-01","ASFALTOS DILUÍDOS CM-30","Minas Gerais",2.2279008686757944]
["2017-04-01","ASFALTOS DILUÍDOS CM-30","Pará","-"]
["2017-04-01","ASFALTOS DILUÍDOS CM-30","Paraíba","-"]
["2017-04-01","ASFALTOS DILUÍDOS CM-30","Paraná",2.2554913928021132]
["2017-04-01","ASFALTOS DILUÍDOS CM-30","Pernambuco","-"]
["2017-04-01","ASFALTOS DILUÍDOS CM-30","Piauí","-"]
["2017-04-01","ASFALTOS DILUÍDOS CM-30","Rio de Janeiro","-"]
["2017-04-01","ASFALTOS DILUÍDOS CM-30","Rio Grande do Norte","-"]
["2017-04-01","ASFALTOS DILUÍDOS CM-30","Rio Grande do Sul",2.257216228266326]
["2017-04-01","ASFALTOS DILUÍDOS CM-30","Rondônia","-"]
["2017-04-01","ASFALTOS DILUÍDOS CM-30","Roraima","-"]
["2017-04-01","ASFALTOS DILUÍDOS CM-30","Santa Catarina","-"]
["2017-04-01","ASFALTOS DILUÍDOS CM-30","São Paulo",2.5460269244089608]
["2017-04-01","ASFALTOS DILUÍDOS CM-30","Sergipe","-"]
["2017-04-01","ASFALTOS DILUÍDOS CM-30","Tocantins","-"]
["2017-05-01","ASFALTOS DILUÍDOS CM-30","Acre","-"]
["2017-05-01","ASFALTOS DILUÍDOS CM-30","Alagoas","-"]
["2017-05-01","ASFALTOS DILUÍDOS CM-30","Amapá","-"]
["2017-05-01","ASFALTOS DILUÍDOS CM-30","Amazonas",2.1072414588415693]
["2017-05-01","ASFALTOS DILUÍDOS CM-30","Bahia",2.8255076173726867]
["2017-05-01","ASFALTOS DILUÍDOS CM-30","Ceará",2.1232136956115517]
["2017-05-01","ASFALTOS DILUÍDOS CM-30","Distrito Federal","-"]
["2017-05-01","ASFALTOS DILUÍDOS CM-30","Espírito Santo","-"]
["2017-05-01","ASFALTOS DILUÍDOS CM-30","Goiás","-"]
["2017-05-01","ASFALTOS DILUÍDOS CM-30","Maranhão","-"]
["2017-05-01","ASFALTOS DILUÍDOS CM-30","Mato Grosso",2.6509194930537472]
["2017-05-01","ASFALTOS DILUÍDOS CM-30","Mato Grosso do Sul","-"]
["2017-05-01","ASFALTOS DILUÍDOS CM-30","Minas Gerais",2.2115516694248365]
["2017-05-01","ASFALTOS DILUÍDOS CM-30","Pará","-"]
["2017-05-01","ASFALTOS DILUÍDOS CM-30","Paraíba","-"]
["2017-05-01","ASFALTOS DILUÍDOS CM-30","Paraná",2.2482531859735966]
["2017-05-01","ASFALTOS DILUÍDOS CM-30","Pernambuco","-"]
["2017-05-01","ASFALTOS DILUÍDOS CM-30","Piauí","-"]
["2017-05-01","ASFALTOS DILUÍDOS CM-30","Rio de Janeiro",2.0497993063133277]
["2017-05-01","ASFALTOS DILUÍDOS CM-30","Rio Grande do Norte","-"]
["2017-05-01","ASFALTOS DILUÍDOS CM-30","Rio Grande do Sul",2.1673345511727939]
["2017-05-01","ASFALTOS DILUÍDOS CM-30","Rondônia","-"]
["2017-05-01","ASFALTOS DILUÍDOS CM-30","Roraima","-"]
["2017-05-01","ASFALTOS DILUÍDOS CM-30","Santa Catarina","-"]
["2017-05-01","ASFALTOS DILUÍDOS CM-30","São Paulo",2.4310485580011854]
["2017-05-01","ASFALTOS DILUÍDOS CM-30","Sergipe","-"]
["2017-05-01","ASFALTOS DILUÍDOS CM-30","Tocantins","-"]
["2017-06-01","ASFALTOS DILUÍDOS CM-30","Acre","-"]
["2017-06-01","ASFALTOS DILUÍDOS CM-30","Alagoas","-"]
["2017-06-01","ASFALTOS DILUÍDOS CM-30","Amapá","-"]
["2017-06-01","ASFALTOS DILUÍDOS CM-30","Amazonas",2.1914498809123826]
["2017-06-01","ASFALTOS DILUÍDOS CM-30","Bahia",2.6691566300274787]
["2017-06-01","ASFALTOS DILUÍDOS CM-30","Ceará",2.1496881129872563]
["2017-06-01","ASFALTOS DILUÍDOS CM-30","Distrito Federal","-"]
["2017-06-01","ASFALTOS DILUÍDOS CM-30","Espírito Santo","-"]
["2017-06-01","ASFALTOS DILUÍDOS CM-30","Goiás",2.8652699667413559]
["2017-06-01","ASFALTOS DILUÍDOS CM-30","Maranhão","-"]
["2017-06-01","ASFALTOS DILUÍDOS CM-30","Mato Grosso",2.6906001056943172]
["2017-06-01","ASFALTOS DILUÍDOS CM-30","Mato Grosso do Sul","-"]
["2017-06-01","ASFALTOS DILUÍDOS CM-30","Minas Gerais",2.1995635974369794]
["2017-06-01","ASFALTOS DILUÍDOS CM-30","Pará","-"]
["2017-06-01","ASFALTOS DILUÍDOS CM-30","Paraíba","-"]
["2017-06-01","ASFALTOS DILUÍDOS CM-30","Paraná",2.3662771826357658]
["2017-06-01","ASFALTOS DILUÍDOS CM-30","Pernambuco","-"]
["2017-06-01","ASFALTOS DILUÍDOS CM-30","Piauí","-"]
["2017-06-01","ASFALTOS DILUÍDOS CM-30","Rio de Janeiro",2.1221875413894478]
["2017-06-01","ASFALTOS DILUÍDOS CM-30","Rio Grande do Norte","-"]
["2017-06-01","ASFALTOS DILUÍDOS CM-30","Rio Grande do Sul",2.2665980885976702]
["2017-06-01","ASFALTOS DILUÍDOS CM-30","Rondônia","-"]
["2017-06-01","ASFALTOS DILUÍDOS CM-30","Roraima","-"]
["2017-06-01","ASFALTOS DILUÍDOS CM-30","Santa Catarina","-"]
["2017-06-01","ASFALTOS DILUÍDOS CM-30","São Paulo",2.3429759037194846]
["2017-06-01","ASFALTOS DILUÍDOS CM-30","Sergipe","-"]
["2017-06-01","ASFALTOS DILUÍDOS CM-30","Tocantins","-"]
["2017-07-01","ASFALTOS DILUÍDOS CM-30","Acre","-"]
["2017-07-01","ASFALTOS DILUÍDOS CM-30","Alagoas","-"]
["2017-07-01","ASFALTOS DILUÍDOS CM-30","Amapá","-"]
["2017-07-01","ASFALTOS DILUÍDOS CM-30","Amazonas",2.3430741722241324]
["2017-07-01","ASFALTOS DILUÍDOS CM-30","Bahia","-"]
["2017-07-01","ASFALTOS DILUÍDOS CM-30","Ceará",2.2049699275262094]
["2017-07-01","ASFALTOS DILUÍDOS CM-30","Distrito Federal","-"]
["2017-07-01","ASFALTOS DILUÍDOS CM-30","Espírito Santo","-"]
["2017-07-01","ASFALTOS DILUÍDOS CM-30","Goiás","-"]
["2017-07-01","ASFALTOS DILUÍDOS CM-30","Maranhão","-"]
["2017-07-01","ASFALTOS DILUÍDOS CM-30","Mato Grosso",2.6621260012070911]
["2017-07-01","ASFALTOS DILUÍDOS CM-30","Mato Grosso do Sul","-"]
["2017-07-01","ASFALTOS DILUÍDOS CM-30","Minas Gerais",2.4534135084238162]
["2017-07-01","ASFALTOS DILUÍDOS CM-30","Pará","-"]
["2017-07-01","ASFALTOS DILUÍDOS CM-30","Paraíba","-"]
["2017-07-01","ASFALTOS DILUÍDOS CM-30","Paraná",2.3514182303854048]
["2017-07-01","ASFALTOS DILUÍDOS CM-30","Pernambuco","-"]
["2017-07-01","ASFALTOS DILUÍDOS CM-30","Piauí","-"]
["2017-07-01","ASFALTOS DILUÍDOS CM-30","Rio de Janeiro","-"]
["2017-07-01","ASFALTOS DILUÍDOS CM-30","Rio Grande do Norte","-"]
["2017-07-01","ASFALTOS DILUÍDOS CM-30","Rio Grande do Sul",2.2122317787802839]
["2017-07-01","ASFALTOS DILUÍDOS CM-30","Rondônia","-"]
["2017-07-01","ASFALTOS DILUÍDOS CM-30","Roraima","-"]
["2017-07-01","ASFALTOS DILUÍDOS CM-30","Santa Catarina","-"]
["2017-07-01","ASFALTOS DILUÍDOS CM-30","São Paulo",2.334729585186484]
["2017-07-01","ASFALTOS DILUÍDOS CM-30","Sergipe","-"]
["2017-07-01","ASFALTOS DILUÍDOS CM-30","Tocantins","-"]
["2017-08-01","ASFALTOS DILUÍDOS CM-30","Acre","-"]
["2017-08-01","ASFALTOS DILUÍDOS CM-30","Alagoas","-"]
["2017-08-01","ASFALTOS DILUÍDOS CM-30","Amapá","-"]
["2017-08-01","ASFALTOS DILUÍDOS CM-30","Amazonas",2.2035632961867035]
["2017-08-01","ASFALTOS DILUÍDOS CM-30","Bahia","-"]
["2017-08-01","ASFALTOS DILUÍDOS CM-30","Ceará",2.1351537238509102]
["2017-08-01","ASFALTOS DILUÍDOS CM-30","Distrito Federal","-"]
["2017-08-01","ASFALTOS DILUÍDOS CM-30","Espírito Santo","-"]
["2017-08-01","ASFALTOS DILUÍDOS CM-30","Goiás",2.6408628105674561]
["2017-08-01","ASFALTOS DILUÍDOS CM-30","Maranhão","-"]
["2017-08-01","ASFALTOS DILUÍDOS CM-30","Mato Grosso",2.6210476772710893]
["2017-08-01","ASFALTOS DILUÍDOS CM-30","Mato Grosso do Sul","-"]
["2017-08-01","ASFALTOS DILUÍDOS CM-30","Minas Gerais",2.3778984391475357]
["2017-08-01","ASFALTOS DILUÍDOS CM-30","Pará",2.7005776462557516]
["2017-08-01","ASFALTOS DILUÍDOS CM-30","Paraíba","-"]
["2017-08-01","ASFALTOS DILUÍDOS CM-30","Paraná",2.1018217767356706]
["2017-08-01","ASFALTOS DILUÍDOS CM-30","Pernambuco","-"]
["2017-08-01","ASFALTOS DILUÍDOS CM-30","Piauí","-"]
["2017-08-01","ASFALTOS DILUÍDOS CM-30","Rio de Janeiro","-"]
["2017-08-01","ASFALTOS DILUÍDOS CM-30","Rio Grande do Norte","-"]
["2017-08-01","ASFALTOS DILUÍDOS CM-30","Rio Grande do Sul",2.2245410140593309]
["2017-08-01","ASFALTOS DILUÍDOS CM-30","Rondônia","-"]
["2017-08-01","ASFALTOS DILUÍDOS CM-30","Roraima","-"]
["2017-08-01","ASFALTOS DILUÍDOS CM-30","Santa Catarina","-"]
["2017-08-01","ASFALTOS DILUÍDOS CM-30","São Paulo",2.2125572921987979]
["2017-08-01","ASFALTOS DILUÍDOS CM-30","Sergipe","-"]
["2017-08-01","ASFALTOS DILUÍDOS CM-30","Tocantins","-"]
["2017-09-01","ASFALTOS DILUÍDOS CM-30","Acre","-"]
["2017-09-01","ASFALTOS DILUÍDOS CM-30","Alagoas","-"]
["2017-09-01","ASFALTOS DILUÍDOS CM-30","Amapá","-"]
["2017-09-01","ASFALTOS DILUÍDOS CM-30","Amazonas",2.3313814246144298]
["2017-09-01","ASFALTOS DILUÍDOS CM-30","Bahia","-"]
["2017-09-01","ASFALTOS DILUÍDOS CM-30","Ceará",2.1213200204992875]
["2017-09-01","ASFALTOS DILUÍDOS CM-30","Distrito Federal","-"]
["2017-09-01","ASFALTOS DILUÍDOS CM-30","Espírito Santo","-"]
["2017-09-01","ASFALTOS DILUÍDOS CM-30","Goiás",2.6367790282923997]
["2017-09-01","ASFALTOS DILUÍDOS CM-30","Maranhão","-"]
["2017-09-01","ASFALTOS DILUÍDOS CM-30","Mato Grosso",2.6973094634419126]
["2017-09-01","ASFALTOS DILUÍDOS CM-30","Mato Grosso do Sul","-"]
["2017-09-01","ASFALTOS DILUÍDOS CM-30","Minas Gerais",2.5108870171893933]
["2017-09-01","ASFALTOS DILUÍDOS CM-30","Pará",2.7090399230733149]
["2017-09-01","ASFALTOS DILUÍDOS CM-30","Paraíba","-"]
["2017-09-01","ASFALTOS DILUÍDOS CM-30","Paraná",2.3966583600605942]
["2017-09-01","ASFALTOS DILUÍDOS CM-30","Pernambuco","-"]
["2017-09-01","ASFALTOS DILUÍDOS CM-30","Piauí","-"]
["2017-09-01","ASFALTOS DILUÍDOS CM-30","Rio de Janeiro","-"]
["2017-09-01","ASFALTOS DILUÍDOS CM-30","Rio Grande do Norte","-"]
["2017-09-01","ASFALTOS DILUÍDOS CM-30","Rio Grande do Sul",2.1912136176600714]
["2017-09-01","ASFALTOS DILUÍDOS CM-30","Rondônia","-"]
["2017-09-01","ASFALTOS DILUÍDOS CM-30","Roraima","-"]
["2017-09-01","ASFALTOS DILUÍDOS CM-30","Santa Catarina","-"]
["2017-09-01","ASFALTOS DILUÍDOS CM-30","São Paulo",2.3097402254780932]
["2017-09-01","ASFALTOS DILUÍDOS CM-30","Sergipe","-"]
["2017-09-01","ASFALTOS DILUÍDOS CM-30","Tocantins","-"]
["2017-10-01","ASFALTOS DILUÍDOS CM-30","Acre","-"]
["2017-10-01","ASFALTOS DILUÍDOS CM-30","Alagoas","-"]
["2017-10-01","ASFALTOS DILUÍDOS CM-30","Amapá","-"]
["2017-10-01","ASFALTOS DILUÍDOS CM-30","Amazonas",2.2091843585441406]
["2017-10-01","ASFALTOS DILUÍDOS CM-30","Bahia","-"]
["2017-10-01","ASFALTOS DILUÍDOS CM-30","Ceará",2.1602377541654674]
["2017-10-01","ASFALTOS DILUÍDOS CM-30","Distrito Federal","-"]
["2017-10-01","ASFALTOS DILUÍDOS CM-30","Espírito Santo","-"]
["2017-10-01","ASFALTOS DILUÍDOS CM-30","Goiás",2.5482166017803656]
["2017-10-01","ASFALTOS DILUÍDOS CM-30","Maranhão","-"]
["2017-10-01","ASFALTOS DILUÍDOS CM-30","Mato Grosso",2.7848612850779202]
["2017-10-01","ASFALTOS DILUÍDOS CM-30","Mato Grosso do Sul","-"]
["2017-10-01","ASFALTOS DILUÍDOS CM-30","Minas Gerais",2.6378402947764998]
["2017-10-01","ASFALTOS DILUÍDOS CM-30","Pará","-"]
["2017-10-01","ASFALTOS DILUÍDOS CM-30","Paraíba","-"]
["2017-10-01","ASFALTOS DILUÍDOS CM-30","Paraná",2.2164802653122195]
["2017-10-01","ASFALTOS DILUÍDOS CM-30","Pernambuco","-"]
["2017-10-01","ASFALTOS DILUÍDOS CM-30","Piauí","-"]
["2017-10-01","ASFALTOS DILUÍDOS CM-30","Rio de Janeiro","-"]
["2017-10-01","ASFALTOS DILUÍDOS CM-30","Rio Grande do Norte","-"]
["2017-10-01","ASFALTOS DILUÍDOS CM-30","Rio Grande do Sul",2.1731030244417089]
["2017-10-01","ASFALTOS DILUÍDOS CM-30","Rondônia","-"]
["2017-10-01","ASFALTOS DILUÍDOS CM-30","Roraima","-"]
["2017-10-01","ASFALTOS DILUÍDOS CM-30","Santa Catarina","-"]
["2017-10-01","ASFALTOS DILUÍDOS CM-30","São Paulo",2.2040938860607304]
["2017-10-01","ASFALTOS DILUÍDOS CM-30","Sergipe","-"]
["2017-10-01","ASFALTOS DILUÍDOS CM-30","Tocantins","-"]
["2017-11-01","ASFALTOS DILUÍDOS CM-30","Acre","-"]
["2017-11-01","ASFALTOS DILUÍDOS CM-30","Alagoas","-"]
["2017-11-01","ASFALTOS DILUÍDOS CM-30","Amapá","-"]
["2017-11-01","ASFALTOS DILUÍDOS CM-30","Amazonas",2.3845668336706232]
["2017-11-01","ASFALTOS DILUÍDOS CM-30","Bahia","-"]
["2017-11-01","ASFALTOS DILUÍDOS CM-30","Ceará",2.3883317473788224]
["2017-11-01","ASFALTOS DILUÍDOS CM-30","Distrito Federal","-"]
["2017-11-01","ASFALTOS DILUÍDOS CM-30","Espírito Santo","-"]
["2017-11-01","ASFALTOS DILUÍDOS CM-30","Goiás",2.9942342482453217]
["2017-11-01","ASFALTOS DILUÍDOS CM-30","Maranhão","-"]
["2017-11-01","ASFALTOS DILUÍDOS CM-30","Mato Grosso",2.8890161775549332]
["2017-11-01","ASFALTOS DILUÍDOS CM-30","Mato Grosso do Sul","-"]
["2017-11-01","ASFALTOS DILUÍDOS CM-30","Minas Gerais",2.5727077361724571]
["2017-11-01","ASFALTOS DILUÍDOS CM-30","Pará",2.7305834766489605]
["2017-11-01","ASFALTOS DILUÍDOS CM-30","Paraíba","-"]
["2017-11-01","ASFALTOS DILUÍDOS CM-30","Paraná",2.4817734287475437]
["2017-11-01","ASFALTOS DILUÍDOS CM-30","Pernambuco","-"]
["2017-11-01","ASFALTOS DILUÍDOS CM-30","Piauí","-"]
["2017-11-01","ASFALTOS DILUÍDOS CM-30","Rio de Janeiro","-"]
["2017-11-01","ASFALTOS DILUÍDOS CM-30","Rio Grande do Norte","-"]
["2017-11-01","ASFALTOS DILUÍDOS CM-30","Rio Grande do Sul",2.3295898682450842]
["2017-11-01","ASFALTOS DILUÍDOS CM-30","Rondônia","-"]
["2017-11-01","ASFALTOS DILUÍDOS CM-30","Roraima","-"]
["2017-11-01","ASFALTOS DILUÍDOS CM-30","Santa Catarina","-"]
["2017-11-01","ASFALTOS DILUÍDOS CM-30","São Paulo",2.6140330131825049]
["2017-11-01","ASFALTOS DILUÍDOS CM-30","Sergipe","-"]
["2017-11-01","ASFALTOS DILUÍDOS CM-30","Tocantins","-"]
["2017-12-01","ASFALTOS DILUÍDOS CM-30","Acre","-"]
["2017-12-01","ASFALTOS DILUÍDOS CM-30","Alagoas","-"]
["2017-12-01","ASFALTOS DILUÍDOS CM-30","Amapá","-"]
["2017-12-01","ASFALTOS DILUÍDOS CM-30","Amazonas",2.3343161659391405]
["2017-12-01","ASFALTOS DILUÍDOS CM-30","Bahia","-"]
["2017-12-01","ASFALTOS DILUÍDOS CM-30","Ceará",2.4048099862247136]
["2017-12-01","ASFALTOS DILUÍDOS CM-30","Distrito Federal","-"]
["2017-12-01","ASFALTOS DILUÍDOS CM-30","Espírito Santo","-"]
["2017-12-01","ASFALTOS DILUÍDOS CM-30","Goiás","-"]
["2017-12-01","ASFALTOS DILUÍDOS CM-30","Maranhão","-"]
["2017-12-01","ASFALTOS DILUÍDOS CM-30","Mato Grosso",3.0400681246400181]
["2017-12-01","ASFALTOS DILUÍDOS CM-30","Mato Grosso do Sul","-"]
["2017-12-01","ASFALTOS DILUÍDOS CM-30","Minas Gerais",2.724012173098652]
["2017-12-01","ASFALTOS DILUÍDOS CM-30","Pará","-"]
["2017-12-01","ASFALTOS DILUÍDOS CM-30","Paraíba","-"]
["2017-12-01","ASFALTOS DILUÍDOS CM-30","Paraná",2.439778885422506]
["2017-12-01","ASFALTOS DILUÍDOS CM-30","Pernambuco","-"]
["2017-12-01","ASFALTOS DILUÍDOS CM-30","Piauí","-"]
["2017-12-01","ASFALTOS DILUÍDOS CM-30","Rio de Janeiro","-"]
["2017-12-01","ASFALTOS DILUÍDOS CM-30","Rio Grande do Norte","-"]
["2017-12-01","ASFALTOS DILUÍDOS CM-30","Rio Grande do Sul",2.395712291642154]
["2017-12-01","ASFALTOS DILUÍDOS CM-30","Rondônia","-"]
["2017-12-01","ASFALTOS DILUÍDOS CM-30","Roraima","-"]
["2017-12-01","ASFALTOS DILUÍDOS CM-30","Santa Catarina","-"]
["2017-12-01","ASFALTOS DILUÍDOS CM-30","São Paulo",2.5688433802616917]
["2017-12-01","ASFALTOS DILUÍDOS CM-30","Sergipe","-"]
["2017-12-01","ASFALTOS DILUÍDOS CM-30","Tocantins","-"]
["2018-01-01","ASFALTOS DILUÍDOS CM-30","Acre","-"]
["2018-01-01","ASFALTOS DILUÍDOS CM-30","Alagoas","-"]
["2018-01-01","ASFALTOS DILUÍDOS CM-30","Amapá","-"]
["2018-01-01","ASFALTOS DILUÍDOS CM-30","Amazonas",2.8296097314706135]
["2018-01-01","ASFALTOS DILUÍDOS CM-30","Bahia",2.6390775075266859]
["2018-01-01","ASFALTOS DILUÍDOS CM-30","Ceará",2.6594696460134326]
["2018-01-01","ASFALTOS DILUÍDOS CM-30","Distrito Federal","-"]
["2018-01-01","ASFALTOS DILUÍDOS CM-30","Espírito Santo","-"]
["2018-01-01","ASFALTOS DILUÍDOS CM-30","Goiás","-"]
["2018-01-01","ASFALTOS DILUÍDOS CM-30","Maranhão","-"]
["2018-01-01","ASFALTOS DILUÍDOS CM-30","Mato Grosso",2.9353776201156889]
["2018-01-01","ASFALTOS DILUÍDOS CM-30","Mato Grosso do Sul","-"]
["2018-01-01","ASFALTOS DILUÍDOS CM-30","Minas Gerais",2.7077414103788602]
["2018-01-01","ASFALTOS DILUÍDOS CM-30","Pará","-"]
["2018-01-01","ASFALTOS DILUÍDOS CM-30","Paraíba","-"]
["2018-01-01","ASFALTOS DILUÍDOS CM-30","Paraná",2.7148437604254174]
["2018-01-01","ASFALTOS DILUÍDOS CM-30","Pernambuco","-"]
["2018-01-01","ASFALTOS DILUÍDOS CM-30","Piauí","-"]
["2018-01-01","ASFALTOS DILUÍDOS CM-30","Rio de Janeiro","-"]
["2018-01-01","ASFALTOS DILUÍDOS CM-30","Rio Grande do Norte","-"]
["2018-01-01","ASFALTOS DILUÍDOS CM-30","Rio Grande do Sul",2.4958208532309234]
["2018-01-01","ASFALTOS DILUÍDOS CM-30","Rondônia","-"]
["2018-01-01","ASFALTOS DILUÍDOS CM-30","Roraima","-"]
["2018-01-01","ASFALTOS DILUÍDOS CM-30","Santa Catarina","-"]
["2018-01-01","ASFALTOS DILUÍDOS CM-30","São Paulo",2.5734313176188577]
["2018-01-01","ASFALTOS DILUÍDOS CM-30","Sergipe","-"]
["2018-01-01","ASFALTOS DILUÍDOS CM-30","Tocantins","-"]
["2018-02-01","ASFALTOS DILUÍDOS CM-30","Acre","-"]
["2018-02-01","ASFALTOS DILUÍDOS CM-30","Alagoas","-"]
["2018-02-01","ASFALTOS DILUÍDOS CM-30","Amapá","-"]
["2018-02-01","ASFALTOS DILUÍDOS CM-30","Amazonas",2.7677157537344117]
["2018-02-01","ASFALTOS DILUÍDOS CM-30","Bahia","-"]
["2018-02-01","ASFALTOS DILUÍDOS CM-30","Ceará",2.6714016746816038]
["2018-02-01","ASFALTOS DILUÍDOS CM-30","Distrito Federal","-"]
["2018-02-01","ASFALTOS DILUÍDOS CM-30","Espírito Santo","-"]
["2018-02-01","ASFALTOS DILUÍDOS CM-30","Goiás","-"]
["2018-02-01","ASFALTOS DILUÍDOS CM-30","Maranhão","-"]
["2018-02-01","ASFALTOS DILUÍDOS CM-30","Mato Grosso",3.4155191774270679]
["2018-02-01","ASFALTOS DILUÍDOS CM-30","Mato Grosso do Sul","-"]
["2018-02-01","ASFALTOS DILUÍDOS CM-30","Minas Gerais",2.5914875887943971]
["2018-02-01","ASFALTOS DILUÍDOS CM-30","Pará","-"]
["2018-02-01","ASFALTOS DILUÍDOS CM-30","Paraíba","-"]
["2018-02-01","ASFALTOS DILUÍDOS CM-30","Paraná",2.602121434923506]
["2018-02-01","ASFALTOS DILUÍDOS CM-30","Pernambuco","-"]
["2018-02-01","ASFALTOS DILUÍDOS CM-30","Piauí","-"]
["2018-02-01","ASFALTOS DILUÍDOS CM-30","Rio de Janeiro","-"]
["2018-02-01","ASFALTOS DILUÍDOS CM-30","Rio Grande do Norte","-"]
["2018-02-01","ASFALTOS DILUÍDOS CM-30","Rio Grande do Sul",2.5200169090270457]
["2018-02-01","ASFALTOS DILUÍDOS CM-30","Rondônia","-"]
["2018-02-01","ASFALTOS DILUÍDOS CM-30","Roraima","-"]
["2018-02-01","ASFALTOS DILUÍDOS CM-30","Santa Catarina","-"]
["2018-02-01","ASFALTOS DILUÍDOS CM-30","São Paulo",2.6492281970571878]
["2018-02-01","ASFALTOS DILUÍDOS CM-30","Sergipe","-"]
["2018-02-01","ASFALTOS DILUÍDOS CM-30","Tocantins","-"]
["2018-03-01","ASFALTOS DILUÍDOS CM-30","Acre","-"]
["2018-03-01","ASFALTOS DILUÍDOS CM-30","Alagoas","-"]
["2018-03-01","ASFALTOS DILUÍDOS CM-30","Amapá","-"]
["2018-03-01","ASFALTOS DILUÍDOS CM-30","Amazonas","-"]
["2018-03-01","ASFALTOS DILUÍDOS CM-30","Bahia","-"]
["2018-03-01","ASFALTOS DILUÍDOS CM-30","Ceará",2.5305352367021676]
["2018-03-01","ASFALTOS DILUÍDOS CM-30","Distrito Federal","-"]
["2018-03-01","ASFALTOS DILUÍDOS CM-30","Espírito Santo","-"]
["2018-03-01","ASFALTOS DILUÍDOS CM-30","Goiás",2.572307561889156]
["2018-03-01","ASFALTOS DILUÍDOS CM-30","Maranhão","-"]
["2018-03-01","ASFALTOS DILUÍDOS CM-30","Mato Grosso","-"]
["2018-03-01","ASFALTOS DILUÍDOS CM-30","Mato Grosso do Sul","-"]
["2018-03-01","ASFALTOS DILUÍDOS CM-30","Minas Gerais",2.5803170789611758]
["2018-03-01","ASFALTOS DILUÍDOS CM-30","Pará","-"]
["2018-03-01","ASFALTOS DILUÍDOS CM-30","Paraíba","-"]
["2018-03-01","ASFALTOS DILUÍDOS CM-30","Paraná",2.6388981150381152]
["2018-03-01","ASFALTOS DILUÍDOS CM-30","Pernambuco","-"]
["2018-03-01","ASFALTOS DILUÍDOS CM-30","Piauí","-"]
["2018-03-01","ASFALTOS DILUÍDOS CM-30","Rio de Janeiro","-"]
["2018-03-01","ASFALTOS DILUÍDOS CM-30","Rio Grande do Norte","-"]
["2018-03-01","ASFALTOS DILUÍDOS CM-30","Rio Grande do Sul",2.5392107312231169]
["2018-03-01","ASFALTOS DILUÍDOS CM-30","Rondônia","-"]
["2018-03-01","ASFALTOS DILUÍDOS CM-30","Roraima","-"]
["2018-03-01","ASFALTOS DILUÍDOS CM-30","Santa Catarina","-"]
["2018-03-01","ASFALTOS DILUÍDOS CM-30","São Paulo",2.5654464302248843]
["2018-03-01","ASFALTOS DILUÍDOS CM-30","Sergipe","-"]
["2018-03-01","ASFALTOS DILUÍDOS CM-30","Tocantins","-"]
["2018-04-01","ASFALTOS DILUÍDOS CM-30","Acre","-"]
["2018-04-01","ASFALTOS DILUÍDOS CM-30","Alagoas","-"]
["2018-04-01","ASFALTOS DILUÍDOS CM-30","Amapá","-"]
["2018-04-01","ASFALTOS DILUÍDOS CM-30","Amazonas","-"]
["2018-04-01","ASFALTOS DILUÍDOS CM-30","Bahia","-"]
["2018-04-01","ASFALTOS DILUÍDOS CM-30","Ceará",2.5690595772621418]
["2018-04-01","ASFALTOS DILUÍDOS CM-30","Distrito Federal","-"]
["2018-04-01","ASFALTOS DILUÍDOS CM-30","Espírito Santo","-"]
["2018-04-01","ASFALTOS DILUÍDOS CM-30","Goiás","-"]
["2018-04-01","ASFALTOS DILUÍDOS CM-30","Maranhão","-"]
["2018-04-01","ASFALTOS DILUÍDOS CM-30","Mato Grosso",3.0150090266152541]
["2018-04-01","ASFALTOS DILUÍDOS CM-30","Mato Grosso do Sul","-"]
["2018-04-01","ASFALTOS DILUÍDOS CM-30","Minas Gerais",2.6038937002962359]
["2018-04-01","ASFALTOS DILUÍDOS CM-30","Pará","-"]
["2018-04-01","ASFALTOS DILUÍDOS CM-30","Paraíba","-"]
["2018-04-01","ASFALTOS DILUÍDOS CM-30","Paraná",2.5665385485097514]
["2018-04-01","ASFALTOS DILUÍDOS CM-30","Pernambuco","-"]
["2018-04-01","ASFALTOS DILUÍDOS CM-30","Piauí","-"]
["2018-04-01","ASFALTOS DILUÍDOS CM-30","Rio de Janeiro","-"]
["2018-04-01","ASFALTOS DILUÍDOS CM-30","Rio Grande do Norte","-"]
["2018-04-01","ASFALTOS DILUÍDOS CM-30","Rio Grande do Sul",2.522731708836123]
["2018-04-01","ASFALTOS DILUÍDOS CM-30","Rondônia","-"]
["2018-04-01","ASFALTOS DILUÍDOS CM-30","Roraima","-"]
["2018-04-01","ASFALTOS DILUÍDOS CM-30","Santa Catarina","-"]
["2018-04-01","ASFALTOS DILUÍDOS CM-30","São Paulo",2.6267079083009608]
["2018-04-01","ASFALTOS DILUÍDOS CM-30","Sergipe","-"]
["2018-04-01","ASFALTOS DILUÍDOS CM-30","Tocantins","-"]
["2018-05-01","ASFALTOS DILUÍDOS CM-30","Acre","-"]
["2018-05-01","ASFALTOS DILUÍDOS CM-30","Alagoas","-"]
["2018-05-01","ASFALTOS DILUÍDOS CM-30","Amapá","-"]
["2018-05-01","ASFALTOS DILUÍDOS CM-30","Amazonas","-"]
["2018-05-01","ASFALTOS DILUÍDOS CM-30","Bahia","-"]
["2018-05-01","ASFALTOS DILUÍDOS CM-30","Ceará",2.6703791605319718]
["2018-05-01","ASFALTOS DILUÍDOS CM-30","Distrito Federal","-"]
["2018-05-01","ASFALTOS DILUÍDOS CM-30","Espírito Santo","-"]
["2018-05-01","ASFALTOS DILUÍDOS CM-30","Goiás",2.6850186796693611]
["2018-05-01","ASFALTOS DILUÍDOS CM-30","Maranhão","-"]
["2018-05-01","ASFALTOS DILUÍDOS CM-30","Mato Grosso",3.2947766768306357]
["2018-05-01","ASFALTOS DILUÍDOS CM-30","Mato Grosso do Sul","-"]
["2018-05-01","ASFALTOS DILUÍDOS CM-30","Minas Gerais",2.6930583411764712]
["2018-05-01","ASFALTOS DILUÍDOS CM-30","Pará","-"]
["2018-05-01","ASFALTOS DILUÍDOS CM-30","Paraíba","-"]
["2018-05-01","ASFALTOS DILUÍDOS CM-30","Paraná",2.7220166776716588]
["2018-05-01","ASFALTOS DILUÍDOS CM-30","Pernambuco","-"]
["2018-05-01","ASFALTOS DILUÍDOS CM-30","Piauí","-"]
["2018-05-01","ASFALTOS DILUÍDOS CM-30","Rio de Janeiro","-"]
["2018-05-01","ASFALTOS DILUÍDOS CM-30","Rio Grande do Norte","-"]
["2018-05-01","ASFALTOS DILUÍDOS CM-30","Rio Grande do Sul",2.7692185328116663]
["2018-05-01","ASFALTOS DILUÍDOS CM-30","Rondônia","-"]
["2018-05-01","ASFALTOS DILUÍDOS CM-30","Roraima","-"]
["2018-05-01","ASFALTOS DILUÍDOS CM-30","Santa Catarina","-"]
["2018-05-01","ASFALTOS DILUÍDOS CM-30","São Paulo",2.687341200490164]
["2018-05-01","ASFALTOS DILUÍDOS CM-30","Sergipe","-"]
["2018-05-01","ASFALTOS DILUÍDOS CM-30","Tocantins","-"]
["2018-06-01","ASFALTOS DILUÍDOS CM-30","Acre","-"]
["2018-06-01","ASFALTOS DILUÍDOS CM-30","Alagoas","-"]
["2018-06-01","ASFALTOS DILUÍDOS CM-30","Amapá","-"]
["2018-06-01","ASFALTOS DILUÍDOS CM-30","Amazonas","-"]
["2018-06-01","ASFALTOS DILUÍDOS CM-30","Bahia",3.9829596999099728]
["2018-06-01","ASFALTOS DILUÍDOS CM-30","Ceará",2.82207177352455]
["2018-06-01","ASFALTOS DILUÍDOS CM-30","Distrito Federal","-"]
["2018-06-01","ASFALTOS DILUÍDOS CM-30","Espírito Santo","-"]
["2018-06-01","ASFALTOS DILUÍDOS CM-30","Goiás",3.0409220275377606]
["2018-06-01","ASFALTOS DILUÍDOS CM-30","Maranhão","-"]
["2018-06-01","ASFALTOS DILUÍDOS CM-30","Mato Grosso",3.3874427450109641]
["2018-06-01","ASFALTOS DILUÍDOS CM-30","Mato Grosso do Sul","-"]
["2018-06-01","ASFALTOS DILUÍDOS CM-30","Minas Gerais",2.8193514811925677]
["2018-06-01","ASFALTOS DILUÍDOS CM-30","Pará","-"]
["2018-06-01","ASFALTOS DILUÍDOS CM-30","Paraíba","-"]
["2018-06-01","ASFALTOS DILUÍDOS CM-30","Paraná",2.9999996830949947]
["2018-06-01","ASFALTOS DILUÍDOS CM-30","Pernambuco","-"]
["2018-06-01","ASFALTOS DILUÍDOS CM-30","Piauí","-"]
["2018-06-01","ASFALTOS DILUÍDOS CM-30","Rio de Janeiro","-"]
["2018-06-01","ASFALTOS DILUÍDOS CM-30","Rio Grande do Norte","-"]
["2018-06-01","ASFALTOS DILUÍDOS CM-30","Rio Grande do Sul",2.8766923463356977]
["2018-06-01","ASFALTOS DILUÍDOS CM-30","Rondônia","-"]
["2018-06-01","ASFALTOS DILUÍDOS CM-30","Roraima","-"]
["2018-06-01","ASFALTOS DILUÍDOS CM-30","Santa Catarina","-"]
["2018-06-01","ASFALTOS DILUÍDOS CM-30","São Paulo",2.8970185401166977]
["2018-06-01","ASFALTOS DILUÍDOS CM-30","Sergipe","-"]
["2018-06-01","ASFALTOS DILUÍDOS CM-30","Tocantins","-"]
["2018-07-01","ASFALTOS DILUÍDOS CM-30","Acre","-"]
["2018-07-01","ASFALTOS DILUÍDOS CM-30","Alagoas","-"]
["2018-07-01","ASFALTOS DILUÍDOS CM-30","Amapá","-"]
["2018-07-01","ASFALTOS DILUÍDOS CM-30","Amazonas",3.2498407212934874]
["2018-07-01","ASFALTOS DILUÍDOS CM-30","Bahia","-"]
["2018-07-01","ASFALTOS DILUÍDOS CM-30","Ceará",3.0054814489721133]
["2018-07-01","ASFALTOS DILUÍDOS CM-30","Distrito Federal","-"]
["2018-07-01","ASFALTOS DILUÍDOS CM-30","Espírito Santo","-"]
["2018-07-01","ASFALTOS DILUÍDOS CM-30","Goiás",3.115987180273057]
["2018-07-01","ASFALTOS DILUÍDOS CM-30","Maranhão","-"]
["2018-07-01","ASFALTOS DILUÍDOS CM-30","Mato Grosso",3.7325159531332806]
["2018-07-01","ASFALTOS DILUÍDOS CM-30","Mato Grosso do Sul","-"]
["2018-07-01","ASFALTOS DILUÍDOS CM-30","Minas Gerais",3.012014723009933]
["2018-07-01","ASFALTOS DILUÍDOS CM-30","Pará","-"]
["2018-07-01","ASFALTOS DILUÍDOS CM-30","Paraíba","-"]
["2018-07-01","ASFALTOS DILUÍDOS CM-30","Paraná",3.2795499850299406]
["2018-07-01","ASFALTOS DILUÍDOS CM-30","Pernambuco","-"]
["2018-07-01","ASFALTOS DILUÍDOS CM-30","Piauí","-"]
["2018-07-01","ASFALTOS DILUÍDOS CM-30","Rio de Janeiro","-"]
["2018-07-01","ASFALTOS DILUÍDOS CM-30","Rio Grande do Norte","-"]
["2018-07-01","ASFALTOS DILUÍDOS CM-30","Rio Grande do Sul",2.9644315188544867]
["2018-07-01","ASFALTOS DILUÍDOS CM-30","Rondônia","-"]
["2018-07-01","ASFALTOS DILUÍDOS CM-30","Roraima","-"]
["2018-07-01","ASFALTOS DILUÍDOS CM-30","Santa Catarina","-"]
["2018-07-01","ASFALTOS DILUÍDOS CM-30","São Paulo",3.112294930119142]
["2018-07-01","ASFALTOS DILUÍDOS CM-30","Sergipe","-"]
["2018-07-01","ASFALTOS DILUÍDOS CM-30","Tocantins","-"]
["2018-08-01","ASFALTOS DILUÍDOS CM-30","Acre","-"]
["2018-08-01","ASFALTOS DILUÍDOS CM-30","Alagoas","-"]
["2018-08-01","ASFALTOS DILUÍDOS CM-30","Amapá","-"]
["2018-08-01","ASFALTOS DILUÍDOS CM-30","Amazonas",3.4297362657296939]
["2018-08-01","ASFALTOS DILUÍDOS CM-30","Bahia",5.2119298517501713]
["2018-08-01","ASFALTOS DILUÍDOS CM-30","Ceará",3.3082803267785774]
["2018-08-01","ASFALTOS DILUÍDOS CM-30","Distrito Federal","-"]
["2018-08-01","ASFALTOS DILUÍDOS CM-30","Espírito Santo","-"]
["2018-08-01","ASFALTOS DILUÍDOS CM-30","Goiás",3.5604512797943237]
["2018-08-01","ASFALTOS DILUÍDOS CM-30","Maranhão","-"]
["2018-08-01","ASFALTOS DILUÍDOS CM-30","Mato Grosso",3.8920958187750792]
["2018-08-01","ASFALTOS DILUÍDOS CM-30","Mato Grosso do Sul","-"]
["2018-08-01","ASFALTOS DILUÍDOS CM-30","Minas Gerais",3.4957452123385426]
["2018-08-01","ASFALTOS DILUÍDOS CM-30","Pará","-"]
["2018-08-01","ASFALTOS DILUÍDOS CM-30","Paraíba","-"]
["2018-08-01","ASFALTOS DILUÍDOS CM-30","Paraná",3.3526853406497201]
["2018-08-01","ASFALTOS DILUÍDOS CM-30","Pernambuco","-"]
["2018-08-01","ASFALTOS DILUÍDOS CM-30","Piauí","-"]
["2018-08-01","ASFALTOS DILUÍDOS CM-30","Rio de Janeiro","-"]
["2018-08-01","ASFALTOS DILUÍDOS CM-30","Rio Grande do Norte","-"]
["2018-08-01","ASFALTOS DILUÍDOS CM-30","Rio Grande do Sul",3.3613976442899554]
["2018-08-01","ASFALTOS DILUÍDOS CM-30","Rondônia","-"]
["2018-08-01","ASFALTOS DILUÍDOS CM-30","Roraima","-"]
["2018-08-01","ASFALTOS DILUÍDOS CM-30","Santa Catarina","-"]
["2018-08-01","ASFALTOS DILUÍDOS CM-30","São Paulo",3.3334899424424513]
["2018-08-01","ASFALTOS DILUÍDOS CM-30","Sergipe","-"]
["2018-08-01","ASFALTOS DILUÍDOS CM-30","Tocantins","-"]
["2018-09-01","ASFALTOS DILUÍDOS CM-30","Acre","-"]
["2018-09-01","ASFALTOS DILUÍDOS CM-30","Alagoas","-"]
["2018-09-01","ASFALTOS DILUÍDOS CM-30","Amapá","-"]
["2018-09-01","ASFALTOS DILUÍDOS CM-30","Amazonas","-"]
["2018-09-01","ASFALTOS DILUÍDOS CM-30","Bahia",4.7018911439574138]
["2018-09-01","ASFALTOS DILUÍDOS CM-30","Ceará",3.3527405183330341]
["2018-09-01","ASFALTOS DILUÍDOS CM-30","Distrito Federal","-"]
["2018-09-01","ASFALTOS DILUÍDOS CM-30","Espírito Santo","-"]
["2018-09-01","ASFALTOS DILUÍDOS CM-30","Goiás","-"]
["2018-09-01","ASFALTOS DILUÍDOS CM-30","Maranhão","-"]
["2018-09-01","ASFALTOS DILUÍDOS CM-30","Mato Grosso",3.958684192041694]
["2018-09-01","ASFALTOS DILUÍDOS CM-30","Mato Grosso do Sul","-"]
["2018-09-01","ASFALTOS DILUÍDOS CM-30","Minas Gerais",3.3366588100114543]
["2018-09-01","ASFALTOS DILUÍDOS CM-30","Pará",2.9665387918733632]
["2018-09-01","ASFALTOS DILUÍDOS CM-30","Paraíba","-"]
["2018-09-01","ASFALTOS DILUÍDOS CM-30","Paraná",3.701188612682242]
["2018-09-01","ASFALTOS DILUÍDOS CM-30","Pernambuco","-"]
["2018-09-01","ASFALTOS DILUÍDOS CM-30","Piauí","-"]
["2018-09-01","ASFALTOS DILUÍDOS CM-30","Rio de Janeiro","-"]
["2018-09-01","ASFALTOS DILUÍDOS CM-30","Rio Grande do Norte","-"]
["2018-09-01","ASFALTOS DILUÍDOS CM-30","Rio Grande do Sul",3.4224156424271772]
["2018-09-01","ASFALTOS DILUÍDOS CM-30","Rondônia","-"]
["2018-09-01","ASFALTOS DILUÍDOS CM-30","Roraima","-"]
["2018-09-01","ASFALTOS DILUÍDOS CM-30","Santa Catarina","-"]
["2018-09-01","ASFALTOS DILUÍDOS CM-30","São Paulo",3.4525863891043875]
["2018-09-01","ASFALTOS DILUÍDOS CM-30","Sergipe","-"]
["2018-09-01","ASFALTOS DILUÍDOS CM-30","Tocantins","-"]
["2018-10-01","ASFALTOS DILUÍDOS CM-30","Acre","-"]
["2018-10-01","ASFALTOS DILUÍDOS CM-30","Alagoas","-"]
["2018-10-01","ASFALTOS DILUÍDOS CM-30","Amapá","-"]
["2018-10-01","ASFALTOS DILUÍDOS CM-30","Amazonas","-"]
["2018-10-01","ASFALTOS DILUÍDOS CM-30","Bahia",3.6442821123509042]
["2018-10-01","ASFALTOS DILUÍDOS CM-30","Ceará",3.4328021437376575]
["2018-10-01","ASFALTOS DILUÍDOS CM-30","Distrito Federal","-"]
["2018-10-01","ASFALTOS DILUÍDOS CM-30","Espírito Santo","-"]
["2018-10-01","ASFALTOS DILUÍDOS CM-30","Goiás","-"]
["2018-10-01","ASFALTOS DILUÍDOS CM-30","Maranhão","-"]
["2018-10-01","ASFALTOS DILUÍDOS CM-30","Mato Grosso",3.9925874569193076]
["2018-10-01","ASFALTOS DILUÍDOS CM-30","Mato Grosso do Sul","-"]
["2018-10-01","ASFALTOS DILUÍDOS CM-30","Minas Gerais",3.500456168648173]
["2018-10-01","ASFALTOS DILUÍDOS CM-30","Pará","-"]
["2018-10-01","ASFALTOS DILUÍDOS CM-30","Paraíba","-"]
["2018-10-01","ASFALTOS DILUÍDOS CM-30","Paraná",3.7650016169150518]
["2018-10-01","ASFALTOS DILUÍDOS CM-30","Pernambuco","-"]
["2018-10-01","ASFALTOS DILUÍDOS CM-30","Piauí","-"]
["2018-10-01","ASFALTOS DILUÍDOS CM-30","Rio de Janeiro","-"]
["2018-10-01","ASFALTOS DILUÍDOS CM-30","Rio Grande do Norte","-"]
["2018-10-01","ASFALTOS DILUÍDOS CM-30","Rio Grande do Sul",3.3743601784009032]
["2018-10-01","ASFALTOS DILUÍDOS CM-30","Rondônia","-"]
["2018-10-01","ASFALTOS DILUÍDOS CM-30","Roraima","-"]
["2018-10-01","ASFALTOS DILUÍDOS CM-30","Santa Catarina","-"]
["2018-10-01","ASFALTOS DILUÍDOS CM-30","São Paulo",3.3592440562824275]
["2018-10-01","ASFALTOS DILUÍDOS CM-30","Sergipe","-"]
["2018-10-01","ASFALTOS DILUÍDOS CM-30","Tocantins","-"]
["2018-11-01","ASFALTOS DILUÍDOS CM-30","Acre","-"]
["2018-11-01","ASFALTOS DILUÍDOS CM-30","Alagoas","-"]
["2018-11-01","ASFALTOS DILUÍDOS CM-30","Amapá","-"]
["2018-11-01","ASFALTOS DILUÍDOS CM-30","Amazonas","-"]
["2018-11-01","ASFALTOS DILUÍDOS CM-30","Bahia","-"]
["2018-11-01","ASFALTOS DILUÍDOS CM-30","Ceará",3.785586218989748]
["2018-11-01","ASFALTOS DILUÍDOS CM-30","Distrito Federal","-"]
["2018-11-01","ASFALTOS DILUÍDOS CM-30","Espírito Santo","-"]
["2018-11-01","ASFALTOS DILUÍDOS CM-30","Goiás","-"]
["2018-11-01","ASFALTOS DILUÍDOS CM-30","Maranhão","-"]
["2018-11-01","ASFALTOS DILUÍDOS CM-30","Mato Grosso",4.4419016627822279]
["2018-11-01","ASFALTOS DILUÍDOS CM-30","Mato Grosso do Sul","-"]
["2018-11-01","ASFALTOS DILUÍDOS CM-30","Minas Gerais",4.4644363107069855]
["2018-11-01","ASFALTOS DILUÍDOS CM-30","Pará","-"]
["2018-11-01","ASFALTOS DILUÍDOS CM-30","Paraíba","-"]
["2018-11-01","ASFALTOS DILUÍDOS CM-30","Paraná",4.1721586269154907]
["2018-11-01","ASFALTOS DILUÍDOS CM-30","Pernambuco","-"]
["2018-11-01","ASFALTOS DILUÍDOS CM-30","Piauí","-"]
["2018-11-01","ASFALTOS DILUÍDOS CM-30","Rio de Janeiro","-"]
["2018-11-01","ASFALTOS DILUÍDOS CM-30","Rio Grande do Norte","-"]
["2018-11-01","ASFALTOS DILUÍDOS CM-30","Rio Grande do Sul",3.680466132698728]
["2018-11-01","ASFALTOS DILUÍDOS CM-30","Rondônia","-"]
["2018-11-01","ASFALTOS DILUÍDOS CM-30","Roraima","-"]
["2018-11-01","ASFALTOS DILUÍDOS CM-30","Santa Catarina","-"]
["2018-11-01","ASFALTOS DILUÍDOS CM-30","São Paulo",3.9215744747245598]
["2018-11-01","ASFALTOS DILUÍDOS CM-30","Sergipe","-"]
["2018-11-01","ASFALTOS DILUÍDOS CM-30","Tocantins","-"]
["2018-12-01","ASFALTOS DILUÍDOS CM-30","Acre","-"]
["2018-12-01","ASFALTOS DILUÍDOS CM-30","Alagoas","-"]
["2018-12-01","ASFALTOS DILUÍDOS CM-30","Amapá","-"]
["2018-12-01","ASFALTOS DILUÍDOS CM-30","Amazonas","-"]
["2018-12-01","ASFALTOS DILUÍDOS CM-30","Bahia","-"]
["2018-12-01","ASFALTOS DILUÍDOS CM-30","Ceará",3.8755857630086408]
["2018-12-01","ASFALTOS DILUÍDOS CM-30","Distrito Federal","-"]
["2018-12-01","ASFALTOS DILUÍDOS CM-30","Espírito Santo","-"]
["2018-12-01","ASFALTOS DILUÍDOS CM-30","Goiás","-"]
["2018-12-01","ASFALTOS DILUÍDOS CM-30","Maranhão","-"]
["2018-12-01","ASFALTOS DILUÍDOS CM-30","Mato Grosso",4.6329895471646472]
["2018-12-01","ASFALTOS DILUÍDOS CM-30","Mato Grosso do Sul","-"]
["2018-12-01","ASFALTOS DILUÍDOS CM-30","Minas Gerais",3.8118114359421065]
["2018-12-01","ASFALTOS DILUÍDOS CM-30","Pará","-"]
["2018-12-01","ASFALTOS DILUÍDOS CM-30","Paraíba","-"]
["2018-12-01","ASFALTOS DILUÍDOS CM-30","Paraná",4.016919099795988]
["2018-12-01","ASFALTOS DILUÍDOS CM-30","Pernambuco","-"]
["2018-12-01","ASFALTOS DILUÍDOS CM-30","Piauí","-"]
["2018-12-01","ASFALTOS DILUÍDOS CM-30","Rio de Janeiro","-"]
["2018-12-01","ASFALTOS DILUÍDOS CM-30","Rio Grande do Norte","-"]
["2018-12-01","ASFALTOS DILUÍDOS CM-30","Rio Grande do Sul",3.8229929656067489]
["2018-12-01","ASFALTOS DILUÍDOS CM-30","Rondônia","-"]
["2018-12-01","ASFALTOS DILUÍDOS CM-30","Roraima","-"]
["2018-12-01","ASFALTOS DILUÍDOS CM-30","Santa Catarina","-"]
["2018-12-01","ASFALTOS DILUÍDOS CM-30","São Paulo",4.0561653274987419]
["2018-12-01","ASFALTOS DILUÍDOS CM-30","Sergipe","-"]
["2018-12-01","ASFALTOS DILUÍDOS CM-30","Tocantins","-"]
["2019-01-01","ASFALTOS DILUÍDOS CM-30","Acre","-"]
["2019-01-01","ASFALTOS DILUÍDOS CM-30","Alagoas","-"]
["2019-01-01","ASFALTOS DILUÍDOS CM-30","Amapá","-"]
["2019-01-01","ASFALTOS DILUÍDOS CM-30","Amazonas","-"]
["2019-01-01","ASFALTOS DILUÍDOS CM-30","Bahia","-"]
["2019-01-01","ASFALTOS DILUÍDOS CM-30","Ceará",3.8049328982055437]
["2019-01-01","ASFALTOS DILUÍDOS CM-30","Distrito Federal","-"]
["2019-01-01","ASFALTOS DILUÍDOS CM-30","Espírito Santo","-"]
["2019-01-01","ASFALTOS DILUÍDOS CM-30","Goiás","-"]
["2019-01-01","ASFALTOS DILUÍDOS CM-30","Maranhão","-"]
["2019-01-01","ASFALTOS DILUÍDOS CM-30","Mato Grosso","-"]
["2019-01-01","ASFALTOS DILUÍDOS CM-30","Mato Grosso do Sul","-"]
["2019-01-01","ASFALTOS DILUÍDOS CM-30","Minas Gerais",3.9111667577286124]
["2019-01-01","ASFALTOS DILUÍDOS CM-30","Pará","-"]
["2019-01-01","ASFALTOS DILUÍDOS CM-30","Paraíba","-"]
["2019-01-01","ASFALTOS DILUÍDOS CM-30","Paraná",4.3746054506287839]
["2019-01-01","ASFALTOS DILUÍDOS CM-30","Pernambuco","-"]
["2019-01-01","ASFALTOS DILUÍDOS CM-30","Piauí","-"]
["2019-01-01","ASFALTOS DILUÍDOS CM-30","Rio de Janeiro","-"]
["2019-01-01","ASFALTOS DILUÍDOS CM-30","Rio Grande do Norte","-"]
["2019-01-01","ASFALTOS DILUÍDOS CM-30","Rio Grande do Sul",3.8213292687809988]
["2019-01-01","ASFALTOS DILUÍDOS CM-30","Rondônia","-"]
["2019-01-01","ASFALTOS DILUÍDOS CM-30","Roraima","-"]
["2019-01-01","ASFALTOS DILUÍDOS CM-30","Santa Catarina","-"]
["2019-01-01","ASFALTOS DILUÍDOS CM-30","São Paulo",4.0145503757959125]
["2019-01-01","ASFALTOS DILUÍDOS CM-30","Sergipe","-"]
["2019-01-01","ASFALTOS DILUÍDOS CM-30","Tocantins","-"]
["2019-02-01","ASFALTOS DILUÍDOS CM-30","Acre","-"]
["2019-02-01","ASFALTOS DILUÍDOS CM-30","Alagoas","-"]
["2019-02-01","ASFALTOS DILUÍDOS CM-30","Amapá","-"]
["2019-02-01","ASFALTOS DILUÍDOS CM-30","Amazonas","-"]
["2019-02-01","ASFALTOS DILUÍDOS CM-30","Bahia","-"]
["2019-02-01","ASFALTOS DILUÍDOS CM-30","Ceará",4.0057287469787459]
["2019-02-01","ASFALTOS DILUÍDOS CM-30","Distrito Federal","-"]
["2019-02-01","ASFALTOS DILUÍDOS CM-30","Espírito Santo","-"]
["2019-02-01","ASFALTOS DILUÍDOS CM-30","Goiás","-"]
["2019-02-01","ASFALTOS DILUÍDOS CM-30","Maranhão","-"]
["2019-02-01","ASFALTOS DILUÍDOS CM-30","Mato Grosso","-"]
["2019-02-01","ASFALTOS DILUÍDOS CM-30","Mato Grosso do Sul","-"]
["2019-02-01","ASFALTOS DILUÍDOS CM-30","Minas Gerais",4.61189041500994]
["2019-02-01","ASFALTOS DILUÍDOS CM-30","Pará","-"]
["2019-02-01","ASFALTOS DILUÍDOS CM-30","Paraíba","-"]
["2019-02-01","ASFALTOS DILUÍDOS CM-30","Paraná",4.4203608777625165]
["2019-02-01","ASFALTOS DILUÍDOS CM-30","Pernambuco","-"]
["2019-02-01","ASFALTOS DILUÍDOS CM-30","Piauí","-"]
["2019-02-01","ASFALTOS DILUÍDOS CM-30","Rio de Janeiro","-"]
["2019-02-01","ASFALTOS DILUÍDOS CM-30","Rio Grande do Norte","-"]
["2019-02-01","ASFALTOS DILUÍDOS CM-30","Rio Grande do Sul",4.1843438560846566]
["2019-03-01","ASFALTOS DILUÍDOS CM-30","Paraná",4.4712371598639455]
["2019-06-01","ASFALTOS DILUÍDOS CM-30","Paraná",4.2931873145780051]
["2019-07-01","ASFALTOS DILUÍDOS CM-30","Rondônia","-"]
["2019-08-01","ASFALTOS DILUÍDOS CM-30","Santa Catarina","-"]
["2019-11-01","ASFALTOS DILUÍDOS CM-30","Tocantins","-"]
["2020-01-01","ASFALTOS DILUÍDOS CM-30","Espírito Santo","-"]
["2020-04-01","ASFALTOS DILUÍDOS CM-30","Espírito Santo","-"]
["2020-05-01","ASFALTOS DILUÍDOS CM-30","Pará","-"]
["2020-06-01","ASFALTOS DILUÍDOS CM-30","Paraná",3.6960311857654129]
["2020-08-01","ASFALTOS DILUÍDOS CM-30","Sergipe","-"]
["2020-10-01","ASFALTOS DILUÍDOS CM-30","Tocantins","-"]
["2020-12-01","ASFALTOS DILUÍDOS CM-30","Alagoas","-"]
["2021-03-01","ASFALTOS DILUÍDOS CM-30","Ceará",3.9582073466371028]
["2021-04-01","ASFALTOS DILUÍDOS CM-30","Mato Grosso do Sul","-"]
["2021-05-01","ASFALTOS DILUÍDOS CM-30","São Paulo",5.0103751114922819]
["2021-08-01","ASFALTOS DILUÍDOS CM-30","Rio de Janeiro","-"]
["2021-09-01","ASFALTOS DILUÍDOS CM-30","Rio Grande do Sul",4.6414238544220252]
["2021-12-01","ASFALTOS DILUÍDOS CM-30","São Paulo","-"]
["2022-02-01","ASFALTOS DILUÍDOS CM-30","Amazonas","-"]
["2022-04-01","ASFALTOS DILUÍDOS CM-30","Roraima","-"]
["2022-06-01","ASFALTOS DILUÍDOS CM-30","Mato Grosso",4.0257865344159436]
["2022-07-01","ASFALTOS DILUÍDOS CM-30","Minas Gerais","-"]
["2022-10-01","ASFALTOS DILUÍDOS CM-30","Pernambuco","-"]
["2022-11-01","ASFALTOS DILUÍDOS CM-30","Roraima","-"]
["2023-01-01","ASFALTOS DILUÍDOS CM-30","Rondônia","-"]
["2023-04-01","ASFALTOS DILUÍDOS CM-30","Amapá","-"]
["2023-05-01","ASFALTOS DILUÍDOS CM-30","Goiás","-"]
["2023-08-01","ASFALTOS DILUÍDOS CM-30","Goiás","-"]
["2023-09-01","ASFALTOS DILUÍDOS CM-30","Paraíba","-"]
["2023-12-01","ASFALTOS DILUÍDOS CM-30","Rio Grande do Norte","-"]
["2024-01-01","ASFALTOS DILUÍDOS CM-30","Rondônia","-"]
["2024-03-01","ASFALTOS DILUÍDOS CM-30","Acre","-"]
["2024-06-01","ASFALTOS DILUÍDOS CM-30","Acre","-"]
["2024-07-01","ASFALTOS DILUÍDOS CM-30","Distrito Federal","-"]
["2024-10-01","ASFALTOS DILUÍDOS CM-30","Amapá","-"]
["2024-11-01","ASFALTOS DILUÍDOS CM-30","Pará","-"]
["2024-12-01","ASFALTOS DILUÍDOS CM-30","Rio Grande do Norte","-"]
["2025-03-01","ASFALTOS DILUÍDOS CM-30","Rio Grande do Norte","-"]
["2025-04-01","ASFALTOS DILUÍDOS CM-30","Sergipe","-"]
["2013-02-01","ASFALTOS DILUÍDOS CM-70","Alagoas","-"]
["2013-04-01","ASFALTOS DILUÍDOS CM-70","Ceará","-"]
["2013-05-01","ASFALTOS DILUÍDOS CM-70","Mato Grosso do Sul","-"]
["2013-08-01","ASFALTOS DILUÍDOS CM-70","Mato Grosso do Sul","-"]
["2013-09-01","ASFALTOS DILUÍDOS CM-70","Piauí","-"]
["2013-11-01","ASFALTOS DILUÍDOS CM-70","Acre","-"]
["2014-01-01","ASFALTOS DILUÍDOS CM-70","São Paulo","-"]
["2014-03-01","ASFALTOS DILUÍDOS CM-70","Amazonas","-"]
["2014-06-01","ASFALTOS DILUÍDOS CM-70","Espírito Santo","-"]
["2014-07-01","ASFALTOS DILUÍDOS CM-70","Maranhão","-"]
["2014-09-01","ASFALTOS DILUÍDOS CM-70","Sergipe","-"]
["2014-11-01","ASFALTOS DILUÍDOS CM-70","Pernambuco","-"]
["2014-12-01","ASFALTOS DILUÍDOS CM-70","Roraima","-"]
["2015-03-01","ASFALTOS DILUÍDOS CM-70","Tocantins","-"]
["2015-05-01","ASFALTOS DILUÍDOS CM-70","Alagoas","-"]
["2015-06-01","ASFALTOS DILUÍDOS CM-70","São Paulo","-"]
["2015-09-01","ASFALTOS DILUÍDOS CM-70","Goiás","-"]
["2015-10-01","ASFALTOS DILUÍDOS CM-70","Paraíba","-"]
["2016-01-01","ASFALTOS DILUÍDOS CM-70","Rio de Janeiro","-"]
["2016-02-01","ASFALTOS DILUÍDOS CM-70","Rio Grande do Sul","-"]
["2016-03-01","ASFALTOS DILUÍDOS CM-70","Santa Catarina","-"]
["2016-07-01","ASFALTOS DILUÍDOS CM-70","Bahia","-"]
["2016-08-01","ASFALTOS DILUÍDOS CM-70","Distrito Federal","-"]
["2016-11-01","ASFALTOS DILUÍDOS CM-70","Mato Grosso","-"]
["2016-12-01","ASFALTOS DILUÍDOS CM-70","Minas Gerais","-"]
["2017-02-01","ASFALTOS DILUÍDOS CM-70","Rondônia","-"]
["2017-04-01","ASFALTOS DILUÍDOS CM-70","Santa Catarina","-"]
["2017-05-01","ASFALTOS DILUÍDOS CM-70","Sergipe","-"]
["2017-09-01","ASFALTOS DILUÍDOS CM-70","Amapá","-"]
["2017-10-01","ASFALTOS DILUÍDOS CM-70","Goiás","-"]
["2017-11-01","ASFALTOS DILUÍDOS CM-70","Rio Grande do Sul","-"]
["2018-02-01","ASFALTOS DILUÍDOS CM-70","Paraná","-"]
["2018-03-01","ASFALTOS DILUÍDOS CM-70","Piauí","-"]
["2018-06-01","ASFALTOS DILUÍDOS CM-70","Rondônia","-"]
["2018-08-01","ASFALTOS DILUÍDOS CM-70","Acre","-"]
["2018-10-01","ASFALTOS DILUÍDOS CM-70","Rio de Janeiro","-"]
["2018-12-01","ASFALTOS DILUÍDOS CM-70","Espírito Santo","-"]
["2019-01-01","ASFALTOS DILUÍDOS CM-70","Maranhão","-"]
["2019-04-01","ASFALTOS DILUÍDOS CM-70","Pará","-"]
["2019-05-01","ASFALTOS DILUÍDOS CM-70","Rio Grande do Norte","-"]
["2019-07-01","ASFALTOS DILUÍDOS CM-70","Piauí","-"]
["2019-09-01","ASFALTOS DILUÍDOS CM-70","Tocantins","-"]
["2019-11-01","ASFALTOS DILUÍDOS CM-70","Ceará","-"]
["2020-02-01","ASFALTOS DILUÍDOS CM-70","Ceará","-"]
["2020-03-01","ASFALTOS DILUÍDOS CM-70","Mato Grosso do Sul","-"]
["2020-04-01","ASFALTOS DILUÍDOS CM-70","Pernambuco","-"]
["2020-07-01","ASFALTOS DILUÍDOS CM-70","Rio de Janeiro","-"]
["2020-08-01","ASFALTOS DILUÍDOS CM-70","São Paulo","-"]
["2020-09-01","ASFALTOS DILUÍDOS CM-70","Tocantins","-"]
["2021-01-01","ASFALTOS DILUÍDOS CM-70","Amazonas","-"]
["2021-01-01","ASFALTOS DILUÍDOS CM-70","Tocantins","-"]
["2021-05-01","ASFALTOS DILUÍDOS CM-70","Mato Grosso","-"]
["2021-06-01","ASFALTOS DILUÍDOS CM-70","Pernambuco","-"]
["2021-07-01","ASFALTOS DILUÍDOS CM-70","Rio de Janeiro","-"]
["2021-10-01","ASFALTOS DILUÍDOS CM-70","Roraima","-"]
["2021-12-01","ASFALTOS DILUÍDOS CM-70","São Paulo","-"]
["2022-03-01","ASFALTOS DILUÍDOS CM-70","Amapá","-"]
["2022-04-01","ASFALTOS DILUÍDOS CM-70","Goiás","-"]
["2022-05-01","ASFALTOS DILUÍDOS CM-70","Mato Grosso","-"]
["2022-08-01","ASFALTOS DILUÍDOS CM-70","Paraíba","-"]
["2022-09-01","ASFALTOS DILUÍDOS CM-70","Santa Catarina","-"]
["2022-12-01","ASFALTOS DILUÍDOS CM-70","Rondônia","-"]
["2023-02-01","ASFALTOS DILUÍDOS CM-70","Acre","-"]
["2023-03-01","ASFALTOS DILUÍDOS CM-70","Distrito Federal","-"]
["2023-05-01","ASFALTOS DILUÍDOS CM-70","Espírito Santo","-"]
["2023-07-01","ASFALTOS DILUÍDOS CM-70","Pará","-"]
["2023-10-01","ASFALTOS DILUÍDOS CM-70","Pará","-"]
["2023-11-01","ASFALTOS DILUÍDOS CM-70","Rio Grande do Norte","-"]
["2023-12-01","ASFALTOS DILUÍDOS CM-70","Sergipe","-"]
["2024-04-01","ASFALTOS DILUÍDOS CM-70","Ceará","-"]
["2024-05-01","ASFALTOS DILUÍDOS CM-70","Ceará","-"]
["2024-08-01","ASFALTOS DILUÍDOS CM-70","Ceará","-"]
["2024-09-01","ASFALTOS DILUÍDOS CM-70","Mato Grosso do Sul","-"]
["2024-10-01","ASFALTOS DILUÍDOS CM-70","Piauí","-"]
["2025-01-01","ASFALTOS DILUÍDOS CM-70","Bahia","-"]
["2025-02-01","ASFALTOS DILUÍDOS CM-70","São Paulo","-"]
["2025-04-01","ASFALTOS DILUÍDOS CM-70","Amazonas","-"]
["2013-02-01","ASFALTOS DILUÍDOS CR-250","Amazonas","-"]
["2013-03-01","ASFALTOS DILUÍDOS CR-250","Maranhão","-"]
["2013-05-01","ASFALTOS DILUÍDOS CR-250","Amazonas","-"]
["2013-07-01","ASFALTOS DILUÍDOS CR-250","Pernambuco","-"]
["2013-08-01","ASFALTOS DILUÍDOS CR-250","Roraima","-"]
["2013-11-01","ASFALTOS DILUÍDOS CR-250","Roraima","-"]
["2014-01-01","ASFALTOS DILUÍDOS CR-250","Alagoas","-"]
["2014-04-01","ASFALTOS DILUÍDOS CR-250","Minas Gerais","-"]
["2014-05-01","ASFALTOS DILUÍDOS CR-250","Goiás","-"]
["2014-06-01","ASFALTOS DILUÍDOS CR-250","Paraíba","-"]
["2014-09-01","ASFALTOS DILUÍDOS CR-250","Paraíba","-"]
["2014-10-01","ASFALTOS DILUÍDOS CR-250","Rio Grande do Sul","-"]
["2015-01-01","ASFALTOS DILUÍDOS CR-250","Mato Grosso do Sul","-"]
["2015-03-01","ASFALTOS DILUÍDOS CR-250","Acre","-"]
["2015-04-01","ASFALTOS DILUÍDOS CR-250","Distrito Federal","-"]
["2015-07-01","ASFALTOS DILUÍDOS CR-250","Distrito Federal","-"]
["2015-08-01","ASFALTOS DILUÍDOS CR-250","Minas Gerais","-"]
["2015-10-01","ASFALTOS DILUÍDOS CR-250","Mato Grosso","-"]
["2015-12-01","ASFALTOS DILUÍDOS CR-250","Rio Grande do Norte","-"]
["2016-01-01","ASFALTOS DILUÍDOS CR-250","Sergipe","-"]
["2016-05-01","ASFALTOS DILUÍDOS CR-250","Amapá","-"]
["2016-06-01","ASFALTOS DILUÍDOS CR-250","Bahia","-"]
["2016-09-01","ASFALTOS DILUÍDOS CR-250","Goiás","-"]
["2016-10-01","ASFALTOS DILUÍDOS CR-250","Mato Grosso do Sul","-"]
["2016-11-01","ASFALTOS DILUÍDOS CR-250","Piauí","-"]
["2017-02-01","ASFALTOS DILUÍDOS CR-250","Rondônia","-"]
["2017-03-01","ASFALTOS DILUÍDOS CR-250","Santa Catarina","-"]
["2017-06-01","ASFALTOS DILUÍDOS CR-250","Espírito Santo","-"]
["2017-08-01","ASFALTOS DILUÍDOS CR-250","Amazonas","-"]
["2017-09-01","ASFALTOS DILUÍDOS CR-250","Maranhão","-"]
["2017-12-01","ASFALTOS DILUÍDOS CR-250","Pará","-"]
["2018-01-01","ASFALTOS DILUÍDOS CR-250","Paraná","-"]
["2018-03-01","ASFALTOS DILUÍDOS CR-250","Distrito Federal","-"]
["2018-05-01","ASFALTOS DILUÍDOS CR-250","Tocantins","-"]
["2018-07-01","ASFALTOS DILUÍDOS CR-250","Alagoas","-"]
["2018-10-01","ASFALTOS DILUÍDOS CR-250","Ceará","-"]
["2018-11-01","ASFALTOS DILUÍDOS CR-250","Espírito Santo","-"]
["2019-02-01","ASFALTOS DILUÍDOS CR-250","Bahia","-"]
["2019-03-01","ASFALTOS DILUÍDOS CR-250","Rio de Janeiro","-"]
["2019-04-01","ASFALTOS DILUÍDOS CR-250","Rio Grande do Sul","-"]
["2019-07-01","ASFALTOS DILUÍDOS CR-250","São Paulo","-"]
["2019-09-01","ASFALTOS DILUÍDOS CR-250","Amazonas","-"]
["2019-11-01","ASFALTOS DILUÍDOS CR-250","Amazonas","-"]
["2020-01-01","ASFALTOS DILUÍDOS CR-250","Mato Grosso","-"]
["2020-02-01","ASFALTOS DILUÍDOS CR-250","Minas Gerais","-"]
["2020-05-01","ASFALTOS DILUÍDOS CR-250","Pernambuco","-"]
["2020-06-01","ASFALTOS DILUÍDOS CR-250","Roraima","-"]
["2020-08-01","ASFALTOS DILUÍDOS CR-250","Amapá","-"]
["2020-11-01","ASFALTOS DILUÍDOS CR-250","Amapá","-"]
["2020-12-01","ASFALTOS DILUÍDOS CR-250","Bahia","-"]
["2021-03-01","ASFALTOS DILUÍDOS CR-250","Goiás","-"]
["2021-04-01","ASFALTOS DILUÍDOS CR-250","Paraíba","-"]
["2021-07-01","ASFALTOS DILUÍDOS CR-250","Acre","-"]
["2021-08-01","ASFALTOS DILUÍDOS CR-250","Rondônia","-"]
["2021-10-01","ASFALTOS DILUÍDOS CR-250","Acre","-"]
["2022-01-01","ASFALTOS DILUÍDOS CR-250","Acre","-"]
["2022-02-01","ASFALTOS DILUÍDOS CR-250","Distrito Federal","-"]
["2022-03-01","ASFALTOS DILUÍDOS CR-250","Tocantins","-"]
["2022-06-01","ASFALTOS DILUÍDOS CR-250","Pará","-"]
["2022-07-01","ASFALTOS DILUÍDOS CR-250","Rio Grande do Norte","-"]
["2022-10-01","ASFALTOS DILUÍDOS CR-250","Rio Grande do Norte","-"]
["2022-11-01","ASFALTOS DILUÍDOS CR-250","Sergipe","-"]
["2023-01-01","ASFALTOS DILUÍDOS CR-250","Maranhão","-"]
["2023-04-01","ASFALTOS DILUÍDOS CR-250","Ceará","-"]
["2023-05-01","ASFALTOS DILUÍDOS CR-250","Mato Grosso do Sul","-"]
["2023-08-01","ASFALTOS DILUÍDOS CR-250","Mato Grosso do Sul","-"]
["2023-09-01","ASFALTOS DILUÍDOS CR-250","Piauí","-"]
["2023-12-01","ASFALTOS DILUÍDOS CR-250","Espírito Santo","-"]
["2024-01-01","ASFALTOS DILUÍDOS CR-250","São Paulo","-"]
["2024-03-01","ASFALTOS DILUÍDOS CR-250","Amazonas","-"]
["2024-06-01","ASFALTOS DILUÍDOS CR-250","Amazonas","-"]
["2024-07-01","ASFALTOS DILUÍDOS CR-250","Maranhão","-"]
["2024-09-01","ASFALTOS DILUÍDOS CR-250","Distrito Federal","-"]
["2024-11-01","ASFALTOS DILUÍDOS CR-250","Pernambuco","-"]
["2024-12-01","ASFALTOS DILUÍDOS CR-250","Roraima","-"]
["2025-02-01","ASFALTOS DILUÍDOS CR-250","Alagoas","-"]
["2025-05-01","ASFALTOS DILUÍDOS CR-250","Alagoas","-"]
["2013-01-01","ASFALTOS DILUÍDOS CR-70","Ceará","-"]
["2013-04-01","ASFALTOS DILUÍDOS CR-70","Goiás","-"]
["2013-05-01","ASFALTOS DILUÍDOS CR-70","Paraíba","-"]
["2013-06-01","ASFALTOS DILUÍDOS CR-70","Rio Grande do Sul","-"]
["2013-09-01","ASFALTOS DILUÍDOS CR-70","Rio Grande do Sul","-"]
["2013-12-01","ASFALTOS DILUÍDOS CR-70","Amazonas","-"]
["2014-02-01","ASFALTOS DILUÍDOS CR-70","Acre","-"]
["2014-03-01","ASFALTOS DILUÍDOS CR-70","Distrito Federal","-"]
["2014-04-01","ASFALTOS DILUÍDOS CR-70","Minas Gerais","-"]
["2014-07-01","ASFALTOS DILUÍDOS CR-70","Paraíba","-"]
["2014-08-01","ASFALTOS DILUÍDOS CR-70","Rio Grande do Norte","-"]
["2014-11-01","ASFALTOS DILUÍDOS CR-70","Santa Catarina","-"]
["2014-12-01","ASFALTOS DILUÍDOS CR-70","Sergipe","-"]
["2015-02-01","ASFALTOS DILUÍDOS CR-70","Bahia","-"]
["2015-04-01","ASFALTOS DILUÍDOS CR-70","Pará","-"]
["2015-06-01","ASFALTOS DILUÍDOS CR-70","Mato Grosso do Sul","-"]
["2015-09-01","ASFALTOS DILUÍDOS CR-70","Paraná","-"]
["2015-10-01","ASFALTOS DILUÍDOS CR-70","Piauí","-"]
["2015-11-01","ASFALTOS DILUÍDOS CR-70","Santa Catarina","-"]
["2016-01-01","ASFALTOS DILUÍDOS CR-70","Santa Catarina","-"]
["2016-04-01","ASFALTOS DILUÍDOS CR-70","Amazonas","-"]
["2016-07-01","ASFALTOS DILUÍDOS CR-70","Espírito Santo","-"]
["2016-08-01","ASFALTOS DILUÍDOS CR-70","Maranhão","-"]
["2016-09-01","ASFALTOS DILUÍDOS CR-70","Paraná","-"]
["2016-12-01","ASFALTOS DILUÍDOS CR-70","Rondônia","-"]
["2017-01-01","ASFALTOS DILUÍDOS CR-70","Roraima","-"]
["2017-04-01","ASFALTOS DILUÍDOS CR-70","Tocantins","-"]
["2017-06-01","ASFALTOS DILUÍDOS CR-70","Alagoas","-"]
["2017-07-01","ASFALTOS DILUÍDOS CR-70","Espírito Santo","-"]
["2017-09-01","ASFALTOS DILUÍDOS CR-70","Rio Grande do Sul","-"]
["2017-11-01","ASFALTOS DILUÍDOS CR-70","Paraíba","-"]
["2018-02-01","ASFALTOS DILUÍDOS CR-70","Rio de Janeiro","-"]
["2018-03-01","ASFALTOS DILUÍDOS CR-70","São Paulo","-"]
["2018-04-01","ASFALTOS DILUÍDOS CR-70","Tocantins","-"]
["2018-06-01","ASFALTOS DILUÍDOS CR-70","Rio Grande do Norte","-"]
["2018-09-01","ASFALTOS DILUÍDOS CR-70","Distrito Federal","-"]
["2018-12-01","ASFALTOS DILUÍDOS CR-70","Mato Grosso","-"]
["2019-01-01","ASFALTOS DILUÍDOS CR-70","Pernambuco","-"]
["2019-02-01","ASFALTOS DILUÍDOS CR-70","Rio de Janeiro","-"]
["2019-05-01","ASFALTOS DILUÍDOS CR-70","Piauí","-"]
["2019-07-01","ASFALTOS DILUÍDOS CR-70","Amapá","-"]
["2019-10-01","ASFALTOS DILUÍDOS CR-70","Amapá","-"]
["2019-11-01","ASFALTOS DILUÍDOS CR-70","Goiás","-"]
["2019-12-01","ASFALTOS DILUÍDOS CR-70","Mato Grosso","-"]
["2020-02-01","ASFALTOS DILUÍDOS CR-70","Pernambuco","-"]
["2020-04-01","ASFALTOS DILUÍDOS CR-70","Rondônia","-"]
["2020-05-01","ASFALTOS DILUÍDOS CR-70","Santa Catarina","-"]
["2020-09-01","ASFALTOS DILUÍDOS CR-70","Acre","-"]
["2020-10-01","ASFALTOS DILUÍDOS CR-70","Amapá","-"]
["2021-01-01","ASFALTOS DILUÍDOS CR-70","Paraíba","-"]
["2021-02-01","ASFALTOS DILUÍDOS CR-70","Pará","-"]
["2021-03-01","ASFALTOS DILUÍDOS CR-70","Paraná","-"]
["2021-06-01","ASFALTOS DILUÍDOS CR-70","Rio Grande do Norte","-"]
["2021-07-01","ASFALTOS DILUÍDOS CR-70","Sergipe","-"]
["2021-10-01","ASFALTOS DILUÍDOS CR-70","Pará","-"]
["2021-12-01","ASFALTOS DILUÍDOS CR-70","Ceará","-"]
["2022-01-01","ASFALTOS DILUÍDOS CR-70","Espírito Santo","-"]
["2022-04-01","ASFALTOS DILUÍDOS CR-70","Mato Grosso do Sul","-"]
["2022-05-01","ASFALTOS DILUÍDOS CR-70","Piauí","-"]
["2022-07-01","ASFALTOS DILUÍDOS CR-70","Minas Gerais","-"]
["2022-09-01","ASFALTOS DILUÍDOS CR-70","São Paulo","-"]
["2022-10-01","ASFALTOS DILUÍDOS CR-70","Tocantins","-"]
["2023-02-01","ASFALTOS DILUÍDOS CR-70","Amazonas","-"]
["2023-03-01","ASFALTOS DILUÍDOS CR-70","Maranhão","-"]
["2023-06-01","ASFALTOS DILUÍDOS CR-70","Mato Grosso","-"]
["2023-07-01","ASFALTOS DILUÍDOS CR-70","Pernambuco","-"]
["2023-08-01","ASFALTOS DILUÍDOS CR-70","Roraima","-"]
["2023-11-01","ASFALTOS DILUÍDOS CR-70","Roraima","-"]
["2024-01-01","ASFALTOS DILUÍDOS CR-70","Alagoas","-"]
["2024-03-01","ASFALTOS DILUÍDOS CR-70","Maranhão","-"]
["2024-05-01","ASFALTOS DILUÍDOS CR-70","Goiás","-"]
["2024-06-01","ASFALTOS DILUÍDOS CR-70","Paraíba","-"]
["2024-09-01","ASFALTOS DILUÍDOS CR-70","Paraíba","-"]
["2024-10-01","ASFALTOS DILUÍDOS CR-70","Rio Grande do Sul","-"]
["2024-12-01","ASFALTOS DILUÍDOS CR-70","Rio Grande do Norte","-"]
["2025-03-01","ASFALTOS DILUÍDOS CR-70","Acre","-"]
["2025-04-01","ASFALTOS DILUÍDOS CR-70","Distrito Federal","-"]
["2013-02-01","CAP MODIFICADO POR BORRACHA DE PNEU AB22","Distrito Federal","-"]
["2013-03-01","CAP MODIFICADO POR BORRACHA DE PNEU AB22","Minas Gerais","-"]
["2013-04-01","CAP MODIFICADO POR BORRACHA DE PNEU AB22","Rio de Janeiro","-"]
["2013-07-01","CAP MODIFICADO POR BORRACHA DE PNEU AB22","Rio Grande do Norte","-"]
["2013-08-01","CAP MODIFICADO POR BORRACHA DE PNEU AB22","Sergipe","-"]
["2013-11-01","CAP MODIFICADO POR BORRACHA DE PNEU AB22","Sergipe","-"]
["2014-01-01","CAP MODIFICADO POR BORRACHA DE PNEU AB22","Bahia","-"]
["2014-03-01","CAP MODIFICADO POR BORRACHA DE PNEU AB22","Pernambuco","-"]
["2014-05-01","CAP MODIFICADO POR BORRACHA DE PNEU AB22","Mato Grosso do Sul","-"]
["2014-06-01","CAP MODIFICADO POR BORRACHA DE PNEU AB22","Piauí","-"]
["2014-09-01","CAP MODIFICADO POR BORRACHA DE PNEU AB22","Rondônia","-"]
["2014-10-01","CAP MODIFICADO POR BORRACHA DE PNEU AB22","Santa Catarina","-"]
["2014-12-01","CAP MODIFICADO POR BORRACHA DE PNEU AB22","Paraná","-"]
["2015-03-01","CAP MODIFICADO POR BORRACHA DE PNEU AB22","Amazonas","-"]
["2015-04-01","CAP MODIFICADO POR BORRACHA DE PNEU AB22","Maranhão","-"]
["2015-07-01","CAP MODIFICADO POR BORRACHA DE PNEU AB22","Pará","-"]
["2015-08-01","CAP MODIFICADO POR BORRACHA DE PNEU AB22","Paraná","-"]
["2015-11-01","CAP MODIFICADO POR BORRACHA DE PNEU AB22","Pará","-"]
["2015-12-01","CAP MODIFICADO POR BORRACHA DE PNEU AB22","Roraima","-"]
["2016-02-01","CAP MODIFICADO POR BORRACHA DE PNEU AB22","Alagoas","-"]
["2016-05-01","CAP MODIFICADO POR BORRACHA DE PNEU AB22","Ceará","-"]
["2016-06-01","CAP MODIFICADO POR BORRACHA DE PNEU AB22","Espírito Santo","-"]
["2016-08-01","CAP MODIFICADO POR BORRACHA DE PNEU AB22","Minas Gerais","-"]
["2016-10-01","CAP MODIFICADO POR BORRACHA DE PNEU AB22","Rio de Janeiro","-"]
["2016-11-01","CAP MODIFICADO POR BORRACHA DE PNEU AB22","Rio Grande do Sul","-"]
["2017-02-01","CAP MODIFICADO POR BORRACHA DE PNEU AB22","São Paulo","-"]
["2017-03-01","CAP MODIFICADO POR BORRACHA DE PNEU AB22","Tocantins","-"]
["2017-05-01","CAP MODIFICADO POR BORRACHA DE PNEU AB22","Mato Grosso do Sul","-"]
["2017-08-01","CAP MODIFICADO POR BORRACHA DE PNEU AB22","Mato Grosso","-"]
["2017-09-01","CAP MODIFICADO POR BORRACHA DE PNEU AB22","Minas Gerais","-"]
["2017-12-01","CAP MODIFICADO POR BORRACHA DE PNEU AB22","Pernambuco","-"]
["2018-01-01","CAP MODIFICADO POR BORRACHA DE PNEU AB22","Distrito Federal","-"]
["2018-02-01","CAP MODIFICADO POR BORRACHA DE PNEU AB22","Sergipe","-"]
["2018-06-01","CAP MODIFICADO POR BORRACHA DE PNEU AB22","Amapá","-"]
["2018-07-01","CAP MODIFICADO POR BORRACHA DE PNEU AB22","Bahia","-"]
["2018-10-01","CAP MODIFICADO POR BORRACHA DE PNEU AB22","Goiás","-"]
["2018-12-01","CAP MODIFICADO POR BORRACHA DE PNEU AB22","Bahia","-"]
["2018-12-01","CAP MODIFICADO POR BORRACHA DE PNEU AB22","Piauí","-"]
["2019-03-01","CAP MODIFICADO POR BORRACHA DE PNEU AB22","Rondônia","-"]
["2019-04-01","CAP MODIFICADO POR BORRACHA DE PNEU AB22","Santa Catarina","-"]
["2019-08-01","CAP MODIFICADO POR BORRACHA DE PNEU AB22","Acre","-"]
["2019-09-01","CAP MODIFICADO POR BORRACHA DE PNEU AB22","Amazonas","-"]
["2019-10-01","CAP MODIFICADO POR BORRACHA DE PNEU AB22","Maranhão","-"]
["2020-01-01","CAP MODIFICADO POR BORRACHA DE PNEU AB22","Pará","-"]
["2020-02-01","CAP MODIFICADO POR BORRACHA DE PNEU AB22","Rio Grande do Norte","-"]
["2020-03-01","CAP MODIFICADO POR BORRACHA DE PNEU AB22","Rondônia","-"]
["2020-06-01","CAP MODIFICADO POR BORRACHA DE PNEU AB22","Amapá","-"]
["2020-08-01","CAP MODIFICADO POR BORRACHA DE PNEU AB22","Alagoas","-"]
["2020-11-01","CAP MODIFICADO POR BORRACHA DE PNEU AB22","Ceará","-"]
["2020-12-01","CAP MODIFICADO POR BORRACHA DE PNEU AB22","Mato Grosso do Sul","-"]
["2021-01-01","CAP MODIFICADO POR BORRACHA DE PNEU AB22","Pará","-"]
["2021-05-01","CAP MODIFICADO POR BORRACHA DE PNEU AB22","Acre","-"]
["2021-05-01","CAP MODIFICADO POR BORRACHA DE PNEU AB22","São Paulo","-"]
["2021-08-01","CAP MODIFICADO POR BORRACHA DE PNEU AB22","São Paulo","-"]
["2021-10-01","CAP MODIFICADO POR BORRACHA DE PNEU AB22","Amazonas","-"]
["2021-11-01","CAP MODIFICADO POR BORRACHA DE PNEU AB22","Ceará","-"]
["2022-01-01","CAP MODIFICADO POR BORRACHA DE PNEU AB22","Tocantins","-"]
["2022-03-01","CAP MODIFICADO POR BORRACHA DE PNEU AB22","Pernambuco","-"]
["2022-06-01","CAP MODIFICADO POR BORRACHA DE PNEU AB22","Pernambuco","-"]
["2022-07-01","CAP MODIFICADO POR BORRACHA DE PNEU AB22","Roraima","-"]
["2022-08-01","CAP MODIFICADO POR BORRACHA DE PNEU AB22","São Paulo","-"]
["2022-10-01","CAP MODIFICADO POR BORRACHA DE PNEU AB22","Sergipe","-"]
["2023-01-01","CAP MODIFICADO POR BORRACHA DE PNEU AB22","Goiás","-"]
["2023-04-01","CAP MODIFICADO POR BORRACHA DE PNEU AB22","Goiás","-"]
["2023-05-01","CAP MODIFICADO POR BORRACHA DE PNEU AB22","Paraíba","-"]
["2023-06-01","CAP MODIFICADO POR BORRACHA DE PNEU AB22","Rio Grande do Sul","-"]
["2023-09-01","CAP MODIFICADO POR BORRACHA DE PNEU AB22","Santa Catarina","-"]
["2023-11-01","CAP MODIFICADO POR BORRACHA DE PNEU AB22","Acre","-"]
["2024-02-01","CAP MODIFICADO POR BORRACHA DE PNEU AB22","Acre","-"]
["2024-03-01","CAP MODIFICADO POR BORRACHA DE PNEU AB22","Distrito Federal","-"]
["2024-04-01","CAP MODIFICADO POR BORRACHA DE PNEU AB22","Minas Gerais","-"]
["2024-06-01","CAP MODIFICADO POR BORRACHA DE PNEU AB22","Roraima","-"]
["2024-08-01","CAP MODIFICADO POR BORRACHA DE PNEU AB22","Rio Grande do Norte","-"]
["2024-11-01","CAP MODIFICADO POR BORRACHA DE PNEU AB22","Rio Grande do Norte","-"]
["2024-12-01","CAP MODIFICADO POR BORRACHA DE PNEU AB22","Sergipe","-"]
["2025-02-01","CAP MODIFICADO POR BORRACHA DE PNEU AB22","Bahia","-"]
["2025-03-01","CAP MODIFICADO POR BORRACHA DE PNEU AB22","Rondônia","-"]
["2013-01-01","CAP MODIFICADO POR BORRACHA DE PNEU AB8","Mato Grosso do Sul","-"]
["2013-02-01","CAP MODIFICADO POR BORRACHA DE PNEU AB8","Piauí","-"]
["2013-05-01","CAP MODIFICADO POR BORRACHA DE PNEU AB8","Piauí","-"]
["2013-06-01","CAP MODIFICADO POR BORRACHA DE PNEU AB8","Santa Catarina","-"]
["2013-09-01","CAP MODIFICADO POR BORRACHA DE PNEU AB8","Rio Grande do Norte","-"]
["2013-11-01","CAP MODIFICADO POR BORRACHA DE PNEU AB8","Amazonas","-"]
["2013-12-01","CAP MODIFICADO POR BORRACHA DE PNEU AB8","Maranhão","-"]
["2014-03-01","CAP MODIFICADO POR BORRACHA DE PNEU AB8","Maranhão","-"]
["2014-04-01","CAP MODIFICADO POR BORRACHA DE PNEU AB8","Paraná",1.2808835606949873]
["2014-07-01","CAP MODIFICADO POR BORRACHA DE PNEU AB8","Amapá","-"]
["2014-08-01","CAP MODIFICADO POR BORRACHA DE PNEU AB8","Roraima","-"]
["2014-10-01","CAP MODIFICADO POR BORRACHA DE PNEU AB8","Alagoas","-"]
["2015-01-01","CAP MODIFICADO POR BORRACHA DE PNEU AB8","Alagoas","-"]
["2015-02-01","CAP MODIFICADO POR BORRACHA DE PNEU AB8","Espírito Santo","-"]
["2015-04-01","CAP MODIFICADO POR BORRACHA DE PNEU AB8","Alagoas","-"]
["2015-06-01","CAP MODIFICADO POR BORRACHA DE PNEU AB8","Paraíba","-"]
["2015-07-01","CAP MODIFICADO POR BORRACHA DE PNEU AB8","Rio Grande do Sul","-"]
["2015-10-01","CAP MODIFICADO POR BORRACHA DE PNEU AB8","Rio Grande do Sul","-"]
["2015-11-01","CAP MODIFICADO POR BORRACHA DE PNEU AB8","Tocantins","-"]
["2016-02-01","CAP MODIFICADO POR BORRACHA DE PNEU AB8","Tocantins","-"]
["2016-04-01","CAP MODIFICADO POR BORRACHA DE PNEU AB8","Distrito Federal","-"]
["2016-05-01","CAP MODIFICADO POR BORRACHA DE PNEU AB8","Minas Gerais","-"]
["2016-08-01","CAP MODIFICADO POR BORRACHA DE PNEU AB8","Pernambuco","-"]
["2016-09-01","CAP MODIFICADO POR BORRACHA DE PNEU AB8","Rio de Janeiro","-"]
["2016-11-01","CAP MODIFICADO POR BORRACHA DE PNEU AB8","Sergipe","-"]
["2017-01-01","CAP MODIFICADO POR BORRACHA DE PNEU AB8","Sergipe","-"]
["2017-03-01","CAP MODIFICADO POR BORRACHA DE PNEU AB8","Bahia","-"]
["2017-06-01","CAP MODIFICADO POR BORRACHA DE PNEU AB8","Goiás","-"]
["2017-07-01","CAP MODIFICADO POR BORRACHA DE PNEU AB8","Mato Grosso","-"]
["2017-08-01","CAP MODIFICADO POR BORRACHA DE PNEU AB8","São Paulo","-"]
["2017-11-01","CAP MODIFICADO POR BORRACHA DE PNEU AB8","Piauí","-"]
["2017-12-01","CAP MODIFICADO POR BORRACHA DE PNEU AB8","Santa Catarina","-"]
["2018-04-01","CAP MODIFICADO POR BORRACHA DE PNEU AB8","Acre","-"]
["2018-05-01","CAP MODIFICADO POR BORRACHA DE PNEU AB8","Amapá","-"]
["2018-07-01","CAP MODIFICADO POR BORRACHA DE PNEU AB8","Roraima","-"]
["2018-09-01","CAP MODIFICADO POR BORRACHA DE PNEU AB8","Pará","-"]
["2018-10-01","CAP MODIFICADO POR BORRACHA DE PNEU AB8","Paraná",2.5568825046988102]
["2019-01-01","CAP MODIFICADO POR BORRACHA DE PNEU AB8","Rio Grande do Norte","-"]
["2019-02-01","CAP MODIFICADO POR BORRACHA DE PNEU AB8","Rondônia","-"]
["2019-04-01","CAP MODIFICADO POR BORRACHA DE PNEU AB8","Rondônia","-"]
["2019-07-01","CAP MODIFICADO POR BORRACHA DE PNEU AB8","Ceará","-"]
["2019-08-01","CAP MODIFICADO POR BORRACHA DE PNEU AB8","Espírito Santo","-"]
["2019-11-01","CAP MODIFICADO POR BORRACHA DE PNEU AB8","Mato Grosso do Sul","-"]
["2019-12-01","CAP MODIFICADO POR BORRACHA DE PNEU AB8","Piauí","-"]
["2020-01-01","CAP MODIFICADO POR BORRACHA DE PNEU AB8","Rio Grande do Sul","-"]
["2020-04-01","CAP MODIFICADO POR BORRACHA DE PNEU AB8","São Paulo","-"]
["2020-05-01","CAP MODIFICADO POR BORRACHA DE PNEU AB8","Tocantins","-"]
["2020-09-01","CAP MODIFICADO POR BORRACHA DE PNEU AB8","Amazonas","-"]
["2020-10-01","CAP MODIFICADO POR BORRACHA DE PNEU AB8","Maranhão","-"]
["2020-12-01","CAP MODIFICADO POR BORRACHA DE PNEU AB8","Rio de Janeiro","-"]
["2021-02-01","CAP MODIFICADO POR BORRACHA DE PNEU AB8","Pernambuco","-"]
["2021-03-01","CAP MODIFICADO POR BORRACHA DE PNEU AB8","Rio de Janeiro","-"]
["2021-06-01","CAP MODIFICADO POR BORRACHA DE PNEU AB8","Roraima","-"]
["2021-08-01","CAP MODIFICADO POR BORRACHA DE PNEU AB8","Pará","-"]
["2021-09-01","CAP MODIFICADO POR BORRACHA DE PNEU AB8","Bahia","-"]
["2021-12-01","CAP MODIFICADO POR BORRACHA DE PNEU AB8","Goiás","-"]
["2022-01-01","CAP MODIFICADO POR BORRACHA DE PNEU AB8","Paraíba","-"]
["2022-04-01","CAP MODIFICADO POR BORRACHA DE PNEU AB8","Paraíba","-"]
["2022-05-01","CAP MODIFICADO POR BORRACHA DE PNEU AB8","Minas Gerais","-"]
["2022-06-01","CAP MODIFICADO POR BORRACHA DE PNEU AB8","Santa Catarina","-"]
["2022-10-01","CAP MODIFICADO POR BORRACHA DE PNEU AB8","Acre","-"]
["2022-11-01","CAP MODIFICADO POR BORRACHA DE PNEU AB8","Distrito Federal","-"]
["2023-02-01","CAP MODIFICADO POR BORRACHA DE PNEU AB8","Distrito Federal","-"]
["2023-04-01","CAP MODIFICADO POR BORRACHA DE PNEU AB8","Mato Grosso","-"]
["2023-04-01","CAP MODIFICADO POR BORRACHA DE PNEU AB8","Rio Grande do Norte","-"]
["2023-07-01","CAP MODIFICADO POR BORRACHA DE PNEU AB8","Rio Grande do Norte","-"]
["2023-08-01","CAP MODIFICADO POR BORRACHA DE PNEU AB8","Sergipe","-"]
["2023-11-01","CAP MODIFICADO POR BORRACHA DE PNEU AB8","Sergipe","-"]
["2024-01-01","CAP MODIFICADO POR BORRACHA DE PNEU AB8","Maranhão","-"]
["2024-02-01","CAP MODIFICADO POR BORRACHA DE PNEU AB8","Mato Grosso do Sul","-"]
["2024-05-01","CAP MODIFICADO POR BORRACHA DE PNEU AB8","Mato Grosso do Sul","-"]
["2024-06-01","CAP MODIFICADO POR BORRACHA DE PNEU AB8","Piauí","-"]
["2024-09-01","CAP MODIFICADO POR BORRACHA DE PNEU AB8","Piauí","-"]
["2024-10-01","CAP MODIFICADO POR BORRACHA DE PNEU AB8","Goiás","-"]
["2024-12-01","CAP MODIFICADO POR BORRACHA DE PNEU AB8","Amazonas","-"]
["2025-03-01","CAP MODIFICADO POR BORRACHA DE PNEU AB8","Amazonas","-"]
["2025-04-01","CAP MODIFICADO POR BORRACHA DE PNEU AB8","Maranhão","-"]
["2025-05-01","CAP MODIFICADO POR BORRACHA DE PNEU AB8","Paraná",4.8254803793162955]
["2015-12-01","CAP MODIFICADO POR POLÍMERO 55-75-E","Distrito Federal","-"]
["2015-12-01","CAP MODIFICADO POR POLÍMERO 55-75-E","Roraima","-"]
["2016-03-01","CAP MODIFICADO POR POLÍMERO 55-75-E","Roraima","-"]
["2016-05-01","CAP MODIFICADO POR POLÍMERO 55-75-E","Alagoas","-"]
["2016-06-01","CAP MODIFICADO POR POLÍMERO 55-75-E","Espírito Santo","-"]
["2016-09-01","CAP MODIFICADO POR POLÍMERO 55-75-E","Ceará",1.5770301356993739]
["2016-10-01","CAP MODIFICADO POR POLÍMERO 55-75-E","Paraíba","-"]
["2017-01-01","CAP MODIFICADO POR POLÍMERO 55-75-E","Paraíba","-"]
["2017-02-01","CAP MODIFICADO POR POLÍMERO 55-75-E","Rio Grande do Sul",1.8572000850400636]
["2017-03-01","CAP MODIFICADO POR POLÍMERO 55-75-E","Tocantins","-"]
["2017-06-01","CAP MODIFICADO POR POLÍMERO 55-75-E","Bahia","-"]
["2017-08-01","CAP MODIFICADO POR POLÍMERO 55-75-E","Distrito Federal","-"]
["2017-11-01","CAP MODIFICADO POR POLÍMERO 55-75-E","Mato Grosso","-"]
["2017-12-01","CAP MODIFICADO POR POLÍMERO 55-75-E","Minas Gerais","-"]
["2018-01-01","CAP MODIFICADO POR POLÍMERO 55-75-E","Rio de Janeiro","-"]
["2018-05-01","CAP MODIFICADO POR POLÍMERO 55-75-E","Amapá","-"]
["2018-05-01","CAP MODIFICADO POR POLÍMERO 55-75-E","Sergipe","-"]
["2018-09-01","CAP MODIFICADO POR POLÍMERO 55-75-E","Amapá","-"]
["2018-10-01","CAP MODIFICADO POR POLÍMERO 55-75-E","Bahia","-"]
["2018-11-01","CAP MODIFICADO POR POLÍMERO 55-75-E","Mato Grosso","-"]
["2019-02-01","CAP MODIFICADO POR POLÍMERO 55-75-E","Minas Gerais","-"]
["2019-03-01","CAP MODIFICADO POR POLÍMERO 55-75-E","Piauí","-"]
["2019-06-01","CAP MODIFICADO POR POLÍMERO 55-75-E","Rondônia","-"]
["2019-07-01","CAP MODIFICADO POR POLÍMERO 55-75-E","Santa Catarina","-"]
["2019-09-01","CAP MODIFICADO POR POLÍMERO 55-75-E","Amapá","-"]
["2019-11-01","CAP MODIFICADO POR POLÍMERO 55-75-E","Mato Grosso do Sul","-"]
["2020-01-01","CAP MODIFICADO POR POLÍMERO 55-75-E","Maranhão","-"]
["2020-04-01","CAP MODIFICADO POR POLÍMERO 55-75-E","Pará","-"]
["2020-05-01","CAP MODIFICADO POR POLÍMERO 55-75-E","Paraná",3.0632622501170625]
["2020-06-01","CAP MODIFICADO POR POLÍMERO 55-75-E","Rondônia","-"]
["2020-10-01","CAP MODIFICADO POR POLÍMERO 55-75-E","Maranhão","-"]
["2020-11-01","CAP MODIFICADO POR POLÍMERO 55-75-E","Alagoas","-"]
["2021-02-01","CAP MODIFICADO POR POLÍMERO 55-75-E","Ceará","-"]
["2021-03-01","CAP MODIFICADO POR POLÍMERO 55-75-E","Mato Grosso do Sul","-"]
["2021-04-01","CAP MODIFICADO POR POLÍMERO 55-75-E","Pará","-"]
["2021-07-01","CAP MODIFICADO POR POLÍMERO 55-75-E","Goiás","-"]
["2021-08-01","CAP MODIFICADO POR POLÍMERO 55-75-E","Rio Grande do Sul","-"]
["2021-11-01","CAP MODIFICADO POR POLÍMERO 55-75-E","São Paulo","-"]
["2022-01-01","CAP MODIFICADO POR POLÍMERO 55-75-E","Amazonas","-"]
["2022-02-01","CAP MODIFICADO POR POLÍMERO 55-75-E","Ceará",5.1963003305132016]
["2022-04-01","CAP MODIFICADO POR POLÍMERO 55-75-E","Espírito Santo","-"]
["2022-06-01","CAP MODIFICADO POR POLÍMERO 55-75-E","Pernambuco","-"]
["2022-07-01","CAP MODIFICADO POR POLÍMERO 55-75-E","Rio de Janeiro","-"]
["2022-10-01","CAP MODIFICADO POR POLÍMERO 55-75-E","Roraima","-"]
["2022-11-01","CAP MODIFICADO POR POLÍMERO 55-75-E","São Paulo","-"]
["2023-03-01","CAP MODIFICADO POR POLÍMERO 55-75-E","Ceará","-"]
["2023-04-01","CAP MODIFICADO POR POLÍMERO 55-75-E","Goiás","-"]
["2023-05-01","CAP MODIFICADO POR POLÍMERO 55-75-E","Mato Grosso","-"]
["2023-08-01","CAP MODIFICADO POR POLÍMERO 55-75-E","Paraíba","-"]
["2023-09-01","CAP MODIFICADO POR POLÍMERO 55-75-E","Pernambuco","-"]
["2023-12-01","CAP MODIFICADO POR POLÍMERO 55-75-E","Bahia","-"]
["2024-02-01","CAP MODIFICADO POR POLÍMERO 55-75-E","Acre","-"]
["2024-03-01","CAP MODIFICADO POR POLÍMERO 55-75-E","Amapá","-"]
["2024-06-01","CAP MODIFICADO POR POLÍMERO 55-75-E","Distrito Federal","-"]
["2024-07-01","CAP MODIFICADO POR POLÍMERO 55-75-E","Minas Gerais","-"]
["2024-09-01","CAP MODIFICADO POR POLÍMERO 55-75-E","Amazonas","-"]
["2024-11-01","CAP MODIFICADO POR POLÍMERO 55-75-E","Rio Grande do Norte","-"]
["2024-12-01","CAP MODIFICADO POR POLÍMERO 55-75-E","Rondônia","-"]
["2025-03-01","CAP MODIFICADO POR POLÍMERO 55-75-E","Sergipe","-"]
["2025-05-01","CAP MODIFICADO POR POLÍMERO 55-75-E","Bahia","-"]
["2015-11-01","CAP MODIFICADO POR POLÍMERO 60-85-E","Alagoas","-"]
["2015-12-01","CAP MODIFICADO POR POLÍMERO 60-85-E","Mato Grosso do Sul","-"]
["2016-01-01","CAP MODIFICADO POR POLÍMERO 60-85-E","Pará","-"]
["2016-04-01","CAP MODIFICADO POR POLÍMERO 60-85-E","Piauí","-"]
["2016-05-01","CAP MODIFICADO POR POLÍMERO 60-85-E","Santa Catarina","-"]
["2016-08-01","CAP MODIFICADO POR POLÍMERO 60-85-E","Acre","-"]
["2016-10-01","CAP MODIFICADO POR POLÍMERO 60-85-E","Amazonas","-"]
["2016-11-01","CAP MODIFICADO POR POLÍMERO 60-85-E","Maranhão","-"]
["2017-02-01","CAP MODIFICADO POR POLÍMERO 60-85-E","Maranhão","-"]
["2017-03-01","CAP MODIFICADO POR POLÍMERO 60-85-E","Paraná",2.0476905966731196]
["2017-04-01","CAP MODIFICADO POR POLÍMERO 60-85-E","Tocantins","-"]
["2017-07-01","CAP MODIFICADO POR POLÍMERO 60-85-E","Roraima","-"]
["2017-09-01","CAP MODIFICADO POR POLÍMERO 60-85-E","Alagoas","-"]
["2017-12-01","CAP MODIFICADO POR POLÍMERO 60-85-E","Alagoas","-"]
["2017-12-01","CAP MODIFICADO POR POLÍMERO 60-85-E","Rondônia","-"]
["2018-02-01","CAP MODIFICADO POR POLÍMERO 60-85-E","Paraíba","-"]
["2018-05-01","CAP MODIFICADO POR POLÍMERO 60-85-E","Paraíba","-"]
["2018-06-01","CAP MODIFICADO POR POLÍMERO 60-85-E","Rio Grande do Sul",2.5738272416051342]
["2018-09-01","CAP MODIFICADO POR POLÍMERO 60-85-E","Rio Grande do Sul",2.8806106446675646]
["2018-11-01","CAP MODIFICADO POR POLÍMERO 60-85-E","Rio Grande do Norte","-"]
["2018-12-01","CAP MODIFICADO POR POLÍMERO 60-85-E","Distrito Federal","-"]
["2019-03-01","CAP MODIFICADO POR POLÍMERO 60-85-E","Distrito Federal","-"]
["2019-04-01","CAP MODIFICADO POR POLÍMERO 60-85-E","Minas Gerais","-"]
["2019-07-01","CAP MODIFICADO POR POLÍMERO 60-85-E","Minas Gerais",3.1312868173218411]
["2019-08-01","CAP MODIFICADO POR POLÍMERO 60-85-E","Rio de Janeiro","-"]
["2019-09-01","CAP MODIFICADO POR POLÍMERO 60-85-E","Sergipe","-"]
["2019-12-01","CAP MODIFICADO POR POLÍMERO 60-85-E","Sergipe","-"]
["2020-02-01","CAP MODIFICADO POR POLÍMERO 60-85-E","Bahia","-"]
["2020-05-01","CAP MODIFICADO POR POLÍMERO 60-85-E","Goiás","-"]
["2020-05-01","CAP MODIFICADO POR POLÍMERO 60-85-E","Piauí","-"]
["2020-07-01","CAP MODIFICADO POR POLÍMERO 60-85-E","Piauí","-"]
["2020-10-01","CAP MODIFICADO POR POLÍMERO 60-85-E","Piauí","-"]
["2020-11-01","CAP MODIFICADO POR POLÍMERO 60-85-E","Santa Catarina","-"]
["2021-03-01","CAP MODIFICADO POR POLÍMERO 60-85-E","Acre","-"]
["2021-04-01","CAP MODIFICADO POR POLÍMERO 60-85-E","Paraná",3.4838668619748319]
["2021-05-01","CAP MODIFICADO POR POLÍMERO 60-85-E","Maranhão","-"]
["2021-08-01","CAP MODIFICADO POR POLÍMERO 60-85-E","Maranhão","-"]
["2021-09-01","CAP MODIFICADO POR POLÍMERO 60-85-E","Paraná",4.2309600458256176]
["2021-12-01","CAP MODIFICADO POR POLÍMERO 60-85-E","Rio Grande do Norte","-"]
["2022-01-01","CAP MODIFICADO POR POLÍMERO 60-85-E","Paraíba","-"]
["2022-03-01","CAP MODIFICADO POR POLÍMERO 60-85-E","Alagoas","-"]
["2022-06-01","CAP MODIFICADO POR POLÍMERO 60-85-E","Ceará",5.31968714777976]
["2022-07-01","CAP MODIFICADO POR POLÍMERO 60-85-E","Espírito Santo","-"]
["2022-10-01","CAP MODIFICADO POR POLÍMERO 60-85-E","Mato Grosso do Sul",4.7386700905142352]
["2022-12-01","CAP MODIFICADO POR POLÍMERO 60-85-E","Minas Gerais","-"]
["2022-12-01","CAP MODIFICADO POR POLÍMERO 60-85-E","Rio Grande do Sul","-"]
["2023-03-01","CAP MODIFICADO POR POLÍMERO 60-85-E","São Paulo",4.1253853226094792]
["2023-04-01","CAP MODIFICADO POR POLÍMERO 60-85-E","Tocantins","-"]
["2023-08-01","CAP MODIFICADO POR POLÍMERO 60-85-E","Amazonas","-"]
["2023-09-01","CAP MODIFICADO POR POLÍMERO 60-85-E","Roraima","-"]
["2023-10-01","CAP MODIFICADO POR POLÍMERO 60-85-E","Minas Gerais",4.6372338209863457]
["2024-01-01","CAP MODIFICADO POR POLÍMERO 60-85-E","Pernambuco","-"]
["2024-02-01","CAP MODIFICADO POR POLÍMERO 60-85-E","Rio de Janeiro","-"]
["2024-05-01","CAP MODIFICADO POR POLÍMERO 60-85-E","Roraima","-"]
["2024-06-01","CAP MODIFICADO POR POLÍMERO 60-85-E","Rondônia","-"]
["2024-08-01","CAP MODIFICADO POR POLÍMERO 60-85-E","Bahia","-"]
["2024-11-01","CAP MODIFICADO POR POLÍMERO 60-85-E","Goiás","-"]
["2024-12-01","CAP MODIFICADO POR POLÍMERO 60-85-E","Mato Grosso",5.5226979099214342]
["2025-01-01","CAP MODIFICADO POR POLÍMERO 60-85-E","Pernambuco","-"]
["2025-03-01","CAP MODIFICADO POR POLÍMERO 60-85-E","Rio Grande do Sul",4.75282896560085]
["2025-05-01","CAP MODIFICADO POR POLÍMERO 60-85-E","Santa Catarina","-"]
["2015-12-01","CAP MODIFICADO POR POLÍMERO 65-90-E","Acre","-"]
["2016-01-01","CAP MODIFICADO POR POLÍMERO 65-90-E","Distrito Federal","-"]
["2016-02-01","CAP MODIFICADO POR POLÍMERO 65-90-E","Goiás","-"]
["2016-05-01","CAP MODIFICADO POR POLÍMERO 65-90-E","Rio de Janeiro","-"]
["2016-06-01","CAP MODIFICADO POR POLÍMERO 65-90-E","Paraná","-"]
["2016-09-01","CAP MODIFICADO POR POLÍMERO 65-90-E","Rio Grande do Norte","-"]
["2016-10-01","CAP MODIFICADO POR POLÍMERO 65-90-E","Sergipe","-"]
["2016-12-01","CAP MODIFICADO POR POLÍMERO 65-90-E","Acre","-"]
["2017-02-01","CAP MODIFICADO POR POLÍMERO 65-90-E","Piauí","-"]
["2017-04-01","CAP MODIFICADO POR POLÍMERO 65-90-E","Mato Grosso do Sul","-"]
["2017-07-01","CAP MODIFICADO POR POLÍMERO 65-90-E","Mato Grosso do Sul","-"]
["2017-08-01","CAP MODIFICADO POR POLÍMERO 65-90-E","Piauí","-"]
["2017-09-01","CAP MODIFICADO POR POLÍMERO 65-90-E","Rio Grande do Norte","-"]
["2017-11-01","CAP MODIFICADO POR POLÍMERO 65-90-E","Pernambuco","-"]
["2018-02-01","CAP MODIFICADO POR POLÍMERO 65-90-E","Amazonas","-"]
["2018-05-01","CAP MODIFICADO POR POLÍMERO 65-90-E","Amazonas","-"]
["2018-06-01","CAP MODIFICADO POR POLÍMERO 65-90-E","Maranhão","-"]
["2018-07-01","CAP MODIFICADO POR POLÍMERO 65-90-E","Mato Grosso do Sul","-"]
["2018-10-01","CAP MODIFICADO POR POLÍMERO 65-90-E","Paraíba","-"]
["2018-11-01","CAP MODIFICADO POR POLÍMERO 65-90-E","Roraima","-"]
["2019-02-01","CAP MODIFICADO POR POLÍMERO 65-90-E","Roraima","-"]
["2019-04-01","CAP MODIFICADO POR POLÍMERO 65-90-E","Alagoas","-"]
["2019-05-01","CAP MODIFICADO POR POLÍMERO 65-90-E","Espírito Santo","-"]
["2019-07-01","CAP MODIFICADO POR POLÍMERO 65-90-E","Pará","-"]
["2019-09-01","CAP MODIFICADO POR POLÍMERO 65-90-E","Paraíba","-"]
["2019-12-01","CAP MODIFICADO POR POLÍMERO 65-90-E","Paraíba","-"]
["2020-01-01","CAP MODIFICADO POR POLÍMERO 65-90-E","Rio Grande do Sul","-"]
["2020-02-01","CAP MODIFICADO POR POLÍMERO 65-90-E","Tocantins","-"]
["2020-06-01","CAP MODIFICADO POR POLÍMERO 65-90-E","Mato Grosso do Sul","-"]
["2020-07-01","CAP MODIFICADO POR POLÍMERO 65-90-E","Distrito Federal","-"]
["2020-10-01","CAP MODIFICADO POR POLÍMERO 65-90-E","Distrito Federal","-"]
["2020-11-01","CAP MODIFICADO POR POLÍMERO 65-90-E","Minas Gerais","-"]
["2020-12-01","CAP MODIFICADO POR POLÍMERO 65-90-E","Rio de Janeiro","-"]
["2021-03-01","CAP MODIFICADO POR POLÍMERO 65-90-E","Mato Grosso","-"]
["2021-04-01","CAP MODIFICADO POR POLÍMERO 65-90-E","Sergipe","-"]
["2021-06-01","CAP MODIFICADO POR POLÍMERO 65-90-E","Bahia","-"]
["2021-09-01","CAP MODIFICADO POR POLÍMERO 65-90-E","Bahia","-"]
["2021-10-01","CAP MODIFICADO POR POLÍMERO 65-90-E","Mato Grosso","-"]
["2021-12-01","CAP MODIFICADO POR POLÍMERO 65-90-E","Maranhão","-"]
["2022-02-01","CAP MODIFICADO POR POLÍMERO 65-90-E","Piauí","-"]
["2022-03-01","CAP MODIFICADO POR POLÍMERO 65-90-E","Santa Catarina","-"]
["2022-06-01","CAP MODIFICADO POR POLÍMERO 65-90-E","Santa Catarina","-"]
["2022-08-01","CAP MODIFICADO POR POLÍMERO 65-90-E","Amapá","-"]
["2022-09-01","CAP MODIFICADO POR POLÍMERO 65-90-E","Rio Grande do Norte","-"]
["2022-12-01","CAP MODIFICADO POR POLÍMERO 65-90-E","Maranhão","-"]
["2023-01-01","CAP MODIFICADO POR POLÍMERO 65-90-E","Paraná","-"]
["2023-04-01","CAP MODIFICADO POR POLÍMERO 65-90-E","Paraná","-"]
["2023-05-01","CAP MODIFICADO POR POLÍMERO 65-90-E","Rondônia","-"]
["2023-08-01","CAP MODIFICADO POR POLÍMERO 65-90-E","Piauí","-"]
["2023-10-01","CAP MODIFICADO POR POLÍMERO 65-90-E","Alagoas","-"]
["2023-11-01","CAP MODIFICADO POR POLÍMERO 65-90-E","Espírito Santo","-"]
["2024-02-01","CAP MODIFICADO POR POLÍMERO 65-90-E","Espírito Santo","-"]
["2024-03-01","CAP MODIFICADO POR POLÍMERO 65-90-E","Pará","-"]
["2024-05-01","CAP MODIFICADO POR POLÍMERO 65-90-E","Pernambuco","-"]
["2024-07-01","CAP MODIFICADO POR POLÍMERO 65-90-E","Rio Grande do Sul","-"]
["2024-08-01","CAP MODIFICADO POR POLÍMERO 65-90-E","Tocantins","-"]
["2024-12-01","CAP MODIFICADO POR POLÍMERO 65-90-E","Amazonas","-"]
["2025-01-01","CAP MODIFICADO POR POLÍMERO 65-90-E","Acre","-"]
["2025-04-01","CAP MODIFICADO POR POLÍMERO 65-90-E","Mato Grosso","-"]
["2025-05-01","CAP MODIFICADO POR POLÍMERO 65-90-E","Minas Gerais","-"]
["2013-01-01","CIMENTO ASFÁLTICO MODIFICADO POR POLÍMERO SBS 50-65","Rio de Janeiro","-"]
["2013-04-01","CIMENTO ASFÁLTICO MODIFICADO POR POLÍMERO SBS 50-65","Roraima","-"]
["2013-06-01","CIMENTO ASFÁLTICO MODIFICADO POR POLÍMERO SBS 50-65","Sergipe","-"]
["2013-09-01","CIMENTO ASFÁLTICO MODIFICADO POR POLÍMERO SBS 50-65","Amapá","-"]
["2013-10-01","CIMENTO ASFÁLTICO MODIFICADO POR POLÍMERO SBS 50-65","Goiás","-"]
["2013-11-01","CIMENTO ASFÁLTICO MODIFICADO POR POLÍMERO SBS 50-65","Mato Grosso","-"]
["2014-02-01","CIMENTO ASFÁLTICO MODIFICADO POR POLÍMERO SBS 50-65","Paraíba","-"]
["2014-03-01","CIMENTO ASFÁLTICO MODIFICADO POR POLÍMERO SBS 50-65","São Paulo","-"]
["2014-06-01","CIMENTO ASFÁLTICO MODIFICADO POR POLÍMERO SBS 50-65","Rondônia","-"]
["2014-08-01","CIMENTO ASFÁLTICO MODIFICADO POR POLÍMERO SBS 50-65","Acre","-"]
["2014-09-01","CIMENTO ASFÁLTICO MODIFICADO POR POLÍMERO SBS 50-65","Amapá","-"]
["2014-12-01","CIMENTO ASFÁLTICO MODIFICADO POR POLÍMERO SBS 50-65","Distrito Federal","-"]
["2014-12-01","CIMENTO ASFÁLTICO MODIFICADO POR POLÍMERO SBS 50-65","Santa Catarina","-"]
["2015-02-01","CIMENTO ASFÁLTICO MODIFICADO POR POLÍMERO SBS 50-65","Paraná","-"]
["2015-05-01","CIMENTO ASFÁLTICO MODIFICADO POR POLÍMERO SBS 50-65","Rio Grande do Norte","-"]
["2015-06-01","CIMENTO ASFÁLTICO MODIFICADO POR POLÍMERO SBS 50-65","Rondônia","-"]
["2013-01-01","CIMENTO ASFÁLTICO MODIFICADO POR POLÍMERO SBS 55-75","Sergipe","-"]
["2013-04-01","CIMENTO ASFÁLTICO MODIFICADO POR POLÍMERO SBS 55-75","Ceará","-"]
["2013-04-01","CIMENTO ASFÁLTICO MODIFICADO POR POLÍMERO SBS 55-75","Espírito Santo","-"]
["2013-07-01","CIMENTO ASFÁLTICO MODIFICADO POR POLÍMERO SBS 55-75","Mato Grosso do Sul","-"]
["2013-08-01","CIMENTO ASFÁLTICO MODIFICADO POR POLÍMERO SBS 55-75","Pará","-"]
["2013-11-01","CIMENTO ASFÁLTICO MODIFICADO POR POLÍMERO SBS 55-75","Piauí","-"]
["2014-01-01","CIMENTO ASFÁLTICO MODIFICADO POR POLÍMERO SBS 55-75","Bahia","-"]
["2014-01-01","CIMENTO ASFÁLTICO MODIFICADO POR POLÍMERO SBS 55-75","Tocantins","-"]
["2014-05-01","CIMENTO ASFÁLTICO MODIFICADO POR POLÍMERO SBS 55-75","Amazonas","-"]
["2014-06-01","CIMENTO ASFÁLTICO MODIFICADO POR POLÍMERO SBS 55-75","Ceará","-"]
["2014-09-01","CIMENTO ASFÁLTICO MODIFICADO POR POLÍMERO SBS 55-75","Maranhão","-"]
["2014-10-01","CIMENTO ASFÁLTICO MODIFICADO POR POLÍMERO SBS 55-75","Amazonas","-"]
["2014-11-01","CIMENTO ASFÁLTICO MODIFICADO POR POLÍMERO SBS 55-75","Rio de Janeiro","-"]
["2015-02-01","CIMENTO ASFÁLTICO MODIFICADO POR POLÍMERO SBS 55-75","Roraima","-"]
["2015-04-01","CIMENTO ASFÁLTICO MODIFICADO POR POLÍMERO SBS 55-75","Alagoas","-"]
["2015-07-01","CIMENTO ASFÁLTICO MODIFICADO POR POLÍMERO SBS 55-75","Alagoas","-"]
["2013-01-01","CIMENTO ASFÁLTICO MODIFICADO POR POLÍMERO SBS 60-85","Alagoas","-"]
["2013-01-01","CIMENTO ASFÁLTICO MODIFICADO POR POLÍMERO SBS 60-85","Mato Grosso","-"]
["2013-04-01","CIMENTO ASFÁLTICO MODIFICADO POR POLÍMERO SBS 60-85","Paraíba","-"]
["2013-05-01","CIMENTO ASFÁLTICO MODIFICADO POR POLÍMERO SBS 60-85","Rio Grande do Sul","-"]
["2013-08-01","CIMENTO ASFÁLTICO MODIFICADO POR POLÍMERO SBS 60-85","Rio Grande do Sul","-"]
["2013-10-01","CIMENTO ASFÁLTICO MODIFICADO POR POLÍMERO SBS 60-85","Acre","-"]
["2013-11-01","CIMENTO ASFÁLTICO MODIFICADO POR POLÍMERO SBS 60-85","Distrito Federal","-"]
["2014-02-01","CIMENTO ASFÁLTICO MODIFICADO POR POLÍMERO SBS 60-85","Distrito Federal","-"]
["2014-03-01","CIMENTO ASFÁLTICO MODIFICADO POR POLÍMERO SBS 60-85","Minas Gerais",1.4346130490584832]
["2014-06-01","CIMENTO ASFÁLTICO MODIFICADO POR POLÍMERO SBS 60-85","Minas Gerais",1.5048759187109748]
["2014-06-01","CIMENTO ASFÁLTICO MODIFICADO POR POLÍMERO SBS 60-85","Tocantins","-"]
["2014-08-01","CIMENTO ASFÁLTICO MODIFICADO POR POLÍMERO SBS 60-85","Sergipe","-"]
["2014-11-01","CIMENTO ASFÁLTICO MODIFICADO POR POLÍMERO SBS 60-85","Sergipe","-"]
["2015-01-01","CIMENTO ASFÁLTICO MODIFICADO POR POLÍMERO SBS 60-85","Bahia","-"]
["2015-04-01","CIMENTO ASFÁLTICO MODIFICADO POR POLÍMERO SBS 60-85","Bahia","-"]
["2015-05-01","CIMENTO ASFÁLTICO MODIFICADO POR POLÍMERO SBS 60-85","São Paulo",1.7271679066949563]
["2015-06-01","CIMENTO ASFÁLTICO MODIFICADO POR POLÍMERO SBS 60-85","Piauí","-"]
["2013-01-01","CIMENTO ASFÁLTICO MODIFICADO POR POLÍMERO SBS 65-90","Piauí","-"]
["2013-02-01","CIMENTO ASFÁLTICO MODIFICADO POR POLÍMERO SBS 65-90","Santa Catarina","-"]
["2013-04-01","CIMENTO ASFÁLTICO MODIFICADO POR POLÍMERO SBS 65-90","Amapá","-"]
["2013-06-01","CIMENTO ASFÁLTICO MODIFICADO POR POLÍMERO SBS 65-90","Santa Catarina","-"]
["2013-08-01","CIMENTO ASFÁLTICO MODIFICADO POR POLÍMERO SBS 65-90","Maranhão","-"]
["2013-11-01","CIMENTO ASFÁLTICO MODIFICADO POR POLÍMERO SBS 65-90","Maranhão","-"]
["2013-12-01","CIMENTO ASFÁLTICO MODIFICADO POR POLÍMERO SBS 65-90","Paraná","-"]
["2014-01-01","CIMENTO ASFÁLTICO MODIFICADO POR POLÍMERO SBS 65-90","Rondônia","-"]
["2014-03-01","CIMENTO ASFÁLTICO MODIFICADO POR POLÍMERO SBS 65-90","Roraima","-"]
["2014-06-01","CIMENTO ASFÁLTICO MODIFICADO POR POLÍMERO SBS 65-90","Alagoas","-"]
["2014-09-01","CIMENTO ASFÁLTICO MODIFICADO POR POLÍMERO SBS 65-90","Alagoas","-"]
["2014-10-01","CIMENTO ASFÁLTICO MODIFICADO POR POLÍMERO SBS 65-90","Espírito Santo","-"]
["2014-11-01","CIMENTO ASFÁLTICO MODIFICADO POR POLÍMERO SBS 65-90","Pará","-"]
["2015-02-01","CIMENTO ASFÁLTICO MODIFICADO POR POLÍMERO SBS 65-90","Rio Grande do Sul","-"]
["2015-03-01","CIMENTO ASFÁLTICO MODIFICADO POR POLÍMERO SBS 65-90","Rio Grande do Sul","-"]
["2015-06-01","CIMENTO ASFÁLTICO MODIFICADO POR POLÍMERO SBS 65-90","São Paulo","-"]
["2015-07-01","CIMENTO ASFÁLTICO MODIFICADO POR POLÍMERO SBS 65-90","Tocantins","-"]
["2013-01-01","CIMENTOS ASFÁLTICOS CAP-150-200","Ceará","-"]
["2013-03-01","CIMENTOS ASFÁLTICOS CAP-150-200","Rio Grande do Norte","-"]
["2013-05-01","CIMENTOS ASFÁLTICOS CAP-150-200","Minas Gerais","-"]
["2013-08-01","CIMENTOS ASFÁLTICOS CAP-150-200","Pernambuco","-"]
["2013-09-01","CIMENTOS ASFÁLTICOS CAP-150-200","Rio de Janeiro","-"]
["2013-10-01","CIMENTOS ASFÁLTICOS CAP-150-200","São Paulo","-"]
["2014-01-01","CIMENTOS ASFÁLTICOS CAP-150-200","Amapá","-"]
["2014-03-01","CIMENTOS ASFÁLTICOS CAP-150-200","Bahia","-"]
["2014-06-01","CIMENTOS ASFÁLTICOS CAP-150-200","Goiás","-"]
["2014-07-01","CIMENTOS ASFÁLTICOS CAP-150-200","Mato Grosso","-"]
["2014-08-01","CIMENTOS ASFÁLTICOS CAP-150-200","Pernambuco","-"]
["2014-12-01","CIMENTOS ASFÁLTICOS CAP-150-200","Acre","-"]
["2014-12-01","CIMENTOS ASFÁLTICOS CAP-150-200","Santa Catarina","-"]
["2015-04-01","CIMENTOS ASFÁLTICOS CAP-150-200","Acre","-"]
["2015-05-01","CIMENTOS ASFÁLTICOS CAP-150-200","Amapá","-"]
["2015-06-01","CIMENTOS ASFÁLTICOS CAP-150-200","Goiás","-"]
["2015-08-01","CIMENTOS ASFÁLTICOS CAP-150-200","Tocantins","-"]
["2015-10-01","CIMENTOS ASFÁLTICOS CAP-150-200","Paraná","-"]
["2016-01-01","CIMENTOS ASFÁLTICOS CAP-150-200","Rio Grande do Norte","-"]
["2016-02-01","CIMENTOS ASFÁLTICOS CAP-150-200","Sergipe","-"]
["2016-04-01","CIMENTOS ASFÁLTICOS CAP-150-200","Acre","-"]
["2016-05-01","CIMENTOS ASFÁLTICOS CAP-150-200","Sergipe","-"]
["2016-08-01","CIMENTOS ASFÁLTICOS CAP-150-200","Espírito Santo","-"]
["2016-09-01","CIMENTOS ASFÁLTICOS CAP-150-200","Pará","-"]
["2016-12-01","CIMENTOS ASFÁLTICOS CAP-150-200","Piauí","-"]
["2017-01-01","CIMENTOS ASFÁLTICOS CAP-150-200","Rio Grande do Norte","-"]
["2017-04-01","CIMENTOS ASFÁLTICOS CAP-150-200","Santa Catarina","-"]
["2017-06-01","CIMENTOS ASFÁLTICOS CAP-150-200","Amazonas","-"]
["2017-07-01","CIMENTOS ASFÁLTICOS CAP-150-200","Ceará","-"]
["2017-10-01","CIMENTOS ASFÁLTICOS CAP-150-200","Maranhão","-"]
["2017-12-01","CIMENTOS ASFÁLTICOS CAP-150-200","Espírito Santo","-"]
["2018-02-01","CIMENTOS ASFÁLTICOS CAP-150-200","Pernambuco","-"]
["2018-03-01","CIMENTOS ASFÁLTICOS CAP-150-200","Roraima","-"]
["2018-04-01","CIMENTOS ASFÁLTICOS CAP-150-200","São Paulo","-"]
["2018-08-01","CIMENTOS ASFÁLTICOS CAP-150-200","Alagoas","-"]
["2018-09-01","CIMENTOS ASFÁLTICOS CAP-150-200","Distrito Federal","-"]
["2018-12-01","CIMENTOS ASFÁLTICOS CAP-150-200","Goiás","-"]
["2019-01-01","CIMENTOS ASFÁLTICOS CAP-150-200","Paraíba","-"]
["2019-02-01","CIMENTOS ASFÁLTICOS CAP-150-200","Pernambuco","-"]
["2019-05-01","CIMENTOS ASFÁLTICOS CAP-150-200","Rio Grande do Sul","-"]
["2019-06-01","CIMENTOS ASFÁLTICOS CAP-150-200","Pernambuco","-"]
["2019-10-01","CIMENTOS ASFÁLTICOS CAP-150-200","Acre","-"]
["2019-11-01","CIMENTOS ASFÁLTICOS CAP-150-200","Distrito Federal","-"]
["2019-12-01","CIMENTOS ASFÁLTICOS CAP-150-200","Goiás","-"]
["2020-03-01","CIMENTOS ASFÁLTICOS CAP-150-200","Minas Gerais","-"]
["2020-05-01","CIMENTOS ASFÁLTICOS CAP-150-200","Paraíba","-"]
["2020-07-01","CIMENTOS ASFÁLTICOS CAP-150-200","Rio Grande do Norte","-"]
["2020-08-01","CIMENTOS ASFÁLTICOS CAP-150-200","Sergipe","-"]
["2020-10-01","CIMENTOS ASFÁLTICOS CAP-150-200","Acre","-"]
["2021-01-01","CIMENTOS ASFÁLTICOS CAP-150-200","Bahia","-"]
["2021-02-01","CIMENTOS ASFÁLTICOS CAP-150-200","Pará","-"]
["2021-05-01","CIMENTOS ASFÁLTICOS CAP-150-200","Mato Grosso do Sul","-"]
["2021-06-01","CIMENTOS ASFÁLTICOS CAP-150-200","Piauí","-"]
["2021-07-01","CIMENTOS ASFÁLTICOS CAP-150-200","Santa Catarina","-"]
["2021-10-01","CIMENTOS ASFÁLTICOS CAP-150-200","Santa Catarina","-"]
["2021-11-01","CIMENTOS ASFÁLTICOS CAP-150-200","Minas Gerais","-"]
["2022-03-01","CIMENTOS ASFÁLTICOS CAP-150-200","Amazonas","-"]
["2022-04-01","CIMENTOS ASFÁLTICOS CAP-150-200","Maranhão","-"]
["2022-05-01","CIMENTOS ASFÁLTICOS CAP-150-200","Paraná","-"]
["2022-08-01","CIMENTOS ASFÁLTICOS CAP-150-200","Paraná","-"]
["2022-10-01","CIMENTOS ASFÁLTICOS CAP-150-200","Mato Grosso","-"]
["2022-11-01","CIMENTOS ASFÁLTICOS CAP-150-200","Alagoas","-"]
["2023-02-01","CIMENTOS ASFÁLTICOS CAP-150-200","Alagoas","-"]
["2023-03-01","CIMENTOS ASFÁLTICOS CAP-150-200","Espírito Santo","-"]
["2023-06-01","CIMENTOS ASFÁLTICOS CAP-150-200","Espírito Santo","-"]
["2023-07-01","CIMENTOS ASFÁLTICOS CAP-150-200","Maranhão","-"]
["2023-08-01","CIMENTOS ASFÁLTICOS CAP-150-200","Rio Grande do Sul","-"]
["2023-11-01","CIMENTOS ASFÁLTICOS CAP-150-200","Rio Grande do Sul","-"]
["2023-12-01","CIMENTOS ASFÁLTICOS CAP-150-200","Tocantins","-"]
["2024-03-01","CIMENTOS ASFÁLTICOS CAP-150-200","Tocantins","-"]
["2024-06-01","CIMENTOS ASFÁLTICOS CAP-150-200","Espírito Santo","-"]
["2024-06-01","CIMENTOS ASFÁLTICOS CAP-150-200","Minas Gerais","-"]
["2024-09-01","CIMENTOS ASFÁLTICOS CAP-150-200","Minas Gerais","-"]
["2024-10-01","CIMENTOS ASFÁLTICOS CAP-150-200","Rio de Janeiro","-"]
["2025-01-01","CIMENTOS ASFÁLTICOS CAP-150-200","Roraima","-"]
["2025-03-01","CIMENTOS ASFÁLTICOS CAP-150-200","Distrito Federal","-"]
["2025-04-01","CIMENTOS ASFÁLTICOS CAP-150-200","Bahia","-"]
["2013-02-01","CIMENTOS ASFÁLTICOS CAP-30-45","Bahia","-"]
["2013-03-01","CIMENTOS ASFÁLTICOS CAP-30-45","Mato Grosso","-"]
["2013-06-01","CIMENTOS ASFÁLTICOS CAP-30-45","Paraíba","-"]
["2013-07-01","CIMENTOS ASFÁLTICOS CAP-30-45","Ceará","-"]
["2013-08-01","CIMENTOS ASFÁLTICOS CAP-30-45","Santa Catarina","-"]
["2013-11-01","CIMENTOS ASFÁLTICOS CAP-30-45","Santa Catarina","-"]
["2014-01-01","CIMENTOS ASFÁLTICOS CAP-30-45","Amapá","-"]
["2014-04-01","CIMENTOS ASFÁLTICOS CAP-30-45","Distrito Federal","-"]
["2014-06-01","CIMENTOS ASFÁLTICOS CAP-30-45","Amazonas","-"]
["2014-06-01","CIMENTOS ASFÁLTICOS CAP-30-45","Paraná","-"]
["2014-09-01","CIMENTOS ASFÁLTICOS CAP-30-45","Rio Grande do Norte","-"]
["2014-10-01","CIMENTOS ASFÁLTICOS CAP-30-45","Rondônia","-"]
["2015-01-01","CIMENTOS ASFÁLTICOS CAP-30-45","Sergipe","-"]
["2015-03-01","CIMENTOS ASFÁLTICOS CAP-30-45","Amapá","-"]
["2015-04-01","CIMENTOS ASFÁLTICOS CAP-30-45","Espírito Santo","-"]
["2015-07-01","CIMENTOS ASFÁLTICOS CAP-30-45","Mato Grosso do Sul","-"]
["2015-08-01","CIMENTOS ASFÁLTICOS CAP-30-45","Pará","-"]
["2015-11-01","CIMENTOS ASFÁLTICOS CAP-30-45","Piauí","-"]
["2015-12-01","CIMENTOS ASFÁLTICOS CAP-30-45","Minas Gerais",1.329671679157173]
["2016-01-01","CIMENTOS ASFÁLTICOS CAP-30-45","Tocantins","-"]
["2016-05-01","CIMENTOS ASFÁLTICOS CAP-30-45","Amazonas","-"]
["2016-06-01","CIMENTOS ASFÁLTICOS CAP-30-45","Ceará","-"]
["2016-07-01","CIMENTOS ASFÁLTICOS CAP-30-45","Mato Grosso do Sul","-"]
["2016-09-01","CIMENTOS ASFÁLTICOS CAP-30-45","Mato Grosso do Sul","-"]
["2016-11-01","CIMENTOS ASFÁLTICOS CAP-30-45","Rio de Janeiro",1.4272591107168275]
["2017-02-01","CIMENTOS ASFÁLTICOS CAP-30-45","Roraima","-"]
["2017-03-01","CIMENTOS ASFÁLTICOS CAP-30-45","São Paulo",1.4846853787928087]
["2017-05-01","CIMENTOS ASFÁLTICOS CAP-30-45","Amazonas","-"]
["2017-08-01","CIMENTOS ASFÁLTICOS CAP-30-45","Maranhão","-"]
["2017-09-01","CIMENTOS ASFÁLTICOS CAP-30-45","Mato Grosso",1.6679811445771962]
["2017-12-01","CIMENTOS ASFÁLTICOS CAP-30-45","Paraíba","-"]
["2018-01-01","CIMENTOS ASFÁLTICOS CAP-30-45","Rio Grande do Sul","-"]
["2018-02-01","CIMENTOS ASFÁLTICOS CAP-30-45","Roraima","-"]
["2018-05-01","CIMENTOS ASFÁLTICOS CAP-30-45","Goiás",1.8293501256537783]
["2018-07-01","CIMENTOS ASFÁLTICOS CAP-30-45","Amapá","-"]
["2018-10-01","CIMENTOS ASFÁLTICOS CAP-30-45","Distrito Federal","-"]
["2018-11-01","CIMENTOS ASFÁLTICOS CAP-30-45","Minas Gerais",2.4275945566152362]
["2018-12-01","CIMENTOS ASFÁLTICOS CAP-30-45","Paraíba","-"]
["2019-04-01","CIMENTOS ASFÁLTICOS CAP-30-45","Distrito Federal","-"]
["2019-04-01","CIMENTOS ASFÁLTICOS CAP-30-45","Sergipe","-"]
["2019-07-01","CIMENTOS ASFÁLTICOS CAP-30-45","Sergipe","-"]
["2019-09-01","CIMENTOS ASFÁLTICOS CAP-30-45","Bahia","-"]
["2019-10-01","CIMENTOS ASFÁLTICOS CAP-30-45","Distrito Federal","-"]
["2020-01-01","CIMENTOS ASFÁLTICOS CAP-30-45","Ceará","-"]
["2020-02-01","CIMENTOS ASFÁLTICOS CAP-30-45","Piauí","-"]
["2020-05-01","CIMENTOS ASFÁLTICOS CAP-30-45","Piauí","-"]
["2020-06-01","CIMENTOS ASFÁLTICOS CAP-30-45","Santa Catarina","-"]
["2020-07-01","CIMENTOS ASFÁLTICOS CAP-30-45","Sergipe","-"]
["2020-10-01","CIMENTOS ASFÁLTICOS CAP-30-45","Bahia","-"]
["2020-12-01","CIMENTOS ASFÁLTICOS CAP-30-45","Maranhão","-"]
["2021-03-01","CIMENTOS ASFÁLTICOS CAP-30-45","Maranhão","-"]
["2021-04-01","CIMENTOS ASFÁLTICOS CAP-30-45","Paraná","-"]
["2021-05-01","CIMENTOS ASFÁLTICOS CAP-30-45","Tocantins","-"]
["2021-08-01","CIMENTOS ASFÁLTICOS CAP-30-45","Roraima","-"]
["2021-10-01","CIMENTOS ASFÁLTICOS CAP-30-45","Alagoas","-"]
["2022-01-01","CIMENTOS ASFÁLTICOS CAP-30-45","Alagoas","-"]
["2022-02-01","CIMENTOS ASFÁLTICOS CAP-30-45","Espírito Santo",4.3519253115587073]
["2022-04-01","CIMENTOS ASFÁLTICOS CAP-30-45","São Paulo",4.5633095858760075]
["2022-06-01","CIMENTOS ASFÁLTICOS CAP-30-45","Paraíba","-"]
["2022-07-01","CIMENTOS ASFÁLTICOS CAP-30-45","Rio Grande do Sul","-"]
["2022-10-01","CIMENTOS ASFÁLTICOS CAP-30-45","Rio Grande do Sul","-"]
["2022-11-01","CIMENTOS ASFÁLTICOS CAP-30-45","Tocantins","-"]
["2023-01-01","CIMENTOS ASFÁLTICOS CAP-30-45","Santa Catarina","-"]
["2023-04-01","CIMENTOS ASFÁLTICOS CAP-30-45","Distrito Federal","-"]
["2023-05-01","CIMENTOS ASFÁLTICOS CAP-30-45","Minas Gerais",3.047702903747104]
["2023-06-01","CIMENTOS ASFÁLTICOS CAP-30-45","Rio de Janeiro",2.9535741661865953]
["2023-09-01","CIMENTOS ASFÁLTICOS CAP-30-45","Rio de Janeiro",3.2216457112616443]
["2023-10-01","CIMENTOS ASFÁLTICOS CAP-30-45","Roraima","-"]
["2024-01-01","CIMENTOS ASFÁLTICOS CAP-30-45","Sergipe","-"]
["2024-03-01","CIMENTOS ASFÁLTICOS CAP-30-45","Bahia","-"]
["2024-04-01","CIMENTOS ASFÁLTICOS CAP-30-45","Mato Grosso",4.1203243097698845]
["2024-07-01","CIMENTOS ASFÁLTICOS CAP-30-45","Mato Grosso",4.4902866476474497]
["2024-09-01","CIMENTOS ASFÁLTICOS CAP-30-45","Rio Grande do Sul","-"]
["2024-11-01","CIMENTOS ASFÁLTICOS CAP-30-45","Rondônia","-"]
["2024-12-01","CIMENTOS ASFÁLTICOS CAP-30-45","Santa Catarina","-"]
["2025-02-01","CIMENTOS ASFÁLTICOS CAP-30-45","Amapá","-"]
["2025-05-01","CIMENTOS ASFÁLTICOS CAP-30-45","Amapá","-"]
["2013-01-01","CIMENTOS ASFÁLTICOS CAP-50-70","Rio Grande do Norte","-"]
["2013-04-01","CIMENTOS ASFÁLTICOS CAP-50-70","Pará",1.1119866913933214]
["2013-05-01","CIMENTOS ASFÁLTICOS CAP-50-70","Paraná",0.92858402931404094]
["2013-06-01","CIMENTOS ASFÁLTICOS CAP-50-70","Rondônia","-"]
["2013-09-01","CIMENTOS ASFÁLTICOS CAP-50-70","Rondônia","-"]
["2013-10-01","CIMENTOS ASFÁLTICOS CAP-50-70","Rio de Janeiro",0.9187020127957396]
["2014-02-01","CIMENTOS ASFÁLTICOS CAP-50-70","Ceará",0.92741310927762521]
["2014-03-01","CIMENTOS ASFÁLTICOS CAP-50-70","Espírito Santo","-"]
["2014-04-01","CIMENTOS ASFÁLTICOS CAP-50-70","Pará",1.1644017233748014]
["2014-07-01","CIMENTOS ASFÁLTICOS CAP-50-70","Piauí","-"]
["2014-09-01","CIMENTOS ASFÁLTICOS CAP-50-70","Pernambuco","-"]
["2014-11-01","CIMENTOS ASFÁLTICOS CAP-50-70","São Paulo",0.92765035277455599]
["2014-12-01","CIMENTOS ASFÁLTICOS CAP-50-70","Tocantins","-"]
["2015-02-01","CIMENTOS ASFÁLTICOS CAP-50-70","Ceará",1.2840425967824456]
["2015-05-01","CIMENTOS ASFÁLTICOS CAP-50-70","Maranhão","-"]
["2015-06-01","CIMENTOS ASFÁLTICOS CAP-50-70","Paraná",1.2145443429572071]
["2015-09-01","CIMENTOS ASFÁLTICOS CAP-50-70","Pernambuco","-"]
["2015-10-01","CIMENTOS ASFÁLTICOS CAP-50-70","Roraima","-"]
["2015-11-01","CIMENTOS ASFÁLTICOS CAP-50-70","São Paulo",1.471881018856753]
["2016-03-01","CIMENTOS ASFÁLTICOS CAP-50-70","Alagoas","-"]
["2016-03-01","CIMENTOS ASFÁLTICOS CAP-50-70","Paraíba","-"]
["2016-05-01","CIMENTOS ASFÁLTICOS CAP-50-70","Mato Grosso",2.0538935645785172]
["2016-08-01","CIMENTOS ASFÁLTICOS CAP-50-70","Paraíba","-"]
["2016-09-01","CIMENTOS ASFÁLTICOS CAP-50-70","Pernambuco","-"]
["2016-12-01","CIMENTOS ASFÁLTICOS CAP-50-70","Rio Grande do Sul",1.3904982347294854]
["2017-02-01","CIMENTOS ASFÁLTICOS CAP-50-70","Minas Gerais",1.4440223856371872]
["2017-03-01","CIMENTOS ASFÁLTICOS CAP-50-70","Amapá","-"]
["2017-06-01","CIMENTOS ASFÁLTICOS CAP-50-70","Distrito Federal","-"]
["2017-07-01","CIMENTOS ASFÁLTICOS CAP-50-70","Goiás",1.8587746884694896]
["2017-10-01","CIMENTOS ASFÁLTICOS CAP-50-70","Minas Gerais",1.5149454235281534]
["2017-11-01","CIMENTOS ASFÁLTICOS CAP-50-70","Roraima","-"]
["2017-12-01","CIMENTOS ASFÁLTICOS CAP-50-70","Rondônia","-"]
["2018-03-01","CIMENTOS ASFÁLTICOS CAP-50-70","Sergipe","-"]
["2018-05-01","CIMENTOS ASFÁLTICOS CAP-50-70","Acre","-"]
["2018-08-01","CIMENTOS ASFÁLTICOS CAP-50-70","Bahia",2.0710036097054974]
["2018-08-01","CIMENTOS ASFÁLTICOS CAP-50-70","Rondônia","-"]
["2018-10-01","CIMENTOS ASFÁLTICOS CAP-50-70","Pará",2.4623736647093435]
["2019-01-01","CIMENTOS ASFÁLTICOS CAP-50-70","Piauí","-"]
["2019-02-01","CIMENTOS ASFÁLTICOS CAP-50-70","Rio Grande do Norte","-"]
["2019-05-01","CIMENTOS ASFÁLTICOS CAP-50-70","Santa Catarina","-"]
["2019-07-01","CIMENTOS ASFÁLTICOS CAP-50-70","Rio Grande do Norte","-"]
["2019-08-01","CIMENTOS ASFÁLTICOS CAP-50-70","Ceará",2.3462432673928615]
["2019-11-01","CIMENTOS ASFÁLTICOS CAP-50-70","Maranhão","-"]
["2019-12-01","CIMENTOS ASFÁLTICOS CAP-50-70","Paraná",2.5720104750782773]
["2020-03-01","CIMENTOS ASFÁLTICOS CAP-50-70","Paraná",2.3418341831575971]
["2020-04-01","CIMENTOS ASFÁLTICOS CAP-50-70","Rio de Janeiro",2.4317154315153258]
["2020-05-01","CIMENTOS ASFÁLTICOS CAP-50-70","São Paulo",2.3442594536564378]
["2020-09-01","CIMENTOS ASFÁLTICOS CAP-50-70","Alagoas","-"]
["2020-10-01","CIMENTOS ASFÁLTICOS CAP-50-70","Espírito Santo",2.5978411384419693]
["2021-01-01","CIMENTOS ASFÁLTICOS CAP-50-70","Espírito Santo",2.466647887916471]
["2021-01-01","CIMENTOS ASFÁLTICOS CAP-50-70","Piauí","-"]
["2021-03-01","CIMENTOS ASFÁLTICOS CAP-50-70","Rio Grande do Sul",2.82379252982996]
["2021-06-01","CIMENTOS ASFÁLTICOS CAP-50-70","Rio Grande do Sul",3.4406072016728473]
["2021-07-01","CIMENTOS ASFÁLTICOS CAP-50-70","Tocantins","-"]
["2021-10-01","CIMENTOS ASFÁLTICOS CAP-50-70","Tocantins","-"]
["2021-12-01","CIMENTOS ASFÁLTICOS CAP-50-70","Paraná",4.0025587230997823]
["2022-01-01","CIMENTOS ASFÁLTICOS CAP-50-70","Minas Gerais",3.9234184163350427]
["2022-04-01","CIMENTOS ASFÁLTICOS CAP-50-70","Minas Gerais",4.3806167075106073]
["2022-05-01","CIMENTOS ASFÁLTICOS CAP-50-70","Rio de Janeiro",4.6327738149022997]
["2022-08-01","CIMENTOS ASFÁLTICOS CAP-50-70","Rio de Janeiro",4.931854736957745]
["2022-09-01","CIMENTOS ASFÁLTICOS CAP-50-70","Paraíba","-"]
["2022-11-01","CIMENTOS ASFÁLTICOS CAP-50-70","Bahia",4.3110554609109517]
["2023-02-01","CIMENTOS ASFÁLTICOS CAP-50-70","Bahia",3.5759849281257607]
["2023-03-01","CIMENTOS ASFÁLTICOS CAP-50-70","Mato Grosso",3.8602310817219001]
["2023-04-01","CIMENTOS ASFÁLTICOS CAP-50-70","Pernambuco","-"]
["2023-06-01","CIMENTOS ASFÁLTICOS CAP-50-70","Pará",3.8322431106867962]
["2023-08-01","CIMENTOS ASFÁLTICOS CAP-50-70","Santa Catarina","-"]
["2023-11-01","CIMENTOS ASFÁLTICOS CAP-50-70","Santa Catarina","-"]
["2024-01-01","CIMENTOS ASFÁLTICOS CAP-50-70","Amapá","-"]
["2024-02-01","CIMENTOS ASFÁLTICOS CAP-50-70","Goiás",3.4073217453631957]
["2024-05-01","CIMENTOS ASFÁLTICOS CAP-50-70","Mato Grosso do Sul",3.4278227919693669]
["2024-06-01","CIMENTOS ASFÁLTICOS CAP-50-70","Paraná",3.2880547064960006]
["2024-09-01","CIMENTOS ASFÁLTICOS CAP-50-70","Paraná",3.6828024852740859]
["2024-10-01","CIMENTOS ASFÁLTICOS CAP-50-70","Rondônia","-"]
["2025-01-01","CIMENTOS ASFÁLTICOS CAP-50-70","Distrito Federal",3.4441617770744148]
["2025-03-01","CIMENTOS ASFÁLTICOS CAP-50-70","Alagoas","-"]
["2025-04-01","CIMENTOS ASFÁLTICOS CAP-50-70","Espírito Santo",3.8476345345610721]
["2013-02-01","CIMENTOS ASFÁLTICOS CAP-85-100","Mato Grosso do Sul","-"]
["2013-03-01","CIMENTOS ASFÁLTICOS CAP-85-100","Pará","-"]
["2013-05-01","CIMENTOS ASFÁLTICOS CAP-85-100","Ceará","-"]
["2013-07-01","CIMENTOS ASFÁLTICOS CAP-85-100","Rio Grande do Sul","-"]
["2013-08-01","CIMENTOS ASFÁLTICOS CAP-85-100","Tocantins","-"]
["2013-12-01","CIMENTOS ASFÁLTICOS CAP-85-100","Amazonas","-"]
["2014-01-01","CIMENTOS ASFÁLTICOS CAP-85-100","Ceará","-"]
["2014-02-01","CIMENTOS ASFÁLTICOS CAP-85-100","Bahia","-"]
["2014-05-01","CIMENTOS ASFÁLTICOS CAP-85-100","Pernambuco","-"]
["2014-06-01","CIMENTOS ASFÁLTICOS CAP-85-100","Rio de Janeiro","-"]
["2014-09-01","CIMENTOS ASFÁLTICOS CAP-85-100","Roraima","-"]
["2014-10-01","CIMENTOS ASFÁLTICOS CAP-85-100","São Paulo","-"]
["2015-01-01","CIMENTOS ASFÁLTICOS CAP-85-100","Amapá","-"]
["2015-03-01","CIMENTOS ASFÁLTICOS CAP-85-100","Goiás","-"]
["2015-04-01","CIMENTOS ASFÁLTICOS CAP-85-100","Mato Grosso","-"]
["2015-07-01","CIMENTOS ASFÁLTICOS CAP-85-100","Paraíba","-"]
["2015-08-01","CIMENTOS ASFÁLTICOS CAP-85-100","Pernambuco","-"]
["2015-10-01","CIMENTOS ASFÁLTICOS CAP-85-100","Alagoas","-"]
["2016-01-01","CIMENTOS ASFÁLTICOS CAP-85-100","Acre","-"]
["2016-02-01","CIMENTOS ASFÁLTICOS CAP-85-100","Amapá","-"]
["2016-03-01","CIMENTOS ASFÁLTICOS CAP-85-100","Goiás","-"]
["2016-06-01","CIMENTOS ASFÁLTICOS CAP-85-100","Minas Gerais","-"]
["2016-08-01","CIMENTOS ASFÁLTICOS CAP-85-100","Tocantins","-"]
["2016-10-01","CIMENTOS ASFÁLTICOS CAP-85-100","Rio Grande do Norte","-"]
["2016-11-01","CIMENTOS ASFÁLTICOS CAP-85-100","Rondônia","-"]
["2017-01-01","CIMENTOS ASFÁLTICOS CAP-85-100","Acre","-"]
["2017-04-01","CIMENTOS ASFÁLTICOS CAP-85-100","Bahia","-"]
["2017-05-01","CIMENTOS ASFÁLTICOS CAP-85-100","Sergipe","-"]
["2017-08-01","CIMENTOS ASFÁLTICOS CAP-85-100","Mato Grosso do Sul","-"]
["2017-09-01","CIMENTOS ASFÁLTICOS CAP-85-100","Piauí","-"]
["2017-10-01","CIMENTOS ASFÁLTICOS CAP-85-100","Rio Grande do Norte","-"]
["2018-01-01","CIMENTOS ASFÁLTICOS CAP-85-100","Santa Catarina","-"]
["2018-02-01","CIMENTOS ASFÁLTICOS CAP-85-100","São Paulo","-"]
["2018-06-01","CIMENTOS ASFÁLTICOS CAP-85-100","Amazonas","-"]
["2018-07-01","CIMENTOS ASFÁLTICOS CAP-85-100","Maranhão","-"]
["2018-08-01","CIMENTOS ASFÁLTICOS CAP-85-100","Mato Grosso do Sul","-"]
["2018-11-01","CIMENTOS ASFÁLTICOS CAP-85-100","Paraná","-"]
["2019-01-01","CIMENTOS ASFÁLTICOS CAP-85-100","Roraima","-"]
["2019-03-01","CIMENTOS ASFÁLTICOS CAP-85-100","Roraima","-"]
["2019-05-01","CIMENTOS ASFÁLTICOS CAP-85-100","Alagoas","-"]
["2019-06-01","CIMENTOS ASFÁLTICOS CAP-85-100","Amazonas","-"]
["2019-09-01","CIMENTOS ASFÁLTICOS CAP-85-100","Espírito Santo","-"]
["2019-11-01","CIMENTOS ASFÁLTICOS CAP-85-100","Ceará","-"]
["2020-01-01","CIMENTOS ASFÁLTICOS CAP-85-100","Paraíba","-"]
["2020-02-01","CIMENTOS ASFÁLTICOS CAP-85-100","Rio Grande do Sul","-"]
["2020-03-01","CIMENTOS ASFÁLTICOS CAP-85-100","Roraima","-"]
["2020-06-01","CIMENTOS ASFÁLTICOS CAP-85-100","Tocantins","-"]
["2020-08-01","CIMENTOS ASFÁLTICOS CAP-85-100","Bahia","-"]
["2020-11-01","CIMENTOS ASFÁLTICOS CAP-85-100","Distrito Federal","-"]
["2020-12-01","CIMENTOS ASFÁLTICOS CAP-85-100","Minas Gerais","-"]
["2021-01-01","CIMENTOS ASFÁLTICOS CAP-85-100","Paraíba","-"]
["2021-04-01","CIMENTOS ASFÁLTICOS CAP-85-100","Rio de Janeiro","-"]
["2021-07-01","CIMENTOS ASFÁLTICOS CAP-85-100","Amapá","-"]
["2021-08-01","CIMENTOS ASFÁLTICOS CAP-85-100","Sergipe","-"]
["2021-10-01","CIMENTOS ASFÁLTICOS CAP-85-100","Bahia","-"]
["2021-11-01","CIMENTOS ASFÁLTICOS CAP-85-100","Mato Grosso","-"]
["2022-02-01","CIMENTOS ASFÁLTICOS CAP-85-100","Mato Grosso","-"]
["2022-04-01","CIMENTOS ASFÁLTICOS CAP-85-100","Alagoas","-"]
["2022-06-01","CIMENTOS ASFÁLTICOS CAP-85-100","Piauí","-"]
["2022-07-01","CIMENTOS ASFÁLTICOS CAP-85-100","Santa Catarina","-"]
["2022-09-01","CIMENTOS ASFÁLTICOS CAP-85-100","Amapá","-"]
["2022-12-01","CIMENTOS ASFÁLTICOS CAP-85-100","Amapá","-"]
["2023-01-01","CIMENTOS ASFÁLTICOS CAP-85-100","Acre","-"]
["2023-02-01","CIMENTOS ASFÁLTICOS CAP-85-100","Paraná","-"]
["2023-05-01","CIMENTOS ASFÁLTICOS CAP-85-100","Paraná","-"]
["2023-06-01","CIMENTOS ASFÁLTICOS CAP-85-100","Rondônia","-"]
["2023-09-01","CIMENTOS ASFÁLTICOS CAP-85-100","Rondônia","-"]
["2023-11-01","CIMENTOS ASFÁLTICOS CAP-85-100","Sergipe","-"]
["2023-12-01","CIMENTOS ASFÁLTICOS CAP-85-100","Espírito Santo","-"]
["2024-03-01","CIMENTOS ASFÁLTICOS CAP-85-100","Espírito Santo","-"]
["2024-04-01","CIMENTOS ASFÁLTICOS CAP-85-100","Pará","-"]
["2024-07-01","CIMENTOS ASFÁLTICOS CAP-85-100","Pará","-"]
["2024-08-01","CIMENTOS ASFÁLTICOS CAP-85-100","São Paulo","-"]
["2024-09-01","CIMENTOS ASFÁLTICOS CAP-85-100","Tocantins","-"]
["2024-12-01","CIMENTOS ASFÁLTICOS CAP-85-100","Tocantins","-"]
["2025-02-01","CIMENTOS ASFÁLTICOS CAP-85-100","Ceará","-"]
["2025-05-01","CIMENTOS ASFÁLTICOS CAP-85-100","Maranhão","-"]
["2025-05-01","CIMENTOS ASFÁLTICOS CAP-85-100","Santa Catarina","-"]
["2015-10-01","EMULSÃO ASFÁLTICA CATIÔNICA DE RUPTURA CONTROLADA PARA SERVIÇO DE LAMA ASFÁLTICA","Rio de Janeiro","-"]
["2016-01-01","EMULSÃO ASFÁLTICA CATIÔNICA DE RUPTURA CONTROLADA PARA SERVIÇO DE LAMA ASFÁLTICA","Rio de Janeiro","-"]
["2016-02-01","EMULSÃO ASFÁLTICA CATIÔNICA DE RUPTURA CONTROLADA PARA SERVIÇO DE LAMA ASFÁLTICA","São Paulo","-"]
["2016-06-01","EMULSÃO ASFÁLTICA CATIÔNICA DE RUPTURA CONTROLADA PARA SERVIÇO DE LAMA ASFÁLTICA","Alagoas","-"]
["2016-07-01","EMULSÃO ASFÁLTICA CATIÔNICA DE RUPTURA CONTROLADA PARA SERVIÇO DE LAMA ASFÁLTICA","Rondônia","-"]
["2016-08-01","EMULSÃO ASFÁLTICA CATIÔNICA DE RUPTURA CONTROLADA PARA SERVIÇO DE LAMA ASFÁLTICA","Mato Grosso","-"]
["2016-11-01","EMULSÃO ASFÁLTICA CATIÔNICA DE RUPTURA CONTROLADA PARA SERVIÇO DE LAMA ASFÁLTICA","Mato Grosso","-"]
["2016-12-01","EMULSÃO ASFÁLTICA CATIÔNICA DE RUPTURA CONTROLADA PARA SERVIÇO DE LAMA ASFÁLTICA","Pernambuco","-"]
["2017-03-01","EMULSÃO ASFÁLTICA CATIÔNICA DE RUPTURA CONTROLADA PARA SERVIÇO DE LAMA ASFÁLTICA","Rio Grande do Sul","-"]
["2017-04-01","EMULSÃO ASFÁLTICA CATIÔNICA DE RUPTURA CONTROLADA PARA SERVIÇO DE LAMA ASFÁLTICA","Rio Grande do Sul","-"]
["2017-06-01","EMULSÃO ASFÁLTICA CATIÔNICA DE RUPTURA CONTROLADA PARA SERVIÇO DE LAMA ASFÁLTICA","Amapá","-"]
["2017-09-01","EMULSÃO ASFÁLTICA CATIÔNICA DE RUPTURA CONTROLADA PARA SERVIÇO DE LAMA ASFÁLTICA","Distrito Federal","-"]
["2017-10-01","EMULSÃO ASFÁLTICA CATIÔNICA DE RUPTURA CONTROLADA PARA SERVIÇO DE LAMA ASFÁLTICA","Goiás","-"]
["2018-01-01","EMULSÃO ASFÁLTICA CATIÔNICA DE RUPTURA CONTROLADA PARA SERVIÇO DE LAMA ASFÁLTICA","Minas Gerais","-"]
["2018-01-01","EMULSÃO ASFÁLTICA CATIÔNICA DE RUPTURA CONTROLADA PARA SERVIÇO DE LAMA ASFÁLTICA","Rio Grande do Norte","-"]
["2018-03-01","EMULSÃO ASFÁLTICA CATIÔNICA DE RUPTURA CONTROLADA PARA SERVIÇO DE LAMA ASFÁLTICA","Rondônia","-"]
["2018-06-01","EMULSÃO ASFÁLTICA CATIÔNICA DE RUPTURA CONTROLADA PARA SERVIÇO DE LAMA ASFÁLTICA","Sergipe","-"]
["2018-08-01","EMULSÃO ASFÁLTICA CATIÔNICA DE RUPTURA CONTROLADA PARA SERVIÇO DE LAMA ASFÁLTICA","Acre","-"]
["2018-09-01","EMULSÃO ASFÁLTICA CATIÔNICA DE RUPTURA CONTROLADA PARA SERVIÇO DE LAMA ASFÁLTICA","Paraíba","-"]
["2018-12-01","EMULSÃO ASFÁLTICA CATIÔNICA DE RUPTURA CONTROLADA PARA SERVIÇO DE LAMA ASFÁLTICA","Mato Grosso do Sul","-"]
["2019-01-01","EMULSÃO ASFÁLTICA CATIÔNICA DE RUPTURA CONTROLADA PARA SERVIÇO DE LAMA ASFÁLTICA","Pará","-"]
["2019-04-01","EMULSÃO ASFÁLTICA CATIÔNICA DE RUPTURA CONTROLADA PARA SERVIÇO DE LAMA ASFÁLTICA","Piauí","-"]
["2019-05-01","EMULSÃO ASFÁLTICA CATIÔNICA DE RUPTURA CONTROLADA PARA SERVIÇO DE LAMA ASFÁLTICA","Rio Grande do Norte","-"]
["2019-08-01","EMULSÃO ASFÁLTICA CATIÔNICA DE RUPTURA CONTROLADA PARA SERVIÇO DE LAMA ASFÁLTICA","Minas Gerais","-"]
["2019-10-01","EMULSÃO ASFÁLTICA CATIÔNICA DE RUPTURA CONTROLADA PARA SERVIÇO DE LAMA ASFÁLTICA","Amazonas","-"]
["2019-11-01","EMULSÃO ASFÁLTICA CATIÔNICA DE RUPTURA CONTROLADA PARA SERVIÇO DE LAMA ASFÁLTICA","Ceará","-"]
["2020-02-01","EMULSÃO ASFÁLTICA CATIÔNICA DE RUPTURA CONTROLADA PARA SERVIÇO DE LAMA ASFÁLTICA","Maranhão","-"]
["2020-03-01","EMULSÃO ASFÁLTICA CATIÔNICA DE RUPTURA CONTROLADA PARA SERVIÇO DE LAMA ASFÁLTICA","Mato Grosso do Sul","-"]
["2020-05-01","EMULSÃO ASFÁLTICA CATIÔNICA DE RUPTURA CONTROLADA PARA SERVIÇO DE LAMA ASFÁLTICA","Mato Grosso do Sul","-"]
["2020-07-01","EMULSÃO ASFÁLTICA CATIÔNICA DE RUPTURA CONTROLADA PARA SERVIÇO DE LAMA ASFÁLTICA","Roraima","-"]
["2020-08-01","EMULSÃO ASFÁLTICA CATIÔNICA DE RUPTURA CONTROLADA PARA SERVIÇO DE LAMA ASFÁLTICA","São Paulo","-"]
["2020-12-01","EMULSÃO ASFÁLTICA CATIÔNICA DE RUPTURA CONTROLADA PARA SERVIÇO DE LAMA ASFÁLTICA","Alagoas","-"]
["2021-01-01","EMULSÃO ASFÁLTICA CATIÔNICA DE RUPTURA CONTROLADA PARA SERVIÇO DE LAMA ASFÁLTICA","Espírito Santo","-"]
["2021-02-01","EMULSÃO ASFÁLTICA CATIÔNICA DE RUPTURA CONTROLADA PARA SERVIÇO DE LAMA ASFÁLTICA","Mato Grosso","-"]
["2021-05-01","EMULSÃO ASFÁLTICA CATIÔNICA DE RUPTURA CONTROLADA PARA SERVIÇO DE LAMA ASFÁLTICA","Paraíba","-"]
["2021-06-01","EMULSÃO ASFÁLTICA CATIÔNICA DE RUPTURA CONTROLADA PARA SERVIÇO DE LAMA ASFÁLTICA","Pernambuco","-"]
["2021-09-01","EMULSÃO ASFÁLTICA CATIÔNICA DE RUPTURA CONTROLADA PARA SERVIÇO DE LAMA ASFÁLTICA","Rio Grande do Sul","-"]
["2021-10-01","EMULSÃO ASFÁLTICA CATIÔNICA DE RUPTURA CONTROLADA PARA SERVIÇO DE LAMA ASFÁLTICA","Tocantins","-"]
["2022-01-01","EMULSÃO ASFÁLTICA CATIÔNICA DE RUPTURA CONTROLADA PARA SERVIÇO DE LAMA ASFÁLTICA","Goiás","-"]
["2022-03-01","EMULSÃO ASFÁLTICA CATIÔNICA DE RUPTURA CONTROLADA PARA SERVIÇO DE LAMA ASFÁLTICA","Distrito Federal","-"]
["2022-04-01","EMULSÃO ASFÁLTICA CATIÔNICA DE RUPTURA CONTROLADA PARA SERVIÇO DE LAMA ASFÁLTICA","Minas Gerais","-"]
["2022-07-01","EMULSÃO ASFÁLTICA CATIÔNICA DE RUPTURA CONTROLADA PARA SERVIÇO DE LAMA ASFÁLTICA","Minas Gerais","-"]
["2022-08-01","EMULSÃO ASFÁLTICA CATIÔNICA DE RUPTURA CONTROLADA PARA SERVIÇO DE LAMA ASFÁLTICA","Rio de Janeiro","-"]
["2022-10-01","EMULSÃO ASFÁLTICA CATIÔNICA DE RUPTURA CONTROLADA PARA SERVIÇO DE LAMA ASFÁLTICA","Espírito Santo","-"]
["2022-12-01","EMULSÃO ASFÁLTICA CATIÔNICA DE RUPTURA CONTROLADA PARA SERVIÇO DE LAMA ASFÁLTICA","Sergipe","-"]
["2023-02-01","EMULSÃO ASFÁLTICA CATIÔNICA DE RUPTURA CONTROLADA PARA SERVIÇO DE LAMA ASFÁLTICA","Bahia","-"]
["2023-05-01","EMULSÃO ASFÁLTICA CATIÔNICA DE RUPTURA CONTROLADA PARA SERVIÇO DE LAMA ASFÁLTICA","Bahia","-"]
["2023-06-01","EMULSÃO ASFÁLTICA CATIÔNICA DE RUPTURA CONTROLADA PARA SERVIÇO DE LAMA ASFÁLTICA","Mato Grosso","-"]
["2023-07-01","EMULSÃO ASFÁLTICA CATIÔNICA DE RUPTURA CONTROLADA PARA SERVIÇO DE LAMA ASFÁLTICA","Distrito Federal","-"]
["2023-10-01","EMULSÃO ASFÁLTICA CATIÔNICA DE RUPTURA CONTROLADA PARA SERVIÇO DE LAMA ASFÁLTICA","Piauí","-"]
["2023-11-01","EMULSÃO ASFÁLTICA CATIÔNICA DE RUPTURA CONTROLADA PARA SERVIÇO DE LAMA ASFÁLTICA","Santa Catarina","-"]
["2024-02-01","EMULSÃO ASFÁLTICA CATIÔNICA DE RUPTURA CONTROLADA PARA SERVIÇO DE LAMA ASFÁLTICA","Santa Catarina","-"]
["2024-04-01","EMULSÃO ASFÁLTICA CATIÔNICA DE RUPTURA CONTROLADA PARA SERVIÇO DE LAMA ASFÁLTICA","Amapá","-"]
["2024-06-01","EMULSÃO ASFÁLTICA CATIÔNICA DE RUPTURA CONTROLADA PARA SERVIÇO DE LAMA ASFÁLTICA","Paraná","-"]
["2024-08-01","EMULSÃO ASFÁLTICA CATIÔNICA DE RUPTURA CONTROLADA PARA SERVIÇO DE LAMA ASFÁLTICA","Maranhão","-"]
["2024-09-01","EMULSÃO ASFÁLTICA CATIÔNICA DE RUPTURA CONTROLADA PARA SERVIÇO DE LAMA ASFÁLTICA","Paraná","-"]
["2024-12-01","EMULSÃO ASFÁLTICA CATIÔNICA DE RUPTURA CONTROLADA PARA SERVIÇO DE LAMA ASFÁLTICA","Paraná","-"]
["2025-01-01","EMULSÃO ASFÁLTICA CATIÔNICA DE RUPTURA CONTROLADA PARA SERVIÇO DE LAMA ASFÁLTICA","Rondônia","-"]
["2025-03-01","EMULSÃO ASFÁLTICA CATIÔNICA DE RUPTURA CONTROLADA PARA SERVIÇO DE LAMA ASFÁLTICA","Paraíba","-"]
["2015-09-01","EMULSÃO ASFÁLTICA DE RUPTURA LENTA CATIÔNICA PARA SERVIÇO DE LAMA ASFÁLTICA","Alagoas","-"]
["2015-10-01","EMULSÃO ASFÁLTICA DE RUPTURA LENTA CATIÔNICA PARA SERVIÇO DE LAMA ASFÁLTICA","Espírito Santo","-"]
["2016-01-01","EMULSÃO ASFÁLTICA DE RUPTURA LENTA CATIÔNICA PARA SERVIÇO DE LAMA ASFÁLTICA","Espírito Santo","-"]
["2016-02-01","EMULSÃO ASFÁLTICA DE RUPTURA LENTA CATIÔNICA PARA SERVIÇO DE LAMA ASFÁLTICA","Pará","-"]
["2016-03-01","EMULSÃO ASFÁLTICA DE RUPTURA LENTA CATIÔNICA PARA SERVIÇO DE LAMA ASFÁLTICA","Pará","-"]
["2016-06-01","EMULSÃO ASFÁLTICA DE RUPTURA LENTA CATIÔNICA PARA SERVIÇO DE LAMA ASFÁLTICA","Rio Grande do Sul","-"]
["2016-07-01","EMULSÃO ASFÁLTICA DE RUPTURA LENTA CATIÔNICA PARA SERVIÇO DE LAMA ASFÁLTICA","Tocantins","-"]
["2016-09-01","EMULSÃO ASFÁLTICA DE RUPTURA LENTA CATIÔNICA PARA SERVIÇO DE LAMA ASFÁLTICA","Ceará","-"]
["2016-12-01","EMULSÃO ASFÁLTICA DE RUPTURA LENTA CATIÔNICA PARA SERVIÇO DE LAMA ASFÁLTICA","Ceará","-"]
["2017-02-01","EMULSÃO ASFÁLTICA DE RUPTURA LENTA CATIÔNICA PARA SERVIÇO DE LAMA ASFÁLTICA","Mato Grosso do Sul","-"]
["2017-04-01","EMULSÃO ASFÁLTICA DE RUPTURA LENTA CATIÔNICA PARA SERVIÇO DE LAMA ASFÁLTICA","Minas Gerais","-"]
["2017-05-01","EMULSÃO ASFÁLTICA DE RUPTURA LENTA CATIÔNICA PARA SERVIÇO DE LAMA ASFÁLTICA","Rio de Janeiro","-"]
["2017-06-01","EMULSÃO ASFÁLTICA DE RUPTURA LENTA CATIÔNICA PARA SERVIÇO DE LAMA ASFÁLTICA","São Paulo","-"]
["2017-09-01","EMULSÃO ASFÁLTICA DE RUPTURA LENTA CATIÔNICA PARA SERVIÇO DE LAMA ASFÁLTICA","São Paulo","-"]
["2017-11-01","EMULSÃO ASFÁLTICA DE RUPTURA LENTA CATIÔNICA PARA SERVIÇO DE LAMA ASFÁLTICA","Mato Grosso","-"]
["2018-02-01","EMULSÃO ASFÁLTICA DE RUPTURA LENTA CATIÔNICA PARA SERVIÇO DE LAMA ASFÁLTICA","Goiás","-"]
["2018-03-01","EMULSÃO ASFÁLTICA DE RUPTURA LENTA CATIÔNICA PARA SERVIÇO DE LAMA ASFÁLTICA","Mato Grosso","-"]
["2018-04-01","EMULSÃO ASFÁLTICA DE RUPTURA LENTA CATIÔNICA PARA SERVIÇO DE LAMA ASFÁLTICA","Pernambuco","-"]
["2018-07-01","EMULSÃO ASFÁLTICA DE RUPTURA LENTA CATIÔNICA PARA SERVIÇO DE LAMA ASFÁLTICA","Pernambuco","-"]
["2018-08-01","EMULSÃO ASFÁLTICA DE RUPTURA LENTA CATIÔNICA PARA SERVIÇO DE LAMA ASFÁLTICA","Maranhão","-"]
["2018-12-01","EMULSÃO ASFÁLTICA DE RUPTURA LENTA CATIÔNICA PARA SERVIÇO DE LAMA ASFÁLTICA","Acre","-"]
["2019-01-01","EMULSÃO ASFÁLTICA DE RUPTURA LENTA CATIÔNICA PARA SERVIÇO DE LAMA ASFÁLTICA","Amapá","-"]
["2019-02-01","EMULSÃO ASFÁLTICA DE RUPTURA LENTA CATIÔNICA PARA SERVIÇO DE LAMA ASFÁLTICA","Goiás","-"]
["2019-05-01","EMULSÃO ASFÁLTICA DE RUPTURA LENTA CATIÔNICA PARA SERVIÇO DE LAMA ASFÁLTICA","Goiás","-"]
["2019-07-01","EMULSÃO ASFÁLTICA DE RUPTURA LENTA CATIÔNICA PARA SERVIÇO DE LAMA ASFÁLTICA","Espírito Santo","-"]
["2019-09-01","EMULSÃO ASFÁLTICA DE RUPTURA LENTA CATIÔNICA PARA SERVIÇO DE LAMA ASFÁLTICA","Rio Grande do Norte","-"]
["2019-10-01","EMULSÃO ASFÁLTICA DE RUPTURA LENTA CATIÔNICA PARA SERVIÇO DE LAMA ASFÁLTICA","Rondônia","-"]
["2019-12-01","EMULSÃO ASFÁLTICA DE RUPTURA LENTA CATIÔNICA PARA SERVIÇO DE LAMA ASFÁLTICA","Acre","-"]
["2020-03-01","EMULSÃO ASFÁLTICA DE RUPTURA LENTA CATIÔNICA PARA SERVIÇO DE LAMA ASFÁLTICA","Bahia","-"]
["2020-04-01","EMULSÃO ASFÁLTICA DE RUPTURA LENTA CATIÔNICA PARA SERVIÇO DE LAMA ASFÁLTICA","Distrito Federal","-"]
["2020-07-01","EMULSÃO ASFÁLTICA DE RUPTURA LENTA CATIÔNICA PARA SERVIÇO DE LAMA ASFÁLTICA","Mato Grosso do Sul","-"]
["2020-08-01","EMULSÃO ASFÁLTICA DE RUPTURA LENTA CATIÔNICA PARA SERVIÇO DE LAMA ASFÁLTICA","Pará","-"]
["2020-09-01","EMULSÃO ASFÁLTICA DE RUPTURA LENTA CATIÔNICA PARA SERVIÇO DE LAMA ASFÁLTICA","Rio Grande do Norte","-"]
["2020-12-01","EMULSÃO ASFÁLTICA DE RUPTURA LENTA CATIÔNICA PARA SERVIÇO DE LAMA ASFÁLTICA","Santa Catarina","-"]
["2021-03-01","EMULSÃO ASFÁLTICA DE RUPTURA LENTA CATIÔNICA PARA SERVIÇO DE LAMA ASFÁLTICA","Bahia","-"]
["2021-03-01","EMULSÃO ASFÁLTICA DE RUPTURA LENTA CATIÔNICA PARA SERVIÇO DE LAMA ASFÁLTICA","Ceará","-"]
["2021-06-01","EMULSÃO ASFÁLTICA DE RUPTURA LENTA CATIÔNICA PARA SERVIÇO DE LAMA ASFÁLTICA","Maranhão","-"]
["2021-07-01","EMULSÃO ASFÁLTICA DE RUPTURA LENTA CATIÔNICA PARA SERVIÇO DE LAMA ASFÁLTICA","Mato Grosso do Sul","-"]
["2021-10-01","EMULSÃO ASFÁLTICA DE RUPTURA LENTA CATIÔNICA PARA SERVIÇO DE LAMA ASFÁLTICA","Paraná","-"]
["2021-12-01","EMULSÃO ASFÁLTICA DE RUPTURA LENTA CATIÔNICA PARA SERVIÇO DE LAMA ASFÁLTICA","Amazonas","-"]
["2021-12-01","EMULSÃO ASFÁLTICA DE RUPTURA LENTA CATIÔNICA PARA SERVIÇO DE LAMA ASFÁLTICA","São Paulo","-"]
["2022-04-01","EMULSÃO ASFÁLTICA DE RUPTURA LENTA CATIÔNICA PARA SERVIÇO DE LAMA ASFÁLTICA","Alagoas","-"]
["2022-05-01","EMULSÃO ASFÁLTICA DE RUPTURA LENTA CATIÔNICA PARA SERVIÇO DE LAMA ASFÁLTICA","Amazonas","-"]
["2022-08-01","EMULSÃO ASFÁLTICA DE RUPTURA LENTA CATIÔNICA PARA SERVIÇO DE LAMA ASFÁLTICA","Espírito Santo","-"]
["2022-09-01","EMULSÃO ASFÁLTICA DE RUPTURA LENTA CATIÔNICA PARA SERVIÇO DE LAMA ASFÁLTICA","Amapá","-"]
["2022-10-01","EMULSÃO ASFÁLTICA DE RUPTURA LENTA CATIÔNICA PARA SERVIÇO DE LAMA ASFÁLTICA","Pernambuco","-"]
["2023-01-01","EMULSÃO ASFÁLTICA DE RUPTURA LENTA CATIÔNICA PARA SERVIÇO DE LAMA ASFÁLTICA","Rio Grande do Sul","-"]
["2023-02-01","EMULSÃO ASFÁLTICA DE RUPTURA LENTA CATIÔNICA PARA SERVIÇO DE LAMA ASFÁLTICA","Roraima","-"]
["2023-05-01","EMULSÃO ASFÁLTICA DE RUPTURA LENTA CATIÔNICA PARA SERVIÇO DE LAMA ASFÁLTICA","Tocantins","-"]
["2023-06-01","EMULSÃO ASFÁLTICA DE RUPTURA LENTA CATIÔNICA PARA SERVIÇO DE LAMA ASFÁLTICA","Minas Gerais","-"]
["2023-08-01","EMULSÃO ASFÁLTICA DE RUPTURA LENTA CATIÔNICA PARA SERVIÇO DE LAMA ASFÁLTICA","Goiás","-"]
["2023-11-01","EMULSÃO ASFÁLTICA DE RUPTURA LENTA CATIÔNICA PARA SERVIÇO DE LAMA ASFÁLTICA","Minas Gerais","-"]
["2023-12-01","EMULSÃO ASFÁLTICA DE RUPTURA LENTA CATIÔNICA PARA SERVIÇO DE LAMA ASFÁLTICA","Paraíba","-"]
["2024-03-01","EMULSÃO ASFÁLTICA DE RUPTURA LENTA CATIÔNICA PARA SERVIÇO DE LAMA ASFÁLTICA","Rio de Janeiro","-"]
["2024-05-01","EMULSÃO ASFÁLTICA DE RUPTURA LENTA CATIÔNICA PARA SERVIÇO DE LAMA ASFÁLTICA","Mato Grosso","-"]
["2024-06-01","EMULSÃO ASFÁLTICA DE RUPTURA LENTA CATIÔNICA PARA SERVIÇO DE LAMA ASFÁLTICA","Acre","-"]
["2024-09-01","EMULSÃO ASFÁLTICA DE RUPTURA LENTA CATIÔNICA PARA SERVIÇO DE LAMA ASFÁLTICA","Bahia","-"]
["2024-10-01","EMULSÃO ASFÁLTICA DE RUPTURA LENTA CATIÔNICA PARA SERVIÇO DE LAMA ASFÁLTICA","Distrito Federal","-"]
["2025-01-01","EMULSÃO ASFÁLTICA DE RUPTURA LENTA CATIÔNICA PARA SERVIÇO DE LAMA ASFÁLTICA","Mato Grosso","-"]
["2025-02-01","EMULSÃO ASFÁLTICA DE RUPTURA LENTA CATIÔNICA PARA SERVIÇO DE LAMA ASFÁLTICA","Maranhão","-"]
["2025-03-01","EMULSÃO ASFÁLTICA DE RUPTURA LENTA CATIÔNICA PARA SERVIÇO DE LAMA ASFÁLTICA","Rio Grande do Norte","-"]
["2015-09-01","EMULSÃO ASFÁLTICA DE RUPTURA LENTA DE CARGA NEUTRA PARA SERVIÇO DE LAMA ASFÁLTICA","Santa Catarina","-"]
["2015-11-01","EMULSÃO ASFÁLTICA DE RUPTURA LENTA DE CARGA NEUTRA PARA SERVIÇO DE LAMA ASFÁLTICA","Amapá","-"]
["2015-12-01","EMULSÃO ASFÁLTICA DE RUPTURA LENTA DE CARGA NEUTRA PARA SERVIÇO DE LAMA ASFÁLTICA","Rio Grande do Sul","-"]
["2016-03-01","EMULSÃO ASFÁLTICA DE RUPTURA LENTA DE CARGA NEUTRA PARA SERVIÇO DE LAMA ASFÁLTICA","Maranhão","-"]
["2016-04-01","EMULSÃO ASFÁLTICA DE RUPTURA LENTA DE CARGA NEUTRA PARA SERVIÇO DE LAMA ASFÁLTICA","Mato Grosso do Sul","-"]
["2016-07-01","EMULSÃO ASFÁLTICA DE RUPTURA LENTA DE CARGA NEUTRA PARA SERVIÇO DE LAMA ASFÁLTICA","Paraná","-"]
["2016-08-01","EMULSÃO ASFÁLTICA DE RUPTURA LENTA DE CARGA NEUTRA PARA SERVIÇO DE LAMA ASFÁLTICA","Rondônia","-"]
["2016-11-01","EMULSÃO ASFÁLTICA DE RUPTURA LENTA DE CARGA NEUTRA PARA SERVIÇO DE LAMA ASFÁLTICA","Rio de Janeiro","-"]
["2017-01-01","EMULSÃO ASFÁLTICA DE RUPTURA LENTA DE CARGA NEUTRA PARA SERVIÇO DE LAMA ASFÁLTICA","Alagoas","-"]
["2017-02-01","EMULSÃO ASFÁLTICA DE RUPTURA LENTA DE CARGA NEUTRA PARA SERVIÇO DE LAMA ASFÁLTICA","Espírito Santo","-"]
["2017-05-01","EMULSÃO ASFÁLTICA DE RUPTURA LENTA DE CARGA NEUTRA PARA SERVIÇO DE LAMA ASFÁLTICA","Espírito Santo","-"]
["2017-06-01","EMULSÃO ASFÁLTICA DE RUPTURA LENTA DE CARGA NEUTRA PARA SERVIÇO DE LAMA ASFÁLTICA","Pará","-"]
["2017-08-01","EMULSÃO ASFÁLTICA DE RUPTURA LENTA DE CARGA NEUTRA PARA SERVIÇO DE LAMA ASFÁLTICA","Piauí","-"]
["2017-10-01","EMULSÃO ASFÁLTICA DE RUPTURA LENTA DE CARGA NEUTRA PARA SERVIÇO DE LAMA ASFÁLTICA","Rio Grande do Sul","-"]
["2017-11-01","EMULSÃO ASFÁLTICA DE RUPTURA LENTA DE CARGA NEUTRA PARA SERVIÇO DE LAMA ASFÁLTICA","Tocantins","-"]
["2018-02-01","EMULSÃO ASFÁLTICA DE RUPTURA LENTA DE CARGA NEUTRA PARA SERVIÇO DE LAMA ASFÁLTICA","Tocantins","-"]
["2018-04-01","EMULSÃO ASFÁLTICA DE RUPTURA LENTA DE CARGA NEUTRA PARA SERVIÇO DE LAMA ASFÁLTICA","Ceará","-"]
["2018-05-01","EMULSÃO ASFÁLTICA DE RUPTURA LENTA DE CARGA NEUTRA PARA SERVIÇO DE LAMA ASFÁLTICA","Pernambuco","-"]
["2018-08-01","EMULSÃO ASFÁLTICA DE RUPTURA LENTA DE CARGA NEUTRA PARA SERVIÇO DE LAMA ASFÁLTICA","Minas Gerais","-"]
["2018-09-01","EMULSÃO ASFÁLTICA DE RUPTURA LENTA DE CARGA NEUTRA PARA SERVIÇO DE LAMA ASFÁLTICA","Rio de Janeiro","-"]
["2018-12-01","EMULSÃO ASFÁLTICA DE RUPTURA LENTA DE CARGA NEUTRA PARA SERVIÇO DE LAMA ASFÁLTICA","Rio de Janeiro","-"]
["2019-01-01","EMULSÃO ASFÁLTICA DE RUPTURA LENTA DE CARGA NEUTRA PARA SERVIÇO DE LAMA ASFÁLTICA","São Paulo","-"]
["2019-02-01","EMULSÃO ASFÁLTICA DE RUPTURA LENTA DE CARGA NEUTRA PARA SERVIÇO DE LAMA ASFÁLTICA","Tocantins","-"]
["2019-06-01","EMULSÃO ASFÁLTICA DE RUPTURA LENTA DE CARGA NEUTRA PARA SERVIÇO DE LAMA ASFÁLTICA","Bahia","-"]
["2019-07-01","EMULSÃO ASFÁLTICA DE RUPTURA LENTA DE CARGA NEUTRA PARA SERVIÇO DE LAMA ASFÁLTICA","Mato Grosso","-"]
["2019-10-01","EMULSÃO ASFÁLTICA DE RUPTURA LENTA DE CARGA NEUTRA PARA SERVIÇO DE LAMA ASFÁLTICA","Mato Grosso","-"]
["2019-11-01","EMULSÃO ASFÁLTICA DE RUPTURA LENTA DE CARGA NEUTRA PARA SERVIÇO DE LAMA ASFÁLTICA","Pernambuco","-"]
["2020-01-01","EMULSÃO ASFÁLTICA DE RUPTURA LENTA DE CARGA NEUTRA PARA SERVIÇO DE LAMA ASFÁLTICA","São Paulo","-"]
["2020-03-01","EMULSÃO ASFÁLTICA DE RUPTURA LENTA DE CARGA NEUTRA PARA SERVIÇO DE LAMA ASFÁLTICA","Santa Catarina","-"]
["2020-05-01","EMULSÃO ASFÁLTICA DE RUPTURA LENTA DE CARGA NEUTRA PARA SERVIÇO DE LAMA ASFÁLTICA","Amapá","-"]
["2020-08-01","EMULSÃO ASFÁLTICA DE RUPTURA LENTA DE CARGA NEUTRA PARA SERVIÇO DE LAMA ASFÁLTICA","Amapá","-"]
["2020-09-01","EMULSÃO ASFÁLTICA DE RUPTURA LENTA DE CARGA NEUTRA PARA SERVIÇO DE LAMA ASFÁLTICA","Goiás","-"]
["2020-10-01","EMULSÃO ASFÁLTICA DE RUPTURA LENTA DE CARGA NEUTRA PARA SERVIÇO DE LAMA ASFÁLTICA","Santa Catarina","-"]
["2021-01-01","EMULSÃO ASFÁLTICA DE RUPTURA LENTA DE CARGA NEUTRA PARA SERVIÇO DE LAMA ASFÁLTICA","Paraná","-"]
["2021-02-01","EMULSÃO ASFÁLTICA DE RUPTURA LENTA DE CARGA NEUTRA PARA SERVIÇO DE LAMA ASFÁLTICA","Rondônia","-"]
["2021-05-01","EMULSÃO ASFÁLTICA DE RUPTURA LENTA DE CARGA NEUTRA PARA SERVIÇO DE LAMA ASFÁLTICA","Sergipe","-"]
["2021-07-01","EMULSÃO ASFÁLTICA DE RUPTURA LENTA DE CARGA NEUTRA PARA SERVIÇO DE LAMA ASFÁLTICA","Acre","-"]
["2021-09-01","EMULSÃO ASFÁLTICA DE RUPTURA LENTA DE CARGA NEUTRA PARA SERVIÇO DE LAMA ASFÁLTICA","Rondônia","-"]
["2021-11-01","EMULSÃO ASFÁLTICA DE RUPTURA LENTA DE CARGA NEUTRA PARA SERVIÇO DE LAMA ASFÁLTICA","Espírito Santo","-"]
["2021-12-01","EMULSÃO ASFÁLTICA DE RUPTURA LENTA DE CARGA NEUTRA PARA SERVIÇO DE LAMA ASFÁLTICA","Pará","-"]
["2022-03-01","EMULSÃO ASFÁLTICA DE RUPTURA LENTA DE CARGA NEUTRA PARA SERVIÇO DE LAMA ASFÁLTICA","Piauí","-"]
["2022-04-01","EMULSÃO ASFÁLTICA DE RUPTURA LENTA DE CARGA NEUTRA PARA SERVIÇO DE LAMA ASFÁLTICA","Rio Grande do Norte","-"]
["2022-06-01","EMULSÃO ASFÁLTICA DE RUPTURA LENTA DE CARGA NEUTRA PARA SERVIÇO DE LAMA ASFÁLTICA","Rio Grande do Sul","-"]
["2022-09-01","EMULSÃO ASFÁLTICA DE RUPTURA LENTA DE CARGA NEUTRA PARA SERVIÇO DE LAMA ASFÁLTICA","Amazonas","-"]
["2022-10-01","EMULSÃO ASFÁLTICA DE RUPTURA LENTA DE CARGA NEUTRA PARA SERVIÇO DE LAMA ASFÁLTICA","Ceará","-"]
["2023-01-01","EMULSÃO ASFÁLTICA DE RUPTURA LENTA DE CARGA NEUTRA PARA SERVIÇO DE LAMA ASFÁLTICA","Maranhão","-"]
["2023-02-01","EMULSÃO ASFÁLTICA DE RUPTURA LENTA DE CARGA NEUTRA PARA SERVIÇO DE LAMA ASFÁLTICA","Mato Grosso do Sul","-"]
["2023-03-01","EMULSÃO ASFÁLTICA DE RUPTURA LENTA DE CARGA NEUTRA PARA SERVIÇO DE LAMA ASFÁLTICA","Rio Grande do Norte","-"]
["2023-06-01","EMULSÃO ASFÁLTICA DE RUPTURA LENTA DE CARGA NEUTRA PARA SERVIÇO DE LAMA ASFÁLTICA","Roraima","-"]
["2023-07-01","EMULSÃO ASFÁLTICA DE RUPTURA LENTA DE CARGA NEUTRA PARA SERVIÇO DE LAMA ASFÁLTICA","São Paulo","-"]
["2023-09-01","EMULSÃO ASFÁLTICA DE RUPTURA LENTA DE CARGA NEUTRA PARA SERVIÇO DE LAMA ASFÁLTICA","Amazonas","-"]
["2023-12-01","EMULSÃO ASFÁLTICA DE RUPTURA LENTA DE CARGA NEUTRA PARA SERVIÇO DE LAMA ASFÁLTICA","Amazonas","-"]
["2024-02-01","EMULSÃO ASFÁLTICA DE RUPTURA LENTA DE CARGA NEUTRA PARA SERVIÇO DE LAMA ASFÁLTICA","Piauí","-"]
["2024-04-01","EMULSÃO ASFÁLTICA DE RUPTURA LENTA DE CARGA NEUTRA PARA SERVIÇO DE LAMA ASFÁLTICA","Paraíba","-"]
["2024-05-01","EMULSÃO ASFÁLTICA DE RUPTURA LENTA DE CARGA NEUTRA PARA SERVIÇO DE LAMA ASFÁLTICA","Pernambuco","-"]
["2024-06-01","EMULSÃO ASFÁLTICA DE RUPTURA LENTA DE CARGA NEUTRA PARA SERVIÇO DE LAMA ASFÁLTICA","Roraima","-"]
["2024-09-01","EMULSÃO ASFÁLTICA DE RUPTURA LENTA DE CARGA NEUTRA PARA SERVIÇO DE LAMA ASFÁLTICA","Tocantins","-"]
["2024-11-01","EMULSÃO ASFÁLTICA DE RUPTURA LENTA DE CARGA NEUTRA PARA SERVIÇO DE LAMA ASFÁLTICA","Pernambuco","-"]
["2025-02-01","EMULSÃO ASFÁLTICA DE RUPTURA LENTA DE CARGA NEUTRA PARA SERVIÇO DE LAMA ASFÁLTICA","Distrito Federal","-"]
["2025-03-01","EMULSÃO ASFÁLTICA DE RUPTURA LENTA DE CARGA NEUTRA PARA SERVIÇO DE LAMA ASFÁLTICA","Goiás","-"]
["2025-04-01","EMULSÃO ASFÁLTICA DE RUPTURA LENTA DE CARGA NEUTRA PARA SERVIÇO DE LAMA ASFÁLTICA","Paraíba","-"]
["2015-10-01","EMULSÃO ASFÁLTICA PARA SERVIÇO DE IMPRIMAÇÃO","Rio de Janeiro","-"]
["2015-11-01","EMULSÃO ASFÁLTICA PARA SERVIÇO DE IMPRIMAÇÃO","Paraná",1.6761861737552275]
["2016-02-01","EMULSÃO ASFÁLTICA PARA SERVIÇO DE IMPRIMAÇÃO","Sergipe","-"]
["2016-04-01","EMULSÃO ASFÁLTICA PARA SERVIÇO DE IMPRIMAÇÃO","Bahia","-"]
["2016-05-01","EMULSÃO ASFÁLTICA PARA SERVIÇO DE IMPRIMAÇÃO","Distrito Federal","-"]
["2016-08-01","EMULSÃO ASFÁLTICA PARA SERVIÇO DE IMPRIMAÇÃO","Mato Grosso",2.0577124385363463]
["2016-10-01","EMULSÃO ASFÁLTICA PARA SERVIÇO DE IMPRIMAÇÃO","Pará","-"]
["2016-12-01","EMULSÃO ASFÁLTICA PARA SERVIÇO DE IMPRIMAÇÃO","Piauí","-"]
["2017-01-01","EMULSÃO ASFÁLTICA PARA SERVIÇO DE IMPRIMAÇÃO","Santa Catarina","-"]
["2017-02-01","EMULSÃO ASFÁLTICA PARA SERVIÇO DE IMPRIMAÇÃO","Sergipe","-"]
["2017-06-01","EMULSÃO ASFÁLTICA PARA SERVIÇO DE IMPRIMAÇÃO","Amapá","-"]
["2017-07-01","EMULSÃO ASFÁLTICA PARA SERVIÇO DE IMPRIMAÇÃO","Minas Gerais","-"]
["2017-10-01","EMULSÃO ASFÁLTICA PARA SERVIÇO DE IMPRIMAÇÃO","Maranhão","-"]
["2017-11-01","EMULSÃO ASFÁLTICA PARA SERVIÇO DE IMPRIMAÇÃO","Paraná",1.6978739229619608]
["2017-12-01","EMULSÃO ASFÁLTICA PARA SERVIÇO DE IMPRIMAÇÃO","Piauí","-"]
["2018-03-01","EMULSÃO ASFÁLTICA PARA SERVIÇO DE IMPRIMAÇÃO","Rondônia","-"]
["2018-04-01","EMULSÃO ASFÁLTICA PARA SERVIÇO DE IMPRIMAÇÃO","Roraima","-"]
["2018-08-01","EMULSÃO ASFÁLTICA PARA SERVIÇO DE IMPRIMAÇÃO","Alagoas","-"]
["2018-09-01","EMULSÃO ASFÁLTICA PARA SERVIÇO DE IMPRIMAÇÃO","Espírito Santo","-"]
["2018-10-01","EMULSÃO ASFÁLTICA PARA SERVIÇO DE IMPRIMAÇÃO","Maranhão","-"]
["2019-01-01","EMULSÃO ASFÁLTICA PARA SERVIÇO DE IMPRIMAÇÃO","Pará","-"]
["2019-03-01","EMULSÃO ASFÁLTICA PARA SERVIÇO DE IMPRIMAÇÃO","Rio Grande do Sul","-"]
["2019-05-01","EMULSÃO ASFÁLTICA PARA SERVIÇO DE IMPRIMAÇÃO","Rio Grande do Sul","-"]
["2019-06-01","EMULSÃO ASFÁLTICA PARA SERVIÇO DE IMPRIMAÇÃO","Tocantins","-"]
["2019-08-01","EMULSÃO ASFÁLTICA PARA SERVIÇO DE IMPRIMAÇÃO","Alagoas","-"]
["2019-11-01","EMULSÃO ASFÁLTICA PARA SERVIÇO DE IMPRIMAÇÃO","Ceará",2.6715909938236941]
["2019-12-01","EMULSÃO ASFÁLTICA PARA SERVIÇO DE IMPRIMAÇÃO","Rio Grande do Norte","-"]
["2020-03-01","EMULSÃO ASFÁLTICA PARA SERVIÇO DE IMPRIMAÇÃO","Minas Gerais",2.2534454608133583]
["2020-04-01","EMULSÃO ASFÁLTICA PARA SERVIÇO DE IMPRIMAÇÃO","Rio de Janeiro","-"]
["2020-05-01","EMULSÃO ASFÁLTICA PARA SERVIÇO DE IMPRIMAÇÃO","São Paulo","-"]
["2020-08-01","EMULSÃO ASFÁLTICA PARA SERVIÇO DE IMPRIMAÇÃO","São Paulo","-"]
["2020-09-01","EMULSÃO ASFÁLTICA PARA SERVIÇO DE IMPRIMAÇÃO","Rio de Janeiro","-"]
["2021-01-01","EMULSÃO ASFÁLTICA PARA SERVIÇO DE IMPRIMAÇÃO","Bahia","-"]
["2021-02-01","EMULSÃO ASFÁLTICA PARA SERVIÇO DE IMPRIMAÇÃO","Mato Grosso",2.1831618095948295]
["2021-03-01","EMULSÃO ASFÁLTICA PARA SERVIÇO DE IMPRIMAÇÃO","Pernambuco","-"]
["2021-06-01","EMULSÃO ASFÁLTICA PARA SERVIÇO DE IMPRIMAÇÃO","Pernambuco","-"]
["2021-08-01","EMULSÃO ASFÁLTICA PARA SERVIÇO DE IMPRIMAÇÃO","Pernambuco","-"]
["2021-09-01","EMULSÃO ASFÁLTICA PARA SERVIÇO DE IMPRIMAÇÃO","Amapá","-"]
["2021-12-01","EMULSÃO ASFÁLTICA PARA SERVIÇO DE IMPRIMAÇÃO","Amapá","-"]
["2022-01-01","EMULSÃO ASFÁLTICA PARA SERVIÇO DE IMPRIMAÇÃO","Goiás","-"]
["2022-04-01","EMULSÃO ASFÁLTICA PARA SERVIÇO DE IMPRIMAÇÃO","Acre","-"]
["2022-05-01","EMULSÃO ASFÁLTICA PARA SERVIÇO DE IMPRIMAÇÃO","Paraná",3.1972825396635889]
["2022-06-01","EMULSÃO ASFÁLTICA PARA SERVIÇO DE IMPRIMAÇÃO","Rondônia","-"]
["2022-09-01","EMULSÃO ASFÁLTICA PARA SERVIÇO DE IMPRIMAÇÃO","Rondônia","-"]
["2022-11-01","EMULSÃO ASFÁLTICA PARA SERVIÇO DE IMPRIMAÇÃO","Acre","-"]
["2022-12-01","EMULSÃO ASFÁLTICA PARA SERVIÇO DE IMPRIMAÇÃO","Tocantins","-"]
["2023-03-01","EMULSÃO ASFÁLTICA PARA SERVIÇO DE IMPRIMAÇÃO","Espírito Santo","-"]
["2023-04-01","EMULSÃO ASFÁLTICA PARA SERVIÇO DE IMPRIMAÇÃO","Pará","-"]
["2023-07-01","EMULSÃO ASFÁLTICA PARA SERVIÇO DE IMPRIMAÇÃO","Pará","-"]
["2023-08-01","EMULSÃO ASFÁLTICA PARA SERVIÇO DE IMPRIMAÇÃO","Rio Grande do Norte","-"]
["2023-10-01","EMULSÃO ASFÁLTICA PARA SERVIÇO DE IMPRIMAÇÃO","Maranhão","-"]
["2023-12-01","EMULSÃO ASFÁLTICA PARA SERVIÇO DE IMPRIMAÇÃO","Tocantins","-"]
["2024-02-01","EMULSÃO ASFÁLTICA PARA SERVIÇO DE IMPRIMAÇÃO","Ceará",2.2708615396454501]
["2024-05-01","EMULSÃO ASFÁLTICA PARA SERVIÇO DE IMPRIMAÇÃO","Ceará",2.2082070555799005]
["2024-06-01","EMULSÃO ASFÁLTICA PARA SERVIÇO DE IMPRIMAÇÃO","Mato Grosso do Sul",2.6999649854938244]
["2024-09-01","EMULSÃO ASFÁLTICA PARA SERVIÇO DE IMPRIMAÇÃO","Espírito Santo","-"]
["2024-10-01","EMULSÃO ASFÁLTICA PARA SERVIÇO DE IMPRIMAÇÃO","Rio de Janeiro","-"]
["2024-11-01","EMULSÃO ASFÁLTICA PARA SERVIÇO DE IMPRIMAÇÃO","São Paulo",2.6783656038763173]
["2025-03-01","EMULSÃO ASFÁLTICA PARA SERVIÇO DE IMPRIMAÇÃO","Alagoas","-"]
["2025-04-01","EMULSÃO ASFÁLTICA PARA SERVIÇO DE IMPRIMAÇÃO","Amazonas","-"]
["2013-01-01","EMULSÕES ASF. MOD. POR POLÍMEROS RC1C-E","Distrito Federal","-"]
["2013-03-01","EMULSÕES ASF. MOD. POR POLÍMEROS RC1C-E","Mato Grosso","-"]
["2013-04-01","EMULSÕES ASF. MOD. POR POLÍMEROS RC1C-E","Pernambuco","-"]
["2013-07-01","EMULSÕES ASF. MOD. POR POLÍMEROS RC1C-E","Rio Grande do Sul","-"]
["2013-08-01","EMULSÕES ASF. MOD. POR POLÍMEROS RC1C-E","Roraima","-"]
["2013-10-01","EMULSÕES ASF. MOD. POR POLÍMEROS RC1C-E","Ceará",1.3714057862896378]
["2014-01-01","EMULSÕES ASF. MOD. POR POLÍMEROS RC1C-E","Amapá","-"]
["2014-02-01","EMULSÕES ASF. MOD. POR POLÍMEROS RC1C-E","Goiás","-"]
["2014-05-01","EMULSÕES ASF. MOD. POR POLÍMEROS RC1C-E","Minas Gerais",1.2624010383346929]
["2014-06-01","EMULSÕES ASF. MOD. POR POLÍMEROS RC1C-E","Paraíba","-"]
["2014-09-01","EMULSÕES ASF. MOD. POR POLÍMEROS RC1C-E","Amazonas","-"]
["2014-10-01","EMULSÕES ASF. MOD. POR POLÍMEROS RC1C-E","Sergipe","-"]
["2014-12-01","EMULSÕES ASF. MOD. POR POLÍMEROS RC1C-E","Acre","-"]
["2015-03-01","EMULSÕES ASF. MOD. POR POLÍMEROS RC1C-E","Bahia","-"]
["2015-04-01","EMULSÕES ASF. MOD. POR POLÍMEROS RC1C-E","Distrito Federal","-"]
["2015-06-01","EMULSÕES ASF. MOD. POR POLÍMEROS RC1C-E","Amapá","-"]
["2015-08-01","EMULSÕES ASF. MOD. POR POLÍMEROS RC1C-E","Piauí","-"]
["2015-09-01","EMULSÕES ASF. MOD. POR POLÍMEROS RC1C-E","Rio Grande do Norte","-"]
["2015-12-01","EMULSÕES ASF. MOD. POR POLÍMEROS RC1C-E","Santa Catarina","-"]
["2016-01-01","EMULSÕES ASF. MOD. POR POLÍMEROS RC1C-E","Sergipe","-"]
["2016-03-01","EMULSÕES ASF. MOD. POR POLÍMEROS RC1C-E","Alagoas","-"]
["2016-06-01","EMULSÕES ASF. MOD. POR POLÍMEROS RC1C-E","Maranhão","-"]
["2016-07-01","EMULSÕES ASF. MOD. POR POLÍMEROS RC1C-E","Mato Grosso do Sul","-"]
["2016-10-01","EMULSÕES ASF. MOD. POR POLÍMEROS RC1C-E","Paraná",1.7517358596969781]
["2016-11-01","EMULSÕES ASF. MOD. POR POLÍMEROS RC1C-E","Rondônia","-"]
["2017-01-01","EMULSÕES ASF. MOD. POR POLÍMEROS RC1C-E","Tocantins","-"]
["2017-04-01","EMULSÕES ASF. MOD. POR POLÍMEROS RC1C-E","Alagoas","-"]
["2017-05-01","EMULSÕES ASF. MOD. POR POLÍMEROS RC1C-E","Amazonas","-"]
["2017-08-01","EMULSÕES ASF. MOD. POR POLÍMEROS RC1C-E","Espírito Santo","-"]
["2017-09-01","EMULSÕES ASF. MOD. POR POLÍMEROS RC1C-E","Pará","-"]
["2017-10-01","EMULSÕES ASF. MOD. POR POLÍMEROS RC1C-E","Sergipe","-"]
["2018-01-01","EMULSÕES ASF. MOD. POR POLÍMEROS RC1C-E","Rio Grande do Sul","-"]
["2018-02-01","EMULSÕES ASF. MOD. POR POLÍMEROS RC1C-E","Tocantins","-"]
["2018-05-01","EMULSÕES ASF. MOD. POR POLÍMEROS RC1C-E","Tocantins","-"]
["2018-07-01","EMULSÕES ASF. MOD. POR POLÍMEROS RC1C-E","Ceará","-"]
["2018-09-01","EMULSÕES ASF. MOD. POR POLÍMEROS RC1C-E","Santa Catarina","-"]
["2018-11-01","EMULSÕES ASF. MOD. POR POLÍMEROS RC1C-E","Minas Gerais",2.440581319298246]
["2018-12-01","EMULSÕES ASF. MOD. POR POLÍMEROS RC1C-E","Rio de Janeiro","-"]
["2019-03-01","EMULSÕES ASF. MOD. POR POLÍMEROS RC1C-E","Rio de Janeiro","-"]
["2019-04-01","EMULSÕES ASF. MOD. POR POLÍMEROS RC1C-E","São Paulo",2.3933447472683294]
["2019-06-01","EMULSÕES ASF. MOD. POR POLÍMEROS RC1C-E","Roraima","-"]
["2019-09-01","EMULSÕES ASF. MOD. POR POLÍMEROS RC1C-E","Bahia","-"]
["2019-10-01","EMULSÕES ASF. MOD. POR POLÍMEROS RC1C-E","Mato Grosso",2.687882251117311]
["2020-01-01","EMULSÕES ASF. MOD. POR POLÍMEROS RC1C-E","Mato Grosso","-"]
["2020-02-01","EMULSÕES ASF. MOD. POR POLÍMEROS RC1C-E","Pernambuco","-"]
["2020-04-01","EMULSÕES ASF. MOD. POR POLÍMEROS RC1C-E","Ceará","-"]
["2020-06-01","EMULSÕES ASF. MOD. POR POLÍMEROS RC1C-E","Santa Catarina","-"]
["2020-08-01","EMULSÕES ASF. MOD. POR POLÍMEROS RC1C-E","Amapá","-"]
["2020-11-01","EMULSÕES ASF. MOD. POR POLÍMEROS RC1C-E","Amapá","-"]
["2020-12-01","EMULSÕES ASF. MOD. POR POLÍMEROS RC1C-E","Goiás","-"]
["2021-01-01","EMULSÕES ASF. MOD. POR POLÍMEROS RC1C-E","Bahia","-"]
["2021-04-01","EMULSÕES ASF. MOD. POR POLÍMEROS RC1C-E","Paraná",2.6618260651396519]
["2021-05-01","EMULSÕES ASF. MOD. POR POLÍMEROS RC1C-E","Rondônia","-"]
["2021-06-01","EMULSÕES ASF. MOD. POR POLÍMEROS RC1C-E","Santa Catarina","-"]
["2021-10-01","EMULSÕES ASF. MOD. POR POLÍMEROS RC1C-E","Acre","-"]
["2021-12-01","EMULSÕES ASF. MOD. POR POLÍMEROS RC1C-E","Amapá","-"]
["2022-02-01","EMULSÕES ASF. MOD. POR POLÍMEROS RC1C-E","Espírito Santo","-"]
["2022-03-01","EMULSÕES ASF. MOD. POR POLÍMEROS RC1C-E","Pará","-"]
["2022-04-01","EMULSÕES ASF. MOD. POR POLÍMEROS RC1C-E","Rio Grande do Norte","-"]
["2022-07-01","EMULSÕES ASF. MOD. POR POLÍMEROS RC1C-E","Rio Grande do Norte","-"]
["2022-09-01","EMULSÕES ASF. MOD. POR POLÍMEROS RC1C-E","Alagoas","-"]
["2022-11-01","EMULSÕES ASF. MOD. POR POLÍMEROS RC1C-E","Tocantins","-"]
["2023-01-01","EMULSÕES ASF. MOD. POR POLÍMEROS RC1C-E","Ceará",3.2984706038258698]
["2023-02-01","EMULSÕES ASF. MOD. POR POLÍMEROS RC1C-E","Mato Grosso do Sul","-"]
["2023-05-01","EMULSÕES ASF. MOD. POR POLÍMEROS RC1C-E","Mato Grosso do Sul","-"]
["2023-07-01","EMULSÕES ASF. MOD. POR POLÍMEROS RC1C-E","Tocantins","-"]
["2023-09-01","EMULSÕES ASF. MOD. POR POLÍMEROS RC1C-E","Roraima","-"]
["2023-10-01","EMULSÕES ASF. MOD. POR POLÍMEROS RC1C-E","São Paulo",2.9922753970233846]
["2023-12-01","EMULSÕES ASF. MOD. POR POLÍMEROS RC1C-E","Amazonas","-"]
["2024-03-01","EMULSÕES ASF. MOD. POR POLÍMEROS RC1C-E","Amazonas","-"]
["2024-04-01","EMULSÕES ASF. MOD. POR POLÍMEROS RC1C-E","Sergipe","-"]
["2024-07-01","EMULSÕES ASF. MOD. POR POLÍMEROS RC1C-E","Paraíba","-"]
["2024-08-01","EMULSÕES ASF. MOD. POR POLÍMEROS RC1C-E","Pernambuco","-"]
["2024-09-01","EMULSÕES ASF. MOD. POR POLÍMEROS RC1C-E","Roraima","-"]
["2024-12-01","EMULSÕES ASF. MOD. POR POLÍMEROS RC1C-E","Roraima","-"]
["2025-01-01","EMULSÕES ASF. MOD. POR POLÍMEROS RC1C-E","São Paulo","-"]
["2025-05-01","EMULSÕES ASF. MOD. POR POLÍMEROS RC1C-E","Distrito Federal","-"]
["2013-01-01","EMULSÕES ASF. MOD. POR POLÍMEROS RL1C-E","Goiás","-"]
["2013-02-01","EMULSÕES ASF. MOD. POR POLÍMEROS RL1C-E","Paraíba","-"]
["2013-04-01","EMULSÕES ASF. MOD. POR POLÍMEROS RL1C-E","Rio Grande do Norte","-"]
["2013-06-01","EMULSÕES ASF. MOD. POR POLÍMEROS RL1C-E","Rondônia","-"]
["2013-08-01","EMULSÕES ASF. MOD. POR POLÍMEROS RL1C-E","Acre","-"]
["2013-11-01","EMULSÕES ASF. MOD. POR POLÍMEROS RL1C-E","Acre","-"]
["2013-12-01","EMULSÕES ASF. MOD. POR POLÍMEROS RL1C-E","Distrito Federal","-"]
["2014-03-01","EMULSÕES ASF. MOD. POR POLÍMEROS RL1C-E","Piauí","-"]
["2014-04-01","EMULSÕES ASF. MOD. POR POLÍMEROS RL1C-E","Pará","-"]
["2014-05-01","EMULSÕES ASF. MOD. POR POLÍMEROS RL1C-E","Rio Grande do Norte","-"]
["2014-08-01","EMULSÕES ASF. MOD. POR POLÍMEROS RL1C-E","Santa Catarina","-"]
["2014-09-01","EMULSÕES ASF. MOD. POR POLÍMEROS RL1C-E","Sergipe","-"]
["2014-12-01","EMULSÕES ASF. MOD. POR POLÍMEROS RL1C-E","Pernambuco","-"]
["2015-02-01","EMULSÕES ASF. MOD. POR POLÍMEROS RL1C-E","Ceará","-"]
["2015-03-01","EMULSÕES ASF. MOD. POR POLÍMEROS RL1C-E","Mato Grosso do Sul","-"]
["2015-06-01","EMULSÕES ASF. MOD. POR POLÍMEROS RL1C-E","Paraná","-"]
["2015-07-01","EMULSÕES ASF. MOD. POR POLÍMEROS RL1C-E","Piauí","-"]
["2015-09-01","EMULSÕES ASF. MOD. POR POLÍMEROS RL1C-E","Paraná","-"]
["2015-11-01","EMULSÕES ASF. MOD. POR POLÍMEROS RL1C-E","São Paulo","-"]
["2016-01-01","EMULSÕES ASF. MOD. POR POLÍMEROS RL1C-E","Amazonas","-"]
["2016-04-01","EMULSÕES ASF. MOD. POR POLÍMEROS RL1C-E","Espírito Santo","-"]
["2016-05-01","EMULSÕES ASF. MOD. POR POLÍMEROS RL1C-E","Maranhão","-"]
["2016-08-01","EMULSÕES ASF. MOD. POR POLÍMEROS RL1C-E","Pará","-"]
["2016-09-01","EMULSÕES ASF. MOD. POR POLÍMEROS RL1C-E","Rio Grande do Sul","-"]
["2016-10-01","EMULSÕES ASF. MOD. POR POLÍMEROS RL1C-E","Roraima","-"]
["2017-01-01","EMULSÕES ASF. MOD. POR POLÍMEROS RL1C-E","Tocantins","-"]
["2017-03-01","EMULSÕES ASF. MOD. POR POLÍMEROS RL1C-E","Alagoas","-"]
["2017-05-01","EMULSÕES ASF. MOD. POR POLÍMEROS RL1C-E","Minas Gerais","-"]
["2017-07-01","EMULSÕES ASF. MOD. POR POLÍMEROS RL1C-E","Minas Gerais","-"]
["2017-08-01","EMULSÕES ASF. MOD. POR POLÍMEROS RL1C-E","Paraíba","-"]
["2017-11-01","EMULSÕES ASF. MOD. POR POLÍMEROS RL1C-E","Rio de Janeiro","-"]
["2017-12-01","EMULSÕES ASF. MOD. POR POLÍMEROS RL1C-E","Rio Grande do Sul","-"]
["2018-02-01","EMULSÕES ASF. MOD. POR POLÍMEROS RL1C-E","Mato Grosso do Sul","-"]
["2018-05-01","EMULSÕES ASF. MOD. POR POLÍMEROS RL1C-E","Bahia","-"]
["2018-06-01","EMULSÕES ASF. MOD. POR POLÍMEROS RL1C-E","Distrito Federal","-"]
["2018-09-01","EMULSÕES ASF. MOD. POR POLÍMEROS RL1C-E","Mato Grosso","-"]
["2018-10-01","EMULSÕES ASF. MOD. POR POLÍMEROS RL1C-E","Pernambuco","-"]
["2019-01-01","EMULSÕES ASF. MOD. POR POLÍMEROS RL1C-E","Maranhão","-"]
["2019-02-01","EMULSÕES ASF. MOD. POR POLÍMEROS RL1C-E","Santa Catarina","-"]
["2019-03-01","EMULSÕES ASF. MOD. POR POLÍMEROS RL1C-E","Sergipe","-"]
["2019-07-01","EMULSÕES ASF. MOD. POR POLÍMEROS RL1C-E","Amapá","-"]
["2019-08-01","EMULSÕES ASF. MOD. POR POLÍMEROS RL1C-E","Goiás","-"]
["2019-10-01","EMULSÕES ASF. MOD. POR POLÍMEROS RL1C-E","Goiás",2.6594757170087324]
["2019-12-01","EMULSÕES ASF. MOD. POR POLÍMEROS RL1C-E","Paraná","-"]
["2020-01-01","EMULSÕES ASF. MOD. POR POLÍMEROS RL1C-E","Rondônia","-"]
["2020-04-01","EMULSÕES ASF. MOD. POR POLÍMEROS RL1C-E","Rondônia","-"]
["2020-06-01","EMULSÕES ASF. MOD. POR POLÍMEROS RL1C-E","Acre","-"]
["2020-07-01","EMULSÕES ASF. MOD. POR POLÍMEROS RL1C-E","Espírito Santo","-"]
["2020-10-01","EMULSÕES ASF. MOD. POR POLÍMEROS RL1C-E","Espírito Santo","-"]
["2020-11-01","EMULSÕES ASF. MOD. POR POLÍMEROS RL1C-E","Pará","-"]
["2021-02-01","EMULSÕES ASF. MOD. POR POLÍMEROS RL1C-E","Pará","-"]
["2021-03-01","EMULSÕES ASF. MOD. POR POLÍMEROS RL1C-E","Rio Grande do Norte","-"]
["2021-06-01","EMULSÕES ASF. MOD. POR POLÍMEROS RL1C-E","Ceará","-"]
["2021-07-01","EMULSÕES ASF. MOD. POR POLÍMEROS RL1C-E","Tocantins","-"]
["2021-09-01","EMULSÕES ASF. MOD. POR POLÍMEROS RL1C-E","Ceará","-"]
["2021-12-01","EMULSÕES ASF. MOD. POR POLÍMEROS RL1C-E","Ceará","-"]
["2022-01-01","EMULSÕES ASF. MOD. POR POLÍMEROS RL1C-E","Mato Grosso do Sul","-"]
["2022-03-01","EMULSÕES ASF. MOD. POR POLÍMEROS RL1C-E","Paraná","-"]
["2022-05-01","EMULSÕES ASF. MOD. POR POLÍMEROS RL1C-E","Rio de Janeiro","-"]
["2022-06-01","EMULSÕES ASF. MOD. POR POLÍMEROS RL1C-E","São Paulo","-"]
["2022-09-01","EMULSÕES ASF. MOD. POR POLÍMEROS RL1C-E","São Paulo","-"]
["2022-11-01","EMULSÕES ASF. MOD. POR POLÍMEROS RL1C-E","Amazonas","-"]
["2022-12-01","EMULSÕES ASF. MOD. POR POLÍMEROS RL1C-E","Paraíba","-"]
["2023-03-01","EMULSÕES ASF. MOD. POR POLÍMEROS RL1C-E","Mato Grosso","-"]
["2023-04-01","EMULSÕES ASF. MOD. POR POLÍMEROS RL1C-E","Pernambuco","-"]
["2023-07-01","EMULSÕES ASF. MOD. POR POLÍMEROS RL1C-E","Pernambuco","-"]
["2023-08-01","EMULSÕES ASF. MOD. POR POLÍMEROS RL1C-E","Roraima","-"]
["2023-11-01","EMULSÕES ASF. MOD. POR POLÍMEROS RL1C-E","Minas Gerais","-"]
["2024-01-01","EMULSÕES ASF. MOD. POR POLÍMEROS RL1C-E","Amapá","-"]
["2024-02-01","EMULSÕES ASF. MOD. POR POLÍMEROS RL1C-E","Goiás","-"]
["2024-05-01","EMULSÕES ASF. MOD. POR POLÍMEROS RL1C-E","Minas Gerais","-"]
["2024-06-01","EMULSÕES ASF. MOD. POR POLÍMEROS RL1C-E","Paraíba","-"]
["2024-08-01","EMULSÕES ASF. MOD. POR POLÍMEROS RL1C-E","Mato Grosso do Sul","-"]
["2024-10-01","EMULSÕES ASF. MOD. POR POLÍMEROS RL1C-E","Rondônia","-"]
["2024-12-01","EMULSÕES ASF. MOD. POR POLÍMEROS RL1C-E","Acre","-"]
["2025-03-01","EMULSÕES ASF. MOD. POR POLÍMEROS RL1C-E","Bahia","-"]
["2025-04-01","EMULSÕES ASF. MOD. POR POLÍMEROS RL1C-E","Distrito Federal","-"]
["2025-05-01","EMULSÕES ASF. MOD. POR POLÍMEROS RL1C-E","Mato Grosso","-"]
["2013-03-01","EMULSÕES ASF. MOD. POR POLÍMEROS RM1C-E","Piauí","-"]
["2013-04-01","EMULSÕES ASF. MOD. POR POLÍMEROS RM1C-E","Rio Grande do Norte","-"]
["2013-05-01","EMULSÕES ASF. MOD. POR POLÍMEROS RM1C-E","Sergipe","-"]
["2013-08-01","EMULSÕES ASF. MOD. POR POLÍMEROS RM1C-E","Sergipe","-"]
["2013-11-01","EMULSÕES ASF. MOD. POR POLÍMEROS RM1C-E","Goiás","-"]
["2014-01-01","EMULSÕES ASF. MOD. POR POLÍMEROS RM1C-E","Maranhão","-"]
["2014-02-01","EMULSÕES ASF. MOD. POR POLÍMEROS RM1C-E","Mato Grosso do Sul","-"]
["2014-03-01","EMULSÕES ASF. MOD. POR POLÍMEROS RM1C-E","Piauí","-"]
["2014-06-01","EMULSÕES ASF. MOD. POR POLÍMEROS RM1C-E","Piauí","-"]
["2014-08-01","EMULSÕES ASF. MOD. POR POLÍMEROS RM1C-E","Espírito Santo","-"]
["2014-11-01","EMULSÕES ASF. MOD. POR POLÍMEROS RM1C-E","Alagoas","-"]
["2014-12-01","EMULSÕES ASF. MOD. POR POLÍMEROS RM1C-E","Amazonas","-"]
["2015-01-01","EMULSÕES ASF. MOD. POR POLÍMEROS RM1C-E","Maranhão","-"]
["2015-04-01","EMULSÕES ASF. MOD. POR POLÍMEROS RM1C-E","Pará","-"]
["2015-05-01","EMULSÕES ASF. MOD. POR POLÍMEROS RM1C-E","Distrito Federal","-"]
["2015-08-01","EMULSÕES ASF. MOD. POR POLÍMEROS RM1C-E","Rio Grande do Sul","-"]
["2015-09-01","EMULSÕES ASF. MOD. POR POLÍMEROS RM1C-E","Roraima","-"]
["2015-11-01","EMULSÕES ASF. MOD. POR POLÍMEROS RM1C-E","Alagoas","-"]
["2016-02-01","EMULSÕES ASF. MOD. POR POLÍMEROS RM1C-E","Ceará","-"]
["2016-04-01","EMULSÕES ASF. MOD. POR POLÍMEROS RM1C-E","Bahia","-"]
["2016-06-01","EMULSÕES ASF. MOD. POR POLÍMEROS RM1C-E","Minas Gerais","-"]
["2016-07-01","EMULSÕES ASF. MOD. POR POLÍMEROS RM1C-E","Rio de Janeiro","-"]
["2016-08-01","EMULSÕES ASF. MOD. POR POLÍMEROS RM1C-E","Rio Grande do Sul","-"]
["2016-11-01","EMULSÕES ASF. MOD. POR POLÍMEROS RM1C-E","Tocantins","-"]
["2017-01-01","EMULSÕES ASF. MOD. POR POLÍMEROS RM1C-E","Acre","-"]
["2017-04-01","EMULSÕES ASF. MOD. POR POLÍMEROS RM1C-E","Bahia","-"]
["2017-05-01","EMULSÕES ASF. MOD. POR POLÍMEROS RM1C-E","Mato Grosso","-"]
["2017-06-01","EMULSÕES ASF. MOD. POR POLÍMEROS RM1C-E","Minas Gerais","-"]
["2017-08-01","EMULSÕES ASF. MOD. POR POLÍMEROS RM1C-E","Sergipe","-"]
["2017-10-01","EMULSÕES ASF. MOD. POR POLÍMEROS RM1C-E","Rio Grande do Norte","-"]
["2018-01-01","EMULSÕES ASF. MOD. POR POLÍMEROS RM1C-E","Santa Catarina","-"]
["2018-03-01","EMULSÕES ASF. MOD. POR POLÍMEROS RM1C-E","Amapá","-"]
["2018-04-01","EMULSÕES ASF. MOD. POR POLÍMEROS RM1C-E","Bahia","-"]
["2018-05-01","EMULSÕES ASF. MOD. POR POLÍMEROS RM1C-E","São Paulo","-"]
["2018-08-01","EMULSÕES ASF. MOD. POR POLÍMEROS RM1C-E","Paraná","-"]
["2018-11-01","EMULSÕES ASF. MOD. POR POLÍMEROS RM1C-E","Paraná","-"]
["2018-12-01","EMULSÕES ASF. MOD. POR POLÍMEROS RM1C-E","Rondônia","-"]
["2019-01-01","EMULSÕES ASF. MOD. POR POLÍMEROS RM1C-E","Santa Catarina","-"]
["2019-04-01","EMULSÕES ASF. MOD. POR POLÍMEROS RM1C-E","Roraima","-"]
["2019-06-01","EMULSÕES ASF. MOD. POR POLÍMEROS RM1C-E","Espírito Santo","-"]
["2019-09-01","EMULSÕES ASF. MOD. POR POLÍMEROS RM1C-E","Espírito Santo","-"]
["2019-10-01","EMULSÕES ASF. MOD. POR POLÍMEROS RM1C-E","Pará","-"]
["2019-11-01","EMULSÕES ASF. MOD. POR POLÍMEROS RM1C-E","Paraná","-"]
["2020-01-01","EMULSÕES ASF. MOD. POR POLÍMEROS RM1C-E","Rondônia","-"]
["2020-03-01","EMULSÕES ASF. MOD. POR POLÍMEROS RM1C-E","Tocantins","-"]
["2020-06-01","EMULSÕES ASF. MOD. POR POLÍMEROS RM1C-E","Tocantins","-"]
["2020-08-01","EMULSÕES ASF. MOD. POR POLÍMEROS RM1C-E","Ceará","-"]
["2020-09-01","EMULSÕES ASF. MOD. POR POLÍMEROS RM1C-E","Mato Grosso do Sul","-"]
["2020-12-01","EMULSÕES ASF. MOD. POR POLÍMEROS RM1C-E","Rio Grande do Norte","-"]
["2021-01-01","EMULSÕES ASF. MOD. POR POLÍMEROS RM1C-E","Rio de Janeiro","-"]
["2021-02-01","EMULSÕES ASF. MOD. POR POLÍMEROS RM1C-E","Rio Grande do Sul","-"]
["2021-05-01","EMULSÕES ASF. MOD. POR POLÍMEROS RM1C-E","São Paulo","-"]
["2021-07-01","EMULSÕES ASF. MOD. POR POLÍMEROS RM1C-E","Amazonas","-"]
["2021-09-01","EMULSÕES ASF. MOD. POR POLÍMEROS RM1C-E","Rio de Janeiro","-"]
["2021-11-01","EMULSÕES ASF. MOD. POR POLÍMEROS RM1C-E","Mato Grosso","-"]
["2021-12-01","EMULSÕES ASF. MOD. POR POLÍMEROS RM1C-E","Pernambuco","-"]
["2022-03-01","EMULSÕES ASF. MOD. POR POLÍMEROS RM1C-E","Pernambuco","-"]
["2022-04-01","EMULSÕES ASF. MOD. POR POLÍMEROS RM1C-E","Roraima","-"]
["2022-06-01","EMULSÕES ASF. MOD. POR POLÍMEROS RM1C-E","Piauí","-"]
["2022-09-01","EMULSÕES ASF. MOD. POR POLÍMEROS RM1C-E","Amapá","-"]
["2022-10-01","EMULSÕES ASF. MOD. POR POLÍMEROS RM1C-E","Goiás","-"]
["2023-01-01","EMULSÕES ASF. MOD. POR POLÍMEROS RM1C-E","Goiás","-"]
["2023-02-01","EMULSÕES ASF. MOD. POR POLÍMEROS RM1C-E","Paraíba","-"]
["2023-05-01","EMULSÕES ASF. MOD. POR POLÍMEROS RM1C-E","Paraná","-"]
["2023-06-01","EMULSÕES ASF. MOD. POR POLÍMEROS RM1C-E","Rondônia","-"]
["2023-08-01","EMULSÕES ASF. MOD. POR POLÍMEROS RM1C-E","Acre","-"]
["2023-11-01","EMULSÕES ASF. MOD. POR POLÍMEROS RM1C-E","Acre","-"]
["2023-12-01","EMULSÕES ASF. MOD. POR POLÍMEROS RM1C-E","Distrito Federal","-"]
["2024-02-01","EMULSÕES ASF. MOD. POR POLÍMEROS RM1C-E","Sergipe","-"]
["2024-04-01","EMULSÕES ASF. MOD. POR POLÍMEROS RM1C-E","Pará","-"]
["2024-05-01","EMULSÕES ASF. MOD. POR POLÍMEROS RM1C-E","Rio Grande do Norte","-"]
["2024-08-01","EMULSÕES ASF. MOD. POR POLÍMEROS RM1C-E","Rio Grande do Norte","-"]
["2024-09-01","EMULSÕES ASF. MOD. POR POLÍMEROS RM1C-E","Sergipe","-"]
["2024-11-01","EMULSÕES ASF. MOD. POR POLÍMEROS RM1C-E","São Paulo","-"]
["2025-02-01","EMULSÕES ASF. MOD. POR POLÍMEROS RM1C-E","Ceará","-"]
["2025-03-01","EMULSÕES ASF. MOD. POR POLÍMEROS RM1C-E","Mato Grosso do Sul","-"]
["2013-01-01","EMULSÕES ASF. MOD. POR POLÍMEROS RR1C-E","Paraná","-"]
["2013-02-01","EMULSÕES ASF. MOD. POR POLÍMEROS RR1C-E","Piauí","-"]
["2013-03-01","EMULSÕES ASF. MOD. POR POLÍMEROS RR1C-E","Santa Catarina","-"]
["2013-06-01","EMULSÕES ASF. MOD. POR POLÍMEROS RR1C-E","São Paulo","-"]
["2013-08-01","EMULSÕES ASF. MOD. POR POLÍMEROS RR1C-E","Amazonas","-"]
["2013-11-01","EMULSÕES ASF. MOD. POR POLÍMEROS RR1C-E","Espírito Santo","-"]
["2013-12-01","EMULSÕES ASF. MOD. POR POLÍMEROS RR1C-E","Maranhão","-"]
["2014-02-01","EMULSÕES ASF. MOD. POR POLÍMEROS RR1C-E","Rondônia","-"]
["2014-04-01","EMULSÕES ASF. MOD. POR POLÍMEROS RR1C-E","Pernambuco","-"]
["2014-05-01","EMULSÕES ASF. MOD. POR POLÍMEROS RR1C-E","Roraima","-"]
["2014-08-01","EMULSÕES ASF. MOD. POR POLÍMEROS RR1C-E","Tocantins","-"]
["2014-10-01","EMULSÕES ASF. MOD. POR POLÍMEROS RR1C-E","Alagoas","-"]
["2014-11-01","EMULSÕES ASF. MOD. POR POLÍMEROS RR1C-E","Rio Grande do Sul","-"]
["2015-02-01","EMULSÕES ASF. MOD. POR POLÍMEROS RR1C-E","Minas Gerais","-"]
["2015-03-01","EMULSÕES ASF. MOD. POR POLÍMEROS RR1C-E","Paraíba","-"]
["2015-06-01","EMULSÕES ASF. MOD. POR POLÍMEROS RR1C-E","Rio de Janeiro","-"]
["2015-07-01","EMULSÕES ASF. MOD. POR POLÍMEROS RR1C-E","Rio Grande do Sul","-"]
["2015-10-01","EMULSÕES ASF. MOD. POR POLÍMEROS RR1C-E","Rio de Janeiro","-"]
["2015-12-01","EMULSÕES ASF. MOD. POR POLÍMEROS RR1C-E","Bahia","-"]
["2016-01-01","EMULSÕES ASF. MOD. POR POLÍMEROS RR1C-E","Distrito Federal","-"]
["2016-04-01","EMULSÕES ASF. MOD. POR POLÍMEROS RR1C-E","Mato Grosso","-"]
["2016-05-01","EMULSÕES ASF. MOD. POR POLÍMEROS RR1C-E","Minas Gerais","-"]
["2016-07-01","EMULSÕES ASF. MOD. POR POLÍMEROS RR1C-E","Piauí","-"]
["2016-09-01","EMULSÕES ASF. MOD. POR POLÍMEROS RR1C-E","Santa Catarina","-"]
["2016-10-01","EMULSÕES ASF. MOD. POR POLÍMEROS RR1C-E","Sergipe","-"]
["2017-02-01","EMULSÕES ASF. MOD. POR POLÍMEROS RR1C-E","Amapá","-"]
["2017-03-01","EMULSÕES ASF. MOD. POR POLÍMEROS RR1C-E","Goiás","-"]
["2017-04-01","EMULSÕES ASF. MOD. POR POLÍMEROS RR1C-E","Pernambuco","-"]
["2017-07-01","EMULSÕES ASF. MOD. POR POLÍMEROS RR1C-E","Paraná","-"]
["2017-08-01","EMULSÕES ASF. MOD. POR POLÍMEROS RR1C-E","Piauí","-"]
["2017-11-01","EMULSÕES ASF. MOD. POR POLÍMEROS RR1C-E","Rondônia","-"]
["2018-01-01","EMULSÕES ASF. MOD. POR POLÍMEROS RR1C-E","Acre","-"]
["2018-03-01","EMULSÕES ASF. MOD. POR POLÍMEROS RR1C-E","Paraíba","-"]
["2018-05-01","EMULSÕES ASF. MOD. POR POLÍMEROS RR1C-E","Espírito Santo","-"]
["2018-06-01","EMULSÕES ASF. MOD. POR POLÍMEROS RR1C-E","Pará","-"]
["2018-09-01","EMULSÕES ASF. MOD. POR POLÍMEROS RR1C-E","Pará","-"]
["2018-10-01","EMULSÕES ASF. MOD. POR POLÍMEROS RR1C-E","Rio Grande do Norte","-"]
["2018-12-01","EMULSÕES ASF. MOD. POR POLÍMEROS RR1C-E","Pará","-"]
["2019-02-01","EMULSÕES ASF. MOD. POR POLÍMEROS RR1C-E","Tocantins","-"]
["2019-04-01","EMULSÕES ASF. MOD. POR POLÍMEROS RR1C-E","Ceará","-"]
["2019-07-01","EMULSÕES ASF. MOD. POR POLÍMEROS RR1C-E","Ceará","-"]
["2019-08-01","EMULSÕES ASF. MOD. POR POLÍMEROS RR1C-E","Mato Grosso do Sul","-"]
["2019-09-01","EMULSÕES ASF. MOD. POR POLÍMEROS RR1C-E","Minas Gerais","-"]
["2019-12-01","EMULSÕES ASF. MOD. POR POLÍMEROS RR1C-E","Rio de Janeiro","-"]
["2020-01-01","EMULSÕES ASF. MOD. POR POLÍMEROS RR1C-E","São Paulo","-"]
["2020-04-01","EMULSÕES ASF. MOD. POR POLÍMEROS RR1C-E","São Paulo","-"]
["2020-05-01","EMULSÕES ASF. MOD. POR POLÍMEROS RR1C-E","Espírito Santo","-"]
["2020-07-01","EMULSÕES ASF. MOD. POR POLÍMEROS RR1C-E","Mato Grosso","-"]
["2020-10-01","EMULSÕES ASF. MOD. POR POLÍMEROS RR1C-E","Mato Grosso","-"]
["2020-11-01","EMULSÕES ASF. MOD. POR POLÍMEROS RR1C-E","Pernambuco","-"]
["2020-12-01","EMULSÕES ASF. MOD. POR POLÍMEROS RR1C-E","Rio de Janeiro","-"]
["2021-04-01","EMULSÕES ASF. MOD. POR POLÍMEROS RR1C-E","Ceará","-"]
["2021-05-01","EMULSÕES ASF. MOD. POR POLÍMEROS RR1C-E","Amapá","-"]
["2021-08-01","EMULSÕES ASF. MOD. POR POLÍMEROS RR1C-E","Amapá","-"]
["2021-09-01","EMULSÕES ASF. MOD. POR POLÍMEROS RR1C-E","Goiás","-"]
["2021-10-01","EMULSÕES ASF. MOD. POR POLÍMEROS RR1C-E","Mato Grosso","-"]
["2022-01-01","EMULSÕES ASF. MOD. POR POLÍMEROS RR1C-E","Bahia","-"]
["2022-02-01","EMULSÕES ASF. MOD. POR POLÍMEROS RR1C-E","Rondônia","-"]
["2022-05-01","EMULSÕES ASF. MOD. POR POLÍMEROS RR1C-E","Rondônia","-"]
["2022-07-01","EMULSÕES ASF. MOD. POR POLÍMEROS RR1C-E","Acre","-"]
["2022-08-01","EMULSÕES ASF. MOD. POR POLÍMEROS RR1C-E","Distrito Federal","-"]
["2022-10-01","EMULSÕES ASF. MOD. POR POLÍMEROS RR1C-E","Amazonas","-"]
["2022-12-01","EMULSÕES ASF. MOD. POR POLÍMEROS RR1C-E","Pará","-"]
["2023-03-01","EMULSÕES ASF. MOD. POR POLÍMEROS RR1C-E","Pará","-"]
["2023-04-01","EMULSÕES ASF. MOD. POR POLÍMEROS RR1C-E","Rio Grande do Norte","-"]
["2023-05-01","EMULSÕES ASF. MOD. POR POLÍMEROS RR1C-E","Sergipe","-"]
["2023-09-01","EMULSÕES ASF. MOD. POR POLÍMEROS RR1C-E","Alagoas","-"]
["2023-10-01","EMULSÕES ASF. MOD. POR POLÍMEROS RR1C-E","Ceará","-"]
["2024-01-01","EMULSÕES ASF. MOD. POR POLÍMEROS RR1C-E","Maranhão","-"]
["2024-02-01","EMULSÕES ASF. MOD. POR POLÍMEROS RR1C-E","Mato Grosso do Sul","-"]
["2024-03-01","EMULSÕES ASF. MOD. POR POLÍMEROS RR1C-E","Piauí","-"]
["2024-06-01","EMULSÕES ASF. MOD. POR POLÍMEROS RR1C-E","Acre","-"]
["2024-07-01","EMULSÕES ASF. MOD. POR POLÍMEROS RR1C-E","São Paulo","-"]
["2024-11-01","EMULSÕES ASF. MOD. POR POLÍMEROS RR1C-E","Alagoas","-"]
["2024-12-01","EMULSÕES ASF. MOD. POR POLÍMEROS RR1C-E","Amazonas","-"]
["2025-01-01","EMULSÕES ASF. MOD. POR POLÍMEROS RR1C-E","Maranhão","-"]
["2025-02-01","EMULSÕES ASF. MOD. POR POLÍMEROS RR1C-E","Tocantins","-"]
["2025-05-01","EMULSÕES ASF. MOD. POR POLÍMEROS RR1C-E","Pernambuco","-"]
["2013-01-01","EMULSÕES ASF. MOD. POR POLÍMEROS RR2C-E","Roraima","-"]
["2013-04-01","EMULSÕES ASF. MOD. POR POLÍMEROS RR2C-E","Roraima","-"]
["2013-06-01","EMULSÕES ASF. MOD. POR POLÍMEROS RR2C-E","Alagoas","-"]
["2013-09-01","EMULSÕES ASF. MOD. POR POLÍMEROS RR2C-E","Goiás",1.1586538089666121]
["2013-10-01","EMULSÕES ASF. MOD. POR POLÍMEROS RR2C-E","Goiás",1.0979849296537996]
["2013-11-01","EMULSÕES ASF. MOD. POR POLÍMEROS RR2C-E","Paraíba","-"]
["2014-02-01","EMULSÕES ASF. MOD. POR POLÍMEROS RR2C-E","Paraíba","-"]
["2014-03-01","EMULSÕES ASF. MOD. POR POLÍMEROS RR2C-E","Rio Grande do Sul","-"]
["2014-06-01","EMULSÕES ASF. MOD. POR POLÍMEROS RR2C-E","Espírito Santo","-"]
["2014-08-01","EMULSÕES ASF. MOD. POR POLÍMEROS RR2C-E","Acre","-"]
["2014-09-01","EMULSÕES ASF. MOD. POR POLÍMEROS RR2C-E","Distrito Federal","-"]
["2014-12-01","EMULSÕES ASF. MOD. POR POLÍMEROS RR2C-E","Mato Grosso","-"]
["2015-01-01","EMULSÕES ASF. MOD. POR POLÍMEROS RR2C-E","Minas Gerais","-"]
["2015-03-01","EMULSÕES ASF. MOD. POR POLÍMEROS RR2C-E","Distrito Federal","-"]
["2015-05-01","EMULSÕES ASF. MOD. POR POLÍMEROS RR2C-E","Rio Grande do Norte","-"]
["2015-06-01","EMULSÕES ASF. MOD. POR POLÍMEROS RR2C-E","Sergipe","-"]
["2015-10-01","EMULSÕES ASF. MOD. POR POLÍMEROS RR2C-E","Amapá","-"]
["2015-11-01","EMULSÕES ASF. MOD. POR POLÍMEROS RR2C-E","Bahia","-"]
["2016-02-01","EMULSÕES ASF. MOD. POR POLÍMEROS RR2C-E","Bahia","-"]
["2016-03-01","EMULSÕES ASF. MOD. POR POLÍMEROS RR2C-E","Mato Grosso do Sul","-"]
["2016-04-01","EMULSÕES ASF. MOD. POR POLÍMEROS RR2C-E","Piauí","-"]
["2016-07-01","EMULSÕES ASF. MOD. POR POLÍMEROS RR2C-E","Rondônia","-"]
["2016-08-01","EMULSÕES ASF. MOD. POR POLÍMEROS RR2C-E","Santa Catarina","-"]
["2016-11-01","EMULSÕES ASF. MOD. POR POLÍMEROS RR2C-E","Amazonas","-"]
["2017-01-01","EMULSÕES ASF. MOD. POR POLÍMEROS RR2C-E","Espírito Santo","-"]
["2017-02-01","EMULSÕES ASF. MOD. POR POLÍMEROS RR2C-E","Maranhão","-"]
["2017-05-01","EMULSÕES ASF. MOD. POR POLÍMEROS RR2C-E","Pará","-"]
["2017-06-01","EMULSÕES ASF. MOD. POR POLÍMEROS RR2C-E","Paraná","-"]
["2017-08-01","EMULSÕES ASF. MOD. POR POLÍMEROS RR2C-E","Amapá","-"]
["2017-10-01","EMULSÕES ASF. MOD. POR POLÍMEROS RR2C-E","Tocantins","-"]
["2017-12-01","EMULSÕES ASF. MOD. POR POLÍMEROS RR2C-E","Alagoas","-"]
["2018-03-01","EMULSÕES ASF. MOD. POR POLÍMEROS RR2C-E","Ceará","-"]
["2018-04-01","EMULSÕES ASF. MOD. POR POLÍMEROS RR2C-E","Espírito Santo","-"]
["2018-07-01","EMULSÕES ASF. MOD. POR POLÍMEROS RR2C-E","Acre","-"]
["2018-08-01","EMULSÕES ASF. MOD. POR POLÍMEROS RR2C-E","Rio de Janeiro","-"]
["2018-09-01","EMULSÕES ASF. MOD. POR POLÍMEROS RR2C-E","Rio Grande do Sul","-"]
["2018-12-01","EMULSÕES ASF. MOD. POR POLÍMEROS RR2C-E","São Paulo","-"]
["2019-02-01","EMULSÕES ASF. MOD. POR POLÍMEROS RR2C-E","Amazonas","-"]
["2019-03-01","EMULSÕES ASF. MOD. POR POLÍMEROS RR2C-E","Tocantins","-"]
["2019-06-01","EMULSÕES ASF. MOD. POR POLÍMEROS RR2C-E","Mato Grosso",2.7931260005100302]
["2019-07-01","EMULSÕES ASF. MOD. POR POLÍMEROS RR2C-E","Minas Gerais","-"]
["2019-10-01","EMULSÕES ASF. MOD. POR POLÍMEROS RR2C-E","Pernambuco","-"]
["2019-11-01","EMULSÕES ASF. MOD. POR POLÍMEROS RR2C-E","Roraima","-"]
["2019-12-01","EMULSÕES ASF. MOD. POR POLÍMEROS RR2C-E","Sergipe","-"]
["2020-04-01","EMULSÕES ASF. MOD. POR POLÍMEROS RR2C-E","Amapá","-"]
["2020-05-01","EMULSÕES ASF. MOD. POR POLÍMEROS RR2C-E","Goiás","-"]
["2020-08-01","EMULSÕES ASF. MOD. POR POLÍMEROS RR2C-E","Goiás","-"]
["2020-09-01","EMULSÕES ASF. MOD. POR POLÍMEROS RR2C-E","Paraíba","-"]
["2020-11-01","EMULSÕES ASF. MOD. POR POLÍMEROS RR2C-E","Santa Catarina","-"]
["2021-01-01","EMULSÕES ASF. MOD. POR POLÍMEROS RR2C-E","Rondônia","-"]
["2021-03-01","EMULSÕES ASF. MOD. POR POLÍMEROS RR2C-E","Acre","-"]
["2021-06-01","EMULSÕES ASF. MOD. POR POLÍMEROS RR2C-E","Acre","-"]
["2021-07-01","EMULSÕES ASF. MOD. POR POLÍMEROS RR2C-E","Distrito Federal","-"]
["2021-08-01","EMULSÕES ASF. MOD. POR POLÍMEROS RR2C-E","Roraima","-"]
["2021-11-01","EMULSÕES ASF. MOD. POR POLÍMEROS RR2C-E","Pará","-"]
["2021-12-01","EMULSÕES ASF. MOD. POR POLÍMEROS RR2C-E","Rio Grande do Norte","-"]
["2022-03-01","EMULSÕES ASF. MOD. POR POLÍMEROS RR2C-E","Rio Grande do Norte","-"]
["2022-04-01","EMULSÕES ASF. MOD. POR POLÍMEROS RR2C-E","Sergipe","-"]
["2022-06-01","EMULSÕES ASF. MOD. POR POLÍMEROS RR2C-E","Ceará","-"]
["2022-09-01","EMULSÕES ASF. MOD. POR POLÍMEROS RR2C-E","Ceará","-"]
["2022-10-01","EMULSÕES ASF. MOD. POR POLÍMEROS RR2C-E","Mato Grosso do Sul","-"]
["2023-01-01","EMULSÕES ASF. MOD. POR POLÍMEROS RR2C-E","Mato Grosso do Sul","-"]
["2023-02-01","EMULSÕES ASF. MOD. POR POLÍMEROS RR2C-E","Piauí","-"]
["2023-05-01","EMULSÕES ASF. MOD. POR POLÍMEROS RR2C-E","Amazonas","-"]
["2023-06-01","EMULSÕES ASF. MOD. POR POLÍMEROS RR2C-E","São Paulo","-"]
["2023-08-01","EMULSÕES ASF. MOD. POR POLÍMEROS RR2C-E","Amazonas","-"]
["2023-11-01","EMULSÕES ASF. MOD. POR POLÍMEROS RR2C-E","Espírito Santo","-"]
["2023-12-01","EMULSÕES ASF. MOD. POR POLÍMEROS RR2C-E","Maranhão","-"]
["2024-02-01","EMULSÕES ASF. MOD. POR POLÍMEROS RR2C-E","Amapá","-"]
["2024-04-01","EMULSÕES ASF. MOD. POR POLÍMEROS RR2C-E","Pernambuco","-"]
["2024-05-01","EMULSÕES ASF. MOD. POR POLÍMEROS RR2C-E","Roraima","-"]
["2024-08-01","EMULSÕES ASF. MOD. POR POLÍMEROS RR2C-E","Tocantins","-"]
["2024-09-01","EMULSÕES ASF. MOD. POR POLÍMEROS RR2C-E","Pará","-"]
["2024-11-01","EMULSÕES ASF. MOD. POR POLÍMEROS RR2C-E","Goiás","-"]
["2025-02-01","EMULSÕES ASF. MOD. POR POLÍMEROS RR2C-E","Goiás","-"]
["2025-03-01","EMULSÕES ASF. MOD. POR POLÍMEROS RR2C-E","Paraíba","-"]
["2025-04-01","EMULSÕES ASF. MOD. POR POLÍMEROS RR2C-E","Rio Grande do Sul","-"]
["2013-03-01","EMULSÕES ASFÁLTICAS LA-E","Mato Grosso do Sul","-"]
["2013-04-01","EMULSÕES ASFÁLTICAS LA-E","Acre","-"]
["2013-07-01","EMULSÕES ASFÁLTICAS LA-E","Bahia","-"]
["2013-08-01","EMULSÕES ASFÁLTICAS LA-E","Distrito Federal","-"]
["2013-09-01","EMULSÕES ASFÁLTICAS LA-E","Minas Gerais","-"]
["2013-12-01","EMULSÕES ASFÁLTICAS LA-E","Mato Grosso","-"]
["2014-01-01","EMULSÕES ASFÁLTICAS LA-E","Rio Grande do Norte","-"]
["2014-04-01","EMULSÕES ASFÁLTICAS LA-E","Santa Catarina","-"]
["2014-05-01","EMULSÕES ASFÁLTICAS LA-E","Sergipe","-"]
["2014-07-01","EMULSÕES ASFÁLTICAS LA-E","Bahia","-"]
["2014-09-01","EMULSÕES ASFÁLTICAS LA-E","Maranhão","-"]
["2014-11-01","EMULSÕES ASFÁLTICAS LA-E","Mato Grosso do Sul","-"]
["2015-02-01","EMULSÕES ASFÁLTICAS LA-E","Paraná","-"]
["2015-03-01","EMULSÕES ASFÁLTICAS LA-E","Piauí","-"]
["2015-04-01","EMULSÕES ASFÁLTICAS LA-E","Santa Catarina","-"]
["2015-06-01","EMULSÕES ASFÁLTICAS LA-E","Rio Grande do Norte","-"]
["2013-01-01","EMULSÕES ASFÁLTICAS RL-1C","Amazonas","-"]
["2013-04-01","EMULSÕES ASFÁLTICAS RL-1C","Espírito Santo","-"]
["2013-05-01","EMULSÕES ASFÁLTICAS RL-1C","Maranhão","-"]
["2013-06-01","EMULSÕES ASFÁLTICAS RL-1C","Paraná",0.82279901664433319]
["2013-09-01","EMULSÕES ASFÁLTICAS RL-1C","Piauí","-"]
["2013-10-01","EMULSÕES ASFÁLTICAS RL-1C","Roraima","-"]
["2014-01-01","EMULSÕES ASFÁLTICAS RL-1C","Tocantins","-"]
["2014-03-01","EMULSÕES ASFÁLTICAS RL-1C","Ceará",0.91852603679258538]
["2014-04-01","EMULSÕES ASFÁLTICAS RL-1C","Espírito Santo","-"]
["2014-06-01","EMULSÕES ASFÁLTICAS RL-1C","Pernambuco","-"]
["2014-08-01","EMULSÕES ASFÁLTICAS RL-1C","Paraíba","-"]
["2014-11-01","EMULSÕES ASFÁLTICAS RL-1C","Rio de Janeiro",0.97239390229232125]
["2014-12-01","EMULSÕES ASFÁLTICAS RL-1C","São Paulo",1.0665203747032703]
["2015-01-01","EMULSÕES ASFÁLTICAS RL-1C","Tocantins","-"]
["2015-05-01","EMULSÕES ASFÁLTICAS RL-1C","Paraíba","-"]
["2015-06-01","EMULSÕES ASFÁLTICAS RL-1C","Distrito Federal","-"]
["2015-09-01","EMULSÕES ASFÁLTICAS RL-1C","Mato Grosso",1.388036883511403]
["2015-10-01","EMULSÕES ASFÁLTICAS RL-1C","Pernambuco","-"]
["2015-11-01","EMULSÕES ASFÁLTICAS RL-1C","Rio de Janeiro","-"]
["2016-02-01","EMULSÕES ASFÁLTICAS RL-1C","Pará","-"]
["2016-04-01","EMULSÕES ASFÁLTICAS RL-1C","Amapá","-"]
["2016-07-01","EMULSÕES ASFÁLTICAS RL-1C","Amapá","-"]
["2016-08-01","EMULSÕES ASFÁLTICAS RL-1C","Goiás",1.5621892416469076]
["2016-09-01","EMULSÕES ASFÁLTICAS RL-1C","Mato Grosso",1.6512638117213456]
["2016-11-01","EMULSÕES ASFÁLTICAS RL-1C","Minas Gerais",1.2950824993028267]
["2017-01-01","EMULSÕES ASFÁLTICAS RL-1C","Rondônia","-"]
["2017-04-01","EMULSÕES ASFÁLTICAS RL-1C","Rondônia","-"]
["2017-06-01","EMULSÕES ASFÁLTICAS RL-1C","Acre","-"]
["2017-07-01","EMULSÕES ASFÁLTICAS RL-1C","Amapá","-"]
["2017-10-01","EMULSÕES ASFÁLTICAS RL-1C","Mato Grosso",1.4524438268939399]
["2017-11-01","EMULSÕES ASFÁLTICAS RL-1C","Pará","-"]
["2017-12-01","EMULSÕES ASFÁLTICAS RL-1C","Paraná",1.3486730805930756]
["2018-03-01","EMULSÕES ASFÁLTICAS RL-1C","Rio Grande do Norte","-"]
["2018-04-01","EMULSÕES ASFÁLTICAS RL-1C","Sergipe","-"]
["2018-07-01","EMULSÕES ASFÁLTICAS RL-1C","Maranhão","-"]
["2018-09-01","EMULSÕES ASFÁLTICAS RL-1C","Ceará","-"]
["2018-10-01","EMULSÕES ASFÁLTICAS RL-1C","Espírito Santo","-"]
["2019-01-01","EMULSÕES ASFÁLTICAS RL-1C","Mato Grosso do Sul","-"]
["2019-02-01","EMULSÕES ASFÁLTICAS RL-1C","Piauí","-"]
["2019-04-01","EMULSÕES ASFÁLTICAS RL-1C","Goiás",2.2065501092794326]
["2019-06-01","EMULSÕES ASFÁLTICAS RL-1C","São Paulo",1.9909001789341116]
["2019-08-01","EMULSÕES ASFÁLTICAS RL-1C","Amazonas","-"]
["2019-11-01","EMULSÕES ASFÁLTICAS RL-1C","Amazonas","-"]
["2019-12-01","EMULSÕES ASFÁLTICAS RL-1C","Maranhão","-"]
["2020-03-01","EMULSÕES ASFÁLTICAS RL-1C","Distrito Federal","-"]
["2020-04-01","EMULSÕES ASFÁLTICAS RL-1C","Pernambuco","-"]
["2020-05-01","EMULSÕES ASFÁLTICAS RL-1C","Roraima","-"]
["2020-08-01","EMULSÕES ASFÁLTICAS RL-1C","Roraima","-"]
["2020-10-01","EMULSÕES ASFÁLTICAS RL-1C","Alagoas","-"]
["2020-12-01","EMULSÕES ASFÁLTICAS RL-1C","Ceará","-"]
["2021-02-01","EMULSÕES ASFÁLTICAS RL-1C","Goiás","-"]
["2021-03-01","EMULSÕES ASFÁLTICAS RL-1C","Paraíba","-"]
["2021-06-01","EMULSÕES ASFÁLTICAS RL-1C","Paraíba","-"]
["2021-07-01","EMULSÕES ASFÁLTICAS RL-1C","Rio Grande do Sul","-"]
["2021-09-01","EMULSÕES ASFÁLTICAS RL-1C","Paraná",2.5716910033777958]
["2021-12-01","EMULSÕES ASFÁLTICAS RL-1C","Acre","-"]
["2022-01-01","EMULSÕES ASFÁLTICAS RL-1C","Distrito Federal","-"]
["2022-04-01","EMULSÕES ASFÁLTICAS RL-1C","Distrito Federal","-"]
["2022-05-01","EMULSÕES ASFÁLTICAS RL-1C","Minas Gerais",3.1920165805234926]
["2022-08-01","EMULSÕES ASFÁLTICAS RL-1C","Pará","-"]
["2022-09-01","EMULSÕES ASFÁLTICAS RL-1C","Rio Grande do Norte","-"]
["2022-10-01","EMULSÕES ASFÁLTICAS RL-1C","Sergipe","-"]
["2023-02-01","EMULSÕES ASFÁLTICAS RL-1C","Amapá","-"]
["2023-03-01","EMULSÕES ASFÁLTICAS RL-1C","Bahia","-"]
["2023-05-01","EMULSÕES ASFÁLTICAS RL-1C","Minas Gerais",2.5665828301707663]
["2023-07-01","EMULSÕES ASFÁLTICAS RL-1C","Mato Grosso do Sul","-"]
["2023-08-01","EMULSÕES ASFÁLTICAS RL-1C","Piauí","-"]
["2023-11-01","EMULSÕES ASFÁLTICAS RL-1C","Rondônia","-"]
["2023-12-01","EMULSÕES ASFÁLTICAS RL-1C","Santa Catarina","-"]
["2024-02-01","EMULSÕES ASFÁLTICAS RL-1C","Mato Grosso do Sul","-"]
["2024-05-01","EMULSÕES ASFÁLTICAS RL-1C","Amazonas","-"]
["2024-06-01","EMULSÕES ASFÁLTICAS RL-1C","Maranhão","-"]
["2024-09-01","EMULSÕES ASFÁLTICAS RL-1C","Pará","-"]
["2024-10-01","EMULSÕES ASFÁLTICAS RL-1C","Paraná",2.8446912636103105]
["2025-01-01","EMULSÕES ASFÁLTICAS RL-1C","Maranhão","-"]
["2025-02-01","EMULSÕES ASFÁLTICAS RL-1C","Tocantins","-"]
["2025-04-01","EMULSÕES ASFÁLTICAS RL-1C","Alagoas","-"]
["2013-02-01","EMULSÕES ASFÁLTICAS RM-1C","Ceará",0.83735590000000004]
["2013-03-01","EMULSÕES ASFÁLTICAS RM-1C","Rio Grande do Sul",0.91791316631940978]
["2013-04-01","EMULSÕES ASFÁLTICAS RM-1C","Paraíba","-"]
["2013-07-01","EMULSÕES ASFÁLTICAS RM-1C","Rio de Janeiro","-"]
["2013-08-01","EMULSÕES ASFÁLTICAS RM-1C","Rio Grande do Sul",0.99541566369710488]
["2013-11-01","EMULSÕES ASFÁLTICAS RM-1C","São Paulo",0.91844445299999988]
["2013-12-01","EMULSÕES ASFÁLTICAS RM-1C","Rio Grande do Norte","-"]
["2014-02-01","EMULSÕES ASFÁLTICAS RM-1C","Distrito Federal","-"]
["2014-05-01","EMULSÕES ASFÁLTICAS RM-1C","Mato Grosso","-"]
["2014-06-01","EMULSÕES ASFÁLTICAS RM-1C","Minas Gerais","-"]
["2014-09-01","EMULSÕES ASFÁLTICAS RM-1C","Pernambuco","-"]
["2014-10-01","EMULSÕES ASFÁLTICAS RM-1C","Amapá","-"]
["2014-11-01","EMULSÕES ASFÁLTICAS RM-1C","Sergipe","-"]
["2015-03-01","EMULSÕES ASFÁLTICAS RM-1C","Amapá","-"]
["2015-04-01","EMULSÕES ASFÁLTICAS RM-1C","Bahia","-"]
["2015-07-01","EMULSÕES ASFÁLTICAS RM-1C","Goiás","-"]
["2015-09-01","EMULSÕES ASFÁLTICAS RM-1C","Acre","-"]
["2015-09-01","EMULSÕES ASFÁLTICAS RM-1C","Piauí","-"]
["2015-12-01","EMULSÕES ASFÁLTICAS RM-1C","Rondônia","-"]
["2016-02-01","EMULSÕES ASFÁLTICAS RM-1C","Acre","-"]
["2016-05-01","EMULSÕES ASFÁLTICAS RM-1C","Acre","-"]
["2016-05-01","EMULSÕES ASFÁLTICAS RM-1C","Tocantins","-"]
["2016-07-01","EMULSÕES ASFÁLTICAS RM-1C","Maranhão","-"]
["2016-10-01","EMULSÕES ASFÁLTICAS RM-1C","Pará","-"]
["2016-11-01","EMULSÕES ASFÁLTICAS RM-1C","Rio Grande do Norte","-"]
["2017-02-01","EMULSÕES ASFÁLTICAS RM-1C","Rio Grande do Norte","-"]
["2017-02-01","EMULSÕES ASFÁLTICAS RM-1C","Sergipe","-"]
["2017-05-01","EMULSÕES ASFÁLTICAS RM-1C","Alagoas","-"]
["2017-08-01","EMULSÕES ASFÁLTICAS RM-1C","Ceará",1.238789021441866]
["2017-09-01","EMULSÕES ASFÁLTICAS RM-1C","Mato Grosso do Sul","-"]
["2017-10-01","EMULSÕES ASFÁLTICAS RM-1C","Pará","-"]
["2018-01-01","EMULSÕES ASFÁLTICAS RM-1C","Santa Catarina","-"]
["2018-02-01","EMULSÕES ASFÁLTICAS RM-1C","São Paulo",1.2723162705761315]
["2018-05-01","EMULSÕES ASFÁLTICAS RM-1C","São Paulo","-"]
["2018-07-01","EMULSÕES ASFÁLTICAS RM-1C","Amazonas","-"]
["2018-08-01","EMULSÕES ASFÁLTICAS RM-1C","Ceará",1.7096811151967135]
["2018-10-01","EMULSÕES ASFÁLTICAS RM-1C","Roraima","-"]
["2018-12-01","EMULSÕES ASFÁLTICAS RM-1C","Pernambuco","-"]
["2019-03-01","EMULSÕES ASFÁLTICAS RM-1C","Pernambuco","-"]
["2019-04-01","EMULSÕES ASFÁLTICAS RM-1C","Roraima","-"]
["2019-05-01","EMULSÕES ASFÁLTICAS RM-1C","São Paulo",1.8583254638204365]
["2019-07-01","EMULSÕES ASFÁLTICAS RM-1C","Rondônia","-"]
["2019-10-01","EMULSÕES ASFÁLTICAS RM-1C","Goiás",2.328278415008203]
["2020-01-01","EMULSÕES ASFÁLTICAS RM-1C","Goiás","-"]
["2020-02-01","EMULSÕES ASFÁLTICAS RM-1C","Paraíba","-"]
["2020-03-01","EMULSÕES ASFÁLTICAS RM-1C","Rio Grande do Sul","-"]
["2020-06-01","EMULSÕES ASFÁLTICAS RM-1C","Rio Grande do Norte","-"]
["2020-08-01","EMULSÕES ASFÁLTICAS RM-1C","Acre","-"]
["2020-11-01","EMULSÕES ASFÁLTICAS RM-1C","Acre","-"]
["2020-12-01","EMULSÕES ASFÁLTICAS RM-1C","Distrito Federal","-"]
["2021-01-01","EMULSÕES ASFÁLTICAS RM-1C","Minas Gerais",2.0978593224859963]
["2021-03-01","EMULSÕES ASFÁLTICAS RM-1C","Rio de Janeiro","-"]
["2021-05-01","EMULSÕES ASFÁLTICAS RM-1C","Rio Grande do Norte","-"]
["2021-08-01","EMULSÕES ASFÁLTICAS RM-1C","Santa Catarina","-"]
["2021-09-01","EMULSÕES ASFÁLTICAS RM-1C","Sergipe","-"]
["2021-11-01","EMULSÕES ASFÁLTICAS RM-1C","Bahia","-"]
["2022-02-01","EMULSÕES ASFÁLTICAS RM-1C","Pernambuco","-"]
["2022-03-01","EMULSÕES ASFÁLTICAS RM-1C","Mato Grosso do Sul","-"]
["2022-04-01","EMULSÕES ASFÁLTICAS RM-1C","Piauí","-"]
["2022-07-01","EMULSÕES ASFÁLTICAS RM-1C","Piauí","-"]
["2022-08-01","EMULSÕES ASFÁLTICAS RM-1C","Santa Catarina","-"]
["2022-11-01","EMULSÕES ASFÁLTICAS RM-1C","Paraná",2.7933109781714149]
["2023-01-01","EMULSÕES ASFÁLTICAS RM-1C","Amazonas","-"]
["2023-02-01","EMULSÕES ASFÁLTICAS RM-1C","Maranhão","-"]
["2023-05-01","EMULSÕES ASFÁLTICAS RM-1C","Maranhão","-"]
["2023-06-01","EMULSÕES ASFÁLTICAS RM-1C","Paraná",2.5356828934958635]
["2023-08-01","EMULSÕES ASFÁLTICAS RM-1C","Sergipe","-"]
["2023-10-01","EMULSÕES ASFÁLTICAS RM-1C","Roraima","-"]
["2023-12-01","EMULSÕES ASFÁLTICAS RM-1C","Alagoas","-"]
["2024-03-01","EMULSÕES ASFÁLTICAS RM-1C","Alagoas","-"]
["2024-04-01","EMULSÕES ASFÁLTICAS RM-1C","Espírito Santo","-"]
["2024-05-01","EMULSÕES ASFÁLTICAS RM-1C","São Paulo","-"]
["2024-08-01","EMULSÕES ASFÁLTICAS RM-1C","Paraíba","-"]
["2024-09-01","EMULSÕES ASFÁLTICAS RM-1C","Rio Grande do Sul",2.9930419125182488]
["2024-12-01","EMULSÕES ASFÁLTICAS RM-1C","São Paulo","-"]
["2025-01-01","EMULSÕES ASFÁLTICAS RM-1C","Tocantins","-"]
["2025-04-01","EMULSÕES ASFÁLTICAS RM-1C","Roraima","-"]
["2013-01-01","EMULSÕES ASFÁLTICAS RM-2C","Distrito Federal","-"]
["2013-02-01","EMULSÕES ASFÁLTICAS RM-2C","Minas Gerais","-"]
["2013-05-01","EMULSÕES ASFÁLTICAS RM-2C","Pernambuco","-"]
["2013-06-01","EMULSÕES ASFÁLTICAS RM-2C","Rio de Janeiro","-"]
["2013-08-01","EMULSÕES ASFÁLTICAS RM-2C","Rondônia","-"]
["2013-10-01","EMULSÕES ASFÁLTICAS RM-2C","Sergipe","-"]
["2013-12-01","EMULSÕES ASFÁLTICAS RM-2C","Bahia","-"]
["2014-03-01","EMULSÕES ASFÁLTICAS RM-2C","Goiás","-"]
["2014-04-01","EMULSÕES ASFÁLTICAS RM-2C","Mato Grosso","-"]
["2014-05-01","EMULSÕES ASFÁLTICAS RM-2C","Rio Grande do Sul","-"]
["2014-08-01","EMULSÕES ASFÁLTICAS RM-2C","Rondônia","-"]
["2014-09-01","EMULSÕES ASFÁLTICAS RM-2C","Santa Catarina","-"]
["2015-01-01","EMULSÕES ASFÁLTICAS RM-2C","Acre","-"]
["2015-02-01","EMULSÕES ASFÁLTICAS RM-2C","Amapá","-"]
["2015-04-01","EMULSÕES ASFÁLTICAS RM-2C","Rio de Janeiro","-"]
["2015-06-01","EMULSÕES ASFÁLTICAS RM-2C","Pará","-"]
["2015-07-01","EMULSÕES ASFÁLTICAS RM-2C","Paraná","-"]
["2015-10-01","EMULSÕES ASFÁLTICAS RM-2C","Rio Grande do Norte","-"]
["2015-11-01","EMULSÕES ASFÁLTICAS RM-2C","Rondônia","-"]
["2016-01-01","EMULSÕES ASFÁLTICAS RM-2C","Piauí","-"]
["2016-04-01","EMULSÕES ASFÁLTICAS RM-2C","Ceará","-"]
["2016-05-01","EMULSÕES ASFÁLTICAS RM-2C","Espírito Santo","-"]
["2016-08-01","EMULSÕES ASFÁLTICAS RM-2C","Mato Grosso do Sul","-"]
["2016-09-01","EMULSÕES ASFÁLTICAS RM-2C","Minas Gerais","-"]
["2016-12-01","EMULSÕES ASFÁLTICAS RM-2C","Rio de Janeiro","-"]
["2017-01-01","EMULSÕES ASFÁLTICAS RM-2C","São Paulo","-"]
["2017-02-01","EMULSÕES ASFÁLTICAS RM-2C","Tocantins","-"]
["2017-06-01","EMULSÕES ASFÁLTICAS RM-2C","Amazonas","-"]
["2017-08-01","EMULSÕES ASFÁLTICAS RM-2C","Mato Grosso","-"]
["2017-08-01","EMULSÕES ASFÁLTICAS RM-2C","Minas Gerais","-"]
["2017-11-01","EMULSÕES ASFÁLTICAS RM-2C","Pernambuco","-"]
["2017-12-01","EMULSÕES ASFÁLTICAS RM-2C","Roraima","-"]
["2018-03-01","EMULSÕES ASFÁLTICAS RM-2C","Roraima","-"]
["2018-05-01","EMULSÕES ASFÁLTICAS RM-2C","Maranhão","-"]
["2018-06-01","EMULSÕES ASFÁLTICAS RM-2C","Bahia","-"]
["2018-09-01","EMULSÕES ASFÁLTICAS RM-2C","Goiás","-"]
["2018-10-01","EMULSÕES ASFÁLTICAS RM-2C","Paraíba","-"]
["2019-01-01","EMULSÕES ASFÁLTICAS RM-2C","Paraíba","-"]
["2019-02-01","EMULSÕES ASFÁLTICAS RM-2C","Goiás","-"]
["2019-03-01","EMULSÕES ASFÁLTICAS RM-2C","Santa Catarina","-"]
["2019-07-01","EMULSÕES ASFÁLTICAS RM-2C","Acre","-"]
["2019-08-01","EMULSÕES ASFÁLTICAS RM-2C","Distrito Federal","-"]
["2019-11-01","EMULSÕES ASFÁLTICAS RM-2C","Distrito Federal","-"]
["2020-01-01","EMULSÕES ASFÁLTICAS RM-2C","Distrito Federal","-"]
["2020-01-01","EMULSÕES ASFÁLTICAS RM-2C","Rio Grande do Norte","-"]
["2020-04-01","EMULSÕES ASFÁLTICAS RM-2C","Rio Grande do Norte","-"]
["2020-05-01","EMULSÕES ASFÁLTICAS RM-2C","Sergipe","-"]
["2020-08-01","EMULSÕES ASFÁLTICAS RM-2C","Sergipe","-"]
["2020-10-01","EMULSÕES ASFÁLTICAS RM-2C","Ceará","-"]
["2020-11-01","EMULSÕES ASFÁLTICAS RM-2C","Mato Grosso do Sul","-"]
["2021-02-01","EMULSÕES ASFÁLTICAS RM-2C","Mato Grosso do Sul","-"]
["2021-03-01","EMULSÕES ASFÁLTICAS RM-2C","Piauí","-"]
["2021-06-01","EMULSÕES ASFÁLTICAS RM-2C","Rondônia","-"]
["2021-07-01","EMULSÕES ASFÁLTICAS RM-2C","Bahia","-"]
["2021-09-01","EMULSÕES ASFÁLTICAS RM-2C","Amazonas","-"]
["2021-12-01","EMULSÕES ASFÁLTICAS RM-2C","Amazonas","-"]
["2022-01-01","EMULSÕES ASFÁLTICAS RM-2C","Maranhão","-"]
["2022-02-01","EMULSÕES ASFÁLTICAS RM-2C","Paraná","-"]
["2022-06-01","EMULSÕES ASFÁLTICAS RM-2C","Amapá","-"]
["2022-06-01","EMULSÕES ASFÁLTICAS RM-2C","Roraima","-"]
["2022-09-01","EMULSÕES ASFÁLTICAS RM-2C","Roraima","-"]
["2022-11-01","EMULSÕES ASFÁLTICAS RM-2C","Alagoas","-"]
["2022-12-01","EMULSÕES ASFÁLTICAS RM-2C","Espírito Santo","-"]
["2023-03-01","EMULSÕES ASFÁLTICAS RM-2C","Alagoas","-"]
["2023-04-01","EMULSÕES ASFÁLTICAS RM-2C","Paraíba","-"]
["2023-07-01","EMULSÕES ASFÁLTICAS RM-2C","Rio de Janeiro","-"]
["2023-08-01","EMULSÕES ASFÁLTICAS RM-2C","Rio Grande do Sul","-"]
["2023-09-01","EMULSÕES ASFÁLTICAS RM-2C","Tocantins","-"]
["2023-12-01","EMULSÕES ASFÁLTICAS RM-2C","Acre","-"]
["2024-02-01","EMULSÕES ASFÁLTICAS RM-2C","Distrito Federal","-"]
["2024-05-01","EMULSÕES ASFÁLTICAS RM-2C","Mato Grosso","-"]
["2024-06-01","EMULSÕES ASFÁLTICAS RM-2C","Minas Gerais","-"]
["2024-07-01","EMULSÕES ASFÁLTICAS RM-2C","Rio de Janeiro","-"]
["2024-10-01","EMULSÕES ASFÁLTICAS RM-2C","Sergipe","-"]
["2024-11-01","EMULSÕES ASFÁLTICAS RM-2C","Sergipe","-"]
["2025-03-01","EMULSÕES ASFÁLTICAS RM-2C","Amapá","-"]
["2025-04-01","EMULSÕES ASFÁLTICAS RM-2C","Bahia","-"]
["2025-05-01","EMULSÕES ASFÁLTICAS RM-2C","Mato Grosso","-"]
["2013-03-01","EMULSÕES ASFÁLTICAS RR-1C","Goiás","-"]
["2013-04-01","EMULSÕES ASFÁLTICAS RR-1C","Piauí","-"]
["2013-07-01","EMULSÕES ASFÁLTICAS RR-1C","Rondônia","-"]
["2013-08-01","EMULSÕES ASFÁLTICAS RR-1C","Santa Catarina","-"]
["2013-10-01","EMULSÕES ASFÁLTICAS RR-1C","Amapá","-"]
["2013-12-01","EMULSÕES ASFÁLTICAS RR-1C","Espírito Santo","-"]
["2014-02-01","EMULSÕES ASFÁLTICAS RR-1C","Maranhão","-"]
["2014-05-01","EMULSÕES ASFÁLTICAS RR-1C","Pará","-"]
["2014-06-01","EMULSÕES ASFÁLTICAS RR-1C","Rio Grande do Norte","-"]
["2014-07-01","EMULSÕES ASFÁLTICAS RR-1C","Rondônia","-"]
["2014-11-01","EMULSÕES ASFÁLTICAS RR-1C","Ceará",0.92339161702834371]
["2014-12-01","EMULSÕES ASFÁLTICAS RR-1C","Alagoas","-"]
["2015-03-01","EMULSÕES ASFÁLTICAS RR-1C","Ceará",0.9946462822445904]
["2015-04-01","EMULSÕES ASFÁLTICAS RR-1C","Mato Grosso do Sul","-"]
["2015-05-01","EMULSÕES ASFÁLTICAS RR-1C","Pará","-"]
["2015-08-01","EMULSÕES ASFÁLTICAS RR-1C","Bahia","-"]
["2015-09-01","EMULSÕES ASFÁLTICAS RR-1C","Rio Grande do Sul",1.1781145486964102]
["2015-12-01","EMULSÕES ASFÁLTICAS RR-1C","São Paulo",1.1293178053534108]
["2016-02-01","EMULSÕES ASFÁLTICAS RR-1C","Amazonas","-"]
["2016-03-01","EMULSÕES ASFÁLTICAS RR-1C","Ceará",1.2931030628187365]
["2016-05-01","EMULSÕES ASFÁLTICAS RR-1C","Amazonas","-"]
["2016-07-01","EMULSÕES ASFÁLTICAS RR-1C","Pernambuco","-"]
["2016-10-01","EMULSÕES ASFÁLTICAS RR-1C","Pernambuco","-"]
["2016-11-01","EMULSÕES ASFÁLTICAS RR-1C","Roraima","-"]
["2016-12-01","EMULSÕES ASFÁLTICAS RR-1C","São Paulo",1.1125757486737693]
["2017-04-01","EMULSÕES ASFÁLTICAS RR-1C","Alagoas","-"]
["2017-05-01","EMULSÕES ASFÁLTICAS RR-1C","Goiás",1.3458701902790595]
["2017-06-01","EMULSÕES ASFÁLTICAS RR-1C","Mato Grosso",1.2381535345666992]
["2017-09-01","EMULSÕES ASFÁLTICAS RR-1C","Paraíba","-"]
["2017-10-01","EMULSÕES ASFÁLTICAS RR-1C","Pernambuco","-"]
["2018-01-01","EMULSÕES ASFÁLTICAS RR-1C","Acre","-"]
["2018-03-01","EMULSÕES ASFÁLTICAS RR-1C","Acre","-"]
["2018-04-01","EMULSÕES ASFÁLTICAS RR-1C","Amapá","-"]
["2018-07-01","EMULSÕES ASFÁLTICAS RR-1C","Distrito Federal","-"]
["2018-08-01","EMULSÕES ASFÁLTICAS RR-1C","Minas Gerais",1.5443645779512387]
["2018-09-01","EMULSÕES ASFÁLTICAS RR-1C","Tocantins","-"]
["2018-12-01","EMULSÕES ASFÁLTICAS RR-1C","Rio Grande do Norte","-"]
["2019-01-01","EMULSÕES ASFÁLTICAS RR-1C","Rondônia","-"]
["2019-04-01","EMULSÕES ASFÁLTICAS RR-1C","Sergipe","-"]
["2019-06-01","EMULSÕES ASFÁLTICAS RR-1C","Bahia","-"]
["2019-08-01","EMULSÕES ASFÁLTICAS RR-1C","São Paulo",1.806216822540446]
["2019-10-01","EMULSÕES ASFÁLTICAS RR-1C","Mato Grosso do Sul","-"]
["2019-11-01","EMULSÕES ASFÁLTICAS RR-1C","Piauí","-"]
["2020-02-01","EMULSÕES ASFÁLTICAS RR-1C","Piauí","-"]
["2020-04-01","EMULSÕES ASFÁLTICAS RR-1C","Rio Grande do Norte","-"]
["2020-06-01","EMULSÕES ASFÁLTICAS RR-1C","São Paulo",1.7289779602152344]
["2020-08-01","EMULSÕES ASFÁLTICAS RR-1C","Amazonas","-"]
["2020-09-01","EMULSÕES ASFÁLTICAS RR-1C","Maranhão","-"]
["2020-12-01","EMULSÕES ASFÁLTICAS RR-1C","Maranhão","-"]
["2021-01-01","EMULSÕES ASFÁLTICAS RR-1C","Rio de Janeiro","-"]
["2021-04-01","EMULSÕES ASFÁLTICAS RR-1C","Pernambuco","-"]
["2021-05-01","EMULSÕES ASFÁLTICAS RR-1C","Roraima","-"]
["2021-07-01","EMULSÕES ASFÁLTICAS RR-1C","Alagoas","-"]
["2021-10-01","EMULSÕES ASFÁLTICAS RR-1C","Alagoas","-"]
["2021-10-01","EMULSÕES ASFÁLTICAS RR-1C","Piauí","-"]
["2021-12-01","EMULSÕES ASFÁLTICAS RR-1C","Paraíba","-"]
["2022-03-01","EMULSÕES ASFÁLTICAS RR-1C","Paraíba","-"]
["2022-04-01","EMULSÕES ASFÁLTICAS RR-1C","Rio Grande do Sul",3.1162022005218044]
["2022-07-01","EMULSÕES ASFÁLTICAS RR-1C","Rio Grande do Sul","-"]
["2022-09-01","EMULSÕES ASFÁLTICAS RR-1C","Paraná",2.7978895904115273]
["2022-10-01","EMULSÕES ASFÁLTICAS RR-1C","Distrito Federal","-"]
["2023-01-01","EMULSÕES ASFÁLTICAS RR-1C","Distrito Federal","-"]
["2023-02-01","EMULSÕES ASFÁLTICAS RR-1C","Minas Gerais",2.4471286122939104]
["2023-05-01","EMULSÕES ASFÁLTICAS RR-1C","Pernambuco","-"]
["2023-06-01","EMULSÕES ASFÁLTICAS RR-1C","Paraíba","-"]
["2023-07-01","EMULSÕES ASFÁLTICAS RR-1C","Sergipe","-"]
["2023-10-01","EMULSÕES ASFÁLTICAS RR-1C","Sergipe","-"]
["2023-12-01","EMULSÕES ASFÁLTICAS RR-1C","Bahia","-"]
["2024-03-01","EMULSÕES ASFÁLTICAS RR-1C","Goiás",2.4806572375220033]
["2024-05-01","EMULSÕES ASFÁLTICAS RR-1C","Minas Gerais",2.3408227094518854]
["2024-05-01","EMULSÕES ASFÁLTICAS RR-1C","Piauí","-"]
["2024-08-01","EMULSÕES ASFÁLTICAS RR-1C","Piauí","-"]
["2024-09-01","EMULSÕES ASFÁLTICAS RR-1C","Santa Catarina","-"]
["2025-01-01","EMULSÕES ASFÁLTICAS RR-1C","Acre","-"]
["2025-02-01","EMULSÕES ASFÁLTICAS RR-1C","Mato Grosso do Sul","-"]
["2025-03-01","EMULSÕES ASFÁLTICAS RR-1C","Maranhão","-"]
["2013-01-01","EMULSÕES ASFÁLTICAS RR-2C","Pará","-"]
["2013-02-01","EMULSÕES ASFÁLTICAS RR-2C","Paraná",0.8222094703957159]
["2013-05-01","EMULSÕES ASFÁLTICAS RR-2C","Rio Grande do Norte","-"]
["2013-06-01","EMULSÕES ASFÁLTICAS RR-2C","Mato Grosso",1.0353219882556028]
["2013-08-01","EMULSÕES ASFÁLTICAS RR-2C","Alagoas","-"]
["2013-11-01","EMULSÕES ASFÁLTICAS RR-2C","Ceará",0.86775997675323713]
["2013-12-01","EMULSÕES ASFÁLTICAS RR-2C","Espírito Santo","-"]
["2014-03-01","EMULSÕES ASFÁLTICAS RR-2C","Mato Grosso do Sul","-"]
["2014-05-01","EMULSÕES ASFÁLTICAS RR-2C","Goiás",0.97144423991692019]
["2014-05-01","EMULSÕES ASFÁLTICAS RR-2C","Rio Grande do Sul",0.81401167972467181]
["2014-08-01","EMULSÕES ASFÁLTICAS RR-2C","São Paulo",0.843059267377397]
["2014-09-01","EMULSÕES ASFÁLTICAS RR-2C","Tocantins","-"]
["2015-01-01","EMULSÕES ASFÁLTICAS RR-2C","Amazonas","-"]
["2015-02-01","EMULSÕES ASFÁLTICAS RR-2C","Rio de Janeiro",0.89126685132843408]
["2015-03-01","EMULSÕES ASFÁLTICAS RR-2C","Minas Gerais",1.0190944420756316]
["2015-06-01","EMULSÕES ASFÁLTICAS RR-2C","Pernambuco","-"]
["2015-07-01","EMULSÕES ASFÁLTICAS RR-2C","Rio de Janeiro",0.88901236801242245]
["2015-10-01","EMULSÕES ASFÁLTICAS RR-2C","Roraima","-"]
["2015-11-01","EMULSÕES ASFÁLTICAS RR-2C","Piauí","-"]
["2016-01-01","EMULSÕES ASFÁLTICAS RR-2C","Bahia","-"]
["2016-04-01","EMULSÕES ASFÁLTICAS RR-2C","Goiás",1.4879349568823002]
["2016-05-01","EMULSÕES ASFÁLTICAS RR-2C","Paraíba","-"]
["2016-08-01","EMULSÕES ASFÁLTICAS RR-2C","Paraíba","-"]
["2016-08-01","EMULSÕES ASFÁLTICAS RR-2C","Pernambuco","-"]
["2016-10-01","EMULSÕES ASFÁLTICAS RR-2C","Santa Catarina","-"]
["2017-02-01","EMULSÕES ASFÁLTICAS RR-2C","Acre","-"]
["2017-03-01","EMULSÕES ASFÁLTICAS RR-2C","Distrito Federal","-"]
["2017-04-01","EMULSÕES ASFÁLTICAS RR-2C","Goiás","-"]
["2017-07-01","EMULSÕES ASFÁLTICAS RR-2C","Paraíba","-"]
["2017-08-01","EMULSÕES ASFÁLTICAS RR-2C","Paraná",1.2182534125478501]
["2017-11-01","EMULSÕES ASFÁLTICAS RR-2C","Rio Grande do Norte","-"]
["2017-12-01","EMULSÕES ASFÁLTICAS RR-2C","Sergipe","-"]
["2018-02-01","EMULSÕES ASFÁLTICAS RR-2C","Acre","-"]
["2018-04-01","EMULSÕES ASFÁLTICAS RR-2C","Pará","-"]
["2018-06-01","EMULSÕES ASFÁLTICAS RR-2C","Mato Grosso do Sul","-"]
["2018-09-01","EMULSÕES ASFÁLTICAS RR-2C","Mato Grosso do Sul","-"]
["2018-10-01","EMULSÕES ASFÁLTICAS RR-2C","Piauí","-"]
["2018-11-01","EMULSÕES ASFÁLTICAS RR-2C","Rio Grande do Norte","-"]
["2019-03-01","EMULSÕES ASFÁLTICAS RR-2C","Mato Grosso do Sul","-"]
["2019-04-01","EMULSÕES ASFÁLTICAS RR-2C","Amazonas","-"]
["2019-07-01","EMULSÕES ASFÁLTICAS RR-2C","Amazonas","-"]
["2019-08-01","EMULSÕES ASFÁLTICAS RR-2C","Maranhão","-"]
["2019-09-01","EMULSÕES ASFÁLTICAS RR-2C","Mato Grosso do Sul",2.0212051710781149]
["2019-12-01","EMULSÕES ASFÁLTICAS RR-2C","Mato Grosso",2.2897291887223932]
["2020-01-01","EMULSÕES ASFÁLTICAS RR-2C","Roraima","-"]
["2020-04-01","EMULSÕES ASFÁLTICAS RR-2C","Roraima","-"]
["2020-06-01","EMULSÕES ASFÁLTICAS RR-2C","Alagoas","-"]
["2020-07-01","EMULSÕES ASFÁLTICAS RR-2C","Espírito Santo","-"]
["2020-09-01","EMULSÕES ASFÁLTICAS RR-2C","Maranhão","-"]
["2020-11-01","EMULSÕES ASFÁLTICAS RR-2C","Paraíba","-"]
["2021-02-01","EMULSÕES ASFÁLTICAS RR-2C","Paraíba","-"]
["2021-03-01","EMULSÕES ASFÁLTICAS RR-2C","Rio Grande do Sul",2.2315286655825837]
["2021-04-01","EMULSÕES ASFÁLTICAS RR-2C","Tocantins","-"]
["2021-08-01","EMULSÕES ASFÁLTICAS RR-2C","Espírito Santo","-"]
["2021-09-01","EMULSÕES ASFÁLTICAS RR-2C","Distrito Federal","-"]
["2021-10-01","EMULSÕES ASFÁLTICAS RR-2C","Minas Gerais",2.966595656467458]
["2022-01-01","EMULSÕES ASFÁLTICAS RR-2C","Minas Gerais",3.3660400448868071]
["2022-02-01","EMULSÕES ASFÁLTICAS RR-2C","Rio de Janeiro","-"]
["2022-05-01","EMULSÕES ASFÁLTICAS RR-2C","Distrito Federal","-"]
["2022-06-01","EMULSÕES ASFÁLTICAS RR-2C","Sergipe","-"]
["2022-08-01","EMULSÕES ASFÁLTICAS RR-2C","Bahia","-"]
["2022-11-01","EMULSÕES ASFÁLTICAS RR-2C","Bahia","-"]
["2022-12-01","EMULSÕES ASFÁLTICAS RR-2C","Mato Grosso",3.2241272379062216]
["2023-02-01","EMULSÕES ASFÁLTICAS RR-2C","Ceará",2.5076920992678122]
["2023-04-01","EMULSÕES ASFÁLTICAS RR-2C","Piauí","-"]
["2023-05-01","EMULSÕES ASFÁLTICAS RR-2C","Santa Catarina","-"]
["2023-08-01","EMULSÕES ASFÁLTICAS RR-2C","Santa Catarina","-"]
["2023-10-01","EMULSÕES ASFÁLTICAS RR-2C","Acre","-"]
["2023-11-01","EMULSÕES ASFÁLTICAS RR-2C","Pernambuco","-"]
["2023-11-01","EMULSÕES ASFÁLTICAS RR-2C","Piauí","-"]
["2023-11-01","EMULSÕES ASFÁLTICAS RR-2C","Rio de Janeiro","-"]
["2023-11-01","EMULSÕES ASFÁLTICAS RR-2C","Rio Grande do Norte","-"]
["2023-11-01","EMULSÕES ASFÁLTICAS RR-2C","Rio Grande do Sul",2.5783635110054455]
["2023-11-01","EMULSÕES ASFÁLTICAS RR-2C","Rondônia","-"]
["2023-11-01","EMULSÕES ASFÁLTICAS RR-2C","Roraima","-"]
["2023-11-01","EMULSÕES ASFÁLTICAS RR-2C","Santa Catarina","-"]
["2023-11-01","EMULSÕES ASFÁLTICAS RR-2C","São Paulo",2.6756182915104523]
["2023-11-01","EMULSÕES ASFÁLTICAS RR-2C","Sergipe","-"]
["2023-11-01","EMULSÕES ASFÁLTICAS RR-2C","Tocantins",2.9348231951785553]
["2023-12-01","EMULSÕES ASFÁLTICAS RR-2C","Acre","-"]
["2023-12-01","EMULSÕES ASFÁLTICAS RR-2C","Alagoas","-"]
["2023-12-01","EMULSÕES ASFÁLTICAS RR-2C","Amapá","-"]
["2023-12-01","EMULSÕES ASFÁLTICAS RR-2C","Amazonas",4.1145943894461414]
["2023-12-01","EMULSÕES ASFÁLTICAS RR-2C","Bahia","-"]
["2023-12-01","EMULSÕES ASFÁLTICAS RR-2C","Ceará",2.7475801990686466]
["2023-12-01","EMULSÕES ASFÁLTICAS RR-2C","Distrito Federal","-"]
["2023-12-01","EMULSÕES ASFÁLTICAS RR-2C","Espírito Santo","-"]
["2023-12-01","EMULSÕES ASFÁLTICAS RR-2C","Goiás",2.6717929953325639]
["2023-12-01","EMULSÕES ASFÁLTICAS RR-2C","Maranhão","-"]
["2023-12-01","EMULSÕES ASFÁLTICAS RR-2C","Mato Grosso",3.0104911730712773]
["2023-12-01","EMULSÕES ASFÁLTICAS RR-2C","Mato Grosso do Sul",2.9656443701431492]
["2023-12-01","EMULSÕES ASFÁLTICAS RR-2C","Minas Gerais",2.7209441989834149]
["2023-12-01","EMULSÕES ASFÁLTICAS RR-2C","Pará",3.411307497730319]
["2023-12-01","EMULSÕES ASFÁLTICAS RR-2C","Paraíba","-"]
["2023-12-01","EMULSÕES ASFÁLTICAS RR-2C","Paraná",2.5461323789780361]
["2023-12-01","EMULSÕES ASFÁLTICAS RR-2C","Pernambuco","-"]
["2023-12-01","EMULSÕES ASFÁLTICAS RR-2C","Piauí","-"]
["2023-12-01","EMULSÕES ASFÁLTICAS RR-2C","Rio de Janeiro","-"]
["2023-12-01","EMULSÕES ASFÁLTICAS RR-2C","Rio Grande do Norte","-"]
["2023-12-01","EMULSÕES ASFÁLTICAS RR-2C","Rio Grande do Sul",2.7029570010932642]
["2023-12-01","EMULSÕES ASFÁLTICAS RR-2C","Rondônia","-"]
["2023-12-01","EMULSÕES ASFÁLTICAS RR-2C","Roraima","-"]
["2023-12-01","EMULSÕES ASFÁLTICAS RR-2C","Santa Catarina","-"]
["2023-12-01","EMULSÕES ASFÁLTICAS RR-2C","São Paulo",2.6445320735403888]
["2023-12-01","EMULSÕES ASFÁLTICAS RR-2C","Sergipe","-"]
["2023-12-01","EMULSÕES ASFÁLTICAS RR-2C","Tocantins","-"]
["2024-01-01","EMULSÕES ASFÁLTICAS RR-2C","Acre","-"]
["2024-01-01","EMULSÕES ASFÁLTICAS RR-2C","Alagoas","-"]
["2024-01-01","EMULSÕES ASFÁLTICAS RR-2C","Amapá","-"]
["2024-01-01","EMULSÕES ASFÁLTICAS RR-2C","Amazonas",3.3103210363579865]
["2024-01-01","EMULSÕES ASFÁLTICAS RR-2C","Bahia","-"]
["2024-01-01","EMULSÕES ASFÁLTICAS RR-2C","Ceará",2.5316198461333674]
["2024-01-01","EMULSÕES ASFÁLTICAS RR-2C","Distrito Federal","-"]
["2024-01-01","EMULSÕES ASFÁLTICAS RR-2C","Espírito Santo","-"]
["2024-01-01","EMULSÕES ASFÁLTICAS RR-2C","Goiás",2.8743934779916853]
["2024-01-01","EMULSÕES ASFÁLTICAS RR-2C","Maranhão","-"]
["2024-01-01","EMULSÕES ASFÁLTICAS RR-2C","Mato Grosso",3.3977053413212182]
["2024-01-01","EMULSÕES ASFÁLTICAS RR-2C","Mato Grosso do Sul",2.6965374616292785]
["2024-01-01","EMULSÕES ASFÁLTICAS RR-2C","Minas Gerais",2.883351210762831]
["2024-01-01","EMULSÕES ASFÁLTICAS RR-2C","Pará","-"]
["2024-01-01","EMULSÕES ASFÁLTICAS RR-2C","Paraíba","-"]
["2024-01-01","EMULSÕES ASFÁLTICAS RR-2C","Paraná",2.5525240898917181]
["2024-01-01","EMULSÕES ASFÁLTICAS RR-2C","Pernambuco","-"]
["2024-01-01","EMULSÕES ASFÁLTICAS RR-2C","Piauí","-"]
["2024-01-01","EMULSÕES ASFÁLTICAS RR-2C","Rio de Janeiro","-"]
["2024-01-01","EMULSÕES ASFÁLTICAS RR-2C","Rio Grande do Norte","-"]
["2024-01-01","EMULSÕES ASFÁLTICAS RR-2C","Rio Grande do Sul",2.6921488123933446]
["2024-01-01","EMULSÕES ASFÁLTICAS RR-2C","Rondônia","-"]
["2024-01-01","EMULSÕES ASFÁLTICAS RR-2C","Roraima","-"]
["2024-01-01","EMULSÕES ASFÁLTICAS RR-2C","Santa Catarina","-"]
["2024-01-01","EMULSÕES ASFÁLTICAS RR-2C","São Paulo",2.5442266436429466]
["2024-01-01","EMULSÕES ASFÁLTICAS RR-2C","Sergipe","-"]
["2024-01-01","EMULSÕES ASFÁLTICAS RR-2C","Tocantins","-"]
["2024-02-01","EMULSÕES ASFÁLTICAS RR-2C","Acre","-"]
["2024-02-01","EMULSÕES ASFÁLTICAS RR-2C","Alagoas","-"]
["2024-02-01","EMULSÕES ASFÁLTICAS RR-2C","Amapá","-"]
["2024-02-01","EMULSÕES ASFÁLTICAS RR-2C","Amazonas",4.248298290600431]
["2024-02-01","EMULSÕES ASFÁLTICAS RR-2C","Bahia","-"]
["2024-02-01","EMULSÕES ASFÁLTICAS RR-2C","Ceará",2.5191503370752053]
["2024-02-01","EMULSÕES ASFÁLTICAS RR-2C","Distrito Federal","-"]
["2024-02-01","EMULSÕES ASFÁLTICAS RR-2C","Espírito Santo","-"]
["2024-02-01","EMULSÕES ASFÁLTICAS RR-2C","Goiás",2.7966368010781486]
["2024-02-01","EMULSÕES ASFÁLTICAS RR-2C","Maranhão","-"]
["2024-02-01","EMULSÕES ASFÁLTICAS RR-2C","Mato Grosso",3.2252323227304998]
["2024-02-01","EMULSÕES ASFÁLTICAS RR-2C","Mato Grosso do Sul",2.7413912967784442]
["2024-02-01","EMULSÕES ASFÁLTICAS RR-2C","Minas Gerais",2.8778714744049414]
["2024-02-01","EMULSÕES ASFÁLTICAS RR-2C","Pará","-"]
["2024-02-01","EMULSÕES ASFÁLTICAS RR-2C","Paraíba","-"]
["2024-02-01","EMULSÕES ASFÁLTICAS RR-2C","Paraná",2.5623127855214669]
["2024-02-01","EMULSÕES ASFÁLTICAS RR-2C","Pernambuco","-"]
["2024-02-01","EMULSÕES ASFÁLTICAS RR-2C","Piauí","-"]
["2024-02-01","EMULSÕES ASFÁLTICAS RR-2C","Rio de Janeiro","-"]
["2024-02-01","EMULSÕES ASFÁLTICAS RR-2C","Rio Grande do Norte","-"]
["2024-02-01","EMULSÕES ASFÁLTICAS RR-2C","Rio Grande do Sul",2.6175448778485908]
["2024-02-01","EMULSÕES ASFÁLTICAS RR-2C","Rondônia","-"]
["2024-02-01","EMULSÕES ASFÁLTICAS RR-2C","Roraima","-"]
["2024-02-01","EMULSÕES ASFÁLTICAS RR-2C","Santa Catarina","-"]
["2024-02-01","EMULSÕES ASFÁLTICAS RR-2C","São Paulo",2.5935200228370361]
["2024-02-01","EMULSÕES ASFÁLTICAS RR-2C","Sergipe","-"]
["2024-02-01","EMULSÕES ASFÁLTICAS RR-2C","Tocantins","-"]
["2024-03-01","EMULSÕES ASFÁLTICAS RR-2C","Acre","-"]
["2024-03-01","EMULSÕES ASFÁLTICAS RR-2C","Alagoas","-"]
["2024-03-01","EMULSÕES ASFÁLTICAS RR-2C","Amapá","-"]
["2024-03-01","EMULSÕES ASFÁLTICAS RR-2C","Amazonas","-"]
["2024-03-01","EMULSÕES ASFÁLTICAS RR-2C","Bahia","-"]
["2024-03-01","EMULSÕES ASFÁLTICAS RR-2C","Ceará",2.5578626906298965]
["2024-03-01","EMULSÕES ASFÁLTICAS RR-2C","Distrito Federal","-"]
["2024-03-01","EMULSÕES ASFÁLTICAS RR-2C","Espírito Santo","-"]
["2024-03-01","EMULSÕES ASFÁLTICAS RR-2C","Goiás",2.5324859114087368]
["2024-03-01","EMULSÕES ASFÁLTICAS RR-2C","Maranhão","-"]
["2024-03-01","EMULSÕES ASFÁLTICAS RR-2C","Mato Grosso",3.2142033314018912]
["2024-03-01","EMULSÕES ASFÁLTICAS RR-2C","Mato Grosso do Sul",2.7213220198489489]
["2024-03-01","EMULSÕES ASFÁLTICAS RR-2C","Minas Gerais",2.8376833700606432]
["2024-03-01","EMULSÕES ASFÁLTICAS RR-2C","Pará","-"]
["2024-03-01","EMULSÕES ASFÁLTICAS RR-2C","Paraíba","-"]
["2024-03-01","EMULSÕES ASFÁLTICAS RR-2C","Paraná",2.5798154599222438]
["2024-03-01","EMULSÕES ASFÁLTICAS RR-2C","Pernambuco","-"]
["2024-03-01","EMULSÕES ASFÁLTICAS RR-2C","Piauí","-"]
["2024-03-01","EMULSÕES ASFÁLTICAS RR-2C","Rio de Janeiro","-"]
["2024-03-01","EMULSÕES ASFÁLTICAS RR-2C","Rio Grande do Norte","-"]
["2024-03-01","EMULSÕES ASFÁLTICAS RR-2C","Rio Grande do Sul",2.7020602859145755]
["2024-03-01","EMULSÕES ASFÁLTICAS RR-2C","Rondônia","-"]
["2024-03-01","EMULSÕES ASFÁLTICAS RR-2C","Roraima","-"]
["2024-03-01","EMULSÕES ASFÁLTICAS RR-2C","Santa Catarina","-"]
["2024-03-01","EMULSÕES ASFÁLTICAS RR-2C","São Paulo",2.6075844973272346]
["2024-03-01","EMULSÕES ASFÁLTICAS RR-2C","Sergipe","-"]
["2024-03-01","EMULSÕES ASFÁLTICAS RR-2C","Tocantins","-"]
["2024-04-01","EMULSÕES ASFÁLTICAS RR-2C","Acre","-"]
["2024-04-01","EMULSÕES ASFÁLTICAS RR-2C","Alagoas","-"]
["2024-04-01","EMULSÕES ASFÁLTICAS RR-2C","Amapá","-"]
["2024-04-01","EMULSÕES ASFÁLTICAS RR-2C","Amazonas",3.7511368882569718]
["2024-04-01","EMULSÕES ASFÁLTICAS RR-2C","Bahia","-"]
["2024-04-01","EMULSÕES ASFÁLTICAS RR-2C","Ceará",2.4431961177829522]
["2024-04-01","EMULSÕES ASFÁLTICAS RR-2C","Distrito Federal","-"]
["2024-04-01","EMULSÕES ASFÁLTICAS RR-2C","Espírito Santo","-"]
["2024-04-01","EMULSÕES ASFÁLTICAS RR-2C","Goiás",2.7740328979051507]
["2024-04-01","EMULSÕES ASFÁLTICAS RR-2C","Maranhão","-"]
["2024-04-01","EMULSÕES ASFÁLTICAS RR-2C","Mato Grosso",3.1649247101118183]
["2024-04-01","EMULSÕES ASFÁLTICAS RR-2C","Mato Grosso do Sul",2.8315529823361829]
["2024-04-01","EMULSÕES ASFÁLTICAS RR-2C","Minas Gerais",2.7707079564980783]
["2024-04-01","EMULSÕES ASFÁLTICAS RR-2C","Pará",3.1069607352468673]
["2024-04-01","EMULSÕES ASFÁLTICAS RR-2C","Paraíba","-"]
["2024-04-01","EMULSÕES ASFÁLTICAS RR-2C","Paraná",2.6175822397737041]
["2024-04-01","EMULSÕES ASFÁLTICAS RR-2C","Pernambuco","-"]
["2024-04-01","EMULSÕES ASFÁLTICAS RR-2C","Piauí","-"]
["2024-04-01","EMULSÕES ASFÁLTICAS RR-2C","Rio de Janeiro",3.5237229523208082]
["2024-04-01","EMULSÕES ASFÁLTICAS RR-2C","Rio Grande do Norte","-"]
["2024-04-01","EMULSÕES ASFÁLTICAS RR-2C","Rio Grande do Sul",2.6639191472647439]
["2024-04-01","EMULSÕES ASFÁLTICAS RR-2C","Rondônia","-"]
["2024-04-01","EMULSÕES ASFÁLTICAS RR-2C","Roraima","-"]
["2024-04-01","EMULSÕES ASFÁLTICAS RR-2C","Santa Catarina","-"]
["2024-04-01","EMULSÕES ASFÁLTICAS RR-2C","São Paulo",2.6381143848607365]
["2024-04-01","EMULSÕES ASFÁLTICAS RR-2C","Sergipe","-"]
["2024-04-01","EMULSÕES ASFÁLTICAS RR-2C","Tocantins","-"]
["2024-05-01","EMULSÕES ASFÁLTICAS RR-2C","Acre","-"]
["2024-05-01","EMULSÕES ASFÁLTICAS RR-2C","Alagoas","-"]
["2024-05-01","EMULSÕES ASFÁLTICAS RR-2C","Amapá","-"]
["2024-05-01","EMULSÕES ASFÁLTICAS RR-2C","Amazonas",3.0822955853357281]
["2024-05-01","EMULSÕES ASFÁLTICAS RR-2C","Bahia","-"]
["2024-05-01","EMULSÕES ASFÁLTICAS RR-2C","Ceará",2.5255827216631612]
["2024-05-01","EMULSÕES ASFÁLTICAS RR-2C","Distrito Federal","-"]
["2024-05-01","EMULSÕES ASFÁLTICAS RR-2C","Espírito Santo","-"]
["2024-05-01","EMULSÕES ASFÁLTICAS RR-2C","Goiás",2.7231072303771042]
["2024-05-01","EMULSÕES ASFÁLTICAS RR-2C","Maranhão","-"]
["2024-05-01","EMULSÕES ASFÁLTICAS RR-2C","Mato Grosso",3.3375436107294689]
["2024-05-01","EMULSÕES ASFÁLTICAS RR-2C","Mato Grosso do Sul","-"]
["2024-05-01","EMULSÕES ASFÁLTICAS RR-2C","Minas Gerais",2.6237363909337859]
["2024-05-01","EMULSÕES ASFÁLTICAS RR-2C","Pará","-"]
["2024-05-01","EMULSÕES ASFÁLTICAS RR-2C","Paraíba","-"]
["2024-05-01","EMULSÕES ASFÁLTICAS RR-2C","Paraná",2.7211145833023855]
["2024-05-01","EMULSÕES ASFÁLTICAS RR-2C","Pernambuco","-"]
["2024-05-01","EMULSÕES ASFÁLTICAS RR-2C","Piauí","-"]
["2024-05-01","EMULSÕES ASFÁLTICAS RR-2C","Rio de Janeiro","-"]
["2024-05-01","EMULSÕES ASFÁLTICAS RR-2C","Rio Grande do Norte","-"]
["2024-05-01","EMULSÕES ASFÁLTICAS RR-2C","Rio Grande do Sul",2.8027101717490357]
["2024-05-01","EMULSÕES ASFÁLTICAS RR-2C","Rondônia","-"]
["2024-05-01","EMULSÕES ASFÁLTICAS RR-2C","Roraima","-"]
["2024-05-01","EMULSÕES ASFÁLTICAS RR-2C","Santa Catarina","-"]
["2024-05-01","EMULSÕES ASFÁLTICAS RR-2C","São Paulo",2.6727297338456282]
["2024-05-01","EMULSÕES ASFÁLTICAS RR-2C","Sergipe","-"]
["2024-05-01","EMULSÕES ASFÁLTICAS RR-2C","Tocantins",2.6018508264547027]
["2024-06-01","EMULSÕES ASFÁLTICAS RR-2C","Acre","-"]
["2024-06-01","EMULSÕES ASFÁLTICAS RR-2C","Alagoas","-"]
["2024-06-01","EMULSÕES ASFÁLTICAS RR-2C","Amapá","-"]
["2024-06-01","EMULSÕES ASFÁLTICAS RR-2C","Amazonas",3.6174371874171607]
["2024-06-01","EMULSÕES ASFÁLTICAS RR-2C","Bahia","-"]
["2024-06-01","EMULSÕES ASFÁLTICAS RR-2C","Ceará",2.4765828477621596]
["2024-06-01","EMULSÕES ASFÁLTICAS RR-2C","Distrito Federal","-"]
["2024-06-01","EMULSÕES ASFÁLTICAS RR-2C","Espírito Santo","-"]
["2024-06-01","EMULSÕES ASFÁLTICAS RR-2C","Goiás",2.6707784420782139]
["2024-06-01","EMULSÕES ASFÁLTICAS RR-2C","Maranhão","-"]
["2024-06-01","EMULSÕES ASFÁLTICAS RR-2C","Mato Grosso",3.3365856866443457]
["2024-06-01","EMULSÕES ASFÁLTICAS RR-2C","Mato Grosso do Sul",2.7696491527122413]
["2024-06-01","EMULSÕES ASFÁLTICAS RR-2C","Minas Gerais",2.5708771586892714]
["2024-06-01","EMULSÕES ASFÁLTICAS RR-2C","Pará",3.2725561302628736]
["2024-06-01","EMULSÕES ASFÁLTICAS RR-2C","Paraíba","-"]
["2024-06-01","EMULSÕES ASFÁLTICAS RR-2C","Paraná",2.7801035095338702]
["2024-06-01","EMULSÕES ASFÁLTICAS RR-2C","Pernambuco","-"]
["2024-06-01","EMULSÕES ASFÁLTICAS RR-2C","Piauí","-"]
["2024-06-01","EMULSÕES ASFÁLTICAS RR-2C","Rio de Janeiro","-"]
["2024-06-01","EMULSÕES ASFÁLTICAS RR-2C","Rio Grande do Norte","-"]
["2024-06-01","EMULSÕES ASFÁLTICAS RR-2C","Rio Grande do Sul",2.8323497688896473]
["2024-06-01","EMULSÕES ASFÁLTICAS RR-2C","Rondônia","-"]
["2024-06-01","EMULSÕES ASFÁLTICAS RR-2C","Roraima","-"]
["2024-06-01","EMULSÕES ASFÁLTICAS RR-2C","Santa Catarina","-"]
["2024-06-01","EMULSÕES ASFÁLTICAS RR-2C","São Paulo",2.6132436865777655]
["2024-06-01","EMULSÕES ASFÁLTICAS RR-2C","Sergipe","-"]
["2024-06-01","EMULSÕES ASFÁLTICAS RR-2C","Tocantins",2.6162712158642951]
["2024-07-01","EMULSÕES ASFÁLTICAS RR-2C","Acre","-"]
["2024-07-01","EMULSÕES ASFÁLTICAS RR-2C","Alagoas","-"]
["2024-07-01","EMULSÕES ASFÁLTICAS RR-2C","Amapá","-"]
["2024-07-01","EMULSÕES ASFÁLTICAS RR-2C","Amazonas",3.6097103889455915]
["2024-07-01","EMULSÕES ASFÁLTICAS RR-2C","Bahia","-"]
["2024-07-01","EMULSÕES ASFÁLTICAS RR-2C","Ceará",2.6963978739691052]
["2024-07-01","EMULSÕES ASFÁLTICAS RR-2C","Distrito Federal","-"]
["2024-07-01","EMULSÕES ASFÁLTICAS RR-2C","Espírito Santo","-"]
["2024-07-01","EMULSÕES ASFÁLTICAS RR-2C","Goiás",2.887972464140856]
["2024-07-01","EMULSÕES ASFÁLTICAS RR-2C","Maranhão","-"]
["2024-07-01","EMULSÕES ASFÁLTICAS RR-2C","Mato Grosso",3.3975805975907254]
["2024-07-01","EMULSÕES ASFÁLTICAS RR-2C","Mato Grosso do Sul",2.9021389342926072]
["2024-07-01","EMULSÕES ASFÁLTICAS RR-2C","Minas Gerais",2.7498110056438207]
["2024-07-01","EMULSÕES ASFÁLTICAS RR-2C","Pará",3.3322321332470461]
["2024-07-01","EMULSÕES ASFÁLTICAS RR-2C","Paraíba","-"]
["2024-07-01","EMULSÕES ASFÁLTICAS RR-2C","Paraná",2.7171109121095545]
["2024-07-01","EMULSÕES ASFÁLTICAS RR-2C","Pernambuco","-"]
["2024-07-01","EMULSÕES ASFÁLTICAS RR-2C","Piauí","-"]
["2024-07-01","EMULSÕES ASFÁLTICAS RR-2C","Rio de Janeiro","-"]
["2024-07-01","EMULSÕES ASFÁLTICAS RR-2C","Rio Grande do Norte","-"]
["2024-07-01","EMULSÕES ASFÁLTICAS RR-2C","Rio Grande do Sul",2.7370878896555992]
["2024-07-01","EMULSÕES ASFÁLTICAS RR-2C","Rondônia","-"]
["2024-07-01","EMULSÕES ASFÁLTICAS RR-2C","Roraima","-"]
["2024-07-01","EMULSÕES ASFÁLTICAS RR-2C","Santa Catarina","-"]
["2024-07-01","EMULSÕES ASFÁLTICAS RR-2C","São Paulo",2.6712965257213921]
["2024-07-01","EMULSÕES ASFÁLTICAS RR-2C","Sergipe","-"]
["2024-07-01","EMULSÕES ASFÁLTICAS RR-2C","Tocantins","-"]
["2024-08-01","EMULSÕES ASFÁLTICAS RR-2C","Acre","-"]
["2024-08-01","EMULSÕES ASFÁLTICAS RR-2C","Alagoas","-"]
["2024-08-01","EMULSÕES ASFÁLTICAS RR-2C","Amapá","-"]
["2024-08-01","EMULSÕES ASFÁLTICAS RR-2C","Amazonas",3.7167684598189226]
["2024-08-01","EMULSÕES ASFÁLTICAS RR-2C","Bahia","-"]
["2024-08-01","EMULSÕES ASFÁLTICAS RR-2C","Ceará",2.9319981180080328]
["2024-08-01","EMULSÕES ASFÁLTICAS RR-2C","Distrito Federal","-"]
["2024-08-01","EMULSÕES ASFÁLTICAS RR-2C","Espírito Santo","-"]
["2024-08-01","EMULSÕES ASFÁLTICAS RR-2C","Goiás",3.1093833903759136]
["2024-08-01","EMULSÕES ASFÁLTICAS RR-2C","Maranhão","-"]
["2024-08-01","EMULSÕES ASFÁLTICAS RR-2C","Mato Grosso",3.6145547742165944]
["2024-08-01","EMULSÕES ASFÁLTICAS RR-2C","Mato Grosso do Sul",3.0576996689655203]
["2024-08-01","EMULSÕES ASFÁLTICAS RR-2C","Minas Gerais",2.9042762650728773]
["2024-08-01","EMULSÕES ASFÁLTICAS RR-2C","Pará","-"]
["2024-08-01","EMULSÕES ASFÁLTICAS RR-2C","Paraíba","-"]
["2024-08-01","EMULSÕES ASFÁLTICAS RR-2C","Paraná",2.8424804493779536]
["2024-08-01","EMULSÕES ASFÁLTICAS RR-2C","Pernambuco","-"]
["2024-08-01","EMULSÕES ASFÁLTICAS RR-2C","Piauí","-"]
["2024-08-01","EMULSÕES ASFÁLTICAS RR-2C","Rio de Janeiro","-"]
["2024-08-01","EMULSÕES ASFÁLTICAS RR-2C","Rio Grande do Norte","-"]
["2024-08-01","EMULSÕES ASFÁLTICAS RR-2C","Rio Grande do Sul",3.0251242014816602]
["2024-08-01","EMULSÕES ASFÁLTICAS RR-2C","Rondônia","-"]
["2024-08-01","EMULSÕES ASFÁLTICAS RR-2C","Roraima","-"]
["2024-08-01","EMULSÕES ASFÁLTICAS RR-2C","Santa Catarina","-"]
["2024-08-01","EMULSÕES ASFÁLTICAS RR-2C","São Paulo",2.8835825802647155]
["2024-08-01","EMULSÕES ASFÁLTICAS RR-2C","Sergipe","-"]
["2024-08-01","EMULSÕES ASFÁLTICAS RR-2C","Tocantins","-"]
["2024-09-01","EMULSÕES ASFÁLTICAS RR-2C","Acre","-"]
["2024-09-01","EMULSÕES ASFÁLTICAS RR-2C","Alagoas","-"]
["2024-09-01","EMULSÕES ASFÁLTICAS RR-2C","Amapá","-"]
["2024-09-01","EMULSÕES ASFÁLTICAS RR-2C","Amazonas",3.7669466711173283]
["2024-09-01","EMULSÕES ASFÁLTICAS RR-2C","Bahia","-"]
["2024-09-01","EMULSÕES ASFÁLTICAS RR-2C","Ceará",2.9815032420333871]
["2024-09-01","EMULSÕES ASFÁLTICAS RR-2C","Distrito Federal","-"]
["2024-09-01","EMULSÕES ASFÁLTICAS RR-2C","Espírito Santo","-"]
["2024-09-01","EMULSÕES ASFÁLTICAS RR-2C","Goiás",3.1728315321708149]
["2024-09-01","EMULSÕES ASFÁLTICAS RR-2C","Maranhão","-"]
["2024-09-01","EMULSÕES ASFÁLTICAS RR-2C","Mato Grosso",3.6788867086147468]
["2024-09-01","EMULSÕES ASFÁLTICAS RR-2C","Mato Grosso do Sul",3.0437109573928978]
["2024-09-01","EMULSÕES ASFÁLTICAS RR-2C","Minas Gerais",3.038439807286037]
["2024-09-01","EMULSÕES ASFÁLTICAS RR-2C","Pará",3.6177675105210207]
["2024-09-01","EMULSÕES ASFÁLTICAS RR-2C","Paraíba","-"]
["2024-09-01","EMULSÕES ASFÁLTICAS RR-2C","Paraná",2.8928732638756705]
["2024-09-01","EMULSÕES ASFÁLTICAS RR-2C","Pernambuco","-"]
["2024-09-01","EMULSÕES ASFÁLTICAS RR-2C","Piauí","-"]
["2024-09-01","EMULSÕES ASFÁLTICAS RR-2C","Rio de Janeiro","-"]
["2024-09-01","EMULSÕES ASFÁLTICAS RR-2C","Rio Grande do Norte","-"]
["2024-09-01","EMULSÕES ASFÁLTICAS RR-2C","Rio Grande do Sul",3.0536158411214958]
["2024-09-01","EMULSÕES ASFÁLTICAS RR-2C","Rondônia","-"]
["2024-09-01","EMULSÕES ASFÁLTICAS RR-2C","Roraima","-"]
["2024-09-01","EMULSÕES ASFÁLTICAS RR-2C","Santa Catarina","-"]
["2024-09-01","EMULSÕES ASFÁLTICAS RR-2C","São Paulo",2.7804167300147542]
["2024-09-01","EMULSÕES ASFÁLTICAS RR-2C","Sergipe","-"]
["2024-09-01","EMULSÕES ASFÁLTICAS RR-2C","Tocantins","-"]
["2024-10-01","EMULSÕES ASFÁLTICAS RR-2C","Acre","-"]
["2024-10-01","EMULSÕES ASFÁLTICAS RR-2C","Alagoas","-"]
["2024-10-01","EMULSÕES ASFÁLTICAS RR-2C","Amapá","-"]
["2024-10-01","EMULSÕES ASFÁLTICAS RR-2C","Amazonas",3.6771327456008489]
["2024-10-01","EMULSÕES ASFÁLTICAS RR-2C","Bahia","-"]
["2024-10-01","EMULSÕES ASFÁLTICAS RR-2C","Ceará",2.9769619317271609]
["2024-10-01","EMULSÕES ASFÁLTICAS RR-2C","Distrito Federal","-"]
["2024-10-01","EMULSÕES ASFÁLTICAS RR-2C","Espírito Santo","-"]
["2024-10-01","EMULSÕES ASFÁLTICAS RR-2C","Goiás",3.2752482228782842]
["2024-10-01","EMULSÕES ASFÁLTICAS RR-2C","Maranhão","-"]
["2024-10-01","EMULSÕES ASFÁLTICAS RR-2C","Mato Grosso",3.6153061390132621]
["2024-10-01","EMULSÕES ASFÁLTICAS RR-2C","Mato Grosso do Sul",2.9575083011714107]
["2024-10-01","EMULSÕES ASFÁLTICAS RR-2C","Minas Gerais",3.1673859790792274]
["2024-10-01","EMULSÕES ASFÁLTICAS RR-2C","Pará","-"]
["2024-10-01","EMULSÕES ASFÁLTICAS RR-2C","Paraíba","-"]
["2024-10-01","EMULSÕES ASFÁLTICAS RR-2C","Paraná",2.87044468331095]
["2024-10-01","EMULSÕES ASFÁLTICAS RR-2C","Pernambuco","-"]
["2024-10-01","EMULSÕES ASFÁLTICAS RR-2C","Piauí","-"]
["2024-10-01","EMULSÕES ASFÁLTICAS RR-2C","Rio de Janeiro","-"]
["2024-10-01","EMULSÕES ASFÁLTICAS RR-2C","Rio Grande do Norte","-"]
["2024-10-01","EMULSÕES ASFÁLTICAS RR-2C","Rio Grande do Sul",2.9854265660295387]
["2024-10-01","EMULSÕES ASFÁLTICAS RR-2C","Rondônia","-"]
["2024-10-01","EMULSÕES ASFÁLTICAS RR-2C","Roraima","-"]
["2024-10-01","EMULSÕES ASFÁLTICAS RR-2C","Santa Catarina","-"]
["2024-10-01","EMULSÕES ASFÁLTICAS RR-2C","São Paulo",2.9374833750946445]
["2024-10-01","EMULSÕES ASFÁLTICAS RR-2C","Sergipe","-"]
["2024-10-01","EMULSÕES ASFÁLTICAS RR-2C","Tocantins",2.9473726121218999]
["2024-11-01","EMULSÕES ASFÁLTICAS RR-2C","Acre","-"]
["2024-11-01","EMULSÕES ASFÁLTICAS RR-2C","Alagoas","-"]
["2024-11-01","EMULSÕES ASFÁLTICAS RR-2C","Amapá","-"]
["2024-11-01","EMULSÕES ASFÁLTICAS RR-2C","Amazonas",4.524442265627723]
["2024-11-01","EMULSÕES ASFÁLTICAS RR-2C","Bahia","-"]
["2024-11-01","EMULSÕES ASFÁLTICAS RR-2C","Ceará",3.064454442651285]
["2024-11-01","EMULSÕES ASFÁLTICAS RR-2C","Distrito Federal","-"]
["2024-11-01","EMULSÕES ASFÁLTICAS RR-2C","Espírito Santo","-"]
["2024-11-01","EMULSÕES ASFÁLTICAS RR-2C","Goiás",3.3744382829441091]
["2024-11-01","EMULSÕES ASFÁLTICAS RR-2C","Maranhão","-"]
["2024-11-01","EMULSÕES ASFÁLTICAS RR-2C","Mato Grosso",3.8069167200142862]
["2024-11-01","EMULSÕES ASFÁLTICAS RR-2C","Mato Grosso do Sul","-"]
["2024-11-01","EMULSÕES ASFÁLTICAS RR-2C","Minas Gerais",2.9325243112044515]
["2024-11-01","EMULSÕES ASFÁLTICAS RR-2C","Pará","-"]
["2024-11-01","EMULSÕES ASFÁLTICAS RR-2C","Paraíba","-"]
["2024-11-01","EMULSÕES ASFÁLTICAS RR-2C","Paraná",2.8053454704233438]
["2024-11-01","EMULSÕES ASFÁLTICAS RR-2C","Pernambuco","-"]
["2024-11-01","EMULSÕES ASFÁLTICAS RR-2C","Piauí","-"]
["2024-11-01","EMULSÕES ASFÁLTICAS RR-2C","Rio de Janeiro","-"]
["2024-11-01","EMULSÕES ASFÁLTICAS RR-2C","Rio Grande do Norte","-"]
["2024-11-01","EMULSÕES ASFÁLTICAS RR-2C","Rio Grande do Sul","-"]
["2024-11-01","EMULSÕES ASFÁLTICAS RR-2C","Rondônia","-"]
["2024-11-01","EMULSÕES ASFÁLTICAS RR-2C","Roraima","-"]
["2024-11-01","EMULSÕES ASFÁLTICAS RR-2C","Santa Catarina","-"]
["2024-11-01","EMULSÕES ASFÁLTICAS RR-2C","São Paulo",2.8825418315796179]
["2024-11-01","EMULSÕES ASFÁLTICAS RR-2C","Sergipe","-"]
["2024-11-01","EMULSÕES ASFÁLTICAS RR-2C","Tocantins",2.9658288998809077]
["2024-12-01","EMULSÕES ASFÁLTICAS RR-2C","Acre","-"]
["2024-12-01","EMULSÕES ASFÁLTICAS RR-2C","Alagoas","-"]
["2024-12-01","EMULSÕES ASFÁLTICAS RR-2C","Amapá","-"]
["2024-12-01","EMULSÕES ASFÁLTICAS RR-2C","Amazonas","-"]
["2024-12-01","EMULSÕES ASFÁLTICAS RR-2C","Bahia","-"]
["2024-12-01","EMULSÕES ASFÁLTICAS RR-2C","Ceará",3.0260142694416357]
["2024-12-01","EMULSÕES ASFÁLTICAS RR-2C","Distrito Federal","-"]
["2024-12-01","EMULSÕES ASFÁLTICAS RR-2C","Espírito Santo","-"]
["2024-12-01","EMULSÕES ASFÁLTICAS RR-2C","Goiás",3.3969483264246469]
["2024-12-01","EMULSÕES ASFÁLTICAS RR-2C","Maranhão","-"]
["2024-12-01","EMULSÕES ASFÁLTICAS RR-2C","Mato Grosso",3.7055917047124529]
["2024-12-01","EMULSÕES ASFÁLTICAS RR-2C","Mato Grosso do Sul","-"]
["2024-12-01","EMULSÕES ASFÁLTICAS RR-2C","Minas Gerais",3.0666664426162922]
["2024-12-01","EMULSÕES ASFÁLTICAS RR-2C","Pará","-"]
["2024-12-01","EMULSÕES ASFÁLTICAS RR-2C","Paraíba","-"]
["2024-12-01","EMULSÕES ASFÁLTICAS RR-2C","Paraná",2.8554114745622798]
["2024-12-01","EMULSÕES ASFÁLTICAS RR-2C","Pernambuco","-"]
["2024-12-01","EMULSÕES ASFÁLTICAS RR-2C","Piauí","-"]
["2024-12-01","EMULSÕES ASFÁLTICAS RR-2C","Rio de Janeiro","-"]
["2024-12-01","EMULSÕES ASFÁLTICAS RR-2C","Rio Grande do Norte","-"]
["2024-12-01","EMULSÕES ASFÁLTICAS RR-2C","Rio Grande do Sul",3.2628686298372771]
["2024-12-01","EMULSÕES ASFÁLTICAS RR-2C","Rondônia","-"]
["2024-12-01","EMULSÕES ASFÁLTICAS RR-2C","Roraima","-"]
["2024-12-01","EMULSÕES ASFÁLTICAS RR-2C","Santa Catarina","-"]
["2024-12-01","EMULSÕES ASFÁLTICAS RR-2C","São Paulo",2.898406807891595]
["2024-12-01","EMULSÕES ASFÁLTICAS RR-2C","Sergipe","-"]
["2024-12-01","EMULSÕES ASFÁLTICAS RR-2C","Tocantins",3.0395893449378568]
["2025-01-01","EMULSÕES ASFÁLTICAS RR-2C","Acre","-"]
["2025-01-01","EMULSÕES ASFÁLTICAS RR-2C","Alagoas","-"]
["2025-01-01","EMULSÕES ASFÁLTICAS RR-2C","Amapá","-"]
["2025-01-01","EMULSÕES ASFÁLTICAS RR-2C","Amazonas",5.011171856085527]
["2025-01-01","EMULSÕES ASFÁLTICAS RR-2C","Bahia","-"]
["2025-01-01","EMULSÕES ASFÁLTICAS RR-2C","Ceará",2.9308660078936084]
["2025-01-01","EMULSÕES ASFÁLTICAS RR-2C","Distrito Federal","-"]
["2025-01-01","EMULSÕES ASFÁLTICAS RR-2C","Espírito Santo","-"]
["2025-01-01","EMULSÕES ASFÁLTICAS RR-2C","Goiás",3.4427443408421259]
["2025-01-01","EMULSÕES ASFÁLTICAS RR-2C","Maranhão","-"]
["2025-01-01","EMULSÕES ASFÁLTICAS RR-2C","Mato Grosso",4.1314474908809888]
["2025-01-01","EMULSÕES ASFÁLTICAS RR-2C","Mato Grosso do Sul","-"]
["2025-01-01","EMULSÕES ASFÁLTICAS RR-2C","Minas Gerais",3.3085192661619116]
["2025-01-01","EMULSÕES ASFÁLTICAS RR-2C","Pará","-"]
["2025-01-01","EMULSÕES ASFÁLTICAS RR-2C","Paraíba","-"]
["2025-01-01","EMULSÕES ASFÁLTICAS RR-2C","Paraná",2.9050847723566191]
["2025-01-01","EMULSÕES ASFÁLTICAS RR-2C","Pernambuco","-"]
["2025-01-01","EMULSÕES ASFÁLTICAS RR-2C","Piauí","-"]
["2025-01-01","EMULSÕES ASFÁLTICAS RR-2C","Rio de Janeiro","-"]
["2025-01-01","EMULSÕES ASFÁLTICAS RR-2C","Rio Grande do Norte","-"]
["2025-01-01","EMULSÕES ASFÁLTICAS RR-2C","Rio Grande do Sul",3.0793628360944134]
["2025-01-01","EMULSÕES ASFÁLTICAS RR-2C","Rondônia","-"]
["2025-01-01","EMULSÕES ASFÁLTICAS RR-2C","Roraima","-"]
["2025-01-01","EMULSÕES ASFÁLTICAS RR-2C","Santa Catarina","-"]
["2025-01-01","EMULSÕES ASFÁLTICAS RR-2C","São Paulo",2.9231406951094012]
["2025-01-01","EMULSÕES ASFÁLTICAS RR-2C","Sergipe","-"]
["2025-01-01","EMULSÕES ASFÁLTICAS RR-2C","Tocantins",2.8971041392054206]
["2025-02-01","EMULSÕES ASFÁLTICAS RR-2C","Acre","-"]
["2025-02-01","EMULSÕES ASFÁLTICAS RR-2C","Alagoas","-"]
["2025-02-01","EMULSÕES ASFÁLTICAS RR-2C","Amapá","-"]
["2025-02-01","EMULSÕES ASFÁLTICAS RR-2C","Amazonas","-"]
["2025-02-01","EMULSÕES ASFÁLTICAS RR-2C","Bahia","-"]
["2025-02-01","EMULSÕES ASFÁLTICAS RR-2C","Ceará",2.9342328150995227]
["2025-02-01","EMULSÕES ASFÁLTICAS RR-2C","Distrito Federal","-"]
["2025-02-01","EMULSÕES ASFÁLTICAS RR-2C","Espírito Santo","-"]
["2025-02-01","EMULSÕES ASFÁLTICAS RR-2C","Goiás",3.0230688455489152]
["2025-02-01","EMULSÕES ASFÁLTICAS RR-2C","Maranhão","-"]
["2025-02-01","EMULSÕES ASFÁLTICAS RR-2C","Mato Grosso",3.7049601495798892]
["2025-02-01","EMULSÕES ASFÁLTICAS RR-2C","Mato Grosso do Sul",3.6154772346230151]
["2025-02-01","EMULSÕES ASFÁLTICAS RR-2C","Minas Gerais",3.205655382783259]
["2025-02-01","EMULSÕES ASFÁLTICAS RR-2C","Pará","-"]
["2025-02-01","EMULSÕES ASFÁLTICAS RR-2C","Paraíba","-"]
["2025-02-01","EMULSÕES ASFÁLTICAS RR-2C","Paraná",2.9610263133612578]
["2025-02-01","EMULSÕES ASFÁLTICAS RR-2C","Pernambuco","-"]
["2025-02-01","EMULSÕES ASFÁLTICAS RR-2C","Piauí","-"]
["2025-02-01","EMULSÕES ASFÁLTICAS RR-2C","Rio de Janeiro",3.209537462288079]
["2025-02-01","EMULSÕES ASFÁLTICAS RR-2C","Rio Grande do Norte","-"]
["2025-02-01","EMULSÕES ASFÁLTICAS RR-2C","Rio Grande do Sul",3.2755936869208675]
["2025-02-01","EMULSÕES ASFÁLTICAS RR-2C","Rondônia","-"]
["2025-02-01","EMULSÕES ASFÁLTICAS RR-2C","Roraima","-"]
["2025-02-01","EMULSÕES ASFÁLTICAS RR-2C","Santa Catarina","-"]
["2025-02-01","EMULSÕES ASFÁLTICAS RR-2C","São Paulo",3.034837943236441]
["2025-02-01","EMULSÕES ASFÁLTICAS RR-2C","Sergipe","-"]
["2025-02-01","EMULSÕES ASFÁLTICAS RR-2C","Tocantins","-"]
["2025-03-01","EMULSÕES ASFÁLTICAS RR-2C","Acre","-"]
["2025-03-01","EMULSÕES ASFÁLTICAS RR-2C","Alagoas","-"]
["2025-03-01","EMULSÕES ASFÁLTICAS RR-2C","Amapá","-"]
["2025-03-01","EMULSÕES ASFÁLTICAS RR-2C","Amazonas",4.4117571896502703]
["2025-03-01","EMULSÕES ASFÁLTICAS RR-2C","Bahia","-"]
["2025-03-01","EMULSÕES ASFÁLTICAS RR-2C","Ceará",2.9293282022333624]
["2025-03-01","EMULSÕES ASFÁLTICAS RR-2C","Distrito Federal","-"]
["2025-03-01","EMULSÕES ASFÁLTICAS RR-2C","Espírito Santo",3.1585502729257637]
["2025-03-01","EMULSÕES ASFÁLTICAS RR-2C","Goiás",3.0825588062751308]
["2025-03-01","EMULSÕES ASFÁLTICAS RR-2C","Maranhão","-"]
["2025-03-01","EMULSÕES ASFÁLTICAS RR-2C","Mato Grosso",3.995045219402352]
["2025-03-01","EMULSÕES ASFÁLTICAS RR-2C","Mato Grosso do Sul","-"]
["2025-03-01","EMULSÕES ASFÁLTICAS RR-2C","Minas Gerais",3.2805909563384628]
["2025-03-01","EMULSÕES ASFÁLTICAS RR-2C","Pará","-"]
["2025-03-01","EMULSÕES ASFÁLTICAS RR-2C","Paraíba","-"]
["2025-03-01","EMULSÕES ASFÁLTICAS RR-2C","Paraná",2.9127911882615272]
["2025-03-01","EMULSÕES ASFÁLTICAS RR-2C","Pernambuco","-"]
["2025-03-01","EMULSÕES ASFÁLTICAS RR-2C","Piauí","-"]
["2025-03-01","EMULSÕES ASFÁLTICAS RR-2C","Rio de Janeiro","-"]
["2025-03-01","EMULSÕES ASFÁLTICAS RR-2C","Rio Grande do Norte","-"]
["2025-03-01","EMULSÕES ASFÁLTICAS RR-2C","Rio Grande do Sul",3.2337591888938118]
["2025-03-01","EMULSÕES ASFÁLTICAS RR-2C","Rondônia","-"]
["2025-03-01","EMULSÕES ASFÁLTICAS RR-2C","Roraima","-"]
["2025-03-01","EMULSÕES ASFÁLTICAS RR-2C","Santa Catarina","-"]
["2025-03-01","EMULSÕES ASFÁLTICAS RR-2C","São Paulo",2.9529053946814345]
["2025-03-01","EMULSÕES ASFÁLTICAS RR-2C","Sergipe","-"]
["2025-03-01","EMULSÕES ASFÁLTICAS RR-2C","Tocantins",2.6928803802008607]
["2025-04-01","EMULSÕES ASFÁLTICAS RR-2C","Acre","-"]
["2025-04-01","EMULSÕES ASFÁLTICAS RR-2C","Alagoas","-"]
["2025-04-01","EMULSÕES ASFÁLTICAS RR-2C","Amapá","-"]
["2025-04-01","EMULSÕES ASFÁLTICAS RR-2C","Amazonas",4.3255876260656381]
["2025-04-01","EMULSÕES ASFÁLTICAS RR-2C","Bahia","-"]
["2025-04-01","EMULSÕES ASFÁLTICAS RR-2C","Ceará",2.8228910919365093]
["2025-04-01","EMULSÕES ASFÁLTICAS RR-2C","Distrito Federal","-"]
["2025-04-01","EMULSÕES ASFÁLTICAS RR-2C","Espírito Santo",3.0008463627204032]
["2025-04-01","EMULSÕES ASFÁLTICAS RR-2C","Goiás",3.0910697619277827]
["2025-04-01","EMULSÕES ASFÁLTICAS RR-2C","Maranhão","-"]
["2025-04-01","EMULSÕES ASFÁLTICAS RR-2C","Mato Grosso",3.613998909701635]
["2025-04-01","EMULSÕES ASFÁLTICAS RR-2C","Mato Grosso do Sul","-"]
["2025-04-01","EMULSÕES ASFÁLTICAS RR-2C","Minas Gerais",3.1140836716468887]
["2025-04-01","EMULSÕES ASFÁLTICAS RR-2C","Pará","-"]
["2025-04-01","EMULSÕES ASFÁLTICAS RR-2C","Paraíba","-"]
["2025-04-01","EMULSÕES ASFÁLTICAS RR-2C","Paraná",2.9103824439752715]
["2025-04-01","EMULSÕES ASFÁLTICAS RR-2C","Pernambuco","-"]
["2025-04-01","EMULSÕES ASFÁLTICAS RR-2C","Piauí","-"]
["2025-04-01","EMULSÕES ASFÁLTICAS RR-2C","Rio de Janeiro","-"]
["2025-04-01","EMULSÕES ASFÁLTICAS RR-2C","Rio Grande do Norte","-"]
["2025-04-01","EMULSÕES ASFÁLTICAS RR-2C","Rio Grande do Sul",3.231994249704996]
["2025-04-01","EMULSÕES ASFÁLTICAS RR-2C","Rondônia","-"]
["2025-04-01","EMULSÕES ASFÁLTICAS RR-2C","Roraima","-"]
["2025-04-01","EMULSÕES ASFÁLTICAS RR-2C","Santa Catarina","-"]
["2025-04-01","EMULSÕES ASFÁLTICAS RR-2C","São Paulo",2.9355661690011101]
["2025-04-01","EMULSÕES ASFÁLTICAS RR-2C","Sergipe","-"]
["2025-04-01","EMULSÕES ASFÁLTICAS RR-2C","Tocantins",2.9297761026417519]
["2025-05-01","EMULSÕES ASFÁLTICAS RR-2C","Acre","-"]
["2025-05-01","EMULSÕES ASFÁLTICAS RR-2C","Alagoas","-"]
["2025-05-01","EMULSÕES ASFÁLTICAS RR-2C","Amapá","-"]
["2025-05-01","EMULSÕES ASFÁLTICAS RR-2C","Amazonas",3.6978037178969232]
["2025-05-01","EMULSÕES ASFÁLTICAS RR-2C","Bahia","-"]
["2025-05-01","EMULSÕES ASFÁLTICAS RR-2C","Ceará",2.6344229959168444]
["2025-05-01","EMULSÕES ASFÁLTICAS RR-2C","Distrito Federal",3.0776667489674159]
["2025-05-01","EMULSÕES ASFÁLTICAS RR-2C","Espírito Santo",3.031797752671221]
["2025-05-01","EMULSÕES ASFÁLTICAS RR-2C","Goiás",3.0223531522879505]
["2025-05-01","EMULSÕES ASFÁLTICAS RR-2C","Maranhão","-"]
["2025-05-01","EMULSÕES ASFÁLTICAS RR-2C","Mato Grosso",3.6596024696878837]
["2025-05-01","EMULSÕES ASFÁLTICAS RR-2C","Mato Grosso do Sul",3.0948520016223915]
["2025-05-01","EMULSÕES ASFÁLTICAS RR-2C","Minas Gerais",3.1716591615504228]
["2025-05-01","EMULSÕES ASFÁLTICAS RR-2C","Pará",3.314155650968365]
["2025-05-01","EMULSÕES ASFÁLTICAS RR-2C","Paraíba","-"]
["2025-05-01","EMULSÕES ASFÁLTICAS RR-2C","Paraná",2.9590737467240795]
["2025-05-01","EMULSÕES ASFÁLTICAS RR-2C","Pernambuco","-"]
["2025-05-01","EMULSÕES ASFÁLTICAS RR-2C","Piauí","-"]
["2025-05-01","EMULSÕES ASFÁLTICAS RR-2C","Rio de Janeiro","-"]
["2025-05-01","EMULSÕES ASFÁLTICAS RR-2C","Rio Grande do Norte","-"]
["2025-05-01","EMULSÕES ASFÁLTICAS RR-2C","Rio Grande do Sul",3.1118479569272695]
["2025-05-01","EMULSÕES ASFÁLTICAS RR-2C","Rondônia","-"]
["2025-05-01","EMULSÕES ASFÁLTICAS RR-2C","Roraima","-"]
["2025-05-01","EMULSÕES ASFÁLTICAS RR-2C","Santa Catarina","-"]
["2025-05-01","EMULSÕES ASFÁLTICAS RR-2C","São Paulo",2.9653013064836951]
["2025-05-01","EMULSÕES ASFÁLTICAS RR-2C","Sergipe","-"]
["2025-05-01","EMULSÕES ASFÁLTICAS RR-2C","Tocantins",2.9606624223109281]
["Nota 1: Preços à vista, sem frete, com todos os impostos inclusos, à exceção do ICMS, do PIS/Pasep e da Cofins."]
["Nota 2: As informações são baseadas em dados preliminares, portanto sujeitos a reprocessamento por parte dos informantes nos moldes da Resolução ANP nº 729/2018."]
["Nota 3: Quando não houver declaração de venda do produto selecionado, ou quando a declaração de venda do produto ocorrer por menos de 03 (três) distribuidoras, a tabela indicará campo vazio."]

{"sheet":"ANP REGIÃO","index":22,"n_rows":5074,"n_cols":8,"rows_kept":5074,"cut":false,"hidden":true,"merged":[[4,11,4,17],[5,0,5,7]]}
["                       Agência Nacional do Petróleo, Gás Natural e Biocombustíveis"]
["                       Superintendência de Defesa da Concorrência"]
[]
[]
[]
["PREÇO MÉDIO MENSAL PONDERADO PRATICADO PELOS DISTRIBUIDORES DE PRODUTOS ASFÁLTICOS (R$/KG)"]
[]
["Produto","Mês","Norte","Nordeste","Centro-Oeste","Sudeste","Sul","Brasil"]
["ASFALTOS DILUÍDOS CM-30","2008-11-01",1.775468291899861,1.5508785295550009,2.0221432912585158,1.5544936696294056,1.5845328987092044,1.6428683696170379]
["ASFALTOS DILUÍDOS CM-30","2008-12-01",1.80683766686717,1.5091181918292929,2.0130201238521468,1.6109022231682415,1.6071875906046897,1.6375814707941805]
["ASFALTOS DILUÍDOS CM-30","2009-01-01",1.4970528576078774,1.5042963456495586,1.9630976707497438,1.5246722466199356,1.5851372087870144,1.5649458764763875]
["ASFALTOS DILUÍDOS CM-30","2009-02-01",1.4278711198662986,1.4976932831487411,1.9810650983822149,1.5834902312199159,1.595924062030226,1.5654510357834286]
["ASFALTOS DILUÍDOS CM-30","2009-03-01",1.4049414048856463,1.4976479867054073,1.8934302630295043,1.5275478196284176,1.5887200290570365,1.5327131466676831]
["ASFALTOS DILUÍDOS CM-30","2009-04-01",1.4105107475190612,1.4848262612397407,1.9092264287169598,1.4641493705796398,1.5538319284966349,1.5167176477872968]
["ASFALTOS DILUÍDOS CM-30","2009-05-01",1.4803556782469789,1.4668989281041607,1.89159043509598,1.4354437183828608,1.5416111798697305,1.5375743709266867]
["ASFALTOS DILUÍDOS CM-30","2009-06-01",1.5807510393097999,1.4448888371048489,1.8420741185475011,1.4242643148786893,1.5015266955745987,1.5413155753604335]
["ASFALTOS DILUÍDOS CM-30","2009-07-01",1.9054324764830874,1.4826182113007118,1.9490463446662596,1.5844352989750978,1.6103104362752931,1.6510325227966944]
["ASFALTOS DILUÍDOS CM-30","2009-08-01",1.716995183945121,1.4238549146732382,1.7123854783999459,1.4180008053082402,1.5206434973011045,1.5049114686211891]
["ASFALTOS DILUÍDOS CM-30","2009-09-01",1.6432949399073242,1.4453177609909018,1.7315188027842841,1.4193742513482777,1.5007358948821043,1.5055231197075323]
["ASFALTOS DILUÍDOS CM-30","2009-10-01",1.5880319242410621,1.4589326485129228,1.7620150557658878,1.4290244192068808,1.513753830896174,1.5116819041243308]
["ASFALTOS DILUÍDOS CM-30","2009-11-01",1.6393486036846736,1.4490597772941349,1.772650816856568,1.4341226770121553,1.5260431884539487,1.4996573923995862]
["ASFALTOS DILUÍDOS CM-30","2009-12-01",1.6642668525686795,1.4419666364804922,1.8905748020937783,1.429077727129088,1.5205393340203053,1.5088645979107518]
["ASFALTOS DILUÍDOS CM-30","2010-01-01",1.8425061442306077,1.4549771288677129,1.8650224473705366,1.4148176084557305,1.47445076513561,1.4977352271212736]
["ASFALTOS DILUÍDOS CM-30","2010-02-01",1.7098869153976686,1.4429564872331433,1.9198447411040516,1.4331462505851911,1.5008824478877547,1.4965422507909685]
["ASFALTOS DILUÍDOS CM-30","2010-03-01",1.5357434160141068,1.4488804992636382,1.9350627276766812,1.4350261163298175,1.4806186347273496,1.4867898022700077]
["ASFALTOS DILUÍDOS CM-30","2010-04-01",1.7100464793642653,1.4403002542747241,1.9119359608628461,1.4211021532045538,1.4812709367206716,1.5110864313452355]
["ASFALTOS DILUÍDOS CM-30","2010-05-01",1.7556104652601585,1.4352772207874813,1.8732938887963368,1.4069444319626079,1.4817760495024754,1.5371705654397583]
["ASFALTOS DILUÍDOS CM-30","2010-06-01",1.60222431364512,1.3960043359825052,1.731734721489826,1.3999962270804711,1.4919396204893465,1.4980734181535011]
["ASFALTOS DILUÍDOS CM-30","2010-07-01",1.5599016265733592,1.3810167084919864,1.7326882139830364,1.4029048556103791,1.4738544273665888,1.490075269458577]
["ASFALTOS DILUÍDOS CM-30","2010-08-01",1.5266393894179686,1.3881783604979265,1.7389460865755895,1.3987512362214454,1.4557498491251644,1.4958285155236237]
["ASFALTOS DILUÍDOS CM-30","2010-09-01",1.5653788291827495,1.4082046639368928,1.7570273782082926,1.411642875301925,1.4872577446280604,1.5122571279255641]
["ASFALTOS DILUÍDOS CM-30","2010-10-01",1.4817112940719965,1.4043577151639275,1.7511599466056109,1.403489436635176,1.4693408470419445,1.4998882602776933]
["ASFALTOS DILUÍDOS CM-30","2010-11-01",1.5192676718720106,1.4101309036969292,1.7794056254202684,1.4212838216245705,1.4585591123489405,1.4816586349871581]
["ASFALTOS DILUÍDOS CM-30","2010-12-01",1.5592875556846306,1.4098205101455943,1.8251856182643107,1.4176735724266665,1.4732438844109985,1.4691130309482876]
["ASFALTOS DILUÍDOS CM-30","2011-01-01",1.5259233049696748,1.4457940919018251,1.7746009235903832,1.4032742348206362,1.4660028138910168,1.4572560662014229]
["ASFALTOS DILUÍDOS CM-30","2011-02-01",1.5528251122422341,1.3920942592280916,1.7638361229571986,1.3851949371119521,1.4495588401983606,1.4262504783251191]
["ASFALTOS DILUÍDOS CM-30","2011-03-01",1.4692196925544694,1.369442916392615,1.6960179222585858,1.3538128040962221,1.4351706939633142,1.4001302489914176]
["ASFALTOS DILUÍDOS CM-30","2011-04-01",1.4705702617293523,1.3732204915693953,1.6508293935641825,1.3459281034814121,1.4219989396776103,1.4004935219520107]
["ASFALTOS DILUÍDOS CM-30","2011-05-01",1.4285289552102927,1.3226462666512504,1.700380912624452,1.3450681632968498,1.4393614312493497,1.4280580185794016]
["ASFALTOS DILUÍDOS CM-30","2011-06-01",1.4076221633546719,1.3057086567980729,1.7418436691513794,1.3546204948730511,1.399501692726387,1.4402998200984294]
["ASFALTOS DILUÍDOS CM-30","2011-07-01",1.2592340651332123,1.3120333050376822,1.737489695700698,1.3365638802479902,1.4224748872744075,1.420839252438473]
["ASFALTOS DILUÍDOS CM-30","2011-08-01",1.4706800609788393,1.2997787645934575,1.7274434847201194,1.3414778214791121,1.353018351786835,1.4256755337309983]
["ASFALTOS DILUÍDOS CM-30","2011-09-01",1.5613287195812997,1.3211960841365165,1.7298215476496697,1.3574514832033793,1.3956847977155606,1.4552024134611556]
["ASFALTOS DILUÍDOS CM-30","2011-10-01",1.5205697215342968,1.3262187355451922,1.7173804596917086,1.3326913923266841,1.3577774002014775,1.4422958710201133]
["ASFALTOS DILUÍDOS CM-30","2011-11-01",1.4658863342192192,1.3370411535561173,1.7410048856130245,1.3454861032743028,1.4475805650916878,1.4453541374392815]
["ASFALTOS DILUÍDOS CM-30","2011-12-01",1.4708838986818675,1.335587636015594,1.778724141037564,1.4082930677979837,1.4281123057372698,1.4224186038046347]
["ASFALTOS DILUÍDOS CM-30","2012-01-01",1.384955015343784,1.3501301556511212,1.7807838826602391,1.4213541069575866,1.4303524742082805,1.3946581672576805]
["ASFALTOS DILUÍDOS CM-30","2012-02-01",1.3321816775968491,1.3681438910682722,1.7410203936345245,1.4002009849686847,1.4254009857295182,1.4106057073584115]
["ASFALTOS DILUÍDOS CM-30","2012-03-01",1.4116218672253591,1.3491222141696635,1.6200960057076521,1.3932957641863888,1.4061305685364243,1.4097687857718448]
["ASFALTOS DILUÍDOS CM-30","2012-04-01",1.5490079115367077,1.3839764564229082,1.6407127520439628,1.4047163969885328,1.4406177932909374,1.4560848195158143]
["ASFALTOS DILUÍDOS CM-30","2012-05-01",1.5961789407631797,1.3863622723418332,1.7120611831014076,1.3992395496323984,1.4483508871038364,1.4984619690114278]
["ASFALTOS DILUÍDOS CM-30","2012-06-01",1.7014325756300936,1.3880535176053643,1.7403520072135485,1.4221187493315077,1.4491960719572869,1.5277227168892671]
["ASFALTOS DILUÍDOS CM-30","2012-07-01",1.6520267416801246,1.394368570348399,1.7186448460973875,1.4396702606544556,1.4618756698398216,1.5230691585214196]
["ASFALTOS DILUÍDOS CM-30","2012-08-01",1.6899988348486508,1.4033378504117666,1.7418950411875969,1.4217233694882419,1.4456857990864684,1.5365330783907734]
["ASFALTOS DILUÍDOS CM-30","2012-09-01",1.6901779719756052,1.4215000029945404,1.7809207242542573,1.4451804324814792,1.483645866209568,1.5494106529483214]
["ASFALTOS DILUÍDOS CM-30","2012-10-01",1.5748403417735901,1.4170661089937784,1.7948320359386707,1.4513045256427093,1.4820371089264335,1.5506318015756093]
["ASFALTOS DILUÍDOS CM-30","2012-11-01",1.6551635257231672,1.4558787477556379,1.8401297664388181,1.4612046147024229,1.483499722440758,1.5525007759277432]
["ASFALTOS DILUÍDOS CM-30","2012-12-01",1.7148761252476299,1.4358547414042895,1.8040665730235492,1.4522276502894624,1.5094176484265767,1.52341199897343]
["ASFALTOS DILUÍDOS CM-30","2013-01-01",1.49577633531191,1.4494945882804569,1.854050524926971,1.4463875204232581,1.5637536746433771,1.5021372585515669]
["ASFALTOS DILUÍDOS CM-30","2013-02-01",1.6350676663292762,1.4206096380056286,1.7310714983768278,1.4427463556625959,1.4618284045231364,1.4739560998096293]
["ASFALTOS DILUÍDOS CM-30","2013-03-01",1.6462290983770218,1.4132999826764656,1.8382808702142501,1.450015151581231,1.525760413213191,1.5065429040275125]
["ASFALTOS DILUÍDOS CM-30","2013-04-01",1.5818644742095733,1.3991895644616681,1.7938251131572354,1.4587047548011667,1.5519137019638134,1.5236236356982658]
["ASFALTOS DILUÍDOS CM-30","2013-05-01",1.8156467734021038,1.3901435173573402,1.8127833125555952,1.4495105198760894,1.5042334570917104,1.5499185916148586]
["ASFALTOS DILUÍDOS CM-30","2013-06-01",1.631101583269406,1.3831865363493894,1.8166421053117843,1.4742326405210737,1.5030436887514047,1.5810494287432473]
["ASFALTOS DILUÍDOS CM-30","2013-07-01",1.8659656299136016,1.4220511166820584,1.7930727534993904,1.4980188082141952,1.5333919012130266,1.5988051300497286]
["ASFALTOS DILUÍDOS CM-30","2013-08-01",1.7003255463797664,1.4350944152129526,1.8214526135394096,1.5117228677125905,1.5307935959615016,1.606176585023563]
["ASFALTOS DILUÍDOS CM-30","2013-09-01",1.5628737334467784,1.472197747846397,1.8798427121896333,1.5426528666514732,1.4906675433518579,1.6279458927397024]
["ASFALTOS DILUÍDOS CM-30","2013-10-01",1.6485040126782045,1.4721523452379741,1.8254949973735879,1.5011776822532599,1.4837891199596089,1.5975387750854628]
["ASFALTOS DILUÍDOS CM-30","2013-11-01",1.6191790616802137,1.4864133172033092,1.8440126788718751,1.4963268091994695,1.5060968778685144,1.5816658440637181]
["ASFALTOS DILUÍDOS CM-30","2013-12-01",1.6333582932936324,1.4948180974693182,1.8971971755011852,1.502864537815453,1.5170742961572261,1.5724752435084501]
["ASFALTOS DILUÍDOS CM-30","2014-01-01",1.6883112645542433,1.4941813053237418,1.798355903301921,1.484202293006369,1.5333538127163482,1.5429097373917113]
["ASFALTOS DILUÍDOS CM-30","2014-02-01",1.5983044344318567,1.4797065865711037,1.8143902154874776,1.5148293924294436,1.5228005876490054,1.5289702872818669]
["ASFALTOS DILUÍDOS CM-30","2014-03-01",1.6482876867145917,1.4728525009148317,1.7665731898758721,1.51302067306437,1.506185247658631,1.5301811776597249]
["ASFALTOS DILUÍDOS CM-30","2014-04-01",1.5344599867413866,1.4938987674094668,1.7572712776570749,1.5330213089948712,1.5242752737653176,1.5505663052842342]
["ASFALTOS DILUÍDOS CM-30","2014-05-01",1.5865832695017912,1.490834685405561,1.8043392514922791,1.5011381313711198,1.5670438242902647,1.5864522723947623]
["ASFALTOS DILUÍDOS CM-30","2014-06-01",1.6582771641997771,1.505801121088334,1.8395934446217679,1.5068631996744923,1.5237769525751934,1.6360707022927903]
["ASFALTOS DILUÍDOS CM-30","2014-07-01",1.8902995420863991,1.5007305138567979,1.708277865154757,1.4872939638147142,1.5059560688747375,1.5870651583370865]
["ASFALTOS DILUÍDOS CM-30","2014-08-01",1.6327418316997406,1.5019453239585232,1.6712031892731514,1.4823593406142497,1.5063273663854013,1.5579103773244307]
["ASFALTOS DILUÍDOS CM-30","2014-09-01",1.6695671702572692,1.5468304268817521,1.8647970160765246,1.4967645846910873,1.5705332417802202,1.6392810567885523]
["ASFALTOS DILUÍDOS CM-30","2014-10-01",1.7428769161761999,1.5089785690064217,1.7466504658087405,1.4707736452826126,1.4542734619226698,1.5791202203838035]
["ASFALTOS DILUÍDOS CM-30","2014-11-01",1.8647234193559832,1.5794305899027268,1.7491562181382097,1.4650844794435072,1.5291479878657286,1.6013598210971371]
["ASFALTOS DILUÍDOS CM-30","2014-12-01",1.8126719141051084,1.7048443484755709,1.9633100661617373,1.6236767016868801,1.6496446594888365,1.7188269809751979]
["ASFALTOS DILUÍDOS CM-30","2015-01-01",2.154807062237857,2.0237604465992796,2.318863736250087,1.866588966995945,1.8983804341416592,2.0077920317642164]
["ASFALTOS DILUÍDOS CM-30","2015-02-01",2.2602386249872826,2.005673765479961,2.39387576246911,1.8545197659023895,1.9273951074271198,2.0076537808820922]
["ASFALTOS DILUÍDOS CM-30","2015-03-01",2.1241764622724171,1.9688228488157713,2.2796432544485605,1.8877609106191235,1.9302171448271557,1.984816915690029]
["ASFALTOS DILUÍDOS CM-30","2015-04-01",2.0300495054839325,2.0015064478681905,2.3791189033714564,1.8524516695799333,1.9490252540308453,1.9806432104751772]
["ASFALTOS DILUÍDOS CM-30","2015-05-01",2.5072716513000879,1.946869908478553,2.2547581921999282,1.8074700012302962,2.0169295357804549,2.0054742341523029]
["ASFALTOS DILUÍDOS CM-30","2015-06-01",2.2483200417790403,1.9442597359725537,2.314331795603183,1.8469985947421261,1.9685651248900617,2.0425813437783229]
["ASFALTOS DILUÍDOS CM-30","2015-07-01",1.9922227576683553,1.9927916353986852,2.0467699532446439,1.7826486032573374,1.9316713850081439,1.9426273617200946]
["ASFALTOS DILUÍDOS CM-30","2015-08-01",2.3076059306822145,2.0380891268644983,2.2527481047097249,1.8280977048256251,1.9398244806048379,2.0819361602892656]
["ASFALTOS DILUÍDOS CM-30","2015-09-01",2.3142897041654931,2.0953075310397593,2.3445619869158953,1.9425510907359305,2.0053526142838649,2.1681755414132606]
["ASFALTOS DILUÍDOS CM-30","2015-10-01",2.3294566633542768,2.1705700120210771,2.4327301201697984,2.0356247510661434,2.1102611483942613,2.2375337815870444]
["ASFALTOS DILUÍDOS CM-30","2015-11-01",2.6060565663351674,2.4370983039590906,2.7116121412222856,2.2801138962695355,2.3264462967814099,2.4749987807903859]
["ASFALTOS DILUÍDOS CM-30","2015-12-01",2.6353740059557738,2.3959203086990479,2.6935283855254926,2.2725281293578652,2.3307406587865764,2.4528481564555822]
["ASFALTOS DILUÍDOS CM-30","2016-01-01",2.715863992571296,2.3738616473830558,2.8446706021403423,2.2636506579710223,2.232631691292259,2.4005633937967046]
["ASFALTOS DILUÍDOS CM-30","2016-02-01",2.8046831597962023,2.4668468163062847,2.7917870068634194,2.295637115076373,2.3465561728531039,2.4643485483679339]
["ASFALTOS DILUÍDOS CM-30","2016-03-01",2.5805021000515591,2.4706787528282432,2.707688024686739,2.2353019985078908,2.3831159721317374,2.4235639243350886]
["ASFALTOS DILUÍDOS CM-30","2016-04-01",2.9420063117520159,2.7407420323357798,2.7590718549873894,2.5444391782568454,2.7107516320277951,2.6802748334258815]
["ASFALTOS DILUÍDOS CM-30","2016-05-01",3.010579472190499,2.6502770473378652,2.8571213606999692,2.5755831524603727,2.7704133622011731,2.7097332699628347]
["ASFALTOS DILUÍDOS CM-30","2016-06-01",2.9091798437334044,2.6213850410237809,2.9434872809731996,2.6591095151444502,2.6847595547587253,2.7436195168269588]
["ASFALTOS DILUÍDOS CM-30","2016-07-01",2.9857403807234846,2.5916440449052458,2.9892780300364516,2.6043965993959093,2.6608844226339654,2.7451355392858749]
["ASFALTOS DILUÍDOS CM-30","2016-08-01",2.9352439186814849,2.6239173289893882,2.9704908538915533,2.6794865035270106,2.7270256489201157,2.7813859621875383]
["ASFALTOS DILUÍDOS CM-30","2016-09-01",2.6491368213054933,2.5210548514543203,2.78158392467622,2.5139331302502899,2.3712715009846734,2.5956171278003044]
["ASFALTOS DILUÍDOS CM-30","2016-10-01",2.6261092565318918,2.4444690926263486,2.7816178727337073,2.5073831267842106,2.3832539904481074,2.5669990365978546]
["ASFALTOS DILUÍDOS CM-30","2016-11-01",2.5350874082568811,2.3741455271406773,2.9527686743670913,2.4812637646203957,2.3822067705600443,2.5428423663590056]
["ASFALTOS DILUÍDOS CM-30","2016-12-01",2.5003910703638921,2.2534134827852079,3.0385194580992274,2.5894388924802212,2.3955934236287195,2.4764392949644827]
["ASFALTOS DILUÍDOS CM-30","2017-01-01",2.3928755043294307,2.2326956737638795,3.0890809705267994,2.5357440394357544,2.3786948325024055,2.3742161919082898]
["ASFALTOS DILUÍDOS CM-30","2017-02-01",2.6803941399450149,2.2718972247441918,2.7644080315024548,2.5739336852397301,2.3846443980420249,2.4707214660150472]
["ASFALTOS DILUÍDOS CM-30","2017-03-01",2.2388412099546269,2.3869580790455664,2.6672202519696859,2.3721659474968226,2.3012188699930101,2.3787969856691022]
["ASFALTOS DILUÍDOS CM-30","2017-04-01",2.4201913984483658,2.3079695958724997,2.7940930144417431,2.2584099120969205,2.2564342971186231,2.3802684836931283]
["ASFALTOS DILUÍDOS CM-30","2017-05-01",2.4321066924406174,2.1679191277081702,2.6998369361907812,2.2553871917774004,2.2040269576345812,2.3615159091526872]
["ASFALTOS DILUÍDOS CM-30","2017-06-01",2.428301776188067,2.1819386891073642,2.7566720547790053,2.2345490215052068,2.3057785455472466,2.4455345302470208]
["ASFALTOS DILUÍDOS CM-30","2017-07-01",2.4537520606647312,2.2180753339264268,2.6946250217879819,2.4143292471305724,2.269601101789303,2.4734361063107033]
["ASFALTOS DILUÍDOS CM-30","2017-08-01",2.4479309760126604,2.1531120307177778,2.5953499516022815,2.3029190650855029,2.1701486665824552,2.380876423356896]
["ASFALTOS DILUÍDOS CM-30","2017-09-01",2.4945515044767554,2.1424398904201269,2.6231665031840565,2.3713080947914027,2.3036985067925064,2.3935422037636651]
["ASFALTOS DILUÍDOS CM-30","2017-10-01",2.349953943689814,2.1805600401416361,2.6141609567384387,2.4152549616620149,2.200795730162767,2.3679471208081657]
["ASFALTOS DILUÍDOS CM-30","2017-11-01",2.6701269906215921,2.4331691952027654,2.9086274641315479,2.5846948203371722,2.4151927087938279,2.6021013475834995]
["ASFALTOS DILUÍDOS CM-30","2017-12-01",2.5873526446779471,2.4253588817071559,2.9066337647932516,2.6028902977101533,2.4228897602441153,2.5317644644161175]
["ASFALTOS DILUÍDOS CM-30","2018-01-01",2.9503607547256228,2.6628629232060117,2.8759539934329186,2.6207384835627527,2.6469552515293611,2.7359563685933406]
["ASFALTOS DILUÍDOS CM-30","2018-02-01",2.6778995674574793,2.6724981640636885,2.9425954737982054,2.6204311297861467,2.5678856622288615,2.6683699327588881]
["ASFALTOS DILUÍDOS CM-30","2018-03-01",2.733363024842264,2.5890500217484171,2.8091725563599068,2.5619283929800578,2.5759460667688168,2.634876583533114]
["ASFALTOS DILUÍDOS CM-30","2018-04-01",2.7578011203975832,2.6695536015406049,2.7739082417039715,2.5954700600355576,2.5560423937698191,2.6643301999713014]
["ASFALTOS DILUÍDOS CM-30","2018-05-01",2.8412133622510223,2.6720258770016354,2.8845014821466051,2.6867180206320227,2.7364851031644366,2.7773789604101013]
["ASFALTOS DILUÍDOS CM-30","2018-06-01",3.0084447893246131,2.9196051783300918,3.1584548861308823,2.8467310801924182,2.9535239926489307,2.9822916346015909]
["ASFALTOS DILUÍDOS CM-30","2018-07-01",3.2682375492400708,3.0365240944190606,3.3993603985117833,3.0264675982736886,3.1977963096372659,3.1641265459600993]
["ASFALTOS DILUÍDOS CM-30","2018-08-01",3.5644131503767484,3.4151937693257381,3.7077062061816197,3.4250793489604385,3.3567224608647508,3.5155581124678132]
["ASFALTOS DILUÍDOS CM-30","2018-09-01",3.1739137775700708,3.4450641183998139,3.7352632395133192,3.3858161855531033,3.6073094538422108,3.4832384285860498]
["ASFALTOS DILUÍDOS CM-30","2018-10-01",3.4877781194032069,3.4605088037184499,3.7214440570019267,3.4325255648574613,3.6060208798740816,3.5453903440278856]
["ASFALTOS DILUÍDOS CM-30","2018-11-01",4.0472724835013763,3.8148933123426594,4.2801315857990856,4.1781267770448416,3.9676813672082725,3.9901471831919757]
["ASFALTOS DILUÍDOS CM-30","2018-12-01",3.9514911464300919,3.9671131945586988,4.3411442016061494,3.9167660661459327,3.9119933573908625,3.9997426540972283]
["ASFALTOS DILUÍDOS CM-30","2019-01-01",3.796855325440335,3.8700188889547351,4.2019017623856101,3.9541969966832955,3.9767860281367571,3.9339519113451713]
["ASFALTOS DILUÍDOS CM-30","2019-02-01",3.5165840732068481,4.0903611784584326,4.4984229528632644,4.4699424754083799,4.254590254190048,4.1885446787899623]
["ASFALTOS DILUÍDOS CM-30","2019-03-01",4.2167581170154946,4.361910727690451,4.9071948885050256,4.3987177285672878,4.2908239224565268,4.3602952785677864]
["ASFALTOS DILUÍDOS CM-30","2019-04-01",4.2816482053830862,4.2346614282381783,4.5316272152415111,4.4372265298088944,4.4668814710532265,4.3808204400429531]
["ASFALTOS DILUÍDOS CM-30","2019-05-01",4.2876446588586026,4.1906997381607392,4.8579108723037878,4.2674619632317254,4.6338063794549269,4.3664021512935012]
["ASFALTOS DILUÍDOS CM-30","2019-06-01",4.4756098919574763,3.9650529338558584,4.6627293398156695,4.3506006040881262,4.2112299208130288,4.3193236685829213]
["ASFALTOS DILUÍDOS CM-30","2019-07-01",4.3944989892750694,4.0580393046576262,4.8342219453142432,4.0946594136123524,4.2330032812984593,4.3469777568824259]
["ASFALTOS DILUÍDOS CM-30","2019-08-01",4.4817350398715394,3.9106624961596284,4.5763290808844896,4.1116165400705285,4.2554199851288832,4.2583450834425163]
["ASFALTOS DILUÍDOS CM-30","2019-09-01",4.4395787959021016,3.8599048964692,4.4952569677016117,4.1113214746306284,4.1173591515128498,4.2516070851894359]
["ASFALTOS DILUÍDOS CM-30","2019-10-01",4.3358886308542965,3.7723249620168713,4.4592423566364383,4.0560841149779971,3.9424580110701513,4.0774070200824255]
["ASFALTOS DILUÍDOS CM-30","2019-11-01",4.3162386923616687,3.9102455086162249,4.5818410769751399,4.0790240402787017,4.1066212744862112,4.0945612118040993]
["ASFALTOS DILUÍDOS CM-30","2019-12-01",4.1994359723448076,3.9801196625114534,4.6737748050882244,4.4342681423617796,3.9864103120620888,4.1646916164145047]
["ASFALTOS DILUÍDOS CM-30","2020-01-01",3.5929800297386127,3.8953206167915009,4.6854206234146343,4.3870746736704653,4.1244676680570382,4.053338937317176]
["ASFALTOS DILUÍDOS CM-30","2020-02-01",3.6426670163866413,3.8773951868791743,4.4381945434057508,3.6999446067471551,3.7781640114379087,3.8390104382859813]
["ASFALTOS DILUÍDOS CM-30","2020-03-01",4.6766683387540651,3.7911389770150254,4.2892223433757142,3.7184027336226184,3.6090861904150624,3.931170680085633]
["ASFALTOS DILUÍDOS CM-30","2020-04-01",4.3133628366737744,3.695765500307409,4.255395320746711,3.8658955306474549,3.7322533821170811,3.9641252109102116]
["ASFALTOS DILUÍDOS CM-30","2020-05-01",3.2491346579639497,3.6377699124207261,4.1135448820979521,3.7605500263874698,3.7106180989773567,3.6561750396403685]
["ASFALTOS DILUÍDOS CM-30","2020-06-01",4.0179030762543011,3.5670314916963957,4.2773691709380897,3.9378864851716089,3.6258300686208402,3.9245245060979554]
["ASFALTOS DILUÍDOS CM-30","2020-07-01",3.8404975092031708,3.5132704799925611,4.2154906897750486,3.9542238856372385,3.6888412749164861,3.8437744484666765]
["ASFALTOS DILUÍDOS CM-30","2020-08-01",4.1744672026234504,3.4653942193101739,4.2777102112355543,4.0674649403157481,3.6285886300574681,3.9471669167665953]
["ASFALTOS DILUÍDOS CM-30","2020-09-01",4.1673713305130189,3.7463608159296071,4.1674243560753164,3.795621791459133,3.6277299350208518,3.9731299454309621]
["ASFALTOS DILUÍDOS CM-30","2020-10-01",4.4080995270258247,3.7189898780058752,4.2789791922752292,4.0087469056209644,3.591048182814105,4.0396437701408869]
["ASFALTOS DILUÍDOS CM-30","2020-11-01",4.056306005875463,3.969209280824523,4.5479008925173545,4.2794554204004482,3.9733472444131079,4.1758261487573911]
["ASFALTOS DILUÍDOS CM-30","2020-12-01",4.1320641381592349,3.8516327512549782,4.4267043859560493,3.9062364218750001,3.8709398004987534,4.0353473741436776]
["ASFALTOS DILUÍDOS CM-30","2021-01-01",3.4898363334540634,3.9515259365843449,4.6282697015940615,4.0115770110932818,3.9351366380221178,3.9170923908491697]
["ASFALTOS DILUÍDOS CM-30","2021-02-01",4.0993181160271339,4.2671095227980738,4.8320616154999163,4.4142027055929844,4.1490489316030832,4.2681970400244511]
["ASFALTOS DILUÍDOS CM-30","2021-03-01",4.5283557922342821,4.2398317306284641,4.9263145623389848,4.269697838632478,4.130655409148801,4.3778337851486215]
["ASFALTOS DILUÍDOS CM-30","2021-04-01",4.3492718667699455,4.086995153956086,4.4775975223329212,4.1561133984777809,4.0441898216789101,4.2533617978714497]
["ASFALTOS DILUÍDOS CM-30","2021-05-01",4.4888894130685344,4.7079458152476352,5.1014896859269019,4.7840348955761325,4.5239866147826087,4.7905480845000747]
["ASFALTOS DILUÍDOS CM-30","2021-06-01",4.0104677110157372,4.4795921263082565,5.1130412121877136,4.7797399051560605,4.721214306605324,4.7648908843603293]
["ASFALTOS DILUÍDOS CM-30","2021-07-01",4.752234128166914,4.5593505060051864,5.0047582828911885,4.8027297199751091,4.7485506777572404,4.8175860470307148]
["ASFALTOS DILUÍDOS CM-30","2021-08-01",5.0852845318795925,4.7725012554966746,5.1985371416166712,5.2447352585460836,4.7613117496679944,5.0981691998909247]
["ASFALTOS DILUÍDOS CM-30","2021-09-01",5.1103002666714392,4.5380723645606951,5.2417211851326178,5.0171441968029349,4.8628612446892214,5.0169588861348151]
["ASFALTOS DILUÍDOS CM-30","2021-10-01",5.0806972614480195,4.668267419725785,5.119544199434471,5.384779064720119,4.6585164317148839,5.0212943116089832]
["ASFALTOS DILUÍDOS CM-30","2021-11-01",5.4365187533430426,5.0877678096084091,5.150063985365855,5.6342578836213262,5.1745301312734,5.228141289314542]
["ASFALTOS DILUÍDOS CM-30","2021-12-01",5.1842913863822799,4.9754869746435961,5.5721222512344166,6.1356552053102806,5.0118099196141479,5.3395658014179279]
["ASFALTOS DILUÍDOS CM-30","2022-01-01",4.9281919741255393,5.0235556226626787,6.0184075115776476,5.2147730264088663,5.4819792438642301,5.2507896788533772]
["ASFALTOS DILUÍDOS CM-30","2022-02-01",5.5456841887543158,5.7086284128952265,6.011065894160585,4.8651,5.7633671471135939,5.7360574279908949]
["ASFALTOS DILUÍDOS CM-30","2022-03-01",6.326844734544073,5.6446879044140807,5.9308072252475252,6.1811411426079372,5.4980416823056304,5.9227810376852732]
["ASFALTOS DILUÍDOS CM-30","2022-04-01",5.9742206806482363,5.8327473242923862,6.2066926146167143,5.720329996738422,6.1780029101899832,6.012354228732443]
["ASFALTOS DILUÍDOS CM-30","2022-05-01",5.3540155864053514,5.4643353093295337,6.0076116392395544,5.9950955829778598,5.4909500902222943,5.6707227436676151]
["ASFALTOS DILUÍDOS CM-30","2022-06-01",5.8024437980978982,5.3169642029150532,5.2526788904331729,5.8139315181077107,5.644996327649209,5.469498686629418]
["ASFALTOS DILUÍDOS CM-30","2022-07-01",5.9656147650299394,5.8293148785416005,5.9190997106894132,5.7424847752856536,5.6744305431680342,5.8620207016825967]
["ASFALTOS DILUÍDOS CM-30","2022-08-01",6.4242304633121403,5.7582568777084298,5.7523528425340276,5.7919053521795947,5.3127172396617626,5.8231860506201825]
["ASFALTOS DILUÍDOS CM-30","2022-09-01",5.5400970738727207,5.6099216185135523,5.9635924887053049,5.3021811937774777,4.9779291607226188,5.6994299207939951]
["ASFALTOS DILUÍDOS CM-30","2022-10-01",4.7856709989976602,4.7275210937576615,5.3391051467024848,4.8511600071415808,4.5325805131069403,5.0416617153352234]
["ASFALTOS DILUÍDOS CM-30","2022-11-01",7.7658559225776544,4.7756549822430978,5.2376261274762639,4.6363831377551019,4.4605931787998525,5.0749938622493769]
["ASFALTOS DILUÍDOS CM-30","2022-12-01",4.6572500000000003,4.9669053619704666,5.6551615535897968,4.8409356716417911,4.6610078614476942,5.1132494896259093]
["ASFALTOS DILUÍDOS CM-30","2023-01-01",4.9489503194263369,5.0562649220892126,5.3595979656070876,4.4264979589428979,4.1032678882694276,4.7156051288638947]
["ASFALTOS DILUÍDOS CM-30","2023-02-01",5.4074946666666666,4.3357711953065854,4.7466466007882886,4.6748847269736844,4.0145471734505751,4.4178007361899621]
["ASFALTOS DILUÍDOS CM-30","2023-03-01",4.9913099999999995,4.0135491198476396,4.7462502799274482,4.0807193704746583,4.0824849538172883,4.2703457233889024]
["ASFALTOS DILUÍDOS CM-30","2023-04-01",4.4384790147401088,4.0942013541234976,5.1358161857876716,4.3682650946372243,3.8593081492264183,4.1538187971295137]
["ASFALTOS DILUÍDOS CM-30","2023-05-01",5.0185892968749997,4.5062826432970153,5.6166382927268126,4.0347569254562323,4.0637017171681284,4.686492724584018]
["ASFALTOS DILUÍDOS CM-30","2023-06-01",4.4396445256166981,4.4958053542941228,5.2281745243523305,3.7720287448015117,4.009042073315273,4.5880451479802309]
["ASFALTOS DILUÍDOS CM-30","2023-07-01",4.3603993517100559,4.2501876337265845,6.1880491547639789,3.6992167814899357,4.3157737677281238,4.7907175528841668]
["ASFALTOS DILUÍDOS CM-30","2023-08-01",4.0432159990492789,4.1009017094086238,5.4141982276485141,3.9642979487929773,4.0559897783431387,4.6078106973203159]
["ASFALTOS DILUÍDOS CM-30","2023-09-01",5.6950162499999992,4.3585862764196586,5.1872525169853443,4.1125086564690889,4.2116462357089439,4.7486402113943784]
["ASFALTOS DILUÍDOS CM-30","2023-10-01",5.6851849999999997,4.2940756470348473,4.9129194755712451,4.3650951011817867,4.257370162289762,4.6094459052458969]
["ASFALTOS DILUÍDOS CM-30","2023-11-01",4.8150853974895407,4.3455994471278903,5.4045027466641233,4.0452711044025156,4.1646974052516406,4.781498942559435]
["ASFALTOS DILUÍDOS CM-30","2023-12-01",5.411492307692308,4.7000438956945336,5.3064157338380893,4.3132168619246851,4.1887320623811153,4.6648453529250782]
["ASFALTOS DILUÍDOS CM-30","2024-01-01",3.7161783908045978,4.3951638106517361,4.8881269466529096,3.9771967970464495,4.0570953313555913,4.2902289028023235]
["ASFALTOS DILUÍDOS CM-30","2024-02-01",5.3495885714285718,4.2818818708452042,5.361180559808612,4.2877861548731637,4.1511129458512555,4.3661949963243387]
["ASFALTOS DILUÍDOS CM-30","2024-03-01",6.4376241652021093,4.5129483576545502,4.9940359324035128,4.6806103035389564,4.1973881228300884,4.7251379668916966]
["ASFALTOS DILUÍDOS CM-30","2024-04-01",6.5240100177935947,5.3336688746475263,5.0113703573682553,3.991999625535561,4.1511612398915636,4.4394069861737675]
["ASFALTOS DILUÍDOS CM-30","2024-05-01",6.6199363302160599,"***",5.2153828803500994,4.2485579597254599,4.4781707669028128,4.9600785683065052]
["ASFALTOS DILUÍDOS CM-30","2024-06-01",6.4618208055744386,4.288169263434388,4.9216061240367335,4.5173397406958813,4.8975857869415806,4.922850802681447]
["ASFALTOS DILUÍDOS CM-30","2024-07-01",6.1206122388059692,4.5992554326494206,5.4974510694626613,4.6678385333333337,4.5144526530857751,4.9627403967728929]
["ASFALTOS DILUÍDOS CM-30","2024-08-01",4.9932253486030698,4.4280252832537865,5.6619475282900762,4.9586881536031751,4.6090398495460434,5.1436250416947749]
["ASFALTOS DILUÍDOS CM-30","2024-09-01",6.5544948563794252,4.5083269874295624,5.8191551593942306,5.0121071593533486,4.5960162560754654,5.2056945279528906]
["ASFALTOS DILUÍDOS CM-30","2024-10-01",4.9921715601409158,4.8672233712660029,5.7627052777931045,4.9085114437659252,4.6877583315044049,5.0779924262713472]
["ASFALTOS DILUÍDOS CM-30","2024-11-01",6.1038183767100431,4.6551989139436829,5.5055175613762897,4.6651707713637514,4.5580908663536981,4.8398048834086191]
["ASFALTOS DILUÍDOS CM-30","2024-12-01",5.6531164062500006,4.6214746511627913,5.960894123151788,4.8495929773226036,4.6012601807828393,4.8389783545714273]
["ASFALTOS DILUÍDOS CM-30","2025-01-01",6.0875250000000003,5.3365061409796892,5.7385299818264421,5.6038699999999997,4.6535490924250373,4.9488819664923227]
["ASFALTOS DILUÍDOS CM-30","2025-02-01",4.5778173047077084,4.9871710586648685,5.9626159674267116,5.0748210110761098,4.7669975338441164,4.9110844254798067]
["ASFALTOS DILUÍDOS CM-30","2025-03-01",6.3905317431192659,4.9381801973364441,6.140385242485709,5.0820158202537096,4.9122208673380152,5.0477349579458668]
["ASFALTOS DILUÍDOS CM-30","2025-04-01",6.4379909790209791,4.6247236887466148,5.4687417252034196,5.0467753244274816,4.786078381214784,4.9309348909873627]
["ASFALTOS DILUÍDOS CM-30","2025-05-01",7.3183130522154505,4.6883508256367197,5.3744855552451467,5.1851969323700828,4.841892881674708,5.2522193983391512]
["ASFALTOS DILUÍDOS CM-70","2008-11-01","***","***","***","***","***","***"]
["ASFALTOS DILUÍDOS CM-70","2008-12-01","***","***","***","***","***","***"]
["ASFALTOS DILUÍDOS CM-70","2009-01-01","***","***","***","***","***","***"]
["ASFALTOS DILUÍDOS CM-70","2009-02-01","***","***","***","***","***","***"]
["ASFALTOS DILUÍDOS CM-70","2009-03-01","***","***","***","***","***","***"]
["ASFALTOS DILUÍDOS CM-70","2009-04-01","***","***","***","***","***","***"]
["ASFALTOS DILUÍDOS CM-70","2009-05-01","***","***","***","***","***","***"]
["ASFALTOS DILUÍDOS CM-70","2009-06-01","***","***","***","***","***","***"]
["ASFALTOS DILUÍDOS CM-70","2009-07-01","***","***","***","***","***","***"]
["ASFALTOS DILUÍDOS CM-70","2009-08-01","***","***","***","***","***","***"]
["ASFALTOS DILUÍDOS CM-70","2009-09-01","***","***","***","***","***","***"]
["ASFALTOS DILUÍDOS CM-70","2009-10-01","***","***","***","***","***","***"]
["ASFALTOS DILUÍDOS CM-70","2009-11-01","***","***","***","***","***","***"]
["ASFALTOS DILUÍDOS CM-70","2009-12-01","***","***","***","***","***","***"]
["ASFALTOS DILUÍDOS CM-70","2010-01-01","***","***","***","***","***","***"]
["ASFALTOS DILUÍDOS CM-70","2010-02-01","***","***","***","***","***","***"]
["ASFALTOS DILUÍDOS CM-70","2010-03-01","***","***","***","***","***","***"]
["ASFALTOS DILUÍDOS CM-70","2010-04-01","***","***","***","***","***","***"]
["ASFALTOS DILUÍDOS CM-70","2010-05-01","***","***","***","***","***","***"]
["ASFALTOS DILUÍDOS CM-70","2010-06-01","***","***","***","***","***","***"]
["ASFALTOS DILUÍDOS CM-70","2010-07-01","***","***","***","***","***","***"]
["ASFALTOS DILUÍDOS CM-70","2010-08-01","***","***","***","***","***","***"]
["ASFALTOS DILUÍDOS CM-70","2010-09-01","***","***","***","***","***","***"]
["ASFALTOS DILUÍDOS CM-70","2010-10-01","***","***","***","***","***","***"]
["ASFALTOS DILUÍDOS CM-70","2010-11-01","***","***","***","***","***","***"]
["ASFALTOS DILUÍDOS CM-70","2010-12-01","***","***","***","***","***","***"]
["ASFALTOS DILUÍDOS CM-70","2011-01-01","***","***","***","***","***","***"]
["ASFALTOS DILUÍDOS CM-70","2011-02-01","***","***","***","***","***","***"]
["ASFALTOS DILUÍDOS CM-70","2011-03-01","***","***","***","***","***","***"]
["ASFALTOS DILUÍDOS CM-70","2011-04-01","***","***","***","***","***","***"]
["ASFALTOS DILUÍDOS CM-70","2011-05-01","***","***","***","***","***","***"]
["ASFALTOS DILUÍDOS CM-70","2011-06-01","***","***","***","***","***","***"]
["ASFALTOS DILUÍDOS CM-70","2011-07-01","***","***","***","***","***","***"]
["ASFALTOS DILUÍDOS CM-70","2011-08-01","***","***","***","***","***","***"]
["ASFALTOS DILUÍDOS CM-70","2011-09-01","***","***","***","***","***","***"]
["ASFALTOS DILUÍDOS CM-70","2011-10-01","***","***","***","***","***","***"]
["ASFALTOS DILUÍDOS CM-70","2011-11-01","***","***","***","***","***","***"]
["ASFALTOS DILUÍDOS CM-70","2011-12-01","***","***","***","***","***","***"]
["ASFALTOS DILUÍDOS CM-70","2012-01-01","***","***","***","***","***","***"]
["ASFALTOS DILUÍDOS CM-70","2012-02-01","***","***","***","***","***","***"]
["ASFALTOS DILUÍDOS CM-70","2012-03-01","***","***","***","***","***","***"]
["ASFALTOS DILUÍDOS CM-70","2012-04-01","***","***","***","***","***","***"]
["ASFALTOS DILUÍDOS CM-70","2012-05-01","***","***","***","***","***","***"]
["ASFALTOS DILUÍDOS CM-70","2012-06-01","***","***","***","***","***","***"]
["ASFALTOS DILUÍDOS CM-70","2012-07-01","***","***","***","***","***","***"]
["ASFALTOS DILUÍDOS CM-70","2012-08-01","***","***","***","***","***","***"]
["ASFALTOS DILUÍDOS CM-70","2012-09-01","***","***","***","***","***","***"]
["ASFALTOS DILUÍDOS CM-70","2012-10-01","***","***","***","***","***","***"]
["ASFALTOS DILUÍDOS CM-70","2012-11-01","***","***","***","***","***","***"]
["ASFALTOS DILUÍDOS CM-70","2012-12-01","***","***","***","***","***","***"]
["ASFALTOS DILUÍDOS CM-70","2013-01-01","***","***","***","***","***","***"]
["ASFALTOS DILUÍDOS CM-70","2013-02-01","***","***","***","***","***","***"]
["ASFALTOS DILUÍDOS CM-70","2013-03-01","***","***","***","***","***","***"]
["ASFALTOS DILUÍDOS CM-70","2013-04-01","***","***","***","***","***","***"]
["ASFALTOS DILUÍDOS CM-70","2013-05-01","***","***","***","***","***","***"]
["ASFALTOS DILUÍDOS CM-70","2013-06-01","***","***","***","***","***","***"]
["ASFALTOS DILUÍDOS CM-70","2013-07-01","***","***","***","***","***","***"]
["ASFALTOS DILUÍDOS CM-70","2013-08-01","***","***","***","***","***","***"]
["ASFALTOS DILUÍDOS CM-70","2013-09-01","***","***","***","***","***","***"]
["ASFALTOS DILUÍDOS CM-70","2013-10-01","***","***","***","***","***","***"]
["ASFALTOS DILUÍDOS CM-70","2013-11-01","***","***","***","***","***","***"]
["ASFALTOS DILUÍDOS CM-70","2013-12-01","***","***","***","***","***","***"]
["ASFALTOS DILUÍDOS CM-70","2014-01-01","***","***","***","***","***","***"]
["ASFALTOS DILUÍDOS CM-70","2014-02-01","***","***","***","***","***","***"]
["ASFALTOS DILUÍDOS CM-70","2014-03-01","***","***","***","***","***","***"]
["ASFALTOS DILUÍDOS CM-70","2014-04-01","***","***","***","***","***","***"]
["ASFALTOS DILUÍDOS CM-70","2014-05-01","***","***","***","***","***","***"]
["ASFALTOS DILUÍDOS CM-70","2014-06-01","***","***","***","***","***","***"]
["ASFALTOS DILUÍDOS CM-70","2014-07-01","***","***","***","***","***","***"]
["ASFALTOS DILUÍDOS CM-70","2014-08-01","***","***","***","***","***","***"]
["ASFALTOS DILUÍDOS CM-70","2014-09-01","***","***","***","***","***","***"]
["ASFALTOS DILUÍDOS CM-70","2014-10-01","***","***","***","***","***","***"]
["ASFALTOS DILUÍDOS CM-70","2014-11-01","***","***","***","***","***","***"]
["ASFALTOS DILUÍDOS CM-70","2014-12-01","***","***","***","***","***","***"]
["ASFALTOS DILUÍDOS CM-70","2015-01-01","***","***","***","***","***","***"]
["ASFALTOS DILUÍDOS CM-70","2015-02-01","***","***","***","***","***","***"]
["ASFALTOS DILUÍDOS CM-70","2015-03-01","***","***","***","***","***","***"]
["ASFALTOS DILUÍDOS CM-70","2015-04-01","***","***","***","***","***","***"]
["ASFALTOS DILUÍDOS CM-70","2015-05-01","***","***","***","***","***","***"]
["ASFALTOS DILUÍDOS CM-70","2015-06-01","***","***","***","***","***","***"]
["ASFALTOS DILUÍDOS CM-70","2015-07-01","***","***","***","***","***","***"]
["ASFALTOS DILUÍDOS CM-70","2015-08-01","***","***","***","***","***","***"]
["ASFALTOS DILUÍDOS CM-70","2015-09-01","***","***","***","***","***","***"]
["ASFALTOS DILUÍDOS CM-70","2015-10-01","***","***","***","***","***","***"]
["ASFALTOS DILUÍDOS CM-70","2015-11-01","***","***","***","***","***","***"]
["ASFALTOS DILUÍDOS CM-70","2015-12-01","***","***","***","***","***","***"]
["ASFALTOS DILUÍDOS CM-70","2016-01-01","***","***","***","***","***","***"]
["ASFALTOS DILUÍDOS CM-70","2016-02-01","***","***","***","***","***","***"]
["ASFALTOS DILUÍDOS CM-70","2016-03-01","***","***","***","***","***","***"]
["ASFALTOS DILUÍDOS CM-70","2016-04-01","***","***","***","***","***","***"]
["ASFALTOS DILUÍDOS CM-70","2016-05-01","***","***","***","***","***","***"]
["ASFALTOS DILUÍDOS CM-70","2016-06-01","***","***","***","***","***","***"]
["ASFALTOS DILUÍDOS CM-70","2016-07-01","***","***","***","***","***","***"]
["ASFALTOS DILUÍDOS CM-70","2016-08-01","***","***","***","***","***","***"]
["ASFALTOS DILUÍDOS CM-70","2016-09-01","***","***","***","***","***","***"]
["ASFALTOS DILUÍDOS CM-70","2016-10-01","***","***","***","***","***","***"]
["ASFALTOS DILUÍDOS CM-70","2016-11-01","***","***","***","***","***","***"]
["ASFALTOS DILUÍDOS CM-70","2016-12-01","***","***","***","***","***","***"]
["ASFALTOS DILUÍDOS CM-70","2017-01-01","***","***","***","***","***","***"]
["ASFALTOS DILUÍDOS CM-70","2017-02-01","***","***","***","***","***","***"]
["ASFALTOS DILUÍDOS CM-70","2017-03-01","***","***","***","***","***","***"]
["ASFALTOS DILUÍDOS CM-70","2017-04-01","***","***","***","***","***","***"]
["ASFALTOS DILUÍDOS CM-70","2017-05-01","***","***","***","***","***","***"]
["ASFALTOS DILUÍDOS CM-70","2017-06-01","***","***","***","***","***","***"]
["ASFALTOS DILUÍDOS CM-70","2017-07-01","***","***","***","***","***","***"]
["ASFALTOS DILUÍDOS CM-70","2017-08-01","***","***","***","***","***","***"]
["ASFALTOS DILUÍDOS CM-70","2017-09-01","***","***","***","***","***","***"]
["ASFALTOS DILUÍDOS CM-70","2017-10-01","***","***","***","***","***","***"]
["ASFALTOS DILUÍDOS CM-70","2017-11-01","***","***","***","***","***","***"]
["ASFALTOS DILUÍDOS CM-70","2017-12-01","***","***","***","***","***","***"]
["ASFALTOS DILUÍDOS CM-70","2018-01-01","***","***","***","***","***","***"]
["ASFALTOS DILUÍDOS CM-70","2018-02-01","***","***","***","***","***","***"]
["ASFALTOS DILUÍDOS CM-70","2018-03-01","***","***","***","***","***","***"]
["ASFALTOS DILUÍDOS CM-70","2018-04-01","***","***","***","***","***","***"]
["ASFALTOS DILUÍDOS CM-70","2018-05-01","***","***","***","***","***","***"]
["ASFALTOS DILUÍDOS CM-70","2018-06-01","***","***","***","***","***","***"]
["ASFALTOS DILUÍDOS CM-70","2018-07-01","***","***","***","***","***","***"]
["ASFALTOS DILUÍDOS CM-70","2018-08-01","***","***","***","***","***","***"]
["ASFALTOS DILUÍDOS CM-70","2018-09-01","***","***","***","***","***","***"]
["ASFALTOS DILUÍDOS CM-70","2018-10-01","***","***","***","***","***","***"]
["ASFALTOS DILUÍDOS CM-70","2018-11-01","***","***","***","***","***","***"]
["ASFALTOS DILUÍDOS CM-70","2018-12-01","***","***","***","***","***","***"]
["ASFALTOS DILUÍDOS CM-70","2019-01-01","***","***","***","***","***","***"]
["ASFALTOS DILUÍDOS CM-70","2019-02-01","***","***","***","***","***","***"]
["ASFALTOS DILUÍDOS CM-70","2019-03-01","***","***","***","***","***","***"]
["ASFALTOS DILUÍDOS CM-70","2019-04-01","***","***","***","***","***","***"]
["ASFALTOS DILUÍDOS CM-70","2019-05-01","***","***","***","***","***","***"]
["ASFALTOS DILUÍDOS CM-70","2019-06-01","***","***","***","***","***","***"]
["ASFALTOS DILUÍDOS CM-70","2019-07-01","***","***","***","***","***","***"]
["ASFALTOS DILUÍDOS CM-70","2019-08-01","***","***","***","***","***","***"]
["ASFALTOS DILUÍDOS CM-70","2019-09-01","***","***","***","***","***","***"]
["ASFALTOS DILUÍDOS CM-70","2019-10-01","***","***","***","***","***","***"]
["ASFALTOS DILUÍDOS CM-70","2019-11-01","***","***","***","***","***","***"]
["ASFALTOS DILUÍDOS CM-70","2019-12-01","***","***","***","***","***","***"]
["ASFALTOS DILUÍDOS CM-70","2020-01-01","***","***","***","***","***","***"]
["ASFALTOS DILUÍDOS CM-70","2020-02-01","***","***","***","***","***","***"]
["ASFALTOS DILUÍDOS CM-70","2020-03-01","***","***","***","***","***","***"]
["ASFALTOS DILUÍDOS CM-70","2020-04-01","***","***","***","***","***","***"]
["ASFALTOS DILUÍDOS CM-70","2020-05-01","***","***","***","***","***","***"]
["ASFALTOS DILUÍDOS CM-70","2020-06-01","***","***","***","***","***","***"]
["ASFALTOS DILUÍDOS CM-70","2020-07-01","***","***","***","***","***","***"]
["ASFALTOS DILUÍDOS CM-70","2020-08-01","***","***","***","***","***","***"]
["ASFALTOS DILUÍDOS CM-70","2020-09-01","***","***","***","***","***","***"]
["ASFALTOS DILUÍDOS CM-70","2020-10-01","***","***","***","***","***","***"]
["ASFALTOS DILUÍDOS CM-70","2020-11-01","***","***","***","***","***","***"]
["ASFALTOS DILUÍDOS CM-70","2020-12-01","***","***","***","***","***","***"]
["ASFALTOS DILUÍDOS CM-70","2021-01-01","***","***","***","***","***","***"]
["ASFALTOS DILUÍDOS CM-70","2021-02-01","***","***","***","***","***","***"]
["ASFALTOS DILUÍDOS CM-70","2021-03-01","***","***","***","***","***","***"]
["ASFALTOS DILUÍDOS CM-70","2021-04-01","***","***","***","***","***","***"]
["ASFALTOS DILUÍDOS CM-70","2021-05-01","***","***","***","***","***","***"]
["ASFALTOS DILUÍDOS CM-70","2021-06-01","***","***","***","***","***","***"]
["ASFALTOS DILUÍDOS CM-70","2021-07-01","***","***","***","***","***","***"]
["ASFALTOS DILUÍDOS CM-70","2021-08-01","***","***","***","***","***","***"]
["ASFALTOS DILUÍDOS CM-70","2021-09-01","***","***","***","***","***","***"]
["ASFALTOS DILUÍDOS CM-70","2021-10-01","***","***","***","***","***","***"]
["ASFALTOS DILUÍDOS CM-70","2021-11-01","***","***","***","***","***","***"]
["ASFALTOS DILUÍDOS CM-70","2021-12-01","***","***","***","***","***","***"]
["ASFALTOS DILUÍDOS CM-70","2022-01-01","***","***","***","***","***","***"]
["ASFALTOS DILUÍDOS CM-70","2022-02-01","***","***","***","***","***","***"]
["ASFALTOS DILUÍDOS CM-70","2022-03-01","***","***","***","***","***","***"]
["ASFALTOS DILUÍDOS CM-70","2022-04-01","***","***","***","***","***","***"]
["ASFALTOS DILUÍDOS CM-70","2022-05-01","***","***","***","***","***","***"]
["ASFALTOS DILUÍDOS CM-70","2022-06-01","***","***","***","***","***","***"]
["ASFALTOS DILUÍDOS CM-70","2022-07-01","***","***","***","***","***","***"]
["ASFALTOS DILUÍDOS CM-70","2022-08-01","***","***","***","***","***","***"]
["ASFALTOS DILUÍDOS CM-70","2022-09-01","***","***","***","***","***","***"]
["ASFALTOS DILUÍDOS CM-70","2022-10-01","***","***","***","***","***","***"]
["ASFALTOS DILUÍDOS CM-70","2022-11-01","***","***","***","***","***","***"]
["ASFALTOS DILUÍDOS CM-70","2022-12-01","***","***","***","***","***","***"]
["ASFALTOS DILUÍDOS CM-70","2023-01-01","***","***","***","***","***","***"]
["ASFALTOS DILUÍDOS CM-70","2023-02-01","***","***","***","***","***","***"]
["ASFALTOS DILUÍDOS CM-70","2023-03-01","***","***","***","***","***","***"]
["ASFALTOS DILUÍDOS CM-70","2023-04-01","***","***","***","***","***","***"]
["ASFALTOS DILUÍDOS CM-70","2023-05-01","***","***","***","***","***","***"]
["ASFALTOS DILUÍDOS CM-70","2023-06-01","***","***","***","***","***","***"]
["ASFALTOS DILUÍDOS CM-70","2023-07-01","***","***","***","***","***","***"]
["ASFALTOS DILUÍDOS CM-70","2023-08-01","***","***","***","***","***","***"]
["ASFALTOS DILUÍDOS CM-70","2023-09-01","***","***","***","***","***","***"]
["ASFALTOS DILUÍDOS CM-70","2023-10-01","***","***","***","***","***","***"]
["ASFALTOS DILUÍDOS CM-70","2023-11-01","***","***","***","***","***","***"]
["ASFALTOS DILUÍDOS CM-70","2023-12-01","***","***","***","***","***","***"]
["ASFALTOS DILUÍDOS CM-70","2024-01-01","***","***","***","***","***","***"]
["ASFALTOS DILUÍDOS CM-70","2024-02-01","***","***","***","***","***","***"]
["ASFALTOS DILUÍDOS CM-70","2024-03-01","***","***","***","***","***","***"]
["ASFALTOS DILUÍDOS CM-70","2024-04-01","***","***","***","***","***","***"]
["ASFALTOS DILUÍDOS CM-70","2024-05-01","***","***","***","***","***","***"]
["ASFALTOS DILUÍDOS CM-70","2024-06-01","***","***","***","***","***","***"]
["ASFALTOS DILUÍDOS CM-70","2024-07-01","***","***","***","***","***","***"]
["ASFALTOS DILUÍDOS CM-70","2024-08-01","***","***","***","***","***","***"]
["ASFALTOS DILUÍDOS CM-70","2024-09-01","***","***","***","***","***","***"]
["ASFALTOS DILUÍDOS CM-70","2024-10-01","***","***","***","***","***","***"]
["ASFALTOS DILUÍDOS CM-70","2024-11-01","***","***","***","***","***","***"]
["ASFALTOS DILUÍDOS CM-70","2024-12-01","***","***","***","***","***","***"]
["ASFALTOS DILUÍDOS CM-70","2025-01-01","***","***","***","***","***","***"]
["ASFALTOS DILUÍDOS CM-70","2025-02-01","***","***","***","***","***","***"]
["ASFALTOS DILUÍDOS CM-70","2025-03-01","***","***","***","***","***","***"]
["ASFALTOS DILUÍDOS CM-70","2025-04-01","***","***","***","***","***","***"]
["ASFALTOS DILUÍDOS CM-70","2025-05-01","***","***","***","***","***","***"]
["ASFALTOS DILUÍDOS CR-250","2008-11-01",1.5293300000000001,1.382781231929604,"***",1.6455625530342228,"***",1.5271202561821082]
["ASFALTOS DILUÍDOS CR-250","2008-12-01","***",1.3644034709803285,"***","***",1.97516,1.3680553765352297]
["ASFALTOS DILUÍDOS CR-250","2009-01-01",1.46539,1.3161387468728678,"***","***","***",1.3472730525557954]
["ASFALTOS DILUÍDOS CR-250","2009-02-01",1.46539,"***","***",1.6850369047619047,"***",1.4925128812936421]
["ASFALTOS DILUÍDOS CR-250","2009-03-01","***","***",2.0878385215937847,1.2574649116904959,1.9751699999999999,1.9938624004008343]
["ASFALTOS DILUÍDOS CR-250","2009-04-01","***",1.3165808569222852,2.1016071220565036,1.5373920903954803,1.3759999999999999,2.0235738092733859]
["ASFALTOS DILUÍDOS CR-250","2009-05-01","***",1.2916973696052363,2.011241987385143,"***",1.4449633167495854,1.9630402398172413]
["ASFALTOS DILUÍDOS CR-250","2009-06-01","***","***",2.0486666995409992,1.621780173347779,1.7706666666666666,2.0431579081423918]
["ASFALTOS DILUÍDOS CR-250","2009-07-01","***",1.3785278369508467,2.0497871073238216,1.5477000000000001,2.2229999999999999,1.9808434581379211]
["ASFALTOS DILUÍDOS CR-250","2009-08-01","***",1.2607561943620178,2.0687709943467345,1.5838650211565584,"***",1.9820897328284304]
["ASFALTOS DILUÍDOS CR-250","2009-09-01","***",1.3537027633546281,2.054056660209711,1.5477000000000001,"***",1.9975828162283231]
["ASFALTOS DILUÍDOS CR-250","2009-10-01","***",1.3460482161729383,2.1048815815336366,"***","***",2.0574969062417412]
["ASFALTOS DILUÍDOS CR-250","2009-11-01","***",1.3467747967479673,2.0478444768751118,1.6655034482758622,"***",1.9823581180349732]
["ASFALTOS DILUÍDOS CR-250","2009-12-01",2.0884,"***","***",1.5476000000000001,"***",2.0519174603174601]
["ASFALTOS DILUÍDOS CR-250","2010-01-01",1.4896,1.3537776563321073,"***",1.5476000000000001,"***",1.4123258863706922]
["ASFALTOS DILUÍDOS CR-250","2010-02-01","***","***","***","***","***","***"]
["ASFALTOS DILUÍDOS CR-250","2010-03-01","***","***","***",1.5476799999999999,1.5329999999999999,1.5361752978056427]
["ASFALTOS DILUÍDOS CR-250","2010-04-01","***",1.3786799999999999,"***",1.5476799999999999,"***",1.3973385702456527]
["ASFALTOS DILUÍDOS CR-250","2010-05-01","***",1.4693400000000001,"***",1.5476799999999999,"***",1.4871445454545453]
["ASFALTOS DILUÍDOS CR-250","2010-06-01","***",1.2052,"***","***",1.5427480314960631,1.3356980213089804]
["ASFALTOS DILUÍDOS CR-250","2010-07-01","***","***","***",1.5476799999999999,"***",1.5476799999999999]
["ASFALTOS DILUÍDOS CR-250","2010-08-01","***","***","***","***","***","***"]
["ASFALTOS DILUÍDOS CR-250","2010-09-01","***","***","***",1.5476799999999999,1.7222500000000001,1.5990241176470588]
["ASFALTOS DILUÍDOS CR-250","2010-10-01",1.6424999999999998,1.3476300000000001,"***","***","***",1.4719360748870238]
["ASFALTOS DILUÍDOS CR-250","2010-11-01",1.5969199999999999,"***","***","***","***",1.5969199999999999]
["ASFALTOS DILUÍDOS CR-250","2010-12-01",1.5969199999999999,"***","***",1.5476799999999999,"***",1.5911782332155475]
["ASFALTOS DILUÍDOS CR-250","2011-01-01",1.4896,"***","***",1.5476799999999999,"***",1.4920911357657556]
["ASFALTOS DILUÍDOS CR-250","2011-02-01",1.4896,"***","***","***","***",1.4896]
["ASFALTOS DILUÍDOS CR-250","2011-03-01","***","***","***","***","***","***"]
["ASFALTOS DILUÍDOS CR-250","2011-04-01","***","***","***",1.6361999999999999,1.4339,1.5217589590443685]
["ASFALTOS DILUÍDOS CR-250","2011-05-01","***","***","***","***","***","***"]
["ASFALTOS DILUÍDOS CR-250","2011-06-01","***","***","***",1.5476700000000001,"***",1.5476700000000001]
["ASFALTOS DILUÍDOS CR-250","2011-07-01",1.4896,"***","***","***",1.8260000000000001,1.5280457142857142]
["ASFALTOS DILUÍDOS CR-250","2011-08-01","***","***","***","***","***","***"]
["ASFALTOS DILUÍDOS CR-250","2011-09-01","***","***","***","***","***","***"]
["ASFALTOS DILUÍDOS CR-250","2011-10-01","***","***","***","***","***","***"]
["ASFALTOS DILUÍDOS CR-250","2011-11-01","***","***","***","***","***","***"]
["ASFALTOS DILUÍDOS CR-250","2011-12-01","***","***","***","***","***","***"]
["ASFALTOS DILUÍDOS CR-250","2012-01-01","***","***","***","***","***","***"]
["ASFALTOS DILUÍDOS CR-250","2012-02-01",1.4896,"***","***",1.57168,"***",1.5100703147699757]
["ASFALTOS DILUÍDOS CR-250","2012-03-01","***","***","***","***","***","***"]
["ASFALTOS DILUÍDOS CR-250","2012-04-01","***","***","***","***","***","***"]
["ASFALTOS DILUÍDOS CR-250","2012-05-01","***","***","***","***",1.4343999999999999,1.4343999999999999]
["ASFALTOS DILUÍDOS CR-250","2012-06-01",1.4896,"***","***","***","***",1.4896]
["ASFALTOS DILUÍDOS CR-250","2012-07-01","***","***","***","***","***","***"]
["ASFALTOS DILUÍDOS CR-250","2012-08-01","***","***","***",1.6972,"***",1.6972]
["ASFALTOS DILUÍDOS CR-250","2012-09-01","***","***","***","***","***","***"]
["ASFALTOS DILUÍDOS CR-250","2012-10-01","***","***","***","***","***","***"]
["ASFALTOS DILUÍDOS CR-250","2012-11-01","***","***","***","***","***","***"]
["ASFALTOS DILUÍDOS CR-250","2012-12-01","***","***","***","***","***","***"]
["ASFALTOS DILUÍDOS CR-250","2013-01-01",1.95122,"***","***",1.39585,"***",1.4617589943785134]
["ASFALTOS DILUÍDOS CR-250","2013-02-01",1.95122,"***","***","***","***",1.95122]
["ASFALTOS DILUÍDOS CR-250","2013-03-01",1.9512199999999997,"***","***","***","***",1.9512199999999997]
["ASFALTOS DILUÍDOS CR-250","2013-04-01","***","***","***",1.7104999999999999,"***",1.7104999999999999]
["ASFALTOS DILUÍDOS CR-250","2013-05-01","***","***","***","***","***","***"]
["ASFALTOS DILUÍDOS CR-250","2013-06-01","***","***","***","***",1.3348,1.3348]
["ASFALTOS DILUÍDOS CR-250","2013-07-01","***","***","***","***","***","***"]
["ASFALTOS DILUÍDOS CR-250","2013-08-01","***","***","***",1.7069000000000001,"***",1.7069000000000001]
["ASFALTOS DILUÍDOS CR-250","2013-09-01","***","***","***","***","***","***"]
["ASFALTOS DILUÍDOS CR-250","2013-10-01","***","***","***",1.7071000000000001,"***",1.7071000000000001]
["ASFALTOS DILUÍDOS CR-250","2013-11-01","***","***","***","***","***","***"]
["ASFALTOS DILUÍDOS CR-250","2013-12-01","***","***","***","***","***","***"]
["ASFALTOS DILUÍDOS CR-250","2014-01-01","***","***","***",1.7055,"***",1.7055]
["ASFALTOS DILUÍDOS CR-250","2014-02-01","***","***","***","***","***","***"]
["ASFALTOS DILUÍDOS CR-250","2014-03-01","***","***","***","***","***","***"]
["ASFALTOS DILUÍDOS CR-250","2014-04-01","***","***","***","***","***","***"]
["ASFALTOS DILUÍDOS CR-250","2014-05-01","***","***","***","***",1.3340000000000001,1.3340000000000001]
["ASFALTOS DILUÍDOS CR-250","2014-06-01","***","***","***","***",1.7875000000000001,1.7875000000000001]
["ASFALTOS DILUÍDOS CR-250","2014-07-01","***","***","***","***","***","***"]
["ASFALTOS DILUÍDOS CR-250","2014-08-01","***","***","***",1.7021999999999999,"***",1.7021999999999999]
["ASFALTOS DILUÍDOS CR-250","2014-09-01","***","***","***",1.7039,"***",1.7039]
["ASFALTOS DILUÍDOS CR-250","2014-10-01","***","***","***",1.7030000000000001,"***",1.7030000000000001]
["ASFALTOS DILUÍDOS CR-250","2014-11-01","***","***","***","***","***","***"]
["ASFALTOS DILUÍDOS CR-250","2014-12-01","***","***","***","***","***","***"]
["ASFALTOS DILUÍDOS CR-250","2015-01-01","***","***","***","***","***","***"]
["ASFALTOS DILUÍDOS CR-250","2015-02-01","***","***","***","***",1.5871,1.5871]
["ASFALTOS DILUÍDOS CR-250","2015-03-01","***","***","***","***","***","***"]
["ASFALTOS DILUÍDOS CR-250","2015-04-01","***","***","***","***","***","***"]
["ASFALTOS DILUÍDOS CR-250","2015-05-01","***","***","***","***","***","***"]
["ASFALTOS DILUÍDOS CR-250","2015-06-01","***","***","***",2.3921000000000001,"***",2.3921000000000001]
["ASFALTOS DILUÍDOS CR-250","2015-07-01","***","***","***","***","***","***"]
["ASFALTOS DILUÍDOS CR-250","2015-08-01","***","***","***","***","***","***"]
["ASFALTOS DILUÍDOS CR-250","2015-09-01","***","***","***",2.3885999999999998,"***",2.3885999999999998]
["ASFALTOS DILUÍDOS CR-250","2015-10-01","***","***","***","***","***","***"]
["ASFALTOS DILUÍDOS CR-250","2015-11-01","***","***","***","***",1.2641,1.2641]
["ASFALTOS DILUÍDOS CR-250","2015-12-01","***","***","***","***","***","***"]
["ASFALTOS DILUÍDOS CR-250","2016-01-01","***","***","***","***","***","***"]
["ASFALTOS DILUÍDOS CR-250","2016-02-01","***","***","***","***","***","***"]
["ASFALTOS DILUÍDOS CR-250","2016-03-01","***","***","***","***","***","***"]
["ASFALTOS DILUÍDOS CR-250","2016-04-01","***","***","***","***","***","***"]
["ASFALTOS DILUÍDOS CR-250","2016-05-01","***","***","***","***","***","***"]
["ASFALTOS DILUÍDOS CR-250","2016-06-01","***","***","***","***","***","***"]
["ASFALTOS DILUÍDOS CR-250","2016-07-01","***","***","***","***","***","***"]
["ASFALTOS DILUÍDOS CR-250","2016-08-01","***","***","***","***","***","***"]
["ASFALTOS DILUÍDOS CR-250","2016-09-01","***","***","***","***","***","***"]
["ASFALTOS DILUÍDOS CR-250","2016-10-01","***","***","***","***","***","***"]
["ASFALTOS DILUÍDOS CR-250","2016-11-01","***","***","***","***","***","***"]
["ASFALTOS DILUÍDOS CR-250","2016-12-01","***","***","***","***","***","***"]
["ASFALTOS DILUÍDOS CR-250","2017-01-01","***","***","***","***","***","***"]
["ASFALTOS DILUÍDOS CR-250","2017-02-01","***","***","***","***","***","***"]
["ASFALTOS DILUÍDOS CR-250","2017-03-01","***","***","***","***","***","***"]
["ASFALTOS DILUÍDOS CR-250","2017-04-01","***","***","***","***","***","***"]
["ASFALTOS DILUÍDOS CR-250","2017-05-01","***","***","***","***","***","***"]
["ASFALTOS DILUÍDOS CR-250","2017-06-01","***","***","***","***","***","***"]
["ASFALTOS DILUÍDOS CR-250","2017-07-01","***","***","***","***","***","***"]
["ASFALTOS DILUÍDOS CR-250","2017-08-01","***","***","***","***","***","***"]
["ASFALTOS DILUÍDOS CR-250","2017-09-01","***","***","***","***","***","***"]
["ASFALTOS DILUÍDOS CR-250","2017-10-01","***","***","***","***","***","***"]
["ASFALTOS DILUÍDOS CR-250","2017-11-01","***","***","***","***","***","***"]
["ASFALTOS DILUÍDOS CR-250","2017-12-01","***","***","***","***","***","***"]
["ASFALTOS DILUÍDOS CR-250","2018-01-01","***","***","***","***","***","***"]
["ASFALTOS DILUÍDOS CR-250","2018-02-01","***","***","***","***","***","***"]
["ASFALTOS DILUÍDOS CR-250","2018-03-01","***","***","***","***","***","***"]
["ASFALTOS DILUÍDOS CR-250","2018-04-01","***","***","***","***","***","***"]
["ASFALTOS DILUÍDOS CR-250","2018-05-01","***","***","***","***","***","***"]
["ASFALTOS DILUÍDOS CR-250","2018-06-01","***","***","***","***","***","***"]
["ASFALTOS DILUÍDOS CR-250","2018-07-01","***","***","***","***","***","***"]
["ASFALTOS DILUÍDOS CR-250","2018-08-01","***","***","***","***","***","***"]
["ASFALTOS DILUÍDOS CR-250","2018-09-01","***","***","***","***","***","***"]
["ASFALTOS DILUÍDOS CR-250","2018-10-01","***","***","***","***","***","***"]
["ASFALTOS DILUÍDOS CR-250","2018-11-01","***","***","***","***","***","***"]
["ASFALTOS DILUÍDOS CR-250","2018-12-01","***","***","***","***","***","***"]
["ASFALTOS DILUÍDOS CR-250","2019-01-01","***","***","***","***","***","***"]
["ASFALTOS DILUÍDOS CR-250","2019-02-01","***","***","***","***","***","***"]
["ASFALTOS DILUÍDOS CR-250","2019-03-01","***","***","***","***","***","***"]
["ASFALTOS DILUÍDOS CR-250","2019-04-01","***","***","***","***","***","***"]
["ASFALTOS DILUÍDOS CR-250","2019-05-01","***","***","***","***","***","***"]
["ASFALTOS DILUÍDOS CR-250","2019-06-01","***","***","***","***","***","***"]
["ASFALTOS DILUÍDOS CR-250","2019-07-01","***","***","***","***","***","***"]
["ASFALTOS DILUÍDOS CR-250","2019-08-01","***","***","***","***","***","***"]
["ASFALTOS DILUÍDOS CR-250","2019-09-01","***","***","***","***","***","***"]
["ASFALTOS DILUÍDOS CR-250","2019-10-01","***","***","***","***","***","***"]
["ASFALTOS DILUÍDOS CR-250","2019-11-01","***","***","***","***","***","***"]
["ASFALTOS DILUÍDOS CR-250","2019-12-01","***","***","***","***","***","***"]
["ASFALTOS DILUÍDOS CR-250","2020-01-01","***","***","***","***","***","***"]
["ASFALTOS DILUÍDOS CR-250","2020-02-01","***","***","***","***","***","***"]
["ASFALTOS DILUÍDOS CR-250","2020-03-01","***","***","***","***","***","***"]
["ASFALTOS DILUÍDOS CR-250","2020-04-01","***","***","***","***","***","***"]
["ASFALTOS DILUÍDOS CR-250","2020-05-01","***","***","***","***","***","***"]
["ASFALTOS DILUÍDOS CR-250","2020-06-01","***","***","***","***","***","***"]
["ASFALTOS DILUÍDOS CR-250","2020-07-01","***","***","***","***","***","***"]
["ASFALTOS DILUÍDOS CR-250","2020-08-01","***","***","***","***","***","***"]
["ASFALTOS DILUÍDOS CR-250","2020-09-01","***","***","***","***","***","***"]
["ASFALTOS DILUÍDOS CR-250","2020-10-01","***","***","***","***","***","***"]
["ASFALTOS DILUÍDOS CR-250","2020-11-01","***","***","***","***","***","***"]
["ASFALTOS DILUÍDOS CR-250","2020-12-01","***","***","***","***","***","***"]
["ASFALTOS DILUÍDOS CR-250","2021-01-01","***","***","***","***","***","***"]
["ASFALTOS DILUÍDOS CR-250","2021-02-01","***","***","***","***","***","***"]
["ASFALTOS DILUÍDOS CR-250","2021-03-01","***","***","***","***","***","***"]
["ASFALTOS DILUÍDOS CR-250","2021-04-01","***","***","***","***","***","***"]
["ASFALTOS DILUÍDOS CR-250","2021-05-01","***","***","***","***","***","***"]
["ASFALTOS DILUÍDOS CR-250","2021-06-01","***","***","***","***","***","***"]
["ASFALTOS DILUÍDOS CR-250","2021-07-01","***","***","***","***","***","***"]
["ASFALTOS DILUÍDOS CR-250","2021-08-01","***","***","***","***","***","***"]
["ASFALTOS DILUÍDOS CR-250","2021-09-01","***","***","***","***","***","***"]
["ASFALTOS DILUÍDOS CR-250","2021-10-01","***","***","***","***","***","***"]
["ASFALTOS DILUÍDOS CR-250","2021-11-01","***","***","***","***","***","***"]
["ASFALTOS DILUÍDOS CR-250","2021-12-01","***","***","***","***","***","***"]
["ASFALTOS DILUÍDOS CR-250","2022-01-01","***","***","***","***","***","***"]
["ASFALTOS DILUÍDOS CR-250","2022-02-01","***","***","***","***","***","***"]
["ASFALTOS DILUÍDOS CR-250","2022-03-01","***","***","***","***","***","***"]
["ASFALTOS DILUÍDOS CR-250","2022-04-01","***","***","***","***","***","***"]
["ASFALTOS DILUÍDOS CR-250","2022-05-01","***","***","***","***","***","***"]
["ASFALTOS DILUÍDOS CR-250","2022-06-01","***","***","***","***","***","***"]
["ASFALTOS DILUÍDOS CR-250","2022-07-01","***","***","***","***","***","***"]
["ASFALTOS DILUÍDOS CR-250","2022-08-01","***","***","***","***","***","***"]
["ASFALTOS DILUÍDOS CR-250","2022-09-01","***","***","***","***","***","***"]
["ASFALTOS DILUÍDOS CR-250","2022-10-01","***","***","***","***","***","***"]
["ASFALTOS DILUÍDOS CR-250","2022-11-01","***","***","***","***","***","***"]
["ASFALTOS DILUÍDOS CR-250","2022-12-01","***","***","***","***","***","***"]
["ASFALTOS DILUÍDOS CR-250","2023-01-01","***","***","***","***","***","***"]
["ASFALTOS DILUÍDOS CR-250","2023-02-01","***","***","***","***","***","***"]
["ASFALTOS DILUÍDOS CR-250","2023-03-01","***","***","***","***","***","***"]
["ASFALTOS DILUÍDOS CR-250","2023-04-01","***","***","***","***","***","***"]
["ASFALTOS DILUÍDOS CR-250","2023-05-01","***","***","***","***","***","***"]
["ASFALTOS DILUÍDOS CR-250","2023-06-01","***","***","***","***","***","***"]
["ASFALTOS DILUÍDOS CR-250","2023-07-01","***","***","***","***","***","***"]
["ASFALTOS DILUÍDOS CR-250","2023-08-01","***","***","***","***","***","***"]
["ASFALTOS DILUÍDOS CR-250","2023-09-01","***","***","***","***","***","***"]
["ASFALTOS DILUÍDOS CR-250","2023-10-01","***","***","***","***","***","***"]
["ASFALTOS DILUÍDOS CR-250","2023-11-01","***","***","***","***","***","***"]
["ASFALTOS DILUÍDOS CR-250","2023-12-01","***","***","***","***","***","***"]
["ASFALTOS DILUÍDOS CR-250","2024-01-01","***","***","***","***","***","***"]
["ASFALTOS DILUÍDOS CR-250","2024-02-01","***","***","***","***","***","***"]
["ASFALTOS DILUÍDOS CR-250","2024-03-01","***","***","***","***","***","***"]
["ASFALTOS DILUÍDOS CR-250","2024-04-01","***","***","***","***","***","***"]
["ASFALTOS DILUÍDOS CR-250","2024-05-01","***","***","***","***","***","***"]
["ASFALTOS DILUÍDOS CR-250","2024-06-01","***","***","***","***","***","***"]
["ASFALTOS DILUÍDOS CR-250","2024-07-01","***","***","***","***","***","***"]
["ASFALTOS DILUÍDOS CR-250","2024-08-01","***","***","***","***","***","***"]
["ASFALTOS DILUÍDOS CR-250","2024-09-01","***","***","***","***","***","***"]
["ASFALTOS DILUÍDOS CR-250","2024-10-01","***","***","***","***","***","***"]
["ASFALTOS DILUÍDOS CR-250","2024-11-01","***","***","***","***","***","***"]
["ASFALTOS DILUÍDOS CR-250","2024-12-01","***","***","***","***","***","***"]
["ASFALTOS DILUÍDOS CR-250","2025-01-01","***","***","***","***","***","***"]
["ASFALTOS DILUÍDOS CR-250","2025-02-01","***","***","***","***","***","***"]
["ASFALTOS DILUÍDOS CR-250","2025-03-01","***","***","***","***","***","***"]
["ASFALTOS DILUÍDOS CR-250","2025-04-01","***","***","***","***","***","***"]
["ASFALTOS DILUÍDOS CR-250","2025-05-01","***","***","***","***","***","***"]
["ASFALTOS DILUÍDOS CR-70","2008-11-01","***","***","***","***","***","***"]
["ASFALTOS DILUÍDOS CR-70","2008-12-01","***","***","***",1.9236199999999997,"***",1.9236199999999997]
["ASFALTOS DILUÍDOS CR-70","2009-01-01","***","***","***","***","***","***"]
["ASFALTOS DILUÍDOS CR-70","2009-02-01","***","***","***","***","***","***"]
["ASFALTOS DILUÍDOS CR-70","2009-03-01","***","***","***","***","***","***"]
["ASFALTOS DILUÍDOS CR-70","2009-04-01","***","***","***","***","***","***"]
["ASFALTOS DILUÍDOS CR-70","2009-05-01","***","***","***","***","***","***"]
["ASFALTOS DILUÍDOS CR-70","2009-06-01","***","***","***","***","***","***"]
["ASFALTOS DILUÍDOS CR-70","2009-07-01","***","***","***","***","***","***"]
["ASFALTOS DILUÍDOS CR-70","2009-08-01","***","***","***","***","***","***"]
["ASFALTOS DILUÍDOS CR-70","2009-09-01","***","***","***","***","***","***"]
["ASFALTOS DILUÍDOS CR-70","2009-10-01","***","***","***","***","***","***"]
["ASFALTOS DILUÍDOS CR-70","2009-11-01","***","***","***","***","***","***"]
["ASFALTOS DILUÍDOS CR-70","2009-12-01","***","***","***","***","***","***"]
["ASFALTOS DILUÍDOS CR-70","2010-01-01","***","***","***","***","***","***"]
["ASFALTOS DILUÍDOS CR-70","2010-02-01","***","***","***","***","***","***"]
["ASFALTOS DILUÍDOS CR-70","2010-03-01","***","***","***","***","***","***"]
["ASFALTOS DILUÍDOS CR-70","2010-04-01","***","***","***","***","***","***"]
["ASFALTOS DILUÍDOS CR-70","2010-05-01","***","***","***","***","***","***"]
["ASFALTOS DILUÍDOS CR-70","2010-06-01","***","***","***","***","***","***"]
["ASFALTOS DILUÍDOS CR-70","2010-07-01","***","***","***","***","***","***"]
["ASFALTOS DILUÍDOS CR-70","2010-08-01","***","***","***","***","***","***"]
["ASFALTOS DILUÍDOS CR-70","2010-09-01","***","***","***","***","***","***"]
["ASFALTOS DILUÍDOS CR-70","2010-10-01","***","***","***","***","***","***"]
["ASFALTOS DILUÍDOS CR-70","2010-11-01","***","***","***","***","***","***"]
["ASFALTOS DILUÍDOS CR-70","2010-12-01","***","***","***","***","***","***"]
["ASFALTOS DILUÍDOS CR-70","2011-01-01","***","***","***","***","***","***"]
["ASFALTOS DILUÍDOS CR-70","2011-02-01","***","***","***","***","***","***"]
["ASFALTOS DILUÍDOS CR-70","2011-03-01","***","***","***","***","***","***"]
["ASFALTOS DILUÍDOS CR-70","2011-04-01","***","***","***","***","***","***"]
["ASFALTOS DILUÍDOS CR-70","2011-05-01","***","***","***","***","***","***"]
["ASFALTOS DILUÍDOS CR-70","2011-06-01","***","***","***","***","***","***"]
["ASFALTOS DILUÍDOS CR-70","2011-07-01","***","***","***","***","***","***"]
["ASFALTOS DILUÍDOS CR-70","2011-08-01","***","***","***","***","***","***"]
["ASFALTOS DILUÍDOS CR-70","2011-09-01","***","***","***","***","***","***"]
["ASFALTOS DILUÍDOS CR-70","2011-10-01","***","***","***","***","***","***"]
["ASFALTOS DILUÍDOS CR-70","2011-11-01","***","***","***","***","***","***"]
["ASFALTOS DILUÍDOS CR-70","2011-12-01","***","***","***","***","***","***"]
["ASFALTOS DILUÍDOS CR-70","2012-01-01","***","***","***","***","***","***"]
["ASFALTOS DILUÍDOS CR-70","2012-02-01","***","***","***","***","***","***"]
["ASFALTOS DILUÍDOS CR-70","2012-03-01","***","***","***","***","***","***"]
["ASFALTOS DILUÍDOS CR-70","2012-04-01","***","***","***","***","***","***"]
["ASFALTOS DILUÍDOS CR-70","2012-05-01","***","***","***","***","***","***"]
["ASFALTOS DILUÍDOS CR-70","2012-06-01","***","***","***","***","***","***"]
["ASFALTOS DILUÍDOS CR-70","2012-07-01","***","***","***","***","***","***"]
["ASFALTOS DILUÍDOS CR-70","2012-08-01","***","***","***","***","***","***"]
["ASFALTOS DILUÍDOS CR-70","2012-09-01","***","***","***","***","***","***"]
["ASFALTOS DILUÍDOS CR-70","2012-10-01","***","***","***","***","***","***"]
["ASFALTOS DILUÍDOS CR-70","2012-11-01","***","***","***","***","***","***"]
["ASFALTOS DILUÍDOS CR-70","2012-12-01","***","***","***","***","***","***"]
["ASFALTOS DILUÍDOS CR-70","2013-01-01","***","***","***","***","***","***"]
["ASFALTOS DILUÍDOS CR-70","2013-02-01","***","***","***","***","***","***"]
["ASFALTOS DILUÍDOS CR-70","2013-03-01","***","***","***","***","***","***"]
["ASFALTOS DILUÍDOS CR-70","2013-04-01","***","***","***","***","***","***"]
["ASFALTOS DILUÍDOS CR-70","2013-05-01","***","***","***","***","***","***"]
["ASFALTOS DILUÍDOS CR-70","2013-06-01","***","***","***","***","***","***"]
["ASFALTOS DILUÍDOS CR-70","2013-07-01","***","***","***","***","***","***"]
["ASFALTOS DILUÍDOS CR-70","2013-08-01","***","***","***","***","***","***"]
["ASFALTOS DILUÍDOS CR-70","2013-09-01","***","***","***","***","***","***"]
["ASFALTOS DILUÍDOS CR-70","2013-10-01","***","***","***","***","***","***"]
["ASFALTOS DILUÍDOS CR-70","2013-11-01","***","***","***","***","***","***"]
["ASFALTOS DILUÍDOS CR-70","2013-12-01","***","***","***","***","***","***"]
["ASFALTOS DILUÍDOS CR-70","2014-01-01","***","***","***","***","***","***"]
["ASFALTOS DILUÍDOS CR-70","2014-02-01","***","***","***","***","***","***"]
["ASFALTOS DILUÍDOS CR-70","2014-03-01","***","***","***","***","***","***"]
["ASFALTOS DILUÍDOS CR-70","2014-04-01","***","***","***","***","***","***"]
["ASFALTOS DILUÍDOS CR-70","2014-05-01","***","***","***","***","***","***"]
["ASFALTOS DILUÍDOS CR-70","2014-06-01","***","***","***","***","***","***"]
["ASFALTOS DILUÍDOS CR-70","2014-07-01","***","***","***","***","***","***"]
["ASFALTOS DILUÍDOS CR-70","2014-08-01","***","***","***","***","***","***"]
["ASFALTOS DILUÍDOS CR-70","2014-09-01","***","***","***","***","***","***"]
["ASFALTOS DILUÍDOS CR-70","2014-10-01","***","***","***","***","***","***"]
["ASFALTOS DILUÍDOS CR-70","2014-11-01","***","***","***","***","***","***"]
["ASFALTOS DILUÍDOS CR-70","2014-12-01","***","***","***","***","***","***"]
["ASFALTOS DILUÍDOS CR-70","2015-01-01","***","***","***","***","***","***"]
["ASFALTOS DILUÍDOS CR-70","2015-02-01","***","***","***","***","***","***"]
["ASFALTOS DILUÍDOS CR-70","2015-03-01","***","***","***","***","***","***"]
["ASFALTOS DILUÍDOS CR-70","2015-04-01","***","***","***","***","***","***"]
["ASFALTOS DILUÍDOS CR-70","2015-05-01","***","***","***","***","***","***"]
["ASFALTOS DILUÍDOS CR-70","2015-06-01","***","***","***","***","***","***"]
["ASFALTOS DILUÍDOS CR-70","2015-07-01","***","***","***","***","***","***"]
["ASFALTOS DILUÍDOS CR-70","2015-08-01","***","***","***","***","***","***"]
["ASFALTOS DILUÍDOS CR-70","2015-09-01","***","***","***","***","***","***"]
["ASFALTOS DILUÍDOS CR-70","2015-10-01","***","***","***","***","***","***"]
["ASFALTOS DILUÍDOS CR-70","2015-11-01","***","***","***","***","***","***"]
["ASFALTOS DILUÍDOS CR-70","2015-12-01","***","***","***","***","***","***"]
["ASFALTOS DILUÍDOS CR-70","2016-01-01","***","***","***","***","***","***"]
["ASFALTOS DILUÍDOS CR-70","2016-02-01","***","***","***","***","***","***"]
["ASFALTOS DILUÍDOS CR-70","2016-03-01","***","***","***","***","***","***"]
["ASFALTOS DILUÍDOS CR-70","2016-04-01","***","***","***","***","***","***"]
["ASFALTOS DILUÍDOS CR-70","2016-05-01","***","***","***","***","***","***"]
["ASFALTOS DILUÍDOS CR-70","2016-06-01","***","***","***","***","***","***"]
["ASFALTOS DILUÍDOS CR-70","2016-07-01","***","***","***","***","***","***"]
["ASFALTOS DILUÍDOS CR-70","2016-08-01","***","***","***","***","***","***"]
["ASFALTOS DILUÍDOS CR-70","2016-09-01","***","***","***","***","***","***"]
["ASFALTOS DILUÍDOS CR-70","2016-10-01","***","***","***","***","***","***"]
["ASFALTOS DILUÍDOS CR-70","2016-11-01","***","***","***","***","***","***"]
["ASFALTOS DILUÍDOS CR-70","2016-12-01","***","***","***","***","***","***"]
["ASFALTOS DILUÍDOS CR-70","2017-01-01","***","***","***","***","***","***"]
["ASFALTOS DILUÍDOS CR-70","2017-02-01","***","***","***","***","***","***"]
["ASFALTOS DILUÍDOS CR-70","2017-03-01","***","***","***","***","***","***"]
["ASFALTOS DILUÍDOS CR-70","2017-04-01","***","***","***","***","***","***"]
["ASFALTOS DILUÍDOS CR-70","2017-05-01","***","***","***","***","***","***"]
["ASFALTOS DILUÍDOS CR-70","2017-06-01","***","***","***","***","***","***"]
["ASFALTOS DILUÍDOS CR-70","2017-07-01","***","***","***","***","***","***"]
["ASFALTOS DILUÍDOS CR-70","2017-08-01","***","***","***","***","***","***"]
["ASFALTOS DILUÍDOS CR-70","2017-09-01","***","***","***","***","***","***"]
["ASFALTOS DILUÍDOS CR-70","2017-10-01","***","***","***","***","***","***"]
["ASFALTOS DILUÍDOS CR-70","2017-11-01","***","***","***","***","***","***"]
["ASFALTOS DILUÍDOS CR-70","2017-12-01","***","***","***","***","***","***"]
["ASFALTOS DILUÍDOS CR-70","2018-01-01","***","***","***","***","***","***"]
["ASFALTOS DILUÍDOS CR-70","2018-02-01","***","***","***","***","***","***"]
["ASFALTOS DILUÍDOS CR-70","2018-03-01","***","***","***","***","***","***"]
["ASFALTOS DILUÍDOS CR-70","2018-04-01","***","***","***","***","***","***"]
["ASFALTOS DILUÍDOS CR-70","2018-05-01","***","***","***","***","***","***"]
["ASFALTOS DILUÍDOS CR-70","2018-06-01","***","***","***","***","***","***"]
["ASFALTOS DILUÍDOS CR-70","2018-07-01","***","***","***","***","***","***"]
["ASFALTOS DILUÍDOS CR-70","2018-08-01","***","***","***","***","***","***"]
["ASFALTOS DILUÍDOS CR-70","2018-09-01","***","***","***","***","***","***"]
["ASFALTOS DILUÍDOS CR-70","2018-10-01","***","***","***","***","***","***"]
["ASFALTOS DILUÍDOS CR-70","2018-11-01","***","***","***","***","***","***"]
["ASFALTOS DILUÍDOS CR-70","2018-12-01","***","***","***","***","***","***"]
["ASFALTOS DILUÍDOS CR-70","2019-01-01","***","***","***","***","***","***"]
["ASFALTOS DILUÍDOS CR-70","2019-02-01","***","***","***","***","***","***"]
["ASFALTOS DILUÍDOS CR-70","2019-03-01","***","***","***","***","***","***"]
["ASFALTOS DILUÍDOS CR-70","2019-04-01","***","***","***","***","***","***"]
["ASFALTOS DILUÍDOS CR-70","2019-05-01","***","***","***","***","***","***"]
["ASFALTOS DILUÍDOS CR-70","2019-06-01","***","***","***","***","***","***"]
["ASFALTOS DILUÍDOS CR-70","2019-07-01","***","***","***","***","***","***"]
["ASFALTOS DILUÍDOS CR-70","2019-08-01","***","***","***","***","***","***"]
["ASFALTOS DILUÍDOS CR-70","2019-09-01","***","***","***","***","***","***"]
["ASFALTOS DILUÍDOS CR-70","2019-10-01","***","***","***","***","***","***"]
["ASFALTOS DILUÍDOS CR-70","2019-11-01","***","***","***","***","***","***"]
["ASFALTOS DILUÍDOS CR-70","2019-12-01","***","***","***","***","***","***"]
["ASFALTOS DILUÍDOS CR-70","2020-01-01","***","***","***","***","***","***"]
["ASFALTOS DILUÍDOS CR-70","2020-02-01","***","***","***","***","***","***"]
["ASFALTOS DILUÍDOS CR-70","2020-03-01","***","***","***","***","***","***"]
["ASFALTOS DILUÍDOS CR-70","2020-04-01","***","***","***","***","***","***"]
["ASFALTOS DILUÍDOS CR-70","2020-05-01","***","***","***","***","***","***"]
["ASFALTOS DILUÍDOS CR-70","2020-06-01","***","***","***","***","***","***"]
["ASFALTOS DILUÍDOS CR-70","2020-07-01","***","***","***","***","***","***"]
["ASFALTOS DILUÍDOS CR-70","2020-08-01","***","***","***","***","***","***"]
["ASFALTOS DILUÍDOS CR-70","2020-09-01","***","***","***","***","***","***"]
["ASFALTOS DILUÍDOS CR-70","2020-10-01","***","***","***","***","***","***"]
["ASFALTOS DILUÍDOS CR-70","2020-11-01","***","***","***","***","***","***"]
["ASFALTOS DILUÍDOS CR-70","2020-12-01","***","***","***","***","***","***"]
["ASFALTOS DILUÍDOS CR-70","2021-01-01","***","***","***","***","***","***"]
["ASFALTOS DILUÍDOS CR-70","2021-02-01","***","***","***","***","***","***"]
["ASFALTOS DILUÍDOS CR-70","2021-03-01","***","***","***","***","***","***"]
["ASFALTOS DILUÍDOS CR-70","2021-04-01","***","***","***","***","***","***"]
["ASFALTOS DILUÍDOS CR-70","2021-05-01","***","***","***","***","***","***"]
["ASFALTOS DILUÍDOS CR-70","2021-06-01","***","***","***","***","***","***"]
["ASFALTOS DILUÍDOS CR-70","2021-07-01","***","***","***","***","***","***"]
["ASFALTOS DILUÍDOS CR-70","2021-08-01","***","***","***","***","***","***"]
["ASFALTOS DILUÍDOS CR-70","2021-09-01","***","***","***","***","***","***"]
["ASFALTOS DILUÍDOS CR-70","2021-10-01","***","***","***","***","***","***"]
["ASFALTOS DILUÍDOS CR-70","2021-11-01","***","***","***","***","***","***"]
["ASFALTOS DILUÍDOS CR-70","2021-12-01","***","***","***","***","***","***"]
["ASFALTOS DILUÍDOS CR-70","2022-01-01","***","***","***","***","***","***"]
["ASFALTOS DILUÍDOS CR-70","2022-02-01","***","***","***","***","***","***"]
["ASFALTOS DILUÍDOS CR-70","2022-03-01","***","***","***","***","***","***"]
["ASFALTOS DILUÍDOS CR-70","2022-04-01","***","***","***","***","***","***"]
["ASFALTOS DILUÍDOS CR-70","2022-05-01","***","***","***","***","***","***"]
["ASFALTOS DILUÍDOS CR-70","2022-06-01","***","***","***","***","***","***"]
["ASFALTOS DILUÍDOS CR-70","2022-07-01","***","***","***","***","***","***"]
["ASFALTOS DILUÍDOS CR-70","2022-08-01","***","***","***","***","***","***"]
["ASFALTOS DILUÍDOS CR-70","2022-09-01","***","***","***","***","***","***"]
["ASFALTOS DILUÍDOS CR-70","2022-10-01","***","***","***","***","***","***"]
["ASFALTOS DILUÍDOS CR-70","2022-11-01","***","***","***","***","***","***"]
["ASFALTOS DILUÍDOS CR-70","2022-12-01","***","***","***","***","***","***"]
["ASFALTOS DILUÍDOS CR-70","2023-01-01","***","***","***","***","***","***"]
["ASFALTOS DILUÍDOS CR-70","2023-02-01","***","***","***","***","***","***"]
["ASFALTOS DILUÍDOS CR-70","2023-03-01","***","***","***","***","***","***"]
["ASFALTOS DILUÍDOS CR-70","2023-04-01","***","***","***","***","***","***"]
["ASFALTOS DILUÍDOS CR-70","2023-05-01","***","***","***","***","***","***"]
["ASFALTOS DILUÍDOS CR-70","2023-06-01","***","***","***","***","***","***"]
["ASFALTOS DILUÍDOS CR-70","2023-07-01","***","***","***","***","***","***"]
["ASFALTOS DILUÍDOS CR-70","2023-08-01","***","***","***","***","***","***"]
["ASFALTOS DILUÍDOS CR-70","2023-09-01","***","***","***","***","***","***"]
["ASFALTOS DILUÍDOS CR-70","2023-10-01","***","***","***","***","***","***"]
["ASFALTOS DILUÍDOS CR-70","2023-11-01","***","***","***","***","***","***"]
["ASFALTOS DILUÍDOS CR-70","2023-12-01","***","***","***","***","***","***"]
["ASFALTOS DILUÍDOS CR-70","2024-01-01","***","***","***","***","***","***"]
["ASFALTOS DILUÍDOS CR-70","2024-02-01","***","***","***","***","***","***"]
["ASFALTOS DILUÍDOS CR-70","2024-03-01","***","***","***","***","***","***"]
["ASFALTOS DILUÍDOS CR-70","2024-04-01","***","***","***","***","***","***"]
["ASFALTOS DILUÍDOS CR-70","2024-05-01","***","***","***","***","***","***"]
["ASFALTOS DILUÍDOS CR-70","2024-06-01","***","***","***","***","***","***"]
["ASFALTOS DILUÍDOS CR-70","2024-07-01","***","***","***","***","***","***"]
["ASFALTOS DILUÍDOS CR-70","2024-08-01","***","***","***","***","***","***"]
["ASFALTOS DILUÍDOS CR-70","2024-09-01","***","***","***","***","***","***"]
["ASFALTOS DILUÍDOS CR-70","2024-10-01","***","***","***","***","***","***"]
["ASFALTOS DILUÍDOS CR-70","2024-11-01","***","***","***","***","***","***"]
["ASFALTOS DILUÍDOS CR-70","2024-12-01","***","***","***","***","***","***"]
["ASFALTOS DILUÍDOS CR-70","2025-01-01","***","***","***","***","***","***"]
["ASFALTOS DILUÍDOS CR-70","2025-02-01","***","***","***","***","***","***"]
["ASFALTOS DILUÍDOS CR-70","2025-03-01","***","***","***","***","***","***"]
["ASFALTOS DILUÍDOS CR-70","2025-04-01","***","***","***","***","***","***"]
["ASFALTOS DILUÍDOS CR-70","2025-05-01","***","***","***","***","***","***"]
["CAP MODIFICADO POR BORRACHA DE PNEU AB22","2009-12-01","***","***","***",1.1234650000000002,1.1484160238451666,1.1435287983662941]
["CAP MODIFICADO POR BORRACHA DE PNEU AB22","2010-01-01","***","***","***",1.15307,1.1135568954352684,1.1172737978187226]
["CAP MODIFICADO POR BORRACHA DE PNEU AB22","2010-02-01","***","***","***",1.15263,1.0478505613045961,1.055842506097963]
["CAP MODIFICADO POR BORRACHA DE PNEU AB22","2010-03-01","***","***","***",1.15307,1.3099999999999998,1.2378755288039769]
["CAP MODIFICADO POR BORRACHA DE PNEU AB22","2010-04-01","***","***","***",1.15307,1.2383678377406007,1.2235001047159302]
["CAP MODIFICADO POR BORRACHA DE PNEU AB22","2010-05-01","***","***","***",1.15307,1.3359892477432296,1.2764934501894964]
["CAP MODIFICADO POR BORRACHA DE PNEU AB22","2010-06-01","***","***","***",1.15307,1.2380530217228867,1.2329236520474438]
["CAP MODIFICADO POR BORRACHA DE PNEU AB22","2010-07-01","***","***","***",1.2225512921511628,1.1969165437093885,1.1987192796909021]
["CAP MODIFICADO POR BORRACHA DE PNEU AB22","2010-08-01","***","***","***",1.15198,1.1095153340030861,1.1101599429694073]
["CAP MODIFICADO POR BORRACHA DE PNEU AB22","2010-09-01","***","***","***",1.1499244358922422,1.1083586641111285,1.1101841179191574]
["CAP MODIFICADO POR BORRACHA DE PNEU AB22","2010-10-01","***","***","***",1.1834025863181672,1.1193421123161074,1.1260469456077544]
["CAP MODIFICADO POR BORRACHA DE PNEU AB22","2010-11-01","***","***","***",1.2288644330518697,1.0641401488136422,1.0888511015806661]
["CAP MODIFICADO POR BORRACHA DE PNEU AB22","2010-12-01","***","***","***",1.2462800000000001,1.0719775153527897,1.0789323518409664]
["CAP MODIFICADO POR BORRACHA DE PNEU AB22","2011-01-01","***","***","***",1.2462800000000001,0.98689694832691277,1.0350025977360253]
["CAP MODIFICADO POR BORRACHA DE PNEU AB22","2011-02-01","***","***","***",1.2226309585177642,1.0927516942646183,1.11805610644728]
["CAP MODIFICADO POR BORRACHA DE PNEU AB22","2011-03-01","***","***","***",1.2355602533505612,1.094557711840854,1.1461685961089061]
["CAP MODIFICADO POR BORRACHA DE PNEU AB22","2011-04-01","***","***","***",1.1059189336310127,1.0814333170533172,1.0998096510789537]
["CAP MODIFICADO POR BORRACHA DE PNEU AB22","2011-05-01","***","***","***",1.1276787427600587,1.1728104665174728,1.1345451619239686]
["CAP MODIFICADO POR BORRACHA DE PNEU AB22","2011-06-01","***","***","***",1.1088164820852175,1.0417412156536219,1.0988321598005937]
["CAP MODIFICADO POR BORRACHA DE PNEU AB22","2011-07-01","***","***","***",1.1690508266069644,1.1984424357553691,1.177022780020037]
["CAP MODIFICADO POR BORRACHA DE PNEU AB22","2011-08-01","***","***","***",1.1739893941559194,1.1978806147992389,1.1770156821024058]
["CAP MODIFICADO POR BORRACHA DE PNEU AB22","2011-09-01","***","***","***",1.2120613428599154,1.1975499860917942,1.2094636031908852]
["CAP MODIFICADO POR BORRACHA DE PNEU AB22","2011-10-01","***","***","***",1.2806207926124262,1.0520450466311604,1.1902302680057759]
["CAP MODIFICADO POR BORRACHA DE PNEU AB22","2011-11-01","***","***","***",1.2382708814290728,1.0559703947526058,1.1651232780718781]
["CAP MODIFICADO POR BORRACHA DE PNEU AB22","2011-12-01","***","***","***",1.2792969480583576,1.131017350694298,1.2320423748419553]
["CAP MODIFICADO POR BORRACHA DE PNEU AB22","2012-01-01","***","***","***",1.282298874318208,1.1734668251088536,1.2535014543417964]
["CAP MODIFICADO POR BORRACHA DE PNEU AB22","2012-02-01","***","***","***",1.2966007560263755,1.0784072586458422,1.2234963203519214]
["CAP MODIFICADO POR BORRACHA DE PNEU AB22","2012-03-01","***","***","***",1.29781835631012,1.1457979052549543,1.2304271122572366]
["CAP MODIFICADO POR BORRACHA DE PNEU AB22","2012-04-01","***","***","***",1.2948857233970461,1.0499673128589506,1.1535264392000653]
["CAP MODIFICADO POR BORRACHA DE PNEU AB22","2012-05-01","***","***","***",1.33,1.148808032114254,1.1660696455596802]
["CAP MODIFICADO POR BORRACHA DE PNEU AB22","2012-06-01","***","***","***","***",1.109305125743504,1.109305125743504]
["CAP MODIFICADO POR BORRACHA DE PNEU AB22","2012-07-01","***","***","***","***",1.1635868402288732,1.1635868402288732]
["CAP MODIFICADO POR BORRACHA DE PNEU AB22","2012-08-01","***","***","***",1.0637399999999999,1.1414061713818398,1.1363061935576304]
["CAP MODIFICADO POR BORRACHA DE PNEU AB22","2012-09-01","***","***","***",1.0637399999999999,1.2797773887465602,1.2069180933215946]
["CAP MODIFICADO POR BORRACHA DE PNEU AB22","2012-10-01","***","***","***",1.06867,1.2379055871702018,1.215887672471986]
["CAP MODIFICADO POR BORRACHA DE PNEU AB22","2012-11-01","***","***","***","***",1.2617477396963122,1.2617477396963122]
["CAP MODIFICADO POR BORRACHA DE PNEU AB22","2012-12-01","***","***","***","***",1.3118067572668932,1.3118067572668932]
["CAP MODIFICADO POR BORRACHA DE PNEU AB22","2013-01-01","***","***","***","***",1.2905989145951269,1.2905989145951269]
["CAP MODIFICADO POR BORRACHA DE PNEU AB22","2013-02-01","***","***","***","***",1.1556969115497078,1.1556969115497078]
["CAP MODIFICADO POR BORRACHA DE PNEU AB22","2013-03-01","***","***","***","***",1.3072032579041979,1.3072032579041979]
["CAP MODIFICADO POR BORRACHA DE PNEU AB22","2013-04-01","***","***","***","***",1.1964269387882378,1.1964269387882378]
["CAP MODIFICADO POR BORRACHA DE PNEU AB22","2013-05-01","***","***","***","***",1.2685492001459018,1.2685492001459018]
["CAP MODIFICADO POR BORRACHA DE PNEU AB22","2013-06-01","***","***","***","***",1.1563630036400152,1.1563630036400152]
["CAP MODIFICADO POR BORRACHA DE PNEU AB22","2013-07-01","***","***","***","***",1.2872586218234769,1.2872586218234769]
["CAP MODIFICADO POR BORRACHA DE PNEU AB22","2013-08-01","***","***","***","***",1.3293076114273989,1.3293076114273989]
["CAP MODIFICADO POR BORRACHA DE PNEU AB22","2013-09-01","***","***","***","***","***","***"]
["CAP MODIFICADO POR BORRACHA DE PNEU AB22","2013-10-01","***","***","***","***","***","***"]
["CAP MODIFICADO POR BORRACHA DE PNEU AB22","2013-11-01","***","***","***",1.2402,"***",1.2402]
["CAP MODIFICADO POR BORRACHA DE PNEU AB22","2013-12-01","***","***","***",1.2402,"***",1.2402]
["CAP MODIFICADO POR BORRACHA DE PNEU AB22","2014-01-01","***","***","***",1.2376,"***",1.2376]
["CAP MODIFICADO POR BORRACHA DE PNEU AB22","2014-02-01","***","***","***",1.2376,"***",1.2376]
["CAP MODIFICADO POR BORRACHA DE PNEU AB22","2014-03-01","***","***","***",1.258,1.5686,1.2852481664882227]
["CAP MODIFICADO POR BORRACHA DE PNEU AB22","2014-04-01","***","***","***",1.2566999999999997,"***",1.2566999999999997]
["CAP MODIFICADO POR BORRACHA DE PNEU AB22","2014-05-01","***","***","***",1.2648528509199661,"***",1.2648528509199661]
["CAP MODIFICADO POR BORRACHA DE PNEU AB22","2014-06-01","***","***","***",1.2696562557437312,"***",1.2696562557437312]
["CAP MODIFICADO POR BORRACHA DE PNEU AB22","2014-07-01","***","***","***",1.2954000000000001,"***",1.2954000000000001]
["CAP MODIFICADO POR BORRACHA DE PNEU AB22","2014-08-01","***","***","***",1.3118505057869316,"***",1.3118505057869316]
["CAP MODIFICADO POR BORRACHA DE PNEU AB22","2014-09-01","***","***","***","***","***","***"]
["CAP MODIFICADO POR BORRACHA DE PNEU AB22","2014-10-01","***","***","***","***",1.2496365728900256,1.2496365728900256]
["CAP MODIFICADO POR BORRACHA DE PNEU AB22","2014-11-01","***","***","***","***","***","***"]
["CAP MODIFICADO POR BORRACHA DE PNEU AB22","2014-12-01","***","***","***","***","***","***"]
["CAP MODIFICADO POR BORRACHA DE PNEU AB22","2015-01-01","***","***","***","***","***","***"]
["CAP MODIFICADO POR BORRACHA DE PNEU AB22","2015-02-01","***","***","***","***","***","***"]
["CAP MODIFICADO POR BORRACHA DE PNEU AB22","2015-03-01","***","***","***","***","***","***"]
["CAP MODIFICADO POR BORRACHA DE PNEU AB22","2015-04-01","***","***","***","***","***","***"]
["CAP MODIFICADO POR BORRACHA DE PNEU AB22","2015-05-01","***","***","***","***","***","***"]
["CAP MODIFICADO POR BORRACHA DE PNEU AB22","2015-06-01","***","***","***","***","***","***"]
["CAP MODIFICADO POR BORRACHA DE PNEU AB22","2015-07-01","***","***","***","***","***","***"]
["CAP MODIFICADO POR BORRACHA DE PNEU AB22","2015-08-01","***","***","***",1.2886,1.575,1.431687593214426]
["CAP MODIFICADO POR BORRACHA DE PNEU AB22","2015-09-01","***","***","***",1.3494040169529666,1.6302499977108846,1.4605944888526372]
["CAP MODIFICADO POR BORRACHA DE PNEU AB22","2015-10-01","***","***","***",1.3831219194810149,1.6719900000000001,1.4617239504458208]
["CAP MODIFICADO POR BORRACHA DE PNEU AB22","2015-11-01","***","***","***",1.4775499725666628,"***",1.4775499725666628]
["CAP MODIFICADO POR BORRACHA DE PNEU AB22","2015-12-01","***","***","***","***","***","***"]
["CAP MODIFICADO POR BORRACHA DE PNEU AB22","2016-01-01","***","***","***","***","***","***"]
["CAP MODIFICADO POR BORRACHA DE PNEU AB22","2016-02-01","***","***","***","***","***","***"]
["CAP MODIFICADO POR BORRACHA DE PNEU AB22","2016-03-01","***","***","***","***",1.6473999999999998,1.6473999999999998]
["CAP MODIFICADO POR BORRACHA DE PNEU AB22","2016-04-01","***","***","***","***",1.9315000000000002,1.9315000000000002]
["CAP MODIFICADO POR BORRACHA DE PNEU AB22","2016-05-01","***","***","***","***",1.9305999999999999,1.9305999999999999]
["CAP MODIFICADO POR BORRACHA DE PNEU AB22","2016-06-01","***","***","***","***",1.9297999999999997,1.9297999999999997]
["CAP MODIFICADO POR BORRACHA DE PNEU AB22","2016-07-01","***","***","***","***",1.9290999999999998,1.9290999999999998]
["CAP MODIFICADO POR BORRACHA DE PNEU AB22","2016-08-01","***","***","***","***",1.7562657956539345,1.7562657956539345]
["CAP MODIFICADO POR BORRACHA DE PNEU AB22","2016-09-01","***","***",1.9316,1.7023760811173783,1.6322832917768022,1.6837156688536918]
["CAP MODIFICADO POR BORRACHA DE PNEU AB22","2016-10-01","***","***",1.9357999999999997,1.7030172137301012,1.6143020545553739,1.7200696231973467]
["CAP MODIFICADO POR BORRACHA DE PNEU AB22","2016-11-01","***","***",1.9357999999999997,"***",1.6257803791595566,1.6876625635444014]
["CAP MODIFICADO POR BORRACHA DE PNEU AB22","2016-12-01","***","***","***","***",1.687262171508529,1.687262171508529]
["CAP MODIFICADO POR BORRACHA DE PNEU AB22","2017-01-01","***","***","***","***",1.6734079698981563,1.6734079698981563]
["CAP MODIFICADO POR BORRACHA DE PNEU AB22","2017-02-01","***","***","***","***",1.6419429357010527,1.6419429357010527]
["CAP MODIFICADO POR BORRACHA DE PNEU AB22","2017-03-01","***","***","***","***",1.6301132571894474,1.6301132571894474]
["CAP MODIFICADO POR BORRACHA DE PNEU AB22","2017-04-01","***","***","***","***","***","***"]
["CAP MODIFICADO POR BORRACHA DE PNEU AB22","2017-05-01","***","***","***",1.7444,1.6160751800895756,1.6507208966853968]
["CAP MODIFICADO POR BORRACHA DE PNEU AB22","2017-06-01","***","***","***",1.7341758884269813,1.6137336373855793,1.6726636681265685]
["CAP MODIFICADO POR BORRACHA DE PNEU AB22","2017-07-01","***","***","***","***",1.5218674902420921,1.5218674902420921]
["CAP MODIFICADO POR BORRACHA DE PNEU AB22","2017-08-01","***","***","***","***",1.5154307004538576,1.5154307004538576]
["CAP MODIFICADO POR BORRACHA DE PNEU AB22","2017-09-01","***","***","***","***",1.4300810300071445,1.4300810300071445]
["CAP MODIFICADO POR BORRACHA DE PNEU AB22","2017-10-01","***","***","***","***",1.6500083430238617,1.6500083430238617]
["CAP MODIFICADO POR BORRACHA DE PNEU AB22","2017-11-01","***","***","***","***",1.6011326072630774,1.6011326072630774]
["CAP MODIFICADO POR BORRACHA DE PNEU AB22","2017-12-01","***","***","***",1.6792700000000003,1.5867230534145214,1.5902267217916868]
["CAP MODIFICADO POR BORRACHA DE PNEU AB22","2018-01-01","***","***","***","***",1.9039517789379479,1.9039517789379479]
["CAP MODIFICADO POR BORRACHA DE PNEU AB22","2018-02-01","***","***","***","***",1.7922157314255907,1.7922157314255907]
["CAP MODIFICADO POR BORRACHA DE PNEU AB22","2018-03-01","***","***",2.0981999999999998,"***",2.023665998927231,2.0342826942655634]
["CAP MODIFICADO POR BORRACHA DE PNEU AB22","2018-04-01","***","***",2.1002000000000001,"***",2.0674864250658533,2.0740626225658523]
["CAP MODIFICADO POR BORRACHA DE PNEU AB22","2018-05-01","***","***","***",1.8197000000000001,2.1875293896010208,2.1613831664948453]
["CAP MODIFICADO POR BORRACHA DE PNEU AB22","2018-06-01","***","***","***",1.9634999999999998,2.2124254039946245,2.1202259111662136]
["CAP MODIFICADO POR BORRACHA DE PNEU AB22","2018-07-01","***","***","***",2.1217000000000001,2.2766539530729881,2.2429636025160433]
["CAP MODIFICADO POR BORRACHA DE PNEU AB22","2018-08-01","***","***","***",2.2972419134396356,2.3963496857915292,2.3720242672791563]
["CAP MODIFICADO POR BORRACHA DE PNEU AB22","2018-09-01","***","***","***",2.294196885938443,2.2647356710387272,2.270768597345461]
["CAP MODIFICADO POR BORRACHA DE PNEU AB22","2018-10-01","***","***","***",2.298828486109854,2.3356848506271377,2.3247831166189337]
["CAP MODIFICADO POR BORRACHA DE PNEU AB22","2018-11-01","***","***","***","***",2.4298255734606111,2.4298255734606111]
["CAP MODIFICADO POR BORRACHA DE PNEU AB22","2018-12-01","***","***","***","***",2.7139630278642475,2.7139630278642475]
["CAP MODIFICADO POR BORRACHA DE PNEU AB22","2019-01-01","***","***","***","***",2.5396018975705843,2.5396018975705843]
["CAP MODIFICADO POR BORRACHA DE PNEU AB22","2019-02-01","***","***","***","***",2.8893619486207345,2.8893619486207345]
["CAP MODIFICADO POR BORRACHA DE PNEU AB22","2019-03-01","***","***","***","***",2.9102769479894555,2.9102769479894555]
["CAP MODIFICADO POR BORRACHA DE PNEU AB22","2019-04-01","***","***","***","***",3.0029316905811894,3.0029316905811894]
["CAP MODIFICADO POR BORRACHA DE PNEU AB22","2019-05-01","***","***","***","***",2.9835210751944117,2.9835210751944117]
["CAP MODIFICADO POR BORRACHA DE PNEU AB22","2019-06-01","***","***","***","***",3.0021841383601977,3.0021841383601977]
["CAP MODIFICADO POR BORRACHA DE PNEU AB22","2019-07-01","***","***","***","***",2.9631306196895886,2.9631306196895886]
["CAP MODIFICADO POR BORRACHA DE PNEU AB22","2019-08-01","***","***","***","***",2.9122222973113523,2.9122222973113523]
["CAP MODIFICADO POR BORRACHA DE PNEU AB22","2019-09-01","***","***","***","***",2.9973432740283434,2.9973432740283434]
["CAP MODIFICADO POR BORRACHA DE PNEU AB22","2019-10-01","***","***","***","***",2.9728168499465148,2.9728168499465148]
["CAP MODIFICADO POR BORRACHA DE PNEU AB22","2019-11-01","***","***","***","***",2.9257857330931261,2.9257857330931261]
["CAP MODIFICADO POR BORRACHA DE PNEU AB22","2019-12-01","***","***","***","***",2.9262866558211074,2.9262866558211074]
["CAP MODIFICADO POR BORRACHA DE PNEU AB22","2020-01-01","***","***","***","***",3.0614853570727658,3.0614853570727658]
["CAP MODIFICADO POR BORRACHA DE PNEU AB22","2020-02-01","***","***","***","***",2.944124975454808,2.944124975454808]
["CAP MODIFICADO POR BORRACHA DE PNEU AB22","2020-03-01","***","***","***",2.3338133656417117,2.8701788772266985,2.602641914014745]
["CAP MODIFICADO POR BORRACHA DE PNEU AB22","2020-04-01","***","***","***","***",2.666526940683744,2.666526940683744]
["CAP MODIFICADO POR BORRACHA DE PNEU AB22","2020-05-01","***","***","***","***",2.5451535790889115,2.5451535790889115]
["CAP MODIFICADO POR BORRACHA DE PNEU AB22","2020-06-01","***","***","***","***",2.5092568124999999,2.5092568124999999]
["CAP MODIFICADO POR BORRACHA DE PNEU AB22","2020-07-01","***","***","***","***",2.5924619855218483,2.5924619855218483]
["CAP MODIFICADO POR BORRACHA DE PNEU AB22","2020-08-01","***","***","***","***",2.7246233338989625,2.7246233338989625]
["CAP MODIFICADO POR BORRACHA DE PNEU AB22","2020-09-01","***","***","***","***",2.8353251973114224,2.8353251973114224]
["CAP MODIFICADO POR BORRACHA DE PNEU AB22","2020-10-01","***","***","***","***",2.9223707309090283,2.9223707309090283]
["CAP MODIFICADO POR BORRACHA DE PNEU AB22","2020-11-01","***","***","***","***",3.0233679410381837,3.0233679410381837]
["CAP MODIFICADO POR BORRACHA DE PNEU AB22","2020-12-01","***","***","***","***",2.7597216973841814,2.7597216973841814]
["CAP MODIFICADO POR BORRACHA DE PNEU AB22","2021-01-01","***","***","***","***",2.6898269883937176,2.6898269883937176]
["CAP MODIFICADO POR BORRACHA DE PNEU AB22","2021-02-01","***","***","***","***",2.9053264217352979,2.9053264217352979]
["CAP MODIFICADO POR BORRACHA DE PNEU AB22","2021-03-01","***","***","***","***",2.9823204104420142,2.9823204104420142]
["CAP MODIFICADO POR BORRACHA DE PNEU AB22","2021-04-01","***","***","***","***",2.9887647948792551,2.9887647948792551]
["CAP MODIFICADO POR BORRACHA DE PNEU AB22","2021-05-01","***","***","***",3.1898499999999999,"***",3.1898499999999999]
["CAP MODIFICADO POR BORRACHA DE PNEU AB22","2021-06-01","***","***","***",3.1898500000000003,3.4306842448890822,3.3592222633832978]
["CAP MODIFICADO POR BORRACHA DE PNEU AB22","2021-07-01","***","***",3.33216,3.1898499999999994,3.5997505795544598,3.5507911458697343]
["CAP MODIFICADO POR BORRACHA DE PNEU AB22","2021-08-01","***","***",3.4804200000000001,3.4194599999999999,3.7650919144290227,3.625044297849203]
["CAP MODIFICADO POR BORRACHA DE PNEU AB22","2021-09-01","***","***",3.4876968518888658,3.4194600000000004,3.706781273646405,3.571104652296873]
["CAP MODIFICADO POR BORRACHA DE PNEU AB22","2021-10-01","***","***",3.4891000000000005,"***",3.8427306714007243,3.726719801092774]
["CAP MODIFICADO POR BORRACHA DE PNEU AB22","2021-11-01","***","***",3.8336125302297459,"***",3.694415536735058,3.7600724362414764]
["CAP MODIFICADO POR BORRACHA DE PNEU AB22","2021-12-01","***","***",3.8336999999999999,"***",4.0219128668427011,3.9713167077319116]
["CAP MODIFICADO POR BORRACHA DE PNEU AB22","2022-01-01","***","***","***","***",4.3282443506625894,4.3282443506625894]
["CAP MODIFICADO POR BORRACHA DE PNEU AB22","2022-02-01","***","***","***","***","***","***"]
["CAP MODIFICADO POR BORRACHA DE PNEU AB22","2022-03-01","***","***","***","***",4.1055573453744287,4.1055573453744287]
["CAP MODIFICADO POR BORRACHA DE PNEU AB22","2022-04-01","***","***","***","***",4.8064477756192323,4.8064477756192323]
["CAP MODIFICADO POR BORRACHA DE PNEU AB22","2022-05-01","***","***","***","***",4.3426154565846895,4.3426154565846895]
["CAP MODIFICADO POR BORRACHA DE PNEU AB22","2022-06-01","***","***","***",4.7340745704234877,4.3603267557128014,4.5433500180547259]
["CAP MODIFICADO POR BORRACHA DE PNEU AB22","2022-07-01","***","***","***",4.8250618466361113,4.4706022444650273,4.6680927759400888]
["CAP MODIFICADO POR BORRACHA DE PNEU AB22","2022-08-01","***","***",4.3657900000000005,4.71021,4.2637194547005288,4.4502342369668693]
["CAP MODIFICADO POR BORRACHA DE PNEU AB22","2022-09-01","***","***","***",4.4624897625166673,4.355322892547882,4.4290786800808579]
["CAP MODIFICADO POR BORRACHA DE PNEU AB22","2022-10-01","***","***","***",4.1182570288017848,3.9235122437037036,4.0391186946509743]
["CAP MODIFICADO POR BORRACHA DE PNEU AB22","2022-11-01","***","***","***",4.1808408318130388,3.7396840026283025,4.0042046159597895]
["CAP MODIFICADO POR BORRACHA DE PNEU AB22","2022-12-01","***","***","***",4.0950599999999993,3.8371325407279029,4.0170272063758397]
["CAP MODIFICADO POR BORRACHA DE PNEU AB22","2023-01-01","***","***","***","***",3.5740293598740736,3.5740293598740736]
["CAP MODIFICADO POR BORRACHA DE PNEU AB22","2023-02-01","***","***","***","***",3.6251798597801286,3.6251798597801286]
["CAP MODIFICADO POR BORRACHA DE PNEU AB22","2023-03-01","***","***","***","***",3.4189790671858455,3.4189790671858455]
["CAP MODIFICADO POR BORRACHA DE PNEU AB22","2023-04-01","***","***","***","***",3.6497567780748668,3.6497567780748668]
["CAP MODIFICADO POR BORRACHA DE PNEU AB22","2023-05-01","***","***","***",3.8208299999999999,3.5150387596479349,3.6932946574800924]
["CAP MODIFICADO POR BORRACHA DE PNEU AB22","2023-06-01","***","***","***",3.5966049338667014,"***",3.5966049338667014]
["CAP MODIFICADO POR BORRACHA DE PNEU AB22","2023-07-01","***","***","***",3.3800359871429517,"***",3.3800359871429517]
["CAP MODIFICADO POR BORRACHA DE PNEU AB22","2023-08-01","***","***","***",3.3800347111681646,"***",3.3800347111681646]
["CAP MODIFICADO POR BORRACHA DE PNEU AB22","2023-09-01","***","***","***","***","***","***"]
["CAP MODIFICADO POR BORRACHA DE PNEU AB22","2023-10-01","***","***","***","***","***","***"]
["CAP MODIFICADO POR BORRACHA DE PNEU AB22","2023-11-01","***","***","***","***","***","***"]
["CAP MODIFICADO POR BORRACHA DE PNEU AB22","2023-12-01","***","***","***","***","***","***"]
["CAP MODIFICADO POR BORRACHA DE PNEU AB22","2024-01-01","***","***","***","***","***","***"]
["CAP MODIFICADO POR BORRACHA DE PNEU AB22","2024-02-01","***","***","***","***","***","***"]
["CAP MODIFICADO POR BORRACHA DE PNEU AB22","2024-03-01","***","***","***","***","***","***"]
["CAP MODIFICADO POR BORRACHA DE PNEU AB22","2024-04-01","***","***","***","***","***","***"]
["CAP MODIFICADO POR BORRACHA DE PNEU AB22","2024-05-01","***","***","***","***","***","***"]
["CAP MODIFICADO POR BORRACHA DE PNEU AB22","2024-06-01","***","***","***","***","***","***"]
["CAP MODIFICADO POR BORRACHA DE PNEU AB22","2024-07-01","***","***","***","***","***","***"]
["CAP MODIFICADO POR BORRACHA DE PNEU AB22","2024-08-01","***","***","***","***","***","***"]
["CAP MODIFICADO POR BORRACHA DE PNEU AB22","2024-09-01","***","***","***","***","***","***"]
["CAP MODIFICADO POR BORRACHA DE PNEU AB22","2024-10-01","***","***","***","***","***","***"]
["CAP MODIFICADO POR BORRACHA DE PNEU AB22","2024-11-01","***","***","***","***","***","***"]
["CAP MODIFICADO POR BORRACHA DE PNEU AB22","2024-12-01","***","***","***","***","***","***"]
["CAP MODIFICADO POR BORRACHA DE PNEU AB22","2025-01-01","***","***","***","***","***","***"]
["CAP MODIFICADO POR BORRACHA DE PNEU AB22","2025-02-01","***","***","***","***","***","***"]
["CAP MODIFICADO POR BORRACHA DE PNEU AB22","2025-03-01","***","***","***","***","***","***"]
["CAP MODIFICADO POR BORRACHA DE PNEU AB22","2025-04-01","***","***",4.1562000000000001,"***","***",4.1562000000000001]
["CAP MODIFICADO POR BORRACHA DE PNEU AB22","2025-05-01","***","***","***","***","***","***"]
["CAP MODIFICADO POR BORRACHA DE PNEU AB8","2009-12-01","***",1.6191729898160816,"***",1.0609523581939377,1.3098775970497534,1.2964571042515038]
["CAP MODIFICADO POR BORRACHA DE PNEU AB8","2010-01-01","***",1.5287395638018277,"***",1.0437136467730741,1.2331276901370598,1.2492627974179116]
["CAP MODIFICADO POR BORRACHA DE PNEU AB8","2010-02-01","***",1.6189,"***",1.13432787504401,1.2594469931649332,1.2953022436582964]
["CAP MODIFICADO POR BORRACHA DE PNEU AB8","2010-03-01","***",1.5337693954631291,"***",1.1203269547736554,1.2587445683439562,1.2544756772283805]
["CAP MODIFICADO POR BORRACHA DE PNEU AB8","2010-04-01","***","***",1.5584,1.1320152246167043,1.2334920145666424,1.1958727832727607]
["CAP MODIFICADO POR BORRACHA DE PNEU AB8","2010-05-01","***","***",1.5570999999999999,1.1268721854527128,1.1358577003397186,1.1448166793615662]
["CAP MODIFICADO POR BORRACHA DE PNEU AB8","2010-06-01","***","***","***","***",1.1009852629038925,1.1009852629038925]
["CAP MODIFICADO POR BORRACHA DE PNEU AB8","2010-07-01","***","***","***","***",1.1575927179621193,1.1575927179621193]
["CAP MODIFICADO POR BORRACHA DE PNEU AB8","2010-08-01","***","***","***",1.1467761637718408,1.1369646198311878,1.1393901285564838]
["CAP MODIFICADO POR BORRACHA DE PNEU AB8","2010-09-01","***","***","***",1.005926604179016,1.1057108627323193,1.0912752020066672]
["CAP MODIFICADO POR BORRACHA DE PNEU AB8","2010-10-01","***",1.5018,"***",1.0477000000000001,1.0983352077291526,1.1034981759070928]
["CAP MODIFICADO POR BORRACHA DE PNEU AB8","2010-11-01","***",1.4632888922656129,"***",1.1765765724968842,1.2032237418022458,1.2073910889087933]
["CAP MODIFICADO POR BORRACHA DE PNEU AB8","2010-12-01","***",1.4986999999999999,"***",1.1608677434143244,1.2140573205989342,1.2103922989963849]
["CAP MODIFICADO POR BORRACHA DE PNEU AB8","2011-01-01","***",1.4986999999999999,"***",1.2285999999999999,1.0774357621541253,1.095852234418681]
["CAP MODIFICADO POR BORRACHA DE PNEU AB8","2011-02-01","***","***","***","***",1.1531682862418531,1.1531682862418531]
["CAP MODIFICADO POR BORRACHA DE PNEU AB8","2011-03-01","***",1.4990000000000001,"***",1.1689837556463754,1.1981252852301039,1.1968295138359033]
["CAP MODIFICADO POR BORRACHA DE PNEU AB8","2011-04-01","***","***","***",1.00360645109135,1.1113628611714035,1.1085885358553713]
["CAP MODIFICADO POR BORRACHA DE PNEU AB8","2011-05-01","***",1.6555,"***",1.0112000000000001,1.0875433862010788,1.0930747290711629]
["CAP MODIFICADO POR BORRACHA DE PNEU AB8","2011-06-01","***",1.4972000000000001,"***",1.0694987078519218,1.0794293698078377,1.1146388348849325]
["CAP MODIFICADO POR BORRACHA DE PNEU AB8","2011-07-01","***",1.6523999999999996,"***","***",1.0616728004746567,1.13230283718045]
["CAP MODIFICADO POR BORRACHA DE PNEU AB8","2011-08-01","***","***","***",0.9768,1.0587876343724356,1.0557410639221201]
["CAP MODIFICADO POR BORRACHA DE PNEU AB8","2011-09-01","***","***","***",1.1865991678903574,1.1261270384123565,1.1275175752232316]
["CAP MODIFICADO POR BORRACHA DE PNEU AB8","2011-10-01","***","***","***",0.98039999999999994,1.0811985369990924,1.0800477091732588]
["CAP MODIFICADO POR BORRACHA DE PNEU AB8","2011-11-01","***",1.6526000000000001,"***",1.1781999999999999,1.169035145324872,1.1787741567516654]
["CAP MODIFICADO POR BORRACHA DE PNEU AB8","2011-12-01","***","***","***",1.1021830237484433,1.2619989141270294,1.1892216573353691]
["CAP MODIFICADO POR BORRACHA DE PNEU AB8","2012-01-01","***","***","***",1.0661708911411409,1.1428234076621993,1.1021835452207907]
["CAP MODIFICADO POR BORRACHA DE PNEU AB8","2012-02-01","***","***","***",1.1022499134948098,1.2572668724706142,1.1660677742649022]
["CAP MODIFICADO POR BORRACHA DE PNEU AB8","2012-03-01","***","***","***",1.0549261797375431,1.0884500886819295,1.0679835457468079]
["CAP MODIFICADO POR BORRACHA DE PNEU AB8","2012-04-01","***",1.6051,"***",1.0777133933713559,1.0738306477672068,1.0802140752968346]
["CAP MODIFICADO POR BORRACHA DE PNEU AB8","2012-05-01","***","***","***",1.0918985103704379,1.1161429405957537,1.1026848608277917]
["CAP MODIFICADO POR BORRACHA DE PNEU AB8","2012-06-01","***","***","***",1.1527001851507062,1.1714950737583953,1.1647350558978251]
["CAP MODIFICADO POR BORRACHA DE PNEU AB8","2012-07-01","***","***","***",1.1570435171497822,1.3422725118545544,1.2740975889439403]
["CAP MODIFICADO POR BORRACHA DE PNEU AB8","2012-08-01","***","***","***",1.1619457264935051,1.2164282366999961,1.1896014117887943]
["CAP MODIFICADO POR BORRACHA DE PNEU AB8","2012-09-01","***","***","***",1.1730972932879522,1.3704738416193458,1.2885910018958944]
["CAP MODIFICADO POR BORRACHA DE PNEU AB8","2012-10-01","***","***","***",1.1673012787080324,1.1875130657910866,1.1788445221489403]
["CAP MODIFICADO POR BORRACHA DE PNEU AB8","2012-11-01","***","***","***",1.19815213826663,1.3567455479690402,1.2711575250778484]
["CAP MODIFICADO POR BORRACHA DE PNEU AB8","2012-12-01","***","***","***",1.186995598817064,1.3407999440320493,1.2310009919723564]
["CAP MODIFICADO POR BORRACHA DE PNEU AB8","2013-01-01","***","***","***",1.1566429983553468,1.3590648725773196,1.2592468086351629]
["CAP MODIFICADO POR BORRACHA DE PNEU AB8","2013-02-01","***","***","***",1.1706604714881521,1.2326813440111422,1.1983340795865309]
["CAP MODIFICADO POR BORRACHA DE PNEU AB8","2013-03-01","***","***","***",1.1781083404161554,1.3873908250087319,1.2535169570536087]
["CAP MODIFICADO POR BORRACHA DE PNEU AB8","2013-04-01","***","***",1.65,1.1754767855148143,1.2965283118648456,1.238292902609665]
["CAP MODIFICADO POR BORRACHA DE PNEU AB8","2013-05-01","***","***",1.65,1.2187666332957656,1.2014709676255222,1.2334313171922864]
["CAP MODIFICADO POR BORRACHA DE PNEU AB8","2013-06-01","***","***","***",1.2336671067142395,1.2065205549138345,1.2225362503408645]
["CAP MODIFICADO POR BORRACHA DE PNEU AB8","2013-07-01","***","***","***",1.2330444179375764,1.3989500633651444,1.3441614054256841]
["CAP MODIFICADO POR BORRACHA DE PNEU AB8","2013-08-01","***","***","***",1.2452399162508065,1.3716984574828397,1.3444955251608537]
["CAP MODIFICADO POR BORRACHA DE PNEU AB8","2013-09-01","***","***","***",1.2484582307113947,1.2757130885666805,1.2669449941845503]
["CAP MODIFICADO POR BORRACHA DE PNEU AB8","2013-10-01","***","***","***",1.2574417535843938,1.2513071926360673,1.2532113946659533]
["CAP MODIFICADO POR BORRACHA DE PNEU AB8","2013-11-01","***","***","***",1.2561418255145627,1.274924780393853,1.2680468498741837]
["CAP MODIFICADO POR BORRACHA DE PNEU AB8","2013-12-01","***","***","***",1.2477874668226194,1.2720476044962734,1.2618957613007982]
["CAP MODIFICADO POR BORRACHA DE PNEU AB8","2014-01-01","***","***","***",1.2932810719361127,1.3161819846399581,1.306601725671704]
["CAP MODIFICADO POR BORRACHA DE PNEU AB8","2014-02-01","***","***","***",1.2193101738086485,1.2594389982817531,1.2487040910182476]
["CAP MODIFICADO POR BORRACHA DE PNEU AB8","2014-03-01","***","***","***",1.312578315910415,1.3201403522497284,1.3186764923706322]
["CAP MODIFICADO POR BORRACHA DE PNEU AB8","2014-04-01","***","***",1.2971999999999999,1.2297958465320562,1.2907811578845032,1.2675586241507653]
["CAP MODIFICADO POR BORRACHA DE PNEU AB8","2014-05-01","***","***",1.2981,1.2312288883942284,1.2951243214092223,1.2687246987995167]
["CAP MODIFICADO POR BORRACHA DE PNEU AB8","2014-06-01","***","***",1.2937668762843206,1.1498324270316098,1.2705208657340905,1.2293013686523417]
["CAP MODIFICADO POR BORRACHA DE PNEU AB8","2014-07-01","***","***",1.2970000000000002,1.0829689120290709,1.3217699719935811,1.2307617233661532]
["CAP MODIFICADO POR BORRACHA DE PNEU AB8","2014-08-01","***","***",1.3862000000000001,1.2233743153263112,1.3645665026079274,1.3129158027904995]
["CAP MODIFICADO POR BORRACHA DE PNEU AB8","2014-09-01","***","***",1.3862000000000003,1.221841504137297,1.3120346346156013,1.2956517909907521]
["CAP MODIFICADO POR BORRACHA DE PNEU AB8","2014-10-01","***","***",1.2613848656717337,1.0620009799963297,1.2619096737842672,1.2150385341682899]
["CAP MODIFICADO POR BORRACHA DE PNEU AB8","2014-11-01","***","***",1.4453441259122564,1.0670025891542063,1.4066348107709632,1.3220595363627214]
["CAP MODIFICADO POR BORRACHA DE PNEU AB8","2014-12-01","***","***","***","***","***","***"]
["CAP MODIFICADO POR BORRACHA DE PNEU AB8","2015-01-01","***","***",1.5612000000000001,1.4800757702263883,1.817494834308327,1.6579997734190262]
["CAP MODIFICADO POR BORRACHA DE PNEU AB8","2015-02-01","***","***",1.4702,1.421023723931127,1.7600990271087489,1.66420728815014]
["CAP MODIFICADO POR BORRACHA DE PNEU AB8","2015-03-01","***","***",1.5612000000000004,1.4104565459989113,1.7216944527941518,1.675820410278493]
["CAP MODIFICADO POR BORRACHA DE PNEU AB8","2015-04-01","***","***","***",1.6088742046222251,1.5860921202574136,1.5909847054330197]
["CAP MODIFICADO POR BORRACHA DE PNEU AB8","2015-05-01","***","***",1.4702000000000002,1.6912124389107845,1.6207977754185059,1.6239052213956682]
["CAP MODIFICADO POR BORRACHA DE PNEU AB8","2015-06-01","***","***",1.5179011306820041,1.6145162271500908,1.6017483506977686,1.5935621528497768]
["CAP MODIFICADO POR BORRACHA DE PNEU AB8","2015-07-01","***","***",1.597793461302025,1.716642565189517,1.6046205431770173,1.622907870446918]
["CAP MODIFICADO POR BORRACHA DE PNEU AB8","2015-08-01","***","***",1.5943416703113067,1.5501896015113001,1.7220942288083445,1.6543857819324022]
["CAP MODIFICADO POR BORRACHA DE PNEU AB8","2015-09-01","***","***",1.6926561401637077,1.5738426935643286,1.6553241412191289,1.6647946940090854]
["CAP MODIFICADO POR BORRACHA DE PNEU AB8","2015-10-01","***","***",1.8182944091257496,1.7506096295951523,1.7862521413257295,1.7845721620899808]
["CAP MODIFICADO POR BORRACHA DE PNEU AB8","2015-11-01","***","***",1.7654000000000001,1.6974174340248325,1.8979885388954589,1.8565446439173232]
["CAP MODIFICADO POR BORRACHA DE PNEU AB8","2015-12-01","***","***","***",1.6107552900038624,1.8539203354988103,1.7954765562227901]
["CAP MODIFICADO POR BORRACHA DE PNEU AB8","2016-01-01","***","***","***",1.4357595705080297,1.8849056893643592,1.8137064656530872]
["CAP MODIFICADO POR BORRACHA DE PNEU AB8","2016-02-01","***","***","***",1.4452717952496548,1.8161798949642947,1.6799878123507856]
["CAP MODIFICADO POR BORRACHA DE PNEU AB8","2016-03-01","***","***",1.7392000000000001,1.7191866791116015,1.8393653384765103,1.8108244627034333]
["CAP MODIFICADO POR BORRACHA DE PNEU AB8","2016-04-01","***","***","***",1.9844119046434252,2.0758937691256998,2.0604458450313006]
["CAP MODIFICADO POR BORRACHA DE PNEU AB8","2016-05-01","***","***","***",1.874693801007091,1.9788140783579065,1.9613906464489621]
["CAP MODIFICADO POR BORRACHA DE PNEU AB8","2016-06-01","***","***","***",2.0888976160885777,2.0706527932673628,2.0731574995579511]
["CAP MODIFICADO POR BORRACHA DE PNEU AB8","2016-07-01","***","***","***",1.8777269944177848,2.0655002851193678,2.0511184112593503]
["CAP MODIFICADO POR BORRACHA DE PNEU AB8","2016-08-01","***","***","***",1.5725519758199464,2.0024954441672294,1.8897557982760023]
["CAP MODIFICADO POR BORRACHA DE PNEU AB8","2016-09-01","***","***","***",1.6788193731581895,1.9116851305045215,1.8728638268744222]
["CAP MODIFICADO POR BORRACHA DE PNEU AB8","2016-10-01","***","***","***",1.725519629107618,1.8919059711315318,1.8304053595463119]
["CAP MODIFICADO POR BORRACHA DE PNEU AB8","2016-11-01","***","***",1.7460451361525471,1.7110442843342453,1.8779468372768484,1.8500704313954792]
["CAP MODIFICADO POR BORRACHA DE PNEU AB8","2016-12-01","***","***",1.7463823457376351,1.6769229103277106,1.9051327058536027,1.8718492549393275]
["CAP MODIFICADO POR BORRACHA DE PNEU AB8","2017-01-01","***","***",1.7464498097971168,"***",1.8942195029371891,1.8754375090869764]
["CAP MODIFICADO POR BORRACHA DE PNEU AB8","2017-02-01","***","***",1.8445409898919485,1.6538999999999999,1.8934384004474281,1.8887869296586486]
["CAP MODIFICADO POR BORRACHA DE PNEU AB8","2017-03-01","***","***",1.8535146911115143,1.8960315506589049,1.8885790761143808,1.8872178987648442]
["CAP MODIFICADO POR BORRACHA DE PNEU AB8","2017-04-01","***","***","***","***","***","***"]
["CAP MODIFICADO POR BORRACHA DE PNEU AB8","2017-05-01","***","***",1.8065925692439728,1.6954062245752772,1.8804092085331536,1.827644043363186]
["CAP MODIFICADO POR BORRACHA DE PNEU AB8","2017-06-01","***","***",1.8247501199301148,1.5850772602869005,1.8824291876349191,1.8060853358611515]
["CAP MODIFICADO POR BORRACHA DE PNEU AB8","2017-07-01","***","***",1.8183932474881543,1.4795539904886645,1.8879976654430224,1.812321817649541]
["CAP MODIFICADO POR BORRACHA DE PNEU AB8","2017-08-01","***","***",1.7872480278291569,1.5738003638253639,1.8791611663327392,1.8361462138009805]
["CAP MODIFICADO POR BORRACHA DE PNEU AB8","2017-09-01","***","***",1.7902469689420364,1.5334923788025367,1.8232427397173425,1.80841092619879]
["CAP MODIFICADO POR BORRACHA DE PNEU AB8","2017-10-01","***","***",1.9343283379988281,1.627901409642869,1.8414767465938304,1.8252430848686816]
["CAP MODIFICADO POR BORRACHA DE PNEU AB8","2017-11-01","***","***",1.9563079934224892,1.7910055967526133,1.914035733816553,1.9041999246990375]
["CAP MODIFICADO POR BORRACHA DE PNEU AB8","2017-12-01","***","***",2.0670548810863241,1.928741866134752,1.917186920486148,1.9387046838092286]
["CAP MODIFICADO POR BORRACHA DE PNEU AB8","2018-01-01","***","***",2.4436176381318795,1.8712143585785712,2.0875129034718474,2.1116769274661533]
["CAP MODIFICADO POR BORRACHA DE PNEU AB8","2018-02-01","***","***",2.4572973095135602,2.1259722742779168,2.1320752843337347,2.1526991908948112]
["CAP MODIFICADO POR BORRACHA DE PNEU AB8","2018-03-01","***","***",2.3512685672034181,1.9081666874645489,2.1197819939351694,2.1066906863659698]
["CAP MODIFICADO POR BORRACHA DE PNEU AB8","2018-04-01","***","***",2.1793665604289978,1.9260251322613016,2.059467020592272,2.0285102640360222]
["CAP MODIFICADO POR BORRACHA DE PNEU AB8","2018-05-01","***","***",2.2768385258681785,1.9658183809376311,2.1288901724012419,2.0898719656784346]
["CAP MODIFICADO POR BORRACHA DE PNEU AB8","2018-06-01","***","***",2.3769615602632461,1.973070916090202,2.250823890967387,2.223058556750638]
["CAP MODIFICADO POR BORRACHA DE PNEU AB8","2018-07-01","***","***",2.4770607815804651,2.1014044141205663,2.3730649015579113,2.3398341379354712]
["CAP MODIFICADO POR BORRACHA DE PNEU AB8","2018-08-01","***","***",2.6996309021652989,2.346250935647165,2.4977445030786698,2.4786283819183055]
["CAP MODIFICADO POR BORRACHA DE PNEU AB8","2018-09-01","***","***",2.6647926189547579,2.4329752269541314,2.582177023731091,2.5362225687173616]
["CAP MODIFICADO POR BORRACHA DE PNEU AB8","2018-10-01","***","***",2.6701270670198061,2.3900118410220945,2.7108548334601932,2.5876638860388326]
["CAP MODIFICADO POR BORRACHA DE PNEU AB8","2018-11-01","***","***",2.8751160485502356,2.4821156336111123,2.8874585188209014,2.7797383109634497]
["CAP MODIFICADO POR BORRACHA DE PNEU AB8","2018-12-01","***","***",2.9101000000000004,2.4810177004495295,3.1577347781029119,2.9227552129228287]
["CAP MODIFICADO POR BORRACHA DE PNEU AB8","2019-01-01","***","***","***",2.479790898105076,2.9447065019913481,2.7176181048808568]
["CAP MODIFICADO POR BORRACHA DE PNEU AB8","2019-02-01","***","***","***",2.577441022243752,3.0767086670736559,2.9299480895698151]
["CAP MODIFICADO POR BORRACHA DE PNEU AB8","2019-03-01","***","***","***",2.6794149903996027,3.1125870325206022,2.9675906307015421]
["CAP MODIFICADO POR BORRACHA DE PNEU AB8","2019-04-01","***","***","***",2.7028248899620868,3.153835795447224,2.9966509308559535]
["CAP MODIFICADO POR BORRACHA DE PNEU AB8","2019-05-01","***","***","***",2.6686232661930216,3.0376717019818318,2.8702428528226371]
["CAP MODIFICADO POR BORRACHA DE PNEU AB8","2019-06-01","***","***","***",2.7316031068885498,3.6481446280570298,3.3804959658999856]
["CAP MODIFICADO POR BORRACHA DE PNEU AB8","2019-07-01",2.7736199999999998,"***",3.0228213710852945,2.9923763265422418,3.4390024773395762,3.2237123891444903]
["CAP MODIFICADO POR BORRACHA DE PNEU AB8","2019-08-01","***","***",2.8423113416618686,2.5535686564548046,3.0139607419042322,2.8622721793846084]
["CAP MODIFICADO POR BORRACHA DE PNEU AB8","2019-09-01","***","***",2.7282500000000001,2.760380112854548,2.975459794944403,2.8914658619880784]
["CAP MODIFICADO POR BORRACHA DE PNEU AB8","2019-10-01","***","***",2.6810403787779893,2.5449124114125712,2.9588827905201884,2.8563383809277632]
["CAP MODIFICADO POR BORRACHA DE PNEU AB8","2019-11-01","***","***",2.7082432241467256,2.5758734026857559,3.0063070590313057,2.8370260067749449]
["CAP MODIFICADO POR BORRACHA DE PNEU AB8","2019-12-01","***","***","***",2.6214992838887525,3.04157988495799,2.8895458324697287]
["CAP MODIFICADO POR BORRACHA DE PNEU AB8","2020-01-01","***",2.9613999999999998,2.8285380858564912,2.642050349730364,3.064224673890521,2.8752101094373783]
["CAP MODIFICADO POR BORRACHA DE PNEU AB8","2020-02-01","***","***","***",2.4590215008939551,2.8902676514651588,2.7252961731335468]
["CAP MODIFICADO POR BORRACHA DE PNEU AB8","2020-03-01","***","***","***",2.3604012498264133,2.8313532691075833,2.6559068400149655]
["CAP MODIFICADO POR BORRACHA DE PNEU AB8","2020-04-01","***","***","***",2.339614992484611,2.8244390683253342,2.6731035568013191]
["CAP MODIFICADO POR BORRACHA DE PNEU AB8","2020-05-01","***","***","***",2.3850887906873437,2.7957473788340796,2.7417292273163092]
["CAP MODIFICADO POR BORRACHA DE PNEU AB8","2020-06-01","***","***",2.5771700000000002,2.3767381042881222,2.8218500368677808,2.7419114566241722]
["CAP MODIFICADO POR BORRACHA DE PNEU AB8","2020-07-01","***","***",2.5771699999999997,2.3129896529738909,2.8327986519404655,2.7472629097630588]
["CAP MODIFICADO POR BORRACHA DE PNEU AB8","2020-08-01","***","***",2.6570066468307947,2.3621587992415791,2.9730478799993669,2.8776343464482292]
["CAP MODIFICADO POR BORRACHA DE PNEU AB8","2020-09-01","***","***",2.6857405585725362,2.3920221649897502,2.8995937668467771,2.8048162311105544]
["CAP MODIFICADO POR BORRACHA DE PNEU AB8","2020-10-01","***","***",2.7115296986279374,2.5988855005411979,2.945660296835936,2.8601320590732215]
["CAP MODIFICADO POR BORRACHA DE PNEU AB8","2020-11-01","***","***",2.9355785272915584,2.675728781446943,3.1036367791020836,2.9821229454202736]
["CAP MODIFICADO POR BORRACHA DE PNEU AB8","2020-12-01","***","***","***",2.8103980717931423,3.1560016642997661,3.0198328222421571]
["CAP MODIFICADO POR BORRACHA DE PNEU AB8","2021-01-01","***","***","***",2.6067625684844038,3.0235489155877113,2.9169518621704214]
["CAP MODIFICADO POR BORRACHA DE PNEU AB8","2021-02-01","***","***","***",2.7539341525183927,3.2378279376369576,3.2142956354110028]
["CAP MODIFICADO POR BORRACHA DE PNEU AB8","2021-03-01","***","***","***",2.8667480380630153,3.2664503620327867,3.2444312354152673]
["CAP MODIFICADO POR BORRACHA DE PNEU AB8","2021-04-01","***","***","***",3.2412820683288355,3.2403526438144885,3.2404824221821982]
["CAP MODIFICADO POR BORRACHA DE PNEU AB8","2021-05-01","***","***","***",3.4580315701443354,3.9605739483670725,3.898980732901407]
["CAP MODIFICADO POR BORRACHA DE PNEU AB8","2021-06-01","***","***","***",3.3895059892106629,3.9960151456310675,3.7901355069954188]
["CAP MODIFICADO POR BORRACHA DE PNEU AB8","2021-07-01","***","***","***",3.3634510522282417,4.0446007521421841,3.759377785639622]
["CAP MODIFICADO POR BORRACHA DE PNEU AB8","2021-08-01","***","***","***",3.5297912801513007,4.2221124396868657,3.8942494353864427]
["CAP MODIFICADO POR BORRACHA DE PNEU AB8","2021-09-01",3.1511999999999998,"***","***",3.6011649158390968,4.2437321077518497,3.9834978123132094]
["CAP MODIFICADO POR BORRACHA DE PNEU AB8","2021-10-01",3.1511999999999998,"***","***",3.5245837051341593,4.2745912764257028,3.9325664481350482]
["CAP MODIFICADO POR BORRACHA DE PNEU AB8","2021-11-01",3.52045270712581,"***","***",3.8006628269091718,4.6212462053760719,4.2402152571736771]
["CAP MODIFICADO POR BORRACHA DE PNEU AB8","2021-12-01",3.5833457410104543,"***","***",3.8033828378325953,4.6854496331091324,4.2649975870802219]
["CAP MODIFICADO POR BORRACHA DE PNEU AB8","2022-01-01",3.497057538755509,"***","***",4.0144421748724364,4.7195601493470978,4.3815922128366829]
["CAP MODIFICADO POR BORRACHA DE PNEU AB8","2022-02-01",3.9137117888445374,"***","***",4.1654182392975976,4.9238646993038815,4.5716481879346533]
["CAP MODIFICADO POR BORRACHA DE PNEU AB8","2022-03-01",3.9304842780259164,"***","***",4.6131177304825863,4.9770267131939656,4.6989390514146656]
["CAP MODIFICADO POR BORRACHA DE PNEU AB8","2022-04-01",3.8774367464514339,"***","***",4.8242816622633082,5.196583719406223,4.7874338282478828]
["CAP MODIFICADO POR BORRACHA DE PNEU AB8","2022-05-01",3.660831927826083,"***","***",4.8244025811017348,5.0464176427212664,4.6548960425668318]
["CAP MODIFICADO POR BORRACHA DE PNEU AB8","2022-06-01",3.6719077480359519,"***","***",4.743797212134913,5.0290272799759634,4.6866328666899362]
["CAP MODIFICADO POR BORRACHA DE PNEU AB8","2022-07-01",3.7343529358812262,"***","***",4.6606289161344456,5.0825126401802372,4.6618090061825308]
["CAP MODIFICADO POR BORRACHA DE PNEU AB8","2022-08-01",3.5750321729438737,"***",4.0312700000000001,4.4489613986405532,4.8768508374917063,4.4361456542627042]
["CAP MODIFICADO POR BORRACHA DE PNEU AB8","2022-09-01",3.3365857363622324,"***",3.8240599999999998,4.6197592231558557,4.6217078043360065,4.5503008775891045]
["CAP MODIFICADO POR BORRACHA DE PNEU AB8","2022-10-01","***","***",3.47411,4.3021714304330319,4.4511535000014888,4.3405292820668899]
["CAP MODIFICADO POR BORRACHA DE PNEU AB8","2022-11-01","***","***",3.4741100000000005,4.0708263984458517,4.434586615284875,4.1906987946351579]
["CAP MODIFICADO POR BORRACHA DE PNEU AB8","2022-12-01","***","***",3.4741100000000005,4.0976380053811656,4.3463166271576119,4.1922139377714531]
["CAP MODIFICADO POR BORRACHA DE PNEU AB8","2023-01-01","***","***",3.2876799999999999,3.9431334019414743,4.0941381731638247,3.9702865071179279]
["CAP MODIFICADO POR BORRACHA DE PNEU AB8","2023-02-01","***","***",3.1648200000000002,3.8471487854515276,3.9488899722169046,3.8264434764915318]
["CAP MODIFICADO POR BORRACHA DE PNEU AB8","2023-03-01","***","***",3.1110239967105264,3.7512055302047429,3.7377240375528613,3.7405507058514202]
["CAP MODIFICADO POR BORRACHA DE PNEU AB8","2023-04-01","***","***",3.4214352650579518,3.7576710928923611,3.809381577848034,3.7689590617057838]
["CAP MODIFICADO POR BORRACHA DE PNEU AB8","2023-05-01","***","***",3.0362700000000005,3.6646741477770171,3.7394772019109008,3.6750538668258668]
["CAP MODIFICADO POR BORRACHA DE PNEU AB8","2023-06-01","***","***",3.0685420543495487,3.5802435781107778,3.6692737443166061,3.6010590544106167]
["CAP MODIFICADO POR BORRACHA DE PNEU AB8","2023-07-01","***","***",3.0727600000000002,3.6019833523533649,3.7160559415567844,3.6278060436645401]
["CAP MODIFICADO POR BORRACHA DE PNEU AB8","2023-08-01","***","***",3.1472464245175935,3.5125904038928959,3.7738780307350064,3.5787945728490111]
["CAP MODIFICADO POR BORRACHA DE PNEU AB8","2023-09-01","***","***",3.3503692337931525,3.6843298768385142,3.8835923926532776,3.7265946398525798]
["CAP MODIFICADO POR BORRACHA DE PNEU AB8","2023-10-01","***","***",3.4330022577990751,3.7877844310715973,3.9085190294675551,3.8052185486637122]
["CAP MODIFICADO POR BORRACHA DE PNEU AB8","2023-11-01","***","***",3.3984516288066828,3.6909302022307457,3.8649913965636036,3.7486221682192258]
["CAP MODIFICADO POR BORRACHA DE PNEU AB8","2023-12-01","***","***",3.3329126010661927,3.6600620978133738,3.9306865709016363,3.7484043968830756]
["CAP MODIFICADO POR BORRACHA DE PNEU AB8","2024-01-01","***","***",3.2687299428881049,3.5459523431317019,3.7328256193985823,3.6129266699362814]
["CAP MODIFICADO POR BORRACHA DE PNEU AB8","2024-02-01","***","***",3.2461529889267937,3.5759373031108073,3.713683647510778,3.6277633764946806]
["CAP MODIFICADO POR BORRACHA DE PNEU AB8","2024-03-01","***","***",3.768001661584333,3.686297989317683,3.9738706711266518,3.7844369640854949]
["CAP MODIFICADO POR BORRACHA DE PNEU AB8","2024-04-01","***","***",3.5418537569765585,3.7790229305187455,3.9526792884731066,3.8320161507053103]
["CAP MODIFICADO POR BORRACHA DE PNEU AB8","2024-05-01","***","***",3.6155793997665691,3.9162706483486196,4.0338094711755685,3.9388972355490237]
["CAP MODIFICADO POR BORRACHA DE PNEU AB8","2024-06-01","***","***",3.6428001899364637,3.9478237356340236,3.9783707202814185,3.937622278133897]
["CAP MODIFICADO POR BORRACHA DE PNEU AB8","2024-07-01","***","***",3.7852116873744852,4.0960418376143402,4.1244485876031654,4.0861414260680062]
["CAP MODIFICADO POR BORRACHA DE PNEU AB8","2024-08-01","***","***",3.9869726752396604,4.2822388405356113,4.3204913373090408,4.2782078102030887]
["CAP MODIFICADO POR BORRACHA DE PNEU AB8","2024-09-01","***","***",3.9695319396352038,4.3341720549943874,4.3566887906619449,4.3194939019165801]
["CAP MODIFICADO POR BORRACHA DE PNEU AB8","2024-10-01","***","***",4.02131287600485,4.3353987029624559,4.4427431359120275,4.3594653032121933]
["CAP MODIFICADO POR BORRACHA DE PNEU AB8","2024-11-01","***","***",4.0004799999999987,4.3197898977240072,4.5228519856878213,4.3908537532236709]
["CAP MODIFICADO POR BORRACHA DE PNEU AB8","2024-12-01","***","***",4.0818000000000003,4.3885907043957042,4.5899004574724405,4.4459095307072225]
["CAP MODIFICADO POR BORRACHA DE PNEU AB8","2025-01-01","***","***","***",4.3621638379127061,4.5736954616759551,4.4495597878684299]
["CAP MODIFICADO POR BORRACHA DE PNEU AB8","2025-02-01","***","***","***",4.626922817102189,4.8399569840040684,4.7068998480237267]
["CAP MODIFICADO POR BORRACHA DE PNEU AB8","2025-03-01","***","***","***",4.4284161584818458,4.8442753435965358,4.5601231342687871]
["CAP MODIFICADO POR BORRACHA DE PNEU AB8","2025-04-01","***","***","***",4.3186650393145403,4.8367806895078598,4.4477359827760594]
["CAP MODIFICADO POR BORRACHA DE PNEU AB8","2025-05-01","***","***","***",4.295777740705109,4.8272312365806229,4.4748357832281718]
["CAP MODIFICADO POR POLÍMERO 55-75-E","2015-09-01","***",1.6953954542024339,"***",1.7171780593569659,1.8427670560180902,1.7930856450717323]
["CAP MODIFICADO POR POLÍMERO 55-75-E","2015-10-01","***",1.7919295146005085,"***",1.8216981373170267,1.9431443828715365,1.8327100508755547]
["CAP MODIFICADO POR POLÍMERO 55-75-E","2015-11-01","***",2.0899399999999999,"***",2.0610623072334988,2.0980868206719352,2.0821680017500475]
["CAP MODIFICADO POR POLÍMERO 55-75-E","2015-12-01","***",2.0899400000000004,"***",2.1194041720257233,1.9102433055954091,2.0405789762972462]
["CAP MODIFICADO POR POLÍMERO 55-75-E","2016-01-01","***",2.0091957557447584,"***",2.0785102353215286,1.7201859374222301,1.8957923340782121]
["CAP MODIFICADO POR POLÍMERO 55-75-E","2016-02-01","***",2.0063301928427961,2.310905,2.079184548767417,1.8023118118431345,1.9841543614525423]
["CAP MODIFICADO POR POLÍMERO 55-75-E","2016-03-01","***",2.0214688655215958,"***",2.0672555746521688,2.0347751135103787,2.0276903371049011]
["CAP MODIFICADO POR POLÍMERO 55-75-E","2016-04-01","***",2.2545417937441314,"***","***",2.1824163004798347,2.2168656133642992]
["CAP MODIFICADO POR POLÍMERO 55-75-E","2016-05-01","***",2.1741120239687413,"***",2.1983228359030837,2.1202284224342827,2.1761479773532821]
["CAP MODIFICADO POR POLÍMERO 55-75-E","2016-06-01","***",2.2013690696569923,2.7226504659750304,2.3371864428912605,1.8951029985298442,2.2386015067822616]
["CAP MODIFICADO POR POLÍMERO 55-75-E","2016-07-01","***",2.0094158478144157,2.7444926715815341,2.1513415837277052,1.903067973005351,2.1209947804802081]
["CAP MODIFICADO POR POLÍMERO 55-75-E","2016-08-01","***",2.3455907504428892,2.7878779623567924,2.2006004902073739,1.9521915117938957,2.26666565275417]
["CAP MODIFICADO POR POLÍMERO 55-75-E","2016-09-01","***",1.9169568693991934,2.6876199999999995,2.1986446215899091,1.8482440625648628,2.0090403977516913]
["CAP MODIFICADO POR POLÍMERO 55-75-E","2016-10-01","***",1.6509599937156796,2.6469499999999995,2.223755542022793,1.9299261856512009,1.9300860835637395]
["CAP MODIFICADO POR POLÍMERO 55-75-E","2016-11-01","***",1.6694185373178523,3.0737999999999994,"***",1.9879645083790136,2.0393290727149394]
["CAP MODIFICADO POR POLÍMERO 55-75-E","2016-12-01","***",2.014896679197447,3.0649600000000001,1.8466100000000003,1.8798449207970527,1.9359708182054569]
["CAP MODIFICADO POR POLÍMERO 55-75-E","2017-01-01","***",1.7502856718241042,3.0767500000000001,1.8466100000000001,1.8666449005293475,1.8444576318092083]
["CAP MODIFICADO POR POLÍMERO 55-75-E","2017-02-01","***",1.9385434414136908,"***",1.7677449945362214,1.853787885934127,1.8751690352169861]
["CAP MODIFICADO POR POLÍMERO 55-75-E","2017-03-01","***",1.9353736956812553,2.2661885349894639,1.734795304104664,1.8579610960031532,1.9158526995252947]
["CAP MODIFICADO POR POLÍMERO 55-75-E","2017-04-01","***",1.9464333678671788,3.0989954728033471,1.8550778250929307,1.8427725499266114,1.9250968210901029]
["CAP MODIFICADO POR POLÍMERO 55-75-E","2017-05-01","***",1.9039563231733876,2.5269077743321908,1.9044128680382506,1.8928333588070529,1.9413871921547505]
["CAP MODIFICADO POR POLÍMERO 55-75-E","2017-06-01","***",2.1172096084664647,2.6693845073026439,2.0272806462554129,1.8705994326738058,2.0103693759521213]
["CAP MODIFICADO POR POLÍMERO 55-75-E","2017-07-01","***",2.1524925359808305,2.3494000000000002,2.199113159472422,1.8121419314384277,2.0837330096015494]
["CAP MODIFICADO POR POLÍMERO 55-75-E","2017-08-01","***",1.7692563220340924,2.3960307059867989,2.2434644247581303,1.7969227701758321,1.9072511282277387]
["CAP MODIFICADO POR POLÍMERO 55-75-E","2017-09-01","***",2.0481444575514067,2.5192297014658562,2.0275513157577079,1.9437292345644701,2.0274748760412309]
["CAP MODIFICADO POR POLÍMERO 55-75-E","2017-10-01","***",1.9644684025423731,2.3753000000000002,1.8573066425068356,1.9513675655787222,1.9461461992358982]
["CAP MODIFICADO POR POLÍMERO 55-75-E","2017-11-01","***",2.1334792458409462,2.3496033587527538,2.1498566052416055,2.0025831462270638,2.1166516141605438]
["CAP MODIFICADO POR POLÍMERO 55-75-E","2017-12-01","***",2.2716249270993125,"***",1.8637360496715558,1.9268307513122342,2.0939470518103036]
["CAP MODIFICADO POR POLÍMERO 55-75-E","2018-01-01","***",2.3764415332459299,"***",2.0960360322380653,2.0950740781507982,2.3406826280382127]
["CAP MODIFICADO POR POLÍMERO 55-75-E","2018-02-01","***",2.3612414132643003,"***",2.0026096256249999,2.1370945383914064,2.2890838957222308]
["CAP MODIFICADO POR POLÍMERO 55-75-E","2018-03-01","***",2.2627476366262744,"***",2.1441819697482245,2.1094914164479608,2.2098190514116167]
["CAP MODIFICADO POR POLÍMERO 55-75-E","2018-04-01","***",2.2655558513983123,"***",2.1073867880059232,2.2154794820568924,2.2337498937418476]
["CAP MODIFICADO POR POLÍMERO 55-75-E","2018-05-01","***",2.4786504808505776,2.7254499999999999,2.0666626759143991,2.2605089784155075,2.3504600613973743]
["CAP MODIFICADO POR POLÍMERO 55-75-E","2018-06-01","***",2.5431826708981782,2.99715,2.5516623577969817,2.3813441306212471,2.5186892590982941]
["CAP MODIFICADO POR POLÍMERO 55-75-E","2018-07-01","***",2.5398066990989143,3.0834936951453646,2.464435209540794,2.5536240468598641,2.6050117997031252]
["CAP MODIFICADO POR POLÍMERO 55-75-E","2018-08-01",3.5969627608008428,2.80708646258817,3.2661887568493153,2.561305961555953,2.6597870431048856,2.8346884803198971]
["CAP MODIFICADO POR POLÍMERO 55-75-E","2018-09-01",2.9570599999999998,2.7589742499557759,3.3111899999999994,2.7067619814672694,2.8481124814499075,2.795817380500913]
["CAP MODIFICADO POR POLÍMERO 55-75-E","2018-10-01","***",2.7353999999999998,2.7538916476515376,2.6397216811079018,2.8005611762805556,2.7246612952191724]
["CAP MODIFICADO POR POLÍMERO 55-75-E","2018-11-01","***",3.0589757582721817,3.3192502664734085,3.0176501646056932,3.1071334286319763,3.079127614754968]
["CAP MODIFICADO POR POLÍMERO 55-75-E","2018-12-01","***",2.9936342923109973,"***",3.0105366824876745,3.1236333459941492,3.0583556114616366]
["CAP MODIFICADO POR POLÍMERO 55-75-E","2019-01-01","***",3.1185765394670688,3.9446300000000001,2.8912531535673009,3.0740611991686073,3.0536002911399085]
["CAP MODIFICADO POR POLÍMERO 55-75-E","2019-02-01","***",3.2960493662407835,4.3303599999999998,3.1459199999999998,3.3861594822035417,3.3458827981003005]
["CAP MODIFICADO POR POLÍMERO 55-75-E","2019-03-01","***",3.2972054433072246,"***",3.1459200000000003,3.2780724567711008,3.2854107359533704]
["CAP MODIFICADO POR POLÍMERO 55-75-E","2019-04-01","***",3.3319558515595773,"***",2.9959541469707438,3.3396190154013405,3.2804532588347386]
["CAP MODIFICADO POR POLÍMERO 55-75-E","2019-05-01","***",3.1823534118672319,"***",3.2968860466763465,3.3079748217475586,3.2496589226477792]
["CAP MODIFICADO POR POLÍMERO 55-75-E","2019-06-01","***",3.9636178187695297,"***",3.4129229658091997,3.3003987022606052,3.588267277823765]
["CAP MODIFICADO POR POLÍMERO 55-75-E","2019-07-01","***",3.6697643408920846,"***",3.2854123086561176,2.9635788879895619,3.3925371169333878]
["CAP MODIFICADO POR POLÍMERO 55-75-E","2019-08-01","***",3.3063196110231829,"***",3.1139297990900943,3.1123443585685751,3.1902282700622915]
["CAP MODIFICADO POR POLÍMERO 55-75-E","2019-09-01","***",3.101977528388959,"***",3.0922215043547117,3.1185072079449188,3.1079962059626598]
["CAP MODIFICADO POR POLÍMERO 55-75-E","2019-10-01","***",3.0507553803425709,"***",3.2093879389482729,3.118512410456618,3.127928505031861]
["CAP MODIFICADO POR POLÍMERO 55-75-E","2019-11-01","***",3.0666759556779568,"***",3.2338272620134223,3.1174160877467507,3.1188162493152234]
["CAP MODIFICADO POR POLÍMERO 55-75-E","2019-12-01","***",2.9295388368250284,3.8813,3.3093699999999999,3.2227881842256907,3.0999035089092288]
["CAP MODIFICADO POR POLÍMERO 55-75-E","2020-01-01","***",2.8031494736842104,"***",3.3019956447210674,3.1188116409951574,3.1383643911574661]
["CAP MODIFICADO POR POLÍMERO 55-75-E","2020-02-01","***",2.6827900831809877,"***",3.1567065377724695,3.0095799735086222,2.9649531492283963]
["CAP MODIFICADO POR POLÍMERO 55-75-E","2020-03-01","***",3.0648663130036335,3.92503,3.0358277644275375,3.0089743499023509,3.0533098060557684]
["CAP MODIFICADO POR POLÍMERO 55-75-E","2020-04-01","***",3.0405163384275049,"***",3.1725993819040128,2.9348398913430853,3.0010305405754751]
["CAP MODIFICADO POR POLÍMERO 55-75-E","2020-05-01","***",2.8702101565659275,"***",3.0671865430726939,3.0746339940487863,3.023495510101994]
["CAP MODIFICADO POR POLÍMERO 55-75-E","2020-06-01","***",3.1016014653079171,3.3318900000000005,2.9888901739877567,2.9925150223325376,3.0760670868944278]
["CAP MODIFICADO POR POLÍMERO 55-75-E","2020-07-01","***",3.0593283564652891,3.3325500000000003,3.0300296072195279,2.8226576350557382,2.9510218288236114]
["CAP MODIFICADO POR POLÍMERO 55-75-E","2020-08-01","***",3.2288710413132047,"***",3.3453599999999999,3.0006063128011906,3.1001770505525506]
["CAP MODIFICADO POR POLÍMERO 55-75-E","2020-09-01","***",3.1571041326153209,"***",3.4847100000000006,2.9274915813991904,3.057853239203133]
["CAP MODIFICADO POR POLÍMERO 55-75-E","2020-10-01","***",3.1668648436447757,"***",3.26938975402564,2.9531520559126898,3.0613176137854534]
["CAP MODIFICADO POR POLÍMERO 55-75-E","2020-11-01","***",3.2584921814790473,"***",3.5242099808748226,3.0956713222427896,3.1835695456804816]
["CAP MODIFICADO POR POLÍMERO 55-75-E","2020-12-01","***",3.357413489032981,3.6097700000000006,"***",3.0502669451383824,3.1205899578104792]
["CAP MODIFICADO POR POLÍMERO 55-75-E","2021-01-01","***",3.3368874904327344,"***",3.5026201782711066,3.1259719369598375,3.2538721869591547]
["CAP MODIFICADO POR POLÍMERO 55-75-E","2021-02-01","***",3.4608183614543728,"***",3.7320784525637087,3.2503668748817094,3.2991032759659693]
["CAP MODIFICADO POR POLÍMERO 55-75-E","2021-03-01","***",3.3307011078341011,"***",3.6629321315248666,3.3444096789181685,3.362994761617788]
["CAP MODIFICADO POR POLÍMERO 55-75-E","2021-04-01","***",3.5072844329034165,"***",3.1572029695121953,3.198558318134813,3.2281333422166307]
["CAP MODIFICADO POR POLÍMERO 55-75-E","2021-05-01","***",4.1816199999999997,"***",3.9331470897832825,3.3778392923542553,3.534792899845824]
["CAP MODIFICADO POR POLÍMERO 55-75-E","2021-06-01","***",3.7342891433494705,"***",4.1063900000000011,2.9620940888110883,3.3002914502097735]
["CAP MODIFICADO POR POLÍMERO 55-75-E","2021-07-01","***",3.8271079530916841,"***",4.1063900000000002,3.7443847338036025,3.7703498232005437]
["CAP MODIFICADO POR POLÍMERO 55-75-E","2021-08-01","***",3.8607287018761518,4.3929903314160503,"***",4.5344533708237202,4.3854174799516255]
["CAP MODIFICADO POR POLÍMERO 55-75-E","2021-09-01","***",4.0217578722261988,"***","***",4.6568941019543102,4.4541072747616912]
["CAP MODIFICADO POR POLÍMERO 55-75-E","2021-10-01","***",4.0420371929854806,"***","***",4.59167816431159,4.2886668760515985]
["CAP MODIFICADO POR POLÍMERO 55-75-E","2021-11-01","***",4.0831531140479402,"***","***",4.9703704989069983,4.3902978781695738]
["CAP MODIFICADO POR POLÍMERO 55-75-E","2021-12-01","***",4.3545857000429011,"***","***",4.9470442273663799,4.5688025652121524]
["CAP MODIFICADO POR POLÍMERO 55-75-E","2022-01-01","***",4.6346160249793993,"***","***",4.9880748892276747,4.7435773205607674]
["CAP MODIFICADO POR POLÍMERO 55-75-E","2022-02-01","***",5.2945301535342608,"***","***",4.8873720440324435,5.0354531909162406]
["CAP MODIFICADO POR POLÍMERO 55-75-E","2022-03-01","***",5.3661709190209024,"***",6.42,4.7783316535032938,5.0998691323196086]
["CAP MODIFICADO POR POLÍMERO 55-75-E","2022-04-01","***",5.659440551009971,"***",5.5512958261469469,5.4203822307575749,5.4775954404408642]
["CAP MODIFICADO POR POLÍMERO 55-75-E","2022-05-01",5.2715699999999996,5.4797291247240203,"***",4.8512394993530092,5.2078308682375232,5.185751289904279]
["CAP MODIFICADO POR POLÍMERO 55-75-E","2022-06-01","***",5.5487296938906754,5.0908767164429527,5.1639718002931794,5.186764690609591,5.2266701923115439]
["CAP MODIFICADO POR POLÍMERO 55-75-E","2022-07-01","***",5.4155189175155583,5.6180787800312011,5.1412263640842903,5.250795201873558,5.2698531199144822]
["CAP MODIFICADO POR POLÍMERO 55-75-E","2022-08-01","***",5.4644096095976682,5.6495100000000003,4.9378113856187138,5.0538072426816054,5.1658988471862672]
["CAP MODIFICADO POR POLÍMERO 55-75-E","2022-09-01","***",5.134430603646047,5.3412474170628403,4.7593903736893273,5.0093227727847891,5.0858747584803234]
["CAP MODIFICADO POR POLÍMERO 55-75-E","2022-10-01","***",5.3534618039663195,"***",4.3557178120700444,4.5003225581874835,4.6318069314100052]
["CAP MODIFICADO POR POLÍMERO 55-75-E","2022-11-01","***",4.5991001127972089,"***",4.2361773348711136,4.4672515038899361,4.3522454419270007]
["CAP MODIFICADO POR POLÍMERO 55-75-E","2022-12-01","***",4.8277301250377533,"***",4.1038387275891166,4.4622944547805616,4.4468637076692961]
["CAP MODIFICADO POR POLÍMERO 55-75-E","2023-01-01","***",4.6971885216893812,"***",4.9421400000000011,4.2234859334725332,4.5094509421015161]
["CAP MODIFICADO POR POLÍMERO 55-75-E","2023-02-01","***",4.616903570366893,4.2530900000000003,4.1887398852444973,4.1326309959461582,4.2798010645505444]
["CAP MODIFICADO POR POLÍMERO 55-75-E","2023-03-01","***",4.687667517811704,4.2165900000000001,4.1128664946311044,3.8142643876529525,3.9390268531536683]
["CAP MODIFICADO POR POLÍMERO 55-75-E","2023-04-01","***",4.65341,"***",4.7817800000000004,3.687750096529423,3.7740787668681066]
["CAP MODIFICADO POR POLÍMERO 55-75-E","2023-05-01","***",4.9023070524827146,"***",4.7817799999999995,3.7989692521723755,4.0087128977841324]
["CAP MODIFICADO POR POLÍMERO 55-75-E","2023-06-01","***",4.2684851499918928,"***",4.4667055586274182,3.7981845936165874,3.8420350804948522]
["CAP MODIFICADO POR POLÍMERO 55-75-E","2023-07-01","***",4.2537288700066211,"***",5.1262400000000001,3.657416731564691,3.7110557211295903]
["CAP MODIFICADO POR POLÍMERO 55-75-E","2023-08-01","***",3.9885625269960738,3.8460200000000002,4.901456895287958,3.714703512044947,3.8117397392388881]
["CAP MODIFICADO POR POLÍMERO 55-75-E","2023-09-01","***",4.5188442620432356,"***",4.4313000000000002,3.860048240448509,3.9179678127251534]
["CAP MODIFICADO POR POLÍMERO 55-75-E","2023-10-01","***",5.0547299477868757,"***",4.4627390407731315,3.8631680943559039,3.9647367041778478]
["CAP MODIFICADO POR POLÍMERO 55-75-E","2023-11-01","***",4.5752299999999995,"***",4.5740738772633636,3.8762063059689171,4.0155295134133162]
["CAP MODIFICADO POR POLÍMERO 55-75-E","2023-12-01","***",4.5480483703209833,"***",4.5020226271276034,3.9549561375986135,4.0704366890922552]
["CAP MODIFICADO POR POLÍMERO 55-75-E","2024-01-01","***",3.9067440879798259,"***",4.556984075550722,3.869280839638793,3.9589936510660504]
["CAP MODIFICADO POR POLÍMERO 55-75-E","2024-02-01","***",3.8469255551638026,"***",3.9658116780127837,3.8732437653478851,3.8785266215861505]
["CAP MODIFICADO POR POLÍMERO 55-75-E","2024-03-01","***",4.2227967064870988,"***",4.0888299999999997,3.9159569654859854,3.993574520086701]
["CAP MODIFICADO POR POLÍMERO 55-75-E","2024-04-01","***",4.2649351127680877,"***",4.1800004971628271,3.9652700520490058,4.0405753668382456]
["CAP MODIFICADO POR POLÍMERO 55-75-E","2024-05-01","***",4.2324107193882368,"***",3.56596,4.0066207331405428,4.0048425692832446]
["CAP MODIFICADO POR POLÍMERO 55-75-E","2024-06-01","***",4.2702547012698346,"***",4.0766081988030267,3.9912676280362134,4.0576148378551489]
["CAP MODIFICADO POR POLÍMERO 55-75-E","2024-07-01","***",4.4013879858236891,5.9683299999999999,4.3681570121806219,4.0178126180056895,4.1537813108591957]
["CAP MODIFICADO POR POLÍMERO 55-75-E","2024-08-01","***",5.0401677188290215,6.4001400000000004,4.5363794914904592,4.2490750734645504,4.4991459336408459]
["CAP MODIFICADO POR POLÍMERO 55-75-E","2024-09-01","***",5.2015289378044587,5.3153509787004589,4.6811722469038726,4.3897671163169791,4.6330749630811221]
["CAP MODIFICADO POR POLÍMERO 55-75-E","2024-10-01","***",5.6985230403638436,6.3838824916525523,5.3997628290134623,4.3117013975903626,4.7412828406061163]
["CAP MODIFICADO POR POLÍMERO 55-75-E","2024-11-01","***",5.3333064434339663,6.4001399999999995,4.5016962468673771,4.1445299275141014,4.5243725305297655]
["CAP MODIFICADO POR POLÍMERO 55-75-E","2024-12-01","***",5.3665900612923334,"***",4.6229961887563285,4.4930846899836254,4.6703959309151113]
["CAP MODIFICADO POR POLÍMERO 55-75-E","2025-01-01","***",5.0091845688885748,"***",4.3628400000000003,4.4544508230477193,4.5452282425875303]
["CAP MODIFICADO POR POLÍMERO 55-75-E","2025-02-01","***",5.1682648440151411,"***",4.6534399999999989,4.5341182160624554,4.6197568813743652]
["CAP MODIFICADO POR POLÍMERO 55-75-E","2025-03-01","***",5.1145003810407923,"***",4.4901078877321332,4.636913002330151,4.7054737845228907]
["CAP MODIFICADO POR POLÍMERO 55-75-E","2025-04-01","***",5.1571007353996388,"***",4.253133668614562,4.7029256152652863,4.6310529602109822]
["CAP MODIFICADO POR POLÍMERO 55-75-E","2025-05-01","***",5.063923120575061,4.1162099999999997,4.2670702867066153,4.5686277409170701,4.4260643508154329]
["CAP MODIFICADO POR POLÍMERO 60-85-E","2015-09-01","***",1.2531712342079688,1.8926623753559986,1.9114423354707468,1.924115046617922,1.893043325458313]
["CAP MODIFICADO POR POLÍMERO 60-85-E","2015-10-01","***",0.60527238683127571,1.9355650039973953,1.915818649143626,2.0509838352072771,1.9452797087462326]
["CAP MODIFICADO POR POLÍMERO 60-85-E","2015-11-01","***",2.0164,2.1100214771063226,2.1081983699582318,2.1985927081289507,2.1344171943822072]
["CAP MODIFICADO POR POLÍMERO 60-85-E","2015-12-01","***",1.41113,2.1239398500648137,2.1856024475140297,2.1220601698571766,2.1529568347530486]
["CAP MODIFICADO POR POLÍMERO 60-85-E","2016-01-01","***",0.60104999999999997,"***",2.1313661120742071,2.29083109689739,2.1936135809789157]
["CAP MODIFICADO POR POLÍMERO 60-85-E","2016-02-01","***",2.2221600000000001,2.14000398009652,2.126814067307917,2.3190324346052433,2.2222527057065102]
["CAP MODIFICADO POR POLÍMERO 60-85-E","2016-03-01","***","***",2.3981655529511214,2.0457464349560288,2.2830741974701576,2.1505894321209058]
["CAP MODIFICADO POR POLÍMERO 60-85-E","2016-04-01","***","***",2.5878965474364821,2.2758136160071389,2.3370958916422806,2.3089270327111673]
["CAP MODIFICADO POR POLÍMERO 60-85-E","2016-05-01","***",2.5530900000000001,2.3583802702006058,2.3358852137415176,2.3671955360597523,2.3505973897908006]
["CAP MODIFICADO POR POLÍMERO 60-85-E","2016-06-01","***",1.7582071498257841,2.4876085326176445,2.2965793568049047,2.3585887860790375,2.3216251119571463]
["CAP MODIFICADO POR POLÍMERO 60-85-E","2016-07-01","***",1.7816216549081905,2.3945574321138978,2.3301768511818737,2.4564212883943615,2.3537426915080668]
["CAP MODIFICADO POR POLÍMERO 60-85-E","2016-08-01","***",2.5130892984062028,2.443039400324782,2.3567264041697755,2.4340184765413082,2.4047886594623029]
["CAP MODIFICADO POR POLÍMERO 60-85-E","2016-09-01",2.2290999999999999,"***",1.9864494038000098,2.0660229243560098,2.3049625742864759,2.1656476556889874]
["CAP MODIFICADO POR POLÍMERO 60-85-E","2016-10-01","***","***",2.2503204837327813,2.030382318410147,2.3369820988690733,2.223180742401123]
["CAP MODIFICADO POR POLÍMERO 60-85-E","2016-11-01","***","***",2.2745731003862879,2.019621429915047,2.3000285177157127,2.1856763215248312]
["CAP MODIFICADO POR POLÍMERO 60-85-E","2016-12-01","***","***",2.1792631414289407,1.9824562658755518,2.1652924821642059,2.0670076788226988]
["CAP MODIFICADO POR POLÍMERO 60-85-E","2017-01-01",1.81125,"***",1.914526166620198,1.9451576680687783,2.0536684491566226,1.9851466366800969]
["CAP MODIFICADO POR POLÍMERO 60-85-E","2017-02-01","***","***",2.4048799999999999,2.0047365711836704,2.0215099473027656,2.0153849811335531]
["CAP MODIFICADO POR POLÍMERO 60-85-E","2017-03-01","***","***",1.9718092729484418,2.0431406368149143,1.9330077833491637,1.991648904115207]
["CAP MODIFICADO POR POLÍMERO 60-85-E","2017-04-01","***","***",1.9417392474548527,1.9274630177947831,1.9701131238209448,1.9534193639194128]
["CAP MODIFICADO POR POLÍMERO 60-85-E","2017-05-01","***","***",1.8398175664355454,1.9236930227454796,1.9252443441654075,1.9212415855665488]
["CAP MODIFICADO POR POLÍMERO 60-85-E","2017-06-01","***","***",1.9590391683676356,2.0234578105624221,1.9546933602163521,1.9874079066367785]
["CAP MODIFICADO POR POLÍMERO 60-85-E","2017-07-01","***","***",1.9599138810522696,1.9123118677228297,1.9285653669324969,1.9257865217308878]
["CAP MODIFICADO POR POLÍMERO 60-85-E","2017-08-01","***",1.91,2.1788977923318931,1.8754382017051274,1.9052611491761893,1.9397072011380023]
["CAP MODIFICADO POR POLÍMERO 60-85-E","2017-09-01","***",2.0217268590810189,2.0131467477320442,1.8755009007866321,1.9285591899527263,1.9174436754930808]
["CAP MODIFICADO POR POLÍMERO 60-85-E","2017-10-01","***",2.2352117935464255,1.891909051730414,1.8750814823408124,1.9318636366355004,1.9084070930867227]
["CAP MODIFICADO POR POLÍMERO 60-85-E","2017-11-01","***",2.4664525888713364,2.1127029484724784,2.1018467397968306,2.0434117083884029,2.1152514607173116]
["CAP MODIFICADO POR POLÍMERO 60-85-E","2017-12-01","***",2.4664695231527496,2.02556639798558,2.1073903698669652,2.01629795028557,2.0984402713134291]
["CAP MODIFICADO POR POLÍMERO 60-85-E","2018-01-01","***",2.5469949475947322,2.4384371426566647,2.2358614527312675,2.2171168014774421,2.2629054895005178]
["CAP MODIFICADO POR POLÍMERO 60-85-E","2018-02-01","***",2.5612947680566411,2.2360692367149761,2.2315746289109679,2.1762960905145343,2.2149567719182968]
["CAP MODIFICADO POR POLÍMERO 60-85-E","2018-03-01","***","***",2.2646003229208609,2.2070469391799641,2.1264791384299855,2.1795876274408039]
["CAP MODIFICADO POR POLÍMERO 60-85-E","2018-04-01","***","***",2.2530100000000002,2.2375301506500862,2.1921167528385155,2.2244667319431342]
["CAP MODIFICADO POR POLÍMERO 60-85-E","2018-05-01","***",2.622374961131841,2.4159609188768467,2.4135010247529545,2.2548217490322249,2.376574591267993]
["CAP MODIFICADO POR POLÍMERO 60-85-E","2018-06-01","***",2.7072610102942862,2.6366735277545117,2.496114817059504,2.4197077653545853,2.4863998558944611]
["CAP MODIFICADO POR POLÍMERO 60-85-E","2018-07-01","***","***",2.9856520055014539,2.7687975713177142,2.5975237297684997,2.7183820918840818]
["CAP MODIFICADO POR POLÍMERO 60-85-E","2018-08-01","***",2.9785798440467288,3.43775198740865,2.809949831486322,2.8377436180356383,2.8595321784884824]
["CAP MODIFICADO POR POLÍMERO 60-85-E","2018-09-01","***",3.0288317837351397,3.1526582663304739,2.82299012679302,2.8319182067122717,2.8661217153191361]
["CAP MODIFICADO POR POLÍMERO 60-85-E","2018-10-01","***",2.9754735957686638,2.6978103392262791,2.8399603171882393,2.9087584341858652,2.8305252775557017]
["CAP MODIFICADO POR POLÍMERO 60-85-E","2018-11-01","***",3.4960399999999998,3.5065628178686712,3.2479593373890165,3.2154082821383607,3.2653535150540405]
["CAP MODIFICADO POR POLÍMERO 60-85-E","2018-12-01","***",3.4762639486091467,"***",3.062417022364742,3.2761020718399232,3.1850009025328765]
["CAP MODIFICADO POR POLÍMERO 60-85-E","2019-01-01","***","***",3.2984900000000001,3.1537928781818518,3.3104892304997509,3.2090943070935318]
["CAP MODIFICADO POR POLÍMERO 60-85-E","2019-02-01","***",3.8243,3.4370900000000004,3.2445725177690448,3.5067303436481461,3.3928274589658396]
["CAP MODIFICADO POR POLÍMERO 60-85-E","2019-03-01","***","***",3.4388100000000001,3.5817124289494147,3.4957396295506467,3.5314146829726725]
["CAP MODIFICADO POR POLÍMERO 60-85-E","2019-04-01","***","***",3.6030053906659671,3.6230722179114188,3.4086359567258615,3.5013793146388652]
["CAP MODIFICADO POR POLÍMERO 60-85-E","2019-05-01","***",2.92,3.4084485162137197,3.377171021636646,3.3369712096327668,3.3513016514541265]
["CAP MODIFICADO POR POLÍMERO 60-85-E","2019-06-01","***",2.83,3.4956463967390063,3.2959067433493567,3.3172709117229702,3.3198427580823728]
["CAP MODIFICADO POR POLÍMERO 60-85-E","2019-07-01","***",2.8806142784351469,3.3714609849303385,3.2505922060170143,3.2993135893047212,3.2750501233058933]
["CAP MODIFICADO POR POLÍMERO 60-85-E","2019-08-01","***",2.8901662890490902,3.5204971826625391,3.0400072618417791,3.0217354800796339,3.0431984971675203]
["CAP MODIFICADO POR POLÍMERO 60-85-E","2019-09-01","***",2.9309301776830137,3.3454565078242231,3.0924620231875752,2.9448002346399327,3.01290073172698]
["CAP MODIFICADO POR POLÍMERO 60-85-E","2019-10-01",5.1157286819825902,2.9521600000000001,3.4835160416586897,3.206771190528023,3.0223676088136973,3.1716192744850025]
["CAP MODIFICADO POR POLÍMERO 60-85-E","2019-11-01",5.0523374241735768,3.0047600000000001,3.2270415866150284,3.1396244421580617,3.0644136004264615,3.1922322316490379]
["CAP MODIFICADO POR POLÍMERO 60-85-E","2019-12-01",2.965626657762801,2.9665591317516409,3.3373148398801975,3.1291821337456192,3.1005852468144881,3.1189710140570588]
["CAP MODIFICADO POR POLÍMERO 60-85-E","2020-01-01","***","***",3.3063472398559095,3.2019147545618289,3.1704032948858543,3.1996312189612239]
["CAP MODIFICADO POR POLÍMERO 60-85-E","2020-02-01","***",3.09,3.3666734313373969,3.0284676665989543,3.0271525063124618,3.0350577961537981]
["CAP MODIFICADO POR POLÍMERO 60-85-E","2020-03-01",3.1619899999999999,"***",3.0209352421477447,3.0105097471600137,2.9941371554596361,3.0073074923039926]
["CAP MODIFICADO POR POLÍMERO 60-85-E","2020-04-01","***","***",2.8510669411839755,3.039518495705178,3.0676036161303171,3.037039259769537]
["CAP MODIFICADO POR POLÍMERO 60-85-E","2020-05-01",3.1061951230001719,"***",2.9128190626123645,2.8663722683874404,2.9475543302157359,2.8963264708594729]
["CAP MODIFICADO POR POLÍMERO 60-85-E","2020-06-01",3.3609231381455515,"***",2.9773387426176203,2.8857063178554077,3.0032841775396082,2.9328307182492757]
["CAP MODIFICADO POR POLÍMERO 60-85-E","2020-07-01","***",2.7247499999999998,3.0555668147559865,2.8374457906055532,2.9169283312164991,2.8975763172694018]
["CAP MODIFICADO POR POLÍMERO 60-85-E","2020-08-01","***",3.170399321718413,3.2092792019429885,3.00189738634832,3.0386347969171941,3.0748855623284332]
["CAP MODIFICADO POR POLÍMERO 60-85-E","2020-09-01","***",3.0878252015478878,3.2173951895787147,2.9978681642550993,3.0679912273306531,3.0699556679582574]
["CAP MODIFICADO POR POLÍMERO 60-85-E","2020-10-01","***",2.7798699999999998,3.0723038819939861,2.9720762557494225,3.0858062516787363,3.0262081688454492]
["CAP MODIFICADO POR POLÍMERO 60-85-E","2020-11-01","***",3.6761435633262258,3.2675540607214169,3.2709185181030196,3.3209484562158647,3.2906019565770781]
["CAP MODIFICADO POR POLÍMERO 60-85-E","2020-12-01","***",3.3960676198581559,3.3094809852023901,3.2038027019816311,3.3832263442815589,3.2786426451297301]
["CAP MODIFICADO POR POLÍMERO 60-85-E","2021-01-01","***",3.1765817139056587,3.5869801314781111,3.2539475720154503,3.3493346395686547,3.3107804170987825]
["CAP MODIFICADO POR POLÍMERO 60-85-E","2021-02-01","***",3.3177748383812675,3.7700710862629707,3.6072248569476661,3.5450143794151137,3.5782812268698088]
["CAP MODIFICADO POR POLÍMERO 60-85-E","2021-03-01","***",3.3587524163478961,3.2735467324069929,3.3592829129245536,3.5150851308302506,3.4129956475156265]
["CAP MODIFICADO POR POLÍMERO 60-85-E","2021-04-01",3.3293900000000001,3.32864,3.5622006001837789,3.3889220969885301,3.4756062618434518,3.4253847898296597]
["CAP MODIFICADO POR POLÍMERO 60-85-E","2021-05-01","***",3.4723597061136231,3.951514582246062,4.1615768297891504,4.0945094179250949,4.1001975649679476]
["CAP MODIFICADO POR POLÍMERO 60-85-E","2021-06-01","***",3.4819801872634413,4.1761560435245713,4.0819960696899722,4.1384935339785818,4.0548836579046528]
["CAP MODIFICADO POR POLÍMERO 60-85-E","2021-07-01","***",3.66656,4.9451973785201231,4.1727019915174957,4.0925884863852611,4.1961472804704778]
["CAP MODIFICADO POR POLÍMERO 60-85-E","2021-08-01","***",3.8082009178861291,5.2457261351803259,4.2554847281975539,4.1890839170485554,4.3244093917070732]
["CAP MODIFICADO POR POLÍMERO 60-85-E","2021-09-01","***",4.2890516608806868,5.2728018155608707,4.4650783396120275,4.3244818831483283,4.5248491020228867]
["CAP MODIFICADO POR POLÍMERO 60-85-E","2021-10-01","***",4.4406806812988577,4.8686489590394659,4.3797938883091767,4.3980637334059782,4.4496488853661038]
["CAP MODIFICADO POR POLÍMERO 60-85-E","2021-11-01","***",4.7070784469299252,5.2863263310791879,4.8440122851480805,4.8874882767850867,4.8869115639582104]
["CAP MODIFICADO POR POLÍMERO 60-85-E","2021-12-01","***",4.9547295907037698,5.207090158478012,4.8709201439275471,4.9947107493078446,4.9446146715279058]
["CAP MODIFICADO POR POLÍMERO 60-85-E","2022-01-01","***",4.8081102817246446,5.263903037186985,4.8784563436162349,5.0011090853498619,4.9186688574536603]
["CAP MODIFICADO POR POLÍMERO 60-85-E","2022-02-01","***",4.6529460332347208,5.5706980889483368,5.2045127435568288,5.3145722799009532,5.2228361292457102]
["CAP MODIFICADO POR POLÍMERO 60-85-E","2022-03-01","***",5.1594966866030587,5.0533934926902777,5.2173932049172516,5.3696156039234522,5.2385502663564143]
["CAP MODIFICADO POR POLÍMERO 60-85-E","2022-04-01","***",5.6225452787161263,5.6189118914318765,5.6965027771382752,5.2529354414335607,5.5624927079338056]
["CAP MODIFICADO POR POLÍMERO 60-85-E","2022-05-01","***",5.4080399697942481,5.616015125022833,5.6295370477716355,5.1251907984151801,5.4850449368408984]
["CAP MODIFICADO POR POLÍMERO 60-85-E","2022-06-01","***",5.31968714777976,5.6202348137024272,5.5215625229633289,5.0901059604266914,5.4182352462024834]
["CAP MODIFICADO POR POLÍMERO 60-85-E","2022-07-01","***",6.2405948121716293,5.7030823082137161,5.4933790996513645,5.2367948669495048,5.516680442555379]
["CAP MODIFICADO POR POLÍMERO 60-85-E","2022-08-01","***",5.6840757477419963,5.5853204934837475,5.3671212798247572,5.0136921654253692,5.4048444688737609]
["CAP MODIFICADO POR POLÍMERO 60-85-E","2022-09-01","***",5.4107226757301428,5.6591606222236299,5.1154518178758019,4.8087474057713679,5.1821317068372377]
["CAP MODIFICADO POR POLÍMERO 60-85-E","2022-10-01","***",5.0463689566594345,4.9083578473148375,4.7323336533961919,4.7512057378117376,4.7876477022245663]
["CAP MODIFICADO POR POLÍMERO 60-85-E","2022-11-01","***",5.0302210372112404,5.2320166409668678,4.6709251248786794,4.8135614945633449,4.8309031608133681]
["CAP MODIFICADO POR POLÍMERO 60-85-E","2022-12-01",4.9544996900861813,4.8125502509463649,6.0846393551166678,4.5058442660736411,4.7857041007691565,4.8264877020591772]
["CAP MODIFICADO POR POLÍMERO 60-85-E","2023-01-01","***",4.6664699920175066,5.5406798954535699,4.2945819754937515,4.3895263686975712,4.457778879279255]
["CAP MODIFICADO POR POLÍMERO 60-85-E","2023-02-01","***",4.8532126494431331,4.6698196309429045,4.3089346541180218,4.2217851675698155,4.3542531174748262]
["CAP MODIFICADO POR POLÍMERO 60-85-E","2023-03-01","***",5.4251470718902297,4.5502484265662364,4.2404564852797462,3.9898959894292529,4.2200551288305288]
["CAP MODIFICADO POR POLÍMERO 60-85-E","2023-04-01","***",4.7343999999999999,4.4903104310819772,4.3576109414762909,3.9008723072062788,4.2468802270024053]
["CAP MODIFICADO POR POLÍMERO 60-85-E","2023-05-01",4.8071173706914436,4.4499156833411257,5.1892829601018571,4.3340402856941047,3.8808492004096382,4.4982969039745679]
["CAP MODIFICADO POR POLÍMERO 60-85-E","2023-06-01",4.5875339404331283,4.2594599999999998,5.0941207108213211,4.2321367243352821,3.7454432539704481,4.467448155355906]
["CAP MODIFICADO POR POLÍMERO 60-85-E","2023-07-01",4.9155000593869129,4.6069399999999998,4.7788868436144814,4.0358222697719448,3.8635791505247896,4.2500323193857277]
["CAP MODIFICADO POR POLÍMERO 60-85-E","2023-08-01",4.8567413386693925,4.5233640866873071,4.8370653203146645,3.9270428133854547,3.8512205596235023,4.1282207656952234]
["CAP MODIFICADO POR POLÍMERO 60-85-E","2023-09-01",5.2653698451668625,5.4742080552531815,5.0956811103429098,4.2266871111981317,4.0660762119502349,4.4371641276556941]
["CAP MODIFICADO POR POLÍMERO 60-85-E","2023-10-01",4.6318293428285848,5.4991882177865481,4.8108385949335721,4.2603693182895697,4.0577638119459492,4.3307554912630977]
["CAP MODIFICADO POR POLÍMERO 60-85-E","2023-11-01",5.4463691295237524,5.4714668889480693,4.8121900238038009,4.2776023347352421,4.093510048579752,4.4168869548813694]
["CAP MODIFICADO POR POLÍMERO 60-85-E","2023-12-01",4.4843992221686326,4.4213135598628064,4.9458389147661226,4.2689462929526361,4.1003398215581432,4.4064960023666933]
["CAP MODIFICADO POR POLÍMERO 60-85-E","2024-01-01",6.2244866998892574,4.4738381798792943,4.4703800772114706,4.0466676090101181,3.9266583311041656,4.115369865251453]
["CAP MODIFICADO POR POLÍMERO 60-85-E","2024-02-01",5.7221560032760035,4.3346805398322843,4.5158752451611051,3.9532962753787415,3.8999850616668512,4.1035095870814047]
["CAP MODIFICADO POR POLÍMERO 60-85-E","2024-03-01",5.5171348391728889,5.1750449868828303,4.3499348639362516,3.949756251912393,3.9906340611067765,4.0988088316147779]
["CAP MODIFICADO POR POLÍMERO 60-85-E","2024-04-01",5.0408098792799159,4.0067155660486335,4.5592780870397647,3.8997535663954639,4.0383749114960716,4.1189074066869029]
["CAP MODIFICADO POR POLÍMERO 60-85-E","2024-05-01",4.6991132329460124,4.018563660933661,4.95408936304554,4.0806585433115279,4.1572405351145898,4.3901808754993885]
["CAP MODIFICADO POR POLÍMERO 60-85-E","2024-06-01",5.1478470955710947,4.3577541368544299,5.0182129283199979,3.9916539087046963,4.0934421799016674,4.3458290556401185]
["CAP MODIFICADO POR POLÍMERO 60-85-E","2024-07-01",5.0145929273707592,4.7001540890296472,4.9695787073992737,4.128487906177706,4.1464196187752043,4.4172912073228883]
["CAP MODIFICADO POR POLÍMERO 60-85-E","2024-08-01",5.2362307827044337,4.912261867999888,5.405018578852701,4.3820982220463707,4.3572805363727776,4.7807443369157987]
["CAP MODIFICADO POR POLÍMERO 60-85-E","2024-09-01",5.2087515610613551,5.2239424735139623,5.4903484603308215,4.47891695827549,4.5219264147721612,4.9062117011258808]
["CAP MODIFICADO POR POLÍMERO 60-85-E","2024-10-01",5.2071382598225044,5.2863682407281365,5.3775678596748868,4.4788374178605208,4.5308661285254708,4.7935903507168547]
["CAP MODIFICADO POR POLÍMERO 60-85-E","2024-11-01",5.5894360979625448,5.3356352673960137,5.3691277344147172,4.3788650473128747,4.5185405288321654,4.659099864445543]
["CAP MODIFICADO POR POLÍMERO 60-85-E","2024-12-01","***",5.0451606579056465,5.3597086013891806,4.5469955774594384,4.636635116366894,4.75057790104883]
["CAP MODIFICADO POR POLÍMERO 60-85-E","2025-01-01",4.9397000000000002,4.8095757993240387,6.0556157601783838,4.4793643648806123,4.6255127234865814,4.7996028368859518]
["CAP MODIFICADO POR POLÍMERO 60-85-E","2025-02-01",4.9397000000000002,4.8917858683427058,5.9909543634894336,4.7298357793380861,4.7163962072153858,4.881808380784963]
["CAP MODIFICADO POR POLÍMERO 60-85-E","2025-03-01",4.8389376234979977,4.9359107762163266,5.9904058026371132,4.6043228124651394,4.7765072979840602,4.8705992864427321]
["CAP MODIFICADO POR POLÍMERO 60-85-E","2025-04-01",5.4450095741204665,5.3579886977130142,5.5603175211173204,4.5454155046323441,4.8294712075923352,4.9143369962003671]
["CAP MODIFICADO POR POLÍMERO 60-85-E","2025-05-01",4.9397000000000002,4.7240799999999998,5.7844601751751989,4.5325022770920622,4.7631355872178869,4.9153923096272223]
["CAP MODIFICADO POR POLÍMERO 65-90-E","2015-09-01","***","***","***","***","***","***"]
["CAP MODIFICADO POR POLÍMERO 65-90-E","2015-10-01","***","***",1.82155,1.55888,1.9466000000000006,1.8700576252014653]
["CAP MODIFICADO POR POLÍMERO 65-90-E","2015-11-01","***",2.2246999999999999,"***",1.6900387529331682,2.1355163762967173,1.8745215560674739]
["CAP MODIFICADO POR POLÍMERO 65-90-E","2015-12-01","***","***","***",1.6944837612034505,2.0958999999999999,1.7132192564735143]
["CAP MODIFICADO POR POLÍMERO 65-90-E","2016-01-01","***",2.3607,"***",2.3210858352035912,"***",2.3257292713892932]
["CAP MODIFICADO POR POLÍMERO 65-90-E","2016-02-01","***",2.1938,"***",2.6292200000000001,2.147089423250768,2.2915581827531897]
["CAP MODIFICADO POR POLÍMERO 65-90-E","2016-03-01","***","***","***",1.9236413262447016,2.0958999999999999,1.9549353060144634]
["CAP MODIFICADO POR POLÍMERO 65-90-E","2016-04-01","***","***","***","***",2.4382090139674095,2.4382090139674095]
["CAP MODIFICADO POR POLÍMERO 65-90-E","2016-05-01","***","***","***",2.402661729172308,2.3422453871268654,2.3804700832333965]
["CAP MODIFICADO POR POLÍMERO 65-90-E","2016-06-01","***","***",2.2805200000000001,2.3779867618353645,2.259952711098804,2.3298746277932452]
["CAP MODIFICADO POR POLÍMERO 65-90-E","2016-07-01","***","***",2.2805200000000005,2.4198648504295619,2.2951986514946734,2.305933765726762]
["CAP MODIFICADO POR POLÍMERO 65-90-E","2016-08-01","***","***",2.2805200000000001,"***",2.3170317647800815,2.3161374191712545]
["CAP MODIFICADO POR POLÍMERO 65-90-E","2016-09-01","***","***",2.4327000000000001,2.205226025983487,2.0611791716447203,2.0837038112357851]
["CAP MODIFICADO POR POLÍMERO 65-90-E","2016-10-01","***","***",2.0818814169180913,1.9147860468027738,2.0459658783141004,2.022578093312462]
["CAP MODIFICADO POR POLÍMERO 65-90-E","2016-11-01","***","***","***",1.8286732818046729,2.00898474976362,1.9656936288136686]
["CAP MODIFICADO POR POLÍMERO 65-90-E","2016-12-01","***","***","***","***",1.8970115133214926,1.8970115133214926]
["CAP MODIFICADO POR POLÍMERO 65-90-E","2017-01-01","***","***","***","***",1.6231242228140972,1.6231242228140972]
["CAP MODIFICADO POR POLÍMERO 65-90-E","2017-02-01","***","***","***","***",1.6082047035338094,1.6082047035338094]
["CAP MODIFICADO POR POLÍMERO 65-90-E","2017-03-01","***","***","***","***",1.8309915040905302,1.8309915040905302]
["CAP MODIFICADO POR POLÍMERO 65-90-E","2017-04-01","***","***","***",2.0295278334946754,1.6899640591953449,1.7218521845454544]
["CAP MODIFICADO POR POLÍMERO 65-90-E","2017-05-01","***","***",1.8264199999999999,1.7751000000000001,1.8513767789683373,1.8503847129306914]
["CAP MODIFICADO POR POLÍMERO 65-90-E","2017-06-01","***","***",2.4799599999999997,2.015040598981451,1.968933762774655,2.0388803095770105]
["CAP MODIFICADO POR POLÍMERO 65-90-E","2017-07-01","***","***",2.2144497198965505,2.0035197764647736,1.9569000000000001,2.0276646547043691]
["CAP MODIFICADO POR POLÍMERO 65-90-E","2017-08-01","***","***",2.4127136041963011,1.9714313192037571,1.9569000000000003,2.0358817299221195]
["CAP MODIFICADO POR POLÍMERO 65-90-E","2017-09-01","***","***",2.5316578291530352,1.9940098016500516,1.9637643858267717,2.0464291416254694]
["CAP MODIFICADO POR POLÍMERO 65-90-E","2017-10-01","***","***",2.6283834077047179,2.0189193823209757,1.8366357756450595,2.1481928647824584]
["CAP MODIFICADO POR POLÍMERO 65-90-E","2017-11-01","***","***",2.5686692817792287,2.3690511495967885,2.0631097147844022,2.3169807051615914]
["CAP MODIFICADO POR POLÍMERO 65-90-E","2017-12-01","***",2.3750300000000002,2.6435635641620561,2.2241003413061611,2.1192000000000002,2.2447565981216897]
["CAP MODIFICADO POR POLÍMERO 65-90-E","2018-01-01","***",2.5321109700427957,2.4082699999999999,2.4470716776737502,"***",2.4583590677371583]
["CAP MODIFICADO POR POLÍMERO 65-90-E","2018-02-01","***",2.5274399999999999,"***","***",2.2187999999999999,2.2746262213934565]
["CAP MODIFICADO POR POLÍMERO 65-90-E","2018-03-01","***",2.5274399999999999,2.4082699999999999,"***",1.9971401162790696,2.18330072450805]
["CAP MODIFICADO POR POLÍMERO 65-90-E","2018-04-01","***",2.47174,2.3693599999999999,"***",2.0878999999999999,2.3156321348088529]
["CAP MODIFICADO POR POLÍMERO 65-90-E","2018-05-01","***",2.5092293363064009,"***",2.1265399999999999,2.2503894560482522,2.3127857875017348]
["CAP MODIFICADO POR POLÍMERO 65-90-E","2018-06-01","***",2.7120466145530147,2.804630200991908,2.2560121989528796,2.3363465419640663,2.4952213362794251]
["CAP MODIFICADO POR POLÍMERO 65-90-E","2018-07-01","***",2.8704700000000001,2.6909841569695852,2.6551053603254551,2.5738427095114536,2.6609078039826866]
["CAP MODIFICADO POR POLÍMERO 65-90-E","2018-08-01","***","***",2.8451041635072127,2.75008803119922,2.6785999999999999,2.781924202006909]
["CAP MODIFICADO POR POLÍMERO 65-90-E","2018-09-01","***","***",2.9582600000000006,2.588227299597738,2.6945213240049388,2.7194762340700018]
["CAP MODIFICADO POR POLÍMERO 65-90-E","2018-10-01","***","***",2.4863799999999996,2.5823507044906124,2.6855796653055344,2.6461121291098029]
["CAP MODIFICADO POR POLÍMERO 65-90-E","2018-11-01","***","***",3.3710300000000006,2.8811166935830084,2.9951060950447288,3.0007603004907102]
["CAP MODIFICADO POR POLÍMERO 65-90-E","2018-12-01","***","***",2.8938600000000001,3.0403049509363251,2.9863900000000005,3.0072769196752205]
["CAP MODIFICADO POR POLÍMERO 65-90-E","2019-01-01","***","***",3.3668100000000001,3.0815307779421488,2.9702676983770604,3.0477507497144631]
["CAP MODIFICADO POR POLÍMERO 65-90-E","2019-02-01","***","***","***",3.2435547966434837,3.4847299999999994,3.2508481342326161]
["CAP MODIFICADO POR POLÍMERO 65-90-E","2019-03-01","***","***","***",3.2414090214182192,3.2868999999999997,3.2497490009206085]
["CAP MODIFICADO POR POLÍMERO 65-90-E","2019-04-01","***","***","***",2.9872117804528147,3.3973878130617141,3.0413097469046639]
["CAP MODIFICADO POR POLÍMERO 65-90-E","2019-05-01","***","***","***",3.5808099999999996,3.2869000000000002,3.4986915110869132]
["CAP MODIFICADO POR POLÍMERO 65-90-E","2019-06-01","***","***","***",3.4817355351778656,3.3253197185383079,3.4108612031472916]
["CAP MODIFICADO POR POLÍMERO 65-90-E","2019-07-01","***","***","***","***",3.1891014553211661,3.1891014553211661]
["CAP MODIFICADO POR POLÍMERO 65-90-E","2019-08-01","***","***","***",3.3295399999999997,3.1606349724072311,3.2140277771993753]
["CAP MODIFICADO POR POLÍMERO 65-90-E","2019-09-01","***","***","***",3.888592315021655,3.1564066872377192,3.6910969607484105]
["CAP MODIFICADO POR POLÍMERO 65-90-E","2019-10-01","***","***","***",3.7084807442794956,"***",3.7084807442794956]
["CAP MODIFICADO POR POLÍMERO 65-90-E","2019-11-01","***","***","***",3.3165905540581018,"***",3.3165905540581018]
["CAP MODIFICADO POR POLÍMERO 65-90-E","2019-12-01","***","***","***",3.4165800000000002,3.4649999999999999,3.4441823199716208]
["CAP MODIFICADO POR POLÍMERO 65-90-E","2020-01-01","***","***","***",4.0702499999999997,"***",4.0702499999999997]
["CAP MODIFICADO POR POLÍMERO 65-90-E","2020-02-01","***","***","***","***","***","***"]
["CAP MODIFICADO POR POLÍMERO 65-90-E","2020-03-01","***","***","***",3.8525,"***",3.8525]
["CAP MODIFICADO POR POLÍMERO 65-90-E","2020-04-01","***","***","***","***",3.36836,3.36836]
["CAP MODIFICADO POR POLÍMERO 65-90-E","2020-05-01","***","***","***",3.1595300000000002,"***",3.1595300000000002]
["CAP MODIFICADO POR POLÍMERO 65-90-E","2020-06-01","***","***","***",3.0287714060284778,3.37113,3.0705843576839826]
["CAP MODIFICADO POR POLÍMERO 65-90-E","2020-07-01","***","***","***",2.9180130065840295,3.0287899999999999,2.9368747793444423]
["CAP MODIFICADO POR POLÍMERO 65-90-E","2020-08-01","***","***","***",3.208295842654735,3.6035903088710644,3.3300157039112324]
["CAP MODIFICADO POR POLÍMERO 65-90-E","2020-09-01","***",3.6783999999999999,"***",2.9572263989986896,1.4694107196024295,2.0403610225135527]
["CAP MODIFICADO POR POLÍMERO 65-90-E","2020-10-01","***",3.6783999999999994,"***",3.0749146935787501,2.9420709728534367,3.0838099019199872]
["CAP MODIFICADO POR POLÍMERO 65-90-E","2020-11-01","***",3.2835800000000002,"***",3.1591974659400544,3.3077576386491563,3.2644339414203642]
["CAP MODIFICADO POR POLÍMERO 65-90-E","2020-12-01","***",3.2835800000000002,"***",3.1590910750744889,3.1259513085322599,3.143313192924579]
["CAP MODIFICADO POR POLÍMERO 65-90-E","2021-01-01","***","***","***",3.1597642449959285,"***",3.1597642449959285]
["CAP MODIFICADO POR POLÍMERO 65-90-E","2021-02-01","***","***","***",3.4199975554418294,"***",3.4199975554418294]
["CAP MODIFICADO POR POLÍMERO 65-90-E","2021-03-01","***",4.2064000000000004,"***",3.4172844618641931,3.3537699999999999,3.4731874618923908]
["CAP MODIFICADO POR POLÍMERO 65-90-E","2021-04-01","***",4.2064000000000004,"***",3.4665533082875051,3.5064737636336472,3.5308457855634057]
["CAP MODIFICADO POR POLÍMERO 65-90-E","2021-05-01","***",5.2140000000000013,"***",4.2984020585130436,"***",4.4702606866137877]
["CAP MODIFICADO POR POLÍMERO 65-90-E","2021-06-01","***",5.2140000000000004,"***",4.1506740838323353,4.3075542695722362,4.3006888290680836]
["CAP MODIFICADO POR POLÍMERO 65-90-E","2021-07-01","***",4.4874499999999999,"***",4.2880269612191668,"***",4.2966660075747019]
["CAP MODIFICADO POR POLÍMERO 65-90-E","2021-08-01","***",4.7308300000000001,"***",4.3811282133624632,"***",4.4150593323470195]
["CAP MODIFICADO POR POLÍMERO 65-90-E","2021-09-01","***",4.5063899999999997,"***",4.308474006134511,4.9359400000000004,4.3770211788829902]
["CAP MODIFICADO POR POLÍMERO 65-90-E","2021-10-01","***","***","***",4.6386075597360721,4.9359400000000004,4.6413377465354912]
["CAP MODIFICADO POR POLÍMERO 65-90-E","2021-11-01","***","***","***",4.8226272033416935,"***",4.8226272033416935]
["CAP MODIFICADO POR POLÍMERO 65-90-E","2021-12-01","***",5.5515299999999996,"***",5.0271386175302037,"***",5.059512888660656]
["CAP MODIFICADO POR POLÍMERO 65-90-E","2022-01-01","***","***","***",5.1108941647655266,"***",5.1108941647655266]
["CAP MODIFICADO POR POLÍMERO 65-90-E","2022-02-01","***","***","***",5.5500062296779547,5.9308699999999996,5.5910537270753453]
["CAP MODIFICADO POR POLÍMERO 65-90-E","2022-03-01","***","***","***",5.6423773742937176,"***",5.6423773742937176]
["CAP MODIFICADO POR POLÍMERO 65-90-E","2022-04-01","***",6.3447699999999996,"***",6.0004299999999997,"***",6.130479515392719]
["CAP MODIFICADO POR POLÍMERO 65-90-E","2022-05-01","***",6.1749715629011552,5.5873900000000001,6.1204015976447499,5.9695099999999996,6.0845880953756541]
["CAP MODIFICADO POR POLÍMERO 65-90-E","2022-06-01","***",6.1620124509051015,5.5873899999999992,5.9855100000000006,"***",5.8608465581569753]
["CAP MODIFICADO POR POLÍMERO 65-90-E","2022-07-01","***",6.1486524889339229,5.6879900000000001,"***",6.0167000000000002,6.0822876450777201]
["CAP MODIFICADO POR POLÍMERO 65-90-E","2022-08-01","***",6.222785891703924,"***","***",5.3651799999999996,5.916028966177409]
["CAP MODIFICADO POR POLÍMERO 65-90-E","2022-09-01","***",6.0123366451401941,"***","***",5.5873576965962437,5.9197384572597658]
["CAP MODIFICADO POR POLÍMERO 65-90-E","2022-10-01","***",5.5958699999999997,"***",5.1038443809952723,"***",5.1648185966227409]
["CAP MODIFICADO POR POLÍMERO 65-90-E","2022-11-01","***",5.1053298461275425,"***",5.1578417588693393,"***",5.1502615575409072]
["CAP MODIFICADO POR POLÍMERO 65-90-E","2022-12-01","***",5.0620806692039322,"***",4.674058051128295,4.718143455292819,4.7266232003043154]
["CAP MODIFICADO POR POLÍMERO 65-90-E","2023-01-01","***",5.1244668730650158,"***",4.7105463185544707,"***",4.7827723154609147]
["CAP MODIFICADO POR POLÍMERO 65-90-E","2023-02-01","***",5.06386,"***",4.6839759250160853,4.7410399999999999,4.7643442608050046]
["CAP MODIFICADO POR POLÍMERO 65-90-E","2023-03-01","***",5.2004900000000003,"***",4.4260811354563998,4.4109499999999997,4.4844846928400317]
["CAP MODIFICADO POR POLÍMERO 65-90-E","2023-04-01","***",5.1834199999999999,3.5742599999999998,4.5764145271532763,"***",4.4274986396685172]
["CAP MODIFICADO POR POLÍMERO 65-90-E","2023-05-01","***","***",3.7837899999999998,4.5813380217112494,4.445834055532961,4.3592429575071128]
["CAP MODIFICADO POR POLÍMERO 65-90-E","2023-06-01","***","***","***",4.5228506090875857,4.3864967676078237,4.4753020709334645]
["CAP MODIFICADO POR POLÍMERO 65-90-E","2023-07-01","***","***","***",4.5322064288618806,4.4828542581681843,4.5197554302219514]
["CAP MODIFICADO POR POLÍMERO 65-90-E","2023-08-01","***","***","***",4.4510855095769015,4.4114800000000001,4.4442182459975186]
["CAP MODIFICADO POR POLÍMERO 65-90-E","2023-09-01","***","***","***",4.6859799999999998,4.4675789908814583,4.5637877477722606]
["CAP MODIFICADO POR POLÍMERO 65-90-E","2023-10-01","***","***","***",4.3485184566077422,4.7706299999999997,4.442149215541094]
["CAP MODIFICADO POR POLÍMERO 65-90-E","2023-11-01","***","***",4.0297499999999999,4.5253631621981363,4.4809678130959947,4.4404785105080604]
["CAP MODIFICADO POR POLÍMERO 65-90-E","2023-12-01","***","***",4.2520057773771969,4.4080255751668416,4.264759999999999,4.3178400548874283]
["CAP MODIFICADO POR POLÍMERO 65-90-E","2024-01-01","***","***",4.5437700000000003,4.3405943526532935,4.16282,4.3294500647148748]
["CAP MODIFICADO POR POLÍMERO 65-90-E","2024-02-01","***","***","***",4.5087866563649497,"***",4.5087866563649497]
["CAP MODIFICADO POR POLÍMERO 65-90-E","2024-03-01","***","***","***",4.70203001532016,4.26701,4.6806090894903472]
["CAP MODIFICADO POR POLÍMERO 65-90-E","2024-04-01","***","***",3.7585899999999999,4.2893563646037043,4.3119300000000003,4.2498905914294332]
["CAP MODIFICADO POR POLÍMERO 65-90-E","2024-05-01","***","***",3.8791099999999998,4.3543272290021537,4.2877217505683669,4.1413615850929766]
["CAP MODIFICADO POR POLÍMERO 65-90-E","2024-06-01","***",5.9355599999999997,3.8640400000000001,4.4499115408230994,"***",4.4808787273163704]
["CAP MODIFICADO POR POLÍMERO 65-90-E","2024-07-01","***",5.3412034405032331,"***",4.3666013227856917,4.5531199999999998,4.5691904396577163]
["CAP MODIFICADO POR POLÍMERO 65-90-E","2024-08-01","***",4.9985799999999996,"***",4.469815535625477,4.7457102251321714,4.7160559454006323]
["CAP MODIFICADO POR POLÍMERO 65-90-E","2024-09-01","***",5.4448199999999991,"***",4.417127007010647,4.7878770728819626,4.6230440841577041]
["CAP MODIFICADO POR POLÍMERO 65-90-E","2024-10-01","***",5.3850156349260914,"***",4.7540733060513585,4.7195916947363541,4.7753755069686097]
["CAP MODIFICADO POR POLÍMERO 65-90-E","2024-11-01",5.1087699999999998,5.3698375177550659,"***",4.9186789551282057,"***",4.9948933643646569]
["CAP MODIFICADO POR POLÍMERO 65-90-E","2024-12-01","***","***","***",4.692282361994045,5.4578800000000012,4.7355840808153662]
["CAP MODIFICADO POR POLÍMERO 65-90-E","2025-01-01",5.1087699999999998,"***","***",5.3904360983145905,4.7980400000000003,5.3662828488487788]
["CAP MODIFICADO POR POLÍMERO 65-90-E","2025-02-01","***","***","***",5.7140852608685817,4.9833464345982614,5.5600230690015806]
["CAP MODIFICADO POR POLÍMERO 65-90-E","2025-03-01","***","***","***",5.6296929568091647,4.9690200000000004,5.6165833259493896]
["CAP MODIFICADO POR POLÍMERO 65-90-E","2025-04-01","***","***","***",5.583983208789058,5.4066999999999998,5.5818426196260438]
["CAP MODIFICADO POR POLÍMERO 65-90-E","2025-05-01","***","***","***",4.7336299999999998,"***",4.7336299999999998]
["CIMENTO ASFÁLTICO MODIFICADO POR POLÍMERO SBS 50-65","2009-12-01","***","***","***",1.5853699999999999,1.4175780343331446,1.4290957037247272]
["CIMENTO ASFÁLTICO MODIFICADO POR POLÍMERO SBS 50-65","2010-01-01","***","***","***","***",1.5227148666013648,1.5227148666013648]
["CIMENTO ASFÁLTICO MODIFICADO POR POLÍMERO SBS 50-65","2010-02-01","***","***","***","***",1.7089338120646214,1.7089338120646214]
["CIMENTO ASFÁLTICO MODIFICADO POR POLÍMERO SBS 50-65","2010-03-01","***","***",1.6739700000000002,"***",1.6360141964296577,1.6371726087725917]
["CIMENTO ASFÁLTICO MODIFICADO POR POLÍMERO SBS 50-65","2010-04-01","***","***",1.6727100013090854,"***",1.6092808441206579,1.6268555694871045]
["CIMENTO ASFÁLTICO MODIFICADO POR POLÍMERO SBS 50-65","2010-05-01","***","***",1.6741145680141454,1.7066100000000002,1.7158413319527466,1.7044144952166924]
["CIMENTO ASFÁLTICO MODIFICADO POR POLÍMERO SBS 50-65","2010-06-01","***","***","***",1.1916100000000001,1.5606875369553845,1.5222050036817372]
["CIMENTO ASFÁLTICO MODIFICADO POR POLÍMERO SBS 50-65","2010-07-01","***","***","***",1.1916100000000001,1.5982250446396034,1.5081673507049846]
["CIMENTO ASFÁLTICO MODIFICADO POR POLÍMERO SBS 50-65","2010-08-01","***","***","***",1.441050366177923,1.6364339523011098,1.5933854435437302]
["CIMENTO ASFÁLTICO MODIFICADO POR POLÍMERO SBS 50-65","2010-09-01","***","***","***",1.78783,1.539526029682075,1.5814451070872826]
["CIMENTO ASFÁLTICO MODIFICADO POR POLÍMERO SBS 50-65","2010-10-01","***","***","***",1.78783,1.4255098064800529,1.4532206071297715]
["CIMENTO ASFÁLTICO MODIFICADO POR POLÍMERO SBS 50-65","2010-11-01","***","***","***",1.1916100000000001,1.2947742270659188,1.2726645440186215]
["CIMENTO ASFÁLTICO MODIFICADO POR POLÍMERO SBS 50-65","2010-12-01","***","***","***","***","***","***"]
["CIMENTO ASFÁLTICO MODIFICADO POR POLÍMERO SBS 50-65","2011-01-01","***","***","***","***",1.2947756914893618,1.2947756914893618]
["CIMENTO ASFÁLTICO MODIFICADO POR POLÍMERO SBS 50-65","2011-02-01","***","***","***","***","***","***"]
["CIMENTO ASFÁLTICO MODIFICADO POR POLÍMERO SBS 50-65","2011-03-01","***","***","***","***","***","***"]
["CIMENTO ASFÁLTICO MODIFICADO POR POLÍMERO SBS 50-65","2011-04-01","***","***","***",1.2591949999999998,"***",1.2591949999999998]
["CIMENTO ASFÁLTICO MODIFICADO POR POLÍMERO SBS 50-65","2011-05-01","***","***",1.6439900000000001,1.1741618769349846,"***",1.324674936875329]
["CIMENTO ASFÁLTICO MODIFICADO POR POLÍMERO SBS 50-65","2011-06-01","***","***",1.6383241197205665,1.1746700000000001,"***",1.6014024503037811]
["CIMENTO ASFÁLTICO MODIFICADO POR POLÍMERO SBS 50-65","2011-07-01","***","***",1.4925409986848124,1.1730400000000001,"***",1.4723694653523691]
["CIMENTO ASFÁLTICO MODIFICADO POR POLÍMERO SBS 50-65","2011-08-01","***","***",1.3751659402633132,1.172925001042318,"***",1.3604365728383818]
["CIMENTO ASFÁLTICO MODIFICADO POR POLÍMERO SBS 50-65","2011-09-01","***","***",1.3750899999999999,1.1730031992486072,1.5575300000000001,1.3311407755452558]
["CIMENTO ASFÁLTICO MODIFICADO POR POLÍMERO SBS 50-65","2011-10-01","***","***","***",1.1704656716417912,"***",1.1704656716417912]
["CIMENTO ASFÁLTICO MODIFICADO POR POLÍMERO SBS 50-65","2011-11-01","***","***","***","***","***","***"]
["CIMENTO ASFÁLTICO MODIFICADO POR POLÍMERO SBS 50-65","2011-12-01","***","***","***",1.10371,"***",1.10371]
["CIMENTO ASFÁLTICO MODIFICADO POR POLÍMERO SBS 50-65","2012-01-01","***","***","***",1.1037133183023873,"***",1.1037133183023873]
["CIMENTO ASFÁLTICO MODIFICADO POR POLÍMERO SBS 50-65","2012-02-01","***","***","***",1.1037117226670166,"***",1.1037117226670166]
["CIMENTO ASFÁLTICO MODIFICADO POR POLÍMERO SBS 50-65","2012-03-01","***","***","***",1.1037119648497611,"***",1.1037119648497611]
["CIMENTO ASFÁLTICO MODIFICADO POR POLÍMERO SBS 50-65","2012-04-01","***","***","***",1.1037167049543315,"***",1.1037167049543315]
["CIMENTO ASFÁLTICO MODIFICADO POR POLÍMERO SBS 50-65","2012-05-01","***","***",1.56877,1.1252123441037252,"***",1.3474921098562627]
["CIMENTO ASFÁLTICO MODIFICADO POR POLÍMERO SBS 50-65","2012-06-01","***","***",1.56877,1.14682,"***",1.4321106049250534]
["CIMENTO ASFÁLTICO MODIFICADO POR POLÍMERO SBS 50-65","2012-07-01","***","***",1.5687700000000002,1.17455,1.36588,1.372143195945946]
["CIMENTO ASFÁLTICO MODIFICADO POR POLÍMERO SBS 50-65","2012-08-01","***","***",1.56877,1.17455,"***",1.4298126588968694]
["CIMENTO ASFÁLTICO MODIFICADO POR POLÍMERO SBS 50-65","2012-09-01","***","***",1.6187100000000001,"***","***",1.6187100000000001]
["CIMENTO ASFÁLTICO MODIFICADO POR POLÍMERO SBS 50-65","2012-10-01","***","***",1.6387456123380177,"***","***",1.6387456123380177]
["CIMENTO ASFÁLTICO MODIFICADO POR POLÍMERO SBS 50-65","2012-11-01","***","***","***","***","***","***"]
["CIMENTO ASFÁLTICO MODIFICADO POR POLÍMERO SBS 50-65","2012-12-01","***","***","***","***","***","***"]
["CIMENTO ASFÁLTICO MODIFICADO POR POLÍMERO SBS 50-65","2013-01-01","***","***","***","***","***","***"]
["CIMENTO ASFÁLTICO MODIFICADO POR POLÍMERO SBS 50-65","2013-02-01","***","***","***","***","***","***"]
["CIMENTO ASFÁLTICO MODIFICADO POR POLÍMERO SBS 50-65","2013-03-01","***","***","***","***","***","***"]
["CIMENTO ASFÁLTICO MODIFICADO POR POLÍMERO SBS 50-65","2013-04-01","***","***","***",1.3120000000000001,"***",1.3120000000000001]
["CIMENTO ASFÁLTICO MODIFICADO POR POLÍMERO SBS 50-65","2013-05-01","***","***","***",1.3120000000000001,1.3225199999999997,1.3135352611479936]
["CIMENTO ASFÁLTICO MODIFICADO POR POLÍMERO SBS 50-65","2013-06-01","***","***","***",1.3120000000000001,"***",1.3120000000000001]
["CIMENTO ASFÁLTICO MODIFICADO POR POLÍMERO SBS 50-65","2013-07-01","***","***","***",1.3120000000000001,"***",1.3120000000000001]
["CIMENTO ASFÁLTICO MODIFICADO POR POLÍMERO SBS 50-65","2013-08-01","***","***","***","***",1.569720259481038,1.569720259481038]
["CIMENTO ASFÁLTICO MODIFICADO POR POLÍMERO SBS 50-65","2013-09-01","***","***","***",1.3119999999999998,"***",1.3119999999999998]
["CIMENTO ASFÁLTICO MODIFICADO POR POLÍMERO SBS 50-65","2013-10-01","***","***","***","***",1.3614900000000001,1.3614900000000001]
["CIMENTO ASFÁLTICO MODIFICADO POR POLÍMERO SBS 50-65","2013-11-01","***","***","***",1.4475107365538549,"***",1.4475107365538549]
["CIMENTO ASFÁLTICO MODIFICADO POR POLÍMERO SBS 50-65","2013-12-01","***","***","***","***","***","***"]
["CIMENTO ASFÁLTICO MODIFICADO POR POLÍMERO SBS 50-65","2014-01-01","***","***","***",1.4235117923823748,"***",1.4235117923823748]
["CIMENTO ASFÁLTICO MODIFICADO POR POLÍMERO SBS 50-65","2014-02-01","***","***","***","***","***","***"]
["CIMENTO ASFÁLTICO MODIFICADO POR POLÍMERO SBS 50-65","2014-03-01","***","***",1.4269732497883438,"***","***",1.4269732497883438]
["CIMENTO ASFÁLTICO MODIFICADO POR POLÍMERO SBS 50-65","2014-04-01","***","***",1.3033859071393126,"***","***",1.3033859071393126]
["CIMENTO ASFÁLTICO MODIFICADO POR POLÍMERO SBS 50-65","2014-05-01","***","***","***","***","***","***"]
["CIMENTO ASFÁLTICO MODIFICADO POR POLÍMERO SBS 50-65","2014-06-01","***","***","***","***","***","***"]
["CIMENTO ASFÁLTICO MODIFICADO POR POLÍMERO SBS 50-65","2014-07-01","***","***","***","***","***","***"]
["CIMENTO ASFÁLTICO MODIFICADO POR POLÍMERO SBS 50-65","2014-08-01","***","***","***","***","***","***"]
["CIMENTO ASFÁLTICO MODIFICADO POR POLÍMERO SBS 50-65","2014-09-01","***","***","***","***","***","***"]
["CIMENTO ASFÁLTICO MODIFICADO POR POLÍMERO SBS 50-65","2014-10-01","***","***","***","***","***","***"]
["CIMENTO ASFÁLTICO MODIFICADO POR POLÍMERO SBS 50-65","2014-11-01","***","***","***","***","***","***"]
["CIMENTO ASFÁLTICO MODIFICADO POR POLÍMERO SBS 50-65","2014-12-01","***","***","***","***","***","***"]
["CIMENTO ASFÁLTICO MODIFICADO POR POLÍMERO SBS 50-65","2015-01-01","***","***","***","***","***","***"]
["CIMENTO ASFÁLTICO MODIFICADO POR POLÍMERO SBS 50-65","2015-02-01","***","***","***","***","***","***"]
["CIMENTO ASFÁLTICO MODIFICADO POR POLÍMERO SBS 50-65","2015-03-01","***","***","***","***","***","***"]
["CIMENTO ASFÁLTICO MODIFICADO POR POLÍMERO SBS 50-65","2015-04-01","***","***","***","***","***","***"]
["CIMENTO ASFÁLTICO MODIFICADO POR POLÍMERO SBS 50-65","2015-05-01","***","***","***","***","***","***"]
["CIMENTO ASFÁLTICO MODIFICADO POR POLÍMERO SBS 50-65","2015-06-01","***","***","***","***","***","***"]
["CIMENTO ASFÁLTICO MODIFICADO POR POLÍMERO SBS 50-65","2015-07-01","***","***","***","***","***","***"]
["CIMENTO ASFÁLTICO MODIFICADO POR POLÍMERO SBS 50-65","2015-08-01","***","***","***","***","***","***"]
["CIMENTO ASFÁLTICO MODIFICADO POR POLÍMERO SBS 55-75","2009-12-01","***","***","***","***",1.4085247007018027,1.4085247007018027]
["CIMENTO ASFÁLTICO MODIFICADO POR POLÍMERO SBS 55-75","2010-01-01","***",1.4791100000000001,"***","***",1.4119999999999999,1.450170925281842]
["CIMENTO ASFÁLTICO MODIFICADO POR POLÍMERO SBS 55-75","2010-02-01","***","***","***","***",1.3579000000000001,1.3579000000000001]
["CIMENTO ASFÁLTICO MODIFICADO POR POLÍMERO SBS 55-75","2010-03-01","***","***","***","***",1.3579000000000001,1.3579000000000001]
["CIMENTO ASFÁLTICO MODIFICADO POR POLÍMERO SBS 55-75","2010-04-01","***","***","***","***",1.3579000000000001,1.3579000000000001]
["CIMENTO ASFÁLTICO MODIFICADO POR POLÍMERO SBS 55-75","2010-05-01","***","***","***",1.335824099396322,1.3371411609498682,1.3365343806998256]
["CIMENTO ASFÁLTICO MODIFICADO POR POLÍMERO SBS 55-75","2010-06-01","***","***","***","***",1.3492483822797412,1.3492483822797412]
["CIMENTO ASFÁLTICO MODIFICADO POR POLÍMERO SBS 55-75","2010-07-01","***",1.44868,"***","***",1.355732030354772,1.3633325071423599]
["CIMENTO ASFÁLTICO MODIFICADO POR POLÍMERO SBS 55-75","2010-08-01","***","***","***",1.62704,1.3396139892340622,1.3549487880648332]
["CIMENTO ASFÁLTICO MODIFICADO POR POLÍMERO SBS 55-75","2010-09-01","***",1.48319,"***",1.370501854237814,1.3328438754411673,1.38662013509249]
["CIMENTO ASFÁLTICO MODIFICADO POR POLÍMERO SBS 55-75","2010-10-01","***",1.48319,"***",1.3792648636550497,1.3094420737032697,1.3460313551423719]
["CIMENTO ASFÁLTICO MODIFICADO POR POLÍMERO SBS 55-75","2010-11-01","***",1.4831999999999999,"***",1.3082450207117724,1.3296497617494727,1.351569664376058]
["CIMENTO ASFÁLTICO MODIFICADO POR POLÍMERO SBS 55-75","2010-12-01","***","***","***",1.308730630078907,1.3200754854685262,1.3111502506277277]
["CIMENTO ASFÁLTICO MODIFICADO POR POLÍMERO SBS 55-75","2011-01-01","***","***","***",1.2826475553595003,1.2474343583829841,1.279514402204893]
["CIMENTO ASFÁLTICO MODIFICADO POR POLÍMERO SBS 55-75","2011-02-01","***",0.78463168964546981,"***",1.26175681631375,1.2399592992740536,1.1299944498193728]
["CIMENTO ASFÁLTICO MODIFICADO POR POLÍMERO SBS 55-75","2011-03-01","***",1.2996251914733956,"***",1.2808501922158548,1.2338021676063153,1.2566854939877896]
["CIMENTO ASFÁLTICO MODIFICADO POR POLÍMERO SBS 55-75","2011-04-01","***",1.0047351598256449,"***",1.3206800000000001,1.2428463675927452,1.2017634792967831]
["CIMENTO ASFÁLTICO MODIFICADO POR POLÍMERO SBS 55-75","2011-05-01","***",0.64170635477482563,1.6392,1.1187288837828417,1.2408360401638112,1.0682881836423304]
["CIMENTO ASFÁLTICO MODIFICADO POR POLÍMERO SBS 55-75","2011-06-01","***",0.9634607956543827,1.6392,1.1553158220021182,1.2211396712761584,1.1620611962318583]
["CIMENTO ASFÁLTICO MODIFICADO POR POLÍMERO SBS 55-75","2011-07-01","***",1.2441821044546852,1.6490301929954567,1.2627355434567413,1.2302361423095272,1.3480658364966995]
["CIMENTO ASFÁLTICO MODIFICADO POR POLÍMERO SBS 55-75","2011-08-01","***",1.2361395761637386,1.6640999999999999,"***",1.2172296649084702,1.2565885736408151]
["CIMENTO ASFÁLTICO MODIFICADO POR POLÍMERO SBS 55-75","2011-09-01","***",1.4428999999999998,"***",1.362941052219832,1.2034974033416743,1.2434389605884895]
["CIMENTO ASFÁLTICO MODIFICADO POR POLÍMERO SBS 55-75","2011-10-01","***",1.3988614926909613,1.3739400000000002,1.4555,1.1737846124167846,1.3100462594905575]
["CIMENTO ASFÁLTICO MODIFICADO POR POLÍMERO SBS 55-75","2011-11-01","***",1.3504191808920394,"***",1.4382710150831222,1.2702042377648877,1.3281636099899812]
["CIMENTO ASFÁLTICO MODIFICADO POR POLÍMERO SBS 55-75","2011-12-01","***",1.3116941369013233,"***",1.3422100514973714,1.1460981355293409,1.2978681034792567]
["CIMENTO ASFÁLTICO MODIFICADO POR POLÍMERO SBS 55-75","2012-01-01","***",1.3209101535372507,"***",1.3580359146634615,1.2341807745169373,1.2956911162619853]
["CIMENTO ASFÁLTICO MODIFICADO POR POLÍMERO SBS 55-75","2012-02-01","***",1.2906930121566864,"***",1.361523249557969,1.2902423852007598,1.2963331392682682]
["CIMENTO ASFÁLTICO MODIFICADO POR POLÍMERO SBS 55-75","2012-03-01","***",1.3115648818346852,"***",1.41405759081048,1.2989899452948799,1.3128956451485816]
["CIMENTO ASFÁLTICO MODIFICADO POR POLÍMERO SBS 55-75","2012-04-01","***",1.3076635173024704,"***",1.457224823262554,1.2902646767325854,1.3099988146728867]
["CIMENTO ASFÁLTICO MODIFICADO POR POLÍMERO SBS 55-75","2012-05-01","***",0.96958820426787418,"***",1.3870342367136368,1.2912270096463021,1.1326667311411991]
["CIMENTO ASFÁLTICO MODIFICADO POR POLÍMERO SBS 55-75","2012-06-01","***",1.1701404730966323,"***",1.276637219589871,1.3103066359596838,1.2445550617666965]
["CIMENTO ASFÁLTICO MODIFICADO POR POLÍMERO SBS 55-75","2012-07-01","***",1.4348754328977129,"***",1.3393986185983831,1.4178661767344498,1.4087539366296193]
["CIMENTO ASFÁLTICO MODIFICADO POR POLÍMERO SBS 55-75","2012-08-01","***",1.3960953899499453,1.7139000000000004,1.3468000000000002,1.3615477289209512,1.4471253821595651]
["CIMENTO ASFÁLTICO MODIFICADO POR POLÍMERO SBS 55-75","2012-09-01","***",1.3566627289381497,1.7138999999999998,1.4555000000000002,1.4015400096954029,1.4170065712589315]
["CIMENTO ASFÁLTICO MODIFICADO POR POLÍMERO SBS 55-75","2012-10-01","***",1.3691242342553385,1.8283999999999998,1.3163934593724858,1.2594163143145904,1.3767138229706342]
["CIMENTO ASFÁLTICO MODIFICADO POR POLÍMERO SBS 55-75","2012-11-01","***",1.3636168697098827,1.8283999999999998,1.3734999999999999,1.3457855010068078,1.4825564020312414]
["CIMENTO ASFÁLTICO MODIFICADO POR POLÍMERO SBS 55-75","2012-12-01","***",1.343303356441595,1.8284,1.2056500000000001,1.3866577999718666,1.3880223914862104]
["CIMENTO ASFÁLTICO MODIFICADO POR POLÍMERO SBS 55-75","2013-01-01","***",1.3712148691432997,1.8283999999999998,1.3495842531400963,1.3870797655099896,1.3914965239138348]
["CIMENTO ASFÁLTICO MODIFICADO POR POLÍMERO SBS 55-75","2013-02-01","***",1.3809853174157587,1.8284,1.3744712404961985,1.3846009755322071,1.412811319542892]
["CIMENTO ASFÁLTICO MODIFICADO POR POLÍMERO SBS 55-75","2013-03-01","***",1.3783089802922501,"***",1.3098280882092461,1.3793575875974637,1.372979548535709]
["CIMENTO ASFÁLTICO MODIFICADO POR POLÍMERO SBS 55-75","2013-04-01","***",1.3669945456910382,1.8284,1.3283960771827525,1.4031320763378998,1.4070313081023453]
["CIMENTO ASFÁLTICO MODIFICADO POR POLÍMERO SBS 55-75","2013-05-01","***",1.3880124162323715,1.780431223560039,1.2963761451689109,1.4290360611426709,1.4362685830180963]
["CIMENTO ASFÁLTICO MODIFICADO POR POLÍMERO SBS 55-75","2013-06-01","***",1.4021579095618617,1.823902228540963,1.2984873752909876,1.5550054887103821,1.5004443970782166]
["CIMENTO ASFÁLTICO MODIFICADO POR POLÍMERO SBS 55-75","2013-07-01","***",1.3871723656684942,1.8052740763857449,1.3340344015646892,1.4476256065186222,1.4675567171586115]
["CIMENTO ASFÁLTICO MODIFICADO POR POLÍMERO SBS 55-75","2013-08-01","***",1.3728168280860054,1.8249272159868601,1.3488712859428196,1.4924977825197165,1.4391854077958457]
["CIMENTO ASFÁLTICO MODIFICADO POR POLÍMERO SBS 55-75","2013-09-01","***",1.376571897890442,1.8167627969621012,1.3137746593863753,1.4596725257068734,1.4437387626253335]
["CIMENTO ASFÁLTICO MODIFICADO POR POLÍMERO SBS 55-75","2013-10-01","***",1.3168143530316985,1.8378749281630924,"***",1.4889844262145326,1.4748210147873015]
["CIMENTO ASFÁLTICO MODIFICADO POR POLÍMERO SBS 55-75","2013-11-01","***",1.3216723795632224,1.8283778174694629,"***",1.4128924467879875,1.4291300504672884]
["CIMENTO ASFÁLTICO MODIFICADO POR POLÍMERO SBS 55-75","2013-12-01","***",1.4425347827174271,"***",1.3446484564476233,1.3839241651016494,1.4093714870036231]
["CIMENTO ASFÁLTICO MODIFICADO POR POLÍMERO SBS 55-75","2014-01-01","***",1.3379008202287013,1.8284,1.38392,1.4586311939232395,1.4162426627183733]
["CIMENTO ASFÁLTICO MODIFICADO POR POLÍMERO SBS 55-75","2014-02-01","***",1.3716805061792268,"***",1.4903,1.4023857909360811,1.3955580095368261]
["CIMENTO ASFÁLTICO MODIFICADO POR POLÍMERO SBS 55-75","2014-03-01","***",1.3360945071615984,1.8592,1.4895558710667691,1.4185017555694583,1.3862817576476258]
["CIMENTO ASFÁLTICO MODIFICADO POR POLÍMERO SBS 55-75","2014-04-01","***",1.0857983345219244,1.7494475125397766,1.4887999999999999,1.4518133299764735,1.2583130619063316]
["CIMENTO ASFÁLTICO MODIFICADO POR POLÍMERO SBS 55-75","2014-05-01","***",1.3366260577409521,1.7672516786494115,1.3472450359492123,1.4751856772984002,1.4181069734236309]
["CIMENTO ASFÁLTICO MODIFICADO POR POLÍMERO SBS 55-75","2014-06-01","***",1.3528025476803345,"***",1.3493300000000001,1.4381584461528123,1.3952794465748446]
["CIMENTO ASFÁLTICO MODIFICADO POR POLÍMERO SBS 55-75","2014-07-01","***",1.3427451420824639,"***","***",1.4253708750477643,1.3890519264987264]
["CIMENTO ASFÁLTICO MODIFICADO POR POLÍMERO SBS 55-75","2014-08-01","***",1.4111987108167772,"***","***",1.475277564825382,1.4495209358405572]
["CIMENTO ASFÁLTICO MODIFICADO POR POLÍMERO SBS 55-75","2014-09-01","***",1.3958124528805596,"***","***",1.5895094028906267,1.5040162000037711]
["CIMENTO ASFÁLTICO MODIFICADO POR POLÍMERO SBS 55-75","2014-10-01","***",1.3790596339041428,1.8783048773432078,1.4945898512614022,1.4357077744842186,1.4362620507822359]
["CIMENTO ASFÁLTICO MODIFICADO POR POLÍMERO SBS 55-75","2014-11-01","***",1.4297891531115385,1.83897669366257,1.49406207253886,1.5514262768528775,1.5108203419906561]
["CIMENTO ASFÁLTICO MODIFICADO POR POLÍMERO SBS 55-75","2014-12-01","***",1.5294325850217763,2.1386621097428469,1.7207290443942815,1.6982714784996336,1.6213491571764329]
["CIMENTO ASFÁLTICO MODIFICADO POR POLÍMERO SBS 55-75","2015-01-01","***",1.710178672625142,"***","***",1.9805023382300613,1.8054642290188492]
["CIMENTO ASFÁLTICO MODIFICADO POR POLÍMERO SBS 55-75","2015-02-01","***",1.6838658791076999,"***","***",1.812105632806976,1.7485498157394199]
["CIMENTO ASFÁLTICO MODIFICADO POR POLÍMERO SBS 55-75","2015-03-01","***",1.8045122924600154,"***",1.6868543579113273,1.8177668789522243,1.7696051082808801]
["CIMENTO ASFÁLTICO MODIFICADO POR POLÍMERO SBS 55-75","2015-04-01","***",1.80775,"***",1.7313555928686699,1.8111169557007989,1.7825483230139714]
["CIMENTO ASFÁLTICO MODIFICADO POR POLÍMERO SBS 55-75","2015-05-01","***",1.8964186374781087,"***",1.6515433688208552,1.7811996982095701,1.7771494487298456]
["CIMENTO ASFÁLTICO MODIFICADO POR POLÍMERO SBS 55-75","2015-06-01","***",2.0391962239640029,"***",1.7132863849712288,1.6930918749897574,1.7454252476155729]
["CIMENTO ASFÁLTICO MODIFICADO POR POLÍMERO SBS 55-75","2015-07-01","***",1.8790785057680079,"***",2.0011090738472621,1.8652297091043801,1.9063426047603085]
["CIMENTO ASFÁLTICO MODIFICADO POR POLÍMERO SBS 55-75","2015-08-01","***",1.61873,"***",1.8021404825650438,1.706215119281977,1.7395348412855596]
["CIMENTO ASFÁLTICO MODIFICADO POR POLÍMERO SBS 60-85","2009-12-01","***","***",1.7973052872604041,1.3416759596768886,1.3299791491041346,1.4597747057791763]
["CIMENTO ASFÁLTICO MODIFICADO POR POLÍMERO SBS 60-85","2010-01-01","***","***",1.7598133303156949,1.3653638486847555,1.3749035779869163,1.4847893832068557]
["CIMENTO ASFÁLTICO MODIFICADO POR POLÍMERO SBS 60-85","2010-02-01","***","***",1.7917892712492396,1.3470507055902985,1.3895835117380599,1.4663900059220458]
["CIMENTO ASFÁLTICO MODIFICADO POR POLÍMERO SBS 60-85","2010-03-01","***","***",1.8306406473151036,1.3565455023635553,1.3828577225809706,1.4610760610370581]
["CIMENTO ASFÁLTICO MODIFICADO POR POLÍMERO SBS 60-85","2010-04-01","***","***",1.787055545771806,1.3601565656967758,1.2897325091018714,1.5650739454750091]
["CIMENTO ASFÁLTICO MODIFICADO POR POLÍMERO SBS 60-85","2010-05-01","***",1.4083400000000001,1.8260760795673066,1.348022154544007,1.3400597122734763,1.5217681015078091]
["CIMENTO ASFÁLTICO MODIFICADO POR POLÍMERO SBS 60-85","2010-06-01","***",1.4083399999999997,1.8446227536039586,1.2808579669542601,1.3389870090351985,1.3892772831727151]
["CIMENTO ASFÁLTICO MODIFICADO POR POLÍMERO SBS 60-85","2010-07-01","***",1.4083400000000004,1.8334803777940551,1.285574364418574,1.3338362469253147,1.4324505767016498]
["CIMENTO ASFÁLTICO MODIFICADO POR POLÍMERO SBS 60-85","2010-08-01","***",1.4083399999999995,1.8200538202730991,1.2599148648422012,1.3488572866103561,1.3918757816090663]
["CIMENTO ASFÁLTICO MODIFICADO POR POLÍMERO SBS 60-85","2010-09-01","***","***",1.7773753409493085,1.2940079727324849,1.3686770810068987,1.4108881580325077]
["CIMENTO ASFÁLTICO MODIFICADO POR POLÍMERO SBS 60-85","2010-10-01","***","***",1.785539587049372,1.2824269304583,1.3481310768456736,1.4277829685906271]
["CIMENTO ASFÁLTICO MODIFICADO POR POLÍMERO SBS 60-85","2010-11-01","***","***",1.7713255331038242,1.2976995049326951,1.3487482527724053,1.4565097305338597]
["CIMENTO ASFÁLTICO MODIFICADO POR POLÍMERO SBS 60-85","2010-12-01","***",1.5686899999999999,1.8676232809424262,1.2801018771306343,1.3367118381059551,1.4033329494856448]
["CIMENTO ASFÁLTICO MODIFICADO POR POLÍMERO SBS 60-85","2011-01-01","***","***",1.7816071191782421,1.2666310282895501,1.3677614648007861,1.4008117677139884]
["CIMENTO ASFÁLTICO MODIFICADO POR POLÍMERO SBS 60-85","2011-02-01","***",1.6458900000000003,1.9541880622931247,1.3287698795595322,1.3742832479006735,1.4033895690650318]
["CIMENTO ASFÁLTICO MODIFICADO POR POLÍMERO SBS 60-85","2011-03-01","***",1.4768084117781677,1.8488699999999998,1.2339115296731684,1.366899673905714,1.3464988071236557]
["CIMENTO ASFÁLTICO MODIFICADO POR POLÍMERO SBS 60-85","2011-04-01","***","***",1.83944714083356,1.3074872933667403,1.3602523245328082,1.3911519284860143]
["CIMENTO ASFÁLTICO MODIFICADO POR POLÍMERO SBS 60-85","2011-05-01","***",1.3564799999999999,1.7291635397683958,1.271272317266626,1.3576078472320414,1.3777874689410468]
["CIMENTO ASFÁLTICO MODIFICADO POR POLÍMERO SBS 60-85","2011-06-01","***",1.3568699999999998,1.6981810503686494,1.299249989113098,1.3256809304152486,1.3769277827478783]
["CIMENTO ASFÁLTICO MODIFICADO POR POLÍMERO SBS 60-85","2011-07-01","***",1.3567399999999998,1.6800723630464756,1.3086946902916852,1.267300378525847,1.4103994796213684]
["CIMENTO ASFÁLTICO MODIFICADO POR POLÍMERO SBS 60-85","2011-08-01","***",1.3554399999999995,1.712637919875736,1.316895832193957,1.298189220252894,1.4301102943486832]
["CIMENTO ASFÁLTICO MODIFICADO POR POLÍMERO SBS 60-85","2011-09-01","***","***",1.7363432329452966,1.2807825247150331,1.271515590909249,1.3711510650954]
["CIMENTO ASFÁLTICO MODIFICADO POR POLÍMERO SBS 60-85","2011-10-01","***",1.43249,1.5629204195049886,1.2883071879414401,1.282078980398748,1.3766086500552375]
["CIMENTO ASFÁLTICO MODIFICADO POR POLÍMERO SBS 60-85","2011-11-01","***","***",1.448016364465798,1.2961291555119789,1.2444774148666677,1.3329690301020478]
["CIMENTO ASFÁLTICO MODIFICADO POR POLÍMERO SBS 60-85","2011-12-01","***",1.4181900000000001,1.3328846374954495,1.3180593391818556,1.2727961938335941,1.3185584151999703]
["CIMENTO ASFÁLTICO MODIFICADO POR POLÍMERO SBS 60-85","2012-01-01","***",1.41818,1.3926199686940965,1.3030516267523919,1.274805912711735,1.3132685568832039]
["CIMENTO ASFÁLTICO MODIFICADO POR POLÍMERO SBS 60-85","2012-02-01","***",1.41818,1.3411452366851391,1.3235784419763756,1.2774186858931564,1.3183942780558557]
["CIMENTO ASFÁLTICO MODIFICADO POR POLÍMERO SBS 60-85","2012-03-01","***",1.4181999999999997,1.3177278738478222,1.3414761902279959,1.2391253704690386,1.3242000972258234]
["CIMENTO ASFÁLTICO MODIFICADO POR POLÍMERO SBS 60-85","2012-04-01","***",1.4181900000000001,1.4243873216650655,1.3487324631650772,1.2441843522160376,1.3345905999942795]
["CIMENTO ASFÁLTICO MODIFICADO POR POLÍMERO SBS 60-85","2012-05-01","***",1.4181999999999999,1.4416238968928758,1.3800454745410353,1.2616042347410463,1.3547985906870252]
["CIMENTO ASFÁLTICO MODIFICADO POR POLÍMERO SBS 60-85","2012-06-01","***","***",1.473386504021448,1.4155632294629201,1.3231527647937642,1.4186747704073686]
["CIMENTO ASFÁLTICO MODIFICADO POR POLÍMERO SBS 60-85","2012-07-01","***","***",1.582979025530826,1.4464098669956076,1.3657937295328706,1.4834698761020879]
["CIMENTO ASFÁLTICO MODIFICADO POR POLÍMERO SBS 60-85","2012-08-01","***","***",1.5409183867945611,1.3931713236545333,1.3724223877327486,1.4642921052841527]
["CIMENTO ASFÁLTICO MODIFICADO POR POLÍMERO SBS 60-85","2012-09-01","***","***",1.5943221275862969,1.4045669634078148,1.346054360089701,1.5089808516342569]
["CIMENTO ASFÁLTICO MODIFICADO POR POLÍMERO SBS 60-85","2012-10-01",1.55,1.4182200000000003,1.5859510634013307,1.428806510441359,1.362102764062459,1.5106699186069072]
["CIMENTO ASFÁLTICO MODIFICADO POR POLÍMERO SBS 60-85","2012-11-01","***",1.4324900000000003,1.6196126905661397,1.4126842068778707,1.3269605753475624,1.4871822260311887]
["CIMENTO ASFÁLTICO MODIFICADO POR POLÍMERO SBS 60-85","2012-12-01","***",1.4182899999999998,1.5654608687800633,1.4057903388715856,1.3414212325139652,1.435464312862315]
["CIMENTO ASFÁLTICO MODIFICADO POR POLÍMERO SBS 60-85","2013-01-01","***","***",1.4991863498819875,1.4348296352714762,1.3485907021916628,1.4289054581823806]
["CIMENTO ASFÁLTICO MODIFICADO POR POLÍMERO SBS 60-85","2013-02-01","***","***",1.4541001097017485,1.4461664106103045,1.3571992048364154,1.4138698570745023]
["CIMENTO ASFÁLTICO MODIFICADO POR POLÍMERO SBS 60-85","2013-03-01","***",1.4182400000000002,1.4616055171013449,1.3363253094048591,1.3969275870448044,1.3846764380490912]
["CIMENTO ASFÁLTICO MODIFICADO POR POLÍMERO SBS 60-85","2013-04-01","***",1.4182300000000001,1.4911774717759883,1.3039314722481226,1.3627987946698967,1.3585326133056495]
["CIMENTO ASFÁLTICO MODIFICADO POR POLÍMERO SBS 60-85","2013-05-01","***","***",1.5093837113392909,1.2915791698691652,1.3474366976476435,1.3711231089542331]
["CIMENTO ASFÁLTICO MODIFICADO POR POLÍMERO SBS 60-85","2013-06-01","***","***",1.6416509178546135,1.4261365272045738,1.3643068454981093,1.4879326177146246]
["CIMENTO ASFÁLTICO MODIFICADO POR POLÍMERO SBS 60-85","2013-07-01","***",1.41821,1.6991976878896857,1.4791116575175398,1.3712126156274671,1.5094800630661498]
["CIMENTO ASFÁLTICO MODIFICADO POR POLÍMERO SBS 60-85","2013-08-01","***",1.41821,1.8454326139758728,1.4910126894256905,1.3545746519274373,1.5182874307177103]
["CIMENTO ASFÁLTICO MODIFICADO POR POLÍMERO SBS 60-85","2013-09-01","***","***",1.7201816071833729,1.4575988807770992,1.3658021018780169,1.4906674028176585]
["CIMENTO ASFÁLTICO MODIFICADO POR POLÍMERO SBS 60-85","2013-10-01","***","***",1.6469250340154868,1.4773483681699668,1.3867907780295823,1.4845071147097566]
["CIMENTO ASFÁLTICO MODIFICADO POR POLÍMERO SBS 60-85","2013-11-01","***","***",1.6656571819395145,1.4589850538407321,1.4117213275305618,1.476584667586248]
["CIMENTO ASFÁLTICO MODIFICADO POR POLÍMERO SBS 60-85","2013-12-01","***",2.21984,1.6674420536147974,1.4476702235456123,1.4334446804611107,1.4637061051006739]
["CIMENTO ASFÁLTICO MODIFICADO POR POLÍMERO SBS 60-85","2014-01-01","***","***",1.5931533891041718,1.4636374213373073,1.3649216052120874,1.462132657756998]
["CIMENTO ASFÁLTICO MODIFICADO POR POLÍMERO SBS 60-85","2014-02-01","***",2.2198380096354353,1.6563564489729201,1.4862420657846231,1.4158580779409786,1.5072340133417896]
["CIMENTO ASFÁLTICO MODIFICADO POR POLÍMERO SBS 60-85","2014-03-01","***",2.2198380235988204,1.6375762611286224,1.5001486084413898,1.6499897748619212,1.550844004464708]
["CIMENTO ASFÁLTICO MODIFICADO POR POLÍMERO SBS 60-85","2014-04-01","***",1.6316440328984685,1.5774234782780241,1.4735665647839542,1.5553809817417981,1.5075621288644818]
["CIMENTO ASFÁLTICO MODIFICADO POR POLÍMERO SBS 60-85","2014-05-01","***",1.3364256721712171,1.6735634184852446,1.5419092272851374,1.5283483535293834,1.558174617966573]
["CIMENTO ASFÁLTICO MODIFICADO POR POLÍMERO SBS 60-85","2014-06-01","***","***",1.6857432158929635,1.5075095651689208,1.4265820420660578,1.5280660365441696]
["CIMENTO ASFÁLTICO MODIFICADO POR POLÍMERO SBS 60-85","2014-07-01","***","***",1.695981326727078,1.4543104544323486,1.4203496795493766,1.534681209806829]
["CIMENTO ASFÁLTICO MODIFICADO POR POLÍMERO SBS 60-85","2014-08-01","***","***",1.6601533728556759,1.4455420406819435,1.4160834348456957,1.4894295402069531]
["CIMENTO ASFÁLTICO MODIFICADO POR POLÍMERO SBS 60-85","2014-09-01","***",2.21983,1.8424137339431834,1.5784619165156228,1.4496780126314568,1.6314077877957702]
["CIMENTO ASFÁLTICO MODIFICADO POR POLÍMERO SBS 60-85","2014-10-01","***",2.21984,1.6926416620170992,1.5051173618133395,1.4412481862202835,1.5458544225608117]
["CIMENTO ASFÁLTICO MODIFICADO POR POLÍMERO SBS 60-85","2014-11-01","***",2.21984,1.783673431557188,1.5213957890980729,1.473525077774356,1.5819572488017899]
["CIMENTO ASFÁLTICO MODIFICADO POR POLÍMERO SBS 60-85","2014-12-01","***",2.21983,1.8157257047251671,1.6571602722415804,1.5584433472397086,1.6741214704741225]
["CIMENTO ASFÁLTICO MODIFICADO POR POLÍMERO SBS 60-85","2015-01-01","***","***",1.634494627043332,1.752555319737878,1.7100752178338128,1.7219149629811901]
["CIMENTO ASFÁLTICO MODIFICADO POR POLÍMERO SBS 60-85","2015-02-01","***",1.4225580535506404,1.7441293407507081,1.7655466085606035,1.6843297546285096,1.7131272806198146]
["CIMENTO ASFÁLTICO MODIFICADO POR POLÍMERO SBS 60-85","2015-03-01","***",2.2300760133346409,1.6817304352577294,1.7336568484479011,1.7617241837071309,1.739364084749297]
["CIMENTO ASFÁLTICO MODIFICADO POR POLÍMERO SBS 60-85","2015-04-01","***",2.1488900000000002,1.7584167377369395,1.7142352782972576,1.7845759607059732,1.7547188481176113]
["CIMENTO ASFÁLTICO MODIFICADO POR POLÍMERO SBS 60-85","2015-05-01","***",2.11503,1.6313175679128442,1.6837590771749489,1.7766523041148201,1.7039927922822566]
["CIMENTO ASFÁLTICO MODIFICADO POR POLÍMERO SBS 60-85","2015-06-01","***","***",1.7273869637257608,1.612369554632535,1.877719931000196,1.7591965783776944]
["CIMENTO ASFÁLTICO MODIFICADO POR POLÍMERO SBS 60-85","2015-07-01","***",1.0702426516606856,1.7950972657149762,1.6676841185820601,1.8787060578159112,1.804062628790801]
["CIMENTO ASFÁLTICO MODIFICADO POR POLÍMERO SBS 60-85","2015-08-01","***",1.0800169753538311,2.0048510814991336,1.6622248536276525,1.8720301755299018,1.8551006594018449]
["CIMENTO ASFÁLTICO MODIFICADO POR POLÍMERO SBS 65-90","2009-12-01","***","***","***","***",1.3855999999999999,1.3855999999999999]
["CIMENTO ASFÁLTICO MODIFICADO POR POLÍMERO SBS 65-90","2010-01-01","***","***","***","***",1.5105999999999999,1.5105999999999999]
["CIMENTO ASFÁLTICO MODIFICADO POR POLÍMERO SBS 65-90","2010-02-01","***","***","***",1.4157999999999999,1.5027840629590767,1.4372035145881745]
["CIMENTO ASFÁLTICO MODIFICADO POR POLÍMERO SBS 65-90","2010-03-01","***","***","***",1.7021300000000001,1.48071782444124,1.5846814150492399]
["CIMENTO ASFÁLTICO MODIFICADO POR POLÍMERO SBS 65-90","2010-04-01","***","***","***","***","***","***"]
["CIMENTO ASFÁLTICO MODIFICADO POR POLÍMERO SBS 65-90","2010-05-01","***","***","***","***",1.3461000000000001,1.3461000000000001]
["CIMENTO ASFÁLTICO MODIFICADO POR POLÍMERO SBS 65-90","2010-06-01","***","***","***","***",1.3456999999999999,1.3456999999999999]
["CIMENTO ASFÁLTICO MODIFICADO POR POLÍMERO SBS 65-90","2010-07-01","***","***","***","***",1.4308870539824246,1.4308870539824246]
["CIMENTO ASFÁLTICO MODIFICADO POR POLÍMERO SBS 65-90","2010-08-01","***","***","***","***",1.3437638114414194,1.3437638114414194]
["CIMENTO ASFÁLTICO MODIFICADO POR POLÍMERO SBS 65-90","2010-09-01","***","***","***","***",1.3452999999999999,1.3452999999999999]
["CIMENTO ASFÁLTICO MODIFICADO POR POLÍMERO SBS 65-90","2010-10-01","***","***","***","***","***","***"]
["CIMENTO ASFÁLTICO MODIFICADO POR POLÍMERO SBS 65-90","2010-11-01","***","***","***","***",1.3455999999999997,1.3455999999999997]
["CIMENTO ASFÁLTICO MODIFICADO POR POLÍMERO SBS 65-90","2010-12-01","***","***","***",1.49577,"***",1.49577]
["CIMENTO ASFÁLTICO MODIFICADO POR POLÍMERO SBS 65-90","2011-01-01","***","***","***","***",1.471473478934761,1.471473478934761]
["CIMENTO ASFÁLTICO MODIFICADO POR POLÍMERO SBS 65-90","2011-02-01","***","***","***",1.4656447741424206,1.5205599999999999,1.4769252057751989]
["CIMENTO ASFÁLTICO MODIFICADO POR POLÍMERO SBS 65-90","2011-03-01","***","***","***",1.4531604621454066,1.5205566752063764,1.4915057364968822]
["CIMENTO ASFÁLTICO MODIFICADO POR POLÍMERO SBS 65-90","2011-04-01","***","***","***",1.4648865119475574,1.4098422529905237,1.4331544776553826]
["CIMENTO ASFÁLTICO MODIFICADO POR POLÍMERO SBS 65-90","2011-05-01","***","***","***",1.4505312517588069,1.2829991255355917,1.3635167973245463]
["CIMENTO ASFÁLTICO MODIFICADO POR POLÍMERO SBS 65-90","2011-06-01","***","***","***",1.4481417597159789,1.2542256669422911,1.3312255321883713]
["CIMENTO ASFÁLTICO MODIFICADO POR POLÍMERO SBS 65-90","2011-07-01","***","***","***",1.4477834563085155,1.3464154855400534,1.3996345228725657]
["CIMENTO ASFÁLTICO MODIFICADO POR POLÍMERO SBS 65-90","2011-08-01","***","***","***",1.4817691207780725,1.4175468379545912,1.4552340937675114]
["CIMENTO ASFÁLTICO MODIFICADO POR POLÍMERO SBS 65-90","2011-09-01","***","***","***",1.4738999964138424,1.3483071129931388,1.3953001697416973]
["CIMENTO ASFÁLTICO MODIFICADO POR POLÍMERO SBS 65-90","2011-10-01","***","***","***",3.8145400000000005,1.3499993749218653,1.6363332202640737]
["CIMENTO ASFÁLTICO MODIFICADO POR POLÍMERO SBS 65-90","2011-11-01","***","***","***",1.4758099999999998,1.3992214474633324,1.4512366700096433]
["CIMENTO ASFÁLTICO MODIFICADO POR POLÍMERO SBS 65-90","2011-12-01","***","***","***",1.4191217317804947,1.2791880907095829,1.3706950857576845]
["CIMENTO ASFÁLTICO MODIFICADO POR POLÍMERO SBS 65-90","2012-01-01","***","***","***",1.458362095295082,"***",1.458362095295082]
["CIMENTO ASFÁLTICO MODIFICADO POR POLÍMERO SBS 65-90","2012-02-01","***","***","***",1.4323982495388672,1.4065721090168111,1.4279707822802494]
["CIMENTO ASFÁLTICO MODIFICADO POR POLÍMERO SBS 65-90","2012-03-01","***","***","***",1.4821369798230541,1.039994285195277,1.3695502341380683]
["CIMENTO ASFÁLTICO MODIFICADO POR POLÍMERO SBS 65-90","2012-04-01","***","***","***",1.5486325446193863,"***",1.5486325446193863]
["CIMENTO ASFÁLTICO MODIFICADO POR POLÍMERO SBS 65-90","2012-05-01","***","***","***",1.5604873626809026,1.1076999999999999,1.5354658186725507]
["CIMENTO ASFÁLTICO MODIFICADO POR POLÍMERO SBS 65-90","2012-06-01","***","***","***",1.5807981125132995,"***",1.5807981125132995]
["CIMENTO ASFÁLTICO MODIFICADO POR POLÍMERO SBS 65-90","2012-07-01","***","***","***",1.7054343634392573,"***",1.7054343634392573]
["CIMENTO ASFÁLTICO MODIFICADO POR POLÍMERO SBS 65-90","2012-08-01","***","***","***",1.7291400000000001,"***",1.7291400000000001]
["CIMENTO ASFÁLTICO MODIFICADO POR POLÍMERO SBS 65-90","2012-09-01","***","***","***",1.615028975303034,1.353,1.5983357945515191]
["CIMENTO ASFÁLTICO MODIFICADO POR POLÍMERO SBS 65-90","2012-10-01","***","***","***",1.6526046344819156,"***",1.6526046344819156]
["CIMENTO ASFÁLTICO MODIFICADO POR POLÍMERO SBS 65-90","2012-11-01","***","***","***",1.6797814100940223,1.5986000000000002,1.6664340309777741]
["CIMENTO ASFÁLTICO MODIFICADO POR POLÍMERO SBS 65-90","2012-12-01","***","***","***","***","***","***"]
["CIMENTO ASFÁLTICO MODIFICADO POR POLÍMERO SBS 65-90","2013-01-01","***","***","***",1.5523100000000001,"***",1.5523100000000001]
["CIMENTO ASFÁLTICO MODIFICADO POR POLÍMERO SBS 65-90","2013-02-01","***","***","***",1.5694289219982471,"***",1.5694289219982471]
["CIMENTO ASFÁLTICO MODIFICADO POR POLÍMERO SBS 65-90","2013-03-01","***","***","***","***","***","***"]
["CIMENTO ASFÁLTICO MODIFICADO POR POLÍMERO SBS 65-90","2013-04-01","***","***","***",1.2172000000000001,1.3603799999999999,1.3039044133170929]
["CIMENTO ASFÁLTICO MODIFICADO POR POLÍMERO SBS 65-90","2013-05-01","***","***",2.0320000000000005,1.5507499999999999,1.3603799999999999,1.8671543887147337]
["CIMENTO ASFÁLTICO MODIFICADO POR POLÍMERO SBS 65-90","2013-06-01","***","***",2.032,"***","***",2.032]
["CIMENTO ASFÁLTICO MODIFICADO POR POLÍMERO SBS 65-90","2013-07-01","***","***",1.9375008744534665,"***",1.4302229126213593,1.7920235660986747]
["CIMENTO ASFÁLTICO MODIFICADO POR POLÍMERO SBS 65-90","2013-08-01","***","***",1.9973380918727914,"***",0.86665999999999999,1.83579567739802]
["CIMENTO ASFÁLTICO MODIFICADO POR POLÍMERO SBS 65-90","2013-09-01","***","***",2.1069799588243647,1.7026745885039214,"***",1.9764573001730656]
["CIMENTO ASFÁLTICO MODIFICADO POR POLÍMERO SBS 65-90","2013-10-01","***","***",2.0745827822805172,1.8091939519225089,"***",2.005898919749312]
["CIMENTO ASFÁLTICO MODIFICADO POR POLÍMERO SBS 65-90","2013-11-01","***","***",2.0416148233510238,1.6103099999999999,1.5908,1.8364561163538875]
["CIMENTO ASFÁLTICO MODIFICADO POR POLÍMERO SBS 65-90","2013-12-01","***","***",2.0897000000000001,1.6990799999999999,1.5908,1.6897324355439463]
["CIMENTO ASFÁLTICO MODIFICADO POR POLÍMERO SBS 65-90","2014-01-01","***","***","***",1.624100362482005,1.5908,1.6142261262009869]
["CIMENTO ASFÁLTICO MODIFICADO POR POLÍMERO SBS 65-90","2014-02-01","***","***",2.21,1.6195786521477316,1.5908,1.6940184240887166]
["CIMENTO ASFÁLTICO MODIFICADO POR POLÍMERO SBS 65-90","2014-03-01","***","***",2.056374328660699,1.7114,1.5908,1.8202255822605846]
["CIMENTO ASFÁLTICO MODIFICADO POR POLÍMERO SBS 65-90","2014-04-01","***","***","***","***","***","***"]
["CIMENTO ASFÁLTICO MODIFICADO POR POLÍMERO SBS 65-90","2014-05-01","***","***","***","***",1.5239160673645882,1.5239160673645882]
["CIMENTO ASFÁLTICO MODIFICADO POR POLÍMERO SBS 65-90","2014-06-01","***","***",2.1922000000000001,"***",1.4975807971251227,1.7475495796561964]
["CIMENTO ASFÁLTICO MODIFICADO POR POLÍMERO SBS 65-90","2014-07-01","***","***","***","***",1.366741252041372,1.366741252041372]
["CIMENTO ASFÁLTICO MODIFICADO POR POLÍMERO SBS 65-90","2014-08-01","***","***","***","***",1.4450482962756535,1.4450482962756535]
["CIMENTO ASFÁLTICO MODIFICADO POR POLÍMERO SBS 65-90","2014-09-01","***","***","***","***",1.2511443371378401,1.2511443371378401]
["CIMENTO ASFÁLTICO MODIFICADO POR POLÍMERO SBS 65-90","2014-10-01","***","***","***",1.12947,1.3698766083780214,1.2823746397324149]
["CIMENTO ASFÁLTICO MODIFICADO POR POLÍMERO SBS 65-90","2014-11-01","***","***","***",1.1404832288560371,1.4835949317826518,1.3369232868185514]
["CIMENTO ASFÁLTICO MODIFICADO POR POLÍMERO SBS 65-90","2014-12-01","***","***","***",1.2491799999999997,1.6455555981395347,1.5600458116290945]
["CIMENTO ASFÁLTICO MODIFICADO POR POLÍMERO SBS 65-90","2015-01-01","***","***","***",1.421483861336124,1.8485882133840998,1.5511466724042617]
["CIMENTO ASFÁLTICO MODIFICADO POR POLÍMERO SBS 65-90","2015-02-01","***","***","***",1.4472413917997151,1.833234117308246,1.4751977993005485]
["CIMENTO ASFÁLTICO MODIFICADO POR POLÍMERO SBS 65-90","2015-03-01","***","***",1.9569585229479471,1.5864792717135638,1.8187505279610974,1.6815485972790707]
["CIMENTO ASFÁLTICO MODIFICADO POR POLÍMERO SBS 65-90","2015-04-01","***","***","***",1.4081025612748723,1.8266110900473931,1.5414996259668063]
["CIMENTO ASFÁLTICO MODIFICADO POR POLÍMERO SBS 65-90","2015-05-01","***","***","***","***",1.7754500000000002,1.7754500000000002]
["CIMENTO ASFÁLTICO MODIFICADO POR POLÍMERO SBS 65-90","2015-06-01","***","***","***",1.7199599999999999,2.1328999999999998,1.9243479495798317]
["CIMENTO ASFÁLTICO MODIFICADO POR POLÍMERO SBS 65-90","2015-07-01","***","***","***",1.7629999999999999,"***",1.7629999999999999]
["CIMENTO ASFÁLTICO MODIFICADO POR POLÍMERO SBS 65-90","2015-08-01","***","***","***",1.7742931465732865,"***",1.7742931465732865]
["CIMENTOS ASFÁLTICOS CAP-150-200","2008-11-01","***","***","***","***","***","***"]
["CIMENTOS ASFÁLTICOS CAP-150-200","2008-12-01","***","***","***","***","***","***"]
["CIMENTOS ASFÁLTICOS CAP-150-200","2009-01-01","***","***","***","***","***","***"]
["CIMENTOS ASFÁLTICOS CAP-150-200","2009-02-01","***","***","***","***","***","***"]
["CIMENTOS ASFÁLTICOS CAP-150-200","2009-03-01","***","***","***","***","***","***"]
["CIMENTOS ASFÁLTICOS CAP-150-200","2009-04-01","***","***","***","***","***","***"]
["CIMENTOS ASFÁLTICOS CAP-150-200","2009-05-01","***","***","***","***","***","***"]
["CIMENTOS ASFÁLTICOS CAP-150-200","2009-06-01","***","***","***","***","***","***"]
["CIMENTOS ASFÁLTICOS CAP-150-200","2009-07-01","***","***","***","***","***","***"]
["CIMENTOS ASFÁLTICOS CAP-150-200","2009-08-01","***","***","***","***","***","***"]
["CIMENTOS ASFÁLTICOS CAP-150-200","2009-09-01","***","***","***","***","***","***"]
["CIMENTOS ASFÁLTICOS CAP-150-200","2009-10-01","***","***","***","***","***","***"]
["CIMENTOS ASFÁLTICOS CAP-150-200","2009-11-01","***","***","***","***","***","***"]
["CIMENTOS ASFÁLTICOS CAP-150-200","2009-12-01","***","***","***","***","***","***"]
["CIMENTOS ASFÁLTICOS CAP-150-200","2010-01-01","***","***","***","***","***","***"]
["CIMENTOS ASFÁLTICOS CAP-150-200","2010-02-01","***","***","***","***","***","***"]
["CIMENTOS ASFÁLTICOS CAP-150-200","2010-03-01","***","***","***","***","***","***"]
["CIMENTOS ASFÁLTICOS CAP-150-200","2010-04-01","***","***","***","***","***","***"]
["CIMENTOS ASFÁLTICOS CAP-150-200","2010-05-01","***","***","***","***","***","***"]
["CIMENTOS ASFÁLTICOS CAP-150-200","2010-06-01","***","***","***","***","***","***"]
["CIMENTOS ASFÁLTICOS CAP-150-200","2010-07-01","***","***","***","***","***","***"]
["CIMENTOS ASFÁLTICOS CAP-150-200","2010-08-01","***","***","***","***","***","***"]
["CIMENTOS ASFÁLTICOS CAP-150-200","2010-09-01","***","***","***","***","***","***"]
["CIMENTOS ASFÁLTICOS CAP-150-200","2010-10-01","***","***","***","***","***","***"]
["CIMENTOS ASFÁLTICOS CAP-150-200","2010-11-01","***","***","***","***","***","***"]
["CIMENTOS ASFÁLTICOS CAP-150-200","2010-12-01","***","***","***","***","***","***"]
["CIMENTOS ASFÁLTICOS CAP-150-200","2011-01-01","***","***","***","***","***","***"]
["CIMENTOS ASFÁLTICOS CAP-150-200","2011-02-01","***","***","***","***","***","***"]
["CIMENTOS ASFÁLTICOS CAP-150-200","2011-03-01","***","***","***","***","***","***"]
["CIMENTOS ASFÁLTICOS CAP-150-200","2011-04-01","***","***","***","***","***","***"]
["CIMENTOS ASFÁLTICOS CAP-150-200","2011-05-01","***","***","***","***","***","***"]
["CIMENTOS ASFÁLTICOS CAP-150-200","2011-06-01","***","***","***","***","***","***"]
["CIMENTOS ASFÁLTICOS CAP-150-200","2011-07-01","***","***","***","***","***","***"]
["CIMENTOS ASFÁLTICOS CAP-150-200","2011-08-01","***","***","***","***","***","***"]
["CIMENTOS ASFÁLTICOS CAP-150-200","2011-09-01","***","***","***","***","***","***"]
["CIMENTOS ASFÁLTICOS CAP-150-200","2011-10-01","***","***","***","***","***","***"]
["CIMENTOS ASFÁLTICOS CAP-150-200","2011-11-01","***","***","***","***","***","***"]
["CIMENTOS ASFÁLTICOS CAP-150-200","2011-12-01","***","***","***","***","***","***"]
["CIMENTOS ASFÁLTICOS CAP-150-200","2012-01-01","***","***","***","***","***","***"]
["CIMENTOS ASFÁLTICOS CAP-150-200","2012-02-01","***","***","***","***","***","***"]
["CIMENTOS ASFÁLTICOS CAP-150-200","2012-03-01","***","***","***","***","***","***"]
["CIMENTOS ASFÁLTICOS CAP-150-200","2012-04-01","***","***","***","***","***","***"]
["CIMENTOS ASFÁLTICOS CAP-150-200","2012-05-01","***","***","***","***","***","***"]
["CIMENTOS ASFÁLTICOS CAP-150-200","2012-06-01","***","***","***","***","***","***"]
["CIMENTOS ASFÁLTICOS CAP-150-200","2012-07-01","***","***","***","***","***","***"]
["CIMENTOS ASFÁLTICOS CAP-150-200","2012-08-01","***","***","***","***","***","***"]
["CIMENTOS ASFÁLTICOS CAP-150-200","2012-09-01","***","***","***","***","***","***"]
["CIMENTOS ASFÁLTICOS CAP-150-200","2012-10-01","***","***","***","***","***","***"]
["CIMENTOS ASFÁLTICOS CAP-150-200","2012-11-01","***","***","***","***","***","***"]
["CIMENTOS ASFÁLTICOS CAP-150-200","2012-12-01","***","***","***","***","***","***"]
["CIMENTOS ASFÁLTICOS CAP-150-200","2013-01-01","***","***","***","***","***","***"]
["CIMENTOS ASFÁLTICOS CAP-150-200","2013-02-01","***","***","***","***","***","***"]
["CIMENTOS ASFÁLTICOS CAP-150-200","2013-03-01","***","***","***","***","***","***"]
["CIMENTOS ASFÁLTICOS CAP-150-200","2013-04-01","***","***","***","***","***","***"]
["CIMENTOS ASFÁLTICOS CAP-150-200","2013-05-01","***","***","***","***","***","***"]
["CIMENTOS ASFÁLTICOS CAP-150-200","2013-06-01","***","***","***","***","***","***"]
["CIMENTOS ASFÁLTICOS CAP-150-200","2013-07-01","***","***","***","***","***","***"]
["CIMENTOS ASFÁLTICOS CAP-150-200","2013-08-01","***","***","***","***","***","***"]
["CIMENTOS ASFÁLTICOS CAP-150-200","2013-09-01","***","***","***","***","***","***"]
["CIMENTOS ASFÁLTICOS CAP-150-200","2013-10-01","***","***","***","***","***","***"]
["CIMENTOS ASFÁLTICOS CAP-150-200","2013-11-01","***","***","***","***","***","***"]
["CIMENTOS ASFÁLTICOS CAP-150-200","2013-12-01","***","***","***","***","***","***"]
["CIMENTOS ASFÁLTICOS CAP-150-200","2014-01-01","***","***","***","***","***","***"]
["CIMENTOS ASFÁLTICOS CAP-150-200","2014-02-01","***","***","***","***","***","***"]
["CIMENTOS ASFÁLTICOS CAP-150-200","2014-03-01","***","***","***","***","***","***"]
["CIMENTOS ASFÁLTICOS CAP-150-200","2014-04-01","***","***","***","***","***","***"]
["CIMENTOS ASFÁLTICOS CAP-150-200","2014-05-01","***","***","***","***","***","***"]
["CIMENTOS ASFÁLTICOS CAP-150-200","2014-06-01","***","***","***","***","***","***"]
["CIMENTOS ASFÁLTICOS CAP-150-200","2014-07-01","***","***","***","***","***","***"]
["CIMENTOS ASFÁLTICOS CAP-150-200","2014-08-01","***","***","***","***","***","***"]
["CIMENTOS ASFÁLTICOS CAP-150-200","2014-09-01","***","***","***","***","***","***"]
["CIMENTOS ASFÁLTICOS CAP-150-200","2014-10-01","***","***","***","***","***","***"]
["CIMENTOS ASFÁLTICOS CAP-150-200","2014-11-01","***","***","***","***","***","***"]
["CIMENTOS ASFÁLTICOS CAP-150-200","2014-12-01","***","***","***","***","***","***"]
["CIMENTOS ASFÁLTICOS CAP-150-200","2015-01-01","***","***","***","***","***","***"]
["CIMENTOS ASFÁLTICOS CAP-150-200","2015-02-01","***","***","***","***","***","***"]
["CIMENTOS ASFÁLTICOS CAP-150-200","2015-03-01","***","***","***","***","***","***"]
["CIMENTOS ASFÁLTICOS CAP-150-200","2015-04-01","***","***","***","***","***","***"]
["CIMENTOS ASFÁLTICOS CAP-150-200","2015-05-01","***","***","***","***","***","***"]
["CIMENTOS ASFÁLTICOS CAP-150-200","2015-06-01","***","***","***","***","***","***"]
["CIMENTOS ASFÁLTICOS CAP-150-200","2015-07-01","***","***","***","***","***","***"]
["CIMENTOS ASFÁLTICOS CAP-150-200","2015-08-01","***","***","***","***","***","***"]
["CIMENTOS ASFÁLTICOS CAP-150-200","2015-09-01","***","***","***","***","***","***"]
["CIMENTOS ASFÁLTICOS CAP-150-200","2015-10-01","***","***","***","***","***","***"]
["CIMENTOS ASFÁLTICOS CAP-150-200","2015-11-01","***","***","***","***","***","***"]
["CIMENTOS ASFÁLTICOS CAP-150-200","2015-12-01","***","***","***","***","***","***"]
["CIMENTOS ASFÁLTICOS CAP-150-200","2016-01-01","***","***","***","***","***","***"]
["CIMENTOS ASFÁLTICOS CAP-150-200","2016-02-01","***","***","***","***","***","***"]
["CIMENTOS ASFÁLTICOS CAP-150-200","2016-03-01","***","***","***","***","***","***"]
["CIMENTOS ASFÁLTICOS CAP-150-200","2016-04-01","***","***","***","***","***","***"]
["CIMENTOS ASFÁLTICOS CAP-150-200","2016-05-01","***","***","***","***","***","***"]
["CIMENTOS ASFÁLTICOS CAP-150-200","2016-06-01","***","***","***","***","***","***"]
["CIMENTOS ASFÁLTICOS CAP-150-200","2016-07-01","***","***","***","***","***","***"]
["CIMENTOS ASFÁLTICOS CAP-150-200","2016-08-01","***","***","***","***","***","***"]
["CIMENTOS ASFÁLTICOS CAP-150-200","2016-09-01","***","***","***","***","***","***"]
["CIMENTOS ASFÁLTICOS CAP-150-200","2016-10-01","***","***","***","***","***","***"]
["CIMENTOS ASFÁLTICOS CAP-150-200","2016-11-01","***","***","***","***","***","***"]
["CIMENTOS ASFÁLTICOS CAP-150-200","2016-12-01","***","***","***","***","***","***"]
["CIMENTOS ASFÁLTICOS CAP-150-200","2017-01-01","***","***","***","***","***","***"]
["CIMENTOS ASFÁLTICOS CAP-150-200","2017-02-01","***","***","***","***","***","***"]
["CIMENTOS ASFÁLTICOS CAP-150-200","2017-03-01","***","***","***","***","***","***"]
["CIMENTOS ASFÁLTICOS CAP-150-200","2017-04-01","***","***","***","***","***","***"]
["CIMENTOS ASFÁLTICOS CAP-150-200","2017-05-01","***","***","***","***","***","***"]
["CIMENTOS ASFÁLTICOS CAP-150-200","2017-06-01","***","***","***","***","***","***"]
["CIMENTOS ASFÁLTICOS CAP-150-200","2017-07-01","***","***","***","***","***","***"]
["CIMENTOS ASFÁLTICOS CAP-150-200","2017-08-01","***","***","***","***","***","***"]
["CIMENTOS ASFÁLTICOS CAP-150-200","2017-09-01","***","***","***","***","***","***"]
["CIMENTOS ASFÁLTICOS CAP-150-200","2017-10-01","***","***","***","***","***","***"]
["CIMENTOS ASFÁLTICOS CAP-150-200","2017-11-01","***","***","***","***","***","***"]
["CIMENTOS ASFÁLTICOS CAP-150-200","2017-12-01","***","***","***","***","***","***"]
["CIMENTOS ASFÁLTICOS CAP-150-200","2018-01-01","***","***","***","***","***","***"]
["CIMENTOS ASFÁLTICOS CAP-150-200","2018-02-01","***","***","***","***","***","***"]
["CIMENTOS ASFÁLTICOS CAP-150-200","2018-03-01","***","***","***","***","***","***"]
["CIMENTOS ASFÁLTICOS CAP-150-200","2018-04-01","***","***","***","***","***","***"]
["CIMENTOS ASFÁLTICOS CAP-150-200","2018-05-01","***","***","***","***","***","***"]
["CIMENTOS ASFÁLTICOS CAP-150-200","2018-06-01","***","***","***","***","***","***"]
["CIMENTOS ASFÁLTICOS CAP-150-200","2018-07-01","***","***","***","***","***","***"]
["CIMENTOS ASFÁLTICOS CAP-150-200","2018-08-01","***","***","***","***","***","***"]
["CIMENTOS ASFÁLTICOS CAP-150-200","2018-09-01","***","***","***","***","***","***"]
["CIMENTOS ASFÁLTICOS CAP-150-200","2018-10-01","***","***","***","***","***","***"]
["CIMENTOS ASFÁLTICOS CAP-150-200","2018-11-01","***","***","***","***","***","***"]
["CIMENTOS ASFÁLTICOS CAP-150-200","2018-12-01","***","***","***","***","***","***"]
["CIMENTOS ASFÁLTICOS CAP-150-200","2019-01-01","***","***","***","***","***","***"]
["CIMENTOS ASFÁLTICOS CAP-150-200","2019-02-01","***","***","***","***","***","***"]
["CIMENTOS ASFÁLTICOS CAP-150-200","2019-03-01","***","***","***","***","***","***"]
["CIMENTOS ASFÁLTICOS CAP-150-200","2019-04-01","***","***","***","***","***","***"]
["CIMENTOS ASFÁLTICOS CAP-150-200","2019-05-01","***","***","***","***","***","***"]
["CIMENTOS ASFÁLTICOS CAP-150-200","2019-06-01","***","***","***","***","***","***"]
["CIMENTOS ASFÁLTICOS CAP-150-200","2019-07-01","***","***","***","***","***","***"]
["CIMENTOS ASFÁLTICOS CAP-150-200","2019-08-01","***","***","***","***","***","***"]
["CIMENTOS ASFÁLTICOS CAP-150-200","2019-09-01","***","***","***","***","***","***"]
["CIMENTOS ASFÁLTICOS CAP-150-200","2019-10-01","***","***","***","***","***","***"]
["CIMENTOS ASFÁLTICOS CAP-150-200","2019-11-01","***","***","***","***","***","***"]
["CIMENTOS ASFÁLTICOS CAP-150-200","2019-12-01","***","***","***","***","***","***"]
["CIMENTOS ASFÁLTICOS CAP-150-200","2020-01-01","***","***","***","***","***","***"]
["CIMENTOS ASFÁLTICOS CAP-150-200","2020-02-01","***","***","***","***","***","***"]
["CIMENTOS ASFÁLTICOS CAP-150-200","2020-03-01","***","***","***","***","***","***"]
["CIMENTOS ASFÁLTICOS CAP-150-200","2020-04-01","***","***","***","***","***","***"]
["CIMENTOS ASFÁLTICOS CAP-150-200","2020-05-01","***","***","***","***","***","***"]
["CIMENTOS ASFÁLTICOS CAP-150-200","2020-06-01","***","***","***","***","***","***"]
["CIMENTOS ASFÁLTICOS CAP-150-200","2020-07-01","***","***","***","***","***","***"]
["CIMENTOS ASFÁLTICOS CAP-150-200","2020-08-01","***","***","***","***","***","***"]
["CIMENTOS ASFÁLTICOS CAP-150-200","2020-09-01","***","***","***","***","***","***"]
["CIMENTOS ASFÁLTICOS CAP-150-200","2020-10-01","***","***","***","***","***","***"]
["CIMENTOS ASFÁLTICOS CAP-150-200","2020-11-01","***","***","***","***","***","***"]
["CIMENTOS ASFÁLTICOS CAP-150-200","2020-12-01","***","***","***","***","***","***"]
["CIMENTOS ASFÁLTICOS CAP-150-200","2021-01-01","***","***","***","***","***","***"]
["CIMENTOS ASFÁLTICOS CAP-150-200","2021-02-01","***","***","***","***","***","***"]
["CIMENTOS ASFÁLTICOS CAP-150-200","2021-03-01","***","***","***","***","***","***"]
["CIMENTOS ASFÁLTICOS CAP-150-200","2021-04-01","***","***","***","***","***","***"]
["CIMENTOS ASFÁLTICOS CAP-150-200","2021-05-01","***","***","***",6.4181100000000004,"***",6.4181100000000004]
["CIMENTOS ASFÁLTICOS CAP-150-200","2021-06-01","***","***","***","***","***","***"]
["CIMENTOS ASFÁLTICOS CAP-150-200","2021-07-01","***","***","***","***","***","***"]
["CIMENTOS ASFÁLTICOS CAP-150-200","2021-08-01","***","***","***","***","***","***"]
["CIMENTOS ASFÁLTICOS CAP-150-200","2021-09-01","***","***","***","***","***","***"]
["CIMENTOS ASFÁLTICOS CAP-150-200","2021-10-01","***","***","***","***","***","***"]
["CIMENTOS ASFÁLTICOS CAP-150-200","2021-11-01","***","***","***","***","***","***"]
["CIMENTOS ASFÁLTICOS CAP-150-200","2021-12-01","***","***","***","***","***","***"]
["CIMENTOS ASFÁLTICOS CAP-150-200","2022-01-01","***","***","***","***","***","***"]
["CIMENTOS ASFÁLTICOS CAP-150-200","2022-02-01","***","***","***","***","***","***"]
["CIMENTOS ASFÁLTICOS CAP-150-200","2022-03-01","***","***","***","***","***","***"]
["CIMENTOS ASFÁLTICOS CAP-150-200","2022-04-01","***","***","***","***","***","***"]
["CIMENTOS ASFÁLTICOS CAP-150-200","2022-05-01","***","***","***","***","***","***"]
["CIMENTOS ASFÁLTICOS CAP-150-200","2022-06-01","***","***","***","***","***","***"]
["CIMENTOS ASFÁLTICOS CAP-150-200","2022-07-01","***","***","***","***","***","***"]
["CIMENTOS ASFÁLTICOS CAP-150-200","2022-08-01","***","***","***","***","***","***"]
["CIMENTOS ASFÁLTICOS CAP-150-200","2022-09-01","***","***","***","***","***","***"]
["CIMENTOS ASFÁLTICOS CAP-150-200","2022-10-01","***","***","***","***","***","***"]
["CIMENTOS ASFÁLTICOS CAP-150-200","2022-11-01","***","***","***",7.2317600000000004,"***",7.2317600000000004]
["CIMENTOS ASFÁLTICOS CAP-150-200","2022-12-01","***","***","***","***","***","***"]
["CIMENTOS ASFÁLTICOS CAP-150-200","2023-01-01","***","***","***","***","***","***"]
["CIMENTOS ASFÁLTICOS CAP-150-200","2023-02-01","***","***","***","***","***","***"]
["CIMENTOS ASFÁLTICOS CAP-150-200","2023-03-01","***","***","***","***","***","***"]
["CIMENTOS ASFÁLTICOS CAP-150-200","2023-04-01","***","***","***","***","***","***"]
["CIMENTOS ASFÁLTICOS CAP-150-200","2023-05-01","***","***","***","***","***","***"]
["CIMENTOS ASFÁLTICOS CAP-150-200","2023-06-01","***","***","***","***","***","***"]
["CIMENTOS ASFÁLTICOS CAP-150-200","2023-07-01","***","***","***","***","***","***"]
["CIMENTOS ASFÁLTICOS CAP-150-200","2023-08-01","***","***","***","***","***","***"]
["CIMENTOS ASFÁLTICOS CAP-150-200","2023-09-01","***","***","***","***","***","***"]
["CIMENTOS ASFÁLTICOS CAP-150-200","2023-10-01","***","***","***","***","***","***"]
["CIMENTOS ASFÁLTICOS CAP-150-200","2023-11-01","***","***","***","***","***","***"]
["CIMENTOS ASFÁLTICOS CAP-150-200","2023-12-01","***","***","***","***","***","***"]
["CIMENTOS ASFÁLTICOS CAP-150-200","2024-01-01","***","***","***","***","***","***"]
["CIMENTOS ASFÁLTICOS CAP-150-200","2024-02-01","***","***","***","***","***","***"]
["CIMENTOS ASFÁLTICOS CAP-150-200","2024-03-01","***","***","***","***","***","***"]
["CIMENTOS ASFÁLTICOS CAP-150-200","2024-04-01","***","***","***","***","***","***"]
["CIMENTOS ASFÁLTICOS CAP-150-200","2024-05-01","***","***","***","***","***","***"]
["CIMENTOS ASFÁLTICOS CAP-150-200","2024-06-01","***","***","***","***","***","***"]
["CIMENTOS ASFÁLTICOS CAP-150-200","2024-07-01","***","***","***","***","***","***"]
["CIMENTOS ASFÁLTICOS CAP-150-200","2024-08-01","***","***","***","***","***","***"]
["CIMENTOS ASFÁLTICOS CAP-150-200","2024-09-01","***","***","***","***","***","***"]
["CIMENTOS ASFÁLTICOS CAP-150-200","2024-10-01","***","***","***","***","***","***"]
["CIMENTOS ASFÁLTICOS CAP-150-200","2024-11-01","***","***","***","***","***","***"]
["CIMENTOS ASFÁLTICOS CAP-150-200","2024-12-01","***","***","***","***","***","***"]
["CIMENTOS ASFÁLTICOS CAP-150-200","2025-01-01","***","***","***",7.5867000000000004,"***",7.5867000000000004]
["CIMENTOS ASFÁLTICOS CAP-150-200","2025-02-01","***","***","***","***","***","***"]
["CIMENTOS ASFÁLTICOS CAP-150-200","2025-03-01","***","***","***","***","***","***"]
["CIMENTOS ASFÁLTICOS CAP-150-200","2025-04-01","***","***","***","***","***","***"]
["CIMENTOS ASFÁLTICOS CAP-150-200","2025-05-01","***","***","***","***","***","***"]
["CIMENTOS ASFÁLTICOS CAP-30-45","2008-11-01","***","***",2.202,0.96389878550085295,"***",0.96845674115569891]
["CIMENTOS ASFÁLTICOS CAP-30-45","2008-12-01","***","***","***",1.0096355085676287,"***",1.0096355085676287]
["CIMENTOS ASFÁLTICOS CAP-30-45","2009-01-01","***","***","***",0.90312768950474787,0.90890000000000004,0.90315261114342826]
["CIMENTOS ASFÁLTICOS CAP-30-45","2009-02-01","***","***","***",0.95408041011695011,"***",0.95408041011695011]
["CIMENTOS ASFÁLTICOS CAP-30-45","2009-03-01","***","***",1.2091621142564983,0.969488387405673,"***",0.98341130518243203]
["CIMENTOS ASFÁLTICOS CAP-30-45","2009-04-01","***","***",1.2592016208580439,0.9653514425145423,"***",0.9856917687129424]
["CIMENTOS ASFÁLTICOS CAP-30-45","2009-05-01","***","***",1.3017948047023307,0.9390335318817481,"***",0.96651429785302545]
["CIMENTOS ASFÁLTICOS CAP-30-45","2009-06-01","***","***",1.2924647285516548,0.91557454324125842,0.88366999999999996,0.9774661723595347]
["CIMENTOS ASFÁLTICOS CAP-30-45","2009-07-01",1.1983279291325424,"***",1.3162235749754951,1.0332699580752742,"***",1.0809272160906338]
["CIMENTOS ASFÁLTICOS CAP-30-45","2009-08-01",1.1425218841183826,"***",1.2914152885920664,0.94287912663724083,"***",0.99329363368317469]
["CIMENTOS ASFÁLTICOS CAP-30-45","2009-09-01",1.2179708502024291,"***",1.2733065313666061,0.95338647211387628,"***",1.016009727863405]
["CIMENTOS ASFÁLTICOS CAP-30-45","2009-10-01",1.1499900000000001,"***",1.3229985388633532,0.92445890217072479,0.90933990139109,1.0011250271507404]
["CIMENTOS ASFÁLTICOS CAP-30-45","2009-11-01",1.1455082054654391,0.92451993220216944,1.3000044142473726,0.92629696920978677,0.8655433723429663,0.97250195935376071]
["CIMENTOS ASFÁLTICOS CAP-30-45","2009-12-01",1.1418454485199971,"***",1.4794440377275715,0.97485862530318201,0.88864667686154564,0.9834314802968287]
["CIMENTOS ASFÁLTICOS CAP-30-45","2010-01-01",1.1327789624486604,"***",1.4777370874757705,0.93215318715670603,0.88842589522164661,0.94381773411585568]
["CIMENTOS ASFÁLTICOS CAP-30-45","2010-02-01",1.1441124987907516,"***",1.4677596757472788,0.9121543608355378,0.90126464215742774,0.92316997347175667]
["CIMENTOS ASFÁLTICOS CAP-30-45","2010-03-01",1.1405155319148936,"***",1.4205266495058486,0.90919240101119947,0.89570478428739309,0.92373510208075282]
["CIMENTOS ASFÁLTICOS CAP-30-45","2010-04-01",1.1443719701503043,"***",1.4627361365769516,0.9167226347684958,0.89346406072106266,0.92639350600934467]
["CIMENTOS ASFÁLTICOS CAP-30-45","2010-05-01",1.1417957860310919,"***","***",0.89498261321551742,0.88290000000000002,0.89676391266000621]
["CIMENTOS ASFÁLTICOS CAP-30-45","2010-06-01",0.93678558539508006,"***","***",0.8863714107791073,0.88685837633067999,0.88686164277118007]
["CIMENTOS ASFÁLTICOS CAP-30-45","2010-07-01",0.9121474590273152,"***","***",0.87158579567693806,0.96454826648538416,0.87197297593852807]
["CIMENTOS ASFÁLTICOS CAP-30-45","2010-08-01",0.91643472931962799,"***","***",0.86740075124328675,0.95063486967874289,0.86910649157224773]
["CIMENTOS ASFÁLTICOS CAP-30-45","2010-09-01",0.90718200800776505,"***","***",0.8627940222671544,0.95985513380601084,0.86450117298625906]
["CIMENTOS ASFÁLTICOS CAP-30-45","2010-10-01",0.98383149931168523,"***","***",0.89562248488449436,0.97526209593634161,0.89760032311158622]
["CIMENTOS ASFÁLTICOS CAP-30-45","2010-11-01",1.1562939228974558,"***","***",0.91140317675339311,"***",0.91262877329399739]
["CIMENTOS ASFÁLTICOS CAP-30-45","2010-12-01",1.2108562401491401,"***","***",0.91775743823208666,1.115,0.92012815641003765]
["CIMENTOS ASFÁLTICOS CAP-30-45","2011-01-01",1.1575427790802524,"***","***",0.91221318617782177,"***",0.91305628374382519]
["CIMENTOS ASFÁLTICOS CAP-30-45","2011-02-01",1.1853278507348732,"***","***",0.8866836683224586,"***",0.88754358404090872]
["CIMENTOS ASFÁLTICOS CAP-30-45","2011-03-01","***","***","***",0.86643167188030989,"***",0.86643167188030989]
["CIMENTOS ASFÁLTICOS CAP-30-45","2011-04-01","***","***","***",0.85190050777375126,"***",0.85190050777375126]
["CIMENTOS ASFÁLTICOS CAP-30-45","2011-05-01",1.1499900000000001,"***","***",0.8449292999098601,"***",0.84525819797462698]
["CIMENTOS ASFÁLTICOS CAP-30-45","2011-06-01",1.1219149829437778,"***","***",0.83361859559768159,"***",0.83434709813237584]
["CIMENTOS ASFÁLTICOS CAP-30-45","2011-07-01",0.87477161442307683,"***","***",0.83638682639756956,0.87853358875042109,0.83664383580805668]
["CIMENTOS ASFÁLTICOS CAP-30-45","2011-08-01",0.97814035014951295,"***","***",0.83792330514374114,0.87855069314349954,0.83924372574474571]
["CIMENTOS ASFÁLTICOS CAP-30-45","2011-09-01",1.0348991491174679,"***",1.2137,0.83507073984052205,0.87861915736346019,0.83817920650331679]
["CIMENTOS ASFÁLTICOS CAP-30-45","2011-10-01",1.0822499999999999,"***","***",0.83397037589623235,0.86319999999999997,0.83588148750095237]
["CIMENTOS ASFÁLTICOS CAP-30-45","2011-11-01",1.0822499999999999,"***","***",0.83073618965208951,0.86180000000000001,0.83217915346958149]
["CIMENTOS ASFÁLTICOS CAP-30-45","2011-12-01",0.87485000000000002,"***",1.0307999999999999,0.83025514296535508,0.94277999999999995,0.83068396005937728]
["CIMENTOS ASFÁLTICOS CAP-30-45","2012-01-01","***","***",1.034,0.83198640965103643,"***",0.83230224546898857]
["CIMENTOS ASFÁLTICOS CAP-30-45","2012-02-01","***","***",1.0352627540264778,0.83940208733302435,"***",0.84035969542097211]
["CIMENTOS ASFÁLTICOS CAP-30-45","2012-03-01",1.1415730218111542,"***",1.0333519829082654,0.85391003129658372,0.81542999999999999,0.85505706895701483]
["CIMENTOS ASFÁLTICOS CAP-30-45","2012-04-01","***","***",1.1080932106164383,0.86021770894794702,0.82633000000000001,0.86174695820497793]
["CIMENTOS ASFÁLTICOS CAP-30-45","2012-05-01",1.1564000000000001,"***",1.0928641756506217,0.86322191371031787,"***",0.86477360992484931]
["CIMENTOS ASFÁLTICOS CAP-30-45","2012-06-01","***","***",1.0942866042385411,0.86763749884787278,"***",0.86919341941932571]
["CIMENTOS ASFÁLTICOS CAP-30-45","2012-07-01","***","***",1.0966112444961371,0.86694574332193364,0.73311000000000004,0.86926138849551249]
["CIMENTOS ASFÁLTICOS CAP-30-45","2012-08-01","***","***",1.109068670321141,0.86912210655547795,"***",0.87047870373846858]
["CIMENTOS ASFÁLTICOS CAP-30-45","2012-09-01","***","***",1.0989199999999999,0.87404959699900908,0.73310999999999993,0.87351714016107185]
["CIMENTOS ASFÁLTICOS CAP-30-45","2012-10-01","***","***",1.120726317116878,0.87192522158921615,0.92335999999999985,0.87330993620751862]
["CIMENTOS ASFÁLTICOS CAP-30-45","2012-11-01","***","***",1.0935926746445739,0.88025317895736077,"***",0.88101317101768672]
["CIMENTOS ASFÁLTICOS CAP-30-45","2012-12-01","***","***",1.0942082618412068,0.87335111488523343,"***",0.87532681081000019]
["CIMENTOS ASFÁLTICOS CAP-30-45","2013-01-01","***","***",1.1126097397124444,0.86326126378558143,"***",0.86544014844190353]
["CIMENTOS ASFÁLTICOS CAP-30-45","2013-02-01","***","***","***",0.86810117121312724,"***",0.86810117121312724]
["CIMENTOS ASFÁLTICOS CAP-30-45","2013-03-01","***","***",1.0839799999999999,0.88674808734508548,"***",0.8871184155352998]
["CIMENTOS ASFÁLTICOS CAP-30-45","2013-04-01","***","***",1.0961563408896493,0.88448780846965769,"***",0.88523000996176338]
["CIMENTOS ASFÁLTICOS CAP-30-45","2013-05-01","***","***",1.1580256081215108,0.88689324560272076,"***",0.89340757516218638]
["CIMENTOS ASFÁLTICOS CAP-30-45","2013-06-01","***","***",1.0315984161521945,0.87332669843222344,"***",0.87706194722002417]
["CIMENTOS ASFÁLTICOS CAP-30-45","2013-07-01","***","***",1.1397635040159273,0.88105531667051185,"***",0.88759398367491382]
["CIMENTOS ASFÁLTICOS CAP-30-45","2013-08-01","***","***",1.1374981163451809,0.88988045249583847,0.96648385928821234,0.89673800084069433]
["CIMENTOS ASFÁLTICOS CAP-30-45","2013-09-01","***","***",1.1688582059518116,0.90564083949887542,"***",0.91710529604764124]
["CIMENTOS ASFÁLTICOS CAP-30-45","2013-10-01","***","***",1.1241316750198971,0.89339101584518432,"***",0.89910003852175069]
["CIMENTOS ASFÁLTICOS CAP-30-45","2013-11-01","***","***",1.1345695786622871,0.90200024319615169,"***",0.91290723735620116]
["CIMENTOS ASFÁLTICOS CAP-30-45","2013-12-01","***","***",1.0421830456920553,0.91214753923202607,1.0627200000000001,0.91570171921368948]
["CIMENTOS ASFÁLTICOS CAP-30-45","2014-01-01","***","***",1.1475820718796796,0.91088946236607116,1.0039461772876506,0.91843687568522692]
["CIMENTOS ASFÁLTICOS CAP-30-45","2014-02-01","***","***",1.0527563471958818,0.91579669277223186,1.0627200000000001,0.91776396306562558]
["CIMENTOS ASFÁLTICOS CAP-30-45","2014-03-01","***","***",1.118367274284316,0.9137732736248827,1.0627200000000001,0.91879709265568532]
["CIMENTOS ASFÁLTICOS CAP-30-45","2014-04-01","***","***",1.0756725302515024,0.90677938434455585,1.0627200000000001,0.91227790960539823]
["CIMENTOS ASFÁLTICOS CAP-30-45","2014-05-01","***","***",1.0755260311466264,0.90279709829397314,1.0627200000000001,0.91264641134677815]
["CIMENTOS ASFÁLTICOS CAP-30-45","2014-06-01","***","***",1.1218797036496888,0.89763499299156602,"***",0.91526791658935525]
["CIMENTOS ASFÁLTICOS CAP-30-45","2014-07-01","***","***",1.0594807753879203,0.89399277921585951,"***",0.90503382127052701]
["CIMENTOS ASFÁLTICOS CAP-30-45","2014-08-01","***","***",1.0931281678590601,0.89302351524009471,0.92156000000000016,0.91097459811152315]
["CIMENTOS ASFÁLTICOS CAP-30-45","2014-09-01","***","***",1.2093996899954327,0.90881813675403567,0.92156000000000016,0.9330361210419178]
["CIMENTOS ASFÁLTICOS CAP-30-45","2014-10-01","***","***",1.126023363718347,0.87978324033651167,1.0627200000000001,0.89565631357819886]
["CIMENTOS ASFÁLTICOS CAP-30-45","2014-11-01","***","***",1.1310787058454315,0.90050182576729332,1.0627200000000001,0.91621100269825062]
["CIMENTOS ASFÁLTICOS CAP-30-45","2014-12-01","***","***",1.2094707723841531,1.0061659133531129,"***",1.0174715846259297]
["CIMENTOS ASFÁLTICOS CAP-30-45","2015-01-01",1.5476000000000001,"***",1.4789824211477973,1.1831388346140339,"***",1.2079291165799595]
["CIMENTOS ASFÁLTICOS CAP-30-45","2015-02-01",1.5935999999999999,"***",1.4524657730446517,1.1903404196706422,"***",1.2011704656910502]
["CIMENTOS ASFÁLTICOS CAP-30-45","2015-03-01","***","***",1.4917478117518004,1.1863207832165119,0.92156000000000005,1.1991598829148478]
["CIMENTOS ASFÁLTICOS CAP-30-45","2015-04-01",1.3197000000000001,"***",1.3712196920393838,1.1669043821396738,1.1910999999999998,1.1707781213587753]
["CIMENTOS ASFÁLTICOS CAP-30-45","2015-05-01",1.2819350000000003,"***",1.2496642688448607,1.1716586894246632,"***",1.1758068625912648]
["CIMENTOS ASFÁLTICOS CAP-30-45","2015-06-01",1.3191200000000001,"***",1.3000260757632787,1.1597163765942815,"***",1.1656925379042655]
["CIMENTOS ASFÁLTICOS CAP-30-45","2015-07-01","***","***",1.2295591771103487,1.1498034919305045,1.1802999999999999,1.1541518555075092]
["CIMENTOS ASFÁLTICOS CAP-30-45","2015-08-01","***","***",1.2532767878528654,1.1488727950324293,1.1800126075658894,1.1541504011628865]
["CIMENTOS ASFÁLTICOS CAP-30-45","2015-09-01","***","***",1.3990007906656616,1.2213810452231366,1.2650800398465174,1.2314175120453796]
["CIMENTOS ASFÁLTICOS CAP-30-45","2015-10-01","***","***",1.443635030876363,1.2897214195995681,1.2984122856411568,1.2949785780044125]
["CIMENTOS ASFÁLTICOS CAP-30-45","2015-11-01","***","***",1.6947009388196914,1.4554257912241382,1.443783473056794,1.4621579789471342]
["CIMENTOS ASFÁLTICOS CAP-30-45","2015-12-01","***","***",1.7589037895383632,1.4723164948417438,1.4418261947454589,1.4766134875542452]
["CIMENTOS ASFÁLTICOS CAP-30-45","2016-01-01","***","***",1.7401016234422364,1.4709350978552804,1.4428172201022975,1.4718107846909161]
["CIMENTOS ASFÁLTICOS CAP-30-45","2016-02-01","***","***",1.6206697336199285,1.4655615129353645,1.4466349107314262,1.4669560554206267]
["CIMENTOS ASFÁLTICOS CAP-30-45","2016-03-01","***","***",1.5191637115198755,1.4681515467504698,1.4417528771730261,1.4688625342593586]
["CIMENTOS ASFÁLTICOS CAP-30-45","2016-04-01",1.6218399999999999,"***",1.7364547002332618,1.6167903153688672,1.6047846901640666,1.621627991272135]
["CIMENTOS ASFÁLTICOS CAP-30-45","2016-05-01",1.6218399999999999,"***",1.7533678801851769,1.6293389247825596,1.5871641613550143,1.6337069470239136]
["CIMENTOS ASFÁLTICOS CAP-30-45","2016-06-01","***","***",1.733242216322455,1.6317999569489499,1.6465775691492224,1.6381724612254234]
["CIMENTOS ASFÁLTICOS CAP-30-45","2016-07-01","***","***",1.7055866667248345,1.6383546215644806,1.678292250378548,1.6440729072855123]
["CIMENTOS ASFÁLTICOS CAP-30-45","2016-08-01","***","***",1.6663998857082323,1.6387239626262509,1.6350477030755379,1.6411678507476488]
["CIMENTOS ASFÁLTICOS CAP-30-45","2016-09-01","***","***",1.6046551414419903,1.5231140587310765,1.5326052893139017,1.5339610471851866]
["CIMENTOS ASFÁLTICOS CAP-30-45","2016-10-01",1.6735766502463054,"***",1.5773045588340349,1.4982071816986724,1.5383756980357686,1.5132775368772957]
["CIMENTOS ASFÁLTICOS CAP-30-45","2016-11-01","***","***",1.6380838464506422,1.4920079603645255,1.4957786042135404,1.5072778326022582]
["CIMENTOS ASFÁLTICOS CAP-30-45","2016-12-01","***","***",1.5144316757992191,1.4683557268268475,1.5471362886522191,1.4791328724744097]
["CIMENTOS ASFÁLTICOS CAP-30-45","2017-01-01",1.62096,"***",1.4978829866506864,1.4437797776518029,1.5408481562981815,1.4580894500009682]
["CIMENTOS ASFÁLTICOS CAP-30-45","2017-02-01","***","***",1.5932058169169234,1.4381285646787447,1.4947187551045313,1.4583774254740798]
["CIMENTOS ASFÁLTICOS CAP-30-45","2017-03-01",1.6719999999999999,"***",1.503729533588412,1.4355240878982125,1.4720203543193637,1.4452006217291478]
["CIMENTOS ASFÁLTICOS CAP-30-45","2017-04-01","***","***",1.4991807019742887,1.3828354104711336,1.4307786219562451,1.3996932664310946]
["CIMENTOS ASFÁLTICOS CAP-30-45","2017-05-01","***",1.3877342027183361,1.4911717459550751,1.3481409117494374,1.4063853766970464,1.3723398616314999]
["CIMENTOS ASFÁLTICOS CAP-30-45","2017-06-01",1.1928964462327967,1.4375421787105147,1.540286447605268,1.3617663931251867,1.4154846208395953,1.4005314147112784]
["CIMENTOS ASFÁLTICOS CAP-30-45","2017-07-01",1.3884262886433232,1.3858763071259006,1.5496459818109134,1.3658860226677434,1.3878180811259939,1.4015309321689344]
["CIMENTOS ASFÁLTICOS CAP-30-45","2017-08-01",1.4416948389489952,1.3736269219556372,1.4813723681895563,1.3594734118455321,1.3820177097557558,1.383176491798298]
["CIMENTOS ASFÁLTICOS CAP-30-45","2017-09-01",1.4774604252639434,1.4207683494939756,1.5448769848375781,1.3625638924139833,1.3921079098528923,1.3988892826808061]
["CIMENTOS ASFÁLTICOS CAP-30-45","2017-10-01",1.5351341629216142,1.4319901958504988,1.558736843591215,1.3903729939835083,1.4145480796768597,1.4251961042222401]
["CIMENTOS ASFÁLTICOS CAP-30-45","2017-11-01",1.4111836701882208,1.5713555402196702,1.6313413733281281,1.511291559194794,1.5492650476003826,1.5424695028042981]
["CIMENTOS ASFÁLTICOS CAP-30-45","2017-12-01",1.3932608583056978,1.567231485236861,1.6239610354677454,1.5359360368211539,1.5154918622795748,1.540247065719399]
["CIMENTOS ASFÁLTICOS CAP-30-45","2018-01-01",1.6476915690013041,1.6565482133467859,1.7210476510494954,1.6345102992524556,1.5560483995851249,1.6320460077652261]
["CIMENTOS ASFÁLTICOS CAP-30-45","2018-02-01",1.5207832253618192,1.6848502998502819,1.7109770876493224,1.6502653481033869,1.609484265298015,1.6487470301498095]
["CIMENTOS ASFÁLTICOS CAP-30-45","2018-03-01",1.491580158315178,1.6337909705925402,1.6447670189290815,1.6423356303771297,1.6094138275855994,1.6337427130144104]
["CIMENTOS ASFÁLTICOS CAP-30-45","2018-04-01",1.5350898668579127,1.6156584535958651,1.7219590321378506,1.582955638893307,1.5887633107008443,1.5957276371174169]
["CIMENTOS ASFÁLTICOS CAP-30-45","2018-05-01",1.6376558328131312,1.6812811383091628,1.8706448195821743,1.7191927945352512,1.7530972446643402,1.7327933643779989]
["CIMENTOS ASFÁLTICOS CAP-30-45","2018-06-01",1.8336274699343025,1.827537701612685,1.9932059993415836,1.8084922918920414,1.788995438204162,1.8325081297335521]
["CIMENTOS ASFÁLTICOS CAP-30-45","2018-07-01",1.7835403091787443,1.9503305153859225,2.0517924572644537,1.9350421976910559,1.9400145321501541,1.9501163059778668]
["CIMENTOS ASFÁLTICOS CAP-30-45","2018-08-01",1.8515338092195663,2.0970565219905164,2.276089913909626,2.1250608780663995,2.0844227507822755,2.12587811576467]
["CIMENTOS ASFÁLTICOS CAP-30-45","2018-09-01",1.8759813773982819,2.1222184952154386,2.2980150933476593,2.1623097115162091,2.1335432695848788,2.1598957858443106]
["CIMENTOS ASFÁLTICOS CAP-30-45","2018-10-01",2.0102612252088106,2.0943308860278491,2.1893098823558561,2.1812424332326543,2.2231288313716457,2.1666816275572258]
["CIMENTOS ASFÁLTICOS CAP-30-45","2018-11-01",2.2499273327196208,2.467134473990793,2.6231582693347923,2.4524434010275327,2.4637502365755037,2.4600656174966669]
["CIMENTOS ASFÁLTICOS CAP-30-45","2018-12-01",2.1946256801312605,2.4114492872033919,2.4944467619330344,2.4846401051421196,2.5259009497975264,2.4791962391879383]
["CIMENTOS ASFÁLTICOS CAP-30-45","2019-01-01",2.1719482325334449,2.3904946342152442,2.6067390324531954,2.4580470326185537,2.4981693280282999,2.462996179918346]
["CIMENTOS ASFÁLTICOS CAP-30-45","2019-02-01",2.487649734317237,2.5380220692080049,2.7157118300450254,2.6695284653977458,2.7445422570056799,2.6634013867069153]
["CIMENTOS ASFÁLTICOS CAP-30-45","2019-03-01",2.3374180074904194,2.5497505855969091,2.8721549703388689,2.6691157754951504,2.6913096547186193,2.6752786837826901]
["CIMENTOS ASFÁLTICOS CAP-30-45","2019-04-01",2.4543348176726818,2.5871013665182452,2.903504849499682,2.6731510743934792,2.7811138038989256,2.6959982813730003]
["CIMENTOS ASFÁLTICOS CAP-30-45","2019-05-01",2.2983703391820138,2.5964453978923867,2.8723715109593901,2.6876189305966105,2.787929340060634,2.7041945068215179]
["CIMENTOS ASFÁLTICOS CAP-30-45","2019-06-01",2.4379393811291683,2.5312102251240969,2.9418021928178271,2.6577845500934179,2.7737744884529585,2.7044633325711205]
["CIMENTOS ASFÁLTICOS CAP-30-45","2019-07-01",2.3901375469824955,2.5151906620235396,2.9600930635828724,2.6722754481992887,2.7556905584825238,2.6992101400604587]
["CIMENTOS ASFÁLTICOS CAP-30-45","2019-08-01",2.1977314172692632,2.3098604186648646,2.7087069498684011,2.4541473948861134,2.5378288443646846,2.4818408862472676]
["CIMENTOS ASFÁLTICOS CAP-30-45","2019-09-01",2.1307806560495659,2.3214022616986059,2.6917983255897733,2.4380465113080461,2.5297096280901603,2.4629840761999282]
["CIMENTOS ASFÁLTICOS CAP-30-45","2019-10-01",2.2474774518774323,2.3491677587854678,2.6948092754378852,2.4738825270552747,2.4813678752790884,2.4752250662286315]
["CIMENTOS ASFÁLTICOS CAP-30-45","2019-11-01",2.067977100756599,2.4090164372320646,2.7281502466107246,2.5423896208187049,2.5370655123381023,2.5280893569857685]
["CIMENTOS ASFÁLTICOS CAP-30-45","2019-12-01",2.0472294777653426,2.3596118754009128,2.7938789404352251,2.5506304123395727,2.50490399545096,2.5228359815960815]
["CIMENTOS ASFÁLTICOS CAP-30-45","2020-01-01",2.1168232528375213,2.3939028230092054,2.9000756703802844,2.5499748737291572,2.6045780201632418,2.540812459633754]
["CIMENTOS ASFÁLTICOS CAP-30-45","2020-02-01",2.0373928330178042,2.226411747798962,2.6091894054416005,2.3459006092633574,2.3795526333042503,2.3408255501688959]
["CIMENTOS ASFÁLTICOS CAP-30-45","2020-03-01",1.8789610853459127,2.1873698981501555,2.501807910126534,2.3410578401067066,2.3490944205222735,2.3211658798005281]
["CIMENTOS ASFÁLTICOS CAP-30-45","2020-04-01",1.8378897980997622,2.1612196169412701,2.4384086992003566,2.3045937303344841,2.3041973445100421,2.2924943276619993]
["CIMENTOS ASFÁLTICOS CAP-30-45","2020-05-01",2.0522176802602532,2.1252518077088602,2.4698937216243002,2.3173203301913121,2.3746367538734852,2.3105744759872446]
["CIMENTOS ASFÁLTICOS CAP-30-45","2020-06-01",2.0614990509379303,2.166315101787375,2.4457148297142255,2.2961935441919898,2.3914368451534371,2.3010076269484525]
["CIMENTOS ASFÁLTICOS CAP-30-45","2020-07-01",2.055494394882837,2.1640442215858249,2.4335703787523069,2.2979703952265593,2.3873226063181399,2.2939572654147558]
["CIMENTOS ASFÁLTICOS CAP-30-45","2020-08-01",2.2180138910270846,2.264861248238629,2.5793817661334071,2.4143540351426607,2.499962166759381,2.4070441389501145]
["CIMENTOS ASFÁLTICOS CAP-30-45","2020-09-01",2.1856712068342778,2.3238098055489838,2.613494058398905,2.4114040079933305,2.4645739773129045,2.4120117967003187]
["CIMENTOS ASFÁLTICOS CAP-30-45","2020-10-01",2.0923131978464657,2.3199381622544566,2.6310141112619609,2.433140258093804,2.4822316269216933,2.430708452761444]
["CIMENTOS ASFÁLTICOS CAP-30-45","2020-11-01",2.3139704845609481,2.4969735593468227,2.7637683227614294,2.6207119850201575,2.7073638589552202,2.6184578769840914]
["CIMENTOS ASFÁLTICOS CAP-30-45","2020-12-01",2.4520753664454431,"***",2.8173408138434834,2.5323478281875635,2.6066673517698011,2.5584373972765158]
["CIMENTOS ASFÁLTICOS CAP-30-45","2021-01-01",2.5732002442783997,"***",2.7031123347298331,2.5776982723268764,3.2358810219700662,2.601142740405157]
["CIMENTOS ASFÁLTICOS CAP-30-45","2021-02-01","***","***",2.797607010164409,2.839991403679333,3.2993265326276511,2.8431600586185755]
["CIMENTOS ASFÁLTICOS CAP-30-45","2021-03-01","***","***",2.851615649086674,2.8418649817622552,3.4076443931773208,2.8594615289257836]
["CIMENTOS ASFÁLTICOS CAP-30-45","2021-04-01","***","***",2.9539002065947391,2.8615062174872414,3.4491545325394815,2.8899094397810163]
["CIMENTOS ASFÁLTICOS CAP-30-45","2021-05-01","***","***",3.4424206419714181,3.4946755641262071,3.8990453571684967,3.4880048604229317]
["CIMENTOS ASFÁLTICOS CAP-30-45","2021-06-01",3.3012637347410094,"***",3.4260876515724448,3.5003204690754841,4.2544027379540799,3.503158103515529]
["CIMENTOS ASFÁLTICOS CAP-30-45","2021-07-01","***","***",3.5858127603798344,3.5366103741643045,3.9937766570642359,3.5478621828559285]
["CIMENTOS ASFÁLTICOS CAP-30-45","2021-08-01",3.13307,3.5390466688438926,3.7062241755769896,3.6894057164706573,4.0007530944444447,3.6922687013283659]
["CIMENTOS ASFÁLTICOS CAP-30-45","2021-09-01","***","***",3.6148760529848656,3.6845640925931273,3.7792582793791576,3.6738595602718811]
["CIMENTOS ASFÁLTICOS CAP-30-45","2021-10-01",3.41161,"***",3.5771676121935698,3.6697960476056699,3.5521616288372093,3.6539624810654439]
["CIMENTOS ASFÁLTICOS CAP-30-45","2021-11-01",3.7868880915800571,"***",4.0105582319407622,4.0174905618743004,4.7354179379277301,4.0241044347782609]
["CIMENTOS ASFÁLTICOS CAP-30-45","2021-12-01",3.5705,"***",4.1179092742642345,4.0288180521123014,4.1219880159036766,4.0360205065118118]
["CIMENTOS ASFÁLTICOS CAP-30-45","2022-01-01",3.823030000000001,"***",3.9163155203085975,4.0633324824494412,4.0234862916517375,4.0513571258310321]
["CIMENTOS ASFÁLTICOS CAP-30-45","2022-02-01",4.2186818703009576,"***",4.332309016376664,4.3340586646880199,4.8795526919817434,4.3339228362844642]
["CIMENTOS ASFÁLTICOS CAP-30-45","2022-03-01",4.3115555930387437,"***",4.3120532329331329,4.3648103858356357,4.6404149167568329,4.3597932011143845]
["CIMENTOS ASFÁLTICOS CAP-30-45","2022-04-01",4.1670056519355194,"***",4.7773250056806802,4.5184130406569212,4.645853301926663,4.5571931202116351]
["CIMENTOS ASFÁLTICOS CAP-30-45","2022-05-01",4.0886530293407422,"***",4.6237715768539855,4.4214617829770129,4.5072363450878639,4.4457418487702656]
["CIMENTOS ASFÁLTICOS CAP-30-45","2022-06-01",4.0256489360741545,"***",4.4687705649689384,4.4243574666988694,4.6000131542691411,4.4255082694288674]
["CIMENTOS ASFÁLTICOS CAP-30-45","2022-07-01",4.0883708830075474,"***",4.6933856777591894,4.4564854649055494,4.8369036733540183,4.4889436361082256]
["CIMENTOS ASFÁLTICOS CAP-30-45","2022-08-01",3.9438678124013054,"***",4.5792503871140244,4.2824433090519092,4.6279515637071418,4.3329766236538276]
["CIMENTOS ASFÁLTICOS CAP-30-45","2022-09-01",3.9329001466147564,"***",4.4003335774797003,4.0536042796840794,5.06960694058741,4.1215888349065919]
["CIMENTOS ASFÁLTICOS CAP-30-45","2022-10-01",3.6609896740954246,3.8188300000000002,4.0447564099401276,3.6282539341325646,4.5973336639490583,3.7003366665046351]
["CIMENTOS ASFÁLTICOS CAP-30-45","2022-11-01",3.6987617363462086,3.8242800000000003,4.0644587018114331,3.6125027140522441,4.7007613094364027,3.6911023839087376]
["CIMENTOS ASFÁLTICOS CAP-30-45","2022-12-01",3.2604870028937576,3.8592100000000005,3.8759141146761067,3.5899687194091103,4.7159500000000003,3.639500631614438]
["CIMENTOS ASFÁLTICOS CAP-30-45","2023-01-01",3.1283264961957533,"***",3.8962827351976959,3.4730745998984931,4.4178756779039574,3.5370266216042325]
["CIMENTOS ASFÁLTICOS CAP-30-45","2023-02-01",3.0192639761753721,"***",3.8398551501123528,3.3649234580046787,4.2690359072561064,3.4255517472290133]
["CIMENTOS ASFÁLTICOS CAP-30-45","2023-03-01",3.011321122442804,"***",3.5059096487254977,3.2119828747211896,4.2052676030557175,3.2654353976990338]
["CIMENTOS ASFÁLTICOS CAP-30-45","2023-04-01",3.9201921705349139,"***",3.4449413712836869,3.2032941126453101,4.0896218706520058,3.2769258697708756]
["CIMENTOS ASFÁLTICOS CAP-30-45","2023-05-01",3.290546204280361,"***",3.5601331506144867,3.1421904867987198,4.0717008450879275,3.2301441312397836]
["CIMENTOS ASFÁLTICOS CAP-30-45","2023-06-01",3.192112255667197,"***",3.5697929582624575,3.1527881788446077,3.6930170765315524,3.2338957150516237]
["CIMENTOS ASFÁLTICOS CAP-30-45","2023-07-01",3.1687063561326565,4.1558000000000002,3.5176021310000691,3.0671616527539523,3.7299637315243475,3.1381258551121514]
["CIMENTOS ASFÁLTICOS CAP-30-45","2023-08-01",3.5698996008643489,2.714,3.4661020638130431,3.059685837156068,3.3501970328464865,3.1581147818625168]
["CIMENTOS ASFÁLTICOS CAP-30-45","2023-09-01",3.8033632283698666,"***",3.619219726590706,3.3147911815909441,3.2872254382554655,3.3925147036236187]
["CIMENTOS ASFÁLTICOS CAP-30-45","2023-10-01",3.7600330581866497,3.3619629565299696,3.8200223276478678,3.3105228697941458,3.3518664634330393,3.4367387505640097]
["CIMENTOS ASFÁLTICOS CAP-30-45","2023-11-01",3.8301807448803231,"***",3.7547759032662325,3.3747593023223219,3.6097550971617665,3.469012497997908]
["CIMENTOS ASFÁLTICOS CAP-30-45","2023-12-01",3.829389295212954,"***",3.6963417419485141,3.3225710905842054,3.8801581842204609,3.3688653138149496]
["CIMENTOS ASFÁLTICOS CAP-30-45","2024-01-01",3.0459141573211181,"***",3.5830971417809394,3.2091761974122237,4.0791650106058892,3.2624504942271813]
["CIMENTOS ASFÁLTICOS CAP-30-45","2024-02-01",3.1116139747208247,"***",3.6831847425835584,3.2049842409957332,4.2047774179246069,3.2599051684648144]
["CIMENTOS ASFÁLTICOS CAP-30-45","2024-03-01",3.337022864461423,"***",3.628976708817981,3.285675407156472,4.0108926863864625,3.3301311218942491]
["CIMENTOS ASFÁLTICOS CAP-30-45","2024-04-01",3.8189139508478527,"***",3.5916369550797076,3.2443195159528031,3.6592456900042376,3.2957282976677007]
["CIMENTOS ASFÁLTICOS CAP-30-45","2024-05-01",3.6222874444250972,"***",3.6730234403671393,3.3282393560612564,4.1665251613776766,3.3901355839307792]
["CIMENTOS ASFÁLTICOS CAP-30-45","2024-06-01",3.3328678543176169,"***",3.7600099362528852,3.3258418022142582,4.1139195672552971,3.4011170393737844]
["CIMENTOS ASFÁLTICOS CAP-30-45","2024-07-01",3.9102810480876125,"***",3.8303938615195734,3.3337469533566368,4.2663850536082215,3.4438499716391195]
["CIMENTOS ASFÁLTICOS CAP-30-45","2024-08-01",3.7679418349007014,4.9202599999999999,3.9873467323262273,3.580960686875772,3.500367988471178,3.6501318588837992]
["CIMENTOS ASFÁLTICOS CAP-30-45","2024-09-01",3.7071512345505306,3.5625800000000001,4.0105443062148769,3.632327181857641,3.7183670023813882,3.6977331277760257]
["CIMENTOS ASFÁLTICOS CAP-30-45","2024-10-01",3.9920188802662535,"***",4.002413568413874,3.6993538787464941,3.6724885723089562,3.7543255968166735]
["CIMENTOS ASFÁLTICOS CAP-30-45","2024-11-01",4.1123641746317849,3.9238975008000003,4.4771093539914695,3.7111764776231899,4.6933323201276256,3.8201720012981681]
["CIMENTOS ASFÁLTICOS CAP-30-45","2024-12-01",3.6813490192417722,"***",4.0695359812074834,3.775690434565266,4.0310946346375145,3.8110051472516631]
["CIMENTOS ASFÁLTICOS CAP-30-45","2025-01-01",3.7556873013129004,"***",4.1348095788269106,3.7933695912882661,4.302624363110688,3.8454907050739431]
["CIMENTOS ASFÁLTICOS CAP-30-45","2025-02-01",3.8746566922101922,"***",4.3669267126892528,4.0135634259788393,4.4521947226216607,4.0654613477343178]
["CIMENTOS ASFÁLTICOS CAP-30-45","2025-03-01",4.0791781631100532,"***",4.2359437360112979,3.9240033928281659,3.9017460791940954,3.9774516636818591]
["CIMENTOS ASFÁLTICOS CAP-30-45","2025-04-01",4.1733223691774981,3.90225,4.1350741266009958,3.8996190763742797,3.7118854335431317,3.963380954892497]
["CIMENTOS ASFÁLTICOS CAP-30-45","2025-05-01",3.8347773123258508,"***",4.1323862251652415,3.797844499555965,3.6841254400503516,3.8546587658575597]
["CIMENTOS ASFÁLTICOS CAP-50-70","2008-11-01",1.1642002000093201,0.96805847217940089,1.4462434031071205,0.98865296439519579,0.96163141022272336,1.0166208832585175]
["CIMENTOS ASFÁLTICOS CAP-50-70","2008-12-01",1.159534923681445,0.9549372499360903,1.3348739119070991,1.0002482230918115,0.97362996778999378,1.0072500470996759]
["CIMENTOS ASFÁLTICOS CAP-50-70","2009-01-01",1.0455863869308708,0.96128733338734862,1.1830291692251789,0.97634598353562307,0.97364068075219268,0.98096183277499671]
["CIMENTOS ASFÁLTICOS CAP-50-70","2009-02-01",1.0370040640236622,0.93893550251968416,1.1555875081935618,0.96609601293683978,0.96455005583206455,0.96989216926771549]
["CIMENTOS ASFÁLTICOS CAP-50-70","2009-03-01",0.99575096443573208,0.94507491517794651,1.1962947855252439,0.95562842439706885,0.95789000009302427,0.96070465026889662]
["CIMENTOS ASFÁLTICOS CAP-50-70","2009-04-01",1.0483761956606816,0.93276962906464489,1.2271055402503233,0.94696213599386703,0.95204047834180672,0.95892044635957974]
["CIMENTOS ASFÁLTICOS CAP-50-70","2009-05-01",0.98411348111694719,0.92756987016966597,1.2513790175507091,0.92702080547710586,0.94462838353746115,0.94842652037425534]
["CIMENTOS ASFÁLTICOS CAP-50-70","2009-06-01",1.0464192542469533,0.91672658177820365,1.2310166634151205,0.91941342198420961,0.9309694040747355,0.93838120244848355]
["CIMENTOS ASFÁLTICOS CAP-50-70","2009-07-01",1.033264336326984,0.94908535630500002,1.2920838702085002,0.95873289307549625,0.99274622930982648,0.9819922708400608]
["CIMENTOS ASFÁLTICOS CAP-50-70","2009-08-01",1.0349538054103584,0.90675589720571104,1.1702388790294094,0.90784734242270304,0.91378744694585556,0.92533164047068861]
["CIMENTOS ASFÁLTICOS CAP-50-70","2009-09-01",1.0098097872527239,0.90300336799640746,1.174989043872694,0.90904139809446127,0.91526407427170442,0.92866703086483027]
["CIMENTOS ASFÁLTICOS CAP-50-70","2009-10-01",1.0211700468397511,0.92535273820083397,1.171002094013478,0.91403669659253028,0.92002388294013071,0.93589788725090006]
["CIMENTOS ASFÁLTICOS CAP-50-70","2009-11-01",1.044340118251357,0.91887338911969096,1.1715272744723926,0.92125550154293223,0.92071684623057215,0.94010158339962746]
["CIMENTOS ASFÁLTICOS CAP-50-70","2009-12-01",1.1218585293654242,0.91025923868113778,1.255824418499518,0.91336230496708692,0.91920196812230504,0.94658654460419245]
["CIMENTOS ASFÁLTICOS CAP-50-70","2010-01-01",1.133456656565206,0.90993276466361372,1.2404791318277666,0.90311848552795548,0.90926088264860372,0.93654207445196569]
["CIMENTOS ASFÁLTICOS CAP-50-70","2010-02-01",1.1013527642432519,0.90183694319641272,1.2042183536810329,0.88538084006085105,0.88195461178770562,0.91458263661504224]
["CIMENTOS ASFÁLTICOS CAP-50-70","2010-03-01",1.0086812168510952,0.90727898357370174,1.2471964241866265,0.89680880191717915,0.90539560946189657,0.92531076182851313]
["CIMENTOS ASFÁLTICOS CAP-50-70","2010-04-01",1.0468387417746579,0.90044773373281228,1.2270861378565312,0.89108356590527005,0.91192259420483879,0.92766388457798399]
["CIMENTOS ASFÁLTICOS CAP-50-70","2010-05-01",1.0660884296178164,0.90050984063744699,1.2580521862722975,0.88279613189736239,0.90804233225828879,0.92635779360326509]
["CIMENTOS ASFÁLTICOS CAP-50-70","2010-06-01",0.97359196965887629,0.8746055776850481,1.1188488736558733,0.86778115746824702,0.88487272859646693,0.89934749219147248]
["CIMENTOS ASFÁLTICOS CAP-50-70","2010-07-01",0.94048317721408992,0.88191334566549162,1.1161824506929665,0.8784123211625896,0.89486795950418752,0.91002922118350815]
["CIMENTOS ASFÁLTICOS CAP-50-70","2010-08-01",0.95537497314560615,0.87997920182273592,1.1144578378742624,0.87175335236552298,0.87191387444373059,0.89992394466737236]
["CIMENTOS ASFÁLTICOS CAP-50-70","2010-09-01",0.94856930782505522,0.88391502047921022,1.1472069790815675,0.88593007783279432,0.88619053495742783,0.91753025022135515]
["CIMENTOS ASFÁLTICOS CAP-50-70","2010-10-01",0.93155043440074436,0.87849137035388636,1.1449120776795689,0.92604237839513026,0.90666321243673897,0.93291972063342332]
["CIMENTOS ASFÁLTICOS CAP-50-70","2010-11-01",0.94659994636148115,0.8833077854620689,1.1649982175911049,0.94141447522328225,0.93709138126829072,0.93981869282739416]
["CIMENTOS ASFÁLTICOS CAP-50-70","2010-12-01",0.98308806326034937,0.87958773488733932,1.1483552105327666,0.9336381319482675,0.97301298947521808,0.9445180745884586]
["CIMENTOS ASFÁLTICOS CAP-50-70","2011-01-01",1.1491610385266406,0.89178964396001914,1.1835374322531569,0.92997072695845073,0.9742954647688713,0.95451828900897351]
["CIMENTOS ASFÁLTICOS CAP-50-70","2011-02-01",0.995723488472813,0.88568844700388272,1.1321288810020231,0.92934801097271968,0.90677255873700646,0.92939413837166729]
["CIMENTOS ASFÁLTICOS CAP-50-70","2011-03-01",0.95401434113952277,0.86206374768885141,1.1598445358156133,0.89649350794789551,0.88026310807736752,0.8979412194350056]
["CIMENTOS ASFÁLTICOS CAP-50-70","2011-04-01",0.92775404713012577,0.87538905225236696,1.106357818324039,0.86568725533676349,0.87869739583734841,0.88708092799146687]
["CIMENTOS ASFÁLTICOS CAP-50-70","2011-05-01",0.95713314917389825,0.85089927371574625,1.0541858677849316,0.85913591638177356,0.87485191810927998,0.8865656957747019]
["CIMENTOS ASFÁLTICOS CAP-50-70","2011-06-01",0.89970191920263842,0.8379916787396211,1.0730760351104163,0.85586121363580769,0.87167283289833286,0.87649929179840891]
["CIMENTOS ASFÁLTICOS CAP-50-70","2011-07-01",0.85928303553753838,0.83471891274128018,1.0618869288921617,0.84584023713535905,0.86933884976771802,0.86620679160785563]
["CIMENTOS ASFÁLTICOS CAP-50-70","2011-08-01",0.93713573997865574,0.83185464339433635,1.0894662754485147,0.83590658821371822,0.86675998200935256,0.86655590905851454]
["CIMENTOS ASFÁLTICOS CAP-50-70","2011-09-01",0.96017618756024015,0.82940369859884999,1.1376729849847493,0.83734407345244777,0.86744204467017583,0.87206915221180425]
["CIMENTOS ASFÁLTICOS CAP-50-70","2011-10-01",0.94897013141592634,0.83194110858229087,1.1191584739569629,0.84496143150439385,0.85428475233702139,0.86896474563318771]
["CIMENTOS ASFÁLTICOS CAP-50-70","2011-11-01",0.94341314446758262,0.83555050486229721,1.118742876272427,0.84763528312047332,0.86295168084467511,0.87340662638805899]
["CIMENTOS ASFÁLTICOS CAP-50-70","2011-12-01",0.96380364224795978,0.83848303782179212,1.0279255510609169,0.86470407984264119,0.87298816149848057,0.87729063696553533]
["CIMENTOS ASFÁLTICOS CAP-50-70","2012-01-01",0.91094616754733937,0.83848475664723077,1.1189066697035934,0.87824842320582863,0.86083055239174644,0.87176135167825974]
["CIMENTOS ASFÁLTICOS CAP-50-70","2012-02-01",0.89821523882099075,0.84048391113424137,1.1048181423313803,0.88878961800866274,0.87180920137599194,0.88305633766574132]
["CIMENTOS ASFÁLTICOS CAP-50-70","2012-03-01",0.92335652518874889,0.84223851298127173,1.0540589651729875,0.88500024524979404,0.88256779067320767,0.88519741849224631]
["CIMENTOS ASFÁLTICOS CAP-50-70","2012-04-01",0.9771495645959426,0.85548584932047189,1.0697358965953339,0.88116357071918949,0.87783413597573867,0.8991021429873991]
["CIMENTOS ASFÁLTICOS CAP-50-70","2012-05-01",1.0557194208547582,0.85996408754259779,1.0775841700232844,0.88831507864456227,0.87634450501714189,0.90491540050468933]
["CIMENTOS ASFÁLTICOS CAP-50-70","2012-06-01",1.0451933456375511,0.86496493906383531,1.1054021243771597,0.89333736767998018,0.87681068509828675,0.91623252084462758]
["CIMENTOS ASFÁLTICOS CAP-50-70","2012-07-01",1.0446609274716192,0.86262940962823376,1.1266983298377571,0.88602308192304791,0.8770858206865334,0.91046070900498444]
["CIMENTOS ASFÁLTICOS CAP-50-70","2012-08-01",1.080180152614985,0.88019503907373897,1.1374371971853692,0.88507258941438749,0.87261659812848869,0.91438699077706176]
["CIMENTOS ASFÁLTICOS CAP-50-70","2012-09-01",1.0593868034064398,0.88000563544075816,1.1393950495350895,0.86835895178032696,0.84321438360875633,0.89826538015749846]
["CIMENTOS ASFÁLTICOS CAP-50-70","2012-10-01",1.0657263784524351,0.88799516997055195,1.2145959956276788,0.89293064089049445,0.87950805411163513,0.930452334963219]
["CIMENTOS ASFÁLTICOS CAP-50-70","2012-11-01",1.0624498261196145,0.8760214501773631,1.1892648275926003,0.91063849900703142,0.89022301921924663,0.92844583979825834]
["CIMENTOS ASFÁLTICOS CAP-50-70","2012-12-01",1.0916302621762892,0.87465199697513918,1.1906737562499246,0.90824889408923559,0.90064562089656419,0.92884086828124157]
["CIMENTOS ASFÁLTICOS CAP-50-70","2013-01-01",1.0841074123580341,0.86617588669427537,1.1945336517496465,0.90572954724440102,0.9081291736969036,0.91737648723597631]
["CIMENTOS ASFÁLTICOS CAP-50-70","2013-02-01",1.0770174197052831,0.86416685523150627,1.1850045881068689,0.91349007287610395,0.92530605761954743,0.92551155576830835]
["CIMENTOS ASFÁLTICOS CAP-50-70","2013-03-01",1.0731001437013603,0.86383181069089299,1.2130314415168733,0.91628735654798643,0.93021430491819113,0.93071406305322724]
["CIMENTOS ASFÁLTICOS CAP-50-70","2013-04-01",1.0515393279621403,0.85969707242337945,1.2238423013681561,0.9092515680868527,0.92544341387138818,0.93423950621913021]
["CIMENTOS ASFÁLTICOS CAP-50-70","2013-05-01",1.102390840584037,0.87292189525414643,1.2287206187841304,0.91281804709238801,0.91851566988031208,0.95456335071210041]
["CIMENTOS ASFÁLTICOS CAP-50-70","2013-06-01",1.0512115150441912,0.86930597222385697,1.2147472011074534,0.90586924194177421,0.89853504271492834,0.95457664418670729]
["CIMENTOS ASFÁLTICOS CAP-50-70","2013-07-01",1.1234148209758463,0.89127496326120625,1.1928173642429478,0.91059811369325649,0.93118763536803206,0.95878075124699835]
["CIMENTOS ASFÁLTICOS CAP-50-70","2013-08-01",1.0788067306325237,0.89697453114441927,1.2272167442476718,0.91663850362942223,0.93233594739375325,0.9636290405531287]
["CIMENTOS ASFÁLTICOS CAP-50-70","2013-09-01",1.0693628930161776,0.89600650713743013,1.2750900934307716,0.92038689018417064,0.92390483170360627,0.96208068602037078]
["CIMENTOS ASFÁLTICOS CAP-50-70","2013-10-01",1.0283480533587641,0.90601703967767577,1.1974584874490555,0.91491851024945925,0.89095103582316448,0.9508317605935096]
["CIMENTOS ASFÁLTICOS CAP-50-70","2013-11-01",1.0379384075468276,0.91346681929754525,1.1918998676528052,0.910756130767712,0.91147419620068382,0.9542423636830436]
["CIMENTOS ASFÁLTICOS CAP-50-70","2013-12-01",1.0341083872463683,0.9285629923585258,1.2073980950078833,0.9136184773382392,0.90311647396212635,0.95884825526246187]
["CIMENTOS ASFÁLTICOS CAP-50-70","2014-01-01",1.0393866356835342,0.9286454107445653,1.1831448559293558,0.91389714665939537,0.91392201683065522,0.94955600071621138]
["CIMENTOS ASFÁLTICOS CAP-50-70","2014-02-01",1.0801068914145788,0.92349288443166855,1.1426567835283092,0.91723226023843518,0.91279990184824045,0.94659659947220909]
["CIMENTOS ASFÁLTICOS CAP-50-70","2014-03-01",1.0578973871917612,0.92210349613482268,1.1662322210686149,0.91833864524720821,0.91527330599291623,0.94969885625038775]
["CIMENTOS ASFÁLTICOS CAP-50-70","2014-04-01",1.0651644416496278,0.92424617902963435,1.1625454734699598,0.91306573731531782,0.89846391445543539,0.94773424108749693]
["CIMENTOS ASFÁLTICOS CAP-50-70","2014-05-01",1.0472353260566145,0.92304195017769242,1.1776412751407148,0.9237951044191971,0.90563295279396983,0.95585585242681614]
["CIMENTOS ASFÁLTICOS CAP-50-70","2014-06-01",1.0324792573750705,0.91856341091231652,1.2131744076245523,0.91367241771063568,0.90947963021300648,0.95768693925540649]
["CIMENTOS ASFÁLTICOS CAP-50-70","2014-07-01",1.0899277289014129,0.91250785653528699,1.1564804181244481,0.90124131326551982,0.90896155973720405,0.94462212214345398]
["CIMENTOS ASFÁLTICOS CAP-50-70","2014-08-01",1.128133367573348,0.91344092282650113,1.1256416101471862,0.91376504306709483,0.90505463804385677,0.94946614618601022]
["CIMENTOS ASFÁLTICOS CAP-50-70","2014-09-01",1.0994150800834761,0.9307395510670966,1.2076510198604598,0.92076751428916448,0.91561647080025266,0.96686540421225575]
["CIMENTOS ASFÁLTICOS CAP-50-70","2014-10-01",1.1389772876476258,0.91437666072012602,1.163213596483119,0.88626316682525186,0.89496995724703543,0.9429555720527244]
["CIMENTOS ASFÁLTICOS CAP-50-70","2014-11-01",1.0900549772151604,0.93601067313963304,1.1636504031717101,0.89857521842888488,0.91887743458887683,0.95477288647907965]
["CIMENTOS ASFÁLTICOS CAP-50-70","2014-12-01",1.2363141948191407,1.0293060302466643,1.3092659380895271,1.0036907177753511,0.9970741168618541,1.0413560421836723]
["CIMENTOS ASFÁLTICOS CAP-50-70","2015-01-01",1.3331020291117024,1.2658009689968814,1.5124032368468077,1.1200175157198535,1.1854791328029242,1.2112024705915188]
["CIMENTOS ASFÁLTICOS CAP-50-70","2015-02-01",1.4299714188617976,1.2573772214074843,1.5356215442324355,1.1254203658011519,1.1913420075738657,1.2116660603000915]
["CIMENTOS ASFÁLTICOS CAP-50-70","2015-03-01",1.3752684616025708,1.2246791315414842,1.4782303832841821,1.1581453791592358,1.192447014646937,1.2127168387529828]
["CIMENTOS ASFÁLTICOS CAP-50-70","2015-04-01",1.3134691474395337,1.2112090449808595,1.4892597596407817,1.1450940895543591,1.1767638965238483,1.1936587663224227]
["CIMENTOS ASFÁLTICOS CAP-50-70","2015-05-01",1.4688994865143121,1.219804947414036,1.4341223456504737,1.129963675793664,1.1716028249456858,1.2047272516353897]
["CIMENTOS ASFÁLTICOS CAP-50-70","2015-06-01",1.4980994053310124,1.2296318755939852,1.4428316596448605,1.1293785136337058,1.1746569923413057,1.2163629901637165]
["CIMENTOS ASFÁLTICOS CAP-50-70","2015-07-01",1.3276929424462149,1.2465547516674453,1.2046478282774973,1.1244700190615091,1.1672978230290452,1.1888552615853833]
["CIMENTOS ASFÁLTICOS CAP-50-70","2015-08-01",1.3853768174888657,1.2567499170991558,1.395164049013137,1.1169304231925394,1.1722417088818033,1.2189111181394481]
["CIMENTOS ASFÁLTICOS CAP-50-70","2015-09-01",1.4020240123201475,1.308169064576201,1.4937986728404213,1.1819154363670441,1.2201369730847724,1.2760322488003497]
["CIMENTOS ASFÁLTICOS CAP-50-70","2015-10-01",1.4966521672796267,1.3527144370713409,1.5775101426643408,1.2526741499373095,1.2783526152196965,1.3435583024461257]
["CIMENTOS ASFÁLTICOS CAP-50-70","2015-11-01",1.621494567445755,1.5172548331731528,1.7064256743023647,1.4186299218227765,1.4176480773209634,1.4889154300957572]
["CIMENTOS ASFÁLTICOS CAP-50-70","2015-12-01",1.7400574401317017,1.5194635601477331,1.7009060250103198,1.4181914430682963,1.4290280580594383,1.4964192179327931]
["CIMENTOS ASFÁLTICOS CAP-50-70","2016-01-01",1.781275061526602,1.5500283898349039,1.7627892573580628,1.451294199360998,1.4440659404971825,1.5048100264497251]
["CIMENTOS ASFÁLTICOS CAP-50-70","2016-02-01",1.7970452144298847,1.5343035680296913,1.7021055812296226,1.4394538032794713,1.4324901348803265,1.485649903715359]
["CIMENTOS ASFÁLTICOS CAP-50-70","2016-03-01",1.7421180957673104,1.5336459433032994,1.7258470482057702,1.4247330067308193,1.4480525027474631,1.4920293374883566]
["CIMENTOS ASFÁLTICOS CAP-50-70","2016-04-01",1.920659856268065,1.7246241294634763,1.9027849488273274,1.5967631494357639,1.6349489310160947,1.6683185406295418]
["CIMENTOS ASFÁLTICOS CAP-50-70","2016-05-01",1.9858603498410325,1.7261038862805982,1.9265272378722555,1.608465706897277,1.698862560816299,1.6998681044924306]
["CIMENTOS ASFÁLTICOS CAP-50-70","2016-06-01",1.9411020151480789,1.6946170470843793,1.9285820034568095,1.6348656831055393,1.6363676806634833,1.6934584315267283]
["CIMENTOS ASFÁLTICOS CAP-50-70","2016-07-01",1.7971693183635318,1.6791090604505949,1.9187882828757432,1.6443296527187463,1.6160883808289253,1.6779353538113631]
["CIMENTOS ASFÁLTICOS CAP-50-70","2016-08-01",1.8359559153657605,1.6864098093565567,1.9506635990932375,1.6481577723639083,1.6208831347220198,1.68951171275427]
["CIMENTOS ASFÁLTICOS CAP-50-70","2016-09-01",1.7656413933444108,1.5862595292065418,1.8182367959832988,1.5574530759905254,1.4789819501307466,1.5823193923591254]
["CIMENTOS ASFÁLTICOS CAP-50-70","2016-10-01",1.660961973817757,1.5902167313430198,1.7713341100148541,1.5577876656053495,1.4803879013423131,1.574252030712652]
["CIMENTOS ASFÁLTICOS CAP-50-70","2016-11-01",1.6202468992476728,1.5591364433461949,1.8255722389474909,1.5165156755886808,1.4729708332180156,1.5504842781527433]
["CIMENTOS ASFÁLTICOS CAP-50-70","2016-12-01",1.5382700375364895,1.4593338806479481,1.7867553820901454,1.5048656713788664,1.4680470321615726,1.5063560514488981]
["CIMENTOS ASFÁLTICOS CAP-50-70","2017-01-01",1.5364485295129546,1.4492924379727976,1.6096565609041529,1.4488348013450816,1.4536519204366727,1.4670384975294744]
["CIMENTOS ASFÁLTICOS CAP-50-70","2017-02-01",1.5642711347888594,1.447633482971016,1.6400757052002646,1.4569537863547508,1.4462316032555087,1.4686798016575233]
["CIMENTOS ASFÁLTICOS CAP-50-70","2017-03-01",1.5175738417375375,1.4358610536127476,1.6862413216489274,1.4562851525619092,1.455689739087781,1.4736420785100675]
["CIMENTOS ASFÁLTICOS CAP-50-70","2017-04-01",1.6592675620247761,1.3882567672161563,1.6656832257435064,1.3894329650908086,1.4091591868736766,1.4352671787446896]
["CIMENTOS ASFÁLTICOS CAP-50-70","2017-05-01",1.5052220160036573,1.4006083965896339,1.7101340874778825,1.3738648530720272,1.3921241120651013,1.4294543422631905]
["CIMENTOS ASFÁLTICOS CAP-50-70","2017-06-01",1.6394679265884482,1.424608649825942,1.6994010136294582,1.4290815132586419,1.3858353421618099,1.465920329920102]
["CIMENTOS ASFÁLTICOS CAP-50-70","2017-07-01",1.648025960872711,1.4028308330323052,1.751420700800226,1.4180337837940267,1.3563173438095999,1.453112686878401]
["CIMENTOS ASFÁLTICOS CAP-50-70","2017-08-01",1.4898806751607394,1.382825484354695,1.6305673038088857,1.4068473174327485,1.3776108367044124,1.4256328859507283]
["CIMENTOS ASFÁLTICOS CAP-50-70","2017-09-01",1.5488728765619215,1.4236384009391516,1.6992320027914536,1.4166103533727432,1.3767658054397163,1.4484593207404826]
["CIMENTOS ASFÁLTICOS CAP-50-70","2017-10-01",1.5714517430919963,1.4051179101869549,1.7434399123070126,1.4078106119474072,1.3980332892631129,1.4473426233472955]
["CIMENTOS ASFÁLTICOS CAP-50-70","2017-11-01",1.7039528842810301,1.5616891140658082,1.886686535981551,1.5108319641036283,1.5102091587256252,1.5875477199865655]
["CIMENTOS ASFÁLTICOS CAP-50-70","2017-12-01",1.6711296857002704,1.5697607156655975,1.896917348570804,1.546302307625651,1.5111535221937369,1.5843810067723421]
["CIMENTOS ASFÁLTICOS CAP-50-70","2018-01-01",1.7883866454375601,1.6422327847865301,1.85167665381581,1.5906701254672559,1.6130212682361014,1.6446943024308394]
["CIMENTOS ASFÁLTICOS CAP-50-70","2018-02-01",1.7974008038337594,1.6104601565302368,1.7913702231316986,1.599378895365734,1.6034718779593289,1.6212468608112225]
["CIMENTOS ASFÁLTICOS CAP-50-70","2018-03-01",1.8013597381611257,1.6064588891198981,1.8956986354909182,1.6117391185281764,1.6036252180727815,1.6388613189072474]
["CIMENTOS ASFÁLTICOS CAP-50-70","2018-04-01",1.791173348651655,1.6050932239418736,1.8574958780710245,1.6006849031766877,1.6396290487266216,1.6562120285653481]
["CIMENTOS ASFÁLTICOS CAP-50-70","2018-05-01",1.9135020362466497,1.7247004899502745,1.9454369536104017,1.7140554374767161,1.7142093728301666,1.7573254296279242]
["CIMENTOS ASFÁLTICOS CAP-50-70","2018-06-01",2.0655638588085274,1.822399722222076,2.0913163220082742,1.7994782549810844,1.7985402943637774,1.8596629705750489]
["CIMENTOS ASFÁLTICOS CAP-50-70","2018-07-01",2.0686276348694088,1.9451431619915991,2.1407827715002603,1.9403021857647682,1.944647406713385,1.975604883783193]
["CIMENTOS ASFÁLTICOS CAP-50-70","2018-08-01",2.2253463610556303,2.0957584128753965,2.4804068238619807,2.1024259235603977,2.0969791721755815,2.1397208930608778]
["CIMENTOS ASFÁLTICOS CAP-50-70","2018-09-01",2.3303221946613202,2.1233967215855536,2.4927376451938623,2.1340320879969994,2.1060368760513684,2.1733093659855629]
["CIMENTOS ASFÁLTICOS CAP-50-70","2018-10-01",2.2576205724913847,2.1476249120754725,2.2932107571908262,2.1766082678708067,2.1400388376879143,2.1776597065576584]
["CIMENTOS ASFÁLTICOS CAP-50-70","2018-11-01",2.4878078368167045,2.4027451503264685,2.8650562667739119,2.4286819178490608,2.4227802039430171,2.4454619775704876]
["CIMENTOS ASFÁLTICOS CAP-50-70","2018-12-01",2.4908078969943914,2.4209253621256082,2.7093246481957465,2.4282832693452816,2.4640008905163944,2.4580454611849039]
["CIMENTOS ASFÁLTICOS CAP-50-70","2019-01-01",2.485966355827014,2.3598363150238071,2.7708489226376587,2.4853304118858892,2.4520058774851274,2.4559230169622834]
["CIMENTOS ASFÁLTICOS CAP-50-70","2019-02-01",2.6443467696039056,2.5491674833705171,3.0507872983960009,2.7598832649405134,2.7581833791400885,2.7059191814735892]
["CIMENTOS ASFÁLTICOS CAP-50-70","2019-03-01",2.7049794983307636,2.5265844677412992,3.0739571007383386,2.7594368297237932,2.6930711918943446,2.6929741261771207]
["CIMENTOS ASFÁLTICOS CAP-50-70","2019-04-01",2.7607753188878066,2.5642432804089874,3.0739448974745427,2.7595556575960321,2.6966543361975792,2.7111868558212757]
["CIMENTOS ASFÁLTICOS CAP-50-70","2019-05-01",2.7623656498626374,2.5260565904727401,3.0755967027868971,2.7727958493633436,2.6937435420278475,2.7125232137293809]
["CIMENTOS ASFÁLTICOS CAP-50-70","2019-06-01",2.6275232241757065,2.5340987447340915,3.2093060812018823,2.6887152667018173,2.7048097090947207,2.6959936146940651]
["CIMENTOS ASFÁLTICOS CAP-50-70","2019-07-01",2.848599133046692,2.5076702007267917,3.129865949251927,2.758493059939592,2.6989900532261681,2.7132922282790952]
["CIMENTOS ASFÁLTICOS CAP-50-70","2019-08-01",2.6754559394369477,2.3351192760317976,2.9180333699623184,2.5834195289972977,2.5319168723857017,2.5390494014612557]
["CIMENTOS ASFÁLTICOS CAP-50-70","2019-09-01",2.5980567927868394,2.2991941677186176,3.0343326494694214,2.4806511018948472,2.5148259790889318,2.4959986121158075]
["CIMENTOS ASFÁLTICOS CAP-50-70","2019-10-01",2.5335368551069113,2.2703566819708074,2.8375604887431427,2.5098901477389446,2.5096354428455894,2.4733469425880368]
["CIMENTOS ASFÁLTICOS CAP-50-70","2019-11-01",2.6086438306634299,2.324278403690113,2.8673646878988301,2.5682421222511507,2.5563409353306699,2.5296322226405907]
["CIMENTOS ASFÁLTICOS CAP-50-70","2019-12-01",2.5261701917141268,2.3189910031031018,2.9506259448440653,2.6251278319394507,2.557357610616827,2.5301149347303005]
["CIMENTOS ASFÁLTICOS CAP-50-70","2020-01-01",2.6003580196633989,2.2975001512840669,3.0972670727609648,2.573995147807155,2.5484205240781628,2.5181505942533366]
["CIMENTOS ASFÁLTICOS CAP-50-70","2020-02-01",2.4219013818659691,2.1732091774843414,2.8828558258810091,2.3583219521897951,2.3604346639059313,2.3510962225295877]
["CIMENTOS ASFÁLTICOS CAP-50-70","2020-03-01",2.3282465692528196,2.1710881446428303,2.7560542278028,2.3215180311496075,2.3377587714193395,2.3218729750919924]
["CIMENTOS ASFÁLTICOS CAP-50-70","2020-04-01",2.3701199159246475,2.1900262052368706,2.6536854290770329,2.3451607686618678,2.302109989119054,2.3360078713595445]
["CIMENTOS ASFÁLTICOS CAP-50-70","2020-05-01",2.3686394261846795,2.1247552910756897,2.6064373281097986,2.2712297279282154,2.3152415632342191,2.3241992330683745]
["CIMENTOS ASFÁLTICOS CAP-50-70","2020-06-01",2.3042294317613932,2.1289858879119308,2.6211369740885591,2.2628582326877762,2.3085365757440117,2.2965341637850014]
["CIMENTOS ASFÁLTICOS CAP-50-70","2020-07-01",2.304044479362465,2.1338876596137539,2.6233830104391394,2.2346516674318262,2.2832193393500479,2.2747560037648777]
["CIMENTOS ASFÁLTICOS CAP-50-70","2020-08-01",2.4300027956989956,2.2669065783513469,2.7580819984891742,2.3709688699899845,2.4725525475311332,2.4126588088434686]
["CIMENTOS ASFÁLTICOS CAP-50-70","2020-09-01",2.4612302159098656,2.2840450880454655,2.7325767132507766,2.366205823942813,2.4412228987969318,2.4100378532673488]
["CIMENTOS ASFÁLTICOS CAP-50-70","2020-10-01",2.3780262155275858,2.3047325361740207,2.7378722852873492,2.3705598966014705,2.4484419282027829,2.4070227300439866]
["CIMENTOS ASFÁLTICOS CAP-50-70","2020-11-01",2.6109989548752015,2.4839440429499695,2.8383145460657015,2.5426616041723848,2.579844920940447,2.5728040803737011]
["CIMENTOS ASFÁLTICOS CAP-50-70","2020-12-01",2.4666655655762595,2.4640824326818569,2.8257379112810597,2.5868501223410867,2.6026143379342606,2.5712701546518679]
["CIMENTOS ASFÁLTICOS CAP-50-70","2021-01-01",2.3968975954785319,2.4622774998545367,2.907782240151195,2.6226718919314806,2.6213242937239376,2.5653805763117812]
["CIMENTOS ASFÁLTICOS CAP-50-70","2021-02-01",2.6222310409775678,2.673731127444992,3.0375320745977721,2.7814833596524906,2.782348255175616,2.7530042051350425]
["CIMENTOS ASFÁLTICOS CAP-50-70","2021-03-01",2.578814332831965,2.6270392548645867,3.0122661675057723,2.8348633925941438,2.8345419214023351,2.7743902670354887]
["CIMENTOS ASFÁLTICOS CAP-50-70","2021-04-01",2.6898427957607542,2.5990534043432278,3.0214540139862174,2.8122196895302602,2.8049925161599925,2.765914450867323]
["CIMENTOS ASFÁLTICOS CAP-50-70","2021-05-01",3.2587955331488296,3.199529933653531,3.6699109421536678,3.4186159196152395,3.416494653126791,3.3918465166180063]
["CIMENTOS ASFÁLTICOS CAP-50-70","2021-06-01",3.2391603984456503,3.1810943361580368,3.5368984914325114,3.4429599791044843,3.457318319649517,3.38047855982078]
["CIMENTOS ASFÁLTICOS CAP-50-70","2021-07-01",3.1373216685914094,3.15494384258978,3.5919838718924666,3.4484811553772126,3.4146979908217734,3.358942484993253]
["CIMENTOS ASFÁLTICOS CAP-50-70","2021-08-01",3.4628720904303045,3.2939924015883588,3.7814093566309896,3.703180764046488,3.6708938226830172,3.5867388859926872]
["CIMENTOS ASFÁLTICOS CAP-50-70","2021-09-01",3.5278877620433775,3.3263178909604361,3.788326593301047,3.6540910386363854,3.6888809122431803,3.604431583379764]
["CIMENTOS ASFÁLTICOS CAP-50-70","2021-10-01",3.5217613124562903,3.4210299498024654,3.6538369894595868,3.6802665752233978,3.6959141358793346,3.6127059700737445]
["CIMENTOS ASFÁLTICOS CAP-50-70","2021-11-01",3.8287371576631593,3.6976868410797987,4.057204092724124,4.032898063837103,4.00672376594121,3.9406413490900656]
["CIMENTOS ASFÁLTICOS CAP-50-70","2021-12-01",3.8916127711600792,3.7529240450135166,4.0449019099654313,4.0493181173020929,4.0142899130550713,3.9617180719974185]
["CIMENTOS ASFÁLTICOS CAP-50-70","2022-01-01",3.9788758393026189,3.8120644431570443,4.1533097845105278,4.0374365380778192,4.052110957059452,4.000659308351219]
["CIMENTOS ASFÁLTICOS CAP-50-70","2022-02-01",4.3087029640625119,4.0336251775326355,4.4522351382715364,4.27842408373004,4.286057279107963,4.2600070220247828]
["CIMENTOS ASFÁLTICOS CAP-50-70","2022-03-01",4.2574454333633094,4.094680611122385,4.4828529296613677,4.268890624198554,4.3259483699624921,4.2756834382585831]
["CIMENTOS ASFÁLTICOS CAP-50-70","2022-04-01",4.3688451161730795,4.2579998321215138,4.7632061029379953,4.4566133667422294,4.4459162741885585,4.4411848628963968]
["CIMENTOS ASFÁLTICOS CAP-50-70","2022-05-01",4.3528697365113782,4.2018566620318669,4.5833081981961854,4.3093842175109431,4.2489433809575514,4.30229361751132]
["CIMENTOS ASFÁLTICOS CAP-50-70","2022-06-01",4.3936847298741535,4.1962162000686973,4.6136357072876475,4.2900116584792052,4.1810562735013237,4.2899376668844038]
["CIMENTOS ASFÁLTICOS CAP-50-70","2022-07-01",4.5439142662038119,4.3247236022459781,4.7301334425517396,4.3487259522293122,4.2994675353113001,4.4010622330181279]
["CIMENTOS ASFÁLTICOS CAP-50-70","2022-08-01",4.6539061080139872,4.3504308034729178,4.6025056296727955,4.2101763533954246,4.1272996707472203,4.3190455581833893]
["CIMENTOS ASFÁLTICOS CAP-50-70","2022-09-01",4.8752751164537562,4.3409570929431069,4.4076018279111144,4.0676614809330065,3.861452894850498,4.2595706298206366]
["CIMENTOS ASFÁLTICOS CAP-50-70","2022-10-01",4.373319021557859,4.1071079583591548,4.0681957721761703,3.6310591059225499,3.5514967460088966,3.8800480150598844]
["CIMENTOS ASFÁLTICOS CAP-50-70","2022-11-01",4.2011656632619045,3.9620110588681543,4.0475521718081371,3.5860134918380138,3.4743300981902703,3.7871959426154698]
["CIMENTOS ASFÁLTICOS CAP-50-70","2022-12-01",4.3597539890170287,3.745890798610636,4.1320980266797376,3.4982670939458504,3.4515332814684285,3.7300679562108585]
["CIMENTOS ASFÁLTICOS CAP-50-70","2023-01-01",4.1198326035379926,3.5000449078699813,3.9146557017009842,3.2578948696970946,3.2963992178977946,3.4631739193854822]
["CIMENTOS ASFÁLTICOS CAP-50-70","2023-02-01",3.9385531731596499,3.4506332949429344,3.8368071056396134,3.1594029119675229,3.1788002865843632,3.3679711779516004]
["CIMENTOS ASFÁLTICOS CAP-50-70","2023-03-01",3.9600041484806292,3.3172854229256514,3.6926607702291365,3.1175453668862345,2.9654540592183865,3.2359252904357061]
["CIMENTOS ASFÁLTICOS CAP-50-70","2023-04-01",3.7306183204786798,3.2681898930827202,3.5862947498960098,3.1234147790345999,2.9429598659879121,3.1899899165524981]
["CIMENTOS ASFÁLTICOS CAP-50-70","2023-05-01",3.8497237818993599,3.2905144507941957,3.5567609181451343,3.1463887247929043,2.9175662363623585,3.2268291929431503]
["CIMENTOS ASFÁLTICOS CAP-50-70","2023-06-01",3.7712002958516959,3.3323163391206188,3.4273711414204819,3.1240774848656621,2.8993344519763053,3.2186092678799736]
["CIMENTOS ASFÁLTICOS CAP-50-70","2023-07-01",3.7422466988484206,3.3812676564397299,3.5796955347907908,3.1200534403384292,2.9718370166021493,3.2652957046207209]
["CIMENTOS ASFÁLTICOS CAP-50-70","2023-08-01",3.7235845471948972,3.3628518875696574,3.6860720075136317,3.1350839350716573,2.96147439080484,3.2611773436936375]
["CIMENTOS ASFÁLTICOS CAP-50-70","2023-09-01",4.0926243994159428,3.6310433946855167,3.8282034590378986,3.365031717453872,3.181764160209525,3.4998159627953691]
["CIMENTOS ASFÁLTICOS CAP-50-70","2023-10-01",4.0853009570929819,3.6154635123389598,3.7928201532420593,3.3467434077941576,3.1515419092246062,3.4564221832789084]
["CIMENTOS ASFÁLTICOS CAP-50-70","2023-11-01",3.8505252713389297,3.7281310039052444,3.969437078577847,3.4710389077979613,3.1884640096323027,3.538593144333225]
["CIMENTOS ASFÁLTICOS CAP-50-70","2023-12-01",3.9850683709256267,3.6985887867200984,3.8269836357998548,3.3408014906564358,3.2357081337827727,3.4785694902556874]
["CIMENTOS ASFÁLTICOS CAP-50-70","2024-01-01",3.9313769837333346,3.5674685518030458,3.609656766552217,3.2015259811633885,3.1538040559050482,3.3674771499353588]
["CIMENTOS ASFÁLTICOS CAP-50-70","2024-02-01",4.0056345534391822,3.4535764117580761,3.5503640911302359,3.1567107709108009,3.1425150710376535,3.32791304508592]
["CIMENTOS ASFÁLTICOS CAP-50-70","2024-03-01",3.8719084389860861,3.506239922582703,3.4592436690016992,3.1396080816703278,3.227378425529984,3.3411671703001553]
["CIMENTOS ASFÁLTICOS CAP-50-70","2024-04-01",3.8506281406173382,3.3894221237940809,3.3631983456431374,3.0860612081393168,3.2544558984706935,3.2726532960734636]
["CIMENTOS ASFÁLTICOS CAP-50-70","2024-05-01",3.7704835216479937,3.3562695898312351,3.520447498728418,3.2078969044202368,3.317947510856416,3.3579298120816037]
["CIMENTOS ASFÁLTICOS CAP-50-70","2024-06-01",3.7356061213299787,3.5108673314583925,3.4730854930730324,3.217674887600154,3.2956082972632541,3.3562675638353503]
["CIMENTOS ASFÁLTICOS CAP-50-70","2024-07-01",3.8698393882693298,3.8238049868721431,3.5967973698767346,3.3437458887367963,3.4173222318022667,3.532938819228459]
["CIMENTOS ASFÁLTICOS CAP-50-70","2024-08-01",4.0421021970969599,3.9912300451162088,3.8712720571150538,3.5701032263105139,3.5911454659067741,3.749627931441804]
["CIMENTOS ASFÁLTICOS CAP-50-70","2024-09-01",4.0693470910808323,4.0304683499563119,3.8977386335395425,3.5964095630998028,3.692634135040906,3.8217942028302723]
["CIMENTOS ASFÁLTICOS CAP-50-70","2024-10-01",4.0141948529290161,4.0285414602228817,3.8909215237272119,3.6367315945847083,3.6979933154707352,3.8207791978254271]
["CIMENTOS ASFÁLTICOS CAP-50-70","2024-11-01",4.1104306193555535,4.0350944888641118,3.9478164900907187,3.6013637500625872,3.6889351548705855,3.824213262790308]
["CIMENTOS ASFÁLTICOS CAP-50-70","2024-12-01",4.1280947504175858,3.9441570392077105,4.0740798804045717,3.64899976895637,3.7886056179558163,3.8492019346407607]
["CIMENTOS ASFÁLTICOS CAP-50-70","2025-01-01",4.193724595108316,3.8951106683011378,3.9620373493009953,3.6353333261667697,3.758744062923336,3.7956910435344335]
["CIMENTOS ASFÁLTICOS CAP-50-70","2025-02-01",3.9717887548607251,4.0633326009691331,3.9458471892672207,3.814083778291931,3.9040696863749358,3.9039691826411742]
["CIMENTOS ASFÁLTICOS CAP-50-70","2025-03-01",4.1582456696890748,3.8843823157295376,3.9911735142425613,3.7622673766697372,3.8803365079903664,3.8879647762559939]
["CIMENTOS ASFÁLTICOS CAP-50-70","2025-04-01",4.1538981759156606,3.8900358650208293,3.9411497331610055,3.78513166814589,3.8758909759336788,3.8956160971240683]
["CIMENTOS ASFÁLTICOS CAP-50-70","2025-05-01",4.1237937912918925,3.8271142578800652,3.9553635642440121,3.7958453074862288,3.8528074433707911,3.8810612740789288]
["CIMENTOS ASFÁLTICOS CAP-85-100","2008-11-01","***","***","***","***","***","***"]
["CIMENTOS ASFÁLTICOS CAP-85-100","2008-12-01","***","***","***","***","***","***"]
["CIMENTOS ASFÁLTICOS CAP-85-100","2009-01-01","***","***","***","***","***","***"]
["CIMENTOS ASFÁLTICOS CAP-85-100","2009-02-01","***","***","***","***","***","***"]
["CIMENTOS ASFÁLTICOS CAP-85-100","2009-03-01","***","***","***","***","***","***"]
["CIMENTOS ASFÁLTICOS CAP-85-100","2009-04-01","***","***","***","***","***","***"]
["CIMENTOS ASFÁLTICOS CAP-85-100","2009-05-01","***","***","***","***","***","***"]
["CIMENTOS ASFÁLTICOS CAP-85-100","2009-06-01","***","***","***","***","***","***"]
["CIMENTOS ASFÁLTICOS CAP-85-100","2009-07-01","***","***","***","***","***","***"]
["CIMENTOS ASFÁLTICOS CAP-85-100","2009-08-01","***","***","***","***","***","***"]
["CIMENTOS ASFÁLTICOS CAP-85-100","2009-09-01","***","***","***","***","***","***"]
["CIMENTOS ASFÁLTICOS CAP-85-100","2009-10-01","***","***","***","***","***","***"]
["CIMENTOS ASFÁLTICOS CAP-85-100","2009-11-01","***","***","***","***",1.13323,1.13323]
["CIMENTOS ASFÁLTICOS CAP-85-100","2009-12-01","***","***","***","***","***","***"]
["CIMENTOS ASFÁLTICOS CAP-85-100","2010-01-01","***","***","***","***","***","***"]
["CIMENTOS ASFÁLTICOS CAP-85-100","2010-02-01","***","***","***","***","***","***"]
["CIMENTOS ASFÁLTICOS CAP-85-100","2010-03-01","***","***","***","***","***","***"]
["CIMENTOS ASFÁLTICOS CAP-85-100","2010-04-01","***","***","***","***","***","***"]
["CIMENTOS ASFÁLTICOS CAP-85-100","2010-05-01","***","***","***","***","***","***"]
["CIMENTOS ASFÁLTICOS CAP-85-100","2010-06-01","***","***","***","***","***","***"]
["CIMENTOS ASFÁLTICOS CAP-85-100","2010-07-01","***","***","***","***","***","***"]
["CIMENTOS ASFÁLTICOS CAP-85-100","2010-08-01","***","***","***","***","***","***"]
["CIMENTOS ASFÁLTICOS CAP-85-100","2010-09-01","***","***","***","***","***","***"]
["CIMENTOS ASFÁLTICOS CAP-85-100","2010-10-01","***","***","***",1.19662,"***",1.19662]
["CIMENTOS ASFÁLTICOS CAP-85-100","2010-11-01","***","***","***",1.19662,"***",1.19662]
["CIMENTOS ASFÁLTICOS CAP-85-100","2010-12-01","***","***","***","***","***","***"]
["CIMENTOS ASFÁLTICOS CAP-85-100","2011-01-01","***","***","***","***","***","***"]
["CIMENTOS ASFÁLTICOS CAP-85-100","2011-02-01","***","***","***","***","***","***"]
["CIMENTOS ASFÁLTICOS CAP-85-100","2011-03-01","***","***","***","***","***","***"]
["CIMENTOS ASFÁLTICOS CAP-85-100","2011-04-01","***","***",1.2050000000000001,0.57030000000000003,"***",0.71767059689659085]
["CIMENTOS ASFÁLTICOS CAP-85-100","2011-05-01","***","***","***",0.56930000000000003,"***",0.56930000000000003]
["CIMENTOS ASFÁLTICOS CAP-85-100","2011-06-01","***","***","***","***",0.88490999999999997,0.88490999999999997]
["CIMENTOS ASFÁLTICOS CAP-85-100","2011-07-01","***","***",1.3648999999999998,"***","***",1.3648999999999998]
["CIMENTOS ASFÁLTICOS CAP-85-100","2011-08-01","***","***",1.3424453607802522,1.3506,"***",1.343165560112918]
["CIMENTOS ASFÁLTICOS CAP-85-100","2011-09-01","***","***",1.3371533215939639,"***","***",1.3371533215939639]
["CIMENTOS ASFÁLTICOS CAP-85-100","2011-10-01","***","***","***","***","***","***"]
["CIMENTOS ASFÁLTICOS CAP-85-100","2011-11-01","***","***",1.4185399999999999,"***","***",1.4185399999999999]
["CIMENTOS ASFÁLTICOS CAP-85-100","2011-12-01","***","***","***",0.93511945908301686,"***",0.93511945908301686]
["CIMENTOS ASFÁLTICOS CAP-85-100","2012-01-01","***","***",1.4185400000000001,"***","***",1.4185400000000001]
["CIMENTOS ASFÁLTICOS CAP-85-100","2012-02-01","***","***",1.41855,"***","***",1.41855]
["CIMENTOS ASFÁLTICOS CAP-85-100","2012-03-01","***","***","***","***","***","***"]
["CIMENTOS ASFÁLTICOS CAP-85-100","2012-04-01","***","***",1.4185399999999999,"***","***",1.4185399999999999]
["CIMENTOS ASFÁLTICOS CAP-85-100","2012-05-01","***","***",1.4185399999999999,"***","***",1.4185399999999999]
["CIMENTOS ASFÁLTICOS CAP-85-100","2012-06-01","***","***",1.4185400000000004,"***","***",1.4185400000000004]
["CIMENTOS ASFÁLTICOS CAP-85-100","2012-07-01","***","***",1.4185225066530773,"***","***",1.4185225066530773]
["CIMENTOS ASFÁLTICOS CAP-85-100","2012-08-01","***","***",1.4185369271393431,"***","***",1.4185369271393431]
["CIMENTOS ASFÁLTICOS CAP-85-100","2012-09-01","***","***",1.4311500061884379,"***","***",1.4311500061884379]
["CIMENTOS ASFÁLTICOS CAP-85-100","2012-10-01","***","***",1.4027483648897492,"***","***",1.4027483648897492]
["CIMENTOS ASFÁLTICOS CAP-85-100","2012-11-01","***","***",1.4089350775890115,"***","***",1.4089350775890115]
["CIMENTOS ASFÁLTICOS CAP-85-100","2012-12-01","***","***","***","***","***","***"]
["CIMENTOS ASFÁLTICOS CAP-85-100","2013-01-01","***","***","***","***","***","***"]
["CIMENTOS ASFÁLTICOS CAP-85-100","2013-02-01","***","***","***","***","***","***"]
["CIMENTOS ASFÁLTICOS CAP-85-100","2013-03-01","***","***","***","***","***","***"]
["CIMENTOS ASFÁLTICOS CAP-85-100","2013-04-01","***","***","***","***","***","***"]
["CIMENTOS ASFÁLTICOS CAP-85-100","2013-05-01","***","***","***","***","***","***"]
["CIMENTOS ASFÁLTICOS CAP-85-100","2013-06-01","***","***","***","***","***","***"]
["CIMENTOS ASFÁLTICOS CAP-85-100","2013-07-01","***","***","***","***","***","***"]
["CIMENTOS ASFÁLTICOS CAP-85-100","2013-08-01","***","***","***","***","***","***"]
["CIMENTOS ASFÁLTICOS CAP-85-100","2013-09-01","***","***","***","***","***","***"]
["CIMENTOS ASFÁLTICOS CAP-85-100","2013-10-01","***","***","***","***","***","***"]
["CIMENTOS ASFÁLTICOS CAP-85-100","2013-11-01","***","***","***","***","***","***"]
["CIMENTOS ASFÁLTICOS CAP-85-100","2013-12-01","***","***","***","***","***","***"]
["CIMENTOS ASFÁLTICOS CAP-85-100","2014-01-01","***","***","***","***","***","***"]
["CIMENTOS ASFÁLTICOS CAP-85-100","2014-02-01","***","***","***","***","***","***"]
["CIMENTOS ASFÁLTICOS CAP-85-100","2014-03-01","***","***","***","***","***","***"]
["CIMENTOS ASFÁLTICOS CAP-85-100","2014-04-01","***","***","***","***","***","***"]
["CIMENTOS ASFÁLTICOS CAP-85-100","2014-05-01","***","***","***","***",0.94121999999999995,0.94121999999999995]
["CIMENTOS ASFÁLTICOS CAP-85-100","2014-06-01","***","***","***","***","***","***"]
["CIMENTOS ASFÁLTICOS CAP-85-100","2014-07-01","***","***","***","***","***","***"]
["CIMENTOS ASFÁLTICOS CAP-85-100","2014-08-01","***","***","***","***",1.0109900000000001,1.0109900000000001]
["CIMENTOS ASFÁLTICOS CAP-85-100","2014-09-01","***","***","***","***","***","***"]
["CIMENTOS ASFÁLTICOS CAP-85-100","2014-10-01","***","***","***","***","***","***"]
["CIMENTOS ASFÁLTICOS CAP-85-100","2014-11-01","***","***","***","***","***","***"]
["CIMENTOS ASFÁLTICOS CAP-85-100","2014-12-01","***","***","***","***","***","***"]
["CIMENTOS ASFÁLTICOS CAP-85-100","2015-01-01","***","***","***","***","***","***"]
["CIMENTOS ASFÁLTICOS CAP-85-100","2015-02-01","***","***","***","***","***","***"]
["CIMENTOS ASFÁLTICOS CAP-85-100","2015-03-01","***","***","***","***","***","***"]
["CIMENTOS ASFÁLTICOS CAP-85-100","2015-04-01","***","***","***","***","***","***"]
["CIMENTOS ASFÁLTICOS CAP-85-100","2015-05-01","***","***","***","***","***","***"]
["CIMENTOS ASFÁLTICOS CAP-85-100","2015-06-01","***","***","***","***",1.3446,1.3446]
["CIMENTOS ASFÁLTICOS CAP-85-100","2015-07-01","***","***","***","***","***","***"]
["CIMENTOS ASFÁLTICOS CAP-85-100","2015-08-01","***","***","***","***","***","***"]
["CIMENTOS ASFÁLTICOS CAP-85-100","2015-09-01","***","***","***","***","***","***"]
["CIMENTOS ASFÁLTICOS CAP-85-100","2015-10-01","***","***","***","***","***","***"]
["CIMENTOS ASFÁLTICOS CAP-85-100","2015-11-01","***","***","***","***","***","***"]
["CIMENTOS ASFÁLTICOS CAP-85-100","2015-12-01","***","***","***","***","***","***"]
["CIMENTOS ASFÁLTICOS CAP-85-100","2016-01-01","***","***","***","***","***","***"]
["CIMENTOS ASFÁLTICOS CAP-85-100","2016-02-01","***","***","***","***","***","***"]
["CIMENTOS ASFÁLTICOS CAP-85-100","2016-03-01","***","***","***","***","***","***"]
["CIMENTOS ASFÁLTICOS CAP-85-100","2016-04-01","***","***","***","***","***","***"]
["CIMENTOS ASFÁLTICOS CAP-85-100","2016-05-01","***","***","***","***","***","***"]
["CIMENTOS ASFÁLTICOS CAP-85-100","2016-06-01","***","***","***","***","***","***"]
["CIMENTOS ASFÁLTICOS CAP-85-100","2016-07-01","***","***","***","***","***","***"]
["CIMENTOS ASFÁLTICOS CAP-85-100","2016-08-01","***","***","***","***","***","***"]
["CIMENTOS ASFÁLTICOS CAP-85-100","2016-09-01","***","***","***","***","***","***"]
["CIMENTOS ASFÁLTICOS CAP-85-100","2016-10-01","***","***","***","***","***","***"]
["CIMENTOS ASFÁLTICOS CAP-85-100","2016-11-01","***","***","***","***","***","***"]
["CIMENTOS ASFÁLTICOS CAP-85-100","2016-12-01","***","***","***","***","***","***"]
["CIMENTOS ASFÁLTICOS CAP-85-100","2017-01-01","***","***","***",1.4044165217391302,2.2347600000000001,2.1621444106463876]
["CIMENTOS ASFÁLTICOS CAP-85-100","2017-02-01","***","***","***",1.90513,"***",1.90513]
["CIMENTOS ASFÁLTICOS CAP-85-100","2017-03-01","***","***","***","***","***","***"]
["CIMENTOS ASFÁLTICOS CAP-85-100","2017-04-01","***","***","***",2.12534,"***",2.12534]
["CIMENTOS ASFÁLTICOS CAP-85-100","2017-05-01","***","***","***","***","***","***"]
["CIMENTOS ASFÁLTICOS CAP-85-100","2017-06-01","***","***","***","***","***","***"]
["CIMENTOS ASFÁLTICOS CAP-85-100","2017-07-01","***","***","***","***","***","***"]
["CIMENTOS ASFÁLTICOS CAP-85-100","2017-08-01","***","***","***","***","***","***"]
["CIMENTOS ASFÁLTICOS CAP-85-100","2017-09-01","***","***","***","***","***","***"]
["CIMENTOS ASFÁLTICOS CAP-85-100","2017-10-01","***","***","***","***","***","***"]
["CIMENTOS ASFÁLTICOS CAP-85-100","2017-11-01","***","***","***","***","***","***"]
["CIMENTOS ASFÁLTICOS CAP-85-100","2017-12-01","***","***","***",2.0910000000000002,"***",2.0910000000000002]
["CIMENTOS ASFÁLTICOS CAP-85-100","2018-01-01","***","***","***","***","***","***"]
["CIMENTOS ASFÁLTICOS CAP-85-100","2018-02-01","***","***","***","***","***","***"]
["CIMENTOS ASFÁLTICOS CAP-85-100","2018-03-01","***","***","***",4.444,"***",4.444]
["CIMENTOS ASFÁLTICOS CAP-85-100","2018-04-01","***","***","***","***","***","***"]
["CIMENTOS ASFÁLTICOS CAP-85-100","2018-05-01","***","***","***","***","***","***"]
["CIMENTOS ASFÁLTICOS CAP-85-100","2018-06-01","***","***","***","***","***","***"]
["CIMENTOS ASFÁLTICOS CAP-85-100","2018-07-01","***","***","***","***","***","***"]
["CIMENTOS ASFÁLTICOS CAP-85-100","2018-08-01","***","***","***","***","***","***"]
["CIMENTOS ASFÁLTICOS CAP-85-100","2018-09-01","***","***","***","***","***","***"]
["CIMENTOS ASFÁLTICOS CAP-85-100","2018-10-01","***","***","***","***","***","***"]
["CIMENTOS ASFÁLTICOS CAP-85-100","2018-11-01","***","***","***","***","***","***"]
["CIMENTOS ASFÁLTICOS CAP-85-100","2018-12-01","***","***","***","***","***","***"]
["CIMENTOS ASFÁLTICOS CAP-85-100","2019-01-01","***","***","***","***","***","***"]
["CIMENTOS ASFÁLTICOS CAP-85-100","2019-02-01","***","***","***","***","***","***"]
["CIMENTOS ASFÁLTICOS CAP-85-100","2019-03-01","***","***","***","***","***","***"]
["CIMENTOS ASFÁLTICOS CAP-85-100","2019-04-01","***","***","***","***","***","***"]
["CIMENTOS ASFÁLTICOS CAP-85-100","2019-05-01","***","***","***","***","***","***"]
["CIMENTOS ASFÁLTICOS CAP-85-100","2019-06-01","***","***","***","***","***","***"]
["CIMENTOS ASFÁLTICOS CAP-85-100","2019-07-01","***","***","***","***","***","***"]
["CIMENTOS ASFÁLTICOS CAP-85-100","2019-08-01","***","***","***","***","***","***"]
["CIMENTOS ASFÁLTICOS CAP-85-100","2019-09-01","***","***","***","***","***","***"]
["CIMENTOS ASFÁLTICOS CAP-85-100","2019-10-01","***","***","***","***","***","***"]
["CIMENTOS ASFÁLTICOS CAP-85-100","2019-11-01","***","***","***","***","***","***"]
["CIMENTOS ASFÁLTICOS CAP-85-100","2019-12-01","***","***","***","***","***","***"]
["CIMENTOS ASFÁLTICOS CAP-85-100","2020-01-01","***","***","***","***","***","***"]
["CIMENTOS ASFÁLTICOS CAP-85-100","2020-02-01","***","***","***","***","***","***"]
["CIMENTOS ASFÁLTICOS CAP-85-100","2020-03-01","***","***","***","***","***","***"]
["CIMENTOS ASFÁLTICOS CAP-85-100","2020-04-01","***","***","***","***","***","***"]
["CIMENTOS ASFÁLTICOS CAP-85-100","2020-05-01","***","***","***","***","***","***"]
["CIMENTOS ASFÁLTICOS CAP-85-100","2020-06-01","***","***","***","***","***","***"]
["CIMENTOS ASFÁLTICOS CAP-85-100","2020-07-01","***","***","***","***","***","***"]
["CIMENTOS ASFÁLTICOS CAP-85-100","2020-08-01","***","***","***",1.7318434873949582,"***",1.7318434873949582]
["CIMENTOS ASFÁLTICOS CAP-85-100","2020-09-01","***","***","***",1.9205066437515348,"***",1.9205066437515348]
["CIMENTOS ASFÁLTICOS CAP-85-100","2020-10-01","***","***","***","***","***","***"]
["CIMENTOS ASFÁLTICOS CAP-85-100","2020-11-01","***","***","***","***","***","***"]
["CIMENTOS ASFÁLTICOS CAP-85-100","2020-12-01","***","***","***","***","***","***"]
["CIMENTOS ASFÁLTICOS CAP-85-100","2021-01-01","***","***","***","***","***","***"]
["CIMENTOS ASFÁLTICOS CAP-85-100","2021-02-01","***","***","***","***","***","***"]
["CIMENTOS ASFÁLTICOS CAP-85-100","2021-03-01","***","***","***","***","***","***"]
["CIMENTOS ASFÁLTICOS CAP-85-100","2021-04-01","***","***","***","***","***","***"]
["CIMENTOS ASFÁLTICOS CAP-85-100","2021-05-01","***","***","***","***","***","***"]
["CIMENTOS ASFÁLTICOS CAP-85-100","2021-06-01","***","***","***","***","***","***"]
["CIMENTOS ASFÁLTICOS CAP-85-100","2021-07-01","***","***","***","***","***","***"]
["CIMENTOS ASFÁLTICOS CAP-85-100","2021-08-01","***","***","***","***","***","***"]
["CIMENTOS ASFÁLTICOS CAP-85-100","2021-09-01","***","***","***","***","***","***"]
["CIMENTOS ASFÁLTICOS CAP-85-100","2021-10-01","***","***","***","***","***","***"]
["CIMENTOS ASFÁLTICOS CAP-85-100","2021-11-01","***","***","***","***","***","***"]
["CIMENTOS ASFÁLTICOS CAP-85-100","2021-12-01","***","***","***","***","***","***"]
["CIMENTOS ASFÁLTICOS CAP-85-100","2022-01-01","***","***","***","***","***","***"]
["CIMENTOS ASFÁLTICOS CAP-85-100","2022-02-01","***","***","***","***","***","***"]
["CIMENTOS ASFÁLTICOS CAP-85-100","2022-03-01","***","***","***","***","***","***"]
["CIMENTOS ASFÁLTICOS CAP-85-100","2022-04-01","***","***","***","***","***","***"]
["CIMENTOS ASFÁLTICOS CAP-85-100","2022-05-01","***","***","***","***","***","***"]
["CIMENTOS ASFÁLTICOS CAP-85-100","2022-06-01","***","***","***","***","***","***"]
["CIMENTOS ASFÁLTICOS CAP-85-100","2022-07-01","***","***","***","***","***","***"]
["CIMENTOS ASFÁLTICOS CAP-85-100","2022-08-01","***","***","***","***","***","***"]
["CIMENTOS ASFÁLTICOS CAP-85-100","2022-09-01","***","***","***","***","***","***"]
["CIMENTOS ASFÁLTICOS CAP-85-100","2022-10-01","***","***","***","***","***","***"]
["CIMENTOS ASFÁLTICOS CAP-85-100","2022-11-01","***","***","***","***","***","***"]
["CIMENTOS ASFÁLTICOS CAP-85-100","2022-12-01","***","***","***","***","***","***"]
["CIMENTOS ASFÁLTICOS CAP-85-100","2023-01-01","***","***","***","***","***","***"]
["CIMENTOS ASFÁLTICOS CAP-85-100","2023-02-01","***","***","***","***","***","***"]
["CIMENTOS ASFÁLTICOS CAP-85-100","2023-03-01","***","***","***","***","***","***"]
["CIMENTOS ASFÁLTICOS CAP-85-100","2023-04-01","***","***","***","***","***","***"]
["CIMENTOS ASFÁLTICOS CAP-85-100","2023-05-01","***","***","***","***","***","***"]
["CIMENTOS ASFÁLTICOS CAP-85-100","2023-06-01","***","***","***","***","***","***"]
["CIMENTOS ASFÁLTICOS CAP-85-100","2023-07-01","***","***","***","***","***","***"]
["CIMENTOS ASFÁLTICOS CAP-85-100","2023-08-01","***","***","***","***","***","***"]
["CIMENTOS ASFÁLTICOS CAP-85-100","2023-09-01","***","***","***","***","***","***"]
["CIMENTOS ASFÁLTICOS CAP-85-100","2023-10-01","***","***","***","***","***","***"]
["CIMENTOS ASFÁLTICOS CAP-85-100","2023-11-01","***","***","***","***","***","***"]
["CIMENTOS ASFÁLTICOS CAP-85-100","2023-12-01","***","***","***","***","***","***"]
["CIMENTOS ASFÁLTICOS CAP-85-100","2024-01-01","***","***","***","***","***","***"]
["CIMENTOS ASFÁLTICOS CAP-85-100","2024-02-01","***","***","***","***","***","***"]
["CIMENTOS ASFÁLTICOS CAP-85-100","2024-03-01","***","***","***","***","***","***"]
["CIMENTOS ASFÁLTICOS CAP-85-100","2024-04-01","***","***","***","***","***","***"]
["CIMENTOS ASFÁLTICOS CAP-85-100","2024-05-01","***","***","***","***","***","***"]
["CIMENTOS ASFÁLTICOS CAP-85-100","2024-06-01","***","***","***","***","***","***"]
["CIMENTOS ASFÁLTICOS CAP-85-100","2024-07-01","***","***","***","***","***","***"]
["CIMENTOS ASFÁLTICOS CAP-85-100","2024-08-01","***","***","***","***","***","***"]
["CIMENTOS ASFÁLTICOS CAP-85-100","2024-09-01","***","***","***","***","***","***"]
["CIMENTOS ASFÁLTICOS CAP-85-100","2024-10-01","***","***","***","***","***","***"]
["CIMENTOS ASFÁLTICOS CAP-85-100","2024-11-01","***","***","***","***","***","***"]
["CIMENTOS ASFÁLTICOS CAP-85-100","2024-12-01","***","***","***","***","***","***"]
["CIMENTOS ASFÁLTICOS CAP-85-100","2025-01-01","***","***","***","***","***","***"]
["CIMENTOS ASFÁLTICOS CAP-85-100","2025-02-01","***","***","***","***","***","***"]
["CIMENTOS ASFÁLTICOS CAP-85-100","2025-03-01","***","***","***","***","***","***"]
["CIMENTOS ASFÁLTICOS CAP-85-100","2025-04-01","***","***","***","***","***","***"]
["CIMENTOS ASFÁLTICOS CAP-85-100","2025-05-01","***","***","***","***","***","***"]
["EMULSÃO ASFÁLTICA CATIÔNICA DE RUPTURA CONTROLADA PARA SERVIÇO DE LAMA ASFÁLTICA","2015-09-01","***",0.60999999999999988,"***","***","***",0.60999999999999988]
["EMULSÃO ASFÁLTICA CATIÔNICA DE RUPTURA CONTROLADA PARA SERVIÇO DE LAMA ASFÁLTICA","2015-10-01","***",0.61,"***","***","***",0.61]
["EMULSÃO ASFÁLTICA CATIÔNICA DE RUPTURA CONTROLADA PARA SERVIÇO DE LAMA ASFÁLTICA","2015-11-01","***",1.689795501022495,"***","***","***",1.689795501022495]
["EMULSÃO ASFÁLTICA CATIÔNICA DE RUPTURA CONTROLADA PARA SERVIÇO DE LAMA ASFÁLTICA","2015-12-01","***","***","***","***","***","***"]
["EMULSÃO ASFÁLTICA CATIÔNICA DE RUPTURA CONTROLADA PARA SERVIÇO DE LAMA ASFÁLTICA","2016-01-01","***","***","***","***","***","***"]
["EMULSÃO ASFÁLTICA CATIÔNICA DE RUPTURA CONTROLADA PARA SERVIÇO DE LAMA ASFÁLTICA","2016-02-01","***","***","***","***","***","***"]
["EMULSÃO ASFÁLTICA CATIÔNICA DE RUPTURA CONTROLADA PARA SERVIÇO DE LAMA ASFÁLTICA","2016-03-01","***","***","***","***","***","***"]
["EMULSÃO ASFÁLTICA CATIÔNICA DE RUPTURA CONTROLADA PARA SERVIÇO DE LAMA ASFÁLTICA","2016-04-01","***",2.13,"***","***","***",2.13]
["EMULSÃO ASFÁLTICA CATIÔNICA DE RUPTURA CONTROLADA PARA SERVIÇO DE LAMA ASFÁLTICA","2016-05-01","***",2.13,"***","***","***",2.13]
["EMULSÃO ASFÁLTICA CATIÔNICA DE RUPTURA CONTROLADA PARA SERVIÇO DE LAMA ASFÁLTICA","2016-06-01","***",1.42,"***","***","***",1.42]
["EMULSÃO ASFÁLTICA CATIÔNICA DE RUPTURA CONTROLADA PARA SERVIÇO DE LAMA ASFÁLTICA","2016-07-01","***","***","***",1.6910000000000001,"***",1.6910000000000001]
["EMULSÃO ASFÁLTICA CATIÔNICA DE RUPTURA CONTROLADA PARA SERVIÇO DE LAMA ASFÁLTICA","2016-08-01","***",1.42,"***",1.6920999999999999,"***",1.6412506050674398]
["EMULSÃO ASFÁLTICA CATIÔNICA DE RUPTURA CONTROLADA PARA SERVIÇO DE LAMA ASFÁLTICA","2016-09-01","***",1.42,1.4028000000000003,1.5048999999999999,"***",1.4719204599129896]
["EMULSÃO ASFÁLTICA CATIÔNICA DE RUPTURA CONTROLADA PARA SERVIÇO DE LAMA ASFÁLTICA","2016-10-01","***",1.4200000000000002,1.4058000000000002,1.5065000000000002,"***",1.4432348359881635]
["EMULSÃO ASFÁLTICA CATIÔNICA DE RUPTURA CONTROLADA PARA SERVIÇO DE LAMA ASFÁLTICA","2016-11-01","***",1.42,"***","***","***",1.42]
["EMULSÃO ASFÁLTICA CATIÔNICA DE RUPTURA CONTROLADA PARA SERVIÇO DE LAMA ASFÁLTICA","2016-12-01","***","***","***","***","***","***"]
["EMULSÃO ASFÁLTICA CATIÔNICA DE RUPTURA CONTROLADA PARA SERVIÇO DE LAMA ASFÁLTICA","2017-01-01","***","***","***","***","***","***"]
["EMULSÃO ASFÁLTICA CATIÔNICA DE RUPTURA CONTROLADA PARA SERVIÇO DE LAMA ASFÁLTICA","2017-02-01","***","***","***","***","***","***"]
["EMULSÃO ASFÁLTICA CATIÔNICA DE RUPTURA CONTROLADA PARA SERVIÇO DE LAMA ASFÁLTICA","2017-03-01","***","***","***","***","***","***"]
["EMULSÃO ASFÁLTICA CATIÔNICA DE RUPTURA CONTROLADA PARA SERVIÇO DE LAMA ASFÁLTICA","2017-04-01","***","***","***","***","***","***"]
["EMULSÃO ASFÁLTICA CATIÔNICA DE RUPTURA CONTROLADA PARA SERVIÇO DE LAMA ASFÁLTICA","2017-05-01","***","***","***","***","***","***"]
["EMULSÃO ASFÁLTICA CATIÔNICA DE RUPTURA CONTROLADA PARA SERVIÇO DE LAMA ASFÁLTICA","2017-06-01","***",1.41,1.3833,"***","***",1.3961805746140652]
["EMULSÃO ASFÁLTICA CATIÔNICA DE RUPTURA CONTROLADA PARA SERVIÇO DE LAMA ASFÁLTICA","2017-07-01","***",1.4097,1.4194392519697907,"***","***",1.4186773227254919]
["EMULSÃO ASFÁLTICA CATIÔNICA DE RUPTURA CONTROLADA PARA SERVIÇO DE LAMA ASFÁLTICA","2017-08-01","***","***",1.3834,"***","***",1.3834]
["EMULSÃO ASFÁLTICA CATIÔNICA DE RUPTURA CONTROLADA PARA SERVIÇO DE LAMA ASFÁLTICA","2017-09-01","***","***",1.3422000000000001,"***","***",1.3422000000000001]
["EMULSÃO ASFÁLTICA CATIÔNICA DE RUPTURA CONTROLADA PARA SERVIÇO DE LAMA ASFÁLTICA","2017-10-01","***","***",1.3260000000000001,1.266075020741672,1.1927022584520337,1.2618354709983683]
["EMULSÃO ASFÁLTICA CATIÔNICA DE RUPTURA CONTROLADA PARA SERVIÇO DE LAMA ASFÁLTICA","2017-11-01","***","***","***",1.3512599999999999,"***",1.3512599999999999]
["EMULSÃO ASFÁLTICA CATIÔNICA DE RUPTURA CONTROLADA PARA SERVIÇO DE LAMA ASFÁLTICA","2017-12-01","***","***","***",1.3113387299415351,1.1678200000000001,1.2862866875449226]
["EMULSÃO ASFÁLTICA CATIÔNICA DE RUPTURA CONTROLADA PARA SERVIÇO DE LAMA ASFÁLTICA","2018-01-01","***","***","***",1.3656299999999997,"***",1.3656299999999997]
["EMULSÃO ASFÁLTICA CATIÔNICA DE RUPTURA CONTROLADA PARA SERVIÇO DE LAMA ASFÁLTICA","2018-02-01","***","***","***",1.3656299999999997,"***",1.3656299999999997]
["EMULSÃO ASFÁLTICA CATIÔNICA DE RUPTURA CONTROLADA PARA SERVIÇO DE LAMA ASFÁLTICA","2018-03-01","***","***","***",1.3643267765361471,1.2826599999999999,1.3574379085357575]
["EMULSÃO ASFÁLTICA CATIÔNICA DE RUPTURA CONTROLADA PARA SERVIÇO DE LAMA ASFÁLTICA","2018-04-01","***","***","***",1.3468059623002917,"***",1.3468059623002917]
["EMULSÃO ASFÁLTICA CATIÔNICA DE RUPTURA CONTROLADA PARA SERVIÇO DE LAMA ASFÁLTICA","2018-05-01","***","***","***",1.40157,1.27651,1.3682738124345093]
["EMULSÃO ASFÁLTICA CATIÔNICA DE RUPTURA CONTROLADA PARA SERVIÇO DE LAMA ASFÁLTICA","2018-06-01","***",1.7265999999999999,"***",1.4650838645418325,"***",1.5399886282871358]
["EMULSÃO ASFÁLTICA CATIÔNICA DE RUPTURA CONTROLADA PARA SERVIÇO DE LAMA ASFÁLTICA","2018-07-01","***","***","***","***","***","***"]
["EMULSÃO ASFÁLTICA CATIÔNICA DE RUPTURA CONTROLADA PARA SERVIÇO DE LAMA ASFÁLTICA","2018-08-01","***","***","***","***","***","***"]
["EMULSÃO ASFÁLTICA CATIÔNICA DE RUPTURA CONTROLADA PARA SERVIÇO DE LAMA ASFÁLTICA","2018-09-01","***","***","***","***","***","***"]
["EMULSÃO ASFÁLTICA CATIÔNICA DE RUPTURA CONTROLADA PARA SERVIÇO DE LAMA ASFÁLTICA","2018-10-01","***","***","***","***",1.99068,1.99068]
["EMULSÃO ASFÁLTICA CATIÔNICA DE RUPTURA CONTROLADA PARA SERVIÇO DE LAMA ASFÁLTICA","2018-11-01","***","***","***","***","***","***"]
["EMULSÃO ASFÁLTICA CATIÔNICA DE RUPTURA CONTROLADA PARA SERVIÇO DE LAMA ASFÁLTICA","2018-12-01","***","***","***","***","***","***"]
["EMULSÃO ASFÁLTICA CATIÔNICA DE RUPTURA CONTROLADA PARA SERVIÇO DE LAMA ASFÁLTICA","2019-01-01","***","***","***","***","***","***"]
["EMULSÃO ASFÁLTICA CATIÔNICA DE RUPTURA CONTROLADA PARA SERVIÇO DE LAMA ASFÁLTICA","2019-02-01","***","***","***","***","***","***"]
["EMULSÃO ASFÁLTICA CATIÔNICA DE RUPTURA CONTROLADA PARA SERVIÇO DE LAMA ASFÁLTICA","2019-03-01","***","***","***","***","***","***"]
["EMULSÃO ASFÁLTICA CATIÔNICA DE RUPTURA CONTROLADA PARA SERVIÇO DE LAMA ASFÁLTICA","2019-04-01","***","***","***","***",2.3486199999999999,2.3486199999999999]
["EMULSÃO ASFÁLTICA CATIÔNICA DE RUPTURA CONTROLADA PARA SERVIÇO DE LAMA ASFÁLTICA","2019-05-01","***","***","***","***","***","***"]
["EMULSÃO ASFÁLTICA CATIÔNICA DE RUPTURA CONTROLADA PARA SERVIÇO DE LAMA ASFÁLTICA","2019-06-01","***","***","***","***","***","***"]
["EMULSÃO ASFÁLTICA CATIÔNICA DE RUPTURA CONTROLADA PARA SERVIÇO DE LAMA ASFÁLTICA","2019-07-01","***","***","***","***",2.3182500000000004,2.3182500000000004]
["EMULSÃO ASFÁLTICA CATIÔNICA DE RUPTURA CONTROLADA PARA SERVIÇO DE LAMA ASFÁLTICA","2019-08-01","***","***","***","***",2.3486199999999999,2.3486199999999999]
["EMULSÃO ASFÁLTICA CATIÔNICA DE RUPTURA CONTROLADA PARA SERVIÇO DE LAMA ASFÁLTICA","2019-09-01","***","***","***","***",2.3240099999999999,2.3240099999999999]
["EMULSÃO ASFÁLTICA CATIÔNICA DE RUPTURA CONTROLADA PARA SERVIÇO DE LAMA ASFÁLTICA","2019-10-01","***","***","***","***","***","***"]
["EMULSÃO ASFÁLTICA CATIÔNICA DE RUPTURA CONTROLADA PARA SERVIÇO DE LAMA ASFÁLTICA","2019-11-01","***","***","***",2.6280899999999998,"***",2.6280899999999998]
["EMULSÃO ASFÁLTICA CATIÔNICA DE RUPTURA CONTROLADA PARA SERVIÇO DE LAMA ASFÁLTICA","2019-12-01","***","***","***",2.6280899999999998,"***",2.6280899999999998]
["EMULSÃO ASFÁLTICA CATIÔNICA DE RUPTURA CONTROLADA PARA SERVIÇO DE LAMA ASFÁLTICA","2020-01-01","***",2.0081199999999999,"***","***","***",2.0081199999999999]
["EMULSÃO ASFÁLTICA CATIÔNICA DE RUPTURA CONTROLADA PARA SERVIÇO DE LAMA ASFÁLTICA","2020-02-01","***","***","***",2.6280899999999998,"***",2.6280899999999998]
["EMULSÃO ASFÁLTICA CATIÔNICA DE RUPTURA CONTROLADA PARA SERVIÇO DE LAMA ASFÁLTICA","2020-03-01","***",2.00813,"***","***","***",2.00813]
["EMULSÃO ASFÁLTICA CATIÔNICA DE RUPTURA CONTROLADA PARA SERVIÇO DE LAMA ASFÁLTICA","2020-04-01","***",2.0081199999999999,"***","***","***",2.0081199999999999]
["EMULSÃO ASFÁLTICA CATIÔNICA DE RUPTURA CONTROLADA PARA SERVIÇO DE LAMA ASFÁLTICA","2020-05-01","***",2.0081199999999999,"***",2.6280899999999998,"***",2.4163402265372165]
["EMULSÃO ASFÁLTICA CATIÔNICA DE RUPTURA CONTROLADA PARA SERVIÇO DE LAMA ASFÁLTICA","2020-06-01","***","***","***","***","***","***"]
["EMULSÃO ASFÁLTICA CATIÔNICA DE RUPTURA CONTROLADA PARA SERVIÇO DE LAMA ASFÁLTICA","2020-07-01","***","***","***",2.6280899999999994,"***",2.6280899999999994]
["EMULSÃO ASFÁLTICA CATIÔNICA DE RUPTURA CONTROLADA PARA SERVIÇO DE LAMA ASFÁLTICA","2020-08-01","***","***",2.4412500000000001,2.6280899999999998,"***",2.5034011814089308]
["EMULSÃO ASFÁLTICA CATIÔNICA DE RUPTURA CONTROLADA PARA SERVIÇO DE LAMA ASFÁLTICA","2020-09-01","***","***",2.4412500000000001,2.6280899999999998,"***",2.5037925079030559]
["EMULSÃO ASFÁLTICA CATIÔNICA DE RUPTURA CONTROLADA PARA SERVIÇO DE LAMA ASFÁLTICA","2020-10-01","***","***",2.4412499999999997,2.6280899999999998,"***",2.4876601820100235]
["EMULSÃO ASFÁLTICA CATIÔNICA DE RUPTURA CONTROLADA PARA SERVIÇO DE LAMA ASFÁLTICA","2020-11-01","***","***","***",2.6280899999999994,"***",2.6280899999999994]
["EMULSÃO ASFÁLTICA CATIÔNICA DE RUPTURA CONTROLADA PARA SERVIÇO DE LAMA ASFÁLTICA","2020-12-01","***","***",2.5987499999999999,2.4680200000000001,"***",2.5651313138082994]
["EMULSÃO ASFÁLTICA CATIÔNICA DE RUPTURA CONTROLADA PARA SERVIÇO DE LAMA ASFÁLTICA","2021-01-01","***","***","***","***","***","***"]
["EMULSÃO ASFÁLTICA CATIÔNICA DE RUPTURA CONTROLADA PARA SERVIÇO DE LAMA ASFÁLTICA","2021-02-01","***","***","***",2.4680200000000001,"***",2.4680200000000001]
["EMULSÃO ASFÁLTICA CATIÔNICA DE RUPTURA CONTROLADA PARA SERVIÇO DE LAMA ASFÁLTICA","2021-03-01","***","***","***",2.4623599999999999,"***",2.4623599999999999]
["EMULSÃO ASFÁLTICA CATIÔNICA DE RUPTURA CONTROLADA PARA SERVIÇO DE LAMA ASFÁLTICA","2021-04-01","***",2.331,"***","***","***",2.331]
["EMULSÃO ASFÁLTICA CATIÔNICA DE RUPTURA CONTROLADA PARA SERVIÇO DE LAMA ASFÁLTICA","2021-05-01","***","***","***",2.4258099999999998,"***",2.4258099999999998]
["EMULSÃO ASFÁLTICA CATIÔNICA DE RUPTURA CONTROLADA PARA SERVIÇO DE LAMA ASFÁLTICA","2021-06-01","***","***","***",2.4258099999999998,"***",2.4258099999999998]
["EMULSÃO ASFÁLTICA CATIÔNICA DE RUPTURA CONTROLADA PARA SERVIÇO DE LAMA ASFÁLTICA","2021-07-01","***","***","***",2.7059199999999999,"***",2.7059199999999999]
["EMULSÃO ASFÁLTICA CATIÔNICA DE RUPTURA CONTROLADA PARA SERVIÇO DE LAMA ASFÁLTICA","2021-08-01","***","***","***","***","***","***"]
["EMULSÃO ASFÁLTICA CATIÔNICA DE RUPTURA CONTROLADA PARA SERVIÇO DE LAMA ASFÁLTICA","2021-09-01","***","***","***",3.13598,"***",3.13598]
["EMULSÃO ASFÁLTICA CATIÔNICA DE RUPTURA CONTROLADA PARA SERVIÇO DE LAMA ASFÁLTICA","2021-10-01","***","***",3.1943999999999999,"***","***",3.1943999999999999]
["EMULSÃO ASFÁLTICA CATIÔNICA DE RUPTURA CONTROLADA PARA SERVIÇO DE LAMA ASFÁLTICA","2021-11-01","***","***",3.6162040636093602,"***","***",3.6162040636093602]
["EMULSÃO ASFÁLTICA CATIÔNICA DE RUPTURA CONTROLADA PARA SERVIÇO DE LAMA ASFÁLTICA","2021-12-01","***","***",3.7479760908551949,"***","***",3.7479760908551949]
["EMULSÃO ASFÁLTICA CATIÔNICA DE RUPTURA CONTROLADA PARA SERVIÇO DE LAMA ASFÁLTICA","2022-01-01","***","***","***","***","***","***"]
["EMULSÃO ASFÁLTICA CATIÔNICA DE RUPTURA CONTROLADA PARA SERVIÇO DE LAMA ASFÁLTICA","2022-02-01","***","***","***",3.4192499999999999,"***",3.4192499999999999]
["EMULSÃO ASFÁLTICA CATIÔNICA DE RUPTURA CONTROLADA PARA SERVIÇO DE LAMA ASFÁLTICA","2022-03-01","***","***","***","***","***","***"]
["EMULSÃO ASFÁLTICA CATIÔNICA DE RUPTURA CONTROLADA PARA SERVIÇO DE LAMA ASFÁLTICA","2022-04-01","***","***","***","***","***","***"]
["EMULSÃO ASFÁLTICA CATIÔNICA DE RUPTURA CONTROLADA PARA SERVIÇO DE LAMA ASFÁLTICA","2022-05-01","***","***","***","***","***","***"]
["EMULSÃO ASFÁLTICA CATIÔNICA DE RUPTURA CONTROLADA PARA SERVIÇO DE LAMA ASFÁLTICA","2022-06-01","***","***","***",3.5394700000000001,"***",3.5394700000000001]
["EMULSÃO ASFÁLTICA CATIÔNICA DE RUPTURA CONTROLADA PARA SERVIÇO DE LAMA ASFÁLTICA","2022-07-01","***","***","***",3.5394700000000001,"***",3.5394700000000001]
["EMULSÃO ASFÁLTICA CATIÔNICA DE RUPTURA CONTROLADA PARA SERVIÇO DE LAMA ASFÁLTICA","2022-08-01","***","***","***","***","***","***"]
["EMULSÃO ASFÁLTICA CATIÔNICA DE RUPTURA CONTROLADA PARA SERVIÇO DE LAMA ASFÁLTICA","2022-09-01","***","***","***","***","***","***"]
["EMULSÃO ASFÁLTICA CATIÔNICA DE RUPTURA CONTROLADA PARA SERVIÇO DE LAMA ASFÁLTICA","2022-10-01","***","***","***",3.5979138425357875,"***",3.5979138425357875]
["EMULSÃO ASFÁLTICA CATIÔNICA DE RUPTURA CONTROLADA PARA SERVIÇO DE LAMA ASFÁLTICA","2022-11-01","***","***","***",3.6104999999999996,"***",3.6104999999999996]
["EMULSÃO ASFÁLTICA CATIÔNICA DE RUPTURA CONTROLADA PARA SERVIÇO DE LAMA ASFÁLTICA","2022-12-01","***","***","***",3.6105,"***",3.6105]
["EMULSÃO ASFÁLTICA CATIÔNICA DE RUPTURA CONTROLADA PARA SERVIÇO DE LAMA ASFÁLTICA","2023-01-01","***","***","***","***","***","***"]
["EMULSÃO ASFÁLTICA CATIÔNICA DE RUPTURA CONTROLADA PARA SERVIÇO DE LAMA ASFÁLTICA","2023-02-01","***","***","***","***","***","***"]
["EMULSÃO ASFÁLTICA CATIÔNICA DE RUPTURA CONTROLADA PARA SERVIÇO DE LAMA ASFÁLTICA","2023-03-01","***","***","***","***","***","***"]
["EMULSÃO ASFÁLTICA CATIÔNICA DE RUPTURA CONTROLADA PARA SERVIÇO DE LAMA ASFÁLTICA","2023-04-01","***","***","***","***","***","***"]
["EMULSÃO ASFÁLTICA CATIÔNICA DE RUPTURA CONTROLADA PARA SERVIÇO DE LAMA ASFÁLTICA","2023-05-01","***","***","***","***","***","***"]
["EMULSÃO ASFÁLTICA CATIÔNICA DE RUPTURA CONTROLADA PARA SERVIÇO DE LAMA ASFÁLTICA","2023-06-01","***","***","***","***","***","***"]
["EMULSÃO ASFÁLTICA CATIÔNICA DE RUPTURA CONTROLADA PARA SERVIÇO DE LAMA ASFÁLTICA","2023-07-01","***","***","***","***","***","***"]
["EMULSÃO ASFÁLTICA CATIÔNICA DE RUPTURA CONTROLADA PARA SERVIÇO DE LAMA ASFÁLTICA","2023-08-01","***","***","***","***","***","***"]
["EMULSÃO ASFÁLTICA CATIÔNICA DE RUPTURA CONTROLADA PARA SERVIÇO DE LAMA ASFÁLTICA","2023-09-01","***","***","***","***","***","***"]
["EMULSÃO ASFÁLTICA CATIÔNICA DE RUPTURA CONTROLADA PARA SERVIÇO DE LAMA ASFÁLTICA","2023-10-01","***","***","***","***","***","***"]
["EMULSÃO ASFÁLTICA CATIÔNICA DE RUPTURA CONTROLADA PARA SERVIÇO DE LAMA ASFÁLTICA","2023-11-01","***","***","***","***","***","***"]
["EMULSÃO ASFÁLTICA CATIÔNICA DE RUPTURA CONTROLADA PARA SERVIÇO DE LAMA ASFÁLTICA","2023-12-01","***","***","***","***","***","***"]
["EMULSÃO ASFÁLTICA CATIÔNICA DE RUPTURA CONTROLADA PARA SERVIÇO DE LAMA ASFÁLTICA","2024-01-01","***","***","***","***","***","***"]
["EMULSÃO ASFÁLTICA CATIÔNICA DE RUPTURA CONTROLADA PARA SERVIÇO DE LAMA ASFÁLTICA","2024-02-01","***",2.9875799999999999,"***","***","***",2.9875799999999999]
["EMULSÃO ASFÁLTICA CATIÔNICA DE RUPTURA CONTROLADA PARA SERVIÇO DE LAMA ASFÁLTICA","2024-03-01","***",2.9074899999999997,"***","***","***",2.9074899999999997]
["EMULSÃO ASFÁLTICA CATIÔNICA DE RUPTURA CONTROLADA PARA SERVIÇO DE LAMA ASFÁLTICA","2024-04-01","***",2.9074900000000006,"***","***","***",2.9074900000000006]
["EMULSÃO ASFÁLTICA CATIÔNICA DE RUPTURA CONTROLADA PARA SERVIÇO DE LAMA ASFÁLTICA","2024-05-01","***",3.0521846814082045,"***","***","***",3.0521846814082045]
["EMULSÃO ASFÁLTICA CATIÔNICA DE RUPTURA CONTROLADA PARA SERVIÇO DE LAMA ASFÁLTICA","2024-06-01","***",3.1209845508390917,"***","***","***",3.1209845508390917]
["EMULSÃO ASFÁLTICA CATIÔNICA DE RUPTURA CONTROLADA PARA SERVIÇO DE LAMA ASFÁLTICA","2024-07-01","***",3.1665000000000001,"***","***","***",3.1665000000000001]
["EMULSÃO ASFÁLTICA CATIÔNICA DE RUPTURA CONTROLADA PARA SERVIÇO DE LAMA ASFÁLTICA","2024-08-01","***",3.3419321040233672,"***","***","***",3.3419321040233672]
["EMULSÃO ASFÁLTICA CATIÔNICA DE RUPTURA CONTROLADA PARA SERVIÇO DE LAMA ASFÁLTICA","2024-09-01","***",3.3377400000000002,"***","***","***",3.3377400000000002]
["EMULSÃO ASFÁLTICA CATIÔNICA DE RUPTURA CONTROLADA PARA SERVIÇO DE LAMA ASFÁLTICA","2024-10-01","***",3.3377400000000002,"***","***","***",3.3377400000000002]
["EMULSÃO ASFÁLTICA CATIÔNICA DE RUPTURA CONTROLADA PARA SERVIÇO DE LAMA ASFÁLTICA","2024-11-01","***",3.3704000000000005,"***","***","***",3.3704000000000005]
["EMULSÃO ASFÁLTICA CATIÔNICA DE RUPTURA CONTROLADA PARA SERVIÇO DE LAMA ASFÁLTICA","2024-12-01","***","***","***","***","***","***"]
["EMULSÃO ASFÁLTICA CATIÔNICA DE RUPTURA CONTROLADA PARA SERVIÇO DE LAMA ASFÁLTICA","2025-01-01","***","***","***","***","***","***"]
["EMULSÃO ASFÁLTICA CATIÔNICA DE RUPTURA CONTROLADA PARA SERVIÇO DE LAMA ASFÁLTICA","2025-02-01","***","***","***","***","***","***"]
["EMULSÃO ASFÁLTICA CATIÔNICA DE RUPTURA CONTROLADA PARA SERVIÇO DE LAMA ASFÁLTICA","2025-03-01","***",3.3834644143232855,"***","***","***",3.3834644143232855]
["EMULSÃO ASFÁLTICA CATIÔNICA DE RUPTURA CONTROLADA PARA SERVIÇO DE LAMA ASFÁLTICA","2025-04-01","***","***","***","***","***","***"]
["EMULSÃO ASFÁLTICA CATIÔNICA DE RUPTURA CONTROLADA PARA SERVIÇO DE LAMA ASFÁLTICA","2025-05-01","***","***","***","***","***","***"]
["EMULSÃO ASFÁLTICA DE RUPTURA LENTA CATIÔNICA PARA SERVIÇO DE LAMA ASFÁLTICA","2015-09-01","***","***","***","***","***","***"]
["EMULSÃO ASFÁLTICA DE RUPTURA LENTA CATIÔNICA PARA SERVIÇO DE LAMA ASFÁLTICA","2015-10-01","***","***","***","***","***","***"]
["EMULSÃO ASFÁLTICA DE RUPTURA LENTA CATIÔNICA PARA SERVIÇO DE LAMA ASFÁLTICA","2015-11-01","***","***","***","***","***","***"]
["EMULSÃO ASFÁLTICA DE RUPTURA LENTA CATIÔNICA PARA SERVIÇO DE LAMA ASFÁLTICA","2015-12-01","***","***","***","***","***","***"]
["EMULSÃO ASFÁLTICA DE RUPTURA LENTA CATIÔNICA PARA SERVIÇO DE LAMA ASFÁLTICA","2016-01-01","***","***","***","***","***","***"]
["EMULSÃO ASFÁLTICA DE RUPTURA LENTA CATIÔNICA PARA SERVIÇO DE LAMA ASFÁLTICA","2016-02-01","***","***","***","***","***","***"]
["EMULSÃO ASFÁLTICA DE RUPTURA LENTA CATIÔNICA PARA SERVIÇO DE LAMA ASFÁLTICA","2016-03-01","***","***","***","***","***","***"]
["EMULSÃO ASFÁLTICA DE RUPTURA LENTA CATIÔNICA PARA SERVIÇO DE LAMA ASFÁLTICA","2016-04-01","***","***","***","***","***","***"]
["EMULSÃO ASFÁLTICA DE RUPTURA LENTA CATIÔNICA PARA SERVIÇO DE LAMA ASFÁLTICA","2016-05-01","***","***","***","***","***","***"]
["EMULSÃO ASFÁLTICA DE RUPTURA LENTA CATIÔNICA PARA SERVIÇO DE LAMA ASFÁLTICA","2016-06-01","***","***","***","***","***","***"]
["EMULSÃO ASFÁLTICA DE RUPTURA LENTA CATIÔNICA PARA SERVIÇO DE LAMA ASFÁLTICA","2016-07-01","***","***","***","***","***","***"]
["EMULSÃO ASFÁLTICA DE RUPTURA LENTA CATIÔNICA PARA SERVIÇO DE LAMA ASFÁLTICA","2016-08-01","***","***","***","***","***","***"]
["EMULSÃO ASFÁLTICA DE RUPTURA LENTA CATIÔNICA PARA SERVIÇO DE LAMA ASFÁLTICA","2016-09-01","***","***","***","***","***","***"]
["EMULSÃO ASFÁLTICA DE RUPTURA LENTA CATIÔNICA PARA SERVIÇO DE LAMA ASFÁLTICA","2016-10-01","***","***","***","***","***","***"]
["EMULSÃO ASFÁLTICA DE RUPTURA LENTA CATIÔNICA PARA SERVIÇO DE LAMA ASFÁLTICA","2016-11-01","***","***","***","***","***","***"]
["EMULSÃO ASFÁLTICA DE RUPTURA LENTA CATIÔNICA PARA SERVIÇO DE LAMA ASFÁLTICA","2016-12-01","***","***","***","***","***","***"]
["EMULSÃO ASFÁLTICA DE RUPTURA LENTA CATIÔNICA PARA SERVIÇO DE LAMA ASFÁLTICA","2017-01-01","***","***","***","***","***","***"]
["EMULSÃO ASFÁLTICA DE RUPTURA LENTA CATIÔNICA PARA SERVIÇO DE LAMA ASFÁLTICA","2017-02-01","***","***","***","***","***","***"]
["EMULSÃO ASFÁLTICA DE RUPTURA LENTA CATIÔNICA PARA SERVIÇO DE LAMA ASFÁLTICA","2017-03-01","***","***","***","***","***","***"]
["EMULSÃO ASFÁLTICA DE RUPTURA LENTA CATIÔNICA PARA SERVIÇO DE LAMA ASFÁLTICA","2017-04-01","***","***","***","***","***","***"]
["EMULSÃO ASFÁLTICA DE RUPTURA LENTA CATIÔNICA PARA SERVIÇO DE LAMA ASFÁLTICA","2017-05-01","***","***","***","***","***","***"]
["EMULSÃO ASFÁLTICA DE RUPTURA LENTA CATIÔNICA PARA SERVIÇO DE LAMA ASFÁLTICA","2017-06-01","***","***","***","***","***","***"]
["EMULSÃO ASFÁLTICA DE RUPTURA LENTA CATIÔNICA PARA SERVIÇO DE LAMA ASFÁLTICA","2017-07-01","***","***","***","***","***","***"]
["EMULSÃO ASFÁLTICA DE RUPTURA LENTA CATIÔNICA PARA SERVIÇO DE LAMA ASFÁLTICA","2017-08-01","***","***","***","***","***","***"]
["EMULSÃO ASFÁLTICA DE RUPTURA LENTA CATIÔNICA PARA SERVIÇO DE LAMA ASFÁLTICA","2017-09-01","***","***","***","***","***","***"]
["EMULSÃO ASFÁLTICA DE RUPTURA LENTA CATIÔNICA PARA SERVIÇO DE LAMA ASFÁLTICA","2017-10-01","***","***","***","***","***","***"]
["EMULSÃO ASFÁLTICA DE RUPTURA LENTA CATIÔNICA PARA SERVIÇO DE LAMA ASFÁLTICA","2017-11-01","***","***","***","***","***","***"]
["EMULSÃO ASFÁLTICA DE RUPTURA LENTA CATIÔNICA PARA SERVIÇO DE LAMA ASFÁLTICA","2017-12-01","***","***","***","***","***","***"]
["EMULSÃO ASFÁLTICA DE RUPTURA LENTA CATIÔNICA PARA SERVIÇO DE LAMA ASFÁLTICA","2018-01-01","***","***","***","***","***","***"]
["EMULSÃO ASFÁLTICA DE RUPTURA LENTA CATIÔNICA PARA SERVIÇO DE LAMA ASFÁLTICA","2018-02-01","***","***","***","***","***","***"]
["EMULSÃO ASFÁLTICA DE RUPTURA LENTA CATIÔNICA PARA SERVIÇO DE LAMA ASFÁLTICA","2018-03-01","***","***","***","***","***","***"]
["EMULSÃO ASFÁLTICA DE RUPTURA LENTA CATIÔNICA PARA SERVIÇO DE LAMA ASFÁLTICA","2018-04-01","***","***","***","***","***","***"]
["EMULSÃO ASFÁLTICA DE RUPTURA LENTA CATIÔNICA PARA SERVIÇO DE LAMA ASFÁLTICA","2018-05-01","***","***","***","***","***","***"]
["EMULSÃO ASFÁLTICA DE RUPTURA LENTA CATIÔNICA PARA SERVIÇO DE LAMA ASFÁLTICA","2018-06-01","***","***","***","***","***","***"]
["EMULSÃO ASFÁLTICA DE RUPTURA LENTA CATIÔNICA PARA SERVIÇO DE LAMA ASFÁLTICA","2018-07-01","***","***","***","***","***","***"]
["EMULSÃO ASFÁLTICA DE RUPTURA LENTA CATIÔNICA PARA SERVIÇO DE LAMA ASFÁLTICA","2018-08-01","***","***","***","***","***","***"]
["EMULSÃO ASFÁLTICA DE RUPTURA LENTA CATIÔNICA PARA SERVIÇO DE LAMA ASFÁLTICA","2018-09-01","***","***","***","***","***","***"]
["EMULSÃO ASFÁLTICA DE RUPTURA LENTA CATIÔNICA PARA SERVIÇO DE LAMA ASFÁLTICA","2018-10-01","***","***","***","***","***","***"]
["EMULSÃO ASFÁLTICA DE RUPTURA LENTA CATIÔNICA PARA SERVIÇO DE LAMA ASFÁLTICA","2018-11-01","***","***","***","***","***","***"]
["EMULSÃO ASFÁLTICA DE RUPTURA LENTA CATIÔNICA PARA SERVIÇO DE LAMA ASFÁLTICA","2018-12-01","***","***","***","***","***","***"]
["EMULSÃO ASFÁLTICA DE RUPTURA LENTA CATIÔNICA PARA SERVIÇO DE LAMA ASFÁLTICA","2019-01-01","***","***","***","***","***","***"]
["EMULSÃO ASFÁLTICA DE RUPTURA LENTA CATIÔNICA PARA SERVIÇO DE LAMA ASFÁLTICA","2019-02-01","***","***","***","***","***","***"]
["EMULSÃO ASFÁLTICA DE RUPTURA LENTA CATIÔNICA PARA SERVIÇO DE LAMA ASFÁLTICA","2019-03-01","***","***","***","***","***","***"]
["EMULSÃO ASFÁLTICA DE RUPTURA LENTA CATIÔNICA PARA SERVIÇO DE LAMA ASFÁLTICA","2019-04-01","***","***","***","***","***","***"]
["EMULSÃO ASFÁLTICA DE RUPTURA LENTA CATIÔNICA PARA SERVIÇO DE LAMA ASFÁLTICA","2019-05-01","***","***","***","***","***","***"]
["EMULSÃO ASFÁLTICA DE RUPTURA LENTA CATIÔNICA PARA SERVIÇO DE LAMA ASFÁLTICA","2019-06-01","***","***","***","***","***","***"]
["EMULSÃO ASFÁLTICA DE RUPTURA LENTA CATIÔNICA PARA SERVIÇO DE LAMA ASFÁLTICA","2019-07-01","***","***","***","***","***","***"]
["EMULSÃO ASFÁLTICA DE RUPTURA LENTA CATIÔNICA PARA SERVIÇO DE LAMA ASFÁLTICA","2019-08-01","***","***","***","***","***","***"]
["EMULSÃO ASFÁLTICA DE RUPTURA LENTA CATIÔNICA PARA SERVIÇO DE LAMA ASFÁLTICA","2019-09-01","***","***","***","***","***","***"]
["EMULSÃO ASFÁLTICA DE RUPTURA LENTA CATIÔNICA PARA SERVIÇO DE LAMA ASFÁLTICA","2019-10-01","***","***","***","***","***","***"]
["EMULSÃO ASFÁLTICA DE RUPTURA LENTA CATIÔNICA PARA SERVIÇO DE LAMA ASFÁLTICA","2019-11-01","***","***","***","***","***","***"]
["EMULSÃO ASFÁLTICA DE RUPTURA LENTA CATIÔNICA PARA SERVIÇO DE LAMA ASFÁLTICA","2019-12-01","***","***","***","***","***","***"]
["EMULSÃO ASFÁLTICA DE RUPTURA LENTA CATIÔNICA PARA SERVIÇO DE LAMA ASFÁLTICA","2020-01-01","***","***","***","***","***","***"]
["EMULSÃO ASFÁLTICA DE RUPTURA LENTA CATIÔNICA PARA SERVIÇO DE LAMA ASFÁLTICA","2020-02-01","***","***","***","***","***","***"]
["EMULSÃO ASFÁLTICA DE RUPTURA LENTA CATIÔNICA PARA SERVIÇO DE LAMA ASFÁLTICA","2020-03-01","***","***","***","***","***","***"]
["EMULSÃO ASFÁLTICA DE RUPTURA LENTA CATIÔNICA PARA SERVIÇO DE LAMA ASFÁLTICA","2020-04-01","***","***","***","***","***","***"]
["EMULSÃO ASFÁLTICA DE RUPTURA LENTA CATIÔNICA PARA SERVIÇO DE LAMA ASFÁLTICA","2020-05-01","***","***","***","***","***","***"]
["EMULSÃO ASFÁLTICA DE RUPTURA LENTA CATIÔNICA PARA SERVIÇO DE LAMA ASFÁLTICA","2020-06-01","***","***","***","***","***","***"]
["EMULSÃO ASFÁLTICA DE RUPTURA LENTA CATIÔNICA PARA SERVIÇO DE LAMA ASFÁLTICA","2020-07-01","***","***","***","***","***","***"]
["EMULSÃO ASFÁLTICA DE RUPTURA LENTA CATIÔNICA PARA SERVIÇO DE LAMA ASFÁLTICA","2020-08-01","***","***","***","***","***","***"]
["EMULSÃO ASFÁLTICA DE RUPTURA LENTA CATIÔNICA PARA SERVIÇO DE LAMA ASFÁLTICA","2020-09-01","***","***","***","***","***","***"]
["EMULSÃO ASFÁLTICA DE RUPTURA LENTA CATIÔNICA PARA SERVIÇO DE LAMA ASFÁLTICA","2020-10-01","***","***","***","***","***","***"]
["EMULSÃO ASFÁLTICA DE RUPTURA LENTA CATIÔNICA PARA SERVIÇO DE LAMA ASFÁLTICA","2020-11-01","***","***","***","***","***","***"]
["EMULSÃO ASFÁLTICA DE RUPTURA LENTA CATIÔNICA PARA SERVIÇO DE LAMA ASFÁLTICA","2020-12-01","***","***","***","***","***","***"]
["EMULSÃO ASFÁLTICA DE RUPTURA LENTA CATIÔNICA PARA SERVIÇO DE LAMA ASFÁLTICA","2021-01-01","***","***","***","***","***","***"]
["EMULSÃO ASFÁLTICA DE RUPTURA LENTA CATIÔNICA PARA SERVIÇO DE LAMA ASFÁLTICA","2021-02-01","***","***","***","***","***","***"]
["EMULSÃO ASFÁLTICA DE RUPTURA LENTA CATIÔNICA PARA SERVIÇO DE LAMA ASFÁLTICA","2021-03-01","***","***","***","***","***","***"]
["EMULSÃO ASFÁLTICA DE RUPTURA LENTA CATIÔNICA PARA SERVIÇO DE LAMA ASFÁLTICA","2021-04-01","***","***","***","***","***","***"]
["EMULSÃO ASFÁLTICA DE RUPTURA LENTA CATIÔNICA PARA SERVIÇO DE LAMA ASFÁLTICA","2021-05-01","***","***","***","***","***","***"]
["EMULSÃO ASFÁLTICA DE RUPTURA LENTA CATIÔNICA PARA SERVIÇO DE LAMA ASFÁLTICA","2021-06-01","***","***","***","***","***","***"]
["EMULSÃO ASFÁLTICA DE RUPTURA LENTA CATIÔNICA PARA SERVIÇO DE LAMA ASFÁLTICA","2021-07-01","***","***","***","***","***","***"]
["EMULSÃO ASFÁLTICA DE RUPTURA LENTA CATIÔNICA PARA SERVIÇO DE LAMA ASFÁLTICA","2021-08-01","***","***","***","***","***","***"]
["EMULSÃO ASFÁLTICA DE RUPTURA LENTA CATIÔNICA PARA SERVIÇO DE LAMA ASFÁLTICA","2021-09-01","***","***","***","***","***","***"]
["EMULSÃO ASFÁLTICA DE RUPTURA LENTA CATIÔNICA PARA SERVIÇO DE LAMA ASFÁLTICA","2021-10-01","***","***","***","***","***","***"]
["EMULSÃO ASFÁLTICA DE RUPTURA LENTA CATIÔNICA PARA SERVIÇO DE LAMA ASFÁLTICA","2021-11-01","***","***","***","***","***","***"]
["EMULSÃO ASFÁLTICA DE RUPTURA LENTA CATIÔNICA PARA SERVIÇO DE LAMA ASFÁLTICA","2021-12-01","***","***","***","***","***","***"]
["EMULSÃO ASFÁLTICA DE RUPTURA LENTA CATIÔNICA PARA SERVIÇO DE LAMA ASFÁLTICA","2022-01-01","***","***","***","***","***","***"]
["EMULSÃO ASFÁLTICA DE RUPTURA LENTA CATIÔNICA PARA SERVIÇO DE LAMA ASFÁLTICA","2022-02-01","***","***","***","***","***","***"]
["EMULSÃO ASFÁLTICA DE RUPTURA LENTA CATIÔNICA PARA SERVIÇO DE LAMA ASFÁLTICA","2022-03-01","***","***","***","***","***","***"]
["EMULSÃO ASFÁLTICA DE RUPTURA LENTA CATIÔNICA PARA SERVIÇO DE LAMA ASFÁLTICA","2022-04-01","***","***","***","***","***","***"]
["EMULSÃO ASFÁLTICA DE RUPTURA LENTA CATIÔNICA PARA SERVIÇO DE LAMA ASFÁLTICA","2022-05-01","***","***","***","***","***","***"]
["EMULSÃO ASFÁLTICA DE RUPTURA LENTA CATIÔNICA PARA SERVIÇO DE LAMA ASFÁLTICA","2022-06-01","***","***","***","***","***","***"]
["EMULSÃO ASFÁLTICA DE RUPTURA LENTA CATIÔNICA PARA SERVIÇO DE LAMA ASFÁLTICA","2022-07-01","***","***","***","***","***","***"]
["EMULSÃO ASFÁLTICA DE RUPTURA LENTA CATIÔNICA PARA SERVIÇO DE LAMA ASFÁLTICA","2022-08-01","***","***","***","***","***","***"]
["EMULSÃO ASFÁLTICA DE RUPTURA LENTA CATIÔNICA PARA SERVIÇO DE LAMA ASFÁLTICA","2022-09-01","***","***","***","***","***","***"]
["EMULSÃO ASFÁLTICA DE RUPTURA LENTA CATIÔNICA PARA SERVIÇO DE LAMA ASFÁLTICA","2022-10-01","***","***","***","***","***","***"]
["EMULSÃO ASFÁLTICA DE RUPTURA LENTA CATIÔNICA PARA SERVIÇO DE LAMA ASFÁLTICA","2022-11-01","***","***","***","***","***","***"]
["EMULSÃO ASFÁLTICA DE RUPTURA LENTA CATIÔNICA PARA SERVIÇO DE LAMA ASFÁLTICA","2022-12-01","***","***","***","***","***","***"]
["EMULSÃO ASFÁLTICA DE RUPTURA LENTA CATIÔNICA PARA SERVIÇO DE LAMA ASFÁLTICA","2023-01-01","***","***","***","***","***","***"]
["EMULSÃO ASFÁLTICA DE RUPTURA LENTA CATIÔNICA PARA SERVIÇO DE LAMA ASFÁLTICA","2023-02-01","***","***","***","***","***","***"]
["EMULSÃO ASFÁLTICA DE RUPTURA LENTA CATIÔNICA PARA SERVIÇO DE LAMA ASFÁLTICA","2023-03-01","***","***","***","***","***","***"]
["EMULSÃO ASFÁLTICA DE RUPTURA LENTA CATIÔNICA PARA SERVIÇO DE LAMA ASFÁLTICA","2023-04-01","***","***","***","***","***","***"]
["EMULSÃO ASFÁLTICA DE RUPTURA LENTA CATIÔNICA PARA SERVIÇO DE LAMA ASFÁLTICA","2023-05-01","***","***","***","***","***","***"]
["EMULSÃO ASFÁLTICA DE RUPTURA LENTA CATIÔNICA PARA SERVIÇO DE LAMA ASFÁLTICA","2023-06-01","***","***","***","***","***","***"]
["EMULSÃO ASFÁLTICA DE RUPTURA LENTA CATIÔNICA PARA SERVIÇO DE LAMA ASFÁLTICA","2023-07-01","***","***","***","***","***","***"]
["EMULSÃO ASFÁLTICA DE RUPTURA LENTA CATIÔNICA PARA SERVIÇO DE LAMA ASFÁLTICA","2023-08-01","***","***","***","***","***","***"]
["EMULSÃO ASFÁLTICA DE RUPTURA LENTA CATIÔNICA PARA SERVIÇO DE LAMA ASFÁLTICA","2023-09-01","***","***","***","***","***","***"]
["EMULSÃO ASFÁLTICA DE RUPTURA LENTA CATIÔNICA PARA SERVIÇO DE LAMA ASFÁLTICA","2023-10-01","***","***","***","***","***","***"]
["EMULSÃO ASFÁLTICA DE RUPTURA LENTA CATIÔNICA PARA SERVIÇO DE LAMA ASFÁLTICA","2023-11-01","***","***","***","***","***","***"]
["EMULSÃO ASFÁLTICA DE RUPTURA LENTA CATIÔNICA PARA SERVIÇO DE LAMA ASFÁLTICA","2023-12-01","***","***","***","***","***","***"]
["EMULSÃO ASFÁLTICA DE RUPTURA LENTA CATIÔNICA PARA SERVIÇO DE LAMA ASFÁLTICA","2024-01-01","***","***","***","***","***","***"]
["EMULSÃO ASFÁLTICA DE RUPTURA LENTA CATIÔNICA PARA SERVIÇO DE LAMA ASFÁLTICA","2024-02-01","***","***","***","***","***","***"]
["EMULSÃO ASFÁLTICA DE RUPTURA LENTA CATIÔNICA PARA SERVIÇO DE LAMA ASFÁLTICA","2024-03-01","***","***","***","***","***","***"]
["EMULSÃO ASFÁLTICA DE RUPTURA LENTA CATIÔNICA PARA SERVIÇO DE LAMA ASFÁLTICA","2024-04-01","***","***","***","***","***","***"]
["EMULSÃO ASFÁLTICA DE RUPTURA LENTA CATIÔNICA PARA SERVIÇO DE LAMA ASFÁLTICA","2024-05-01","***","***","***","***","***","***"]
["EMULSÃO ASFÁLTICA DE RUPTURA LENTA CATIÔNICA PARA SERVIÇO DE LAMA ASFÁLTICA","2024-06-01","***","***","***","***","***","***"]
["EMULSÃO ASFÁLTICA DE RUPTURA LENTA CATIÔNICA PARA SERVIÇO DE LAMA ASFÁLTICA","2024-07-01","***","***","***","***","***","***"]
["EMULSÃO ASFÁLTICA DE RUPTURA LENTA CATIÔNICA PARA SERVIÇO DE LAMA ASFÁLTICA","2024-08-01","***","***","***","***","***","***"]
["EMULSÃO ASFÁLTICA DE RUPTURA LENTA CATIÔNICA PARA SERVIÇO DE LAMA ASFÁLTICA","2024-09-01","***","***","***","***","***","***"]
["EMULSÃO ASFÁLTICA DE RUPTURA LENTA CATIÔNICA PARA SERVIÇO DE LAMA ASFÁLTICA","2024-10-01","***","***","***","***","***","***"]
["EMULSÃO ASFÁLTICA DE RUPTURA LENTA CATIÔNICA PARA SERVIÇO DE LAMA ASFÁLTICA","2024-11-01","***","***","***","***","***","***"]
["EMULSÃO ASFÁLTICA DE RUPTURA LENTA CATIÔNICA PARA SERVIÇO DE LAMA ASFÁLTICA","2024-12-01","***","***","***","***","***","***"]
["EMULSÃO ASFÁLTICA DE RUPTURA LENTA CATIÔNICA PARA SERVIÇO DE LAMA ASFÁLTICA","2025-01-01","***","***","***","***","***","***"]
["EMULSÃO ASFÁLTICA DE RUPTURA LENTA CATIÔNICA PARA SERVIÇO DE LAMA ASFÁLTICA","2025-02-01","***","***","***","***","***","***"]
["EMULSÃO ASFÁLTICA DE RUPTURA LENTA CATIÔNICA PARA SERVIÇO DE LAMA ASFÁLTICA","2025-03-01","***","***","***","***","***","***"]
["EMULSÃO ASFÁLTICA DE RUPTURA LENTA CATIÔNICA PARA SERVIÇO DE LAMA ASFÁLTICA","2025-04-01","***","***","***","***","***","***"]
["EMULSÃO ASFÁLTICA DE RUPTURA LENTA CATIÔNICA PARA SERVIÇO DE LAMA ASFÁLTICA","2025-05-01","***","***","***","***","***","***"]
["EMULSÃO ASFÁLTICA DE RUPTURA LENTA DE CARGA NEUTRA PARA SERVIÇO DE LAMA ASFÁLTICA","2015-09-01","***","***","***","***","***","***"]
["EMULSÃO ASFÁLTICA DE RUPTURA LENTA DE CARGA NEUTRA PARA SERVIÇO DE LAMA ASFÁLTICA","2015-10-01","***","***","***","***","***","***"]
["EMULSÃO ASFÁLTICA DE RUPTURA LENTA DE CARGA NEUTRA PARA SERVIÇO DE LAMA ASFÁLTICA","2015-11-01","***","***","***","***","***","***"]
["EMULSÃO ASFÁLTICA DE RUPTURA LENTA DE CARGA NEUTRA PARA SERVIÇO DE LAMA ASFÁLTICA","2015-12-01","***","***","***",1.78091,"***",1.78091]
["EMULSÃO ASFÁLTICA DE RUPTURA LENTA DE CARGA NEUTRA PARA SERVIÇO DE LAMA ASFÁLTICA","2016-01-01","***","***","***","***","***","***"]
["EMULSÃO ASFÁLTICA DE RUPTURA LENTA DE CARGA NEUTRA PARA SERVIÇO DE LAMA ASFÁLTICA","2016-02-01","***","***","***","***","***","***"]
["EMULSÃO ASFÁLTICA DE RUPTURA LENTA DE CARGA NEUTRA PARA SERVIÇO DE LAMA ASFÁLTICA","2016-03-01","***","***","***","***","***","***"]
["EMULSÃO ASFÁLTICA DE RUPTURA LENTA DE CARGA NEUTRA PARA SERVIÇO DE LAMA ASFÁLTICA","2016-04-01","***","***","***","***","***","***"]
["EMULSÃO ASFÁLTICA DE RUPTURA LENTA DE CARGA NEUTRA PARA SERVIÇO DE LAMA ASFÁLTICA","2016-05-01","***","***","***","***","***","***"]
["EMULSÃO ASFÁLTICA DE RUPTURA LENTA DE CARGA NEUTRA PARA SERVIÇO DE LAMA ASFÁLTICA","2016-06-01","***","***","***","***","***","***"]
["EMULSÃO ASFÁLTICA DE RUPTURA LENTA DE CARGA NEUTRA PARA SERVIÇO DE LAMA ASFÁLTICA","2016-07-01","***","***","***","***","***","***"]
["EMULSÃO ASFÁLTICA DE RUPTURA LENTA DE CARGA NEUTRA PARA SERVIÇO DE LAMA ASFÁLTICA","2016-08-01","***","***","***","***","***","***"]
["EMULSÃO ASFÁLTICA DE RUPTURA LENTA DE CARGA NEUTRA PARA SERVIÇO DE LAMA ASFÁLTICA","2016-09-01","***","***","***","***","***","***"]
["EMULSÃO ASFÁLTICA DE RUPTURA LENTA DE CARGA NEUTRA PARA SERVIÇO DE LAMA ASFÁLTICA","2016-10-01","***","***","***","***","***","***"]
["EMULSÃO ASFÁLTICA DE RUPTURA LENTA DE CARGA NEUTRA PARA SERVIÇO DE LAMA ASFÁLTICA","2016-11-01","***","***","***","***","***","***"]
["EMULSÃO ASFÁLTICA DE RUPTURA LENTA DE CARGA NEUTRA PARA SERVIÇO DE LAMA ASFÁLTICA","2016-12-01","***","***","***","***","***","***"]
["EMULSÃO ASFÁLTICA DE RUPTURA LENTA DE CARGA NEUTRA PARA SERVIÇO DE LAMA ASFÁLTICA","2017-01-01","***","***","***","***",1.3629899999999999,1.3629899999999999]
["EMULSÃO ASFÁLTICA DE RUPTURA LENTA DE CARGA NEUTRA PARA SERVIÇO DE LAMA ASFÁLTICA","2017-02-01","***","***","***","***",1.4107400000000003,1.4107400000000003]
["EMULSÃO ASFÁLTICA DE RUPTURA LENTA DE CARGA NEUTRA PARA SERVIÇO DE LAMA ASFÁLTICA","2017-03-01","***","***","***","***",1.4107400000000001,1.4107400000000001]
["EMULSÃO ASFÁLTICA DE RUPTURA LENTA DE CARGA NEUTRA PARA SERVIÇO DE LAMA ASFÁLTICA","2017-04-01","***","***","***",1.2812077317731774,"***",1.2812077317731774]
["EMULSÃO ASFÁLTICA DE RUPTURA LENTA DE CARGA NEUTRA PARA SERVIÇO DE LAMA ASFÁLTICA","2017-05-01","***","***","***",1.6340114958448753,"***",1.6340114958448753]
["EMULSÃO ASFÁLTICA DE RUPTURA LENTA DE CARGA NEUTRA PARA SERVIÇO DE LAMA ASFÁLTICA","2017-06-01","***","***","***",1.31921,"***",1.31921]
["EMULSÃO ASFÁLTICA DE RUPTURA LENTA DE CARGA NEUTRA PARA SERVIÇO DE LAMA ASFÁLTICA","2017-07-01","***","***","***","***","***","***"]
["EMULSÃO ASFÁLTICA DE RUPTURA LENTA DE CARGA NEUTRA PARA SERVIÇO DE LAMA ASFÁLTICA","2017-08-01","***","***","***",1.9680600000000001,"***",1.9680600000000001]
["EMULSÃO ASFÁLTICA DE RUPTURA LENTA DE CARGA NEUTRA PARA SERVIÇO DE LAMA ASFÁLTICA","2017-09-01","***","***","***","***","***","***"]
["EMULSÃO ASFÁLTICA DE RUPTURA LENTA DE CARGA NEUTRA PARA SERVIÇO DE LAMA ASFÁLTICA","2017-10-01","***","***","***","***","***","***"]
["EMULSÃO ASFÁLTICA DE RUPTURA LENTA DE CARGA NEUTRA PARA SERVIÇO DE LAMA ASFÁLTICA","2017-11-01","***","***","***","***","***","***"]
["EMULSÃO ASFÁLTICA DE RUPTURA LENTA DE CARGA NEUTRA PARA SERVIÇO DE LAMA ASFÁLTICA","2017-12-01","***","***","***","***","***","***"]
["EMULSÃO ASFÁLTICA DE RUPTURA LENTA DE CARGA NEUTRA PARA SERVIÇO DE LAMA ASFÁLTICA","2018-01-01","***","***","***","***","***","***"]
["EMULSÃO ASFÁLTICA DE RUPTURA LENTA DE CARGA NEUTRA PARA SERVIÇO DE LAMA ASFÁLTICA","2018-02-01","***","***","***","***","***","***"]
["EMULSÃO ASFÁLTICA DE RUPTURA LENTA DE CARGA NEUTRA PARA SERVIÇO DE LAMA ASFÁLTICA","2018-03-01","***","***","***","***","***","***"]
["EMULSÃO ASFÁLTICA DE RUPTURA LENTA DE CARGA NEUTRA PARA SERVIÇO DE LAMA ASFÁLTICA","2018-04-01","***","***","***","***","***","***"]
["EMULSÃO ASFÁLTICA DE RUPTURA LENTA DE CARGA NEUTRA PARA SERVIÇO DE LAMA ASFÁLTICA","2018-05-01","***","***","***","***","***","***"]
["EMULSÃO ASFÁLTICA DE RUPTURA LENTA DE CARGA NEUTRA PARA SERVIÇO DE LAMA ASFÁLTICA","2018-06-01","***","***","***","***","***","***"]
["EMULSÃO ASFÁLTICA DE RUPTURA LENTA DE CARGA NEUTRA PARA SERVIÇO DE LAMA ASFÁLTICA","2018-07-01","***","***","***","***","***","***"]
["EMULSÃO ASFÁLTICA DE RUPTURA LENTA DE CARGA NEUTRA PARA SERVIÇO DE LAMA ASFÁLTICA","2018-08-01","***","***","***","***","***","***"]
["EMULSÃO ASFÁLTICA DE RUPTURA LENTA DE CARGA NEUTRA PARA SERVIÇO DE LAMA ASFÁLTICA","2018-09-01","***","***","***","***","***","***"]
["EMULSÃO ASFÁLTICA DE RUPTURA LENTA DE CARGA NEUTRA PARA SERVIÇO DE LAMA ASFÁLTICA","2018-10-01","***","***","***","***","***","***"]
["EMULSÃO ASFÁLTICA DE RUPTURA LENTA DE CARGA NEUTRA PARA SERVIÇO DE LAMA ASFÁLTICA","2018-11-01","***","***","***","***","***","***"]
["EMULSÃO ASFÁLTICA DE RUPTURA LENTA DE CARGA NEUTRA PARA SERVIÇO DE LAMA ASFÁLTICA","2018-12-01","***","***","***","***","***","***"]
["EMULSÃO ASFÁLTICA DE RUPTURA LENTA DE CARGA NEUTRA PARA SERVIÇO DE LAMA ASFÁLTICA","2019-01-01","***","***","***","***","***","***"]
["EMULSÃO ASFÁLTICA DE RUPTURA LENTA DE CARGA NEUTRA PARA SERVIÇO DE LAMA ASFÁLTICA","2019-02-01","***","***","***","***","***","***"]
["EMULSÃO ASFÁLTICA DE RUPTURA LENTA DE CARGA NEUTRA PARA SERVIÇO DE LAMA ASFÁLTICA","2019-03-01","***","***","***","***","***","***"]
["EMULSÃO ASFÁLTICA DE RUPTURA LENTA DE CARGA NEUTRA PARA SERVIÇO DE LAMA ASFÁLTICA","2019-04-01","***","***","***","***","***","***"]
["EMULSÃO ASFÁLTICA DE RUPTURA LENTA DE CARGA NEUTRA PARA SERVIÇO DE LAMA ASFÁLTICA","2019-05-01","***","***","***","***","***","***"]
["EMULSÃO ASFÁLTICA DE RUPTURA LENTA DE CARGA NEUTRA PARA SERVIÇO DE LAMA ASFÁLTICA","2019-06-01","***","***","***","***","***","***"]
["EMULSÃO ASFÁLTICA DE RUPTURA LENTA DE CARGA NEUTRA PARA SERVIÇO DE LAMA ASFÁLTICA","2019-07-01","***","***","***","***","***","***"]
["EMULSÃO ASFÁLTICA DE RUPTURA LENTA DE CARGA NEUTRA PARA SERVIÇO DE LAMA ASFÁLTICA","2019-08-01","***","***","***","***","***","***"]
["EMULSÃO ASFÁLTICA DE RUPTURA LENTA DE CARGA NEUTRA PARA SERVIÇO DE LAMA ASFÁLTICA","2019-09-01","***","***","***","***","***","***"]
["EMULSÃO ASFÁLTICA DE RUPTURA LENTA DE CARGA NEUTRA PARA SERVIÇO DE LAMA ASFÁLTICA","2019-10-01","***","***","***","***","***","***"]
["EMULSÃO ASFÁLTICA DE RUPTURA LENTA DE CARGA NEUTRA PARA SERVIÇO DE LAMA ASFÁLTICA","2019-11-01","***","***","***","***","***","***"]
["EMULSÃO ASFÁLTICA DE RUPTURA LENTA DE CARGA NEUTRA PARA SERVIÇO DE LAMA ASFÁLTICA","2019-12-01","***","***","***","***","***","***"]
["EMULSÃO ASFÁLTICA DE RUPTURA LENTA DE CARGA NEUTRA PARA SERVIÇO DE LAMA ASFÁLTICA","2020-01-01","***","***","***","***","***","***"]
["EMULSÃO ASFÁLTICA DE RUPTURA LENTA DE CARGA NEUTRA PARA SERVIÇO DE LAMA ASFÁLTICA","2020-02-01","***","***","***","***","***","***"]
["EMULSÃO ASFÁLTICA DE RUPTURA LENTA DE CARGA NEUTRA PARA SERVIÇO DE LAMA ASFÁLTICA","2020-03-01","***","***","***","***","***","***"]
["EMULSÃO ASFÁLTICA DE RUPTURA LENTA DE CARGA NEUTRA PARA SERVIÇO DE LAMA ASFÁLTICA","2020-04-01","***","***","***","***","***","***"]
["EMULSÃO ASFÁLTICA DE RUPTURA LENTA DE CARGA NEUTRA PARA SERVIÇO DE LAMA ASFÁLTICA","2020-05-01","***","***","***","***","***","***"]
["EMULSÃO ASFÁLTICA DE RUPTURA LENTA DE CARGA NEUTRA PARA SERVIÇO DE LAMA ASFÁLTICA","2020-06-01","***","***","***","***","***","***"]
["EMULSÃO ASFÁLTICA DE RUPTURA LENTA DE CARGA NEUTRA PARA SERVIÇO DE LAMA ASFÁLTICA","2020-07-01","***","***","***","***","***","***"]
["EMULSÃO ASFÁLTICA DE RUPTURA LENTA DE CARGA NEUTRA PARA SERVIÇO DE LAMA ASFÁLTICA","2020-08-01","***","***","***","***","***","***"]
["EMULSÃO ASFÁLTICA DE RUPTURA LENTA DE CARGA NEUTRA PARA SERVIÇO DE LAMA ASFÁLTICA","2020-09-01","***","***","***","***","***","***"]
["EMULSÃO ASFÁLTICA DE RUPTURA LENTA DE CARGA NEUTRA PARA SERVIÇO DE LAMA ASFÁLTICA","2020-10-01","***","***","***","***","***","***"]
["EMULSÃO ASFÁLTICA DE RUPTURA LENTA DE CARGA NEUTRA PARA SERVIÇO DE LAMA ASFÁLTICA","2020-11-01","***","***","***","***","***","***"]
["EMULSÃO ASFÁLTICA DE RUPTURA LENTA DE CARGA NEUTRA PARA SERVIÇO DE LAMA ASFÁLTICA","2020-12-01","***","***","***","***","***","***"]
["EMULSÃO ASFÁLTICA DE RUPTURA LENTA DE CARGA NEUTRA PARA SERVIÇO DE LAMA ASFÁLTICA","2021-01-01","***","***","***","***","***","***"]
["EMULSÃO ASFÁLTICA DE RUPTURA LENTA DE CARGA NEUTRA PARA SERVIÇO DE LAMA ASFÁLTICA","2021-02-01","***","***","***","***","***","***"]
["EMULSÃO ASFÁLTICA DE RUPTURA LENTA DE CARGA NEUTRA PARA SERVIÇO DE LAMA ASFÁLTICA","2021-03-01","***","***","***","***","***","***"]
["EMULSÃO ASFÁLTICA DE RUPTURA LENTA DE CARGA NEUTRA PARA SERVIÇO DE LAMA ASFÁLTICA","2021-04-01","***","***","***","***","***","***"]
["EMULSÃO ASFÁLTICA DE RUPTURA LENTA DE CARGA NEUTRA PARA SERVIÇO DE LAMA ASFÁLTICA","2021-05-01","***","***","***","***","***","***"]
["EMULSÃO ASFÁLTICA DE RUPTURA LENTA DE CARGA NEUTRA PARA SERVIÇO DE LAMA ASFÁLTICA","2021-06-01","***","***","***","***","***","***"]
["EMULSÃO ASFÁLTICA DE RUPTURA LENTA DE CARGA NEUTRA PARA SERVIÇO DE LAMA ASFÁLTICA","2021-07-01","***","***","***","***","***","***"]
["EMULSÃO ASFÁLTICA DE RUPTURA LENTA DE CARGA NEUTRA PARA SERVIÇO DE LAMA ASFÁLTICA","2021-08-01","***","***","***","***","***","***"]
["EMULSÃO ASFÁLTICA DE RUPTURA LENTA DE CARGA NEUTRA PARA SERVIÇO DE LAMA ASFÁLTICA","2021-09-01","***","***","***","***","***","***"]
["EMULSÃO ASFÁLTICA DE RUPTURA LENTA DE CARGA NEUTRA PARA SERVIÇO DE LAMA ASFÁLTICA","2021-10-01","***","***","***","***","***","***"]
["EMULSÃO ASFÁLTICA DE RUPTURA LENTA DE CARGA NEUTRA PARA SERVIÇO DE LAMA ASFÁLTICA","2021-11-01","***","***","***","***","***","***"]
["EMULSÃO ASFÁLTICA DE RUPTURA LENTA DE CARGA NEUTRA PARA SERVIÇO DE LAMA ASFÁLTICA","2021-12-01","***","***","***","***","***","***"]
["EMULSÃO ASFÁLTICA DE RUPTURA LENTA DE CARGA NEUTRA PARA SERVIÇO DE LAMA ASFÁLTICA","2022-01-01","***","***","***","***","***","***"]
["EMULSÃO ASFÁLTICA DE RUPTURA LENTA DE CARGA NEUTRA PARA SERVIÇO DE LAMA ASFÁLTICA","2022-02-01","***","***","***","***","***","***"]
["EMULSÃO ASFÁLTICA DE RUPTURA LENTA DE CARGA NEUTRA PARA SERVIÇO DE LAMA ASFÁLTICA","2022-03-01","***","***","***","***","***","***"]
["EMULSÃO ASFÁLTICA DE RUPTURA LENTA DE CARGA NEUTRA PARA SERVIÇO DE LAMA ASFÁLTICA","2022-04-01","***","***","***","***","***","***"]
["EMULSÃO ASFÁLTICA DE RUPTURA LENTA DE CARGA NEUTRA PARA SERVIÇO DE LAMA ASFÁLTICA","2022-05-01","***","***","***","***","***","***"]
["EMULSÃO ASFÁLTICA DE RUPTURA LENTA DE CARGA NEUTRA PARA SERVIÇO DE LAMA ASFÁLTICA","2022-06-01","***","***","***","***","***","***"]
["EMULSÃO ASFÁLTICA DE RUPTURA LENTA DE CARGA NEUTRA PARA SERVIÇO DE LAMA ASFÁLTICA","2022-07-01","***","***","***","***","***","***"]
["EMULSÃO ASFÁLTICA DE RUPTURA LENTA DE CARGA NEUTRA PARA SERVIÇO DE LAMA ASFÁLTICA","2022-08-01","***","***","***","***","***","***"]
["EMULSÃO ASFÁLTICA DE RUPTURA LENTA DE CARGA NEUTRA PARA SERVIÇO DE LAMA ASFÁLTICA","2022-09-01","***","***","***","***","***","***"]
["EMULSÃO ASFÁLTICA DE RUPTURA LENTA DE CARGA NEUTRA PARA SERVIÇO DE LAMA ASFÁLTICA","2022-10-01","***","***","***","***","***","***"]
["EMULSÃO ASFÁLTICA DE RUPTURA LENTA DE CARGA NEUTRA PARA SERVIÇO DE LAMA ASFÁLTICA","2022-11-01","***","***","***","***","***","***"]
["EMULSÃO ASFÁLTICA DE RUPTURA LENTA DE CARGA NEUTRA PARA SERVIÇO DE LAMA ASFÁLTICA","2022-12-01","***","***","***","***","***","***"]
["EMULSÃO ASFÁLTICA DE RUPTURA LENTA DE CARGA NEUTRA PARA SERVIÇO DE LAMA ASFÁLTICA","2023-01-01","***","***","***","***","***","***"]
["EMULSÃO ASFÁLTICA DE RUPTURA LENTA DE CARGA NEUTRA PARA SERVIÇO DE LAMA ASFÁLTICA","2023-02-01","***","***","***","***","***","***"]
["EMULSÃO ASFÁLTICA DE RUPTURA LENTA DE CARGA NEUTRA PARA SERVIÇO DE LAMA ASFÁLTICA","2023-03-01","***","***","***","***","***","***"]
["EMULSÃO ASFÁLTICA DE RUPTURA LENTA DE CARGA NEUTRA PARA SERVIÇO DE LAMA ASFÁLTICA","2023-04-01","***","***","***","***","***","***"]
["EMULSÃO ASFÁLTICA DE RUPTURA LENTA DE CARGA NEUTRA PARA SERVIÇO DE LAMA ASFÁLTICA","2023-05-01","***","***","***","***","***","***"]
["EMULSÃO ASFÁLTICA DE RUPTURA LENTA DE CARGA NEUTRA PARA SERVIÇO DE LAMA ASFÁLTICA","2023-06-01","***","***","***","***","***","***"]
["EMULSÃO ASFÁLTICA DE RUPTURA LENTA DE CARGA NEUTRA PARA SERVIÇO DE LAMA ASFÁLTICA","2023-07-01","***","***","***","***","***","***"]
["EMULSÃO ASFÁLTICA DE RUPTURA LENTA DE CARGA NEUTRA PARA SERVIÇO DE LAMA ASFÁLTICA","2023-08-01","***","***","***","***","***","***"]
["EMULSÃO ASFÁLTICA DE RUPTURA LENTA DE CARGA NEUTRA PARA SERVIÇO DE LAMA ASFÁLTICA","2023-09-01","***","***","***","***","***","***"]
["EMULSÃO ASFÁLTICA DE RUPTURA LENTA DE CARGA NEUTRA PARA SERVIÇO DE LAMA ASFÁLTICA","2023-10-01","***","***","***","***","***","***"]
["EMULSÃO ASFÁLTICA DE RUPTURA LENTA DE CARGA NEUTRA PARA SERVIÇO DE LAMA ASFÁLTICA","2023-11-01","***","***","***","***","***","***"]
["EMULSÃO ASFÁLTICA DE RUPTURA LENTA DE CARGA NEUTRA PARA SERVIÇO DE LAMA ASFÁLTICA","2023-12-01","***","***","***","***","***","***"]
["EMULSÃO ASFÁLTICA DE RUPTURA LENTA DE CARGA NEUTRA PARA SERVIÇO DE LAMA ASFÁLTICA","2024-01-01","***","***","***","***","***","***"]
["EMULSÃO ASFÁLTICA DE RUPTURA LENTA DE CARGA NEUTRA PARA SERVIÇO DE LAMA ASFÁLTICA","2024-02-01","***","***","***","***","***","***"]
["EMULSÃO ASFÁLTICA DE RUPTURA LENTA DE CARGA NEUTRA PARA SERVIÇO DE LAMA ASFÁLTICA","2024-03-01","***","***","***","***","***","***"]
["EMULSÃO ASFÁLTICA DE RUPTURA LENTA DE CARGA NEUTRA PARA SERVIÇO DE LAMA ASFÁLTICA","2024-04-01","***","***","***","***","***","***"]
["EMULSÃO ASFÁLTICA DE RUPTURA LENTA DE CARGA NEUTRA PARA SERVIÇO DE LAMA ASFÁLTICA","2024-05-01","***","***","***","***","***","***"]
["EMULSÃO ASFÁLTICA DE RUPTURA LENTA DE CARGA NEUTRA PARA SERVIÇO DE LAMA ASFÁLTICA","2024-06-01","***","***","***","***","***","***"]
["EMULSÃO ASFÁLTICA DE RUPTURA LENTA DE CARGA NEUTRA PARA SERVIÇO DE LAMA ASFÁLTICA","2024-07-01","***","***","***","***","***","***"]
["EMULSÃO ASFÁLTICA DE RUPTURA LENTA DE CARGA NEUTRA PARA SERVIÇO DE LAMA ASFÁLTICA","2024-08-01","***","***","***","***","***","***"]
["EMULSÃO ASFÁLTICA DE RUPTURA LENTA DE CARGA NEUTRA PARA SERVIÇO DE LAMA ASFÁLTICA","2024-09-01","***","***","***","***","***","***"]
["EMULSÃO ASFÁLTICA DE RUPTURA LENTA DE CARGA NEUTRA PARA SERVIÇO DE LAMA ASFÁLTICA","2024-10-01","***","***","***","***","***","***"]
["EMULSÃO ASFÁLTICA DE RUPTURA LENTA DE CARGA NEUTRA PARA SERVIÇO DE LAMA ASFÁLTICA","2024-11-01","***","***","***","***","***","***"]
["EMULSÃO ASFÁLTICA DE RUPTURA LENTA DE CARGA NEUTRA PARA SERVIÇO DE LAMA ASFÁLTICA","2024-12-01","***","***","***","***","***","***"]
["EMULSÃO ASFÁLTICA DE RUPTURA LENTA DE CARGA NEUTRA PARA SERVIÇO DE LAMA ASFÁLTICA","2025-01-01","***","***","***","***","***","***"]
["EMULSÃO ASFÁLTICA DE RUPTURA LENTA DE CARGA NEUTRA PARA SERVIÇO DE LAMA ASFÁLTICA","2025-02-01","***","***","***","***","***","***"]
["EMULSÃO ASFÁLTICA DE RUPTURA LENTA DE CARGA NEUTRA PARA SERVIÇO DE LAMA ASFÁLTICA","2025-03-01","***","***","***","***","***","***"]
["EMULSÃO ASFÁLTICA DE RUPTURA LENTA DE CARGA NEUTRA PARA SERVIÇO DE LAMA ASFÁLTICA","2025-04-01","***","***","***","***","***","***"]
["EMULSÃO ASFÁLTICA DE RUPTURA LENTA DE CARGA NEUTRA PARA SERVIÇO DE LAMA ASFÁLTICA","2025-05-01","***","***","***","***","***","***"]
["EMULSÃO ASFÁLTICA PARA SERVIÇO DE IMPRIMAÇÃO","2015-09-01","***","***",1.4717220003202049,1.4096112734159074,1.4193069532859328,1.446822740151299]
["EMULSÃO ASFÁLTICA PARA SERVIÇO DE IMPRIMAÇÃO","2015-10-01","***",1.9176,1.781092886124624,1.4955308126593099,1.6322685873497631,1.6558735877785684]
["EMULSÃO ASFÁLTICA PARA SERVIÇO DE IMPRIMAÇÃO","2015-11-01","***",1.9491000000000001,1.851497011280008,1.5423770651148661,1.7165669846000993,1.7111602719051495]
["EMULSÃO ASFÁLTICA PARA SERVIÇO DE IMPRIMAÇÃO","2015-12-01","***",1.9329001129943502,1.9289875347995546,1.5349218527808066,1.7583001329948014,1.7451550601173027]
["EMULSÃO ASFÁLTICA PARA SERVIÇO DE IMPRIMAÇÃO","2016-01-01","***",2.0734232378223494,1.7298643690939413,1.5701077270194985,1.8257659849583492,1.7351025423644171]
["EMULSÃO ASFÁLTICA PARA SERVIÇO DE IMPRIMAÇÃO","2016-02-01","***","***",1.9732574718275353,1.5621659796115781,1.7777156657003466,1.6603494935167886]
["EMULSÃO ASFÁLTICA PARA SERVIÇO DE IMPRIMAÇÃO","2016-03-01","***",2.0640000000000001,1.954123306098047,1.5733089191379386,1.7422350461028668,1.6939279132448939]
["EMULSÃO ASFÁLTICA PARA SERVIÇO DE IMPRIMAÇÃO","2016-04-01","***","***",2.1729798992309735,1.7525258127145407,1.8008038630578787,1.8146813159618167]
["EMULSÃO ASFÁLTICA PARA SERVIÇO DE IMPRIMAÇÃO","2016-05-01","***",1.7919240662460567,2.118228549569467,1.7355234617836999,1.9137052848109848,1.8802597980249405]
["EMULSÃO ASFÁLTICA PARA SERVIÇO DE IMPRIMAÇÃO","2016-06-01","***",2.3814000000000002,2.0685431061761879,1.7727581593359081,1.866770418484206,1.8919590595887776]
["EMULSÃO ASFÁLTICA PARA SERVIÇO DE IMPRIMAÇÃO","2016-07-01","***",2.2549342402884771,2.057723744701883,1.7455767606817247,1.9228265695583726,1.9082666921964366]
["EMULSÃO ASFÁLTICA PARA SERVIÇO DE IMPRIMAÇÃO","2016-08-01","***",1.9722799120284216,2.0208821239199635,1.8171883423962276,1.885670286408119,1.914476303570678]
["EMULSÃO ASFÁLTICA PARA SERVIÇO DE IMPRIMAÇÃO","2016-09-01","***",1.5627763159710244,1.8440562928701951,1.5798445022986489,1.6956428947170663,1.6976975163017372]
["EMULSÃO ASFÁLTICA PARA SERVIÇO DE IMPRIMAÇÃO","2016-10-01","***",1.3846296727384657,1.8077131124999994,1.5586842050456009,1.7103719054645461,1.6861737127229937]
["EMULSÃO ASFÁLTICA PARA SERVIÇO DE IMPRIMAÇÃO","2016-11-01",1.8555506785714286,1.5683234213680513,1.8844597698120391,1.502814868711015,1.6454688381756071,1.6395871836940492]
["EMULSÃO ASFÁLTICA PARA SERVIÇO DE IMPRIMAÇÃO","2016-12-01",1.835539482993197,1.7820216889674323,1.7095233511963166,1.4685483053029356,1.7295495707354236,1.6919890208808703]
["EMULSÃO ASFÁLTICA PARA SERVIÇO DE IMPRIMAÇÃO","2017-01-01",1.8523369286359528,1.9103789201849,1.7347059970384997,1.3295956145425254,1.7152723192149464,1.6610438044154168]
["EMULSÃO ASFÁLTICA PARA SERVIÇO DE IMPRIMAÇÃO","2017-02-01",1.80267,1.6531303859872608,1.692170593425987,1.5038838855913981,1.6521456953841025,1.6307036896274727]
["EMULSÃO ASFÁLTICA PARA SERVIÇO DE IMPRIMAÇÃO","2017-03-01","***",1.8867000000000003,1.8112680378486055,1.4228776705346042,1.6713104675337158,1.5907534057935775]
["EMULSÃO ASFÁLTICA PARA SERVIÇO DE IMPRIMAÇÃO","2017-04-01",1.80267,1.9221112673830594,1.9080195351925628,1.4540572151287079,1.4810554970551493,1.5422089253019704]
["EMULSÃO ASFÁLTICA PARA SERVIÇO DE IMPRIMAÇÃO","2017-05-01","***",1.798720788171672,1.9108605754545833,1.4473522046819021,1.5792215321643097,1.6012454388775854]
["EMULSÃO ASFÁLTICA PARA SERVIÇO DE IMPRIMAÇÃO","2017-06-01","***",1.928042078211333,1.7547227717460026,1.5224507626460311,1.6157893204478087,1.6626244760566549]
["EMULSÃO ASFÁLTICA PARA SERVIÇO DE IMPRIMAÇÃO","2017-07-01","***",1.8200533150144438,1.7937393923183163,1.5130407463586413,1.5841936541858999,1.6338958205168921]
["EMULSÃO ASFÁLTICA PARA SERVIÇO DE IMPRIMAÇÃO","2017-08-01",2.0585001865378132,1.8604519498001415,1.8188039432332377,1.4662376294908728,1.6024065110271175,1.6858944252430712]
["EMULSÃO ASFÁLTICA PARA SERVIÇO DE IMPRIMAÇÃO","2017-09-01",2.1347865658783785,1.912976607365793,1.7309102069523037,1.4955104023610026,1.7016208187846578,1.6378792960882471]
["EMULSÃO ASFÁLTICA PARA SERVIÇO DE IMPRIMAÇÃO","2017-10-01",1.9739520872469212,2.0452770015331643,1.7447005355811598,1.5035520794776804,1.6649430589906942,1.6895213192639258]
["EMULSÃO ASFÁLTICA PARA SERVIÇO DE IMPRIMAÇÃO","2017-11-01",2.2336100000000001,2.1274698169846036,1.7658597976295769,1.5960234244052445,1.7149270506442769,1.7348380917195407]
["EMULSÃO ASFÁLTICA PARA SERVIÇO DE IMPRIMAÇÃO","2017-12-01",2.0474999999999999,2.1473485538110029,1.8056750821779453,1.5046702154828409,1.713302354625726,1.793716006729597]
["EMULSÃO ASFÁLTICA PARA SERVIÇO DE IMPRIMAÇÃO","2018-01-01","***",2.1136413638684837,1.7047400385048834,1.661529397695241,1.7933764125799576,1.8390607333859526]
["EMULSÃO ASFÁLTICA PARA SERVIÇO DE IMPRIMAÇÃO","2018-02-01",2.2785099999999998,2.0658926604692343,1.8006337253545488,1.6419065684557534,1.7814624818836775,1.7641855811241458]
["EMULSÃO ASFÁLTICA PARA SERVIÇO DE IMPRIMAÇÃO","2018-03-01",2.2487019364214351,2.0861432800225783,1.9422039728402196,1.6115233037469801,1.8381134033956901,1.8777657953659046]
["EMULSÃO ASFÁLTICA PARA SERVIÇO DE IMPRIMAÇÃO","2018-04-01",2.2489575499112688,2.124686455890973,1.8978037947725068,1.6093467640342376,1.8135804273660479,1.8005182668979485]
["EMULSÃO ASFÁLTICA PARA SERVIÇO DE IMPRIMAÇÃO","2018-05-01","***",1.6126478213586228,2.0262988983512402,1.7277407187953555,1.886713069113602,1.7973856697043356]
["EMULSÃO ASFÁLTICA PARA SERVIÇO DE IMPRIMAÇÃO","2018-06-01",2.5311933305099097,1.896695403468095,2.112269213085765,1.7636055451565207,1.9582836458415978,1.9553870655161913]
["EMULSÃO ASFÁLTICA PARA SERVIÇO DE IMPRIMAÇÃO","2018-07-01",2.0369999999999999,1.7043749202437319,2.1750624815865645,1.8698214052011728,2.0236902374215862,1.9568261828570443]
["EMULSÃO ASFÁLTICA PARA SERVIÇO DE IMPRIMAÇÃO","2018-08-01",2.4222804352806415,2.1440126394777175,2.2640288331904372,1.9046096054385497,2.1279229118504173,2.1252186176818904]
["EMULSÃO ASFÁLTICA PARA SERVIÇO DE IMPRIMAÇÃO","2018-09-01",2.3363446925730522,2.2616459603713808,2.2680425644164259,1.8891011288312105,2.1329636128967833,2.1162671078665434]
["EMULSÃO ASFÁLTICA PARA SERVIÇO DE IMPRIMAÇÃO","2018-10-01",2.2061509825119234,2.320035007940946,2.2529405629192727,1.9093879243100309,2.150117762859733,2.1277288771141061]
["EMULSÃO ASFÁLTICA PARA SERVIÇO DE IMPRIMAÇÃO","2018-11-01","***",2.4775578172098047,2.347241355345544,2.048181918630879,2.2622156464294187,2.2770121207177478]
["EMULSÃO ASFÁLTICA PARA SERVIÇO DE IMPRIMAÇÃO","2018-12-01",2.6970100000000001,2.4878049135929841,2.2755942229183495,1.9267085426847577,2.2704107290574749,2.1773289110451319]
["EMULSÃO ASFÁLTICA PARA SERVIÇO DE IMPRIMAÇÃO","2019-01-01",2.569534034699779,2.0477524468903763,2.273538935697442,1.9026970882528318,2.2676028906672214,2.1379930658384958]
["EMULSÃO ASFÁLTICA PARA SERVIÇO DE IMPRIMAÇÃO","2019-02-01","***",2.0257277589489724,2.4624917058645401,1.9703196337051905,2.3070408404815756,2.1551676978941878]
["EMULSÃO ASFÁLTICA PARA SERVIÇO DE IMPRIMAÇÃO","2019-03-01",2.6691099999999999,1.6959436318303136,2.5465520276717553,1.9552438313539189,2.4281821113268061,2.2045408586361903]
["EMULSÃO ASFÁLTICA PARA SERVIÇO DE IMPRIMAÇÃO","2019-04-01",3.35955,1.9818107514303227,2.3125620717113136,2.0354331516730602,2.2397450546167494,2.1774734721493982]
["EMULSÃO ASFÁLTICA PARA SERVIÇO DE IMPRIMAÇÃO","2019-05-01","***",1.8234970544595721,2.4254257239463191,1.9132360206144159,2.2897054462858146,2.0706776060769183]
["EMULSÃO ASFÁLTICA PARA SERVIÇO DE IMPRIMAÇÃO","2019-06-01",2.2517219839142086,2.0564316331744847,2.3626354541824299,1.9853630545154812,2.3117404267678539,2.1754297162835736]
["EMULSÃO ASFÁLTICA PARA SERVIÇO DE IMPRIMAÇÃO","2019-07-01",2.3897042241771573,1.9267336846819376,2.3502997148567633,1.8861192366997852,2.3443128931004193,2.1300336245449243]
["EMULSÃO ASFÁLTICA PARA SERVIÇO DE IMPRIMAÇÃO","2019-08-01",2.4204981811922095,1.9366342717638025,2.2289583891939122,1.9191860417525901,2.0707519605165676,2.0746355600434843]
["EMULSÃO ASFÁLTICA PARA SERVIÇO DE IMPRIMAÇÃO","2019-09-01","***",1.72595770251872,2.1658361328552553,1.9828711191237132,2.1233871540218638,2.0320109511814355]
["EMULSÃO ASFÁLTICA PARA SERVIÇO DE IMPRIMAÇÃO","2019-10-01",4.5373264802536761,2.4236474290967682,2.2699362042611231,1.9603570112969801,2.0919216161557252,2.2362857279303823]
["EMULSÃO ASFÁLTICA PARA SERVIÇO DE IMPRIMAÇÃO","2019-11-01",5.6230687732466951,2.6715909938236941,2.7934442152445098,2.0930103721866944,1.9917861432045603,2.4255786535411881]
["EMULSÃO ASFÁLTICA PARA SERVIÇO DE IMPRIMAÇÃO","2019-12-01",2.3584000000000001,3.0904484000344756,2.6985981808610187,1.99483101942341,2.0674729614924576,2.3388369589663549]
["EMULSÃO ASFÁLTICA PARA SERVIÇO DE IMPRIMAÇÃO","2020-01-01",3.6791948315847596,4.1110188511601589,2.2090466486420044,2.2934666147576288,2.1807412851880241,2.3621384832723091]
["EMULSÃO ASFÁLTICA PARA SERVIÇO DE IMPRIMAÇÃO","2020-02-01",2.1811774007807414,2.1654909296132416,2.3830260641579271,2.2917209365781708,1.9559190447735786,2.1193258904026702]
["EMULSÃO ASFÁLTICA PARA SERVIÇO DE IMPRIMAÇÃO","2020-03-01",2.1471933954276037,1.9745777774206508,2.2907157166825649,2.1034900110826631,1.9431246398375084,2.0570322765095441]
["EMULSÃO ASFÁLTICA PARA SERVIÇO DE IMPRIMAÇÃO","2020-04-01",2.0778829341696397,1.793610134150381,2.2503999009644868,1.8989067760757625,2.0198990328425186,1.996356513702779]
["EMULSÃO ASFÁLTICA PARA SERVIÇO DE IMPRIMAÇÃO","2020-05-01",2.2555799800760732,1.8382469968106199,2.04921303898035,1.8409840556324244,2.1390478487386093,2.0004694352028545]
["EMULSÃO ASFÁLTICA PARA SERVIÇO DE IMPRIMAÇÃO","2020-06-01",2.1355224401584296,1.8717526592631764,2.0038524815999561,1.8457568575565277,2.1776289934903108,1.9814549341740808]
["EMULSÃO ASFÁLTICA PARA SERVIÇO DE IMPRIMAÇÃO","2020-07-01",2.3472582310469319,1.8385508340644319,2.0749291448471241,1.8187960953023425,2.1207410166589744,1.9855505192296981]
["EMULSÃO ASFÁLTICA PARA SERVIÇO DE IMPRIMAÇÃO","2020-08-01",2.3394068348445596,1.8707316968504784,2.1051079563256461,1.821531322006902,2.3315088349322686,2.0288077844879919]
["EMULSÃO ASFÁLTICA PARA SERVIÇO DE IMPRIMAÇÃO","2020-09-01",2.3620475670480823,1.8818332306167003,2.1206819463732454,1.8097786931062012,2.2764226232558142,2.0419763580939101]
["EMULSÃO ASFÁLTICA PARA SERVIÇO DE IMPRIMAÇÃO","2020-10-01",2.5521439381897189,2.0400156077004343,2.0565348781561954,1.8438136785625752,2.117957078695349,2.0469068041644838]
["EMULSÃO ASFÁLTICA PARA SERVIÇO DE IMPRIMAÇÃO","2020-11-01",2.4177600491974358,2.0188306190867253,2.1679761156056374,1.9405702252841677,2.2862254143170171,2.1147758396697172]
["EMULSÃO ASFÁLTICA PARA SERVIÇO DE IMPRIMAÇÃO","2020-12-01",2.3378236417126823,2.0841264732830966,2.1625742851821004,1.8335132127921996,2.2766193632809539,2.0952730475821557]
["EMULSÃO ASFÁLTICA PARA SERVIÇO DE IMPRIMAÇÃO","2021-01-01",2.347244482758621,2.0375597878691645,2.1396080159366542,2.0393461044153844,2.2376702420775714,2.0954109971087274]
["EMULSÃO ASFÁLTICA PARA SERVIÇO DE IMPRIMAÇÃO","2021-02-01",2.3501493848565898,2.056014115717268,2.1588145218720154,1.9805419662265893,2.2036431279255186,2.1088280212173074]
["EMULSÃO ASFÁLTICA PARA SERVIÇO DE IMPRIMAÇÃO","2021-03-01",2.343814607712766,1.969391522550507,2.1533056388479248,2.0575737712482201,2.4169572172627878,2.1614513911194146]
["EMULSÃO ASFÁLTICA PARA SERVIÇO DE IMPRIMAÇÃO","2021-04-01",2.4893339250275637,2.0094747183833115,2.2065015696897596,2.0225825563419222,2.3671075612262298,2.1681865962186944]
["EMULSÃO ASFÁLTICA PARA SERVIÇO DE IMPRIMAÇÃO","2021-05-01",2.5603540979658761,2.3435163980556548,2.457967603936039,2.4267227848229345,2.7680441952971298,2.5118451187675048]
["EMULSÃO ASFÁLTICA PARA SERVIÇO DE IMPRIMAÇÃO","2021-06-01",2.5979053203325209,2.2069928780173469,2.4392551551554367,2.3694899931799145,2.6563028965188091,2.4059176206771271]
["EMULSÃO ASFÁLTICA PARA SERVIÇO DE IMPRIMAÇÃO","2021-07-01",2.4877789729600099,2.2985659921240611,2.4157101048123479,2.346950719202165,2.5056567606381792,2.3916177185434626]
["EMULSÃO ASFÁLTICA PARA SERVIÇO DE IMPRIMAÇÃO","2021-08-01",2.742960745203034,2.2921504163659039,2.4581779088688727,2.4122336335128094,2.6645593237887648,2.4453203266611006]
["EMULSÃO ASFÁLTICA PARA SERVIÇO DE IMPRIMAÇÃO","2021-09-01",2.7361295292805354,2.3472058621277911,2.5007145940183619,2.4364476848492838,2.7185047802971698,2.4887002947269417]
["EMULSÃO ASFÁLTICA PARA SERVIÇO DE IMPRIMAÇÃO","2021-10-01",2.7711781203321229,2.2997943112176391,2.6102565992943241,2.3568543962721984,2.7147784922709639,2.502040352146762]
["EMULSÃO ASFÁLTICA PARA SERVIÇO DE IMPRIMAÇÃO","2021-11-01",3.2692235431946162,2.4903316498765697,2.7374106313084097,2.6827509963977656,3.1193826345188782,2.7718410004092489]
["EMULSÃO ASFÁLTICA PARA SERVIÇO DE IMPRIMAÇÃO","2021-12-01",3.0232395197510824,2.4811121239696741,2.8399219184106168,2.7897857359420737,3.0907552560988689,2.7695953079483986]
["EMULSÃO ASFÁLTICA PARA SERVIÇO DE IMPRIMAÇÃO","2022-01-01",3.1666615251287764,2.481387776339024,2.7500260733344808,2.8233744563615524,2.8680127154040589,2.7139794918540954]
["EMULSÃO ASFÁLTICA PARA SERVIÇO DE IMPRIMAÇÃO","2022-02-01",3.0130564295865194,2.5115472186482144,2.9902902135669787,2.8740507177825525,3.2858949624965774,2.7548944818147176]
["EMULSÃO ASFÁLTICA PARA SERVIÇO DE IMPRIMAÇÃO","2022-03-01",2.6530668181818178,2.5834505076381014,2.9893677349524816,2.9960875739952,3.2109117195300594,2.8387753231243074]
["EMULSÃO ASFÁLTICA PARA SERVIÇO DE IMPRIMAÇÃO","2022-04-01",3.1752210021198692,2.940810703564269,3.3647037660408499,3.0254126235653729,3.3443792665933461,3.1323690863580556]
["EMULSÃO ASFÁLTICA PARA SERVIÇO DE IMPRIMAÇÃO","2022-05-01",3.0254911624216048,3.0780428892722784,3.2428600844879454,2.9954721791758256,3.2211547963766369,3.1142319039385353]
["EMULSÃO ASFÁLTICA PARA SERVIÇO DE IMPRIMAÇÃO","2022-06-01",3.6042888992827633,2.8092826705882352,3.2421525773346196,3.0548692157720279,3.1202498527210061,3.1022324317211183]
["EMULSÃO ASFÁLTICA PARA SERVIÇO DE IMPRIMAÇÃO","2022-07-01",3.4499439039665964,3.0348787201779102,3.3563751586175035,3.0616644898099823,3.2482423979123425,3.2208183723553989]
["EMULSÃO ASFÁLTICA PARA SERVIÇO DE IMPRIMAÇÃO","2022-08-01",3.3751389350154999,3.1220525103388717,3.2507862014749653,3.0489916859357522,3.0750210139125702,3.1839754819147492]
["EMULSÃO ASFÁLTICA PARA SERVIÇO DE IMPRIMAÇÃO","2022-09-01",3.2297256626561928,2.9600224090719442,3.225590487197985,3.0296922171785332,2.9285265107581853,3.092850095982473]
["EMULSÃO ASFÁLTICA PARA SERVIÇO DE IMPRIMAÇÃO","2022-10-01",2.935023095195846,2.9086159784433829,3.1679567346382225,2.8126770393215117,3.0105865418280522,2.989660612175725]
["EMULSÃO ASFÁLTICA PARA SERVIÇO DE IMPRIMAÇÃO","2022-11-01",2.9075154359690019,2.8680256058162539,3.1302584511687539,2.783119177985331,3.0188929179218427,2.9518353931359811]
["EMULSÃO ASFÁLTICA PARA SERVIÇO DE IMPRIMAÇÃO","2022-12-01",3.1460890492363855,2.8836224971110211,3.0842276081993569,2.6200572645143412,2.968354368522979,2.9477420729651174]
["EMULSÃO ASFÁLTICA PARA SERVIÇO DE IMPRIMAÇÃO","2023-01-01",3.8304929538251491,2.6506506503031555,3.7344407531553907,2.9369341704325373,2.8237329120440404,2.919766584205989]
["EMULSÃO ASFÁLTICA PARA SERVIÇO DE IMPRIMAÇÃO","2023-02-01",3.4133893972384484,2.4792648831875175,3.1333218813703287,2.6523342416099243,3.1679657370950047,2.8125589134745792]
["EMULSÃO ASFÁLTICA PARA SERVIÇO DE IMPRIMAÇÃO","2023-03-01",3.5901048167945904,2.4145219695785145,2.8183603233850856,2.480602476721836,2.5785954413552723,2.6069080807161735]
["EMULSÃO ASFÁLTICA PARA SERVIÇO DE IMPRIMAÇÃO","2023-04-01",2.8250312966243478,2.5919587799430368,2.6577796107966027,2.5803076548062727,2.5932050439301864,2.6128176019535871]
["EMULSÃO ASFÁLTICA PARA SERVIÇO DE IMPRIMAÇÃO","2023-05-01",3.0429693417960846,2.5710268530500762,2.8081399934176865,2.3133460501123841,2.4410065126863336,2.5847333100638288]
["EMULSÃO ASFÁLTICA PARA SERVIÇO DE IMPRIMAÇÃO","2023-06-01",2.9723964454576812,2.2668458757660641,2.6939132050872843,2.2833170288798188,2.5303938847813896,2.5360126160424636]
["EMULSÃO ASFÁLTICA PARA SERVIÇO DE IMPRIMAÇÃO","2023-07-01",2.8821984790862936,2.2594110713559488,2.7539668765588168,2.2901569172070624,2.512011643394199,2.5559367978409413]
["EMULSÃO ASFÁLTICA PARA SERVIÇO DE IMPRIMAÇÃO","2023-08-01",2.7599007776265299,2.2519800763491018,2.7191533246964581,2.2484444720773578,2.5402393394585627,2.5142633929458533]
["EMULSÃO ASFÁLTICA PARA SERVIÇO DE IMPRIMAÇÃO","2023-09-01",2.9963490996753093,2.4694270879331937,2.8359607079418838,2.3542105755106055,2.5440572242567523,2.6296176286072672]
["EMULSÃO ASFÁLTICA PARA SERVIÇO DE IMPRIMAÇÃO","2023-10-01",2.9069041499660679,2.3466247757107976,2.7833585392391194,2.2449571863692013,2.5161631257360222,2.5548858726305226]
["EMULSÃO ASFÁLTICA PARA SERVIÇO DE IMPRIMAÇÃO","2023-11-01",3.0181251174746495,2.3975742733603242,2.8357085214027693,2.3057315663117457,2.4853234413728993,2.572672654733811]
["EMULSÃO ASFÁLTICA PARA SERVIÇO DE IMPRIMAÇÃO","2023-12-01",2.9937428089594218,2.2685369069181678,2.7311677809768633,2.3025249018134035,2.7201461208829767,2.5120108245592774]
["EMULSÃO ASFÁLTICA PARA SERVIÇO DE IMPRIMAÇÃO","2024-01-01",3.1576856514478879,2.3099500424127517,2.6017947218421353,2.3588540766402923,2.802549309967008,2.5373917743397296]
["EMULSÃO ASFÁLTICA PARA SERVIÇO DE IMPRIMAÇÃO","2024-02-01",3.234264558593213,2.2708615396454501,2.9665520767683202,2.4553468603164843,2.5576459832485345,2.6139879569074673]
["EMULSÃO ASFÁLTICA PARA SERVIÇO DE IMPRIMAÇÃO","2024-03-01",2.6702058955338024,2.4236607271309123,2.9815662589960108,2.4739468321703972,2.6390660255654708,2.5783919491563876]
["EMULSÃO ASFÁLTICA PARA SERVIÇO DE IMPRIMAÇÃO","2024-04-01",2.9503289613675987,2.3977666569139311,2.7515861276104396,2.432173726034859,2.5948871731624283,2.5758307695536784]
["EMULSÃO ASFÁLTICA PARA SERVIÇO DE IMPRIMAÇÃO","2024-05-01",2.6731142865479063,2.2813300612065581,2.7293088782774348,2.2721972972263225,2.6037438786779208,2.4768549450201895]
["EMULSÃO ASFÁLTICA PARA SERVIÇO DE IMPRIMAÇÃO","2024-06-01",2.8272212648087556,2.212118134446988,2.680425728561346,2.3290443651920096,2.728540167542866,2.5003945712804874]
["EMULSÃO ASFÁLTICA PARA SERVIÇO DE IMPRIMAÇÃO","2024-07-01",2.8467844628704033,2.3746331376635825,2.7308762651570158,2.2487735151282049,2.671186451783333,2.5167889319488714]
["EMULSÃO ASFÁLTICA PARA SERVIÇO DE IMPRIMAÇÃO","2024-08-01",2.9880259360094583,2.5082052554791727,2.8920587872376293,2.3247020362216446,2.7860967985379679,2.6625485580594068]
["EMULSÃO ASFÁLTICA PARA SERVIÇO DE IMPRIMAÇÃO","2024-09-01",2.8396078200783585,2.5699292831622249,2.8469091232319403,2.3683149021816194,2.8201723913095718,2.6478239846216836]
["EMULSÃO ASFÁLTICA PARA SERVIÇO DE IMPRIMAÇÃO","2024-10-01",2.9082204440948569,2.5548386463659063,2.8637807061625451,2.4421895150219357,2.791179746440827,2.6763043913671702]
["EMULSÃO ASFÁLTICA PARA SERVIÇO DE IMPRIMAÇÃO","2024-11-01",2.9758249086334581,2.6353573137935737,3.1570713283853884,2.5678343130610819,2.7666862331462565,2.7590658968462618]
["EMULSÃO ASFÁLTICA PARA SERVIÇO DE IMPRIMAÇÃO","2024-12-01",3.1570362296637744,2.6664351178237875,2.8784755375934115,2.5664918076204954,2.9098050592270743,2.7428432193986052]
["EMULSÃO ASFÁLTICA PARA SERVIÇO DE IMPRIMAÇÃO","2025-01-01",3.3348626569058077,2.6268319905984949,2.7522662688610167,2.7477909579976103,2.7765335594752814,2.774097259733415]
["EMULSÃO ASFÁLTICA PARA SERVIÇO DE IMPRIMAÇÃO","2025-02-01",4.2515314450464778,2.7104017950292691,2.815490991061139,2.7609338335366278,2.8544355674732254,2.8918818553458907]
["EMULSÃO ASFÁLTICA PARA SERVIÇO DE IMPRIMAÇÃO","2025-03-01",3.6823233060752325,2.6921716637631667,2.8044363051524281,2.6677025962636884,2.8781706904048368,2.8456431765401953]
["EMULSÃO ASFÁLTICA PARA SERVIÇO DE IMPRIMAÇÃO","2025-04-01",3.243521353820598,2.4399342995610711,2.432848034165358,2.408879555892427,2.7538394138407583,2.5357329426140782]
["EMULSÃO ASFÁLTICA PARA SERVIÇO DE IMPRIMAÇÃO","2025-05-01",2.9860426406865006,2.3014684351090757,2.586745227863223,2.3800829018524494,2.7002438599096288,2.5214293155438781]
["EMULSÕES ASF. MOD. POR POLÍMEROS RC1C-E","2009-12-01","***",1.1249974622097942,1.5012044702572058,1.0900798700620846,1.151130149816231,1.1683242533717153]
["EMULSÕES ASF. MOD. POR POLÍMEROS RC1C-E","2010-01-01","***",1.1223363337167658,1.4157852740584027,1.0761393660013314,1.1651924106492932,1.1467530703502113]
["EMULSÕES ASF. MOD. POR POLÍMEROS RC1C-E","2010-02-01","***",1.1344336512451259,1.4143909262474355,1.1024085153895054,1.1392542378874455,1.1564077223627776]
["EMULSÕES ASF. MOD. POR POLÍMEROS RC1C-E","2010-03-01","***",1.1300057804492121,1.3818383980646003,1.1281897382399328,1.134015585180544,1.1480818886759294]
["EMULSÕES ASF. MOD. POR POLÍMEROS RC1C-E","2010-04-01","***",1.1171007272806979,1.2989352979825408,1.1023387644332401,1.2256434109430649,1.1585751896097041]
["EMULSÕES ASF. MOD. POR POLÍMEROS RC1C-E","2010-05-01","***",1.1152479897652927,1.2936459694096301,1.0918828325528409,1.2216601265202642,1.148750335293629]
["EMULSÕES ASF. MOD. POR POLÍMEROS RC1C-E","2010-06-01","***",1.10612930410162,1.2859711135024787,1.0848081888090657,1.22739985995969,1.1676931182482189]
["EMULSÕES ASF. MOD. POR POLÍMEROS RC1C-E","2010-07-01","***",1.1020354164535162,1.3083709777081185,1.0671102711288294,1.2302566956844019,1.141761029854385]
["EMULSÕES ASF. MOD. POR POLÍMEROS RC1C-E","2010-08-01","***",1.1477252622478387,1.213071513014315,1.0671942635545479,1.2287279908781303,1.1263273024146228]
["EMULSÕES ASF. MOD. POR POLÍMEROS RC1C-E","2010-09-01","***",1.1240271988603991,1.2048207812444864,1.0812034053441875,1.2227587568451816,1.1407292574373391]
["EMULSÕES ASF. MOD. POR POLÍMEROS RC1C-E","2010-10-01","***",1.12382505243718,1.2402748419216565,1.0629624864075402,1.227489407154192,1.1605848421899869]
["EMULSÕES ASF. MOD. POR POLÍMEROS RC1C-E","2010-11-01","***",1.127163555318405,1.2599578586370248,1.083439300496432,1.152436103324803,1.1519706552296827]
["EMULSÕES ASF. MOD. POR POLÍMEROS RC1C-E","2010-12-01","***",1.1180315056056933,1.2236586101220752,1.0749838007420212,1.0954672327393018,1.10823103888343]
["EMULSÕES ASF. MOD. POR POLÍMEROS RC1C-E","2011-01-01","***",1.1461730858179697,1.2363849138491549,1.0415796559565325,1.0716663188414266,1.0989677141413692]
["EMULSÕES ASF. MOD. POR POLÍMEROS RC1C-E","2011-02-01","***",1.1164302921771911,1.2504619394501797,1.0358900782134814,1.0289122660034395,1.0539672213759068]
["EMULSÕES ASF. MOD. POR POLÍMEROS RC1C-E","2011-03-01","***",1.1174118832480158,1.3198188749214332,1.0419353598656744,1.0679306437908918,1.0991659220299679]
["EMULSÕES ASF. MOD. POR POLÍMEROS RC1C-E","2011-04-01","***",1.0929120640569396,1.2777195395489738,1.0155519392305301,1.0312878541324213,1.0613240023224555]
["EMULSÕES ASF. MOD. POR POLÍMEROS RC1C-E","2011-05-01","***",1.1333055436153809,1.335280122793459,1.028016591150843,1.0303283854901206,1.0829396048763413]
["EMULSÕES ASF. MOD. POR POLÍMEROS RC1C-E","2011-06-01","***",1.0548344565616961,1.1947211464033625,0.97101998251654198,1.0453341463634946,1.0295728794896428]
["EMULSÕES ASF. MOD. POR POLÍMEROS RC1C-E","2011-07-01","***",1.0103309518664301,1.2503282297918179,0.97315089914352504,1.1184684719284386,1.0488825637407684]
["EMULSÕES ASF. MOD. POR POLÍMEROS RC1C-E","2011-08-01","***",1.0243519017122233,1.295179172523105,0.98326954029948133,1.1885867471062075,1.078822969841932]
["EMULSÕES ASF. MOD. POR POLÍMEROS RC1C-E","2011-09-01","***",0.99319086976320592,1.3285561246995141,1.0054746683238018,1.568061437875039,1.1857470332937741]
["EMULSÕES ASF. MOD. POR POLÍMEROS RC1C-E","2011-10-01","***",0.98000889615917497,1.128925610195777,1.0521928427561575,1.2146136738477096,1.0760154636389638]
["EMULSÕES ASF. MOD. POR POLÍMEROS RC1C-E","2011-11-01","***",0.87861219387367473,1.18702022006749,1.045232774735831,1.3764207342773651,1.1040722078712992]
["EMULSÕES ASF. MOD. POR POLÍMEROS RC1C-E","2011-12-01","***",0.94987084953146628,1.2273952102194425,1.0099211100246777,1.5096180565539343,1.1494316206746151]
["EMULSÕES ASF. MOD. POR POLÍMEROS RC1C-E","2012-01-01","***",1.0273643712861378,1.208450860576896,1.0538665073903686,1.4359563057531255,1.1360094165805719]
["EMULSÕES ASF. MOD. POR POLÍMEROS RC1C-E","2012-02-01","***",1.0265920586824346,1.191665069972357,1.056466299769069,1.1224067407600966,1.0822853202375438]
["EMULSÕES ASF. MOD. POR POLÍMEROS RC1C-E","2012-03-01","***",1.0515732614997984,1.1866229311017857,1.1014503311160788,1.125374753666059,1.10485504824346]
["EMULSÕES ASF. MOD. POR POLÍMEROS RC1C-E","2012-04-01","***",1.0463841142217984,1.2660407152557718,1.1202346548579882,1.1911450988237182,1.130536870656643]
["EMULSÕES ASF. MOD. POR POLÍMEROS RC1C-E","2012-05-01","***",1.0230424666882276,1.285265209933349,1.1185578521406547,1.1318183179718204,1.1268649057851496]
["EMULSÕES ASF. MOD. POR POLÍMEROS RC1C-E","2012-06-01","***",1.0763058022506005,1.2673700579357619,1.1315320437594911,1.1706642725381415,1.1559037488707784]
["EMULSÕES ASF. MOD. POR POLÍMEROS RC1C-E","2012-07-01","***",1.0498189945357634,1.3999638502940106,1.1109503301061849,1.2219652017431315,1.1642874285363398]
["EMULSÕES ASF. MOD. POR POLÍMEROS RC1C-E","2012-08-01",1.1550039807524057,1.0576747971137774,1.4005061760838382,1.0772248897912731,1.2146278904057515,1.1343902425561538]
["EMULSÕES ASF. MOD. POR POLÍMEROS RC1C-E","2012-09-01",1.3126953851444294,1.0783472235853095,1.3711627975047167,1.1351364751957154,1.1854630869470792,1.1691538300792861]
["EMULSÕES ASF. MOD. POR POLÍMEROS RC1C-E","2012-10-01",1.3394600000000001,1.0826936749561786,1.3748843083591722,1.1132680889930426,1.2526001632164856,1.1668020932768566]
["EMULSÕES ASF. MOD. POR POLÍMEROS RC1C-E","2012-11-01","***",1.1480441404825192,1.3833119896722983,1.1337157660561346,1.2416035854920027,1.1803426317380132]
["EMULSÕES ASF. MOD. POR POLÍMEROS RC1C-E","2012-12-01",1.40892,1.1473087920925731,1.3479291458558369,1.1168303138315863,1.388632091303946,1.1851309792736946]
["EMULSÕES ASF. MOD. POR POLÍMEROS RC1C-E","2013-01-01","***",1.1068925732799548,1.3186500000000001,1.1122713710323253,1.209105370392213,1.1383407012113103]
["EMULSÕES ASF. MOD. POR POLÍMEROS RC1C-E","2013-02-01","***",1.1273708835974863,1.4234605547187449,1.0965513124873782,1.200365957902785,1.1412895347639416]
["EMULSÕES ASF. MOD. POR POLÍMEROS RC1C-E","2013-03-01","***",1.1036774407360979,1.65,1.130694767881808,1.2804810097110606,1.1641214427427828]
["EMULSÕES ASF. MOD. POR POLÍMEROS RC1C-E","2013-04-01","***",1.1274804529855085,1.5576226186625415,1.1483371713035944,1.3054082575941424,1.1976170730110067]
["EMULSÕES ASF. MOD. POR POLÍMEROS RC1C-E","2013-05-01","***",1.157535912472444,1.5446702955223881,1.1811169914917092,1.302122823761372,1.2215407805136647]
["EMULSÕES ASF. MOD. POR POLÍMEROS RC1C-E","2013-06-01","***",1.1916057818042463,1.5037569421399704,1.1814021519920321,1.2976378910462272,1.2357224495398178]
["EMULSÕES ASF. MOD. POR POLÍMEROS RC1C-E","2013-07-01","***",1.2045938195980779,1.4270994286978738,1.2142421669115382,1.3365954579975081,1.2522782227989238]
["EMULSÕES ASF. MOD. POR POLÍMEROS RC1C-E","2013-08-01","***",1.1865055846713901,1.4340845220180809,1.2367312882182677,1.3994277430284272,1.2896922295147963]
["EMULSÕES ASF. MOD. POR POLÍMEROS RC1C-E","2013-09-01","***",1.3049627102297741,1.5172540324291843,1.2177425932695489,1.2714871894185784,1.2864671547629916]
["EMULSÕES ASF. MOD. POR POLÍMEROS RC1C-E","2013-10-01",1.184925,1.2912742226630733,1.4717286144183583,1.221021080629257,1.2904612482814586,1.2919139839934626]
["EMULSÕES ASF. MOD. POR POLÍMEROS RC1C-E","2013-11-01","***",1.3021849410156059,1.4578905522692402,1.2358621543808483,1.3045326707760916,1.2974252460222016]
["EMULSÕES ASF. MOD. POR POLÍMEROS RC1C-E","2013-12-01","***",1.3446567270177905,1.5380718752157676,1.1983555060343936,1.317872779964901,1.3127753370478132]
["EMULSÕES ASF. MOD. POR POLÍMEROS RC1C-E","2014-01-01","***",1.3135002822628952,1.5090714663191251,1.2258328950604314,1.3093216405833725,1.2985462925217168]
["EMULSÕES ASF. MOD. POR POLÍMEROS RC1C-E","2014-02-01","***",1.3581667001468865,1.510661817826972,1.2649584104491196,1.279991476173898,1.312766950678816]
["EMULSÕES ASF. MOD. POR POLÍMEROS RC1C-E","2014-03-01","***",1.3078937482545319,1.4241690309237218,1.2365484449166031,1.2641022964487394,1.2931454657264152]
["EMULSÕES ASF. MOD. POR POLÍMEROS RC1C-E","2014-04-01","***",1.3510091676975233,1.3913668313841692,1.1859426508248181,1.3038012582427436,1.3179735952924496]
["EMULSÕES ASF. MOD. POR POLÍMEROS RC1C-E","2014-05-01","***",1.3451243803002242,1.3838800388803358,1.2475926795069259,1.3925420259611025,1.3478947207454026]
["EMULSÕES ASF. MOD. POR POLÍMEROS RC1C-E","2014-06-01","***",1.4457758324498891,1.4443604348837797,1.2703546503960561,1.4261621354949163,1.3801012116708664]
["EMULSÕES ASF. MOD. POR POLÍMEROS RC1C-E","2014-07-01",1.4313181434599158,1.4092881457075548,1.4284587611149047,1.2749059378394769,1.3920441361296199,1.3631387997118012]
["EMULSÕES ASF. MOD. POR POLÍMEROS RC1C-E","2014-08-01",1.445872,1.3466524710729635,1.4195094611929826,1.2828450374476037,1.3820444534859917,1.3491650645057238]
["EMULSÕES ASF. MOD. POR POLÍMEROS RC1C-E","2014-09-01",1.4050666666666667,1.430957484727807,1.5297012623350417,1.3451900484440831,1.4085876395858052,1.4251755133913036]
["EMULSÕES ASF. MOD. POR POLÍMEROS RC1C-E","2014-10-01",1.437271763527054,1.3694041206410177,1.4275563526662334,1.2339295195910751,1.3544867281666095,1.3428969686808248]
["EMULSÕES ASF. MOD. POR POLÍMEROS RC1C-E","2014-11-01",1.4248429381846635,1.4517914383766044,1.493591009094412,1.2407457438936986,1.4153330790594985,1.4148786906213311]
["EMULSÕES ASF. MOD. POR POLÍMEROS RC1C-E","2014-12-01",1.541411574734209,1.4352496887092756,1.5240712998345916,1.374881434997546,1.4681536818443339,1.4513922105424466]
["EMULSÕES ASF. MOD. POR POLÍMEROS RC1C-E","2015-01-01",1.6640699999999999,1.7476690080201649,1.9534644600607503,1.6947961578098716,1.7240500473481319,1.7601758112705266]
["EMULSÕES ASF. MOD. POR POLÍMEROS RC1C-E","2015-02-01",2.61246,1.552593523771346,1.9965035807379174,1.4764141552968577,1.739549304921066,1.7058344687225115]
["EMULSÕES ASF. MOD. POR POLÍMEROS RC1C-E","2015-03-01",2.3652500958525344,1.5210053128671708,1.9856847429182178,1.3858565932493743,1.6223108422814108,1.7150667962789021]
["EMULSÕES ASF. MOD. POR POLÍMEROS RC1C-E","2015-04-01",2.0753699999999999,1.3688307012218548,1.8940614236317777,1.3659499220272902,1.5998860078272417,1.5857109353362775]
["EMULSÕES ASF. MOD. POR POLÍMEROS RC1C-E","2015-05-01","***",1.4357438943754417,1.6709046347807046,1.3493991490118491,1.6362412373444506,1.4827988745645075]
["EMULSÕES ASF. MOD. POR POLÍMEROS RC1C-E","2015-06-01","***",1.3657807210532549,1.698183406320477,1.398928853730697,1.6059590519288345,1.503811004116931]
["EMULSÕES ASF. MOD. POR POLÍMEROS RC1C-E","2015-07-01",1.49769,1.3929732295237625,1.6790018607561334,1.3418424681814372,1.5587985777097393,1.4511562252105705]
["EMULSÕES ASF. MOD. POR POLÍMEROS RC1C-E","2015-08-01",1.5204274482518698,1.488965664376158,1.6824712031467968,1.3287649930294669,1.616372105364082,1.5208139012308572]
["EMULSÕES ASF. MOD. POR POLÍMEROS RC1C-E","2015-09-01",1.6019000000000001,1.6341163754420058,1.716661764358431,1.4419594224894345,1.3044542894025031,1.4392199992169461]
["EMULSÕES ASF. MOD. POR POLÍMEROS RC1C-E","2015-10-01","***",1.7773064574533985,2.1424040001345941,1.429540958540181,1.4017076534638198,1.4868951153000773]
["EMULSÕES ASF. MOD. POR POLÍMEROS RC1C-E","2015-11-01",1.7647000000000004,1.7929059115805945,2.2065135785117258,1.5609665980017349,1.6712810007864991,1.7161023512156017]
["EMULSÕES ASF. MOD. POR POLÍMEROS RC1C-E","2015-12-01",1.7646999999999997,1.6546615113072256,2.1055908130269287,1.5422357216344185,1.6166820437795304,1.6971454661426497]
["EMULSÕES ASF. MOD. POR POLÍMEROS RC1C-E","2016-01-01",2.9923663015251818,1.780883063810182,1.8597592382495951,1.5274389908398125,1.8146120882495556,1.8182656552440575]
["EMULSÕES ASF. MOD. POR POLÍMEROS RC1C-E","2016-02-01",3.1519942195299793,1.8072458197577275,1.858577107263055,1.5683904112317846,1.8562801449347619,1.850122981146253]
["EMULSÕES ASF. MOD. POR POLÍMEROS RC1C-E","2016-03-01",3.2870607280070923,1.6666447281620507,1.84508216504303,1.5569201404189956,1.7938798665024549,1.7873915117423176]
["EMULSÕES ASF. MOD. POR POLÍMEROS RC1C-E","2016-04-01",3.4336199999999999,1.8097797060439038,1.8886648536344284,1.6650924868449448,1.9426649934017397,1.8690073561913223]
["EMULSÕES ASF. MOD. POR POLÍMEROS RC1C-E","2016-05-01",2.6172200000000001,1.8095122972680924,1.795742453679702,1.6998189818034655,1.9744048583169493,1.818226332350787]
["EMULSÕES ASF. MOD. POR POLÍMEROS RC1C-E","2016-06-01",2.7742499999999994,1.5931027647005558,1.8162392698751912,1.6574796173095472,1.9764401579246744,1.7634669650030232]
["EMULSÕES ASF. MOD. POR POLÍMEROS RC1C-E","2016-07-01",2.7742499999999999,1.6603816690096271,1.8979902538785778,1.7104181674960321,1.9516712463267007,1.7943855871012859]
["EMULSÕES ASF. MOD. POR POLÍMEROS RC1C-E","2016-08-01",2.7742499999999999,1.6301098056809804,1.8540468573555753,1.7657811034615882,2.006478871311248,1.8517957095244217]
["EMULSÕES ASF. MOD. POR POLÍMEROS RC1C-E","2016-09-01",2.9049700000000001,1.701501045592112,1.8390729971195077,1.5794951089273137,1.7359205677285414,1.7244356751366379]
["EMULSÕES ASF. MOD. POR POLÍMEROS RC1C-E","2016-10-01",2.9049700000000005,1.7438641944241409,1.8475148134032793,1.6467597117611241,1.7650163752659638,1.7890765785745739]
["EMULSÕES ASF. MOD. POR POLÍMEROS RC1C-E","2016-11-01",2.6777598692754983,1.6858481303812025,1.8454490332873779,1.579165275534816,1.7697974971269006,1.7313882535270677]
["EMULSÕES ASF. MOD. POR POLÍMEROS RC1C-E","2016-12-01",2.1479395296994106,1.6225943815807062,1.8404246841685956,1.4753300640788967,1.7272505855575355,1.6482371352014966]
["EMULSÕES ASF. MOD. POR POLÍMEROS RC1C-E","2017-01-01",2.4670971346394328,1.68588278275001,1.7441683791310805,1.4762617329110042,1.7514871180648504,1.6587530917299795]
["EMULSÕES ASF. MOD. POR POLÍMEROS RC1C-E","2017-02-01",2.4565132422802849,1.6303720396820311,1.7786030910475303,1.4450694083010769,1.7260976333620488,1.6120705559220971]
["EMULSÕES ASF. MOD. POR POLÍMEROS RC1C-E","2017-03-01",2.6826647224859737,1.5725711890982315,1.7609781511268714,1.4681683132228573,1.7369340377331943,1.6324636190123645]
["EMULSÕES ASF. MOD. POR POLÍMEROS RC1C-E","2017-04-01",2.4716615019157087,1.5284401311336464,1.8316258591291412,1.4793744315252568,1.7949692891099356,1.6531394771751273]
["EMULSÕES ASF. MOD. POR POLÍMEROS RC1C-E","2017-05-01",2.0095589148214641,1.4773517563974417,1.8267142130468548,1.4685361477529115,1.7769695352528057,1.6135704045936921]
["EMULSÕES ASF. MOD. POR POLÍMEROS RC1C-E","2017-06-01",1.8188328010606649,1.4654575838858894,1.6728675648196556,1.4589521963407417,1.7685894079075979,1.5926867145766093]
["EMULSÕES ASF. MOD. POR POLÍMEROS RC1C-E","2017-07-01",1.926787017014489,1.4889938826790259,1.6800667987378626,1.4624371057128056,1.7146979597942851,1.616829298657795]
["EMULSÕES ASF. MOD. POR POLÍMEROS RC1C-E","2017-08-01",1.8100617722749186,1.4718851832829691,1.7042857808862766,1.4468612990407095,1.7404270052245872,1.6031879946633518]
["EMULSÕES ASF. MOD. POR POLÍMEROS RC1C-E","2017-09-01",2.3925010677624363,1.6634573937735406,1.7004059180767059,1.4469082192732685,1.7035616706648637,1.6321422043773441]
["EMULSÕES ASF. MOD. POR POLÍMEROS RC1C-E","2017-10-01",2.3850507335104165,1.7102944995837195,1.6327767700168934,1.4334509892772245,1.7517174269483751,1.664454933946893]
["EMULSÕES ASF. MOD. POR POLÍMEROS RC1C-E","2017-11-01",2.40272,1.822556394527717,1.7343741635514309,1.5189248656933454,1.7467060351380126,1.6812596393627313]
["EMULSÕES ASF. MOD. POR POLÍMEROS RC1C-E","2017-12-01","***",1.7769609539473681,1.8191803343786299,1.5928358745694724,1.7650567202624095,1.7102603031822092]
["EMULSÕES ASF. MOD. POR POLÍMEROS RC1C-E","2018-01-01","***",1.826572427618947,1.8568667883804786,1.593350424095558,1.8689203762675779,1.7202658468950269]
["EMULSÕES ASF. MOD. POR POLÍMEROS RC1C-E","2018-02-01","***",1.7613824564504406,1.7030894245718156,1.607019177253163,1.8369099304673817,1.6962298570587953]
["EMULSÕES ASF. MOD. POR POLÍMEROS RC1C-E","2018-03-01","***",1.6542475779447194,1.8190898887026481,1.6130793310558889,1.818194921830298,1.6950212759079917]
["EMULSÕES ASF. MOD. POR POLÍMEROS RC1C-E","2018-04-01","***",1.6775427874592288,1.8668107783018868,1.6367775418189598,1.8525373552009463,1.726796614448133]
["EMULSÕES ASF. MOD. POR POLÍMEROS RC1C-E","2018-05-01",2.2947600000000001,1.7477595576591476,1.9497870117442708,1.6731898783774046,1.9803067712531108,1.7862687932961188]
["EMULSÕES ASF. MOD. POR POLÍMEROS RC1C-E","2018-06-01","***",1.7933672410966524,2.0408467630828362,1.706340166407122,1.9821130546733079,1.8625042210881302]
["EMULSÕES ASF. MOD. POR POLÍMEROS RC1C-E","2018-07-01",2.0163000000000002,1.8826945075978461,2.1324877064786047,1.8943761836636626,2.0641378309065859,2.0139423338950557]
["EMULSÕES ASF. MOD. POR POLÍMEROS RC1C-E","2018-08-01",2.1330150582177083,1.986627880880268,2.2509212878245761,2.0822481923243572,2.1488582948203083,2.144503560435151]
["EMULSÕES ASF. MOD. POR POLÍMEROS RC1C-E","2018-09-01",2.1388516765423491,2.0753034745184036,2.2186059082430556,2.196225493017872,2.174229223194724,2.1740641014363464]
["EMULSÕES ASF. MOD. POR POLÍMEROS RC1C-E","2018-10-01",2.4091915792519716,2.1057688388845186,1.9753217567837802,2.1832813186944717,2.148440920647912,2.0964909042871063]
["EMULSÕES ASF. MOD. POR POLÍMEROS RC1C-E","2018-11-01",2.565282061128527,2.3693550165754287,2.590575354623295,2.2962242472566707,2.3140427472906553,2.4029002206536862]
["EMULSÕES ASF. MOD. POR POLÍMEROS RC1C-E","2018-12-01",2.3493400000000002,2.3018660590798627,2.3176081549820493,2.3307820501027767,2.3912758532667771,2.3343796861813906]
["EMULSÕES ASF. MOD. POR POLÍMEROS RC1C-E","2019-01-01",2.3312499999999998,2.4228769078777095,2.6617262910494608,2.2698375513055948,2.3569698319080978,2.4454807661374751]
["EMULSÕES ASF. MOD. POR POLÍMEROS RC1C-E","2019-02-01","***",2.455265132242642,2.64863370567618,2.6521840175567637,2.3681202229193348,2.5282471593017495]
["EMULSÕES ASF. MOD. POR POLÍMEROS RC1C-E","2019-03-01","***",2.4194593902545907,2.8288140164284337,2.5014575822334577,2.3943784461345414,2.5406140760548759]
["EMULSÕES ASF. MOD. POR POLÍMEROS RC1C-E","2019-04-01","***",2.4452311385273671,2.8108165135230996,2.4641380597655007,2.4976747433675612,2.5797790317898701]
["EMULSÕES ASF. MOD. POR POLÍMEROS RC1C-E","2019-05-01","***",2.4267955912536983,2.6468966466671442,2.5045540312717911,2.478085034287199,2.5380524707969214]
["EMULSÕES ASF. MOD. POR POLÍMEROS RC1C-E","2019-06-01",2.9501257583019513,2.4976600804694051,2.5252649626875994,2.5174090670887121,2.5332289166706734,2.5270382433855989]
["EMULSÕES ASF. MOD. POR POLÍMEROS RC1C-E","2019-07-01",2.3374567310606058,2.4251416301237048,2.6035848829442276,2.3528772675337564,2.5200139926034004,2.4757854537527861]
["EMULSÕES ASF. MOD. POR POLÍMEROS RC1C-E","2019-08-01",2.099420787172865,2.352140983042458,2.5834152101813568,2.2668267100027442,2.4340697918651961,2.3515662868625369]
["EMULSÕES ASF. MOD. POR POLÍMEROS RC1C-E","2019-09-01",2.1048897174111945,2.2944493887643183,2.6670596471640229,2.2493492302794476,2.3989068217023366,2.3559136758416233]
["EMULSÕES ASF. MOD. POR POLÍMEROS RC1C-E","2019-10-01",2.3879482424989718,2.2691392158049455,2.6843578510841173,2.3123320437277353,2.4141647663965489,2.4021783256685469]
["EMULSÕES ASF. MOD. POR POLÍMEROS RC1C-E","2019-11-01",3.2943041667770863,2.3900935937791545,2.5786385817591495,2.2923713239680676,2.4344270528950966,2.4130837746663358]
["EMULSÕES ASF. MOD. POR POLÍMEROS RC1C-E","2019-12-01",2.2023600000000001,2.3345212840272893,2.6329710191317148,2.3493017735483726,2.4640666536509976,2.413901803527267]
["EMULSÕES ASF. MOD. POR POLÍMEROS RC1C-E","2020-01-01",3.6739999999999999,2.2181605096106107,2.6017392832108346,2.2589791286468159,2.4677743473543261,2.3464003222552838]
["EMULSÕES ASF. MOD. POR POLÍMEROS RC1C-E","2020-02-01","***",2.2861759617636817,2.5420464468695738,2.1435248713043,2.3972244000410816,2.2802186122856938]
["EMULSÕES ASF. MOD. POR POLÍMEROS RC1C-E","2020-03-01","***",2.4240241953311101,2.4255268840103001,2.1633013803706791,2.303430220479938,2.2867149240879048]
["EMULSÕES ASF. MOD. POR POLÍMEROS RC1C-E","2020-04-01","***",2.1124749599713883,2.3608361241894817,2.2124679166864007,2.3288215678100088,2.2687727190140001]
["EMULSÕES ASF. MOD. POR POLÍMEROS RC1C-E","2020-05-01","***",2.2371542287733246,2.0240588391351779,2.2246649009664861,2.3469379115161142,2.2307520057985455]
["EMULSÕES ASF. MOD. POR POLÍMEROS RC1C-E","2020-06-01",2.19842,2.1233119685873745,2.2859282512739876,2.2385165303997869,2.1942374247470959,2.2178467082075142]
["EMULSÕES ASF. MOD. POR POLÍMEROS RC1C-E","2020-07-01",2.1141302870019829,2.1696106349994886,2.3415892762084694,2.2059854781764208,2.3231823849348356,2.2482138291115383]
["EMULSÕES ASF. MOD. POR POLÍMEROS RC1C-E","2020-08-01",2.0930528456981743,2.3137248446338807,2.5084267684367902,2.2870791010583598,2.4287316484283261,2.3556193877773932]
["EMULSÕES ASF. MOD. POR POLÍMEROS RC1C-E","2020-09-01",2.1536471547629255,2.2967606126791336,2.5213940688687249,2.2744366592762626,2.4182144555035299,2.3526803725743539]
["EMULSÕES ASF. MOD. POR POLÍMEROS RC1C-E","2020-10-01",2.3380701104186095,2.2812309624374176,2.6107033606454957,2.302406326964233,2.4427651243723858,2.4126324285932976]
["EMULSÕES ASF. MOD. POR POLÍMEROS RC1C-E","2020-11-01",2.4722627299416855,2.4773590457414127,2.7745613479626305,2.4002878892406847,2.5289077492448828,2.5054277244287477]
["EMULSÕES ASF. MOD. POR POLÍMEROS RC1C-E","2020-12-01",2.4139746136819893,2.4581990113082268,2.6860123733952057,2.3985008330583608,2.6064185918295459,2.5227810713094008]
["EMULSÕES ASF. MOD. POR POLÍMEROS RC1C-E","2021-01-01",2.3511752584035728,2.4541477941273504,2.8905167226183006,2.4674805651992378,2.5991788384998253,2.5405241640864111]
["EMULSÕES ASF. MOD. POR POLÍMEROS RC1C-E","2021-02-01",2.5284502380023413,2.5597974788736275,2.8684150537033992,2.6152167382470668,2.705607835038609,2.6622912296213839]
["EMULSÕES ASF. MOD. POR POLÍMEROS RC1C-E","2021-03-01",2.5213200000000002,2.5618016569365971,2.9692093517890772,2.6054078507218614,2.6852775259111756,2.6543962049536503]
["EMULSÕES ASF. MOD. POR POLÍMEROS RC1C-E","2021-04-01","***",2.640218994039115,2.7641888526996508,2.5655878695898426,2.7505524324511366,2.6738766405884968]
["EMULSÕES ASF. MOD. POR POLÍMEROS RC1C-E","2021-05-01",4.0621999999999989,3.0281294577935856,3.0619746122916238,3.0760313350627717,3.2403922046583351,3.1275986787558852]
["EMULSÕES ASF. MOD. POR POLÍMEROS RC1C-E","2021-06-01",3.201877497749495,3.2717418672727274,3.0668103470023986,3.054237506764697,3.1087813621984792,3.0851901192079123]
["EMULSÕES ASF. MOD. POR POLÍMEROS RC1C-E","2021-07-01",3.0459508317206114,3.1194337327667614,3.2114184362195801,3.1001280697975147,3.0640252643117303,3.1299747315723927]
["EMULSÕES ASF. MOD. POR POLÍMEROS RC1C-E","2021-08-01",3.2173289123288122,3.1087859834243652,3.4971362663953642,3.3262876450552725,3.1378006720864193,3.3201799757849444]
["EMULSÕES ASF. MOD. POR POLÍMEROS RC1C-E","2021-09-01",3.0314576817948384,3.2060753232180637,3.5059866013403802,3.3969443737033926,3.215302462936342,3.3231791685490299]
["EMULSÕES ASF. MOD. POR POLÍMEROS RC1C-E","2021-10-01",3.0856650238163357,3.2189818822489085,3.4591703630263582,3.2942783257452293,3.3339949792630006,3.2974085465009266]
["EMULSÕES ASF. MOD. POR POLÍMEROS RC1C-E","2021-11-01",3.0288667580044417,3.3941555840590643,3.692904938616929,3.5949088480460705,3.5570574144351181,3.5053760829981742]
["EMULSÕES ASF. MOD. POR POLÍMEROS RC1C-E","2021-12-01",3.3622228515836401,3.3961872489661213,3.773099472304557,3.6122170958686199,3.8132931500728628,3.5482797661789265]
["EMULSÕES ASF. MOD. POR POLÍMEROS RC1C-E","2022-01-01",3.4506690059356453,3.47022436850781,3.8188361118938983,3.5682181686834604,3.7456307754627631,3.5970630315271688]
["EMULSÕES ASF. MOD. POR POLÍMEROS RC1C-E","2022-02-01",3.4303199999999996,3.6864139104211895,4.0832628424318882,3.883412320854192,3.7991991185342764,3.811302851468541]
["EMULSÕES ASF. MOD. POR POLÍMEROS RC1C-E","2022-03-01",3.9576372576339374,3.6759478078203762,4.0053914266391262,3.8356568091855801,3.9054963598235761,3.8393060175902587]
["EMULSÕES ASF. MOD. POR POLÍMEROS RC1C-E","2022-04-01",3.6481522042073689,3.8196209164206536,4.2570337679286308,4.0358776958832987,4.1842258413041886,4.0335401468979333]
["EMULSÕES ASF. MOD. POR POLÍMEROS RC1C-E","2022-05-01",3.7789313609526012,4.0566069275485175,4.1492163053848783,3.8317878917391073,3.907701949289812,3.9754420829225983]
["EMULSÕES ASF. MOD. POR POLÍMEROS RC1C-E","2022-06-01",3.7420897076866066,3.8482784087594362,4.0891728366553366,3.8118770449815478,4.0654621599264225,3.9537725073391581]
["EMULSÕES ASF. MOD. POR POLÍMEROS RC1C-E","2022-07-01",3.7913976382555754,3.9642035546660788,4.166960783050234,3.8591406734033082,3.9695978036039974,4.0002217812824012]
["EMULSÕES ASF. MOD. POR POLÍMEROS RC1C-E","2022-08-01",3.6861991186155993,4.1020259852744703,4.1155652760214254,3.7726728099149756,3.9237924368312664,3.9814816952537142]
["EMULSÕES ASF. MOD. POR POLÍMEROS RC1C-E","2022-09-01",3.5584268974466426,4.2260592333128493,3.956711624616863,3.6806676878522562,3.8551209785988099,3.8837379896513964]
["EMULSÕES ASF. MOD. POR POLÍMEROS RC1C-E","2022-10-01",3.5622462957237748,3.8060540368300764,3.6090661323010478,3.4834645992112994,3.7759549613404495,3.6087696978759141]
["EMULSÕES ASF. MOD. POR POLÍMEROS RC1C-E","2022-11-01",3.6595493871934313,4.0486058436244479,3.9160063511769629,3.5016385492511795,3.6481102649496031,3.7892140747457219]
["EMULSÕES ASF. MOD. POR POLÍMEROS RC1C-E","2022-12-01",3.5069335796353633,4.0045537702534268,3.8505299276999279,3.4750259796404115,3.6180403202415756,3.7605520042353748]
["EMULSÕES ASF. MOD. POR POLÍMEROS RC1C-E","2023-01-01",3.4736174796900388,3.4998188085610114,3.5830110296085875,3.3157932760782001,3.5328230115160362,3.4501689238461171]
["EMULSÕES ASF. MOD. POR POLÍMEROS RC1C-E","2023-02-01",3.4813048283791845,3.4357982593994465,3.7779110493421189,3.2578336326077317,3.324035123940948,3.4728869589765816]
["EMULSÕES ASF. MOD. POR POLÍMEROS RC1C-E","2023-03-01",4.2333559605323021,3.3612850345705092,3.6757527403977455,3.2408996877544061,3.0781773132523349,3.3687089268388819]
["EMULSÕES ASF. MOD. POR POLÍMEROS RC1C-E","2023-04-01",3.1256858314196299,3.2173679081671058,3.5564243264137545,3.2739829701817551,3.2133709613797889,3.3334662549669081]
["EMULSÕES ASF. MOD. POR POLÍMEROS RC1C-E","2023-05-01",2.9558989993592077,3.2987128104021712,3.4851641439389294,3.2753717877907436,3.1359499359473948,3.3162709069279792]
["EMULSÕES ASF. MOD. POR POLÍMEROS RC1C-E","2023-06-01",2.9036140918970701,3.2454031131672094,3.3302020689090797,3.1118054574850165,3.073140198137343,3.2039913910368742]
["EMULSÕES ASF. MOD. POR POLÍMEROS RC1C-E","2023-07-01",3.0961028846595369,3.4058632927015267,3.4294210208271876,3.0143352534069776,3.1028822952297426,3.2933831547783776]
["EMULSÕES ASF. MOD. POR POLÍMEROS RC1C-E","2023-08-01",2.9920521495576438,3.3165703171359819,3.4754428670194994,3.0664980455249853,3.0937270668137078,3.2870146874294965]
["EMULSÕES ASF. MOD. POR POLÍMEROS RC1C-E","2023-09-01",3.4922599795810259,3.5027549681021193,3.6023484454768684,3.2048241336599066,3.2642715574999839,3.4477896436705815]
["EMULSÕES ASF. MOD. POR POLÍMEROS RC1C-E","2023-10-01",3.4918251026370069,3.4758875818411927,3.5094414870526625,3.1777668949828075,3.181188871569034,3.3903638407088885]
["EMULSÕES ASF. MOD. POR POLÍMEROS RC1C-E","2023-11-01",3.6378074306816592,3.5340946630189509,3.7065224135686843,3.2958961589586409,3.2236986264887095,3.5017359100454528]
["EMULSÕES ASF. MOD. POR POLÍMEROS RC1C-E","2023-12-01",3.3841284662089457,3.4136589429802586,3.6226180146557589,3.2251409299024743,3.2459044920562983,3.3952809958856891]
["EMULSÕES ASF. MOD. POR POLÍMEROS RC1C-E","2024-01-01",3.2954800020648363,3.3442107807941066,3.6079101573097159,3.0738161367120767,3.2290896707088104,3.3024097721637546]
["EMULSÕES ASF. MOD. POR POLÍMEROS RC1C-E","2024-02-01",3.1301100000000002,3.2996251027768833,3.4071522196770334,2.9759034287847284,3.2488810589423793,3.232736530933134]
["EMULSÕES ASF. MOD. POR POLÍMEROS RC1C-E","2024-03-01",2.9363460756529562,3.201733656705644,3.4212294537372445,3.0501459278824528,3.2737435195350448,3.2355827224480787]
["EMULSÕES ASF. MOD. POR POLÍMEROS RC1C-E","2024-04-01",2.9489193700804712,3.2997466249588121,3.4798907796477532,3.0454251975516207,3.2925890868577294,3.3043486919272285]
["EMULSÕES ASF. MOD. POR POLÍMEROS RC1C-E","2024-05-01",3.134715944543419,3.2396704099523097,3.5493213801704155,3.199128650675557,3.3268555246004072,3.3350013217934102]
["EMULSÕES ASF. MOD. POR POLÍMEROS RC1C-E","2024-06-01",3.2058456844788261,3.1960158101525735,3.4857720935587486,3.0586563904273762,3.3163928964019793,3.2734477866974547]
["EMULSÕES ASF. MOD. POR POLÍMEROS RC1C-E","2024-07-01",3.4146056923555643,3.4977969409362029,3.7226251474589596,3.152690313365587,3.4113421367872445,3.4697480201061501]
["EMULSÕES ASF. MOD. POR POLÍMEROS RC1C-E","2024-08-01",3.5612653175198989,3.6985304616164179,3.7677087691451798,3.3904894842290907,3.6480381907482275,3.6416563266984778]
["EMULSÕES ASF. MOD. POR POLÍMEROS RC1C-E","2024-09-01",3.758847211107307,3.6713717478773642,3.7349595357795518,3.4577978636613218,3.5436022813324066,3.6357614474235982]
["EMULSÕES ASF. MOD. POR POLÍMEROS RC1C-E","2024-10-01",4.0065540653913629,3.7173514974474151,3.816971883249221,3.4517481208322054,3.5570209214529616,3.6814131700321266]
["EMULSÕES ASF. MOD. POR POLÍMEROS RC1C-E","2024-11-01",3.4253753503936117,3.818204888795584,3.8874614349774768,3.4938091727592244,3.5812024103883502,3.6949955665703476]
["EMULSÕES ASF. MOD. POR POLÍMEROS RC1C-E","2024-12-01",3.4749699999999994,3.7888706590131753,3.8924231437997703,3.5525552136232488,3.5970769540963525,3.7204763817108901]
["EMULSÕES ASF. MOD. POR POLÍMEROS RC1C-E","2025-01-01","***",3.8233046083718225,3.91762107046398,3.5019876729535291,3.7817626721774489,3.7827199603495854]
["EMULSÕES ASF. MOD. POR POLÍMEROS RC1C-E","2025-02-01",3.3800998034934495,3.7452121965510901,4.0443112912613151,3.5446541755564169,3.802234105120871,3.7612952625765583]
["EMULSÕES ASF. MOD. POR POLÍMEROS RC1C-E","2025-03-01",3.1910374962852899,3.5654706141460966,4.076504928928574,3.6228328180285336,3.6963257190369441,3.7299276764205045]
["EMULSÕES ASF. MOD. POR POLÍMEROS RC1C-E","2025-04-01",3.431347045861298,3.6575942364825447,3.6332277151046308,3.8028349253828773,3.7009601066979112,3.6821263965647493]
["EMULSÕES ASF. MOD. POR POLÍMEROS RC1C-E","2025-05-01",3.4565708458783155,3.721375351769538,3.6893960327149173,3.8373924129445971,3.6484177743220823,3.6999951783590022]
["EMULSÕES ASF. MOD. POR POLÍMEROS RL1C-E","2009-12-01","***",1.02372,1.5320287970068789,1.0725852722820761,1.187344129333729,1.1884002443380917]
["EMULSÕES ASF. MOD. POR POLÍMEROS RL1C-E","2010-01-01","***",1.0585643380698453,1.4833595426561124,1.1766507736060741,1.2098515572105475,1.1402030226886712]
["EMULSÕES ASF. MOD. POR POLÍMEROS RL1C-E","2010-02-01","***",1.0601111550764128,1.4253430398132538,1.2112000000000001,1.2087874705973458,1.1747844091925919]
["EMULSÕES ASF. MOD. POR POLÍMEROS RL1C-E","2010-03-01","***",1.0742376646810117,1.369580650704548,"***",1.178857941959724,1.1462039723039044]
["EMULSÕES ASF. MOD. POR POLÍMEROS RL1C-E","2010-04-01","***",1.0317613108166319,1.2738615472013368,"***",1.1991873693581938,1.1410236341851516]
["EMULSÕES ASF. MOD. POR POLÍMEROS RL1C-E","2010-05-01","***",1.0249304455124306,1.3160093515283844,"***",1.2081029245773924,1.1657579415860035]
["EMULSÕES ASF. MOD. POR POLÍMEROS RL1C-E","2010-06-01","***",1.0631043347298788,1.267840358310641,0.85331938903295179,1.1815474195224567,1.1692650934837752]
["EMULSÕES ASF. MOD. POR POLÍMEROS RL1C-E","2010-07-01","***",1.0301412453751355,1.3396218082417681,0.88133898263798938,1.134833093419761,1.08753193041937]
["EMULSÕES ASF. MOD. POR POLÍMEROS RL1C-E","2010-08-01","***",1.0008433118581237,1.2532388558469763,0.89367908611778146,1.1360307643913454,1.1020851863058065]
["EMULSÕES ASF. MOD. POR POLÍMEROS RL1C-E","2010-09-01","***",1.0244811004545684,1.2191567172093194,0.91600206581139887,1.1532813396888184,1.0868293583499022]
["EMULSÕES ASF. MOD. POR POLÍMEROS RL1C-E","2010-10-01","***",0.99910381474841381,1.2534287378104148,0.91820793844492454,1.1373939289982589,1.101576179193519]
["EMULSÕES ASF. MOD. POR POLÍMEROS RL1C-E","2010-11-01","***",0.99885257357077839,1.3123021757622777,0.94102762594718703,1.0996379941987831,1.0879306559197102]
["EMULSÕES ASF. MOD. POR POLÍMEROS RL1C-E","2010-12-01","***",1.0231396751339781,1.3005202263019309,0.91044259282444528,1.1276897560843315,1.1198107633790571]
["EMULSÕES ASF. MOD. POR POLÍMEROS RL1C-E","2011-01-01","***",1.06846,1.2599507571964956,0.91578308182784263,1.0876344415450512,1.0829109222756121]
["EMULSÕES ASF. MOD. POR POLÍMEROS RL1C-E","2011-02-01","***",1.0468388359030838,1.2789125545171338,1.1173999999999997,1.0867935045916439,1.1015004639467552]
["EMULSÕES ASF. MOD. POR POLÍMEROS RL1C-E","2011-03-01","***",1.0460136032535676,1.1934748785554492,0.99345000000000006,1.0815850919791705,1.077874575085066]
["EMULSÕES ASF. MOD. POR POLÍMEROS RL1C-E","2011-04-01","***",0.9518899999999999,1.165071585025653,0.89339999999999997,1.0602631704160368,1.0759705966281441]
["EMULSÕES ASF. MOD. POR POLÍMEROS RL1C-E","2011-05-01","***",1.02355,1.1660563513269526,1.0631000000000002,1.090333660922634,1.1091373603811479]
["EMULSÕES ASF. MOD. POR POLÍMEROS RL1C-E","2011-06-01","***",1.0037728923296763,1.1394255684609416,1.0609999999999999,1.099344439740173,1.0879929138861064]
["EMULSÕES ASF. MOD. POR POLÍMEROS RL1C-E","2011-07-01","***",0.98571022166029176,1.0900742239880805,1.0712591127453888,1.1018255326189701,1.0590463789261351]
["EMULSÕES ASF. MOD. POR POLÍMEROS RL1C-E","2011-08-01","***",0.94731756454426563,1.174690253990792,0.98680393507410025,1.0721306054655046,1.0598281922072097]
["EMULSÕES ASF. MOD. POR POLÍMEROS RL1C-E","2011-09-01","***","***",1.1194394729818491,1.0455405689277901,1.1081643448058913,1.1082915971565543]
["EMULSÕES ASF. MOD. POR POLÍMEROS RL1C-E","2011-10-01","***",0.91261416114011584,1.0869431589356349,0.87043494070053773,1.1025805803126125,1.0690616748404302]
["EMULSÕES ASF. MOD. POR POLÍMEROS RL1C-E","2011-11-01","***",0.96307110328638501,1.0956991098062394,0.8273809322811525,1.1349048287893357,1.0883204926517283]
["EMULSÕES ASF. MOD. POR POLÍMEROS RL1C-E","2011-12-01","***",0.87379249716958363,1.0967003135388196,1.0433358486325652,1.158861778498629,1.1092314194655912]
["EMULSÕES ASF. MOD. POR POLÍMEROS RL1C-E","2012-01-01","***","***",1.0877738410227904,1.0461883959044367,1.0858484249456217,1.0762743391086409]
["EMULSÕES ASF. MOD. POR POLÍMEROS RL1C-E","2012-02-01","***","***",1.1836433061778682,"***",1.0709065334889958,1.083644712154336]
["EMULSÕES ASF. MOD. POR POLÍMEROS RL1C-E","2012-03-01","***","***",1.0842880403015542,"***",1.105981412704738,1.0986970413177148]
["EMULSÕES ASF. MOD. POR POLÍMEROS RL1C-E","2012-04-01","***","***",1.1095409232381721,"***",1.1891202597675232,1.1323532602873121]
["EMULSÕES ASF. MOD. POR POLÍMEROS RL1C-E","2012-05-01","***",0.94464999999999999,1.098513907686389,1.0165,1.1673181224093279,1.1063662681290163]
["EMULSÕES ASF. MOD. POR POLÍMEROS RL1C-E","2012-06-01","***",0.96163194501718219,1.1610579314645768,1.0449486045869025,1.1351775865842619,1.1495860253378962]
["EMULSÕES ASF. MOD. POR POLÍMEROS RL1C-E","2012-07-01","***",0.95782,1.2018663172065194,1.0507806641053787,1.0943033887453975,1.1774784353543699]
["EMULSÕES ASF. MOD. POR POLÍMEROS RL1C-E","2012-08-01","***","***",1.2327306087544967,0.99990000000000001,1.1369150781755943,1.2108398663146747]
["EMULSÕES ASF. MOD. POR POLÍMEROS RL1C-E","2012-09-01","***",1.06264,1.2421090150664893,1.0613484135009565,1.1371857642901173,1.2218442919202008]
["EMULSÕES ASF. MOD. POR POLÍMEROS RL1C-E","2012-10-01","***",1.06264,1.2356809522188203,1.0208371123311901,1.1467394287142831,1.1851869467247611]
["EMULSÕES ASF. MOD. POR POLÍMEROS RL1C-E","2012-11-01","***","***",1.2516165178492298,1.0393833142939939,1.1776342498799506,1.155732675678238]
["EMULSÕES ASF. MOD. POR POLÍMEROS RL1C-E","2012-12-01","***","***",1.2608066500512507,0.92764503297442813,1.1125656335508975,1.0706652442940119]
["EMULSÕES ASF. MOD. POR POLÍMEROS RL1C-E","2013-01-01","***",0.91137000000000001,1.1786000000000001,0.99686000000000008,1.1580527418864714,1.0904460955752215]
["EMULSÕES ASF. MOD. POR POLÍMEROS RL1C-E","2013-02-01","***","***",1.0815161331528427,1.1008590455105083,1.1231977079540956,1.1050251623562644]
["EMULSÕES ASF. MOD. POR POLÍMEROS RL1C-E","2013-03-01","***",0.91446000000000005,1.0062090809806499,1.0868489631319864,1.1539998541265486,1.066144355525696]
["EMULSÕES ASF. MOD. POR POLÍMEROS RL1C-E","2013-04-01","***",0.9144620040691761,1.1475921826931998,1.0640057283729862,1.2329232492304405,1.1237308309114933]
["EMULSÕES ASF. MOD. POR POLÍMEROS RL1C-E","2013-05-01","***",1.0515300000000001,1.1847372746365925,1.0685726644298847,1.3428819771132736,1.1470955183867828]
["EMULSÕES ASF. MOD. POR POLÍMEROS RL1C-E","2013-06-01","***","***",1.184515753005412,1.1283487636985021,1.2949231038786482,1.1656755304300337]
["EMULSÕES ASF. MOD. POR POLÍMEROS RL1C-E","2013-07-01","***",0.996,1.1975379437520375,1.1238005312792936,1.2241393749368674,1.1628061949169357]
["EMULSÕES ASF. MOD. POR POLÍMEROS RL1C-E","2013-08-01","***",0.99602508029468495,1.2494124699445366,1.1381202124825074,1.3114037107045615,1.2008906508938486]
["EMULSÕES ASF. MOD. POR POLÍMEROS RL1C-E","2013-09-01","***",1.1312323170283192,1.2520634154815893,1.1853845557046119,1.3530443719391865,1.2345506473113637]
["EMULSÕES ASF. MOD. POR POLÍMEROS RL1C-E","2013-10-01","***",1.1170576754599435,1.19456345530638,1.1288564182235374,1.3929916235481783,1.1954086202523588]
["EMULSÕES ASF. MOD. POR POLÍMEROS RL1C-E","2013-11-01","***",1.1294503123764335,1.2519725951049692,1.1719657241967658,1.3726670739324407,1.2541506320696849]
["EMULSÕES ASF. MOD. POR POLÍMEROS RL1C-E","2013-12-01","***",1.1294500000000001,1.2989992006352569,1.1573713884023233,1.287973409182108,1.2754914845247067]
["EMULSÕES ASF. MOD. POR POLÍMEROS RL1C-E","2014-01-01","***",1.1427700000000001,1.372394937906299,1.2065040179659317,1.2560600893632066,1.2796878995334886]
["EMULSÕES ASF. MOD. POR POLÍMEROS RL1C-E","2014-02-01","***",1.1435999999999999,1.2299757085961323,1.0373113472047739,1.2104255884820441,1.1626653722061919]
["EMULSÕES ASF. MOD. POR POLÍMEROS RL1C-E","2014-03-01","***",1.0318791973791974,1.2303993288352273,0.88554223733187765,1.2202221109808313,1.1159292579413862]
["EMULSÕES ASF. MOD. POR POLÍMEROS RL1C-E","2014-04-01","***",0.90585623119706737,1.2149793114112648,0.92704144131777644,1.2350792663712982,1.1359471071960365]
["EMULSÕES ASF. MOD. POR POLÍMEROS RL1C-E","2014-05-01","***",1.257522685804771,1.2697250639029884,1.112066283318905,1.2355571974202659,1.2450686269168789]
["EMULSÕES ASF. MOD. POR POLÍMEROS RL1C-E","2014-06-01","***",1.4182797260080504,1.2673419302913906,1.0924872267518486,1.266170934724292,1.2576005676080038]
["EMULSÕES ASF. MOD. POR POLÍMEROS RL1C-E","2014-07-01",1.355199090909091,1.2211681745416318,1.1032238759689925,0.95883557624879745,1.2804993540609135,1.1086851890767651]
["EMULSÕES ASF. MOD. POR POLÍMEROS RL1C-E","2014-08-01",1.5751900000000001,1.0261367597895965,1.0014999050668507,0.92555602109905677,1.3060651703989945,1.0159736662628955]
["EMULSÕES ASF. MOD. POR POLÍMEROS RL1C-E","2014-09-01","***",1.2340196189458579,1.2697694658489309,0.93070352203777895,1.2957578748734562,1.2507084930276484]
["EMULSÕES ASF. MOD. POR POLÍMEROS RL1C-E","2014-10-01",0.89761999999999986,1.1322857954020333,1.1353704149636226,0.98688067924018741,1.2213153519500934,1.1171651157107951]
["EMULSÕES ASF. MOD. POR POLÍMEROS RL1C-E","2014-11-01",0.90525422756857066,1.0102064800935913,1.1436818341108712,1.0347567679222358,1.2372976397154882,1.1227517123499935]
["EMULSÕES ASF. MOD. POR POLÍMEROS RL1C-E","2014-12-01",0.99155000000000004,1.6238556364176444,1.107951840851997,1.3198677249921607,1.3846824844893693,1.1692689852378464]
["EMULSÕES ASF. MOD. POR POLÍMEROS RL1C-E","2015-01-01","***",1.7783058041893514,1.5561981455564902,1.20302,1.2411163247657939,1.5202013773124026]
["EMULSÕES ASF. MOD. POR POLÍMEROS RL1C-E","2015-02-01","***",1.4900000000000002,1.2777296307744421,1.5636399999999999,1.5058953171659537,1.370850309521038]
["EMULSÕES ASF. MOD. POR POLÍMEROS RL1C-E","2015-03-01","***",1.3709053576282277,1.3892457247013807,1.56853,1.3179709229726237,1.3641131420901615]
["EMULSÕES ASF. MOD. POR POLÍMEROS RL1C-E","2015-04-01","***",1.2234786989519335,1.5086420250719277,1.5361199999999999,1.4224702085722853,1.4028049304107328]
["EMULSÕES ASF. MOD. POR POLÍMEROS RL1C-E","2015-05-01","***",1.1959348377620509,1.4442483338009988,1.4889499559424875,1.4042737230485414,1.4296351374724461]
["EMULSÕES ASF. MOD. POR POLÍMEROS RL1C-E","2015-06-01","***","***",1.4436429114437199,1.5652599999999999,1.2760637018271825,1.3871328278489219]
["EMULSÕES ASF. MOD. POR POLÍMEROS RL1C-E","2015-07-01","***",1.8600000000000003,1.1767506854349388,1.1029721688270628,1.2186831137336271,1.1926282196481222]
["EMULSÕES ASF. MOD. POR POLÍMEROS RL1C-E","2015-08-01","***","***",1.5062950200198273,1.220186600310603,1.3974525874055916,1.4755943260201903]
["EMULSÕES ASF. MOD. POR POLÍMEROS RL1C-E","2015-09-01",1.5380985564212553,"***",1.4976523944169196,1.28326472765771,1.3325103389830508,1.4713935424108973]
["EMULSÕES ASF. MOD. POR POLÍMEROS RL1C-E","2015-10-01",1.5396269727967988,1.205087576168929,1.5299030718875954,1.1300515825449007,1.5969199999999999,1.4358391347395418]
["EMULSÕES ASF. MOD. POR POLÍMEROS RL1C-E","2015-11-01",1.70207,1.7858595718574597,1.8087935970883091,1.6165712852807839,1.67411,1.7531095933060377]
["EMULSÕES ASF. MOD. POR POLÍMEROS RL1C-E","2015-12-01",1.7815984279338406,"***",1.7082612294228519,1.7400404843527255,1.4354612531098598,1.7101024379972962]
["EMULSÕES ASF. MOD. POR POLÍMEROS RL1C-E","2016-01-01","***","***",1.7428976843664437,1.2707541606648198,1.4631744138965259,1.4628378597924108]
["EMULSÕES ASF. MOD. POR POLÍMEROS RL1C-E","2016-02-01",1.6494501694915253,"***",1.5879340297453368,1.6785759904248951,1.627361804740671,1.6130966812411103]
["EMULSÕES ASF. MOD. POR POLÍMEROS RL1C-E","2016-03-01",1.628546462034679,"***",1.7172545654427567,1.548898430962343,1.35365,1.6878617735699577]
["EMULSÕES ASF. MOD. POR POLÍMEROS RL1C-E","2016-04-01",1.67350150997151,2.37,1.9555894925206698,"***",1.5416832540166769,1.9202531253137707]
["EMULSÕES ASF. MOD. POR POLÍMEROS RL1C-E","2016-05-01",1.694367367303609,"***",1.9866646248415227,1.5920342433762078,1.7001699090773588,1.7926031482698124]
["EMULSÕES ASF. MOD. POR POLÍMEROS RL1C-E","2016-06-01",1.6409844983391166,"***",2.0489585514061068,1.5188038158798702,1.5918908927712774,1.756901731719321]
["EMULSÕES ASF. MOD. POR POLÍMEROS RL1C-E","2016-07-01",1.6417052606929612,"***",2.0133568501586461,1.4398094206061383,1.4557978095022284,1.7123868884027944]
["EMULSÕES ASF. MOD. POR POLÍMEROS RL1C-E","2016-08-01",1.6898123406614731,"***",1.9006425267418954,1.4948910102166262,1.4560500000000001,1.7865810387402685]
["EMULSÕES ASF. MOD. POR POLÍMEROS RL1C-E","2016-09-01",1.4665205785376783,"***",1.7634790837596899,1.4484578613046952,1.371,1.6775573362278966]
["EMULSÕES ASF. MOD. POR POLÍMEROS RL1C-E","2016-10-01",1.4218381901806798,1.45,1.8214070417599373,2.133200692981903,1.3709999999999998,1.7792425450610898]
["EMULSÕES ASF. MOD. POR POLÍMEROS RL1C-E","2016-11-01",1.4315949167724116,"***",2.2905769909914149,1.9188216083230292,1.371,2.188028474574006]
["EMULSÕES ASF. MOD. POR POLÍMEROS RL1C-E","2016-12-01","***","***",2.1212619321389967,1.8762455214723925,1.3709784314568112,2.0058506686384714]
["EMULSÕES ASF. MOD. POR POLÍMEROS RL1C-E","2017-01-01","***","***",2.3381669244238985,1.9404602922077923,1.37097,2.0445144983802388]
["EMULSÕES ASF. MOD. POR POLÍMEROS RL1C-E","2017-02-01","***","***",2.0834266814612499,2.2105811094265584,1.3709700000000002,2.0984078736021377]
["EMULSÕES ASF. MOD. POR POLÍMEROS RL1C-E","2017-03-01","***","***",2.2534733621409484,2.2575663935238723,1.37097,2.0608085908747822]
["EMULSÕES ASF. MOD. POR POLÍMEROS RL1C-E","2017-04-01","***","***",2.4231083170994179,2.0476681668672283,1.3665799999999999,2.1981441615421238]
["EMULSÕES ASF. MOD. POR POLÍMEROS RL1C-E","2017-05-01",1.3653199999999999,"***",2.1939963383485002,2.1691381043784639,1.3665799999999999,1.9630381067474574]
["EMULSÕES ASF. MOD. POR POLÍMEROS RL1C-E","2017-06-01",1.3787272224695097,"***",2.1812642738098891,1.8735071761322788,"***",2.0261925595716668]
["EMULSÕES ASF. MOD. POR POLÍMEROS RL1C-E","2017-07-01",1.3723299999999998,"***",2.1024764568534553,1.7797273981611546,"***",2.0559084473949318]
["EMULSÕES ASF. MOD. POR POLÍMEROS RL1C-E","2017-08-01","***","***",1.9042397207311279,2.1384462953462808,"***",1.9085097781760543]
["EMULSÕES ASF. MOD. POR POLÍMEROS RL1C-E","2017-09-01",1.3805756869604469,"***",2.0671421431496628,2.0418639999782049,"***",2.0376404485622639]
["EMULSÕES ASF. MOD. POR POLÍMEROS RL1C-E","2017-10-01",1.4123887492036524,"***",2.0408992667471297,2.2484113814629949,"***",2.0695592481067302]
["EMULSÕES ASF. MOD. POR POLÍMEROS RL1C-E","2017-11-01",1.4712700000000001,1.55925,2.1338326546177839,2.2470739929002144,"***",2.1078730343187084]
["EMULSÕES ASF. MOD. POR POLÍMEROS RL1C-E","2017-12-01",1.4712699999999999,1.55925,2.1898316519877716,2.3804582183908045,"***",2.1280098010294686]
["EMULSÕES ASF. MOD. POR POLÍMEROS RL1C-E","2018-01-01","***","***",1.6145666149432782,"***","***",1.6145666149432782]
["EMULSÕES ASF. MOD. POR POLÍMEROS RL1C-E","2018-02-01","***","***",1.5872762062718606,"***","***",1.5872762062718606]
["EMULSÕES ASF. MOD. POR POLÍMEROS RL1C-E","2018-03-01","***","***",1.6476296609202428,"***","***",1.6476296609202428]
["EMULSÕES ASF. MOD. POR POLÍMEROS RL1C-E","2018-04-01","***","***",1.6252411006218834,1.6180600000000001,"***",1.6246885083001497]
["EMULSÕES ASF. MOD. POR POLÍMEROS RL1C-E","2018-05-01","***","***",1.5877489637980069,"***","***",1.5877489637980069]
["EMULSÕES ASF. MOD. POR POLÍMEROS RL1C-E","2018-06-01","***","***",1.832930334737449,"***","***",1.832930334737449]
["EMULSÕES ASF. MOD. POR POLÍMEROS RL1C-E","2018-07-01","***","***",1.9074802317001429,2.3034400000000002,"***",1.9439239470343612]
["EMULSÕES ASF. MOD. POR POLÍMEROS RL1C-E","2018-08-01",1.927,"***",2.0378398860593894,"***","***",2.0358527959543449]
["EMULSÕES ASF. MOD. POR POLÍMEROS RL1C-E","2018-09-01","***","***",2.1855527269408124,"***","***",2.1855527269408124]
["EMULSÕES ASF. MOD. POR POLÍMEROS RL1C-E","2018-10-01","***",1.9805600000000001,2.0937629132932698,1.968,"***",2.0864472267643497]
["EMULSÕES ASF. MOD. POR POLÍMEROS RL1C-E","2018-11-01","***",2.2325599999999999,2.3583192448645871,2.1648000000000001,"***",2.3352712410487633]
["EMULSÕES ASF. MOD. POR POLÍMEROS RL1C-E","2018-12-01","***",2.0299999999999998,2.0715596498970283,"***","***",2.0518467754407665]
["EMULSÕES ASF. MOD. POR POLÍMEROS RL1C-E","2019-01-01","***",2.2325599999999999,2.3638657587358782,"***","***",2.3505173582170071]
["EMULSÕES ASF. MOD. POR POLÍMEROS RL1C-E","2019-02-01","***","***",2.5128929826950812,"***",2.18248,2.5122325265851124]
["EMULSÕES ASF. MOD. POR POLÍMEROS RL1C-E","2019-03-01","***","***",2.5525698418345777,"***","***",2.5525698418345777]
["EMULSÕES ASF. MOD. POR POLÍMEROS RL1C-E","2019-04-01","***","***",2.5190075848513902,"***","***",2.5190075848513902]
["EMULSÕES ASF. MOD. POR POLÍMEROS RL1C-E","2019-05-01","***","***",2.5947528566365405,"***","***",2.5947528566365405]
["EMULSÕES ASF. MOD. POR POLÍMEROS RL1C-E","2019-06-01","***","***",2.5756834778351094,"***","***",2.5756834778351094]
["EMULSÕES ASF. MOD. POR POLÍMEROS RL1C-E","2019-07-01","***","***",2.6339024480259146,"***",3.6011199999999999,2.6364637316950459]
["EMULSÕES ASF. MOD. POR POLÍMEROS RL1C-E","2019-08-01","***","***",2.4591963360555642,"***","***",2.4591963360555642]
["EMULSÕES ASF. MOD. POR POLÍMEROS RL1C-E","2019-09-01","***","***",2.6096139014429101,"***","***",2.6096139014429101]
["EMULSÕES ASF. MOD. POR POLÍMEROS RL1C-E","2019-10-01","***","***",2.586292796099452,1.9275715983998607,"***",2.4161527455076364]
["EMULSÕES ASF. MOD. POR POLÍMEROS RL1C-E","2019-11-01",2.05905,1.9530000000000001,2.344175846260709,1.9105699999999999,"***",2.1984066684253443]
["EMULSÕES ASF. MOD. POR POLÍMEROS RL1C-E","2019-12-01","***","***",2.3397363832376978,1.91726,"***",2.2608207579185522]
["EMULSÕES ASF. MOD. POR POLÍMEROS RL1C-E","2020-01-01","***","***",2.65401,2.1825000000000001,"***",2.5109614585764293]
["EMULSÕES ASF. MOD. POR POLÍMEROS RL1C-E","2020-02-01","***","***","***","***","***","***"]
["EMULSÕES ASF. MOD. POR POLÍMEROS RL1C-E","2020-03-01","***","***",2.2298759693621295,"***","***",2.2298759693621295]
["EMULSÕES ASF. MOD. POR POLÍMEROS RL1C-E","2020-04-01","***","***",2.2285900000000001,"***","***",2.2285900000000001]
["EMULSÕES ASF. MOD. POR POLÍMEROS RL1C-E","2020-05-01","***","***",2.2617554714330863,"***",3.6011199999999999,2.2664423333449979]
["EMULSÕES ASF. MOD. POR POLÍMEROS RL1C-E","2020-06-01","***","***",2.1753930715783025,"***","***",2.1753930715783025]
["EMULSÕES ASF. MOD. POR POLÍMEROS RL1C-E","2020-07-01","***",1.862951059377945,2.1324940838833477,"***","***",2.0647657496289744]
["EMULSÕES ASF. MOD. POR POLÍMEROS RL1C-E","2020-08-01",2.1328382901443441,2.0277004935438527,2.2073144364456279,2.0217100000000001,"***",2.1405328169161337]
["EMULSÕES ASF. MOD. POR POLÍMEROS RL1C-E","2020-09-01",2.1584296998864434,2.0163690741239373,2.192614518780807,2.0217100000000001,3.2737500000000002,2.119879340000594]
["EMULSÕES ASF. MOD. POR POLÍMEROS RL1C-E","2020-10-01",2.35676,1.9664099999999998,2.1852590764513677,"***","***",2.1072666796296033]
["EMULSÕES ASF. MOD. POR POLÍMEROS RL1C-E","2020-11-01",2.1065900000000002,2.0308385185400777,2.2723746986635165,"***","***",2.1886718917941343]
["EMULSÕES ASF. MOD. POR POLÍMEROS RL1C-E","2020-12-01",2.10276,2.0997957894072083,2.3340289443633555,"***","***",2.1719404278970416]
["EMULSÕES ASF. MOD. POR POLÍMEROS RL1C-E","2021-01-01","***",2.142521433202015,2.485038322817315,"***","***",2.2293999728301328]
["EMULSÕES ASF. MOD. POR POLÍMEROS RL1C-E","2021-02-01","***",2.2131132812704051,2.6752508830364059,"***","***",2.2908774474833273]
["EMULSÕES ASF. MOD. POR POLÍMEROS RL1C-E","2021-03-01","***",2.2266090944423396,2.3237017172289955,"***",4.8924399999999997,2.2516948170922801]
["EMULSÕES ASF. MOD. POR POLÍMEROS RL1C-E","2021-04-01","***",2.2226347534928088,2.3774873387920632,"***","***",2.2809558804943446]
["EMULSÕES ASF. MOD. POR POLÍMEROS RL1C-E","2021-05-01","***",2.6408150867521614,2.8201249183168322,"***","***",2.778250400037944]
["EMULSÕES ASF. MOD. POR POLÍMEROS RL1C-E","2021-06-01",2.7941048126858279,2.7219822776021325,2.7303304115547258,"***",5.8745500000000002,2.7325574274997546]
["EMULSÕES ASF. MOD. POR POLÍMEROS RL1C-E","2021-07-01",2.6031618254614548,2.7435516290623059,2.8785755191951279,"***",5.8745599999999998,2.8655068382675681]
["EMULSÕES ASF. MOD. POR POLÍMEROS RL1C-E","2021-08-01","***",2.8309810250809062,3.076932024033916,3.1686999999999999,"***",3.0452618357105541]
["EMULSÕES ASF. MOD. POR POLÍMEROS RL1C-E","2021-09-01",2.7897799999999995,2.830980337258223,3.0950539095938736,3.1686999999999999,"***",2.9971183265315258]
["EMULSÕES ASF. MOD. POR POLÍMEROS RL1C-E","2021-10-01","***",2.8309811302954784,2.9890402388488972,"***","***",2.9642829443294367]
["EMULSÕES ASF. MOD. POR POLÍMEROS RL1C-E","2021-11-01","***",3.02915,2.9934399988506031,"***","***",2.9961237870631203]
["EMULSÕES ASF. MOD. POR POLÍMEROS RL1C-E","2021-12-01",2.50285,3.02915,3.3885607344503095,"***","***",3.2999144143106056]
["EMULSÕES ASF. MOD. POR POLÍMEROS RL1C-E","2022-01-01","***","***",3.3838127493796519,"***",3.3483299999999998,3.3838048269617205]
["EMULSÕES ASF. MOD. POR POLÍMEROS RL1C-E","2022-02-01","***","***",4.0285234084761044,"***","***",4.0285234084761044]
["EMULSÕES ASF. MOD. POR POLÍMEROS RL1C-E","2022-03-01","***","***",3.7434526941667214,"***","***",3.7434526941667214]
["EMULSÕES ASF. MOD. POR POLÍMEROS RL1C-E","2022-04-01","***",3.3810799999999999,3.8767376580064239,"***","***",3.8440513893501906]
["EMULSÕES ASF. MOD. POR POLÍMEROS RL1C-E","2022-05-01","***","***",3.8769191358138846,"***","***",3.8769191358138846]
["EMULSÕES ASF. MOD. POR POLÍMEROS RL1C-E","2022-06-01","***","***",3.8526523753241468,"***","***",3.8526523753241468]
["EMULSÕES ASF. MOD. POR POLÍMEROS RL1C-E","2022-07-01","***",3.5129436526757911,3.8424058742129503,"***","***",3.6937415846473192]
["EMULSÕES ASF. MOD. POR POLÍMEROS RL1C-E","2022-08-01","***",3.6054467984938778,3.9619444182037835,"***","***",3.8295425248427932]
["EMULSÕES ASF. MOD. POR POLÍMEROS RL1C-E","2022-09-01","***",3.6246248494392375,3.8362795715723506,"***","***",3.721222836099801]
["EMULSÕES ASF. MOD. POR POLÍMEROS RL1C-E","2022-10-01","***",3.6125510254231532,3.4370704019656015,"***","***",3.5106990905849815]
["EMULSÕES ASF. MOD. POR POLÍMEROS RL1C-E","2022-11-01","***",3.5431308985765124,3.5752506588854653,"***","***",3.5644788757035335]
["EMULSÕES ASF. MOD. POR POLÍMEROS RL1C-E","2022-12-01","***",3.49797,3.572834842822215,"***","***",3.5251059780131673]
["EMULSÕES ASF. MOD. POR POLÍMEROS RL1C-E","2023-01-01","***",3.4318199577947768,"***","***","***",3.4318199577947768]
["EMULSÕES ASF. MOD. POR POLÍMEROS RL1C-E","2023-02-01","***",3.4176899999999999,3.9512198131880356,"***","***",3.8854257779294206]
["EMULSÕES ASF. MOD. POR POLÍMEROS RL1C-E","2023-03-01","***","***",3.3465507235762093,4.0088800000000004,"***",3.530366585165587]
["EMULSÕES ASF. MOD. POR POLÍMEROS RL1C-E","2023-04-01","***","***",3.6266582710570359,4.1654296706192362,"***",3.6557566996957993]
["EMULSÕES ASF. MOD. POR POLÍMEROS RL1C-E","2023-05-01","***","***",3.7813204780461582,4.1536799999999996,"***",3.793395716406267]
["EMULSÕES ASF. MOD. POR POLÍMEROS RL1C-E","2023-06-01","***","***",3.4535528961185071,3.4182800000000002,"***",3.4535000627223367]
["EMULSÕES ASF. MOD. POR POLÍMEROS RL1C-E","2023-07-01","***","***",3.4999470224383846,4.0849230731553172,"***",3.5504168266150469]
["EMULSÕES ASF. MOD. POR POLÍMEROS RL1C-E","2023-08-01","***",3.2110983722266107,3.5256439337403771,"***","***",3.4538466390775957]
["EMULSÕES ASF. MOD. POR POLÍMEROS RL1C-E","2023-09-01","***",3.4526159464200288,3.4989581662997162,4.1815579690491385,"***",3.5613632790744667]
["EMULSÕES ASF. MOD. POR POLÍMEROS RL1C-E","2023-10-01","***",3.1278600000000001,3.5044214432653304,4.2376269429937885,"***",3.7514319921825998]
["EMULSÕES ASF. MOD. POR POLÍMEROS RL1C-E","2023-11-01","***",3.4672800000000001,3.3614491869633225,4.3680025046229707,"***",3.5926109192469493]
["EMULSÕES ASF. MOD. POR POLÍMEROS RL1C-E","2023-12-01","***","***",2.8345906714673741,4.3746900704934539,"***",3.2557165707467064]
["EMULSÕES ASF. MOD. POR POLÍMEROS RL1C-E","2024-01-01","***","***",3.7850600000000001,2.9024200000000002,"***",3.559821991701245]
["EMULSÕES ASF. MOD. POR POLÍMEROS RL1C-E","2024-02-01","***","***",3.4983240834888059,4.5088800000000004,"***",3.5168324336080583]
["EMULSÕES ASF. MOD. POR POLÍMEROS RL1C-E","2024-03-01",2.6892,"***",2.5602703351104341,"***","***",2.5900814040634694]
["EMULSÕES ASF. MOD. POR POLÍMEROS RL1C-E","2024-04-01",2.7951000000000001,"***",2.915417591211829,"***","***",2.9107756415367882]
["EMULSÕES ASF. MOD. POR POLÍMEROS RL1C-E","2024-05-01","***","***",3.0294281997153392,8.0474899999999998,"***",3.0374254295655874]
["EMULSÕES ASF. MOD. POR POLÍMEROS RL1C-E","2024-06-01","***","***",2.7362379185619665,"***","***",2.7362379185619665]
["EMULSÕES ASF. MOD. POR POLÍMEROS RL1C-E","2024-07-01","***","***",3.153736280935985,"***","***",3.153736280935985]
["EMULSÕES ASF. MOD. POR POLÍMEROS RL1C-E","2024-08-01","***","***",3.3453005260023003,"***","***",3.3453005260023003]
["EMULSÕES ASF. MOD. POR POLÍMEROS RL1C-E","2024-09-01","***","***",3.3610572490231037,"***","***",3.3610572490231037]
["EMULSÕES ASF. MOD. POR POLÍMEROS RL1C-E","2024-10-01","***","***",3.4322338428521446,"***","***",3.4322338428521446]
["EMULSÕES ASF. MOD. POR POLÍMEROS RL1C-E","2024-11-01","***","***",3.3128680112145754,"***","***",3.3128680112145754]
["EMULSÕES ASF. MOD. POR POLÍMEROS RL1C-E","2024-12-01","***","***",3.2490381537432405,8.4434199999999997,"***",3.3288683813601181]
["EMULSÕES ASF. MOD. POR POLÍMEROS RL1C-E","2025-01-01","***","***",3.2371632627361189,"***","***",3.2371632627361189]
["EMULSÕES ASF. MOD. POR POLÍMEROS RL1C-E","2025-02-01","***","***",3.3689284616880593,"***","***",3.3689284616880593]
["EMULSÕES ASF. MOD. POR POLÍMEROS RL1C-E","2025-03-01","***","***",3.3072003313204719,"***","***",3.3072003313204719]
["EMULSÕES ASF. MOD. POR POLÍMEROS RL1C-E","2025-04-01","***","***",3.4239285630087006,"***","***",3.4239285630087006]
["EMULSÕES ASF. MOD. POR POLÍMEROS RL1C-E","2025-05-01","***","***",3.6690665985401458,8.5963100000000008,"***",3.6854531906048633]
["EMULSÕES ASF. MOD. POR POLÍMEROS RM1C-E","2009-12-01","***","***","***","***","***","***"]
["EMULSÕES ASF. MOD. POR POLÍMEROS RM1C-E","2010-01-01","***","***","***","***","***","***"]
["EMULSÕES ASF. MOD. POR POLÍMEROS RM1C-E","2010-02-01","***","***","***","***","***","***"]
["EMULSÕES ASF. MOD. POR POLÍMEROS RM1C-E","2010-03-01","***","***","***","***","***","***"]
["EMULSÕES ASF. MOD. POR POLÍMEROS RM1C-E","2010-04-01","***","***","***","***",0.9883900000000001,0.9883900000000001]
["EMULSÕES ASF. MOD. POR POLÍMEROS RM1C-E","2010-05-01","***","***","***","***",1.0001899999999999,1.0001899999999999]
["EMULSÕES ASF. MOD. POR POLÍMEROS RM1C-E","2010-06-01","***","***","***","***",1.0179,1.0179]
["EMULSÕES ASF. MOD. POR POLÍMEROS RM1C-E","2010-07-01","***","***","***","***",1.00525,1.00525]
["EMULSÕES ASF. MOD. POR POLÍMEROS RM1C-E","2010-08-01","***","***","***","***","***","***"]
["EMULSÕES ASF. MOD. POR POLÍMEROS RM1C-E","2010-09-01","***","***","***","***","***","***"]
["EMULSÕES ASF. MOD. POR POLÍMEROS RM1C-E","2010-10-01","***","***","***","***","***","***"]
["EMULSÕES ASF. MOD. POR POLÍMEROS RM1C-E","2010-11-01","***","***","***","***","***","***"]
["EMULSÕES ASF. MOD. POR POLÍMEROS RM1C-E","2010-12-01","***","***","***","***","***","***"]
["EMULSÕES ASF. MOD. POR POLÍMEROS RM1C-E","2011-01-01","***","***","***","***","***","***"]
["EMULSÕES ASF. MOD. POR POLÍMEROS RM1C-E","2011-02-01","***","***","***","***","***","***"]
["EMULSÕES ASF. MOD. POR POLÍMEROS RM1C-E","2011-03-01","***","***","***","***","***","***"]
["EMULSÕES ASF. MOD. POR POLÍMEROS RM1C-E","2011-04-01","***","***","***","***","***","***"]
["EMULSÕES ASF. MOD. POR POLÍMEROS RM1C-E","2011-05-01","***","***","***","***","***","***"]
["EMULSÕES ASF. MOD. POR POLÍMEROS RM1C-E","2011-06-01","***","***","***","***","***","***"]
["EMULSÕES ASF. MOD. POR POLÍMEROS RM1C-E","2011-07-01","***","***","***","***","***","***"]
["EMULSÕES ASF. MOD. POR POLÍMEROS RM1C-E","2011-08-01","***","***","***","***","***","***"]
["EMULSÕES ASF. MOD. POR POLÍMEROS RM1C-E","2011-09-01","***","***","***","***","***","***"]
["EMULSÕES ASF. MOD. POR POLÍMEROS RM1C-E","2011-10-01","***","***","***","***","***","***"]
["EMULSÕES ASF. MOD. POR POLÍMEROS RM1C-E","2011-11-01","***","***","***","***","***","***"]
["EMULSÕES ASF. MOD. POR POLÍMEROS RM1C-E","2011-12-01","***","***","***","***","***","***"]
["EMULSÕES ASF. MOD. POR POLÍMEROS RM1C-E","2012-01-01","***","***","***","***","***","***"]
["EMULSÕES ASF. MOD. POR POLÍMEROS RM1C-E","2012-02-01","***","***","***","***","***","***"]
["EMULSÕES ASF. MOD. POR POLÍMEROS RM1C-E","2012-03-01","***","***","***","***","***","***"]
["EMULSÕES ASF. MOD. POR POLÍMEROS RM1C-E","2012-04-01","***","***","***","***","***","***"]
["EMULSÕES ASF. MOD. POR POLÍMEROS RM1C-E","2012-05-01","***","***","***","***","***","***"]
["EMULSÕES ASF. MOD. POR POLÍMEROS RM1C-E","2012-06-01","***","***","***","***","***","***"]
["EMULSÕES ASF. MOD. POR POLÍMEROS RM1C-E","2012-07-01","***","***","***","***","***","***"]
["EMULSÕES ASF. MOD. POR POLÍMEROS RM1C-E","2012-08-01","***","***","***","***","***","***"]
["EMULSÕES ASF. MOD. POR POLÍMEROS RM1C-E","2012-09-01","***","***","***","***","***","***"]
["EMULSÕES ASF. MOD. POR POLÍMEROS RM1C-E","2012-10-01","***","***","***","***","***","***"]
["EMULSÕES ASF. MOD. POR POLÍMEROS RM1C-E","2012-11-01","***","***","***","***","***","***"]
["EMULSÕES ASF. MOD. POR POLÍMEROS RM1C-E","2012-12-01","***","***","***","***","***","***"]
["EMULSÕES ASF. MOD. POR POLÍMEROS RM1C-E","2013-01-01","***","***","***","***","***","***"]
["EMULSÕES ASF. MOD. POR POLÍMEROS RM1C-E","2013-02-01","***","***","***","***","***","***"]
["EMULSÕES ASF. MOD. POR POLÍMEROS RM1C-E","2013-03-01","***","***","***","***","***","***"]
["EMULSÕES ASF. MOD. POR POLÍMEROS RM1C-E","2013-04-01","***","***","***","***","***","***"]
["EMULSÕES ASF. MOD. POR POLÍMEROS RM1C-E","2013-05-01","***","***","***","***","***","***"]
["EMULSÕES ASF. MOD. POR POLÍMEROS RM1C-E","2013-06-01","***","***","***","***","***","***"]
["EMULSÕES ASF. MOD. POR POLÍMEROS RM1C-E","2013-07-01","***","***","***","***","***","***"]
["EMULSÕES ASF. MOD. POR POLÍMEROS RM1C-E","2013-08-01","***","***","***","***","***","***"]
["EMULSÕES ASF. MOD. POR POLÍMEROS RM1C-E","2013-09-01","***","***","***","***","***","***"]
["EMULSÕES ASF. MOD. POR POLÍMEROS RM1C-E","2013-10-01","***","***","***","***",1.6719999999999999,1.6719999999999999]
["EMULSÕES ASF. MOD. POR POLÍMEROS RM1C-E","2013-11-01","***","***","***","***","***","***"]
["EMULSÕES ASF. MOD. POR POLÍMEROS RM1C-E","2013-12-01","***","***","***","***","***","***"]
["EMULSÕES ASF. MOD. POR POLÍMEROS RM1C-E","2014-01-01","***","***","***","***","***","***"]
["EMULSÕES ASF. MOD. POR POLÍMEROS RM1C-E","2014-02-01","***","***","***","***","***","***"]
["EMULSÕES ASF. MOD. POR POLÍMEROS RM1C-E","2014-03-01","***","***","***","***","***","***"]
["EMULSÕES ASF. MOD. POR POLÍMEROS RM1C-E","2014-04-01","***","***","***","***","***","***"]
["EMULSÕES ASF. MOD. POR POLÍMEROS RM1C-E","2014-05-01","***","***","***","***","***","***"]
["EMULSÕES ASF. MOD. POR POLÍMEROS RM1C-E","2014-06-01","***","***","***","***","***","***"]
["EMULSÕES ASF. MOD. POR POLÍMEROS RM1C-E","2014-07-01","***","***","***","***","***","***"]
["EMULSÕES ASF. MOD. POR POLÍMEROS RM1C-E","2014-08-01","***","***",1.4913099999999999,"***","***",1.4913099999999999]
["EMULSÕES ASF. MOD. POR POLÍMEROS RM1C-E","2014-09-01","***","***","***","***","***","***"]
["EMULSÕES ASF. MOD. POR POLÍMEROS RM1C-E","2014-10-01","***","***","***","***","***","***"]
["EMULSÕES ASF. MOD. POR POLÍMEROS RM1C-E","2014-11-01","***","***","***","***","***","***"]
["EMULSÕES ASF. MOD. POR POLÍMEROS RM1C-E","2014-12-01","***","***","***","***","***","***"]
["EMULSÕES ASF. MOD. POR POLÍMEROS RM1C-E","2015-01-01","***","***","***","***","***","***"]
["EMULSÕES ASF. MOD. POR POLÍMEROS RM1C-E","2015-02-01","***","***","***","***","***","***"]
["EMULSÕES ASF. MOD. POR POLÍMEROS RM1C-E","2015-03-01","***","***","***","***","***","***"]
["EMULSÕES ASF. MOD. POR POLÍMEROS RM1C-E","2015-04-01","***","***","***","***","***","***"]
["EMULSÕES ASF. MOD. POR POLÍMEROS RM1C-E","2015-05-01","***","***","***","***","***","***"]
["EMULSÕES ASF. MOD. POR POLÍMEROS RM1C-E","2015-06-01","***","***","***","***","***","***"]
["EMULSÕES ASF. MOD. POR POLÍMEROS RM1C-E","2015-07-01","***","***","***",1.65802,"***",1.65802]
["EMULSÕES ASF. MOD. POR POLÍMEROS RM1C-E","2015-08-01","***","***","***","***","***","***"]
["EMULSÕES ASF. MOD. POR POLÍMEROS RM1C-E","2015-09-01","***","***","***","***","***","***"]
["EMULSÕES ASF. MOD. POR POLÍMEROS RM1C-E","2015-10-01","***","***","***","***","***","***"]
["EMULSÕES ASF. MOD. POR POLÍMEROS RM1C-E","2015-11-01","***","***","***","***","***","***"]
["EMULSÕES ASF. MOD. POR POLÍMEROS RM1C-E","2015-12-01","***","***","***",2.1626400000000001,"***",2.1626400000000001]
["EMULSÕES ASF. MOD. POR POLÍMEROS RM1C-E","2016-01-01","***","***","***",2.1626400000000001,"***",2.1626400000000001]
["EMULSÕES ASF. MOD. POR POLÍMEROS RM1C-E","2016-02-01","***","***","***","***","***","***"]
["EMULSÕES ASF. MOD. POR POLÍMEROS RM1C-E","2016-03-01","***","***","***","***","***","***"]
["EMULSÕES ASF. MOD. POR POLÍMEROS RM1C-E","2016-04-01","***","***","***","***","***","***"]
["EMULSÕES ASF. MOD. POR POLÍMEROS RM1C-E","2016-05-01","***","***","***","***","***","***"]
["EMULSÕES ASF. MOD. POR POLÍMEROS RM1C-E","2016-06-01","***","***","***","***","***","***"]
["EMULSÕES ASF. MOD. POR POLÍMEROS RM1C-E","2016-07-01","***","***","***","***","***","***"]
["EMULSÕES ASF. MOD. POR POLÍMEROS RM1C-E","2016-08-01","***","***","***","***","***","***"]
["EMULSÕES ASF. MOD. POR POLÍMEROS RM1C-E","2016-09-01","***","***","***","***","***","***"]
["EMULSÕES ASF. MOD. POR POLÍMEROS RM1C-E","2016-10-01","***","***","***","***","***","***"]
["EMULSÕES ASF. MOD. POR POLÍMEROS RM1C-E","2016-11-01","***","***","***","***","***","***"]
["EMULSÕES ASF. MOD. POR POLÍMEROS RM1C-E","2016-12-01","***","***","***",1.7301999999999997,"***",1.7301999999999997]
["EMULSÕES ASF. MOD. POR POLÍMEROS RM1C-E","2017-01-01","***","***","***","***","***","***"]
["EMULSÕES ASF. MOD. POR POLÍMEROS RM1C-E","2017-02-01","***","***","***",2.2707700000000002,"***",2.2707700000000002]
["EMULSÕES ASF. MOD. POR POLÍMEROS RM1C-E","2017-03-01","***","***","***","***","***","***"]
["EMULSÕES ASF. MOD. POR POLÍMEROS RM1C-E","2017-04-01","***","***","***","***","***","***"]
["EMULSÕES ASF. MOD. POR POLÍMEROS RM1C-E","2017-05-01","***","***","***","***","***","***"]
["EMULSÕES ASF. MOD. POR POLÍMEROS RM1C-E","2017-06-01","***","***","***","***","***","***"]
["EMULSÕES ASF. MOD. POR POLÍMEROS RM1C-E","2017-07-01","***","***","***","***","***","***"]
["EMULSÕES ASF. MOD. POR POLÍMEROS RM1C-E","2017-08-01","***","***","***","***","***","***"]
["EMULSÕES ASF. MOD. POR POLÍMEROS RM1C-E","2017-09-01","***","***","***","***","***","***"]
["EMULSÕES ASF. MOD. POR POLÍMEROS RM1C-E","2017-10-01","***","***","***","***","***","***"]
["EMULSÕES ASF. MOD. POR POLÍMEROS RM1C-E","2017-11-01","***","***","***","***","***","***"]
["EMULSÕES ASF. MOD. POR POLÍMEROS RM1C-E","2017-12-01","***","***","***","***","***","***"]
["EMULSÕES ASF. MOD. POR POLÍMEROS RM1C-E","2018-01-01","***","***","***","***","***","***"]
["EMULSÕES ASF. MOD. POR POLÍMEROS RM1C-E","2018-02-01","***","***","***","***","***","***"]
["EMULSÕES ASF. MOD. POR POLÍMEROS RM1C-E","2018-03-01","***","***","***","***","***","***"]
["EMULSÕES ASF. MOD. POR POLÍMEROS RM1C-E","2018-04-01","***","***","***","***","***","***"]
["EMULSÕES ASF. MOD. POR POLÍMEROS RM1C-E","2018-05-01","***","***","***","***","***","***"]
["EMULSÕES ASF. MOD. POR POLÍMEROS RM1C-E","2018-06-01","***","***","***","***","***","***"]
["EMULSÕES ASF. MOD. POR POLÍMEROS RM1C-E","2018-07-01","***","***","***","***","***","***"]
["EMULSÕES ASF. MOD. POR POLÍMEROS RM1C-E","2018-08-01","***","***","***","***","***","***"]
["EMULSÕES ASF. MOD. POR POLÍMEROS RM1C-E","2018-09-01","***","***","***","***","***","***"]
["EMULSÕES ASF. MOD. POR POLÍMEROS RM1C-E","2018-10-01","***","***","***","***","***","***"]
["EMULSÕES ASF. MOD. POR POLÍMEROS RM1C-E","2018-11-01","***","***","***","***","***","***"]
["EMULSÕES ASF. MOD. POR POLÍMEROS RM1C-E","2018-12-01","***","***","***","***","***","***"]
["EMULSÕES ASF. MOD. POR POLÍMEROS RM1C-E","2019-01-01","***","***","***","***","***","***"]
["EMULSÕES ASF. MOD. POR POLÍMEROS RM1C-E","2019-02-01","***","***","***","***","***","***"]
["EMULSÕES ASF. MOD. POR POLÍMEROS RM1C-E","2019-03-01","***","***","***","***","***","***"]
["EMULSÕES ASF. MOD. POR POLÍMEROS RM1C-E","2019-04-01","***","***","***","***","***","***"]
["EMULSÕES ASF. MOD. POR POLÍMEROS RM1C-E","2019-05-01","***","***","***","***","***","***"]
["EMULSÕES ASF. MOD. POR POLÍMEROS RM1C-E","2019-06-01","***","***","***","***","***","***"]
["EMULSÕES ASF. MOD. POR POLÍMEROS RM1C-E","2019-07-01","***","***","***","***","***","***"]
["EMULSÕES ASF. MOD. POR POLÍMEROS RM1C-E","2019-08-01","***","***","***","***","***","***"]
["EMULSÕES ASF. MOD. POR POLÍMEROS RM1C-E","2019-09-01","***","***","***","***","***","***"]
["EMULSÕES ASF. MOD. POR POLÍMEROS RM1C-E","2019-10-01","***","***","***","***","***","***"]
["EMULSÕES ASF. MOD. POR POLÍMEROS RM1C-E","2019-11-01","***","***","***","***","***","***"]
["EMULSÕES ASF. MOD. POR POLÍMEROS RM1C-E","2019-12-01","***","***","***","***","***","***"]
["EMULSÕES ASF. MOD. POR POLÍMEROS RM1C-E","2020-01-01","***","***","***","***","***","***"]
["EMULSÕES ASF. MOD. POR POLÍMEROS RM1C-E","2020-02-01","***","***","***","***","***","***"]
["EMULSÕES ASF. MOD. POR POLÍMEROS RM1C-E","2020-03-01","***","***","***","***","***","***"]
["EMULSÕES ASF. MOD. POR POLÍMEROS RM1C-E","2020-04-01","***","***","***","***","***","***"]
["EMULSÕES ASF. MOD. POR POLÍMEROS RM1C-E","2020-05-01","***","***","***","***","***","***"]
["EMULSÕES ASF. MOD. POR POLÍMEROS RM1C-E","2020-06-01","***","***","***","***","***","***"]
["EMULSÕES ASF. MOD. POR POLÍMEROS RM1C-E","2020-07-01","***","***","***","***","***","***"]
["EMULSÕES ASF. MOD. POR POLÍMEROS RM1C-E","2020-08-01","***","***","***","***","***","***"]
["EMULSÕES ASF. MOD. POR POLÍMEROS RM1C-E","2020-09-01","***","***","***","***","***","***"]
["EMULSÕES ASF. MOD. POR POLÍMEROS RM1C-E","2020-10-01","***","***","***","***","***","***"]
["EMULSÕES ASF. MOD. POR POLÍMEROS RM1C-E","2020-11-01","***","***","***","***","***","***"]
["EMULSÕES ASF. MOD. POR POLÍMEROS RM1C-E","2020-12-01","***","***","***","***","***","***"]
["EMULSÕES ASF. MOD. POR POLÍMEROS RM1C-E","2021-01-01","***","***","***","***","***","***"]
["EMULSÕES ASF. MOD. POR POLÍMEROS RM1C-E","2021-02-01","***","***","***","***","***","***"]
["EMULSÕES ASF. MOD. POR POLÍMEROS RM1C-E","2021-03-01","***","***","***","***","***","***"]
["EMULSÕES ASF. MOD. POR POLÍMEROS RM1C-E","2021-04-01","***","***","***","***","***","***"]
["EMULSÕES ASF. MOD. POR POLÍMEROS RM1C-E","2021-05-01","***","***","***","***","***","***"]
["EMULSÕES ASF. MOD. POR POLÍMEROS RM1C-E","2021-06-01","***","***","***","***","***","***"]
["EMULSÕES ASF. MOD. POR POLÍMEROS RM1C-E","2021-07-01","***","***","***","***","***","***"]
["EMULSÕES ASF. MOD. POR POLÍMEROS RM1C-E","2021-08-01","***","***","***","***","***","***"]
["EMULSÕES ASF. MOD. POR POLÍMEROS RM1C-E","2021-09-01","***","***","***","***","***","***"]
["EMULSÕES ASF. MOD. POR POLÍMEROS RM1C-E","2021-10-01","***","***","***","***","***","***"]
["EMULSÕES ASF. MOD. POR POLÍMEROS RM1C-E","2021-11-01","***","***","***","***","***","***"]
["EMULSÕES ASF. MOD. POR POLÍMEROS RM1C-E","2021-12-01","***","***","***","***","***","***"]
["EMULSÕES ASF. MOD. POR POLÍMEROS RM1C-E","2022-01-01","***","***","***","***","***","***"]
["EMULSÕES ASF. MOD. POR POLÍMEROS RM1C-E","2022-02-01","***","***","***","***","***","***"]
["EMULSÕES ASF. MOD. POR POLÍMEROS RM1C-E","2022-03-01","***","***","***","***","***","***"]
["EMULSÕES ASF. MOD. POR POLÍMEROS RM1C-E","2022-04-01","***","***","***","***","***","***"]
["EMULSÕES ASF. MOD. POR POLÍMEROS RM1C-E","2022-05-01","***","***","***","***","***","***"]
["EMULSÕES ASF. MOD. POR POLÍMEROS RM1C-E","2022-06-01","***","***","***","***","***","***"]
["EMULSÕES ASF. MOD. POR POLÍMEROS RM1C-E","2022-07-01","***","***","***","***","***","***"]
["EMULSÕES ASF. MOD. POR POLÍMEROS RM1C-E","2022-08-01","***","***","***","***","***","***"]
["EMULSÕES ASF. MOD. POR POLÍMEROS RM1C-E","2022-09-01","***","***","***","***","***","***"]
["EMULSÕES ASF. MOD. POR POLÍMEROS RM1C-E","2022-10-01","***","***","***","***","***","***"]
["EMULSÕES ASF. MOD. POR POLÍMEROS RM1C-E","2022-11-01","***","***","***","***","***","***"]
["EMULSÕES ASF. MOD. POR POLÍMEROS RM1C-E","2022-12-01","***","***","***","***","***","***"]
["EMULSÕES ASF. MOD. POR POLÍMEROS RM1C-E","2023-01-01","***","***","***","***","***","***"]
["EMULSÕES ASF. MOD. POR POLÍMEROS RM1C-E","2023-02-01","***","***","***","***","***","***"]
["EMULSÕES ASF. MOD. POR POLÍMEROS RM1C-E","2023-03-01","***","***","***","***","***","***"]
["EMULSÕES ASF. MOD. POR POLÍMEROS RM1C-E","2023-04-01","***","***","***","***","***","***"]
["EMULSÕES ASF. MOD. POR POLÍMEROS RM1C-E","2023-05-01","***","***","***","***","***","***"]
["EMULSÕES ASF. MOD. POR POLÍMEROS RM1C-E","2023-06-01","***","***","***","***","***","***"]
["EMULSÕES ASF. MOD. POR POLÍMEROS RM1C-E","2023-07-01","***","***","***","***","***","***"]
["EMULSÕES ASF. MOD. POR POLÍMEROS RM1C-E","2023-08-01","***","***","***","***","***","***"]
["EMULSÕES ASF. MOD. POR POLÍMEROS RM1C-E","2023-09-01","***","***","***","***","***","***"]
["EMULSÕES ASF. MOD. POR POLÍMEROS RM1C-E","2023-10-01","***","***","***","***","***","***"]
["EMULSÕES ASF. MOD. POR POLÍMEROS RM1C-E","2023-11-01","***","***","***","***","***","***"]
["EMULSÕES ASF. MOD. POR POLÍMEROS RM1C-E","2023-12-01","***","***","***","***","***","***"]
["EMULSÕES ASF. MOD. POR POLÍMEROS RM1C-E","2024-01-01","***","***","***","***","***","***"]
["EMULSÕES ASF. MOD. POR POLÍMEROS RM1C-E","2024-02-01","***","***","***","***","***","***"]
["EMULSÕES ASF. MOD. POR POLÍMEROS RM1C-E","2024-03-01","***","***","***","***","***","***"]
["EMULSÕES ASF. MOD. POR POLÍMEROS RM1C-E","2024-04-01","***","***","***","***","***","***"]
["EMULSÕES ASF. MOD. POR POLÍMEROS RM1C-E","2024-05-01","***","***","***","***","***","***"]
["EMULSÕES ASF. MOD. POR POLÍMEROS RM1C-E","2024-06-01","***","***","***","***","***","***"]
["EMULSÕES ASF. MOD. POR POLÍMEROS RM1C-E","2024-07-01","***","***","***","***","***","***"]
["EMULSÕES ASF. MOD. POR POLÍMEROS RM1C-E","2024-08-01","***","***","***","***","***","***"]
["EMULSÕES ASF. MOD. POR POLÍMEROS RM1C-E","2024-09-01","***","***","***","***","***","***"]
["EMULSÕES ASF. MOD. POR POLÍMEROS RM1C-E","2024-10-01","***","***","***","***","***","***"]
["EMULSÕES ASF. MOD. POR POLÍMEROS RM1C-E","2024-11-01","***","***","***","***","***","***"]
["EMULSÕES ASF. MOD. POR POLÍMEROS RM1C-E","2024-12-01","***","***","***","***","***","***"]
["EMULSÕES ASF. MOD. POR POLÍMEROS RM1C-E","2025-01-01","***","***","***","***","***","***"]
["EMULSÕES ASF. MOD. POR POLÍMEROS RM1C-E","2025-02-01","***","***","***","***","***","***"]
["EMULSÕES ASF. MOD. POR POLÍMEROS RM1C-E","2025-03-01","***","***","***","***","***","***"]
["EMULSÕES ASF. MOD. POR POLÍMEROS RM1C-E","2025-04-01","***","***","***","***","***","***"]
["EMULSÕES ASF. MOD. POR POLÍMEROS RM1C-E","2025-05-01","***","***","***","***","***","***"]
["EMULSÕES ASF. MOD. POR POLÍMEROS RR1C-E","2009-12-01","***","***","***",0.89054,1.0026314648010495,0.93210516903121188]
["EMULSÕES ASF. MOD. POR POLÍMEROS RR1C-E","2010-01-01","***","***","***",0.84518038935487216,0.95168362907842019,0.86149581901087313]
["EMULSÕES ASF. MOD. POR POLÍMEROS RR1C-E","2010-02-01","***","***","***",0.85204744344331373,0.95277601001072576,0.86041978901072769]
["EMULSÕES ASF. MOD. POR POLÍMEROS RR1C-E","2010-03-01","***","***","***",0.8738581558400168,0.95218094327597202,0.88504763487366256]
["EMULSÕES ASF. MOD. POR POLÍMEROS RR1C-E","2010-04-01","***","***","***",0.87244571809252325,0.94729999999999992,0.87690010957307329]
["EMULSÕES ASF. MOD. POR POLÍMEROS RR1C-E","2010-05-01","***",1.0957567615658363,"***",0.87534809785202861,0.94730000000000014,0.91388529088497239]
["EMULSÕES ASF. MOD. POR POLÍMEROS RR1C-E","2010-06-01","***",1.09592,"***",0.88266000000000011,0.95085037557547858,0.93425502657937443]
["EMULSÕES ASF. MOD. POR POLÍMEROS RR1C-E","2010-07-01","***","***","***",0.85158577156334225,0.9513265205479452,0.90659540193411903]
["EMULSÕES ASF. MOD. POR POLÍMEROS RR1C-E","2010-08-01","***","***","***",0.8453445985024528,0.94988868013151706,0.90009170212765943]
["EMULSÕES ASF. MOD. POR POLÍMEROS RR1C-E","2010-09-01","***","***","***",0.85007486525406306,0.90563987386124734,0.87062995722618264]
["EMULSÕES ASF. MOD. POR POLÍMEROS RR1C-E","2010-10-01","***","***","***",0.8714642813979252,0.90262350376925604,0.8787883790446841]
["EMULSÕES ASF. MOD. POR POLÍMEROS RR1C-E","2010-11-01","***","***","***",0.854